{"text_format":"3","workbook":"xlsx","n_sheets":7,"sheets":["Îlots","Fertilisants","Registre","Bilan","Échanges et stockage","Paramètres","Exploitation"],"not_rendered":{"charts":1,"defined_names":30},"read":"whole","date_system":"1900"}

{"sheet":"Îlots","index":0,"n_rows":65,"n_cols":23,"rows_kept":65,"merged":[[3,0,3,7],[3,8,3,12],[3,13,3,18],[3,19,3,22]]}
["ÎLOTS CULTURAUX"]
[{"$f":"\"Parcellaire, interculture et plan prévisionnel de fumure – récolte \"&AnneeRecolte","v":"Parcellaire, interculture et plan prévisionnel de fumure – récolte 2027"}]
["Un îlot = regroupement de parcelles contiguës homogènes (culture, historique, sol). La désignation (colonne C) alimente les menus du registre."]
["IDENTIFICATION DE L'ÎLOT",{"$nulls":7},"INTERCULTURE PRÉCÉDANT LA CULTURE",{"$nulls":4},"CULTURE PRINCIPALE ET PPF",{"$nulls":5},"RÉALISÉ"]
["N° îlot","Nom de l'îlot","Désignation\n(auto)","Surface\n(ha)","Type de sol","Zone\nvulnérable","Statut foncier","Prêteur de terres","Couvert d'interculture","Espèce(s)","Date\nd'implantation","Date de\ndestruction\n/ récolte","Durée\n(auto)","Culture principale","Catégorie calendrier\n(auto)","Date\nd'implantation","Objectif de\nrendement","Unité\n(auto)","Dose PPF\n(kg N efficace\n/ha)","Date de récolte\n/ 1re fauche","Rendement\nréalisé","Écart /\nobjectif","Observations (accident cultural, TCS, reliquat…)"]
["01","Les Grandes Terres",{"$f":"IF(A6=\"\",\"\",A6&\" – \"&B6)","v":"01 – Les Grandes Terres"},{"v":12.4,"d":"12.40"},"Limon argileux","Oui","En propre / fermage",null,"Repousses de colza","Repousses denses","2026-07-12","2026-09-25",{"$f":"IF(AND(ISNUMBER(K6),ISNUMBER(L6)),L6-K6,\"\")","v":{"v":75,"d":"75 j"}},"Blé tendre d'hiver",{"$f":"IF(N6=\"\",\"\",IFERROR(INDEX(Paramètres!$P$7:$P$46,MATCH(N6,Paramètres!$O$7:$O$46,0)),\"Culture à ajouter dans Paramètres\"))","v":"Culture d'automne (hors colza)"},"2026-10-12",{"v":85,"d":"85.0"},{"$f":"IF(N6=\"\",\"\",IFERROR(INDEX(Paramètres!$Q$7:$Q$46,MATCH(N6,Paramètres!$O$7:$O$46,0)),\"\"))","v":"q/ha"},180,"2027-07-18",{"v":88,"d":"88.0"},{"$f":"IF(OR(Q6=\"\",U6=\"\",N(Q6)=0),\"\",U6/Q6-1)","v":{"v":0.03529411764705892,"d":"+4%"}},"Reliquat sortie hiver : 42 kg N/ha"]
["02","Le Champ du Moulin","02 – Le Champ du Moulin",9.85,"Argilo-calcaire","Oui","En propre / fermage",null,"Aucun couvert (interculture courte)",{"$nulls":3},"","Colza d'hiver",{"$f":"IF(N7=\"\",\"\",IFERROR(INDEX(Paramètres!$P$7:$P$46,MATCH(N7,Paramètres!$O$7:$O$46,0)),\"Culture à ajouter dans Paramètres\"))","v":"Colza d'automne"},"2026-08-25",{"v":38,"d":"38.0"},{"$f":"IF(N7=\"\",\"\",IFERROR(INDEX(Paramètres!$Q$7:$Q$46,MATCH(N7,Paramètres!$O$7:$O$46,0)),\"\"))","v":"q/ha"},195,"2027-07-05",{"v":36,"d":"36.0"},{"v":-0.052631578947368474,"d":"-5%"}]
["03","La Pièce du Bas","03 – La Pièce du Bas",{"v":15.2,"d":"15.20"},"Limon sableux","Oui","En propre / fermage",null,"CINE (couvert non exporté)","Moutarde + phacélie","2026-08-05","2026-12-10",{"v":127,"d":"127 j"},"Maïs grain",{"$f":"IF(N8=\"\",\"\",IFERROR(INDEX(Paramètres!$P$7:$P$46,MATCH(N8,Paramètres!$O$7:$O$46,0)),\"Culture à ajouter dans Paramètres\"))","v":"Culture de printemps ou d'été"},"2027-04-20",{"v":110,"d":"110.0"},{"$f":"IF(N8=\"\",\"\",IFERROR(INDEX(Paramètres!$Q$7:$Q$46,MATCH(N8,Paramètres!$O$7:$O$46,0)),\"\"))","v":"q/ha"},170,null,null,"","Récolte prévue en octobre"]
["04","Les Longues Raies","04 – Les Longues Raies",{"v":7.3,"d":"7.30"},"Limon","Oui","En propre / fermage",null,"CINE (couvert non exporté)","Avoine + vesce","2026-08-20","2027-01-15",{"v":148,"d":"148 j"},"Orge de printemps",{"$f":"IF(N9=\"\",\"\",IFERROR(INDEX(Paramètres!$P$7:$P$46,MATCH(N9,Paramètres!$O$7:$O$46,0)),\"Culture à ajouter dans Paramètres\"))","v":"Culture de printemps ou d'été"},"2027-03-05",{"v":70,"d":"70.0"},{"$f":"IF(N9=\"\",\"\",IFERROR(INDEX(Paramètres!$Q$7:$Q$46,MATCH(N9,Paramètres!$O$7:$O$46,0)),\"\"))","v":"q/ha"},110,"2027-07-10",{"v":72,"d":"72.0"},{"v":0.02857142857142847,"d":"+3%"}]
["05","Pré de la Fontaine","05 – Pré de la Fontaine",6.75,"Limon hydromorphe","Oui","En propre / fermage",null,"Sans objet (prairie, culture pérenne)",{"$nulls":3},"","Prairie permanente",{"$f":"IF(N10=\"\",\"\",IFERROR(INDEX(Paramètres!$P$7:$P$46,MATCH(N10,Paramètres!$O$7:$O$46,0)),\"Culture à ajouter dans Paramètres\"))","v":"Prairie de plus de 6 mois / luzerne"},null,{"v":7,"d":"7.0"},{"$f":"IF(N10=\"\",\"\",IFERROR(INDEX(Paramètres!$Q$7:$Q$46,MATCH(N10,Paramètres!$O$7:$O$46,0)),\"\"))","v":"t MS/ha"},90,"2027-05-25",6.5,{"v":-0.0714285714285714,"d":"-7%"},"Pâturage de mai à octobre"]
["06","Le Grand Clos","06 – Le Grand Clos",{"v":10.6,"d":"10.60"},"Limon argileux","Oui","En propre / fermage",null,"CIE (dérobée, CIVE)","Ray-grass italien","2026-09-10","2027-04-15",{"v":217,"d":"217 j"},"Maïs ensilage",{"$f":"IF(N11=\"\",\"\",IFERROR(INDEX(Paramètres!$P$7:$P$46,MATCH(N11,Paramètres!$O$7:$O$46,0)),\"Culture à ajouter dans Paramètres\"))","v":"Culture de printemps ou d'été"},"2027-05-05",{"v":15,"d":"15.0"},{"$f":"IF(N11=\"\",\"\",IFERROR(INDEX(Paramètres!$Q$7:$Q$46,MATCH(N11,Paramètres!$O$7:$O$46,0)),\"\"))","v":"t MS/ha"},150,null,null,""]
["07","La Butte","07 – La Butte",{"v":4.9,"d":"4.90"},"Argilo-calcaire superficiel","Non","En propre / fermage",null,"Sans objet (prairie, culture pérenne)",{"$nulls":3},"","Prairie temporaire",{"$f":"IF(N12=\"\",\"\",IFERROR(INDEX(Paramètres!$P$7:$P$46,MATCH(N12,Paramètres!$O$7:$O$46,0)),\"Culture à ajouter dans Paramètres\"))","v":"Prairie de plus de 6 mois / luzerne"},"2025-03-15",{"v":9,"d":"9.0"},{"$f":"IF(N12=\"\",\"\",IFERROR(INDEX(Paramètres!$Q$7:$Q$46,MATCH(N12,Paramètres!$O$7:$O$46,0)),\"\"))","v":"t MS/ha"},100,"2027-05-30",8.2,{"v":-0.08888888888888902,"d":"-9%"}]
["08","Les Aulnes","08 – Les Aulnes",8.25,"Limon battant","Oui","Mise à disposition (prêteur)","SCEA du Bois Joli","Aucun couvert (interculture courte)",{"$nulls":3},"","Orge d'hiver",{"$f":"IF(N13=\"\",\"\",IFERROR(INDEX(Paramètres!$P$7:$P$46,MATCH(N13,Paramètres!$O$7:$O$46,0)),\"Culture à ajouter dans Paramètres\"))","v":"Culture d'automne (hors colza)"},"2026-10-02",{"v":75,"d":"75.0"},{"$f":"IF(N13=\"\",\"\",IFERROR(INDEX(Paramètres!$Q$7:$Q$46,MATCH(N13,Paramètres!$O$7:$O$46,0)),\"\"))","v":"q/ha"},150,"2027-06-30",{"v":71,"d":"71.0"},{"v":-0.053333333333333344,"d":"-5%"},"Convention de mise à disposition signée"]
[null,null,"",{"$nulls":9},"",null,{"$f":"IF(N14=\"\",\"\",IFERROR(INDEX(Paramètres!$P$7:$P$46,MATCH(N14,Paramètres!$O$7:$O$46,0)),\"Culture à ajouter dans Paramètres\"))","v":""},null,null,{"$f":"IF(N14=\"\",\"\",IFERROR(INDEX(Paramètres!$Q$7:$Q$46,MATCH(N14,Paramètres!$O$7:$O$46,0)),\"\"))","v":""},{"$nulls":3},""]
[null,null,"",{"$nulls":9},"",null,{"$f":"IF(N15=\"\",\"\",IFERROR(INDEX(Paramètres!$P$7:$P$46,MATCH(N15,Paramètres!$O$7:$O$46,0)),\"Culture à ajouter dans Paramètres\"))","v":""},null,null,{"$f":"IF(N15=\"\",\"\",IFERROR(INDEX(Paramètres!$Q$7:$Q$46,MATCH(N15,Paramètres!$O$7:$O$46,0)),\"\"))","v":""},{"$nulls":3},""]
[null,null,"",{"$nulls":9},"",null,{"$f":"IF(N16=\"\",\"\",IFERROR(INDEX(Paramètres!$P$7:$P$46,MATCH(N16,Paramètres!$O$7:$O$46,0)),\"Culture à ajouter dans Paramètres\"))","v":""},null,null,{"$f":"IF(N16=\"\",\"\",IFERROR(INDEX(Paramètres!$Q$7:$Q$46,MATCH(N16,Paramètres!$O$7:$O$46,0)),\"\"))","v":""},{"$nulls":3},""]
[null,null,"",{"$nulls":9},"",null,{"$f":"IF(N17=\"\",\"\",IFERROR(INDEX(Paramètres!$P$7:$P$46,MATCH(N17,Paramètres!$O$7:$O$46,0)),\"Culture à ajouter dans Paramètres\"))","v":""},null,null,{"$f":"IF(N17=\"\",\"\",IFERROR(INDEX(Paramètres!$Q$7:$Q$46,MATCH(N17,Paramètres!$O$7:$O$46,0)),\"\"))","v":""},{"$nulls":3},""]
[null,null,"",{"$nulls":9},"",null,{"$f":"IF(N18=\"\",\"\",IFERROR(INDEX(Paramètres!$P$7:$P$46,MATCH(N18,Paramètres!$O$7:$O$46,0)),\"Culture à ajouter dans Paramètres\"))","v":""},null,null,{"$f":"IF(N18=\"\",\"\",IFERROR(INDEX(Paramètres!$Q$7:$Q$46,MATCH(N18,Paramètres!$O$7:$O$46,0)),\"\"))","v":""},{"$nulls":3},""]
[null,null,"",{"$nulls":9},"",null,{"$f":"IF(N19=\"\",\"\",IFERROR(INDEX(Paramètres!$P$7:$P$46,MATCH(N19,Paramètres!$O$7:$O$46,0)),\"Culture à ajouter dans Paramètres\"))","v":""},null,null,{"$f":"IF(N19=\"\",\"\",IFERROR(INDEX(Paramètres!$Q$7:$Q$46,MATCH(N19,Paramètres!$O$7:$O$46,0)),\"\"))","v":""},{"$nulls":3},""]
[null,null,"",{"$nulls":9},"",null,{"$f":"IF(N20=\"\",\"\",IFERROR(INDEX(Paramètres!$P$7:$P$46,MATCH(N20,Paramètres!$O$7:$O$46,0)),\"Culture à ajouter dans Paramètres\"))","v":""},null,null,{"$f":"IF(N20=\"\",\"\",IFERROR(INDEX(Paramètres!$Q$7:$Q$46,MATCH(N20,Paramètres!$O$7:$O$46,0)),\"\"))","v":""},{"$nulls":3},""]
[null,null,"",{"$nulls":9},"",null,{"$f":"IF(N21=\"\",\"\",IFERROR(INDEX(Paramètres!$P$7:$P$46,MATCH(N21,Paramètres!$O$7:$O$46,0)),\"Culture à ajouter dans Paramètres\"))","v":""},null,null,{"$f":"IF(N21=\"\",\"\",IFERROR(INDEX(Paramètres!$Q$7:$Q$46,MATCH(N21,Paramètres!$O$7:$O$46,0)),\"\"))","v":""},{"$nulls":3},""]
[null,null,"",{"$nulls":9},"",null,{"$f":"IF(N22=\"\",\"\",IFERROR(INDEX(Paramètres!$P$7:$P$46,MATCH(N22,Paramètres!$O$7:$O$46,0)),\"Culture à ajouter dans Paramètres\"))","v":""},null,null,{"$f":"IF(N22=\"\",\"\",IFERROR(INDEX(Paramètres!$Q$7:$Q$46,MATCH(N22,Paramètres!$O$7:$O$46,0)),\"\"))","v":""},{"$nulls":3},""]
[null,null,"",{"$nulls":9},"",null,{"$f":"IF(N23=\"\",\"\",IFERROR(INDEX(Paramètres!$P$7:$P$46,MATCH(N23,Paramètres!$O$7:$O$46,0)),\"Culture à ajouter dans Paramètres\"))","v":""},null,null,{"$f":"IF(N23=\"\",\"\",IFERROR(INDEX(Paramètres!$Q$7:$Q$46,MATCH(N23,Paramètres!$O$7:$O$46,0)),\"\"))","v":""},{"$nulls":3},""]
[null,null,"",{"$nulls":9},"",null,{"$f":"IF(N24=\"\",\"\",IFERROR(INDEX(Paramètres!$P$7:$P$46,MATCH(N24,Paramètres!$O$7:$O$46,0)),\"Culture à ajouter dans Paramètres\"))","v":""},null,null,{"$f":"IF(N24=\"\",\"\",IFERROR(INDEX(Paramètres!$Q$7:$Q$46,MATCH(N24,Paramètres!$O$7:$O$46,0)),\"\"))","v":""},{"$nulls":3},""]
[null,null,"",{"$nulls":9},"",null,{"$f":"IF(N25=\"\",\"\",IFERROR(INDEX(Paramètres!$P$7:$P$46,MATCH(N25,Paramètres!$O$7:$O$46,0)),\"Culture à ajouter dans Paramètres\"))","v":""},null,null,{"$f":"IF(N25=\"\",\"\",IFERROR(INDEX(Paramètres!$Q$7:$Q$46,MATCH(N25,Paramètres!$O$7:$O$46,0)),\"\"))","v":""},{"$nulls":3},""]
[null,null,"",{"$nulls":9},"",null,{"$f":"IF(N26=\"\",\"\",IFERROR(INDEX(Paramètres!$P$7:$P$46,MATCH(N26,Paramètres!$O$7:$O$46,0)),\"Culture à ajouter dans Paramètres\"))","v":""},null,null,{"$f":"IF(N26=\"\",\"\",IFERROR(INDEX(Paramètres!$Q$7:$Q$46,MATCH(N26,Paramètres!$O$7:$O$46,0)),\"\"))","v":""},{"$nulls":3},""]
[null,null,"",{"$nulls":9},"",null,{"$f":"IF(N27=\"\",\"\",IFERROR(INDEX(Paramètres!$P$7:$P$46,MATCH(N27,Paramètres!$O$7:$O$46,0)),\"Culture à ajouter dans Paramètres\"))","v":""},null,null,{"$f":"IF(N27=\"\",\"\",IFERROR(INDEX(Paramètres!$Q$7:$Q$46,MATCH(N27,Paramètres!$O$7:$O$46,0)),\"\"))","v":""},{"$nulls":3},""]
[null,null,"",{"$nulls":9},"",null,{"$f":"IF(N28=\"\",\"\",IFERROR(INDEX(Paramètres!$P$7:$P$46,MATCH(N28,Paramètres!$O$7:$O$46,0)),\"Culture à ajouter dans Paramètres\"))","v":""},null,null,{"$f":"IF(N28=\"\",\"\",IFERROR(INDEX(Paramètres!$Q$7:$Q$46,MATCH(N28,Paramètres!$O$7:$O$46,0)),\"\"))","v":""},{"$nulls":3},""]
[null,null,"",{"$nulls":9},"",null,{"$f":"IF(N29=\"\",\"\",IFERROR(INDEX(Paramètres!$P$7:$P$46,MATCH(N29,Paramètres!$O$7:$O$46,0)),\"Culture à ajouter dans Paramètres\"))","v":""},null,null,{"$f":"IF(N29=\"\",\"\",IFERROR(INDEX(Paramètres!$Q$7:$Q$46,MATCH(N29,Paramètres!$O$7:$O$46,0)),\"\"))","v":""},{"$nulls":3},""]
[null,null,"",{"$nulls":9},"",null,{"$f":"IF(N30=\"\",\"\",IFERROR(INDEX(Paramètres!$P$7:$P$46,MATCH(N30,Paramètres!$O$7:$O$46,0)),\"Culture à ajouter dans Paramètres\"))","v":""},null,null,{"$f":"IF(N30=\"\",\"\",IFERROR(INDEX(Paramètres!$Q$7:$Q$46,MATCH(N30,Paramètres!$O$7:$O$46,0)),\"\"))","v":""},{"$nulls":3},""]
[null,null,"",{"$nulls":9},"",null,{"$f":"IF(N31=\"\",\"\",IFERROR(INDEX(Paramètres!$P$7:$P$46,MATCH(N31,Paramètres!$O$7:$O$46,0)),\"Culture à ajouter dans Paramètres\"))","v":""},null,null,{"$f":"IF(N31=\"\",\"\",IFERROR(INDEX(Paramètres!$Q$7:$Q$46,MATCH(N31,Paramètres!$O$7:$O$46,0)),\"\"))","v":""},{"$nulls":3},""]
[null,null,"",{"$nulls":9},"",null,{"$f":"IF(N32=\"\",\"\",IFERROR(INDEX(Paramètres!$P$7:$P$46,MATCH(N32,Paramètres!$O$7:$O$46,0)),\"Culture à ajouter dans Paramètres\"))","v":""},null,null,{"$f":"IF(N32=\"\",\"\",IFERROR(INDEX(Paramètres!$Q$7:$Q$46,MATCH(N32,Paramètres!$O$7:$O$46,0)),\"\"))","v":""},{"$nulls":3},""]
[null,null,"",{"$nulls":9},"",null,{"$f":"IF(N33=\"\",\"\",IFERROR(INDEX(Paramètres!$P$7:$P$46,MATCH(N33,Paramètres!$O$7:$O$46,0)),\"Culture à ajouter dans Paramètres\"))","v":""},null,null,{"$f":"IF(N33=\"\",\"\",IFERROR(INDEX(Paramètres!$Q$7:$Q$46,MATCH(N33,Paramètres!$O$7:$O$46,0)),\"\"))","v":""},{"$nulls":3},""]
[null,null,"",{"$nulls":9},"",null,{"$f":"IF(N34=\"\",\"\",IFERROR(INDEX(Paramètres!$P$7:$P$46,MATCH(N34,Paramètres!$O$7:$O$46,0)),\"Culture à ajouter dans Paramètres\"))","v":""},null,null,{"$f":"IF(N34=\"\",\"\",IFERROR(INDEX(Paramètres!$Q$7:$Q$46,MATCH(N34,Paramètres!$O$7:$O$46,0)),\"\"))","v":""},{"$nulls":3},""]
[null,null,"",{"$nulls":9},"",null,{"$f":"IF(N35=\"\",\"\",IFERROR(INDEX(Paramètres!$P$7:$P$46,MATCH(N35,Paramètres!$O$7:$O$46,0)),\"Culture à ajouter dans Paramètres\"))","v":""},null,null,{"$f":"IF(N35=\"\",\"\",IFERROR(INDEX(Paramètres!$Q$7:$Q$46,MATCH(N35,Paramètres!$O$7:$O$46,0)),\"\"))","v":""},{"$nulls":3},""]
[null,null,"",{"$nulls":9},"",null,{"$f":"IF(N36=\"\",\"\",IFERROR(INDEX(Paramètres!$P$7:$P$46,MATCH(N36,Paramètres!$O$7:$O$46,0)),\"Culture à ajouter dans Paramètres\"))","v":""},null,null,{"$f":"IF(N36=\"\",\"\",IFERROR(INDEX(Paramètres!$Q$7:$Q$46,MATCH(N36,Paramètres!$O$7:$O$46,0)),\"\"))","v":""},{"$nulls":3},""]
[null,null,"",{"$nulls":9},"",null,{"$f":"IF(N37=\"\",\"\",IFERROR(INDEX(Paramètres!$P$7:$P$46,MATCH(N37,Paramètres!$O$7:$O$46,0)),\"Culture à ajouter dans Paramètres\"))","v":""},null,null,{"$f":"IF(N37=\"\",\"\",IFERROR(INDEX(Paramètres!$Q$7:$Q$46,MATCH(N37,Paramètres!$O$7:$O$46,0)),\"\"))","v":""},{"$nulls":3},""]
[null,null,{"$f":"IF(A38=\"\",\"\",A38&\" – \"&B38)","v":""},{"$nulls":9},{"$f":"IF(AND(ISNUMBER(K38),ISNUMBER(L38)),L38-K38,\"\")","v":""},null,{"$f":"IF(N38=\"\",\"\",IFERROR(INDEX(Paramètres!$P$7:$P$46,MATCH(N38,Paramètres!$O$7:$O$46,0)),\"Culture à ajouter dans Paramètres\"))","v":""},null,null,{"$f":"IF(N38=\"\",\"\",IFERROR(INDEX(Paramètres!$Q$7:$Q$46,MATCH(N38,Paramètres!$O$7:$O$46,0)),\"\"))","v":""},{"$nulls":3},{"$f":"IF(OR(Q38=\"\",U38=\"\",N(Q38)=0),\"\",U38/Q38-1)","v":""}]
[null,null,"",{"$nulls":9},"",null,{"$f":"IF(N39=\"\",\"\",IFERROR(INDEX(Paramètres!$P$7:$P$46,MATCH(N39,Paramètres!$O$7:$O$46,0)),\"Culture à ajouter dans Paramètres\"))","v":""},null,null,{"$f":"IF(N39=\"\",\"\",IFERROR(INDEX(Paramètres!$Q$7:$Q$46,MATCH(N39,Paramètres!$O$7:$O$46,0)),\"\"))","v":""},{"$nulls":3},""]
[null,null,"",{"$nulls":9},"",null,{"$f":"IF(N40=\"\",\"\",IFERROR(INDEX(Paramètres!$P$7:$P$46,MATCH(N40,Paramètres!$O$7:$O$46,0)),\"Culture à ajouter dans Paramètres\"))","v":""},null,null,{"$f":"IF(N40=\"\",\"\",IFERROR(INDEX(Paramètres!$Q$7:$Q$46,MATCH(N40,Paramètres!$O$7:$O$46,0)),\"\"))","v":""},{"$nulls":3},""]
[null,null,"",{"$nulls":9},"",null,{"$f":"IF(N41=\"\",\"\",IFERROR(INDEX(Paramètres!$P$7:$P$46,MATCH(N41,Paramètres!$O$7:$O$46,0)),\"Culture à ajouter dans Paramètres\"))","v":""},null,null,{"$f":"IF(N41=\"\",\"\",IFERROR(INDEX(Paramètres!$Q$7:$Q$46,MATCH(N41,Paramètres!$O$7:$O$46,0)),\"\"))","v":""},{"$nulls":3},""]
[null,null,"",{"$nulls":9},"",null,{"$f":"IF(N42=\"\",\"\",IFERROR(INDEX(Paramètres!$P$7:$P$46,MATCH(N42,Paramètres!$O$7:$O$46,0)),\"Culture à ajouter dans Paramètres\"))","v":""},null,null,{"$f":"IF(N42=\"\",\"\",IFERROR(INDEX(Paramètres!$Q$7:$Q$46,MATCH(N42,Paramètres!$O$7:$O$46,0)),\"\"))","v":""},{"$nulls":3},""]
[null,null,"",{"$nulls":9},"",null,{"$f":"IF(N43=\"\",\"\",IFERROR(INDEX(Paramètres!$P$7:$P$46,MATCH(N43,Paramètres!$O$7:$O$46,0)),\"Culture à ajouter dans Paramètres\"))","v":""},null,null,{"$f":"IF(N43=\"\",\"\",IFERROR(INDEX(Paramètres!$Q$7:$Q$46,MATCH(N43,Paramètres!$O$7:$O$46,0)),\"\"))","v":""},{"$nulls":3},""]
[null,null,"",{"$nulls":9},"",null,{"$f":"IF(N44=\"\",\"\",IFERROR(INDEX(Paramètres!$P$7:$P$46,MATCH(N44,Paramètres!$O$7:$O$46,0)),\"Culture à ajouter dans Paramètres\"))","v":""},null,null,{"$f":"IF(N44=\"\",\"\",IFERROR(INDEX(Paramètres!$Q$7:$Q$46,MATCH(N44,Paramètres!$O$7:$O$46,0)),\"\"))","v":""},{"$nulls":3},""]
[null,null,"",{"$nulls":9},"",null,{"$f":"IF(N45=\"\",\"\",IFERROR(INDEX(Paramètres!$P$7:$P$46,MATCH(N45,Paramètres!$O$7:$O$46,0)),\"Culture à ajouter dans Paramètres\"))","v":""},null,null,{"$f":"IF(N45=\"\",\"\",IFERROR(INDEX(Paramètres!$Q$7:$Q$46,MATCH(N45,Paramètres!$O$7:$O$46,0)),\"\"))","v":""},{"$nulls":3},""]
[null,null,"",{"$nulls":9},"",null,{"$f":"IF(N46=\"\",\"\",IFERROR(INDEX(Paramètres!$P$7:$P$46,MATCH(N46,Paramètres!$O$7:$O$46,0)),\"Culture à ajouter dans Paramètres\"))","v":""},null,null,{"$f":"IF(N46=\"\",\"\",IFERROR(INDEX(Paramètres!$Q$7:$Q$46,MATCH(N46,Paramètres!$O$7:$O$46,0)),\"\"))","v":""},{"$nulls":3},""]
[null,null,"",{"$nulls":9},"",null,{"$f":"IF(N47=\"\",\"\",IFERROR(INDEX(Paramètres!$P$7:$P$46,MATCH(N47,Paramètres!$O$7:$O$46,0)),\"Culture à ajouter dans Paramètres\"))","v":""},null,null,{"$f":"IF(N47=\"\",\"\",IFERROR(INDEX(Paramètres!$Q$7:$Q$46,MATCH(N47,Paramètres!$O$7:$O$46,0)),\"\"))","v":""},{"$nulls":3},""]
[null,null,"",{"$nulls":9},"",null,{"$f":"IF(N48=\"\",\"\",IFERROR(INDEX(Paramètres!$P$7:$P$46,MATCH(N48,Paramètres!$O$7:$O$46,0)),\"Culture à ajouter dans Paramètres\"))","v":""},null,null,{"$f":"IF(N48=\"\",\"\",IFERROR(INDEX(Paramètres!$Q$7:$Q$46,MATCH(N48,Paramètres!$O$7:$O$46,0)),\"\"))","v":""},{"$nulls":3},""]
[null,null,"",{"$nulls":9},"",null,{"$f":"IF(N49=\"\",\"\",IFERROR(INDEX(Paramètres!$P$7:$P$46,MATCH(N49,Paramètres!$O$7:$O$46,0)),\"Culture à ajouter dans Paramètres\"))","v":""},null,null,{"$f":"IF(N49=\"\",\"\",IFERROR(INDEX(Paramètres!$Q$7:$Q$46,MATCH(N49,Paramètres!$O$7:$O$46,0)),\"\"))","v":""},{"$nulls":3},""]
[null,null,"",{"$nulls":9},"",null,{"$f":"IF(N50=\"\",\"\",IFERROR(INDEX(Paramètres!$P$7:$P$46,MATCH(N50,Paramètres!$O$7:$O$46,0)),\"Culture à ajouter dans Paramètres\"))","v":""},null,null,{"$f":"IF(N50=\"\",\"\",IFERROR(INDEX(Paramètres!$Q$7:$Q$46,MATCH(N50,Paramètres!$O$7:$O$46,0)),\"\"))","v":""},{"$nulls":3},""]
[null,null,"",{"$nulls":9},"",null,{"$f":"IF(N51=\"\",\"\",IFERROR(INDEX(Paramètres!$P$7:$P$46,MATCH(N51,Paramètres!$O$7:$O$46,0)),\"Culture à ajouter dans Paramètres\"))","v":""},null,null,{"$f":"IF(N51=\"\",\"\",IFERROR(INDEX(Paramètres!$Q$7:$Q$46,MATCH(N51,Paramètres!$O$7:$O$46,0)),\"\"))","v":""},{"$nulls":3},""]
[null,null,"",{"$nulls":9},"",null,{"$f":"IF(N52=\"\",\"\",IFERROR(INDEX(Paramètres!$P$7:$P$46,MATCH(N52,Paramètres!$O$7:$O$46,0)),\"Culture à ajouter dans Paramètres\"))","v":""},null,null,{"$f":"IF(N52=\"\",\"\",IFERROR(INDEX(Paramètres!$Q$7:$Q$46,MATCH(N52,Paramètres!$O$7:$O$46,0)),\"\"))","v":""},{"$nulls":3},""]
[null,null,"",{"$nulls":9},"",null,{"$f":"IF(N53=\"\",\"\",IFERROR(INDEX(Paramètres!$P$7:$P$46,MATCH(N53,Paramètres!$O$7:$O$46,0)),\"Culture à ajouter dans Paramètres\"))","v":""},null,null,{"$f":"IF(N53=\"\",\"\",IFERROR(INDEX(Paramètres!$Q$7:$Q$46,MATCH(N53,Paramètres!$O$7:$O$46,0)),\"\"))","v":""},{"$nulls":3},""]
[null,null,"",{"$nulls":9},"",null,{"$f":"IF(N54=\"\",\"\",IFERROR(INDEX(Paramètres!$P$7:$P$46,MATCH(N54,Paramètres!$O$7:$O$46,0)),\"Culture à ajouter dans Paramètres\"))","v":""},null,null,{"$f":"IF(N54=\"\",\"\",IFERROR(INDEX(Paramètres!$Q$7:$Q$46,MATCH(N54,Paramètres!$O$7:$O$46,0)),\"\"))","v":""},{"$nulls":3},""]
[null,null,"",{"$nulls":9},"",null,{"$f":"IF(N55=\"\",\"\",IFERROR(INDEX(Paramètres!$P$7:$P$46,MATCH(N55,Paramètres!$O$7:$O$46,0)),\"Culture à ajouter dans Paramètres\"))","v":""},null,null,{"$f":"IF(N55=\"\",\"\",IFERROR(INDEX(Paramètres!$Q$7:$Q$46,MATCH(N55,Paramètres!$O$7:$O$46,0)),\"\"))","v":""},{"$nulls":3},""]
[null,null,"",{"$nulls":9},"",null,{"$f":"IF(N56=\"\",\"\",IFERROR(INDEX(Paramètres!$P$7:$P$46,MATCH(N56,Paramètres!$O$7:$O$46,0)),\"Culture à ajouter dans Paramètres\"))","v":""},null,null,{"$f":"IF(N56=\"\",\"\",IFERROR(INDEX(Paramètres!$Q$7:$Q$46,MATCH(N56,Paramètres!$O$7:$O$46,0)),\"\"))","v":""},{"$nulls":3},""]
[null,null,"",{"$nulls":9},"",null,{"$f":"IF(N57=\"\",\"\",IFERROR(INDEX(Paramètres!$P$7:$P$46,MATCH(N57,Paramètres!$O$7:$O$46,0)),\"Culture à ajouter dans Paramètres\"))","v":""},null,null,{"$f":"IF(N57=\"\",\"\",IFERROR(INDEX(Paramètres!$Q$7:$Q$46,MATCH(N57,Paramètres!$O$7:$O$46,0)),\"\"))","v":""},{"$nulls":3},""]
[null,null,"",{"$nulls":9},"",null,{"$f":"IF(N58=\"\",\"\",IFERROR(INDEX(Paramètres!$P$7:$P$46,MATCH(N58,Paramètres!$O$7:$O$46,0)),\"Culture à ajouter dans Paramètres\"))","v":""},null,null,{"$f":"IF(N58=\"\",\"\",IFERROR(INDEX(Paramètres!$Q$7:$Q$46,MATCH(N58,Paramètres!$O$7:$O$46,0)),\"\"))","v":""},{"$nulls":3},""]
[null,null,"",{"$nulls":9},"",null,{"$f":"IF(N59=\"\",\"\",IFERROR(INDEX(Paramètres!$P$7:$P$46,MATCH(N59,Paramètres!$O$7:$O$46,0)),\"Culture à ajouter dans Paramètres\"))","v":""},null,null,{"$f":"IF(N59=\"\",\"\",IFERROR(INDEX(Paramètres!$Q$7:$Q$46,MATCH(N59,Paramètres!$O$7:$O$46,0)),\"\"))","v":""},{"$nulls":3},""]
[null,null,"",{"$nulls":9},"",null,{"$f":"IF(N60=\"\",\"\",IFERROR(INDEX(Paramètres!$P$7:$P$46,MATCH(N60,Paramètres!$O$7:$O$46,0)),\"Culture à ajouter dans Paramètres\"))","v":""},null,null,{"$f":"IF(N60=\"\",\"\",IFERROR(INDEX(Paramètres!$Q$7:$Q$46,MATCH(N60,Paramètres!$O$7:$O$46,0)),\"\"))","v":""},{"$nulls":3},""]
[null,null,"",{"$nulls":9},"",null,{"$f":"IF(N61=\"\",\"\",IFERROR(INDEX(Paramètres!$P$7:$P$46,MATCH(N61,Paramètres!$O$7:$O$46,0)),\"Culture à ajouter dans Paramètres\"))","v":""},null,null,{"$f":"IF(N61=\"\",\"\",IFERROR(INDEX(Paramètres!$Q$7:$Q$46,MATCH(N61,Paramètres!$O$7:$O$46,0)),\"\"))","v":""},{"$nulls":3},""]
[null,null,"",{"$nulls":9},"",null,{"$f":"IF(N62=\"\",\"\",IFERROR(INDEX(Paramètres!$P$7:$P$46,MATCH(N62,Paramètres!$O$7:$O$46,0)),\"Culture à ajouter dans Paramètres\"))","v":""},null,null,{"$f":"IF(N62=\"\",\"\",IFERROR(INDEX(Paramètres!$Q$7:$Q$46,MATCH(N62,Paramètres!$O$7:$O$46,0)),\"\"))","v":""},{"$nulls":3},""]
[null,null,"",{"$nulls":9},"",null,{"$f":"IF(N63=\"\",\"\",IFERROR(INDEX(Paramètres!$P$7:$P$46,MATCH(N63,Paramètres!$O$7:$O$46,0)),\"Culture à ajouter dans Paramètres\"))","v":""},null,null,{"$f":"IF(N63=\"\",\"\",IFERROR(INDEX(Paramètres!$Q$7:$Q$46,MATCH(N63,Paramètres!$O$7:$O$46,0)),\"\"))","v":""},{"$nulls":3},""]
[null,null,"",{"$nulls":9},"",null,{"$f":"IF(N64=\"\",\"\",IFERROR(INDEX(Paramètres!$P$7:$P$46,MATCH(N64,Paramètres!$O$7:$O$46,0)),\"Culture à ajouter dans Paramètres\"))","v":""},null,null,{"$f":"IF(N64=\"\",\"\",IFERROR(INDEX(Paramètres!$Q$7:$Q$46,MATCH(N64,Paramètres!$O$7:$O$46,0)),\"\"))","v":""},{"$nulls":3},""]
[null,null,"",{"$nulls":9},"",null,{"$f":"IF(N65=\"\",\"\",IFERROR(INDEX(Paramètres!$P$7:$P$46,MATCH(N65,Paramètres!$O$7:$O$46,0)),\"Culture à ajouter dans Paramètres\"))","v":""},null,null,{"$f":"IF(N65=\"\",\"\",IFERROR(INDEX(Paramètres!$Q$7:$Q$46,MATCH(N65,Paramètres!$O$7:$O$46,0)),\"\"))","v":""},{"$nulls":3},""]

{"sheet":"Fertilisants","index":1,"n_rows":46,"n_cols":16,"rows_kept":46,"merged":[[3,0,3,3],[3,4,3,10],[3,11,3,14]]}
["FERTILISANTS ET TENEURS"]
[{"$f":"\"Référentiel des engrais, effluents et amendements – campagne \"&(AnneeRecolte-1)&\"-\"&AnneeRecolte","v":"Référentiel des engrais, effluents et amendements – campagne 2026-2027"}]
["Teneurs exprimées par unité de produit brut (kg N par t, par m³, par kg ou par L). Remplacez les valeurs d'exemple par vos analyses."]
["IDENTIFICATION",{"$nulls":3},"COMPOSITION (PAR UNITÉ DE PRODUIT)",{"$nulls":6},"UTILISATION SUR LA CAMPAGNE (AUTO)"]
["Fertilisant","Type\nréglementaire","Effluent\nd'élevage","Unité","N total\n(kg/unité)","Keq\n(coef. d'équivalence\nengrais)","N efficace\n(kg/unité)\n(auto)","P₂O₅\n(kg/unité)","K₂O\n(kg/unité)","Origine de\nla teneur","Date\nd'analyse","Prix\n(€/unité)","Quantité\népandue","Azote total\népandu (kg)","Coût\n(€)","Observations"]
["Fumier bovin compact","Type Ia","Oui","t",{"v":5.5,"d":"5.50"},0.15,{"$f":"IF(OR(E6=\"\",F6=\"\"),\"\",E6*F6)","v":{"v":0.825,"d":"0.83"}},{"v":2.8,"d":"2.80"},{"v":9,"d":"9.00"},"Référence régionale",null,{"v":0,"d":"0.00 €"},{"$f":"IF(A6=\"\",\"\",SUMIFS(Registre!$K$6:$K$405,Registre!$F$6:$F$405,A6))","v":{"v":856,"d":"856.0"}},{"$f":"IF(A6=\"\",\"\",SUMIFS(Registre!$P$6:$P$405,Registre!$F$6:$F$405,A6))","v":{"v":4708,"d":"4,708"}},{"$f":"IF(OR(A6=\"\",L6=\"\"),\"\",M6*L6)","v":0},"Fumier ayant séjourné au moins 2 mois"]
["Fumier bovin mou","Type Ib","Oui","t",{"v":5,"d":"5.00"},{"v":0.2,"d":"0.20"},{"v":1,"d":"1.00"},{"v":2.5,"d":"2.50"},{"v":7.5,"d":"7.50"},"Référence régionale",null,{"v":0,"d":"0.00 €"},{"$f":"IF(A7=\"\",\"\",SUMIFS(Registre!$K$6:$K$405,Registre!$F$6:$F$405,A7))","v":0},{"$f":"IF(A7=\"\",\"\",SUMIFS(Registre!$P$6:$P$405,Registre!$F$6:$F$405,A7))","v":0},0]
["Lisier bovin","Type II","Oui","m³",{"v":3.5,"d":"3.50"},{"v":0.5,"d":"0.50"},1.75,{"v":1.5,"d":"1.50"},{"v":4,"d":"4.00"},"Analyse","2026-09-02",{"v":0,"d":"0.00 €"},{"$f":"IF(A8=\"\",\"\",SUMIFS(Registre!$K$6:$K$405,Registre!$F$6:$F$405,A8))","v":{"v":595,"d":"595.0"}},{"$f":"IF(A8=\"\",\"\",SUMIFS(Registre!$P$6:$P$405,Registre!$F$6:$F$405,A8))","v":{"v":2082.5,"d":"2,083"}},0,"Fosse n° 1"]
["Lisier porcin","Type II","Oui","m³",{"v":4.5,"d":"4.50"},{"v":0.6,"d":"0.60"},{"v":2.6999999999999997,"d":"2.70"},{"v":2.5,"d":"2.50"},{"v":3,"d":"3.00"},"Analyse","2026-08-28",{"v":0,"d":"0.00 €"},{"$f":"IF(A9=\"\",\"\",SUMIFS(Registre!$K$6:$K$405,Registre!$F$6:$F$405,A9))","v":{"v":411.25,"d":"411.3"}},{"$f":"IF(A9=\"\",\"\",SUMIFS(Registre!$P$6:$P$405,Registre!$F$6:$F$405,A9))","v":{"v":1850.625,"d":"1,851"}},0,"Reçu d'un élevage voisin"]
["Fumier de volailles","Type II","Oui","t",{"v":22,"d":"22.00"},{"v":0.5,"d":"0.50"},{"v":11,"d":"11.00"},{"v":20,"d":"20.00"},{"v":18,"d":"18.00"},"Référence régionale",null,{"v":15,"d":"15.00 €"},{"$f":"IF(A10=\"\",\"\",SUMIFS(Registre!$K$6:$K$405,Registre!$F$6:$F$405,A10))","v":{"v":14.700000000000001,"d":"14.7"}},{"$f":"IF(A10=\"\",\"\",SUMIFS(Registre!$P$6:$P$405,Registre!$F$6:$F$405,A10))","v":{"v":323.40000000000003,"d":"323"}},{"v":220.50000000000003,"d":"220.50 €"}]
["Compost de déchets verts","Type 0","Non","t",{"v":7,"d":"7.00"},0.05,{"v":0.35000000000000003,"d":"0.35"},{"v":3,"d":"3.00"},{"v":7,"d":"7.00"},"Étiquette fabricant",null,{"v":12,"d":"12.00 €"},{"$f":"IF(A11=\"\",\"\",SUMIFS(Registre!$K$6:$K$405,Registre!$F$6:$F$405,A11))","v":{"v":58.800000000000004,"d":"58.8"}},{"$f":"IF(A11=\"\",\"\",SUMIFS(Registre!$P$6:$P$405,Registre!$F$6:$F$405,A11))","v":{"v":411.6,"d":"412"}},{"v":705.6,"d":"705.60 €"},"Produit normé"]
["Digestat brut","Type II","Non","m³",{"v":4.8,"d":"4.80"},0.55,2.64,{"v":1.8,"d":"1.80"},{"v":4.5,"d":"4.50"},"Analyse","2027-02-12",{"v":3,"d":"3.00 €"},{"$f":"IF(A12=\"\",\"\",SUMIFS(Registre!$K$6:$K$405,Registre!$F$6:$F$405,A12))","v":{"v":456,"d":"456.0"}},{"$f":"IF(A12=\"\",\"\",SUMIFS(Registre!$P$6:$P$405,Registre!$F$6:$F$405,A12))","v":{"v":2188.7999999999997,"d":"2,189"}},{"v":1368,"d":"1,368.00 €"},"Si le substrat contient des effluents d'élevage, en tenir compte pour le plafond"]
["Ammonitrate 27 %","Type III","Non","kg",0.27,{"v":1,"d":"1.00"},0.27,{"v":0,"d":"0.00"},{"v":0,"d":"0.00"},"Étiquette fabricant",null,{"v":0.42,"d":"0.42 €"},{"$f":"IF(A13=\"\",\"\",SUMIFS(Registre!$K$6:$K$405,Registre!$F$6:$F$405,A13))","v":{"v":11366.5,"d":"11,366.5"}},{"$f":"IF(A13=\"\",\"\",SUMIFS(Registre!$P$6:$P$405,Registre!$F$6:$F$405,A13))","v":{"v":3068.955,"d":"3,069"}},{"v":4773.929999999999,"d":"4,773.93 €"}]
["Solution azotée 39 %","Type III","Non","kg",0.39,{"v":1,"d":"1.00"},0.39,{"v":0,"d":"0.00"},{"v":0,"d":"0.00"},"Étiquette fabricant",null,{"v":0.38,"d":"0.38 €"},{"$f":"IF(A14=\"\",\"\",SUMIFS(Registre!$K$6:$K$405,Registre!$F$6:$F$405,A14))","v":{"v":4253,"d":"4,253.0"}},{"$f":"IF(A14=\"\",\"\",SUMIFS(Registre!$P$6:$P$405,Registre!$F$6:$F$405,A14))","v":{"v":1658.67,"d":"1,659"}},{"v":1616.14,"d":"1,616.14 €"}]
["Urée 46 %","Type III","Non","kg",0.46,{"v":1,"d":"1.00"},0.46,{"v":0,"d":"0.00"},{"v":0,"d":"0.00"},"Étiquette fabricant",null,{"v":0.52,"d":"0.52 €"},{"$f":"IF(A15=\"\",\"\",SUMIFS(Registre!$K$6:$K$405,Registre!$F$6:$F$405,A15))","v":{"v":3262,"d":"3,262.0"}},{"$f":"IF(A15=\"\",\"\",SUMIFS(Registre!$P$6:$P$405,Registre!$F$6:$F$405,A15))","v":{"v":1500.52,"d":"1,501"}},{"v":1696.24,"d":"1,696.24 €"}]
["Engrais NPK 15-15-15","Type III","Non","kg",0.15,{"v":1,"d":"1.00"},0.15,0.15,0.15,"Étiquette fabricant",null,{"v":0.55,"d":"0.55 €"},{"$f":"IF(A16=\"\",\"\",SUMIFS(Registre!$K$6:$K$405,Registre!$F$6:$F$405,A16))","v":{"v":2280,"d":"2,280.0"}},{"$f":"IF(A16=\"\",\"\",SUMIFS(Registre!$P$6:$P$405,Registre!$F$6:$F$405,A16))","v":342},{"v":1254,"d":"1,254.00 €"}]
[{"$nulls":6},"",{"$nulls":5},{"$f":"IF(A17=\"\",\"\",SUMIFS(Registre!$K$6:$K$405,Registre!$F$6:$F$405,A17))","v":""},{"$f":"IF(A17=\"\",\"\",SUMIFS(Registre!$P$6:$P$405,Registre!$F$6:$F$405,A17))","v":""},""]
[{"$nulls":6},"",{"$nulls":5},{"$f":"IF(A18=\"\",\"\",SUMIFS(Registre!$K$6:$K$405,Registre!$F$6:$F$405,A18))","v":""},{"$f":"IF(A18=\"\",\"\",SUMIFS(Registre!$P$6:$P$405,Registre!$F$6:$F$405,A18))","v":""},""]
[{"$nulls":6},"",{"$nulls":5},{"$f":"IF(A19=\"\",\"\",SUMIFS(Registre!$K$6:$K$405,Registre!$F$6:$F$405,A19))","v":""},{"$f":"IF(A19=\"\",\"\",SUMIFS(Registre!$P$6:$P$405,Registre!$F$6:$F$405,A19))","v":""},""]
[{"$nulls":6},"",{"$nulls":5},{"$f":"IF(A20=\"\",\"\",SUMIFS(Registre!$K$6:$K$405,Registre!$F$6:$F$405,A20))","v":""},{"$f":"IF(A20=\"\",\"\",SUMIFS(Registre!$P$6:$P$405,Registre!$F$6:$F$405,A20))","v":""},""]
[{"$nulls":6},"",{"$nulls":5},{"$f":"IF(A21=\"\",\"\",SUMIFS(Registre!$K$6:$K$405,Registre!$F$6:$F$405,A21))","v":""},{"$f":"IF(A21=\"\",\"\",SUMIFS(Registre!$P$6:$P$405,Registre!$F$6:$F$405,A21))","v":""},""]
[{"$nulls":6},"",{"$nulls":5},{"$f":"IF(A22=\"\",\"\",SUMIFS(Registre!$K$6:$K$405,Registre!$F$6:$F$405,A22))","v":""},{"$f":"IF(A22=\"\",\"\",SUMIFS(Registre!$P$6:$P$405,Registre!$F$6:$F$405,A22))","v":""},""]
[{"$nulls":6},"",{"$nulls":5},{"$f":"IF(A23=\"\",\"\",SUMIFS(Registre!$K$6:$K$405,Registre!$F$6:$F$405,A23))","v":""},{"$f":"IF(A23=\"\",\"\",SUMIFS(Registre!$P$6:$P$405,Registre!$F$6:$F$405,A23))","v":""},""]
[{"$nulls":6},"",{"$nulls":5},{"$f":"IF(A24=\"\",\"\",SUMIFS(Registre!$K$6:$K$405,Registre!$F$6:$F$405,A24))","v":""},{"$f":"IF(A24=\"\",\"\",SUMIFS(Registre!$P$6:$P$405,Registre!$F$6:$F$405,A24))","v":""},""]
[{"$nulls":6},"",{"$nulls":5},{"$f":"IF(A25=\"\",\"\",SUMIFS(Registre!$K$6:$K$405,Registre!$F$6:$F$405,A25))","v":""},{"$f":"IF(A25=\"\",\"\",SUMIFS(Registre!$P$6:$P$405,Registre!$F$6:$F$405,A25))","v":""},""]
[{"$nulls":6},"",{"$nulls":5},{"$f":"IF(A26=\"\",\"\",SUMIFS(Registre!$K$6:$K$405,Registre!$F$6:$F$405,A26))","v":""},{"$f":"IF(A26=\"\",\"\",SUMIFS(Registre!$P$6:$P$405,Registre!$F$6:$F$405,A26))","v":""},""]
[{"$nulls":6},"",{"$nulls":5},{"$f":"IF(A27=\"\",\"\",SUMIFS(Registre!$K$6:$K$405,Registre!$F$6:$F$405,A27))","v":""},{"$f":"IF(A27=\"\",\"\",SUMIFS(Registre!$P$6:$P$405,Registre!$F$6:$F$405,A27))","v":""},""]
[{"$nulls":6},"",{"$nulls":5},{"$f":"IF(A28=\"\",\"\",SUMIFS(Registre!$K$6:$K$405,Registre!$F$6:$F$405,A28))","v":""},{"$f":"IF(A28=\"\",\"\",SUMIFS(Registre!$P$6:$P$405,Registre!$F$6:$F$405,A28))","v":""},""]
[{"$nulls":6},"",{"$nulls":5},{"$f":"IF(A29=\"\",\"\",SUMIFS(Registre!$K$6:$K$405,Registre!$F$6:$F$405,A29))","v":""},{"$f":"IF(A29=\"\",\"\",SUMIFS(Registre!$P$6:$P$405,Registre!$F$6:$F$405,A29))","v":""},""]
[{"$nulls":6},"",{"$nulls":5},{"$f":"IF(A30=\"\",\"\",SUMIFS(Registre!$K$6:$K$405,Registre!$F$6:$F$405,A30))","v":""},{"$f":"IF(A30=\"\",\"\",SUMIFS(Registre!$P$6:$P$405,Registre!$F$6:$F$405,A30))","v":""},""]
[{"$nulls":6},"",{"$nulls":5},{"$f":"IF(A31=\"\",\"\",SUMIFS(Registre!$K$6:$K$405,Registre!$F$6:$F$405,A31))","v":""},{"$f":"IF(A31=\"\",\"\",SUMIFS(Registre!$P$6:$P$405,Registre!$F$6:$F$405,A31))","v":""},""]
[{"$nulls":6},"",{"$nulls":5},{"$f":"IF(A32=\"\",\"\",SUMIFS(Registre!$K$6:$K$405,Registre!$F$6:$F$405,A32))","v":""},{"$f":"IF(A32=\"\",\"\",SUMIFS(Registre!$P$6:$P$405,Registre!$F$6:$F$405,A32))","v":""},""]
[{"$nulls":6},"",{"$nulls":5},{"$f":"IF(A33=\"\",\"\",SUMIFS(Registre!$K$6:$K$405,Registre!$F$6:$F$405,A33))","v":""},{"$f":"IF(A33=\"\",\"\",SUMIFS(Registre!$P$6:$P$405,Registre!$F$6:$F$405,A33))","v":""},""]
[{"$nulls":6},"",{"$nulls":5},{"$f":"IF(A34=\"\",\"\",SUMIFS(Registre!$K$6:$K$405,Registre!$F$6:$F$405,A34))","v":""},{"$f":"IF(A34=\"\",\"\",SUMIFS(Registre!$P$6:$P$405,Registre!$F$6:$F$405,A34))","v":""},""]
[{"$nulls":6},"",{"$nulls":5},{"$f":"IF(A35=\"\",\"\",SUMIFS(Registre!$K$6:$K$405,Registre!$F$6:$F$405,A35))","v":""},{"$f":"IF(A35=\"\",\"\",SUMIFS(Registre!$P$6:$P$405,Registre!$F$6:$F$405,A35))","v":""},""]
[{"$nulls":6},"",{"$nulls":5},{"$f":"IF(A36=\"\",\"\",SUMIFS(Registre!$K$6:$K$405,Registre!$F$6:$F$405,A36))","v":""},{"$f":"IF(A36=\"\",\"\",SUMIFS(Registre!$P$6:$P$405,Registre!$F$6:$F$405,A36))","v":""},""]
[{"$nulls":6},"",{"$nulls":5},{"$f":"IF(A37=\"\",\"\",SUMIFS(Registre!$K$6:$K$405,Registre!$F$6:$F$405,A37))","v":""},{"$f":"IF(A37=\"\",\"\",SUMIFS(Registre!$P$6:$P$405,Registre!$F$6:$F$405,A37))","v":""},""]
[{"$nulls":6},"",{"$nulls":5},{"$f":"IF(A38=\"\",\"\",SUMIFS(Registre!$K$6:$K$405,Registre!$F$6:$F$405,A38))","v":""},{"$f":"IF(A38=\"\",\"\",SUMIFS(Registre!$P$6:$P$405,Registre!$F$6:$F$405,A38))","v":""},""]
[{"$nulls":6},"",{"$nulls":5},{"$f":"IF(A39=\"\",\"\",SUMIFS(Registre!$K$6:$K$405,Registre!$F$6:$F$405,A39))","v":""},{"$f":"IF(A39=\"\",\"\",SUMIFS(Registre!$P$6:$P$405,Registre!$F$6:$F$405,A39))","v":""},""]
[{"$nulls":6},"",{"$nulls":5},{"$f":"IF(A40=\"\",\"\",SUMIFS(Registre!$K$6:$K$405,Registre!$F$6:$F$405,A40))","v":""},{"$f":"IF(A40=\"\",\"\",SUMIFS(Registre!$P$6:$P$405,Registre!$F$6:$F$405,A40))","v":""},""]
[{"$nulls":6},"",{"$nulls":5},{"$f":"IF(A41=\"\",\"\",SUMIFS(Registre!$K$6:$K$405,Registre!$F$6:$F$405,A41))","v":""},{"$f":"IF(A41=\"\",\"\",SUMIFS(Registre!$P$6:$P$405,Registre!$F$6:$F$405,A41))","v":""},""]
[{"$nulls":6},"",{"$nulls":5},{"$f":"IF(A42=\"\",\"\",SUMIFS(Registre!$K$6:$K$405,Registre!$F$6:$F$405,A42))","v":""},{"$f":"IF(A42=\"\",\"\",SUMIFS(Registre!$P$6:$P$405,Registre!$F$6:$F$405,A42))","v":""},""]
[{"$nulls":6},"",{"$nulls":5},{"$f":"IF(A43=\"\",\"\",SUMIFS(Registre!$K$6:$K$405,Registre!$F$6:$F$405,A43))","v":""},{"$f":"IF(A43=\"\",\"\",SUMIFS(Registre!$P$6:$P$405,Registre!$F$6:$F$405,A43))","v":""},""]
[{"$nulls":6},"",{"$nulls":5},{"$f":"IF(A44=\"\",\"\",SUMIFS(Registre!$K$6:$K$405,Registre!$F$6:$F$405,A44))","v":""},{"$f":"IF(A44=\"\",\"\",SUMIFS(Registre!$P$6:$P$405,Registre!$F$6:$F$405,A44))","v":""},""]
[{"$nulls":6},"",{"$nulls":5},{"$f":"IF(A45=\"\",\"\",SUMIFS(Registre!$K$6:$K$405,Registre!$F$6:$F$405,A45))","v":""},{"$f":"IF(A45=\"\",\"\",SUMIFS(Registre!$P$6:$P$405,Registre!$F$6:$F$405,A45))","v":""},""]
["TOTAL",{"$nulls":12},{"$f":"SUM(N6:N45)","v":{"v":18135.07,"d":"18,135"}},{"$f":"SUM(O6:O45)","v":{"v":11634.409999999998,"d":"11,634.41 €"}}]

{"sheet":"Registre","index":2,"n_rows":405,"n_cols":35,"rows_kept":405,"merged":[[3,0,3,4],[3,5,3,6],[3,7,3,10],[3,11,3,15],[3,16,3,18],[3,19,3,20],[3,22,3,34]]}
["REGISTRE DES ÉPANDAGES"]
[{"$f":"\"Campagne \"&(AnneeRecolte-1)&\"-\"&AnneeRecolte&\" (récolte \"&AnneeRecolte&\") – un apport par ligne, à compléter après chaque chantier\"","v":"Campagne 2026-2027 (récolte 2027) – un apport par ligne, à compléter après chaque chantier"}]
["Saisissez les cellules blanches. La colonne « Contrôle » vérifie l'état du sol, le calendrier d'interdiction (îlots en zone vulnérable), la surface et les dates de campagne."]
["APPORT",{"$nulls":4},"FERTILISANT",null,"DOSE ET QUANTITÉ",{"$nulls":3},"ÉLÉMENTS APPORTÉS (AUTO)",{"$nulls":4},"CONDITIONS D'ÉPANDAGE",null,null,"CONTRÔLE ET SUIVI",null,null,"COLONNES DE CALCUL – NE PAS MODIFIER"]
["N°","Date\nd'épandage","Îlot","Culture\n(auto)","Apport réalisé sur","Fertilisant","Type\n(auto)","Surface\népandue\n(ha)","Dose\n(unité/ha)","Unité\n(auto)","Quantité\ntotale\n(auto)","N total\n(kg/ha)","N efficace\n(kg/ha)","P₂O₅\n(kg/ha)","K₂O\n(kg/ha)","N total\napporté\n(kg)","État du sol","Matériel / mode d'épandage","Délai\nd'enfouis-\nsement (h)","Contrôle","Observations (météo, prestataire, n° de bordereau…)",null,"Ligne\nîlot","Ligne\nfertil.","Surface\nîlot","Zone\nvuln.","Occupation (calendrier)","Ligne\ncalend.","Code\njour","Période\ninterdite","Effluent\nd'élevage","Nature","N efficace\n(kg)","P₂O₅\n(kg)","K₂O\n(kg)"]
[{"$f":"IF(B6=\"\",\"\",COUNT($B$6:B6))","v":1},"2026-09-07","03 – La Pièce du Bas",{"$f":"IF($W6=\"\",\"\",INDEX(Îlots!$N$6:$N$65,$W6))","v":"Maïs grain"},"Couvert d'interculture","Fumier bovin compact",{"$f":"IF($X6=\"\",\"\",INDEX(Fertilisants!$B$6:$B$45,$X6))","v":"Type Ia"},{"v":15.2,"d":"15.20"},{"v":15,"d":"15.0"},{"$f":"IF($X6=\"\",\"\",INDEX(Fertilisants!$D$6:$D$45,$X6))","v":"t"},{"$f":"IF(OR($H6=\"\",$I6=\"\"),\"\",$H6*$I6)","v":{"v":228,"d":"228.0"}},{"$f":"IF(OR($I6=\"\",$X6=\"\"),\"\",$I6*N(INDEX(Fertilisants!$E$6:$E$45,$X6)))","v":{"v":82.5,"d":"83"}},{"$f":"IF(OR($I6=\"\",$X6=\"\"),\"\",$I6*N(INDEX(Fertilisants!$G$6:$G$45,$X6)))","v":{"v":12.375,"d":"12"}},{"$f":"IF(OR($I6=\"\",$X6=\"\"),\"\",$I6*N(INDEX(Fertilisants!$H$6:$H$45,$X6)))","v":42},{"$f":"IF(OR($I6=\"\",$X6=\"\"),\"\",$I6*N(INDEX(Fertilisants!$I$6:$I$45,$X6)))","v":135},{"$f":"IF(OR($H6=\"\",$L6=\"\"),\"\",$H6*$L6)","v":{"v":1254,"d":"1,254"}},"Ressuyé","Épandeur à fumier (hérissons)",null,{"$f":"IF($B6=\"\",\"\",IF(OR($C6=\"\",$F6=\"\",$H6=\"\",$I6=\"\"),\"À compléter\",IF(OR($Q6=\"Enneigé\",$Q6=\"Détrempé\",$Q6=\"Inondé\",AND($Q6=\"Gelé\",$G6<>\"Type 0\",$G6<>\"Type Ia\")),\"Sol interdit\",IF($AD6=1,\"Période d'interdiction\",IF(AND(ISNUMBER($Y6),ISNUMBER($H6),$H6>$Y6+0.001),\"Surface > îlot\",IF(OR($B6<DebutCampagne,$B6>FinCampagne),\"Hors campagne\",\"Conforme\"))))))","v":"Conforme"},"Couvert semé le 05/08/2026",null,{"$f":"IF($C6=\"\",\"\",IFERROR(MATCH($C6,Îlots!$C$6:$C$65,0),\"\"))","v":3},{"$f":"IF($F6=\"\",\"\",IFERROR(MATCH($F6,Fertilisants!$A$6:$A$45,0),\"\"))","v":1},{"$f":"IF($W6=\"\",\"\",INDEX(Îlots!$D$6:$D$65,$W6))","v":15.2},{"$f":"IF($W6=\"\",\"\",INDEX(Îlots!$F$6:$F$65,$W6))","v":"Oui"},{"$f":"IF($W6=\"\",\"\",IF($E6=ApportCouvert,OccCouvert,INDEX(Îlots!$O$6:$O$65,$W6)))","v":"Couvert d'interculture (CINE / CIE)"},{"$f":"IF(OR($AA6=\"\",$G6=\"\",$Z6=\"Non\"),\"\",IFERROR(MATCH($AA6&\" | \"&$G6,Paramètres!$I$7:$I$41,0),\"\"))","v":22},{"$f":"IF($B6=\"\",\"\",MONTH($B6)*100+DAY($B6))","v":907},{"$f":"IF(OR($AB6=\"\",$AC6=\"\"),0,IF(OR(AND(INDEX(Paramètres!$J$7:$J$41,$AB6)>0,IF(INDEX(Paramètres!$J$7:$J$41,$AB6)<=INDEX(Paramètres!$K$7:$K$41,$AB6),AND($AC6>=INDEX(Paramètres!$J$7:$J$41,$AB6),$AC6<=INDEX(Paramètres!$K$7:$K$41,$AB6)),OR($AC6>=INDEX(Paramètres!$J$7:$J$41,$AB6),$AC6<=INDEX(Paramètres!$K$7:$K$41,$AB6)))),AND(INDEX(Paramètres!$L$7:$L$41,$AB6)>0,IF(INDEX(Paramètres!$L$7:$L$41,$AB6)<=INDEX(Paramètres!$M$7:$M$41,$AB6),AND($AC6>=INDEX(Paramètres!$L$7:$L$41,$AB6),$AC6<=INDEX(Paramètres!$M$7:$M$41,$AB6)),OR($AC6>=INDEX(Paramètres!$L$7:$L$41,$AB6),$AC6<=INDEX(Paramètres!$M$7:$M$41,$AB6))))),1,0))","v":0},{"$f":"IF($X6=\"\",0,IF(INDEX(Fertilisants!$C$6:$C$45,$X6)=\"Oui\",1,0))","v":1},{"$f":"IF($G6=\"\",\"\",IF($G6=\"Type III\",\"Minéral\",\"Organique\"))","v":"Organique"},{"$f":"IF(OR($H6=\"\",$M6=\"\"),\"\",$H6*$M6)","v":188.1},{"$f":"IF(OR($H6=\"\",$N6=\"\"),\"\",$H6*$N6)","v":638.4},{"$f":"IF(OR($H6=\"\",$O6=\"\"),\"\",$H6*$O6)","v":2052}]
[{"$f":"IF(B7=\"\",\"\",COUNT($B$6:B7))","v":2},"2026-09-16","02 – Le Champ du Moulin",{"$f":"IF($W7=\"\",\"\",INDEX(Îlots!$N$6:$N$65,$W7))","v":"Colza d'hiver"},"Culture principale","Lisier porcin",{"$f":"IF($X7=\"\",\"\",INDEX(Fertilisants!$B$6:$B$45,$X7))","v":"Type II"},9.85,{"v":25,"d":"25.0"},{"$f":"IF($X7=\"\",\"\",INDEX(Fertilisants!$D$6:$D$45,$X7))","v":"m³"},{"v":246.25,"d":"246.3"},{"$f":"IF(OR($I7=\"\",$X7=\"\"),\"\",$I7*N(INDEX(Fertilisants!$E$6:$E$45,$X7)))","v":{"v":112.5,"d":"113"}},{"$f":"IF(OR($I7=\"\",$X7=\"\"),\"\",$I7*N(INDEX(Fertilisants!$G$6:$G$45,$X7)))","v":{"v":67.5,"d":"68"}},{"$f":"IF(OR($I7=\"\",$X7=\"\"),\"\",$I7*N(INDEX(Fertilisants!$H$6:$H$45,$X7)))","v":{"v":62.5,"d":"63"}},{"$f":"IF(OR($I7=\"\",$X7=\"\"),\"\",$I7*N(INDEX(Fertilisants!$I$6:$I$45,$X7)))","v":75},{"v":1108.125,"d":"1,108"},"Ressuyé","Tonne à lisier – rampe à pendillards",null,"Conforme","Lisier reçu – bordereau B-2027-01",null,{"$f":"IF($C7=\"\",\"\",IFERROR(MATCH($C7,Îlots!$C$6:$C$65,0),\"\"))","v":2},{"$f":"IF($F7=\"\",\"\",IFERROR(MATCH($F7,Fertilisants!$A$6:$A$45,0),\"\"))","v":4},{"$f":"IF($W7=\"\",\"\",INDEX(Îlots!$D$6:$D$65,$W7))","v":9.85},{"$f":"IF($W7=\"\",\"\",INDEX(Îlots!$F$6:$F$65,$W7))","v":"Oui"},{"$f":"IF($W7=\"\",\"\",IF($E7=ApportCouvert,OccCouvert,INDEX(Îlots!$O$6:$O$65,$W7)))","v":"Colza d'automne"},{"$f":"IF(OR($AA7=\"\",$G7=\"\",$Z7=\"Non\"),\"\",IFERROR(MATCH($AA7&\" | \"&$G7,Paramètres!$I$7:$I$41,0),\"\"))","v":9},916,{"$f":"IF(OR($AB7=\"\",$AC7=\"\"),0,IF(OR(AND(INDEX(Paramètres!$J$7:$J$41,$AB7)>0,IF(INDEX(Paramètres!$J$7:$J$41,$AB7)<=INDEX(Paramètres!$K$7:$K$41,$AB7),AND($AC7>=INDEX(Paramètres!$J$7:$J$41,$AB7),$AC7<=INDEX(Paramètres!$K$7:$K$41,$AB7)),OR($AC7>=INDEX(Paramètres!$J$7:$J$41,$AB7),$AC7<=INDEX(Paramètres!$K$7:$K$41,$AB7)))),AND(INDEX(Paramètres!$L$7:$L$41,$AB7)>0,IF(INDEX(Paramètres!$L$7:$L$41,$AB7)<=INDEX(Paramètres!$M$7:$M$41,$AB7),AND($AC7>=INDEX(Paramètres!$L$7:$L$41,$AB7),$AC7<=INDEX(Paramètres!$M$7:$M$41,$AB7)),OR($AC7>=INDEX(Paramètres!$L$7:$L$41,$AB7),$AC7<=INDEX(Paramètres!$M$7:$M$41,$AB7))))),1,0))","v":0},{"$f":"IF($X7=\"\",0,IF(INDEX(Fertilisants!$C$6:$C$45,$X7)=\"Oui\",1,0))","v":1},"Organique",664.875,615.625,738.75]
[{"$f":"IF(B8=\"\",\"\",COUNT($B$6:B8))","v":3},"2026-09-30","07 – La Butte",{"$f":"IF($W8=\"\",\"\",INDEX(Îlots!$N$6:$N$65,$W8))","v":"Prairie temporaire"},"Culture principale","Compost de déchets verts",{"$f":"IF($X8=\"\",\"\",INDEX(Fertilisants!$B$6:$B$45,$X8))","v":"Type 0"},{"v":4.9,"d":"4.90"},{"v":12,"d":"12.0"},{"$f":"IF($X8=\"\",\"\",INDEX(Fertilisants!$D$6:$D$45,$X8))","v":"t"},{"v":58.800000000000004,"d":"58.8"},{"$f":"IF(OR($I8=\"\",$X8=\"\"),\"\",$I8*N(INDEX(Fertilisants!$E$6:$E$45,$X8)))","v":84},{"$f":"IF(OR($I8=\"\",$X8=\"\"),\"\",$I8*N(INDEX(Fertilisants!$G$6:$G$45,$X8)))","v":{"v":4.2,"d":"4"}},{"$f":"IF(OR($I8=\"\",$X8=\"\"),\"\",$I8*N(INDEX(Fertilisants!$H$6:$H$45,$X8)))","v":36},{"$f":"IF(OR($I8=\"\",$X8=\"\"),\"\",$I8*N(INDEX(Fertilisants!$I$6:$I$45,$X8)))","v":84},{"v":411.6,"d":"412"},"Ressuyé","Épandeur à table d'épandage",null,"Conforme",null,null,{"$f":"IF($C8=\"\",\"\",IFERROR(MATCH($C8,Îlots!$C$6:$C$65,0),\"\"))","v":7},{"$f":"IF($F8=\"\",\"\",IFERROR(MATCH($F8,Fertilisants!$A$6:$A$45,0),\"\"))","v":6},{"$f":"IF($W8=\"\",\"\",INDEX(Îlots!$D$6:$D$65,$W8))","v":4.9},{"$f":"IF($W8=\"\",\"\",INDEX(Îlots!$F$6:$F$65,$W8))","v":"Non"},{"$f":"IF($W8=\"\",\"\",IF($E8=ApportCouvert,OccCouvert,INDEX(Îlots!$O$6:$O$65,$W8)))","v":"Prairie de plus de 6 mois / luzerne"},{"$f":"IF(OR($AA8=\"\",$G8=\"\",$Z8=\"Non\"),\"\",IFERROR(MATCH($AA8&\" | \"&$G8,Paramètres!$I$7:$I$41,0),\"\"))","v":""},930,{"$f":"IF(OR($AB8=\"\",$AC8=\"\"),0,IF(OR(AND(INDEX(Paramètres!$J$7:$J$41,$AB8)>0,IF(INDEX(Paramètres!$J$7:$J$41,$AB8)<=INDEX(Paramètres!$K$7:$K$41,$AB8),AND($AC8>=INDEX(Paramètres!$J$7:$J$41,$AB8),$AC8<=INDEX(Paramètres!$K$7:$K$41,$AB8)),OR($AC8>=INDEX(Paramètres!$J$7:$J$41,$AB8),$AC8<=INDEX(Paramètres!$K$7:$K$41,$AB8)))),AND(INDEX(Paramètres!$L$7:$L$41,$AB8)>0,IF(INDEX(Paramètres!$L$7:$L$41,$AB8)<=INDEX(Paramètres!$M$7:$M$41,$AB8),AND($AC8>=INDEX(Paramètres!$L$7:$L$41,$AB8),$AC8<=INDEX(Paramètres!$M$7:$M$41,$AB8)),OR($AC8>=INDEX(Paramètres!$L$7:$L$41,$AB8),$AC8<=INDEX(Paramètres!$M$7:$M$41,$AB8))))),1,0))","v":0},{"$f":"IF($X8=\"\",0,IF(INDEX(Fertilisants!$C$6:$C$45,$X8)=\"Oui\",1,0))","v":0},"Organique",20.580000000000002,176.4,411.6]
[{"$f":"IF(B9=\"\",\"\",COUNT($B$6:B9))","v":4},"2026-10-06","01 – Les Grandes Terres",{"$f":"IF($W9=\"\",\"\",INDEX(Îlots!$N$6:$N$65,$W9))","v":"Blé tendre d'hiver"},"Sol nu avant implantation","Fumier bovin compact",{"$f":"IF($X9=\"\",\"\",INDEX(Fertilisants!$B$6:$B$45,$X9))","v":"Type Ia"},{"v":12.4,"d":"12.40"},{"v":25,"d":"25.0"},{"$f":"IF($X9=\"\",\"\",INDEX(Fertilisants!$D$6:$D$45,$X9))","v":"t"},{"v":310,"d":"310.0"},{"$f":"IF(OR($I9=\"\",$X9=\"\"),\"\",$I9*N(INDEX(Fertilisants!$E$6:$E$45,$X9)))","v":{"v":137.5,"d":"138"}},{"$f":"IF(OR($I9=\"\",$X9=\"\"),\"\",$I9*N(INDEX(Fertilisants!$G$6:$G$45,$X9)))","v":{"v":20.625,"d":"21"}},{"$f":"IF(OR($I9=\"\",$X9=\"\"),\"\",$I9*N(INDEX(Fertilisants!$H$6:$H$45,$X9)))","v":70},{"$f":"IF(OR($I9=\"\",$X9=\"\"),\"\",$I9*N(INDEX(Fertilisants!$I$6:$I$45,$X9)))","v":225},{"v":1705,"d":"1,705"},"Ressuyé","Épandeur à table d'épandage",24,"Conforme","Enfoui par labour avant semis",null,{"$f":"IF($C9=\"\",\"\",IFERROR(MATCH($C9,Îlots!$C$6:$C$65,0),\"\"))","v":1},{"$f":"IF($F9=\"\",\"\",IFERROR(MATCH($F9,Fertilisants!$A$6:$A$45,0),\"\"))","v":1},{"$f":"IF($W9=\"\",\"\",INDEX(Îlots!$D$6:$D$65,$W9))","v":12.4},{"$f":"IF($W9=\"\",\"\",INDEX(Îlots!$F$6:$F$65,$W9))","v":"Oui"},{"$f":"IF($W9=\"\",\"\",IF($E9=ApportCouvert,OccCouvert,INDEX(Îlots!$O$6:$O$65,$W9)))","v":"Culture d'automne (hors colza)"},{"$f":"IF(OR($AA9=\"\",$G9=\"\",$Z9=\"Non\"),\"\",IFERROR(MATCH($AA9&\" | \"&$G9,Paramètres!$I$7:$I$41,0),\"\"))","v":2},1006,{"$f":"IF(OR($AB9=\"\",$AC9=\"\"),0,IF(OR(AND(INDEX(Paramètres!$J$7:$J$41,$AB9)>0,IF(INDEX(Paramètres!$J$7:$J$41,$AB9)<=INDEX(Paramètres!$K$7:$K$41,$AB9),AND($AC9>=INDEX(Paramètres!$J$7:$J$41,$AB9),$AC9<=INDEX(Paramètres!$K$7:$K$41,$AB9)),OR($AC9>=INDEX(Paramètres!$J$7:$J$41,$AB9),$AC9<=INDEX(Paramètres!$K$7:$K$41,$AB9)))),AND(INDEX(Paramètres!$L$7:$L$41,$AB9)>0,IF(INDEX(Paramètres!$L$7:$L$41,$AB9)<=INDEX(Paramètres!$M$7:$M$41,$AB9),AND($AC9>=INDEX(Paramètres!$L$7:$L$41,$AB9),$AC9<=INDEX(Paramètres!$M$7:$M$41,$AB9)),OR($AC9>=INDEX(Paramètres!$L$7:$L$41,$AB9),$AC9<=INDEX(Paramètres!$M$7:$M$41,$AB9))))),1,0))","v":0},{"$f":"IF($X9=\"\",0,IF(INDEX(Fertilisants!$C$6:$C$45,$X9)=\"Oui\",1,0))","v":1},"Organique",255.75,868,2790]
[{"$f":"IF(B10=\"\",\"\",COUNT($B$6:B10))","v":5},"2026-10-20","05 – Pré de la Fontaine",{"$f":"IF($W10=\"\",\"\",INDEX(Îlots!$N$6:$N$65,$W10))","v":"Prairie permanente"},"Culture principale","Lisier bovin",{"$f":"IF($X10=\"\",\"\",INDEX(Fertilisants!$B$6:$B$45,$X10))","v":"Type II"},{"v":5.5,"d":"5.50"},{"v":15,"d":"15.0"},{"$f":"IF($X10=\"\",\"\",INDEX(Fertilisants!$D$6:$D$45,$X10))","v":"m³"},82.5,{"$f":"IF(OR($I10=\"\",$X10=\"\"),\"\",$I10*N(INDEX(Fertilisants!$E$6:$E$45,$X10)))","v":{"v":52.5,"d":"53"}},{"$f":"IF(OR($I10=\"\",$X10=\"\"),\"\",$I10*N(INDEX(Fertilisants!$G$6:$G$45,$X10)))","v":{"v":26.25,"d":"26"}},{"$f":"IF(OR($I10=\"\",$X10=\"\"),\"\",$I10*N(INDEX(Fertilisants!$H$6:$H$45,$X10)))","v":{"v":22.5,"d":"23"}},{"$f":"IF(OR($I10=\"\",$X10=\"\"),\"\",$I10*N(INDEX(Fertilisants!$I$6:$I$45,$X10)))","v":60},{"v":288.75,"d":"289"},"Humide","Tonne à lisier – rampe à pendillards",null,"Conforme","Bas de parcelle humide non épandu",null,{"$f":"IF($C10=\"\",\"\",IFERROR(MATCH($C10,Îlots!$C$6:$C$65,0),\"\"))","v":5},{"$f":"IF($F10=\"\",\"\",IFERROR(MATCH($F10,Fertilisants!$A$6:$A$45,0),\"\"))","v":3},{"$f":"IF($W10=\"\",\"\",INDEX(Îlots!$D$6:$D$65,$W10))","v":6.75},{"$f":"IF($W10=\"\",\"\",INDEX(Îlots!$F$6:$F$65,$W10))","v":"Oui"},{"$f":"IF($W10=\"\",\"\",IF($E10=ApportCouvert,OccCouvert,INDEX(Îlots!$O$6:$O$65,$W10)))","v":"Prairie de plus de 6 mois / luzerne"},{"$f":"IF(OR($AA10=\"\",$G10=\"\",$Z10=\"Non\"),\"\",IFERROR(MATCH($AA10&\" | \"&$G10,Paramètres!$I$7:$I$41,0),\"\"))","v":19},1020,{"$f":"IF(OR($AB10=\"\",$AC10=\"\"),0,IF(OR(AND(INDEX(Paramètres!$J$7:$J$41,$AB10)>0,IF(INDEX(Paramètres!$J$7:$J$41,$AB10)<=INDEX(Paramètres!$K$7:$K$41,$AB10),AND($AC10>=INDEX(Paramètres!$J$7:$J$41,$AB10),$AC10<=INDEX(Paramètres!$K$7:$K$41,$AB10)),OR($AC10>=INDEX(Paramètres!$J$7:$J$41,$AB10),$AC10<=INDEX(Paramètres!$K$7:$K$41,$AB10)))),AND(INDEX(Paramètres!$L$7:$L$41,$AB10)>0,IF(INDEX(Paramètres!$L$7:$L$41,$AB10)<=INDEX(Paramètres!$M$7:$M$41,$AB10),AND($AC10>=INDEX(Paramètres!$L$7:$L$41,$AB10),$AC10<=INDEX(Paramètres!$M$7:$M$41,$AB10)),OR($AC10>=INDEX(Paramètres!$L$7:$L$41,$AB10),$AC10<=INDEX(Paramètres!$M$7:$M$41,$AB10))))),1,0))","v":0},{"$f":"IF($X10=\"\",0,IF(INDEX(Fertilisants!$C$6:$C$45,$X10)=\"Oui\",1,0))","v":1},"Organique",144.375,123.75,330]
[{"$f":"IF(B11=\"\",\"\",COUNT($B$6:B11))","v":6},"2026-11-25","06 – Le Grand Clos",{"$f":"IF($W11=\"\",\"\",INDEX(Îlots!$N$6:$N$65,$W11))","v":"Maïs ensilage"},"Couvert d'interculture","Lisier bovin",{"$f":"IF($X11=\"\",\"\",INDEX(Fertilisants!$B$6:$B$45,$X11))","v":"Type II"},{"v":10.6,"d":"10.60"},{"v":20,"d":"20.0"},{"$f":"IF($X11=\"\",\"\",INDEX(Fertilisants!$D$6:$D$45,$X11))","v":"m³"},{"v":212,"d":"212.0"},{"$f":"IF(OR($I11=\"\",$X11=\"\"),\"\",$I11*N(INDEX(Fertilisants!$E$6:$E$45,$X11)))","v":70},{"$f":"IF(OR($I11=\"\",$X11=\"\"),\"\",$I11*N(INDEX(Fertilisants!$G$6:$G$45,$X11)))","v":35},{"$f":"IF(OR($I11=\"\",$X11=\"\"),\"\",$I11*N(INDEX(Fertilisants!$H$6:$H$45,$X11)))","v":30},{"$f":"IF(OR($I11=\"\",$X11=\"\"),\"\",$I11*N(INDEX(Fertilisants!$I$6:$I$45,$X11)))","v":80},742,"Humide","Tonne à lisier – buse palette",null,"Période d'interdiction","Fosse pleine – dérogation à justifier",null,{"$f":"IF($C11=\"\",\"\",IFERROR(MATCH($C11,Îlots!$C$6:$C$65,0),\"\"))","v":6},{"$f":"IF($F11=\"\",\"\",IFERROR(MATCH($F11,Fertilisants!$A$6:$A$45,0),\"\"))","v":3},{"$f":"IF($W11=\"\",\"\",INDEX(Îlots!$D$6:$D$65,$W11))","v":10.6},{"$f":"IF($W11=\"\",\"\",INDEX(Îlots!$F$6:$F$65,$W11))","v":"Oui"},{"$f":"IF($W11=\"\",\"\",IF($E11=ApportCouvert,OccCouvert,INDEX(Îlots!$O$6:$O$65,$W11)))","v":"Couvert d'interculture (CINE / CIE)"},{"$f":"IF(OR($AA11=\"\",$G11=\"\",$Z11=\"Non\"),\"\",IFERROR(MATCH($AA11&\" | \"&$G11,Paramètres!$I$7:$I$41,0),\"\"))","v":24},1125,{"$f":"IF(OR($AB11=\"\",$AC11=\"\"),0,IF(OR(AND(INDEX(Paramètres!$J$7:$J$41,$AB11)>0,IF(INDEX(Paramètres!$J$7:$J$41,$AB11)<=INDEX(Paramètres!$K$7:$K$41,$AB11),AND($AC11>=INDEX(Paramètres!$J$7:$J$41,$AB11),$AC11<=INDEX(Paramètres!$K$7:$K$41,$AB11)),OR($AC11>=INDEX(Paramètres!$J$7:$J$41,$AB11),$AC11<=INDEX(Paramètres!$K$7:$K$41,$AB11)))),AND(INDEX(Paramètres!$L$7:$L$41,$AB11)>0,IF(INDEX(Paramètres!$L$7:$L$41,$AB11)<=INDEX(Paramètres!$M$7:$M$41,$AB11),AND($AC11>=INDEX(Paramètres!$L$7:$L$41,$AB11),$AC11<=INDEX(Paramètres!$M$7:$M$41,$AB11)),OR($AC11>=INDEX(Paramètres!$L$7:$L$41,$AB11),$AC11<=INDEX(Paramètres!$M$7:$M$41,$AB11))))),1,0))","v":1},{"$f":"IF($X11=\"\",0,IF(INDEX(Fertilisants!$C$6:$C$45,$X11)=\"Oui\",1,0))","v":1},"Organique",371,318,848]
[{"$f":"IF(B12=\"\",\"\",COUNT($B$6:B12))","v":7},"2027-01-18","05 – Pré de la Fontaine",{"$f":"IF($W12=\"\",\"\",INDEX(Îlots!$N$6:$N$65,$W12))","v":"Prairie permanente"},"Culture principale","Lisier bovin",{"$f":"IF($X12=\"\",\"\",INDEX(Fertilisants!$B$6:$B$45,$X12))","v":"Type II"},6.75,{"v":10,"d":"10.0"},{"$f":"IF($X12=\"\",\"\",INDEX(Fertilisants!$D$6:$D$45,$X12))","v":"m³"},67.5,{"$f":"IF(OR($I12=\"\",$X12=\"\"),\"\",$I12*N(INDEX(Fertilisants!$E$6:$E$45,$X12)))","v":35},{"$f":"IF(OR($I12=\"\",$X12=\"\"),\"\",$I12*N(INDEX(Fertilisants!$G$6:$G$45,$X12)))","v":{"v":17.5,"d":"18"}},{"$f":"IF(OR($I12=\"\",$X12=\"\"),\"\",$I12*N(INDEX(Fertilisants!$H$6:$H$45,$X12)))","v":15},{"$f":"IF(OR($I12=\"\",$X12=\"\"),\"\",$I12*N(INDEX(Fertilisants!$I$6:$I$45,$X12)))","v":40},{"v":236.25,"d":"236"},"Gelé","Tonne à lisier – rampe à pendillards",null,"Sol interdit",null,null,{"$f":"IF($C12=\"\",\"\",IFERROR(MATCH($C12,Îlots!$C$6:$C$65,0),\"\"))","v":5},{"$f":"IF($F12=\"\",\"\",IFERROR(MATCH($F12,Fertilisants!$A$6:$A$45,0),\"\"))","v":3},{"$f":"IF($W12=\"\",\"\",INDEX(Îlots!$D$6:$D$65,$W12))","v":6.75},{"$f":"IF($W12=\"\",\"\",INDEX(Îlots!$F$6:$F$65,$W12))","v":"Oui"},{"$f":"IF($W12=\"\",\"\",IF($E12=ApportCouvert,OccCouvert,INDEX(Îlots!$O$6:$O$65,$W12)))","v":"Prairie de plus de 6 mois / luzerne"},{"$f":"IF(OR($AA12=\"\",$G12=\"\",$Z12=\"Non\"),\"\",IFERROR(MATCH($AA12&\" | \"&$G12,Paramètres!$I$7:$I$41,0),\"\"))","v":19},118,{"$f":"IF(OR($AB12=\"\",$AC12=\"\"),0,IF(OR(AND(INDEX(Paramètres!$J$7:$J$41,$AB12)>0,IF(INDEX(Paramètres!$J$7:$J$41,$AB12)<=INDEX(Paramètres!$K$7:$K$41,$AB12),AND($AC12>=INDEX(Paramètres!$J$7:$J$41,$AB12),$AC12<=INDEX(Paramètres!$K$7:$K$41,$AB12)),OR($AC12>=INDEX(Paramètres!$J$7:$J$41,$AB12),$AC12<=INDEX(Paramètres!$K$7:$K$41,$AB12)))),AND(INDEX(Paramètres!$L$7:$L$41,$AB12)>0,IF(INDEX(Paramètres!$L$7:$L$41,$AB12)<=INDEX(Paramètres!$M$7:$M$41,$AB12),AND($AC12>=INDEX(Paramètres!$L$7:$L$41,$AB12),$AC12<=INDEX(Paramètres!$M$7:$M$41,$AB12)),OR($AC12>=INDEX(Paramètres!$L$7:$L$41,$AB12),$AC12<=INDEX(Paramètres!$M$7:$M$41,$AB12))))),1,0))","v":0},{"$f":"IF($X12=\"\",0,IF(INDEX(Fertilisants!$C$6:$C$45,$X12)=\"Oui\",1,0))","v":1},"Organique",118.125,101.25,270]
[{"$f":"IF(B13=\"\",\"\",COUNT($B$6:B13))","v":8},"2027-02-03","01 – Les Grandes Terres",{"$f":"IF($W13=\"\",\"\",INDEX(Îlots!$N$6:$N$65,$W13))","v":"Blé tendre d'hiver"},"Culture principale","Ammonitrate 27 %",{"$f":"IF($X13=\"\",\"\",INDEX(Fertilisants!$B$6:$B$45,$X13))","v":"Type III"},{"v":12.4,"d":"12.40"},{"v":150,"d":"150.0"},{"$f":"IF($X13=\"\",\"\",INDEX(Fertilisants!$D$6:$D$45,$X13))","v":"kg"},{"v":1860,"d":"1,860.0"},{"$f":"IF(OR($I13=\"\",$X13=\"\"),\"\",$I13*N(INDEX(Fertilisants!$E$6:$E$45,$X13)))","v":{"v":40.5,"d":"41"}},{"$f":"IF(OR($I13=\"\",$X13=\"\"),\"\",$I13*N(INDEX(Fertilisants!$G$6:$G$45,$X13)))","v":{"v":40.5,"d":"41"}},{"$f":"IF(OR($I13=\"\",$X13=\"\"),\"\",$I13*N(INDEX(Fertilisants!$H$6:$H$45,$X13)))","v":0},{"$f":"IF(OR($I13=\"\",$X13=\"\"),\"\",$I13*N(INDEX(Fertilisants!$I$6:$I$45,$X13)))","v":0},{"v":502.2,"d":"502"},"Ressuyé","Distributeur centrifuge",null,"Conforme","1er apport – tallage",null,{"$f":"IF($C13=\"\",\"\",IFERROR(MATCH($C13,Îlots!$C$6:$C$65,0),\"\"))","v":1},{"$f":"IF($F13=\"\",\"\",IFERROR(MATCH($F13,Fertilisants!$A$6:$A$45,0),\"\"))","v":8},{"$f":"IF($W13=\"\",\"\",INDEX(Îlots!$D$6:$D$65,$W13))","v":12.4},{"$f":"IF($W13=\"\",\"\",INDEX(Îlots!$F$6:$F$65,$W13))","v":"Oui"},{"$f":"IF($W13=\"\",\"\",IF($E13=ApportCouvert,OccCouvert,INDEX(Îlots!$O$6:$O$65,$W13)))","v":"Culture d'automne (hors colza)"},{"$f":"IF(OR($AA13=\"\",$G13=\"\",$Z13=\"Non\"),\"\",IFERROR(MATCH($AA13&\" | \"&$G13,Paramètres!$I$7:$I$41,0),\"\"))","v":5},203,{"$f":"IF(OR($AB13=\"\",$AC13=\"\"),0,IF(OR(AND(INDEX(Paramètres!$J$7:$J$41,$AB13)>0,IF(INDEX(Paramètres!$J$7:$J$41,$AB13)<=INDEX(Paramètres!$K$7:$K$41,$AB13),AND($AC13>=INDEX(Paramètres!$J$7:$J$41,$AB13),$AC13<=INDEX(Paramètres!$K$7:$K$41,$AB13)),OR($AC13>=INDEX(Paramètres!$J$7:$J$41,$AB13),$AC13<=INDEX(Paramètres!$K$7:$K$41,$AB13)))),AND(INDEX(Paramètres!$L$7:$L$41,$AB13)>0,IF(INDEX(Paramètres!$L$7:$L$41,$AB13)<=INDEX(Paramètres!$M$7:$M$41,$AB13),AND($AC13>=INDEX(Paramètres!$L$7:$L$41,$AB13),$AC13<=INDEX(Paramètres!$M$7:$M$41,$AB13)),OR($AC13>=INDEX(Paramètres!$L$7:$L$41,$AB13),$AC13<=INDEX(Paramètres!$M$7:$M$41,$AB13))))),1,0))","v":0},{"$f":"IF($X13=\"\",0,IF(INDEX(Fertilisants!$C$6:$C$45,$X13)=\"Oui\",1,0))","v":0},"Minéral",502.2,0,0]
[{"$f":"IF(B14=\"\",\"\",COUNT($B$6:B14))","v":9},"2027-02-10","08 – Les Aulnes",{"$f":"IF($W14=\"\",\"\",INDEX(Îlots!$N$6:$N$65,$W14))","v":"Orge d'hiver"},"Culture principale","Ammonitrate 27 %",{"$f":"IF($X14=\"\",\"\",INDEX(Fertilisants!$B$6:$B$45,$X14))","v":"Type III"},8.25,{"v":150,"d":"150.0"},{"$f":"IF($X14=\"\",\"\",INDEX(Fertilisants!$D$6:$D$45,$X14))","v":"kg"},{"v":1237.5,"d":"1,237.5"},{"$f":"IF(OR($I14=\"\",$X14=\"\"),\"\",$I14*N(INDEX(Fertilisants!$E$6:$E$45,$X14)))","v":{"v":40.5,"d":"41"}},{"$f":"IF(OR($I14=\"\",$X14=\"\"),\"\",$I14*N(INDEX(Fertilisants!$G$6:$G$45,$X14)))","v":{"v":40.5,"d":"41"}},{"$f":"IF(OR($I14=\"\",$X14=\"\"),\"\",$I14*N(INDEX(Fertilisants!$H$6:$H$45,$X14)))","v":0},{"$f":"IF(OR($I14=\"\",$X14=\"\"),\"\",$I14*N(INDEX(Fertilisants!$I$6:$I$45,$X14)))","v":0},{"v":334.125,"d":"334"},"Ressuyé","Distributeur centrifuge",null,"Conforme",null,null,{"$f":"IF($C14=\"\",\"\",IFERROR(MATCH($C14,Îlots!$C$6:$C$65,0),\"\"))","v":8},{"$f":"IF($F14=\"\",\"\",IFERROR(MATCH($F14,Fertilisants!$A$6:$A$45,0),\"\"))","v":8},{"$f":"IF($W14=\"\",\"\",INDEX(Îlots!$D$6:$D$65,$W14))","v":8.25},{"$f":"IF($W14=\"\",\"\",INDEX(Îlots!$F$6:$F$65,$W14))","v":"Oui"},{"$f":"IF($W14=\"\",\"\",IF($E14=ApportCouvert,OccCouvert,INDEX(Îlots!$O$6:$O$65,$W14)))","v":"Culture d'automne (hors colza)"},{"$f":"IF(OR($AA14=\"\",$G14=\"\",$Z14=\"Non\"),\"\",IFERROR(MATCH($AA14&\" | \"&$G14,Paramètres!$I$7:$I$41,0),\"\"))","v":5},210,{"$f":"IF(OR($AB14=\"\",$AC14=\"\"),0,IF(OR(AND(INDEX(Paramètres!$J$7:$J$41,$AB14)>0,IF(INDEX(Paramètres!$J$7:$J$41,$AB14)<=INDEX(Paramètres!$K$7:$K$41,$AB14),AND($AC14>=INDEX(Paramètres!$J$7:$J$41,$AB14),$AC14<=INDEX(Paramètres!$K$7:$K$41,$AB14)),OR($AC14>=INDEX(Paramètres!$J$7:$J$41,$AB14),$AC14<=INDEX(Paramètres!$K$7:$K$41,$AB14)))),AND(INDEX(Paramètres!$L$7:$L$41,$AB14)>0,IF(INDEX(Paramètres!$L$7:$L$41,$AB14)<=INDEX(Paramètres!$M$7:$M$41,$AB14),AND($AC14>=INDEX(Paramètres!$L$7:$L$41,$AB14),$AC14<=INDEX(Paramètres!$M$7:$M$41,$AB14)),OR($AC14>=INDEX(Paramètres!$L$7:$L$41,$AB14),$AC14<=INDEX(Paramètres!$M$7:$M$41,$AB14))))),1,0))","v":0},{"$f":"IF($X14=\"\",0,IF(INDEX(Fertilisants!$C$6:$C$45,$X14)=\"Oui\",1,0))","v":0},"Minéral",334.125,0,0]
[{"$f":"IF(B15=\"\",\"\",COUNT($B$6:B15))","v":10},"2027-02-16","02 – Le Champ du Moulin",{"$f":"IF($W15=\"\",\"\",INDEX(Îlots!$N$6:$N$65,$W15))","v":"Colza d'hiver"},"Culture principale","Solution azotée 39 %",{"$f":"IF($X15=\"\",\"\",INDEX(Fertilisants!$B$6:$B$45,$X15))","v":"Type III"},9.85,{"v":180,"d":"180.0"},{"$f":"IF($X15=\"\",\"\",INDEX(Fertilisants!$D$6:$D$45,$X15))","v":"kg"},{"v":1773,"d":"1,773.0"},{"$f":"IF(OR($I15=\"\",$X15=\"\"),\"\",$I15*N(INDEX(Fertilisants!$E$6:$E$45,$X15)))","v":{"v":70.2,"d":"70"}},{"$f":"IF(OR($I15=\"\",$X15=\"\"),\"\",$I15*N(INDEX(Fertilisants!$G$6:$G$45,$X15)))","v":{"v":70.2,"d":"70"}},{"$f":"IF(OR($I15=\"\",$X15=\"\"),\"\",$I15*N(INDEX(Fertilisants!$H$6:$H$45,$X15)))","v":0},{"$f":"IF(OR($I15=\"\",$X15=\"\"),\"\",$I15*N(INDEX(Fertilisants!$I$6:$I$45,$X15)))","v":0},{"v":691.47,"d":"691"},"Ressuyé","Pulvérisateur / rampe",null,"Conforme","Reprise de végétation",null,{"$f":"IF($C15=\"\",\"\",IFERROR(MATCH($C15,Îlots!$C$6:$C$65,0),\"\"))","v":2},{"$f":"IF($F15=\"\",\"\",IFERROR(MATCH($F15,Fertilisants!$A$6:$A$45,0),\"\"))","v":9},{"$f":"IF($W15=\"\",\"\",INDEX(Îlots!$D$6:$D$65,$W15))","v":9.85},{"$f":"IF($W15=\"\",\"\",INDEX(Îlots!$F$6:$F$65,$W15))","v":"Oui"},{"$f":"IF($W15=\"\",\"\",IF($E15=ApportCouvert,OccCouvert,INDEX(Îlots!$O$6:$O$65,$W15)))","v":"Colza d'automne"},{"$f":"IF(OR($AA15=\"\",$G15=\"\",$Z15=\"Non\"),\"\",IFERROR(MATCH($AA15&\" | \"&$G15,Paramètres!$I$7:$I$41,0),\"\"))","v":10},216,{"$f":"IF(OR($AB15=\"\",$AC15=\"\"),0,IF(OR(AND(INDEX(Paramètres!$J$7:$J$41,$AB15)>0,IF(INDEX(Paramètres!$J$7:$J$41,$AB15)<=INDEX(Paramètres!$K$7:$K$41,$AB15),AND($AC15>=INDEX(Paramètres!$J$7:$J$41,$AB15),$AC15<=INDEX(Paramètres!$K$7:$K$41,$AB15)),OR($AC15>=INDEX(Paramètres!$J$7:$J$41,$AB15),$AC15<=INDEX(Paramètres!$K$7:$K$41,$AB15)))),AND(INDEX(Paramètres!$L$7:$L$41,$AB15)>0,IF(INDEX(Paramètres!$L$7:$L$41,$AB15)<=INDEX(Paramètres!$M$7:$M$41,$AB15),AND($AC15>=INDEX(Paramètres!$L$7:$L$41,$AB15),$AC15<=INDEX(Paramètres!$M$7:$M$41,$AB15)),OR($AC15>=INDEX(Paramètres!$L$7:$L$41,$AB15),$AC15<=INDEX(Paramètres!$M$7:$M$41,$AB15))))),1,0))","v":0},{"$f":"IF($X15=\"\",0,IF(INDEX(Fertilisants!$C$6:$C$45,$X15)=\"Oui\",1,0))","v":0},"Minéral",691.47,0,0]
[{"$f":"IF(B16=\"\",\"\",COUNT($B$6:B16))","v":11},"2027-03-02","08 – Les Aulnes",{"$f":"IF($W16=\"\",\"\",INDEX(Îlots!$N$6:$N$65,$W16))","v":"Orge d'hiver"},"Culture principale","Lisier porcin",{"$f":"IF($X16=\"\",\"\",INDEX(Fertilisants!$B$6:$B$45,$X16))","v":"Type II"},8.25,{"v":20,"d":"20.0"},{"$f":"IF($X16=\"\",\"\",INDEX(Fertilisants!$D$6:$D$45,$X16))","v":"m³"},{"v":165,"d":"165.0"},{"$f":"IF(OR($I16=\"\",$X16=\"\"),\"\",$I16*N(INDEX(Fertilisants!$E$6:$E$45,$X16)))","v":90},{"$f":"IF(OR($I16=\"\",$X16=\"\"),\"\",$I16*N(INDEX(Fertilisants!$G$6:$G$45,$X16)))","v":{"v":53.99999999999999,"d":"54"}},{"$f":"IF(OR($I16=\"\",$X16=\"\"),\"\",$I16*N(INDEX(Fertilisants!$H$6:$H$45,$X16)))","v":50},{"$f":"IF(OR($I16=\"\",$X16=\"\"),\"\",$I16*N(INDEX(Fertilisants!$I$6:$I$45,$X16)))","v":60},{"v":742.5,"d":"743"},"Ressuyé","Tonne à lisier – injecteur / enfouisseur",0,"Conforme","Terres mises à disposition – bordereau MAD-2027-01",null,{"$f":"IF($C16=\"\",\"\",IFERROR(MATCH($C16,Îlots!$C$6:$C$65,0),\"\"))","v":8},{"$f":"IF($F16=\"\",\"\",IFERROR(MATCH($F16,Fertilisants!$A$6:$A$45,0),\"\"))","v":4},{"$f":"IF($W16=\"\",\"\",INDEX(Îlots!$D$6:$D$65,$W16))","v":8.25},{"$f":"IF($W16=\"\",\"\",INDEX(Îlots!$F$6:$F$65,$W16))","v":"Oui"},{"$f":"IF($W16=\"\",\"\",IF($E16=ApportCouvert,OccCouvert,INDEX(Îlots!$O$6:$O$65,$W16)))","v":"Culture d'automne (hors colza)"},{"$f":"IF(OR($AA16=\"\",$G16=\"\",$Z16=\"Non\"),\"\",IFERROR(MATCH($AA16&\" | \"&$G16,Paramètres!$I$7:$I$41,0),\"\"))","v":4},302,{"$f":"IF(OR($AB16=\"\",$AC16=\"\"),0,IF(OR(AND(INDEX(Paramètres!$J$7:$J$41,$AB16)>0,IF(INDEX(Paramètres!$J$7:$J$41,$AB16)<=INDEX(Paramètres!$K$7:$K$41,$AB16),AND($AC16>=INDEX(Paramètres!$J$7:$J$41,$AB16),$AC16<=INDEX(Paramètres!$K$7:$K$41,$AB16)),OR($AC16>=INDEX(Paramètres!$J$7:$J$41,$AB16),$AC16<=INDEX(Paramètres!$K$7:$K$41,$AB16)))),AND(INDEX(Paramètres!$L$7:$L$41,$AB16)>0,IF(INDEX(Paramètres!$L$7:$L$41,$AB16)<=INDEX(Paramètres!$M$7:$M$41,$AB16),AND($AC16>=INDEX(Paramètres!$L$7:$L$41,$AB16),$AC16<=INDEX(Paramètres!$M$7:$M$41,$AB16)),OR($AC16>=INDEX(Paramètres!$L$7:$L$41,$AB16),$AC16<=INDEX(Paramètres!$M$7:$M$41,$AB16))))),1,0))","v":0},{"$f":"IF($X16=\"\",0,IF(INDEX(Fertilisants!$C$6:$C$45,$X16)=\"Oui\",1,0))","v":1},"Organique",445.49999999999994,412.5,495]
[{"$f":"IF(B17=\"\",\"\",COUNT($B$6:B17))","v":12},"2027-03-04","04 – Les Longues Raies",{"$f":"IF($W17=\"\",\"\",INDEX(Îlots!$N$6:$N$65,$W17))","v":"Orge de printemps"},"Sol nu avant implantation","Ammonitrate 27 %",{"$f":"IF($X17=\"\",\"\",INDEX(Fertilisants!$B$6:$B$45,$X17))","v":"Type III"},{"v":7.3,"d":"7.30"},{"v":180,"d":"180.0"},{"$f":"IF($X17=\"\",\"\",INDEX(Fertilisants!$D$6:$D$45,$X17))","v":"kg"},{"v":1314,"d":"1,314.0"},{"$f":"IF(OR($I17=\"\",$X17=\"\"),\"\",$I17*N(INDEX(Fertilisants!$E$6:$E$45,$X17)))","v":{"v":48.6,"d":"49"}},{"$f":"IF(OR($I17=\"\",$X17=\"\"),\"\",$I17*N(INDEX(Fertilisants!$G$6:$G$45,$X17)))","v":{"v":48.6,"d":"49"}},{"$f":"IF(OR($I17=\"\",$X17=\"\"),\"\",$I17*N(INDEX(Fertilisants!$H$6:$H$45,$X17)))","v":0},{"$f":"IF(OR($I17=\"\",$X17=\"\"),\"\",$I17*N(INDEX(Fertilisants!$I$6:$I$45,$X17)))","v":0},{"v":354.78000000000003,"d":"355"},"Ressuyé","Distributeur centrifuge",null,"Conforme","Apport au semis",null,{"$f":"IF($C17=\"\",\"\",IFERROR(MATCH($C17,Îlots!$C$6:$C$65,0),\"\"))","v":4},{"$f":"IF($F17=\"\",\"\",IFERROR(MATCH($F17,Fertilisants!$A$6:$A$45,0),\"\"))","v":8},{"$f":"IF($W17=\"\",\"\",INDEX(Îlots!$D$6:$D$65,$W17))","v":7.3},{"$f":"IF($W17=\"\",\"\",INDEX(Îlots!$F$6:$F$65,$W17))","v":"Oui"},{"$f":"IF($W17=\"\",\"\",IF($E17=ApportCouvert,OccCouvert,INDEX(Îlots!$O$6:$O$65,$W17)))","v":"Culture de printemps ou d'été"},{"$f":"IF(OR($AA17=\"\",$G17=\"\",$Z17=\"Non\"),\"\",IFERROR(MATCH($AA17&\" | \"&$G17,Paramètres!$I$7:$I$41,0),\"\"))","v":15},304,{"$f":"IF(OR($AB17=\"\",$AC17=\"\"),0,IF(OR(AND(INDEX(Paramètres!$J$7:$J$41,$AB17)>0,IF(INDEX(Paramètres!$J$7:$J$41,$AB17)<=INDEX(Paramètres!$K$7:$K$41,$AB17),AND($AC17>=INDEX(Paramètres!$J$7:$J$41,$AB17),$AC17<=INDEX(Paramètres!$K$7:$K$41,$AB17)),OR($AC17>=INDEX(Paramètres!$J$7:$J$41,$AB17),$AC17<=INDEX(Paramètres!$K$7:$K$41,$AB17)))),AND(INDEX(Paramètres!$L$7:$L$41,$AB17)>0,IF(INDEX(Paramètres!$L$7:$L$41,$AB17)<=INDEX(Paramètres!$M$7:$M$41,$AB17),AND($AC17>=INDEX(Paramètres!$L$7:$L$41,$AB17),$AC17<=INDEX(Paramètres!$M$7:$M$41,$AB17)),OR($AC17>=INDEX(Paramètres!$L$7:$L$41,$AB17),$AC17<=INDEX(Paramètres!$M$7:$M$41,$AB17))))),1,0))","v":0},{"$f":"IF($X17=\"\",0,IF(INDEX(Fertilisants!$C$6:$C$45,$X17)=\"Oui\",1,0))","v":0},"Minéral",354.78000000000003,0,0]
[{"$f":"IF(B18=\"\",\"\",COUNT($B$6:B18))","v":13},"2027-03-08","01 – Les Grandes Terres",{"$f":"IF($W18=\"\",\"\",INDEX(Îlots!$N$6:$N$65,$W18))","v":"Blé tendre d'hiver"},"Culture principale","Solution azotée 39 %",{"$f":"IF($X18=\"\",\"\",INDEX(Fertilisants!$B$6:$B$45,$X18))","v":"Type III"},{"v":12.4,"d":"12.40"},{"v":200,"d":"200.0"},{"$f":"IF($X18=\"\",\"\",INDEX(Fertilisants!$D$6:$D$45,$X18))","v":"kg"},{"v":2480,"d":"2,480.0"},{"$f":"IF(OR($I18=\"\",$X18=\"\"),\"\",$I18*N(INDEX(Fertilisants!$E$6:$E$45,$X18)))","v":78},{"$f":"IF(OR($I18=\"\",$X18=\"\"),\"\",$I18*N(INDEX(Fertilisants!$G$6:$G$45,$X18)))","v":78},{"$f":"IF(OR($I18=\"\",$X18=\"\"),\"\",$I18*N(INDEX(Fertilisants!$H$6:$H$45,$X18)))","v":0},{"$f":"IF(OR($I18=\"\",$X18=\"\"),\"\",$I18*N(INDEX(Fertilisants!$I$6:$I$45,$X18)))","v":0},{"v":967.2,"d":"967"},"Ressuyé","Pulvérisateur / rampe",null,"Conforme","Épi 1 cm",null,{"$f":"IF($C18=\"\",\"\",IFERROR(MATCH($C18,Îlots!$C$6:$C$65,0),\"\"))","v":1},{"$f":"IF($F18=\"\",\"\",IFERROR(MATCH($F18,Fertilisants!$A$6:$A$45,0),\"\"))","v":9},{"$f":"IF($W18=\"\",\"\",INDEX(Îlots!$D$6:$D$65,$W18))","v":12.4},{"$f":"IF($W18=\"\",\"\",INDEX(Îlots!$F$6:$F$65,$W18))","v":"Oui"},{"$f":"IF($W18=\"\",\"\",IF($E18=ApportCouvert,OccCouvert,INDEX(Îlots!$O$6:$O$65,$W18)))","v":"Culture d'automne (hors colza)"},{"$f":"IF(OR($AA18=\"\",$G18=\"\",$Z18=\"Non\"),\"\",IFERROR(MATCH($AA18&\" | \"&$G18,Paramètres!$I$7:$I$41,0),\"\"))","v":5},308,{"$f":"IF(OR($AB18=\"\",$AC18=\"\"),0,IF(OR(AND(INDEX(Paramètres!$J$7:$J$41,$AB18)>0,IF(INDEX(Paramètres!$J$7:$J$41,$AB18)<=INDEX(Paramètres!$K$7:$K$41,$AB18),AND($AC18>=INDEX(Paramètres!$J$7:$J$41,$AB18),$AC18<=INDEX(Paramètres!$K$7:$K$41,$AB18)),OR($AC18>=INDEX(Paramètres!$J$7:$J$41,$AB18),$AC18<=INDEX(Paramètres!$K$7:$K$41,$AB18)))),AND(INDEX(Paramètres!$L$7:$L$41,$AB18)>0,IF(INDEX(Paramètres!$L$7:$L$41,$AB18)<=INDEX(Paramètres!$M$7:$M$41,$AB18),AND($AC18>=INDEX(Paramètres!$L$7:$L$41,$AB18),$AC18<=INDEX(Paramètres!$M$7:$M$41,$AB18)),OR($AC18>=INDEX(Paramètres!$L$7:$L$41,$AB18),$AC18<=INDEX(Paramètres!$M$7:$M$41,$AB18))))),1,0))","v":0},{"$f":"IF($X18=\"\",0,IF(INDEX(Fertilisants!$C$6:$C$45,$X18)=\"Oui\",1,0))","v":0},"Minéral",967.2,0,0]
[{"$f":"IF(B19=\"\",\"\",COUNT($B$6:B19))","v":14},"2027-03-15","05 – Pré de la Fontaine",{"$f":"IF($W19=\"\",\"\",INDEX(Îlots!$N$6:$N$65,$W19))","v":"Prairie permanente"},"Culture principale","Lisier bovin",{"$f":"IF($X19=\"\",\"\",INDEX(Fertilisants!$B$6:$B$45,$X19))","v":"Type II"},6.75,{"v":20,"d":"20.0"},{"$f":"IF($X19=\"\",\"\",INDEX(Fertilisants!$D$6:$D$45,$X19))","v":"m³"},{"v":135,"d":"135.0"},{"$f":"IF(OR($I19=\"\",$X19=\"\"),\"\",$I19*N(INDEX(Fertilisants!$E$6:$E$45,$X19)))","v":70},{"$f":"IF(OR($I19=\"\",$X19=\"\"),\"\",$I19*N(INDEX(Fertilisants!$G$6:$G$45,$X19)))","v":35},{"$f":"IF(OR($I19=\"\",$X19=\"\"),\"\",$I19*N(INDEX(Fertilisants!$H$6:$H$45,$X19)))","v":30},{"$f":"IF(OR($I19=\"\",$X19=\"\"),\"\",$I19*N(INDEX(Fertilisants!$I$6:$I$45,$X19)))","v":80},{"v":472.5,"d":"473"},"Ressuyé","Tonne à lisier – rampe à pendillards",null,"Conforme",null,null,{"$f":"IF($C19=\"\",\"\",IFERROR(MATCH($C19,Îlots!$C$6:$C$65,0),\"\"))","v":5},{"$f":"IF($F19=\"\",\"\",IFERROR(MATCH($F19,Fertilisants!$A$6:$A$45,0),\"\"))","v":3},{"$f":"IF($W19=\"\",\"\",INDEX(Îlots!$D$6:$D$65,$W19))","v":6.75},{"$f":"IF($W19=\"\",\"\",INDEX(Îlots!$F$6:$F$65,$W19))","v":"Oui"},{"$f":"IF($W19=\"\",\"\",IF($E19=ApportCouvert,OccCouvert,INDEX(Îlots!$O$6:$O$65,$W19)))","v":"Prairie de plus de 6 mois / luzerne"},{"$f":"IF(OR($AA19=\"\",$G19=\"\",$Z19=\"Non\"),\"\",IFERROR(MATCH($AA19&\" | \"&$G19,Paramètres!$I$7:$I$41,0),\"\"))","v":19},315,{"$f":"IF(OR($AB19=\"\",$AC19=\"\"),0,IF(OR(AND(INDEX(Paramètres!$J$7:$J$41,$AB19)>0,IF(INDEX(Paramètres!$J$7:$J$41,$AB19)<=INDEX(Paramètres!$K$7:$K$41,$AB19),AND($AC19>=INDEX(Paramètres!$J$7:$J$41,$AB19),$AC19<=INDEX(Paramètres!$K$7:$K$41,$AB19)),OR($AC19>=INDEX(Paramètres!$J$7:$J$41,$AB19),$AC19<=INDEX(Paramètres!$K$7:$K$41,$AB19)))),AND(INDEX(Paramètres!$L$7:$L$41,$AB19)>0,IF(INDEX(Paramètres!$L$7:$L$41,$AB19)<=INDEX(Paramètres!$M$7:$M$41,$AB19),AND($AC19>=INDEX(Paramètres!$L$7:$L$41,$AB19),$AC19<=INDEX(Paramètres!$M$7:$M$41,$AB19)),OR($AC19>=INDEX(Paramètres!$L$7:$L$41,$AB19),$AC19<=INDEX(Paramètres!$M$7:$M$41,$AB19))))),1,0))","v":0},{"$f":"IF($X19=\"\",0,IF(INDEX(Fertilisants!$C$6:$C$45,$X19)=\"Oui\",1,0))","v":1},"Organique",236.25,202.5,540]
[{"$f":"IF(B20=\"\",\"\",COUNT($B$6:B20))","v":15},"2027-03-18","02 – Le Champ du Moulin",{"$f":"IF($W20=\"\",\"\",INDEX(Îlots!$N$6:$N$65,$W20))","v":"Colza d'hiver"},"Culture principale","Ammonitrate 27 %",{"$f":"IF($X20=\"\",\"\",INDEX(Fertilisants!$B$6:$B$45,$X20))","v":"Type III"},9.85,{"v":200,"d":"200.0"},{"$f":"IF($X20=\"\",\"\",INDEX(Fertilisants!$D$6:$D$45,$X20))","v":"kg"},{"v":1970,"d":"1,970.0"},{"$f":"IF(OR($I20=\"\",$X20=\"\"),\"\",$I20*N(INDEX(Fertilisants!$E$6:$E$45,$X20)))","v":54},{"$f":"IF(OR($I20=\"\",$X20=\"\"),\"\",$I20*N(INDEX(Fertilisants!$G$6:$G$45,$X20)))","v":54},{"$f":"IF(OR($I20=\"\",$X20=\"\"),\"\",$I20*N(INDEX(Fertilisants!$H$6:$H$45,$X20)))","v":0},{"$f":"IF(OR($I20=\"\",$X20=\"\"),\"\",$I20*N(INDEX(Fertilisants!$I$6:$I$45,$X20)))","v":0},{"v":531.9,"d":"532"},"Ressuyé","Distributeur centrifuge",null,"Conforme",null,null,{"$f":"IF($C20=\"\",\"\",IFERROR(MATCH($C20,Îlots!$C$6:$C$65,0),\"\"))","v":2},{"$f":"IF($F20=\"\",\"\",IFERROR(MATCH($F20,Fertilisants!$A$6:$A$45,0),\"\"))","v":8},{"$f":"IF($W20=\"\",\"\",INDEX(Îlots!$D$6:$D$65,$W20))","v":9.85},{"$f":"IF($W20=\"\",\"\",INDEX(Îlots!$F$6:$F$65,$W20))","v":"Oui"},{"$f":"IF($W20=\"\",\"\",IF($E20=ApportCouvert,OccCouvert,INDEX(Îlots!$O$6:$O$65,$W20)))","v":"Colza d'automne"},{"$f":"IF(OR($AA20=\"\",$G20=\"\",$Z20=\"Non\"),\"\",IFERROR(MATCH($AA20&\" | \"&$G20,Paramètres!$I$7:$I$41,0),\"\"))","v":10},318,{"$f":"IF(OR($AB20=\"\",$AC20=\"\"),0,IF(OR(AND(INDEX(Paramètres!$J$7:$J$41,$AB20)>0,IF(INDEX(Paramètres!$J$7:$J$41,$AB20)<=INDEX(Paramètres!$K$7:$K$41,$AB20),AND($AC20>=INDEX(Paramètres!$J$7:$J$41,$AB20),$AC20<=INDEX(Paramètres!$K$7:$K$41,$AB20)),OR($AC20>=INDEX(Paramètres!$J$7:$J$41,$AB20),$AC20<=INDEX(Paramètres!$K$7:$K$41,$AB20)))),AND(INDEX(Paramètres!$L$7:$L$41,$AB20)>0,IF(INDEX(Paramètres!$L$7:$L$41,$AB20)<=INDEX(Paramètres!$M$7:$M$41,$AB20),AND($AC20>=INDEX(Paramètres!$L$7:$L$41,$AB20),$AC20<=INDEX(Paramètres!$M$7:$M$41,$AB20)),OR($AC20>=INDEX(Paramètres!$L$7:$L$41,$AB20),$AC20<=INDEX(Paramètres!$M$7:$M$41,$AB20))))),1,0))","v":0},{"$f":"IF($X20=\"\",0,IF(INDEX(Fertilisants!$C$6:$C$45,$X20)=\"Oui\",1,0))","v":0},"Minéral",531.9,0,0]
[{"$f":"IF(B21=\"\",\"\",COUNT($B$6:B21))","v":16},"2027-03-22","07 – La Butte",{"$f":"IF($W21=\"\",\"\",INDEX(Îlots!$N$6:$N$65,$W21))","v":"Prairie temporaire"},"Culture principale","Fumier de volailles",{"$f":"IF($X21=\"\",\"\",INDEX(Fertilisants!$B$6:$B$45,$X21))","v":"Type II"},{"v":4.9,"d":"4.90"},{"v":3,"d":"3.0"},{"$f":"IF($X21=\"\",\"\",INDEX(Fertilisants!$D$6:$D$45,$X21))","v":"t"},{"v":14.700000000000001,"d":"14.7"},{"$f":"IF(OR($I21=\"\",$X21=\"\"),\"\",$I21*N(INDEX(Fertilisants!$E$6:$E$45,$X21)))","v":66},{"$f":"IF(OR($I21=\"\",$X21=\"\"),\"\",$I21*N(INDEX(Fertilisants!$G$6:$G$45,$X21)))","v":33},{"$f":"IF(OR($I21=\"\",$X21=\"\"),\"\",$I21*N(INDEX(Fertilisants!$H$6:$H$45,$X21)))","v":60},{"$f":"IF(OR($I21=\"\",$X21=\"\"),\"\",$I21*N(INDEX(Fertilisants!$I$6:$I$45,$X21)))","v":54},{"v":323.40000000000003,"d":"323"},"Ressuyé","Épandeur à table d'épandage",null,"Conforme","Îlot hors zone vulnérable",null,{"$f":"IF($C21=\"\",\"\",IFERROR(MATCH($C21,Îlots!$C$6:$C$65,0),\"\"))","v":7},{"$f":"IF($F21=\"\",\"\",IFERROR(MATCH($F21,Fertilisants!$A$6:$A$45,0),\"\"))","v":5},{"$f":"IF($W21=\"\",\"\",INDEX(Îlots!$D$6:$D$65,$W21))","v":4.9},{"$f":"IF($W21=\"\",\"\",INDEX(Îlots!$F$6:$F$65,$W21))","v":"Non"},{"$f":"IF($W21=\"\",\"\",IF($E21=ApportCouvert,OccCouvert,INDEX(Îlots!$O$6:$O$65,$W21)))","v":"Prairie de plus de 6 mois / luzerne"},{"$f":"IF(OR($AA21=\"\",$G21=\"\",$Z21=\"Non\"),\"\",IFERROR(MATCH($AA21&\" | \"&$G21,Paramètres!$I$7:$I$41,0),\"\"))","v":""},322,{"$f":"IF(OR($AB21=\"\",$AC21=\"\"),0,IF(OR(AND(INDEX(Paramètres!$J$7:$J$41,$AB21)>0,IF(INDEX(Paramètres!$J$7:$J$41,$AB21)<=INDEX(Paramètres!$K$7:$K$41,$AB21),AND($AC21>=INDEX(Paramètres!$J$7:$J$41,$AB21),$AC21<=INDEX(Paramètres!$K$7:$K$41,$AB21)),OR($AC21>=INDEX(Paramètres!$J$7:$J$41,$AB21),$AC21<=INDEX(Paramètres!$K$7:$K$41,$AB21)))),AND(INDEX(Paramètres!$L$7:$L$41,$AB21)>0,IF(INDEX(Paramètres!$L$7:$L$41,$AB21)<=INDEX(Paramètres!$M$7:$M$41,$AB21),AND($AC21>=INDEX(Paramètres!$L$7:$L$41,$AB21),$AC21<=INDEX(Paramètres!$M$7:$M$41,$AB21)),OR($AC21>=INDEX(Paramètres!$L$7:$L$41,$AB21),$AC21<=INDEX(Paramètres!$M$7:$M$41,$AB21))))),1,0))","v":0},{"$f":"IF($X21=\"\",0,IF(INDEX(Fertilisants!$C$6:$C$45,$X21)=\"Oui\",1,0))","v":1},"Organique",161.70000000000002,294,264.6]
[{"$f":"IF(B22=\"\",\"\",COUNT($B$6:B22))","v":17},"2027-03-29","03 – La Pièce du Bas",{"$f":"IF($W22=\"\",\"\",INDEX(Îlots!$N$6:$N$65,$W22))","v":"Maïs grain"},"Sol nu avant implantation","Digestat brut",{"$f":"IF($X22=\"\",\"\",INDEX(Fertilisants!$B$6:$B$45,$X22))","v":"Type II"},{"v":15.2,"d":"15.20"},{"v":30,"d":"30.0"},{"$f":"IF($X22=\"\",\"\",INDEX(Fertilisants!$D$6:$D$45,$X22))","v":"m³"},{"v":456,"d":"456.0"},{"$f":"IF(OR($I22=\"\",$X22=\"\"),\"\",$I22*N(INDEX(Fertilisants!$E$6:$E$45,$X22)))","v":144},{"$f":"IF(OR($I22=\"\",$X22=\"\"),\"\",$I22*N(INDEX(Fertilisants!$G$6:$G$45,$X22)))","v":{"v":79.2,"d":"79"}},{"$f":"IF(OR($I22=\"\",$X22=\"\"),\"\",$I22*N(INDEX(Fertilisants!$H$6:$H$45,$X22)))","v":54},{"$f":"IF(OR($I22=\"\",$X22=\"\"),\"\",$I22*N(INDEX(Fertilisants!$I$6:$I$45,$X22)))","v":135},{"v":2188.7999999999997,"d":"2,189"},"Ressuyé","Tonne à lisier – injecteur / enfouisseur",0,"Conforme","Analyse du digestat du 12/02/2027",null,{"$f":"IF($C22=\"\",\"\",IFERROR(MATCH($C22,Îlots!$C$6:$C$65,0),\"\"))","v":3},{"$f":"IF($F22=\"\",\"\",IFERROR(MATCH($F22,Fertilisants!$A$6:$A$45,0),\"\"))","v":7},{"$f":"IF($W22=\"\",\"\",INDEX(Îlots!$D$6:$D$65,$W22))","v":15.2},{"$f":"IF($W22=\"\",\"\",INDEX(Îlots!$F$6:$F$65,$W22))","v":"Oui"},{"$f":"IF($W22=\"\",\"\",IF($E22=ApportCouvert,OccCouvert,INDEX(Îlots!$O$6:$O$65,$W22)))","v":"Culture de printemps ou d'été"},{"$f":"IF(OR($AA22=\"\",$G22=\"\",$Z22=\"Non\"),\"\",IFERROR(MATCH($AA22&\" | \"&$G22,Paramètres!$I$7:$I$41,0),\"\"))","v":14},329,{"$f":"IF(OR($AB22=\"\",$AC22=\"\"),0,IF(OR(AND(INDEX(Paramètres!$J$7:$J$41,$AB22)>0,IF(INDEX(Paramètres!$J$7:$J$41,$AB22)<=INDEX(Paramètres!$K$7:$K$41,$AB22),AND($AC22>=INDEX(Paramètres!$J$7:$J$41,$AB22),$AC22<=INDEX(Paramètres!$K$7:$K$41,$AB22)),OR($AC22>=INDEX(Paramètres!$J$7:$J$41,$AB22),$AC22<=INDEX(Paramètres!$K$7:$K$41,$AB22)))),AND(INDEX(Paramètres!$L$7:$L$41,$AB22)>0,IF(INDEX(Paramètres!$L$7:$L$41,$AB22)<=INDEX(Paramètres!$M$7:$M$41,$AB22),AND($AC22>=INDEX(Paramètres!$L$7:$L$41,$AB22),$AC22<=INDEX(Paramètres!$M$7:$M$41,$AB22)),OR($AC22>=INDEX(Paramètres!$L$7:$L$41,$AB22),$AC22<=INDEX(Paramètres!$M$7:$M$41,$AB22))))),1,0))","v":0},{"$f":"IF($X22=\"\",0,IF(INDEX(Fertilisants!$C$6:$C$45,$X22)=\"Oui\",1,0))","v":0},"Organique",1203.84,820.8,2052]
[{"$f":"IF(B23=\"\",\"\",COUNT($B$6:B23))","v":18},"2027-04-06","06 – Le Grand Clos",{"$f":"IF($W23=\"\",\"\",INDEX(Îlots!$N$6:$N$65,$W23))","v":"Maïs ensilage"},"Sol nu avant implantation","Fumier bovin compact",{"$f":"IF($X23=\"\",\"\",INDEX(Fertilisants!$B$6:$B$45,$X23))","v":"Type Ia"},{"v":10.6,"d":"10.60"},{"v":30,"d":"30.0"},{"$f":"IF($X23=\"\",\"\",INDEX(Fertilisants!$D$6:$D$45,$X23))","v":"t"},{"v":318,"d":"318.0"},{"$f":"IF(OR($I23=\"\",$X23=\"\"),\"\",$I23*N(INDEX(Fertilisants!$E$6:$E$45,$X23)))","v":165},{"$f":"IF(OR($I23=\"\",$X23=\"\"),\"\",$I23*N(INDEX(Fertilisants!$G$6:$G$45,$X23)))","v":{"v":24.75,"d":"25"}},{"$f":"IF(OR($I23=\"\",$X23=\"\"),\"\",$I23*N(INDEX(Fertilisants!$H$6:$H$45,$X23)))","v":84},{"$f":"IF(OR($I23=\"\",$X23=\"\"),\"\",$I23*N(INDEX(Fertilisants!$I$6:$I$45,$X23)))","v":270},{"v":1749,"d":"1,749"},"Ressuyé","Épandeur à fumier (hérissons)",12,"Conforme",null,null,{"$f":"IF($C23=\"\",\"\",IFERROR(MATCH($C23,Îlots!$C$6:$C$65,0),\"\"))","v":6},{"$f":"IF($F23=\"\",\"\",IFERROR(MATCH($F23,Fertilisants!$A$6:$A$45,0),\"\"))","v":1},{"$f":"IF($W23=\"\",\"\",INDEX(Îlots!$D$6:$D$65,$W23))","v":10.6},{"$f":"IF($W23=\"\",\"\",INDEX(Îlots!$F$6:$F$65,$W23))","v":"Oui"},{"$f":"IF($W23=\"\",\"\",IF($E23=ApportCouvert,OccCouvert,INDEX(Îlots!$O$6:$O$65,$W23)))","v":"Culture de printemps ou d'été"},{"$f":"IF(OR($AA23=\"\",$G23=\"\",$Z23=\"Non\"),\"\",IFERROR(MATCH($AA23&\" | \"&$G23,Paramètres!$I$7:$I$41,0),\"\"))","v":12},406,{"$f":"IF(OR($AB23=\"\",$AC23=\"\"),0,IF(OR(AND(INDEX(Paramètres!$J$7:$J$41,$AB23)>0,IF(INDEX(Paramètres!$J$7:$J$41,$AB23)<=INDEX(Paramètres!$K$7:$K$41,$AB23),AND($AC23>=INDEX(Paramètres!$J$7:$J$41,$AB23),$AC23<=INDEX(Paramètres!$K$7:$K$41,$AB23)),OR($AC23>=INDEX(Paramètres!$J$7:$J$41,$AB23),$AC23<=INDEX(Paramètres!$K$7:$K$41,$AB23)))),AND(INDEX(Paramètres!$L$7:$L$41,$AB23)>0,IF(INDEX(Paramètres!$L$7:$L$41,$AB23)<=INDEX(Paramètres!$M$7:$M$41,$AB23),AND($AC23>=INDEX(Paramètres!$L$7:$L$41,$AB23),$AC23<=INDEX(Paramètres!$M$7:$M$41,$AB23)),OR($AC23>=INDEX(Paramètres!$L$7:$L$41,$AB23),$AC23<=INDEX(Paramètres!$M$7:$M$41,$AB23))))),1,0))","v":0},{"$f":"IF($X23=\"\",0,IF(INDEX(Fertilisants!$C$6:$C$45,$X23)=\"Oui\",1,0))","v":1},"Organique",262.34999999999997,890.4,2862]
[{"$f":"IF(B24=\"\",\"\",COUNT($B$6:B24))","v":19},"2027-04-08","04 – Les Longues Raies",{"$f":"IF($W24=\"\",\"\",INDEX(Îlots!$N$6:$N$65,$W24))","v":"Orge de printemps"},"Culture principale","Ammonitrate 27 %",{"$f":"IF($X24=\"\",\"\",INDEX(Fertilisants!$B$6:$B$45,$X24))","v":"Type III"},{"v":7.3,"d":"7.30"},{"v":200,"d":"200.0"},{"$f":"IF($X24=\"\",\"\",INDEX(Fertilisants!$D$6:$D$45,$X24))","v":"kg"},{"v":1460,"d":"1,460.0"},{"$f":"IF(OR($I24=\"\",$X24=\"\"),\"\",$I24*N(INDEX(Fertilisants!$E$6:$E$45,$X24)))","v":54},{"$f":"IF(OR($I24=\"\",$X24=\"\"),\"\",$I24*N(INDEX(Fertilisants!$G$6:$G$45,$X24)))","v":54},{"$f":"IF(OR($I24=\"\",$X24=\"\"),\"\",$I24*N(INDEX(Fertilisants!$H$6:$H$45,$X24)))","v":0},{"$f":"IF(OR($I24=\"\",$X24=\"\"),\"\",$I24*N(INDEX(Fertilisants!$I$6:$I$45,$X24)))","v":0},{"v":394.2,"d":"394"},"Ressuyé","Distributeur centrifuge",null,"Conforme","Début montaison",null,{"$f":"IF($C24=\"\",\"\",IFERROR(MATCH($C24,Îlots!$C$6:$C$65,0),\"\"))","v":4},{"$f":"IF($F24=\"\",\"\",IFERROR(MATCH($F24,Fertilisants!$A$6:$A$45,0),\"\"))","v":8},{"$f":"IF($W24=\"\",\"\",INDEX(Îlots!$D$6:$D$65,$W24))","v":7.3},{"$f":"IF($W24=\"\",\"\",INDEX(Îlots!$F$6:$F$65,$W24))","v":"Oui"},{"$f":"IF($W24=\"\",\"\",IF($E24=ApportCouvert,OccCouvert,INDEX(Îlots!$O$6:$O$65,$W24)))","v":"Culture de printemps ou d'été"},{"$f":"IF(OR($AA24=\"\",$G24=\"\",$Z24=\"Non\"),\"\",IFERROR(MATCH($AA24&\" | \"&$G24,Paramètres!$I$7:$I$41,0),\"\"))","v":15},408,{"$f":"IF(OR($AB24=\"\",$AC24=\"\"),0,IF(OR(AND(INDEX(Paramètres!$J$7:$J$41,$AB24)>0,IF(INDEX(Paramètres!$J$7:$J$41,$AB24)<=INDEX(Paramètres!$K$7:$K$41,$AB24),AND($AC24>=INDEX(Paramètres!$J$7:$J$41,$AB24),$AC24<=INDEX(Paramètres!$K$7:$K$41,$AB24)),OR($AC24>=INDEX(Paramètres!$J$7:$J$41,$AB24),$AC24<=INDEX(Paramètres!$K$7:$K$41,$AB24)))),AND(INDEX(Paramètres!$L$7:$L$41,$AB24)>0,IF(INDEX(Paramètres!$L$7:$L$41,$AB24)<=INDEX(Paramètres!$M$7:$M$41,$AB24),AND($AC24>=INDEX(Paramètres!$L$7:$L$41,$AB24),$AC24<=INDEX(Paramètres!$M$7:$M$41,$AB24)),OR($AC24>=INDEX(Paramètres!$L$7:$L$41,$AB24),$AC24<=INDEX(Paramètres!$M$7:$M$41,$AB24))))),1,0))","v":0},{"$f":"IF($X24=\"\",0,IF(INDEX(Fertilisants!$C$6:$C$45,$X24)=\"Oui\",1,0))","v":0},"Minéral",394.2,0,0]
[{"$f":"IF(B25=\"\",\"\",COUNT($B$6:B25))","v":20},"2027-04-09","01 – Les Grandes Terres",{"$f":"IF($W25=\"\",\"\",INDEX(Îlots!$N$6:$N$65,$W25))","v":"Blé tendre d'hiver"},"Culture principale","Ammonitrate 27 %",{"$f":"IF($X25=\"\",\"\",INDEX(Fertilisants!$B$6:$B$45,$X25))","v":"Type III"},{"v":12.4,"d":"12.40"},{"v":150,"d":"150.0"},{"$f":"IF($X25=\"\",\"\",INDEX(Fertilisants!$D$6:$D$45,$X25))","v":"kg"},{"v":1860,"d":"1,860.0"},{"$f":"IF(OR($I25=\"\",$X25=\"\"),\"\",$I25*N(INDEX(Fertilisants!$E$6:$E$45,$X25)))","v":{"v":40.5,"d":"41"}},{"$f":"IF(OR($I25=\"\",$X25=\"\"),\"\",$I25*N(INDEX(Fertilisants!$G$6:$G$45,$X25)))","v":{"v":40.5,"d":"41"}},{"$f":"IF(OR($I25=\"\",$X25=\"\"),\"\",$I25*N(INDEX(Fertilisants!$H$6:$H$45,$X25)))","v":0},{"$f":"IF(OR($I25=\"\",$X25=\"\"),\"\",$I25*N(INDEX(Fertilisants!$I$6:$I$45,$X25)))","v":0},{"v":502.2,"d":"502"},"Ressuyé","Distributeur centrifuge",null,"Conforme","Dernier apport – 2 nœuds",null,{"$f":"IF($C25=\"\",\"\",IFERROR(MATCH($C25,Îlots!$C$6:$C$65,0),\"\"))","v":1},{"$f":"IF($F25=\"\",\"\",IFERROR(MATCH($F25,Fertilisants!$A$6:$A$45,0),\"\"))","v":8},{"$f":"IF($W25=\"\",\"\",INDEX(Îlots!$D$6:$D$65,$W25))","v":12.4},{"$f":"IF($W25=\"\",\"\",INDEX(Îlots!$F$6:$F$65,$W25))","v":"Oui"},{"$f":"IF($W25=\"\",\"\",IF($E25=ApportCouvert,OccCouvert,INDEX(Îlots!$O$6:$O$65,$W25)))","v":"Culture d'automne (hors colza)"},{"$f":"IF(OR($AA25=\"\",$G25=\"\",$Z25=\"Non\"),\"\",IFERROR(MATCH($AA25&\" | \"&$G25,Paramètres!$I$7:$I$41,0),\"\"))","v":5},409,{"$f":"IF(OR($AB25=\"\",$AC25=\"\"),0,IF(OR(AND(INDEX(Paramètres!$J$7:$J$41,$AB25)>0,IF(INDEX(Paramètres!$J$7:$J$41,$AB25)<=INDEX(Paramètres!$K$7:$K$41,$AB25),AND($AC25>=INDEX(Paramètres!$J$7:$J$41,$AB25),$AC25<=INDEX(Paramètres!$K$7:$K$41,$AB25)),OR($AC25>=INDEX(Paramètres!$J$7:$J$41,$AB25),$AC25<=INDEX(Paramètres!$K$7:$K$41,$AB25)))),AND(INDEX(Paramètres!$L$7:$L$41,$AB25)>0,IF(INDEX(Paramètres!$L$7:$L$41,$AB25)<=INDEX(Paramètres!$M$7:$M$41,$AB25),AND($AC25>=INDEX(Paramètres!$L$7:$L$41,$AB25),$AC25<=INDEX(Paramètres!$M$7:$M$41,$AB25)),OR($AC25>=INDEX(Paramètres!$L$7:$L$41,$AB25),$AC25<=INDEX(Paramètres!$M$7:$M$41,$AB25))))),1,0))","v":0},{"$f":"IF($X25=\"\",0,IF(INDEX(Fertilisants!$C$6:$C$45,$X25)=\"Oui\",1,0))","v":0},"Minéral",502.2,0,0]
[{"$f":"IF(B26=\"\",\"\",COUNT($B$6:B26))","v":21},"2027-04-14","08 – Les Aulnes",{"$f":"IF($W26=\"\",\"\",INDEX(Îlots!$N$6:$N$65,$W26))","v":"Orge d'hiver"},"Culture principale","Ammonitrate 27 %",{"$f":"IF($X26=\"\",\"\",INDEX(Fertilisants!$B$6:$B$45,$X26))","v":"Type III"},8.25,{"v":120,"d":"120.0"},{"$f":"IF($X26=\"\",\"\",INDEX(Fertilisants!$D$6:$D$45,$X26))","v":"kg"},{"v":990,"d":"990.0"},{"$f":"IF(OR($I26=\"\",$X26=\"\"),\"\",$I26*N(INDEX(Fertilisants!$E$6:$E$45,$X26)))","v":{"v":32.400000000000006,"d":"32"}},{"$f":"IF(OR($I26=\"\",$X26=\"\"),\"\",$I26*N(INDEX(Fertilisants!$G$6:$G$45,$X26)))","v":{"v":32.400000000000006,"d":"32"}},{"$f":"IF(OR($I26=\"\",$X26=\"\"),\"\",$I26*N(INDEX(Fertilisants!$H$6:$H$45,$X26)))","v":0},{"$f":"IF(OR($I26=\"\",$X26=\"\"),\"\",$I26*N(INDEX(Fertilisants!$I$6:$I$45,$X26)))","v":0},{"v":267.30000000000007,"d":"267"},"Ressuyé","Distributeur centrifuge",null,"Conforme",null,null,{"$f":"IF($C26=\"\",\"\",IFERROR(MATCH($C26,Îlots!$C$6:$C$65,0),\"\"))","v":8},{"$f":"IF($F26=\"\",\"\",IFERROR(MATCH($F26,Fertilisants!$A$6:$A$45,0),\"\"))","v":8},{"$f":"IF($W26=\"\",\"\",INDEX(Îlots!$D$6:$D$65,$W26))","v":8.25},{"$f":"IF($W26=\"\",\"\",INDEX(Îlots!$F$6:$F$65,$W26))","v":"Oui"},{"$f":"IF($W26=\"\",\"\",IF($E26=ApportCouvert,OccCouvert,INDEX(Îlots!$O$6:$O$65,$W26)))","v":"Culture d'automne (hors colza)"},{"$f":"IF(OR($AA26=\"\",$G26=\"\",$Z26=\"Non\"),\"\",IFERROR(MATCH($AA26&\" | \"&$G26,Paramètres!$I$7:$I$41,0),\"\"))","v":5},414,{"$f":"IF(OR($AB26=\"\",$AC26=\"\"),0,IF(OR(AND(INDEX(Paramètres!$J$7:$J$41,$AB26)>0,IF(INDEX(Paramètres!$J$7:$J$41,$AB26)<=INDEX(Paramètres!$K$7:$K$41,$AB26),AND($AC26>=INDEX(Paramètres!$J$7:$J$41,$AB26),$AC26<=INDEX(Paramètres!$K$7:$K$41,$AB26)),OR($AC26>=INDEX(Paramètres!$J$7:$J$41,$AB26),$AC26<=INDEX(Paramètres!$K$7:$K$41,$AB26)))),AND(INDEX(Paramètres!$L$7:$L$41,$AB26)>0,IF(INDEX(Paramètres!$L$7:$L$41,$AB26)<=INDEX(Paramètres!$M$7:$M$41,$AB26),AND($AC26>=INDEX(Paramètres!$L$7:$L$41,$AB26),$AC26<=INDEX(Paramètres!$M$7:$M$41,$AB26)),OR($AC26>=INDEX(Paramètres!$L$7:$L$41,$AB26),$AC26<=INDEX(Paramètres!$M$7:$M$41,$AB26))))),1,0))","v":0},{"$f":"IF($X26=\"\",0,IF(INDEX(Fertilisants!$C$6:$C$45,$X26)=\"Oui\",1,0))","v":0},"Minéral",267.30000000000007,0,0]
[{"$f":"IF(B27=\"\",\"\",COUNT($B$6:B27))","v":22},"2027-04-20","03 – La Pièce du Bas",{"$f":"IF($W27=\"\",\"\",INDEX(Îlots!$N$6:$N$65,$W27))","v":"Maïs grain"},"Sol nu avant implantation","Engrais NPK 15-15-15",{"$f":"IF($X27=\"\",\"\",INDEX(Fertilisants!$B$6:$B$45,$X27))","v":"Type III"},{"v":15.2,"d":"15.20"},{"v":150,"d":"150.0"},{"$f":"IF($X27=\"\",\"\",INDEX(Fertilisants!$D$6:$D$45,$X27))","v":"kg"},{"v":2280,"d":"2,280.0"},{"$f":"IF(OR($I27=\"\",$X27=\"\"),\"\",$I27*N(INDEX(Fertilisants!$E$6:$E$45,$X27)))","v":{"v":22.5,"d":"23"}},{"$f":"IF(OR($I27=\"\",$X27=\"\"),\"\",$I27*N(INDEX(Fertilisants!$G$6:$G$45,$X27)))","v":{"v":22.5,"d":"23"}},{"$f":"IF(OR($I27=\"\",$X27=\"\"),\"\",$I27*N(INDEX(Fertilisants!$H$6:$H$45,$X27)))","v":{"v":22.5,"d":"23"}},{"$f":"IF(OR($I27=\"\",$X27=\"\"),\"\",$I27*N(INDEX(Fertilisants!$I$6:$I$45,$X27)))","v":{"v":22.5,"d":"23"}},342,"Ressuyé","Distributeur centrifuge",null,"Conforme","Localisé au semis",null,{"$f":"IF($C27=\"\",\"\",IFERROR(MATCH($C27,Îlots!$C$6:$C$65,0),\"\"))","v":3},{"$f":"IF($F27=\"\",\"\",IFERROR(MATCH($F27,Fertilisants!$A$6:$A$45,0),\"\"))","v":11},{"$f":"IF($W27=\"\",\"\",INDEX(Îlots!$D$6:$D$65,$W27))","v":15.2},{"$f":"IF($W27=\"\",\"\",INDEX(Îlots!$F$6:$F$65,$W27))","v":"Oui"},{"$f":"IF($W27=\"\",\"\",IF($E27=ApportCouvert,OccCouvert,INDEX(Îlots!$O$6:$O$65,$W27)))","v":"Culture de printemps ou d'été"},{"$f":"IF(OR($AA27=\"\",$G27=\"\",$Z27=\"Non\"),\"\",IFERROR(MATCH($AA27&\" | \"&$G27,Paramètres!$I$7:$I$41,0),\"\"))","v":15},420,{"$f":"IF(OR($AB27=\"\",$AC27=\"\"),0,IF(OR(AND(INDEX(Paramètres!$J$7:$J$41,$AB27)>0,IF(INDEX(Paramètres!$J$7:$J$41,$AB27)<=INDEX(Paramètres!$K$7:$K$41,$AB27),AND($AC27>=INDEX(Paramètres!$J$7:$J$41,$AB27),$AC27<=INDEX(Paramètres!$K$7:$K$41,$AB27)),OR($AC27>=INDEX(Paramètres!$J$7:$J$41,$AB27),$AC27<=INDEX(Paramètres!$K$7:$K$41,$AB27)))),AND(INDEX(Paramètres!$L$7:$L$41,$AB27)>0,IF(INDEX(Paramètres!$L$7:$L$41,$AB27)<=INDEX(Paramètres!$M$7:$M$41,$AB27),AND($AC27>=INDEX(Paramètres!$L$7:$L$41,$AB27),$AC27<=INDEX(Paramètres!$M$7:$M$41,$AB27)),OR($AC27>=INDEX(Paramètres!$L$7:$L$41,$AB27),$AC27<=INDEX(Paramètres!$M$7:$M$41,$AB27))))),1,0))","v":0},{"$f":"IF($X27=\"\",0,IF(INDEX(Fertilisants!$C$6:$C$45,$X27)=\"Oui\",1,0))","v":0},"Minéral",342,342,342]
[{"$f":"IF(B28=\"\",\"\",COUNT($B$6:B28))","v":23},"2027-05-12","05 – Pré de la Fontaine",{"$f":"IF($W28=\"\",\"\",INDEX(Îlots!$N$6:$N$65,$W28))","v":"Prairie permanente"},"Culture principale","Ammonitrate 27 %",{"$f":"IF($X28=\"\",\"\",INDEX(Fertilisants!$B$6:$B$45,$X28))","v":"Type III"},6.75,{"v":100,"d":"100.0"},{"$f":"IF($X28=\"\",\"\",INDEX(Fertilisants!$D$6:$D$45,$X28))","v":"kg"},{"v":675,"d":"675.0"},{"$f":"IF(OR($I28=\"\",$X28=\"\"),\"\",$I28*N(INDEX(Fertilisants!$E$6:$E$45,$X28)))","v":27},{"$f":"IF(OR($I28=\"\",$X28=\"\"),\"\",$I28*N(INDEX(Fertilisants!$G$6:$G$45,$X28)))","v":27},{"$f":"IF(OR($I28=\"\",$X28=\"\"),\"\",$I28*N(INDEX(Fertilisants!$H$6:$H$45,$X28)))","v":0},{"$f":"IF(OR($I28=\"\",$X28=\"\"),\"\",$I28*N(INDEX(Fertilisants!$I$6:$I$45,$X28)))","v":0},{"v":182.25,"d":"182"},"Ressuyé","Distributeur centrifuge",null,"Conforme","Après déprimage",null,{"$f":"IF($C28=\"\",\"\",IFERROR(MATCH($C28,Îlots!$C$6:$C$65,0),\"\"))","v":5},{"$f":"IF($F28=\"\",\"\",IFERROR(MATCH($F28,Fertilisants!$A$6:$A$45,0),\"\"))","v":8},{"$f":"IF($W28=\"\",\"\",INDEX(Îlots!$D$6:$D$65,$W28))","v":6.75},{"$f":"IF($W28=\"\",\"\",INDEX(Îlots!$F$6:$F$65,$W28))","v":"Oui"},{"$f":"IF($W28=\"\",\"\",IF($E28=ApportCouvert,OccCouvert,INDEX(Îlots!$O$6:$O$65,$W28)))","v":"Prairie de plus de 6 mois / luzerne"},{"$f":"IF(OR($AA28=\"\",$G28=\"\",$Z28=\"Non\"),\"\",IFERROR(MATCH($AA28&\" | \"&$G28,Paramètres!$I$7:$I$41,0),\"\"))","v":20},512,{"$f":"IF(OR($AB28=\"\",$AC28=\"\"),0,IF(OR(AND(INDEX(Paramètres!$J$7:$J$41,$AB28)>0,IF(INDEX(Paramètres!$J$7:$J$41,$AB28)<=INDEX(Paramètres!$K$7:$K$41,$AB28),AND($AC28>=INDEX(Paramètres!$J$7:$J$41,$AB28),$AC28<=INDEX(Paramètres!$K$7:$K$41,$AB28)),OR($AC28>=INDEX(Paramètres!$J$7:$J$41,$AB28),$AC28<=INDEX(Paramètres!$K$7:$K$41,$AB28)))),AND(INDEX(Paramètres!$L$7:$L$41,$AB28)>0,IF(INDEX(Paramètres!$L$7:$L$41,$AB28)<=INDEX(Paramètres!$M$7:$M$41,$AB28),AND($AC28>=INDEX(Paramètres!$L$7:$L$41,$AB28),$AC28<=INDEX(Paramètres!$M$7:$M$41,$AB28)),OR($AC28>=INDEX(Paramètres!$L$7:$L$41,$AB28),$AC28<=INDEX(Paramètres!$M$7:$M$41,$AB28))))),1,0))","v":0},{"$f":"IF($X28=\"\",0,IF(INDEX(Fertilisants!$C$6:$C$45,$X28)=\"Oui\",1,0))","v":0},"Minéral",182.25,0,0]
[{"$f":"IF(B29=\"\",\"\",COUNT($B$6:B29))","v":24},"2027-05-18","06 – Le Grand Clos",{"$f":"IF($W29=\"\",\"\",INDEX(Îlots!$N$6:$N$65,$W29))","v":"Maïs ensilage"},"Culture principale","Urée 46 %",{"$f":"IF($X29=\"\",\"\",INDEX(Fertilisants!$B$6:$B$45,$X29))","v":"Type III"},{"v":10.6,"d":"10.60"},{"v":150,"d":"150.0"},{"$f":"IF($X29=\"\",\"\",INDEX(Fertilisants!$D$6:$D$45,$X29))","v":"kg"},{"v":1590,"d":"1,590.0"},{"$f":"IF(OR($I29=\"\",$X29=\"\"),\"\",$I29*N(INDEX(Fertilisants!$E$6:$E$45,$X29)))","v":69},{"$f":"IF(OR($I29=\"\",$X29=\"\"),\"\",$I29*N(INDEX(Fertilisants!$G$6:$G$45,$X29)))","v":69},{"$f":"IF(OR($I29=\"\",$X29=\"\"),\"\",$I29*N(INDEX(Fertilisants!$H$6:$H$45,$X29)))","v":0},{"$f":"IF(OR($I29=\"\",$X29=\"\"),\"\",$I29*N(INDEX(Fertilisants!$I$6:$I$45,$X29)))","v":0},{"v":731.4,"d":"731"},"Ressuyé","Distributeur centrifuge",null,"Conforme",null,null,{"$f":"IF($C29=\"\",\"\",IFERROR(MATCH($C29,Îlots!$C$6:$C$65,0),\"\"))","v":6},{"$f":"IF($F29=\"\",\"\",IFERROR(MATCH($F29,Fertilisants!$A$6:$A$45,0),\"\"))","v":10},{"$f":"IF($W29=\"\",\"\",INDEX(Îlots!$D$6:$D$65,$W29))","v":10.6},{"$f":"IF($W29=\"\",\"\",INDEX(Îlots!$F$6:$F$65,$W29))","v":"Oui"},{"$f":"IF($W29=\"\",\"\",IF($E29=ApportCouvert,OccCouvert,INDEX(Îlots!$O$6:$O$65,$W29)))","v":"Culture de printemps ou d'été"},{"$f":"IF(OR($AA29=\"\",$G29=\"\",$Z29=\"Non\"),\"\",IFERROR(MATCH($AA29&\" | \"&$G29,Paramètres!$I$7:$I$41,0),\"\"))","v":15},518,{"$f":"IF(OR($AB29=\"\",$AC29=\"\"),0,IF(OR(AND(INDEX(Paramètres!$J$7:$J$41,$AB29)>0,IF(INDEX(Paramètres!$J$7:$J$41,$AB29)<=INDEX(Paramètres!$K$7:$K$41,$AB29),AND($AC29>=INDEX(Paramètres!$J$7:$J$41,$AB29),$AC29<=INDEX(Paramètres!$K$7:$K$41,$AB29)),OR($AC29>=INDEX(Paramètres!$J$7:$J$41,$AB29),$AC29<=INDEX(Paramètres!$K$7:$K$41,$AB29)))),AND(INDEX(Paramètres!$L$7:$L$41,$AB29)>0,IF(INDEX(Paramètres!$L$7:$L$41,$AB29)<=INDEX(Paramètres!$M$7:$M$41,$AB29),AND($AC29>=INDEX(Paramètres!$L$7:$L$41,$AB29),$AC29<=INDEX(Paramètres!$M$7:$M$41,$AB29)),OR($AC29>=INDEX(Paramètres!$L$7:$L$41,$AB29),$AC29<=INDEX(Paramètres!$M$7:$M$41,$AB29))))),1,0))","v":0},{"$f":"IF($X29=\"\",0,IF(INDEX(Fertilisants!$C$6:$C$45,$X29)=\"Oui\",1,0))","v":0},"Minéral",731.4,0,0]
[{"$f":"IF(B30=\"\",\"\",COUNT($B$6:B30))","v":25},"2027-05-26","03 – La Pièce du Bas",{"$f":"IF($W30=\"\",\"\",INDEX(Îlots!$N$6:$N$65,$W30))","v":"Maïs grain"},"Culture principale","Urée 46 %",{"$f":"IF($X30=\"\",\"\",INDEX(Fertilisants!$B$6:$B$45,$X30))","v":"Type III"},{"v":15.2,"d":"15.20"},{"v":110,"d":"110.0"},{"$f":"IF($X30=\"\",\"\",INDEX(Fertilisants!$D$6:$D$45,$X30))","v":"kg"},{"v":1672,"d":"1,672.0"},{"$f":"IF(OR($I30=\"\",$X30=\"\"),\"\",$I30*N(INDEX(Fertilisants!$E$6:$E$45,$X30)))","v":{"v":50.6,"d":"51"}},{"$f":"IF(OR($I30=\"\",$X30=\"\"),\"\",$I30*N(INDEX(Fertilisants!$G$6:$G$45,$X30)))","v":{"v":50.6,"d":"51"}},{"$f":"IF(OR($I30=\"\",$X30=\"\"),\"\",$I30*N(INDEX(Fertilisants!$H$6:$H$45,$X30)))","v":0},{"$f":"IF(OR($I30=\"\",$X30=\"\"),\"\",$I30*N(INDEX(Fertilisants!$I$6:$I$45,$X30)))","v":0},{"v":769.12,"d":"769"},"Ressuyé","Distributeur centrifuge",null,"Conforme","Stade 6-8 feuilles",null,{"$f":"IF($C30=\"\",\"\",IFERROR(MATCH($C30,Îlots!$C$6:$C$65,0),\"\"))","v":3},{"$f":"IF($F30=\"\",\"\",IFERROR(MATCH($F30,Fertilisants!$A$6:$A$45,0),\"\"))","v":10},{"$f":"IF($W30=\"\",\"\",INDEX(Îlots!$D$6:$D$65,$W30))","v":15.2},{"$f":"IF($W30=\"\",\"\",INDEX(Îlots!$F$6:$F$65,$W30))","v":"Oui"},{"$f":"IF($W30=\"\",\"\",IF($E30=ApportCouvert,OccCouvert,INDEX(Îlots!$O$6:$O$65,$W30)))","v":"Culture de printemps ou d'été"},{"$f":"IF(OR($AA30=\"\",$G30=\"\",$Z30=\"Non\"),\"\",IFERROR(MATCH($AA30&\" | \"&$G30,Paramètres!$I$7:$I$41,0),\"\"))","v":15},526,{"$f":"IF(OR($AB30=\"\",$AC30=\"\"),0,IF(OR(AND(INDEX(Paramètres!$J$7:$J$41,$AB30)>0,IF(INDEX(Paramètres!$J$7:$J$41,$AB30)<=INDEX(Paramètres!$K$7:$K$41,$AB30),AND($AC30>=INDEX(Paramètres!$J$7:$J$41,$AB30),$AC30<=INDEX(Paramètres!$K$7:$K$41,$AB30)),OR($AC30>=INDEX(Paramètres!$J$7:$J$41,$AB30),$AC30<=INDEX(Paramètres!$K$7:$K$41,$AB30)))),AND(INDEX(Paramètres!$L$7:$L$41,$AB30)>0,IF(INDEX(Paramètres!$L$7:$L$41,$AB30)<=INDEX(Paramètres!$M$7:$M$41,$AB30),AND($AC30>=INDEX(Paramètres!$L$7:$L$41,$AB30),$AC30<=INDEX(Paramètres!$M$7:$M$41,$AB30)),OR($AC30>=INDEX(Paramètres!$L$7:$L$41,$AB30),$AC30<=INDEX(Paramètres!$M$7:$M$41,$AB30))))),1,0))","v":0},{"$f":"IF($X30=\"\",0,IF(INDEX(Fertilisants!$C$6:$C$45,$X30)=\"Oui\",1,0))","v":0},"Minéral",769.12,0,0]
[{"$f":"IF(B31=\"\",\"\",COUNT($B$6:B31))","v":26},"2027-06-05","07 – La Butte",{"$f":"IF($W31=\"\",\"\",INDEX(Îlots!$N$6:$N$65,$W31))","v":"Prairie temporaire"},"Culture principale","Lisier bovin",{"$f":"IF($X31=\"\",\"\",INDEX(Fertilisants!$B$6:$B$45,$X31))","v":"Type II"},{"v":4.9,"d":"4.90"},{"v":20,"d":"20.0"},{"$f":"IF($X31=\"\",\"\",INDEX(Fertilisants!$D$6:$D$45,$X31))","v":"m³"},{"v":98,"d":"98.0"},{"$f":"IF(OR($I31=\"\",$X31=\"\"),\"\",$I31*N(INDEX(Fertilisants!$E$6:$E$45,$X31)))","v":70},{"$f":"IF(OR($I31=\"\",$X31=\"\"),\"\",$I31*N(INDEX(Fertilisants!$G$6:$G$45,$X31)))","v":35},{"$f":"IF(OR($I31=\"\",$X31=\"\"),\"\",$I31*N(INDEX(Fertilisants!$H$6:$H$45,$X31)))","v":30},{"$f":"IF(OR($I31=\"\",$X31=\"\"),\"\",$I31*N(INDEX(Fertilisants!$I$6:$I$45,$X31)))","v":80},343,"Ressuyé","Tonne à lisier – rampe à pendillards",null,"Conforme","Après la 1re fauche",null,{"$f":"IF($C31=\"\",\"\",IFERROR(MATCH($C31,Îlots!$C$6:$C$65,0),\"\"))","v":7},{"$f":"IF($F31=\"\",\"\",IFERROR(MATCH($F31,Fertilisants!$A$6:$A$45,0),\"\"))","v":3},{"$f":"IF($W31=\"\",\"\",INDEX(Îlots!$D$6:$D$65,$W31))","v":4.9},{"$f":"IF($W31=\"\",\"\",INDEX(Îlots!$F$6:$F$65,$W31))","v":"Non"},{"$f":"IF($W31=\"\",\"\",IF($E31=ApportCouvert,OccCouvert,INDEX(Îlots!$O$6:$O$65,$W31)))","v":"Prairie de plus de 6 mois / luzerne"},{"$f":"IF(OR($AA31=\"\",$G31=\"\",$Z31=\"Non\"),\"\",IFERROR(MATCH($AA31&\" | \"&$G31,Paramètres!$I$7:$I$41,0),\"\"))","v":""},605,{"$f":"IF(OR($AB31=\"\",$AC31=\"\"),0,IF(OR(AND(INDEX(Paramètres!$J$7:$J$41,$AB31)>0,IF(INDEX(Paramètres!$J$7:$J$41,$AB31)<=INDEX(Paramètres!$K$7:$K$41,$AB31),AND($AC31>=INDEX(Paramètres!$J$7:$J$41,$AB31),$AC31<=INDEX(Paramètres!$K$7:$K$41,$AB31)),OR($AC31>=INDEX(Paramètres!$J$7:$J$41,$AB31),$AC31<=INDEX(Paramètres!$K$7:$K$41,$AB31)))),AND(INDEX(Paramètres!$L$7:$L$41,$AB31)>0,IF(INDEX(Paramètres!$L$7:$L$41,$AB31)<=INDEX(Paramètres!$M$7:$M$41,$AB31),AND($AC31>=INDEX(Paramètres!$L$7:$L$41,$AB31),$AC31<=INDEX(Paramètres!$M$7:$M$41,$AB31)),OR($AC31>=INDEX(Paramètres!$L$7:$L$41,$AB31),$AC31<=INDEX(Paramètres!$M$7:$M$41,$AB31))))),1,0))","v":0},{"$f":"IF($X31=\"\",0,IF(INDEX(Fertilisants!$C$6:$C$45,$X31)=\"Oui\",1,0))","v":1},"Organique",171.5,147,392]
[{"$f":"IF(B32=\"\",\"\",COUNT($B$6:B32))","v":""},null,null,{"$f":"IF($W32=\"\",\"\",INDEX(Îlots!$N$6:$N$65,$W32))","v":""},null,null,{"$f":"IF($X32=\"\",\"\",INDEX(Fertilisants!$B$6:$B$45,$X32))","v":""},null,null,{"$f":"IF($X32=\"\",\"\",INDEX(Fertilisants!$D$6:$D$45,$X32))","v":""},"",{"$f":"IF(OR($I32=\"\",$X32=\"\"),\"\",$I32*N(INDEX(Fertilisants!$E$6:$E$45,$X32)))","v":""},{"$f":"IF(OR($I32=\"\",$X32=\"\"),\"\",$I32*N(INDEX(Fertilisants!$G$6:$G$45,$X32)))","v":""},{"$f":"IF(OR($I32=\"\",$X32=\"\"),\"\",$I32*N(INDEX(Fertilisants!$H$6:$H$45,$X32)))","v":""},{"$f":"IF(OR($I32=\"\",$X32=\"\"),\"\",$I32*N(INDEX(Fertilisants!$I$6:$I$45,$X32)))","v":""},"",{"$nulls":3},"",null,null,{"$f":"IF($C32=\"\",\"\",IFERROR(MATCH($C32,Îlots!$C$6:$C$65,0),\"\"))","v":""},{"$f":"IF($F32=\"\",\"\",IFERROR(MATCH($F32,Fertilisants!$A$6:$A$45,0),\"\"))","v":""},{"$f":"IF($W32=\"\",\"\",INDEX(Îlots!$D$6:$D$65,$W32))","v":""},{"$f":"IF($W32=\"\",\"\",INDEX(Îlots!$F$6:$F$65,$W32))","v":""},{"$f":"IF($W32=\"\",\"\",IF($E32=ApportCouvert,OccCouvert,INDEX(Îlots!$O$6:$O$65,$W32)))","v":""},{"$f":"IF(OR($AA32=\"\",$G32=\"\",$Z32=\"Non\"),\"\",IFERROR(MATCH($AA32&\" | \"&$G32,Paramètres!$I$7:$I$41,0),\"\"))","v":""},"",{"$f":"IF(OR($AB32=\"\",$AC32=\"\"),0,IF(OR(AND(INDEX(Paramètres!$J$7:$J$41,$AB32)>0,IF(INDEX(Paramètres!$J$7:$J$41,$AB32)<=INDEX(Paramètres!$K$7:$K$41,$AB32),AND($AC32>=INDEX(Paramètres!$J$7:$J$41,$AB32),$AC32<=INDEX(Paramètres!$K$7:$K$41,$AB32)),OR($AC32>=INDEX(Paramètres!$J$7:$J$41,$AB32),$AC32<=INDEX(Paramètres!$K$7:$K$41,$AB32)))),AND(INDEX(Paramètres!$L$7:$L$41,$AB32)>0,IF(INDEX(Paramètres!$L$7:$L$41,$AB32)<=INDEX(Paramètres!$M$7:$M$41,$AB32),AND($AC32>=INDEX(Paramètres!$L$7:$L$41,$AB32),$AC32<=INDEX(Paramètres!$M$7:$M$41,$AB32)),OR($AC32>=INDEX(Paramètres!$L$7:$L$41,$AB32),$AC32<=INDEX(Paramètres!$M$7:$M$41,$AB32))))),1,0))","v":0},{"$f":"IF($X32=\"\",0,IF(INDEX(Fertilisants!$C$6:$C$45,$X32)=\"Oui\",1,0))","v":0},"","","",""]
[{"$f":"IF(B33=\"\",\"\",COUNT($B$6:B33))","v":""},null,null,{"$f":"IF($W33=\"\",\"\",INDEX(Îlots!$N$6:$N$65,$W33))","v":""},null,null,{"$f":"IF($X33=\"\",\"\",INDEX(Fertilisants!$B$6:$B$45,$X33))","v":""},null,null,{"$f":"IF($X33=\"\",\"\",INDEX(Fertilisants!$D$6:$D$45,$X33))","v":""},"",{"$f":"IF(OR($I33=\"\",$X33=\"\"),\"\",$I33*N(INDEX(Fertilisants!$E$6:$E$45,$X33)))","v":""},{"$f":"IF(OR($I33=\"\",$X33=\"\"),\"\",$I33*N(INDEX(Fertilisants!$G$6:$G$45,$X33)))","v":""},{"$f":"IF(OR($I33=\"\",$X33=\"\"),\"\",$I33*N(INDEX(Fertilisants!$H$6:$H$45,$X33)))","v":""},{"$f":"IF(OR($I33=\"\",$X33=\"\"),\"\",$I33*N(INDEX(Fertilisants!$I$6:$I$45,$X33)))","v":""},"",{"$nulls":3},"",null,null,{"$f":"IF($C33=\"\",\"\",IFERROR(MATCH($C33,Îlots!$C$6:$C$65,0),\"\"))","v":""},{"$f":"IF($F33=\"\",\"\",IFERROR(MATCH($F33,Fertilisants!$A$6:$A$45,0),\"\"))","v":""},{"$f":"IF($W33=\"\",\"\",INDEX(Îlots!$D$6:$D$65,$W33))","v":""},{"$f":"IF($W33=\"\",\"\",INDEX(Îlots!$F$6:$F$65,$W33))","v":""},{"$f":"IF($W33=\"\",\"\",IF($E33=ApportCouvert,OccCouvert,INDEX(Îlots!$O$6:$O$65,$W33)))","v":""},{"$f":"IF(OR($AA33=\"\",$G33=\"\",$Z33=\"Non\"),\"\",IFERROR(MATCH($AA33&\" | \"&$G33,Paramètres!$I$7:$I$41,0),\"\"))","v":""},"",{"$f":"IF(OR($AB33=\"\",$AC33=\"\"),0,IF(OR(AND(INDEX(Paramètres!$J$7:$J$41,$AB33)>0,IF(INDEX(Paramètres!$J$7:$J$41,$AB33)<=INDEX(Paramètres!$K$7:$K$41,$AB33),AND($AC33>=INDEX(Paramètres!$J$7:$J$41,$AB33),$AC33<=INDEX(Paramètres!$K$7:$K$41,$AB33)),OR($AC33>=INDEX(Paramètres!$J$7:$J$41,$AB33),$AC33<=INDEX(Paramètres!$K$7:$K$41,$AB33)))),AND(INDEX(Paramètres!$L$7:$L$41,$AB33)>0,IF(INDEX(Paramètres!$L$7:$L$41,$AB33)<=INDEX(Paramètres!$M$7:$M$41,$AB33),AND($AC33>=INDEX(Paramètres!$L$7:$L$41,$AB33),$AC33<=INDEX(Paramètres!$M$7:$M$41,$AB33)),OR($AC33>=INDEX(Paramètres!$L$7:$L$41,$AB33),$AC33<=INDEX(Paramètres!$M$7:$M$41,$AB33))))),1,0))","v":0},{"$f":"IF($X33=\"\",0,IF(INDEX(Fertilisants!$C$6:$C$45,$X33)=\"Oui\",1,0))","v":0},"","","",""]
[{"$f":"IF(B34=\"\",\"\",COUNT($B$6:B34))","v":""},null,null,{"$f":"IF($W34=\"\",\"\",INDEX(Îlots!$N$6:$N$65,$W34))","v":""},null,null,{"$f":"IF($X34=\"\",\"\",INDEX(Fertilisants!$B$6:$B$45,$X34))","v":""},null,null,{"$f":"IF($X34=\"\",\"\",INDEX(Fertilisants!$D$6:$D$45,$X34))","v":""},"",{"$f":"IF(OR($I34=\"\",$X34=\"\"),\"\",$I34*N(INDEX(Fertilisants!$E$6:$E$45,$X34)))","v":""},{"$f":"IF(OR($I34=\"\",$X34=\"\"),\"\",$I34*N(INDEX(Fertilisants!$G$6:$G$45,$X34)))","v":""},{"$f":"IF(OR($I34=\"\",$X34=\"\"),\"\",$I34*N(INDEX(Fertilisants!$H$6:$H$45,$X34)))","v":""},{"$f":"IF(OR($I34=\"\",$X34=\"\"),\"\",$I34*N(INDEX(Fertilisants!$I$6:$I$45,$X34)))","v":""},"",{"$nulls":3},"",null,null,{"$f":"IF($C34=\"\",\"\",IFERROR(MATCH($C34,Îlots!$C$6:$C$65,0),\"\"))","v":""},{"$f":"IF($F34=\"\",\"\",IFERROR(MATCH($F34,Fertilisants!$A$6:$A$45,0),\"\"))","v":""},{"$f":"IF($W34=\"\",\"\",INDEX(Îlots!$D$6:$D$65,$W34))","v":""},{"$f":"IF($W34=\"\",\"\",INDEX(Îlots!$F$6:$F$65,$W34))","v":""},{"$f":"IF($W34=\"\",\"\",IF($E34=ApportCouvert,OccCouvert,INDEX(Îlots!$O$6:$O$65,$W34)))","v":""},{"$f":"IF(OR($AA34=\"\",$G34=\"\",$Z34=\"Non\"),\"\",IFERROR(MATCH($AA34&\" | \"&$G34,Paramètres!$I$7:$I$41,0),\"\"))","v":""},"",{"$f":"IF(OR($AB34=\"\",$AC34=\"\"),0,IF(OR(AND(INDEX(Paramètres!$J$7:$J$41,$AB34)>0,IF(INDEX(Paramètres!$J$7:$J$41,$AB34)<=INDEX(Paramètres!$K$7:$K$41,$AB34),AND($AC34>=INDEX(Paramètres!$J$7:$J$41,$AB34),$AC34<=INDEX(Paramètres!$K$7:$K$41,$AB34)),OR($AC34>=INDEX(Paramètres!$J$7:$J$41,$AB34),$AC34<=INDEX(Paramètres!$K$7:$K$41,$AB34)))),AND(INDEX(Paramètres!$L$7:$L$41,$AB34)>0,IF(INDEX(Paramètres!$L$7:$L$41,$AB34)<=INDEX(Paramètres!$M$7:$M$41,$AB34),AND($AC34>=INDEX(Paramètres!$L$7:$L$41,$AB34),$AC34<=INDEX(Paramètres!$M$7:$M$41,$AB34)),OR($AC34>=INDEX(Paramètres!$L$7:$L$41,$AB34),$AC34<=INDEX(Paramètres!$M$7:$M$41,$AB34))))),1,0))","v":0},{"$f":"IF($X34=\"\",0,IF(INDEX(Fertilisants!$C$6:$C$45,$X34)=\"Oui\",1,0))","v":0},"","","",""]
[{"$f":"IF(B35=\"\",\"\",COUNT($B$6:B35))","v":""},null,null,{"$f":"IF($W35=\"\",\"\",INDEX(Îlots!$N$6:$N$65,$W35))","v":""},null,null,{"$f":"IF($X35=\"\",\"\",INDEX(Fertilisants!$B$6:$B$45,$X35))","v":""},null,null,{"$f":"IF($X35=\"\",\"\",INDEX(Fertilisants!$D$6:$D$45,$X35))","v":""},"",{"$f":"IF(OR($I35=\"\",$X35=\"\"),\"\",$I35*N(INDEX(Fertilisants!$E$6:$E$45,$X35)))","v":""},{"$f":"IF(OR($I35=\"\",$X35=\"\"),\"\",$I35*N(INDEX(Fertilisants!$G$6:$G$45,$X35)))","v":""},{"$f":"IF(OR($I35=\"\",$X35=\"\"),\"\",$I35*N(INDEX(Fertilisants!$H$6:$H$45,$X35)))","v":""},{"$f":"IF(OR($I35=\"\",$X35=\"\"),\"\",$I35*N(INDEX(Fertilisants!$I$6:$I$45,$X35)))","v":""},"",{"$nulls":3},"",null,null,{"$f":"IF($C35=\"\",\"\",IFERROR(MATCH($C35,Îlots!$C$6:$C$65,0),\"\"))","v":""},{"$f":"IF($F35=\"\",\"\",IFERROR(MATCH($F35,Fertilisants!$A$6:$A$45,0),\"\"))","v":""},{"$f":"IF($W35=\"\",\"\",INDEX(Îlots!$D$6:$D$65,$W35))","v":""},{"$f":"IF($W35=\"\",\"\",INDEX(Îlots!$F$6:$F$65,$W35))","v":""},{"$f":"IF($W35=\"\",\"\",IF($E35=ApportCouvert,OccCouvert,INDEX(Îlots!$O$6:$O$65,$W35)))","v":""},{"$f":"IF(OR($AA35=\"\",$G35=\"\",$Z35=\"Non\"),\"\",IFERROR(MATCH($AA35&\" | \"&$G35,Paramètres!$I$7:$I$41,0),\"\"))","v":""},"",{"$f":"IF(OR($AB35=\"\",$AC35=\"\"),0,IF(OR(AND(INDEX(Paramètres!$J$7:$J$41,$AB35)>0,IF(INDEX(Paramètres!$J$7:$J$41,$AB35)<=INDEX(Paramètres!$K$7:$K$41,$AB35),AND($AC35>=INDEX(Paramètres!$J$7:$J$41,$AB35),$AC35<=INDEX(Paramètres!$K$7:$K$41,$AB35)),OR($AC35>=INDEX(Paramètres!$J$7:$J$41,$AB35),$AC35<=INDEX(Paramètres!$K$7:$K$41,$AB35)))),AND(INDEX(Paramètres!$L$7:$L$41,$AB35)>0,IF(INDEX(Paramètres!$L$7:$L$41,$AB35)<=INDEX(Paramètres!$M$7:$M$41,$AB35),AND($AC35>=INDEX(Paramètres!$L$7:$L$41,$AB35),$AC35<=INDEX(Paramètres!$M$7:$M$41,$AB35)),OR($AC35>=INDEX(Paramètres!$L$7:$L$41,$AB35),$AC35<=INDEX(Paramètres!$M$7:$M$41,$AB35))))),1,0))","v":0},{"$f":"IF($X35=\"\",0,IF(INDEX(Fertilisants!$C$6:$C$45,$X35)=\"Oui\",1,0))","v":0},"","","",""]
[{"$f":"IF(B36=\"\",\"\",COUNT($B$6:B36))","v":""},null,null,{"$f":"IF($W36=\"\",\"\",INDEX(Îlots!$N$6:$N$65,$W36))","v":""},null,null,{"$f":"IF($X36=\"\",\"\",INDEX(Fertilisants!$B$6:$B$45,$X36))","v":""},null,null,{"$f":"IF($X36=\"\",\"\",INDEX(Fertilisants!$D$6:$D$45,$X36))","v":""},"",{"$f":"IF(OR($I36=\"\",$X36=\"\"),\"\",$I36*N(INDEX(Fertilisants!$E$6:$E$45,$X36)))","v":""},{"$f":"IF(OR($I36=\"\",$X36=\"\"),\"\",$I36*N(INDEX(Fertilisants!$G$6:$G$45,$X36)))","v":""},{"$f":"IF(OR($I36=\"\",$X36=\"\"),\"\",$I36*N(INDEX(Fertilisants!$H$6:$H$45,$X36)))","v":""},{"$f":"IF(OR($I36=\"\",$X36=\"\"),\"\",$I36*N(INDEX(Fertilisants!$I$6:$I$45,$X36)))","v":""},"",{"$nulls":3},"",null,null,{"$f":"IF($C36=\"\",\"\",IFERROR(MATCH($C36,Îlots!$C$6:$C$65,0),\"\"))","v":""},{"$f":"IF($F36=\"\",\"\",IFERROR(MATCH($F36,Fertilisants!$A$6:$A$45,0),\"\"))","v":""},{"$f":"IF($W36=\"\",\"\",INDEX(Îlots!$D$6:$D$65,$W36))","v":""},{"$f":"IF($W36=\"\",\"\",INDEX(Îlots!$F$6:$F$65,$W36))","v":""},{"$f":"IF($W36=\"\",\"\",IF($E36=ApportCouvert,OccCouvert,INDEX(Îlots!$O$6:$O$65,$W36)))","v":""},{"$f":"IF(OR($AA36=\"\",$G36=\"\",$Z36=\"Non\"),\"\",IFERROR(MATCH($AA36&\" | \"&$G36,Paramètres!$I$7:$I$41,0),\"\"))","v":""},"",{"$f":"IF(OR($AB36=\"\",$AC36=\"\"),0,IF(OR(AND(INDEX(Paramètres!$J$7:$J$41,$AB36)>0,IF(INDEX(Paramètres!$J$7:$J$41,$AB36)<=INDEX(Paramètres!$K$7:$K$41,$AB36),AND($AC36>=INDEX(Paramètres!$J$7:$J$41,$AB36),$AC36<=INDEX(Paramètres!$K$7:$K$41,$AB36)),OR($AC36>=INDEX(Paramètres!$J$7:$J$41,$AB36),$AC36<=INDEX(Paramètres!$K$7:$K$41,$AB36)))),AND(INDEX(Paramètres!$L$7:$L$41,$AB36)>0,IF(INDEX(Paramètres!$L$7:$L$41,$AB36)<=INDEX(Paramètres!$M$7:$M$41,$AB36),AND($AC36>=INDEX(Paramètres!$L$7:$L$41,$AB36),$AC36<=INDEX(Paramètres!$M$7:$M$41,$AB36)),OR($AC36>=INDEX(Paramètres!$L$7:$L$41,$AB36),$AC36<=INDEX(Paramètres!$M$7:$M$41,$AB36))))),1,0))","v":0},{"$f":"IF($X36=\"\",0,IF(INDEX(Fertilisants!$C$6:$C$45,$X36)=\"Oui\",1,0))","v":0},"","","",""]
[{"$f":"IF(B37=\"\",\"\",COUNT($B$6:B37))","v":""},null,null,{"$f":"IF($W37=\"\",\"\",INDEX(Îlots!$N$6:$N$65,$W37))","v":""},null,null,{"$f":"IF($X37=\"\",\"\",INDEX(Fertilisants!$B$6:$B$45,$X37))","v":""},null,null,{"$f":"IF($X37=\"\",\"\",INDEX(Fertilisants!$D$6:$D$45,$X37))","v":""},"",{"$f":"IF(OR($I37=\"\",$X37=\"\"),\"\",$I37*N(INDEX(Fertilisants!$E$6:$E$45,$X37)))","v":""},{"$f":"IF(OR($I37=\"\",$X37=\"\"),\"\",$I37*N(INDEX(Fertilisants!$G$6:$G$45,$X37)))","v":""},{"$f":"IF(OR($I37=\"\",$X37=\"\"),\"\",$I37*N(INDEX(Fertilisants!$H$6:$H$45,$X37)))","v":""},{"$f":"IF(OR($I37=\"\",$X37=\"\"),\"\",$I37*N(INDEX(Fertilisants!$I$6:$I$45,$X37)))","v":""},"",{"$nulls":3},"",null,null,{"$f":"IF($C37=\"\",\"\",IFERROR(MATCH($C37,Îlots!$C$6:$C$65,0),\"\"))","v":""},{"$f":"IF($F37=\"\",\"\",IFERROR(MATCH($F37,Fertilisants!$A$6:$A$45,0),\"\"))","v":""},{"$f":"IF($W37=\"\",\"\",INDEX(Îlots!$D$6:$D$65,$W37))","v":""},{"$f":"IF($W37=\"\",\"\",INDEX(Îlots!$F$6:$F$65,$W37))","v":""},{"$f":"IF($W37=\"\",\"\",IF($E37=ApportCouvert,OccCouvert,INDEX(Îlots!$O$6:$O$65,$W37)))","v":""},{"$f":"IF(OR($AA37=\"\",$G37=\"\",$Z37=\"Non\"),\"\",IFERROR(MATCH($AA37&\" | \"&$G37,Paramètres!$I$7:$I$41,0),\"\"))","v":""},"",{"$f":"IF(OR($AB37=\"\",$AC37=\"\"),0,IF(OR(AND(INDEX(Paramètres!$J$7:$J$41,$AB37)>0,IF(INDEX(Paramètres!$J$7:$J$41,$AB37)<=INDEX(Paramètres!$K$7:$K$41,$AB37),AND($AC37>=INDEX(Paramètres!$J$7:$J$41,$AB37),$AC37<=INDEX(Paramètres!$K$7:$K$41,$AB37)),OR($AC37>=INDEX(Paramètres!$J$7:$J$41,$AB37),$AC37<=INDEX(Paramètres!$K$7:$K$41,$AB37)))),AND(INDEX(Paramètres!$L$7:$L$41,$AB37)>0,IF(INDEX(Paramètres!$L$7:$L$41,$AB37)<=INDEX(Paramètres!$M$7:$M$41,$AB37),AND($AC37>=INDEX(Paramètres!$L$7:$L$41,$AB37),$AC37<=INDEX(Paramètres!$M$7:$M$41,$AB37)),OR($AC37>=INDEX(Paramètres!$L$7:$L$41,$AB37),$AC37<=INDEX(Paramètres!$M$7:$M$41,$AB37))))),1,0))","v":0},{"$f":"IF($X37=\"\",0,IF(INDEX(Fertilisants!$C$6:$C$45,$X37)=\"Oui\",1,0))","v":0},"","","",""]
[{"$f":"IF(B38=\"\",\"\",COUNT($B$6:B38))","v":""},null,null,{"$f":"IF($W38=\"\",\"\",INDEX(Îlots!$N$6:$N$65,$W38))","v":""},null,null,{"$f":"IF($X38=\"\",\"\",INDEX(Fertilisants!$B$6:$B$45,$X38))","v":""},null,null,{"$f":"IF($X38=\"\",\"\",INDEX(Fertilisants!$D$6:$D$45,$X38))","v":""},"",{"$f":"IF(OR($I38=\"\",$X38=\"\"),\"\",$I38*N(INDEX(Fertilisants!$E$6:$E$45,$X38)))","v":""},{"$f":"IF(OR($I38=\"\",$X38=\"\"),\"\",$I38*N(INDEX(Fertilisants!$G$6:$G$45,$X38)))","v":""},{"$f":"IF(OR($I38=\"\",$X38=\"\"),\"\",$I38*N(INDEX(Fertilisants!$H$6:$H$45,$X38)))","v":""},{"$f":"IF(OR($I38=\"\",$X38=\"\"),\"\",$I38*N(INDEX(Fertilisants!$I$6:$I$45,$X38)))","v":""},"",{"$nulls":3},"",null,null,{"$f":"IF($C38=\"\",\"\",IFERROR(MATCH($C38,Îlots!$C$6:$C$65,0),\"\"))","v":""},{"$f":"IF($F38=\"\",\"\",IFERROR(MATCH($F38,Fertilisants!$A$6:$A$45,0),\"\"))","v":""},{"$f":"IF($W38=\"\",\"\",INDEX(Îlots!$D$6:$D$65,$W38))","v":""},{"$f":"IF($W38=\"\",\"\",INDEX(Îlots!$F$6:$F$65,$W38))","v":""},{"$f":"IF($W38=\"\",\"\",IF($E38=ApportCouvert,OccCouvert,INDEX(Îlots!$O$6:$O$65,$W38)))","v":""},{"$f":"IF(OR($AA38=\"\",$G38=\"\",$Z38=\"Non\"),\"\",IFERROR(MATCH($AA38&\" | \"&$G38,Paramètres!$I$7:$I$41,0),\"\"))","v":""},"",{"$f":"IF(OR($AB38=\"\",$AC38=\"\"),0,IF(OR(AND(INDEX(Paramètres!$J$7:$J$41,$AB38)>0,IF(INDEX(Paramètres!$J$7:$J$41,$AB38)<=INDEX(Paramètres!$K$7:$K$41,$AB38),AND($AC38>=INDEX(Paramètres!$J$7:$J$41,$AB38),$AC38<=INDEX(Paramètres!$K$7:$K$41,$AB38)),OR($AC38>=INDEX(Paramètres!$J$7:$J$41,$AB38),$AC38<=INDEX(Paramètres!$K$7:$K$41,$AB38)))),AND(INDEX(Paramètres!$L$7:$L$41,$AB38)>0,IF(INDEX(Paramètres!$L$7:$L$41,$AB38)<=INDEX(Paramètres!$M$7:$M$41,$AB38),AND($AC38>=INDEX(Paramètres!$L$7:$L$41,$AB38),$AC38<=INDEX(Paramètres!$M$7:$M$41,$AB38)),OR($AC38>=INDEX(Paramètres!$L$7:$L$41,$AB38),$AC38<=INDEX(Paramètres!$M$7:$M$41,$AB38))))),1,0))","v":0},{"$f":"IF($X38=\"\",0,IF(INDEX(Fertilisants!$C$6:$C$45,$X38)=\"Oui\",1,0))","v":0},"","","",""]
[{"$f":"IF(B39=\"\",\"\",COUNT($B$6:B39))","v":""},null,null,{"$f":"IF($W39=\"\",\"\",INDEX(Îlots!$N$6:$N$65,$W39))","v":""},null,null,{"$f":"IF($X39=\"\",\"\",INDEX(Fertilisants!$B$6:$B$45,$X39))","v":""},null,null,{"$f":"IF($X39=\"\",\"\",INDEX(Fertilisants!$D$6:$D$45,$X39))","v":""},"",{"$f":"IF(OR($I39=\"\",$X39=\"\"),\"\",$I39*N(INDEX(Fertilisants!$E$6:$E$45,$X39)))","v":""},{"$f":"IF(OR($I39=\"\",$X39=\"\"),\"\",$I39*N(INDEX(Fertilisants!$G$6:$G$45,$X39)))","v":""},{"$f":"IF(OR($I39=\"\",$X39=\"\"),\"\",$I39*N(INDEX(Fertilisants!$H$6:$H$45,$X39)))","v":""},{"$f":"IF(OR($I39=\"\",$X39=\"\"),\"\",$I39*N(INDEX(Fertilisants!$I$6:$I$45,$X39)))","v":""},"",{"$nulls":3},"",null,null,{"$f":"IF($C39=\"\",\"\",IFERROR(MATCH($C39,Îlots!$C$6:$C$65,0),\"\"))","v":""},{"$f":"IF($F39=\"\",\"\",IFERROR(MATCH($F39,Fertilisants!$A$6:$A$45,0),\"\"))","v":""},{"$f":"IF($W39=\"\",\"\",INDEX(Îlots!$D$6:$D$65,$W39))","v":""},{"$f":"IF($W39=\"\",\"\",INDEX(Îlots!$F$6:$F$65,$W39))","v":""},{"$f":"IF($W39=\"\",\"\",IF($E39=ApportCouvert,OccCouvert,INDEX(Îlots!$O$6:$O$65,$W39)))","v":""},{"$f":"IF(OR($AA39=\"\",$G39=\"\",$Z39=\"Non\"),\"\",IFERROR(MATCH($AA39&\" | \"&$G39,Paramètres!$I$7:$I$41,0),\"\"))","v":""},"",{"$f":"IF(OR($AB39=\"\",$AC39=\"\"),0,IF(OR(AND(INDEX(Paramètres!$J$7:$J$41,$AB39)>0,IF(INDEX(Paramètres!$J$7:$J$41,$AB39)<=INDEX(Paramètres!$K$7:$K$41,$AB39),AND($AC39>=INDEX(Paramètres!$J$7:$J$41,$AB39),$AC39<=INDEX(Paramètres!$K$7:$K$41,$AB39)),OR($AC39>=INDEX(Paramètres!$J$7:$J$41,$AB39),$AC39<=INDEX(Paramètres!$K$7:$K$41,$AB39)))),AND(INDEX(Paramètres!$L$7:$L$41,$AB39)>0,IF(INDEX(Paramètres!$L$7:$L$41,$AB39)<=INDEX(Paramètres!$M$7:$M$41,$AB39),AND($AC39>=INDEX(Paramètres!$L$7:$L$41,$AB39),$AC39<=INDEX(Paramètres!$M$7:$M$41,$AB39)),OR($AC39>=INDEX(Paramètres!$L$7:$L$41,$AB39),$AC39<=INDEX(Paramètres!$M$7:$M$41,$AB39))))),1,0))","v":0},{"$f":"IF($X39=\"\",0,IF(INDEX(Fertilisants!$C$6:$C$45,$X39)=\"Oui\",1,0))","v":0},"","","",""]
[{"$f":"IF(B40=\"\",\"\",COUNT($B$6:B40))","v":""},null,null,{"$f":"IF($W40=\"\",\"\",INDEX(Îlots!$N$6:$N$65,$W40))","v":""},null,null,{"$f":"IF($X40=\"\",\"\",INDEX(Fertilisants!$B$6:$B$45,$X40))","v":""},null,null,{"$f":"IF($X40=\"\",\"\",INDEX(Fertilisants!$D$6:$D$45,$X40))","v":""},"",{"$f":"IF(OR($I40=\"\",$X40=\"\"),\"\",$I40*N(INDEX(Fertilisants!$E$6:$E$45,$X40)))","v":""},{"$f":"IF(OR($I40=\"\",$X40=\"\"),\"\",$I40*N(INDEX(Fertilisants!$G$6:$G$45,$X40)))","v":""},{"$f":"IF(OR($I40=\"\",$X40=\"\"),\"\",$I40*N(INDEX(Fertilisants!$H$6:$H$45,$X40)))","v":""},{"$f":"IF(OR($I40=\"\",$X40=\"\"),\"\",$I40*N(INDEX(Fertilisants!$I$6:$I$45,$X40)))","v":""},"",{"$nulls":3},"",null,null,{"$f":"IF($C40=\"\",\"\",IFERROR(MATCH($C40,Îlots!$C$6:$C$65,0),\"\"))","v":""},{"$f":"IF($F40=\"\",\"\",IFERROR(MATCH($F40,Fertilisants!$A$6:$A$45,0),\"\"))","v":""},{"$f":"IF($W40=\"\",\"\",INDEX(Îlots!$D$6:$D$65,$W40))","v":""},{"$f":"IF($W40=\"\",\"\",INDEX(Îlots!$F$6:$F$65,$W40))","v":""},{"$f":"IF($W40=\"\",\"\",IF($E40=ApportCouvert,OccCouvert,INDEX(Îlots!$O$6:$O$65,$W40)))","v":""},{"$f":"IF(OR($AA40=\"\",$G40=\"\",$Z40=\"Non\"),\"\",IFERROR(MATCH($AA40&\" | \"&$G40,Paramètres!$I$7:$I$41,0),\"\"))","v":""},"",{"$f":"IF(OR($AB40=\"\",$AC40=\"\"),0,IF(OR(AND(INDEX(Paramètres!$J$7:$J$41,$AB40)>0,IF(INDEX(Paramètres!$J$7:$J$41,$AB40)<=INDEX(Paramètres!$K$7:$K$41,$AB40),AND($AC40>=INDEX(Paramètres!$J$7:$J$41,$AB40),$AC40<=INDEX(Paramètres!$K$7:$K$41,$AB40)),OR($AC40>=INDEX(Paramètres!$J$7:$J$41,$AB40),$AC40<=INDEX(Paramètres!$K$7:$K$41,$AB40)))),AND(INDEX(Paramètres!$L$7:$L$41,$AB40)>0,IF(INDEX(Paramètres!$L$7:$L$41,$AB40)<=INDEX(Paramètres!$M$7:$M$41,$AB40),AND($AC40>=INDEX(Paramètres!$L$7:$L$41,$AB40),$AC40<=INDEX(Paramètres!$M$7:$M$41,$AB40)),OR($AC40>=INDEX(Paramètres!$L$7:$L$41,$AB40),$AC40<=INDEX(Paramètres!$M$7:$M$41,$AB40))))),1,0))","v":0},{"$f":"IF($X40=\"\",0,IF(INDEX(Fertilisants!$C$6:$C$45,$X40)=\"Oui\",1,0))","v":0},"","","",""]
[{"$f":"IF(B41=\"\",\"\",COUNT($B$6:B41))","v":""},null,null,{"$f":"IF($W41=\"\",\"\",INDEX(Îlots!$N$6:$N$65,$W41))","v":""},null,null,{"$f":"IF($X41=\"\",\"\",INDEX(Fertilisants!$B$6:$B$45,$X41))","v":""},null,null,{"$f":"IF($X41=\"\",\"\",INDEX(Fertilisants!$D$6:$D$45,$X41))","v":""},"",{"$f":"IF(OR($I41=\"\",$X41=\"\"),\"\",$I41*N(INDEX(Fertilisants!$E$6:$E$45,$X41)))","v":""},{"$f":"IF(OR($I41=\"\",$X41=\"\"),\"\",$I41*N(INDEX(Fertilisants!$G$6:$G$45,$X41)))","v":""},{"$f":"IF(OR($I41=\"\",$X41=\"\"),\"\",$I41*N(INDEX(Fertilisants!$H$6:$H$45,$X41)))","v":""},{"$f":"IF(OR($I41=\"\",$X41=\"\"),\"\",$I41*N(INDEX(Fertilisants!$I$6:$I$45,$X41)))","v":""},"",{"$nulls":3},"",null,null,{"$f":"IF($C41=\"\",\"\",IFERROR(MATCH($C41,Îlots!$C$6:$C$65,0),\"\"))","v":""},{"$f":"IF($F41=\"\",\"\",IFERROR(MATCH($F41,Fertilisants!$A$6:$A$45,0),\"\"))","v":""},{"$f":"IF($W41=\"\",\"\",INDEX(Îlots!$D$6:$D$65,$W41))","v":""},{"$f":"IF($W41=\"\",\"\",INDEX(Îlots!$F$6:$F$65,$W41))","v":""},{"$f":"IF($W41=\"\",\"\",IF($E41=ApportCouvert,OccCouvert,INDEX(Îlots!$O$6:$O$65,$W41)))","v":""},{"$f":"IF(OR($AA41=\"\",$G41=\"\",$Z41=\"Non\"),\"\",IFERROR(MATCH($AA41&\" | \"&$G41,Paramètres!$I$7:$I$41,0),\"\"))","v":""},"",{"$f":"IF(OR($AB41=\"\",$AC41=\"\"),0,IF(OR(AND(INDEX(Paramètres!$J$7:$J$41,$AB41)>0,IF(INDEX(Paramètres!$J$7:$J$41,$AB41)<=INDEX(Paramètres!$K$7:$K$41,$AB41),AND($AC41>=INDEX(Paramètres!$J$7:$J$41,$AB41),$AC41<=INDEX(Paramètres!$K$7:$K$41,$AB41)),OR($AC41>=INDEX(Paramètres!$J$7:$J$41,$AB41),$AC41<=INDEX(Paramètres!$K$7:$K$41,$AB41)))),AND(INDEX(Paramètres!$L$7:$L$41,$AB41)>0,IF(INDEX(Paramètres!$L$7:$L$41,$AB41)<=INDEX(Paramètres!$M$7:$M$41,$AB41),AND($AC41>=INDEX(Paramètres!$L$7:$L$41,$AB41),$AC41<=INDEX(Paramètres!$M$7:$M$41,$AB41)),OR($AC41>=INDEX(Paramètres!$L$7:$L$41,$AB41),$AC41<=INDEX(Paramètres!$M$7:$M$41,$AB41))))),1,0))","v":0},{"$f":"IF($X41=\"\",0,IF(INDEX(Fertilisants!$C$6:$C$45,$X41)=\"Oui\",1,0))","v":0},"","","",""]
[{"$f":"IF(B42=\"\",\"\",COUNT($B$6:B42))","v":""},null,null,{"$f":"IF($W42=\"\",\"\",INDEX(Îlots!$N$6:$N$65,$W42))","v":""},null,null,{"$f":"IF($X42=\"\",\"\",INDEX(Fertilisants!$B$6:$B$45,$X42))","v":""},null,null,{"$f":"IF($X42=\"\",\"\",INDEX(Fertilisants!$D$6:$D$45,$X42))","v":""},"",{"$f":"IF(OR($I42=\"\",$X42=\"\"),\"\",$I42*N(INDEX(Fertilisants!$E$6:$E$45,$X42)))","v":""},{"$f":"IF(OR($I42=\"\",$X42=\"\"),\"\",$I42*N(INDEX(Fertilisants!$G$6:$G$45,$X42)))","v":""},{"$f":"IF(OR($I42=\"\",$X42=\"\"),\"\",$I42*N(INDEX(Fertilisants!$H$6:$H$45,$X42)))","v":""},{"$f":"IF(OR($I42=\"\",$X42=\"\"),\"\",$I42*N(INDEX(Fertilisants!$I$6:$I$45,$X42)))","v":""},"",{"$nulls":3},"",null,null,{"$f":"IF($C42=\"\",\"\",IFERROR(MATCH($C42,Îlots!$C$6:$C$65,0),\"\"))","v":""},{"$f":"IF($F42=\"\",\"\",IFERROR(MATCH($F42,Fertilisants!$A$6:$A$45,0),\"\"))","v":""},{"$f":"IF($W42=\"\",\"\",INDEX(Îlots!$D$6:$D$65,$W42))","v":""},{"$f":"IF($W42=\"\",\"\",INDEX(Îlots!$F$6:$F$65,$W42))","v":""},{"$f":"IF($W42=\"\",\"\",IF($E42=ApportCouvert,OccCouvert,INDEX(Îlots!$O$6:$O$65,$W42)))","v":""},{"$f":"IF(OR($AA42=\"\",$G42=\"\",$Z42=\"Non\"),\"\",IFERROR(MATCH($AA42&\" | \"&$G42,Paramètres!$I$7:$I$41,0),\"\"))","v":""},"",{"$f":"IF(OR($AB42=\"\",$AC42=\"\"),0,IF(OR(AND(INDEX(Paramètres!$J$7:$J$41,$AB42)>0,IF(INDEX(Paramètres!$J$7:$J$41,$AB42)<=INDEX(Paramètres!$K$7:$K$41,$AB42),AND($AC42>=INDEX(Paramètres!$J$7:$J$41,$AB42),$AC42<=INDEX(Paramètres!$K$7:$K$41,$AB42)),OR($AC42>=INDEX(Paramètres!$J$7:$J$41,$AB42),$AC42<=INDEX(Paramètres!$K$7:$K$41,$AB42)))),AND(INDEX(Paramètres!$L$7:$L$41,$AB42)>0,IF(INDEX(Paramètres!$L$7:$L$41,$AB42)<=INDEX(Paramètres!$M$7:$M$41,$AB42),AND($AC42>=INDEX(Paramètres!$L$7:$L$41,$AB42),$AC42<=INDEX(Paramètres!$M$7:$M$41,$AB42)),OR($AC42>=INDEX(Paramètres!$L$7:$L$41,$AB42),$AC42<=INDEX(Paramètres!$M$7:$M$41,$AB42))))),1,0))","v":0},{"$f":"IF($X42=\"\",0,IF(INDEX(Fertilisants!$C$6:$C$45,$X42)=\"Oui\",1,0))","v":0},"","","",""]
[{"$f":"IF(B43=\"\",\"\",COUNT($B$6:B43))","v":""},null,null,{"$f":"IF($W43=\"\",\"\",INDEX(Îlots!$N$6:$N$65,$W43))","v":""},null,null,{"$f":"IF($X43=\"\",\"\",INDEX(Fertilisants!$B$6:$B$45,$X43))","v":""},null,null,{"$f":"IF($X43=\"\",\"\",INDEX(Fertilisants!$D$6:$D$45,$X43))","v":""},"",{"$f":"IF(OR($I43=\"\",$X43=\"\"),\"\",$I43*N(INDEX(Fertilisants!$E$6:$E$45,$X43)))","v":""},{"$f":"IF(OR($I43=\"\",$X43=\"\"),\"\",$I43*N(INDEX(Fertilisants!$G$6:$G$45,$X43)))","v":""},{"$f":"IF(OR($I43=\"\",$X43=\"\"),\"\",$I43*N(INDEX(Fertilisants!$H$6:$H$45,$X43)))","v":""},{"$f":"IF(OR($I43=\"\",$X43=\"\"),\"\",$I43*N(INDEX(Fertilisants!$I$6:$I$45,$X43)))","v":""},"",{"$nulls":3},"",null,null,{"$f":"IF($C43=\"\",\"\",IFERROR(MATCH($C43,Îlots!$C$6:$C$65,0),\"\"))","v":""},{"$f":"IF($F43=\"\",\"\",IFERROR(MATCH($F43,Fertilisants!$A$6:$A$45,0),\"\"))","v":""},{"$f":"IF($W43=\"\",\"\",INDEX(Îlots!$D$6:$D$65,$W43))","v":""},{"$f":"IF($W43=\"\",\"\",INDEX(Îlots!$F$6:$F$65,$W43))","v":""},{"$f":"IF($W43=\"\",\"\",IF($E43=ApportCouvert,OccCouvert,INDEX(Îlots!$O$6:$O$65,$W43)))","v":""},{"$f":"IF(OR($AA43=\"\",$G43=\"\",$Z43=\"Non\"),\"\",IFERROR(MATCH($AA43&\" | \"&$G43,Paramètres!$I$7:$I$41,0),\"\"))","v":""},"",{"$f":"IF(OR($AB43=\"\",$AC43=\"\"),0,IF(OR(AND(INDEX(Paramètres!$J$7:$J$41,$AB43)>0,IF(INDEX(Paramètres!$J$7:$J$41,$AB43)<=INDEX(Paramètres!$K$7:$K$41,$AB43),AND($AC43>=INDEX(Paramètres!$J$7:$J$41,$AB43),$AC43<=INDEX(Paramètres!$K$7:$K$41,$AB43)),OR($AC43>=INDEX(Paramètres!$J$7:$J$41,$AB43),$AC43<=INDEX(Paramètres!$K$7:$K$41,$AB43)))),AND(INDEX(Paramètres!$L$7:$L$41,$AB43)>0,IF(INDEX(Paramètres!$L$7:$L$41,$AB43)<=INDEX(Paramètres!$M$7:$M$41,$AB43),AND($AC43>=INDEX(Paramètres!$L$7:$L$41,$AB43),$AC43<=INDEX(Paramètres!$M$7:$M$41,$AB43)),OR($AC43>=INDEX(Paramètres!$L$7:$L$41,$AB43),$AC43<=INDEX(Paramètres!$M$7:$M$41,$AB43))))),1,0))","v":0},{"$f":"IF($X43=\"\",0,IF(INDEX(Fertilisants!$C$6:$C$45,$X43)=\"Oui\",1,0))","v":0},"","","",""]
[{"$f":"IF(B44=\"\",\"\",COUNT($B$6:B44))","v":""},null,null,{"$f":"IF($W44=\"\",\"\",INDEX(Îlots!$N$6:$N$65,$W44))","v":""},null,null,{"$f":"IF($X44=\"\",\"\",INDEX(Fertilisants!$B$6:$B$45,$X44))","v":""},null,null,{"$f":"IF($X44=\"\",\"\",INDEX(Fertilisants!$D$6:$D$45,$X44))","v":""},"",{"$f":"IF(OR($I44=\"\",$X44=\"\"),\"\",$I44*N(INDEX(Fertilisants!$E$6:$E$45,$X44)))","v":""},{"$f":"IF(OR($I44=\"\",$X44=\"\"),\"\",$I44*N(INDEX(Fertilisants!$G$6:$G$45,$X44)))","v":""},{"$f":"IF(OR($I44=\"\",$X44=\"\"),\"\",$I44*N(INDEX(Fertilisants!$H$6:$H$45,$X44)))","v":""},{"$f":"IF(OR($I44=\"\",$X44=\"\"),\"\",$I44*N(INDEX(Fertilisants!$I$6:$I$45,$X44)))","v":""},"",{"$nulls":3},"",null,null,{"$f":"IF($C44=\"\",\"\",IFERROR(MATCH($C44,Îlots!$C$6:$C$65,0),\"\"))","v":""},{"$f":"IF($F44=\"\",\"\",IFERROR(MATCH($F44,Fertilisants!$A$6:$A$45,0),\"\"))","v":""},{"$f":"IF($W44=\"\",\"\",INDEX(Îlots!$D$6:$D$65,$W44))","v":""},{"$f":"IF($W44=\"\",\"\",INDEX(Îlots!$F$6:$F$65,$W44))","v":""},{"$f":"IF($W44=\"\",\"\",IF($E44=ApportCouvert,OccCouvert,INDEX(Îlots!$O$6:$O$65,$W44)))","v":""},{"$f":"IF(OR($AA44=\"\",$G44=\"\",$Z44=\"Non\"),\"\",IFERROR(MATCH($AA44&\" | \"&$G44,Paramètres!$I$7:$I$41,0),\"\"))","v":""},"",{"$f":"IF(OR($AB44=\"\",$AC44=\"\"),0,IF(OR(AND(INDEX(Paramètres!$J$7:$J$41,$AB44)>0,IF(INDEX(Paramètres!$J$7:$J$41,$AB44)<=INDEX(Paramètres!$K$7:$K$41,$AB44),AND($AC44>=INDEX(Paramètres!$J$7:$J$41,$AB44),$AC44<=INDEX(Paramètres!$K$7:$K$41,$AB44)),OR($AC44>=INDEX(Paramètres!$J$7:$J$41,$AB44),$AC44<=INDEX(Paramètres!$K$7:$K$41,$AB44)))),AND(INDEX(Paramètres!$L$7:$L$41,$AB44)>0,IF(INDEX(Paramètres!$L$7:$L$41,$AB44)<=INDEX(Paramètres!$M$7:$M$41,$AB44),AND($AC44>=INDEX(Paramètres!$L$7:$L$41,$AB44),$AC44<=INDEX(Paramètres!$M$7:$M$41,$AB44)),OR($AC44>=INDEX(Paramètres!$L$7:$L$41,$AB44),$AC44<=INDEX(Paramètres!$M$7:$M$41,$AB44))))),1,0))","v":0},{"$f":"IF($X44=\"\",0,IF(INDEX(Fertilisants!$C$6:$C$45,$X44)=\"Oui\",1,0))","v":0},"","","",""]
[{"$f":"IF(B45=\"\",\"\",COUNT($B$6:B45))","v":""},null,null,{"$f":"IF($W45=\"\",\"\",INDEX(Îlots!$N$6:$N$65,$W45))","v":""},null,null,{"$f":"IF($X45=\"\",\"\",INDEX(Fertilisants!$B$6:$B$45,$X45))","v":""},null,null,{"$f":"IF($X45=\"\",\"\",INDEX(Fertilisants!$D$6:$D$45,$X45))","v":""},"",{"$f":"IF(OR($I45=\"\",$X45=\"\"),\"\",$I45*N(INDEX(Fertilisants!$E$6:$E$45,$X45)))","v":""},{"$f":"IF(OR($I45=\"\",$X45=\"\"),\"\",$I45*N(INDEX(Fertilisants!$G$6:$G$45,$X45)))","v":""},{"$f":"IF(OR($I45=\"\",$X45=\"\"),\"\",$I45*N(INDEX(Fertilisants!$H$6:$H$45,$X45)))","v":""},{"$f":"IF(OR($I45=\"\",$X45=\"\"),\"\",$I45*N(INDEX(Fertilisants!$I$6:$I$45,$X45)))","v":""},"",{"$nulls":3},"",null,null,{"$f":"IF($C45=\"\",\"\",IFERROR(MATCH($C45,Îlots!$C$6:$C$65,0),\"\"))","v":""},{"$f":"IF($F45=\"\",\"\",IFERROR(MATCH($F45,Fertilisants!$A$6:$A$45,0),\"\"))","v":""},{"$f":"IF($W45=\"\",\"\",INDEX(Îlots!$D$6:$D$65,$W45))","v":""},{"$f":"IF($W45=\"\",\"\",INDEX(Îlots!$F$6:$F$65,$W45))","v":""},{"$f":"IF($W45=\"\",\"\",IF($E45=ApportCouvert,OccCouvert,INDEX(Îlots!$O$6:$O$65,$W45)))","v":""},{"$f":"IF(OR($AA45=\"\",$G45=\"\",$Z45=\"Non\"),\"\",IFERROR(MATCH($AA45&\" | \"&$G45,Paramètres!$I$7:$I$41,0),\"\"))","v":""},"",{"$f":"IF(OR($AB45=\"\",$AC45=\"\"),0,IF(OR(AND(INDEX(Paramètres!$J$7:$J$41,$AB45)>0,IF(INDEX(Paramètres!$J$7:$J$41,$AB45)<=INDEX(Paramètres!$K$7:$K$41,$AB45),AND($AC45>=INDEX(Paramètres!$J$7:$J$41,$AB45),$AC45<=INDEX(Paramètres!$K$7:$K$41,$AB45)),OR($AC45>=INDEX(Paramètres!$J$7:$J$41,$AB45),$AC45<=INDEX(Paramètres!$K$7:$K$41,$AB45)))),AND(INDEX(Paramètres!$L$7:$L$41,$AB45)>0,IF(INDEX(Paramètres!$L$7:$L$41,$AB45)<=INDEX(Paramètres!$M$7:$M$41,$AB45),AND($AC45>=INDEX(Paramètres!$L$7:$L$41,$AB45),$AC45<=INDEX(Paramètres!$M$7:$M$41,$AB45)),OR($AC45>=INDEX(Paramètres!$L$7:$L$41,$AB45),$AC45<=INDEX(Paramètres!$M$7:$M$41,$AB45))))),1,0))","v":0},{"$f":"IF($X45=\"\",0,IF(INDEX(Fertilisants!$C$6:$C$45,$X45)=\"Oui\",1,0))","v":0},"","","",""]
[{"$f":"IF(B46=\"\",\"\",COUNT($B$6:B46))","v":""},null,null,{"$f":"IF($W46=\"\",\"\",INDEX(Îlots!$N$6:$N$65,$W46))","v":""},null,null,{"$f":"IF($X46=\"\",\"\",INDEX(Fertilisants!$B$6:$B$45,$X46))","v":""},null,null,{"$f":"IF($X46=\"\",\"\",INDEX(Fertilisants!$D$6:$D$45,$X46))","v":""},"",{"$f":"IF(OR($I46=\"\",$X46=\"\"),\"\",$I46*N(INDEX(Fertilisants!$E$6:$E$45,$X46)))","v":""},{"$f":"IF(OR($I46=\"\",$X46=\"\"),\"\",$I46*N(INDEX(Fertilisants!$G$6:$G$45,$X46)))","v":""},{"$f":"IF(OR($I46=\"\",$X46=\"\"),\"\",$I46*N(INDEX(Fertilisants!$H$6:$H$45,$X46)))","v":""},{"$f":"IF(OR($I46=\"\",$X46=\"\"),\"\",$I46*N(INDEX(Fertilisants!$I$6:$I$45,$X46)))","v":""},"",{"$nulls":3},"",null,null,{"$f":"IF($C46=\"\",\"\",IFERROR(MATCH($C46,Îlots!$C$6:$C$65,0),\"\"))","v":""},{"$f":"IF($F46=\"\",\"\",IFERROR(MATCH($F46,Fertilisants!$A$6:$A$45,0),\"\"))","v":""},{"$f":"IF($W46=\"\",\"\",INDEX(Îlots!$D$6:$D$65,$W46))","v":""},{"$f":"IF($W46=\"\",\"\",INDEX(Îlots!$F$6:$F$65,$W46))","v":""},{"$f":"IF($W46=\"\",\"\",IF($E46=ApportCouvert,OccCouvert,INDEX(Îlots!$O$6:$O$65,$W46)))","v":""},{"$f":"IF(OR($AA46=\"\",$G46=\"\",$Z46=\"Non\"),\"\",IFERROR(MATCH($AA46&\" | \"&$G46,Paramètres!$I$7:$I$41,0),\"\"))","v":""},"",{"$f":"IF(OR($AB46=\"\",$AC46=\"\"),0,IF(OR(AND(INDEX(Paramètres!$J$7:$J$41,$AB46)>0,IF(INDEX(Paramètres!$J$7:$J$41,$AB46)<=INDEX(Paramètres!$K$7:$K$41,$AB46),AND($AC46>=INDEX(Paramètres!$J$7:$J$41,$AB46),$AC46<=INDEX(Paramètres!$K$7:$K$41,$AB46)),OR($AC46>=INDEX(Paramètres!$J$7:$J$41,$AB46),$AC46<=INDEX(Paramètres!$K$7:$K$41,$AB46)))),AND(INDEX(Paramètres!$L$7:$L$41,$AB46)>0,IF(INDEX(Paramètres!$L$7:$L$41,$AB46)<=INDEX(Paramètres!$M$7:$M$41,$AB46),AND($AC46>=INDEX(Paramètres!$L$7:$L$41,$AB46),$AC46<=INDEX(Paramètres!$M$7:$M$41,$AB46)),OR($AC46>=INDEX(Paramètres!$L$7:$L$41,$AB46),$AC46<=INDEX(Paramètres!$M$7:$M$41,$AB46))))),1,0))","v":0},{"$f":"IF($X46=\"\",0,IF(INDEX(Fertilisants!$C$6:$C$45,$X46)=\"Oui\",1,0))","v":0},"","","",""]
[{"$f":"IF(B47=\"\",\"\",COUNT($B$6:B47))","v":""},null,null,{"$f":"IF($W47=\"\",\"\",INDEX(Îlots!$N$6:$N$65,$W47))","v":""},null,null,{"$f":"IF($X47=\"\",\"\",INDEX(Fertilisants!$B$6:$B$45,$X47))","v":""},null,null,{"$f":"IF($X47=\"\",\"\",INDEX(Fertilisants!$D$6:$D$45,$X47))","v":""},"",{"$f":"IF(OR($I47=\"\",$X47=\"\"),\"\",$I47*N(INDEX(Fertilisants!$E$6:$E$45,$X47)))","v":""},{"$f":"IF(OR($I47=\"\",$X47=\"\"),\"\",$I47*N(INDEX(Fertilisants!$G$6:$G$45,$X47)))","v":""},{"$f":"IF(OR($I47=\"\",$X47=\"\"),\"\",$I47*N(INDEX(Fertilisants!$H$6:$H$45,$X47)))","v":""},{"$f":"IF(OR($I47=\"\",$X47=\"\"),\"\",$I47*N(INDEX(Fertilisants!$I$6:$I$45,$X47)))","v":""},"",{"$nulls":3},"",null,null,{"$f":"IF($C47=\"\",\"\",IFERROR(MATCH($C47,Îlots!$C$6:$C$65,0),\"\"))","v":""},{"$f":"IF($F47=\"\",\"\",IFERROR(MATCH($F47,Fertilisants!$A$6:$A$45,0),\"\"))","v":""},{"$f":"IF($W47=\"\",\"\",INDEX(Îlots!$D$6:$D$65,$W47))","v":""},{"$f":"IF($W47=\"\",\"\",INDEX(Îlots!$F$6:$F$65,$W47))","v":""},{"$f":"IF($W47=\"\",\"\",IF($E47=ApportCouvert,OccCouvert,INDEX(Îlots!$O$6:$O$65,$W47)))","v":""},{"$f":"IF(OR($AA47=\"\",$G47=\"\",$Z47=\"Non\"),\"\",IFERROR(MATCH($AA47&\" | \"&$G47,Paramètres!$I$7:$I$41,0),\"\"))","v":""},"",{"$f":"IF(OR($AB47=\"\",$AC47=\"\"),0,IF(OR(AND(INDEX(Paramètres!$J$7:$J$41,$AB47)>0,IF(INDEX(Paramètres!$J$7:$J$41,$AB47)<=INDEX(Paramètres!$K$7:$K$41,$AB47),AND($AC47>=INDEX(Paramètres!$J$7:$J$41,$AB47),$AC47<=INDEX(Paramètres!$K$7:$K$41,$AB47)),OR($AC47>=INDEX(Paramètres!$J$7:$J$41,$AB47),$AC47<=INDEX(Paramètres!$K$7:$K$41,$AB47)))),AND(INDEX(Paramètres!$L$7:$L$41,$AB47)>0,IF(INDEX(Paramètres!$L$7:$L$41,$AB47)<=INDEX(Paramètres!$M$7:$M$41,$AB47),AND($AC47>=INDEX(Paramètres!$L$7:$L$41,$AB47),$AC47<=INDEX(Paramètres!$M$7:$M$41,$AB47)),OR($AC47>=INDEX(Paramètres!$L$7:$L$41,$AB47),$AC47<=INDEX(Paramètres!$M$7:$M$41,$AB47))))),1,0))","v":0},{"$f":"IF($X47=\"\",0,IF(INDEX(Fertilisants!$C$6:$C$45,$X47)=\"Oui\",1,0))","v":0},"","","",""]
[{"$f":"IF(B48=\"\",\"\",COUNT($B$6:B48))","v":""},null,null,{"$f":"IF($W48=\"\",\"\",INDEX(Îlots!$N$6:$N$65,$W48))","v":""},null,null,{"$f":"IF($X48=\"\",\"\",INDEX(Fertilisants!$B$6:$B$45,$X48))","v":""},null,null,{"$f":"IF($X48=\"\",\"\",INDEX(Fertilisants!$D$6:$D$45,$X48))","v":""},"",{"$f":"IF(OR($I48=\"\",$X48=\"\"),\"\",$I48*N(INDEX(Fertilisants!$E$6:$E$45,$X48)))","v":""},{"$f":"IF(OR($I48=\"\",$X48=\"\"),\"\",$I48*N(INDEX(Fertilisants!$G$6:$G$45,$X48)))","v":""},{"$f":"IF(OR($I48=\"\",$X48=\"\"),\"\",$I48*N(INDEX(Fertilisants!$H$6:$H$45,$X48)))","v":""},{"$f":"IF(OR($I48=\"\",$X48=\"\"),\"\",$I48*N(INDEX(Fertilisants!$I$6:$I$45,$X48)))","v":""},"",{"$nulls":3},"",null,null,{"$f":"IF($C48=\"\",\"\",IFERROR(MATCH($C48,Îlots!$C$6:$C$65,0),\"\"))","v":""},{"$f":"IF($F48=\"\",\"\",IFERROR(MATCH($F48,Fertilisants!$A$6:$A$45,0),\"\"))","v":""},{"$f":"IF($W48=\"\",\"\",INDEX(Îlots!$D$6:$D$65,$W48))","v":""},{"$f":"IF($W48=\"\",\"\",INDEX(Îlots!$F$6:$F$65,$W48))","v":""},{"$f":"IF($W48=\"\",\"\",IF($E48=ApportCouvert,OccCouvert,INDEX(Îlots!$O$6:$O$65,$W48)))","v":""},{"$f":"IF(OR($AA48=\"\",$G48=\"\",$Z48=\"Non\"),\"\",IFERROR(MATCH($AA48&\" | \"&$G48,Paramètres!$I$7:$I$41,0),\"\"))","v":""},"",{"$f":"IF(OR($AB48=\"\",$AC48=\"\"),0,IF(OR(AND(INDEX(Paramètres!$J$7:$J$41,$AB48)>0,IF(INDEX(Paramètres!$J$7:$J$41,$AB48)<=INDEX(Paramètres!$K$7:$K$41,$AB48),AND($AC48>=INDEX(Paramètres!$J$7:$J$41,$AB48),$AC48<=INDEX(Paramètres!$K$7:$K$41,$AB48)),OR($AC48>=INDEX(Paramètres!$J$7:$J$41,$AB48),$AC48<=INDEX(Paramètres!$K$7:$K$41,$AB48)))),AND(INDEX(Paramètres!$L$7:$L$41,$AB48)>0,IF(INDEX(Paramètres!$L$7:$L$41,$AB48)<=INDEX(Paramètres!$M$7:$M$41,$AB48),AND($AC48>=INDEX(Paramètres!$L$7:$L$41,$AB48),$AC48<=INDEX(Paramètres!$M$7:$M$41,$AB48)),OR($AC48>=INDEX(Paramètres!$L$7:$L$41,$AB48),$AC48<=INDEX(Paramètres!$M$7:$M$41,$AB48))))),1,0))","v":0},{"$f":"IF($X48=\"\",0,IF(INDEX(Fertilisants!$C$6:$C$45,$X48)=\"Oui\",1,0))","v":0},"","","",""]
[{"$f":"IF(B49=\"\",\"\",COUNT($B$6:B49))","v":""},null,null,{"$f":"IF($W49=\"\",\"\",INDEX(Îlots!$N$6:$N$65,$W49))","v":""},null,null,{"$f":"IF($X49=\"\",\"\",INDEX(Fertilisants!$B$6:$B$45,$X49))","v":""},null,null,{"$f":"IF($X49=\"\",\"\",INDEX(Fertilisants!$D$6:$D$45,$X49))","v":""},"",{"$f":"IF(OR($I49=\"\",$X49=\"\"),\"\",$I49*N(INDEX(Fertilisants!$E$6:$E$45,$X49)))","v":""},{"$f":"IF(OR($I49=\"\",$X49=\"\"),\"\",$I49*N(INDEX(Fertilisants!$G$6:$G$45,$X49)))","v":""},{"$f":"IF(OR($I49=\"\",$X49=\"\"),\"\",$I49*N(INDEX(Fertilisants!$H$6:$H$45,$X49)))","v":""},{"$f":"IF(OR($I49=\"\",$X49=\"\"),\"\",$I49*N(INDEX(Fertilisants!$I$6:$I$45,$X49)))","v":""},"",{"$nulls":3},"",null,null,{"$f":"IF($C49=\"\",\"\",IFERROR(MATCH($C49,Îlots!$C$6:$C$65,0),\"\"))","v":""},{"$f":"IF($F49=\"\",\"\",IFERROR(MATCH($F49,Fertilisants!$A$6:$A$45,0),\"\"))","v":""},{"$f":"IF($W49=\"\",\"\",INDEX(Îlots!$D$6:$D$65,$W49))","v":""},{"$f":"IF($W49=\"\",\"\",INDEX(Îlots!$F$6:$F$65,$W49))","v":""},{"$f":"IF($W49=\"\",\"\",IF($E49=ApportCouvert,OccCouvert,INDEX(Îlots!$O$6:$O$65,$W49)))","v":""},{"$f":"IF(OR($AA49=\"\",$G49=\"\",$Z49=\"Non\"),\"\",IFERROR(MATCH($AA49&\" | \"&$G49,Paramètres!$I$7:$I$41,0),\"\"))","v":""},"",{"$f":"IF(OR($AB49=\"\",$AC49=\"\"),0,IF(OR(AND(INDEX(Paramètres!$J$7:$J$41,$AB49)>0,IF(INDEX(Paramètres!$J$7:$J$41,$AB49)<=INDEX(Paramètres!$K$7:$K$41,$AB49),AND($AC49>=INDEX(Paramètres!$J$7:$J$41,$AB49),$AC49<=INDEX(Paramètres!$K$7:$K$41,$AB49)),OR($AC49>=INDEX(Paramètres!$J$7:$J$41,$AB49),$AC49<=INDEX(Paramètres!$K$7:$K$41,$AB49)))),AND(INDEX(Paramètres!$L$7:$L$41,$AB49)>0,IF(INDEX(Paramètres!$L$7:$L$41,$AB49)<=INDEX(Paramètres!$M$7:$M$41,$AB49),AND($AC49>=INDEX(Paramètres!$L$7:$L$41,$AB49),$AC49<=INDEX(Paramètres!$M$7:$M$41,$AB49)),OR($AC49>=INDEX(Paramètres!$L$7:$L$41,$AB49),$AC49<=INDEX(Paramètres!$M$7:$M$41,$AB49))))),1,0))","v":0},{"$f":"IF($X49=\"\",0,IF(INDEX(Fertilisants!$C$6:$C$45,$X49)=\"Oui\",1,0))","v":0},"","","",""]
[{"$f":"IF(B50=\"\",\"\",COUNT($B$6:B50))","v":""},null,null,{"$f":"IF($W50=\"\",\"\",INDEX(Îlots!$N$6:$N$65,$W50))","v":""},null,null,{"$f":"IF($X50=\"\",\"\",INDEX(Fertilisants!$B$6:$B$45,$X50))","v":""},null,null,{"$f":"IF($X50=\"\",\"\",INDEX(Fertilisants!$D$6:$D$45,$X50))","v":""},"",{"$f":"IF(OR($I50=\"\",$X50=\"\"),\"\",$I50*N(INDEX(Fertilisants!$E$6:$E$45,$X50)))","v":""},{"$f":"IF(OR($I50=\"\",$X50=\"\"),\"\",$I50*N(INDEX(Fertilisants!$G$6:$G$45,$X50)))","v":""},{"$f":"IF(OR($I50=\"\",$X50=\"\"),\"\",$I50*N(INDEX(Fertilisants!$H$6:$H$45,$X50)))","v":""},{"$f":"IF(OR($I50=\"\",$X50=\"\"),\"\",$I50*N(INDEX(Fertilisants!$I$6:$I$45,$X50)))","v":""},"",{"$nulls":3},"",null,null,{"$f":"IF($C50=\"\",\"\",IFERROR(MATCH($C50,Îlots!$C$6:$C$65,0),\"\"))","v":""},{"$f":"IF($F50=\"\",\"\",IFERROR(MATCH($F50,Fertilisants!$A$6:$A$45,0),\"\"))","v":""},{"$f":"IF($W50=\"\",\"\",INDEX(Îlots!$D$6:$D$65,$W50))","v":""},{"$f":"IF($W50=\"\",\"\",INDEX(Îlots!$F$6:$F$65,$W50))","v":""},{"$f":"IF($W50=\"\",\"\",IF($E50=ApportCouvert,OccCouvert,INDEX(Îlots!$O$6:$O$65,$W50)))","v":""},{"$f":"IF(OR($AA50=\"\",$G50=\"\",$Z50=\"Non\"),\"\",IFERROR(MATCH($AA50&\" | \"&$G50,Paramètres!$I$7:$I$41,0),\"\"))","v":""},"",{"$f":"IF(OR($AB50=\"\",$AC50=\"\"),0,IF(OR(AND(INDEX(Paramètres!$J$7:$J$41,$AB50)>0,IF(INDEX(Paramètres!$J$7:$J$41,$AB50)<=INDEX(Paramètres!$K$7:$K$41,$AB50),AND($AC50>=INDEX(Paramètres!$J$7:$J$41,$AB50),$AC50<=INDEX(Paramètres!$K$7:$K$41,$AB50)),OR($AC50>=INDEX(Paramètres!$J$7:$J$41,$AB50),$AC50<=INDEX(Paramètres!$K$7:$K$41,$AB50)))),AND(INDEX(Paramètres!$L$7:$L$41,$AB50)>0,IF(INDEX(Paramètres!$L$7:$L$41,$AB50)<=INDEX(Paramètres!$M$7:$M$41,$AB50),AND($AC50>=INDEX(Paramètres!$L$7:$L$41,$AB50),$AC50<=INDEX(Paramètres!$M$7:$M$41,$AB50)),OR($AC50>=INDEX(Paramètres!$L$7:$L$41,$AB50),$AC50<=INDEX(Paramètres!$M$7:$M$41,$AB50))))),1,0))","v":0},{"$f":"IF($X50=\"\",0,IF(INDEX(Fertilisants!$C$6:$C$45,$X50)=\"Oui\",1,0))","v":0},"","","",""]
[{"$f":"IF(B51=\"\",\"\",COUNT($B$6:B51))","v":""},null,null,{"$f":"IF($W51=\"\",\"\",INDEX(Îlots!$N$6:$N$65,$W51))","v":""},null,null,{"$f":"IF($X51=\"\",\"\",INDEX(Fertilisants!$B$6:$B$45,$X51))","v":""},null,null,{"$f":"IF($X51=\"\",\"\",INDEX(Fertilisants!$D$6:$D$45,$X51))","v":""},"",{"$f":"IF(OR($I51=\"\",$X51=\"\"),\"\",$I51*N(INDEX(Fertilisants!$E$6:$E$45,$X51)))","v":""},{"$f":"IF(OR($I51=\"\",$X51=\"\"),\"\",$I51*N(INDEX(Fertilisants!$G$6:$G$45,$X51)))","v":""},{"$f":"IF(OR($I51=\"\",$X51=\"\"),\"\",$I51*N(INDEX(Fertilisants!$H$6:$H$45,$X51)))","v":""},{"$f":"IF(OR($I51=\"\",$X51=\"\"),\"\",$I51*N(INDEX(Fertilisants!$I$6:$I$45,$X51)))","v":""},"",{"$nulls":3},"",null,null,{"$f":"IF($C51=\"\",\"\",IFERROR(MATCH($C51,Îlots!$C$6:$C$65,0),\"\"))","v":""},{"$f":"IF($F51=\"\",\"\",IFERROR(MATCH($F51,Fertilisants!$A$6:$A$45,0),\"\"))","v":""},{"$f":"IF($W51=\"\",\"\",INDEX(Îlots!$D$6:$D$65,$W51))","v":""},{"$f":"IF($W51=\"\",\"\",INDEX(Îlots!$F$6:$F$65,$W51))","v":""},{"$f":"IF($W51=\"\",\"\",IF($E51=ApportCouvert,OccCouvert,INDEX(Îlots!$O$6:$O$65,$W51)))","v":""},{"$f":"IF(OR($AA51=\"\",$G51=\"\",$Z51=\"Non\"),\"\",IFERROR(MATCH($AA51&\" | \"&$G51,Paramètres!$I$7:$I$41,0),\"\"))","v":""},"",{"$f":"IF(OR($AB51=\"\",$AC51=\"\"),0,IF(OR(AND(INDEX(Paramètres!$J$7:$J$41,$AB51)>0,IF(INDEX(Paramètres!$J$7:$J$41,$AB51)<=INDEX(Paramètres!$K$7:$K$41,$AB51),AND($AC51>=INDEX(Paramètres!$J$7:$J$41,$AB51),$AC51<=INDEX(Paramètres!$K$7:$K$41,$AB51)),OR($AC51>=INDEX(Paramètres!$J$7:$J$41,$AB51),$AC51<=INDEX(Paramètres!$K$7:$K$41,$AB51)))),AND(INDEX(Paramètres!$L$7:$L$41,$AB51)>0,IF(INDEX(Paramètres!$L$7:$L$41,$AB51)<=INDEX(Paramètres!$M$7:$M$41,$AB51),AND($AC51>=INDEX(Paramètres!$L$7:$L$41,$AB51),$AC51<=INDEX(Paramètres!$M$7:$M$41,$AB51)),OR($AC51>=INDEX(Paramètres!$L$7:$L$41,$AB51),$AC51<=INDEX(Paramètres!$M$7:$M$41,$AB51))))),1,0))","v":0},{"$f":"IF($X51=\"\",0,IF(INDEX(Fertilisants!$C$6:$C$45,$X51)=\"Oui\",1,0))","v":0},"","","",""]
[{"$f":"IF(B52=\"\",\"\",COUNT($B$6:B52))","v":""},null,null,{"$f":"IF($W52=\"\",\"\",INDEX(Îlots!$N$6:$N$65,$W52))","v":""},null,null,{"$f":"IF($X52=\"\",\"\",INDEX(Fertilisants!$B$6:$B$45,$X52))","v":""},null,null,{"$f":"IF($X52=\"\",\"\",INDEX(Fertilisants!$D$6:$D$45,$X52))","v":""},"",{"$f":"IF(OR($I52=\"\",$X52=\"\"),\"\",$I52*N(INDEX(Fertilisants!$E$6:$E$45,$X52)))","v":""},{"$f":"IF(OR($I52=\"\",$X52=\"\"),\"\",$I52*N(INDEX(Fertilisants!$G$6:$G$45,$X52)))","v":""},{"$f":"IF(OR($I52=\"\",$X52=\"\"),\"\",$I52*N(INDEX(Fertilisants!$H$6:$H$45,$X52)))","v":""},{"$f":"IF(OR($I52=\"\",$X52=\"\"),\"\",$I52*N(INDEX(Fertilisants!$I$6:$I$45,$X52)))","v":""},"",{"$nulls":3},"",null,null,{"$f":"IF($C52=\"\",\"\",IFERROR(MATCH($C52,Îlots!$C$6:$C$65,0),\"\"))","v":""},{"$f":"IF($F52=\"\",\"\",IFERROR(MATCH($F52,Fertilisants!$A$6:$A$45,0),\"\"))","v":""},{"$f":"IF($W52=\"\",\"\",INDEX(Îlots!$D$6:$D$65,$W52))","v":""},{"$f":"IF($W52=\"\",\"\",INDEX(Îlots!$F$6:$F$65,$W52))","v":""},{"$f":"IF($W52=\"\",\"\",IF($E52=ApportCouvert,OccCouvert,INDEX(Îlots!$O$6:$O$65,$W52)))","v":""},{"$f":"IF(OR($AA52=\"\",$G52=\"\",$Z52=\"Non\"),\"\",IFERROR(MATCH($AA52&\" | \"&$G52,Paramètres!$I$7:$I$41,0),\"\"))","v":""},"",{"$f":"IF(OR($AB52=\"\",$AC52=\"\"),0,IF(OR(AND(INDEX(Paramètres!$J$7:$J$41,$AB52)>0,IF(INDEX(Paramètres!$J$7:$J$41,$AB52)<=INDEX(Paramètres!$K$7:$K$41,$AB52),AND($AC52>=INDEX(Paramètres!$J$7:$J$41,$AB52),$AC52<=INDEX(Paramètres!$K$7:$K$41,$AB52)),OR($AC52>=INDEX(Paramètres!$J$7:$J$41,$AB52),$AC52<=INDEX(Paramètres!$K$7:$K$41,$AB52)))),AND(INDEX(Paramètres!$L$7:$L$41,$AB52)>0,IF(INDEX(Paramètres!$L$7:$L$41,$AB52)<=INDEX(Paramètres!$M$7:$M$41,$AB52),AND($AC52>=INDEX(Paramètres!$L$7:$L$41,$AB52),$AC52<=INDEX(Paramètres!$M$7:$M$41,$AB52)),OR($AC52>=INDEX(Paramètres!$L$7:$L$41,$AB52),$AC52<=INDEX(Paramètres!$M$7:$M$41,$AB52))))),1,0))","v":0},{"$f":"IF($X52=\"\",0,IF(INDEX(Fertilisants!$C$6:$C$45,$X52)=\"Oui\",1,0))","v":0},"","","",""]
[{"$f":"IF(B53=\"\",\"\",COUNT($B$6:B53))","v":""},null,null,{"$f":"IF($W53=\"\",\"\",INDEX(Îlots!$N$6:$N$65,$W53))","v":""},null,null,{"$f":"IF($X53=\"\",\"\",INDEX(Fertilisants!$B$6:$B$45,$X53))","v":""},null,null,{"$f":"IF($X53=\"\",\"\",INDEX(Fertilisants!$D$6:$D$45,$X53))","v":""},"",{"$f":"IF(OR($I53=\"\",$X53=\"\"),\"\",$I53*N(INDEX(Fertilisants!$E$6:$E$45,$X53)))","v":""},{"$f":"IF(OR($I53=\"\",$X53=\"\"),\"\",$I53*N(INDEX(Fertilisants!$G$6:$G$45,$X53)))","v":""},{"$f":"IF(OR($I53=\"\",$X53=\"\"),\"\",$I53*N(INDEX(Fertilisants!$H$6:$H$45,$X53)))","v":""},{"$f":"IF(OR($I53=\"\",$X53=\"\"),\"\",$I53*N(INDEX(Fertilisants!$I$6:$I$45,$X53)))","v":""},"",{"$nulls":3},"",null,null,{"$f":"IF($C53=\"\",\"\",IFERROR(MATCH($C53,Îlots!$C$6:$C$65,0),\"\"))","v":""},{"$f":"IF($F53=\"\",\"\",IFERROR(MATCH($F53,Fertilisants!$A$6:$A$45,0),\"\"))","v":""},{"$f":"IF($W53=\"\",\"\",INDEX(Îlots!$D$6:$D$65,$W53))","v":""},{"$f":"IF($W53=\"\",\"\",INDEX(Îlots!$F$6:$F$65,$W53))","v":""},{"$f":"IF($W53=\"\",\"\",IF($E53=ApportCouvert,OccCouvert,INDEX(Îlots!$O$6:$O$65,$W53)))","v":""},{"$f":"IF(OR($AA53=\"\",$G53=\"\",$Z53=\"Non\"),\"\",IFERROR(MATCH($AA53&\" | \"&$G53,Paramètres!$I$7:$I$41,0),\"\"))","v":""},"",{"$f":"IF(OR($AB53=\"\",$AC53=\"\"),0,IF(OR(AND(INDEX(Paramètres!$J$7:$J$41,$AB53)>0,IF(INDEX(Paramètres!$J$7:$J$41,$AB53)<=INDEX(Paramètres!$K$7:$K$41,$AB53),AND($AC53>=INDEX(Paramètres!$J$7:$J$41,$AB53),$AC53<=INDEX(Paramètres!$K$7:$K$41,$AB53)),OR($AC53>=INDEX(Paramètres!$J$7:$J$41,$AB53),$AC53<=INDEX(Paramètres!$K$7:$K$41,$AB53)))),AND(INDEX(Paramètres!$L$7:$L$41,$AB53)>0,IF(INDEX(Paramètres!$L$7:$L$41,$AB53)<=INDEX(Paramètres!$M$7:$M$41,$AB53),AND($AC53>=INDEX(Paramètres!$L$7:$L$41,$AB53),$AC53<=INDEX(Paramètres!$M$7:$M$41,$AB53)),OR($AC53>=INDEX(Paramètres!$L$7:$L$41,$AB53),$AC53<=INDEX(Paramètres!$M$7:$M$41,$AB53))))),1,0))","v":0},{"$f":"IF($X53=\"\",0,IF(INDEX(Fertilisants!$C$6:$C$45,$X53)=\"Oui\",1,0))","v":0},"","","",""]
[{"$f":"IF(B54=\"\",\"\",COUNT($B$6:B54))","v":""},null,null,{"$f":"IF($W54=\"\",\"\",INDEX(Îlots!$N$6:$N$65,$W54))","v":""},null,null,{"$f":"IF($X54=\"\",\"\",INDEX(Fertilisants!$B$6:$B$45,$X54))","v":""},null,null,{"$f":"IF($X54=\"\",\"\",INDEX(Fertilisants!$D$6:$D$45,$X54))","v":""},"",{"$f":"IF(OR($I54=\"\",$X54=\"\"),\"\",$I54*N(INDEX(Fertilisants!$E$6:$E$45,$X54)))","v":""},{"$f":"IF(OR($I54=\"\",$X54=\"\"),\"\",$I54*N(INDEX(Fertilisants!$G$6:$G$45,$X54)))","v":""},{"$f":"IF(OR($I54=\"\",$X54=\"\"),\"\",$I54*N(INDEX(Fertilisants!$H$6:$H$45,$X54)))","v":""},{"$f":"IF(OR($I54=\"\",$X54=\"\"),\"\",$I54*N(INDEX(Fertilisants!$I$6:$I$45,$X54)))","v":""},"",{"$nulls":3},"",null,null,{"$f":"IF($C54=\"\",\"\",IFERROR(MATCH($C54,Îlots!$C$6:$C$65,0),\"\"))","v":""},{"$f":"IF($F54=\"\",\"\",IFERROR(MATCH($F54,Fertilisants!$A$6:$A$45,0),\"\"))","v":""},{"$f":"IF($W54=\"\",\"\",INDEX(Îlots!$D$6:$D$65,$W54))","v":""},{"$f":"IF($W54=\"\",\"\",INDEX(Îlots!$F$6:$F$65,$W54))","v":""},{"$f":"IF($W54=\"\",\"\",IF($E54=ApportCouvert,OccCouvert,INDEX(Îlots!$O$6:$O$65,$W54)))","v":""},{"$f":"IF(OR($AA54=\"\",$G54=\"\",$Z54=\"Non\"),\"\",IFERROR(MATCH($AA54&\" | \"&$G54,Paramètres!$I$7:$I$41,0),\"\"))","v":""},"",{"$f":"IF(OR($AB54=\"\",$AC54=\"\"),0,IF(OR(AND(INDEX(Paramètres!$J$7:$J$41,$AB54)>0,IF(INDEX(Paramètres!$J$7:$J$41,$AB54)<=INDEX(Paramètres!$K$7:$K$41,$AB54),AND($AC54>=INDEX(Paramètres!$J$7:$J$41,$AB54),$AC54<=INDEX(Paramètres!$K$7:$K$41,$AB54)),OR($AC54>=INDEX(Paramètres!$J$7:$J$41,$AB54),$AC54<=INDEX(Paramètres!$K$7:$K$41,$AB54)))),AND(INDEX(Paramètres!$L$7:$L$41,$AB54)>0,IF(INDEX(Paramètres!$L$7:$L$41,$AB54)<=INDEX(Paramètres!$M$7:$M$41,$AB54),AND($AC54>=INDEX(Paramètres!$L$7:$L$41,$AB54),$AC54<=INDEX(Paramètres!$M$7:$M$41,$AB54)),OR($AC54>=INDEX(Paramètres!$L$7:$L$41,$AB54),$AC54<=INDEX(Paramètres!$M$7:$M$41,$AB54))))),1,0))","v":0},{"$f":"IF($X54=\"\",0,IF(INDEX(Fertilisants!$C$6:$C$45,$X54)=\"Oui\",1,0))","v":0},"","","",""]
[{"$f":"IF(B55=\"\",\"\",COUNT($B$6:B55))","v":""},null,null,{"$f":"IF($W55=\"\",\"\",INDEX(Îlots!$N$6:$N$65,$W55))","v":""},null,null,{"$f":"IF($X55=\"\",\"\",INDEX(Fertilisants!$B$6:$B$45,$X55))","v":""},null,null,{"$f":"IF($X55=\"\",\"\",INDEX(Fertilisants!$D$6:$D$45,$X55))","v":""},"",{"$f":"IF(OR($I55=\"\",$X55=\"\"),\"\",$I55*N(INDEX(Fertilisants!$E$6:$E$45,$X55)))","v":""},{"$f":"IF(OR($I55=\"\",$X55=\"\"),\"\",$I55*N(INDEX(Fertilisants!$G$6:$G$45,$X55)))","v":""},{"$f":"IF(OR($I55=\"\",$X55=\"\"),\"\",$I55*N(INDEX(Fertilisants!$H$6:$H$45,$X55)))","v":""},{"$f":"IF(OR($I55=\"\",$X55=\"\"),\"\",$I55*N(INDEX(Fertilisants!$I$6:$I$45,$X55)))","v":""},"",{"$nulls":3},"",null,null,{"$f":"IF($C55=\"\",\"\",IFERROR(MATCH($C55,Îlots!$C$6:$C$65,0),\"\"))","v":""},{"$f":"IF($F55=\"\",\"\",IFERROR(MATCH($F55,Fertilisants!$A$6:$A$45,0),\"\"))","v":""},{"$f":"IF($W55=\"\",\"\",INDEX(Îlots!$D$6:$D$65,$W55))","v":""},{"$f":"IF($W55=\"\",\"\",INDEX(Îlots!$F$6:$F$65,$W55))","v":""},{"$f":"IF($W55=\"\",\"\",IF($E55=ApportCouvert,OccCouvert,INDEX(Îlots!$O$6:$O$65,$W55)))","v":""},{"$f":"IF(OR($AA55=\"\",$G55=\"\",$Z55=\"Non\"),\"\",IFERROR(MATCH($AA55&\" | \"&$G55,Paramètres!$I$7:$I$41,0),\"\"))","v":""},"",{"$f":"IF(OR($AB55=\"\",$AC55=\"\"),0,IF(OR(AND(INDEX(Paramètres!$J$7:$J$41,$AB55)>0,IF(INDEX(Paramètres!$J$7:$J$41,$AB55)<=INDEX(Paramètres!$K$7:$K$41,$AB55),AND($AC55>=INDEX(Paramètres!$J$7:$J$41,$AB55),$AC55<=INDEX(Paramètres!$K$7:$K$41,$AB55)),OR($AC55>=INDEX(Paramètres!$J$7:$J$41,$AB55),$AC55<=INDEX(Paramètres!$K$7:$K$41,$AB55)))),AND(INDEX(Paramètres!$L$7:$L$41,$AB55)>0,IF(INDEX(Paramètres!$L$7:$L$41,$AB55)<=INDEX(Paramètres!$M$7:$M$41,$AB55),AND($AC55>=INDEX(Paramètres!$L$7:$L$41,$AB55),$AC55<=INDEX(Paramètres!$M$7:$M$41,$AB55)),OR($AC55>=INDEX(Paramètres!$L$7:$L$41,$AB55),$AC55<=INDEX(Paramètres!$M$7:$M$41,$AB55))))),1,0))","v":0},{"$f":"IF($X55=\"\",0,IF(INDEX(Fertilisants!$C$6:$C$45,$X55)=\"Oui\",1,0))","v":0},"","","",""]
[{"$f":"IF(B56=\"\",\"\",COUNT($B$6:B56))","v":""},null,null,{"$f":"IF($W56=\"\",\"\",INDEX(Îlots!$N$6:$N$65,$W56))","v":""},null,null,{"$f":"IF($X56=\"\",\"\",INDEX(Fertilisants!$B$6:$B$45,$X56))","v":""},null,null,{"$f":"IF($X56=\"\",\"\",INDEX(Fertilisants!$D$6:$D$45,$X56))","v":""},"",{"$f":"IF(OR($I56=\"\",$X56=\"\"),\"\",$I56*N(INDEX(Fertilisants!$E$6:$E$45,$X56)))","v":""},{"$f":"IF(OR($I56=\"\",$X56=\"\"),\"\",$I56*N(INDEX(Fertilisants!$G$6:$G$45,$X56)))","v":""},{"$f":"IF(OR($I56=\"\",$X56=\"\"),\"\",$I56*N(INDEX(Fertilisants!$H$6:$H$45,$X56)))","v":""},{"$f":"IF(OR($I56=\"\",$X56=\"\"),\"\",$I56*N(INDEX(Fertilisants!$I$6:$I$45,$X56)))","v":""},"",{"$nulls":3},"",null,null,{"$f":"IF($C56=\"\",\"\",IFERROR(MATCH($C56,Îlots!$C$6:$C$65,0),\"\"))","v":""},{"$f":"IF($F56=\"\",\"\",IFERROR(MATCH($F56,Fertilisants!$A$6:$A$45,0),\"\"))","v":""},{"$f":"IF($W56=\"\",\"\",INDEX(Îlots!$D$6:$D$65,$W56))","v":""},{"$f":"IF($W56=\"\",\"\",INDEX(Îlots!$F$6:$F$65,$W56))","v":""},{"$f":"IF($W56=\"\",\"\",IF($E56=ApportCouvert,OccCouvert,INDEX(Îlots!$O$6:$O$65,$W56)))","v":""},{"$f":"IF(OR($AA56=\"\",$G56=\"\",$Z56=\"Non\"),\"\",IFERROR(MATCH($AA56&\" | \"&$G56,Paramètres!$I$7:$I$41,0),\"\"))","v":""},"",{"$f":"IF(OR($AB56=\"\",$AC56=\"\"),0,IF(OR(AND(INDEX(Paramètres!$J$7:$J$41,$AB56)>0,IF(INDEX(Paramètres!$J$7:$J$41,$AB56)<=INDEX(Paramètres!$K$7:$K$41,$AB56),AND($AC56>=INDEX(Paramètres!$J$7:$J$41,$AB56),$AC56<=INDEX(Paramètres!$K$7:$K$41,$AB56)),OR($AC56>=INDEX(Paramètres!$J$7:$J$41,$AB56),$AC56<=INDEX(Paramètres!$K$7:$K$41,$AB56)))),AND(INDEX(Paramètres!$L$7:$L$41,$AB56)>0,IF(INDEX(Paramètres!$L$7:$L$41,$AB56)<=INDEX(Paramètres!$M$7:$M$41,$AB56),AND($AC56>=INDEX(Paramètres!$L$7:$L$41,$AB56),$AC56<=INDEX(Paramètres!$M$7:$M$41,$AB56)),OR($AC56>=INDEX(Paramètres!$L$7:$L$41,$AB56),$AC56<=INDEX(Paramètres!$M$7:$M$41,$AB56))))),1,0))","v":0},{"$f":"IF($X56=\"\",0,IF(INDEX(Fertilisants!$C$6:$C$45,$X56)=\"Oui\",1,0))","v":0},"","","",""]
[{"$f":"IF(B57=\"\",\"\",COUNT($B$6:B57))","v":""},null,null,{"$f":"IF($W57=\"\",\"\",INDEX(Îlots!$N$6:$N$65,$W57))","v":""},null,null,{"$f":"IF($X57=\"\",\"\",INDEX(Fertilisants!$B$6:$B$45,$X57))","v":""},null,null,{"$f":"IF($X57=\"\",\"\",INDEX(Fertilisants!$D$6:$D$45,$X57))","v":""},"",{"$f":"IF(OR($I57=\"\",$X57=\"\"),\"\",$I57*N(INDEX(Fertilisants!$E$6:$E$45,$X57)))","v":""},{"$f":"IF(OR($I57=\"\",$X57=\"\"),\"\",$I57*N(INDEX(Fertilisants!$G$6:$G$45,$X57)))","v":""},{"$f":"IF(OR($I57=\"\",$X57=\"\"),\"\",$I57*N(INDEX(Fertilisants!$H$6:$H$45,$X57)))","v":""},{"$f":"IF(OR($I57=\"\",$X57=\"\"),\"\",$I57*N(INDEX(Fertilisants!$I$6:$I$45,$X57)))","v":""},"",{"$nulls":3},"",null,null,{"$f":"IF($C57=\"\",\"\",IFERROR(MATCH($C57,Îlots!$C$6:$C$65,0),\"\"))","v":""},{"$f":"IF($F57=\"\",\"\",IFERROR(MATCH($F57,Fertilisants!$A$6:$A$45,0),\"\"))","v":""},{"$f":"IF($W57=\"\",\"\",INDEX(Îlots!$D$6:$D$65,$W57))","v":""},{"$f":"IF($W57=\"\",\"\",INDEX(Îlots!$F$6:$F$65,$W57))","v":""},{"$f":"IF($W57=\"\",\"\",IF($E57=ApportCouvert,OccCouvert,INDEX(Îlots!$O$6:$O$65,$W57)))","v":""},{"$f":"IF(OR($AA57=\"\",$G57=\"\",$Z57=\"Non\"),\"\",IFERROR(MATCH($AA57&\" | \"&$G57,Paramètres!$I$7:$I$41,0),\"\"))","v":""},"",{"$f":"IF(OR($AB57=\"\",$AC57=\"\"),0,IF(OR(AND(INDEX(Paramètres!$J$7:$J$41,$AB57)>0,IF(INDEX(Paramètres!$J$7:$J$41,$AB57)<=INDEX(Paramètres!$K$7:$K$41,$AB57),AND($AC57>=INDEX(Paramètres!$J$7:$J$41,$AB57),$AC57<=INDEX(Paramètres!$K$7:$K$41,$AB57)),OR($AC57>=INDEX(Paramètres!$J$7:$J$41,$AB57),$AC57<=INDEX(Paramètres!$K$7:$K$41,$AB57)))),AND(INDEX(Paramètres!$L$7:$L$41,$AB57)>0,IF(INDEX(Paramètres!$L$7:$L$41,$AB57)<=INDEX(Paramètres!$M$7:$M$41,$AB57),AND($AC57>=INDEX(Paramètres!$L$7:$L$41,$AB57),$AC57<=INDEX(Paramètres!$M$7:$M$41,$AB57)),OR($AC57>=INDEX(Paramètres!$L$7:$L$41,$AB57),$AC57<=INDEX(Paramètres!$M$7:$M$41,$AB57))))),1,0))","v":0},{"$f":"IF($X57=\"\",0,IF(INDEX(Fertilisants!$C$6:$C$45,$X57)=\"Oui\",1,0))","v":0},"","","",""]
[{"$f":"IF(B58=\"\",\"\",COUNT($B$6:B58))","v":""},null,null,{"$f":"IF($W58=\"\",\"\",INDEX(Îlots!$N$6:$N$65,$W58))","v":""},null,null,{"$f":"IF($X58=\"\",\"\",INDEX(Fertilisants!$B$6:$B$45,$X58))","v":""},null,null,{"$f":"IF($X58=\"\",\"\",INDEX(Fertilisants!$D$6:$D$45,$X58))","v":""},"",{"$f":"IF(OR($I58=\"\",$X58=\"\"),\"\",$I58*N(INDEX(Fertilisants!$E$6:$E$45,$X58)))","v":""},{"$f":"IF(OR($I58=\"\",$X58=\"\"),\"\",$I58*N(INDEX(Fertilisants!$G$6:$G$45,$X58)))","v":""},{"$f":"IF(OR($I58=\"\",$X58=\"\"),\"\",$I58*N(INDEX(Fertilisants!$H$6:$H$45,$X58)))","v":""},{"$f":"IF(OR($I58=\"\",$X58=\"\"),\"\",$I58*N(INDEX(Fertilisants!$I$6:$I$45,$X58)))","v":""},"",{"$nulls":3},"",null,null,{"$f":"IF($C58=\"\",\"\",IFERROR(MATCH($C58,Îlots!$C$6:$C$65,0),\"\"))","v":""},{"$f":"IF($F58=\"\",\"\",IFERROR(MATCH($F58,Fertilisants!$A$6:$A$45,0),\"\"))","v":""},{"$f":"IF($W58=\"\",\"\",INDEX(Îlots!$D$6:$D$65,$W58))","v":""},{"$f":"IF($W58=\"\",\"\",INDEX(Îlots!$F$6:$F$65,$W58))","v":""},{"$f":"IF($W58=\"\",\"\",IF($E58=ApportCouvert,OccCouvert,INDEX(Îlots!$O$6:$O$65,$W58)))","v":""},{"$f":"IF(OR($AA58=\"\",$G58=\"\",$Z58=\"Non\"),\"\",IFERROR(MATCH($AA58&\" | \"&$G58,Paramètres!$I$7:$I$41,0),\"\"))","v":""},"",{"$f":"IF(OR($AB58=\"\",$AC58=\"\"),0,IF(OR(AND(INDEX(Paramètres!$J$7:$J$41,$AB58)>0,IF(INDEX(Paramètres!$J$7:$J$41,$AB58)<=INDEX(Paramètres!$K$7:$K$41,$AB58),AND($AC58>=INDEX(Paramètres!$J$7:$J$41,$AB58),$AC58<=INDEX(Paramètres!$K$7:$K$41,$AB58)),OR($AC58>=INDEX(Paramètres!$J$7:$J$41,$AB58),$AC58<=INDEX(Paramètres!$K$7:$K$41,$AB58)))),AND(INDEX(Paramètres!$L$7:$L$41,$AB58)>0,IF(INDEX(Paramètres!$L$7:$L$41,$AB58)<=INDEX(Paramètres!$M$7:$M$41,$AB58),AND($AC58>=INDEX(Paramètres!$L$7:$L$41,$AB58),$AC58<=INDEX(Paramètres!$M$7:$M$41,$AB58)),OR($AC58>=INDEX(Paramètres!$L$7:$L$41,$AB58),$AC58<=INDEX(Paramètres!$M$7:$M$41,$AB58))))),1,0))","v":0},{"$f":"IF($X58=\"\",0,IF(INDEX(Fertilisants!$C$6:$C$45,$X58)=\"Oui\",1,0))","v":0},"","","",""]
[{"$f":"IF(B59=\"\",\"\",COUNT($B$6:B59))","v":""},null,null,{"$f":"IF($W59=\"\",\"\",INDEX(Îlots!$N$6:$N$65,$W59))","v":""},null,null,{"$f":"IF($X59=\"\",\"\",INDEX(Fertilisants!$B$6:$B$45,$X59))","v":""},null,null,{"$f":"IF($X59=\"\",\"\",INDEX(Fertilisants!$D$6:$D$45,$X59))","v":""},"",{"$f":"IF(OR($I59=\"\",$X59=\"\"),\"\",$I59*N(INDEX(Fertilisants!$E$6:$E$45,$X59)))","v":""},{"$f":"IF(OR($I59=\"\",$X59=\"\"),\"\",$I59*N(INDEX(Fertilisants!$G$6:$G$45,$X59)))","v":""},{"$f":"IF(OR($I59=\"\",$X59=\"\"),\"\",$I59*N(INDEX(Fertilisants!$H$6:$H$45,$X59)))","v":""},{"$f":"IF(OR($I59=\"\",$X59=\"\"),\"\",$I59*N(INDEX(Fertilisants!$I$6:$I$45,$X59)))","v":""},"",{"$nulls":3},"",null,null,{"$f":"IF($C59=\"\",\"\",IFERROR(MATCH($C59,Îlots!$C$6:$C$65,0),\"\"))","v":""},{"$f":"IF($F59=\"\",\"\",IFERROR(MATCH($F59,Fertilisants!$A$6:$A$45,0),\"\"))","v":""},{"$f":"IF($W59=\"\",\"\",INDEX(Îlots!$D$6:$D$65,$W59))","v":""},{"$f":"IF($W59=\"\",\"\",INDEX(Îlots!$F$6:$F$65,$W59))","v":""},{"$f":"IF($W59=\"\",\"\",IF($E59=ApportCouvert,OccCouvert,INDEX(Îlots!$O$6:$O$65,$W59)))","v":""},{"$f":"IF(OR($AA59=\"\",$G59=\"\",$Z59=\"Non\"),\"\",IFERROR(MATCH($AA59&\" | \"&$G59,Paramètres!$I$7:$I$41,0),\"\"))","v":""},"",{"$f":"IF(OR($AB59=\"\",$AC59=\"\"),0,IF(OR(AND(INDEX(Paramètres!$J$7:$J$41,$AB59)>0,IF(INDEX(Paramètres!$J$7:$J$41,$AB59)<=INDEX(Paramètres!$K$7:$K$41,$AB59),AND($AC59>=INDEX(Paramètres!$J$7:$J$41,$AB59),$AC59<=INDEX(Paramètres!$K$7:$K$41,$AB59)),OR($AC59>=INDEX(Paramètres!$J$7:$J$41,$AB59),$AC59<=INDEX(Paramètres!$K$7:$K$41,$AB59)))),AND(INDEX(Paramètres!$L$7:$L$41,$AB59)>0,IF(INDEX(Paramètres!$L$7:$L$41,$AB59)<=INDEX(Paramètres!$M$7:$M$41,$AB59),AND($AC59>=INDEX(Paramètres!$L$7:$L$41,$AB59),$AC59<=INDEX(Paramètres!$M$7:$M$41,$AB59)),OR($AC59>=INDEX(Paramètres!$L$7:$L$41,$AB59),$AC59<=INDEX(Paramètres!$M$7:$M$41,$AB59))))),1,0))","v":0},{"$f":"IF($X59=\"\",0,IF(INDEX(Fertilisants!$C$6:$C$45,$X59)=\"Oui\",1,0))","v":0},"","","",""]
[{"$f":"IF(B60=\"\",\"\",COUNT($B$6:B60))","v":""},null,null,{"$f":"IF($W60=\"\",\"\",INDEX(Îlots!$N$6:$N$65,$W60))","v":""},null,null,{"$f":"IF($X60=\"\",\"\",INDEX(Fertilisants!$B$6:$B$45,$X60))","v":""},null,null,{"$f":"IF($X60=\"\",\"\",INDEX(Fertilisants!$D$6:$D$45,$X60))","v":""},"",{"$f":"IF(OR($I60=\"\",$X60=\"\"),\"\",$I60*N(INDEX(Fertilisants!$E$6:$E$45,$X60)))","v":""},{"$f":"IF(OR($I60=\"\",$X60=\"\"),\"\",$I60*N(INDEX(Fertilisants!$G$6:$G$45,$X60)))","v":""},{"$f":"IF(OR($I60=\"\",$X60=\"\"),\"\",$I60*N(INDEX(Fertilisants!$H$6:$H$45,$X60)))","v":""},{"$f":"IF(OR($I60=\"\",$X60=\"\"),\"\",$I60*N(INDEX(Fertilisants!$I$6:$I$45,$X60)))","v":""},"",{"$nulls":3},"",null,null,{"$f":"IF($C60=\"\",\"\",IFERROR(MATCH($C60,Îlots!$C$6:$C$65,0),\"\"))","v":""},{"$f":"IF($F60=\"\",\"\",IFERROR(MATCH($F60,Fertilisants!$A$6:$A$45,0),\"\"))","v":""},{"$f":"IF($W60=\"\",\"\",INDEX(Îlots!$D$6:$D$65,$W60))","v":""},{"$f":"IF($W60=\"\",\"\",INDEX(Îlots!$F$6:$F$65,$W60))","v":""},{"$f":"IF($W60=\"\",\"\",IF($E60=ApportCouvert,OccCouvert,INDEX(Îlots!$O$6:$O$65,$W60)))","v":""},{"$f":"IF(OR($AA60=\"\",$G60=\"\",$Z60=\"Non\"),\"\",IFERROR(MATCH($AA60&\" | \"&$G60,Paramètres!$I$7:$I$41,0),\"\"))","v":""},"",{"$f":"IF(OR($AB60=\"\",$AC60=\"\"),0,IF(OR(AND(INDEX(Paramètres!$J$7:$J$41,$AB60)>0,IF(INDEX(Paramètres!$J$7:$J$41,$AB60)<=INDEX(Paramètres!$K$7:$K$41,$AB60),AND($AC60>=INDEX(Paramètres!$J$7:$J$41,$AB60),$AC60<=INDEX(Paramètres!$K$7:$K$41,$AB60)),OR($AC60>=INDEX(Paramètres!$J$7:$J$41,$AB60),$AC60<=INDEX(Paramètres!$K$7:$K$41,$AB60)))),AND(INDEX(Paramètres!$L$7:$L$41,$AB60)>0,IF(INDEX(Paramètres!$L$7:$L$41,$AB60)<=INDEX(Paramètres!$M$7:$M$41,$AB60),AND($AC60>=INDEX(Paramètres!$L$7:$L$41,$AB60),$AC60<=INDEX(Paramètres!$M$7:$M$41,$AB60)),OR($AC60>=INDEX(Paramètres!$L$7:$L$41,$AB60),$AC60<=INDEX(Paramètres!$M$7:$M$41,$AB60))))),1,0))","v":0},{"$f":"IF($X60=\"\",0,IF(INDEX(Fertilisants!$C$6:$C$45,$X60)=\"Oui\",1,0))","v":0},"","","",""]
[{"$f":"IF(B61=\"\",\"\",COUNT($B$6:B61))","v":""},null,null,{"$f":"IF($W61=\"\",\"\",INDEX(Îlots!$N$6:$N$65,$W61))","v":""},null,null,{"$f":"IF($X61=\"\",\"\",INDEX(Fertilisants!$B$6:$B$45,$X61))","v":""},null,null,{"$f":"IF($X61=\"\",\"\",INDEX(Fertilisants!$D$6:$D$45,$X61))","v":""},"",{"$f":"IF(OR($I61=\"\",$X61=\"\"),\"\",$I61*N(INDEX(Fertilisants!$E$6:$E$45,$X61)))","v":""},{"$f":"IF(OR($I61=\"\",$X61=\"\"),\"\",$I61*N(INDEX(Fertilisants!$G$6:$G$45,$X61)))","v":""},{"$f":"IF(OR($I61=\"\",$X61=\"\"),\"\",$I61*N(INDEX(Fertilisants!$H$6:$H$45,$X61)))","v":""},{"$f":"IF(OR($I61=\"\",$X61=\"\"),\"\",$I61*N(INDEX(Fertilisants!$I$6:$I$45,$X61)))","v":""},"",{"$nulls":3},"",null,null,{"$f":"IF($C61=\"\",\"\",IFERROR(MATCH($C61,Îlots!$C$6:$C$65,0),\"\"))","v":""},{"$f":"IF($F61=\"\",\"\",IFERROR(MATCH($F61,Fertilisants!$A$6:$A$45,0),\"\"))","v":""},{"$f":"IF($W61=\"\",\"\",INDEX(Îlots!$D$6:$D$65,$W61))","v":""},{"$f":"IF($W61=\"\",\"\",INDEX(Îlots!$F$6:$F$65,$W61))","v":""},{"$f":"IF($W61=\"\",\"\",IF($E61=ApportCouvert,OccCouvert,INDEX(Îlots!$O$6:$O$65,$W61)))","v":""},{"$f":"IF(OR($AA61=\"\",$G61=\"\",$Z61=\"Non\"),\"\",IFERROR(MATCH($AA61&\" | \"&$G61,Paramètres!$I$7:$I$41,0),\"\"))","v":""},"",{"$f":"IF(OR($AB61=\"\",$AC61=\"\"),0,IF(OR(AND(INDEX(Paramètres!$J$7:$J$41,$AB61)>0,IF(INDEX(Paramètres!$J$7:$J$41,$AB61)<=INDEX(Paramètres!$K$7:$K$41,$AB61),AND($AC61>=INDEX(Paramètres!$J$7:$J$41,$AB61),$AC61<=INDEX(Paramètres!$K$7:$K$41,$AB61)),OR($AC61>=INDEX(Paramètres!$J$7:$J$41,$AB61),$AC61<=INDEX(Paramètres!$K$7:$K$41,$AB61)))),AND(INDEX(Paramètres!$L$7:$L$41,$AB61)>0,IF(INDEX(Paramètres!$L$7:$L$41,$AB61)<=INDEX(Paramètres!$M$7:$M$41,$AB61),AND($AC61>=INDEX(Paramètres!$L$7:$L$41,$AB61),$AC61<=INDEX(Paramètres!$M$7:$M$41,$AB61)),OR($AC61>=INDEX(Paramètres!$L$7:$L$41,$AB61),$AC61<=INDEX(Paramètres!$M$7:$M$41,$AB61))))),1,0))","v":0},{"$f":"IF($X61=\"\",0,IF(INDEX(Fertilisants!$C$6:$C$45,$X61)=\"Oui\",1,0))","v":0},"","","",""]
[{"$f":"IF(B62=\"\",\"\",COUNT($B$6:B62))","v":""},null,null,{"$f":"IF($W62=\"\",\"\",INDEX(Îlots!$N$6:$N$65,$W62))","v":""},null,null,{"$f":"IF($X62=\"\",\"\",INDEX(Fertilisants!$B$6:$B$45,$X62))","v":""},null,null,{"$f":"IF($X62=\"\",\"\",INDEX(Fertilisants!$D$6:$D$45,$X62))","v":""},"",{"$f":"IF(OR($I62=\"\",$X62=\"\"),\"\",$I62*N(INDEX(Fertilisants!$E$6:$E$45,$X62)))","v":""},{"$f":"IF(OR($I62=\"\",$X62=\"\"),\"\",$I62*N(INDEX(Fertilisants!$G$6:$G$45,$X62)))","v":""},{"$f":"IF(OR($I62=\"\",$X62=\"\"),\"\",$I62*N(INDEX(Fertilisants!$H$6:$H$45,$X62)))","v":""},{"$f":"IF(OR($I62=\"\",$X62=\"\"),\"\",$I62*N(INDEX(Fertilisants!$I$6:$I$45,$X62)))","v":""},"",{"$nulls":3},"",null,null,{"$f":"IF($C62=\"\",\"\",IFERROR(MATCH($C62,Îlots!$C$6:$C$65,0),\"\"))","v":""},{"$f":"IF($F62=\"\",\"\",IFERROR(MATCH($F62,Fertilisants!$A$6:$A$45,0),\"\"))","v":""},{"$f":"IF($W62=\"\",\"\",INDEX(Îlots!$D$6:$D$65,$W62))","v":""},{"$f":"IF($W62=\"\",\"\",INDEX(Îlots!$F$6:$F$65,$W62))","v":""},{"$f":"IF($W62=\"\",\"\",IF($E62=ApportCouvert,OccCouvert,INDEX(Îlots!$O$6:$O$65,$W62)))","v":""},{"$f":"IF(OR($AA62=\"\",$G62=\"\",$Z62=\"Non\"),\"\",IFERROR(MATCH($AA62&\" | \"&$G62,Paramètres!$I$7:$I$41,0),\"\"))","v":""},"",{"$f":"IF(OR($AB62=\"\",$AC62=\"\"),0,IF(OR(AND(INDEX(Paramètres!$J$7:$J$41,$AB62)>0,IF(INDEX(Paramètres!$J$7:$J$41,$AB62)<=INDEX(Paramètres!$K$7:$K$41,$AB62),AND($AC62>=INDEX(Paramètres!$J$7:$J$41,$AB62),$AC62<=INDEX(Paramètres!$K$7:$K$41,$AB62)),OR($AC62>=INDEX(Paramètres!$J$7:$J$41,$AB62),$AC62<=INDEX(Paramètres!$K$7:$K$41,$AB62)))),AND(INDEX(Paramètres!$L$7:$L$41,$AB62)>0,IF(INDEX(Paramètres!$L$7:$L$41,$AB62)<=INDEX(Paramètres!$M$7:$M$41,$AB62),AND($AC62>=INDEX(Paramètres!$L$7:$L$41,$AB62),$AC62<=INDEX(Paramètres!$M$7:$M$41,$AB62)),OR($AC62>=INDEX(Paramètres!$L$7:$L$41,$AB62),$AC62<=INDEX(Paramètres!$M$7:$M$41,$AB62))))),1,0))","v":0},{"$f":"IF($X62=\"\",0,IF(INDEX(Fertilisants!$C$6:$C$45,$X62)=\"Oui\",1,0))","v":0},"","","",""]
[{"$f":"IF(B63=\"\",\"\",COUNT($B$6:B63))","v":""},null,null,{"$f":"IF($W63=\"\",\"\",INDEX(Îlots!$N$6:$N$65,$W63))","v":""},null,null,{"$f":"IF($X63=\"\",\"\",INDEX(Fertilisants!$B$6:$B$45,$X63))","v":""},null,null,{"$f":"IF($X63=\"\",\"\",INDEX(Fertilisants!$D$6:$D$45,$X63))","v":""},"",{"$f":"IF(OR($I63=\"\",$X63=\"\"),\"\",$I63*N(INDEX(Fertilisants!$E$6:$E$45,$X63)))","v":""},{"$f":"IF(OR($I63=\"\",$X63=\"\"),\"\",$I63*N(INDEX(Fertilisants!$G$6:$G$45,$X63)))","v":""},{"$f":"IF(OR($I63=\"\",$X63=\"\"),\"\",$I63*N(INDEX(Fertilisants!$H$6:$H$45,$X63)))","v":""},{"$f":"IF(OR($I63=\"\",$X63=\"\"),\"\",$I63*N(INDEX(Fertilisants!$I$6:$I$45,$X63)))","v":""},"",{"$nulls":3},"",null,null,{"$f":"IF($C63=\"\",\"\",IFERROR(MATCH($C63,Îlots!$C$6:$C$65,0),\"\"))","v":""},{"$f":"IF($F63=\"\",\"\",IFERROR(MATCH($F63,Fertilisants!$A$6:$A$45,0),\"\"))","v":""},{"$f":"IF($W63=\"\",\"\",INDEX(Îlots!$D$6:$D$65,$W63))","v":""},{"$f":"IF($W63=\"\",\"\",INDEX(Îlots!$F$6:$F$65,$W63))","v":""},{"$f":"IF($W63=\"\",\"\",IF($E63=ApportCouvert,OccCouvert,INDEX(Îlots!$O$6:$O$65,$W63)))","v":""},{"$f":"IF(OR($AA63=\"\",$G63=\"\",$Z63=\"Non\"),\"\",IFERROR(MATCH($AA63&\" | \"&$G63,Paramètres!$I$7:$I$41,0),\"\"))","v":""},"",{"$f":"IF(OR($AB63=\"\",$AC63=\"\"),0,IF(OR(AND(INDEX(Paramètres!$J$7:$J$41,$AB63)>0,IF(INDEX(Paramètres!$J$7:$J$41,$AB63)<=INDEX(Paramètres!$K$7:$K$41,$AB63),AND($AC63>=INDEX(Paramètres!$J$7:$J$41,$AB63),$AC63<=INDEX(Paramètres!$K$7:$K$41,$AB63)),OR($AC63>=INDEX(Paramètres!$J$7:$J$41,$AB63),$AC63<=INDEX(Paramètres!$K$7:$K$41,$AB63)))),AND(INDEX(Paramètres!$L$7:$L$41,$AB63)>0,IF(INDEX(Paramètres!$L$7:$L$41,$AB63)<=INDEX(Paramètres!$M$7:$M$41,$AB63),AND($AC63>=INDEX(Paramètres!$L$7:$L$41,$AB63),$AC63<=INDEX(Paramètres!$M$7:$M$41,$AB63)),OR($AC63>=INDEX(Paramètres!$L$7:$L$41,$AB63),$AC63<=INDEX(Paramètres!$M$7:$M$41,$AB63))))),1,0))","v":0},{"$f":"IF($X63=\"\",0,IF(INDEX(Fertilisants!$C$6:$C$45,$X63)=\"Oui\",1,0))","v":0},"","","",""]
[{"$f":"IF(B64=\"\",\"\",COUNT($B$6:B64))","v":""},null,null,{"$f":"IF($W64=\"\",\"\",INDEX(Îlots!$N$6:$N$65,$W64))","v":""},null,null,{"$f":"IF($X64=\"\",\"\",INDEX(Fertilisants!$B$6:$B$45,$X64))","v":""},null,null,{"$f":"IF($X64=\"\",\"\",INDEX(Fertilisants!$D$6:$D$45,$X64))","v":""},"",{"$f":"IF(OR($I64=\"\",$X64=\"\"),\"\",$I64*N(INDEX(Fertilisants!$E$6:$E$45,$X64)))","v":""},{"$f":"IF(OR($I64=\"\",$X64=\"\"),\"\",$I64*N(INDEX(Fertilisants!$G$6:$G$45,$X64)))","v":""},{"$f":"IF(OR($I64=\"\",$X64=\"\"),\"\",$I64*N(INDEX(Fertilisants!$H$6:$H$45,$X64)))","v":""},{"$f":"IF(OR($I64=\"\",$X64=\"\"),\"\",$I64*N(INDEX(Fertilisants!$I$6:$I$45,$X64)))","v":""},"",{"$nulls":3},"",null,null,{"$f":"IF($C64=\"\",\"\",IFERROR(MATCH($C64,Îlots!$C$6:$C$65,0),\"\"))","v":""},{"$f":"IF($F64=\"\",\"\",IFERROR(MATCH($F64,Fertilisants!$A$6:$A$45,0),\"\"))","v":""},{"$f":"IF($W64=\"\",\"\",INDEX(Îlots!$D$6:$D$65,$W64))","v":""},{"$f":"IF($W64=\"\",\"\",INDEX(Îlots!$F$6:$F$65,$W64))","v":""},{"$f":"IF($W64=\"\",\"\",IF($E64=ApportCouvert,OccCouvert,INDEX(Îlots!$O$6:$O$65,$W64)))","v":""},{"$f":"IF(OR($AA64=\"\",$G64=\"\",$Z64=\"Non\"),\"\",IFERROR(MATCH($AA64&\" | \"&$G64,Paramètres!$I$7:$I$41,0),\"\"))","v":""},"",{"$f":"IF(OR($AB64=\"\",$AC64=\"\"),0,IF(OR(AND(INDEX(Paramètres!$J$7:$J$41,$AB64)>0,IF(INDEX(Paramètres!$J$7:$J$41,$AB64)<=INDEX(Paramètres!$K$7:$K$41,$AB64),AND($AC64>=INDEX(Paramètres!$J$7:$J$41,$AB64),$AC64<=INDEX(Paramètres!$K$7:$K$41,$AB64)),OR($AC64>=INDEX(Paramètres!$J$7:$J$41,$AB64),$AC64<=INDEX(Paramètres!$K$7:$K$41,$AB64)))),AND(INDEX(Paramètres!$L$7:$L$41,$AB64)>0,IF(INDEX(Paramètres!$L$7:$L$41,$AB64)<=INDEX(Paramètres!$M$7:$M$41,$AB64),AND($AC64>=INDEX(Paramètres!$L$7:$L$41,$AB64),$AC64<=INDEX(Paramètres!$M$7:$M$41,$AB64)),OR($AC64>=INDEX(Paramètres!$L$7:$L$41,$AB64),$AC64<=INDEX(Paramètres!$M$7:$M$41,$AB64))))),1,0))","v":0},{"$f":"IF($X64=\"\",0,IF(INDEX(Fertilisants!$C$6:$C$45,$X64)=\"Oui\",1,0))","v":0},"","","",""]
[{"$f":"IF(B65=\"\",\"\",COUNT($B$6:B65))","v":""},null,null,{"$f":"IF($W65=\"\",\"\",INDEX(Îlots!$N$6:$N$65,$W65))","v":""},null,null,{"$f":"IF($X65=\"\",\"\",INDEX(Fertilisants!$B$6:$B$45,$X65))","v":""},null,null,{"$f":"IF($X65=\"\",\"\",INDEX(Fertilisants!$D$6:$D$45,$X65))","v":""},"",{"$f":"IF(OR($I65=\"\",$X65=\"\"),\"\",$I65*N(INDEX(Fertilisants!$E$6:$E$45,$X65)))","v":""},{"$f":"IF(OR($I65=\"\",$X65=\"\"),\"\",$I65*N(INDEX(Fertilisants!$G$6:$G$45,$X65)))","v":""},{"$f":"IF(OR($I65=\"\",$X65=\"\"),\"\",$I65*N(INDEX(Fertilisants!$H$6:$H$45,$X65)))","v":""},{"$f":"IF(OR($I65=\"\",$X65=\"\"),\"\",$I65*N(INDEX(Fertilisants!$I$6:$I$45,$X65)))","v":""},"",{"$nulls":3},"",null,null,{"$f":"IF($C65=\"\",\"\",IFERROR(MATCH($C65,Îlots!$C$6:$C$65,0),\"\"))","v":""},{"$f":"IF($F65=\"\",\"\",IFERROR(MATCH($F65,Fertilisants!$A$6:$A$45,0),\"\"))","v":""},{"$f":"IF($W65=\"\",\"\",INDEX(Îlots!$D$6:$D$65,$W65))","v":""},{"$f":"IF($W65=\"\",\"\",INDEX(Îlots!$F$6:$F$65,$W65))","v":""},{"$f":"IF($W65=\"\",\"\",IF($E65=ApportCouvert,OccCouvert,INDEX(Îlots!$O$6:$O$65,$W65)))","v":""},{"$f":"IF(OR($AA65=\"\",$G65=\"\",$Z65=\"Non\"),\"\",IFERROR(MATCH($AA65&\" | \"&$G65,Paramètres!$I$7:$I$41,0),\"\"))","v":""},"",{"$f":"IF(OR($AB65=\"\",$AC65=\"\"),0,IF(OR(AND(INDEX(Paramètres!$J$7:$J$41,$AB65)>0,IF(INDEX(Paramètres!$J$7:$J$41,$AB65)<=INDEX(Paramètres!$K$7:$K$41,$AB65),AND($AC65>=INDEX(Paramètres!$J$7:$J$41,$AB65),$AC65<=INDEX(Paramètres!$K$7:$K$41,$AB65)),OR($AC65>=INDEX(Paramètres!$J$7:$J$41,$AB65),$AC65<=INDEX(Paramètres!$K$7:$K$41,$AB65)))),AND(INDEX(Paramètres!$L$7:$L$41,$AB65)>0,IF(INDEX(Paramètres!$L$7:$L$41,$AB65)<=INDEX(Paramètres!$M$7:$M$41,$AB65),AND($AC65>=INDEX(Paramètres!$L$7:$L$41,$AB65),$AC65<=INDEX(Paramètres!$M$7:$M$41,$AB65)),OR($AC65>=INDEX(Paramètres!$L$7:$L$41,$AB65),$AC65<=INDEX(Paramètres!$M$7:$M$41,$AB65))))),1,0))","v":0},{"$f":"IF($X65=\"\",0,IF(INDEX(Fertilisants!$C$6:$C$45,$X65)=\"Oui\",1,0))","v":0},"","","",""]
[{"$f":"IF(B66=\"\",\"\",COUNT($B$6:B66))","v":""},null,null,{"$f":"IF($W66=\"\",\"\",INDEX(Îlots!$N$6:$N$65,$W66))","v":""},null,null,{"$f":"IF($X66=\"\",\"\",INDEX(Fertilisants!$B$6:$B$45,$X66))","v":""},null,null,{"$f":"IF($X66=\"\",\"\",INDEX(Fertilisants!$D$6:$D$45,$X66))","v":""},"",{"$f":"IF(OR($I66=\"\",$X66=\"\"),\"\",$I66*N(INDEX(Fertilisants!$E$6:$E$45,$X66)))","v":""},{"$f":"IF(OR($I66=\"\",$X66=\"\"),\"\",$I66*N(INDEX(Fertilisants!$G$6:$G$45,$X66)))","v":""},{"$f":"IF(OR($I66=\"\",$X66=\"\"),\"\",$I66*N(INDEX(Fertilisants!$H$6:$H$45,$X66)))","v":""},{"$f":"IF(OR($I66=\"\",$X66=\"\"),\"\",$I66*N(INDEX(Fertilisants!$I$6:$I$45,$X66)))","v":""},"",{"$nulls":3},"",null,null,{"$f":"IF($C66=\"\",\"\",IFERROR(MATCH($C66,Îlots!$C$6:$C$65,0),\"\"))","v":""},{"$f":"IF($F66=\"\",\"\",IFERROR(MATCH($F66,Fertilisants!$A$6:$A$45,0),\"\"))","v":""},{"$f":"IF($W66=\"\",\"\",INDEX(Îlots!$D$6:$D$65,$W66))","v":""},{"$f":"IF($W66=\"\",\"\",INDEX(Îlots!$F$6:$F$65,$W66))","v":""},{"$f":"IF($W66=\"\",\"\",IF($E66=ApportCouvert,OccCouvert,INDEX(Îlots!$O$6:$O$65,$W66)))","v":""},{"$f":"IF(OR($AA66=\"\",$G66=\"\",$Z66=\"Non\"),\"\",IFERROR(MATCH($AA66&\" | \"&$G66,Paramètres!$I$7:$I$41,0),\"\"))","v":""},"",{"$f":"IF(OR($AB66=\"\",$AC66=\"\"),0,IF(OR(AND(INDEX(Paramètres!$J$7:$J$41,$AB66)>0,IF(INDEX(Paramètres!$J$7:$J$41,$AB66)<=INDEX(Paramètres!$K$7:$K$41,$AB66),AND($AC66>=INDEX(Paramètres!$J$7:$J$41,$AB66),$AC66<=INDEX(Paramètres!$K$7:$K$41,$AB66)),OR($AC66>=INDEX(Paramètres!$J$7:$J$41,$AB66),$AC66<=INDEX(Paramètres!$K$7:$K$41,$AB66)))),AND(INDEX(Paramètres!$L$7:$L$41,$AB66)>0,IF(INDEX(Paramètres!$L$7:$L$41,$AB66)<=INDEX(Paramètres!$M$7:$M$41,$AB66),AND($AC66>=INDEX(Paramètres!$L$7:$L$41,$AB66),$AC66<=INDEX(Paramètres!$M$7:$M$41,$AB66)),OR($AC66>=INDEX(Paramètres!$L$7:$L$41,$AB66),$AC66<=INDEX(Paramètres!$M$7:$M$41,$AB66))))),1,0))","v":0},{"$f":"IF($X66=\"\",0,IF(INDEX(Fertilisants!$C$6:$C$45,$X66)=\"Oui\",1,0))","v":0},"","","",""]
[{"$f":"IF(B67=\"\",\"\",COUNT($B$6:B67))","v":""},null,null,{"$f":"IF($W67=\"\",\"\",INDEX(Îlots!$N$6:$N$65,$W67))","v":""},null,null,{"$f":"IF($X67=\"\",\"\",INDEX(Fertilisants!$B$6:$B$45,$X67))","v":""},null,null,{"$f":"IF($X67=\"\",\"\",INDEX(Fertilisants!$D$6:$D$45,$X67))","v":""},"",{"$f":"IF(OR($I67=\"\",$X67=\"\"),\"\",$I67*N(INDEX(Fertilisants!$E$6:$E$45,$X67)))","v":""},{"$f":"IF(OR($I67=\"\",$X67=\"\"),\"\",$I67*N(INDEX(Fertilisants!$G$6:$G$45,$X67)))","v":""},{"$f":"IF(OR($I67=\"\",$X67=\"\"),\"\",$I67*N(INDEX(Fertilisants!$H$6:$H$45,$X67)))","v":""},{"$f":"IF(OR($I67=\"\",$X67=\"\"),\"\",$I67*N(INDEX(Fertilisants!$I$6:$I$45,$X67)))","v":""},"",{"$nulls":3},"",null,null,{"$f":"IF($C67=\"\",\"\",IFERROR(MATCH($C67,Îlots!$C$6:$C$65,0),\"\"))","v":""},{"$f":"IF($F67=\"\",\"\",IFERROR(MATCH($F67,Fertilisants!$A$6:$A$45,0),\"\"))","v":""},{"$f":"IF($W67=\"\",\"\",INDEX(Îlots!$D$6:$D$65,$W67))","v":""},{"$f":"IF($W67=\"\",\"\",INDEX(Îlots!$F$6:$F$65,$W67))","v":""},{"$f":"IF($W67=\"\",\"\",IF($E67=ApportCouvert,OccCouvert,INDEX(Îlots!$O$6:$O$65,$W67)))","v":""},{"$f":"IF(OR($AA67=\"\",$G67=\"\",$Z67=\"Non\"),\"\",IFERROR(MATCH($AA67&\" | \"&$G67,Paramètres!$I$7:$I$41,0),\"\"))","v":""},"",{"$f":"IF(OR($AB67=\"\",$AC67=\"\"),0,IF(OR(AND(INDEX(Paramètres!$J$7:$J$41,$AB67)>0,IF(INDEX(Paramètres!$J$7:$J$41,$AB67)<=INDEX(Paramètres!$K$7:$K$41,$AB67),AND($AC67>=INDEX(Paramètres!$J$7:$J$41,$AB67),$AC67<=INDEX(Paramètres!$K$7:$K$41,$AB67)),OR($AC67>=INDEX(Paramètres!$J$7:$J$41,$AB67),$AC67<=INDEX(Paramètres!$K$7:$K$41,$AB67)))),AND(INDEX(Paramètres!$L$7:$L$41,$AB67)>0,IF(INDEX(Paramètres!$L$7:$L$41,$AB67)<=INDEX(Paramètres!$M$7:$M$41,$AB67),AND($AC67>=INDEX(Paramètres!$L$7:$L$41,$AB67),$AC67<=INDEX(Paramètres!$M$7:$M$41,$AB67)),OR($AC67>=INDEX(Paramètres!$L$7:$L$41,$AB67),$AC67<=INDEX(Paramètres!$M$7:$M$41,$AB67))))),1,0))","v":0},{"$f":"IF($X67=\"\",0,IF(INDEX(Fertilisants!$C$6:$C$45,$X67)=\"Oui\",1,0))","v":0},"","","",""]
[{"$f":"IF(B68=\"\",\"\",COUNT($B$6:B68))","v":""},null,null,{"$f":"IF($W68=\"\",\"\",INDEX(Îlots!$N$6:$N$65,$W68))","v":""},null,null,{"$f":"IF($X68=\"\",\"\",INDEX(Fertilisants!$B$6:$B$45,$X68))","v":""},null,null,{"$f":"IF($X68=\"\",\"\",INDEX(Fertilisants!$D$6:$D$45,$X68))","v":""},"",{"$f":"IF(OR($I68=\"\",$X68=\"\"),\"\",$I68*N(INDEX(Fertilisants!$E$6:$E$45,$X68)))","v":""},{"$f":"IF(OR($I68=\"\",$X68=\"\"),\"\",$I68*N(INDEX(Fertilisants!$G$6:$G$45,$X68)))","v":""},{"$f":"IF(OR($I68=\"\",$X68=\"\"),\"\",$I68*N(INDEX(Fertilisants!$H$6:$H$45,$X68)))","v":""},{"$f":"IF(OR($I68=\"\",$X68=\"\"),\"\",$I68*N(INDEX(Fertilisants!$I$6:$I$45,$X68)))","v":""},"",{"$nulls":3},"",null,null,{"$f":"IF($C68=\"\",\"\",IFERROR(MATCH($C68,Îlots!$C$6:$C$65,0),\"\"))","v":""},{"$f":"IF($F68=\"\",\"\",IFERROR(MATCH($F68,Fertilisants!$A$6:$A$45,0),\"\"))","v":""},{"$f":"IF($W68=\"\",\"\",INDEX(Îlots!$D$6:$D$65,$W68))","v":""},{"$f":"IF($W68=\"\",\"\",INDEX(Îlots!$F$6:$F$65,$W68))","v":""},{"$f":"IF($W68=\"\",\"\",IF($E68=ApportCouvert,OccCouvert,INDEX(Îlots!$O$6:$O$65,$W68)))","v":""},{"$f":"IF(OR($AA68=\"\",$G68=\"\",$Z68=\"Non\"),\"\",IFERROR(MATCH($AA68&\" | \"&$G68,Paramètres!$I$7:$I$41,0),\"\"))","v":""},"",{"$f":"IF(OR($AB68=\"\",$AC68=\"\"),0,IF(OR(AND(INDEX(Paramètres!$J$7:$J$41,$AB68)>0,IF(INDEX(Paramètres!$J$7:$J$41,$AB68)<=INDEX(Paramètres!$K$7:$K$41,$AB68),AND($AC68>=INDEX(Paramètres!$J$7:$J$41,$AB68),$AC68<=INDEX(Paramètres!$K$7:$K$41,$AB68)),OR($AC68>=INDEX(Paramètres!$J$7:$J$41,$AB68),$AC68<=INDEX(Paramètres!$K$7:$K$41,$AB68)))),AND(INDEX(Paramètres!$L$7:$L$41,$AB68)>0,IF(INDEX(Paramètres!$L$7:$L$41,$AB68)<=INDEX(Paramètres!$M$7:$M$41,$AB68),AND($AC68>=INDEX(Paramètres!$L$7:$L$41,$AB68),$AC68<=INDEX(Paramètres!$M$7:$M$41,$AB68)),OR($AC68>=INDEX(Paramètres!$L$7:$L$41,$AB68),$AC68<=INDEX(Paramètres!$M$7:$M$41,$AB68))))),1,0))","v":0},{"$f":"IF($X68=\"\",0,IF(INDEX(Fertilisants!$C$6:$C$45,$X68)=\"Oui\",1,0))","v":0},"","","",""]
[{"$f":"IF(B69=\"\",\"\",COUNT($B$6:B69))","v":""},null,null,{"$f":"IF($W69=\"\",\"\",INDEX(Îlots!$N$6:$N$65,$W69))","v":""},null,null,{"$f":"IF($X69=\"\",\"\",INDEX(Fertilisants!$B$6:$B$45,$X69))","v":""},null,null,{"$f":"IF($X69=\"\",\"\",INDEX(Fertilisants!$D$6:$D$45,$X69))","v":""},"",{"$f":"IF(OR($I69=\"\",$X69=\"\"),\"\",$I69*N(INDEX(Fertilisants!$E$6:$E$45,$X69)))","v":""},{"$f":"IF(OR($I69=\"\",$X69=\"\"),\"\",$I69*N(INDEX(Fertilisants!$G$6:$G$45,$X69)))","v":""},{"$f":"IF(OR($I69=\"\",$X69=\"\"),\"\",$I69*N(INDEX(Fertilisants!$H$6:$H$45,$X69)))","v":""},{"$f":"IF(OR($I69=\"\",$X69=\"\"),\"\",$I69*N(INDEX(Fertilisants!$I$6:$I$45,$X69)))","v":""},"",{"$nulls":3},"",null,null,{"$f":"IF($C69=\"\",\"\",IFERROR(MATCH($C69,Îlots!$C$6:$C$65,0),\"\"))","v":""},{"$f":"IF($F69=\"\",\"\",IFERROR(MATCH($F69,Fertilisants!$A$6:$A$45,0),\"\"))","v":""},{"$f":"IF($W69=\"\",\"\",INDEX(Îlots!$D$6:$D$65,$W69))","v":""},{"$f":"IF($W69=\"\",\"\",INDEX(Îlots!$F$6:$F$65,$W69))","v":""},{"$f":"IF($W69=\"\",\"\",IF($E69=ApportCouvert,OccCouvert,INDEX(Îlots!$O$6:$O$65,$W69)))","v":""},{"$f":"IF(OR($AA69=\"\",$G69=\"\",$Z69=\"Non\"),\"\",IFERROR(MATCH($AA69&\" | \"&$G69,Paramètres!$I$7:$I$41,0),\"\"))","v":""},"",{"$f":"IF(OR($AB69=\"\",$AC69=\"\"),0,IF(OR(AND(INDEX(Paramètres!$J$7:$J$41,$AB69)>0,IF(INDEX(Paramètres!$J$7:$J$41,$AB69)<=INDEX(Paramètres!$K$7:$K$41,$AB69),AND($AC69>=INDEX(Paramètres!$J$7:$J$41,$AB69),$AC69<=INDEX(Paramètres!$K$7:$K$41,$AB69)),OR($AC69>=INDEX(Paramètres!$J$7:$J$41,$AB69),$AC69<=INDEX(Paramètres!$K$7:$K$41,$AB69)))),AND(INDEX(Paramètres!$L$7:$L$41,$AB69)>0,IF(INDEX(Paramètres!$L$7:$L$41,$AB69)<=INDEX(Paramètres!$M$7:$M$41,$AB69),AND($AC69>=INDEX(Paramètres!$L$7:$L$41,$AB69),$AC69<=INDEX(Paramètres!$M$7:$M$41,$AB69)),OR($AC69>=INDEX(Paramètres!$L$7:$L$41,$AB69),$AC69<=INDEX(Paramètres!$M$7:$M$41,$AB69))))),1,0))","v":0},{"$f":"IF($X69=\"\",0,IF(INDEX(Fertilisants!$C$6:$C$45,$X69)=\"Oui\",1,0))","v":0},"","","",""]
[{"$f":"IF(B70=\"\",\"\",COUNT($B$6:B70))","v":""},null,null,{"$f":"IF($W70=\"\",\"\",INDEX(Îlots!$N$6:$N$65,$W70))","v":""},null,null,{"$f":"IF($X70=\"\",\"\",INDEX(Fertilisants!$B$6:$B$45,$X70))","v":""},null,null,{"$f":"IF($X70=\"\",\"\",INDEX(Fertilisants!$D$6:$D$45,$X70))","v":""},{"$f":"IF(OR($H70=\"\",$I70=\"\"),\"\",$H70*$I70)","v":""},{"$f":"IF(OR($I70=\"\",$X70=\"\"),\"\",$I70*N(INDEX(Fertilisants!$E$6:$E$45,$X70)))","v":""},{"$f":"IF(OR($I70=\"\",$X70=\"\"),\"\",$I70*N(INDEX(Fertilisants!$G$6:$G$45,$X70)))","v":""},{"$f":"IF(OR($I70=\"\",$X70=\"\"),\"\",$I70*N(INDEX(Fertilisants!$H$6:$H$45,$X70)))","v":""},{"$f":"IF(OR($I70=\"\",$X70=\"\"),\"\",$I70*N(INDEX(Fertilisants!$I$6:$I$45,$X70)))","v":""},{"$f":"IF(OR($H70=\"\",$L70=\"\"),\"\",$H70*$L70)","v":""},{"$nulls":3},{"$f":"IF($B70=\"\",\"\",IF(OR($C70=\"\",$F70=\"\",$H70=\"\",$I70=\"\"),\"À compléter\",IF(OR($Q70=\"Enneigé\",$Q70=\"Détrempé\",$Q70=\"Inondé\",AND($Q70=\"Gelé\",$G70<>\"Type 0\",$G70<>\"Type Ia\")),\"Sol interdit\",IF($AD70=1,\"Période d'interdiction\",IF(AND(ISNUMBER($Y70),ISNUMBER($H70),$H70>$Y70+0.001),\"Surface > îlot\",IF(OR($B70<DebutCampagne,$B70>FinCampagne),\"Hors campagne\",\"Conforme\"))))))","v":""},null,null,{"$f":"IF($C70=\"\",\"\",IFERROR(MATCH($C70,Îlots!$C$6:$C$65,0),\"\"))","v":""},{"$f":"IF($F70=\"\",\"\",IFERROR(MATCH($F70,Fertilisants!$A$6:$A$45,0),\"\"))","v":""},{"$f":"IF($W70=\"\",\"\",INDEX(Îlots!$D$6:$D$65,$W70))","v":""},{"$f":"IF($W70=\"\",\"\",INDEX(Îlots!$F$6:$F$65,$W70))","v":""},{"$f":"IF($W70=\"\",\"\",IF($E70=ApportCouvert,OccCouvert,INDEX(Îlots!$O$6:$O$65,$W70)))","v":""},{"$f":"IF(OR($AA70=\"\",$G70=\"\",$Z70=\"Non\"),\"\",IFERROR(MATCH($AA70&\" | \"&$G70,Paramètres!$I$7:$I$41,0),\"\"))","v":""},{"$f":"IF($B70=\"\",\"\",MONTH($B70)*100+DAY($B70))","v":""},{"$f":"IF(OR($AB70=\"\",$AC70=\"\"),0,IF(OR(AND(INDEX(Paramètres!$J$7:$J$41,$AB70)>0,IF(INDEX(Paramètres!$J$7:$J$41,$AB70)<=INDEX(Paramètres!$K$7:$K$41,$AB70),AND($AC70>=INDEX(Paramètres!$J$7:$J$41,$AB70),$AC70<=INDEX(Paramètres!$K$7:$K$41,$AB70)),OR($AC70>=INDEX(Paramètres!$J$7:$J$41,$AB70),$AC70<=INDEX(Paramètres!$K$7:$K$41,$AB70)))),AND(INDEX(Paramètres!$L$7:$L$41,$AB70)>0,IF(INDEX(Paramètres!$L$7:$L$41,$AB70)<=INDEX(Paramètres!$M$7:$M$41,$AB70),AND($AC70>=INDEX(Paramètres!$L$7:$L$41,$AB70),$AC70<=INDEX(Paramètres!$M$7:$M$41,$AB70)),OR($AC70>=INDEX(Paramètres!$L$7:$L$41,$AB70),$AC70<=INDEX(Paramètres!$M$7:$M$41,$AB70))))),1,0))","v":0},{"$f":"IF($X70=\"\",0,IF(INDEX(Fertilisants!$C$6:$C$45,$X70)=\"Oui\",1,0))","v":0},{"$f":"IF($G70=\"\",\"\",IF($G70=\"Type III\",\"Minéral\",\"Organique\"))","v":""},{"$f":"IF(OR($H70=\"\",$M70=\"\"),\"\",$H70*$M70)","v":""},{"$f":"IF(OR($H70=\"\",$N70=\"\"),\"\",$H70*$N70)","v":""},{"$f":"IF(OR($H70=\"\",$O70=\"\"),\"\",$H70*$O70)","v":""}]
[{"$f":"IF(B71=\"\",\"\",COUNT($B$6:B71))","v":""},null,null,{"$f":"IF($W71=\"\",\"\",INDEX(Îlots!$N$6:$N$65,$W71))","v":""},null,null,{"$f":"IF($X71=\"\",\"\",INDEX(Fertilisants!$B$6:$B$45,$X71))","v":""},null,null,{"$f":"IF($X71=\"\",\"\",INDEX(Fertilisants!$D$6:$D$45,$X71))","v":""},"",{"$f":"IF(OR($I71=\"\",$X71=\"\"),\"\",$I71*N(INDEX(Fertilisants!$E$6:$E$45,$X71)))","v":""},{"$f":"IF(OR($I71=\"\",$X71=\"\"),\"\",$I71*N(INDEX(Fertilisants!$G$6:$G$45,$X71)))","v":""},{"$f":"IF(OR($I71=\"\",$X71=\"\"),\"\",$I71*N(INDEX(Fertilisants!$H$6:$H$45,$X71)))","v":""},{"$f":"IF(OR($I71=\"\",$X71=\"\"),\"\",$I71*N(INDEX(Fertilisants!$I$6:$I$45,$X71)))","v":""},"",{"$nulls":3},"",null,null,{"$f":"IF($C71=\"\",\"\",IFERROR(MATCH($C71,Îlots!$C$6:$C$65,0),\"\"))","v":""},{"$f":"IF($F71=\"\",\"\",IFERROR(MATCH($F71,Fertilisants!$A$6:$A$45,0),\"\"))","v":""},{"$f":"IF($W71=\"\",\"\",INDEX(Îlots!$D$6:$D$65,$W71))","v":""},{"$f":"IF($W71=\"\",\"\",INDEX(Îlots!$F$6:$F$65,$W71))","v":""},{"$f":"IF($W71=\"\",\"\",IF($E71=ApportCouvert,OccCouvert,INDEX(Îlots!$O$6:$O$65,$W71)))","v":""},{"$f":"IF(OR($AA71=\"\",$G71=\"\",$Z71=\"Non\"),\"\",IFERROR(MATCH($AA71&\" | \"&$G71,Paramètres!$I$7:$I$41,0),\"\"))","v":""},"",{"$f":"IF(OR($AB71=\"\",$AC71=\"\"),0,IF(OR(AND(INDEX(Paramètres!$J$7:$J$41,$AB71)>0,IF(INDEX(Paramètres!$J$7:$J$41,$AB71)<=INDEX(Paramètres!$K$7:$K$41,$AB71),AND($AC71>=INDEX(Paramètres!$J$7:$J$41,$AB71),$AC71<=INDEX(Paramètres!$K$7:$K$41,$AB71)),OR($AC71>=INDEX(Paramètres!$J$7:$J$41,$AB71),$AC71<=INDEX(Paramètres!$K$7:$K$41,$AB71)))),AND(INDEX(Paramètres!$L$7:$L$41,$AB71)>0,IF(INDEX(Paramètres!$L$7:$L$41,$AB71)<=INDEX(Paramètres!$M$7:$M$41,$AB71),AND($AC71>=INDEX(Paramètres!$L$7:$L$41,$AB71),$AC71<=INDEX(Paramètres!$M$7:$M$41,$AB71)),OR($AC71>=INDEX(Paramètres!$L$7:$L$41,$AB71),$AC71<=INDEX(Paramètres!$M$7:$M$41,$AB71))))),1,0))","v":0},{"$f":"IF($X71=\"\",0,IF(INDEX(Fertilisants!$C$6:$C$45,$X71)=\"Oui\",1,0))","v":0},"","","",""]
[{"$f":"IF(B72=\"\",\"\",COUNT($B$6:B72))","v":""},null,null,{"$f":"IF($W72=\"\",\"\",INDEX(Îlots!$N$6:$N$65,$W72))","v":""},null,null,{"$f":"IF($X72=\"\",\"\",INDEX(Fertilisants!$B$6:$B$45,$X72))","v":""},null,null,{"$f":"IF($X72=\"\",\"\",INDEX(Fertilisants!$D$6:$D$45,$X72))","v":""},"",{"$f":"IF(OR($I72=\"\",$X72=\"\"),\"\",$I72*N(INDEX(Fertilisants!$E$6:$E$45,$X72)))","v":""},{"$f":"IF(OR($I72=\"\",$X72=\"\"),\"\",$I72*N(INDEX(Fertilisants!$G$6:$G$45,$X72)))","v":""},{"$f":"IF(OR($I72=\"\",$X72=\"\"),\"\",$I72*N(INDEX(Fertilisants!$H$6:$H$45,$X72)))","v":""},{"$f":"IF(OR($I72=\"\",$X72=\"\"),\"\",$I72*N(INDEX(Fertilisants!$I$6:$I$45,$X72)))","v":""},"",{"$nulls":3},"",null,null,{"$f":"IF($C72=\"\",\"\",IFERROR(MATCH($C72,Îlots!$C$6:$C$65,0),\"\"))","v":""},{"$f":"IF($F72=\"\",\"\",IFERROR(MATCH($F72,Fertilisants!$A$6:$A$45,0),\"\"))","v":""},{"$f":"IF($W72=\"\",\"\",INDEX(Îlots!$D$6:$D$65,$W72))","v":""},{"$f":"IF($W72=\"\",\"\",INDEX(Îlots!$F$6:$F$65,$W72))","v":""},{"$f":"IF($W72=\"\",\"\",IF($E72=ApportCouvert,OccCouvert,INDEX(Îlots!$O$6:$O$65,$W72)))","v":""},{"$f":"IF(OR($AA72=\"\",$G72=\"\",$Z72=\"Non\"),\"\",IFERROR(MATCH($AA72&\" | \"&$G72,Paramètres!$I$7:$I$41,0),\"\"))","v":""},"",{"$f":"IF(OR($AB72=\"\",$AC72=\"\"),0,IF(OR(AND(INDEX(Paramètres!$J$7:$J$41,$AB72)>0,IF(INDEX(Paramètres!$J$7:$J$41,$AB72)<=INDEX(Paramètres!$K$7:$K$41,$AB72),AND($AC72>=INDEX(Paramètres!$J$7:$J$41,$AB72),$AC72<=INDEX(Paramètres!$K$7:$K$41,$AB72)),OR($AC72>=INDEX(Paramètres!$J$7:$J$41,$AB72),$AC72<=INDEX(Paramètres!$K$7:$K$41,$AB72)))),AND(INDEX(Paramètres!$L$7:$L$41,$AB72)>0,IF(INDEX(Paramètres!$L$7:$L$41,$AB72)<=INDEX(Paramètres!$M$7:$M$41,$AB72),AND($AC72>=INDEX(Paramètres!$L$7:$L$41,$AB72),$AC72<=INDEX(Paramètres!$M$7:$M$41,$AB72)),OR($AC72>=INDEX(Paramètres!$L$7:$L$41,$AB72),$AC72<=INDEX(Paramètres!$M$7:$M$41,$AB72))))),1,0))","v":0},{"$f":"IF($X72=\"\",0,IF(INDEX(Fertilisants!$C$6:$C$45,$X72)=\"Oui\",1,0))","v":0},"","","",""]
[{"$f":"IF(B73=\"\",\"\",COUNT($B$6:B73))","v":""},null,null,{"$f":"IF($W73=\"\",\"\",INDEX(Îlots!$N$6:$N$65,$W73))","v":""},null,null,{"$f":"IF($X73=\"\",\"\",INDEX(Fertilisants!$B$6:$B$45,$X73))","v":""},null,null,{"$f":"IF($X73=\"\",\"\",INDEX(Fertilisants!$D$6:$D$45,$X73))","v":""},"",{"$f":"IF(OR($I73=\"\",$X73=\"\"),\"\",$I73*N(INDEX(Fertilisants!$E$6:$E$45,$X73)))","v":""},{"$f":"IF(OR($I73=\"\",$X73=\"\"),\"\",$I73*N(INDEX(Fertilisants!$G$6:$G$45,$X73)))","v":""},{"$f":"IF(OR($I73=\"\",$X73=\"\"),\"\",$I73*N(INDEX(Fertilisants!$H$6:$H$45,$X73)))","v":""},{"$f":"IF(OR($I73=\"\",$X73=\"\"),\"\",$I73*N(INDEX(Fertilisants!$I$6:$I$45,$X73)))","v":""},"",{"$nulls":3},"",null,null,{"$f":"IF($C73=\"\",\"\",IFERROR(MATCH($C73,Îlots!$C$6:$C$65,0),\"\"))","v":""},{"$f":"IF($F73=\"\",\"\",IFERROR(MATCH($F73,Fertilisants!$A$6:$A$45,0),\"\"))","v":""},{"$f":"IF($W73=\"\",\"\",INDEX(Îlots!$D$6:$D$65,$W73))","v":""},{"$f":"IF($W73=\"\",\"\",INDEX(Îlots!$F$6:$F$65,$W73))","v":""},{"$f":"IF($W73=\"\",\"\",IF($E73=ApportCouvert,OccCouvert,INDEX(Îlots!$O$6:$O$65,$W73)))","v":""},{"$f":"IF(OR($AA73=\"\",$G73=\"\",$Z73=\"Non\"),\"\",IFERROR(MATCH($AA73&\" | \"&$G73,Paramètres!$I$7:$I$41,0),\"\"))","v":""},"",{"$f":"IF(OR($AB73=\"\",$AC73=\"\"),0,IF(OR(AND(INDEX(Paramètres!$J$7:$J$41,$AB73)>0,IF(INDEX(Paramètres!$J$7:$J$41,$AB73)<=INDEX(Paramètres!$K$7:$K$41,$AB73),AND($AC73>=INDEX(Paramètres!$J$7:$J$41,$AB73),$AC73<=INDEX(Paramètres!$K$7:$K$41,$AB73)),OR($AC73>=INDEX(Paramètres!$J$7:$J$41,$AB73),$AC73<=INDEX(Paramètres!$K$7:$K$41,$AB73)))),AND(INDEX(Paramètres!$L$7:$L$41,$AB73)>0,IF(INDEX(Paramètres!$L$7:$L$41,$AB73)<=INDEX(Paramètres!$M$7:$M$41,$AB73),AND($AC73>=INDEX(Paramètres!$L$7:$L$41,$AB73),$AC73<=INDEX(Paramètres!$M$7:$M$41,$AB73)),OR($AC73>=INDEX(Paramètres!$L$7:$L$41,$AB73),$AC73<=INDEX(Paramètres!$M$7:$M$41,$AB73))))),1,0))","v":0},{"$f":"IF($X73=\"\",0,IF(INDEX(Fertilisants!$C$6:$C$45,$X73)=\"Oui\",1,0))","v":0},"","","",""]
[{"$f":"IF(B74=\"\",\"\",COUNT($B$6:B74))","v":""},null,null,{"$f":"IF($W74=\"\",\"\",INDEX(Îlots!$N$6:$N$65,$W74))","v":""},null,null,{"$f":"IF($X74=\"\",\"\",INDEX(Fertilisants!$B$6:$B$45,$X74))","v":""},null,null,{"$f":"IF($X74=\"\",\"\",INDEX(Fertilisants!$D$6:$D$45,$X74))","v":""},"",{"$f":"IF(OR($I74=\"\",$X74=\"\"),\"\",$I74*N(INDEX(Fertilisants!$E$6:$E$45,$X74)))","v":""},{"$f":"IF(OR($I74=\"\",$X74=\"\"),\"\",$I74*N(INDEX(Fertilisants!$G$6:$G$45,$X74)))","v":""},{"$f":"IF(OR($I74=\"\",$X74=\"\"),\"\",$I74*N(INDEX(Fertilisants!$H$6:$H$45,$X74)))","v":""},{"$f":"IF(OR($I74=\"\",$X74=\"\"),\"\",$I74*N(INDEX(Fertilisants!$I$6:$I$45,$X74)))","v":""},"",{"$nulls":3},"",null,null,{"$f":"IF($C74=\"\",\"\",IFERROR(MATCH($C74,Îlots!$C$6:$C$65,0),\"\"))","v":""},{"$f":"IF($F74=\"\",\"\",IFERROR(MATCH($F74,Fertilisants!$A$6:$A$45,0),\"\"))","v":""},{"$f":"IF($W74=\"\",\"\",INDEX(Îlots!$D$6:$D$65,$W74))","v":""},{"$f":"IF($W74=\"\",\"\",INDEX(Îlots!$F$6:$F$65,$W74))","v":""},{"$f":"IF($W74=\"\",\"\",IF($E74=ApportCouvert,OccCouvert,INDEX(Îlots!$O$6:$O$65,$W74)))","v":""},{"$f":"IF(OR($AA74=\"\",$G74=\"\",$Z74=\"Non\"),\"\",IFERROR(MATCH($AA74&\" | \"&$G74,Paramètres!$I$7:$I$41,0),\"\"))","v":""},"",{"$f":"IF(OR($AB74=\"\",$AC74=\"\"),0,IF(OR(AND(INDEX(Paramètres!$J$7:$J$41,$AB74)>0,IF(INDEX(Paramètres!$J$7:$J$41,$AB74)<=INDEX(Paramètres!$K$7:$K$41,$AB74),AND($AC74>=INDEX(Paramètres!$J$7:$J$41,$AB74),$AC74<=INDEX(Paramètres!$K$7:$K$41,$AB74)),OR($AC74>=INDEX(Paramètres!$J$7:$J$41,$AB74),$AC74<=INDEX(Paramètres!$K$7:$K$41,$AB74)))),AND(INDEX(Paramètres!$L$7:$L$41,$AB74)>0,IF(INDEX(Paramètres!$L$7:$L$41,$AB74)<=INDEX(Paramètres!$M$7:$M$41,$AB74),AND($AC74>=INDEX(Paramètres!$L$7:$L$41,$AB74),$AC74<=INDEX(Paramètres!$M$7:$M$41,$AB74)),OR($AC74>=INDEX(Paramètres!$L$7:$L$41,$AB74),$AC74<=INDEX(Paramètres!$M$7:$M$41,$AB74))))),1,0))","v":0},{"$f":"IF($X74=\"\",0,IF(INDEX(Fertilisants!$C$6:$C$45,$X74)=\"Oui\",1,0))","v":0},"","","",""]
[{"$f":"IF(B75=\"\",\"\",COUNT($B$6:B75))","v":""},null,null,{"$f":"IF($W75=\"\",\"\",INDEX(Îlots!$N$6:$N$65,$W75))","v":""},null,null,{"$f":"IF($X75=\"\",\"\",INDEX(Fertilisants!$B$6:$B$45,$X75))","v":""},null,null,{"$f":"IF($X75=\"\",\"\",INDEX(Fertilisants!$D$6:$D$45,$X75))","v":""},"",{"$f":"IF(OR($I75=\"\",$X75=\"\"),\"\",$I75*N(INDEX(Fertilisants!$E$6:$E$45,$X75)))","v":""},{"$f":"IF(OR($I75=\"\",$X75=\"\"),\"\",$I75*N(INDEX(Fertilisants!$G$6:$G$45,$X75)))","v":""},{"$f":"IF(OR($I75=\"\",$X75=\"\"),\"\",$I75*N(INDEX(Fertilisants!$H$6:$H$45,$X75)))","v":""},{"$f":"IF(OR($I75=\"\",$X75=\"\"),\"\",$I75*N(INDEX(Fertilisants!$I$6:$I$45,$X75)))","v":""},"",{"$nulls":3},"",null,null,{"$f":"IF($C75=\"\",\"\",IFERROR(MATCH($C75,Îlots!$C$6:$C$65,0),\"\"))","v":""},{"$f":"IF($F75=\"\",\"\",IFERROR(MATCH($F75,Fertilisants!$A$6:$A$45,0),\"\"))","v":""},{"$f":"IF($W75=\"\",\"\",INDEX(Îlots!$D$6:$D$65,$W75))","v":""},{"$f":"IF($W75=\"\",\"\",INDEX(Îlots!$F$6:$F$65,$W75))","v":""},{"$f":"IF($W75=\"\",\"\",IF($E75=ApportCouvert,OccCouvert,INDEX(Îlots!$O$6:$O$65,$W75)))","v":""},{"$f":"IF(OR($AA75=\"\",$G75=\"\",$Z75=\"Non\"),\"\",IFERROR(MATCH($AA75&\" | \"&$G75,Paramètres!$I$7:$I$41,0),\"\"))","v":""},"",{"$f":"IF(OR($AB75=\"\",$AC75=\"\"),0,IF(OR(AND(INDEX(Paramètres!$J$7:$J$41,$AB75)>0,IF(INDEX(Paramètres!$J$7:$J$41,$AB75)<=INDEX(Paramètres!$K$7:$K$41,$AB75),AND($AC75>=INDEX(Paramètres!$J$7:$J$41,$AB75),$AC75<=INDEX(Paramètres!$K$7:$K$41,$AB75)),OR($AC75>=INDEX(Paramètres!$J$7:$J$41,$AB75),$AC75<=INDEX(Paramètres!$K$7:$K$41,$AB75)))),AND(INDEX(Paramètres!$L$7:$L$41,$AB75)>0,IF(INDEX(Paramètres!$L$7:$L$41,$AB75)<=INDEX(Paramètres!$M$7:$M$41,$AB75),AND($AC75>=INDEX(Paramètres!$L$7:$L$41,$AB75),$AC75<=INDEX(Paramètres!$M$7:$M$41,$AB75)),OR($AC75>=INDEX(Paramètres!$L$7:$L$41,$AB75),$AC75<=INDEX(Paramètres!$M$7:$M$41,$AB75))))),1,0))","v":0},{"$f":"IF($X75=\"\",0,IF(INDEX(Fertilisants!$C$6:$C$45,$X75)=\"Oui\",1,0))","v":0},"","","",""]
[{"$f":"IF(B76=\"\",\"\",COUNT($B$6:B76))","v":""},null,null,{"$f":"IF($W76=\"\",\"\",INDEX(Îlots!$N$6:$N$65,$W76))","v":""},null,null,{"$f":"IF($X76=\"\",\"\",INDEX(Fertilisants!$B$6:$B$45,$X76))","v":""},null,null,{"$f":"IF($X76=\"\",\"\",INDEX(Fertilisants!$D$6:$D$45,$X76))","v":""},"",{"$f":"IF(OR($I76=\"\",$X76=\"\"),\"\",$I76*N(INDEX(Fertilisants!$E$6:$E$45,$X76)))","v":""},{"$f":"IF(OR($I76=\"\",$X76=\"\"),\"\",$I76*N(INDEX(Fertilisants!$G$6:$G$45,$X76)))","v":""},{"$f":"IF(OR($I76=\"\",$X76=\"\"),\"\",$I76*N(INDEX(Fertilisants!$H$6:$H$45,$X76)))","v":""},{"$f":"IF(OR($I76=\"\",$X76=\"\"),\"\",$I76*N(INDEX(Fertilisants!$I$6:$I$45,$X76)))","v":""},"",{"$nulls":3},"",null,null,{"$f":"IF($C76=\"\",\"\",IFERROR(MATCH($C76,Îlots!$C$6:$C$65,0),\"\"))","v":""},{"$f":"IF($F76=\"\",\"\",IFERROR(MATCH($F76,Fertilisants!$A$6:$A$45,0),\"\"))","v":""},{"$f":"IF($W76=\"\",\"\",INDEX(Îlots!$D$6:$D$65,$W76))","v":""},{"$f":"IF($W76=\"\",\"\",INDEX(Îlots!$F$6:$F$65,$W76))","v":""},{"$f":"IF($W76=\"\",\"\",IF($E76=ApportCouvert,OccCouvert,INDEX(Îlots!$O$6:$O$65,$W76)))","v":""},{"$f":"IF(OR($AA76=\"\",$G76=\"\",$Z76=\"Non\"),\"\",IFERROR(MATCH($AA76&\" | \"&$G76,Paramètres!$I$7:$I$41,0),\"\"))","v":""},"",{"$f":"IF(OR($AB76=\"\",$AC76=\"\"),0,IF(OR(AND(INDEX(Paramètres!$J$7:$J$41,$AB76)>0,IF(INDEX(Paramètres!$J$7:$J$41,$AB76)<=INDEX(Paramètres!$K$7:$K$41,$AB76),AND($AC76>=INDEX(Paramètres!$J$7:$J$41,$AB76),$AC76<=INDEX(Paramètres!$K$7:$K$41,$AB76)),OR($AC76>=INDEX(Paramètres!$J$7:$J$41,$AB76),$AC76<=INDEX(Paramètres!$K$7:$K$41,$AB76)))),AND(INDEX(Paramètres!$L$7:$L$41,$AB76)>0,IF(INDEX(Paramètres!$L$7:$L$41,$AB76)<=INDEX(Paramètres!$M$7:$M$41,$AB76),AND($AC76>=INDEX(Paramètres!$L$7:$L$41,$AB76),$AC76<=INDEX(Paramètres!$M$7:$M$41,$AB76)),OR($AC76>=INDEX(Paramètres!$L$7:$L$41,$AB76),$AC76<=INDEX(Paramètres!$M$7:$M$41,$AB76))))),1,0))","v":0},{"$f":"IF($X76=\"\",0,IF(INDEX(Fertilisants!$C$6:$C$45,$X76)=\"Oui\",1,0))","v":0},"","","",""]
[{"$f":"IF(B77=\"\",\"\",COUNT($B$6:B77))","v":""},null,null,{"$f":"IF($W77=\"\",\"\",INDEX(Îlots!$N$6:$N$65,$W77))","v":""},null,null,{"$f":"IF($X77=\"\",\"\",INDEX(Fertilisants!$B$6:$B$45,$X77))","v":""},null,null,{"$f":"IF($X77=\"\",\"\",INDEX(Fertilisants!$D$6:$D$45,$X77))","v":""},"",{"$f":"IF(OR($I77=\"\",$X77=\"\"),\"\",$I77*N(INDEX(Fertilisants!$E$6:$E$45,$X77)))","v":""},{"$f":"IF(OR($I77=\"\",$X77=\"\"),\"\",$I77*N(INDEX(Fertilisants!$G$6:$G$45,$X77)))","v":""},{"$f":"IF(OR($I77=\"\",$X77=\"\"),\"\",$I77*N(INDEX(Fertilisants!$H$6:$H$45,$X77)))","v":""},{"$f":"IF(OR($I77=\"\",$X77=\"\"),\"\",$I77*N(INDEX(Fertilisants!$I$6:$I$45,$X77)))","v":""},"",{"$nulls":3},"",null,null,{"$f":"IF($C77=\"\",\"\",IFERROR(MATCH($C77,Îlots!$C$6:$C$65,0),\"\"))","v":""},{"$f":"IF($F77=\"\",\"\",IFERROR(MATCH($F77,Fertilisants!$A$6:$A$45,0),\"\"))","v":""},{"$f":"IF($W77=\"\",\"\",INDEX(Îlots!$D$6:$D$65,$W77))","v":""},{"$f":"IF($W77=\"\",\"\",INDEX(Îlots!$F$6:$F$65,$W77))","v":""},{"$f":"IF($W77=\"\",\"\",IF($E77=ApportCouvert,OccCouvert,INDEX(Îlots!$O$6:$O$65,$W77)))","v":""},{"$f":"IF(OR($AA77=\"\",$G77=\"\",$Z77=\"Non\"),\"\",IFERROR(MATCH($AA77&\" | \"&$G77,Paramètres!$I$7:$I$41,0),\"\"))","v":""},"",{"$f":"IF(OR($AB77=\"\",$AC77=\"\"),0,IF(OR(AND(INDEX(Paramètres!$J$7:$J$41,$AB77)>0,IF(INDEX(Paramètres!$J$7:$J$41,$AB77)<=INDEX(Paramètres!$K$7:$K$41,$AB77),AND($AC77>=INDEX(Paramètres!$J$7:$J$41,$AB77),$AC77<=INDEX(Paramètres!$K$7:$K$41,$AB77)),OR($AC77>=INDEX(Paramètres!$J$7:$J$41,$AB77),$AC77<=INDEX(Paramètres!$K$7:$K$41,$AB77)))),AND(INDEX(Paramètres!$L$7:$L$41,$AB77)>0,IF(INDEX(Paramètres!$L$7:$L$41,$AB77)<=INDEX(Paramètres!$M$7:$M$41,$AB77),AND($AC77>=INDEX(Paramètres!$L$7:$L$41,$AB77),$AC77<=INDEX(Paramètres!$M$7:$M$41,$AB77)),OR($AC77>=INDEX(Paramètres!$L$7:$L$41,$AB77),$AC77<=INDEX(Paramètres!$M$7:$M$41,$AB77))))),1,0))","v":0},{"$f":"IF($X77=\"\",0,IF(INDEX(Fertilisants!$C$6:$C$45,$X77)=\"Oui\",1,0))","v":0},"","","",""]
[{"$f":"IF(B78=\"\",\"\",COUNT($B$6:B78))","v":""},null,null,{"$f":"IF($W78=\"\",\"\",INDEX(Îlots!$N$6:$N$65,$W78))","v":""},null,null,{"$f":"IF($X78=\"\",\"\",INDEX(Fertilisants!$B$6:$B$45,$X78))","v":""},null,null,{"$f":"IF($X78=\"\",\"\",INDEX(Fertilisants!$D$6:$D$45,$X78))","v":""},"",{"$f":"IF(OR($I78=\"\",$X78=\"\"),\"\",$I78*N(INDEX(Fertilisants!$E$6:$E$45,$X78)))","v":""},{"$f":"IF(OR($I78=\"\",$X78=\"\"),\"\",$I78*N(INDEX(Fertilisants!$G$6:$G$45,$X78)))","v":""},{"$f":"IF(OR($I78=\"\",$X78=\"\"),\"\",$I78*N(INDEX(Fertilisants!$H$6:$H$45,$X78)))","v":""},{"$f":"IF(OR($I78=\"\",$X78=\"\"),\"\",$I78*N(INDEX(Fertilisants!$I$6:$I$45,$X78)))","v":""},"",{"$nulls":3},"",null,null,{"$f":"IF($C78=\"\",\"\",IFERROR(MATCH($C78,Îlots!$C$6:$C$65,0),\"\"))","v":""},{"$f":"IF($F78=\"\",\"\",IFERROR(MATCH($F78,Fertilisants!$A$6:$A$45,0),\"\"))","v":""},{"$f":"IF($W78=\"\",\"\",INDEX(Îlots!$D$6:$D$65,$W78))","v":""},{"$f":"IF($W78=\"\",\"\",INDEX(Îlots!$F$6:$F$65,$W78))","v":""},{"$f":"IF($W78=\"\",\"\",IF($E78=ApportCouvert,OccCouvert,INDEX(Îlots!$O$6:$O$65,$W78)))","v":""},{"$f":"IF(OR($AA78=\"\",$G78=\"\",$Z78=\"Non\"),\"\",IFERROR(MATCH($AA78&\" | \"&$G78,Paramètres!$I$7:$I$41,0),\"\"))","v":""},"",{"$f":"IF(OR($AB78=\"\",$AC78=\"\"),0,IF(OR(AND(INDEX(Paramètres!$J$7:$J$41,$AB78)>0,IF(INDEX(Paramètres!$J$7:$J$41,$AB78)<=INDEX(Paramètres!$K$7:$K$41,$AB78),AND($AC78>=INDEX(Paramètres!$J$7:$J$41,$AB78),$AC78<=INDEX(Paramètres!$K$7:$K$41,$AB78)),OR($AC78>=INDEX(Paramètres!$J$7:$J$41,$AB78),$AC78<=INDEX(Paramètres!$K$7:$K$41,$AB78)))),AND(INDEX(Paramètres!$L$7:$L$41,$AB78)>0,IF(INDEX(Paramètres!$L$7:$L$41,$AB78)<=INDEX(Paramètres!$M$7:$M$41,$AB78),AND($AC78>=INDEX(Paramètres!$L$7:$L$41,$AB78),$AC78<=INDEX(Paramètres!$M$7:$M$41,$AB78)),OR($AC78>=INDEX(Paramètres!$L$7:$L$41,$AB78),$AC78<=INDEX(Paramètres!$M$7:$M$41,$AB78))))),1,0))","v":0},{"$f":"IF($X78=\"\",0,IF(INDEX(Fertilisants!$C$6:$C$45,$X78)=\"Oui\",1,0))","v":0},"","","",""]
[{"$f":"IF(B79=\"\",\"\",COUNT($B$6:B79))","v":""},null,null,{"$f":"IF($W79=\"\",\"\",INDEX(Îlots!$N$6:$N$65,$W79))","v":""},null,null,{"$f":"IF($X79=\"\",\"\",INDEX(Fertilisants!$B$6:$B$45,$X79))","v":""},null,null,{"$f":"IF($X79=\"\",\"\",INDEX(Fertilisants!$D$6:$D$45,$X79))","v":""},"",{"$f":"IF(OR($I79=\"\",$X79=\"\"),\"\",$I79*N(INDEX(Fertilisants!$E$6:$E$45,$X79)))","v":""},{"$f":"IF(OR($I79=\"\",$X79=\"\"),\"\",$I79*N(INDEX(Fertilisants!$G$6:$G$45,$X79)))","v":""},{"$f":"IF(OR($I79=\"\",$X79=\"\"),\"\",$I79*N(INDEX(Fertilisants!$H$6:$H$45,$X79)))","v":""},{"$f":"IF(OR($I79=\"\",$X79=\"\"),\"\",$I79*N(INDEX(Fertilisants!$I$6:$I$45,$X79)))","v":""},"",{"$nulls":3},"",null,null,{"$f":"IF($C79=\"\",\"\",IFERROR(MATCH($C79,Îlots!$C$6:$C$65,0),\"\"))","v":""},{"$f":"IF($F79=\"\",\"\",IFERROR(MATCH($F79,Fertilisants!$A$6:$A$45,0),\"\"))","v":""},{"$f":"IF($W79=\"\",\"\",INDEX(Îlots!$D$6:$D$65,$W79))","v":""},{"$f":"IF($W79=\"\",\"\",INDEX(Îlots!$F$6:$F$65,$W79))","v":""},{"$f":"IF($W79=\"\",\"\",IF($E79=ApportCouvert,OccCouvert,INDEX(Îlots!$O$6:$O$65,$W79)))","v":""},{"$f":"IF(OR($AA79=\"\",$G79=\"\",$Z79=\"Non\"),\"\",IFERROR(MATCH($AA79&\" | \"&$G79,Paramètres!$I$7:$I$41,0),\"\"))","v":""},"",{"$f":"IF(OR($AB79=\"\",$AC79=\"\"),0,IF(OR(AND(INDEX(Paramètres!$J$7:$J$41,$AB79)>0,IF(INDEX(Paramètres!$J$7:$J$41,$AB79)<=INDEX(Paramètres!$K$7:$K$41,$AB79),AND($AC79>=INDEX(Paramètres!$J$7:$J$41,$AB79),$AC79<=INDEX(Paramètres!$K$7:$K$41,$AB79)),OR($AC79>=INDEX(Paramètres!$J$7:$J$41,$AB79),$AC79<=INDEX(Paramètres!$K$7:$K$41,$AB79)))),AND(INDEX(Paramètres!$L$7:$L$41,$AB79)>0,IF(INDEX(Paramètres!$L$7:$L$41,$AB79)<=INDEX(Paramètres!$M$7:$M$41,$AB79),AND($AC79>=INDEX(Paramètres!$L$7:$L$41,$AB79),$AC79<=INDEX(Paramètres!$M$7:$M$41,$AB79)),OR($AC79>=INDEX(Paramètres!$L$7:$L$41,$AB79),$AC79<=INDEX(Paramètres!$M$7:$M$41,$AB79))))),1,0))","v":0},{"$f":"IF($X79=\"\",0,IF(INDEX(Fertilisants!$C$6:$C$45,$X79)=\"Oui\",1,0))","v":0},"","","",""]
[{"$f":"IF(B80=\"\",\"\",COUNT($B$6:B80))","v":""},null,null,{"$f":"IF($W80=\"\",\"\",INDEX(Îlots!$N$6:$N$65,$W80))","v":""},null,null,{"$f":"IF($X80=\"\",\"\",INDEX(Fertilisants!$B$6:$B$45,$X80))","v":""},null,null,{"$f":"IF($X80=\"\",\"\",INDEX(Fertilisants!$D$6:$D$45,$X80))","v":""},"",{"$f":"IF(OR($I80=\"\",$X80=\"\"),\"\",$I80*N(INDEX(Fertilisants!$E$6:$E$45,$X80)))","v":""},{"$f":"IF(OR($I80=\"\",$X80=\"\"),\"\",$I80*N(INDEX(Fertilisants!$G$6:$G$45,$X80)))","v":""},{"$f":"IF(OR($I80=\"\",$X80=\"\"),\"\",$I80*N(INDEX(Fertilisants!$H$6:$H$45,$X80)))","v":""},{"$f":"IF(OR($I80=\"\",$X80=\"\"),\"\",$I80*N(INDEX(Fertilisants!$I$6:$I$45,$X80)))","v":""},"",{"$nulls":3},"",null,null,{"$f":"IF($C80=\"\",\"\",IFERROR(MATCH($C80,Îlots!$C$6:$C$65,0),\"\"))","v":""},{"$f":"IF($F80=\"\",\"\",IFERROR(MATCH($F80,Fertilisants!$A$6:$A$45,0),\"\"))","v":""},{"$f":"IF($W80=\"\",\"\",INDEX(Îlots!$D$6:$D$65,$W80))","v":""},{"$f":"IF($W80=\"\",\"\",INDEX(Îlots!$F$6:$F$65,$W80))","v":""},{"$f":"IF($W80=\"\",\"\",IF($E80=ApportCouvert,OccCouvert,INDEX(Îlots!$O$6:$O$65,$W80)))","v":""},{"$f":"IF(OR($AA80=\"\",$G80=\"\",$Z80=\"Non\"),\"\",IFERROR(MATCH($AA80&\" | \"&$G80,Paramètres!$I$7:$I$41,0),\"\"))","v":""},"",{"$f":"IF(OR($AB80=\"\",$AC80=\"\"),0,IF(OR(AND(INDEX(Paramètres!$J$7:$J$41,$AB80)>0,IF(INDEX(Paramètres!$J$7:$J$41,$AB80)<=INDEX(Paramètres!$K$7:$K$41,$AB80),AND($AC80>=INDEX(Paramètres!$J$7:$J$41,$AB80),$AC80<=INDEX(Paramètres!$K$7:$K$41,$AB80)),OR($AC80>=INDEX(Paramètres!$J$7:$J$41,$AB80),$AC80<=INDEX(Paramètres!$K$7:$K$41,$AB80)))),AND(INDEX(Paramètres!$L$7:$L$41,$AB80)>0,IF(INDEX(Paramètres!$L$7:$L$41,$AB80)<=INDEX(Paramètres!$M$7:$M$41,$AB80),AND($AC80>=INDEX(Paramètres!$L$7:$L$41,$AB80),$AC80<=INDEX(Paramètres!$M$7:$M$41,$AB80)),OR($AC80>=INDEX(Paramètres!$L$7:$L$41,$AB80),$AC80<=INDEX(Paramètres!$M$7:$M$41,$AB80))))),1,0))","v":0},{"$f":"IF($X80=\"\",0,IF(INDEX(Fertilisants!$C$6:$C$45,$X80)=\"Oui\",1,0))","v":0},"","","",""]
[{"$f":"IF(B81=\"\",\"\",COUNT($B$6:B81))","v":""},null,null,{"$f":"IF($W81=\"\",\"\",INDEX(Îlots!$N$6:$N$65,$W81))","v":""},null,null,{"$f":"IF($X81=\"\",\"\",INDEX(Fertilisants!$B$6:$B$45,$X81))","v":""},null,null,{"$f":"IF($X81=\"\",\"\",INDEX(Fertilisants!$D$6:$D$45,$X81))","v":""},"",{"$f":"IF(OR($I81=\"\",$X81=\"\"),\"\",$I81*N(INDEX(Fertilisants!$E$6:$E$45,$X81)))","v":""},{"$f":"IF(OR($I81=\"\",$X81=\"\"),\"\",$I81*N(INDEX(Fertilisants!$G$6:$G$45,$X81)))","v":""},{"$f":"IF(OR($I81=\"\",$X81=\"\"),\"\",$I81*N(INDEX(Fertilisants!$H$6:$H$45,$X81)))","v":""},{"$f":"IF(OR($I81=\"\",$X81=\"\"),\"\",$I81*N(INDEX(Fertilisants!$I$6:$I$45,$X81)))","v":""},"",{"$nulls":3},"",null,null,{"$f":"IF($C81=\"\",\"\",IFERROR(MATCH($C81,Îlots!$C$6:$C$65,0),\"\"))","v":""},{"$f":"IF($F81=\"\",\"\",IFERROR(MATCH($F81,Fertilisants!$A$6:$A$45,0),\"\"))","v":""},{"$f":"IF($W81=\"\",\"\",INDEX(Îlots!$D$6:$D$65,$W81))","v":""},{"$f":"IF($W81=\"\",\"\",INDEX(Îlots!$F$6:$F$65,$W81))","v":""},{"$f":"IF($W81=\"\",\"\",IF($E81=ApportCouvert,OccCouvert,INDEX(Îlots!$O$6:$O$65,$W81)))","v":""},{"$f":"IF(OR($AA81=\"\",$G81=\"\",$Z81=\"Non\"),\"\",IFERROR(MATCH($AA81&\" | \"&$G81,Paramètres!$I$7:$I$41,0),\"\"))","v":""},"",{"$f":"IF(OR($AB81=\"\",$AC81=\"\"),0,IF(OR(AND(INDEX(Paramètres!$J$7:$J$41,$AB81)>0,IF(INDEX(Paramètres!$J$7:$J$41,$AB81)<=INDEX(Paramètres!$K$7:$K$41,$AB81),AND($AC81>=INDEX(Paramètres!$J$7:$J$41,$AB81),$AC81<=INDEX(Paramètres!$K$7:$K$41,$AB81)),OR($AC81>=INDEX(Paramètres!$J$7:$J$41,$AB81),$AC81<=INDEX(Paramètres!$K$7:$K$41,$AB81)))),AND(INDEX(Paramètres!$L$7:$L$41,$AB81)>0,IF(INDEX(Paramètres!$L$7:$L$41,$AB81)<=INDEX(Paramètres!$M$7:$M$41,$AB81),AND($AC81>=INDEX(Paramètres!$L$7:$L$41,$AB81),$AC81<=INDEX(Paramètres!$M$7:$M$41,$AB81)),OR($AC81>=INDEX(Paramètres!$L$7:$L$41,$AB81),$AC81<=INDEX(Paramètres!$M$7:$M$41,$AB81))))),1,0))","v":0},{"$f":"IF($X81=\"\",0,IF(INDEX(Fertilisants!$C$6:$C$45,$X81)=\"Oui\",1,0))","v":0},"","","",""]
[{"$f":"IF(B82=\"\",\"\",COUNT($B$6:B82))","v":""},null,null,{"$f":"IF($W82=\"\",\"\",INDEX(Îlots!$N$6:$N$65,$W82))","v":""},null,null,{"$f":"IF($X82=\"\",\"\",INDEX(Fertilisants!$B$6:$B$45,$X82))","v":""},null,null,{"$f":"IF($X82=\"\",\"\",INDEX(Fertilisants!$D$6:$D$45,$X82))","v":""},"",{"$f":"IF(OR($I82=\"\",$X82=\"\"),\"\",$I82*N(INDEX(Fertilisants!$E$6:$E$45,$X82)))","v":""},{"$f":"IF(OR($I82=\"\",$X82=\"\"),\"\",$I82*N(INDEX(Fertilisants!$G$6:$G$45,$X82)))","v":""},{"$f":"IF(OR($I82=\"\",$X82=\"\"),\"\",$I82*N(INDEX(Fertilisants!$H$6:$H$45,$X82)))","v":""},{"$f":"IF(OR($I82=\"\",$X82=\"\"),\"\",$I82*N(INDEX(Fertilisants!$I$6:$I$45,$X82)))","v":""},"",{"$nulls":3},"",null,null,{"$f":"IF($C82=\"\",\"\",IFERROR(MATCH($C82,Îlots!$C$6:$C$65,0),\"\"))","v":""},{"$f":"IF($F82=\"\",\"\",IFERROR(MATCH($F82,Fertilisants!$A$6:$A$45,0),\"\"))","v":""},{"$f":"IF($W82=\"\",\"\",INDEX(Îlots!$D$6:$D$65,$W82))","v":""},{"$f":"IF($W82=\"\",\"\",INDEX(Îlots!$F$6:$F$65,$W82))","v":""},{"$f":"IF($W82=\"\",\"\",IF($E82=ApportCouvert,OccCouvert,INDEX(Îlots!$O$6:$O$65,$W82)))","v":""},{"$f":"IF(OR($AA82=\"\",$G82=\"\",$Z82=\"Non\"),\"\",IFERROR(MATCH($AA82&\" | \"&$G82,Paramètres!$I$7:$I$41,0),\"\"))","v":""},"",{"$f":"IF(OR($AB82=\"\",$AC82=\"\"),0,IF(OR(AND(INDEX(Paramètres!$J$7:$J$41,$AB82)>0,IF(INDEX(Paramètres!$J$7:$J$41,$AB82)<=INDEX(Paramètres!$K$7:$K$41,$AB82),AND($AC82>=INDEX(Paramètres!$J$7:$J$41,$AB82),$AC82<=INDEX(Paramètres!$K$7:$K$41,$AB82)),OR($AC82>=INDEX(Paramètres!$J$7:$J$41,$AB82),$AC82<=INDEX(Paramètres!$K$7:$K$41,$AB82)))),AND(INDEX(Paramètres!$L$7:$L$41,$AB82)>0,IF(INDEX(Paramètres!$L$7:$L$41,$AB82)<=INDEX(Paramètres!$M$7:$M$41,$AB82),AND($AC82>=INDEX(Paramètres!$L$7:$L$41,$AB82),$AC82<=INDEX(Paramètres!$M$7:$M$41,$AB82)),OR($AC82>=INDEX(Paramètres!$L$7:$L$41,$AB82),$AC82<=INDEX(Paramètres!$M$7:$M$41,$AB82))))),1,0))","v":0},{"$f":"IF($X82=\"\",0,IF(INDEX(Fertilisants!$C$6:$C$45,$X82)=\"Oui\",1,0))","v":0},"","","",""]
[{"$f":"IF(B83=\"\",\"\",COUNT($B$6:B83))","v":""},null,null,{"$f":"IF($W83=\"\",\"\",INDEX(Îlots!$N$6:$N$65,$W83))","v":""},null,null,{"$f":"IF($X83=\"\",\"\",INDEX(Fertilisants!$B$6:$B$45,$X83))","v":""},null,null,{"$f":"IF($X83=\"\",\"\",INDEX(Fertilisants!$D$6:$D$45,$X83))","v":""},"",{"$f":"IF(OR($I83=\"\",$X83=\"\"),\"\",$I83*N(INDEX(Fertilisants!$E$6:$E$45,$X83)))","v":""},{"$f":"IF(OR($I83=\"\",$X83=\"\"),\"\",$I83*N(INDEX(Fertilisants!$G$6:$G$45,$X83)))","v":""},{"$f":"IF(OR($I83=\"\",$X83=\"\"),\"\",$I83*N(INDEX(Fertilisants!$H$6:$H$45,$X83)))","v":""},{"$f":"IF(OR($I83=\"\",$X83=\"\"),\"\",$I83*N(INDEX(Fertilisants!$I$6:$I$45,$X83)))","v":""},"",{"$nulls":3},"",null,null,{"$f":"IF($C83=\"\",\"\",IFERROR(MATCH($C83,Îlots!$C$6:$C$65,0),\"\"))","v":""},{"$f":"IF($F83=\"\",\"\",IFERROR(MATCH($F83,Fertilisants!$A$6:$A$45,0),\"\"))","v":""},{"$f":"IF($W83=\"\",\"\",INDEX(Îlots!$D$6:$D$65,$W83))","v":""},{"$f":"IF($W83=\"\",\"\",INDEX(Îlots!$F$6:$F$65,$W83))","v":""},{"$f":"IF($W83=\"\",\"\",IF($E83=ApportCouvert,OccCouvert,INDEX(Îlots!$O$6:$O$65,$W83)))","v":""},{"$f":"IF(OR($AA83=\"\",$G83=\"\",$Z83=\"Non\"),\"\",IFERROR(MATCH($AA83&\" | \"&$G83,Paramètres!$I$7:$I$41,0),\"\"))","v":""},"",{"$f":"IF(OR($AB83=\"\",$AC83=\"\"),0,IF(OR(AND(INDEX(Paramètres!$J$7:$J$41,$AB83)>0,IF(INDEX(Paramètres!$J$7:$J$41,$AB83)<=INDEX(Paramètres!$K$7:$K$41,$AB83),AND($AC83>=INDEX(Paramètres!$J$7:$J$41,$AB83),$AC83<=INDEX(Paramètres!$K$7:$K$41,$AB83)),OR($AC83>=INDEX(Paramètres!$J$7:$J$41,$AB83),$AC83<=INDEX(Paramètres!$K$7:$K$41,$AB83)))),AND(INDEX(Paramètres!$L$7:$L$41,$AB83)>0,IF(INDEX(Paramètres!$L$7:$L$41,$AB83)<=INDEX(Paramètres!$M$7:$M$41,$AB83),AND($AC83>=INDEX(Paramètres!$L$7:$L$41,$AB83),$AC83<=INDEX(Paramètres!$M$7:$M$41,$AB83)),OR($AC83>=INDEX(Paramètres!$L$7:$L$41,$AB83),$AC83<=INDEX(Paramètres!$M$7:$M$41,$AB83))))),1,0))","v":0},{"$f":"IF($X83=\"\",0,IF(INDEX(Fertilisants!$C$6:$C$45,$X83)=\"Oui\",1,0))","v":0},"","","",""]
[{"$f":"IF(B84=\"\",\"\",COUNT($B$6:B84))","v":""},null,null,{"$f":"IF($W84=\"\",\"\",INDEX(Îlots!$N$6:$N$65,$W84))","v":""},null,null,{"$f":"IF($X84=\"\",\"\",INDEX(Fertilisants!$B$6:$B$45,$X84))","v":""},null,null,{"$f":"IF($X84=\"\",\"\",INDEX(Fertilisants!$D$6:$D$45,$X84))","v":""},"",{"$f":"IF(OR($I84=\"\",$X84=\"\"),\"\",$I84*N(INDEX(Fertilisants!$E$6:$E$45,$X84)))","v":""},{"$f":"IF(OR($I84=\"\",$X84=\"\"),\"\",$I84*N(INDEX(Fertilisants!$G$6:$G$45,$X84)))","v":""},{"$f":"IF(OR($I84=\"\",$X84=\"\"),\"\",$I84*N(INDEX(Fertilisants!$H$6:$H$45,$X84)))","v":""},{"$f":"IF(OR($I84=\"\",$X84=\"\"),\"\",$I84*N(INDEX(Fertilisants!$I$6:$I$45,$X84)))","v":""},"",{"$nulls":3},"",null,null,{"$f":"IF($C84=\"\",\"\",IFERROR(MATCH($C84,Îlots!$C$6:$C$65,0),\"\"))","v":""},{"$f":"IF($F84=\"\",\"\",IFERROR(MATCH($F84,Fertilisants!$A$6:$A$45,0),\"\"))","v":""},{"$f":"IF($W84=\"\",\"\",INDEX(Îlots!$D$6:$D$65,$W84))","v":""},{"$f":"IF($W84=\"\",\"\",INDEX(Îlots!$F$6:$F$65,$W84))","v":""},{"$f":"IF($W84=\"\",\"\",IF($E84=ApportCouvert,OccCouvert,INDEX(Îlots!$O$6:$O$65,$W84)))","v":""},{"$f":"IF(OR($AA84=\"\",$G84=\"\",$Z84=\"Non\"),\"\",IFERROR(MATCH($AA84&\" | \"&$G84,Paramètres!$I$7:$I$41,0),\"\"))","v":""},"",{"$f":"IF(OR($AB84=\"\",$AC84=\"\"),0,IF(OR(AND(INDEX(Paramètres!$J$7:$J$41,$AB84)>0,IF(INDEX(Paramètres!$J$7:$J$41,$AB84)<=INDEX(Paramètres!$K$7:$K$41,$AB84),AND($AC84>=INDEX(Paramètres!$J$7:$J$41,$AB84),$AC84<=INDEX(Paramètres!$K$7:$K$41,$AB84)),OR($AC84>=INDEX(Paramètres!$J$7:$J$41,$AB84),$AC84<=INDEX(Paramètres!$K$7:$K$41,$AB84)))),AND(INDEX(Paramètres!$L$7:$L$41,$AB84)>0,IF(INDEX(Paramètres!$L$7:$L$41,$AB84)<=INDEX(Paramètres!$M$7:$M$41,$AB84),AND($AC84>=INDEX(Paramètres!$L$7:$L$41,$AB84),$AC84<=INDEX(Paramètres!$M$7:$M$41,$AB84)),OR($AC84>=INDEX(Paramètres!$L$7:$L$41,$AB84),$AC84<=INDEX(Paramètres!$M$7:$M$41,$AB84))))),1,0))","v":0},{"$f":"IF($X84=\"\",0,IF(INDEX(Fertilisants!$C$6:$C$45,$X84)=\"Oui\",1,0))","v":0},"","","",""]
[{"$f":"IF(B85=\"\",\"\",COUNT($B$6:B85))","v":""},null,null,{"$f":"IF($W85=\"\",\"\",INDEX(Îlots!$N$6:$N$65,$W85))","v":""},null,null,{"$f":"IF($X85=\"\",\"\",INDEX(Fertilisants!$B$6:$B$45,$X85))","v":""},null,null,{"$f":"IF($X85=\"\",\"\",INDEX(Fertilisants!$D$6:$D$45,$X85))","v":""},"",{"$f":"IF(OR($I85=\"\",$X85=\"\"),\"\",$I85*N(INDEX(Fertilisants!$E$6:$E$45,$X85)))","v":""},{"$f":"IF(OR($I85=\"\",$X85=\"\"),\"\",$I85*N(INDEX(Fertilisants!$G$6:$G$45,$X85)))","v":""},{"$f":"IF(OR($I85=\"\",$X85=\"\"),\"\",$I85*N(INDEX(Fertilisants!$H$6:$H$45,$X85)))","v":""},{"$f":"IF(OR($I85=\"\",$X85=\"\"),\"\",$I85*N(INDEX(Fertilisants!$I$6:$I$45,$X85)))","v":""},"",{"$nulls":3},"",null,null,{"$f":"IF($C85=\"\",\"\",IFERROR(MATCH($C85,Îlots!$C$6:$C$65,0),\"\"))","v":""},{"$f":"IF($F85=\"\",\"\",IFERROR(MATCH($F85,Fertilisants!$A$6:$A$45,0),\"\"))","v":""},{"$f":"IF($W85=\"\",\"\",INDEX(Îlots!$D$6:$D$65,$W85))","v":""},{"$f":"IF($W85=\"\",\"\",INDEX(Îlots!$F$6:$F$65,$W85))","v":""},{"$f":"IF($W85=\"\",\"\",IF($E85=ApportCouvert,OccCouvert,INDEX(Îlots!$O$6:$O$65,$W85)))","v":""},{"$f":"IF(OR($AA85=\"\",$G85=\"\",$Z85=\"Non\"),\"\",IFERROR(MATCH($AA85&\" | \"&$G85,Paramètres!$I$7:$I$41,0),\"\"))","v":""},"",{"$f":"IF(OR($AB85=\"\",$AC85=\"\"),0,IF(OR(AND(INDEX(Paramètres!$J$7:$J$41,$AB85)>0,IF(INDEX(Paramètres!$J$7:$J$41,$AB85)<=INDEX(Paramètres!$K$7:$K$41,$AB85),AND($AC85>=INDEX(Paramètres!$J$7:$J$41,$AB85),$AC85<=INDEX(Paramètres!$K$7:$K$41,$AB85)),OR($AC85>=INDEX(Paramètres!$J$7:$J$41,$AB85),$AC85<=INDEX(Paramètres!$K$7:$K$41,$AB85)))),AND(INDEX(Paramètres!$L$7:$L$41,$AB85)>0,IF(INDEX(Paramètres!$L$7:$L$41,$AB85)<=INDEX(Paramètres!$M$7:$M$41,$AB85),AND($AC85>=INDEX(Paramètres!$L$7:$L$41,$AB85),$AC85<=INDEX(Paramètres!$M$7:$M$41,$AB85)),OR($AC85>=INDEX(Paramètres!$L$7:$L$41,$AB85),$AC85<=INDEX(Paramètres!$M$7:$M$41,$AB85))))),1,0))","v":0},{"$f":"IF($X85=\"\",0,IF(INDEX(Fertilisants!$C$6:$C$45,$X85)=\"Oui\",1,0))","v":0},"","","",""]
[{"$f":"IF(B86=\"\",\"\",COUNT($B$6:B86))","v":""},null,null,{"$f":"IF($W86=\"\",\"\",INDEX(Îlots!$N$6:$N$65,$W86))","v":""},null,null,{"$f":"IF($X86=\"\",\"\",INDEX(Fertilisants!$B$6:$B$45,$X86))","v":""},null,null,{"$f":"IF($X86=\"\",\"\",INDEX(Fertilisants!$D$6:$D$45,$X86))","v":""},"",{"$f":"IF(OR($I86=\"\",$X86=\"\"),\"\",$I86*N(INDEX(Fertilisants!$E$6:$E$45,$X86)))","v":""},{"$f":"IF(OR($I86=\"\",$X86=\"\"),\"\",$I86*N(INDEX(Fertilisants!$G$6:$G$45,$X86)))","v":""},{"$f":"IF(OR($I86=\"\",$X86=\"\"),\"\",$I86*N(INDEX(Fertilisants!$H$6:$H$45,$X86)))","v":""},{"$f":"IF(OR($I86=\"\",$X86=\"\"),\"\",$I86*N(INDEX(Fertilisants!$I$6:$I$45,$X86)))","v":""},"",{"$nulls":3},"",null,null,{"$f":"IF($C86=\"\",\"\",IFERROR(MATCH($C86,Îlots!$C$6:$C$65,0),\"\"))","v":""},{"$f":"IF($F86=\"\",\"\",IFERROR(MATCH($F86,Fertilisants!$A$6:$A$45,0),\"\"))","v":""},{"$f":"IF($W86=\"\",\"\",INDEX(Îlots!$D$6:$D$65,$W86))","v":""},{"$f":"IF($W86=\"\",\"\",INDEX(Îlots!$F$6:$F$65,$W86))","v":""},{"$f":"IF($W86=\"\",\"\",IF($E86=ApportCouvert,OccCouvert,INDEX(Îlots!$O$6:$O$65,$W86)))","v":""},{"$f":"IF(OR($AA86=\"\",$G86=\"\",$Z86=\"Non\"),\"\",IFERROR(MATCH($AA86&\" | \"&$G86,Paramètres!$I$7:$I$41,0),\"\"))","v":""},"",{"$f":"IF(OR($AB86=\"\",$AC86=\"\"),0,IF(OR(AND(INDEX(Paramètres!$J$7:$J$41,$AB86)>0,IF(INDEX(Paramètres!$J$7:$J$41,$AB86)<=INDEX(Paramètres!$K$7:$K$41,$AB86),AND($AC86>=INDEX(Paramètres!$J$7:$J$41,$AB86),$AC86<=INDEX(Paramètres!$K$7:$K$41,$AB86)),OR($AC86>=INDEX(Paramètres!$J$7:$J$41,$AB86),$AC86<=INDEX(Paramètres!$K$7:$K$41,$AB86)))),AND(INDEX(Paramètres!$L$7:$L$41,$AB86)>0,IF(INDEX(Paramètres!$L$7:$L$41,$AB86)<=INDEX(Paramètres!$M$7:$M$41,$AB86),AND($AC86>=INDEX(Paramètres!$L$7:$L$41,$AB86),$AC86<=INDEX(Paramètres!$M$7:$M$41,$AB86)),OR($AC86>=INDEX(Paramètres!$L$7:$L$41,$AB86),$AC86<=INDEX(Paramètres!$M$7:$M$41,$AB86))))),1,0))","v":0},{"$f":"IF($X86=\"\",0,IF(INDEX(Fertilisants!$C$6:$C$45,$X86)=\"Oui\",1,0))","v":0},"","","",""]
[{"$f":"IF(B87=\"\",\"\",COUNT($B$6:B87))","v":""},null,null,{"$f":"IF($W87=\"\",\"\",INDEX(Îlots!$N$6:$N$65,$W87))","v":""},null,null,{"$f":"IF($X87=\"\",\"\",INDEX(Fertilisants!$B$6:$B$45,$X87))","v":""},null,null,{"$f":"IF($X87=\"\",\"\",INDEX(Fertilisants!$D$6:$D$45,$X87))","v":""},"",{"$f":"IF(OR($I87=\"\",$X87=\"\"),\"\",$I87*N(INDEX(Fertilisants!$E$6:$E$45,$X87)))","v":""},{"$f":"IF(OR($I87=\"\",$X87=\"\"),\"\",$I87*N(INDEX(Fertilisants!$G$6:$G$45,$X87)))","v":""},{"$f":"IF(OR($I87=\"\",$X87=\"\"),\"\",$I87*N(INDEX(Fertilisants!$H$6:$H$45,$X87)))","v":""},{"$f":"IF(OR($I87=\"\",$X87=\"\"),\"\",$I87*N(INDEX(Fertilisants!$I$6:$I$45,$X87)))","v":""},"",{"$nulls":3},"",null,null,{"$f":"IF($C87=\"\",\"\",IFERROR(MATCH($C87,Îlots!$C$6:$C$65,0),\"\"))","v":""},{"$f":"IF($F87=\"\",\"\",IFERROR(MATCH($F87,Fertilisants!$A$6:$A$45,0),\"\"))","v":""},{"$f":"IF($W87=\"\",\"\",INDEX(Îlots!$D$6:$D$65,$W87))","v":""},{"$f":"IF($W87=\"\",\"\",INDEX(Îlots!$F$6:$F$65,$W87))","v":""},{"$f":"IF($W87=\"\",\"\",IF($E87=ApportCouvert,OccCouvert,INDEX(Îlots!$O$6:$O$65,$W87)))","v":""},{"$f":"IF(OR($AA87=\"\",$G87=\"\",$Z87=\"Non\"),\"\",IFERROR(MATCH($AA87&\" | \"&$G87,Paramètres!$I$7:$I$41,0),\"\"))","v":""},"",{"$f":"IF(OR($AB87=\"\",$AC87=\"\"),0,IF(OR(AND(INDEX(Paramètres!$J$7:$J$41,$AB87)>0,IF(INDEX(Paramètres!$J$7:$J$41,$AB87)<=INDEX(Paramètres!$K$7:$K$41,$AB87),AND($AC87>=INDEX(Paramètres!$J$7:$J$41,$AB87),$AC87<=INDEX(Paramètres!$K$7:$K$41,$AB87)),OR($AC87>=INDEX(Paramètres!$J$7:$J$41,$AB87),$AC87<=INDEX(Paramètres!$K$7:$K$41,$AB87)))),AND(INDEX(Paramètres!$L$7:$L$41,$AB87)>0,IF(INDEX(Paramètres!$L$7:$L$41,$AB87)<=INDEX(Paramètres!$M$7:$M$41,$AB87),AND($AC87>=INDEX(Paramètres!$L$7:$L$41,$AB87),$AC87<=INDEX(Paramètres!$M$7:$M$41,$AB87)),OR($AC87>=INDEX(Paramètres!$L$7:$L$41,$AB87),$AC87<=INDEX(Paramètres!$M$7:$M$41,$AB87))))),1,0))","v":0},{"$f":"IF($X87=\"\",0,IF(INDEX(Fertilisants!$C$6:$C$45,$X87)=\"Oui\",1,0))","v":0},"","","",""]
[{"$f":"IF(B88=\"\",\"\",COUNT($B$6:B88))","v":""},null,null,{"$f":"IF($W88=\"\",\"\",INDEX(Îlots!$N$6:$N$65,$W88))","v":""},null,null,{"$f":"IF($X88=\"\",\"\",INDEX(Fertilisants!$B$6:$B$45,$X88))","v":""},null,null,{"$f":"IF($X88=\"\",\"\",INDEX(Fertilisants!$D$6:$D$45,$X88))","v":""},"",{"$f":"IF(OR($I88=\"\",$X88=\"\"),\"\",$I88*N(INDEX(Fertilisants!$E$6:$E$45,$X88)))","v":""},{"$f":"IF(OR($I88=\"\",$X88=\"\"),\"\",$I88*N(INDEX(Fertilisants!$G$6:$G$45,$X88)))","v":""},{"$f":"IF(OR($I88=\"\",$X88=\"\"),\"\",$I88*N(INDEX(Fertilisants!$H$6:$H$45,$X88)))","v":""},{"$f":"IF(OR($I88=\"\",$X88=\"\"),\"\",$I88*N(INDEX(Fertilisants!$I$6:$I$45,$X88)))","v":""},"",{"$nulls":3},"",null,null,{"$f":"IF($C88=\"\",\"\",IFERROR(MATCH($C88,Îlots!$C$6:$C$65,0),\"\"))","v":""},{"$f":"IF($F88=\"\",\"\",IFERROR(MATCH($F88,Fertilisants!$A$6:$A$45,0),\"\"))","v":""},{"$f":"IF($W88=\"\",\"\",INDEX(Îlots!$D$6:$D$65,$W88))","v":""},{"$f":"IF($W88=\"\",\"\",INDEX(Îlots!$F$6:$F$65,$W88))","v":""},{"$f":"IF($W88=\"\",\"\",IF($E88=ApportCouvert,OccCouvert,INDEX(Îlots!$O$6:$O$65,$W88)))","v":""},{"$f":"IF(OR($AA88=\"\",$G88=\"\",$Z88=\"Non\"),\"\",IFERROR(MATCH($AA88&\" | \"&$G88,Paramètres!$I$7:$I$41,0),\"\"))","v":""},"",{"$f":"IF(OR($AB88=\"\",$AC88=\"\"),0,IF(OR(AND(INDEX(Paramètres!$J$7:$J$41,$AB88)>0,IF(INDEX(Paramètres!$J$7:$J$41,$AB88)<=INDEX(Paramètres!$K$7:$K$41,$AB88),AND($AC88>=INDEX(Paramètres!$J$7:$J$41,$AB88),$AC88<=INDEX(Paramètres!$K$7:$K$41,$AB88)),OR($AC88>=INDEX(Paramètres!$J$7:$J$41,$AB88),$AC88<=INDEX(Paramètres!$K$7:$K$41,$AB88)))),AND(INDEX(Paramètres!$L$7:$L$41,$AB88)>0,IF(INDEX(Paramètres!$L$7:$L$41,$AB88)<=INDEX(Paramètres!$M$7:$M$41,$AB88),AND($AC88>=INDEX(Paramètres!$L$7:$L$41,$AB88),$AC88<=INDEX(Paramètres!$M$7:$M$41,$AB88)),OR($AC88>=INDEX(Paramètres!$L$7:$L$41,$AB88),$AC88<=INDEX(Paramètres!$M$7:$M$41,$AB88))))),1,0))","v":0},{"$f":"IF($X88=\"\",0,IF(INDEX(Fertilisants!$C$6:$C$45,$X88)=\"Oui\",1,0))","v":0},"","","",""]
[{"$f":"IF(B89=\"\",\"\",COUNT($B$6:B89))","v":""},null,null,{"$f":"IF($W89=\"\",\"\",INDEX(Îlots!$N$6:$N$65,$W89))","v":""},null,null,{"$f":"IF($X89=\"\",\"\",INDEX(Fertilisants!$B$6:$B$45,$X89))","v":""},null,null,{"$f":"IF($X89=\"\",\"\",INDEX(Fertilisants!$D$6:$D$45,$X89))","v":""},"",{"$f":"IF(OR($I89=\"\",$X89=\"\"),\"\",$I89*N(INDEX(Fertilisants!$E$6:$E$45,$X89)))","v":""},{"$f":"IF(OR($I89=\"\",$X89=\"\"),\"\",$I89*N(INDEX(Fertilisants!$G$6:$G$45,$X89)))","v":""},{"$f":"IF(OR($I89=\"\",$X89=\"\"),\"\",$I89*N(INDEX(Fertilisants!$H$6:$H$45,$X89)))","v":""},{"$f":"IF(OR($I89=\"\",$X89=\"\"),\"\",$I89*N(INDEX(Fertilisants!$I$6:$I$45,$X89)))","v":""},"",{"$nulls":3},"",null,null,{"$f":"IF($C89=\"\",\"\",IFERROR(MATCH($C89,Îlots!$C$6:$C$65,0),\"\"))","v":""},{"$f":"IF($F89=\"\",\"\",IFERROR(MATCH($F89,Fertilisants!$A$6:$A$45,0),\"\"))","v":""},{"$f":"IF($W89=\"\",\"\",INDEX(Îlots!$D$6:$D$65,$W89))","v":""},{"$f":"IF($W89=\"\",\"\",INDEX(Îlots!$F$6:$F$65,$W89))","v":""},{"$f":"IF($W89=\"\",\"\",IF($E89=ApportCouvert,OccCouvert,INDEX(Îlots!$O$6:$O$65,$W89)))","v":""},{"$f":"IF(OR($AA89=\"\",$G89=\"\",$Z89=\"Non\"),\"\",IFERROR(MATCH($AA89&\" | \"&$G89,Paramètres!$I$7:$I$41,0),\"\"))","v":""},"",{"$f":"IF(OR($AB89=\"\",$AC89=\"\"),0,IF(OR(AND(INDEX(Paramètres!$J$7:$J$41,$AB89)>0,IF(INDEX(Paramètres!$J$7:$J$41,$AB89)<=INDEX(Paramètres!$K$7:$K$41,$AB89),AND($AC89>=INDEX(Paramètres!$J$7:$J$41,$AB89),$AC89<=INDEX(Paramètres!$K$7:$K$41,$AB89)),OR($AC89>=INDEX(Paramètres!$J$7:$J$41,$AB89),$AC89<=INDEX(Paramètres!$K$7:$K$41,$AB89)))),AND(INDEX(Paramètres!$L$7:$L$41,$AB89)>0,IF(INDEX(Paramètres!$L$7:$L$41,$AB89)<=INDEX(Paramètres!$M$7:$M$41,$AB89),AND($AC89>=INDEX(Paramètres!$L$7:$L$41,$AB89),$AC89<=INDEX(Paramètres!$M$7:$M$41,$AB89)),OR($AC89>=INDEX(Paramètres!$L$7:$L$41,$AB89),$AC89<=INDEX(Paramètres!$M$7:$M$41,$AB89))))),1,0))","v":0},{"$f":"IF($X89=\"\",0,IF(INDEX(Fertilisants!$C$6:$C$45,$X89)=\"Oui\",1,0))","v":0},"","","",""]
[{"$f":"IF(B90=\"\",\"\",COUNT($B$6:B90))","v":""},null,null,{"$f":"IF($W90=\"\",\"\",INDEX(Îlots!$N$6:$N$65,$W90))","v":""},null,null,{"$f":"IF($X90=\"\",\"\",INDEX(Fertilisants!$B$6:$B$45,$X90))","v":""},null,null,{"$f":"IF($X90=\"\",\"\",INDEX(Fertilisants!$D$6:$D$45,$X90))","v":""},"",{"$f":"IF(OR($I90=\"\",$X90=\"\"),\"\",$I90*N(INDEX(Fertilisants!$E$6:$E$45,$X90)))","v":""},{"$f":"IF(OR($I90=\"\",$X90=\"\"),\"\",$I90*N(INDEX(Fertilisants!$G$6:$G$45,$X90)))","v":""},{"$f":"IF(OR($I90=\"\",$X90=\"\"),\"\",$I90*N(INDEX(Fertilisants!$H$6:$H$45,$X90)))","v":""},{"$f":"IF(OR($I90=\"\",$X90=\"\"),\"\",$I90*N(INDEX(Fertilisants!$I$6:$I$45,$X90)))","v":""},"",{"$nulls":3},"",null,null,{"$f":"IF($C90=\"\",\"\",IFERROR(MATCH($C90,Îlots!$C$6:$C$65,0),\"\"))","v":""},{"$f":"IF($F90=\"\",\"\",IFERROR(MATCH($F90,Fertilisants!$A$6:$A$45,0),\"\"))","v":""},{"$f":"IF($W90=\"\",\"\",INDEX(Îlots!$D$6:$D$65,$W90))","v":""},{"$f":"IF($W90=\"\",\"\",INDEX(Îlots!$F$6:$F$65,$W90))","v":""},{"$f":"IF($W90=\"\",\"\",IF($E90=ApportCouvert,OccCouvert,INDEX(Îlots!$O$6:$O$65,$W90)))","v":""},{"$f":"IF(OR($AA90=\"\",$G90=\"\",$Z90=\"Non\"),\"\",IFERROR(MATCH($AA90&\" | \"&$G90,Paramètres!$I$7:$I$41,0),\"\"))","v":""},"",{"$f":"IF(OR($AB90=\"\",$AC90=\"\"),0,IF(OR(AND(INDEX(Paramètres!$J$7:$J$41,$AB90)>0,IF(INDEX(Paramètres!$J$7:$J$41,$AB90)<=INDEX(Paramètres!$K$7:$K$41,$AB90),AND($AC90>=INDEX(Paramètres!$J$7:$J$41,$AB90),$AC90<=INDEX(Paramètres!$K$7:$K$41,$AB90)),OR($AC90>=INDEX(Paramètres!$J$7:$J$41,$AB90),$AC90<=INDEX(Paramètres!$K$7:$K$41,$AB90)))),AND(INDEX(Paramètres!$L$7:$L$41,$AB90)>0,IF(INDEX(Paramètres!$L$7:$L$41,$AB90)<=INDEX(Paramètres!$M$7:$M$41,$AB90),AND($AC90>=INDEX(Paramètres!$L$7:$L$41,$AB90),$AC90<=INDEX(Paramètres!$M$7:$M$41,$AB90)),OR($AC90>=INDEX(Paramètres!$L$7:$L$41,$AB90),$AC90<=INDEX(Paramètres!$M$7:$M$41,$AB90))))),1,0))","v":0},{"$f":"IF($X90=\"\",0,IF(INDEX(Fertilisants!$C$6:$C$45,$X90)=\"Oui\",1,0))","v":0},"","","",""]
[{"$f":"IF(B91=\"\",\"\",COUNT($B$6:B91))","v":""},null,null,{"$f":"IF($W91=\"\",\"\",INDEX(Îlots!$N$6:$N$65,$W91))","v":""},null,null,{"$f":"IF($X91=\"\",\"\",INDEX(Fertilisants!$B$6:$B$45,$X91))","v":""},null,null,{"$f":"IF($X91=\"\",\"\",INDEX(Fertilisants!$D$6:$D$45,$X91))","v":""},"",{"$f":"IF(OR($I91=\"\",$X91=\"\"),\"\",$I91*N(INDEX(Fertilisants!$E$6:$E$45,$X91)))","v":""},{"$f":"IF(OR($I91=\"\",$X91=\"\"),\"\",$I91*N(INDEX(Fertilisants!$G$6:$G$45,$X91)))","v":""},{"$f":"IF(OR($I91=\"\",$X91=\"\"),\"\",$I91*N(INDEX(Fertilisants!$H$6:$H$45,$X91)))","v":""},{"$f":"IF(OR($I91=\"\",$X91=\"\"),\"\",$I91*N(INDEX(Fertilisants!$I$6:$I$45,$X91)))","v":""},"",{"$nulls":3},"",null,null,{"$f":"IF($C91=\"\",\"\",IFERROR(MATCH($C91,Îlots!$C$6:$C$65,0),\"\"))","v":""},{"$f":"IF($F91=\"\",\"\",IFERROR(MATCH($F91,Fertilisants!$A$6:$A$45,0),\"\"))","v":""},{"$f":"IF($W91=\"\",\"\",INDEX(Îlots!$D$6:$D$65,$W91))","v":""},{"$f":"IF($W91=\"\",\"\",INDEX(Îlots!$F$6:$F$65,$W91))","v":""},{"$f":"IF($W91=\"\",\"\",IF($E91=ApportCouvert,OccCouvert,INDEX(Îlots!$O$6:$O$65,$W91)))","v":""},{"$f":"IF(OR($AA91=\"\",$G91=\"\",$Z91=\"Non\"),\"\",IFERROR(MATCH($AA91&\" | \"&$G91,Paramètres!$I$7:$I$41,0),\"\"))","v":""},"",{"$f":"IF(OR($AB91=\"\",$AC91=\"\"),0,IF(OR(AND(INDEX(Paramètres!$J$7:$J$41,$AB91)>0,IF(INDEX(Paramètres!$J$7:$J$41,$AB91)<=INDEX(Paramètres!$K$7:$K$41,$AB91),AND($AC91>=INDEX(Paramètres!$J$7:$J$41,$AB91),$AC91<=INDEX(Paramètres!$K$7:$K$41,$AB91)),OR($AC91>=INDEX(Paramètres!$J$7:$J$41,$AB91),$AC91<=INDEX(Paramètres!$K$7:$K$41,$AB91)))),AND(INDEX(Paramètres!$L$7:$L$41,$AB91)>0,IF(INDEX(Paramètres!$L$7:$L$41,$AB91)<=INDEX(Paramètres!$M$7:$M$41,$AB91),AND($AC91>=INDEX(Paramètres!$L$7:$L$41,$AB91),$AC91<=INDEX(Paramètres!$M$7:$M$41,$AB91)),OR($AC91>=INDEX(Paramètres!$L$7:$L$41,$AB91),$AC91<=INDEX(Paramètres!$M$7:$M$41,$AB91))))),1,0))","v":0},{"$f":"IF($X91=\"\",0,IF(INDEX(Fertilisants!$C$6:$C$45,$X91)=\"Oui\",1,0))","v":0},"","","",""]
[{"$f":"IF(B92=\"\",\"\",COUNT($B$6:B92))","v":""},null,null,{"$f":"IF($W92=\"\",\"\",INDEX(Îlots!$N$6:$N$65,$W92))","v":""},null,null,{"$f":"IF($X92=\"\",\"\",INDEX(Fertilisants!$B$6:$B$45,$X92))","v":""},null,null,{"$f":"IF($X92=\"\",\"\",INDEX(Fertilisants!$D$6:$D$45,$X92))","v":""},"",{"$f":"IF(OR($I92=\"\",$X92=\"\"),\"\",$I92*N(INDEX(Fertilisants!$E$6:$E$45,$X92)))","v":""},{"$f":"IF(OR($I92=\"\",$X92=\"\"),\"\",$I92*N(INDEX(Fertilisants!$G$6:$G$45,$X92)))","v":""},{"$f":"IF(OR($I92=\"\",$X92=\"\"),\"\",$I92*N(INDEX(Fertilisants!$H$6:$H$45,$X92)))","v":""},{"$f":"IF(OR($I92=\"\",$X92=\"\"),\"\",$I92*N(INDEX(Fertilisants!$I$6:$I$45,$X92)))","v":""},"",{"$nulls":3},"",null,null,{"$f":"IF($C92=\"\",\"\",IFERROR(MATCH($C92,Îlots!$C$6:$C$65,0),\"\"))","v":""},{"$f":"IF($F92=\"\",\"\",IFERROR(MATCH($F92,Fertilisants!$A$6:$A$45,0),\"\"))","v":""},{"$f":"IF($W92=\"\",\"\",INDEX(Îlots!$D$6:$D$65,$W92))","v":""},{"$f":"IF($W92=\"\",\"\",INDEX(Îlots!$F$6:$F$65,$W92))","v":""},{"$f":"IF($W92=\"\",\"\",IF($E92=ApportCouvert,OccCouvert,INDEX(Îlots!$O$6:$O$65,$W92)))","v":""},{"$f":"IF(OR($AA92=\"\",$G92=\"\",$Z92=\"Non\"),\"\",IFERROR(MATCH($AA92&\" | \"&$G92,Paramètres!$I$7:$I$41,0),\"\"))","v":""},"",{"$f":"IF(OR($AB92=\"\",$AC92=\"\"),0,IF(OR(AND(INDEX(Paramètres!$J$7:$J$41,$AB92)>0,IF(INDEX(Paramètres!$J$7:$J$41,$AB92)<=INDEX(Paramètres!$K$7:$K$41,$AB92),AND($AC92>=INDEX(Paramètres!$J$7:$J$41,$AB92),$AC92<=INDEX(Paramètres!$K$7:$K$41,$AB92)),OR($AC92>=INDEX(Paramètres!$J$7:$J$41,$AB92),$AC92<=INDEX(Paramètres!$K$7:$K$41,$AB92)))),AND(INDEX(Paramètres!$L$7:$L$41,$AB92)>0,IF(INDEX(Paramètres!$L$7:$L$41,$AB92)<=INDEX(Paramètres!$M$7:$M$41,$AB92),AND($AC92>=INDEX(Paramètres!$L$7:$L$41,$AB92),$AC92<=INDEX(Paramètres!$M$7:$M$41,$AB92)),OR($AC92>=INDEX(Paramètres!$L$7:$L$41,$AB92),$AC92<=INDEX(Paramètres!$M$7:$M$41,$AB92))))),1,0))","v":0},{"$f":"IF($X92=\"\",0,IF(INDEX(Fertilisants!$C$6:$C$45,$X92)=\"Oui\",1,0))","v":0},"","","",""]
[{"$f":"IF(B93=\"\",\"\",COUNT($B$6:B93))","v":""},null,null,{"$f":"IF($W93=\"\",\"\",INDEX(Îlots!$N$6:$N$65,$W93))","v":""},null,null,{"$f":"IF($X93=\"\",\"\",INDEX(Fertilisants!$B$6:$B$45,$X93))","v":""},null,null,{"$f":"IF($X93=\"\",\"\",INDEX(Fertilisants!$D$6:$D$45,$X93))","v":""},"",{"$f":"IF(OR($I93=\"\",$X93=\"\"),\"\",$I93*N(INDEX(Fertilisants!$E$6:$E$45,$X93)))","v":""},{"$f":"IF(OR($I93=\"\",$X93=\"\"),\"\",$I93*N(INDEX(Fertilisants!$G$6:$G$45,$X93)))","v":""},{"$f":"IF(OR($I93=\"\",$X93=\"\"),\"\",$I93*N(INDEX(Fertilisants!$H$6:$H$45,$X93)))","v":""},{"$f":"IF(OR($I93=\"\",$X93=\"\"),\"\",$I93*N(INDEX(Fertilisants!$I$6:$I$45,$X93)))","v":""},"",{"$nulls":3},"",null,null,{"$f":"IF($C93=\"\",\"\",IFERROR(MATCH($C93,Îlots!$C$6:$C$65,0),\"\"))","v":""},{"$f":"IF($F93=\"\",\"\",IFERROR(MATCH($F93,Fertilisants!$A$6:$A$45,0),\"\"))","v":""},{"$f":"IF($W93=\"\",\"\",INDEX(Îlots!$D$6:$D$65,$W93))","v":""},{"$f":"IF($W93=\"\",\"\",INDEX(Îlots!$F$6:$F$65,$W93))","v":""},{"$f":"IF($W93=\"\",\"\",IF($E93=ApportCouvert,OccCouvert,INDEX(Îlots!$O$6:$O$65,$W93)))","v":""},{"$f":"IF(OR($AA93=\"\",$G93=\"\",$Z93=\"Non\"),\"\",IFERROR(MATCH($AA93&\" | \"&$G93,Paramètres!$I$7:$I$41,0),\"\"))","v":""},"",{"$f":"IF(OR($AB93=\"\",$AC93=\"\"),0,IF(OR(AND(INDEX(Paramètres!$J$7:$J$41,$AB93)>0,IF(INDEX(Paramètres!$J$7:$J$41,$AB93)<=INDEX(Paramètres!$K$7:$K$41,$AB93),AND($AC93>=INDEX(Paramètres!$J$7:$J$41,$AB93),$AC93<=INDEX(Paramètres!$K$7:$K$41,$AB93)),OR($AC93>=INDEX(Paramètres!$J$7:$J$41,$AB93),$AC93<=INDEX(Paramètres!$K$7:$K$41,$AB93)))),AND(INDEX(Paramètres!$L$7:$L$41,$AB93)>0,IF(INDEX(Paramètres!$L$7:$L$41,$AB93)<=INDEX(Paramètres!$M$7:$M$41,$AB93),AND($AC93>=INDEX(Paramètres!$L$7:$L$41,$AB93),$AC93<=INDEX(Paramètres!$M$7:$M$41,$AB93)),OR($AC93>=INDEX(Paramètres!$L$7:$L$41,$AB93),$AC93<=INDEX(Paramètres!$M$7:$M$41,$AB93))))),1,0))","v":0},{"$f":"IF($X93=\"\",0,IF(INDEX(Fertilisants!$C$6:$C$45,$X93)=\"Oui\",1,0))","v":0},"","","",""]
[{"$f":"IF(B94=\"\",\"\",COUNT($B$6:B94))","v":""},null,null,{"$f":"IF($W94=\"\",\"\",INDEX(Îlots!$N$6:$N$65,$W94))","v":""},null,null,{"$f":"IF($X94=\"\",\"\",INDEX(Fertilisants!$B$6:$B$45,$X94))","v":""},null,null,{"$f":"IF($X94=\"\",\"\",INDEX(Fertilisants!$D$6:$D$45,$X94))","v":""},"",{"$f":"IF(OR($I94=\"\",$X94=\"\"),\"\",$I94*N(INDEX(Fertilisants!$E$6:$E$45,$X94)))","v":""},{"$f":"IF(OR($I94=\"\",$X94=\"\"),\"\",$I94*N(INDEX(Fertilisants!$G$6:$G$45,$X94)))","v":""},{"$f":"IF(OR($I94=\"\",$X94=\"\"),\"\",$I94*N(INDEX(Fertilisants!$H$6:$H$45,$X94)))","v":""},{"$f":"IF(OR($I94=\"\",$X94=\"\"),\"\",$I94*N(INDEX(Fertilisants!$I$6:$I$45,$X94)))","v":""},"",{"$nulls":3},"",null,null,{"$f":"IF($C94=\"\",\"\",IFERROR(MATCH($C94,Îlots!$C$6:$C$65,0),\"\"))","v":""},{"$f":"IF($F94=\"\",\"\",IFERROR(MATCH($F94,Fertilisants!$A$6:$A$45,0),\"\"))","v":""},{"$f":"IF($W94=\"\",\"\",INDEX(Îlots!$D$6:$D$65,$W94))","v":""},{"$f":"IF($W94=\"\",\"\",INDEX(Îlots!$F$6:$F$65,$W94))","v":""},{"$f":"IF($W94=\"\",\"\",IF($E94=ApportCouvert,OccCouvert,INDEX(Îlots!$O$6:$O$65,$W94)))","v":""},{"$f":"IF(OR($AA94=\"\",$G94=\"\",$Z94=\"Non\"),\"\",IFERROR(MATCH($AA94&\" | \"&$G94,Paramètres!$I$7:$I$41,0),\"\"))","v":""},"",{"$f":"IF(OR($AB94=\"\",$AC94=\"\"),0,IF(OR(AND(INDEX(Paramètres!$J$7:$J$41,$AB94)>0,IF(INDEX(Paramètres!$J$7:$J$41,$AB94)<=INDEX(Paramètres!$K$7:$K$41,$AB94),AND($AC94>=INDEX(Paramètres!$J$7:$J$41,$AB94),$AC94<=INDEX(Paramètres!$K$7:$K$41,$AB94)),OR($AC94>=INDEX(Paramètres!$J$7:$J$41,$AB94),$AC94<=INDEX(Paramètres!$K$7:$K$41,$AB94)))),AND(INDEX(Paramètres!$L$7:$L$41,$AB94)>0,IF(INDEX(Paramètres!$L$7:$L$41,$AB94)<=INDEX(Paramètres!$M$7:$M$41,$AB94),AND($AC94>=INDEX(Paramètres!$L$7:$L$41,$AB94),$AC94<=INDEX(Paramètres!$M$7:$M$41,$AB94)),OR($AC94>=INDEX(Paramètres!$L$7:$L$41,$AB94),$AC94<=INDEX(Paramètres!$M$7:$M$41,$AB94))))),1,0))","v":0},{"$f":"IF($X94=\"\",0,IF(INDEX(Fertilisants!$C$6:$C$45,$X94)=\"Oui\",1,0))","v":0},"","","",""]
[{"$f":"IF(B95=\"\",\"\",COUNT($B$6:B95))","v":""},null,null,{"$f":"IF($W95=\"\",\"\",INDEX(Îlots!$N$6:$N$65,$W95))","v":""},null,null,{"$f":"IF($X95=\"\",\"\",INDEX(Fertilisants!$B$6:$B$45,$X95))","v":""},null,null,{"$f":"IF($X95=\"\",\"\",INDEX(Fertilisants!$D$6:$D$45,$X95))","v":""},"",{"$f":"IF(OR($I95=\"\",$X95=\"\"),\"\",$I95*N(INDEX(Fertilisants!$E$6:$E$45,$X95)))","v":""},{"$f":"IF(OR($I95=\"\",$X95=\"\"),\"\",$I95*N(INDEX(Fertilisants!$G$6:$G$45,$X95)))","v":""},{"$f":"IF(OR($I95=\"\",$X95=\"\"),\"\",$I95*N(INDEX(Fertilisants!$H$6:$H$45,$X95)))","v":""},{"$f":"IF(OR($I95=\"\",$X95=\"\"),\"\",$I95*N(INDEX(Fertilisants!$I$6:$I$45,$X95)))","v":""},"",{"$nulls":3},"",null,null,{"$f":"IF($C95=\"\",\"\",IFERROR(MATCH($C95,Îlots!$C$6:$C$65,0),\"\"))","v":""},{"$f":"IF($F95=\"\",\"\",IFERROR(MATCH($F95,Fertilisants!$A$6:$A$45,0),\"\"))","v":""},{"$f":"IF($W95=\"\",\"\",INDEX(Îlots!$D$6:$D$65,$W95))","v":""},{"$f":"IF($W95=\"\",\"\",INDEX(Îlots!$F$6:$F$65,$W95))","v":""},{"$f":"IF($W95=\"\",\"\",IF($E95=ApportCouvert,OccCouvert,INDEX(Îlots!$O$6:$O$65,$W95)))","v":""},{"$f":"IF(OR($AA95=\"\",$G95=\"\",$Z95=\"Non\"),\"\",IFERROR(MATCH($AA95&\" | \"&$G95,Paramètres!$I$7:$I$41,0),\"\"))","v":""},"",{"$f":"IF(OR($AB95=\"\",$AC95=\"\"),0,IF(OR(AND(INDEX(Paramètres!$J$7:$J$41,$AB95)>0,IF(INDEX(Paramètres!$J$7:$J$41,$AB95)<=INDEX(Paramètres!$K$7:$K$41,$AB95),AND($AC95>=INDEX(Paramètres!$J$7:$J$41,$AB95),$AC95<=INDEX(Paramètres!$K$7:$K$41,$AB95)),OR($AC95>=INDEX(Paramètres!$J$7:$J$41,$AB95),$AC95<=INDEX(Paramètres!$K$7:$K$41,$AB95)))),AND(INDEX(Paramètres!$L$7:$L$41,$AB95)>0,IF(INDEX(Paramètres!$L$7:$L$41,$AB95)<=INDEX(Paramètres!$M$7:$M$41,$AB95),AND($AC95>=INDEX(Paramètres!$L$7:$L$41,$AB95),$AC95<=INDEX(Paramètres!$M$7:$M$41,$AB95)),OR($AC95>=INDEX(Paramètres!$L$7:$L$41,$AB95),$AC95<=INDEX(Paramètres!$M$7:$M$41,$AB95))))),1,0))","v":0},{"$f":"IF($X95=\"\",0,IF(INDEX(Fertilisants!$C$6:$C$45,$X95)=\"Oui\",1,0))","v":0},"","","",""]
[{"$f":"IF(B96=\"\",\"\",COUNT($B$6:B96))","v":""},null,null,{"$f":"IF($W96=\"\",\"\",INDEX(Îlots!$N$6:$N$65,$W96))","v":""},null,null,{"$f":"IF($X96=\"\",\"\",INDEX(Fertilisants!$B$6:$B$45,$X96))","v":""},null,null,{"$f":"IF($X96=\"\",\"\",INDEX(Fertilisants!$D$6:$D$45,$X96))","v":""},"",{"$f":"IF(OR($I96=\"\",$X96=\"\"),\"\",$I96*N(INDEX(Fertilisants!$E$6:$E$45,$X96)))","v":""},{"$f":"IF(OR($I96=\"\",$X96=\"\"),\"\",$I96*N(INDEX(Fertilisants!$G$6:$G$45,$X96)))","v":""},{"$f":"IF(OR($I96=\"\",$X96=\"\"),\"\",$I96*N(INDEX(Fertilisants!$H$6:$H$45,$X96)))","v":""},{"$f":"IF(OR($I96=\"\",$X96=\"\"),\"\",$I96*N(INDEX(Fertilisants!$I$6:$I$45,$X96)))","v":""},"",{"$nulls":3},"",null,null,{"$f":"IF($C96=\"\",\"\",IFERROR(MATCH($C96,Îlots!$C$6:$C$65,0),\"\"))","v":""},{"$f":"IF($F96=\"\",\"\",IFERROR(MATCH($F96,Fertilisants!$A$6:$A$45,0),\"\"))","v":""},{"$f":"IF($W96=\"\",\"\",INDEX(Îlots!$D$6:$D$65,$W96))","v":""},{"$f":"IF($W96=\"\",\"\",INDEX(Îlots!$F$6:$F$65,$W96))","v":""},{"$f":"IF($W96=\"\",\"\",IF($E96=ApportCouvert,OccCouvert,INDEX(Îlots!$O$6:$O$65,$W96)))","v":""},{"$f":"IF(OR($AA96=\"\",$G96=\"\",$Z96=\"Non\"),\"\",IFERROR(MATCH($AA96&\" | \"&$G96,Paramètres!$I$7:$I$41,0),\"\"))","v":""},"",{"$f":"IF(OR($AB96=\"\",$AC96=\"\"),0,IF(OR(AND(INDEX(Paramètres!$J$7:$J$41,$AB96)>0,IF(INDEX(Paramètres!$J$7:$J$41,$AB96)<=INDEX(Paramètres!$K$7:$K$41,$AB96),AND($AC96>=INDEX(Paramètres!$J$7:$J$41,$AB96),$AC96<=INDEX(Paramètres!$K$7:$K$41,$AB96)),OR($AC96>=INDEX(Paramètres!$J$7:$J$41,$AB96),$AC96<=INDEX(Paramètres!$K$7:$K$41,$AB96)))),AND(INDEX(Paramètres!$L$7:$L$41,$AB96)>0,IF(INDEX(Paramètres!$L$7:$L$41,$AB96)<=INDEX(Paramètres!$M$7:$M$41,$AB96),AND($AC96>=INDEX(Paramètres!$L$7:$L$41,$AB96),$AC96<=INDEX(Paramètres!$M$7:$M$41,$AB96)),OR($AC96>=INDEX(Paramètres!$L$7:$L$41,$AB96),$AC96<=INDEX(Paramètres!$M$7:$M$41,$AB96))))),1,0))","v":0},{"$f":"IF($X96=\"\",0,IF(INDEX(Fertilisants!$C$6:$C$45,$X96)=\"Oui\",1,0))","v":0},"","","",""]
[{"$f":"IF(B97=\"\",\"\",COUNT($B$6:B97))","v":""},null,null,{"$f":"IF($W97=\"\",\"\",INDEX(Îlots!$N$6:$N$65,$W97))","v":""},null,null,{"$f":"IF($X97=\"\",\"\",INDEX(Fertilisants!$B$6:$B$45,$X97))","v":""},null,null,{"$f":"IF($X97=\"\",\"\",INDEX(Fertilisants!$D$6:$D$45,$X97))","v":""},"",{"$f":"IF(OR($I97=\"\",$X97=\"\"),\"\",$I97*N(INDEX(Fertilisants!$E$6:$E$45,$X97)))","v":""},{"$f":"IF(OR($I97=\"\",$X97=\"\"),\"\",$I97*N(INDEX(Fertilisants!$G$6:$G$45,$X97)))","v":""},{"$f":"IF(OR($I97=\"\",$X97=\"\"),\"\",$I97*N(INDEX(Fertilisants!$H$6:$H$45,$X97)))","v":""},{"$f":"IF(OR($I97=\"\",$X97=\"\"),\"\",$I97*N(INDEX(Fertilisants!$I$6:$I$45,$X97)))","v":""},"",{"$nulls":3},"",null,null,{"$f":"IF($C97=\"\",\"\",IFERROR(MATCH($C97,Îlots!$C$6:$C$65,0),\"\"))","v":""},{"$f":"IF($F97=\"\",\"\",IFERROR(MATCH($F97,Fertilisants!$A$6:$A$45,0),\"\"))","v":""},{"$f":"IF($W97=\"\",\"\",INDEX(Îlots!$D$6:$D$65,$W97))","v":""},{"$f":"IF($W97=\"\",\"\",INDEX(Îlots!$F$6:$F$65,$W97))","v":""},{"$f":"IF($W97=\"\",\"\",IF($E97=ApportCouvert,OccCouvert,INDEX(Îlots!$O$6:$O$65,$W97)))","v":""},{"$f":"IF(OR($AA97=\"\",$G97=\"\",$Z97=\"Non\"),\"\",IFERROR(MATCH($AA97&\" | \"&$G97,Paramètres!$I$7:$I$41,0),\"\"))","v":""},"",{"$f":"IF(OR($AB97=\"\",$AC97=\"\"),0,IF(OR(AND(INDEX(Paramètres!$J$7:$J$41,$AB97)>0,IF(INDEX(Paramètres!$J$7:$J$41,$AB97)<=INDEX(Paramètres!$K$7:$K$41,$AB97),AND($AC97>=INDEX(Paramètres!$J$7:$J$41,$AB97),$AC97<=INDEX(Paramètres!$K$7:$K$41,$AB97)),OR($AC97>=INDEX(Paramètres!$J$7:$J$41,$AB97),$AC97<=INDEX(Paramètres!$K$7:$K$41,$AB97)))),AND(INDEX(Paramètres!$L$7:$L$41,$AB97)>0,IF(INDEX(Paramètres!$L$7:$L$41,$AB97)<=INDEX(Paramètres!$M$7:$M$41,$AB97),AND($AC97>=INDEX(Paramètres!$L$7:$L$41,$AB97),$AC97<=INDEX(Paramètres!$M$7:$M$41,$AB97)),OR($AC97>=INDEX(Paramètres!$L$7:$L$41,$AB97),$AC97<=INDEX(Paramètres!$M$7:$M$41,$AB97))))),1,0))","v":0},{"$f":"IF($X97=\"\",0,IF(INDEX(Fertilisants!$C$6:$C$45,$X97)=\"Oui\",1,0))","v":0},"","","",""]
[{"$f":"IF(B98=\"\",\"\",COUNT($B$6:B98))","v":""},null,null,{"$f":"IF($W98=\"\",\"\",INDEX(Îlots!$N$6:$N$65,$W98))","v":""},null,null,{"$f":"IF($X98=\"\",\"\",INDEX(Fertilisants!$B$6:$B$45,$X98))","v":""},null,null,{"$f":"IF($X98=\"\",\"\",INDEX(Fertilisants!$D$6:$D$45,$X98))","v":""},"",{"$f":"IF(OR($I98=\"\",$X98=\"\"),\"\",$I98*N(INDEX(Fertilisants!$E$6:$E$45,$X98)))","v":""},{"$f":"IF(OR($I98=\"\",$X98=\"\"),\"\",$I98*N(INDEX(Fertilisants!$G$6:$G$45,$X98)))","v":""},{"$f":"IF(OR($I98=\"\",$X98=\"\"),\"\",$I98*N(INDEX(Fertilisants!$H$6:$H$45,$X98)))","v":""},{"$f":"IF(OR($I98=\"\",$X98=\"\"),\"\",$I98*N(INDEX(Fertilisants!$I$6:$I$45,$X98)))","v":""},"",{"$nulls":3},"",null,null,{"$f":"IF($C98=\"\",\"\",IFERROR(MATCH($C98,Îlots!$C$6:$C$65,0),\"\"))","v":""},{"$f":"IF($F98=\"\",\"\",IFERROR(MATCH($F98,Fertilisants!$A$6:$A$45,0),\"\"))","v":""},{"$f":"IF($W98=\"\",\"\",INDEX(Îlots!$D$6:$D$65,$W98))","v":""},{"$f":"IF($W98=\"\",\"\",INDEX(Îlots!$F$6:$F$65,$W98))","v":""},{"$f":"IF($W98=\"\",\"\",IF($E98=ApportCouvert,OccCouvert,INDEX(Îlots!$O$6:$O$65,$W98)))","v":""},{"$f":"IF(OR($AA98=\"\",$G98=\"\",$Z98=\"Non\"),\"\",IFERROR(MATCH($AA98&\" | \"&$G98,Paramètres!$I$7:$I$41,0),\"\"))","v":""},"",{"$f":"IF(OR($AB98=\"\",$AC98=\"\"),0,IF(OR(AND(INDEX(Paramètres!$J$7:$J$41,$AB98)>0,IF(INDEX(Paramètres!$J$7:$J$41,$AB98)<=INDEX(Paramètres!$K$7:$K$41,$AB98),AND($AC98>=INDEX(Paramètres!$J$7:$J$41,$AB98),$AC98<=INDEX(Paramètres!$K$7:$K$41,$AB98)),OR($AC98>=INDEX(Paramètres!$J$7:$J$41,$AB98),$AC98<=INDEX(Paramètres!$K$7:$K$41,$AB98)))),AND(INDEX(Paramètres!$L$7:$L$41,$AB98)>0,IF(INDEX(Paramètres!$L$7:$L$41,$AB98)<=INDEX(Paramètres!$M$7:$M$41,$AB98),AND($AC98>=INDEX(Paramètres!$L$7:$L$41,$AB98),$AC98<=INDEX(Paramètres!$M$7:$M$41,$AB98)),OR($AC98>=INDEX(Paramètres!$L$7:$L$41,$AB98),$AC98<=INDEX(Paramètres!$M$7:$M$41,$AB98))))),1,0))","v":0},{"$f":"IF($X98=\"\",0,IF(INDEX(Fertilisants!$C$6:$C$45,$X98)=\"Oui\",1,0))","v":0},"","","",""]
[{"$f":"IF(B99=\"\",\"\",COUNT($B$6:B99))","v":""},null,null,{"$f":"IF($W99=\"\",\"\",INDEX(Îlots!$N$6:$N$65,$W99))","v":""},null,null,{"$f":"IF($X99=\"\",\"\",INDEX(Fertilisants!$B$6:$B$45,$X99))","v":""},null,null,{"$f":"IF($X99=\"\",\"\",INDEX(Fertilisants!$D$6:$D$45,$X99))","v":""},"",{"$f":"IF(OR($I99=\"\",$X99=\"\"),\"\",$I99*N(INDEX(Fertilisants!$E$6:$E$45,$X99)))","v":""},{"$f":"IF(OR($I99=\"\",$X99=\"\"),\"\",$I99*N(INDEX(Fertilisants!$G$6:$G$45,$X99)))","v":""},{"$f":"IF(OR($I99=\"\",$X99=\"\"),\"\",$I99*N(INDEX(Fertilisants!$H$6:$H$45,$X99)))","v":""},{"$f":"IF(OR($I99=\"\",$X99=\"\"),\"\",$I99*N(INDEX(Fertilisants!$I$6:$I$45,$X99)))","v":""},"",{"$nulls":3},"",null,null,{"$f":"IF($C99=\"\",\"\",IFERROR(MATCH($C99,Îlots!$C$6:$C$65,0),\"\"))","v":""},{"$f":"IF($F99=\"\",\"\",IFERROR(MATCH($F99,Fertilisants!$A$6:$A$45,0),\"\"))","v":""},{"$f":"IF($W99=\"\",\"\",INDEX(Îlots!$D$6:$D$65,$W99))","v":""},{"$f":"IF($W99=\"\",\"\",INDEX(Îlots!$F$6:$F$65,$W99))","v":""},{"$f":"IF($W99=\"\",\"\",IF($E99=ApportCouvert,OccCouvert,INDEX(Îlots!$O$6:$O$65,$W99)))","v":""},{"$f":"IF(OR($AA99=\"\",$G99=\"\",$Z99=\"Non\"),\"\",IFERROR(MATCH($AA99&\" | \"&$G99,Paramètres!$I$7:$I$41,0),\"\"))","v":""},"",{"$f":"IF(OR($AB99=\"\",$AC99=\"\"),0,IF(OR(AND(INDEX(Paramètres!$J$7:$J$41,$AB99)>0,IF(INDEX(Paramètres!$J$7:$J$41,$AB99)<=INDEX(Paramètres!$K$7:$K$41,$AB99),AND($AC99>=INDEX(Paramètres!$J$7:$J$41,$AB99),$AC99<=INDEX(Paramètres!$K$7:$K$41,$AB99)),OR($AC99>=INDEX(Paramètres!$J$7:$J$41,$AB99),$AC99<=INDEX(Paramètres!$K$7:$K$41,$AB99)))),AND(INDEX(Paramètres!$L$7:$L$41,$AB99)>0,IF(INDEX(Paramètres!$L$7:$L$41,$AB99)<=INDEX(Paramètres!$M$7:$M$41,$AB99),AND($AC99>=INDEX(Paramètres!$L$7:$L$41,$AB99),$AC99<=INDEX(Paramètres!$M$7:$M$41,$AB99)),OR($AC99>=INDEX(Paramètres!$L$7:$L$41,$AB99),$AC99<=INDEX(Paramètres!$M$7:$M$41,$AB99))))),1,0))","v":0},{"$f":"IF($X99=\"\",0,IF(INDEX(Fertilisants!$C$6:$C$45,$X99)=\"Oui\",1,0))","v":0},"","","",""]
[{"$f":"IF(B100=\"\",\"\",COUNT($B$6:B100))","v":""},null,null,{"$f":"IF($W100=\"\",\"\",INDEX(Îlots!$N$6:$N$65,$W100))","v":""},null,null,{"$f":"IF($X100=\"\",\"\",INDEX(Fertilisants!$B$6:$B$45,$X100))","v":""},null,null,{"$f":"IF($X100=\"\",\"\",INDEX(Fertilisants!$D$6:$D$45,$X100))","v":""},"",{"$f":"IF(OR($I100=\"\",$X100=\"\"),\"\",$I100*N(INDEX(Fertilisants!$E$6:$E$45,$X100)))","v":""},{"$f":"IF(OR($I100=\"\",$X100=\"\"),\"\",$I100*N(INDEX(Fertilisants!$G$6:$G$45,$X100)))","v":""},{"$f":"IF(OR($I100=\"\",$X100=\"\"),\"\",$I100*N(INDEX(Fertilisants!$H$6:$H$45,$X100)))","v":""},{"$f":"IF(OR($I100=\"\",$X100=\"\"),\"\",$I100*N(INDEX(Fertilisants!$I$6:$I$45,$X100)))","v":""},"",{"$nulls":3},"",null,null,{"$f":"IF($C100=\"\",\"\",IFERROR(MATCH($C100,Îlots!$C$6:$C$65,0),\"\"))","v":""},{"$f":"IF($F100=\"\",\"\",IFERROR(MATCH($F100,Fertilisants!$A$6:$A$45,0),\"\"))","v":""},{"$f":"IF($W100=\"\",\"\",INDEX(Îlots!$D$6:$D$65,$W100))","v":""},{"$f":"IF($W100=\"\",\"\",INDEX(Îlots!$F$6:$F$65,$W100))","v":""},{"$f":"IF($W100=\"\",\"\",IF($E100=ApportCouvert,OccCouvert,INDEX(Îlots!$O$6:$O$65,$W100)))","v":""},{"$f":"IF(OR($AA100=\"\",$G100=\"\",$Z100=\"Non\"),\"\",IFERROR(MATCH($AA100&\" | \"&$G100,Paramètres!$I$7:$I$41,0),\"\"))","v":""},"",{"$f":"IF(OR($AB100=\"\",$AC100=\"\"),0,IF(OR(AND(INDEX(Paramètres!$J$7:$J$41,$AB100)>0,IF(INDEX(Paramètres!$J$7:$J$41,$AB100)<=INDEX(Paramètres!$K$7:$K$41,$AB100),AND($AC100>=INDEX(Paramètres!$J$7:$J$41,$AB100),$AC100<=INDEX(Paramètres!$K$7:$K$41,$AB100)),OR($AC100>=INDEX(Paramètres!$J$7:$J$41,$AB100),$AC100<=INDEX(Paramètres!$K$7:$K$41,$AB100)))),AND(INDEX(Paramètres!$L$7:$L$41,$AB100)>0,IF(INDEX(Paramètres!$L$7:$L$41,$AB100)<=INDEX(Paramètres!$M$7:$M$41,$AB100),AND($AC100>=INDEX(Paramètres!$L$7:$L$41,$AB100),$AC100<=INDEX(Paramètres!$M$7:$M$41,$AB100)),OR($AC100>=INDEX(Paramètres!$L$7:$L$41,$AB100),$AC100<=INDEX(Paramètres!$M$7:$M$41,$AB100))))),1,0))","v":0},{"$f":"IF($X100=\"\",0,IF(INDEX(Fertilisants!$C$6:$C$45,$X100)=\"Oui\",1,0))","v":0},"","","",""]
[{"$f":"IF(B101=\"\",\"\",COUNT($B$6:B101))","v":""},null,null,{"$f":"IF($W101=\"\",\"\",INDEX(Îlots!$N$6:$N$65,$W101))","v":""},null,null,{"$f":"IF($X101=\"\",\"\",INDEX(Fertilisants!$B$6:$B$45,$X101))","v":""},null,null,{"$f":"IF($X101=\"\",\"\",INDEX(Fertilisants!$D$6:$D$45,$X101))","v":""},"",{"$f":"IF(OR($I101=\"\",$X101=\"\"),\"\",$I101*N(INDEX(Fertilisants!$E$6:$E$45,$X101)))","v":""},{"$f":"IF(OR($I101=\"\",$X101=\"\"),\"\",$I101*N(INDEX(Fertilisants!$G$6:$G$45,$X101)))","v":""},{"$f":"IF(OR($I101=\"\",$X101=\"\"),\"\",$I101*N(INDEX(Fertilisants!$H$6:$H$45,$X101)))","v":""},{"$f":"IF(OR($I101=\"\",$X101=\"\"),\"\",$I101*N(INDEX(Fertilisants!$I$6:$I$45,$X101)))","v":""},"",{"$nulls":3},"",null,null,{"$f":"IF($C101=\"\",\"\",IFERROR(MATCH($C101,Îlots!$C$6:$C$65,0),\"\"))","v":""},{"$f":"IF($F101=\"\",\"\",IFERROR(MATCH($F101,Fertilisants!$A$6:$A$45,0),\"\"))","v":""},{"$f":"IF($W101=\"\",\"\",INDEX(Îlots!$D$6:$D$65,$W101))","v":""},{"$f":"IF($W101=\"\",\"\",INDEX(Îlots!$F$6:$F$65,$W101))","v":""},{"$f":"IF($W101=\"\",\"\",IF($E101=ApportCouvert,OccCouvert,INDEX(Îlots!$O$6:$O$65,$W101)))","v":""},{"$f":"IF(OR($AA101=\"\",$G101=\"\",$Z101=\"Non\"),\"\",IFERROR(MATCH($AA101&\" | \"&$G101,Paramètres!$I$7:$I$41,0),\"\"))","v":""},"",{"$f":"IF(OR($AB101=\"\",$AC101=\"\"),0,IF(OR(AND(INDEX(Paramètres!$J$7:$J$41,$AB101)>0,IF(INDEX(Paramètres!$J$7:$J$41,$AB101)<=INDEX(Paramètres!$K$7:$K$41,$AB101),AND($AC101>=INDEX(Paramètres!$J$7:$J$41,$AB101),$AC101<=INDEX(Paramètres!$K$7:$K$41,$AB101)),OR($AC101>=INDEX(Paramètres!$J$7:$J$41,$AB101),$AC101<=INDEX(Paramètres!$K$7:$K$41,$AB101)))),AND(INDEX(Paramètres!$L$7:$L$41,$AB101)>0,IF(INDEX(Paramètres!$L$7:$L$41,$AB101)<=INDEX(Paramètres!$M$7:$M$41,$AB101),AND($AC101>=INDEX(Paramètres!$L$7:$L$41,$AB101),$AC101<=INDEX(Paramètres!$M$7:$M$41,$AB101)),OR($AC101>=INDEX(Paramètres!$L$7:$L$41,$AB101),$AC101<=INDEX(Paramètres!$M$7:$M$41,$AB101))))),1,0))","v":0},{"$f":"IF($X101=\"\",0,IF(INDEX(Fertilisants!$C$6:$C$45,$X101)=\"Oui\",1,0))","v":0},"","","",""]
[{"$f":"IF(B102=\"\",\"\",COUNT($B$6:B102))","v":""},null,null,{"$f":"IF($W102=\"\",\"\",INDEX(Îlots!$N$6:$N$65,$W102))","v":""},null,null,{"$f":"IF($X102=\"\",\"\",INDEX(Fertilisants!$B$6:$B$45,$X102))","v":""},null,null,{"$f":"IF($X102=\"\",\"\",INDEX(Fertilisants!$D$6:$D$45,$X102))","v":""},"",{"$f":"IF(OR($I102=\"\",$X102=\"\"),\"\",$I102*N(INDEX(Fertilisants!$E$6:$E$45,$X102)))","v":""},{"$f":"IF(OR($I102=\"\",$X102=\"\"),\"\",$I102*N(INDEX(Fertilisants!$G$6:$G$45,$X102)))","v":""},{"$f":"IF(OR($I102=\"\",$X102=\"\"),\"\",$I102*N(INDEX(Fertilisants!$H$6:$H$45,$X102)))","v":""},{"$f":"IF(OR($I102=\"\",$X102=\"\"),\"\",$I102*N(INDEX(Fertilisants!$I$6:$I$45,$X102)))","v":""},"",{"$nulls":3},"",null,null,{"$f":"IF($C102=\"\",\"\",IFERROR(MATCH($C102,Îlots!$C$6:$C$65,0),\"\"))","v":""},{"$f":"IF($F102=\"\",\"\",IFERROR(MATCH($F102,Fertilisants!$A$6:$A$45,0),\"\"))","v":""},{"$f":"IF($W102=\"\",\"\",INDEX(Îlots!$D$6:$D$65,$W102))","v":""},{"$f":"IF($W102=\"\",\"\",INDEX(Îlots!$F$6:$F$65,$W102))","v":""},{"$f":"IF($W102=\"\",\"\",IF($E102=ApportCouvert,OccCouvert,INDEX(Îlots!$O$6:$O$65,$W102)))","v":""},{"$f":"IF(OR($AA102=\"\",$G102=\"\",$Z102=\"Non\"),\"\",IFERROR(MATCH($AA102&\" | \"&$G102,Paramètres!$I$7:$I$41,0),\"\"))","v":""},"",{"$f":"IF(OR($AB102=\"\",$AC102=\"\"),0,IF(OR(AND(INDEX(Paramètres!$J$7:$J$41,$AB102)>0,IF(INDEX(Paramètres!$J$7:$J$41,$AB102)<=INDEX(Paramètres!$K$7:$K$41,$AB102),AND($AC102>=INDEX(Paramètres!$J$7:$J$41,$AB102),$AC102<=INDEX(Paramètres!$K$7:$K$41,$AB102)),OR($AC102>=INDEX(Paramètres!$J$7:$J$41,$AB102),$AC102<=INDEX(Paramètres!$K$7:$K$41,$AB102)))),AND(INDEX(Paramètres!$L$7:$L$41,$AB102)>0,IF(INDEX(Paramètres!$L$7:$L$41,$AB102)<=INDEX(Paramètres!$M$7:$M$41,$AB102),AND($AC102>=INDEX(Paramètres!$L$7:$L$41,$AB102),$AC102<=INDEX(Paramètres!$M$7:$M$41,$AB102)),OR($AC102>=INDEX(Paramètres!$L$7:$L$41,$AB102),$AC102<=INDEX(Paramètres!$M$7:$M$41,$AB102))))),1,0))","v":0},{"$f":"IF($X102=\"\",0,IF(INDEX(Fertilisants!$C$6:$C$45,$X102)=\"Oui\",1,0))","v":0},"","","",""]
[{"$f":"IF(B103=\"\",\"\",COUNT($B$6:B103))","v":""},null,null,{"$f":"IF($W103=\"\",\"\",INDEX(Îlots!$N$6:$N$65,$W103))","v":""},null,null,{"$f":"IF($X103=\"\",\"\",INDEX(Fertilisants!$B$6:$B$45,$X103))","v":""},null,null,{"$f":"IF($X103=\"\",\"\",INDEX(Fertilisants!$D$6:$D$45,$X103))","v":""},"",{"$f":"IF(OR($I103=\"\",$X103=\"\"),\"\",$I103*N(INDEX(Fertilisants!$E$6:$E$45,$X103)))","v":""},{"$f":"IF(OR($I103=\"\",$X103=\"\"),\"\",$I103*N(INDEX(Fertilisants!$G$6:$G$45,$X103)))","v":""},{"$f":"IF(OR($I103=\"\",$X103=\"\"),\"\",$I103*N(INDEX(Fertilisants!$H$6:$H$45,$X103)))","v":""},{"$f":"IF(OR($I103=\"\",$X103=\"\"),\"\",$I103*N(INDEX(Fertilisants!$I$6:$I$45,$X103)))","v":""},"",{"$nulls":3},"",null,null,{"$f":"IF($C103=\"\",\"\",IFERROR(MATCH($C103,Îlots!$C$6:$C$65,0),\"\"))","v":""},{"$f":"IF($F103=\"\",\"\",IFERROR(MATCH($F103,Fertilisants!$A$6:$A$45,0),\"\"))","v":""},{"$f":"IF($W103=\"\",\"\",INDEX(Îlots!$D$6:$D$65,$W103))","v":""},{"$f":"IF($W103=\"\",\"\",INDEX(Îlots!$F$6:$F$65,$W103))","v":""},{"$f":"IF($W103=\"\",\"\",IF($E103=ApportCouvert,OccCouvert,INDEX(Îlots!$O$6:$O$65,$W103)))","v":""},{"$f":"IF(OR($AA103=\"\",$G103=\"\",$Z103=\"Non\"),\"\",IFERROR(MATCH($AA103&\" | \"&$G103,Paramètres!$I$7:$I$41,0),\"\"))","v":""},"",{"$f":"IF(OR($AB103=\"\",$AC103=\"\"),0,IF(OR(AND(INDEX(Paramètres!$J$7:$J$41,$AB103)>0,IF(INDEX(Paramètres!$J$7:$J$41,$AB103)<=INDEX(Paramètres!$K$7:$K$41,$AB103),AND($AC103>=INDEX(Paramètres!$J$7:$J$41,$AB103),$AC103<=INDEX(Paramètres!$K$7:$K$41,$AB103)),OR($AC103>=INDEX(Paramètres!$J$7:$J$41,$AB103),$AC103<=INDEX(Paramètres!$K$7:$K$41,$AB103)))),AND(INDEX(Paramètres!$L$7:$L$41,$AB103)>0,IF(INDEX(Paramètres!$L$7:$L$41,$AB103)<=INDEX(Paramètres!$M$7:$M$41,$AB103),AND($AC103>=INDEX(Paramètres!$L$7:$L$41,$AB103),$AC103<=INDEX(Paramètres!$M$7:$M$41,$AB103)),OR($AC103>=INDEX(Paramètres!$L$7:$L$41,$AB103),$AC103<=INDEX(Paramètres!$M$7:$M$41,$AB103))))),1,0))","v":0},{"$f":"IF($X103=\"\",0,IF(INDEX(Fertilisants!$C$6:$C$45,$X103)=\"Oui\",1,0))","v":0},"","","",""]
[{"$f":"IF(B104=\"\",\"\",COUNT($B$6:B104))","v":""},null,null,{"$f":"IF($W104=\"\",\"\",INDEX(Îlots!$N$6:$N$65,$W104))","v":""},null,null,{"$f":"IF($X104=\"\",\"\",INDEX(Fertilisants!$B$6:$B$45,$X104))","v":""},null,null,{"$f":"IF($X104=\"\",\"\",INDEX(Fertilisants!$D$6:$D$45,$X104))","v":""},"",{"$f":"IF(OR($I104=\"\",$X104=\"\"),\"\",$I104*N(INDEX(Fertilisants!$E$6:$E$45,$X104)))","v":""},{"$f":"IF(OR($I104=\"\",$X104=\"\"),\"\",$I104*N(INDEX(Fertilisants!$G$6:$G$45,$X104)))","v":""},{"$f":"IF(OR($I104=\"\",$X104=\"\"),\"\",$I104*N(INDEX(Fertilisants!$H$6:$H$45,$X104)))","v":""},{"$f":"IF(OR($I104=\"\",$X104=\"\"),\"\",$I104*N(INDEX(Fertilisants!$I$6:$I$45,$X104)))","v":""},"",{"$nulls":3},"",null,null,{"$f":"IF($C104=\"\",\"\",IFERROR(MATCH($C104,Îlots!$C$6:$C$65,0),\"\"))","v":""},{"$f":"IF($F104=\"\",\"\",IFERROR(MATCH($F104,Fertilisants!$A$6:$A$45,0),\"\"))","v":""},{"$f":"IF($W104=\"\",\"\",INDEX(Îlots!$D$6:$D$65,$W104))","v":""},{"$f":"IF($W104=\"\",\"\",INDEX(Îlots!$F$6:$F$65,$W104))","v":""},{"$f":"IF($W104=\"\",\"\",IF($E104=ApportCouvert,OccCouvert,INDEX(Îlots!$O$6:$O$65,$W104)))","v":""},{"$f":"IF(OR($AA104=\"\",$G104=\"\",$Z104=\"Non\"),\"\",IFERROR(MATCH($AA104&\" | \"&$G104,Paramètres!$I$7:$I$41,0),\"\"))","v":""},"",{"$f":"IF(OR($AB104=\"\",$AC104=\"\"),0,IF(OR(AND(INDEX(Paramètres!$J$7:$J$41,$AB104)>0,IF(INDEX(Paramètres!$J$7:$J$41,$AB104)<=INDEX(Paramètres!$K$7:$K$41,$AB104),AND($AC104>=INDEX(Paramètres!$J$7:$J$41,$AB104),$AC104<=INDEX(Paramètres!$K$7:$K$41,$AB104)),OR($AC104>=INDEX(Paramètres!$J$7:$J$41,$AB104),$AC104<=INDEX(Paramètres!$K$7:$K$41,$AB104)))),AND(INDEX(Paramètres!$L$7:$L$41,$AB104)>0,IF(INDEX(Paramètres!$L$7:$L$41,$AB104)<=INDEX(Paramètres!$M$7:$M$41,$AB104),AND($AC104>=INDEX(Paramètres!$L$7:$L$41,$AB104),$AC104<=INDEX(Paramètres!$M$7:$M$41,$AB104)),OR($AC104>=INDEX(Paramètres!$L$7:$L$41,$AB104),$AC104<=INDEX(Paramètres!$M$7:$M$41,$AB104))))),1,0))","v":0},{"$f":"IF($X104=\"\",0,IF(INDEX(Fertilisants!$C$6:$C$45,$X104)=\"Oui\",1,0))","v":0},"","","",""]
[{"$f":"IF(B105=\"\",\"\",COUNT($B$6:B105))","v":""},null,null,{"$f":"IF($W105=\"\",\"\",INDEX(Îlots!$N$6:$N$65,$W105))","v":""},null,null,{"$f":"IF($X105=\"\",\"\",INDEX(Fertilisants!$B$6:$B$45,$X105))","v":""},null,null,{"$f":"IF($X105=\"\",\"\",INDEX(Fertilisants!$D$6:$D$45,$X105))","v":""},"",{"$f":"IF(OR($I105=\"\",$X105=\"\"),\"\",$I105*N(INDEX(Fertilisants!$E$6:$E$45,$X105)))","v":""},{"$f":"IF(OR($I105=\"\",$X105=\"\"),\"\",$I105*N(INDEX(Fertilisants!$G$6:$G$45,$X105)))","v":""},{"$f":"IF(OR($I105=\"\",$X105=\"\"),\"\",$I105*N(INDEX(Fertilisants!$H$6:$H$45,$X105)))","v":""},{"$f":"IF(OR($I105=\"\",$X105=\"\"),\"\",$I105*N(INDEX(Fertilisants!$I$6:$I$45,$X105)))","v":""},"",{"$nulls":3},"",null,null,{"$f":"IF($C105=\"\",\"\",IFERROR(MATCH($C105,Îlots!$C$6:$C$65,0),\"\"))","v":""},{"$f":"IF($F105=\"\",\"\",IFERROR(MATCH($F105,Fertilisants!$A$6:$A$45,0),\"\"))","v":""},{"$f":"IF($W105=\"\",\"\",INDEX(Îlots!$D$6:$D$65,$W105))","v":""},{"$f":"IF($W105=\"\",\"\",INDEX(Îlots!$F$6:$F$65,$W105))","v":""},{"$f":"IF($W105=\"\",\"\",IF($E105=ApportCouvert,OccCouvert,INDEX(Îlots!$O$6:$O$65,$W105)))","v":""},{"$f":"IF(OR($AA105=\"\",$G105=\"\",$Z105=\"Non\"),\"\",IFERROR(MATCH($AA105&\" | \"&$G105,Paramètres!$I$7:$I$41,0),\"\"))","v":""},"",{"$f":"IF(OR($AB105=\"\",$AC105=\"\"),0,IF(OR(AND(INDEX(Paramètres!$J$7:$J$41,$AB105)>0,IF(INDEX(Paramètres!$J$7:$J$41,$AB105)<=INDEX(Paramètres!$K$7:$K$41,$AB105),AND($AC105>=INDEX(Paramètres!$J$7:$J$41,$AB105),$AC105<=INDEX(Paramètres!$K$7:$K$41,$AB105)),OR($AC105>=INDEX(Paramètres!$J$7:$J$41,$AB105),$AC105<=INDEX(Paramètres!$K$7:$K$41,$AB105)))),AND(INDEX(Paramètres!$L$7:$L$41,$AB105)>0,IF(INDEX(Paramètres!$L$7:$L$41,$AB105)<=INDEX(Paramètres!$M$7:$M$41,$AB105),AND($AC105>=INDEX(Paramètres!$L$7:$L$41,$AB105),$AC105<=INDEX(Paramètres!$M$7:$M$41,$AB105)),OR($AC105>=INDEX(Paramètres!$L$7:$L$41,$AB105),$AC105<=INDEX(Paramètres!$M$7:$M$41,$AB105))))),1,0))","v":0},{"$f":"IF($X105=\"\",0,IF(INDEX(Fertilisants!$C$6:$C$45,$X105)=\"Oui\",1,0))","v":0},"","","",""]
[{"$f":"IF(B106=\"\",\"\",COUNT($B$6:B106))","v":""},null,null,{"$f":"IF($W106=\"\",\"\",INDEX(Îlots!$N$6:$N$65,$W106))","v":""},null,null,{"$f":"IF($X106=\"\",\"\",INDEX(Fertilisants!$B$6:$B$45,$X106))","v":""},null,null,{"$f":"IF($X106=\"\",\"\",INDEX(Fertilisants!$D$6:$D$45,$X106))","v":""},"",{"$f":"IF(OR($I106=\"\",$X106=\"\"),\"\",$I106*N(INDEX(Fertilisants!$E$6:$E$45,$X106)))","v":""},{"$f":"IF(OR($I106=\"\",$X106=\"\"),\"\",$I106*N(INDEX(Fertilisants!$G$6:$G$45,$X106)))","v":""},{"$f":"IF(OR($I106=\"\",$X106=\"\"),\"\",$I106*N(INDEX(Fertilisants!$H$6:$H$45,$X106)))","v":""},{"$f":"IF(OR($I106=\"\",$X106=\"\"),\"\",$I106*N(INDEX(Fertilisants!$I$6:$I$45,$X106)))","v":""},"",{"$nulls":3},"",null,null,{"$f":"IF($C106=\"\",\"\",IFERROR(MATCH($C106,Îlots!$C$6:$C$65,0),\"\"))","v":""},{"$f":"IF($F106=\"\",\"\",IFERROR(MATCH($F106,Fertilisants!$A$6:$A$45,0),\"\"))","v":""},{"$f":"IF($W106=\"\",\"\",INDEX(Îlots!$D$6:$D$65,$W106))","v":""},{"$f":"IF($W106=\"\",\"\",INDEX(Îlots!$F$6:$F$65,$W106))","v":""},{"$f":"IF($W106=\"\",\"\",IF($E106=ApportCouvert,OccCouvert,INDEX(Îlots!$O$6:$O$65,$W106)))","v":""},{"$f":"IF(OR($AA106=\"\",$G106=\"\",$Z106=\"Non\"),\"\",IFERROR(MATCH($AA106&\" | \"&$G106,Paramètres!$I$7:$I$41,0),\"\"))","v":""},"",{"$f":"IF(OR($AB106=\"\",$AC106=\"\"),0,IF(OR(AND(INDEX(Paramètres!$J$7:$J$41,$AB106)>0,IF(INDEX(Paramètres!$J$7:$J$41,$AB106)<=INDEX(Paramètres!$K$7:$K$41,$AB106),AND($AC106>=INDEX(Paramètres!$J$7:$J$41,$AB106),$AC106<=INDEX(Paramètres!$K$7:$K$41,$AB106)),OR($AC106>=INDEX(Paramètres!$J$7:$J$41,$AB106),$AC106<=INDEX(Paramètres!$K$7:$K$41,$AB106)))),AND(INDEX(Paramètres!$L$7:$L$41,$AB106)>0,IF(INDEX(Paramètres!$L$7:$L$41,$AB106)<=INDEX(Paramètres!$M$7:$M$41,$AB106),AND($AC106>=INDEX(Paramètres!$L$7:$L$41,$AB106),$AC106<=INDEX(Paramètres!$M$7:$M$41,$AB106)),OR($AC106>=INDEX(Paramètres!$L$7:$L$41,$AB106),$AC106<=INDEX(Paramètres!$M$7:$M$41,$AB106))))),1,0))","v":0},{"$f":"IF($X106=\"\",0,IF(INDEX(Fertilisants!$C$6:$C$45,$X106)=\"Oui\",1,0))","v":0},"","","",""]
[{"$f":"IF(B107=\"\",\"\",COUNT($B$6:B107))","v":""},null,null,{"$f":"IF($W107=\"\",\"\",INDEX(Îlots!$N$6:$N$65,$W107))","v":""},null,null,{"$f":"IF($X107=\"\",\"\",INDEX(Fertilisants!$B$6:$B$45,$X107))","v":""},null,null,{"$f":"IF($X107=\"\",\"\",INDEX(Fertilisants!$D$6:$D$45,$X107))","v":""},"",{"$f":"IF(OR($I107=\"\",$X107=\"\"),\"\",$I107*N(INDEX(Fertilisants!$E$6:$E$45,$X107)))","v":""},{"$f":"IF(OR($I107=\"\",$X107=\"\"),\"\",$I107*N(INDEX(Fertilisants!$G$6:$G$45,$X107)))","v":""},{"$f":"IF(OR($I107=\"\",$X107=\"\"),\"\",$I107*N(INDEX(Fertilisants!$H$6:$H$45,$X107)))","v":""},{"$f":"IF(OR($I107=\"\",$X107=\"\"),\"\",$I107*N(INDEX(Fertilisants!$I$6:$I$45,$X107)))","v":""},"",{"$nulls":3},"",null,null,{"$f":"IF($C107=\"\",\"\",IFERROR(MATCH($C107,Îlots!$C$6:$C$65,0),\"\"))","v":""},{"$f":"IF($F107=\"\",\"\",IFERROR(MATCH($F107,Fertilisants!$A$6:$A$45,0),\"\"))","v":""},{"$f":"IF($W107=\"\",\"\",INDEX(Îlots!$D$6:$D$65,$W107))","v":""},{"$f":"IF($W107=\"\",\"\",INDEX(Îlots!$F$6:$F$65,$W107))","v":""},{"$f":"IF($W107=\"\",\"\",IF($E107=ApportCouvert,OccCouvert,INDEX(Îlots!$O$6:$O$65,$W107)))","v":""},{"$f":"IF(OR($AA107=\"\",$G107=\"\",$Z107=\"Non\"),\"\",IFERROR(MATCH($AA107&\" | \"&$G107,Paramètres!$I$7:$I$41,0),\"\"))","v":""},"",{"$f":"IF(OR($AB107=\"\",$AC107=\"\"),0,IF(OR(AND(INDEX(Paramètres!$J$7:$J$41,$AB107)>0,IF(INDEX(Paramètres!$J$7:$J$41,$AB107)<=INDEX(Paramètres!$K$7:$K$41,$AB107),AND($AC107>=INDEX(Paramètres!$J$7:$J$41,$AB107),$AC107<=INDEX(Paramètres!$K$7:$K$41,$AB107)),OR($AC107>=INDEX(Paramètres!$J$7:$J$41,$AB107),$AC107<=INDEX(Paramètres!$K$7:$K$41,$AB107)))),AND(INDEX(Paramètres!$L$7:$L$41,$AB107)>0,IF(INDEX(Paramètres!$L$7:$L$41,$AB107)<=INDEX(Paramètres!$M$7:$M$41,$AB107),AND($AC107>=INDEX(Paramètres!$L$7:$L$41,$AB107),$AC107<=INDEX(Paramètres!$M$7:$M$41,$AB107)),OR($AC107>=INDEX(Paramètres!$L$7:$L$41,$AB107),$AC107<=INDEX(Paramètres!$M$7:$M$41,$AB107))))),1,0))","v":0},{"$f":"IF($X107=\"\",0,IF(INDEX(Fertilisants!$C$6:$C$45,$X107)=\"Oui\",1,0))","v":0},"","","",""]
[{"$f":"IF(B108=\"\",\"\",COUNT($B$6:B108))","v":""},null,null,{"$f":"IF($W108=\"\",\"\",INDEX(Îlots!$N$6:$N$65,$W108))","v":""},null,null,{"$f":"IF($X108=\"\",\"\",INDEX(Fertilisants!$B$6:$B$45,$X108))","v":""},null,null,{"$f":"IF($X108=\"\",\"\",INDEX(Fertilisants!$D$6:$D$45,$X108))","v":""},"",{"$f":"IF(OR($I108=\"\",$X108=\"\"),\"\",$I108*N(INDEX(Fertilisants!$E$6:$E$45,$X108)))","v":""},{"$f":"IF(OR($I108=\"\",$X108=\"\"),\"\",$I108*N(INDEX(Fertilisants!$G$6:$G$45,$X108)))","v":""},{"$f":"IF(OR($I108=\"\",$X108=\"\"),\"\",$I108*N(INDEX(Fertilisants!$H$6:$H$45,$X108)))","v":""},{"$f":"IF(OR($I108=\"\",$X108=\"\"),\"\",$I108*N(INDEX(Fertilisants!$I$6:$I$45,$X108)))","v":""},"",{"$nulls":3},"",null,null,{"$f":"IF($C108=\"\",\"\",IFERROR(MATCH($C108,Îlots!$C$6:$C$65,0),\"\"))","v":""},{"$f":"IF($F108=\"\",\"\",IFERROR(MATCH($F108,Fertilisants!$A$6:$A$45,0),\"\"))","v":""},{"$f":"IF($W108=\"\",\"\",INDEX(Îlots!$D$6:$D$65,$W108))","v":""},{"$f":"IF($W108=\"\",\"\",INDEX(Îlots!$F$6:$F$65,$W108))","v":""},{"$f":"IF($W108=\"\",\"\",IF($E108=ApportCouvert,OccCouvert,INDEX(Îlots!$O$6:$O$65,$W108)))","v":""},{"$f":"IF(OR($AA108=\"\",$G108=\"\",$Z108=\"Non\"),\"\",IFERROR(MATCH($AA108&\" | \"&$G108,Paramètres!$I$7:$I$41,0),\"\"))","v":""},"",{"$f":"IF(OR($AB108=\"\",$AC108=\"\"),0,IF(OR(AND(INDEX(Paramètres!$J$7:$J$41,$AB108)>0,IF(INDEX(Paramètres!$J$7:$J$41,$AB108)<=INDEX(Paramètres!$K$7:$K$41,$AB108),AND($AC108>=INDEX(Paramètres!$J$7:$J$41,$AB108),$AC108<=INDEX(Paramètres!$K$7:$K$41,$AB108)),OR($AC108>=INDEX(Paramètres!$J$7:$J$41,$AB108),$AC108<=INDEX(Paramètres!$K$7:$K$41,$AB108)))),AND(INDEX(Paramètres!$L$7:$L$41,$AB108)>0,IF(INDEX(Paramètres!$L$7:$L$41,$AB108)<=INDEX(Paramètres!$M$7:$M$41,$AB108),AND($AC108>=INDEX(Paramètres!$L$7:$L$41,$AB108),$AC108<=INDEX(Paramètres!$M$7:$M$41,$AB108)),OR($AC108>=INDEX(Paramètres!$L$7:$L$41,$AB108),$AC108<=INDEX(Paramètres!$M$7:$M$41,$AB108))))),1,0))","v":0},{"$f":"IF($X108=\"\",0,IF(INDEX(Fertilisants!$C$6:$C$45,$X108)=\"Oui\",1,0))","v":0},"","","",""]
[{"$f":"IF(B109=\"\",\"\",COUNT($B$6:B109))","v":""},null,null,{"$f":"IF($W109=\"\",\"\",INDEX(Îlots!$N$6:$N$65,$W109))","v":""},null,null,{"$f":"IF($X109=\"\",\"\",INDEX(Fertilisants!$B$6:$B$45,$X109))","v":""},null,null,{"$f":"IF($X109=\"\",\"\",INDEX(Fertilisants!$D$6:$D$45,$X109))","v":""},"",{"$f":"IF(OR($I109=\"\",$X109=\"\"),\"\",$I109*N(INDEX(Fertilisants!$E$6:$E$45,$X109)))","v":""},{"$f":"IF(OR($I109=\"\",$X109=\"\"),\"\",$I109*N(INDEX(Fertilisants!$G$6:$G$45,$X109)))","v":""},{"$f":"IF(OR($I109=\"\",$X109=\"\"),\"\",$I109*N(INDEX(Fertilisants!$H$6:$H$45,$X109)))","v":""},{"$f":"IF(OR($I109=\"\",$X109=\"\"),\"\",$I109*N(INDEX(Fertilisants!$I$6:$I$45,$X109)))","v":""},"",{"$nulls":3},"",null,null,{"$f":"IF($C109=\"\",\"\",IFERROR(MATCH($C109,Îlots!$C$6:$C$65,0),\"\"))","v":""},{"$f":"IF($F109=\"\",\"\",IFERROR(MATCH($F109,Fertilisants!$A$6:$A$45,0),\"\"))","v":""},{"$f":"IF($W109=\"\",\"\",INDEX(Îlots!$D$6:$D$65,$W109))","v":""},{"$f":"IF($W109=\"\",\"\",INDEX(Îlots!$F$6:$F$65,$W109))","v":""},{"$f":"IF($W109=\"\",\"\",IF($E109=ApportCouvert,OccCouvert,INDEX(Îlots!$O$6:$O$65,$W109)))","v":""},{"$f":"IF(OR($AA109=\"\",$G109=\"\",$Z109=\"Non\"),\"\",IFERROR(MATCH($AA109&\" | \"&$G109,Paramètres!$I$7:$I$41,0),\"\"))","v":""},"",{"$f":"IF(OR($AB109=\"\",$AC109=\"\"),0,IF(OR(AND(INDEX(Paramètres!$J$7:$J$41,$AB109)>0,IF(INDEX(Paramètres!$J$7:$J$41,$AB109)<=INDEX(Paramètres!$K$7:$K$41,$AB109),AND($AC109>=INDEX(Paramètres!$J$7:$J$41,$AB109),$AC109<=INDEX(Paramètres!$K$7:$K$41,$AB109)),OR($AC109>=INDEX(Paramètres!$J$7:$J$41,$AB109),$AC109<=INDEX(Paramètres!$K$7:$K$41,$AB109)))),AND(INDEX(Paramètres!$L$7:$L$41,$AB109)>0,IF(INDEX(Paramètres!$L$7:$L$41,$AB109)<=INDEX(Paramètres!$M$7:$M$41,$AB109),AND($AC109>=INDEX(Paramètres!$L$7:$L$41,$AB109),$AC109<=INDEX(Paramètres!$M$7:$M$41,$AB109)),OR($AC109>=INDEX(Paramètres!$L$7:$L$41,$AB109),$AC109<=INDEX(Paramètres!$M$7:$M$41,$AB109))))),1,0))","v":0},{"$f":"IF($X109=\"\",0,IF(INDEX(Fertilisants!$C$6:$C$45,$X109)=\"Oui\",1,0))","v":0},"","","",""]
[{"$f":"IF(B110=\"\",\"\",COUNT($B$6:B110))","v":""},null,null,{"$f":"IF($W110=\"\",\"\",INDEX(Îlots!$N$6:$N$65,$W110))","v":""},null,null,{"$f":"IF($X110=\"\",\"\",INDEX(Fertilisants!$B$6:$B$45,$X110))","v":""},null,null,{"$f":"IF($X110=\"\",\"\",INDEX(Fertilisants!$D$6:$D$45,$X110))","v":""},"",{"$f":"IF(OR($I110=\"\",$X110=\"\"),\"\",$I110*N(INDEX(Fertilisants!$E$6:$E$45,$X110)))","v":""},{"$f":"IF(OR($I110=\"\",$X110=\"\"),\"\",$I110*N(INDEX(Fertilisants!$G$6:$G$45,$X110)))","v":""},{"$f":"IF(OR($I110=\"\",$X110=\"\"),\"\",$I110*N(INDEX(Fertilisants!$H$6:$H$45,$X110)))","v":""},{"$f":"IF(OR($I110=\"\",$X110=\"\"),\"\",$I110*N(INDEX(Fertilisants!$I$6:$I$45,$X110)))","v":""},"",{"$nulls":3},"",null,null,{"$f":"IF($C110=\"\",\"\",IFERROR(MATCH($C110,Îlots!$C$6:$C$65,0),\"\"))","v":""},{"$f":"IF($F110=\"\",\"\",IFERROR(MATCH($F110,Fertilisants!$A$6:$A$45,0),\"\"))","v":""},{"$f":"IF($W110=\"\",\"\",INDEX(Îlots!$D$6:$D$65,$W110))","v":""},{"$f":"IF($W110=\"\",\"\",INDEX(Îlots!$F$6:$F$65,$W110))","v":""},{"$f":"IF($W110=\"\",\"\",IF($E110=ApportCouvert,OccCouvert,INDEX(Îlots!$O$6:$O$65,$W110)))","v":""},{"$f":"IF(OR($AA110=\"\",$G110=\"\",$Z110=\"Non\"),\"\",IFERROR(MATCH($AA110&\" | \"&$G110,Paramètres!$I$7:$I$41,0),\"\"))","v":""},"",{"$f":"IF(OR($AB110=\"\",$AC110=\"\"),0,IF(OR(AND(INDEX(Paramètres!$J$7:$J$41,$AB110)>0,IF(INDEX(Paramètres!$J$7:$J$41,$AB110)<=INDEX(Paramètres!$K$7:$K$41,$AB110),AND($AC110>=INDEX(Paramètres!$J$7:$J$41,$AB110),$AC110<=INDEX(Paramètres!$K$7:$K$41,$AB110)),OR($AC110>=INDEX(Paramètres!$J$7:$J$41,$AB110),$AC110<=INDEX(Paramètres!$K$7:$K$41,$AB110)))),AND(INDEX(Paramètres!$L$7:$L$41,$AB110)>0,IF(INDEX(Paramètres!$L$7:$L$41,$AB110)<=INDEX(Paramètres!$M$7:$M$41,$AB110),AND($AC110>=INDEX(Paramètres!$L$7:$L$41,$AB110),$AC110<=INDEX(Paramètres!$M$7:$M$41,$AB110)),OR($AC110>=INDEX(Paramètres!$L$7:$L$41,$AB110),$AC110<=INDEX(Paramètres!$M$7:$M$41,$AB110))))),1,0))","v":0},{"$f":"IF($X110=\"\",0,IF(INDEX(Fertilisants!$C$6:$C$45,$X110)=\"Oui\",1,0))","v":0},"","","",""]
[{"$f":"IF(B111=\"\",\"\",COUNT($B$6:B111))","v":""},null,null,{"$f":"IF($W111=\"\",\"\",INDEX(Îlots!$N$6:$N$65,$W111))","v":""},null,null,{"$f":"IF($X111=\"\",\"\",INDEX(Fertilisants!$B$6:$B$45,$X111))","v":""},null,null,{"$f":"IF($X111=\"\",\"\",INDEX(Fertilisants!$D$6:$D$45,$X111))","v":""},"",{"$f":"IF(OR($I111=\"\",$X111=\"\"),\"\",$I111*N(INDEX(Fertilisants!$E$6:$E$45,$X111)))","v":""},{"$f":"IF(OR($I111=\"\",$X111=\"\"),\"\",$I111*N(INDEX(Fertilisants!$G$6:$G$45,$X111)))","v":""},{"$f":"IF(OR($I111=\"\",$X111=\"\"),\"\",$I111*N(INDEX(Fertilisants!$H$6:$H$45,$X111)))","v":""},{"$f":"IF(OR($I111=\"\",$X111=\"\"),\"\",$I111*N(INDEX(Fertilisants!$I$6:$I$45,$X111)))","v":""},"",{"$nulls":3},"",null,null,{"$f":"IF($C111=\"\",\"\",IFERROR(MATCH($C111,Îlots!$C$6:$C$65,0),\"\"))","v":""},{"$f":"IF($F111=\"\",\"\",IFERROR(MATCH($F111,Fertilisants!$A$6:$A$45,0),\"\"))","v":""},{"$f":"IF($W111=\"\",\"\",INDEX(Îlots!$D$6:$D$65,$W111))","v":""},{"$f":"IF($W111=\"\",\"\",INDEX(Îlots!$F$6:$F$65,$W111))","v":""},{"$f":"IF($W111=\"\",\"\",IF($E111=ApportCouvert,OccCouvert,INDEX(Îlots!$O$6:$O$65,$W111)))","v":""},{"$f":"IF(OR($AA111=\"\",$G111=\"\",$Z111=\"Non\"),\"\",IFERROR(MATCH($AA111&\" | \"&$G111,Paramètres!$I$7:$I$41,0),\"\"))","v":""},"",{"$f":"IF(OR($AB111=\"\",$AC111=\"\"),0,IF(OR(AND(INDEX(Paramètres!$J$7:$J$41,$AB111)>0,IF(INDEX(Paramètres!$J$7:$J$41,$AB111)<=INDEX(Paramètres!$K$7:$K$41,$AB111),AND($AC111>=INDEX(Paramètres!$J$7:$J$41,$AB111),$AC111<=INDEX(Paramètres!$K$7:$K$41,$AB111)),OR($AC111>=INDEX(Paramètres!$J$7:$J$41,$AB111),$AC111<=INDEX(Paramètres!$K$7:$K$41,$AB111)))),AND(INDEX(Paramètres!$L$7:$L$41,$AB111)>0,IF(INDEX(Paramètres!$L$7:$L$41,$AB111)<=INDEX(Paramètres!$M$7:$M$41,$AB111),AND($AC111>=INDEX(Paramètres!$L$7:$L$41,$AB111),$AC111<=INDEX(Paramètres!$M$7:$M$41,$AB111)),OR($AC111>=INDEX(Paramètres!$L$7:$L$41,$AB111),$AC111<=INDEX(Paramètres!$M$7:$M$41,$AB111))))),1,0))","v":0},{"$f":"IF($X111=\"\",0,IF(INDEX(Fertilisants!$C$6:$C$45,$X111)=\"Oui\",1,0))","v":0},"","","",""]
[{"$f":"IF(B112=\"\",\"\",COUNT($B$6:B112))","v":""},null,null,{"$f":"IF($W112=\"\",\"\",INDEX(Îlots!$N$6:$N$65,$W112))","v":""},null,null,{"$f":"IF($X112=\"\",\"\",INDEX(Fertilisants!$B$6:$B$45,$X112))","v":""},null,null,{"$f":"IF($X112=\"\",\"\",INDEX(Fertilisants!$D$6:$D$45,$X112))","v":""},"",{"$f":"IF(OR($I112=\"\",$X112=\"\"),\"\",$I112*N(INDEX(Fertilisants!$E$6:$E$45,$X112)))","v":""},{"$f":"IF(OR($I112=\"\",$X112=\"\"),\"\",$I112*N(INDEX(Fertilisants!$G$6:$G$45,$X112)))","v":""},{"$f":"IF(OR($I112=\"\",$X112=\"\"),\"\",$I112*N(INDEX(Fertilisants!$H$6:$H$45,$X112)))","v":""},{"$f":"IF(OR($I112=\"\",$X112=\"\"),\"\",$I112*N(INDEX(Fertilisants!$I$6:$I$45,$X112)))","v":""},"",{"$nulls":3},"",null,null,{"$f":"IF($C112=\"\",\"\",IFERROR(MATCH($C112,Îlots!$C$6:$C$65,0),\"\"))","v":""},{"$f":"IF($F112=\"\",\"\",IFERROR(MATCH($F112,Fertilisants!$A$6:$A$45,0),\"\"))","v":""},{"$f":"IF($W112=\"\",\"\",INDEX(Îlots!$D$6:$D$65,$W112))","v":""},{"$f":"IF($W112=\"\",\"\",INDEX(Îlots!$F$6:$F$65,$W112))","v":""},{"$f":"IF($W112=\"\",\"\",IF($E112=ApportCouvert,OccCouvert,INDEX(Îlots!$O$6:$O$65,$W112)))","v":""},{"$f":"IF(OR($AA112=\"\",$G112=\"\",$Z112=\"Non\"),\"\",IFERROR(MATCH($AA112&\" | \"&$G112,Paramètres!$I$7:$I$41,0),\"\"))","v":""},"",{"$f":"IF(OR($AB112=\"\",$AC112=\"\"),0,IF(OR(AND(INDEX(Paramètres!$J$7:$J$41,$AB112)>0,IF(INDEX(Paramètres!$J$7:$J$41,$AB112)<=INDEX(Paramètres!$K$7:$K$41,$AB112),AND($AC112>=INDEX(Paramètres!$J$7:$J$41,$AB112),$AC112<=INDEX(Paramètres!$K$7:$K$41,$AB112)),OR($AC112>=INDEX(Paramètres!$J$7:$J$41,$AB112),$AC112<=INDEX(Paramètres!$K$7:$K$41,$AB112)))),AND(INDEX(Paramètres!$L$7:$L$41,$AB112)>0,IF(INDEX(Paramètres!$L$7:$L$41,$AB112)<=INDEX(Paramètres!$M$7:$M$41,$AB112),AND($AC112>=INDEX(Paramètres!$L$7:$L$41,$AB112),$AC112<=INDEX(Paramètres!$M$7:$M$41,$AB112)),OR($AC112>=INDEX(Paramètres!$L$7:$L$41,$AB112),$AC112<=INDEX(Paramètres!$M$7:$M$41,$AB112))))),1,0))","v":0},{"$f":"IF($X112=\"\",0,IF(INDEX(Fertilisants!$C$6:$C$45,$X112)=\"Oui\",1,0))","v":0},"","","",""]
[{"$f":"IF(B113=\"\",\"\",COUNT($B$6:B113))","v":""},null,null,{"$f":"IF($W113=\"\",\"\",INDEX(Îlots!$N$6:$N$65,$W113))","v":""},null,null,{"$f":"IF($X113=\"\",\"\",INDEX(Fertilisants!$B$6:$B$45,$X113))","v":""},null,null,{"$f":"IF($X113=\"\",\"\",INDEX(Fertilisants!$D$6:$D$45,$X113))","v":""},"",{"$f":"IF(OR($I113=\"\",$X113=\"\"),\"\",$I113*N(INDEX(Fertilisants!$E$6:$E$45,$X113)))","v":""},{"$f":"IF(OR($I113=\"\",$X113=\"\"),\"\",$I113*N(INDEX(Fertilisants!$G$6:$G$45,$X113)))","v":""},{"$f":"IF(OR($I113=\"\",$X113=\"\"),\"\",$I113*N(INDEX(Fertilisants!$H$6:$H$45,$X113)))","v":""},{"$f":"IF(OR($I113=\"\",$X113=\"\"),\"\",$I113*N(INDEX(Fertilisants!$I$6:$I$45,$X113)))","v":""},"",{"$nulls":3},"",null,null,{"$f":"IF($C113=\"\",\"\",IFERROR(MATCH($C113,Îlots!$C$6:$C$65,0),\"\"))","v":""},{"$f":"IF($F113=\"\",\"\",IFERROR(MATCH($F113,Fertilisants!$A$6:$A$45,0),\"\"))","v":""},{"$f":"IF($W113=\"\",\"\",INDEX(Îlots!$D$6:$D$65,$W113))","v":""},{"$f":"IF($W113=\"\",\"\",INDEX(Îlots!$F$6:$F$65,$W113))","v":""},{"$f":"IF($W113=\"\",\"\",IF($E113=ApportCouvert,OccCouvert,INDEX(Îlots!$O$6:$O$65,$W113)))","v":""},{"$f":"IF(OR($AA113=\"\",$G113=\"\",$Z113=\"Non\"),\"\",IFERROR(MATCH($AA113&\" | \"&$G113,Paramètres!$I$7:$I$41,0),\"\"))","v":""},"",{"$f":"IF(OR($AB113=\"\",$AC113=\"\"),0,IF(OR(AND(INDEX(Paramètres!$J$7:$J$41,$AB113)>0,IF(INDEX(Paramètres!$J$7:$J$41,$AB113)<=INDEX(Paramètres!$K$7:$K$41,$AB113),AND($AC113>=INDEX(Paramètres!$J$7:$J$41,$AB113),$AC113<=INDEX(Paramètres!$K$7:$K$41,$AB113)),OR($AC113>=INDEX(Paramètres!$J$7:$J$41,$AB113),$AC113<=INDEX(Paramètres!$K$7:$K$41,$AB113)))),AND(INDEX(Paramètres!$L$7:$L$41,$AB113)>0,IF(INDEX(Paramètres!$L$7:$L$41,$AB113)<=INDEX(Paramètres!$M$7:$M$41,$AB113),AND($AC113>=INDEX(Paramètres!$L$7:$L$41,$AB113),$AC113<=INDEX(Paramètres!$M$7:$M$41,$AB113)),OR($AC113>=INDEX(Paramètres!$L$7:$L$41,$AB113),$AC113<=INDEX(Paramètres!$M$7:$M$41,$AB113))))),1,0))","v":0},{"$f":"IF($X113=\"\",0,IF(INDEX(Fertilisants!$C$6:$C$45,$X113)=\"Oui\",1,0))","v":0},"","","",""]
[{"$f":"IF(B114=\"\",\"\",COUNT($B$6:B114))","v":""},null,null,{"$f":"IF($W114=\"\",\"\",INDEX(Îlots!$N$6:$N$65,$W114))","v":""},null,null,{"$f":"IF($X114=\"\",\"\",INDEX(Fertilisants!$B$6:$B$45,$X114))","v":""},null,null,{"$f":"IF($X114=\"\",\"\",INDEX(Fertilisants!$D$6:$D$45,$X114))","v":""},"",{"$f":"IF(OR($I114=\"\",$X114=\"\"),\"\",$I114*N(INDEX(Fertilisants!$E$6:$E$45,$X114)))","v":""},{"$f":"IF(OR($I114=\"\",$X114=\"\"),\"\",$I114*N(INDEX(Fertilisants!$G$6:$G$45,$X114)))","v":""},{"$f":"IF(OR($I114=\"\",$X114=\"\"),\"\",$I114*N(INDEX(Fertilisants!$H$6:$H$45,$X114)))","v":""},{"$f":"IF(OR($I114=\"\",$X114=\"\"),\"\",$I114*N(INDEX(Fertilisants!$I$6:$I$45,$X114)))","v":""},"",{"$nulls":3},"",null,null,{"$f":"IF($C114=\"\",\"\",IFERROR(MATCH($C114,Îlots!$C$6:$C$65,0),\"\"))","v":""},{"$f":"IF($F114=\"\",\"\",IFERROR(MATCH($F114,Fertilisants!$A$6:$A$45,0),\"\"))","v":""},{"$f":"IF($W114=\"\",\"\",INDEX(Îlots!$D$6:$D$65,$W114))","v":""},{"$f":"IF($W114=\"\",\"\",INDEX(Îlots!$F$6:$F$65,$W114))","v":""},{"$f":"IF($W114=\"\",\"\",IF($E114=ApportCouvert,OccCouvert,INDEX(Îlots!$O$6:$O$65,$W114)))","v":""},{"$f":"IF(OR($AA114=\"\",$G114=\"\",$Z114=\"Non\"),\"\",IFERROR(MATCH($AA114&\" | \"&$G114,Paramètres!$I$7:$I$41,0),\"\"))","v":""},"",{"$f":"IF(OR($AB114=\"\",$AC114=\"\"),0,IF(OR(AND(INDEX(Paramètres!$J$7:$J$41,$AB114)>0,IF(INDEX(Paramètres!$J$7:$J$41,$AB114)<=INDEX(Paramètres!$K$7:$K$41,$AB114),AND($AC114>=INDEX(Paramètres!$J$7:$J$41,$AB114),$AC114<=INDEX(Paramètres!$K$7:$K$41,$AB114)),OR($AC114>=INDEX(Paramètres!$J$7:$J$41,$AB114),$AC114<=INDEX(Paramètres!$K$7:$K$41,$AB114)))),AND(INDEX(Paramètres!$L$7:$L$41,$AB114)>0,IF(INDEX(Paramètres!$L$7:$L$41,$AB114)<=INDEX(Paramètres!$M$7:$M$41,$AB114),AND($AC114>=INDEX(Paramètres!$L$7:$L$41,$AB114),$AC114<=INDEX(Paramètres!$M$7:$M$41,$AB114)),OR($AC114>=INDEX(Paramètres!$L$7:$L$41,$AB114),$AC114<=INDEX(Paramètres!$M$7:$M$41,$AB114))))),1,0))","v":0},{"$f":"IF($X114=\"\",0,IF(INDEX(Fertilisants!$C$6:$C$45,$X114)=\"Oui\",1,0))","v":0},"","","",""]
[{"$f":"IF(B115=\"\",\"\",COUNT($B$6:B115))","v":""},null,null,{"$f":"IF($W115=\"\",\"\",INDEX(Îlots!$N$6:$N$65,$W115))","v":""},null,null,{"$f":"IF($X115=\"\",\"\",INDEX(Fertilisants!$B$6:$B$45,$X115))","v":""},null,null,{"$f":"IF($X115=\"\",\"\",INDEX(Fertilisants!$D$6:$D$45,$X115))","v":""},"",{"$f":"IF(OR($I115=\"\",$X115=\"\"),\"\",$I115*N(INDEX(Fertilisants!$E$6:$E$45,$X115)))","v":""},{"$f":"IF(OR($I115=\"\",$X115=\"\"),\"\",$I115*N(INDEX(Fertilisants!$G$6:$G$45,$X115)))","v":""},{"$f":"IF(OR($I115=\"\",$X115=\"\"),\"\",$I115*N(INDEX(Fertilisants!$H$6:$H$45,$X115)))","v":""},{"$f":"IF(OR($I115=\"\",$X115=\"\"),\"\",$I115*N(INDEX(Fertilisants!$I$6:$I$45,$X115)))","v":""},"",{"$nulls":3},"",null,null,{"$f":"IF($C115=\"\",\"\",IFERROR(MATCH($C115,Îlots!$C$6:$C$65,0),\"\"))","v":""},{"$f":"IF($F115=\"\",\"\",IFERROR(MATCH($F115,Fertilisants!$A$6:$A$45,0),\"\"))","v":""},{"$f":"IF($W115=\"\",\"\",INDEX(Îlots!$D$6:$D$65,$W115))","v":""},{"$f":"IF($W115=\"\",\"\",INDEX(Îlots!$F$6:$F$65,$W115))","v":""},{"$f":"IF($W115=\"\",\"\",IF($E115=ApportCouvert,OccCouvert,INDEX(Îlots!$O$6:$O$65,$W115)))","v":""},{"$f":"IF(OR($AA115=\"\",$G115=\"\",$Z115=\"Non\"),\"\",IFERROR(MATCH($AA115&\" | \"&$G115,Paramètres!$I$7:$I$41,0),\"\"))","v":""},"",{"$f":"IF(OR($AB115=\"\",$AC115=\"\"),0,IF(OR(AND(INDEX(Paramètres!$J$7:$J$41,$AB115)>0,IF(INDEX(Paramètres!$J$7:$J$41,$AB115)<=INDEX(Paramètres!$K$7:$K$41,$AB115),AND($AC115>=INDEX(Paramètres!$J$7:$J$41,$AB115),$AC115<=INDEX(Paramètres!$K$7:$K$41,$AB115)),OR($AC115>=INDEX(Paramètres!$J$7:$J$41,$AB115),$AC115<=INDEX(Paramètres!$K$7:$K$41,$AB115)))),AND(INDEX(Paramètres!$L$7:$L$41,$AB115)>0,IF(INDEX(Paramètres!$L$7:$L$41,$AB115)<=INDEX(Paramètres!$M$7:$M$41,$AB115),AND($AC115>=INDEX(Paramètres!$L$7:$L$41,$AB115),$AC115<=INDEX(Paramètres!$M$7:$M$41,$AB115)),OR($AC115>=INDEX(Paramètres!$L$7:$L$41,$AB115),$AC115<=INDEX(Paramètres!$M$7:$M$41,$AB115))))),1,0))","v":0},{"$f":"IF($X115=\"\",0,IF(INDEX(Fertilisants!$C$6:$C$45,$X115)=\"Oui\",1,0))","v":0},"","","",""]
[{"$f":"IF(B116=\"\",\"\",COUNT($B$6:B116))","v":""},null,null,{"$f":"IF($W116=\"\",\"\",INDEX(Îlots!$N$6:$N$65,$W116))","v":""},null,null,{"$f":"IF($X116=\"\",\"\",INDEX(Fertilisants!$B$6:$B$45,$X116))","v":""},null,null,{"$f":"IF($X116=\"\",\"\",INDEX(Fertilisants!$D$6:$D$45,$X116))","v":""},"",{"$f":"IF(OR($I116=\"\",$X116=\"\"),\"\",$I116*N(INDEX(Fertilisants!$E$6:$E$45,$X116)))","v":""},{"$f":"IF(OR($I116=\"\",$X116=\"\"),\"\",$I116*N(INDEX(Fertilisants!$G$6:$G$45,$X116)))","v":""},{"$f":"IF(OR($I116=\"\",$X116=\"\"),\"\",$I116*N(INDEX(Fertilisants!$H$6:$H$45,$X116)))","v":""},{"$f":"IF(OR($I116=\"\",$X116=\"\"),\"\",$I116*N(INDEX(Fertilisants!$I$6:$I$45,$X116)))","v":""},"",{"$nulls":3},"",null,null,{"$f":"IF($C116=\"\",\"\",IFERROR(MATCH($C116,Îlots!$C$6:$C$65,0),\"\"))","v":""},{"$f":"IF($F116=\"\",\"\",IFERROR(MATCH($F116,Fertilisants!$A$6:$A$45,0),\"\"))","v":""},{"$f":"IF($W116=\"\",\"\",INDEX(Îlots!$D$6:$D$65,$W116))","v":""},{"$f":"IF($W116=\"\",\"\",INDEX(Îlots!$F$6:$F$65,$W116))","v":""},{"$f":"IF($W116=\"\",\"\",IF($E116=ApportCouvert,OccCouvert,INDEX(Îlots!$O$6:$O$65,$W116)))","v":""},{"$f":"IF(OR($AA116=\"\",$G116=\"\",$Z116=\"Non\"),\"\",IFERROR(MATCH($AA116&\" | \"&$G116,Paramètres!$I$7:$I$41,0),\"\"))","v":""},"",{"$f":"IF(OR($AB116=\"\",$AC116=\"\"),0,IF(OR(AND(INDEX(Paramètres!$J$7:$J$41,$AB116)>0,IF(INDEX(Paramètres!$J$7:$J$41,$AB116)<=INDEX(Paramètres!$K$7:$K$41,$AB116),AND($AC116>=INDEX(Paramètres!$J$7:$J$41,$AB116),$AC116<=INDEX(Paramètres!$K$7:$K$41,$AB116)),OR($AC116>=INDEX(Paramètres!$J$7:$J$41,$AB116),$AC116<=INDEX(Paramètres!$K$7:$K$41,$AB116)))),AND(INDEX(Paramètres!$L$7:$L$41,$AB116)>0,IF(INDEX(Paramètres!$L$7:$L$41,$AB116)<=INDEX(Paramètres!$M$7:$M$41,$AB116),AND($AC116>=INDEX(Paramètres!$L$7:$L$41,$AB116),$AC116<=INDEX(Paramètres!$M$7:$M$41,$AB116)),OR($AC116>=INDEX(Paramètres!$L$7:$L$41,$AB116),$AC116<=INDEX(Paramètres!$M$7:$M$41,$AB116))))),1,0))","v":0},{"$f":"IF($X116=\"\",0,IF(INDEX(Fertilisants!$C$6:$C$45,$X116)=\"Oui\",1,0))","v":0},"","","",""]
[{"$f":"IF(B117=\"\",\"\",COUNT($B$6:B117))","v":""},null,null,{"$f":"IF($W117=\"\",\"\",INDEX(Îlots!$N$6:$N$65,$W117))","v":""},null,null,{"$f":"IF($X117=\"\",\"\",INDEX(Fertilisants!$B$6:$B$45,$X117))","v":""},null,null,{"$f":"IF($X117=\"\",\"\",INDEX(Fertilisants!$D$6:$D$45,$X117))","v":""},"",{"$f":"IF(OR($I117=\"\",$X117=\"\"),\"\",$I117*N(INDEX(Fertilisants!$E$6:$E$45,$X117)))","v":""},{"$f":"IF(OR($I117=\"\",$X117=\"\"),\"\",$I117*N(INDEX(Fertilisants!$G$6:$G$45,$X117)))","v":""},{"$f":"IF(OR($I117=\"\",$X117=\"\"),\"\",$I117*N(INDEX(Fertilisants!$H$6:$H$45,$X117)))","v":""},{"$f":"IF(OR($I117=\"\",$X117=\"\"),\"\",$I117*N(INDEX(Fertilisants!$I$6:$I$45,$X117)))","v":""},"",{"$nulls":3},"",null,null,{"$f":"IF($C117=\"\",\"\",IFERROR(MATCH($C117,Îlots!$C$6:$C$65,0),\"\"))","v":""},{"$f":"IF($F117=\"\",\"\",IFERROR(MATCH($F117,Fertilisants!$A$6:$A$45,0),\"\"))","v":""},{"$f":"IF($W117=\"\",\"\",INDEX(Îlots!$D$6:$D$65,$W117))","v":""},{"$f":"IF($W117=\"\",\"\",INDEX(Îlots!$F$6:$F$65,$W117))","v":""},{"$f":"IF($W117=\"\",\"\",IF($E117=ApportCouvert,OccCouvert,INDEX(Îlots!$O$6:$O$65,$W117)))","v":""},{"$f":"IF(OR($AA117=\"\",$G117=\"\",$Z117=\"Non\"),\"\",IFERROR(MATCH($AA117&\" | \"&$G117,Paramètres!$I$7:$I$41,0),\"\"))","v":""},"",{"$f":"IF(OR($AB117=\"\",$AC117=\"\"),0,IF(OR(AND(INDEX(Paramètres!$J$7:$J$41,$AB117)>0,IF(INDEX(Paramètres!$J$7:$J$41,$AB117)<=INDEX(Paramètres!$K$7:$K$41,$AB117),AND($AC117>=INDEX(Paramètres!$J$7:$J$41,$AB117),$AC117<=INDEX(Paramètres!$K$7:$K$41,$AB117)),OR($AC117>=INDEX(Paramètres!$J$7:$J$41,$AB117),$AC117<=INDEX(Paramètres!$K$7:$K$41,$AB117)))),AND(INDEX(Paramètres!$L$7:$L$41,$AB117)>0,IF(INDEX(Paramètres!$L$7:$L$41,$AB117)<=INDEX(Paramètres!$M$7:$M$41,$AB117),AND($AC117>=INDEX(Paramètres!$L$7:$L$41,$AB117),$AC117<=INDEX(Paramètres!$M$7:$M$41,$AB117)),OR($AC117>=INDEX(Paramètres!$L$7:$L$41,$AB117),$AC117<=INDEX(Paramètres!$M$7:$M$41,$AB117))))),1,0))","v":0},{"$f":"IF($X117=\"\",0,IF(INDEX(Fertilisants!$C$6:$C$45,$X117)=\"Oui\",1,0))","v":0},"","","",""]
[{"$f":"IF(B118=\"\",\"\",COUNT($B$6:B118))","v":""},null,null,{"$f":"IF($W118=\"\",\"\",INDEX(Îlots!$N$6:$N$65,$W118))","v":""},null,null,{"$f":"IF($X118=\"\",\"\",INDEX(Fertilisants!$B$6:$B$45,$X118))","v":""},null,null,{"$f":"IF($X118=\"\",\"\",INDEX(Fertilisants!$D$6:$D$45,$X118))","v":""},"",{"$f":"IF(OR($I118=\"\",$X118=\"\"),\"\",$I118*N(INDEX(Fertilisants!$E$6:$E$45,$X118)))","v":""},{"$f":"IF(OR($I118=\"\",$X118=\"\"),\"\",$I118*N(INDEX(Fertilisants!$G$6:$G$45,$X118)))","v":""},{"$f":"IF(OR($I118=\"\",$X118=\"\"),\"\",$I118*N(INDEX(Fertilisants!$H$6:$H$45,$X118)))","v":""},{"$f":"IF(OR($I118=\"\",$X118=\"\"),\"\",$I118*N(INDEX(Fertilisants!$I$6:$I$45,$X118)))","v":""},"",{"$nulls":3},"",null,null,{"$f":"IF($C118=\"\",\"\",IFERROR(MATCH($C118,Îlots!$C$6:$C$65,0),\"\"))","v":""},{"$f":"IF($F118=\"\",\"\",IFERROR(MATCH($F118,Fertilisants!$A$6:$A$45,0),\"\"))","v":""},{"$f":"IF($W118=\"\",\"\",INDEX(Îlots!$D$6:$D$65,$W118))","v":""},{"$f":"IF($W118=\"\",\"\",INDEX(Îlots!$F$6:$F$65,$W118))","v":""},{"$f":"IF($W118=\"\",\"\",IF($E118=ApportCouvert,OccCouvert,INDEX(Îlots!$O$6:$O$65,$W118)))","v":""},{"$f":"IF(OR($AA118=\"\",$G118=\"\",$Z118=\"Non\"),\"\",IFERROR(MATCH($AA118&\" | \"&$G118,Paramètres!$I$7:$I$41,0),\"\"))","v":""},"",{"$f":"IF(OR($AB118=\"\",$AC118=\"\"),0,IF(OR(AND(INDEX(Paramètres!$J$7:$J$41,$AB118)>0,IF(INDEX(Paramètres!$J$7:$J$41,$AB118)<=INDEX(Paramètres!$K$7:$K$41,$AB118),AND($AC118>=INDEX(Paramètres!$J$7:$J$41,$AB118),$AC118<=INDEX(Paramètres!$K$7:$K$41,$AB118)),OR($AC118>=INDEX(Paramètres!$J$7:$J$41,$AB118),$AC118<=INDEX(Paramètres!$K$7:$K$41,$AB118)))),AND(INDEX(Paramètres!$L$7:$L$41,$AB118)>0,IF(INDEX(Paramètres!$L$7:$L$41,$AB118)<=INDEX(Paramètres!$M$7:$M$41,$AB118),AND($AC118>=INDEX(Paramètres!$L$7:$L$41,$AB118),$AC118<=INDEX(Paramètres!$M$7:$M$41,$AB118)),OR($AC118>=INDEX(Paramètres!$L$7:$L$41,$AB118),$AC118<=INDEX(Paramètres!$M$7:$M$41,$AB118))))),1,0))","v":0},{"$f":"IF($X118=\"\",0,IF(INDEX(Fertilisants!$C$6:$C$45,$X118)=\"Oui\",1,0))","v":0},"","","",""]
[{"$f":"IF(B119=\"\",\"\",COUNT($B$6:B119))","v":""},null,null,{"$f":"IF($W119=\"\",\"\",INDEX(Îlots!$N$6:$N$65,$W119))","v":""},null,null,{"$f":"IF($X119=\"\",\"\",INDEX(Fertilisants!$B$6:$B$45,$X119))","v":""},null,null,{"$f":"IF($X119=\"\",\"\",INDEX(Fertilisants!$D$6:$D$45,$X119))","v":""},"",{"$f":"IF(OR($I119=\"\",$X119=\"\"),\"\",$I119*N(INDEX(Fertilisants!$E$6:$E$45,$X119)))","v":""},{"$f":"IF(OR($I119=\"\",$X119=\"\"),\"\",$I119*N(INDEX(Fertilisants!$G$6:$G$45,$X119)))","v":""},{"$f":"IF(OR($I119=\"\",$X119=\"\"),\"\",$I119*N(INDEX(Fertilisants!$H$6:$H$45,$X119)))","v":""},{"$f":"IF(OR($I119=\"\",$X119=\"\"),\"\",$I119*N(INDEX(Fertilisants!$I$6:$I$45,$X119)))","v":""},"",{"$nulls":3},"",null,null,{"$f":"IF($C119=\"\",\"\",IFERROR(MATCH($C119,Îlots!$C$6:$C$65,0),\"\"))","v":""},{"$f":"IF($F119=\"\",\"\",IFERROR(MATCH($F119,Fertilisants!$A$6:$A$45,0),\"\"))","v":""},{"$f":"IF($W119=\"\",\"\",INDEX(Îlots!$D$6:$D$65,$W119))","v":""},{"$f":"IF($W119=\"\",\"\",INDEX(Îlots!$F$6:$F$65,$W119))","v":""},{"$f":"IF($W119=\"\",\"\",IF($E119=ApportCouvert,OccCouvert,INDEX(Îlots!$O$6:$O$65,$W119)))","v":""},{"$f":"IF(OR($AA119=\"\",$G119=\"\",$Z119=\"Non\"),\"\",IFERROR(MATCH($AA119&\" | \"&$G119,Paramètres!$I$7:$I$41,0),\"\"))","v":""},"",{"$f":"IF(OR($AB119=\"\",$AC119=\"\"),0,IF(OR(AND(INDEX(Paramètres!$J$7:$J$41,$AB119)>0,IF(INDEX(Paramètres!$J$7:$J$41,$AB119)<=INDEX(Paramètres!$K$7:$K$41,$AB119),AND($AC119>=INDEX(Paramètres!$J$7:$J$41,$AB119),$AC119<=INDEX(Paramètres!$K$7:$K$41,$AB119)),OR($AC119>=INDEX(Paramètres!$J$7:$J$41,$AB119),$AC119<=INDEX(Paramètres!$K$7:$K$41,$AB119)))),AND(INDEX(Paramètres!$L$7:$L$41,$AB119)>0,IF(INDEX(Paramètres!$L$7:$L$41,$AB119)<=INDEX(Paramètres!$M$7:$M$41,$AB119),AND($AC119>=INDEX(Paramètres!$L$7:$L$41,$AB119),$AC119<=INDEX(Paramètres!$M$7:$M$41,$AB119)),OR($AC119>=INDEX(Paramètres!$L$7:$L$41,$AB119),$AC119<=INDEX(Paramètres!$M$7:$M$41,$AB119))))),1,0))","v":0},{"$f":"IF($X119=\"\",0,IF(INDEX(Fertilisants!$C$6:$C$45,$X119)=\"Oui\",1,0))","v":0},"","","",""]
[{"$f":"IF(B120=\"\",\"\",COUNT($B$6:B120))","v":""},null,null,{"$f":"IF($W120=\"\",\"\",INDEX(Îlots!$N$6:$N$65,$W120))","v":""},null,null,{"$f":"IF($X120=\"\",\"\",INDEX(Fertilisants!$B$6:$B$45,$X120))","v":""},null,null,{"$f":"IF($X120=\"\",\"\",INDEX(Fertilisants!$D$6:$D$45,$X120))","v":""},"",{"$f":"IF(OR($I120=\"\",$X120=\"\"),\"\",$I120*N(INDEX(Fertilisants!$E$6:$E$45,$X120)))","v":""},{"$f":"IF(OR($I120=\"\",$X120=\"\"),\"\",$I120*N(INDEX(Fertilisants!$G$6:$G$45,$X120)))","v":""},{"$f":"IF(OR($I120=\"\",$X120=\"\"),\"\",$I120*N(INDEX(Fertilisants!$H$6:$H$45,$X120)))","v":""},{"$f":"IF(OR($I120=\"\",$X120=\"\"),\"\",$I120*N(INDEX(Fertilisants!$I$6:$I$45,$X120)))","v":""},"",{"$nulls":3},"",null,null,{"$f":"IF($C120=\"\",\"\",IFERROR(MATCH($C120,Îlots!$C$6:$C$65,0),\"\"))","v":""},{"$f":"IF($F120=\"\",\"\",IFERROR(MATCH($F120,Fertilisants!$A$6:$A$45,0),\"\"))","v":""},{"$f":"IF($W120=\"\",\"\",INDEX(Îlots!$D$6:$D$65,$W120))","v":""},{"$f":"IF($W120=\"\",\"\",INDEX(Îlots!$F$6:$F$65,$W120))","v":""},{"$f":"IF($W120=\"\",\"\",IF($E120=ApportCouvert,OccCouvert,INDEX(Îlots!$O$6:$O$65,$W120)))","v":""},{"$f":"IF(OR($AA120=\"\",$G120=\"\",$Z120=\"Non\"),\"\",IFERROR(MATCH($AA120&\" | \"&$G120,Paramètres!$I$7:$I$41,0),\"\"))","v":""},"",{"$f":"IF(OR($AB120=\"\",$AC120=\"\"),0,IF(OR(AND(INDEX(Paramètres!$J$7:$J$41,$AB120)>0,IF(INDEX(Paramètres!$J$7:$J$41,$AB120)<=INDEX(Paramètres!$K$7:$K$41,$AB120),AND($AC120>=INDEX(Paramètres!$J$7:$J$41,$AB120),$AC120<=INDEX(Paramètres!$K$7:$K$41,$AB120)),OR($AC120>=INDEX(Paramètres!$J$7:$J$41,$AB120),$AC120<=INDEX(Paramètres!$K$7:$K$41,$AB120)))),AND(INDEX(Paramètres!$L$7:$L$41,$AB120)>0,IF(INDEX(Paramètres!$L$7:$L$41,$AB120)<=INDEX(Paramètres!$M$7:$M$41,$AB120),AND($AC120>=INDEX(Paramètres!$L$7:$L$41,$AB120),$AC120<=INDEX(Paramètres!$M$7:$M$41,$AB120)),OR($AC120>=INDEX(Paramètres!$L$7:$L$41,$AB120),$AC120<=INDEX(Paramètres!$M$7:$M$41,$AB120))))),1,0))","v":0},{"$f":"IF($X120=\"\",0,IF(INDEX(Fertilisants!$C$6:$C$45,$X120)=\"Oui\",1,0))","v":0},"","","",""]
[{"$f":"IF(B121=\"\",\"\",COUNT($B$6:B121))","v":""},null,null,{"$f":"IF($W121=\"\",\"\",INDEX(Îlots!$N$6:$N$65,$W121))","v":""},null,null,{"$f":"IF($X121=\"\",\"\",INDEX(Fertilisants!$B$6:$B$45,$X121))","v":""},null,null,{"$f":"IF($X121=\"\",\"\",INDEX(Fertilisants!$D$6:$D$45,$X121))","v":""},"",{"$f":"IF(OR($I121=\"\",$X121=\"\"),\"\",$I121*N(INDEX(Fertilisants!$E$6:$E$45,$X121)))","v":""},{"$f":"IF(OR($I121=\"\",$X121=\"\"),\"\",$I121*N(INDEX(Fertilisants!$G$6:$G$45,$X121)))","v":""},{"$f":"IF(OR($I121=\"\",$X121=\"\"),\"\",$I121*N(INDEX(Fertilisants!$H$6:$H$45,$X121)))","v":""},{"$f":"IF(OR($I121=\"\",$X121=\"\"),\"\",$I121*N(INDEX(Fertilisants!$I$6:$I$45,$X121)))","v":""},"",{"$nulls":3},"",null,null,{"$f":"IF($C121=\"\",\"\",IFERROR(MATCH($C121,Îlots!$C$6:$C$65,0),\"\"))","v":""},{"$f":"IF($F121=\"\",\"\",IFERROR(MATCH($F121,Fertilisants!$A$6:$A$45,0),\"\"))","v":""},{"$f":"IF($W121=\"\",\"\",INDEX(Îlots!$D$6:$D$65,$W121))","v":""},{"$f":"IF($W121=\"\",\"\",INDEX(Îlots!$F$6:$F$65,$W121))","v":""},{"$f":"IF($W121=\"\",\"\",IF($E121=ApportCouvert,OccCouvert,INDEX(Îlots!$O$6:$O$65,$W121)))","v":""},{"$f":"IF(OR($AA121=\"\",$G121=\"\",$Z121=\"Non\"),\"\",IFERROR(MATCH($AA121&\" | \"&$G121,Paramètres!$I$7:$I$41,0),\"\"))","v":""},"",{"$f":"IF(OR($AB121=\"\",$AC121=\"\"),0,IF(OR(AND(INDEX(Paramètres!$J$7:$J$41,$AB121)>0,IF(INDEX(Paramètres!$J$7:$J$41,$AB121)<=INDEX(Paramètres!$K$7:$K$41,$AB121),AND($AC121>=INDEX(Paramètres!$J$7:$J$41,$AB121),$AC121<=INDEX(Paramètres!$K$7:$K$41,$AB121)),OR($AC121>=INDEX(Paramètres!$J$7:$J$41,$AB121),$AC121<=INDEX(Paramètres!$K$7:$K$41,$AB121)))),AND(INDEX(Paramètres!$L$7:$L$41,$AB121)>0,IF(INDEX(Paramètres!$L$7:$L$41,$AB121)<=INDEX(Paramètres!$M$7:$M$41,$AB121),AND($AC121>=INDEX(Paramètres!$L$7:$L$41,$AB121),$AC121<=INDEX(Paramètres!$M$7:$M$41,$AB121)),OR($AC121>=INDEX(Paramètres!$L$7:$L$41,$AB121),$AC121<=INDEX(Paramètres!$M$7:$M$41,$AB121))))),1,0))","v":0},{"$f":"IF($X121=\"\",0,IF(INDEX(Fertilisants!$C$6:$C$45,$X121)=\"Oui\",1,0))","v":0},"","","",""]
[{"$f":"IF(B122=\"\",\"\",COUNT($B$6:B122))","v":""},null,null,{"$f":"IF($W122=\"\",\"\",INDEX(Îlots!$N$6:$N$65,$W122))","v":""},null,null,{"$f":"IF($X122=\"\",\"\",INDEX(Fertilisants!$B$6:$B$45,$X122))","v":""},null,null,{"$f":"IF($X122=\"\",\"\",INDEX(Fertilisants!$D$6:$D$45,$X122))","v":""},"",{"$f":"IF(OR($I122=\"\",$X122=\"\"),\"\",$I122*N(INDEX(Fertilisants!$E$6:$E$45,$X122)))","v":""},{"$f":"IF(OR($I122=\"\",$X122=\"\"),\"\",$I122*N(INDEX(Fertilisants!$G$6:$G$45,$X122)))","v":""},{"$f":"IF(OR($I122=\"\",$X122=\"\"),\"\",$I122*N(INDEX(Fertilisants!$H$6:$H$45,$X122)))","v":""},{"$f":"IF(OR($I122=\"\",$X122=\"\"),\"\",$I122*N(INDEX(Fertilisants!$I$6:$I$45,$X122)))","v":""},"",{"$nulls":3},"",null,null,{"$f":"IF($C122=\"\",\"\",IFERROR(MATCH($C122,Îlots!$C$6:$C$65,0),\"\"))","v":""},{"$f":"IF($F122=\"\",\"\",IFERROR(MATCH($F122,Fertilisants!$A$6:$A$45,0),\"\"))","v":""},{"$f":"IF($W122=\"\",\"\",INDEX(Îlots!$D$6:$D$65,$W122))","v":""},{"$f":"IF($W122=\"\",\"\",INDEX(Îlots!$F$6:$F$65,$W122))","v":""},{"$f":"IF($W122=\"\",\"\",IF($E122=ApportCouvert,OccCouvert,INDEX(Îlots!$O$6:$O$65,$W122)))","v":""},{"$f":"IF(OR($AA122=\"\",$G122=\"\",$Z122=\"Non\"),\"\",IFERROR(MATCH($AA122&\" | \"&$G122,Paramètres!$I$7:$I$41,0),\"\"))","v":""},"",{"$f":"IF(OR($AB122=\"\",$AC122=\"\"),0,IF(OR(AND(INDEX(Paramètres!$J$7:$J$41,$AB122)>0,IF(INDEX(Paramètres!$J$7:$J$41,$AB122)<=INDEX(Paramètres!$K$7:$K$41,$AB122),AND($AC122>=INDEX(Paramètres!$J$7:$J$41,$AB122),$AC122<=INDEX(Paramètres!$K$7:$K$41,$AB122)),OR($AC122>=INDEX(Paramètres!$J$7:$J$41,$AB122),$AC122<=INDEX(Paramètres!$K$7:$K$41,$AB122)))),AND(INDEX(Paramètres!$L$7:$L$41,$AB122)>0,IF(INDEX(Paramètres!$L$7:$L$41,$AB122)<=INDEX(Paramètres!$M$7:$M$41,$AB122),AND($AC122>=INDEX(Paramètres!$L$7:$L$41,$AB122),$AC122<=INDEX(Paramètres!$M$7:$M$41,$AB122)),OR($AC122>=INDEX(Paramètres!$L$7:$L$41,$AB122),$AC122<=INDEX(Paramètres!$M$7:$M$41,$AB122))))),1,0))","v":0},{"$f":"IF($X122=\"\",0,IF(INDEX(Fertilisants!$C$6:$C$45,$X122)=\"Oui\",1,0))","v":0},"","","",""]
[{"$f":"IF(B123=\"\",\"\",COUNT($B$6:B123))","v":""},null,null,{"$f":"IF($W123=\"\",\"\",INDEX(Îlots!$N$6:$N$65,$W123))","v":""},null,null,{"$f":"IF($X123=\"\",\"\",INDEX(Fertilisants!$B$6:$B$45,$X123))","v":""},null,null,{"$f":"IF($X123=\"\",\"\",INDEX(Fertilisants!$D$6:$D$45,$X123))","v":""},"",{"$f":"IF(OR($I123=\"\",$X123=\"\"),\"\",$I123*N(INDEX(Fertilisants!$E$6:$E$45,$X123)))","v":""},{"$f":"IF(OR($I123=\"\",$X123=\"\"),\"\",$I123*N(INDEX(Fertilisants!$G$6:$G$45,$X123)))","v":""},{"$f":"IF(OR($I123=\"\",$X123=\"\"),\"\",$I123*N(INDEX(Fertilisants!$H$6:$H$45,$X123)))","v":""},{"$f":"IF(OR($I123=\"\",$X123=\"\"),\"\",$I123*N(INDEX(Fertilisants!$I$6:$I$45,$X123)))","v":""},"",{"$nulls":3},"",null,null,{"$f":"IF($C123=\"\",\"\",IFERROR(MATCH($C123,Îlots!$C$6:$C$65,0),\"\"))","v":""},{"$f":"IF($F123=\"\",\"\",IFERROR(MATCH($F123,Fertilisants!$A$6:$A$45,0),\"\"))","v":""},{"$f":"IF($W123=\"\",\"\",INDEX(Îlots!$D$6:$D$65,$W123))","v":""},{"$f":"IF($W123=\"\",\"\",INDEX(Îlots!$F$6:$F$65,$W123))","v":""},{"$f":"IF($W123=\"\",\"\",IF($E123=ApportCouvert,OccCouvert,INDEX(Îlots!$O$6:$O$65,$W123)))","v":""},{"$f":"IF(OR($AA123=\"\",$G123=\"\",$Z123=\"Non\"),\"\",IFERROR(MATCH($AA123&\" | \"&$G123,Paramètres!$I$7:$I$41,0),\"\"))","v":""},"",{"$f":"IF(OR($AB123=\"\",$AC123=\"\"),0,IF(OR(AND(INDEX(Paramètres!$J$7:$J$41,$AB123)>0,IF(INDEX(Paramètres!$J$7:$J$41,$AB123)<=INDEX(Paramètres!$K$7:$K$41,$AB123),AND($AC123>=INDEX(Paramètres!$J$7:$J$41,$AB123),$AC123<=INDEX(Paramètres!$K$7:$K$41,$AB123)),OR($AC123>=INDEX(Paramètres!$J$7:$J$41,$AB123),$AC123<=INDEX(Paramètres!$K$7:$K$41,$AB123)))),AND(INDEX(Paramètres!$L$7:$L$41,$AB123)>0,IF(INDEX(Paramètres!$L$7:$L$41,$AB123)<=INDEX(Paramètres!$M$7:$M$41,$AB123),AND($AC123>=INDEX(Paramètres!$L$7:$L$41,$AB123),$AC123<=INDEX(Paramètres!$M$7:$M$41,$AB123)),OR($AC123>=INDEX(Paramètres!$L$7:$L$41,$AB123),$AC123<=INDEX(Paramètres!$M$7:$M$41,$AB123))))),1,0))","v":0},{"$f":"IF($X123=\"\",0,IF(INDEX(Fertilisants!$C$6:$C$45,$X123)=\"Oui\",1,0))","v":0},"","","",""]
[{"$f":"IF(B124=\"\",\"\",COUNT($B$6:B124))","v":""},null,null,{"$f":"IF($W124=\"\",\"\",INDEX(Îlots!$N$6:$N$65,$W124))","v":""},null,null,{"$f":"IF($X124=\"\",\"\",INDEX(Fertilisants!$B$6:$B$45,$X124))","v":""},null,null,{"$f":"IF($X124=\"\",\"\",INDEX(Fertilisants!$D$6:$D$45,$X124))","v":""},"",{"$f":"IF(OR($I124=\"\",$X124=\"\"),\"\",$I124*N(INDEX(Fertilisants!$E$6:$E$45,$X124)))","v":""},{"$f":"IF(OR($I124=\"\",$X124=\"\"),\"\",$I124*N(INDEX(Fertilisants!$G$6:$G$45,$X124)))","v":""},{"$f":"IF(OR($I124=\"\",$X124=\"\"),\"\",$I124*N(INDEX(Fertilisants!$H$6:$H$45,$X124)))","v":""},{"$f":"IF(OR($I124=\"\",$X124=\"\"),\"\",$I124*N(INDEX(Fertilisants!$I$6:$I$45,$X124)))","v":""},"",{"$nulls":3},"",null,null,{"$f":"IF($C124=\"\",\"\",IFERROR(MATCH($C124,Îlots!$C$6:$C$65,0),\"\"))","v":""},{"$f":"IF($F124=\"\",\"\",IFERROR(MATCH($F124,Fertilisants!$A$6:$A$45,0),\"\"))","v":""},{"$f":"IF($W124=\"\",\"\",INDEX(Îlots!$D$6:$D$65,$W124))","v":""},{"$f":"IF($W124=\"\",\"\",INDEX(Îlots!$F$6:$F$65,$W124))","v":""},{"$f":"IF($W124=\"\",\"\",IF($E124=ApportCouvert,OccCouvert,INDEX(Îlots!$O$6:$O$65,$W124)))","v":""},{"$f":"IF(OR($AA124=\"\",$G124=\"\",$Z124=\"Non\"),\"\",IFERROR(MATCH($AA124&\" | \"&$G124,Paramètres!$I$7:$I$41,0),\"\"))","v":""},"",{"$f":"IF(OR($AB124=\"\",$AC124=\"\"),0,IF(OR(AND(INDEX(Paramètres!$J$7:$J$41,$AB124)>0,IF(INDEX(Paramètres!$J$7:$J$41,$AB124)<=INDEX(Paramètres!$K$7:$K$41,$AB124),AND($AC124>=INDEX(Paramètres!$J$7:$J$41,$AB124),$AC124<=INDEX(Paramètres!$K$7:$K$41,$AB124)),OR($AC124>=INDEX(Paramètres!$J$7:$J$41,$AB124),$AC124<=INDEX(Paramètres!$K$7:$K$41,$AB124)))),AND(INDEX(Paramètres!$L$7:$L$41,$AB124)>0,IF(INDEX(Paramètres!$L$7:$L$41,$AB124)<=INDEX(Paramètres!$M$7:$M$41,$AB124),AND($AC124>=INDEX(Paramètres!$L$7:$L$41,$AB124),$AC124<=INDEX(Paramètres!$M$7:$M$41,$AB124)),OR($AC124>=INDEX(Paramètres!$L$7:$L$41,$AB124),$AC124<=INDEX(Paramètres!$M$7:$M$41,$AB124))))),1,0))","v":0},{"$f":"IF($X124=\"\",0,IF(INDEX(Fertilisants!$C$6:$C$45,$X124)=\"Oui\",1,0))","v":0},"","","",""]
[{"$f":"IF(B125=\"\",\"\",COUNT($B$6:B125))","v":""},null,null,{"$f":"IF($W125=\"\",\"\",INDEX(Îlots!$N$6:$N$65,$W125))","v":""},null,null,{"$f":"IF($X125=\"\",\"\",INDEX(Fertilisants!$B$6:$B$45,$X125))","v":""},null,null,{"$f":"IF($X125=\"\",\"\",INDEX(Fertilisants!$D$6:$D$45,$X125))","v":""},"",{"$f":"IF(OR($I125=\"\",$X125=\"\"),\"\",$I125*N(INDEX(Fertilisants!$E$6:$E$45,$X125)))","v":""},{"$f":"IF(OR($I125=\"\",$X125=\"\"),\"\",$I125*N(INDEX(Fertilisants!$G$6:$G$45,$X125)))","v":""},{"$f":"IF(OR($I125=\"\",$X125=\"\"),\"\",$I125*N(INDEX(Fertilisants!$H$6:$H$45,$X125)))","v":""},{"$f":"IF(OR($I125=\"\",$X125=\"\"),\"\",$I125*N(INDEX(Fertilisants!$I$6:$I$45,$X125)))","v":""},"",{"$nulls":3},"",null,null,{"$f":"IF($C125=\"\",\"\",IFERROR(MATCH($C125,Îlots!$C$6:$C$65,0),\"\"))","v":""},{"$f":"IF($F125=\"\",\"\",IFERROR(MATCH($F125,Fertilisants!$A$6:$A$45,0),\"\"))","v":""},{"$f":"IF($W125=\"\",\"\",INDEX(Îlots!$D$6:$D$65,$W125))","v":""},{"$f":"IF($W125=\"\",\"\",INDEX(Îlots!$F$6:$F$65,$W125))","v":""},{"$f":"IF($W125=\"\",\"\",IF($E125=ApportCouvert,OccCouvert,INDEX(Îlots!$O$6:$O$65,$W125)))","v":""},{"$f":"IF(OR($AA125=\"\",$G125=\"\",$Z125=\"Non\"),\"\",IFERROR(MATCH($AA125&\" | \"&$G125,Paramètres!$I$7:$I$41,0),\"\"))","v":""},"",{"$f":"IF(OR($AB125=\"\",$AC125=\"\"),0,IF(OR(AND(INDEX(Paramètres!$J$7:$J$41,$AB125)>0,IF(INDEX(Paramètres!$J$7:$J$41,$AB125)<=INDEX(Paramètres!$K$7:$K$41,$AB125),AND($AC125>=INDEX(Paramètres!$J$7:$J$41,$AB125),$AC125<=INDEX(Paramètres!$K$7:$K$41,$AB125)),OR($AC125>=INDEX(Paramètres!$J$7:$J$41,$AB125),$AC125<=INDEX(Paramètres!$K$7:$K$41,$AB125)))),AND(INDEX(Paramètres!$L$7:$L$41,$AB125)>0,IF(INDEX(Paramètres!$L$7:$L$41,$AB125)<=INDEX(Paramètres!$M$7:$M$41,$AB125),AND($AC125>=INDEX(Paramètres!$L$7:$L$41,$AB125),$AC125<=INDEX(Paramètres!$M$7:$M$41,$AB125)),OR($AC125>=INDEX(Paramètres!$L$7:$L$41,$AB125),$AC125<=INDEX(Paramètres!$M$7:$M$41,$AB125))))),1,0))","v":0},{"$f":"IF($X125=\"\",0,IF(INDEX(Fertilisants!$C$6:$C$45,$X125)=\"Oui\",1,0))","v":0},"","","",""]
[{"$f":"IF(B126=\"\",\"\",COUNT($B$6:B126))","v":""},null,null,{"$f":"IF($W126=\"\",\"\",INDEX(Îlots!$N$6:$N$65,$W126))","v":""},null,null,{"$f":"IF($X126=\"\",\"\",INDEX(Fertilisants!$B$6:$B$45,$X126))","v":""},null,null,{"$f":"IF($X126=\"\",\"\",INDEX(Fertilisants!$D$6:$D$45,$X126))","v":""},"",{"$f":"IF(OR($I126=\"\",$X126=\"\"),\"\",$I126*N(INDEX(Fertilisants!$E$6:$E$45,$X126)))","v":""},{"$f":"IF(OR($I126=\"\",$X126=\"\"),\"\",$I126*N(INDEX(Fertilisants!$G$6:$G$45,$X126)))","v":""},{"$f":"IF(OR($I126=\"\",$X126=\"\"),\"\",$I126*N(INDEX(Fertilisants!$H$6:$H$45,$X126)))","v":""},{"$f":"IF(OR($I126=\"\",$X126=\"\"),\"\",$I126*N(INDEX(Fertilisants!$I$6:$I$45,$X126)))","v":""},"",{"$nulls":3},"",null,null,{"$f":"IF($C126=\"\",\"\",IFERROR(MATCH($C126,Îlots!$C$6:$C$65,0),\"\"))","v":""},{"$f":"IF($F126=\"\",\"\",IFERROR(MATCH($F126,Fertilisants!$A$6:$A$45,0),\"\"))","v":""},{"$f":"IF($W126=\"\",\"\",INDEX(Îlots!$D$6:$D$65,$W126))","v":""},{"$f":"IF($W126=\"\",\"\",INDEX(Îlots!$F$6:$F$65,$W126))","v":""},{"$f":"IF($W126=\"\",\"\",IF($E126=ApportCouvert,OccCouvert,INDEX(Îlots!$O$6:$O$65,$W126)))","v":""},{"$f":"IF(OR($AA126=\"\",$G126=\"\",$Z126=\"Non\"),\"\",IFERROR(MATCH($AA126&\" | \"&$G126,Paramètres!$I$7:$I$41,0),\"\"))","v":""},"",{"$f":"IF(OR($AB126=\"\",$AC126=\"\"),0,IF(OR(AND(INDEX(Paramètres!$J$7:$J$41,$AB126)>0,IF(INDEX(Paramètres!$J$7:$J$41,$AB126)<=INDEX(Paramètres!$K$7:$K$41,$AB126),AND($AC126>=INDEX(Paramètres!$J$7:$J$41,$AB126),$AC126<=INDEX(Paramètres!$K$7:$K$41,$AB126)),OR($AC126>=INDEX(Paramètres!$J$7:$J$41,$AB126),$AC126<=INDEX(Paramètres!$K$7:$K$41,$AB126)))),AND(INDEX(Paramètres!$L$7:$L$41,$AB126)>0,IF(INDEX(Paramètres!$L$7:$L$41,$AB126)<=INDEX(Paramètres!$M$7:$M$41,$AB126),AND($AC126>=INDEX(Paramètres!$L$7:$L$41,$AB126),$AC126<=INDEX(Paramètres!$M$7:$M$41,$AB126)),OR($AC126>=INDEX(Paramètres!$L$7:$L$41,$AB126),$AC126<=INDEX(Paramètres!$M$7:$M$41,$AB126))))),1,0))","v":0},{"$f":"IF($X126=\"\",0,IF(INDEX(Fertilisants!$C$6:$C$45,$X126)=\"Oui\",1,0))","v":0},"","","",""]
[{"$f":"IF(B127=\"\",\"\",COUNT($B$6:B127))","v":""},null,null,{"$f":"IF($W127=\"\",\"\",INDEX(Îlots!$N$6:$N$65,$W127))","v":""},null,null,{"$f":"IF($X127=\"\",\"\",INDEX(Fertilisants!$B$6:$B$45,$X127))","v":""},null,null,{"$f":"IF($X127=\"\",\"\",INDEX(Fertilisants!$D$6:$D$45,$X127))","v":""},"",{"$f":"IF(OR($I127=\"\",$X127=\"\"),\"\",$I127*N(INDEX(Fertilisants!$E$6:$E$45,$X127)))","v":""},{"$f":"IF(OR($I127=\"\",$X127=\"\"),\"\",$I127*N(INDEX(Fertilisants!$G$6:$G$45,$X127)))","v":""},{"$f":"IF(OR($I127=\"\",$X127=\"\"),\"\",$I127*N(INDEX(Fertilisants!$H$6:$H$45,$X127)))","v":""},{"$f":"IF(OR($I127=\"\",$X127=\"\"),\"\",$I127*N(INDEX(Fertilisants!$I$6:$I$45,$X127)))","v":""},"",{"$nulls":3},"",null,null,{"$f":"IF($C127=\"\",\"\",IFERROR(MATCH($C127,Îlots!$C$6:$C$65,0),\"\"))","v":""},{"$f":"IF($F127=\"\",\"\",IFERROR(MATCH($F127,Fertilisants!$A$6:$A$45,0),\"\"))","v":""},{"$f":"IF($W127=\"\",\"\",INDEX(Îlots!$D$6:$D$65,$W127))","v":""},{"$f":"IF($W127=\"\",\"\",INDEX(Îlots!$F$6:$F$65,$W127))","v":""},{"$f":"IF($W127=\"\",\"\",IF($E127=ApportCouvert,OccCouvert,INDEX(Îlots!$O$6:$O$65,$W127)))","v":""},{"$f":"IF(OR($AA127=\"\",$G127=\"\",$Z127=\"Non\"),\"\",IFERROR(MATCH($AA127&\" | \"&$G127,Paramètres!$I$7:$I$41,0),\"\"))","v":""},"",{"$f":"IF(OR($AB127=\"\",$AC127=\"\"),0,IF(OR(AND(INDEX(Paramètres!$J$7:$J$41,$AB127)>0,IF(INDEX(Paramètres!$J$7:$J$41,$AB127)<=INDEX(Paramètres!$K$7:$K$41,$AB127),AND($AC127>=INDEX(Paramètres!$J$7:$J$41,$AB127),$AC127<=INDEX(Paramètres!$K$7:$K$41,$AB127)),OR($AC127>=INDEX(Paramètres!$J$7:$J$41,$AB127),$AC127<=INDEX(Paramètres!$K$7:$K$41,$AB127)))),AND(INDEX(Paramètres!$L$7:$L$41,$AB127)>0,IF(INDEX(Paramètres!$L$7:$L$41,$AB127)<=INDEX(Paramètres!$M$7:$M$41,$AB127),AND($AC127>=INDEX(Paramètres!$L$7:$L$41,$AB127),$AC127<=INDEX(Paramètres!$M$7:$M$41,$AB127)),OR($AC127>=INDEX(Paramètres!$L$7:$L$41,$AB127),$AC127<=INDEX(Paramètres!$M$7:$M$41,$AB127))))),1,0))","v":0},{"$f":"IF($X127=\"\",0,IF(INDEX(Fertilisants!$C$6:$C$45,$X127)=\"Oui\",1,0))","v":0},"","","",""]
[{"$f":"IF(B128=\"\",\"\",COUNT($B$6:B128))","v":""},null,null,{"$f":"IF($W128=\"\",\"\",INDEX(Îlots!$N$6:$N$65,$W128))","v":""},null,null,{"$f":"IF($X128=\"\",\"\",INDEX(Fertilisants!$B$6:$B$45,$X128))","v":""},null,null,{"$f":"IF($X128=\"\",\"\",INDEX(Fertilisants!$D$6:$D$45,$X128))","v":""},"",{"$f":"IF(OR($I128=\"\",$X128=\"\"),\"\",$I128*N(INDEX(Fertilisants!$E$6:$E$45,$X128)))","v":""},{"$f":"IF(OR($I128=\"\",$X128=\"\"),\"\",$I128*N(INDEX(Fertilisants!$G$6:$G$45,$X128)))","v":""},{"$f":"IF(OR($I128=\"\",$X128=\"\"),\"\",$I128*N(INDEX(Fertilisants!$H$6:$H$45,$X128)))","v":""},{"$f":"IF(OR($I128=\"\",$X128=\"\"),\"\",$I128*N(INDEX(Fertilisants!$I$6:$I$45,$X128)))","v":""},"",{"$nulls":3},"",null,null,{"$f":"IF($C128=\"\",\"\",IFERROR(MATCH($C128,Îlots!$C$6:$C$65,0),\"\"))","v":""},{"$f":"IF($F128=\"\",\"\",IFERROR(MATCH($F128,Fertilisants!$A$6:$A$45,0),\"\"))","v":""},{"$f":"IF($W128=\"\",\"\",INDEX(Îlots!$D$6:$D$65,$W128))","v":""},{"$f":"IF($W128=\"\",\"\",INDEX(Îlots!$F$6:$F$65,$W128))","v":""},{"$f":"IF($W128=\"\",\"\",IF($E128=ApportCouvert,OccCouvert,INDEX(Îlots!$O$6:$O$65,$W128)))","v":""},{"$f":"IF(OR($AA128=\"\",$G128=\"\",$Z128=\"Non\"),\"\",IFERROR(MATCH($AA128&\" | \"&$G128,Paramètres!$I$7:$I$41,0),\"\"))","v":""},"",{"$f":"IF(OR($AB128=\"\",$AC128=\"\"),0,IF(OR(AND(INDEX(Paramètres!$J$7:$J$41,$AB128)>0,IF(INDEX(Paramètres!$J$7:$J$41,$AB128)<=INDEX(Paramètres!$K$7:$K$41,$AB128),AND($AC128>=INDEX(Paramètres!$J$7:$J$41,$AB128),$AC128<=INDEX(Paramètres!$K$7:$K$41,$AB128)),OR($AC128>=INDEX(Paramètres!$J$7:$J$41,$AB128),$AC128<=INDEX(Paramètres!$K$7:$K$41,$AB128)))),AND(INDEX(Paramètres!$L$7:$L$41,$AB128)>0,IF(INDEX(Paramètres!$L$7:$L$41,$AB128)<=INDEX(Paramètres!$M$7:$M$41,$AB128),AND($AC128>=INDEX(Paramètres!$L$7:$L$41,$AB128),$AC128<=INDEX(Paramètres!$M$7:$M$41,$AB128)),OR($AC128>=INDEX(Paramètres!$L$7:$L$41,$AB128),$AC128<=INDEX(Paramètres!$M$7:$M$41,$AB128))))),1,0))","v":0},{"$f":"IF($X128=\"\",0,IF(INDEX(Fertilisants!$C$6:$C$45,$X128)=\"Oui\",1,0))","v":0},"","","",""]
[{"$f":"IF(B129=\"\",\"\",COUNT($B$6:B129))","v":""},null,null,{"$f":"IF($W129=\"\",\"\",INDEX(Îlots!$N$6:$N$65,$W129))","v":""},null,null,{"$f":"IF($X129=\"\",\"\",INDEX(Fertilisants!$B$6:$B$45,$X129))","v":""},null,null,{"$f":"IF($X129=\"\",\"\",INDEX(Fertilisants!$D$6:$D$45,$X129))","v":""},"",{"$f":"IF(OR($I129=\"\",$X129=\"\"),\"\",$I129*N(INDEX(Fertilisants!$E$6:$E$45,$X129)))","v":""},{"$f":"IF(OR($I129=\"\",$X129=\"\"),\"\",$I129*N(INDEX(Fertilisants!$G$6:$G$45,$X129)))","v":""},{"$f":"IF(OR($I129=\"\",$X129=\"\"),\"\",$I129*N(INDEX(Fertilisants!$H$6:$H$45,$X129)))","v":""},{"$f":"IF(OR($I129=\"\",$X129=\"\"),\"\",$I129*N(INDEX(Fertilisants!$I$6:$I$45,$X129)))","v":""},"",{"$nulls":3},"",null,null,{"$f":"IF($C129=\"\",\"\",IFERROR(MATCH($C129,Îlots!$C$6:$C$65,0),\"\"))","v":""},{"$f":"IF($F129=\"\",\"\",IFERROR(MATCH($F129,Fertilisants!$A$6:$A$45,0),\"\"))","v":""},{"$f":"IF($W129=\"\",\"\",INDEX(Îlots!$D$6:$D$65,$W129))","v":""},{"$f":"IF($W129=\"\",\"\",INDEX(Îlots!$F$6:$F$65,$W129))","v":""},{"$f":"IF($W129=\"\",\"\",IF($E129=ApportCouvert,OccCouvert,INDEX(Îlots!$O$6:$O$65,$W129)))","v":""},{"$f":"IF(OR($AA129=\"\",$G129=\"\",$Z129=\"Non\"),\"\",IFERROR(MATCH($AA129&\" | \"&$G129,Paramètres!$I$7:$I$41,0),\"\"))","v":""},"",{"$f":"IF(OR($AB129=\"\",$AC129=\"\"),0,IF(OR(AND(INDEX(Paramètres!$J$7:$J$41,$AB129)>0,IF(INDEX(Paramètres!$J$7:$J$41,$AB129)<=INDEX(Paramètres!$K$7:$K$41,$AB129),AND($AC129>=INDEX(Paramètres!$J$7:$J$41,$AB129),$AC129<=INDEX(Paramètres!$K$7:$K$41,$AB129)),OR($AC129>=INDEX(Paramètres!$J$7:$J$41,$AB129),$AC129<=INDEX(Paramètres!$K$7:$K$41,$AB129)))),AND(INDEX(Paramètres!$L$7:$L$41,$AB129)>0,IF(INDEX(Paramètres!$L$7:$L$41,$AB129)<=INDEX(Paramètres!$M$7:$M$41,$AB129),AND($AC129>=INDEX(Paramètres!$L$7:$L$41,$AB129),$AC129<=INDEX(Paramètres!$M$7:$M$41,$AB129)),OR($AC129>=INDEX(Paramètres!$L$7:$L$41,$AB129),$AC129<=INDEX(Paramètres!$M$7:$M$41,$AB129))))),1,0))","v":0},{"$f":"IF($X129=\"\",0,IF(INDEX(Fertilisants!$C$6:$C$45,$X129)=\"Oui\",1,0))","v":0},"","","",""]
[{"$f":"IF(B130=\"\",\"\",COUNT($B$6:B130))","v":""},null,null,{"$f":"IF($W130=\"\",\"\",INDEX(Îlots!$N$6:$N$65,$W130))","v":""},null,null,{"$f":"IF($X130=\"\",\"\",INDEX(Fertilisants!$B$6:$B$45,$X130))","v":""},null,null,{"$f":"IF($X130=\"\",\"\",INDEX(Fertilisants!$D$6:$D$45,$X130))","v":""},"",{"$f":"IF(OR($I130=\"\",$X130=\"\"),\"\",$I130*N(INDEX(Fertilisants!$E$6:$E$45,$X130)))","v":""},{"$f":"IF(OR($I130=\"\",$X130=\"\"),\"\",$I130*N(INDEX(Fertilisants!$G$6:$G$45,$X130)))","v":""},{"$f":"IF(OR($I130=\"\",$X130=\"\"),\"\",$I130*N(INDEX(Fertilisants!$H$6:$H$45,$X130)))","v":""},{"$f":"IF(OR($I130=\"\",$X130=\"\"),\"\",$I130*N(INDEX(Fertilisants!$I$6:$I$45,$X130)))","v":""},"",{"$nulls":3},"",null,null,{"$f":"IF($C130=\"\",\"\",IFERROR(MATCH($C130,Îlots!$C$6:$C$65,0),\"\"))","v":""},{"$f":"IF($F130=\"\",\"\",IFERROR(MATCH($F130,Fertilisants!$A$6:$A$45,0),\"\"))","v":""},{"$f":"IF($W130=\"\",\"\",INDEX(Îlots!$D$6:$D$65,$W130))","v":""},{"$f":"IF($W130=\"\",\"\",INDEX(Îlots!$F$6:$F$65,$W130))","v":""},{"$f":"IF($W130=\"\",\"\",IF($E130=ApportCouvert,OccCouvert,INDEX(Îlots!$O$6:$O$65,$W130)))","v":""},{"$f":"IF(OR($AA130=\"\",$G130=\"\",$Z130=\"Non\"),\"\",IFERROR(MATCH($AA130&\" | \"&$G130,Paramètres!$I$7:$I$41,0),\"\"))","v":""},"",{"$f":"IF(OR($AB130=\"\",$AC130=\"\"),0,IF(OR(AND(INDEX(Paramètres!$J$7:$J$41,$AB130)>0,IF(INDEX(Paramètres!$J$7:$J$41,$AB130)<=INDEX(Paramètres!$K$7:$K$41,$AB130),AND($AC130>=INDEX(Paramètres!$J$7:$J$41,$AB130),$AC130<=INDEX(Paramètres!$K$7:$K$41,$AB130)),OR($AC130>=INDEX(Paramètres!$J$7:$J$41,$AB130),$AC130<=INDEX(Paramètres!$K$7:$K$41,$AB130)))),AND(INDEX(Paramètres!$L$7:$L$41,$AB130)>0,IF(INDEX(Paramètres!$L$7:$L$41,$AB130)<=INDEX(Paramètres!$M$7:$M$41,$AB130),AND($AC130>=INDEX(Paramètres!$L$7:$L$41,$AB130),$AC130<=INDEX(Paramètres!$M$7:$M$41,$AB130)),OR($AC130>=INDEX(Paramètres!$L$7:$L$41,$AB130),$AC130<=INDEX(Paramètres!$M$7:$M$41,$AB130))))),1,0))","v":0},{"$f":"IF($X130=\"\",0,IF(INDEX(Fertilisants!$C$6:$C$45,$X130)=\"Oui\",1,0))","v":0},"","","",""]
[{"$f":"IF(B131=\"\",\"\",COUNT($B$6:B131))","v":""},null,null,{"$f":"IF($W131=\"\",\"\",INDEX(Îlots!$N$6:$N$65,$W131))","v":""},null,null,{"$f":"IF($X131=\"\",\"\",INDEX(Fertilisants!$B$6:$B$45,$X131))","v":""},null,null,{"$f":"IF($X131=\"\",\"\",INDEX(Fertilisants!$D$6:$D$45,$X131))","v":""},"",{"$f":"IF(OR($I131=\"\",$X131=\"\"),\"\",$I131*N(INDEX(Fertilisants!$E$6:$E$45,$X131)))","v":""},{"$f":"IF(OR($I131=\"\",$X131=\"\"),\"\",$I131*N(INDEX(Fertilisants!$G$6:$G$45,$X131)))","v":""},{"$f":"IF(OR($I131=\"\",$X131=\"\"),\"\",$I131*N(INDEX(Fertilisants!$H$6:$H$45,$X131)))","v":""},{"$f":"IF(OR($I131=\"\",$X131=\"\"),\"\",$I131*N(INDEX(Fertilisants!$I$6:$I$45,$X131)))","v":""},"",{"$nulls":3},"",null,null,{"$f":"IF($C131=\"\",\"\",IFERROR(MATCH($C131,Îlots!$C$6:$C$65,0),\"\"))","v":""},{"$f":"IF($F131=\"\",\"\",IFERROR(MATCH($F131,Fertilisants!$A$6:$A$45,0),\"\"))","v":""},{"$f":"IF($W131=\"\",\"\",INDEX(Îlots!$D$6:$D$65,$W131))","v":""},{"$f":"IF($W131=\"\",\"\",INDEX(Îlots!$F$6:$F$65,$W131))","v":""},{"$f":"IF($W131=\"\",\"\",IF($E131=ApportCouvert,OccCouvert,INDEX(Îlots!$O$6:$O$65,$W131)))","v":""},{"$f":"IF(OR($AA131=\"\",$G131=\"\",$Z131=\"Non\"),\"\",IFERROR(MATCH($AA131&\" | \"&$G131,Paramètres!$I$7:$I$41,0),\"\"))","v":""},"",{"$f":"IF(OR($AB131=\"\",$AC131=\"\"),0,IF(OR(AND(INDEX(Paramètres!$J$7:$J$41,$AB131)>0,IF(INDEX(Paramètres!$J$7:$J$41,$AB131)<=INDEX(Paramètres!$K$7:$K$41,$AB131),AND($AC131>=INDEX(Paramètres!$J$7:$J$41,$AB131),$AC131<=INDEX(Paramètres!$K$7:$K$41,$AB131)),OR($AC131>=INDEX(Paramètres!$J$7:$J$41,$AB131),$AC131<=INDEX(Paramètres!$K$7:$K$41,$AB131)))),AND(INDEX(Paramètres!$L$7:$L$41,$AB131)>0,IF(INDEX(Paramètres!$L$7:$L$41,$AB131)<=INDEX(Paramètres!$M$7:$M$41,$AB131),AND($AC131>=INDEX(Paramètres!$L$7:$L$41,$AB131),$AC131<=INDEX(Paramètres!$M$7:$M$41,$AB131)),OR($AC131>=INDEX(Paramètres!$L$7:$L$41,$AB131),$AC131<=INDEX(Paramètres!$M$7:$M$41,$AB131))))),1,0))","v":0},{"$f":"IF($X131=\"\",0,IF(INDEX(Fertilisants!$C$6:$C$45,$X131)=\"Oui\",1,0))","v":0},"","","",""]
[{"$f":"IF(B132=\"\",\"\",COUNT($B$6:B132))","v":""},null,null,{"$f":"IF($W132=\"\",\"\",INDEX(Îlots!$N$6:$N$65,$W132))","v":""},null,null,{"$f":"IF($X132=\"\",\"\",INDEX(Fertilisants!$B$6:$B$45,$X132))","v":""},null,null,{"$f":"IF($X132=\"\",\"\",INDEX(Fertilisants!$D$6:$D$45,$X132))","v":""},"",{"$f":"IF(OR($I132=\"\",$X132=\"\"),\"\",$I132*N(INDEX(Fertilisants!$E$6:$E$45,$X132)))","v":""},{"$f":"IF(OR($I132=\"\",$X132=\"\"),\"\",$I132*N(INDEX(Fertilisants!$G$6:$G$45,$X132)))","v":""},{"$f":"IF(OR($I132=\"\",$X132=\"\"),\"\",$I132*N(INDEX(Fertilisants!$H$6:$H$45,$X132)))","v":""},{"$f":"IF(OR($I132=\"\",$X132=\"\"),\"\",$I132*N(INDEX(Fertilisants!$I$6:$I$45,$X132)))","v":""},"",{"$nulls":3},"",null,null,{"$f":"IF($C132=\"\",\"\",IFERROR(MATCH($C132,Îlots!$C$6:$C$65,0),\"\"))","v":""},{"$f":"IF($F132=\"\",\"\",IFERROR(MATCH($F132,Fertilisants!$A$6:$A$45,0),\"\"))","v":""},{"$f":"IF($W132=\"\",\"\",INDEX(Îlots!$D$6:$D$65,$W132))","v":""},{"$f":"IF($W132=\"\",\"\",INDEX(Îlots!$F$6:$F$65,$W132))","v":""},{"$f":"IF($W132=\"\",\"\",IF($E132=ApportCouvert,OccCouvert,INDEX(Îlots!$O$6:$O$65,$W132)))","v":""},{"$f":"IF(OR($AA132=\"\",$G132=\"\",$Z132=\"Non\"),\"\",IFERROR(MATCH($AA132&\" | \"&$G132,Paramètres!$I$7:$I$41,0),\"\"))","v":""},"",{"$f":"IF(OR($AB132=\"\",$AC132=\"\"),0,IF(OR(AND(INDEX(Paramètres!$J$7:$J$41,$AB132)>0,IF(INDEX(Paramètres!$J$7:$J$41,$AB132)<=INDEX(Paramètres!$K$7:$K$41,$AB132),AND($AC132>=INDEX(Paramètres!$J$7:$J$41,$AB132),$AC132<=INDEX(Paramètres!$K$7:$K$41,$AB132)),OR($AC132>=INDEX(Paramètres!$J$7:$J$41,$AB132),$AC132<=INDEX(Paramètres!$K$7:$K$41,$AB132)))),AND(INDEX(Paramètres!$L$7:$L$41,$AB132)>0,IF(INDEX(Paramètres!$L$7:$L$41,$AB132)<=INDEX(Paramètres!$M$7:$M$41,$AB132),AND($AC132>=INDEX(Paramètres!$L$7:$L$41,$AB132),$AC132<=INDEX(Paramètres!$M$7:$M$41,$AB132)),OR($AC132>=INDEX(Paramètres!$L$7:$L$41,$AB132),$AC132<=INDEX(Paramètres!$M$7:$M$41,$AB132))))),1,0))","v":0},{"$f":"IF($X132=\"\",0,IF(INDEX(Fertilisants!$C$6:$C$45,$X132)=\"Oui\",1,0))","v":0},"","","",""]
[{"$f":"IF(B133=\"\",\"\",COUNT($B$6:B133))","v":""},null,null,{"$f":"IF($W133=\"\",\"\",INDEX(Îlots!$N$6:$N$65,$W133))","v":""},null,null,{"$f":"IF($X133=\"\",\"\",INDEX(Fertilisants!$B$6:$B$45,$X133))","v":""},null,null,{"$f":"IF($X133=\"\",\"\",INDEX(Fertilisants!$D$6:$D$45,$X133))","v":""},"",{"$f":"IF(OR($I133=\"\",$X133=\"\"),\"\",$I133*N(INDEX(Fertilisants!$E$6:$E$45,$X133)))","v":""},{"$f":"IF(OR($I133=\"\",$X133=\"\"),\"\",$I133*N(INDEX(Fertilisants!$G$6:$G$45,$X133)))","v":""},{"$f":"IF(OR($I133=\"\",$X133=\"\"),\"\",$I133*N(INDEX(Fertilisants!$H$6:$H$45,$X133)))","v":""},{"$f":"IF(OR($I133=\"\",$X133=\"\"),\"\",$I133*N(INDEX(Fertilisants!$I$6:$I$45,$X133)))","v":""},"",{"$nulls":3},"",null,null,{"$f":"IF($C133=\"\",\"\",IFERROR(MATCH($C133,Îlots!$C$6:$C$65,0),\"\"))","v":""},{"$f":"IF($F133=\"\",\"\",IFERROR(MATCH($F133,Fertilisants!$A$6:$A$45,0),\"\"))","v":""},{"$f":"IF($W133=\"\",\"\",INDEX(Îlots!$D$6:$D$65,$W133))","v":""},{"$f":"IF($W133=\"\",\"\",INDEX(Îlots!$F$6:$F$65,$W133))","v":""},{"$f":"IF($W133=\"\",\"\",IF($E133=ApportCouvert,OccCouvert,INDEX(Îlots!$O$6:$O$65,$W133)))","v":""},{"$f":"IF(OR($AA133=\"\",$G133=\"\",$Z133=\"Non\"),\"\",IFERROR(MATCH($AA133&\" | \"&$G133,Paramètres!$I$7:$I$41,0),\"\"))","v":""},"",{"$f":"IF(OR($AB133=\"\",$AC133=\"\"),0,IF(OR(AND(INDEX(Paramètres!$J$7:$J$41,$AB133)>0,IF(INDEX(Paramètres!$J$7:$J$41,$AB133)<=INDEX(Paramètres!$K$7:$K$41,$AB133),AND($AC133>=INDEX(Paramètres!$J$7:$J$41,$AB133),$AC133<=INDEX(Paramètres!$K$7:$K$41,$AB133)),OR($AC133>=INDEX(Paramètres!$J$7:$J$41,$AB133),$AC133<=INDEX(Paramètres!$K$7:$K$41,$AB133)))),AND(INDEX(Paramètres!$L$7:$L$41,$AB133)>0,IF(INDEX(Paramètres!$L$7:$L$41,$AB133)<=INDEX(Paramètres!$M$7:$M$41,$AB133),AND($AC133>=INDEX(Paramètres!$L$7:$L$41,$AB133),$AC133<=INDEX(Paramètres!$M$7:$M$41,$AB133)),OR($AC133>=INDEX(Paramètres!$L$7:$L$41,$AB133),$AC133<=INDEX(Paramètres!$M$7:$M$41,$AB133))))),1,0))","v":0},{"$f":"IF($X133=\"\",0,IF(INDEX(Fertilisants!$C$6:$C$45,$X133)=\"Oui\",1,0))","v":0},"","","",""]
[{"$f":"IF(B134=\"\",\"\",COUNT($B$6:B134))","v":""},null,null,{"$f":"IF($W134=\"\",\"\",INDEX(Îlots!$N$6:$N$65,$W134))","v":""},null,null,{"$f":"IF($X134=\"\",\"\",INDEX(Fertilisants!$B$6:$B$45,$X134))","v":""},null,null,{"$f":"IF($X134=\"\",\"\",INDEX(Fertilisants!$D$6:$D$45,$X134))","v":""},{"$f":"IF(OR($H134=\"\",$I134=\"\"),\"\",$H134*$I134)","v":""},{"$f":"IF(OR($I134=\"\",$X134=\"\"),\"\",$I134*N(INDEX(Fertilisants!$E$6:$E$45,$X134)))","v":""},{"$f":"IF(OR($I134=\"\",$X134=\"\"),\"\",$I134*N(INDEX(Fertilisants!$G$6:$G$45,$X134)))","v":""},{"$f":"IF(OR($I134=\"\",$X134=\"\"),\"\",$I134*N(INDEX(Fertilisants!$H$6:$H$45,$X134)))","v":""},{"$f":"IF(OR($I134=\"\",$X134=\"\"),\"\",$I134*N(INDEX(Fertilisants!$I$6:$I$45,$X134)))","v":""},{"$f":"IF(OR($H134=\"\",$L134=\"\"),\"\",$H134*$L134)","v":""},{"$nulls":3},{"$f":"IF($B134=\"\",\"\",IF(OR($C134=\"\",$F134=\"\",$H134=\"\",$I134=\"\"),\"À compléter\",IF(OR($Q134=\"Enneigé\",$Q134=\"Détrempé\",$Q134=\"Inondé\",AND($Q134=\"Gelé\",$G134<>\"Type 0\",$G134<>\"Type Ia\")),\"Sol interdit\",IF($AD134=1,\"Période d'interdiction\",IF(AND(ISNUMBER($Y134),ISNUMBER($H134),$H134>$Y134+0.001),\"Surface > îlot\",IF(OR($B134<DebutCampagne,$B134>FinCampagne),\"Hors campagne\",\"Conforme\"))))))","v":""},null,null,{"$f":"IF($C134=\"\",\"\",IFERROR(MATCH($C134,Îlots!$C$6:$C$65,0),\"\"))","v":""},{"$f":"IF($F134=\"\",\"\",IFERROR(MATCH($F134,Fertilisants!$A$6:$A$45,0),\"\"))","v":""},{"$f":"IF($W134=\"\",\"\",INDEX(Îlots!$D$6:$D$65,$W134))","v":""},{"$f":"IF($W134=\"\",\"\",INDEX(Îlots!$F$6:$F$65,$W134))","v":""},{"$f":"IF($W134=\"\",\"\",IF($E134=ApportCouvert,OccCouvert,INDEX(Îlots!$O$6:$O$65,$W134)))","v":""},{"$f":"IF(OR($AA134=\"\",$G134=\"\",$Z134=\"Non\"),\"\",IFERROR(MATCH($AA134&\" | \"&$G134,Paramètres!$I$7:$I$41,0),\"\"))","v":""},{"$f":"IF($B134=\"\",\"\",MONTH($B134)*100+DAY($B134))","v":""},{"$f":"IF(OR($AB134=\"\",$AC134=\"\"),0,IF(OR(AND(INDEX(Paramètres!$J$7:$J$41,$AB134)>0,IF(INDEX(Paramètres!$J$7:$J$41,$AB134)<=INDEX(Paramètres!$K$7:$K$41,$AB134),AND($AC134>=INDEX(Paramètres!$J$7:$J$41,$AB134),$AC134<=INDEX(Paramètres!$K$7:$K$41,$AB134)),OR($AC134>=INDEX(Paramètres!$J$7:$J$41,$AB134),$AC134<=INDEX(Paramètres!$K$7:$K$41,$AB134)))),AND(INDEX(Paramètres!$L$7:$L$41,$AB134)>0,IF(INDEX(Paramètres!$L$7:$L$41,$AB134)<=INDEX(Paramètres!$M$7:$M$41,$AB134),AND($AC134>=INDEX(Paramètres!$L$7:$L$41,$AB134),$AC134<=INDEX(Paramètres!$M$7:$M$41,$AB134)),OR($AC134>=INDEX(Paramètres!$L$7:$L$41,$AB134),$AC134<=INDEX(Paramètres!$M$7:$M$41,$AB134))))),1,0))","v":0},{"$f":"IF($X134=\"\",0,IF(INDEX(Fertilisants!$C$6:$C$45,$X134)=\"Oui\",1,0))","v":0},{"$f":"IF($G134=\"\",\"\",IF($G134=\"Type III\",\"Minéral\",\"Organique\"))","v":""},{"$f":"IF(OR($H134=\"\",$M134=\"\"),\"\",$H134*$M134)","v":""},{"$f":"IF(OR($H134=\"\",$N134=\"\"),\"\",$H134*$N134)","v":""},{"$f":"IF(OR($H134=\"\",$O134=\"\"),\"\",$H134*$O134)","v":""}]
[{"$f":"IF(B135=\"\",\"\",COUNT($B$6:B135))","v":""},null,null,{"$f":"IF($W135=\"\",\"\",INDEX(Îlots!$N$6:$N$65,$W135))","v":""},null,null,{"$f":"IF($X135=\"\",\"\",INDEX(Fertilisants!$B$6:$B$45,$X135))","v":""},null,null,{"$f":"IF($X135=\"\",\"\",INDEX(Fertilisants!$D$6:$D$45,$X135))","v":""},"",{"$f":"IF(OR($I135=\"\",$X135=\"\"),\"\",$I135*N(INDEX(Fertilisants!$E$6:$E$45,$X135)))","v":""},{"$f":"IF(OR($I135=\"\",$X135=\"\"),\"\",$I135*N(INDEX(Fertilisants!$G$6:$G$45,$X135)))","v":""},{"$f":"IF(OR($I135=\"\",$X135=\"\"),\"\",$I135*N(INDEX(Fertilisants!$H$6:$H$45,$X135)))","v":""},{"$f":"IF(OR($I135=\"\",$X135=\"\"),\"\",$I135*N(INDEX(Fertilisants!$I$6:$I$45,$X135)))","v":""},"",{"$nulls":3},"",null,null,{"$f":"IF($C135=\"\",\"\",IFERROR(MATCH($C135,Îlots!$C$6:$C$65,0),\"\"))","v":""},{"$f":"IF($F135=\"\",\"\",IFERROR(MATCH($F135,Fertilisants!$A$6:$A$45,0),\"\"))","v":""},{"$f":"IF($W135=\"\",\"\",INDEX(Îlots!$D$6:$D$65,$W135))","v":""},{"$f":"IF($W135=\"\",\"\",INDEX(Îlots!$F$6:$F$65,$W135))","v":""},{"$f":"IF($W135=\"\",\"\",IF($E135=ApportCouvert,OccCouvert,INDEX(Îlots!$O$6:$O$65,$W135)))","v":""},{"$f":"IF(OR($AA135=\"\",$G135=\"\",$Z135=\"Non\"),\"\",IFERROR(MATCH($AA135&\" | \"&$G135,Paramètres!$I$7:$I$41,0),\"\"))","v":""},"",{"$f":"IF(OR($AB135=\"\",$AC135=\"\"),0,IF(OR(AND(INDEX(Paramètres!$J$7:$J$41,$AB135)>0,IF(INDEX(Paramètres!$J$7:$J$41,$AB135)<=INDEX(Paramètres!$K$7:$K$41,$AB135),AND($AC135>=INDEX(Paramètres!$J$7:$J$41,$AB135),$AC135<=INDEX(Paramètres!$K$7:$K$41,$AB135)),OR($AC135>=INDEX(Paramètres!$J$7:$J$41,$AB135),$AC135<=INDEX(Paramètres!$K$7:$K$41,$AB135)))),AND(INDEX(Paramètres!$L$7:$L$41,$AB135)>0,IF(INDEX(Paramètres!$L$7:$L$41,$AB135)<=INDEX(Paramètres!$M$7:$M$41,$AB135),AND($AC135>=INDEX(Paramètres!$L$7:$L$41,$AB135),$AC135<=INDEX(Paramètres!$M$7:$M$41,$AB135)),OR($AC135>=INDEX(Paramètres!$L$7:$L$41,$AB135),$AC135<=INDEX(Paramètres!$M$7:$M$41,$AB135))))),1,0))","v":0},{"$f":"IF($X135=\"\",0,IF(INDEX(Fertilisants!$C$6:$C$45,$X135)=\"Oui\",1,0))","v":0},"","","",""]
[{"$f":"IF(B136=\"\",\"\",COUNT($B$6:B136))","v":""},null,null,{"$f":"IF($W136=\"\",\"\",INDEX(Îlots!$N$6:$N$65,$W136))","v":""},null,null,{"$f":"IF($X136=\"\",\"\",INDEX(Fertilisants!$B$6:$B$45,$X136))","v":""},null,null,{"$f":"IF($X136=\"\",\"\",INDEX(Fertilisants!$D$6:$D$45,$X136))","v":""},"",{"$f":"IF(OR($I136=\"\",$X136=\"\"),\"\",$I136*N(INDEX(Fertilisants!$E$6:$E$45,$X136)))","v":""},{"$f":"IF(OR($I136=\"\",$X136=\"\"),\"\",$I136*N(INDEX(Fertilisants!$G$6:$G$45,$X136)))","v":""},{"$f":"IF(OR($I136=\"\",$X136=\"\"),\"\",$I136*N(INDEX(Fertilisants!$H$6:$H$45,$X136)))","v":""},{"$f":"IF(OR($I136=\"\",$X136=\"\"),\"\",$I136*N(INDEX(Fertilisants!$I$6:$I$45,$X136)))","v":""},"",{"$nulls":3},"",null,null,{"$f":"IF($C136=\"\",\"\",IFERROR(MATCH($C136,Îlots!$C$6:$C$65,0),\"\"))","v":""},{"$f":"IF($F136=\"\",\"\",IFERROR(MATCH($F136,Fertilisants!$A$6:$A$45,0),\"\"))","v":""},{"$f":"IF($W136=\"\",\"\",INDEX(Îlots!$D$6:$D$65,$W136))","v":""},{"$f":"IF($W136=\"\",\"\",INDEX(Îlots!$F$6:$F$65,$W136))","v":""},{"$f":"IF($W136=\"\",\"\",IF($E136=ApportCouvert,OccCouvert,INDEX(Îlots!$O$6:$O$65,$W136)))","v":""},{"$f":"IF(OR($AA136=\"\",$G136=\"\",$Z136=\"Non\"),\"\",IFERROR(MATCH($AA136&\" | \"&$G136,Paramètres!$I$7:$I$41,0),\"\"))","v":""},"",{"$f":"IF(OR($AB136=\"\",$AC136=\"\"),0,IF(OR(AND(INDEX(Paramètres!$J$7:$J$41,$AB136)>0,IF(INDEX(Paramètres!$J$7:$J$41,$AB136)<=INDEX(Paramètres!$K$7:$K$41,$AB136),AND($AC136>=INDEX(Paramètres!$J$7:$J$41,$AB136),$AC136<=INDEX(Paramètres!$K$7:$K$41,$AB136)),OR($AC136>=INDEX(Paramètres!$J$7:$J$41,$AB136),$AC136<=INDEX(Paramètres!$K$7:$K$41,$AB136)))),AND(INDEX(Paramètres!$L$7:$L$41,$AB136)>0,IF(INDEX(Paramètres!$L$7:$L$41,$AB136)<=INDEX(Paramètres!$M$7:$M$41,$AB136),AND($AC136>=INDEX(Paramètres!$L$7:$L$41,$AB136),$AC136<=INDEX(Paramètres!$M$7:$M$41,$AB136)),OR($AC136>=INDEX(Paramètres!$L$7:$L$41,$AB136),$AC136<=INDEX(Paramètres!$M$7:$M$41,$AB136))))),1,0))","v":0},{"$f":"IF($X136=\"\",0,IF(INDEX(Fertilisants!$C$6:$C$45,$X136)=\"Oui\",1,0))","v":0},"","","",""]
[{"$f":"IF(B137=\"\",\"\",COUNT($B$6:B137))","v":""},null,null,{"$f":"IF($W137=\"\",\"\",INDEX(Îlots!$N$6:$N$65,$W137))","v":""},null,null,{"$f":"IF($X137=\"\",\"\",INDEX(Fertilisants!$B$6:$B$45,$X137))","v":""},null,null,{"$f":"IF($X137=\"\",\"\",INDEX(Fertilisants!$D$6:$D$45,$X137))","v":""},"",{"$f":"IF(OR($I137=\"\",$X137=\"\"),\"\",$I137*N(INDEX(Fertilisants!$E$6:$E$45,$X137)))","v":""},{"$f":"IF(OR($I137=\"\",$X137=\"\"),\"\",$I137*N(INDEX(Fertilisants!$G$6:$G$45,$X137)))","v":""},{"$f":"IF(OR($I137=\"\",$X137=\"\"),\"\",$I137*N(INDEX(Fertilisants!$H$6:$H$45,$X137)))","v":""},{"$f":"IF(OR($I137=\"\",$X137=\"\"),\"\",$I137*N(INDEX(Fertilisants!$I$6:$I$45,$X137)))","v":""},"",{"$nulls":3},"",null,null,{"$f":"IF($C137=\"\",\"\",IFERROR(MATCH($C137,Îlots!$C$6:$C$65,0),\"\"))","v":""},{"$f":"IF($F137=\"\",\"\",IFERROR(MATCH($F137,Fertilisants!$A$6:$A$45,0),\"\"))","v":""},{"$f":"IF($W137=\"\",\"\",INDEX(Îlots!$D$6:$D$65,$W137))","v":""},{"$f":"IF($W137=\"\",\"\",INDEX(Îlots!$F$6:$F$65,$W137))","v":""},{"$f":"IF($W137=\"\",\"\",IF($E137=ApportCouvert,OccCouvert,INDEX(Îlots!$O$6:$O$65,$W137)))","v":""},{"$f":"IF(OR($AA137=\"\",$G137=\"\",$Z137=\"Non\"),\"\",IFERROR(MATCH($AA137&\" | \"&$G137,Paramètres!$I$7:$I$41,0),\"\"))","v":""},"",{"$f":"IF(OR($AB137=\"\",$AC137=\"\"),0,IF(OR(AND(INDEX(Paramètres!$J$7:$J$41,$AB137)>0,IF(INDEX(Paramètres!$J$7:$J$41,$AB137)<=INDEX(Paramètres!$K$7:$K$41,$AB137),AND($AC137>=INDEX(Paramètres!$J$7:$J$41,$AB137),$AC137<=INDEX(Paramètres!$K$7:$K$41,$AB137)),OR($AC137>=INDEX(Paramètres!$J$7:$J$41,$AB137),$AC137<=INDEX(Paramètres!$K$7:$K$41,$AB137)))),AND(INDEX(Paramètres!$L$7:$L$41,$AB137)>0,IF(INDEX(Paramètres!$L$7:$L$41,$AB137)<=INDEX(Paramètres!$M$7:$M$41,$AB137),AND($AC137>=INDEX(Paramètres!$L$7:$L$41,$AB137),$AC137<=INDEX(Paramètres!$M$7:$M$41,$AB137)),OR($AC137>=INDEX(Paramètres!$L$7:$L$41,$AB137),$AC137<=INDEX(Paramètres!$M$7:$M$41,$AB137))))),1,0))","v":0},{"$f":"IF($X137=\"\",0,IF(INDEX(Fertilisants!$C$6:$C$45,$X137)=\"Oui\",1,0))","v":0},"","","",""]
[{"$f":"IF(B138=\"\",\"\",COUNT($B$6:B138))","v":""},null,null,{"$f":"IF($W138=\"\",\"\",INDEX(Îlots!$N$6:$N$65,$W138))","v":""},null,null,{"$f":"IF($X138=\"\",\"\",INDEX(Fertilisants!$B$6:$B$45,$X138))","v":""},null,null,{"$f":"IF($X138=\"\",\"\",INDEX(Fertilisants!$D$6:$D$45,$X138))","v":""},"",{"$f":"IF(OR($I138=\"\",$X138=\"\"),\"\",$I138*N(INDEX(Fertilisants!$E$6:$E$45,$X138)))","v":""},{"$f":"IF(OR($I138=\"\",$X138=\"\"),\"\",$I138*N(INDEX(Fertilisants!$G$6:$G$45,$X138)))","v":""},{"$f":"IF(OR($I138=\"\",$X138=\"\"),\"\",$I138*N(INDEX(Fertilisants!$H$6:$H$45,$X138)))","v":""},{"$f":"IF(OR($I138=\"\",$X138=\"\"),\"\",$I138*N(INDEX(Fertilisants!$I$6:$I$45,$X138)))","v":""},"",{"$nulls":3},"",null,null,{"$f":"IF($C138=\"\",\"\",IFERROR(MATCH($C138,Îlots!$C$6:$C$65,0),\"\"))","v":""},{"$f":"IF($F138=\"\",\"\",IFERROR(MATCH($F138,Fertilisants!$A$6:$A$45,0),\"\"))","v":""},{"$f":"IF($W138=\"\",\"\",INDEX(Îlots!$D$6:$D$65,$W138))","v":""},{"$f":"IF($W138=\"\",\"\",INDEX(Îlots!$F$6:$F$65,$W138))","v":""},{"$f":"IF($W138=\"\",\"\",IF($E138=ApportCouvert,OccCouvert,INDEX(Îlots!$O$6:$O$65,$W138)))","v":""},{"$f":"IF(OR($AA138=\"\",$G138=\"\",$Z138=\"Non\"),\"\",IFERROR(MATCH($AA138&\" | \"&$G138,Paramètres!$I$7:$I$41,0),\"\"))","v":""},"",{"$f":"IF(OR($AB138=\"\",$AC138=\"\"),0,IF(OR(AND(INDEX(Paramètres!$J$7:$J$41,$AB138)>0,IF(INDEX(Paramètres!$J$7:$J$41,$AB138)<=INDEX(Paramètres!$K$7:$K$41,$AB138),AND($AC138>=INDEX(Paramètres!$J$7:$J$41,$AB138),$AC138<=INDEX(Paramètres!$K$7:$K$41,$AB138)),OR($AC138>=INDEX(Paramètres!$J$7:$J$41,$AB138),$AC138<=INDEX(Paramètres!$K$7:$K$41,$AB138)))),AND(INDEX(Paramètres!$L$7:$L$41,$AB138)>0,IF(INDEX(Paramètres!$L$7:$L$41,$AB138)<=INDEX(Paramètres!$M$7:$M$41,$AB138),AND($AC138>=INDEX(Paramètres!$L$7:$L$41,$AB138),$AC138<=INDEX(Paramètres!$M$7:$M$41,$AB138)),OR($AC138>=INDEX(Paramètres!$L$7:$L$41,$AB138),$AC138<=INDEX(Paramètres!$M$7:$M$41,$AB138))))),1,0))","v":0},{"$f":"IF($X138=\"\",0,IF(INDEX(Fertilisants!$C$6:$C$45,$X138)=\"Oui\",1,0))","v":0},"","","",""]
[{"$f":"IF(B139=\"\",\"\",COUNT($B$6:B139))","v":""},null,null,{"$f":"IF($W139=\"\",\"\",INDEX(Îlots!$N$6:$N$65,$W139))","v":""},null,null,{"$f":"IF($X139=\"\",\"\",INDEX(Fertilisants!$B$6:$B$45,$X139))","v":""},null,null,{"$f":"IF($X139=\"\",\"\",INDEX(Fertilisants!$D$6:$D$45,$X139))","v":""},"",{"$f":"IF(OR($I139=\"\",$X139=\"\"),\"\",$I139*N(INDEX(Fertilisants!$E$6:$E$45,$X139)))","v":""},{"$f":"IF(OR($I139=\"\",$X139=\"\"),\"\",$I139*N(INDEX(Fertilisants!$G$6:$G$45,$X139)))","v":""},{"$f":"IF(OR($I139=\"\",$X139=\"\"),\"\",$I139*N(INDEX(Fertilisants!$H$6:$H$45,$X139)))","v":""},{"$f":"IF(OR($I139=\"\",$X139=\"\"),\"\",$I139*N(INDEX(Fertilisants!$I$6:$I$45,$X139)))","v":""},"",{"$nulls":3},"",null,null,{"$f":"IF($C139=\"\",\"\",IFERROR(MATCH($C139,Îlots!$C$6:$C$65,0),\"\"))","v":""},{"$f":"IF($F139=\"\",\"\",IFERROR(MATCH($F139,Fertilisants!$A$6:$A$45,0),\"\"))","v":""},{"$f":"IF($W139=\"\",\"\",INDEX(Îlots!$D$6:$D$65,$W139))","v":""},{"$f":"IF($W139=\"\",\"\",INDEX(Îlots!$F$6:$F$65,$W139))","v":""},{"$f":"IF($W139=\"\",\"\",IF($E139=ApportCouvert,OccCouvert,INDEX(Îlots!$O$6:$O$65,$W139)))","v":""},{"$f":"IF(OR($AA139=\"\",$G139=\"\",$Z139=\"Non\"),\"\",IFERROR(MATCH($AA139&\" | \"&$G139,Paramètres!$I$7:$I$41,0),\"\"))","v":""},"",{"$f":"IF(OR($AB139=\"\",$AC139=\"\"),0,IF(OR(AND(INDEX(Paramètres!$J$7:$J$41,$AB139)>0,IF(INDEX(Paramètres!$J$7:$J$41,$AB139)<=INDEX(Paramètres!$K$7:$K$41,$AB139),AND($AC139>=INDEX(Paramètres!$J$7:$J$41,$AB139),$AC139<=INDEX(Paramètres!$K$7:$K$41,$AB139)),OR($AC139>=INDEX(Paramètres!$J$7:$J$41,$AB139),$AC139<=INDEX(Paramètres!$K$7:$K$41,$AB139)))),AND(INDEX(Paramètres!$L$7:$L$41,$AB139)>0,IF(INDEX(Paramètres!$L$7:$L$41,$AB139)<=INDEX(Paramètres!$M$7:$M$41,$AB139),AND($AC139>=INDEX(Paramètres!$L$7:$L$41,$AB139),$AC139<=INDEX(Paramètres!$M$7:$M$41,$AB139)),OR($AC139>=INDEX(Paramètres!$L$7:$L$41,$AB139),$AC139<=INDEX(Paramètres!$M$7:$M$41,$AB139))))),1,0))","v":0},{"$f":"IF($X139=\"\",0,IF(INDEX(Fertilisants!$C$6:$C$45,$X139)=\"Oui\",1,0))","v":0},"","","",""]
[{"$f":"IF(B140=\"\",\"\",COUNT($B$6:B140))","v":""},null,null,{"$f":"IF($W140=\"\",\"\",INDEX(Îlots!$N$6:$N$65,$W140))","v":""},null,null,{"$f":"IF($X140=\"\",\"\",INDEX(Fertilisants!$B$6:$B$45,$X140))","v":""},null,null,{"$f":"IF($X140=\"\",\"\",INDEX(Fertilisants!$D$6:$D$45,$X140))","v":""},"",{"$f":"IF(OR($I140=\"\",$X140=\"\"),\"\",$I140*N(INDEX(Fertilisants!$E$6:$E$45,$X140)))","v":""},{"$f":"IF(OR($I140=\"\",$X140=\"\"),\"\",$I140*N(INDEX(Fertilisants!$G$6:$G$45,$X140)))","v":""},{"$f":"IF(OR($I140=\"\",$X140=\"\"),\"\",$I140*N(INDEX(Fertilisants!$H$6:$H$45,$X140)))","v":""},{"$f":"IF(OR($I140=\"\",$X140=\"\"),\"\",$I140*N(INDEX(Fertilisants!$I$6:$I$45,$X140)))","v":""},"",{"$nulls":3},"",null,null,{"$f":"IF($C140=\"\",\"\",IFERROR(MATCH($C140,Îlots!$C$6:$C$65,0),\"\"))","v":""},{"$f":"IF($F140=\"\",\"\",IFERROR(MATCH($F140,Fertilisants!$A$6:$A$45,0),\"\"))","v":""},{"$f":"IF($W140=\"\",\"\",INDEX(Îlots!$D$6:$D$65,$W140))","v":""},{"$f":"IF($W140=\"\",\"\",INDEX(Îlots!$F$6:$F$65,$W140))","v":""},{"$f":"IF($W140=\"\",\"\",IF($E140=ApportCouvert,OccCouvert,INDEX(Îlots!$O$6:$O$65,$W140)))","v":""},{"$f":"IF(OR($AA140=\"\",$G140=\"\",$Z140=\"Non\"),\"\",IFERROR(MATCH($AA140&\" | \"&$G140,Paramètres!$I$7:$I$41,0),\"\"))","v":""},"",{"$f":"IF(OR($AB140=\"\",$AC140=\"\"),0,IF(OR(AND(INDEX(Paramètres!$J$7:$J$41,$AB140)>0,IF(INDEX(Paramètres!$J$7:$J$41,$AB140)<=INDEX(Paramètres!$K$7:$K$41,$AB140),AND($AC140>=INDEX(Paramètres!$J$7:$J$41,$AB140),$AC140<=INDEX(Paramètres!$K$7:$K$41,$AB140)),OR($AC140>=INDEX(Paramètres!$J$7:$J$41,$AB140),$AC140<=INDEX(Paramètres!$K$7:$K$41,$AB140)))),AND(INDEX(Paramètres!$L$7:$L$41,$AB140)>0,IF(INDEX(Paramètres!$L$7:$L$41,$AB140)<=INDEX(Paramètres!$M$7:$M$41,$AB140),AND($AC140>=INDEX(Paramètres!$L$7:$L$41,$AB140),$AC140<=INDEX(Paramètres!$M$7:$M$41,$AB140)),OR($AC140>=INDEX(Paramètres!$L$7:$L$41,$AB140),$AC140<=INDEX(Paramètres!$M$7:$M$41,$AB140))))),1,0))","v":0},{"$f":"IF($X140=\"\",0,IF(INDEX(Fertilisants!$C$6:$C$45,$X140)=\"Oui\",1,0))","v":0},"","","",""]
[{"$f":"IF(B141=\"\",\"\",COUNT($B$6:B141))","v":""},null,null,{"$f":"IF($W141=\"\",\"\",INDEX(Îlots!$N$6:$N$65,$W141))","v":""},null,null,{"$f":"IF($X141=\"\",\"\",INDEX(Fertilisants!$B$6:$B$45,$X141))","v":""},null,null,{"$f":"IF($X141=\"\",\"\",INDEX(Fertilisants!$D$6:$D$45,$X141))","v":""},"",{"$f":"IF(OR($I141=\"\",$X141=\"\"),\"\",$I141*N(INDEX(Fertilisants!$E$6:$E$45,$X141)))","v":""},{"$f":"IF(OR($I141=\"\",$X141=\"\"),\"\",$I141*N(INDEX(Fertilisants!$G$6:$G$45,$X141)))","v":""},{"$f":"IF(OR($I141=\"\",$X141=\"\"),\"\",$I141*N(INDEX(Fertilisants!$H$6:$H$45,$X141)))","v":""},{"$f":"IF(OR($I141=\"\",$X141=\"\"),\"\",$I141*N(INDEX(Fertilisants!$I$6:$I$45,$X141)))","v":""},"",{"$nulls":3},"",null,null,{"$f":"IF($C141=\"\",\"\",IFERROR(MATCH($C141,Îlots!$C$6:$C$65,0),\"\"))","v":""},{"$f":"IF($F141=\"\",\"\",IFERROR(MATCH($F141,Fertilisants!$A$6:$A$45,0),\"\"))","v":""},{"$f":"IF($W141=\"\",\"\",INDEX(Îlots!$D$6:$D$65,$W141))","v":""},{"$f":"IF($W141=\"\",\"\",INDEX(Îlots!$F$6:$F$65,$W141))","v":""},{"$f":"IF($W141=\"\",\"\",IF($E141=ApportCouvert,OccCouvert,INDEX(Îlots!$O$6:$O$65,$W141)))","v":""},{"$f":"IF(OR($AA141=\"\",$G141=\"\",$Z141=\"Non\"),\"\",IFERROR(MATCH($AA141&\" | \"&$G141,Paramètres!$I$7:$I$41,0),\"\"))","v":""},"",{"$f":"IF(OR($AB141=\"\",$AC141=\"\"),0,IF(OR(AND(INDEX(Paramètres!$J$7:$J$41,$AB141)>0,IF(INDEX(Paramètres!$J$7:$J$41,$AB141)<=INDEX(Paramètres!$K$7:$K$41,$AB141),AND($AC141>=INDEX(Paramètres!$J$7:$J$41,$AB141),$AC141<=INDEX(Paramètres!$K$7:$K$41,$AB141)),OR($AC141>=INDEX(Paramètres!$J$7:$J$41,$AB141),$AC141<=INDEX(Paramètres!$K$7:$K$41,$AB141)))),AND(INDEX(Paramètres!$L$7:$L$41,$AB141)>0,IF(INDEX(Paramètres!$L$7:$L$41,$AB141)<=INDEX(Paramètres!$M$7:$M$41,$AB141),AND($AC141>=INDEX(Paramètres!$L$7:$L$41,$AB141),$AC141<=INDEX(Paramètres!$M$7:$M$41,$AB141)),OR($AC141>=INDEX(Paramètres!$L$7:$L$41,$AB141),$AC141<=INDEX(Paramètres!$M$7:$M$41,$AB141))))),1,0))","v":0},{"$f":"IF($X141=\"\",0,IF(INDEX(Fertilisants!$C$6:$C$45,$X141)=\"Oui\",1,0))","v":0},"","","",""]
[{"$f":"IF(B142=\"\",\"\",COUNT($B$6:B142))","v":""},null,null,{"$f":"IF($W142=\"\",\"\",INDEX(Îlots!$N$6:$N$65,$W142))","v":""},null,null,{"$f":"IF($X142=\"\",\"\",INDEX(Fertilisants!$B$6:$B$45,$X142))","v":""},null,null,{"$f":"IF($X142=\"\",\"\",INDEX(Fertilisants!$D$6:$D$45,$X142))","v":""},"",{"$f":"IF(OR($I142=\"\",$X142=\"\"),\"\",$I142*N(INDEX(Fertilisants!$E$6:$E$45,$X142)))","v":""},{"$f":"IF(OR($I142=\"\",$X142=\"\"),\"\",$I142*N(INDEX(Fertilisants!$G$6:$G$45,$X142)))","v":""},{"$f":"IF(OR($I142=\"\",$X142=\"\"),\"\",$I142*N(INDEX(Fertilisants!$H$6:$H$45,$X142)))","v":""},{"$f":"IF(OR($I142=\"\",$X142=\"\"),\"\",$I142*N(INDEX(Fertilisants!$I$6:$I$45,$X142)))","v":""},"",{"$nulls":3},"",null,null,{"$f":"IF($C142=\"\",\"\",IFERROR(MATCH($C142,Îlots!$C$6:$C$65,0),\"\"))","v":""},{"$f":"IF($F142=\"\",\"\",IFERROR(MATCH($F142,Fertilisants!$A$6:$A$45,0),\"\"))","v":""},{"$f":"IF($W142=\"\",\"\",INDEX(Îlots!$D$6:$D$65,$W142))","v":""},{"$f":"IF($W142=\"\",\"\",INDEX(Îlots!$F$6:$F$65,$W142))","v":""},{"$f":"IF($W142=\"\",\"\",IF($E142=ApportCouvert,OccCouvert,INDEX(Îlots!$O$6:$O$65,$W142)))","v":""},{"$f":"IF(OR($AA142=\"\",$G142=\"\",$Z142=\"Non\"),\"\",IFERROR(MATCH($AA142&\" | \"&$G142,Paramètres!$I$7:$I$41,0),\"\"))","v":""},"",{"$f":"IF(OR($AB142=\"\",$AC142=\"\"),0,IF(OR(AND(INDEX(Paramètres!$J$7:$J$41,$AB142)>0,IF(INDEX(Paramètres!$J$7:$J$41,$AB142)<=INDEX(Paramètres!$K$7:$K$41,$AB142),AND($AC142>=INDEX(Paramètres!$J$7:$J$41,$AB142),$AC142<=INDEX(Paramètres!$K$7:$K$41,$AB142)),OR($AC142>=INDEX(Paramètres!$J$7:$J$41,$AB142),$AC142<=INDEX(Paramètres!$K$7:$K$41,$AB142)))),AND(INDEX(Paramètres!$L$7:$L$41,$AB142)>0,IF(INDEX(Paramètres!$L$7:$L$41,$AB142)<=INDEX(Paramètres!$M$7:$M$41,$AB142),AND($AC142>=INDEX(Paramètres!$L$7:$L$41,$AB142),$AC142<=INDEX(Paramètres!$M$7:$M$41,$AB142)),OR($AC142>=INDEX(Paramètres!$L$7:$L$41,$AB142),$AC142<=INDEX(Paramètres!$M$7:$M$41,$AB142))))),1,0))","v":0},{"$f":"IF($X142=\"\",0,IF(INDEX(Fertilisants!$C$6:$C$45,$X142)=\"Oui\",1,0))","v":0},"","","",""]
[{"$f":"IF(B143=\"\",\"\",COUNT($B$6:B143))","v":""},null,null,{"$f":"IF($W143=\"\",\"\",INDEX(Îlots!$N$6:$N$65,$W143))","v":""},null,null,{"$f":"IF($X143=\"\",\"\",INDEX(Fertilisants!$B$6:$B$45,$X143))","v":""},null,null,{"$f":"IF($X143=\"\",\"\",INDEX(Fertilisants!$D$6:$D$45,$X143))","v":""},"",{"$f":"IF(OR($I143=\"\",$X143=\"\"),\"\",$I143*N(INDEX(Fertilisants!$E$6:$E$45,$X143)))","v":""},{"$f":"IF(OR($I143=\"\",$X143=\"\"),\"\",$I143*N(INDEX(Fertilisants!$G$6:$G$45,$X143)))","v":""},{"$f":"IF(OR($I143=\"\",$X143=\"\"),\"\",$I143*N(INDEX(Fertilisants!$H$6:$H$45,$X143)))","v":""},{"$f":"IF(OR($I143=\"\",$X143=\"\"),\"\",$I143*N(INDEX(Fertilisants!$I$6:$I$45,$X143)))","v":""},"",{"$nulls":3},"",null,null,{"$f":"IF($C143=\"\",\"\",IFERROR(MATCH($C143,Îlots!$C$6:$C$65,0),\"\"))","v":""},{"$f":"IF($F143=\"\",\"\",IFERROR(MATCH($F143,Fertilisants!$A$6:$A$45,0),\"\"))","v":""},{"$f":"IF($W143=\"\",\"\",INDEX(Îlots!$D$6:$D$65,$W143))","v":""},{"$f":"IF($W143=\"\",\"\",INDEX(Îlots!$F$6:$F$65,$W143))","v":""},{"$f":"IF($W143=\"\",\"\",IF($E143=ApportCouvert,OccCouvert,INDEX(Îlots!$O$6:$O$65,$W143)))","v":""},{"$f":"IF(OR($AA143=\"\",$G143=\"\",$Z143=\"Non\"),\"\",IFERROR(MATCH($AA143&\" | \"&$G143,Paramètres!$I$7:$I$41,0),\"\"))","v":""},"",{"$f":"IF(OR($AB143=\"\",$AC143=\"\"),0,IF(OR(AND(INDEX(Paramètres!$J$7:$J$41,$AB143)>0,IF(INDEX(Paramètres!$J$7:$J$41,$AB143)<=INDEX(Paramètres!$K$7:$K$41,$AB143),AND($AC143>=INDEX(Paramètres!$J$7:$J$41,$AB143),$AC143<=INDEX(Paramètres!$K$7:$K$41,$AB143)),OR($AC143>=INDEX(Paramètres!$J$7:$J$41,$AB143),$AC143<=INDEX(Paramètres!$K$7:$K$41,$AB143)))),AND(INDEX(Paramètres!$L$7:$L$41,$AB143)>0,IF(INDEX(Paramètres!$L$7:$L$41,$AB143)<=INDEX(Paramètres!$M$7:$M$41,$AB143),AND($AC143>=INDEX(Paramètres!$L$7:$L$41,$AB143),$AC143<=INDEX(Paramètres!$M$7:$M$41,$AB143)),OR($AC143>=INDEX(Paramètres!$L$7:$L$41,$AB143),$AC143<=INDEX(Paramètres!$M$7:$M$41,$AB143))))),1,0))","v":0},{"$f":"IF($X143=\"\",0,IF(INDEX(Fertilisants!$C$6:$C$45,$X143)=\"Oui\",1,0))","v":0},"","","",""]
[{"$f":"IF(B144=\"\",\"\",COUNT($B$6:B144))","v":""},null,null,{"$f":"IF($W144=\"\",\"\",INDEX(Îlots!$N$6:$N$65,$W144))","v":""},null,null,{"$f":"IF($X144=\"\",\"\",INDEX(Fertilisants!$B$6:$B$45,$X144))","v":""},null,null,{"$f":"IF($X144=\"\",\"\",INDEX(Fertilisants!$D$6:$D$45,$X144))","v":""},"",{"$f":"IF(OR($I144=\"\",$X144=\"\"),\"\",$I144*N(INDEX(Fertilisants!$E$6:$E$45,$X144)))","v":""},{"$f":"IF(OR($I144=\"\",$X144=\"\"),\"\",$I144*N(INDEX(Fertilisants!$G$6:$G$45,$X144)))","v":""},{"$f":"IF(OR($I144=\"\",$X144=\"\"),\"\",$I144*N(INDEX(Fertilisants!$H$6:$H$45,$X144)))","v":""},{"$f":"IF(OR($I144=\"\",$X144=\"\"),\"\",$I144*N(INDEX(Fertilisants!$I$6:$I$45,$X144)))","v":""},"",{"$nulls":3},"",null,null,{"$f":"IF($C144=\"\",\"\",IFERROR(MATCH($C144,Îlots!$C$6:$C$65,0),\"\"))","v":""},{"$f":"IF($F144=\"\",\"\",IFERROR(MATCH($F144,Fertilisants!$A$6:$A$45,0),\"\"))","v":""},{"$f":"IF($W144=\"\",\"\",INDEX(Îlots!$D$6:$D$65,$W144))","v":""},{"$f":"IF($W144=\"\",\"\",INDEX(Îlots!$F$6:$F$65,$W144))","v":""},{"$f":"IF($W144=\"\",\"\",IF($E144=ApportCouvert,OccCouvert,INDEX(Îlots!$O$6:$O$65,$W144)))","v":""},{"$f":"IF(OR($AA144=\"\",$G144=\"\",$Z144=\"Non\"),\"\",IFERROR(MATCH($AA144&\" | \"&$G144,Paramètres!$I$7:$I$41,0),\"\"))","v":""},"",{"$f":"IF(OR($AB144=\"\",$AC144=\"\"),0,IF(OR(AND(INDEX(Paramètres!$J$7:$J$41,$AB144)>0,IF(INDEX(Paramètres!$J$7:$J$41,$AB144)<=INDEX(Paramètres!$K$7:$K$41,$AB144),AND($AC144>=INDEX(Paramètres!$J$7:$J$41,$AB144),$AC144<=INDEX(Paramètres!$K$7:$K$41,$AB144)),OR($AC144>=INDEX(Paramètres!$J$7:$J$41,$AB144),$AC144<=INDEX(Paramètres!$K$7:$K$41,$AB144)))),AND(INDEX(Paramètres!$L$7:$L$41,$AB144)>0,IF(INDEX(Paramètres!$L$7:$L$41,$AB144)<=INDEX(Paramètres!$M$7:$M$41,$AB144),AND($AC144>=INDEX(Paramètres!$L$7:$L$41,$AB144),$AC144<=INDEX(Paramètres!$M$7:$M$41,$AB144)),OR($AC144>=INDEX(Paramètres!$L$7:$L$41,$AB144),$AC144<=INDEX(Paramètres!$M$7:$M$41,$AB144))))),1,0))","v":0},{"$f":"IF($X144=\"\",0,IF(INDEX(Fertilisants!$C$6:$C$45,$X144)=\"Oui\",1,0))","v":0},"","","",""]
[{"$f":"IF(B145=\"\",\"\",COUNT($B$6:B145))","v":""},null,null,{"$f":"IF($W145=\"\",\"\",INDEX(Îlots!$N$6:$N$65,$W145))","v":""},null,null,{"$f":"IF($X145=\"\",\"\",INDEX(Fertilisants!$B$6:$B$45,$X145))","v":""},null,null,{"$f":"IF($X145=\"\",\"\",INDEX(Fertilisants!$D$6:$D$45,$X145))","v":""},"",{"$f":"IF(OR($I145=\"\",$X145=\"\"),\"\",$I145*N(INDEX(Fertilisants!$E$6:$E$45,$X145)))","v":""},{"$f":"IF(OR($I145=\"\",$X145=\"\"),\"\",$I145*N(INDEX(Fertilisants!$G$6:$G$45,$X145)))","v":""},{"$f":"IF(OR($I145=\"\",$X145=\"\"),\"\",$I145*N(INDEX(Fertilisants!$H$6:$H$45,$X145)))","v":""},{"$f":"IF(OR($I145=\"\",$X145=\"\"),\"\",$I145*N(INDEX(Fertilisants!$I$6:$I$45,$X145)))","v":""},"",{"$nulls":3},"",null,null,{"$f":"IF($C145=\"\",\"\",IFERROR(MATCH($C145,Îlots!$C$6:$C$65,0),\"\"))","v":""},{"$f":"IF($F145=\"\",\"\",IFERROR(MATCH($F145,Fertilisants!$A$6:$A$45,0),\"\"))","v":""},{"$f":"IF($W145=\"\",\"\",INDEX(Îlots!$D$6:$D$65,$W145))","v":""},{"$f":"IF($W145=\"\",\"\",INDEX(Îlots!$F$6:$F$65,$W145))","v":""},{"$f":"IF($W145=\"\",\"\",IF($E145=ApportCouvert,OccCouvert,INDEX(Îlots!$O$6:$O$65,$W145)))","v":""},{"$f":"IF(OR($AA145=\"\",$G145=\"\",$Z145=\"Non\"),\"\",IFERROR(MATCH($AA145&\" | \"&$G145,Paramètres!$I$7:$I$41,0),\"\"))","v":""},"",{"$f":"IF(OR($AB145=\"\",$AC145=\"\"),0,IF(OR(AND(INDEX(Paramètres!$J$7:$J$41,$AB145)>0,IF(INDEX(Paramètres!$J$7:$J$41,$AB145)<=INDEX(Paramètres!$K$7:$K$41,$AB145),AND($AC145>=INDEX(Paramètres!$J$7:$J$41,$AB145),$AC145<=INDEX(Paramètres!$K$7:$K$41,$AB145)),OR($AC145>=INDEX(Paramètres!$J$7:$J$41,$AB145),$AC145<=INDEX(Paramètres!$K$7:$K$41,$AB145)))),AND(INDEX(Paramètres!$L$7:$L$41,$AB145)>0,IF(INDEX(Paramètres!$L$7:$L$41,$AB145)<=INDEX(Paramètres!$M$7:$M$41,$AB145),AND($AC145>=INDEX(Paramètres!$L$7:$L$41,$AB145),$AC145<=INDEX(Paramètres!$M$7:$M$41,$AB145)),OR($AC145>=INDEX(Paramètres!$L$7:$L$41,$AB145),$AC145<=INDEX(Paramètres!$M$7:$M$41,$AB145))))),1,0))","v":0},{"$f":"IF($X145=\"\",0,IF(INDEX(Fertilisants!$C$6:$C$45,$X145)=\"Oui\",1,0))","v":0},"","","",""]
[{"$f":"IF(B146=\"\",\"\",COUNT($B$6:B146))","v":""},null,null,{"$f":"IF($W146=\"\",\"\",INDEX(Îlots!$N$6:$N$65,$W146))","v":""},null,null,{"$f":"IF($X146=\"\",\"\",INDEX(Fertilisants!$B$6:$B$45,$X146))","v":""},null,null,{"$f":"IF($X146=\"\",\"\",INDEX(Fertilisants!$D$6:$D$45,$X146))","v":""},"",{"$f":"IF(OR($I146=\"\",$X146=\"\"),\"\",$I146*N(INDEX(Fertilisants!$E$6:$E$45,$X146)))","v":""},{"$f":"IF(OR($I146=\"\",$X146=\"\"),\"\",$I146*N(INDEX(Fertilisants!$G$6:$G$45,$X146)))","v":""},{"$f":"IF(OR($I146=\"\",$X146=\"\"),\"\",$I146*N(INDEX(Fertilisants!$H$6:$H$45,$X146)))","v":""},{"$f":"IF(OR($I146=\"\",$X146=\"\"),\"\",$I146*N(INDEX(Fertilisants!$I$6:$I$45,$X146)))","v":""},"",{"$nulls":3},"",null,null,{"$f":"IF($C146=\"\",\"\",IFERROR(MATCH($C146,Îlots!$C$6:$C$65,0),\"\"))","v":""},{"$f":"IF($F146=\"\",\"\",IFERROR(MATCH($F146,Fertilisants!$A$6:$A$45,0),\"\"))","v":""},{"$f":"IF($W146=\"\",\"\",INDEX(Îlots!$D$6:$D$65,$W146))","v":""},{"$f":"IF($W146=\"\",\"\",INDEX(Îlots!$F$6:$F$65,$W146))","v":""},{"$f":"IF($W146=\"\",\"\",IF($E146=ApportCouvert,OccCouvert,INDEX(Îlots!$O$6:$O$65,$W146)))","v":""},{"$f":"IF(OR($AA146=\"\",$G146=\"\",$Z146=\"Non\"),\"\",IFERROR(MATCH($AA146&\" | \"&$G146,Paramètres!$I$7:$I$41,0),\"\"))","v":""},"",{"$f":"IF(OR($AB146=\"\",$AC146=\"\"),0,IF(OR(AND(INDEX(Paramètres!$J$7:$J$41,$AB146)>0,IF(INDEX(Paramètres!$J$7:$J$41,$AB146)<=INDEX(Paramètres!$K$7:$K$41,$AB146),AND($AC146>=INDEX(Paramètres!$J$7:$J$41,$AB146),$AC146<=INDEX(Paramètres!$K$7:$K$41,$AB146)),OR($AC146>=INDEX(Paramètres!$J$7:$J$41,$AB146),$AC146<=INDEX(Paramètres!$K$7:$K$41,$AB146)))),AND(INDEX(Paramètres!$L$7:$L$41,$AB146)>0,IF(INDEX(Paramètres!$L$7:$L$41,$AB146)<=INDEX(Paramètres!$M$7:$M$41,$AB146),AND($AC146>=INDEX(Paramètres!$L$7:$L$41,$AB146),$AC146<=INDEX(Paramètres!$M$7:$M$41,$AB146)),OR($AC146>=INDEX(Paramètres!$L$7:$L$41,$AB146),$AC146<=INDEX(Paramètres!$M$7:$M$41,$AB146))))),1,0))","v":0},{"$f":"IF($X146=\"\",0,IF(INDEX(Fertilisants!$C$6:$C$45,$X146)=\"Oui\",1,0))","v":0},"","","",""]
[{"$f":"IF(B147=\"\",\"\",COUNT($B$6:B147))","v":""},null,null,{"$f":"IF($W147=\"\",\"\",INDEX(Îlots!$N$6:$N$65,$W147))","v":""},null,null,{"$f":"IF($X147=\"\",\"\",INDEX(Fertilisants!$B$6:$B$45,$X147))","v":""},null,null,{"$f":"IF($X147=\"\",\"\",INDEX(Fertilisants!$D$6:$D$45,$X147))","v":""},"",{"$f":"IF(OR($I147=\"\",$X147=\"\"),\"\",$I147*N(INDEX(Fertilisants!$E$6:$E$45,$X147)))","v":""},{"$f":"IF(OR($I147=\"\",$X147=\"\"),\"\",$I147*N(INDEX(Fertilisants!$G$6:$G$45,$X147)))","v":""},{"$f":"IF(OR($I147=\"\",$X147=\"\"),\"\",$I147*N(INDEX(Fertilisants!$H$6:$H$45,$X147)))","v":""},{"$f":"IF(OR($I147=\"\",$X147=\"\"),\"\",$I147*N(INDEX(Fertilisants!$I$6:$I$45,$X147)))","v":""},"",{"$nulls":3},"",null,null,{"$f":"IF($C147=\"\",\"\",IFERROR(MATCH($C147,Îlots!$C$6:$C$65,0),\"\"))","v":""},{"$f":"IF($F147=\"\",\"\",IFERROR(MATCH($F147,Fertilisants!$A$6:$A$45,0),\"\"))","v":""},{"$f":"IF($W147=\"\",\"\",INDEX(Îlots!$D$6:$D$65,$W147))","v":""},{"$f":"IF($W147=\"\",\"\",INDEX(Îlots!$F$6:$F$65,$W147))","v":""},{"$f":"IF($W147=\"\",\"\",IF($E147=ApportCouvert,OccCouvert,INDEX(Îlots!$O$6:$O$65,$W147)))","v":""},{"$f":"IF(OR($AA147=\"\",$G147=\"\",$Z147=\"Non\"),\"\",IFERROR(MATCH($AA147&\" | \"&$G147,Paramètres!$I$7:$I$41,0),\"\"))","v":""},"",{"$f":"IF(OR($AB147=\"\",$AC147=\"\"),0,IF(OR(AND(INDEX(Paramètres!$J$7:$J$41,$AB147)>0,IF(INDEX(Paramètres!$J$7:$J$41,$AB147)<=INDEX(Paramètres!$K$7:$K$41,$AB147),AND($AC147>=INDEX(Paramètres!$J$7:$J$41,$AB147),$AC147<=INDEX(Paramètres!$K$7:$K$41,$AB147)),OR($AC147>=INDEX(Paramètres!$J$7:$J$41,$AB147),$AC147<=INDEX(Paramètres!$K$7:$K$41,$AB147)))),AND(INDEX(Paramètres!$L$7:$L$41,$AB147)>0,IF(INDEX(Paramètres!$L$7:$L$41,$AB147)<=INDEX(Paramètres!$M$7:$M$41,$AB147),AND($AC147>=INDEX(Paramètres!$L$7:$L$41,$AB147),$AC147<=INDEX(Paramètres!$M$7:$M$41,$AB147)),OR($AC147>=INDEX(Paramètres!$L$7:$L$41,$AB147),$AC147<=INDEX(Paramètres!$M$7:$M$41,$AB147))))),1,0))","v":0},{"$f":"IF($X147=\"\",0,IF(INDEX(Fertilisants!$C$6:$C$45,$X147)=\"Oui\",1,0))","v":0},"","","",""]
[{"$f":"IF(B148=\"\",\"\",COUNT($B$6:B148))","v":""},null,null,{"$f":"IF($W148=\"\",\"\",INDEX(Îlots!$N$6:$N$65,$W148))","v":""},null,null,{"$f":"IF($X148=\"\",\"\",INDEX(Fertilisants!$B$6:$B$45,$X148))","v":""},null,null,{"$f":"IF($X148=\"\",\"\",INDEX(Fertilisants!$D$6:$D$45,$X148))","v":""},"",{"$f":"IF(OR($I148=\"\",$X148=\"\"),\"\",$I148*N(INDEX(Fertilisants!$E$6:$E$45,$X148)))","v":""},{"$f":"IF(OR($I148=\"\",$X148=\"\"),\"\",$I148*N(INDEX(Fertilisants!$G$6:$G$45,$X148)))","v":""},{"$f":"IF(OR($I148=\"\",$X148=\"\"),\"\",$I148*N(INDEX(Fertilisants!$H$6:$H$45,$X148)))","v":""},{"$f":"IF(OR($I148=\"\",$X148=\"\"),\"\",$I148*N(INDEX(Fertilisants!$I$6:$I$45,$X148)))","v":""},"",{"$nulls":3},"",null,null,{"$f":"IF($C148=\"\",\"\",IFERROR(MATCH($C148,Îlots!$C$6:$C$65,0),\"\"))","v":""},{"$f":"IF($F148=\"\",\"\",IFERROR(MATCH($F148,Fertilisants!$A$6:$A$45,0),\"\"))","v":""},{"$f":"IF($W148=\"\",\"\",INDEX(Îlots!$D$6:$D$65,$W148))","v":""},{"$f":"IF($W148=\"\",\"\",INDEX(Îlots!$F$6:$F$65,$W148))","v":""},{"$f":"IF($W148=\"\",\"\",IF($E148=ApportCouvert,OccCouvert,INDEX(Îlots!$O$6:$O$65,$W148)))","v":""},{"$f":"IF(OR($AA148=\"\",$G148=\"\",$Z148=\"Non\"),\"\",IFERROR(MATCH($AA148&\" | \"&$G148,Paramètres!$I$7:$I$41,0),\"\"))","v":""},"",{"$f":"IF(OR($AB148=\"\",$AC148=\"\"),0,IF(OR(AND(INDEX(Paramètres!$J$7:$J$41,$AB148)>0,IF(INDEX(Paramètres!$J$7:$J$41,$AB148)<=INDEX(Paramètres!$K$7:$K$41,$AB148),AND($AC148>=INDEX(Paramètres!$J$7:$J$41,$AB148),$AC148<=INDEX(Paramètres!$K$7:$K$41,$AB148)),OR($AC148>=INDEX(Paramètres!$J$7:$J$41,$AB148),$AC148<=INDEX(Paramètres!$K$7:$K$41,$AB148)))),AND(INDEX(Paramètres!$L$7:$L$41,$AB148)>0,IF(INDEX(Paramètres!$L$7:$L$41,$AB148)<=INDEX(Paramètres!$M$7:$M$41,$AB148),AND($AC148>=INDEX(Paramètres!$L$7:$L$41,$AB148),$AC148<=INDEX(Paramètres!$M$7:$M$41,$AB148)),OR($AC148>=INDEX(Paramètres!$L$7:$L$41,$AB148),$AC148<=INDEX(Paramètres!$M$7:$M$41,$AB148))))),1,0))","v":0},{"$f":"IF($X148=\"\",0,IF(INDEX(Fertilisants!$C$6:$C$45,$X148)=\"Oui\",1,0))","v":0},"","","",""]
[{"$f":"IF(B149=\"\",\"\",COUNT($B$6:B149))","v":""},null,null,{"$f":"IF($W149=\"\",\"\",INDEX(Îlots!$N$6:$N$65,$W149))","v":""},null,null,{"$f":"IF($X149=\"\",\"\",INDEX(Fertilisants!$B$6:$B$45,$X149))","v":""},null,null,{"$f":"IF($X149=\"\",\"\",INDEX(Fertilisants!$D$6:$D$45,$X149))","v":""},"",{"$f":"IF(OR($I149=\"\",$X149=\"\"),\"\",$I149*N(INDEX(Fertilisants!$E$6:$E$45,$X149)))","v":""},{"$f":"IF(OR($I149=\"\",$X149=\"\"),\"\",$I149*N(INDEX(Fertilisants!$G$6:$G$45,$X149)))","v":""},{"$f":"IF(OR($I149=\"\",$X149=\"\"),\"\",$I149*N(INDEX(Fertilisants!$H$6:$H$45,$X149)))","v":""},{"$f":"IF(OR($I149=\"\",$X149=\"\"),\"\",$I149*N(INDEX(Fertilisants!$I$6:$I$45,$X149)))","v":""},"",{"$nulls":3},"",null,null,{"$f":"IF($C149=\"\",\"\",IFERROR(MATCH($C149,Îlots!$C$6:$C$65,0),\"\"))","v":""},{"$f":"IF($F149=\"\",\"\",IFERROR(MATCH($F149,Fertilisants!$A$6:$A$45,0),\"\"))","v":""},{"$f":"IF($W149=\"\",\"\",INDEX(Îlots!$D$6:$D$65,$W149))","v":""},{"$f":"IF($W149=\"\",\"\",INDEX(Îlots!$F$6:$F$65,$W149))","v":""},{"$f":"IF($W149=\"\",\"\",IF($E149=ApportCouvert,OccCouvert,INDEX(Îlots!$O$6:$O$65,$W149)))","v":""},{"$f":"IF(OR($AA149=\"\",$G149=\"\",$Z149=\"Non\"),\"\",IFERROR(MATCH($AA149&\" | \"&$G149,Paramètres!$I$7:$I$41,0),\"\"))","v":""},"",{"$f":"IF(OR($AB149=\"\",$AC149=\"\"),0,IF(OR(AND(INDEX(Paramètres!$J$7:$J$41,$AB149)>0,IF(INDEX(Paramètres!$J$7:$J$41,$AB149)<=INDEX(Paramètres!$K$7:$K$41,$AB149),AND($AC149>=INDEX(Paramètres!$J$7:$J$41,$AB149),$AC149<=INDEX(Paramètres!$K$7:$K$41,$AB149)),OR($AC149>=INDEX(Paramètres!$J$7:$J$41,$AB149),$AC149<=INDEX(Paramètres!$K$7:$K$41,$AB149)))),AND(INDEX(Paramètres!$L$7:$L$41,$AB149)>0,IF(INDEX(Paramètres!$L$7:$L$41,$AB149)<=INDEX(Paramètres!$M$7:$M$41,$AB149),AND($AC149>=INDEX(Paramètres!$L$7:$L$41,$AB149),$AC149<=INDEX(Paramètres!$M$7:$M$41,$AB149)),OR($AC149>=INDEX(Paramètres!$L$7:$L$41,$AB149),$AC149<=INDEX(Paramètres!$M$7:$M$41,$AB149))))),1,0))","v":0},{"$f":"IF($X149=\"\",0,IF(INDEX(Fertilisants!$C$6:$C$45,$X149)=\"Oui\",1,0))","v":0},"","","",""]
[{"$f":"IF(B150=\"\",\"\",COUNT($B$6:B150))","v":""},null,null,{"$f":"IF($W150=\"\",\"\",INDEX(Îlots!$N$6:$N$65,$W150))","v":""},null,null,{"$f":"IF($X150=\"\",\"\",INDEX(Fertilisants!$B$6:$B$45,$X150))","v":""},null,null,{"$f":"IF($X150=\"\",\"\",INDEX(Fertilisants!$D$6:$D$45,$X150))","v":""},"",{"$f":"IF(OR($I150=\"\",$X150=\"\"),\"\",$I150*N(INDEX(Fertilisants!$E$6:$E$45,$X150)))","v":""},{"$f":"IF(OR($I150=\"\",$X150=\"\"),\"\",$I150*N(INDEX(Fertilisants!$G$6:$G$45,$X150)))","v":""},{"$f":"IF(OR($I150=\"\",$X150=\"\"),\"\",$I150*N(INDEX(Fertilisants!$H$6:$H$45,$X150)))","v":""},{"$f":"IF(OR($I150=\"\",$X150=\"\"),\"\",$I150*N(INDEX(Fertilisants!$I$6:$I$45,$X150)))","v":""},"",{"$nulls":3},"",null,null,{"$f":"IF($C150=\"\",\"\",IFERROR(MATCH($C150,Îlots!$C$6:$C$65,0),\"\"))","v":""},{"$f":"IF($F150=\"\",\"\",IFERROR(MATCH($F150,Fertilisants!$A$6:$A$45,0),\"\"))","v":""},{"$f":"IF($W150=\"\",\"\",INDEX(Îlots!$D$6:$D$65,$W150))","v":""},{"$f":"IF($W150=\"\",\"\",INDEX(Îlots!$F$6:$F$65,$W150))","v":""},{"$f":"IF($W150=\"\",\"\",IF($E150=ApportCouvert,OccCouvert,INDEX(Îlots!$O$6:$O$65,$W150)))","v":""},{"$f":"IF(OR($AA150=\"\",$G150=\"\",$Z150=\"Non\"),\"\",IFERROR(MATCH($AA150&\" | \"&$G150,Paramètres!$I$7:$I$41,0),\"\"))","v":""},"",{"$f":"IF(OR($AB150=\"\",$AC150=\"\"),0,IF(OR(AND(INDEX(Paramètres!$J$7:$J$41,$AB150)>0,IF(INDEX(Paramètres!$J$7:$J$41,$AB150)<=INDEX(Paramètres!$K$7:$K$41,$AB150),AND($AC150>=INDEX(Paramètres!$J$7:$J$41,$AB150),$AC150<=INDEX(Paramètres!$K$7:$K$41,$AB150)),OR($AC150>=INDEX(Paramètres!$J$7:$J$41,$AB150),$AC150<=INDEX(Paramètres!$K$7:$K$41,$AB150)))),AND(INDEX(Paramètres!$L$7:$L$41,$AB150)>0,IF(INDEX(Paramètres!$L$7:$L$41,$AB150)<=INDEX(Paramètres!$M$7:$M$41,$AB150),AND($AC150>=INDEX(Paramètres!$L$7:$L$41,$AB150),$AC150<=INDEX(Paramètres!$M$7:$M$41,$AB150)),OR($AC150>=INDEX(Paramètres!$L$7:$L$41,$AB150),$AC150<=INDEX(Paramètres!$M$7:$M$41,$AB150))))),1,0))","v":0},{"$f":"IF($X150=\"\",0,IF(INDEX(Fertilisants!$C$6:$C$45,$X150)=\"Oui\",1,0))","v":0},"","","",""]
[{"$f":"IF(B151=\"\",\"\",COUNT($B$6:B151))","v":""},null,null,{"$f":"IF($W151=\"\",\"\",INDEX(Îlots!$N$6:$N$65,$W151))","v":""},null,null,{"$f":"IF($X151=\"\",\"\",INDEX(Fertilisants!$B$6:$B$45,$X151))","v":""},null,null,{"$f":"IF($X151=\"\",\"\",INDEX(Fertilisants!$D$6:$D$45,$X151))","v":""},"",{"$f":"IF(OR($I151=\"\",$X151=\"\"),\"\",$I151*N(INDEX(Fertilisants!$E$6:$E$45,$X151)))","v":""},{"$f":"IF(OR($I151=\"\",$X151=\"\"),\"\",$I151*N(INDEX(Fertilisants!$G$6:$G$45,$X151)))","v":""},{"$f":"IF(OR($I151=\"\",$X151=\"\"),\"\",$I151*N(INDEX(Fertilisants!$H$6:$H$45,$X151)))","v":""},{"$f":"IF(OR($I151=\"\",$X151=\"\"),\"\",$I151*N(INDEX(Fertilisants!$I$6:$I$45,$X151)))","v":""},"",{"$nulls":3},"",null,null,{"$f":"IF($C151=\"\",\"\",IFERROR(MATCH($C151,Îlots!$C$6:$C$65,0),\"\"))","v":""},{"$f":"IF($F151=\"\",\"\",IFERROR(MATCH($F151,Fertilisants!$A$6:$A$45,0),\"\"))","v":""},{"$f":"IF($W151=\"\",\"\",INDEX(Îlots!$D$6:$D$65,$W151))","v":""},{"$f":"IF($W151=\"\",\"\",INDEX(Îlots!$F$6:$F$65,$W151))","v":""},{"$f":"IF($W151=\"\",\"\",IF($E151=ApportCouvert,OccCouvert,INDEX(Îlots!$O$6:$O$65,$W151)))","v":""},{"$f":"IF(OR($AA151=\"\",$G151=\"\",$Z151=\"Non\"),\"\",IFERROR(MATCH($AA151&\" | \"&$G151,Paramètres!$I$7:$I$41,0),\"\"))","v":""},"",{"$f":"IF(OR($AB151=\"\",$AC151=\"\"),0,IF(OR(AND(INDEX(Paramètres!$J$7:$J$41,$AB151)>0,IF(INDEX(Paramètres!$J$7:$J$41,$AB151)<=INDEX(Paramètres!$K$7:$K$41,$AB151),AND($AC151>=INDEX(Paramètres!$J$7:$J$41,$AB151),$AC151<=INDEX(Paramètres!$K$7:$K$41,$AB151)),OR($AC151>=INDEX(Paramètres!$J$7:$J$41,$AB151),$AC151<=INDEX(Paramètres!$K$7:$K$41,$AB151)))),AND(INDEX(Paramètres!$L$7:$L$41,$AB151)>0,IF(INDEX(Paramètres!$L$7:$L$41,$AB151)<=INDEX(Paramètres!$M$7:$M$41,$AB151),AND($AC151>=INDEX(Paramètres!$L$7:$L$41,$AB151),$AC151<=INDEX(Paramètres!$M$7:$M$41,$AB151)),OR($AC151>=INDEX(Paramètres!$L$7:$L$41,$AB151),$AC151<=INDEX(Paramètres!$M$7:$M$41,$AB151))))),1,0))","v":0},{"$f":"IF($X151=\"\",0,IF(INDEX(Fertilisants!$C$6:$C$45,$X151)=\"Oui\",1,0))","v":0},"","","",""]
[{"$f":"IF(B152=\"\",\"\",COUNT($B$6:B152))","v":""},null,null,{"$f":"IF($W152=\"\",\"\",INDEX(Îlots!$N$6:$N$65,$W152))","v":""},null,null,{"$f":"IF($X152=\"\",\"\",INDEX(Fertilisants!$B$6:$B$45,$X152))","v":""},null,null,{"$f":"IF($X152=\"\",\"\",INDEX(Fertilisants!$D$6:$D$45,$X152))","v":""},"",{"$f":"IF(OR($I152=\"\",$X152=\"\"),\"\",$I152*N(INDEX(Fertilisants!$E$6:$E$45,$X152)))","v":""},{"$f":"IF(OR($I152=\"\",$X152=\"\"),\"\",$I152*N(INDEX(Fertilisants!$G$6:$G$45,$X152)))","v":""},{"$f":"IF(OR($I152=\"\",$X152=\"\"),\"\",$I152*N(INDEX(Fertilisants!$H$6:$H$45,$X152)))","v":""},{"$f":"IF(OR($I152=\"\",$X152=\"\"),\"\",$I152*N(INDEX(Fertilisants!$I$6:$I$45,$X152)))","v":""},"",{"$nulls":3},"",null,null,{"$f":"IF($C152=\"\",\"\",IFERROR(MATCH($C152,Îlots!$C$6:$C$65,0),\"\"))","v":""},{"$f":"IF($F152=\"\",\"\",IFERROR(MATCH($F152,Fertilisants!$A$6:$A$45,0),\"\"))","v":""},{"$f":"IF($W152=\"\",\"\",INDEX(Îlots!$D$6:$D$65,$W152))","v":""},{"$f":"IF($W152=\"\",\"\",INDEX(Îlots!$F$6:$F$65,$W152))","v":""},{"$f":"IF($W152=\"\",\"\",IF($E152=ApportCouvert,OccCouvert,INDEX(Îlots!$O$6:$O$65,$W152)))","v":""},{"$f":"IF(OR($AA152=\"\",$G152=\"\",$Z152=\"Non\"),\"\",IFERROR(MATCH($AA152&\" | \"&$G152,Paramètres!$I$7:$I$41,0),\"\"))","v":""},"",{"$f":"IF(OR($AB152=\"\",$AC152=\"\"),0,IF(OR(AND(INDEX(Paramètres!$J$7:$J$41,$AB152)>0,IF(INDEX(Paramètres!$J$7:$J$41,$AB152)<=INDEX(Paramètres!$K$7:$K$41,$AB152),AND($AC152>=INDEX(Paramètres!$J$7:$J$41,$AB152),$AC152<=INDEX(Paramètres!$K$7:$K$41,$AB152)),OR($AC152>=INDEX(Paramètres!$J$7:$J$41,$AB152),$AC152<=INDEX(Paramètres!$K$7:$K$41,$AB152)))),AND(INDEX(Paramètres!$L$7:$L$41,$AB152)>0,IF(INDEX(Paramètres!$L$7:$L$41,$AB152)<=INDEX(Paramètres!$M$7:$M$41,$AB152),AND($AC152>=INDEX(Paramètres!$L$7:$L$41,$AB152),$AC152<=INDEX(Paramètres!$M$7:$M$41,$AB152)),OR($AC152>=INDEX(Paramètres!$L$7:$L$41,$AB152),$AC152<=INDEX(Paramètres!$M$7:$M$41,$AB152))))),1,0))","v":0},{"$f":"IF($X152=\"\",0,IF(INDEX(Fertilisants!$C$6:$C$45,$X152)=\"Oui\",1,0))","v":0},"","","",""]
[{"$f":"IF(B153=\"\",\"\",COUNT($B$6:B153))","v":""},null,null,{"$f":"IF($W153=\"\",\"\",INDEX(Îlots!$N$6:$N$65,$W153))","v":""},null,null,{"$f":"IF($X153=\"\",\"\",INDEX(Fertilisants!$B$6:$B$45,$X153))","v":""},null,null,{"$f":"IF($X153=\"\",\"\",INDEX(Fertilisants!$D$6:$D$45,$X153))","v":""},"",{"$f":"IF(OR($I153=\"\",$X153=\"\"),\"\",$I153*N(INDEX(Fertilisants!$E$6:$E$45,$X153)))","v":""},{"$f":"IF(OR($I153=\"\",$X153=\"\"),\"\",$I153*N(INDEX(Fertilisants!$G$6:$G$45,$X153)))","v":""},{"$f":"IF(OR($I153=\"\",$X153=\"\"),\"\",$I153*N(INDEX(Fertilisants!$H$6:$H$45,$X153)))","v":""},{"$f":"IF(OR($I153=\"\",$X153=\"\"),\"\",$I153*N(INDEX(Fertilisants!$I$6:$I$45,$X153)))","v":""},"",{"$nulls":3},"",null,null,{"$f":"IF($C153=\"\",\"\",IFERROR(MATCH($C153,Îlots!$C$6:$C$65,0),\"\"))","v":""},{"$f":"IF($F153=\"\",\"\",IFERROR(MATCH($F153,Fertilisants!$A$6:$A$45,0),\"\"))","v":""},{"$f":"IF($W153=\"\",\"\",INDEX(Îlots!$D$6:$D$65,$W153))","v":""},{"$f":"IF($W153=\"\",\"\",INDEX(Îlots!$F$6:$F$65,$W153))","v":""},{"$f":"IF($W153=\"\",\"\",IF($E153=ApportCouvert,OccCouvert,INDEX(Îlots!$O$6:$O$65,$W153)))","v":""},{"$f":"IF(OR($AA153=\"\",$G153=\"\",$Z153=\"Non\"),\"\",IFERROR(MATCH($AA153&\" | \"&$G153,Paramètres!$I$7:$I$41,0),\"\"))","v":""},"",{"$f":"IF(OR($AB153=\"\",$AC153=\"\"),0,IF(OR(AND(INDEX(Paramètres!$J$7:$J$41,$AB153)>0,IF(INDEX(Paramètres!$J$7:$J$41,$AB153)<=INDEX(Paramètres!$K$7:$K$41,$AB153),AND($AC153>=INDEX(Paramètres!$J$7:$J$41,$AB153),$AC153<=INDEX(Paramètres!$K$7:$K$41,$AB153)),OR($AC153>=INDEX(Paramètres!$J$7:$J$41,$AB153),$AC153<=INDEX(Paramètres!$K$7:$K$41,$AB153)))),AND(INDEX(Paramètres!$L$7:$L$41,$AB153)>0,IF(INDEX(Paramètres!$L$7:$L$41,$AB153)<=INDEX(Paramètres!$M$7:$M$41,$AB153),AND($AC153>=INDEX(Paramètres!$L$7:$L$41,$AB153),$AC153<=INDEX(Paramètres!$M$7:$M$41,$AB153)),OR($AC153>=INDEX(Paramètres!$L$7:$L$41,$AB153),$AC153<=INDEX(Paramètres!$M$7:$M$41,$AB153))))),1,0))","v":0},{"$f":"IF($X153=\"\",0,IF(INDEX(Fertilisants!$C$6:$C$45,$X153)=\"Oui\",1,0))","v":0},"","","",""]
[{"$f":"IF(B154=\"\",\"\",COUNT($B$6:B154))","v":""},null,null,{"$f":"IF($W154=\"\",\"\",INDEX(Îlots!$N$6:$N$65,$W154))","v":""},null,null,{"$f":"IF($X154=\"\",\"\",INDEX(Fertilisants!$B$6:$B$45,$X154))","v":""},null,null,{"$f":"IF($X154=\"\",\"\",INDEX(Fertilisants!$D$6:$D$45,$X154))","v":""},"",{"$f":"IF(OR($I154=\"\",$X154=\"\"),\"\",$I154*N(INDEX(Fertilisants!$E$6:$E$45,$X154)))","v":""},{"$f":"IF(OR($I154=\"\",$X154=\"\"),\"\",$I154*N(INDEX(Fertilisants!$G$6:$G$45,$X154)))","v":""},{"$f":"IF(OR($I154=\"\",$X154=\"\"),\"\",$I154*N(INDEX(Fertilisants!$H$6:$H$45,$X154)))","v":""},{"$f":"IF(OR($I154=\"\",$X154=\"\"),\"\",$I154*N(INDEX(Fertilisants!$I$6:$I$45,$X154)))","v":""},"",{"$nulls":3},"",null,null,{"$f":"IF($C154=\"\",\"\",IFERROR(MATCH($C154,Îlots!$C$6:$C$65,0),\"\"))","v":""},{"$f":"IF($F154=\"\",\"\",IFERROR(MATCH($F154,Fertilisants!$A$6:$A$45,0),\"\"))","v":""},{"$f":"IF($W154=\"\",\"\",INDEX(Îlots!$D$6:$D$65,$W154))","v":""},{"$f":"IF($W154=\"\",\"\",INDEX(Îlots!$F$6:$F$65,$W154))","v":""},{"$f":"IF($W154=\"\",\"\",IF($E154=ApportCouvert,OccCouvert,INDEX(Îlots!$O$6:$O$65,$W154)))","v":""},{"$f":"IF(OR($AA154=\"\",$G154=\"\",$Z154=\"Non\"),\"\",IFERROR(MATCH($AA154&\" | \"&$G154,Paramètres!$I$7:$I$41,0),\"\"))","v":""},"",{"$f":"IF(OR($AB154=\"\",$AC154=\"\"),0,IF(OR(AND(INDEX(Paramètres!$J$7:$J$41,$AB154)>0,IF(INDEX(Paramètres!$J$7:$J$41,$AB154)<=INDEX(Paramètres!$K$7:$K$41,$AB154),AND($AC154>=INDEX(Paramètres!$J$7:$J$41,$AB154),$AC154<=INDEX(Paramètres!$K$7:$K$41,$AB154)),OR($AC154>=INDEX(Paramètres!$J$7:$J$41,$AB154),$AC154<=INDEX(Paramètres!$K$7:$K$41,$AB154)))),AND(INDEX(Paramètres!$L$7:$L$41,$AB154)>0,IF(INDEX(Paramètres!$L$7:$L$41,$AB154)<=INDEX(Paramètres!$M$7:$M$41,$AB154),AND($AC154>=INDEX(Paramètres!$L$7:$L$41,$AB154),$AC154<=INDEX(Paramètres!$M$7:$M$41,$AB154)),OR($AC154>=INDEX(Paramètres!$L$7:$L$41,$AB154),$AC154<=INDEX(Paramètres!$M$7:$M$41,$AB154))))),1,0))","v":0},{"$f":"IF($X154=\"\",0,IF(INDEX(Fertilisants!$C$6:$C$45,$X154)=\"Oui\",1,0))","v":0},"","","",""]
[{"$f":"IF(B155=\"\",\"\",COUNT($B$6:B155))","v":""},null,null,{"$f":"IF($W155=\"\",\"\",INDEX(Îlots!$N$6:$N$65,$W155))","v":""},null,null,{"$f":"IF($X155=\"\",\"\",INDEX(Fertilisants!$B$6:$B$45,$X155))","v":""},null,null,{"$f":"IF($X155=\"\",\"\",INDEX(Fertilisants!$D$6:$D$45,$X155))","v":""},"",{"$f":"IF(OR($I155=\"\",$X155=\"\"),\"\",$I155*N(INDEX(Fertilisants!$E$6:$E$45,$X155)))","v":""},{"$f":"IF(OR($I155=\"\",$X155=\"\"),\"\",$I155*N(INDEX(Fertilisants!$G$6:$G$45,$X155)))","v":""},{"$f":"IF(OR($I155=\"\",$X155=\"\"),\"\",$I155*N(INDEX(Fertilisants!$H$6:$H$45,$X155)))","v":""},{"$f":"IF(OR($I155=\"\",$X155=\"\"),\"\",$I155*N(INDEX(Fertilisants!$I$6:$I$45,$X155)))","v":""},"",{"$nulls":3},"",null,null,{"$f":"IF($C155=\"\",\"\",IFERROR(MATCH($C155,Îlots!$C$6:$C$65,0),\"\"))","v":""},{"$f":"IF($F155=\"\",\"\",IFERROR(MATCH($F155,Fertilisants!$A$6:$A$45,0),\"\"))","v":""},{"$f":"IF($W155=\"\",\"\",INDEX(Îlots!$D$6:$D$65,$W155))","v":""},{"$f":"IF($W155=\"\",\"\",INDEX(Îlots!$F$6:$F$65,$W155))","v":""},{"$f":"IF($W155=\"\",\"\",IF($E155=ApportCouvert,OccCouvert,INDEX(Îlots!$O$6:$O$65,$W155)))","v":""},{"$f":"IF(OR($AA155=\"\",$G155=\"\",$Z155=\"Non\"),\"\",IFERROR(MATCH($AA155&\" | \"&$G155,Paramètres!$I$7:$I$41,0),\"\"))","v":""},"",{"$f":"IF(OR($AB155=\"\",$AC155=\"\"),0,IF(OR(AND(INDEX(Paramètres!$J$7:$J$41,$AB155)>0,IF(INDEX(Paramètres!$J$7:$J$41,$AB155)<=INDEX(Paramètres!$K$7:$K$41,$AB155),AND($AC155>=INDEX(Paramètres!$J$7:$J$41,$AB155),$AC155<=INDEX(Paramètres!$K$7:$K$41,$AB155)),OR($AC155>=INDEX(Paramètres!$J$7:$J$41,$AB155),$AC155<=INDEX(Paramètres!$K$7:$K$41,$AB155)))),AND(INDEX(Paramètres!$L$7:$L$41,$AB155)>0,IF(INDEX(Paramètres!$L$7:$L$41,$AB155)<=INDEX(Paramètres!$M$7:$M$41,$AB155),AND($AC155>=INDEX(Paramètres!$L$7:$L$41,$AB155),$AC155<=INDEX(Paramètres!$M$7:$M$41,$AB155)),OR($AC155>=INDEX(Paramètres!$L$7:$L$41,$AB155),$AC155<=INDEX(Paramètres!$M$7:$M$41,$AB155))))),1,0))","v":0},{"$f":"IF($X155=\"\",0,IF(INDEX(Fertilisants!$C$6:$C$45,$X155)=\"Oui\",1,0))","v":0},"","","",""]
[{"$f":"IF(B156=\"\",\"\",COUNT($B$6:B156))","v":""},null,null,{"$f":"IF($W156=\"\",\"\",INDEX(Îlots!$N$6:$N$65,$W156))","v":""},null,null,{"$f":"IF($X156=\"\",\"\",INDEX(Fertilisants!$B$6:$B$45,$X156))","v":""},null,null,{"$f":"IF($X156=\"\",\"\",INDEX(Fertilisants!$D$6:$D$45,$X156))","v":""},"",{"$f":"IF(OR($I156=\"\",$X156=\"\"),\"\",$I156*N(INDEX(Fertilisants!$E$6:$E$45,$X156)))","v":""},{"$f":"IF(OR($I156=\"\",$X156=\"\"),\"\",$I156*N(INDEX(Fertilisants!$G$6:$G$45,$X156)))","v":""},{"$f":"IF(OR($I156=\"\",$X156=\"\"),\"\",$I156*N(INDEX(Fertilisants!$H$6:$H$45,$X156)))","v":""},{"$f":"IF(OR($I156=\"\",$X156=\"\"),\"\",$I156*N(INDEX(Fertilisants!$I$6:$I$45,$X156)))","v":""},"",{"$nulls":3},"",null,null,{"$f":"IF($C156=\"\",\"\",IFERROR(MATCH($C156,Îlots!$C$6:$C$65,0),\"\"))","v":""},{"$f":"IF($F156=\"\",\"\",IFERROR(MATCH($F156,Fertilisants!$A$6:$A$45,0),\"\"))","v":""},{"$f":"IF($W156=\"\",\"\",INDEX(Îlots!$D$6:$D$65,$W156))","v":""},{"$f":"IF($W156=\"\",\"\",INDEX(Îlots!$F$6:$F$65,$W156))","v":""},{"$f":"IF($W156=\"\",\"\",IF($E156=ApportCouvert,OccCouvert,INDEX(Îlots!$O$6:$O$65,$W156)))","v":""},{"$f":"IF(OR($AA156=\"\",$G156=\"\",$Z156=\"Non\"),\"\",IFERROR(MATCH($AA156&\" | \"&$G156,Paramètres!$I$7:$I$41,0),\"\"))","v":""},"",{"$f":"IF(OR($AB156=\"\",$AC156=\"\"),0,IF(OR(AND(INDEX(Paramètres!$J$7:$J$41,$AB156)>0,IF(INDEX(Paramètres!$J$7:$J$41,$AB156)<=INDEX(Paramètres!$K$7:$K$41,$AB156),AND($AC156>=INDEX(Paramètres!$J$7:$J$41,$AB156),$AC156<=INDEX(Paramètres!$K$7:$K$41,$AB156)),OR($AC156>=INDEX(Paramètres!$J$7:$J$41,$AB156),$AC156<=INDEX(Paramètres!$K$7:$K$41,$AB156)))),AND(INDEX(Paramètres!$L$7:$L$41,$AB156)>0,IF(INDEX(Paramètres!$L$7:$L$41,$AB156)<=INDEX(Paramètres!$M$7:$M$41,$AB156),AND($AC156>=INDEX(Paramètres!$L$7:$L$41,$AB156),$AC156<=INDEX(Paramètres!$M$7:$M$41,$AB156)),OR($AC156>=INDEX(Paramètres!$L$7:$L$41,$AB156),$AC156<=INDEX(Paramètres!$M$7:$M$41,$AB156))))),1,0))","v":0},{"$f":"IF($X156=\"\",0,IF(INDEX(Fertilisants!$C$6:$C$45,$X156)=\"Oui\",1,0))","v":0},"","","",""]
[{"$f":"IF(B157=\"\",\"\",COUNT($B$6:B157))","v":""},null,null,{"$f":"IF($W157=\"\",\"\",INDEX(Îlots!$N$6:$N$65,$W157))","v":""},null,null,{"$f":"IF($X157=\"\",\"\",INDEX(Fertilisants!$B$6:$B$45,$X157))","v":""},null,null,{"$f":"IF($X157=\"\",\"\",INDEX(Fertilisants!$D$6:$D$45,$X157))","v":""},"",{"$f":"IF(OR($I157=\"\",$X157=\"\"),\"\",$I157*N(INDEX(Fertilisants!$E$6:$E$45,$X157)))","v":""},{"$f":"IF(OR($I157=\"\",$X157=\"\"),\"\",$I157*N(INDEX(Fertilisants!$G$6:$G$45,$X157)))","v":""},{"$f":"IF(OR($I157=\"\",$X157=\"\"),\"\",$I157*N(INDEX(Fertilisants!$H$6:$H$45,$X157)))","v":""},{"$f":"IF(OR($I157=\"\",$X157=\"\"),\"\",$I157*N(INDEX(Fertilisants!$I$6:$I$45,$X157)))","v":""},"",{"$nulls":3},"",null,null,{"$f":"IF($C157=\"\",\"\",IFERROR(MATCH($C157,Îlots!$C$6:$C$65,0),\"\"))","v":""},{"$f":"IF($F157=\"\",\"\",IFERROR(MATCH($F157,Fertilisants!$A$6:$A$45,0),\"\"))","v":""},{"$f":"IF($W157=\"\",\"\",INDEX(Îlots!$D$6:$D$65,$W157))","v":""},{"$f":"IF($W157=\"\",\"\",INDEX(Îlots!$F$6:$F$65,$W157))","v":""},{"$f":"IF($W157=\"\",\"\",IF($E157=ApportCouvert,OccCouvert,INDEX(Îlots!$O$6:$O$65,$W157)))","v":""},{"$f":"IF(OR($AA157=\"\",$G157=\"\",$Z157=\"Non\"),\"\",IFERROR(MATCH($AA157&\" | \"&$G157,Paramètres!$I$7:$I$41,0),\"\"))","v":""},"",{"$f":"IF(OR($AB157=\"\",$AC157=\"\"),0,IF(OR(AND(INDEX(Paramètres!$J$7:$J$41,$AB157)>0,IF(INDEX(Paramètres!$J$7:$J$41,$AB157)<=INDEX(Paramètres!$K$7:$K$41,$AB157),AND($AC157>=INDEX(Paramètres!$J$7:$J$41,$AB157),$AC157<=INDEX(Paramètres!$K$7:$K$41,$AB157)),OR($AC157>=INDEX(Paramètres!$J$7:$J$41,$AB157),$AC157<=INDEX(Paramètres!$K$7:$K$41,$AB157)))),AND(INDEX(Paramètres!$L$7:$L$41,$AB157)>0,IF(INDEX(Paramètres!$L$7:$L$41,$AB157)<=INDEX(Paramètres!$M$7:$M$41,$AB157),AND($AC157>=INDEX(Paramètres!$L$7:$L$41,$AB157),$AC157<=INDEX(Paramètres!$M$7:$M$41,$AB157)),OR($AC157>=INDEX(Paramètres!$L$7:$L$41,$AB157),$AC157<=INDEX(Paramètres!$M$7:$M$41,$AB157))))),1,0))","v":0},{"$f":"IF($X157=\"\",0,IF(INDEX(Fertilisants!$C$6:$C$45,$X157)=\"Oui\",1,0))","v":0},"","","",""]
[{"$f":"IF(B158=\"\",\"\",COUNT($B$6:B158))","v":""},null,null,{"$f":"IF($W158=\"\",\"\",INDEX(Îlots!$N$6:$N$65,$W158))","v":""},null,null,{"$f":"IF($X158=\"\",\"\",INDEX(Fertilisants!$B$6:$B$45,$X158))","v":""},null,null,{"$f":"IF($X158=\"\",\"\",INDEX(Fertilisants!$D$6:$D$45,$X158))","v":""},"",{"$f":"IF(OR($I158=\"\",$X158=\"\"),\"\",$I158*N(INDEX(Fertilisants!$E$6:$E$45,$X158)))","v":""},{"$f":"IF(OR($I158=\"\",$X158=\"\"),\"\",$I158*N(INDEX(Fertilisants!$G$6:$G$45,$X158)))","v":""},{"$f":"IF(OR($I158=\"\",$X158=\"\"),\"\",$I158*N(INDEX(Fertilisants!$H$6:$H$45,$X158)))","v":""},{"$f":"IF(OR($I158=\"\",$X158=\"\"),\"\",$I158*N(INDEX(Fertilisants!$I$6:$I$45,$X158)))","v":""},"",{"$nulls":3},"",null,null,{"$f":"IF($C158=\"\",\"\",IFERROR(MATCH($C158,Îlots!$C$6:$C$65,0),\"\"))","v":""},{"$f":"IF($F158=\"\",\"\",IFERROR(MATCH($F158,Fertilisants!$A$6:$A$45,0),\"\"))","v":""},{"$f":"IF($W158=\"\",\"\",INDEX(Îlots!$D$6:$D$65,$W158))","v":""},{"$f":"IF($W158=\"\",\"\",INDEX(Îlots!$F$6:$F$65,$W158))","v":""},{"$f":"IF($W158=\"\",\"\",IF($E158=ApportCouvert,OccCouvert,INDEX(Îlots!$O$6:$O$65,$W158)))","v":""},{"$f":"IF(OR($AA158=\"\",$G158=\"\",$Z158=\"Non\"),\"\",IFERROR(MATCH($AA158&\" | \"&$G158,Paramètres!$I$7:$I$41,0),\"\"))","v":""},"",{"$f":"IF(OR($AB158=\"\",$AC158=\"\"),0,IF(OR(AND(INDEX(Paramètres!$J$7:$J$41,$AB158)>0,IF(INDEX(Paramètres!$J$7:$J$41,$AB158)<=INDEX(Paramètres!$K$7:$K$41,$AB158),AND($AC158>=INDEX(Paramètres!$J$7:$J$41,$AB158),$AC158<=INDEX(Paramètres!$K$7:$K$41,$AB158)),OR($AC158>=INDEX(Paramètres!$J$7:$J$41,$AB158),$AC158<=INDEX(Paramètres!$K$7:$K$41,$AB158)))),AND(INDEX(Paramètres!$L$7:$L$41,$AB158)>0,IF(INDEX(Paramètres!$L$7:$L$41,$AB158)<=INDEX(Paramètres!$M$7:$M$41,$AB158),AND($AC158>=INDEX(Paramètres!$L$7:$L$41,$AB158),$AC158<=INDEX(Paramètres!$M$7:$M$41,$AB158)),OR($AC158>=INDEX(Paramètres!$L$7:$L$41,$AB158),$AC158<=INDEX(Paramètres!$M$7:$M$41,$AB158))))),1,0))","v":0},{"$f":"IF($X158=\"\",0,IF(INDEX(Fertilisants!$C$6:$C$45,$X158)=\"Oui\",1,0))","v":0},"","","",""]
[{"$f":"IF(B159=\"\",\"\",COUNT($B$6:B159))","v":""},null,null,{"$f":"IF($W159=\"\",\"\",INDEX(Îlots!$N$6:$N$65,$W159))","v":""},null,null,{"$f":"IF($X159=\"\",\"\",INDEX(Fertilisants!$B$6:$B$45,$X159))","v":""},null,null,{"$f":"IF($X159=\"\",\"\",INDEX(Fertilisants!$D$6:$D$45,$X159))","v":""},"",{"$f":"IF(OR($I159=\"\",$X159=\"\"),\"\",$I159*N(INDEX(Fertilisants!$E$6:$E$45,$X159)))","v":""},{"$f":"IF(OR($I159=\"\",$X159=\"\"),\"\",$I159*N(INDEX(Fertilisants!$G$6:$G$45,$X159)))","v":""},{"$f":"IF(OR($I159=\"\",$X159=\"\"),\"\",$I159*N(INDEX(Fertilisants!$H$6:$H$45,$X159)))","v":""},{"$f":"IF(OR($I159=\"\",$X159=\"\"),\"\",$I159*N(INDEX(Fertilisants!$I$6:$I$45,$X159)))","v":""},"",{"$nulls":3},"",null,null,{"$f":"IF($C159=\"\",\"\",IFERROR(MATCH($C159,Îlots!$C$6:$C$65,0),\"\"))","v":""},{"$f":"IF($F159=\"\",\"\",IFERROR(MATCH($F159,Fertilisants!$A$6:$A$45,0),\"\"))","v":""},{"$f":"IF($W159=\"\",\"\",INDEX(Îlots!$D$6:$D$65,$W159))","v":""},{"$f":"IF($W159=\"\",\"\",INDEX(Îlots!$F$6:$F$65,$W159))","v":""},{"$f":"IF($W159=\"\",\"\",IF($E159=ApportCouvert,OccCouvert,INDEX(Îlots!$O$6:$O$65,$W159)))","v":""},{"$f":"IF(OR($AA159=\"\",$G159=\"\",$Z159=\"Non\"),\"\",IFERROR(MATCH($AA159&\" | \"&$G159,Paramètres!$I$7:$I$41,0),\"\"))","v":""},"",{"$f":"IF(OR($AB159=\"\",$AC159=\"\"),0,IF(OR(AND(INDEX(Paramètres!$J$7:$J$41,$AB159)>0,IF(INDEX(Paramètres!$J$7:$J$41,$AB159)<=INDEX(Paramètres!$K$7:$K$41,$AB159),AND($AC159>=INDEX(Paramètres!$J$7:$J$41,$AB159),$AC159<=INDEX(Paramètres!$K$7:$K$41,$AB159)),OR($AC159>=INDEX(Paramètres!$J$7:$J$41,$AB159),$AC159<=INDEX(Paramètres!$K$7:$K$41,$AB159)))),AND(INDEX(Paramètres!$L$7:$L$41,$AB159)>0,IF(INDEX(Paramètres!$L$7:$L$41,$AB159)<=INDEX(Paramètres!$M$7:$M$41,$AB159),AND($AC159>=INDEX(Paramètres!$L$7:$L$41,$AB159),$AC159<=INDEX(Paramètres!$M$7:$M$41,$AB159)),OR($AC159>=INDEX(Paramètres!$L$7:$L$41,$AB159),$AC159<=INDEX(Paramètres!$M$7:$M$41,$AB159))))),1,0))","v":0},{"$f":"IF($X159=\"\",0,IF(INDEX(Fertilisants!$C$6:$C$45,$X159)=\"Oui\",1,0))","v":0},"","","",""]
[{"$f":"IF(B160=\"\",\"\",COUNT($B$6:B160))","v":""},null,null,{"$f":"IF($W160=\"\",\"\",INDEX(Îlots!$N$6:$N$65,$W160))","v":""},null,null,{"$f":"IF($X160=\"\",\"\",INDEX(Fertilisants!$B$6:$B$45,$X160))","v":""},null,null,{"$f":"IF($X160=\"\",\"\",INDEX(Fertilisants!$D$6:$D$45,$X160))","v":""},"",{"$f":"IF(OR($I160=\"\",$X160=\"\"),\"\",$I160*N(INDEX(Fertilisants!$E$6:$E$45,$X160)))","v":""},{"$f":"IF(OR($I160=\"\",$X160=\"\"),\"\",$I160*N(INDEX(Fertilisants!$G$6:$G$45,$X160)))","v":""},{"$f":"IF(OR($I160=\"\",$X160=\"\"),\"\",$I160*N(INDEX(Fertilisants!$H$6:$H$45,$X160)))","v":""},{"$f":"IF(OR($I160=\"\",$X160=\"\"),\"\",$I160*N(INDEX(Fertilisants!$I$6:$I$45,$X160)))","v":""},"",{"$nulls":3},"",null,null,{"$f":"IF($C160=\"\",\"\",IFERROR(MATCH($C160,Îlots!$C$6:$C$65,0),\"\"))","v":""},{"$f":"IF($F160=\"\",\"\",IFERROR(MATCH($F160,Fertilisants!$A$6:$A$45,0),\"\"))","v":""},{"$f":"IF($W160=\"\",\"\",INDEX(Îlots!$D$6:$D$65,$W160))","v":""},{"$f":"IF($W160=\"\",\"\",INDEX(Îlots!$F$6:$F$65,$W160))","v":""},{"$f":"IF($W160=\"\",\"\",IF($E160=ApportCouvert,OccCouvert,INDEX(Îlots!$O$6:$O$65,$W160)))","v":""},{"$f":"IF(OR($AA160=\"\",$G160=\"\",$Z160=\"Non\"),\"\",IFERROR(MATCH($AA160&\" | \"&$G160,Paramètres!$I$7:$I$41,0),\"\"))","v":""},"",{"$f":"IF(OR($AB160=\"\",$AC160=\"\"),0,IF(OR(AND(INDEX(Paramètres!$J$7:$J$41,$AB160)>0,IF(INDEX(Paramètres!$J$7:$J$41,$AB160)<=INDEX(Paramètres!$K$7:$K$41,$AB160),AND($AC160>=INDEX(Paramètres!$J$7:$J$41,$AB160),$AC160<=INDEX(Paramètres!$K$7:$K$41,$AB160)),OR($AC160>=INDEX(Paramètres!$J$7:$J$41,$AB160),$AC160<=INDEX(Paramètres!$K$7:$K$41,$AB160)))),AND(INDEX(Paramètres!$L$7:$L$41,$AB160)>0,IF(INDEX(Paramètres!$L$7:$L$41,$AB160)<=INDEX(Paramètres!$M$7:$M$41,$AB160),AND($AC160>=INDEX(Paramètres!$L$7:$L$41,$AB160),$AC160<=INDEX(Paramètres!$M$7:$M$41,$AB160)),OR($AC160>=INDEX(Paramètres!$L$7:$L$41,$AB160),$AC160<=INDEX(Paramètres!$M$7:$M$41,$AB160))))),1,0))","v":0},{"$f":"IF($X160=\"\",0,IF(INDEX(Fertilisants!$C$6:$C$45,$X160)=\"Oui\",1,0))","v":0},"","","",""]
[{"$f":"IF(B161=\"\",\"\",COUNT($B$6:B161))","v":""},null,null,{"$f":"IF($W161=\"\",\"\",INDEX(Îlots!$N$6:$N$65,$W161))","v":""},null,null,{"$f":"IF($X161=\"\",\"\",INDEX(Fertilisants!$B$6:$B$45,$X161))","v":""},null,null,{"$f":"IF($X161=\"\",\"\",INDEX(Fertilisants!$D$6:$D$45,$X161))","v":""},"",{"$f":"IF(OR($I161=\"\",$X161=\"\"),\"\",$I161*N(INDEX(Fertilisants!$E$6:$E$45,$X161)))","v":""},{"$f":"IF(OR($I161=\"\",$X161=\"\"),\"\",$I161*N(INDEX(Fertilisants!$G$6:$G$45,$X161)))","v":""},{"$f":"IF(OR($I161=\"\",$X161=\"\"),\"\",$I161*N(INDEX(Fertilisants!$H$6:$H$45,$X161)))","v":""},{"$f":"IF(OR($I161=\"\",$X161=\"\"),\"\",$I161*N(INDEX(Fertilisants!$I$6:$I$45,$X161)))","v":""},"",{"$nulls":3},"",null,null,{"$f":"IF($C161=\"\",\"\",IFERROR(MATCH($C161,Îlots!$C$6:$C$65,0),\"\"))","v":""},{"$f":"IF($F161=\"\",\"\",IFERROR(MATCH($F161,Fertilisants!$A$6:$A$45,0),\"\"))","v":""},{"$f":"IF($W161=\"\",\"\",INDEX(Îlots!$D$6:$D$65,$W161))","v":""},{"$f":"IF($W161=\"\",\"\",INDEX(Îlots!$F$6:$F$65,$W161))","v":""},{"$f":"IF($W161=\"\",\"\",IF($E161=ApportCouvert,OccCouvert,INDEX(Îlots!$O$6:$O$65,$W161)))","v":""},{"$f":"IF(OR($AA161=\"\",$G161=\"\",$Z161=\"Non\"),\"\",IFERROR(MATCH($AA161&\" | \"&$G161,Paramètres!$I$7:$I$41,0),\"\"))","v":""},"",{"$f":"IF(OR($AB161=\"\",$AC161=\"\"),0,IF(OR(AND(INDEX(Paramètres!$J$7:$J$41,$AB161)>0,IF(INDEX(Paramètres!$J$7:$J$41,$AB161)<=INDEX(Paramètres!$K$7:$K$41,$AB161),AND($AC161>=INDEX(Paramètres!$J$7:$J$41,$AB161),$AC161<=INDEX(Paramètres!$K$7:$K$41,$AB161)),OR($AC161>=INDEX(Paramètres!$J$7:$J$41,$AB161),$AC161<=INDEX(Paramètres!$K$7:$K$41,$AB161)))),AND(INDEX(Paramètres!$L$7:$L$41,$AB161)>0,IF(INDEX(Paramètres!$L$7:$L$41,$AB161)<=INDEX(Paramètres!$M$7:$M$41,$AB161),AND($AC161>=INDEX(Paramètres!$L$7:$L$41,$AB161),$AC161<=INDEX(Paramètres!$M$7:$M$41,$AB161)),OR($AC161>=INDEX(Paramètres!$L$7:$L$41,$AB161),$AC161<=INDEX(Paramètres!$M$7:$M$41,$AB161))))),1,0))","v":0},{"$f":"IF($X161=\"\",0,IF(INDEX(Fertilisants!$C$6:$C$45,$X161)=\"Oui\",1,0))","v":0},"","","",""]
[{"$f":"IF(B162=\"\",\"\",COUNT($B$6:B162))","v":""},null,null,{"$f":"IF($W162=\"\",\"\",INDEX(Îlots!$N$6:$N$65,$W162))","v":""},null,null,{"$f":"IF($X162=\"\",\"\",INDEX(Fertilisants!$B$6:$B$45,$X162))","v":""},null,null,{"$f":"IF($X162=\"\",\"\",INDEX(Fertilisants!$D$6:$D$45,$X162))","v":""},"",{"$f":"IF(OR($I162=\"\",$X162=\"\"),\"\",$I162*N(INDEX(Fertilisants!$E$6:$E$45,$X162)))","v":""},{"$f":"IF(OR($I162=\"\",$X162=\"\"),\"\",$I162*N(INDEX(Fertilisants!$G$6:$G$45,$X162)))","v":""},{"$f":"IF(OR($I162=\"\",$X162=\"\"),\"\",$I162*N(INDEX(Fertilisants!$H$6:$H$45,$X162)))","v":""},{"$f":"IF(OR($I162=\"\",$X162=\"\"),\"\",$I162*N(INDEX(Fertilisants!$I$6:$I$45,$X162)))","v":""},"",{"$nulls":3},"",null,null,{"$f":"IF($C162=\"\",\"\",IFERROR(MATCH($C162,Îlots!$C$6:$C$65,0),\"\"))","v":""},{"$f":"IF($F162=\"\",\"\",IFERROR(MATCH($F162,Fertilisants!$A$6:$A$45,0),\"\"))","v":""},{"$f":"IF($W162=\"\",\"\",INDEX(Îlots!$D$6:$D$65,$W162))","v":""},{"$f":"IF($W162=\"\",\"\",INDEX(Îlots!$F$6:$F$65,$W162))","v":""},{"$f":"IF($W162=\"\",\"\",IF($E162=ApportCouvert,OccCouvert,INDEX(Îlots!$O$6:$O$65,$W162)))","v":""},{"$f":"IF(OR($AA162=\"\",$G162=\"\",$Z162=\"Non\"),\"\",IFERROR(MATCH($AA162&\" | \"&$G162,Paramètres!$I$7:$I$41,0),\"\"))","v":""},"",{"$f":"IF(OR($AB162=\"\",$AC162=\"\"),0,IF(OR(AND(INDEX(Paramètres!$J$7:$J$41,$AB162)>0,IF(INDEX(Paramètres!$J$7:$J$41,$AB162)<=INDEX(Paramètres!$K$7:$K$41,$AB162),AND($AC162>=INDEX(Paramètres!$J$7:$J$41,$AB162),$AC162<=INDEX(Paramètres!$K$7:$K$41,$AB162)),OR($AC162>=INDEX(Paramètres!$J$7:$J$41,$AB162),$AC162<=INDEX(Paramètres!$K$7:$K$41,$AB162)))),AND(INDEX(Paramètres!$L$7:$L$41,$AB162)>0,IF(INDEX(Paramètres!$L$7:$L$41,$AB162)<=INDEX(Paramètres!$M$7:$M$41,$AB162),AND($AC162>=INDEX(Paramètres!$L$7:$L$41,$AB162),$AC162<=INDEX(Paramètres!$M$7:$M$41,$AB162)),OR($AC162>=INDEX(Paramètres!$L$7:$L$41,$AB162),$AC162<=INDEX(Paramètres!$M$7:$M$41,$AB162))))),1,0))","v":0},{"$f":"IF($X162=\"\",0,IF(INDEX(Fertilisants!$C$6:$C$45,$X162)=\"Oui\",1,0))","v":0},"","","",""]
[{"$f":"IF(B163=\"\",\"\",COUNT($B$6:B163))","v":""},null,null,{"$f":"IF($W163=\"\",\"\",INDEX(Îlots!$N$6:$N$65,$W163))","v":""},null,null,{"$f":"IF($X163=\"\",\"\",INDEX(Fertilisants!$B$6:$B$45,$X163))","v":""},null,null,{"$f":"IF($X163=\"\",\"\",INDEX(Fertilisants!$D$6:$D$45,$X163))","v":""},"",{"$f":"IF(OR($I163=\"\",$X163=\"\"),\"\",$I163*N(INDEX(Fertilisants!$E$6:$E$45,$X163)))","v":""},{"$f":"IF(OR($I163=\"\",$X163=\"\"),\"\",$I163*N(INDEX(Fertilisants!$G$6:$G$45,$X163)))","v":""},{"$f":"IF(OR($I163=\"\",$X163=\"\"),\"\",$I163*N(INDEX(Fertilisants!$H$6:$H$45,$X163)))","v":""},{"$f":"IF(OR($I163=\"\",$X163=\"\"),\"\",$I163*N(INDEX(Fertilisants!$I$6:$I$45,$X163)))","v":""},"",{"$nulls":3},"",null,null,{"$f":"IF($C163=\"\",\"\",IFERROR(MATCH($C163,Îlots!$C$6:$C$65,0),\"\"))","v":""},{"$f":"IF($F163=\"\",\"\",IFERROR(MATCH($F163,Fertilisants!$A$6:$A$45,0),\"\"))","v":""},{"$f":"IF($W163=\"\",\"\",INDEX(Îlots!$D$6:$D$65,$W163))","v":""},{"$f":"IF($W163=\"\",\"\",INDEX(Îlots!$F$6:$F$65,$W163))","v":""},{"$f":"IF($W163=\"\",\"\",IF($E163=ApportCouvert,OccCouvert,INDEX(Îlots!$O$6:$O$65,$W163)))","v":""},{"$f":"IF(OR($AA163=\"\",$G163=\"\",$Z163=\"Non\"),\"\",IFERROR(MATCH($AA163&\" | \"&$G163,Paramètres!$I$7:$I$41,0),\"\"))","v":""},"",{"$f":"IF(OR($AB163=\"\",$AC163=\"\"),0,IF(OR(AND(INDEX(Paramètres!$J$7:$J$41,$AB163)>0,IF(INDEX(Paramètres!$J$7:$J$41,$AB163)<=INDEX(Paramètres!$K$7:$K$41,$AB163),AND($AC163>=INDEX(Paramètres!$J$7:$J$41,$AB163),$AC163<=INDEX(Paramètres!$K$7:$K$41,$AB163)),OR($AC163>=INDEX(Paramètres!$J$7:$J$41,$AB163),$AC163<=INDEX(Paramètres!$K$7:$K$41,$AB163)))),AND(INDEX(Paramètres!$L$7:$L$41,$AB163)>0,IF(INDEX(Paramètres!$L$7:$L$41,$AB163)<=INDEX(Paramètres!$M$7:$M$41,$AB163),AND($AC163>=INDEX(Paramètres!$L$7:$L$41,$AB163),$AC163<=INDEX(Paramètres!$M$7:$M$41,$AB163)),OR($AC163>=INDEX(Paramètres!$L$7:$L$41,$AB163),$AC163<=INDEX(Paramètres!$M$7:$M$41,$AB163))))),1,0))","v":0},{"$f":"IF($X163=\"\",0,IF(INDEX(Fertilisants!$C$6:$C$45,$X163)=\"Oui\",1,0))","v":0},"","","",""]
[{"$f":"IF(B164=\"\",\"\",COUNT($B$6:B164))","v":""},null,null,{"$f":"IF($W164=\"\",\"\",INDEX(Îlots!$N$6:$N$65,$W164))","v":""},null,null,{"$f":"IF($X164=\"\",\"\",INDEX(Fertilisants!$B$6:$B$45,$X164))","v":""},null,null,{"$f":"IF($X164=\"\",\"\",INDEX(Fertilisants!$D$6:$D$45,$X164))","v":""},"",{"$f":"IF(OR($I164=\"\",$X164=\"\"),\"\",$I164*N(INDEX(Fertilisants!$E$6:$E$45,$X164)))","v":""},{"$f":"IF(OR($I164=\"\",$X164=\"\"),\"\",$I164*N(INDEX(Fertilisants!$G$6:$G$45,$X164)))","v":""},{"$f":"IF(OR($I164=\"\",$X164=\"\"),\"\",$I164*N(INDEX(Fertilisants!$H$6:$H$45,$X164)))","v":""},{"$f":"IF(OR($I164=\"\",$X164=\"\"),\"\",$I164*N(INDEX(Fertilisants!$I$6:$I$45,$X164)))","v":""},"",{"$nulls":3},"",null,null,{"$f":"IF($C164=\"\",\"\",IFERROR(MATCH($C164,Îlots!$C$6:$C$65,0),\"\"))","v":""},{"$f":"IF($F164=\"\",\"\",IFERROR(MATCH($F164,Fertilisants!$A$6:$A$45,0),\"\"))","v":""},{"$f":"IF($W164=\"\",\"\",INDEX(Îlots!$D$6:$D$65,$W164))","v":""},{"$f":"IF($W164=\"\",\"\",INDEX(Îlots!$F$6:$F$65,$W164))","v":""},{"$f":"IF($W164=\"\",\"\",IF($E164=ApportCouvert,OccCouvert,INDEX(Îlots!$O$6:$O$65,$W164)))","v":""},{"$f":"IF(OR($AA164=\"\",$G164=\"\",$Z164=\"Non\"),\"\",IFERROR(MATCH($AA164&\" | \"&$G164,Paramètres!$I$7:$I$41,0),\"\"))","v":""},"",{"$f":"IF(OR($AB164=\"\",$AC164=\"\"),0,IF(OR(AND(INDEX(Paramètres!$J$7:$J$41,$AB164)>0,IF(INDEX(Paramètres!$J$7:$J$41,$AB164)<=INDEX(Paramètres!$K$7:$K$41,$AB164),AND($AC164>=INDEX(Paramètres!$J$7:$J$41,$AB164),$AC164<=INDEX(Paramètres!$K$7:$K$41,$AB164)),OR($AC164>=INDEX(Paramètres!$J$7:$J$41,$AB164),$AC164<=INDEX(Paramètres!$K$7:$K$41,$AB164)))),AND(INDEX(Paramètres!$L$7:$L$41,$AB164)>0,IF(INDEX(Paramètres!$L$7:$L$41,$AB164)<=INDEX(Paramètres!$M$7:$M$41,$AB164),AND($AC164>=INDEX(Paramètres!$L$7:$L$41,$AB164),$AC164<=INDEX(Paramètres!$M$7:$M$41,$AB164)),OR($AC164>=INDEX(Paramètres!$L$7:$L$41,$AB164),$AC164<=INDEX(Paramètres!$M$7:$M$41,$AB164))))),1,0))","v":0},{"$f":"IF($X164=\"\",0,IF(INDEX(Fertilisants!$C$6:$C$45,$X164)=\"Oui\",1,0))","v":0},"","","",""]
[{"$f":"IF(B165=\"\",\"\",COUNT($B$6:B165))","v":""},null,null,{"$f":"IF($W165=\"\",\"\",INDEX(Îlots!$N$6:$N$65,$W165))","v":""},null,null,{"$f":"IF($X165=\"\",\"\",INDEX(Fertilisants!$B$6:$B$45,$X165))","v":""},null,null,{"$f":"IF($X165=\"\",\"\",INDEX(Fertilisants!$D$6:$D$45,$X165))","v":""},"",{"$f":"IF(OR($I165=\"\",$X165=\"\"),\"\",$I165*N(INDEX(Fertilisants!$E$6:$E$45,$X165)))","v":""},{"$f":"IF(OR($I165=\"\",$X165=\"\"),\"\",$I165*N(INDEX(Fertilisants!$G$6:$G$45,$X165)))","v":""},{"$f":"IF(OR($I165=\"\",$X165=\"\"),\"\",$I165*N(INDEX(Fertilisants!$H$6:$H$45,$X165)))","v":""},{"$f":"IF(OR($I165=\"\",$X165=\"\"),\"\",$I165*N(INDEX(Fertilisants!$I$6:$I$45,$X165)))","v":""},"",{"$nulls":3},"",null,null,{"$f":"IF($C165=\"\",\"\",IFERROR(MATCH($C165,Îlots!$C$6:$C$65,0),\"\"))","v":""},{"$f":"IF($F165=\"\",\"\",IFERROR(MATCH($F165,Fertilisants!$A$6:$A$45,0),\"\"))","v":""},{"$f":"IF($W165=\"\",\"\",INDEX(Îlots!$D$6:$D$65,$W165))","v":""},{"$f":"IF($W165=\"\",\"\",INDEX(Îlots!$F$6:$F$65,$W165))","v":""},{"$f":"IF($W165=\"\",\"\",IF($E165=ApportCouvert,OccCouvert,INDEX(Îlots!$O$6:$O$65,$W165)))","v":""},{"$f":"IF(OR($AA165=\"\",$G165=\"\",$Z165=\"Non\"),\"\",IFERROR(MATCH($AA165&\" | \"&$G165,Paramètres!$I$7:$I$41,0),\"\"))","v":""},"",{"$f":"IF(OR($AB165=\"\",$AC165=\"\"),0,IF(OR(AND(INDEX(Paramètres!$J$7:$J$41,$AB165)>0,IF(INDEX(Paramètres!$J$7:$J$41,$AB165)<=INDEX(Paramètres!$K$7:$K$41,$AB165),AND($AC165>=INDEX(Paramètres!$J$7:$J$41,$AB165),$AC165<=INDEX(Paramètres!$K$7:$K$41,$AB165)),OR($AC165>=INDEX(Paramètres!$J$7:$J$41,$AB165),$AC165<=INDEX(Paramètres!$K$7:$K$41,$AB165)))),AND(INDEX(Paramètres!$L$7:$L$41,$AB165)>0,IF(INDEX(Paramètres!$L$7:$L$41,$AB165)<=INDEX(Paramètres!$M$7:$M$41,$AB165),AND($AC165>=INDEX(Paramètres!$L$7:$L$41,$AB165),$AC165<=INDEX(Paramètres!$M$7:$M$41,$AB165)),OR($AC165>=INDEX(Paramètres!$L$7:$L$41,$AB165),$AC165<=INDEX(Paramètres!$M$7:$M$41,$AB165))))),1,0))","v":0},{"$f":"IF($X165=\"\",0,IF(INDEX(Fertilisants!$C$6:$C$45,$X165)=\"Oui\",1,0))","v":0},"","","",""]
[{"$f":"IF(B166=\"\",\"\",COUNT($B$6:B166))","v":""},null,null,{"$f":"IF($W166=\"\",\"\",INDEX(Îlots!$N$6:$N$65,$W166))","v":""},null,null,{"$f":"IF($X166=\"\",\"\",INDEX(Fertilisants!$B$6:$B$45,$X166))","v":""},null,null,{"$f":"IF($X166=\"\",\"\",INDEX(Fertilisants!$D$6:$D$45,$X166))","v":""},"",{"$f":"IF(OR($I166=\"\",$X166=\"\"),\"\",$I166*N(INDEX(Fertilisants!$E$6:$E$45,$X166)))","v":""},{"$f":"IF(OR($I166=\"\",$X166=\"\"),\"\",$I166*N(INDEX(Fertilisants!$G$6:$G$45,$X166)))","v":""},{"$f":"IF(OR($I166=\"\",$X166=\"\"),\"\",$I166*N(INDEX(Fertilisants!$H$6:$H$45,$X166)))","v":""},{"$f":"IF(OR($I166=\"\",$X166=\"\"),\"\",$I166*N(INDEX(Fertilisants!$I$6:$I$45,$X166)))","v":""},"",{"$nulls":3},"",null,null,{"$f":"IF($C166=\"\",\"\",IFERROR(MATCH($C166,Îlots!$C$6:$C$65,0),\"\"))","v":""},{"$f":"IF($F166=\"\",\"\",IFERROR(MATCH($F166,Fertilisants!$A$6:$A$45,0),\"\"))","v":""},{"$f":"IF($W166=\"\",\"\",INDEX(Îlots!$D$6:$D$65,$W166))","v":""},{"$f":"IF($W166=\"\",\"\",INDEX(Îlots!$F$6:$F$65,$W166))","v":""},{"$f":"IF($W166=\"\",\"\",IF($E166=ApportCouvert,OccCouvert,INDEX(Îlots!$O$6:$O$65,$W166)))","v":""},{"$f":"IF(OR($AA166=\"\",$G166=\"\",$Z166=\"Non\"),\"\",IFERROR(MATCH($AA166&\" | \"&$G166,Paramètres!$I$7:$I$41,0),\"\"))","v":""},"",{"$f":"IF(OR($AB166=\"\",$AC166=\"\"),0,IF(OR(AND(INDEX(Paramètres!$J$7:$J$41,$AB166)>0,IF(INDEX(Paramètres!$J$7:$J$41,$AB166)<=INDEX(Paramètres!$K$7:$K$41,$AB166),AND($AC166>=INDEX(Paramètres!$J$7:$J$41,$AB166),$AC166<=INDEX(Paramètres!$K$7:$K$41,$AB166)),OR($AC166>=INDEX(Paramètres!$J$7:$J$41,$AB166),$AC166<=INDEX(Paramètres!$K$7:$K$41,$AB166)))),AND(INDEX(Paramètres!$L$7:$L$41,$AB166)>0,IF(INDEX(Paramètres!$L$7:$L$41,$AB166)<=INDEX(Paramètres!$M$7:$M$41,$AB166),AND($AC166>=INDEX(Paramètres!$L$7:$L$41,$AB166),$AC166<=INDEX(Paramètres!$M$7:$M$41,$AB166)),OR($AC166>=INDEX(Paramètres!$L$7:$L$41,$AB166),$AC166<=INDEX(Paramètres!$M$7:$M$41,$AB166))))),1,0))","v":0},{"$f":"IF($X166=\"\",0,IF(INDEX(Fertilisants!$C$6:$C$45,$X166)=\"Oui\",1,0))","v":0},"","","",""]
[{"$f":"IF(B167=\"\",\"\",COUNT($B$6:B167))","v":""},null,null,{"$f":"IF($W167=\"\",\"\",INDEX(Îlots!$N$6:$N$65,$W167))","v":""},null,null,{"$f":"IF($X167=\"\",\"\",INDEX(Fertilisants!$B$6:$B$45,$X167))","v":""},null,null,{"$f":"IF($X167=\"\",\"\",INDEX(Fertilisants!$D$6:$D$45,$X167))","v":""},"",{"$f":"IF(OR($I167=\"\",$X167=\"\"),\"\",$I167*N(INDEX(Fertilisants!$E$6:$E$45,$X167)))","v":""},{"$f":"IF(OR($I167=\"\",$X167=\"\"),\"\",$I167*N(INDEX(Fertilisants!$G$6:$G$45,$X167)))","v":""},{"$f":"IF(OR($I167=\"\",$X167=\"\"),\"\",$I167*N(INDEX(Fertilisants!$H$6:$H$45,$X167)))","v":""},{"$f":"IF(OR($I167=\"\",$X167=\"\"),\"\",$I167*N(INDEX(Fertilisants!$I$6:$I$45,$X167)))","v":""},"",{"$nulls":3},"",null,null,{"$f":"IF($C167=\"\",\"\",IFERROR(MATCH($C167,Îlots!$C$6:$C$65,0),\"\"))","v":""},{"$f":"IF($F167=\"\",\"\",IFERROR(MATCH($F167,Fertilisants!$A$6:$A$45,0),\"\"))","v":""},{"$f":"IF($W167=\"\",\"\",INDEX(Îlots!$D$6:$D$65,$W167))","v":""},{"$f":"IF($W167=\"\",\"\",INDEX(Îlots!$F$6:$F$65,$W167))","v":""},{"$f":"IF($W167=\"\",\"\",IF($E167=ApportCouvert,OccCouvert,INDEX(Îlots!$O$6:$O$65,$W167)))","v":""},{"$f":"IF(OR($AA167=\"\",$G167=\"\",$Z167=\"Non\"),\"\",IFERROR(MATCH($AA167&\" | \"&$G167,Paramètres!$I$7:$I$41,0),\"\"))","v":""},"",{"$f":"IF(OR($AB167=\"\",$AC167=\"\"),0,IF(OR(AND(INDEX(Paramètres!$J$7:$J$41,$AB167)>0,IF(INDEX(Paramètres!$J$7:$J$41,$AB167)<=INDEX(Paramètres!$K$7:$K$41,$AB167),AND($AC167>=INDEX(Paramètres!$J$7:$J$41,$AB167),$AC167<=INDEX(Paramètres!$K$7:$K$41,$AB167)),OR($AC167>=INDEX(Paramètres!$J$7:$J$41,$AB167),$AC167<=INDEX(Paramètres!$K$7:$K$41,$AB167)))),AND(INDEX(Paramètres!$L$7:$L$41,$AB167)>0,IF(INDEX(Paramètres!$L$7:$L$41,$AB167)<=INDEX(Paramètres!$M$7:$M$41,$AB167),AND($AC167>=INDEX(Paramètres!$L$7:$L$41,$AB167),$AC167<=INDEX(Paramètres!$M$7:$M$41,$AB167)),OR($AC167>=INDEX(Paramètres!$L$7:$L$41,$AB167),$AC167<=INDEX(Paramètres!$M$7:$M$41,$AB167))))),1,0))","v":0},{"$f":"IF($X167=\"\",0,IF(INDEX(Fertilisants!$C$6:$C$45,$X167)=\"Oui\",1,0))","v":0},"","","",""]
[{"$f":"IF(B168=\"\",\"\",COUNT($B$6:B168))","v":""},null,null,{"$f":"IF($W168=\"\",\"\",INDEX(Îlots!$N$6:$N$65,$W168))","v":""},null,null,{"$f":"IF($X168=\"\",\"\",INDEX(Fertilisants!$B$6:$B$45,$X168))","v":""},null,null,{"$f":"IF($X168=\"\",\"\",INDEX(Fertilisants!$D$6:$D$45,$X168))","v":""},"",{"$f":"IF(OR($I168=\"\",$X168=\"\"),\"\",$I168*N(INDEX(Fertilisants!$E$6:$E$45,$X168)))","v":""},{"$f":"IF(OR($I168=\"\",$X168=\"\"),\"\",$I168*N(INDEX(Fertilisants!$G$6:$G$45,$X168)))","v":""},{"$f":"IF(OR($I168=\"\",$X168=\"\"),\"\",$I168*N(INDEX(Fertilisants!$H$6:$H$45,$X168)))","v":""},{"$f":"IF(OR($I168=\"\",$X168=\"\"),\"\",$I168*N(INDEX(Fertilisants!$I$6:$I$45,$X168)))","v":""},"",{"$nulls":3},"",null,null,{"$f":"IF($C168=\"\",\"\",IFERROR(MATCH($C168,Îlots!$C$6:$C$65,0),\"\"))","v":""},{"$f":"IF($F168=\"\",\"\",IFERROR(MATCH($F168,Fertilisants!$A$6:$A$45,0),\"\"))","v":""},{"$f":"IF($W168=\"\",\"\",INDEX(Îlots!$D$6:$D$65,$W168))","v":""},{"$f":"IF($W168=\"\",\"\",INDEX(Îlots!$F$6:$F$65,$W168))","v":""},{"$f":"IF($W168=\"\",\"\",IF($E168=ApportCouvert,OccCouvert,INDEX(Îlots!$O$6:$O$65,$W168)))","v":""},{"$f":"IF(OR($AA168=\"\",$G168=\"\",$Z168=\"Non\"),\"\",IFERROR(MATCH($AA168&\" | \"&$G168,Paramètres!$I$7:$I$41,0),\"\"))","v":""},"",{"$f":"IF(OR($AB168=\"\",$AC168=\"\"),0,IF(OR(AND(INDEX(Paramètres!$J$7:$J$41,$AB168)>0,IF(INDEX(Paramètres!$J$7:$J$41,$AB168)<=INDEX(Paramètres!$K$7:$K$41,$AB168),AND($AC168>=INDEX(Paramètres!$J$7:$J$41,$AB168),$AC168<=INDEX(Paramètres!$K$7:$K$41,$AB168)),OR($AC168>=INDEX(Paramètres!$J$7:$J$41,$AB168),$AC168<=INDEX(Paramètres!$K$7:$K$41,$AB168)))),AND(INDEX(Paramètres!$L$7:$L$41,$AB168)>0,IF(INDEX(Paramètres!$L$7:$L$41,$AB168)<=INDEX(Paramètres!$M$7:$M$41,$AB168),AND($AC168>=INDEX(Paramètres!$L$7:$L$41,$AB168),$AC168<=INDEX(Paramètres!$M$7:$M$41,$AB168)),OR($AC168>=INDEX(Paramètres!$L$7:$L$41,$AB168),$AC168<=INDEX(Paramètres!$M$7:$M$41,$AB168))))),1,0))","v":0},{"$f":"IF($X168=\"\",0,IF(INDEX(Fertilisants!$C$6:$C$45,$X168)=\"Oui\",1,0))","v":0},"","","",""]
[{"$f":"IF(B169=\"\",\"\",COUNT($B$6:B169))","v":""},null,null,{"$f":"IF($W169=\"\",\"\",INDEX(Îlots!$N$6:$N$65,$W169))","v":""},null,null,{"$f":"IF($X169=\"\",\"\",INDEX(Fertilisants!$B$6:$B$45,$X169))","v":""},null,null,{"$f":"IF($X169=\"\",\"\",INDEX(Fertilisants!$D$6:$D$45,$X169))","v":""},"",{"$f":"IF(OR($I169=\"\",$X169=\"\"),\"\",$I169*N(INDEX(Fertilisants!$E$6:$E$45,$X169)))","v":""},{"$f":"IF(OR($I169=\"\",$X169=\"\"),\"\",$I169*N(INDEX(Fertilisants!$G$6:$G$45,$X169)))","v":""},{"$f":"IF(OR($I169=\"\",$X169=\"\"),\"\",$I169*N(INDEX(Fertilisants!$H$6:$H$45,$X169)))","v":""},{"$f":"IF(OR($I169=\"\",$X169=\"\"),\"\",$I169*N(INDEX(Fertilisants!$I$6:$I$45,$X169)))","v":""},"",{"$nulls":3},"",null,null,{"$f":"IF($C169=\"\",\"\",IFERROR(MATCH($C169,Îlots!$C$6:$C$65,0),\"\"))","v":""},{"$f":"IF($F169=\"\",\"\",IFERROR(MATCH($F169,Fertilisants!$A$6:$A$45,0),\"\"))","v":""},{"$f":"IF($W169=\"\",\"\",INDEX(Îlots!$D$6:$D$65,$W169))","v":""},{"$f":"IF($W169=\"\",\"\",INDEX(Îlots!$F$6:$F$65,$W169))","v":""},{"$f":"IF($W169=\"\",\"\",IF($E169=ApportCouvert,OccCouvert,INDEX(Îlots!$O$6:$O$65,$W169)))","v":""},{"$f":"IF(OR($AA169=\"\",$G169=\"\",$Z169=\"Non\"),\"\",IFERROR(MATCH($AA169&\" | \"&$G169,Paramètres!$I$7:$I$41,0),\"\"))","v":""},"",{"$f":"IF(OR($AB169=\"\",$AC169=\"\"),0,IF(OR(AND(INDEX(Paramètres!$J$7:$J$41,$AB169)>0,IF(INDEX(Paramètres!$J$7:$J$41,$AB169)<=INDEX(Paramètres!$K$7:$K$41,$AB169),AND($AC169>=INDEX(Paramètres!$J$7:$J$41,$AB169),$AC169<=INDEX(Paramètres!$K$7:$K$41,$AB169)),OR($AC169>=INDEX(Paramètres!$J$7:$J$41,$AB169),$AC169<=INDEX(Paramètres!$K$7:$K$41,$AB169)))),AND(INDEX(Paramètres!$L$7:$L$41,$AB169)>0,IF(INDEX(Paramètres!$L$7:$L$41,$AB169)<=INDEX(Paramètres!$M$7:$M$41,$AB169),AND($AC169>=INDEX(Paramètres!$L$7:$L$41,$AB169),$AC169<=INDEX(Paramètres!$M$7:$M$41,$AB169)),OR($AC169>=INDEX(Paramètres!$L$7:$L$41,$AB169),$AC169<=INDEX(Paramètres!$M$7:$M$41,$AB169))))),1,0))","v":0},{"$f":"IF($X169=\"\",0,IF(INDEX(Fertilisants!$C$6:$C$45,$X169)=\"Oui\",1,0))","v":0},"","","",""]
[{"$f":"IF(B170=\"\",\"\",COUNT($B$6:B170))","v":""},null,null,{"$f":"IF($W170=\"\",\"\",INDEX(Îlots!$N$6:$N$65,$W170))","v":""},null,null,{"$f":"IF($X170=\"\",\"\",INDEX(Fertilisants!$B$6:$B$45,$X170))","v":""},null,null,{"$f":"IF($X170=\"\",\"\",INDEX(Fertilisants!$D$6:$D$45,$X170))","v":""},"",{"$f":"IF(OR($I170=\"\",$X170=\"\"),\"\",$I170*N(INDEX(Fertilisants!$E$6:$E$45,$X170)))","v":""},{"$f":"IF(OR($I170=\"\",$X170=\"\"),\"\",$I170*N(INDEX(Fertilisants!$G$6:$G$45,$X170)))","v":""},{"$f":"IF(OR($I170=\"\",$X170=\"\"),\"\",$I170*N(INDEX(Fertilisants!$H$6:$H$45,$X170)))","v":""},{"$f":"IF(OR($I170=\"\",$X170=\"\"),\"\",$I170*N(INDEX(Fertilisants!$I$6:$I$45,$X170)))","v":""},"",{"$nulls":3},"",null,null,{"$f":"IF($C170=\"\",\"\",IFERROR(MATCH($C170,Îlots!$C$6:$C$65,0),\"\"))","v":""},{"$f":"IF($F170=\"\",\"\",IFERROR(MATCH($F170,Fertilisants!$A$6:$A$45,0),\"\"))","v":""},{"$f":"IF($W170=\"\",\"\",INDEX(Îlots!$D$6:$D$65,$W170))","v":""},{"$f":"IF($W170=\"\",\"\",INDEX(Îlots!$F$6:$F$65,$W170))","v":""},{"$f":"IF($W170=\"\",\"\",IF($E170=ApportCouvert,OccCouvert,INDEX(Îlots!$O$6:$O$65,$W170)))","v":""},{"$f":"IF(OR($AA170=\"\",$G170=\"\",$Z170=\"Non\"),\"\",IFERROR(MATCH($AA170&\" | \"&$G170,Paramètres!$I$7:$I$41,0),\"\"))","v":""},"",{"$f":"IF(OR($AB170=\"\",$AC170=\"\"),0,IF(OR(AND(INDEX(Paramètres!$J$7:$J$41,$AB170)>0,IF(INDEX(Paramètres!$J$7:$J$41,$AB170)<=INDEX(Paramètres!$K$7:$K$41,$AB170),AND($AC170>=INDEX(Paramètres!$J$7:$J$41,$AB170),$AC170<=INDEX(Paramètres!$K$7:$K$41,$AB170)),OR($AC170>=INDEX(Paramètres!$J$7:$J$41,$AB170),$AC170<=INDEX(Paramètres!$K$7:$K$41,$AB170)))),AND(INDEX(Paramètres!$L$7:$L$41,$AB170)>0,IF(INDEX(Paramètres!$L$7:$L$41,$AB170)<=INDEX(Paramètres!$M$7:$M$41,$AB170),AND($AC170>=INDEX(Paramètres!$L$7:$L$41,$AB170),$AC170<=INDEX(Paramètres!$M$7:$M$41,$AB170)),OR($AC170>=INDEX(Paramètres!$L$7:$L$41,$AB170),$AC170<=INDEX(Paramètres!$M$7:$M$41,$AB170))))),1,0))","v":0},{"$f":"IF($X170=\"\",0,IF(INDEX(Fertilisants!$C$6:$C$45,$X170)=\"Oui\",1,0))","v":0},"","","",""]
[{"$f":"IF(B171=\"\",\"\",COUNT($B$6:B171))","v":""},null,null,{"$f":"IF($W171=\"\",\"\",INDEX(Îlots!$N$6:$N$65,$W171))","v":""},null,null,{"$f":"IF($X171=\"\",\"\",INDEX(Fertilisants!$B$6:$B$45,$X171))","v":""},null,null,{"$f":"IF($X171=\"\",\"\",INDEX(Fertilisants!$D$6:$D$45,$X171))","v":""},"",{"$f":"IF(OR($I171=\"\",$X171=\"\"),\"\",$I171*N(INDEX(Fertilisants!$E$6:$E$45,$X171)))","v":""},{"$f":"IF(OR($I171=\"\",$X171=\"\"),\"\",$I171*N(INDEX(Fertilisants!$G$6:$G$45,$X171)))","v":""},{"$f":"IF(OR($I171=\"\",$X171=\"\"),\"\",$I171*N(INDEX(Fertilisants!$H$6:$H$45,$X171)))","v":""},{"$f":"IF(OR($I171=\"\",$X171=\"\"),\"\",$I171*N(INDEX(Fertilisants!$I$6:$I$45,$X171)))","v":""},"",{"$nulls":3},"",null,null,{"$f":"IF($C171=\"\",\"\",IFERROR(MATCH($C171,Îlots!$C$6:$C$65,0),\"\"))","v":""},{"$f":"IF($F171=\"\",\"\",IFERROR(MATCH($F171,Fertilisants!$A$6:$A$45,0),\"\"))","v":""},{"$f":"IF($W171=\"\",\"\",INDEX(Îlots!$D$6:$D$65,$W171))","v":""},{"$f":"IF($W171=\"\",\"\",INDEX(Îlots!$F$6:$F$65,$W171))","v":""},{"$f":"IF($W171=\"\",\"\",IF($E171=ApportCouvert,OccCouvert,INDEX(Îlots!$O$6:$O$65,$W171)))","v":""},{"$f":"IF(OR($AA171=\"\",$G171=\"\",$Z171=\"Non\"),\"\",IFERROR(MATCH($AA171&\" | \"&$G171,Paramètres!$I$7:$I$41,0),\"\"))","v":""},"",{"$f":"IF(OR($AB171=\"\",$AC171=\"\"),0,IF(OR(AND(INDEX(Paramètres!$J$7:$J$41,$AB171)>0,IF(INDEX(Paramètres!$J$7:$J$41,$AB171)<=INDEX(Paramètres!$K$7:$K$41,$AB171),AND($AC171>=INDEX(Paramètres!$J$7:$J$41,$AB171),$AC171<=INDEX(Paramètres!$K$7:$K$41,$AB171)),OR($AC171>=INDEX(Paramètres!$J$7:$J$41,$AB171),$AC171<=INDEX(Paramètres!$K$7:$K$41,$AB171)))),AND(INDEX(Paramètres!$L$7:$L$41,$AB171)>0,IF(INDEX(Paramètres!$L$7:$L$41,$AB171)<=INDEX(Paramètres!$M$7:$M$41,$AB171),AND($AC171>=INDEX(Paramètres!$L$7:$L$41,$AB171),$AC171<=INDEX(Paramètres!$M$7:$M$41,$AB171)),OR($AC171>=INDEX(Paramètres!$L$7:$L$41,$AB171),$AC171<=INDEX(Paramètres!$M$7:$M$41,$AB171))))),1,0))","v":0},{"$f":"IF($X171=\"\",0,IF(INDEX(Fertilisants!$C$6:$C$45,$X171)=\"Oui\",1,0))","v":0},"","","",""]
[{"$f":"IF(B172=\"\",\"\",COUNT($B$6:B172))","v":""},null,null,{"$f":"IF($W172=\"\",\"\",INDEX(Îlots!$N$6:$N$65,$W172))","v":""},null,null,{"$f":"IF($X172=\"\",\"\",INDEX(Fertilisants!$B$6:$B$45,$X172))","v":""},null,null,{"$f":"IF($X172=\"\",\"\",INDEX(Fertilisants!$D$6:$D$45,$X172))","v":""},"",{"$f":"IF(OR($I172=\"\",$X172=\"\"),\"\",$I172*N(INDEX(Fertilisants!$E$6:$E$45,$X172)))","v":""},{"$f":"IF(OR($I172=\"\",$X172=\"\"),\"\",$I172*N(INDEX(Fertilisants!$G$6:$G$45,$X172)))","v":""},{"$f":"IF(OR($I172=\"\",$X172=\"\"),\"\",$I172*N(INDEX(Fertilisants!$H$6:$H$45,$X172)))","v":""},{"$f":"IF(OR($I172=\"\",$X172=\"\"),\"\",$I172*N(INDEX(Fertilisants!$I$6:$I$45,$X172)))","v":""},"",{"$nulls":3},"",null,null,{"$f":"IF($C172=\"\",\"\",IFERROR(MATCH($C172,Îlots!$C$6:$C$65,0),\"\"))","v":""},{"$f":"IF($F172=\"\",\"\",IFERROR(MATCH($F172,Fertilisants!$A$6:$A$45,0),\"\"))","v":""},{"$f":"IF($W172=\"\",\"\",INDEX(Îlots!$D$6:$D$65,$W172))","v":""},{"$f":"IF($W172=\"\",\"\",INDEX(Îlots!$F$6:$F$65,$W172))","v":""},{"$f":"IF($W172=\"\",\"\",IF($E172=ApportCouvert,OccCouvert,INDEX(Îlots!$O$6:$O$65,$W172)))","v":""},{"$f":"IF(OR($AA172=\"\",$G172=\"\",$Z172=\"Non\"),\"\",IFERROR(MATCH($AA172&\" | \"&$G172,Paramètres!$I$7:$I$41,0),\"\"))","v":""},"",{"$f":"IF(OR($AB172=\"\",$AC172=\"\"),0,IF(OR(AND(INDEX(Paramètres!$J$7:$J$41,$AB172)>0,IF(INDEX(Paramètres!$J$7:$J$41,$AB172)<=INDEX(Paramètres!$K$7:$K$41,$AB172),AND($AC172>=INDEX(Paramètres!$J$7:$J$41,$AB172),$AC172<=INDEX(Paramètres!$K$7:$K$41,$AB172)),OR($AC172>=INDEX(Paramètres!$J$7:$J$41,$AB172),$AC172<=INDEX(Paramètres!$K$7:$K$41,$AB172)))),AND(INDEX(Paramètres!$L$7:$L$41,$AB172)>0,IF(INDEX(Paramètres!$L$7:$L$41,$AB172)<=INDEX(Paramètres!$M$7:$M$41,$AB172),AND($AC172>=INDEX(Paramètres!$L$7:$L$41,$AB172),$AC172<=INDEX(Paramètres!$M$7:$M$41,$AB172)),OR($AC172>=INDEX(Paramètres!$L$7:$L$41,$AB172),$AC172<=INDEX(Paramètres!$M$7:$M$41,$AB172))))),1,0))","v":0},{"$f":"IF($X172=\"\",0,IF(INDEX(Fertilisants!$C$6:$C$45,$X172)=\"Oui\",1,0))","v":0},"","","",""]
[{"$f":"IF(B173=\"\",\"\",COUNT($B$6:B173))","v":""},null,null,{"$f":"IF($W173=\"\",\"\",INDEX(Îlots!$N$6:$N$65,$W173))","v":""},null,null,{"$f":"IF($X173=\"\",\"\",INDEX(Fertilisants!$B$6:$B$45,$X173))","v":""},null,null,{"$f":"IF($X173=\"\",\"\",INDEX(Fertilisants!$D$6:$D$45,$X173))","v":""},"",{"$f":"IF(OR($I173=\"\",$X173=\"\"),\"\",$I173*N(INDEX(Fertilisants!$E$6:$E$45,$X173)))","v":""},{"$f":"IF(OR($I173=\"\",$X173=\"\"),\"\",$I173*N(INDEX(Fertilisants!$G$6:$G$45,$X173)))","v":""},{"$f":"IF(OR($I173=\"\",$X173=\"\"),\"\",$I173*N(INDEX(Fertilisants!$H$6:$H$45,$X173)))","v":""},{"$f":"IF(OR($I173=\"\",$X173=\"\"),\"\",$I173*N(INDEX(Fertilisants!$I$6:$I$45,$X173)))","v":""},"",{"$nulls":3},"",null,null,{"$f":"IF($C173=\"\",\"\",IFERROR(MATCH($C173,Îlots!$C$6:$C$65,0),\"\"))","v":""},{"$f":"IF($F173=\"\",\"\",IFERROR(MATCH($F173,Fertilisants!$A$6:$A$45,0),\"\"))","v":""},{"$f":"IF($W173=\"\",\"\",INDEX(Îlots!$D$6:$D$65,$W173))","v":""},{"$f":"IF($W173=\"\",\"\",INDEX(Îlots!$F$6:$F$65,$W173))","v":""},{"$f":"IF($W173=\"\",\"\",IF($E173=ApportCouvert,OccCouvert,INDEX(Îlots!$O$6:$O$65,$W173)))","v":""},{"$f":"IF(OR($AA173=\"\",$G173=\"\",$Z173=\"Non\"),\"\",IFERROR(MATCH($AA173&\" | \"&$G173,Paramètres!$I$7:$I$41,0),\"\"))","v":""},"",{"$f":"IF(OR($AB173=\"\",$AC173=\"\"),0,IF(OR(AND(INDEX(Paramètres!$J$7:$J$41,$AB173)>0,IF(INDEX(Paramètres!$J$7:$J$41,$AB173)<=INDEX(Paramètres!$K$7:$K$41,$AB173),AND($AC173>=INDEX(Paramètres!$J$7:$J$41,$AB173),$AC173<=INDEX(Paramètres!$K$7:$K$41,$AB173)),OR($AC173>=INDEX(Paramètres!$J$7:$J$41,$AB173),$AC173<=INDEX(Paramètres!$K$7:$K$41,$AB173)))),AND(INDEX(Paramètres!$L$7:$L$41,$AB173)>0,IF(INDEX(Paramètres!$L$7:$L$41,$AB173)<=INDEX(Paramètres!$M$7:$M$41,$AB173),AND($AC173>=INDEX(Paramètres!$L$7:$L$41,$AB173),$AC173<=INDEX(Paramètres!$M$7:$M$41,$AB173)),OR($AC173>=INDEX(Paramètres!$L$7:$L$41,$AB173),$AC173<=INDEX(Paramètres!$M$7:$M$41,$AB173))))),1,0))","v":0},{"$f":"IF($X173=\"\",0,IF(INDEX(Fertilisants!$C$6:$C$45,$X173)=\"Oui\",1,0))","v":0},"","","",""]
[{"$f":"IF(B174=\"\",\"\",COUNT($B$6:B174))","v":""},null,null,{"$f":"IF($W174=\"\",\"\",INDEX(Îlots!$N$6:$N$65,$W174))","v":""},null,null,{"$f":"IF($X174=\"\",\"\",INDEX(Fertilisants!$B$6:$B$45,$X174))","v":""},null,null,{"$f":"IF($X174=\"\",\"\",INDEX(Fertilisants!$D$6:$D$45,$X174))","v":""},"",{"$f":"IF(OR($I174=\"\",$X174=\"\"),\"\",$I174*N(INDEX(Fertilisants!$E$6:$E$45,$X174)))","v":""},{"$f":"IF(OR($I174=\"\",$X174=\"\"),\"\",$I174*N(INDEX(Fertilisants!$G$6:$G$45,$X174)))","v":""},{"$f":"IF(OR($I174=\"\",$X174=\"\"),\"\",$I174*N(INDEX(Fertilisants!$H$6:$H$45,$X174)))","v":""},{"$f":"IF(OR($I174=\"\",$X174=\"\"),\"\",$I174*N(INDEX(Fertilisants!$I$6:$I$45,$X174)))","v":""},"",{"$nulls":3},"",null,null,{"$f":"IF($C174=\"\",\"\",IFERROR(MATCH($C174,Îlots!$C$6:$C$65,0),\"\"))","v":""},{"$f":"IF($F174=\"\",\"\",IFERROR(MATCH($F174,Fertilisants!$A$6:$A$45,0),\"\"))","v":""},{"$f":"IF($W174=\"\",\"\",INDEX(Îlots!$D$6:$D$65,$W174))","v":""},{"$f":"IF($W174=\"\",\"\",INDEX(Îlots!$F$6:$F$65,$W174))","v":""},{"$f":"IF($W174=\"\",\"\",IF($E174=ApportCouvert,OccCouvert,INDEX(Îlots!$O$6:$O$65,$W174)))","v":""},{"$f":"IF(OR($AA174=\"\",$G174=\"\",$Z174=\"Non\"),\"\",IFERROR(MATCH($AA174&\" | \"&$G174,Paramètres!$I$7:$I$41,0),\"\"))","v":""},"",{"$f":"IF(OR($AB174=\"\",$AC174=\"\"),0,IF(OR(AND(INDEX(Paramètres!$J$7:$J$41,$AB174)>0,IF(INDEX(Paramètres!$J$7:$J$41,$AB174)<=INDEX(Paramètres!$K$7:$K$41,$AB174),AND($AC174>=INDEX(Paramètres!$J$7:$J$41,$AB174),$AC174<=INDEX(Paramètres!$K$7:$K$41,$AB174)),OR($AC174>=INDEX(Paramètres!$J$7:$J$41,$AB174),$AC174<=INDEX(Paramètres!$K$7:$K$41,$AB174)))),AND(INDEX(Paramètres!$L$7:$L$41,$AB174)>0,IF(INDEX(Paramètres!$L$7:$L$41,$AB174)<=INDEX(Paramètres!$M$7:$M$41,$AB174),AND($AC174>=INDEX(Paramètres!$L$7:$L$41,$AB174),$AC174<=INDEX(Paramètres!$M$7:$M$41,$AB174)),OR($AC174>=INDEX(Paramètres!$L$7:$L$41,$AB174),$AC174<=INDEX(Paramètres!$M$7:$M$41,$AB174))))),1,0))","v":0},{"$f":"IF($X174=\"\",0,IF(INDEX(Fertilisants!$C$6:$C$45,$X174)=\"Oui\",1,0))","v":0},"","","",""]
[{"$f":"IF(B175=\"\",\"\",COUNT($B$6:B175))","v":""},null,null,{"$f":"IF($W175=\"\",\"\",INDEX(Îlots!$N$6:$N$65,$W175))","v":""},null,null,{"$f":"IF($X175=\"\",\"\",INDEX(Fertilisants!$B$6:$B$45,$X175))","v":""},null,null,{"$f":"IF($X175=\"\",\"\",INDEX(Fertilisants!$D$6:$D$45,$X175))","v":""},"",{"$f":"IF(OR($I175=\"\",$X175=\"\"),\"\",$I175*N(INDEX(Fertilisants!$E$6:$E$45,$X175)))","v":""},{"$f":"IF(OR($I175=\"\",$X175=\"\"),\"\",$I175*N(INDEX(Fertilisants!$G$6:$G$45,$X175)))","v":""},{"$f":"IF(OR($I175=\"\",$X175=\"\"),\"\",$I175*N(INDEX(Fertilisants!$H$6:$H$45,$X175)))","v":""},{"$f":"IF(OR($I175=\"\",$X175=\"\"),\"\",$I175*N(INDEX(Fertilisants!$I$6:$I$45,$X175)))","v":""},"",{"$nulls":3},"",null,null,{"$f":"IF($C175=\"\",\"\",IFERROR(MATCH($C175,Îlots!$C$6:$C$65,0),\"\"))","v":""},{"$f":"IF($F175=\"\",\"\",IFERROR(MATCH($F175,Fertilisants!$A$6:$A$45,0),\"\"))","v":""},{"$f":"IF($W175=\"\",\"\",INDEX(Îlots!$D$6:$D$65,$W175))","v":""},{"$f":"IF($W175=\"\",\"\",INDEX(Îlots!$F$6:$F$65,$W175))","v":""},{"$f":"IF($W175=\"\",\"\",IF($E175=ApportCouvert,OccCouvert,INDEX(Îlots!$O$6:$O$65,$W175)))","v":""},{"$f":"IF(OR($AA175=\"\",$G175=\"\",$Z175=\"Non\"),\"\",IFERROR(MATCH($AA175&\" | \"&$G175,Paramètres!$I$7:$I$41,0),\"\"))","v":""},"",{"$f":"IF(OR($AB175=\"\",$AC175=\"\"),0,IF(OR(AND(INDEX(Paramètres!$J$7:$J$41,$AB175)>0,IF(INDEX(Paramètres!$J$7:$J$41,$AB175)<=INDEX(Paramètres!$K$7:$K$41,$AB175),AND($AC175>=INDEX(Paramètres!$J$7:$J$41,$AB175),$AC175<=INDEX(Paramètres!$K$7:$K$41,$AB175)),OR($AC175>=INDEX(Paramètres!$J$7:$J$41,$AB175),$AC175<=INDEX(Paramètres!$K$7:$K$41,$AB175)))),AND(INDEX(Paramètres!$L$7:$L$41,$AB175)>0,IF(INDEX(Paramètres!$L$7:$L$41,$AB175)<=INDEX(Paramètres!$M$7:$M$41,$AB175),AND($AC175>=INDEX(Paramètres!$L$7:$L$41,$AB175),$AC175<=INDEX(Paramètres!$M$7:$M$41,$AB175)),OR($AC175>=INDEX(Paramètres!$L$7:$L$41,$AB175),$AC175<=INDEX(Paramètres!$M$7:$M$41,$AB175))))),1,0))","v":0},{"$f":"IF($X175=\"\",0,IF(INDEX(Fertilisants!$C$6:$C$45,$X175)=\"Oui\",1,0))","v":0},"","","",""]
[{"$f":"IF(B176=\"\",\"\",COUNT($B$6:B176))","v":""},null,null,{"$f":"IF($W176=\"\",\"\",INDEX(Îlots!$N$6:$N$65,$W176))","v":""},null,null,{"$f":"IF($X176=\"\",\"\",INDEX(Fertilisants!$B$6:$B$45,$X176))","v":""},null,null,{"$f":"IF($X176=\"\",\"\",INDEX(Fertilisants!$D$6:$D$45,$X176))","v":""},"",{"$f":"IF(OR($I176=\"\",$X176=\"\"),\"\",$I176*N(INDEX(Fertilisants!$E$6:$E$45,$X176)))","v":""},{"$f":"IF(OR($I176=\"\",$X176=\"\"),\"\",$I176*N(INDEX(Fertilisants!$G$6:$G$45,$X176)))","v":""},{"$f":"IF(OR($I176=\"\",$X176=\"\"),\"\",$I176*N(INDEX(Fertilisants!$H$6:$H$45,$X176)))","v":""},{"$f":"IF(OR($I176=\"\",$X176=\"\"),\"\",$I176*N(INDEX(Fertilisants!$I$6:$I$45,$X176)))","v":""},"",{"$nulls":3},"",null,null,{"$f":"IF($C176=\"\",\"\",IFERROR(MATCH($C176,Îlots!$C$6:$C$65,0),\"\"))","v":""},{"$f":"IF($F176=\"\",\"\",IFERROR(MATCH($F176,Fertilisants!$A$6:$A$45,0),\"\"))","v":""},{"$f":"IF($W176=\"\",\"\",INDEX(Îlots!$D$6:$D$65,$W176))","v":""},{"$f":"IF($W176=\"\",\"\",INDEX(Îlots!$F$6:$F$65,$W176))","v":""},{"$f":"IF($W176=\"\",\"\",IF($E176=ApportCouvert,OccCouvert,INDEX(Îlots!$O$6:$O$65,$W176)))","v":""},{"$f":"IF(OR($AA176=\"\",$G176=\"\",$Z176=\"Non\"),\"\",IFERROR(MATCH($AA176&\" | \"&$G176,Paramètres!$I$7:$I$41,0),\"\"))","v":""},"",{"$f":"IF(OR($AB176=\"\",$AC176=\"\"),0,IF(OR(AND(INDEX(Paramètres!$J$7:$J$41,$AB176)>0,IF(INDEX(Paramètres!$J$7:$J$41,$AB176)<=INDEX(Paramètres!$K$7:$K$41,$AB176),AND($AC176>=INDEX(Paramètres!$J$7:$J$41,$AB176),$AC176<=INDEX(Paramètres!$K$7:$K$41,$AB176)),OR($AC176>=INDEX(Paramètres!$J$7:$J$41,$AB176),$AC176<=INDEX(Paramètres!$K$7:$K$41,$AB176)))),AND(INDEX(Paramètres!$L$7:$L$41,$AB176)>0,IF(INDEX(Paramètres!$L$7:$L$41,$AB176)<=INDEX(Paramètres!$M$7:$M$41,$AB176),AND($AC176>=INDEX(Paramètres!$L$7:$L$41,$AB176),$AC176<=INDEX(Paramètres!$M$7:$M$41,$AB176)),OR($AC176>=INDEX(Paramètres!$L$7:$L$41,$AB176),$AC176<=INDEX(Paramètres!$M$7:$M$41,$AB176))))),1,0))","v":0},{"$f":"IF($X176=\"\",0,IF(INDEX(Fertilisants!$C$6:$C$45,$X176)=\"Oui\",1,0))","v":0},"","","",""]
[{"$f":"IF(B177=\"\",\"\",COUNT($B$6:B177))","v":""},null,null,{"$f":"IF($W177=\"\",\"\",INDEX(Îlots!$N$6:$N$65,$W177))","v":""},null,null,{"$f":"IF($X177=\"\",\"\",INDEX(Fertilisants!$B$6:$B$45,$X177))","v":""},null,null,{"$f":"IF($X177=\"\",\"\",INDEX(Fertilisants!$D$6:$D$45,$X177))","v":""},"",{"$f":"IF(OR($I177=\"\",$X177=\"\"),\"\",$I177*N(INDEX(Fertilisants!$E$6:$E$45,$X177)))","v":""},{"$f":"IF(OR($I177=\"\",$X177=\"\"),\"\",$I177*N(INDEX(Fertilisants!$G$6:$G$45,$X177)))","v":""},{"$f":"IF(OR($I177=\"\",$X177=\"\"),\"\",$I177*N(INDEX(Fertilisants!$H$6:$H$45,$X177)))","v":""},{"$f":"IF(OR($I177=\"\",$X177=\"\"),\"\",$I177*N(INDEX(Fertilisants!$I$6:$I$45,$X177)))","v":""},"",{"$nulls":3},"",null,null,{"$f":"IF($C177=\"\",\"\",IFERROR(MATCH($C177,Îlots!$C$6:$C$65,0),\"\"))","v":""},{"$f":"IF($F177=\"\",\"\",IFERROR(MATCH($F177,Fertilisants!$A$6:$A$45,0),\"\"))","v":""},{"$f":"IF($W177=\"\",\"\",INDEX(Îlots!$D$6:$D$65,$W177))","v":""},{"$f":"IF($W177=\"\",\"\",INDEX(Îlots!$F$6:$F$65,$W177))","v":""},{"$f":"IF($W177=\"\",\"\",IF($E177=ApportCouvert,OccCouvert,INDEX(Îlots!$O$6:$O$65,$W177)))","v":""},{"$f":"IF(OR($AA177=\"\",$G177=\"\",$Z177=\"Non\"),\"\",IFERROR(MATCH($AA177&\" | \"&$G177,Paramètres!$I$7:$I$41,0),\"\"))","v":""},"",{"$f":"IF(OR($AB177=\"\",$AC177=\"\"),0,IF(OR(AND(INDEX(Paramètres!$J$7:$J$41,$AB177)>0,IF(INDEX(Paramètres!$J$7:$J$41,$AB177)<=INDEX(Paramètres!$K$7:$K$41,$AB177),AND($AC177>=INDEX(Paramètres!$J$7:$J$41,$AB177),$AC177<=INDEX(Paramètres!$K$7:$K$41,$AB177)),OR($AC177>=INDEX(Paramètres!$J$7:$J$41,$AB177),$AC177<=INDEX(Paramètres!$K$7:$K$41,$AB177)))),AND(INDEX(Paramètres!$L$7:$L$41,$AB177)>0,IF(INDEX(Paramètres!$L$7:$L$41,$AB177)<=INDEX(Paramètres!$M$7:$M$41,$AB177),AND($AC177>=INDEX(Paramètres!$L$7:$L$41,$AB177),$AC177<=INDEX(Paramètres!$M$7:$M$41,$AB177)),OR($AC177>=INDEX(Paramètres!$L$7:$L$41,$AB177),$AC177<=INDEX(Paramètres!$M$7:$M$41,$AB177))))),1,0))","v":0},{"$f":"IF($X177=\"\",0,IF(INDEX(Fertilisants!$C$6:$C$45,$X177)=\"Oui\",1,0))","v":0},"","","",""]
[{"$f":"IF(B178=\"\",\"\",COUNT($B$6:B178))","v":""},null,null,{"$f":"IF($W178=\"\",\"\",INDEX(Îlots!$N$6:$N$65,$W178))","v":""},null,null,{"$f":"IF($X178=\"\",\"\",INDEX(Fertilisants!$B$6:$B$45,$X178))","v":""},null,null,{"$f":"IF($X178=\"\",\"\",INDEX(Fertilisants!$D$6:$D$45,$X178))","v":""},"",{"$f":"IF(OR($I178=\"\",$X178=\"\"),\"\",$I178*N(INDEX(Fertilisants!$E$6:$E$45,$X178)))","v":""},{"$f":"IF(OR($I178=\"\",$X178=\"\"),\"\",$I178*N(INDEX(Fertilisants!$G$6:$G$45,$X178)))","v":""},{"$f":"IF(OR($I178=\"\",$X178=\"\"),\"\",$I178*N(INDEX(Fertilisants!$H$6:$H$45,$X178)))","v":""},{"$f":"IF(OR($I178=\"\",$X178=\"\"),\"\",$I178*N(INDEX(Fertilisants!$I$6:$I$45,$X178)))","v":""},"",{"$nulls":3},"",null,null,{"$f":"IF($C178=\"\",\"\",IFERROR(MATCH($C178,Îlots!$C$6:$C$65,0),\"\"))","v":""},{"$f":"IF($F178=\"\",\"\",IFERROR(MATCH($F178,Fertilisants!$A$6:$A$45,0),\"\"))","v":""},{"$f":"IF($W178=\"\",\"\",INDEX(Îlots!$D$6:$D$65,$W178))","v":""},{"$f":"IF($W178=\"\",\"\",INDEX(Îlots!$F$6:$F$65,$W178))","v":""},{"$f":"IF($W178=\"\",\"\",IF($E178=ApportCouvert,OccCouvert,INDEX(Îlots!$O$6:$O$65,$W178)))","v":""},{"$f":"IF(OR($AA178=\"\",$G178=\"\",$Z178=\"Non\"),\"\",IFERROR(MATCH($AA178&\" | \"&$G178,Paramètres!$I$7:$I$41,0),\"\"))","v":""},"",{"$f":"IF(OR($AB178=\"\",$AC178=\"\"),0,IF(OR(AND(INDEX(Paramètres!$J$7:$J$41,$AB178)>0,IF(INDEX(Paramètres!$J$7:$J$41,$AB178)<=INDEX(Paramètres!$K$7:$K$41,$AB178),AND($AC178>=INDEX(Paramètres!$J$7:$J$41,$AB178),$AC178<=INDEX(Paramètres!$K$7:$K$41,$AB178)),OR($AC178>=INDEX(Paramètres!$J$7:$J$41,$AB178),$AC178<=INDEX(Paramètres!$K$7:$K$41,$AB178)))),AND(INDEX(Paramètres!$L$7:$L$41,$AB178)>0,IF(INDEX(Paramètres!$L$7:$L$41,$AB178)<=INDEX(Paramètres!$M$7:$M$41,$AB178),AND($AC178>=INDEX(Paramètres!$L$7:$L$41,$AB178),$AC178<=INDEX(Paramètres!$M$7:$M$41,$AB178)),OR($AC178>=INDEX(Paramètres!$L$7:$L$41,$AB178),$AC178<=INDEX(Paramètres!$M$7:$M$41,$AB178))))),1,0))","v":0},{"$f":"IF($X178=\"\",0,IF(INDEX(Fertilisants!$C$6:$C$45,$X178)=\"Oui\",1,0))","v":0},"","","",""]
[{"$f":"IF(B179=\"\",\"\",COUNT($B$6:B179))","v":""},null,null,{"$f":"IF($W179=\"\",\"\",INDEX(Îlots!$N$6:$N$65,$W179))","v":""},null,null,{"$f":"IF($X179=\"\",\"\",INDEX(Fertilisants!$B$6:$B$45,$X179))","v":""},null,null,{"$f":"IF($X179=\"\",\"\",INDEX(Fertilisants!$D$6:$D$45,$X179))","v":""},"",{"$f":"IF(OR($I179=\"\",$X179=\"\"),\"\",$I179*N(INDEX(Fertilisants!$E$6:$E$45,$X179)))","v":""},{"$f":"IF(OR($I179=\"\",$X179=\"\"),\"\",$I179*N(INDEX(Fertilisants!$G$6:$G$45,$X179)))","v":""},{"$f":"IF(OR($I179=\"\",$X179=\"\"),\"\",$I179*N(INDEX(Fertilisants!$H$6:$H$45,$X179)))","v":""},{"$f":"IF(OR($I179=\"\",$X179=\"\"),\"\",$I179*N(INDEX(Fertilisants!$I$6:$I$45,$X179)))","v":""},"",{"$nulls":3},"",null,null,{"$f":"IF($C179=\"\",\"\",IFERROR(MATCH($C179,Îlots!$C$6:$C$65,0),\"\"))","v":""},{"$f":"IF($F179=\"\",\"\",IFERROR(MATCH($F179,Fertilisants!$A$6:$A$45,0),\"\"))","v":""},{"$f":"IF($W179=\"\",\"\",INDEX(Îlots!$D$6:$D$65,$W179))","v":""},{"$f":"IF($W179=\"\",\"\",INDEX(Îlots!$F$6:$F$65,$W179))","v":""},{"$f":"IF($W179=\"\",\"\",IF($E179=ApportCouvert,OccCouvert,INDEX(Îlots!$O$6:$O$65,$W179)))","v":""},{"$f":"IF(OR($AA179=\"\",$G179=\"\",$Z179=\"Non\"),\"\",IFERROR(MATCH($AA179&\" | \"&$G179,Paramètres!$I$7:$I$41,0),\"\"))","v":""},"",{"$f":"IF(OR($AB179=\"\",$AC179=\"\"),0,IF(OR(AND(INDEX(Paramètres!$J$7:$J$41,$AB179)>0,IF(INDEX(Paramètres!$J$7:$J$41,$AB179)<=INDEX(Paramètres!$K$7:$K$41,$AB179),AND($AC179>=INDEX(Paramètres!$J$7:$J$41,$AB179),$AC179<=INDEX(Paramètres!$K$7:$K$41,$AB179)),OR($AC179>=INDEX(Paramètres!$J$7:$J$41,$AB179),$AC179<=INDEX(Paramètres!$K$7:$K$41,$AB179)))),AND(INDEX(Paramètres!$L$7:$L$41,$AB179)>0,IF(INDEX(Paramètres!$L$7:$L$41,$AB179)<=INDEX(Paramètres!$M$7:$M$41,$AB179),AND($AC179>=INDEX(Paramètres!$L$7:$L$41,$AB179),$AC179<=INDEX(Paramètres!$M$7:$M$41,$AB179)),OR($AC179>=INDEX(Paramètres!$L$7:$L$41,$AB179),$AC179<=INDEX(Paramètres!$M$7:$M$41,$AB179))))),1,0))","v":0},{"$f":"IF($X179=\"\",0,IF(INDEX(Fertilisants!$C$6:$C$45,$X179)=\"Oui\",1,0))","v":0},"","","",""]
[{"$f":"IF(B180=\"\",\"\",COUNT($B$6:B180))","v":""},null,null,{"$f":"IF($W180=\"\",\"\",INDEX(Îlots!$N$6:$N$65,$W180))","v":""},null,null,{"$f":"IF($X180=\"\",\"\",INDEX(Fertilisants!$B$6:$B$45,$X180))","v":""},null,null,{"$f":"IF($X180=\"\",\"\",INDEX(Fertilisants!$D$6:$D$45,$X180))","v":""},"",{"$f":"IF(OR($I180=\"\",$X180=\"\"),\"\",$I180*N(INDEX(Fertilisants!$E$6:$E$45,$X180)))","v":""},{"$f":"IF(OR($I180=\"\",$X180=\"\"),\"\",$I180*N(INDEX(Fertilisants!$G$6:$G$45,$X180)))","v":""},{"$f":"IF(OR($I180=\"\",$X180=\"\"),\"\",$I180*N(INDEX(Fertilisants!$H$6:$H$45,$X180)))","v":""},{"$f":"IF(OR($I180=\"\",$X180=\"\"),\"\",$I180*N(INDEX(Fertilisants!$I$6:$I$45,$X180)))","v":""},"",{"$nulls":3},"",null,null,{"$f":"IF($C180=\"\",\"\",IFERROR(MATCH($C180,Îlots!$C$6:$C$65,0),\"\"))","v":""},{"$f":"IF($F180=\"\",\"\",IFERROR(MATCH($F180,Fertilisants!$A$6:$A$45,0),\"\"))","v":""},{"$f":"IF($W180=\"\",\"\",INDEX(Îlots!$D$6:$D$65,$W180))","v":""},{"$f":"IF($W180=\"\",\"\",INDEX(Îlots!$F$6:$F$65,$W180))","v":""},{"$f":"IF($W180=\"\",\"\",IF($E180=ApportCouvert,OccCouvert,INDEX(Îlots!$O$6:$O$65,$W180)))","v":""},{"$f":"IF(OR($AA180=\"\",$G180=\"\",$Z180=\"Non\"),\"\",IFERROR(MATCH($AA180&\" | \"&$G180,Paramètres!$I$7:$I$41,0),\"\"))","v":""},"",{"$f":"IF(OR($AB180=\"\",$AC180=\"\"),0,IF(OR(AND(INDEX(Paramètres!$J$7:$J$41,$AB180)>0,IF(INDEX(Paramètres!$J$7:$J$41,$AB180)<=INDEX(Paramètres!$K$7:$K$41,$AB180),AND($AC180>=INDEX(Paramètres!$J$7:$J$41,$AB180),$AC180<=INDEX(Paramètres!$K$7:$K$41,$AB180)),OR($AC180>=INDEX(Paramètres!$J$7:$J$41,$AB180),$AC180<=INDEX(Paramètres!$K$7:$K$41,$AB180)))),AND(INDEX(Paramètres!$L$7:$L$41,$AB180)>0,IF(INDEX(Paramètres!$L$7:$L$41,$AB180)<=INDEX(Paramètres!$M$7:$M$41,$AB180),AND($AC180>=INDEX(Paramètres!$L$7:$L$41,$AB180),$AC180<=INDEX(Paramètres!$M$7:$M$41,$AB180)),OR($AC180>=INDEX(Paramètres!$L$7:$L$41,$AB180),$AC180<=INDEX(Paramètres!$M$7:$M$41,$AB180))))),1,0))","v":0},{"$f":"IF($X180=\"\",0,IF(INDEX(Fertilisants!$C$6:$C$45,$X180)=\"Oui\",1,0))","v":0},"","","",""]
[{"$f":"IF(B181=\"\",\"\",COUNT($B$6:B181))","v":""},null,null,{"$f":"IF($W181=\"\",\"\",INDEX(Îlots!$N$6:$N$65,$W181))","v":""},null,null,{"$f":"IF($X181=\"\",\"\",INDEX(Fertilisants!$B$6:$B$45,$X181))","v":""},null,null,{"$f":"IF($X181=\"\",\"\",INDEX(Fertilisants!$D$6:$D$45,$X181))","v":""},"",{"$f":"IF(OR($I181=\"\",$X181=\"\"),\"\",$I181*N(INDEX(Fertilisants!$E$6:$E$45,$X181)))","v":""},{"$f":"IF(OR($I181=\"\",$X181=\"\"),\"\",$I181*N(INDEX(Fertilisants!$G$6:$G$45,$X181)))","v":""},{"$f":"IF(OR($I181=\"\",$X181=\"\"),\"\",$I181*N(INDEX(Fertilisants!$H$6:$H$45,$X181)))","v":""},{"$f":"IF(OR($I181=\"\",$X181=\"\"),\"\",$I181*N(INDEX(Fertilisants!$I$6:$I$45,$X181)))","v":""},"",{"$nulls":3},"",null,null,{"$f":"IF($C181=\"\",\"\",IFERROR(MATCH($C181,Îlots!$C$6:$C$65,0),\"\"))","v":""},{"$f":"IF($F181=\"\",\"\",IFERROR(MATCH($F181,Fertilisants!$A$6:$A$45,0),\"\"))","v":""},{"$f":"IF($W181=\"\",\"\",INDEX(Îlots!$D$6:$D$65,$W181))","v":""},{"$f":"IF($W181=\"\",\"\",INDEX(Îlots!$F$6:$F$65,$W181))","v":""},{"$f":"IF($W181=\"\",\"\",IF($E181=ApportCouvert,OccCouvert,INDEX(Îlots!$O$6:$O$65,$W181)))","v":""},{"$f":"IF(OR($AA181=\"\",$G181=\"\",$Z181=\"Non\"),\"\",IFERROR(MATCH($AA181&\" | \"&$G181,Paramètres!$I$7:$I$41,0),\"\"))","v":""},"",{"$f":"IF(OR($AB181=\"\",$AC181=\"\"),0,IF(OR(AND(INDEX(Paramètres!$J$7:$J$41,$AB181)>0,IF(INDEX(Paramètres!$J$7:$J$41,$AB181)<=INDEX(Paramètres!$K$7:$K$41,$AB181),AND($AC181>=INDEX(Paramètres!$J$7:$J$41,$AB181),$AC181<=INDEX(Paramètres!$K$7:$K$41,$AB181)),OR($AC181>=INDEX(Paramètres!$J$7:$J$41,$AB181),$AC181<=INDEX(Paramètres!$K$7:$K$41,$AB181)))),AND(INDEX(Paramètres!$L$7:$L$41,$AB181)>0,IF(INDEX(Paramètres!$L$7:$L$41,$AB181)<=INDEX(Paramètres!$M$7:$M$41,$AB181),AND($AC181>=INDEX(Paramètres!$L$7:$L$41,$AB181),$AC181<=INDEX(Paramètres!$M$7:$M$41,$AB181)),OR($AC181>=INDEX(Paramètres!$L$7:$L$41,$AB181),$AC181<=INDEX(Paramètres!$M$7:$M$41,$AB181))))),1,0))","v":0},{"$f":"IF($X181=\"\",0,IF(INDEX(Fertilisants!$C$6:$C$45,$X181)=\"Oui\",1,0))","v":0},"","","",""]
[{"$f":"IF(B182=\"\",\"\",COUNT($B$6:B182))","v":""},null,null,{"$f":"IF($W182=\"\",\"\",INDEX(Îlots!$N$6:$N$65,$W182))","v":""},null,null,{"$f":"IF($X182=\"\",\"\",INDEX(Fertilisants!$B$6:$B$45,$X182))","v":""},null,null,{"$f":"IF($X182=\"\",\"\",INDEX(Fertilisants!$D$6:$D$45,$X182))","v":""},"",{"$f":"IF(OR($I182=\"\",$X182=\"\"),\"\",$I182*N(INDEX(Fertilisants!$E$6:$E$45,$X182)))","v":""},{"$f":"IF(OR($I182=\"\",$X182=\"\"),\"\",$I182*N(INDEX(Fertilisants!$G$6:$G$45,$X182)))","v":""},{"$f":"IF(OR($I182=\"\",$X182=\"\"),\"\",$I182*N(INDEX(Fertilisants!$H$6:$H$45,$X182)))","v":""},{"$f":"IF(OR($I182=\"\",$X182=\"\"),\"\",$I182*N(INDEX(Fertilisants!$I$6:$I$45,$X182)))","v":""},"",{"$nulls":3},"",null,null,{"$f":"IF($C182=\"\",\"\",IFERROR(MATCH($C182,Îlots!$C$6:$C$65,0),\"\"))","v":""},{"$f":"IF($F182=\"\",\"\",IFERROR(MATCH($F182,Fertilisants!$A$6:$A$45,0),\"\"))","v":""},{"$f":"IF($W182=\"\",\"\",INDEX(Îlots!$D$6:$D$65,$W182))","v":""},{"$f":"IF($W182=\"\",\"\",INDEX(Îlots!$F$6:$F$65,$W182))","v":""},{"$f":"IF($W182=\"\",\"\",IF($E182=ApportCouvert,OccCouvert,INDEX(Îlots!$O$6:$O$65,$W182)))","v":""},{"$f":"IF(OR($AA182=\"\",$G182=\"\",$Z182=\"Non\"),\"\",IFERROR(MATCH($AA182&\" | \"&$G182,Paramètres!$I$7:$I$41,0),\"\"))","v":""},"",{"$f":"IF(OR($AB182=\"\",$AC182=\"\"),0,IF(OR(AND(INDEX(Paramètres!$J$7:$J$41,$AB182)>0,IF(INDEX(Paramètres!$J$7:$J$41,$AB182)<=INDEX(Paramètres!$K$7:$K$41,$AB182),AND($AC182>=INDEX(Paramètres!$J$7:$J$41,$AB182),$AC182<=INDEX(Paramètres!$K$7:$K$41,$AB182)),OR($AC182>=INDEX(Paramètres!$J$7:$J$41,$AB182),$AC182<=INDEX(Paramètres!$K$7:$K$41,$AB182)))),AND(INDEX(Paramètres!$L$7:$L$41,$AB182)>0,IF(INDEX(Paramètres!$L$7:$L$41,$AB182)<=INDEX(Paramètres!$M$7:$M$41,$AB182),AND($AC182>=INDEX(Paramètres!$L$7:$L$41,$AB182),$AC182<=INDEX(Paramètres!$M$7:$M$41,$AB182)),OR($AC182>=INDEX(Paramètres!$L$7:$L$41,$AB182),$AC182<=INDEX(Paramètres!$M$7:$M$41,$AB182))))),1,0))","v":0},{"$f":"IF($X182=\"\",0,IF(INDEX(Fertilisants!$C$6:$C$45,$X182)=\"Oui\",1,0))","v":0},"","","",""]
[{"$f":"IF(B183=\"\",\"\",COUNT($B$6:B183))","v":""},null,null,{"$f":"IF($W183=\"\",\"\",INDEX(Îlots!$N$6:$N$65,$W183))","v":""},null,null,{"$f":"IF($X183=\"\",\"\",INDEX(Fertilisants!$B$6:$B$45,$X183))","v":""},null,null,{"$f":"IF($X183=\"\",\"\",INDEX(Fertilisants!$D$6:$D$45,$X183))","v":""},"",{"$f":"IF(OR($I183=\"\",$X183=\"\"),\"\",$I183*N(INDEX(Fertilisants!$E$6:$E$45,$X183)))","v":""},{"$f":"IF(OR($I183=\"\",$X183=\"\"),\"\",$I183*N(INDEX(Fertilisants!$G$6:$G$45,$X183)))","v":""},{"$f":"IF(OR($I183=\"\",$X183=\"\"),\"\",$I183*N(INDEX(Fertilisants!$H$6:$H$45,$X183)))","v":""},{"$f":"IF(OR($I183=\"\",$X183=\"\"),\"\",$I183*N(INDEX(Fertilisants!$I$6:$I$45,$X183)))","v":""},"",{"$nulls":3},"",null,null,{"$f":"IF($C183=\"\",\"\",IFERROR(MATCH($C183,Îlots!$C$6:$C$65,0),\"\"))","v":""},{"$f":"IF($F183=\"\",\"\",IFERROR(MATCH($F183,Fertilisants!$A$6:$A$45,0),\"\"))","v":""},{"$f":"IF($W183=\"\",\"\",INDEX(Îlots!$D$6:$D$65,$W183))","v":""},{"$f":"IF($W183=\"\",\"\",INDEX(Îlots!$F$6:$F$65,$W183))","v":""},{"$f":"IF($W183=\"\",\"\",IF($E183=ApportCouvert,OccCouvert,INDEX(Îlots!$O$6:$O$65,$W183)))","v":""},{"$f":"IF(OR($AA183=\"\",$G183=\"\",$Z183=\"Non\"),\"\",IFERROR(MATCH($AA183&\" | \"&$G183,Paramètres!$I$7:$I$41,0),\"\"))","v":""},"",{"$f":"IF(OR($AB183=\"\",$AC183=\"\"),0,IF(OR(AND(INDEX(Paramètres!$J$7:$J$41,$AB183)>0,IF(INDEX(Paramètres!$J$7:$J$41,$AB183)<=INDEX(Paramètres!$K$7:$K$41,$AB183),AND($AC183>=INDEX(Paramètres!$J$7:$J$41,$AB183),$AC183<=INDEX(Paramètres!$K$7:$K$41,$AB183)),OR($AC183>=INDEX(Paramètres!$J$7:$J$41,$AB183),$AC183<=INDEX(Paramètres!$K$7:$K$41,$AB183)))),AND(INDEX(Paramètres!$L$7:$L$41,$AB183)>0,IF(INDEX(Paramètres!$L$7:$L$41,$AB183)<=INDEX(Paramètres!$M$7:$M$41,$AB183),AND($AC183>=INDEX(Paramètres!$L$7:$L$41,$AB183),$AC183<=INDEX(Paramètres!$M$7:$M$41,$AB183)),OR($AC183>=INDEX(Paramètres!$L$7:$L$41,$AB183),$AC183<=INDEX(Paramètres!$M$7:$M$41,$AB183))))),1,0))","v":0},{"$f":"IF($X183=\"\",0,IF(INDEX(Fertilisants!$C$6:$C$45,$X183)=\"Oui\",1,0))","v":0},"","","",""]
[{"$f":"IF(B184=\"\",\"\",COUNT($B$6:B184))","v":""},null,null,{"$f":"IF($W184=\"\",\"\",INDEX(Îlots!$N$6:$N$65,$W184))","v":""},null,null,{"$f":"IF($X184=\"\",\"\",INDEX(Fertilisants!$B$6:$B$45,$X184))","v":""},null,null,{"$f":"IF($X184=\"\",\"\",INDEX(Fertilisants!$D$6:$D$45,$X184))","v":""},"",{"$f":"IF(OR($I184=\"\",$X184=\"\"),\"\",$I184*N(INDEX(Fertilisants!$E$6:$E$45,$X184)))","v":""},{"$f":"IF(OR($I184=\"\",$X184=\"\"),\"\",$I184*N(INDEX(Fertilisants!$G$6:$G$45,$X184)))","v":""},{"$f":"IF(OR($I184=\"\",$X184=\"\"),\"\",$I184*N(INDEX(Fertilisants!$H$6:$H$45,$X184)))","v":""},{"$f":"IF(OR($I184=\"\",$X184=\"\"),\"\",$I184*N(INDEX(Fertilisants!$I$6:$I$45,$X184)))","v":""},"",{"$nulls":3},"",null,null,{"$f":"IF($C184=\"\",\"\",IFERROR(MATCH($C184,Îlots!$C$6:$C$65,0),\"\"))","v":""},{"$f":"IF($F184=\"\",\"\",IFERROR(MATCH($F184,Fertilisants!$A$6:$A$45,0),\"\"))","v":""},{"$f":"IF($W184=\"\",\"\",INDEX(Îlots!$D$6:$D$65,$W184))","v":""},{"$f":"IF($W184=\"\",\"\",INDEX(Îlots!$F$6:$F$65,$W184))","v":""},{"$f":"IF($W184=\"\",\"\",IF($E184=ApportCouvert,OccCouvert,INDEX(Îlots!$O$6:$O$65,$W184)))","v":""},{"$f":"IF(OR($AA184=\"\",$G184=\"\",$Z184=\"Non\"),\"\",IFERROR(MATCH($AA184&\" | \"&$G184,Paramètres!$I$7:$I$41,0),\"\"))","v":""},"",{"$f":"IF(OR($AB184=\"\",$AC184=\"\"),0,IF(OR(AND(INDEX(Paramètres!$J$7:$J$41,$AB184)>0,IF(INDEX(Paramètres!$J$7:$J$41,$AB184)<=INDEX(Paramètres!$K$7:$K$41,$AB184),AND($AC184>=INDEX(Paramètres!$J$7:$J$41,$AB184),$AC184<=INDEX(Paramètres!$K$7:$K$41,$AB184)),OR($AC184>=INDEX(Paramètres!$J$7:$J$41,$AB184),$AC184<=INDEX(Paramètres!$K$7:$K$41,$AB184)))),AND(INDEX(Paramètres!$L$7:$L$41,$AB184)>0,IF(INDEX(Paramètres!$L$7:$L$41,$AB184)<=INDEX(Paramètres!$M$7:$M$41,$AB184),AND($AC184>=INDEX(Paramètres!$L$7:$L$41,$AB184),$AC184<=INDEX(Paramètres!$M$7:$M$41,$AB184)),OR($AC184>=INDEX(Paramètres!$L$7:$L$41,$AB184),$AC184<=INDEX(Paramètres!$M$7:$M$41,$AB184))))),1,0))","v":0},{"$f":"IF($X184=\"\",0,IF(INDEX(Fertilisants!$C$6:$C$45,$X184)=\"Oui\",1,0))","v":0},"","","",""]
[{"$f":"IF(B185=\"\",\"\",COUNT($B$6:B185))","v":""},null,null,{"$f":"IF($W185=\"\",\"\",INDEX(Îlots!$N$6:$N$65,$W185))","v":""},null,null,{"$f":"IF($X185=\"\",\"\",INDEX(Fertilisants!$B$6:$B$45,$X185))","v":""},null,null,{"$f":"IF($X185=\"\",\"\",INDEX(Fertilisants!$D$6:$D$45,$X185))","v":""},"",{"$f":"IF(OR($I185=\"\",$X185=\"\"),\"\",$I185*N(INDEX(Fertilisants!$E$6:$E$45,$X185)))","v":""},{"$f":"IF(OR($I185=\"\",$X185=\"\"),\"\",$I185*N(INDEX(Fertilisants!$G$6:$G$45,$X185)))","v":""},{"$f":"IF(OR($I185=\"\",$X185=\"\"),\"\",$I185*N(INDEX(Fertilisants!$H$6:$H$45,$X185)))","v":""},{"$f":"IF(OR($I185=\"\",$X185=\"\"),\"\",$I185*N(INDEX(Fertilisants!$I$6:$I$45,$X185)))","v":""},"",{"$nulls":3},"",null,null,{"$f":"IF($C185=\"\",\"\",IFERROR(MATCH($C185,Îlots!$C$6:$C$65,0),\"\"))","v":""},{"$f":"IF($F185=\"\",\"\",IFERROR(MATCH($F185,Fertilisants!$A$6:$A$45,0),\"\"))","v":""},{"$f":"IF($W185=\"\",\"\",INDEX(Îlots!$D$6:$D$65,$W185))","v":""},{"$f":"IF($W185=\"\",\"\",INDEX(Îlots!$F$6:$F$65,$W185))","v":""},{"$f":"IF($W185=\"\",\"\",IF($E185=ApportCouvert,OccCouvert,INDEX(Îlots!$O$6:$O$65,$W185)))","v":""},{"$f":"IF(OR($AA185=\"\",$G185=\"\",$Z185=\"Non\"),\"\",IFERROR(MATCH($AA185&\" | \"&$G185,Paramètres!$I$7:$I$41,0),\"\"))","v":""},"",{"$f":"IF(OR($AB185=\"\",$AC185=\"\"),0,IF(OR(AND(INDEX(Paramètres!$J$7:$J$41,$AB185)>0,IF(INDEX(Paramètres!$J$7:$J$41,$AB185)<=INDEX(Paramètres!$K$7:$K$41,$AB185),AND($AC185>=INDEX(Paramètres!$J$7:$J$41,$AB185),$AC185<=INDEX(Paramètres!$K$7:$K$41,$AB185)),OR($AC185>=INDEX(Paramètres!$J$7:$J$41,$AB185),$AC185<=INDEX(Paramètres!$K$7:$K$41,$AB185)))),AND(INDEX(Paramètres!$L$7:$L$41,$AB185)>0,IF(INDEX(Paramètres!$L$7:$L$41,$AB185)<=INDEX(Paramètres!$M$7:$M$41,$AB185),AND($AC185>=INDEX(Paramètres!$L$7:$L$41,$AB185),$AC185<=INDEX(Paramètres!$M$7:$M$41,$AB185)),OR($AC185>=INDEX(Paramètres!$L$7:$L$41,$AB185),$AC185<=INDEX(Paramètres!$M$7:$M$41,$AB185))))),1,0))","v":0},{"$f":"IF($X185=\"\",0,IF(INDEX(Fertilisants!$C$6:$C$45,$X185)=\"Oui\",1,0))","v":0},"","","",""]
[{"$f":"IF(B186=\"\",\"\",COUNT($B$6:B186))","v":""},null,null,{"$f":"IF($W186=\"\",\"\",INDEX(Îlots!$N$6:$N$65,$W186))","v":""},null,null,{"$f":"IF($X186=\"\",\"\",INDEX(Fertilisants!$B$6:$B$45,$X186))","v":""},null,null,{"$f":"IF($X186=\"\",\"\",INDEX(Fertilisants!$D$6:$D$45,$X186))","v":""},"",{"$f":"IF(OR($I186=\"\",$X186=\"\"),\"\",$I186*N(INDEX(Fertilisants!$E$6:$E$45,$X186)))","v":""},{"$f":"IF(OR($I186=\"\",$X186=\"\"),\"\",$I186*N(INDEX(Fertilisants!$G$6:$G$45,$X186)))","v":""},{"$f":"IF(OR($I186=\"\",$X186=\"\"),\"\",$I186*N(INDEX(Fertilisants!$H$6:$H$45,$X186)))","v":""},{"$f":"IF(OR($I186=\"\",$X186=\"\"),\"\",$I186*N(INDEX(Fertilisants!$I$6:$I$45,$X186)))","v":""},"",{"$nulls":3},"",null,null,{"$f":"IF($C186=\"\",\"\",IFERROR(MATCH($C186,Îlots!$C$6:$C$65,0),\"\"))","v":""},{"$f":"IF($F186=\"\",\"\",IFERROR(MATCH($F186,Fertilisants!$A$6:$A$45,0),\"\"))","v":""},{"$f":"IF($W186=\"\",\"\",INDEX(Îlots!$D$6:$D$65,$W186))","v":""},{"$f":"IF($W186=\"\",\"\",INDEX(Îlots!$F$6:$F$65,$W186))","v":""},{"$f":"IF($W186=\"\",\"\",IF($E186=ApportCouvert,OccCouvert,INDEX(Îlots!$O$6:$O$65,$W186)))","v":""},{"$f":"IF(OR($AA186=\"\",$G186=\"\",$Z186=\"Non\"),\"\",IFERROR(MATCH($AA186&\" | \"&$G186,Paramètres!$I$7:$I$41,0),\"\"))","v":""},"",{"$f":"IF(OR($AB186=\"\",$AC186=\"\"),0,IF(OR(AND(INDEX(Paramètres!$J$7:$J$41,$AB186)>0,IF(INDEX(Paramètres!$J$7:$J$41,$AB186)<=INDEX(Paramètres!$K$7:$K$41,$AB186),AND($AC186>=INDEX(Paramètres!$J$7:$J$41,$AB186),$AC186<=INDEX(Paramètres!$K$7:$K$41,$AB186)),OR($AC186>=INDEX(Paramètres!$J$7:$J$41,$AB186),$AC186<=INDEX(Paramètres!$K$7:$K$41,$AB186)))),AND(INDEX(Paramètres!$L$7:$L$41,$AB186)>0,IF(INDEX(Paramètres!$L$7:$L$41,$AB186)<=INDEX(Paramètres!$M$7:$M$41,$AB186),AND($AC186>=INDEX(Paramètres!$L$7:$L$41,$AB186),$AC186<=INDEX(Paramètres!$M$7:$M$41,$AB186)),OR($AC186>=INDEX(Paramètres!$L$7:$L$41,$AB186),$AC186<=INDEX(Paramètres!$M$7:$M$41,$AB186))))),1,0))","v":0},{"$f":"IF($X186=\"\",0,IF(INDEX(Fertilisants!$C$6:$C$45,$X186)=\"Oui\",1,0))","v":0},"","","",""]
[{"$f":"IF(B187=\"\",\"\",COUNT($B$6:B187))","v":""},null,null,{"$f":"IF($W187=\"\",\"\",INDEX(Îlots!$N$6:$N$65,$W187))","v":""},null,null,{"$f":"IF($X187=\"\",\"\",INDEX(Fertilisants!$B$6:$B$45,$X187))","v":""},null,null,{"$f":"IF($X187=\"\",\"\",INDEX(Fertilisants!$D$6:$D$45,$X187))","v":""},"",{"$f":"IF(OR($I187=\"\",$X187=\"\"),\"\",$I187*N(INDEX(Fertilisants!$E$6:$E$45,$X187)))","v":""},{"$f":"IF(OR($I187=\"\",$X187=\"\"),\"\",$I187*N(INDEX(Fertilisants!$G$6:$G$45,$X187)))","v":""},{"$f":"IF(OR($I187=\"\",$X187=\"\"),\"\",$I187*N(INDEX(Fertilisants!$H$6:$H$45,$X187)))","v":""},{"$f":"IF(OR($I187=\"\",$X187=\"\"),\"\",$I187*N(INDEX(Fertilisants!$I$6:$I$45,$X187)))","v":""},"",{"$nulls":3},"",null,null,{"$f":"IF($C187=\"\",\"\",IFERROR(MATCH($C187,Îlots!$C$6:$C$65,0),\"\"))","v":""},{"$f":"IF($F187=\"\",\"\",IFERROR(MATCH($F187,Fertilisants!$A$6:$A$45,0),\"\"))","v":""},{"$f":"IF($W187=\"\",\"\",INDEX(Îlots!$D$6:$D$65,$W187))","v":""},{"$f":"IF($W187=\"\",\"\",INDEX(Îlots!$F$6:$F$65,$W187))","v":""},{"$f":"IF($W187=\"\",\"\",IF($E187=ApportCouvert,OccCouvert,INDEX(Îlots!$O$6:$O$65,$W187)))","v":""},{"$f":"IF(OR($AA187=\"\",$G187=\"\",$Z187=\"Non\"),\"\",IFERROR(MATCH($AA187&\" | \"&$G187,Paramètres!$I$7:$I$41,0),\"\"))","v":""},"",{"$f":"IF(OR($AB187=\"\",$AC187=\"\"),0,IF(OR(AND(INDEX(Paramètres!$J$7:$J$41,$AB187)>0,IF(INDEX(Paramètres!$J$7:$J$41,$AB187)<=INDEX(Paramètres!$K$7:$K$41,$AB187),AND($AC187>=INDEX(Paramètres!$J$7:$J$41,$AB187),$AC187<=INDEX(Paramètres!$K$7:$K$41,$AB187)),OR($AC187>=INDEX(Paramètres!$J$7:$J$41,$AB187),$AC187<=INDEX(Paramètres!$K$7:$K$41,$AB187)))),AND(INDEX(Paramètres!$L$7:$L$41,$AB187)>0,IF(INDEX(Paramètres!$L$7:$L$41,$AB187)<=INDEX(Paramètres!$M$7:$M$41,$AB187),AND($AC187>=INDEX(Paramètres!$L$7:$L$41,$AB187),$AC187<=INDEX(Paramètres!$M$7:$M$41,$AB187)),OR($AC187>=INDEX(Paramètres!$L$7:$L$41,$AB187),$AC187<=INDEX(Paramètres!$M$7:$M$41,$AB187))))),1,0))","v":0},{"$f":"IF($X187=\"\",0,IF(INDEX(Fertilisants!$C$6:$C$45,$X187)=\"Oui\",1,0))","v":0},"","","",""]
[{"$f":"IF(B188=\"\",\"\",COUNT($B$6:B188))","v":""},null,null,{"$f":"IF($W188=\"\",\"\",INDEX(Îlots!$N$6:$N$65,$W188))","v":""},null,null,{"$f":"IF($X188=\"\",\"\",INDEX(Fertilisants!$B$6:$B$45,$X188))","v":""},null,null,{"$f":"IF($X188=\"\",\"\",INDEX(Fertilisants!$D$6:$D$45,$X188))","v":""},"",{"$f":"IF(OR($I188=\"\",$X188=\"\"),\"\",$I188*N(INDEX(Fertilisants!$E$6:$E$45,$X188)))","v":""},{"$f":"IF(OR($I188=\"\",$X188=\"\"),\"\",$I188*N(INDEX(Fertilisants!$G$6:$G$45,$X188)))","v":""},{"$f":"IF(OR($I188=\"\",$X188=\"\"),\"\",$I188*N(INDEX(Fertilisants!$H$6:$H$45,$X188)))","v":""},{"$f":"IF(OR($I188=\"\",$X188=\"\"),\"\",$I188*N(INDEX(Fertilisants!$I$6:$I$45,$X188)))","v":""},"",{"$nulls":3},"",null,null,{"$f":"IF($C188=\"\",\"\",IFERROR(MATCH($C188,Îlots!$C$6:$C$65,0),\"\"))","v":""},{"$f":"IF($F188=\"\",\"\",IFERROR(MATCH($F188,Fertilisants!$A$6:$A$45,0),\"\"))","v":""},{"$f":"IF($W188=\"\",\"\",INDEX(Îlots!$D$6:$D$65,$W188))","v":""},{"$f":"IF($W188=\"\",\"\",INDEX(Îlots!$F$6:$F$65,$W188))","v":""},{"$f":"IF($W188=\"\",\"\",IF($E188=ApportCouvert,OccCouvert,INDEX(Îlots!$O$6:$O$65,$W188)))","v":""},{"$f":"IF(OR($AA188=\"\",$G188=\"\",$Z188=\"Non\"),\"\",IFERROR(MATCH($AA188&\" | \"&$G188,Paramètres!$I$7:$I$41,0),\"\"))","v":""},"",{"$f":"IF(OR($AB188=\"\",$AC188=\"\"),0,IF(OR(AND(INDEX(Paramètres!$J$7:$J$41,$AB188)>0,IF(INDEX(Paramètres!$J$7:$J$41,$AB188)<=INDEX(Paramètres!$K$7:$K$41,$AB188),AND($AC188>=INDEX(Paramètres!$J$7:$J$41,$AB188),$AC188<=INDEX(Paramètres!$K$7:$K$41,$AB188)),OR($AC188>=INDEX(Paramètres!$J$7:$J$41,$AB188),$AC188<=INDEX(Paramètres!$K$7:$K$41,$AB188)))),AND(INDEX(Paramètres!$L$7:$L$41,$AB188)>0,IF(INDEX(Paramètres!$L$7:$L$41,$AB188)<=INDEX(Paramètres!$M$7:$M$41,$AB188),AND($AC188>=INDEX(Paramètres!$L$7:$L$41,$AB188),$AC188<=INDEX(Paramètres!$M$7:$M$41,$AB188)),OR($AC188>=INDEX(Paramètres!$L$7:$L$41,$AB188),$AC188<=INDEX(Paramètres!$M$7:$M$41,$AB188))))),1,0))","v":0},{"$f":"IF($X188=\"\",0,IF(INDEX(Fertilisants!$C$6:$C$45,$X188)=\"Oui\",1,0))","v":0},"","","",""]
[{"$f":"IF(B189=\"\",\"\",COUNT($B$6:B189))","v":""},null,null,{"$f":"IF($W189=\"\",\"\",INDEX(Îlots!$N$6:$N$65,$W189))","v":""},null,null,{"$f":"IF($X189=\"\",\"\",INDEX(Fertilisants!$B$6:$B$45,$X189))","v":""},null,null,{"$f":"IF($X189=\"\",\"\",INDEX(Fertilisants!$D$6:$D$45,$X189))","v":""},"",{"$f":"IF(OR($I189=\"\",$X189=\"\"),\"\",$I189*N(INDEX(Fertilisants!$E$6:$E$45,$X189)))","v":""},{"$f":"IF(OR($I189=\"\",$X189=\"\"),\"\",$I189*N(INDEX(Fertilisants!$G$6:$G$45,$X189)))","v":""},{"$f":"IF(OR($I189=\"\",$X189=\"\"),\"\",$I189*N(INDEX(Fertilisants!$H$6:$H$45,$X189)))","v":""},{"$f":"IF(OR($I189=\"\",$X189=\"\"),\"\",$I189*N(INDEX(Fertilisants!$I$6:$I$45,$X189)))","v":""},"",{"$nulls":3},"",null,null,{"$f":"IF($C189=\"\",\"\",IFERROR(MATCH($C189,Îlots!$C$6:$C$65,0),\"\"))","v":""},{"$f":"IF($F189=\"\",\"\",IFERROR(MATCH($F189,Fertilisants!$A$6:$A$45,0),\"\"))","v":""},{"$f":"IF($W189=\"\",\"\",INDEX(Îlots!$D$6:$D$65,$W189))","v":""},{"$f":"IF($W189=\"\",\"\",INDEX(Îlots!$F$6:$F$65,$W189))","v":""},{"$f":"IF($W189=\"\",\"\",IF($E189=ApportCouvert,OccCouvert,INDEX(Îlots!$O$6:$O$65,$W189)))","v":""},{"$f":"IF(OR($AA189=\"\",$G189=\"\",$Z189=\"Non\"),\"\",IFERROR(MATCH($AA189&\" | \"&$G189,Paramètres!$I$7:$I$41,0),\"\"))","v":""},"",{"$f":"IF(OR($AB189=\"\",$AC189=\"\"),0,IF(OR(AND(INDEX(Paramètres!$J$7:$J$41,$AB189)>0,IF(INDEX(Paramètres!$J$7:$J$41,$AB189)<=INDEX(Paramètres!$K$7:$K$41,$AB189),AND($AC189>=INDEX(Paramètres!$J$7:$J$41,$AB189),$AC189<=INDEX(Paramètres!$K$7:$K$41,$AB189)),OR($AC189>=INDEX(Paramètres!$J$7:$J$41,$AB189),$AC189<=INDEX(Paramètres!$K$7:$K$41,$AB189)))),AND(INDEX(Paramètres!$L$7:$L$41,$AB189)>0,IF(INDEX(Paramètres!$L$7:$L$41,$AB189)<=INDEX(Paramètres!$M$7:$M$41,$AB189),AND($AC189>=INDEX(Paramètres!$L$7:$L$41,$AB189),$AC189<=INDEX(Paramètres!$M$7:$M$41,$AB189)),OR($AC189>=INDEX(Paramètres!$L$7:$L$41,$AB189),$AC189<=INDEX(Paramètres!$M$7:$M$41,$AB189))))),1,0))","v":0},{"$f":"IF($X189=\"\",0,IF(INDEX(Fertilisants!$C$6:$C$45,$X189)=\"Oui\",1,0))","v":0},"","","",""]
[{"$f":"IF(B190=\"\",\"\",COUNT($B$6:B190))","v":""},null,null,{"$f":"IF($W190=\"\",\"\",INDEX(Îlots!$N$6:$N$65,$W190))","v":""},null,null,{"$f":"IF($X190=\"\",\"\",INDEX(Fertilisants!$B$6:$B$45,$X190))","v":""},null,null,{"$f":"IF($X190=\"\",\"\",INDEX(Fertilisants!$D$6:$D$45,$X190))","v":""},"",{"$f":"IF(OR($I190=\"\",$X190=\"\"),\"\",$I190*N(INDEX(Fertilisants!$E$6:$E$45,$X190)))","v":""},{"$f":"IF(OR($I190=\"\",$X190=\"\"),\"\",$I190*N(INDEX(Fertilisants!$G$6:$G$45,$X190)))","v":""},{"$f":"IF(OR($I190=\"\",$X190=\"\"),\"\",$I190*N(INDEX(Fertilisants!$H$6:$H$45,$X190)))","v":""},{"$f":"IF(OR($I190=\"\",$X190=\"\"),\"\",$I190*N(INDEX(Fertilisants!$I$6:$I$45,$X190)))","v":""},"",{"$nulls":3},"",null,null,{"$f":"IF($C190=\"\",\"\",IFERROR(MATCH($C190,Îlots!$C$6:$C$65,0),\"\"))","v":""},{"$f":"IF($F190=\"\",\"\",IFERROR(MATCH($F190,Fertilisants!$A$6:$A$45,0),\"\"))","v":""},{"$f":"IF($W190=\"\",\"\",INDEX(Îlots!$D$6:$D$65,$W190))","v":""},{"$f":"IF($W190=\"\",\"\",INDEX(Îlots!$F$6:$F$65,$W190))","v":""},{"$f":"IF($W190=\"\",\"\",IF($E190=ApportCouvert,OccCouvert,INDEX(Îlots!$O$6:$O$65,$W190)))","v":""},{"$f":"IF(OR($AA190=\"\",$G190=\"\",$Z190=\"Non\"),\"\",IFERROR(MATCH($AA190&\" | \"&$G190,Paramètres!$I$7:$I$41,0),\"\"))","v":""},"",{"$f":"IF(OR($AB190=\"\",$AC190=\"\"),0,IF(OR(AND(INDEX(Paramètres!$J$7:$J$41,$AB190)>0,IF(INDEX(Paramètres!$J$7:$J$41,$AB190)<=INDEX(Paramètres!$K$7:$K$41,$AB190),AND($AC190>=INDEX(Paramètres!$J$7:$J$41,$AB190),$AC190<=INDEX(Paramètres!$K$7:$K$41,$AB190)),OR($AC190>=INDEX(Paramètres!$J$7:$J$41,$AB190),$AC190<=INDEX(Paramètres!$K$7:$K$41,$AB190)))),AND(INDEX(Paramètres!$L$7:$L$41,$AB190)>0,IF(INDEX(Paramètres!$L$7:$L$41,$AB190)<=INDEX(Paramètres!$M$7:$M$41,$AB190),AND($AC190>=INDEX(Paramètres!$L$7:$L$41,$AB190),$AC190<=INDEX(Paramètres!$M$7:$M$41,$AB190)),OR($AC190>=INDEX(Paramètres!$L$7:$L$41,$AB190),$AC190<=INDEX(Paramètres!$M$7:$M$41,$AB190))))),1,0))","v":0},{"$f":"IF($X190=\"\",0,IF(INDEX(Fertilisants!$C$6:$C$45,$X190)=\"Oui\",1,0))","v":0},"","","",""]
[{"$f":"IF(B191=\"\",\"\",COUNT($B$6:B191))","v":""},null,null,{"$f":"IF($W191=\"\",\"\",INDEX(Îlots!$N$6:$N$65,$W191))","v":""},null,null,{"$f":"IF($X191=\"\",\"\",INDEX(Fertilisants!$B$6:$B$45,$X191))","v":""},null,null,{"$f":"IF($X191=\"\",\"\",INDEX(Fertilisants!$D$6:$D$45,$X191))","v":""},"",{"$f":"IF(OR($I191=\"\",$X191=\"\"),\"\",$I191*N(INDEX(Fertilisants!$E$6:$E$45,$X191)))","v":""},{"$f":"IF(OR($I191=\"\",$X191=\"\"),\"\",$I191*N(INDEX(Fertilisants!$G$6:$G$45,$X191)))","v":""},{"$f":"IF(OR($I191=\"\",$X191=\"\"),\"\",$I191*N(INDEX(Fertilisants!$H$6:$H$45,$X191)))","v":""},{"$f":"IF(OR($I191=\"\",$X191=\"\"),\"\",$I191*N(INDEX(Fertilisants!$I$6:$I$45,$X191)))","v":""},"",{"$nulls":3},"",null,null,{"$f":"IF($C191=\"\",\"\",IFERROR(MATCH($C191,Îlots!$C$6:$C$65,0),\"\"))","v":""},{"$f":"IF($F191=\"\",\"\",IFERROR(MATCH($F191,Fertilisants!$A$6:$A$45,0),\"\"))","v":""},{"$f":"IF($W191=\"\",\"\",INDEX(Îlots!$D$6:$D$65,$W191))","v":""},{"$f":"IF($W191=\"\",\"\",INDEX(Îlots!$F$6:$F$65,$W191))","v":""},{"$f":"IF($W191=\"\",\"\",IF($E191=ApportCouvert,OccCouvert,INDEX(Îlots!$O$6:$O$65,$W191)))","v":""},{"$f":"IF(OR($AA191=\"\",$G191=\"\",$Z191=\"Non\"),\"\",IFERROR(MATCH($AA191&\" | \"&$G191,Paramètres!$I$7:$I$41,0),\"\"))","v":""},"",{"$f":"IF(OR($AB191=\"\",$AC191=\"\"),0,IF(OR(AND(INDEX(Paramètres!$J$7:$J$41,$AB191)>0,IF(INDEX(Paramètres!$J$7:$J$41,$AB191)<=INDEX(Paramètres!$K$7:$K$41,$AB191),AND($AC191>=INDEX(Paramètres!$J$7:$J$41,$AB191),$AC191<=INDEX(Paramètres!$K$7:$K$41,$AB191)),OR($AC191>=INDEX(Paramètres!$J$7:$J$41,$AB191),$AC191<=INDEX(Paramètres!$K$7:$K$41,$AB191)))),AND(INDEX(Paramètres!$L$7:$L$41,$AB191)>0,IF(INDEX(Paramètres!$L$7:$L$41,$AB191)<=INDEX(Paramètres!$M$7:$M$41,$AB191),AND($AC191>=INDEX(Paramètres!$L$7:$L$41,$AB191),$AC191<=INDEX(Paramètres!$M$7:$M$41,$AB191)),OR($AC191>=INDEX(Paramètres!$L$7:$L$41,$AB191),$AC191<=INDEX(Paramètres!$M$7:$M$41,$AB191))))),1,0))","v":0},{"$f":"IF($X191=\"\",0,IF(INDEX(Fertilisants!$C$6:$C$45,$X191)=\"Oui\",1,0))","v":0},"","","",""]
[{"$f":"IF(B192=\"\",\"\",COUNT($B$6:B192))","v":""},null,null,{"$f":"IF($W192=\"\",\"\",INDEX(Îlots!$N$6:$N$65,$W192))","v":""},null,null,{"$f":"IF($X192=\"\",\"\",INDEX(Fertilisants!$B$6:$B$45,$X192))","v":""},null,null,{"$f":"IF($X192=\"\",\"\",INDEX(Fertilisants!$D$6:$D$45,$X192))","v":""},"",{"$f":"IF(OR($I192=\"\",$X192=\"\"),\"\",$I192*N(INDEX(Fertilisants!$E$6:$E$45,$X192)))","v":""},{"$f":"IF(OR($I192=\"\",$X192=\"\"),\"\",$I192*N(INDEX(Fertilisants!$G$6:$G$45,$X192)))","v":""},{"$f":"IF(OR($I192=\"\",$X192=\"\"),\"\",$I192*N(INDEX(Fertilisants!$H$6:$H$45,$X192)))","v":""},{"$f":"IF(OR($I192=\"\",$X192=\"\"),\"\",$I192*N(INDEX(Fertilisants!$I$6:$I$45,$X192)))","v":""},"",{"$nulls":3},"",null,null,{"$f":"IF($C192=\"\",\"\",IFERROR(MATCH($C192,Îlots!$C$6:$C$65,0),\"\"))","v":""},{"$f":"IF($F192=\"\",\"\",IFERROR(MATCH($F192,Fertilisants!$A$6:$A$45,0),\"\"))","v":""},{"$f":"IF($W192=\"\",\"\",INDEX(Îlots!$D$6:$D$65,$W192))","v":""},{"$f":"IF($W192=\"\",\"\",INDEX(Îlots!$F$6:$F$65,$W192))","v":""},{"$f":"IF($W192=\"\",\"\",IF($E192=ApportCouvert,OccCouvert,INDEX(Îlots!$O$6:$O$65,$W192)))","v":""},{"$f":"IF(OR($AA192=\"\",$G192=\"\",$Z192=\"Non\"),\"\",IFERROR(MATCH($AA192&\" | \"&$G192,Paramètres!$I$7:$I$41,0),\"\"))","v":""},"",{"$f":"IF(OR($AB192=\"\",$AC192=\"\"),0,IF(OR(AND(INDEX(Paramètres!$J$7:$J$41,$AB192)>0,IF(INDEX(Paramètres!$J$7:$J$41,$AB192)<=INDEX(Paramètres!$K$7:$K$41,$AB192),AND($AC192>=INDEX(Paramètres!$J$7:$J$41,$AB192),$AC192<=INDEX(Paramètres!$K$7:$K$41,$AB192)),OR($AC192>=INDEX(Paramètres!$J$7:$J$41,$AB192),$AC192<=INDEX(Paramètres!$K$7:$K$41,$AB192)))),AND(INDEX(Paramètres!$L$7:$L$41,$AB192)>0,IF(INDEX(Paramètres!$L$7:$L$41,$AB192)<=INDEX(Paramètres!$M$7:$M$41,$AB192),AND($AC192>=INDEX(Paramètres!$L$7:$L$41,$AB192),$AC192<=INDEX(Paramètres!$M$7:$M$41,$AB192)),OR($AC192>=INDEX(Paramètres!$L$7:$L$41,$AB192),$AC192<=INDEX(Paramètres!$M$7:$M$41,$AB192))))),1,0))","v":0},{"$f":"IF($X192=\"\",0,IF(INDEX(Fertilisants!$C$6:$C$45,$X192)=\"Oui\",1,0))","v":0},"","","",""]
[{"$f":"IF(B193=\"\",\"\",COUNT($B$6:B193))","v":""},null,null,{"$f":"IF($W193=\"\",\"\",INDEX(Îlots!$N$6:$N$65,$W193))","v":""},null,null,{"$f":"IF($X193=\"\",\"\",INDEX(Fertilisants!$B$6:$B$45,$X193))","v":""},null,null,{"$f":"IF($X193=\"\",\"\",INDEX(Fertilisants!$D$6:$D$45,$X193))","v":""},"",{"$f":"IF(OR($I193=\"\",$X193=\"\"),\"\",$I193*N(INDEX(Fertilisants!$E$6:$E$45,$X193)))","v":""},{"$f":"IF(OR($I193=\"\",$X193=\"\"),\"\",$I193*N(INDEX(Fertilisants!$G$6:$G$45,$X193)))","v":""},{"$f":"IF(OR($I193=\"\",$X193=\"\"),\"\",$I193*N(INDEX(Fertilisants!$H$6:$H$45,$X193)))","v":""},{"$f":"IF(OR($I193=\"\",$X193=\"\"),\"\",$I193*N(INDEX(Fertilisants!$I$6:$I$45,$X193)))","v":""},"",{"$nulls":3},"",null,null,{"$f":"IF($C193=\"\",\"\",IFERROR(MATCH($C193,Îlots!$C$6:$C$65,0),\"\"))","v":""},{"$f":"IF($F193=\"\",\"\",IFERROR(MATCH($F193,Fertilisants!$A$6:$A$45,0),\"\"))","v":""},{"$f":"IF($W193=\"\",\"\",INDEX(Îlots!$D$6:$D$65,$W193))","v":""},{"$f":"IF($W193=\"\",\"\",INDEX(Îlots!$F$6:$F$65,$W193))","v":""},{"$f":"IF($W193=\"\",\"\",IF($E193=ApportCouvert,OccCouvert,INDEX(Îlots!$O$6:$O$65,$W193)))","v":""},{"$f":"IF(OR($AA193=\"\",$G193=\"\",$Z193=\"Non\"),\"\",IFERROR(MATCH($AA193&\" | \"&$G193,Paramètres!$I$7:$I$41,0),\"\"))","v":""},"",{"$f":"IF(OR($AB193=\"\",$AC193=\"\"),0,IF(OR(AND(INDEX(Paramètres!$J$7:$J$41,$AB193)>0,IF(INDEX(Paramètres!$J$7:$J$41,$AB193)<=INDEX(Paramètres!$K$7:$K$41,$AB193),AND($AC193>=INDEX(Paramètres!$J$7:$J$41,$AB193),$AC193<=INDEX(Paramètres!$K$7:$K$41,$AB193)),OR($AC193>=INDEX(Paramètres!$J$7:$J$41,$AB193),$AC193<=INDEX(Paramètres!$K$7:$K$41,$AB193)))),AND(INDEX(Paramètres!$L$7:$L$41,$AB193)>0,IF(INDEX(Paramètres!$L$7:$L$41,$AB193)<=INDEX(Paramètres!$M$7:$M$41,$AB193),AND($AC193>=INDEX(Paramètres!$L$7:$L$41,$AB193),$AC193<=INDEX(Paramètres!$M$7:$M$41,$AB193)),OR($AC193>=INDEX(Paramètres!$L$7:$L$41,$AB193),$AC193<=INDEX(Paramètres!$M$7:$M$41,$AB193))))),1,0))","v":0},{"$f":"IF($X193=\"\",0,IF(INDEX(Fertilisants!$C$6:$C$45,$X193)=\"Oui\",1,0))","v":0},"","","",""]
[{"$f":"IF(B194=\"\",\"\",COUNT($B$6:B194))","v":""},null,null,{"$f":"IF($W194=\"\",\"\",INDEX(Îlots!$N$6:$N$65,$W194))","v":""},null,null,{"$f":"IF($X194=\"\",\"\",INDEX(Fertilisants!$B$6:$B$45,$X194))","v":""},null,null,{"$f":"IF($X194=\"\",\"\",INDEX(Fertilisants!$D$6:$D$45,$X194))","v":""},"",{"$f":"IF(OR($I194=\"\",$X194=\"\"),\"\",$I194*N(INDEX(Fertilisants!$E$6:$E$45,$X194)))","v":""},{"$f":"IF(OR($I194=\"\",$X194=\"\"),\"\",$I194*N(INDEX(Fertilisants!$G$6:$G$45,$X194)))","v":""},{"$f":"IF(OR($I194=\"\",$X194=\"\"),\"\",$I194*N(INDEX(Fertilisants!$H$6:$H$45,$X194)))","v":""},{"$f":"IF(OR($I194=\"\",$X194=\"\"),\"\",$I194*N(INDEX(Fertilisants!$I$6:$I$45,$X194)))","v":""},"",{"$nulls":3},"",null,null,{"$f":"IF($C194=\"\",\"\",IFERROR(MATCH($C194,Îlots!$C$6:$C$65,0),\"\"))","v":""},{"$f":"IF($F194=\"\",\"\",IFERROR(MATCH($F194,Fertilisants!$A$6:$A$45,0),\"\"))","v":""},{"$f":"IF($W194=\"\",\"\",INDEX(Îlots!$D$6:$D$65,$W194))","v":""},{"$f":"IF($W194=\"\",\"\",INDEX(Îlots!$F$6:$F$65,$W194))","v":""},{"$f":"IF($W194=\"\",\"\",IF($E194=ApportCouvert,OccCouvert,INDEX(Îlots!$O$6:$O$65,$W194)))","v":""},{"$f":"IF(OR($AA194=\"\",$G194=\"\",$Z194=\"Non\"),\"\",IFERROR(MATCH($AA194&\" | \"&$G194,Paramètres!$I$7:$I$41,0),\"\"))","v":""},"",{"$f":"IF(OR($AB194=\"\",$AC194=\"\"),0,IF(OR(AND(INDEX(Paramètres!$J$7:$J$41,$AB194)>0,IF(INDEX(Paramètres!$J$7:$J$41,$AB194)<=INDEX(Paramètres!$K$7:$K$41,$AB194),AND($AC194>=INDEX(Paramètres!$J$7:$J$41,$AB194),$AC194<=INDEX(Paramètres!$K$7:$K$41,$AB194)),OR($AC194>=INDEX(Paramètres!$J$7:$J$41,$AB194),$AC194<=INDEX(Paramètres!$K$7:$K$41,$AB194)))),AND(INDEX(Paramètres!$L$7:$L$41,$AB194)>0,IF(INDEX(Paramètres!$L$7:$L$41,$AB194)<=INDEX(Paramètres!$M$7:$M$41,$AB194),AND($AC194>=INDEX(Paramètres!$L$7:$L$41,$AB194),$AC194<=INDEX(Paramètres!$M$7:$M$41,$AB194)),OR($AC194>=INDEX(Paramètres!$L$7:$L$41,$AB194),$AC194<=INDEX(Paramètres!$M$7:$M$41,$AB194))))),1,0))","v":0},{"$f":"IF($X194=\"\",0,IF(INDEX(Fertilisants!$C$6:$C$45,$X194)=\"Oui\",1,0))","v":0},"","","",""]
[{"$f":"IF(B195=\"\",\"\",COUNT($B$6:B195))","v":""},null,null,{"$f":"IF($W195=\"\",\"\",INDEX(Îlots!$N$6:$N$65,$W195))","v":""},null,null,{"$f":"IF($X195=\"\",\"\",INDEX(Fertilisants!$B$6:$B$45,$X195))","v":""},null,null,{"$f":"IF($X195=\"\",\"\",INDEX(Fertilisants!$D$6:$D$45,$X195))","v":""},"",{"$f":"IF(OR($I195=\"\",$X195=\"\"),\"\",$I195*N(INDEX(Fertilisants!$E$6:$E$45,$X195)))","v":""},{"$f":"IF(OR($I195=\"\",$X195=\"\"),\"\",$I195*N(INDEX(Fertilisants!$G$6:$G$45,$X195)))","v":""},{"$f":"IF(OR($I195=\"\",$X195=\"\"),\"\",$I195*N(INDEX(Fertilisants!$H$6:$H$45,$X195)))","v":""},{"$f":"IF(OR($I195=\"\",$X195=\"\"),\"\",$I195*N(INDEX(Fertilisants!$I$6:$I$45,$X195)))","v":""},"",{"$nulls":3},"",null,null,{"$f":"IF($C195=\"\",\"\",IFERROR(MATCH($C195,Îlots!$C$6:$C$65,0),\"\"))","v":""},{"$f":"IF($F195=\"\",\"\",IFERROR(MATCH($F195,Fertilisants!$A$6:$A$45,0),\"\"))","v":""},{"$f":"IF($W195=\"\",\"\",INDEX(Îlots!$D$6:$D$65,$W195))","v":""},{"$f":"IF($W195=\"\",\"\",INDEX(Îlots!$F$6:$F$65,$W195))","v":""},{"$f":"IF($W195=\"\",\"\",IF($E195=ApportCouvert,OccCouvert,INDEX(Îlots!$O$6:$O$65,$W195)))","v":""},{"$f":"IF(OR($AA195=\"\",$G195=\"\",$Z195=\"Non\"),\"\",IFERROR(MATCH($AA195&\" | \"&$G195,Paramètres!$I$7:$I$41,0),\"\"))","v":""},"",{"$f":"IF(OR($AB195=\"\",$AC195=\"\"),0,IF(OR(AND(INDEX(Paramètres!$J$7:$J$41,$AB195)>0,IF(INDEX(Paramètres!$J$7:$J$41,$AB195)<=INDEX(Paramètres!$K$7:$K$41,$AB195),AND($AC195>=INDEX(Paramètres!$J$7:$J$41,$AB195),$AC195<=INDEX(Paramètres!$K$7:$K$41,$AB195)),OR($AC195>=INDEX(Paramètres!$J$7:$J$41,$AB195),$AC195<=INDEX(Paramètres!$K$7:$K$41,$AB195)))),AND(INDEX(Paramètres!$L$7:$L$41,$AB195)>0,IF(INDEX(Paramètres!$L$7:$L$41,$AB195)<=INDEX(Paramètres!$M$7:$M$41,$AB195),AND($AC195>=INDEX(Paramètres!$L$7:$L$41,$AB195),$AC195<=INDEX(Paramètres!$M$7:$M$41,$AB195)),OR($AC195>=INDEX(Paramètres!$L$7:$L$41,$AB195),$AC195<=INDEX(Paramètres!$M$7:$M$41,$AB195))))),1,0))","v":0},{"$f":"IF($X195=\"\",0,IF(INDEX(Fertilisants!$C$6:$C$45,$X195)=\"Oui\",1,0))","v":0},"","","",""]
[{"$f":"IF(B196=\"\",\"\",COUNT($B$6:B196))","v":""},null,null,{"$f":"IF($W196=\"\",\"\",INDEX(Îlots!$N$6:$N$65,$W196))","v":""},null,null,{"$f":"IF($X196=\"\",\"\",INDEX(Fertilisants!$B$6:$B$45,$X196))","v":""},null,null,{"$f":"IF($X196=\"\",\"\",INDEX(Fertilisants!$D$6:$D$45,$X196))","v":""},"",{"$f":"IF(OR($I196=\"\",$X196=\"\"),\"\",$I196*N(INDEX(Fertilisants!$E$6:$E$45,$X196)))","v":""},{"$f":"IF(OR($I196=\"\",$X196=\"\"),\"\",$I196*N(INDEX(Fertilisants!$G$6:$G$45,$X196)))","v":""},{"$f":"IF(OR($I196=\"\",$X196=\"\"),\"\",$I196*N(INDEX(Fertilisants!$H$6:$H$45,$X196)))","v":""},{"$f":"IF(OR($I196=\"\",$X196=\"\"),\"\",$I196*N(INDEX(Fertilisants!$I$6:$I$45,$X196)))","v":""},"",{"$nulls":3},"",null,null,{"$f":"IF($C196=\"\",\"\",IFERROR(MATCH($C196,Îlots!$C$6:$C$65,0),\"\"))","v":""},{"$f":"IF($F196=\"\",\"\",IFERROR(MATCH($F196,Fertilisants!$A$6:$A$45,0),\"\"))","v":""},{"$f":"IF($W196=\"\",\"\",INDEX(Îlots!$D$6:$D$65,$W196))","v":""},{"$f":"IF($W196=\"\",\"\",INDEX(Îlots!$F$6:$F$65,$W196))","v":""},{"$f":"IF($W196=\"\",\"\",IF($E196=ApportCouvert,OccCouvert,INDEX(Îlots!$O$6:$O$65,$W196)))","v":""},{"$f":"IF(OR($AA196=\"\",$G196=\"\",$Z196=\"Non\"),\"\",IFERROR(MATCH($AA196&\" | \"&$G196,Paramètres!$I$7:$I$41,0),\"\"))","v":""},"",{"$f":"IF(OR($AB196=\"\",$AC196=\"\"),0,IF(OR(AND(INDEX(Paramètres!$J$7:$J$41,$AB196)>0,IF(INDEX(Paramètres!$J$7:$J$41,$AB196)<=INDEX(Paramètres!$K$7:$K$41,$AB196),AND($AC196>=INDEX(Paramètres!$J$7:$J$41,$AB196),$AC196<=INDEX(Paramètres!$K$7:$K$41,$AB196)),OR($AC196>=INDEX(Paramètres!$J$7:$J$41,$AB196),$AC196<=INDEX(Paramètres!$K$7:$K$41,$AB196)))),AND(INDEX(Paramètres!$L$7:$L$41,$AB196)>0,IF(INDEX(Paramètres!$L$7:$L$41,$AB196)<=INDEX(Paramètres!$M$7:$M$41,$AB196),AND($AC196>=INDEX(Paramètres!$L$7:$L$41,$AB196),$AC196<=INDEX(Paramètres!$M$7:$M$41,$AB196)),OR($AC196>=INDEX(Paramètres!$L$7:$L$41,$AB196),$AC196<=INDEX(Paramètres!$M$7:$M$41,$AB196))))),1,0))","v":0},{"$f":"IF($X196=\"\",0,IF(INDEX(Fertilisants!$C$6:$C$45,$X196)=\"Oui\",1,0))","v":0},"","","",""]
[{"$f":"IF(B197=\"\",\"\",COUNT($B$6:B197))","v":""},null,null,{"$f":"IF($W197=\"\",\"\",INDEX(Îlots!$N$6:$N$65,$W197))","v":""},null,null,{"$f":"IF($X197=\"\",\"\",INDEX(Fertilisants!$B$6:$B$45,$X197))","v":""},null,null,{"$f":"IF($X197=\"\",\"\",INDEX(Fertilisants!$D$6:$D$45,$X197))","v":""},"",{"$f":"IF(OR($I197=\"\",$X197=\"\"),\"\",$I197*N(INDEX(Fertilisants!$E$6:$E$45,$X197)))","v":""},{"$f":"IF(OR($I197=\"\",$X197=\"\"),\"\",$I197*N(INDEX(Fertilisants!$G$6:$G$45,$X197)))","v":""},{"$f":"IF(OR($I197=\"\",$X197=\"\"),\"\",$I197*N(INDEX(Fertilisants!$H$6:$H$45,$X197)))","v":""},{"$f":"IF(OR($I197=\"\",$X197=\"\"),\"\",$I197*N(INDEX(Fertilisants!$I$6:$I$45,$X197)))","v":""},"",{"$nulls":3},"",null,null,{"$f":"IF($C197=\"\",\"\",IFERROR(MATCH($C197,Îlots!$C$6:$C$65,0),\"\"))","v":""},{"$f":"IF($F197=\"\",\"\",IFERROR(MATCH($F197,Fertilisants!$A$6:$A$45,0),\"\"))","v":""},{"$f":"IF($W197=\"\",\"\",INDEX(Îlots!$D$6:$D$65,$W197))","v":""},{"$f":"IF($W197=\"\",\"\",INDEX(Îlots!$F$6:$F$65,$W197))","v":""},{"$f":"IF($W197=\"\",\"\",IF($E197=ApportCouvert,OccCouvert,INDEX(Îlots!$O$6:$O$65,$W197)))","v":""},{"$f":"IF(OR($AA197=\"\",$G197=\"\",$Z197=\"Non\"),\"\",IFERROR(MATCH($AA197&\" | \"&$G197,Paramètres!$I$7:$I$41,0),\"\"))","v":""},"",{"$f":"IF(OR($AB197=\"\",$AC197=\"\"),0,IF(OR(AND(INDEX(Paramètres!$J$7:$J$41,$AB197)>0,IF(INDEX(Paramètres!$J$7:$J$41,$AB197)<=INDEX(Paramètres!$K$7:$K$41,$AB197),AND($AC197>=INDEX(Paramètres!$J$7:$J$41,$AB197),$AC197<=INDEX(Paramètres!$K$7:$K$41,$AB197)),OR($AC197>=INDEX(Paramètres!$J$7:$J$41,$AB197),$AC197<=INDEX(Paramètres!$K$7:$K$41,$AB197)))),AND(INDEX(Paramètres!$L$7:$L$41,$AB197)>0,IF(INDEX(Paramètres!$L$7:$L$41,$AB197)<=INDEX(Paramètres!$M$7:$M$41,$AB197),AND($AC197>=INDEX(Paramètres!$L$7:$L$41,$AB197),$AC197<=INDEX(Paramètres!$M$7:$M$41,$AB197)),OR($AC197>=INDEX(Paramètres!$L$7:$L$41,$AB197),$AC197<=INDEX(Paramètres!$M$7:$M$41,$AB197))))),1,0))","v":0},{"$f":"IF($X197=\"\",0,IF(INDEX(Fertilisants!$C$6:$C$45,$X197)=\"Oui\",1,0))","v":0},"","","",""]
[{"$f":"IF(B198=\"\",\"\",COUNT($B$6:B198))","v":""},null,null,{"$f":"IF($W198=\"\",\"\",INDEX(Îlots!$N$6:$N$65,$W198))","v":""},null,null,{"$f":"IF($X198=\"\",\"\",INDEX(Fertilisants!$B$6:$B$45,$X198))","v":""},null,null,{"$f":"IF($X198=\"\",\"\",INDEX(Fertilisants!$D$6:$D$45,$X198))","v":""},{"$f":"IF(OR($H198=\"\",$I198=\"\"),\"\",$H198*$I198)","v":""},{"$f":"IF(OR($I198=\"\",$X198=\"\"),\"\",$I198*N(INDEX(Fertilisants!$E$6:$E$45,$X198)))","v":""},{"$f":"IF(OR($I198=\"\",$X198=\"\"),\"\",$I198*N(INDEX(Fertilisants!$G$6:$G$45,$X198)))","v":""},{"$f":"IF(OR($I198=\"\",$X198=\"\"),\"\",$I198*N(INDEX(Fertilisants!$H$6:$H$45,$X198)))","v":""},{"$f":"IF(OR($I198=\"\",$X198=\"\"),\"\",$I198*N(INDEX(Fertilisants!$I$6:$I$45,$X198)))","v":""},{"$f":"IF(OR($H198=\"\",$L198=\"\"),\"\",$H198*$L198)","v":""},{"$nulls":3},{"$f":"IF($B198=\"\",\"\",IF(OR($C198=\"\",$F198=\"\",$H198=\"\",$I198=\"\"),\"À compléter\",IF(OR($Q198=\"Enneigé\",$Q198=\"Détrempé\",$Q198=\"Inondé\",AND($Q198=\"Gelé\",$G198<>\"Type 0\",$G198<>\"Type Ia\")),\"Sol interdit\",IF($AD198=1,\"Période d'interdiction\",IF(AND(ISNUMBER($Y198),ISNUMBER($H198),$H198>$Y198+0.001),\"Surface > îlot\",IF(OR($B198<DebutCampagne,$B198>FinCampagne),\"Hors campagne\",\"Conforme\"))))))","v":""},null,null,{"$f":"IF($C198=\"\",\"\",IFERROR(MATCH($C198,Îlots!$C$6:$C$65,0),\"\"))","v":""},{"$f":"IF($F198=\"\",\"\",IFERROR(MATCH($F198,Fertilisants!$A$6:$A$45,0),\"\"))","v":""},{"$f":"IF($W198=\"\",\"\",INDEX(Îlots!$D$6:$D$65,$W198))","v":""},{"$f":"IF($W198=\"\",\"\",INDEX(Îlots!$F$6:$F$65,$W198))","v":""},{"$f":"IF($W198=\"\",\"\",IF($E198=ApportCouvert,OccCouvert,INDEX(Îlots!$O$6:$O$65,$W198)))","v":""},{"$f":"IF(OR($AA198=\"\",$G198=\"\",$Z198=\"Non\"),\"\",IFERROR(MATCH($AA198&\" | \"&$G198,Paramètres!$I$7:$I$41,0),\"\"))","v":""},{"$f":"IF($B198=\"\",\"\",MONTH($B198)*100+DAY($B198))","v":""},{"$f":"IF(OR($AB198=\"\",$AC198=\"\"),0,IF(OR(AND(INDEX(Paramètres!$J$7:$J$41,$AB198)>0,IF(INDEX(Paramètres!$J$7:$J$41,$AB198)<=INDEX(Paramètres!$K$7:$K$41,$AB198),AND($AC198>=INDEX(Paramètres!$J$7:$J$41,$AB198),$AC198<=INDEX(Paramètres!$K$7:$K$41,$AB198)),OR($AC198>=INDEX(Paramètres!$J$7:$J$41,$AB198),$AC198<=INDEX(Paramètres!$K$7:$K$41,$AB198)))),AND(INDEX(Paramètres!$L$7:$L$41,$AB198)>0,IF(INDEX(Paramètres!$L$7:$L$41,$AB198)<=INDEX(Paramètres!$M$7:$M$41,$AB198),AND($AC198>=INDEX(Paramètres!$L$7:$L$41,$AB198),$AC198<=INDEX(Paramètres!$M$7:$M$41,$AB198)),OR($AC198>=INDEX(Paramètres!$L$7:$L$41,$AB198),$AC198<=INDEX(Paramètres!$M$7:$M$41,$AB198))))),1,0))","v":0},{"$f":"IF($X198=\"\",0,IF(INDEX(Fertilisants!$C$6:$C$45,$X198)=\"Oui\",1,0))","v":0},{"$f":"IF($G198=\"\",\"\",IF($G198=\"Type III\",\"Minéral\",\"Organique\"))","v":""},{"$f":"IF(OR($H198=\"\",$M198=\"\"),\"\",$H198*$M198)","v":""},{"$f":"IF(OR($H198=\"\",$N198=\"\"),\"\",$H198*$N198)","v":""},{"$f":"IF(OR($H198=\"\",$O198=\"\"),\"\",$H198*$O198)","v":""}]
[{"$f":"IF(B199=\"\",\"\",COUNT($B$6:B199))","v":""},null,null,{"$f":"IF($W199=\"\",\"\",INDEX(Îlots!$N$6:$N$65,$W199))","v":""},null,null,{"$f":"IF($X199=\"\",\"\",INDEX(Fertilisants!$B$6:$B$45,$X199))","v":""},null,null,{"$f":"IF($X199=\"\",\"\",INDEX(Fertilisants!$D$6:$D$45,$X199))","v":""},"",{"$f":"IF(OR($I199=\"\",$X199=\"\"),\"\",$I199*N(INDEX(Fertilisants!$E$6:$E$45,$X199)))","v":""},{"$f":"IF(OR($I199=\"\",$X199=\"\"),\"\",$I199*N(INDEX(Fertilisants!$G$6:$G$45,$X199)))","v":""},{"$f":"IF(OR($I199=\"\",$X199=\"\"),\"\",$I199*N(INDEX(Fertilisants!$H$6:$H$45,$X199)))","v":""},{"$f":"IF(OR($I199=\"\",$X199=\"\"),\"\",$I199*N(INDEX(Fertilisants!$I$6:$I$45,$X199)))","v":""},"",{"$nulls":3},"",null,null,{"$f":"IF($C199=\"\",\"\",IFERROR(MATCH($C199,Îlots!$C$6:$C$65,0),\"\"))","v":""},{"$f":"IF($F199=\"\",\"\",IFERROR(MATCH($F199,Fertilisants!$A$6:$A$45,0),\"\"))","v":""},{"$f":"IF($W199=\"\",\"\",INDEX(Îlots!$D$6:$D$65,$W199))","v":""},{"$f":"IF($W199=\"\",\"\",INDEX(Îlots!$F$6:$F$65,$W199))","v":""},{"$f":"IF($W199=\"\",\"\",IF($E199=ApportCouvert,OccCouvert,INDEX(Îlots!$O$6:$O$65,$W199)))","v":""},{"$f":"IF(OR($AA199=\"\",$G199=\"\",$Z199=\"Non\"),\"\",IFERROR(MATCH($AA199&\" | \"&$G199,Paramètres!$I$7:$I$41,0),\"\"))","v":""},"",{"$f":"IF(OR($AB199=\"\",$AC199=\"\"),0,IF(OR(AND(INDEX(Paramètres!$J$7:$J$41,$AB199)>0,IF(INDEX(Paramètres!$J$7:$J$41,$AB199)<=INDEX(Paramètres!$K$7:$K$41,$AB199),AND($AC199>=INDEX(Paramètres!$J$7:$J$41,$AB199),$AC199<=INDEX(Paramètres!$K$7:$K$41,$AB199)),OR($AC199>=INDEX(Paramètres!$J$7:$J$41,$AB199),$AC199<=INDEX(Paramètres!$K$7:$K$41,$AB199)))),AND(INDEX(Paramètres!$L$7:$L$41,$AB199)>0,IF(INDEX(Paramètres!$L$7:$L$41,$AB199)<=INDEX(Paramètres!$M$7:$M$41,$AB199),AND($AC199>=INDEX(Paramètres!$L$7:$L$41,$AB199),$AC199<=INDEX(Paramètres!$M$7:$M$41,$AB199)),OR($AC199>=INDEX(Paramètres!$L$7:$L$41,$AB199),$AC199<=INDEX(Paramètres!$M$7:$M$41,$AB199))))),1,0))","v":0},{"$f":"IF($X199=\"\",0,IF(INDEX(Fertilisants!$C$6:$C$45,$X199)=\"Oui\",1,0))","v":0},"","","",""]
[{"$f":"IF(B200=\"\",\"\",COUNT($B$6:B200))","v":""},null,null,{"$f":"IF($W200=\"\",\"\",INDEX(Îlots!$N$6:$N$65,$W200))","v":""},null,null,{"$f":"IF($X200=\"\",\"\",INDEX(Fertilisants!$B$6:$B$45,$X200))","v":""},null,null,{"$f":"IF($X200=\"\",\"\",INDEX(Fertilisants!$D$6:$D$45,$X200))","v":""},"",{"$f":"IF(OR($I200=\"\",$X200=\"\"),\"\",$I200*N(INDEX(Fertilisants!$E$6:$E$45,$X200)))","v":""},{"$f":"IF(OR($I200=\"\",$X200=\"\"),\"\",$I200*N(INDEX(Fertilisants!$G$6:$G$45,$X200)))","v":""},{"$f":"IF(OR($I200=\"\",$X200=\"\"),\"\",$I200*N(INDEX(Fertilisants!$H$6:$H$45,$X200)))","v":""},{"$f":"IF(OR($I200=\"\",$X200=\"\"),\"\",$I200*N(INDEX(Fertilisants!$I$6:$I$45,$X200)))","v":""},"",{"$nulls":3},"",null,null,{"$f":"IF($C200=\"\",\"\",IFERROR(MATCH($C200,Îlots!$C$6:$C$65,0),\"\"))","v":""},{"$f":"IF($F200=\"\",\"\",IFERROR(MATCH($F200,Fertilisants!$A$6:$A$45,0),\"\"))","v":""},{"$f":"IF($W200=\"\",\"\",INDEX(Îlots!$D$6:$D$65,$W200))","v":""},{"$f":"IF($W200=\"\",\"\",INDEX(Îlots!$F$6:$F$65,$W200))","v":""},{"$f":"IF($W200=\"\",\"\",IF($E200=ApportCouvert,OccCouvert,INDEX(Îlots!$O$6:$O$65,$W200)))","v":""},{"$f":"IF(OR($AA200=\"\",$G200=\"\",$Z200=\"Non\"),\"\",IFERROR(MATCH($AA200&\" | \"&$G200,Paramètres!$I$7:$I$41,0),\"\"))","v":""},"",{"$f":"IF(OR($AB200=\"\",$AC200=\"\"),0,IF(OR(AND(INDEX(Paramètres!$J$7:$J$41,$AB200)>0,IF(INDEX(Paramètres!$J$7:$J$41,$AB200)<=INDEX(Paramètres!$K$7:$K$41,$AB200),AND($AC200>=INDEX(Paramètres!$J$7:$J$41,$AB200),$AC200<=INDEX(Paramètres!$K$7:$K$41,$AB200)),OR($AC200>=INDEX(Paramètres!$J$7:$J$41,$AB200),$AC200<=INDEX(Paramètres!$K$7:$K$41,$AB200)))),AND(INDEX(Paramètres!$L$7:$L$41,$AB200)>0,IF(INDEX(Paramètres!$L$7:$L$41,$AB200)<=INDEX(Paramètres!$M$7:$M$41,$AB200),AND($AC200>=INDEX(Paramètres!$L$7:$L$41,$AB200),$AC200<=INDEX(Paramètres!$M$7:$M$41,$AB200)),OR($AC200>=INDEX(Paramètres!$L$7:$L$41,$AB200),$AC200<=INDEX(Paramètres!$M$7:$M$41,$AB200))))),1,0))","v":0},{"$f":"IF($X200=\"\",0,IF(INDEX(Fertilisants!$C$6:$C$45,$X200)=\"Oui\",1,0))","v":0},"","","",""]
[{"$f":"IF(B201=\"\",\"\",COUNT($B$6:B201))","v":""},null,null,{"$f":"IF($W201=\"\",\"\",INDEX(Îlots!$N$6:$N$65,$W201))","v":""},null,null,{"$f":"IF($X201=\"\",\"\",INDEX(Fertilisants!$B$6:$B$45,$X201))","v":""},null,null,{"$f":"IF($X201=\"\",\"\",INDEX(Fertilisants!$D$6:$D$45,$X201))","v":""},"",{"$f":"IF(OR($I201=\"\",$X201=\"\"),\"\",$I201*N(INDEX(Fertilisants!$E$6:$E$45,$X201)))","v":""},{"$f":"IF(OR($I201=\"\",$X201=\"\"),\"\",$I201*N(INDEX(Fertilisants!$G$6:$G$45,$X201)))","v":""},{"$f":"IF(OR($I201=\"\",$X201=\"\"),\"\",$I201*N(INDEX(Fertilisants!$H$6:$H$45,$X201)))","v":""},{"$f":"IF(OR($I201=\"\",$X201=\"\"),\"\",$I201*N(INDEX(Fertilisants!$I$6:$I$45,$X201)))","v":""},"",{"$nulls":3},"",null,null,{"$f":"IF($C201=\"\",\"\",IFERROR(MATCH($C201,Îlots!$C$6:$C$65,0),\"\"))","v":""},{"$f":"IF($F201=\"\",\"\",IFERROR(MATCH($F201,Fertilisants!$A$6:$A$45,0),\"\"))","v":""},{"$f":"IF($W201=\"\",\"\",INDEX(Îlots!$D$6:$D$65,$W201))","v":""},{"$f":"IF($W201=\"\",\"\",INDEX(Îlots!$F$6:$F$65,$W201))","v":""},{"$f":"IF($W201=\"\",\"\",IF($E201=ApportCouvert,OccCouvert,INDEX(Îlots!$O$6:$O$65,$W201)))","v":""},{"$f":"IF(OR($AA201=\"\",$G201=\"\",$Z201=\"Non\"),\"\",IFERROR(MATCH($AA201&\" | \"&$G201,Paramètres!$I$7:$I$41,0),\"\"))","v":""},"",{"$f":"IF(OR($AB201=\"\",$AC201=\"\"),0,IF(OR(AND(INDEX(Paramètres!$J$7:$J$41,$AB201)>0,IF(INDEX(Paramètres!$J$7:$J$41,$AB201)<=INDEX(Paramètres!$K$7:$K$41,$AB201),AND($AC201>=INDEX(Paramètres!$J$7:$J$41,$AB201),$AC201<=INDEX(Paramètres!$K$7:$K$41,$AB201)),OR($AC201>=INDEX(Paramètres!$J$7:$J$41,$AB201),$AC201<=INDEX(Paramètres!$K$7:$K$41,$AB201)))),AND(INDEX(Paramètres!$L$7:$L$41,$AB201)>0,IF(INDEX(Paramètres!$L$7:$L$41,$AB201)<=INDEX(Paramètres!$M$7:$M$41,$AB201),AND($AC201>=INDEX(Paramètres!$L$7:$L$41,$AB201),$AC201<=INDEX(Paramètres!$M$7:$M$41,$AB201)),OR($AC201>=INDEX(Paramètres!$L$7:$L$41,$AB201),$AC201<=INDEX(Paramètres!$M$7:$M$41,$AB201))))),1,0))","v":0},{"$f":"IF($X201=\"\",0,IF(INDEX(Fertilisants!$C$6:$C$45,$X201)=\"Oui\",1,0))","v":0},"","","",""]
[{"$f":"IF(B202=\"\",\"\",COUNT($B$6:B202))","v":""},null,null,{"$f":"IF($W202=\"\",\"\",INDEX(Îlots!$N$6:$N$65,$W202))","v":""},null,null,{"$f":"IF($X202=\"\",\"\",INDEX(Fertilisants!$B$6:$B$45,$X202))","v":""},null,null,{"$f":"IF($X202=\"\",\"\",INDEX(Fertilisants!$D$6:$D$45,$X202))","v":""},"",{"$f":"IF(OR($I202=\"\",$X202=\"\"),\"\",$I202*N(INDEX(Fertilisants!$E$6:$E$45,$X202)))","v":""},{"$f":"IF(OR($I202=\"\",$X202=\"\"),\"\",$I202*N(INDEX(Fertilisants!$G$6:$G$45,$X202)))","v":""},{"$f":"IF(OR($I202=\"\",$X202=\"\"),\"\",$I202*N(INDEX(Fertilisants!$H$6:$H$45,$X202)))","v":""},{"$f":"IF(OR($I202=\"\",$X202=\"\"),\"\",$I202*N(INDEX(Fertilisants!$I$6:$I$45,$X202)))","v":""},"",{"$nulls":3},"",null,null,{"$f":"IF($C202=\"\",\"\",IFERROR(MATCH($C202,Îlots!$C$6:$C$65,0),\"\"))","v":""},{"$f":"IF($F202=\"\",\"\",IFERROR(MATCH($F202,Fertilisants!$A$6:$A$45,0),\"\"))","v":""},{"$f":"IF($W202=\"\",\"\",INDEX(Îlots!$D$6:$D$65,$W202))","v":""},{"$f":"IF($W202=\"\",\"\",INDEX(Îlots!$F$6:$F$65,$W202))","v":""},{"$f":"IF($W202=\"\",\"\",IF($E202=ApportCouvert,OccCouvert,INDEX(Îlots!$O$6:$O$65,$W202)))","v":""},{"$f":"IF(OR($AA202=\"\",$G202=\"\",$Z202=\"Non\"),\"\",IFERROR(MATCH($AA202&\" | \"&$G202,Paramètres!$I$7:$I$41,0),\"\"))","v":""},"",{"$f":"IF(OR($AB202=\"\",$AC202=\"\"),0,IF(OR(AND(INDEX(Paramètres!$J$7:$J$41,$AB202)>0,IF(INDEX(Paramètres!$J$7:$J$41,$AB202)<=INDEX(Paramètres!$K$7:$K$41,$AB202),AND($AC202>=INDEX(Paramètres!$J$7:$J$41,$AB202),$AC202<=INDEX(Paramètres!$K$7:$K$41,$AB202)),OR($AC202>=INDEX(Paramètres!$J$7:$J$41,$AB202),$AC202<=INDEX(Paramètres!$K$7:$K$41,$AB202)))),AND(INDEX(Paramètres!$L$7:$L$41,$AB202)>0,IF(INDEX(Paramètres!$L$7:$L$41,$AB202)<=INDEX(Paramètres!$M$7:$M$41,$AB202),AND($AC202>=INDEX(Paramètres!$L$7:$L$41,$AB202),$AC202<=INDEX(Paramètres!$M$7:$M$41,$AB202)),OR($AC202>=INDEX(Paramètres!$L$7:$L$41,$AB202),$AC202<=INDEX(Paramètres!$M$7:$M$41,$AB202))))),1,0))","v":0},{"$f":"IF($X202=\"\",0,IF(INDEX(Fertilisants!$C$6:$C$45,$X202)=\"Oui\",1,0))","v":0},"","","",""]
[{"$f":"IF(B203=\"\",\"\",COUNT($B$6:B203))","v":""},null,null,{"$f":"IF($W203=\"\",\"\",INDEX(Îlots!$N$6:$N$65,$W203))","v":""},null,null,{"$f":"IF($X203=\"\",\"\",INDEX(Fertilisants!$B$6:$B$45,$X203))","v":""},null,null,{"$f":"IF($X203=\"\",\"\",INDEX(Fertilisants!$D$6:$D$45,$X203))","v":""},"",{"$f":"IF(OR($I203=\"\",$X203=\"\"),\"\",$I203*N(INDEX(Fertilisants!$E$6:$E$45,$X203)))","v":""},{"$f":"IF(OR($I203=\"\",$X203=\"\"),\"\",$I203*N(INDEX(Fertilisants!$G$6:$G$45,$X203)))","v":""},{"$f":"IF(OR($I203=\"\",$X203=\"\"),\"\",$I203*N(INDEX(Fertilisants!$H$6:$H$45,$X203)))","v":""},{"$f":"IF(OR($I203=\"\",$X203=\"\"),\"\",$I203*N(INDEX(Fertilisants!$I$6:$I$45,$X203)))","v":""},"",{"$nulls":3},"",null,null,{"$f":"IF($C203=\"\",\"\",IFERROR(MATCH($C203,Îlots!$C$6:$C$65,0),\"\"))","v":""},{"$f":"IF($F203=\"\",\"\",IFERROR(MATCH($F203,Fertilisants!$A$6:$A$45,0),\"\"))","v":""},{"$f":"IF($W203=\"\",\"\",INDEX(Îlots!$D$6:$D$65,$W203))","v":""},{"$f":"IF($W203=\"\",\"\",INDEX(Îlots!$F$6:$F$65,$W203))","v":""},{"$f":"IF($W203=\"\",\"\",IF($E203=ApportCouvert,OccCouvert,INDEX(Îlots!$O$6:$O$65,$W203)))","v":""},{"$f":"IF(OR($AA203=\"\",$G203=\"\",$Z203=\"Non\"),\"\",IFERROR(MATCH($AA203&\" | \"&$G203,Paramètres!$I$7:$I$41,0),\"\"))","v":""},"",{"$f":"IF(OR($AB203=\"\",$AC203=\"\"),0,IF(OR(AND(INDEX(Paramètres!$J$7:$J$41,$AB203)>0,IF(INDEX(Paramètres!$J$7:$J$41,$AB203)<=INDEX(Paramètres!$K$7:$K$41,$AB203),AND($AC203>=INDEX(Paramètres!$J$7:$J$41,$AB203),$AC203<=INDEX(Paramètres!$K$7:$K$41,$AB203)),OR($AC203>=INDEX(Paramètres!$J$7:$J$41,$AB203),$AC203<=INDEX(Paramètres!$K$7:$K$41,$AB203)))),AND(INDEX(Paramètres!$L$7:$L$41,$AB203)>0,IF(INDEX(Paramètres!$L$7:$L$41,$AB203)<=INDEX(Paramètres!$M$7:$M$41,$AB203),AND($AC203>=INDEX(Paramètres!$L$7:$L$41,$AB203),$AC203<=INDEX(Paramètres!$M$7:$M$41,$AB203)),OR($AC203>=INDEX(Paramètres!$L$7:$L$41,$AB203),$AC203<=INDEX(Paramètres!$M$7:$M$41,$AB203))))),1,0))","v":0},{"$f":"IF($X203=\"\",0,IF(INDEX(Fertilisants!$C$6:$C$45,$X203)=\"Oui\",1,0))","v":0},"","","",""]
[{"$f":"IF(B204=\"\",\"\",COUNT($B$6:B204))","v":""},null,null,{"$f":"IF($W204=\"\",\"\",INDEX(Îlots!$N$6:$N$65,$W204))","v":""},null,null,{"$f":"IF($X204=\"\",\"\",INDEX(Fertilisants!$B$6:$B$45,$X204))","v":""},null,null,{"$f":"IF($X204=\"\",\"\",INDEX(Fertilisants!$D$6:$D$45,$X204))","v":""},"",{"$f":"IF(OR($I204=\"\",$X204=\"\"),\"\",$I204*N(INDEX(Fertilisants!$E$6:$E$45,$X204)))","v":""},{"$f":"IF(OR($I204=\"\",$X204=\"\"),\"\",$I204*N(INDEX(Fertilisants!$G$6:$G$45,$X204)))","v":""},{"$f":"IF(OR($I204=\"\",$X204=\"\"),\"\",$I204*N(INDEX(Fertilisants!$H$6:$H$45,$X204)))","v":""},{"$f":"IF(OR($I204=\"\",$X204=\"\"),\"\",$I204*N(INDEX(Fertilisants!$I$6:$I$45,$X204)))","v":""},"",{"$nulls":3},"",null,null,{"$f":"IF($C204=\"\",\"\",IFERROR(MATCH($C204,Îlots!$C$6:$C$65,0),\"\"))","v":""},{"$f":"IF($F204=\"\",\"\",IFERROR(MATCH($F204,Fertilisants!$A$6:$A$45,0),\"\"))","v":""},{"$f":"IF($W204=\"\",\"\",INDEX(Îlots!$D$6:$D$65,$W204))","v":""},{"$f":"IF($W204=\"\",\"\",INDEX(Îlots!$F$6:$F$65,$W204))","v":""},{"$f":"IF($W204=\"\",\"\",IF($E204=ApportCouvert,OccCouvert,INDEX(Îlots!$O$6:$O$65,$W204)))","v":""},{"$f":"IF(OR($AA204=\"\",$G204=\"\",$Z204=\"Non\"),\"\",IFERROR(MATCH($AA204&\" | \"&$G204,Paramètres!$I$7:$I$41,0),\"\"))","v":""},"",{"$f":"IF(OR($AB204=\"\",$AC204=\"\"),0,IF(OR(AND(INDEX(Paramètres!$J$7:$J$41,$AB204)>0,IF(INDEX(Paramètres!$J$7:$J$41,$AB204)<=INDEX(Paramètres!$K$7:$K$41,$AB204),AND($AC204>=INDEX(Paramètres!$J$7:$J$41,$AB204),$AC204<=INDEX(Paramètres!$K$7:$K$41,$AB204)),OR($AC204>=INDEX(Paramètres!$J$7:$J$41,$AB204),$AC204<=INDEX(Paramètres!$K$7:$K$41,$AB204)))),AND(INDEX(Paramètres!$L$7:$L$41,$AB204)>0,IF(INDEX(Paramètres!$L$7:$L$41,$AB204)<=INDEX(Paramètres!$M$7:$M$41,$AB204),AND($AC204>=INDEX(Paramètres!$L$7:$L$41,$AB204),$AC204<=INDEX(Paramètres!$M$7:$M$41,$AB204)),OR($AC204>=INDEX(Paramètres!$L$7:$L$41,$AB204),$AC204<=INDEX(Paramètres!$M$7:$M$41,$AB204))))),1,0))","v":0},{"$f":"IF($X204=\"\",0,IF(INDEX(Fertilisants!$C$6:$C$45,$X204)=\"Oui\",1,0))","v":0},"","","",""]
[{"$f":"IF(B205=\"\",\"\",COUNT($B$6:B205))","v":""},null,null,{"$f":"IF($W205=\"\",\"\",INDEX(Îlots!$N$6:$N$65,$W205))","v":""},null,null,{"$f":"IF($X205=\"\",\"\",INDEX(Fertilisants!$B$6:$B$45,$X205))","v":""},null,null,{"$f":"IF($X205=\"\",\"\",INDEX(Fertilisants!$D$6:$D$45,$X205))","v":""},"",{"$f":"IF(OR($I205=\"\",$X205=\"\"),\"\",$I205*N(INDEX(Fertilisants!$E$6:$E$45,$X205)))","v":""},{"$f":"IF(OR($I205=\"\",$X205=\"\"),\"\",$I205*N(INDEX(Fertilisants!$G$6:$G$45,$X205)))","v":""},{"$f":"IF(OR($I205=\"\",$X205=\"\"),\"\",$I205*N(INDEX(Fertilisants!$H$6:$H$45,$X205)))","v":""},{"$f":"IF(OR($I205=\"\",$X205=\"\"),\"\",$I205*N(INDEX(Fertilisants!$I$6:$I$45,$X205)))","v":""},"",{"$nulls":3},"",null,null,{"$f":"IF($C205=\"\",\"\",IFERROR(MATCH($C205,Îlots!$C$6:$C$65,0),\"\"))","v":""},{"$f":"IF($F205=\"\",\"\",IFERROR(MATCH($F205,Fertilisants!$A$6:$A$45,0),\"\"))","v":""},{"$f":"IF($W205=\"\",\"\",INDEX(Îlots!$D$6:$D$65,$W205))","v":""},{"$f":"IF($W205=\"\",\"\",INDEX(Îlots!$F$6:$F$65,$W205))","v":""},{"$f":"IF($W205=\"\",\"\",IF($E205=ApportCouvert,OccCouvert,INDEX(Îlots!$O$6:$O$65,$W205)))","v":""},{"$f":"IF(OR($AA205=\"\",$G205=\"\",$Z205=\"Non\"),\"\",IFERROR(MATCH($AA205&\" | \"&$G205,Paramètres!$I$7:$I$41,0),\"\"))","v":""},"",{"$f":"IF(OR($AB205=\"\",$AC205=\"\"),0,IF(OR(AND(INDEX(Paramètres!$J$7:$J$41,$AB205)>0,IF(INDEX(Paramètres!$J$7:$J$41,$AB205)<=INDEX(Paramètres!$K$7:$K$41,$AB205),AND($AC205>=INDEX(Paramètres!$J$7:$J$41,$AB205),$AC205<=INDEX(Paramètres!$K$7:$K$41,$AB205)),OR($AC205>=INDEX(Paramètres!$J$7:$J$41,$AB205),$AC205<=INDEX(Paramètres!$K$7:$K$41,$AB205)))),AND(INDEX(Paramètres!$L$7:$L$41,$AB205)>0,IF(INDEX(Paramètres!$L$7:$L$41,$AB205)<=INDEX(Paramètres!$M$7:$M$41,$AB205),AND($AC205>=INDEX(Paramètres!$L$7:$L$41,$AB205),$AC205<=INDEX(Paramètres!$M$7:$M$41,$AB205)),OR($AC205>=INDEX(Paramètres!$L$7:$L$41,$AB205),$AC205<=INDEX(Paramètres!$M$7:$M$41,$AB205))))),1,0))","v":0},{"$f":"IF($X205=\"\",0,IF(INDEX(Fertilisants!$C$6:$C$45,$X205)=\"Oui\",1,0))","v":0},"","","",""]
[{"$f":"IF(B206=\"\",\"\",COUNT($B$6:B206))","v":""},null,null,{"$f":"IF($W206=\"\",\"\",INDEX(Îlots!$N$6:$N$65,$W206))","v":""},null,null,{"$f":"IF($X206=\"\",\"\",INDEX(Fertilisants!$B$6:$B$45,$X206))","v":""},null,null,{"$f":"IF($X206=\"\",\"\",INDEX(Fertilisants!$D$6:$D$45,$X206))","v":""},"",{"$f":"IF(OR($I206=\"\",$X206=\"\"),\"\",$I206*N(INDEX(Fertilisants!$E$6:$E$45,$X206)))","v":""},{"$f":"IF(OR($I206=\"\",$X206=\"\"),\"\",$I206*N(INDEX(Fertilisants!$G$6:$G$45,$X206)))","v":""},{"$f":"IF(OR($I206=\"\",$X206=\"\"),\"\",$I206*N(INDEX(Fertilisants!$H$6:$H$45,$X206)))","v":""},{"$f":"IF(OR($I206=\"\",$X206=\"\"),\"\",$I206*N(INDEX(Fertilisants!$I$6:$I$45,$X206)))","v":""},"",{"$nulls":3},"",null,null,{"$f":"IF($C206=\"\",\"\",IFERROR(MATCH($C206,Îlots!$C$6:$C$65,0),\"\"))","v":""},{"$f":"IF($F206=\"\",\"\",IFERROR(MATCH($F206,Fertilisants!$A$6:$A$45,0),\"\"))","v":""},{"$f":"IF($W206=\"\",\"\",INDEX(Îlots!$D$6:$D$65,$W206))","v":""},{"$f":"IF($W206=\"\",\"\",INDEX(Îlots!$F$6:$F$65,$W206))","v":""},{"$f":"IF($W206=\"\",\"\",IF($E206=ApportCouvert,OccCouvert,INDEX(Îlots!$O$6:$O$65,$W206)))","v":""},{"$f":"IF(OR($AA206=\"\",$G206=\"\",$Z206=\"Non\"),\"\",IFERROR(MATCH($AA206&\" | \"&$G206,Paramètres!$I$7:$I$41,0),\"\"))","v":""},"",{"$f":"IF(OR($AB206=\"\",$AC206=\"\"),0,IF(OR(AND(INDEX(Paramètres!$J$7:$J$41,$AB206)>0,IF(INDEX(Paramètres!$J$7:$J$41,$AB206)<=INDEX(Paramètres!$K$7:$K$41,$AB206),AND($AC206>=INDEX(Paramètres!$J$7:$J$41,$AB206),$AC206<=INDEX(Paramètres!$K$7:$K$41,$AB206)),OR($AC206>=INDEX(Paramètres!$J$7:$J$41,$AB206),$AC206<=INDEX(Paramètres!$K$7:$K$41,$AB206)))),AND(INDEX(Paramètres!$L$7:$L$41,$AB206)>0,IF(INDEX(Paramètres!$L$7:$L$41,$AB206)<=INDEX(Paramètres!$M$7:$M$41,$AB206),AND($AC206>=INDEX(Paramètres!$L$7:$L$41,$AB206),$AC206<=INDEX(Paramètres!$M$7:$M$41,$AB206)),OR($AC206>=INDEX(Paramètres!$L$7:$L$41,$AB206),$AC206<=INDEX(Paramètres!$M$7:$M$41,$AB206))))),1,0))","v":0},{"$f":"IF($X206=\"\",0,IF(INDEX(Fertilisants!$C$6:$C$45,$X206)=\"Oui\",1,0))","v":0},"","","",""]
[{"$f":"IF(B207=\"\",\"\",COUNT($B$6:B207))","v":""},null,null,{"$f":"IF($W207=\"\",\"\",INDEX(Îlots!$N$6:$N$65,$W207))","v":""},null,null,{"$f":"IF($X207=\"\",\"\",INDEX(Fertilisants!$B$6:$B$45,$X207))","v":""},null,null,{"$f":"IF($X207=\"\",\"\",INDEX(Fertilisants!$D$6:$D$45,$X207))","v":""},"",{"$f":"IF(OR($I207=\"\",$X207=\"\"),\"\",$I207*N(INDEX(Fertilisants!$E$6:$E$45,$X207)))","v":""},{"$f":"IF(OR($I207=\"\",$X207=\"\"),\"\",$I207*N(INDEX(Fertilisants!$G$6:$G$45,$X207)))","v":""},{"$f":"IF(OR($I207=\"\",$X207=\"\"),\"\",$I207*N(INDEX(Fertilisants!$H$6:$H$45,$X207)))","v":""},{"$f":"IF(OR($I207=\"\",$X207=\"\"),\"\",$I207*N(INDEX(Fertilisants!$I$6:$I$45,$X207)))","v":""},"",{"$nulls":3},"",null,null,{"$f":"IF($C207=\"\",\"\",IFERROR(MATCH($C207,Îlots!$C$6:$C$65,0),\"\"))","v":""},{"$f":"IF($F207=\"\",\"\",IFERROR(MATCH($F207,Fertilisants!$A$6:$A$45,0),\"\"))","v":""},{"$f":"IF($W207=\"\",\"\",INDEX(Îlots!$D$6:$D$65,$W207))","v":""},{"$f":"IF($W207=\"\",\"\",INDEX(Îlots!$F$6:$F$65,$W207))","v":""},{"$f":"IF($W207=\"\",\"\",IF($E207=ApportCouvert,OccCouvert,INDEX(Îlots!$O$6:$O$65,$W207)))","v":""},{"$f":"IF(OR($AA207=\"\",$G207=\"\",$Z207=\"Non\"),\"\",IFERROR(MATCH($AA207&\" | \"&$G207,Paramètres!$I$7:$I$41,0),\"\"))","v":""},"",{"$f":"IF(OR($AB207=\"\",$AC207=\"\"),0,IF(OR(AND(INDEX(Paramètres!$J$7:$J$41,$AB207)>0,IF(INDEX(Paramètres!$J$7:$J$41,$AB207)<=INDEX(Paramètres!$K$7:$K$41,$AB207),AND($AC207>=INDEX(Paramètres!$J$7:$J$41,$AB207),$AC207<=INDEX(Paramètres!$K$7:$K$41,$AB207)),OR($AC207>=INDEX(Paramètres!$J$7:$J$41,$AB207),$AC207<=INDEX(Paramètres!$K$7:$K$41,$AB207)))),AND(INDEX(Paramètres!$L$7:$L$41,$AB207)>0,IF(INDEX(Paramètres!$L$7:$L$41,$AB207)<=INDEX(Paramètres!$M$7:$M$41,$AB207),AND($AC207>=INDEX(Paramètres!$L$7:$L$41,$AB207),$AC207<=INDEX(Paramètres!$M$7:$M$41,$AB207)),OR($AC207>=INDEX(Paramètres!$L$7:$L$41,$AB207),$AC207<=INDEX(Paramètres!$M$7:$M$41,$AB207))))),1,0))","v":0},{"$f":"IF($X207=\"\",0,IF(INDEX(Fertilisants!$C$6:$C$45,$X207)=\"Oui\",1,0))","v":0},"","","",""]
[{"$f":"IF(B208=\"\",\"\",COUNT($B$6:B208))","v":""},null,null,{"$f":"IF($W208=\"\",\"\",INDEX(Îlots!$N$6:$N$65,$W208))","v":""},null,null,{"$f":"IF($X208=\"\",\"\",INDEX(Fertilisants!$B$6:$B$45,$X208))","v":""},null,null,{"$f":"IF($X208=\"\",\"\",INDEX(Fertilisants!$D$6:$D$45,$X208))","v":""},"",{"$f":"IF(OR($I208=\"\",$X208=\"\"),\"\",$I208*N(INDEX(Fertilisants!$E$6:$E$45,$X208)))","v":""},{"$f":"IF(OR($I208=\"\",$X208=\"\"),\"\",$I208*N(INDEX(Fertilisants!$G$6:$G$45,$X208)))","v":""},{"$f":"IF(OR($I208=\"\",$X208=\"\"),\"\",$I208*N(INDEX(Fertilisants!$H$6:$H$45,$X208)))","v":""},{"$f":"IF(OR($I208=\"\",$X208=\"\"),\"\",$I208*N(INDEX(Fertilisants!$I$6:$I$45,$X208)))","v":""},"",{"$nulls":3},"",null,null,{"$f":"IF($C208=\"\",\"\",IFERROR(MATCH($C208,Îlots!$C$6:$C$65,0),\"\"))","v":""},{"$f":"IF($F208=\"\",\"\",IFERROR(MATCH($F208,Fertilisants!$A$6:$A$45,0),\"\"))","v":""},{"$f":"IF($W208=\"\",\"\",INDEX(Îlots!$D$6:$D$65,$W208))","v":""},{"$f":"IF($W208=\"\",\"\",INDEX(Îlots!$F$6:$F$65,$W208))","v":""},{"$f":"IF($W208=\"\",\"\",IF($E208=ApportCouvert,OccCouvert,INDEX(Îlots!$O$6:$O$65,$W208)))","v":""},{"$f":"IF(OR($AA208=\"\",$G208=\"\",$Z208=\"Non\"),\"\",IFERROR(MATCH($AA208&\" | \"&$G208,Paramètres!$I$7:$I$41,0),\"\"))","v":""},"",{"$f":"IF(OR($AB208=\"\",$AC208=\"\"),0,IF(OR(AND(INDEX(Paramètres!$J$7:$J$41,$AB208)>0,IF(INDEX(Paramètres!$J$7:$J$41,$AB208)<=INDEX(Paramètres!$K$7:$K$41,$AB208),AND($AC208>=INDEX(Paramètres!$J$7:$J$41,$AB208),$AC208<=INDEX(Paramètres!$K$7:$K$41,$AB208)),OR($AC208>=INDEX(Paramètres!$J$7:$J$41,$AB208),$AC208<=INDEX(Paramètres!$K$7:$K$41,$AB208)))),AND(INDEX(Paramètres!$L$7:$L$41,$AB208)>0,IF(INDEX(Paramètres!$L$7:$L$41,$AB208)<=INDEX(Paramètres!$M$7:$M$41,$AB208),AND($AC208>=INDEX(Paramètres!$L$7:$L$41,$AB208),$AC208<=INDEX(Paramètres!$M$7:$M$41,$AB208)),OR($AC208>=INDEX(Paramètres!$L$7:$L$41,$AB208),$AC208<=INDEX(Paramètres!$M$7:$M$41,$AB208))))),1,0))","v":0},{"$f":"IF($X208=\"\",0,IF(INDEX(Fertilisants!$C$6:$C$45,$X208)=\"Oui\",1,0))","v":0},"","","",""]
[{"$f":"IF(B209=\"\",\"\",COUNT($B$6:B209))","v":""},null,null,{"$f":"IF($W209=\"\",\"\",INDEX(Îlots!$N$6:$N$65,$W209))","v":""},null,null,{"$f":"IF($X209=\"\",\"\",INDEX(Fertilisants!$B$6:$B$45,$X209))","v":""},null,null,{"$f":"IF($X209=\"\",\"\",INDEX(Fertilisants!$D$6:$D$45,$X209))","v":""},"",{"$f":"IF(OR($I209=\"\",$X209=\"\"),\"\",$I209*N(INDEX(Fertilisants!$E$6:$E$45,$X209)))","v":""},{"$f":"IF(OR($I209=\"\",$X209=\"\"),\"\",$I209*N(INDEX(Fertilisants!$G$6:$G$45,$X209)))","v":""},{"$f":"IF(OR($I209=\"\",$X209=\"\"),\"\",$I209*N(INDEX(Fertilisants!$H$6:$H$45,$X209)))","v":""},{"$f":"IF(OR($I209=\"\",$X209=\"\"),\"\",$I209*N(INDEX(Fertilisants!$I$6:$I$45,$X209)))","v":""},"",{"$nulls":3},"",null,null,{"$f":"IF($C209=\"\",\"\",IFERROR(MATCH($C209,Îlots!$C$6:$C$65,0),\"\"))","v":""},{"$f":"IF($F209=\"\",\"\",IFERROR(MATCH($F209,Fertilisants!$A$6:$A$45,0),\"\"))","v":""},{"$f":"IF($W209=\"\",\"\",INDEX(Îlots!$D$6:$D$65,$W209))","v":""},{"$f":"IF($W209=\"\",\"\",INDEX(Îlots!$F$6:$F$65,$W209))","v":""},{"$f":"IF($W209=\"\",\"\",IF($E209=ApportCouvert,OccCouvert,INDEX(Îlots!$O$6:$O$65,$W209)))","v":""},{"$f":"IF(OR($AA209=\"\",$G209=\"\",$Z209=\"Non\"),\"\",IFERROR(MATCH($AA209&\" | \"&$G209,Paramètres!$I$7:$I$41,0),\"\"))","v":""},"",{"$f":"IF(OR($AB209=\"\",$AC209=\"\"),0,IF(OR(AND(INDEX(Paramètres!$J$7:$J$41,$AB209)>0,IF(INDEX(Paramètres!$J$7:$J$41,$AB209)<=INDEX(Paramètres!$K$7:$K$41,$AB209),AND($AC209>=INDEX(Paramètres!$J$7:$J$41,$AB209),$AC209<=INDEX(Paramètres!$K$7:$K$41,$AB209)),OR($AC209>=INDEX(Paramètres!$J$7:$J$41,$AB209),$AC209<=INDEX(Paramètres!$K$7:$K$41,$AB209)))),AND(INDEX(Paramètres!$L$7:$L$41,$AB209)>0,IF(INDEX(Paramètres!$L$7:$L$41,$AB209)<=INDEX(Paramètres!$M$7:$M$41,$AB209),AND($AC209>=INDEX(Paramètres!$L$7:$L$41,$AB209),$AC209<=INDEX(Paramètres!$M$7:$M$41,$AB209)),OR($AC209>=INDEX(Paramètres!$L$7:$L$41,$AB209),$AC209<=INDEX(Paramètres!$M$7:$M$41,$AB209))))),1,0))","v":0},{"$f":"IF($X209=\"\",0,IF(INDEX(Fertilisants!$C$6:$C$45,$X209)=\"Oui\",1,0))","v":0},"","","",""]
[{"$f":"IF(B210=\"\",\"\",COUNT($B$6:B210))","v":""},null,null,{"$f":"IF($W210=\"\",\"\",INDEX(Îlots!$N$6:$N$65,$W210))","v":""},null,null,{"$f":"IF($X210=\"\",\"\",INDEX(Fertilisants!$B$6:$B$45,$X210))","v":""},null,null,{"$f":"IF($X210=\"\",\"\",INDEX(Fertilisants!$D$6:$D$45,$X210))","v":""},"",{"$f":"IF(OR($I210=\"\",$X210=\"\"),\"\",$I210*N(INDEX(Fertilisants!$E$6:$E$45,$X210)))","v":""},{"$f":"IF(OR($I210=\"\",$X210=\"\"),\"\",$I210*N(INDEX(Fertilisants!$G$6:$G$45,$X210)))","v":""},{"$f":"IF(OR($I210=\"\",$X210=\"\"),\"\",$I210*N(INDEX(Fertilisants!$H$6:$H$45,$X210)))","v":""},{"$f":"IF(OR($I210=\"\",$X210=\"\"),\"\",$I210*N(INDEX(Fertilisants!$I$6:$I$45,$X210)))","v":""},"",{"$nulls":3},"",null,null,{"$f":"IF($C210=\"\",\"\",IFERROR(MATCH($C210,Îlots!$C$6:$C$65,0),\"\"))","v":""},{"$f":"IF($F210=\"\",\"\",IFERROR(MATCH($F210,Fertilisants!$A$6:$A$45,0),\"\"))","v":""},{"$f":"IF($W210=\"\",\"\",INDEX(Îlots!$D$6:$D$65,$W210))","v":""},{"$f":"IF($W210=\"\",\"\",INDEX(Îlots!$F$6:$F$65,$W210))","v":""},{"$f":"IF($W210=\"\",\"\",IF($E210=ApportCouvert,OccCouvert,INDEX(Îlots!$O$6:$O$65,$W210)))","v":""},{"$f":"IF(OR($AA210=\"\",$G210=\"\",$Z210=\"Non\"),\"\",IFERROR(MATCH($AA210&\" | \"&$G210,Paramètres!$I$7:$I$41,0),\"\"))","v":""},"",{"$f":"IF(OR($AB210=\"\",$AC210=\"\"),0,IF(OR(AND(INDEX(Paramètres!$J$7:$J$41,$AB210)>0,IF(INDEX(Paramètres!$J$7:$J$41,$AB210)<=INDEX(Paramètres!$K$7:$K$41,$AB210),AND($AC210>=INDEX(Paramètres!$J$7:$J$41,$AB210),$AC210<=INDEX(Paramètres!$K$7:$K$41,$AB210)),OR($AC210>=INDEX(Paramètres!$J$7:$J$41,$AB210),$AC210<=INDEX(Paramètres!$K$7:$K$41,$AB210)))),AND(INDEX(Paramètres!$L$7:$L$41,$AB210)>0,IF(INDEX(Paramètres!$L$7:$L$41,$AB210)<=INDEX(Paramètres!$M$7:$M$41,$AB210),AND($AC210>=INDEX(Paramètres!$L$7:$L$41,$AB210),$AC210<=INDEX(Paramètres!$M$7:$M$41,$AB210)),OR($AC210>=INDEX(Paramètres!$L$7:$L$41,$AB210),$AC210<=INDEX(Paramètres!$M$7:$M$41,$AB210))))),1,0))","v":0},{"$f":"IF($X210=\"\",0,IF(INDEX(Fertilisants!$C$6:$C$45,$X210)=\"Oui\",1,0))","v":0},"","","",""]
[{"$f":"IF(B211=\"\",\"\",COUNT($B$6:B211))","v":""},null,null,{"$f":"IF($W211=\"\",\"\",INDEX(Îlots!$N$6:$N$65,$W211))","v":""},null,null,{"$f":"IF($X211=\"\",\"\",INDEX(Fertilisants!$B$6:$B$45,$X211))","v":""},null,null,{"$f":"IF($X211=\"\",\"\",INDEX(Fertilisants!$D$6:$D$45,$X211))","v":""},"",{"$f":"IF(OR($I211=\"\",$X211=\"\"),\"\",$I211*N(INDEX(Fertilisants!$E$6:$E$45,$X211)))","v":""},{"$f":"IF(OR($I211=\"\",$X211=\"\"),\"\",$I211*N(INDEX(Fertilisants!$G$6:$G$45,$X211)))","v":""},{"$f":"IF(OR($I211=\"\",$X211=\"\"),\"\",$I211*N(INDEX(Fertilisants!$H$6:$H$45,$X211)))","v":""},{"$f":"IF(OR($I211=\"\",$X211=\"\"),\"\",$I211*N(INDEX(Fertilisants!$I$6:$I$45,$X211)))","v":""},"",{"$nulls":3},"",null,null,{"$f":"IF($C211=\"\",\"\",IFERROR(MATCH($C211,Îlots!$C$6:$C$65,0),\"\"))","v":""},{"$f":"IF($F211=\"\",\"\",IFERROR(MATCH($F211,Fertilisants!$A$6:$A$45,0),\"\"))","v":""},{"$f":"IF($W211=\"\",\"\",INDEX(Îlots!$D$6:$D$65,$W211))","v":""},{"$f":"IF($W211=\"\",\"\",INDEX(Îlots!$F$6:$F$65,$W211))","v":""},{"$f":"IF($W211=\"\",\"\",IF($E211=ApportCouvert,OccCouvert,INDEX(Îlots!$O$6:$O$65,$W211)))","v":""},{"$f":"IF(OR($AA211=\"\",$G211=\"\",$Z211=\"Non\"),\"\",IFERROR(MATCH($AA211&\" | \"&$G211,Paramètres!$I$7:$I$41,0),\"\"))","v":""},"",{"$f":"IF(OR($AB211=\"\",$AC211=\"\"),0,IF(OR(AND(INDEX(Paramètres!$J$7:$J$41,$AB211)>0,IF(INDEX(Paramètres!$J$7:$J$41,$AB211)<=INDEX(Paramètres!$K$7:$K$41,$AB211),AND($AC211>=INDEX(Paramètres!$J$7:$J$41,$AB211),$AC211<=INDEX(Paramètres!$K$7:$K$41,$AB211)),OR($AC211>=INDEX(Paramètres!$J$7:$J$41,$AB211),$AC211<=INDEX(Paramètres!$K$7:$K$41,$AB211)))),AND(INDEX(Paramètres!$L$7:$L$41,$AB211)>0,IF(INDEX(Paramètres!$L$7:$L$41,$AB211)<=INDEX(Paramètres!$M$7:$M$41,$AB211),AND($AC211>=INDEX(Paramètres!$L$7:$L$41,$AB211),$AC211<=INDEX(Paramètres!$M$7:$M$41,$AB211)),OR($AC211>=INDEX(Paramètres!$L$7:$L$41,$AB211),$AC211<=INDEX(Paramètres!$M$7:$M$41,$AB211))))),1,0))","v":0},{"$f":"IF($X211=\"\",0,IF(INDEX(Fertilisants!$C$6:$C$45,$X211)=\"Oui\",1,0))","v":0},"","","",""]
[{"$f":"IF(B212=\"\",\"\",COUNT($B$6:B212))","v":""},null,null,{"$f":"IF($W212=\"\",\"\",INDEX(Îlots!$N$6:$N$65,$W212))","v":""},null,null,{"$f":"IF($X212=\"\",\"\",INDEX(Fertilisants!$B$6:$B$45,$X212))","v":""},null,null,{"$f":"IF($X212=\"\",\"\",INDEX(Fertilisants!$D$6:$D$45,$X212))","v":""},"",{"$f":"IF(OR($I212=\"\",$X212=\"\"),\"\",$I212*N(INDEX(Fertilisants!$E$6:$E$45,$X212)))","v":""},{"$f":"IF(OR($I212=\"\",$X212=\"\"),\"\",$I212*N(INDEX(Fertilisants!$G$6:$G$45,$X212)))","v":""},{"$f":"IF(OR($I212=\"\",$X212=\"\"),\"\",$I212*N(INDEX(Fertilisants!$H$6:$H$45,$X212)))","v":""},{"$f":"IF(OR($I212=\"\",$X212=\"\"),\"\",$I212*N(INDEX(Fertilisants!$I$6:$I$45,$X212)))","v":""},"",{"$nulls":3},"",null,null,{"$f":"IF($C212=\"\",\"\",IFERROR(MATCH($C212,Îlots!$C$6:$C$65,0),\"\"))","v":""},{"$f":"IF($F212=\"\",\"\",IFERROR(MATCH($F212,Fertilisants!$A$6:$A$45,0),\"\"))","v":""},{"$f":"IF($W212=\"\",\"\",INDEX(Îlots!$D$6:$D$65,$W212))","v":""},{"$f":"IF($W212=\"\",\"\",INDEX(Îlots!$F$6:$F$65,$W212))","v":""},{"$f":"IF($W212=\"\",\"\",IF($E212=ApportCouvert,OccCouvert,INDEX(Îlots!$O$6:$O$65,$W212)))","v":""},{"$f":"IF(OR($AA212=\"\",$G212=\"\",$Z212=\"Non\"),\"\",IFERROR(MATCH($AA212&\" | \"&$G212,Paramètres!$I$7:$I$41,0),\"\"))","v":""},"",{"$f":"IF(OR($AB212=\"\",$AC212=\"\"),0,IF(OR(AND(INDEX(Paramètres!$J$7:$J$41,$AB212)>0,IF(INDEX(Paramètres!$J$7:$J$41,$AB212)<=INDEX(Paramètres!$K$7:$K$41,$AB212),AND($AC212>=INDEX(Paramètres!$J$7:$J$41,$AB212),$AC212<=INDEX(Paramètres!$K$7:$K$41,$AB212)),OR($AC212>=INDEX(Paramètres!$J$7:$J$41,$AB212),$AC212<=INDEX(Paramètres!$K$7:$K$41,$AB212)))),AND(INDEX(Paramètres!$L$7:$L$41,$AB212)>0,IF(INDEX(Paramètres!$L$7:$L$41,$AB212)<=INDEX(Paramètres!$M$7:$M$41,$AB212),AND($AC212>=INDEX(Paramètres!$L$7:$L$41,$AB212),$AC212<=INDEX(Paramètres!$M$7:$M$41,$AB212)),OR($AC212>=INDEX(Paramètres!$L$7:$L$41,$AB212),$AC212<=INDEX(Paramètres!$M$7:$M$41,$AB212))))),1,0))","v":0},{"$f":"IF($X212=\"\",0,IF(INDEX(Fertilisants!$C$6:$C$45,$X212)=\"Oui\",1,0))","v":0},"","","",""]
[{"$f":"IF(B213=\"\",\"\",COUNT($B$6:B213))","v":""},null,null,{"$f":"IF($W213=\"\",\"\",INDEX(Îlots!$N$6:$N$65,$W213))","v":""},null,null,{"$f":"IF($X213=\"\",\"\",INDEX(Fertilisants!$B$6:$B$45,$X213))","v":""},null,null,{"$f":"IF($X213=\"\",\"\",INDEX(Fertilisants!$D$6:$D$45,$X213))","v":""},"",{"$f":"IF(OR($I213=\"\",$X213=\"\"),\"\",$I213*N(INDEX(Fertilisants!$E$6:$E$45,$X213)))","v":""},{"$f":"IF(OR($I213=\"\",$X213=\"\"),\"\",$I213*N(INDEX(Fertilisants!$G$6:$G$45,$X213)))","v":""},{"$f":"IF(OR($I213=\"\",$X213=\"\"),\"\",$I213*N(INDEX(Fertilisants!$H$6:$H$45,$X213)))","v":""},{"$f":"IF(OR($I213=\"\",$X213=\"\"),\"\",$I213*N(INDEX(Fertilisants!$I$6:$I$45,$X213)))","v":""},"",{"$nulls":3},"",null,null,{"$f":"IF($C213=\"\",\"\",IFERROR(MATCH($C213,Îlots!$C$6:$C$65,0),\"\"))","v":""},{"$f":"IF($F213=\"\",\"\",IFERROR(MATCH($F213,Fertilisants!$A$6:$A$45,0),\"\"))","v":""},{"$f":"IF($W213=\"\",\"\",INDEX(Îlots!$D$6:$D$65,$W213))","v":""},{"$f":"IF($W213=\"\",\"\",INDEX(Îlots!$F$6:$F$65,$W213))","v":""},{"$f":"IF($W213=\"\",\"\",IF($E213=ApportCouvert,OccCouvert,INDEX(Îlots!$O$6:$O$65,$W213)))","v":""},{"$f":"IF(OR($AA213=\"\",$G213=\"\",$Z213=\"Non\"),\"\",IFERROR(MATCH($AA213&\" | \"&$G213,Paramètres!$I$7:$I$41,0),\"\"))","v":""},"",{"$f":"IF(OR($AB213=\"\",$AC213=\"\"),0,IF(OR(AND(INDEX(Paramètres!$J$7:$J$41,$AB213)>0,IF(INDEX(Paramètres!$J$7:$J$41,$AB213)<=INDEX(Paramètres!$K$7:$K$41,$AB213),AND($AC213>=INDEX(Paramètres!$J$7:$J$41,$AB213),$AC213<=INDEX(Paramètres!$K$7:$K$41,$AB213)),OR($AC213>=INDEX(Paramètres!$J$7:$J$41,$AB213),$AC213<=INDEX(Paramètres!$K$7:$K$41,$AB213)))),AND(INDEX(Paramètres!$L$7:$L$41,$AB213)>0,IF(INDEX(Paramètres!$L$7:$L$41,$AB213)<=INDEX(Paramètres!$M$7:$M$41,$AB213),AND($AC213>=INDEX(Paramètres!$L$7:$L$41,$AB213),$AC213<=INDEX(Paramètres!$M$7:$M$41,$AB213)),OR($AC213>=INDEX(Paramètres!$L$7:$L$41,$AB213),$AC213<=INDEX(Paramètres!$M$7:$M$41,$AB213))))),1,0))","v":0},{"$f":"IF($X213=\"\",0,IF(INDEX(Fertilisants!$C$6:$C$45,$X213)=\"Oui\",1,0))","v":0},"","","",""]
[{"$f":"IF(B214=\"\",\"\",COUNT($B$6:B214))","v":""},null,null,{"$f":"IF($W214=\"\",\"\",INDEX(Îlots!$N$6:$N$65,$W214))","v":""},null,null,{"$f":"IF($X214=\"\",\"\",INDEX(Fertilisants!$B$6:$B$45,$X214))","v":""},null,null,{"$f":"IF($X214=\"\",\"\",INDEX(Fertilisants!$D$6:$D$45,$X214))","v":""},"",{"$f":"IF(OR($I214=\"\",$X214=\"\"),\"\",$I214*N(INDEX(Fertilisants!$E$6:$E$45,$X214)))","v":""},{"$f":"IF(OR($I214=\"\",$X214=\"\"),\"\",$I214*N(INDEX(Fertilisants!$G$6:$G$45,$X214)))","v":""},{"$f":"IF(OR($I214=\"\",$X214=\"\"),\"\",$I214*N(INDEX(Fertilisants!$H$6:$H$45,$X214)))","v":""},{"$f":"IF(OR($I214=\"\",$X214=\"\"),\"\",$I214*N(INDEX(Fertilisants!$I$6:$I$45,$X214)))","v":""},"",{"$nulls":3},"",null,null,{"$f":"IF($C214=\"\",\"\",IFERROR(MATCH($C214,Îlots!$C$6:$C$65,0),\"\"))","v":""},{"$f":"IF($F214=\"\",\"\",IFERROR(MATCH($F214,Fertilisants!$A$6:$A$45,0),\"\"))","v":""},{"$f":"IF($W214=\"\",\"\",INDEX(Îlots!$D$6:$D$65,$W214))","v":""},{"$f":"IF($W214=\"\",\"\",INDEX(Îlots!$F$6:$F$65,$W214))","v":""},{"$f":"IF($W214=\"\",\"\",IF($E214=ApportCouvert,OccCouvert,INDEX(Îlots!$O$6:$O$65,$W214)))","v":""},{"$f":"IF(OR($AA214=\"\",$G214=\"\",$Z214=\"Non\"),\"\",IFERROR(MATCH($AA214&\" | \"&$G214,Paramètres!$I$7:$I$41,0),\"\"))","v":""},"",{"$f":"IF(OR($AB214=\"\",$AC214=\"\"),0,IF(OR(AND(INDEX(Paramètres!$J$7:$J$41,$AB214)>0,IF(INDEX(Paramètres!$J$7:$J$41,$AB214)<=INDEX(Paramètres!$K$7:$K$41,$AB214),AND($AC214>=INDEX(Paramètres!$J$7:$J$41,$AB214),$AC214<=INDEX(Paramètres!$K$7:$K$41,$AB214)),OR($AC214>=INDEX(Paramètres!$J$7:$J$41,$AB214),$AC214<=INDEX(Paramètres!$K$7:$K$41,$AB214)))),AND(INDEX(Paramètres!$L$7:$L$41,$AB214)>0,IF(INDEX(Paramètres!$L$7:$L$41,$AB214)<=INDEX(Paramètres!$M$7:$M$41,$AB214),AND($AC214>=INDEX(Paramètres!$L$7:$L$41,$AB214),$AC214<=INDEX(Paramètres!$M$7:$M$41,$AB214)),OR($AC214>=INDEX(Paramètres!$L$7:$L$41,$AB214),$AC214<=INDEX(Paramètres!$M$7:$M$41,$AB214))))),1,0))","v":0},{"$f":"IF($X214=\"\",0,IF(INDEX(Fertilisants!$C$6:$C$45,$X214)=\"Oui\",1,0))","v":0},"","","",""]
[{"$f":"IF(B215=\"\",\"\",COUNT($B$6:B215))","v":""},null,null,{"$f":"IF($W215=\"\",\"\",INDEX(Îlots!$N$6:$N$65,$W215))","v":""},null,null,{"$f":"IF($X215=\"\",\"\",INDEX(Fertilisants!$B$6:$B$45,$X215))","v":""},null,null,{"$f":"IF($X215=\"\",\"\",INDEX(Fertilisants!$D$6:$D$45,$X215))","v":""},"",{"$f":"IF(OR($I215=\"\",$X215=\"\"),\"\",$I215*N(INDEX(Fertilisants!$E$6:$E$45,$X215)))","v":""},{"$f":"IF(OR($I215=\"\",$X215=\"\"),\"\",$I215*N(INDEX(Fertilisants!$G$6:$G$45,$X215)))","v":""},{"$f":"IF(OR($I215=\"\",$X215=\"\"),\"\",$I215*N(INDEX(Fertilisants!$H$6:$H$45,$X215)))","v":""},{"$f":"IF(OR($I215=\"\",$X215=\"\"),\"\",$I215*N(INDEX(Fertilisants!$I$6:$I$45,$X215)))","v":""},"",{"$nulls":3},"",null,null,{"$f":"IF($C215=\"\",\"\",IFERROR(MATCH($C215,Îlots!$C$6:$C$65,0),\"\"))","v":""},{"$f":"IF($F215=\"\",\"\",IFERROR(MATCH($F215,Fertilisants!$A$6:$A$45,0),\"\"))","v":""},{"$f":"IF($W215=\"\",\"\",INDEX(Îlots!$D$6:$D$65,$W215))","v":""},{"$f":"IF($W215=\"\",\"\",INDEX(Îlots!$F$6:$F$65,$W215))","v":""},{"$f":"IF($W215=\"\",\"\",IF($E215=ApportCouvert,OccCouvert,INDEX(Îlots!$O$6:$O$65,$W215)))","v":""},{"$f":"IF(OR($AA215=\"\",$G215=\"\",$Z215=\"Non\"),\"\",IFERROR(MATCH($AA215&\" | \"&$G215,Paramètres!$I$7:$I$41,0),\"\"))","v":""},"",{"$f":"IF(OR($AB215=\"\",$AC215=\"\"),0,IF(OR(AND(INDEX(Paramètres!$J$7:$J$41,$AB215)>0,IF(INDEX(Paramètres!$J$7:$J$41,$AB215)<=INDEX(Paramètres!$K$7:$K$41,$AB215),AND($AC215>=INDEX(Paramètres!$J$7:$J$41,$AB215),$AC215<=INDEX(Paramètres!$K$7:$K$41,$AB215)),OR($AC215>=INDEX(Paramètres!$J$7:$J$41,$AB215),$AC215<=INDEX(Paramètres!$K$7:$K$41,$AB215)))),AND(INDEX(Paramètres!$L$7:$L$41,$AB215)>0,IF(INDEX(Paramètres!$L$7:$L$41,$AB215)<=INDEX(Paramètres!$M$7:$M$41,$AB215),AND($AC215>=INDEX(Paramètres!$L$7:$L$41,$AB215),$AC215<=INDEX(Paramètres!$M$7:$M$41,$AB215)),OR($AC215>=INDEX(Paramètres!$L$7:$L$41,$AB215),$AC215<=INDEX(Paramètres!$M$7:$M$41,$AB215))))),1,0))","v":0},{"$f":"IF($X215=\"\",0,IF(INDEX(Fertilisants!$C$6:$C$45,$X215)=\"Oui\",1,0))","v":0},"","","",""]
[{"$f":"IF(B216=\"\",\"\",COUNT($B$6:B216))","v":""},null,null,{"$f":"IF($W216=\"\",\"\",INDEX(Îlots!$N$6:$N$65,$W216))","v":""},null,null,{"$f":"IF($X216=\"\",\"\",INDEX(Fertilisants!$B$6:$B$45,$X216))","v":""},null,null,{"$f":"IF($X216=\"\",\"\",INDEX(Fertilisants!$D$6:$D$45,$X216))","v":""},"",{"$f":"IF(OR($I216=\"\",$X216=\"\"),\"\",$I216*N(INDEX(Fertilisants!$E$6:$E$45,$X216)))","v":""},{"$f":"IF(OR($I216=\"\",$X216=\"\"),\"\",$I216*N(INDEX(Fertilisants!$G$6:$G$45,$X216)))","v":""},{"$f":"IF(OR($I216=\"\",$X216=\"\"),\"\",$I216*N(INDEX(Fertilisants!$H$6:$H$45,$X216)))","v":""},{"$f":"IF(OR($I216=\"\",$X216=\"\"),\"\",$I216*N(INDEX(Fertilisants!$I$6:$I$45,$X216)))","v":""},"",{"$nulls":3},"",null,null,{"$f":"IF($C216=\"\",\"\",IFERROR(MATCH($C216,Îlots!$C$6:$C$65,0),\"\"))","v":""},{"$f":"IF($F216=\"\",\"\",IFERROR(MATCH($F216,Fertilisants!$A$6:$A$45,0),\"\"))","v":""},{"$f":"IF($W216=\"\",\"\",INDEX(Îlots!$D$6:$D$65,$W216))","v":""},{"$f":"IF($W216=\"\",\"\",INDEX(Îlots!$F$6:$F$65,$W216))","v":""},{"$f":"IF($W216=\"\",\"\",IF($E216=ApportCouvert,OccCouvert,INDEX(Îlots!$O$6:$O$65,$W216)))","v":""},{"$f":"IF(OR($AA216=\"\",$G216=\"\",$Z216=\"Non\"),\"\",IFERROR(MATCH($AA216&\" | \"&$G216,Paramètres!$I$7:$I$41,0),\"\"))","v":""},"",{"$f":"IF(OR($AB216=\"\",$AC216=\"\"),0,IF(OR(AND(INDEX(Paramètres!$J$7:$J$41,$AB216)>0,IF(INDEX(Paramètres!$J$7:$J$41,$AB216)<=INDEX(Paramètres!$K$7:$K$41,$AB216),AND($AC216>=INDEX(Paramètres!$J$7:$J$41,$AB216),$AC216<=INDEX(Paramètres!$K$7:$K$41,$AB216)),OR($AC216>=INDEX(Paramètres!$J$7:$J$41,$AB216),$AC216<=INDEX(Paramètres!$K$7:$K$41,$AB216)))),AND(INDEX(Paramètres!$L$7:$L$41,$AB216)>0,IF(INDEX(Paramètres!$L$7:$L$41,$AB216)<=INDEX(Paramètres!$M$7:$M$41,$AB216),AND($AC216>=INDEX(Paramètres!$L$7:$L$41,$AB216),$AC216<=INDEX(Paramètres!$M$7:$M$41,$AB216)),OR($AC216>=INDEX(Paramètres!$L$7:$L$41,$AB216),$AC216<=INDEX(Paramètres!$M$7:$M$41,$AB216))))),1,0))","v":0},{"$f":"IF($X216=\"\",0,IF(INDEX(Fertilisants!$C$6:$C$45,$X216)=\"Oui\",1,0))","v":0},"","","",""]
[{"$f":"IF(B217=\"\",\"\",COUNT($B$6:B217))","v":""},null,null,{"$f":"IF($W217=\"\",\"\",INDEX(Îlots!$N$6:$N$65,$W217))","v":""},null,null,{"$f":"IF($X217=\"\",\"\",INDEX(Fertilisants!$B$6:$B$45,$X217))","v":""},null,null,{"$f":"IF($X217=\"\",\"\",INDEX(Fertilisants!$D$6:$D$45,$X217))","v":""},"",{"$f":"IF(OR($I217=\"\",$X217=\"\"),\"\",$I217*N(INDEX(Fertilisants!$E$6:$E$45,$X217)))","v":""},{"$f":"IF(OR($I217=\"\",$X217=\"\"),\"\",$I217*N(INDEX(Fertilisants!$G$6:$G$45,$X217)))","v":""},{"$f":"IF(OR($I217=\"\",$X217=\"\"),\"\",$I217*N(INDEX(Fertilisants!$H$6:$H$45,$X217)))","v":""},{"$f":"IF(OR($I217=\"\",$X217=\"\"),\"\",$I217*N(INDEX(Fertilisants!$I$6:$I$45,$X217)))","v":""},"",{"$nulls":3},"",null,null,{"$f":"IF($C217=\"\",\"\",IFERROR(MATCH($C217,Îlots!$C$6:$C$65,0),\"\"))","v":""},{"$f":"IF($F217=\"\",\"\",IFERROR(MATCH($F217,Fertilisants!$A$6:$A$45,0),\"\"))","v":""},{"$f":"IF($W217=\"\",\"\",INDEX(Îlots!$D$6:$D$65,$W217))","v":""},{"$f":"IF($W217=\"\",\"\",INDEX(Îlots!$F$6:$F$65,$W217))","v":""},{"$f":"IF($W217=\"\",\"\",IF($E217=ApportCouvert,OccCouvert,INDEX(Îlots!$O$6:$O$65,$W217)))","v":""},{"$f":"IF(OR($AA217=\"\",$G217=\"\",$Z217=\"Non\"),\"\",IFERROR(MATCH($AA217&\" | \"&$G217,Paramètres!$I$7:$I$41,0),\"\"))","v":""},"",{"$f":"IF(OR($AB217=\"\",$AC217=\"\"),0,IF(OR(AND(INDEX(Paramètres!$J$7:$J$41,$AB217)>0,IF(INDEX(Paramètres!$J$7:$J$41,$AB217)<=INDEX(Paramètres!$K$7:$K$41,$AB217),AND($AC217>=INDEX(Paramètres!$J$7:$J$41,$AB217),$AC217<=INDEX(Paramètres!$K$7:$K$41,$AB217)),OR($AC217>=INDEX(Paramètres!$J$7:$J$41,$AB217),$AC217<=INDEX(Paramètres!$K$7:$K$41,$AB217)))),AND(INDEX(Paramètres!$L$7:$L$41,$AB217)>0,IF(INDEX(Paramètres!$L$7:$L$41,$AB217)<=INDEX(Paramètres!$M$7:$M$41,$AB217),AND($AC217>=INDEX(Paramètres!$L$7:$L$41,$AB217),$AC217<=INDEX(Paramètres!$M$7:$M$41,$AB217)),OR($AC217>=INDEX(Paramètres!$L$7:$L$41,$AB217),$AC217<=INDEX(Paramètres!$M$7:$M$41,$AB217))))),1,0))","v":0},{"$f":"IF($X217=\"\",0,IF(INDEX(Fertilisants!$C$6:$C$45,$X217)=\"Oui\",1,0))","v":0},"","","",""]
[{"$f":"IF(B218=\"\",\"\",COUNT($B$6:B218))","v":""},null,null,{"$f":"IF($W218=\"\",\"\",INDEX(Îlots!$N$6:$N$65,$W218))","v":""},null,null,{"$f":"IF($X218=\"\",\"\",INDEX(Fertilisants!$B$6:$B$45,$X218))","v":""},null,null,{"$f":"IF($X218=\"\",\"\",INDEX(Fertilisants!$D$6:$D$45,$X218))","v":""},"",{"$f":"IF(OR($I218=\"\",$X218=\"\"),\"\",$I218*N(INDEX(Fertilisants!$E$6:$E$45,$X218)))","v":""},{"$f":"IF(OR($I218=\"\",$X218=\"\"),\"\",$I218*N(INDEX(Fertilisants!$G$6:$G$45,$X218)))","v":""},{"$f":"IF(OR($I218=\"\",$X218=\"\"),\"\",$I218*N(INDEX(Fertilisants!$H$6:$H$45,$X218)))","v":""},{"$f":"IF(OR($I218=\"\",$X218=\"\"),\"\",$I218*N(INDEX(Fertilisants!$I$6:$I$45,$X218)))","v":""},"",{"$nulls":3},"",null,null,{"$f":"IF($C218=\"\",\"\",IFERROR(MATCH($C218,Îlots!$C$6:$C$65,0),\"\"))","v":""},{"$f":"IF($F218=\"\",\"\",IFERROR(MATCH($F218,Fertilisants!$A$6:$A$45,0),\"\"))","v":""},{"$f":"IF($W218=\"\",\"\",INDEX(Îlots!$D$6:$D$65,$W218))","v":""},{"$f":"IF($W218=\"\",\"\",INDEX(Îlots!$F$6:$F$65,$W218))","v":""},{"$f":"IF($W218=\"\",\"\",IF($E218=ApportCouvert,OccCouvert,INDEX(Îlots!$O$6:$O$65,$W218)))","v":""},{"$f":"IF(OR($AA218=\"\",$G218=\"\",$Z218=\"Non\"),\"\",IFERROR(MATCH($AA218&\" | \"&$G218,Paramètres!$I$7:$I$41,0),\"\"))","v":""},"",{"$f":"IF(OR($AB218=\"\",$AC218=\"\"),0,IF(OR(AND(INDEX(Paramètres!$J$7:$J$41,$AB218)>0,IF(INDEX(Paramètres!$J$7:$J$41,$AB218)<=INDEX(Paramètres!$K$7:$K$41,$AB218),AND($AC218>=INDEX(Paramètres!$J$7:$J$41,$AB218),$AC218<=INDEX(Paramètres!$K$7:$K$41,$AB218)),OR($AC218>=INDEX(Paramètres!$J$7:$J$41,$AB218),$AC218<=INDEX(Paramètres!$K$7:$K$41,$AB218)))),AND(INDEX(Paramètres!$L$7:$L$41,$AB218)>0,IF(INDEX(Paramètres!$L$7:$L$41,$AB218)<=INDEX(Paramètres!$M$7:$M$41,$AB218),AND($AC218>=INDEX(Paramètres!$L$7:$L$41,$AB218),$AC218<=INDEX(Paramètres!$M$7:$M$41,$AB218)),OR($AC218>=INDEX(Paramètres!$L$7:$L$41,$AB218),$AC218<=INDEX(Paramètres!$M$7:$M$41,$AB218))))),1,0))","v":0},{"$f":"IF($X218=\"\",0,IF(INDEX(Fertilisants!$C$6:$C$45,$X218)=\"Oui\",1,0))","v":0},"","","",""]
[{"$f":"IF(B219=\"\",\"\",COUNT($B$6:B219))","v":""},null,null,{"$f":"IF($W219=\"\",\"\",INDEX(Îlots!$N$6:$N$65,$W219))","v":""},null,null,{"$f":"IF($X219=\"\",\"\",INDEX(Fertilisants!$B$6:$B$45,$X219))","v":""},null,null,{"$f":"IF($X219=\"\",\"\",INDEX(Fertilisants!$D$6:$D$45,$X219))","v":""},"",{"$f":"IF(OR($I219=\"\",$X219=\"\"),\"\",$I219*N(INDEX(Fertilisants!$E$6:$E$45,$X219)))","v":""},{"$f":"IF(OR($I219=\"\",$X219=\"\"),\"\",$I219*N(INDEX(Fertilisants!$G$6:$G$45,$X219)))","v":""},{"$f":"IF(OR($I219=\"\",$X219=\"\"),\"\",$I219*N(INDEX(Fertilisants!$H$6:$H$45,$X219)))","v":""},{"$f":"IF(OR($I219=\"\",$X219=\"\"),\"\",$I219*N(INDEX(Fertilisants!$I$6:$I$45,$X219)))","v":""},"",{"$nulls":3},"",null,null,{"$f":"IF($C219=\"\",\"\",IFERROR(MATCH($C219,Îlots!$C$6:$C$65,0),\"\"))","v":""},{"$f":"IF($F219=\"\",\"\",IFERROR(MATCH($F219,Fertilisants!$A$6:$A$45,0),\"\"))","v":""},{"$f":"IF($W219=\"\",\"\",INDEX(Îlots!$D$6:$D$65,$W219))","v":""},{"$f":"IF($W219=\"\",\"\",INDEX(Îlots!$F$6:$F$65,$W219))","v":""},{"$f":"IF($W219=\"\",\"\",IF($E219=ApportCouvert,OccCouvert,INDEX(Îlots!$O$6:$O$65,$W219)))","v":""},{"$f":"IF(OR($AA219=\"\",$G219=\"\",$Z219=\"Non\"),\"\",IFERROR(MATCH($AA219&\" | \"&$G219,Paramètres!$I$7:$I$41,0),\"\"))","v":""},"",{"$f":"IF(OR($AB219=\"\",$AC219=\"\"),0,IF(OR(AND(INDEX(Paramètres!$J$7:$J$41,$AB219)>0,IF(INDEX(Paramètres!$J$7:$J$41,$AB219)<=INDEX(Paramètres!$K$7:$K$41,$AB219),AND($AC219>=INDEX(Paramètres!$J$7:$J$41,$AB219),$AC219<=INDEX(Paramètres!$K$7:$K$41,$AB219)),OR($AC219>=INDEX(Paramètres!$J$7:$J$41,$AB219),$AC219<=INDEX(Paramètres!$K$7:$K$41,$AB219)))),AND(INDEX(Paramètres!$L$7:$L$41,$AB219)>0,IF(INDEX(Paramètres!$L$7:$L$41,$AB219)<=INDEX(Paramètres!$M$7:$M$41,$AB219),AND($AC219>=INDEX(Paramètres!$L$7:$L$41,$AB219),$AC219<=INDEX(Paramètres!$M$7:$M$41,$AB219)),OR($AC219>=INDEX(Paramètres!$L$7:$L$41,$AB219),$AC219<=INDEX(Paramètres!$M$7:$M$41,$AB219))))),1,0))","v":0},{"$f":"IF($X219=\"\",0,IF(INDEX(Fertilisants!$C$6:$C$45,$X219)=\"Oui\",1,0))","v":0},"","","",""]
[{"$f":"IF(B220=\"\",\"\",COUNT($B$6:B220))","v":""},null,null,{"$f":"IF($W220=\"\",\"\",INDEX(Îlots!$N$6:$N$65,$W220))","v":""},null,null,{"$f":"IF($X220=\"\",\"\",INDEX(Fertilisants!$B$6:$B$45,$X220))","v":""},null,null,{"$f":"IF($X220=\"\",\"\",INDEX(Fertilisants!$D$6:$D$45,$X220))","v":""},"",{"$f":"IF(OR($I220=\"\",$X220=\"\"),\"\",$I220*N(INDEX(Fertilisants!$E$6:$E$45,$X220)))","v":""},{"$f":"IF(OR($I220=\"\",$X220=\"\"),\"\",$I220*N(INDEX(Fertilisants!$G$6:$G$45,$X220)))","v":""},{"$f":"IF(OR($I220=\"\",$X220=\"\"),\"\",$I220*N(INDEX(Fertilisants!$H$6:$H$45,$X220)))","v":""},{"$f":"IF(OR($I220=\"\",$X220=\"\"),\"\",$I220*N(INDEX(Fertilisants!$I$6:$I$45,$X220)))","v":""},"",{"$nulls":3},"",null,null,{"$f":"IF($C220=\"\",\"\",IFERROR(MATCH($C220,Îlots!$C$6:$C$65,0),\"\"))","v":""},{"$f":"IF($F220=\"\",\"\",IFERROR(MATCH($F220,Fertilisants!$A$6:$A$45,0),\"\"))","v":""},{"$f":"IF($W220=\"\",\"\",INDEX(Îlots!$D$6:$D$65,$W220))","v":""},{"$f":"IF($W220=\"\",\"\",INDEX(Îlots!$F$6:$F$65,$W220))","v":""},{"$f":"IF($W220=\"\",\"\",IF($E220=ApportCouvert,OccCouvert,INDEX(Îlots!$O$6:$O$65,$W220)))","v":""},{"$f":"IF(OR($AA220=\"\",$G220=\"\",$Z220=\"Non\"),\"\",IFERROR(MATCH($AA220&\" | \"&$G220,Paramètres!$I$7:$I$41,0),\"\"))","v":""},"",{"$f":"IF(OR($AB220=\"\",$AC220=\"\"),0,IF(OR(AND(INDEX(Paramètres!$J$7:$J$41,$AB220)>0,IF(INDEX(Paramètres!$J$7:$J$41,$AB220)<=INDEX(Paramètres!$K$7:$K$41,$AB220),AND($AC220>=INDEX(Paramètres!$J$7:$J$41,$AB220),$AC220<=INDEX(Paramètres!$K$7:$K$41,$AB220)),OR($AC220>=INDEX(Paramètres!$J$7:$J$41,$AB220),$AC220<=INDEX(Paramètres!$K$7:$K$41,$AB220)))),AND(INDEX(Paramètres!$L$7:$L$41,$AB220)>0,IF(INDEX(Paramètres!$L$7:$L$41,$AB220)<=INDEX(Paramètres!$M$7:$M$41,$AB220),AND($AC220>=INDEX(Paramètres!$L$7:$L$41,$AB220),$AC220<=INDEX(Paramètres!$M$7:$M$41,$AB220)),OR($AC220>=INDEX(Paramètres!$L$7:$L$41,$AB220),$AC220<=INDEX(Paramètres!$M$7:$M$41,$AB220))))),1,0))","v":0},{"$f":"IF($X220=\"\",0,IF(INDEX(Fertilisants!$C$6:$C$45,$X220)=\"Oui\",1,0))","v":0},"","","",""]
[{"$f":"IF(B221=\"\",\"\",COUNT($B$6:B221))","v":""},null,null,{"$f":"IF($W221=\"\",\"\",INDEX(Îlots!$N$6:$N$65,$W221))","v":""},null,null,{"$f":"IF($X221=\"\",\"\",INDEX(Fertilisants!$B$6:$B$45,$X221))","v":""},null,null,{"$f":"IF($X221=\"\",\"\",INDEX(Fertilisants!$D$6:$D$45,$X221))","v":""},"",{"$f":"IF(OR($I221=\"\",$X221=\"\"),\"\",$I221*N(INDEX(Fertilisants!$E$6:$E$45,$X221)))","v":""},{"$f":"IF(OR($I221=\"\",$X221=\"\"),\"\",$I221*N(INDEX(Fertilisants!$G$6:$G$45,$X221)))","v":""},{"$f":"IF(OR($I221=\"\",$X221=\"\"),\"\",$I221*N(INDEX(Fertilisants!$H$6:$H$45,$X221)))","v":""},{"$f":"IF(OR($I221=\"\",$X221=\"\"),\"\",$I221*N(INDEX(Fertilisants!$I$6:$I$45,$X221)))","v":""},"",{"$nulls":3},"",null,null,{"$f":"IF($C221=\"\",\"\",IFERROR(MATCH($C221,Îlots!$C$6:$C$65,0),\"\"))","v":""},{"$f":"IF($F221=\"\",\"\",IFERROR(MATCH($F221,Fertilisants!$A$6:$A$45,0),\"\"))","v":""},{"$f":"IF($W221=\"\",\"\",INDEX(Îlots!$D$6:$D$65,$W221))","v":""},{"$f":"IF($W221=\"\",\"\",INDEX(Îlots!$F$6:$F$65,$W221))","v":""},{"$f":"IF($W221=\"\",\"\",IF($E221=ApportCouvert,OccCouvert,INDEX(Îlots!$O$6:$O$65,$W221)))","v":""},{"$f":"IF(OR($AA221=\"\",$G221=\"\",$Z221=\"Non\"),\"\",IFERROR(MATCH($AA221&\" | \"&$G221,Paramètres!$I$7:$I$41,0),\"\"))","v":""},"",{"$f":"IF(OR($AB221=\"\",$AC221=\"\"),0,IF(OR(AND(INDEX(Paramètres!$J$7:$J$41,$AB221)>0,IF(INDEX(Paramètres!$J$7:$J$41,$AB221)<=INDEX(Paramètres!$K$7:$K$41,$AB221),AND($AC221>=INDEX(Paramètres!$J$7:$J$41,$AB221),$AC221<=INDEX(Paramètres!$K$7:$K$41,$AB221)),OR($AC221>=INDEX(Paramètres!$J$7:$J$41,$AB221),$AC221<=INDEX(Paramètres!$K$7:$K$41,$AB221)))),AND(INDEX(Paramètres!$L$7:$L$41,$AB221)>0,IF(INDEX(Paramètres!$L$7:$L$41,$AB221)<=INDEX(Paramètres!$M$7:$M$41,$AB221),AND($AC221>=INDEX(Paramètres!$L$7:$L$41,$AB221),$AC221<=INDEX(Paramètres!$M$7:$M$41,$AB221)),OR($AC221>=INDEX(Paramètres!$L$7:$L$41,$AB221),$AC221<=INDEX(Paramètres!$M$7:$M$41,$AB221))))),1,0))","v":0},{"$f":"IF($X221=\"\",0,IF(INDEX(Fertilisants!$C$6:$C$45,$X221)=\"Oui\",1,0))","v":0},"","","",""]
[{"$f":"IF(B222=\"\",\"\",COUNT($B$6:B222))","v":""},null,null,{"$f":"IF($W222=\"\",\"\",INDEX(Îlots!$N$6:$N$65,$W222))","v":""},null,null,{"$f":"IF($X222=\"\",\"\",INDEX(Fertilisants!$B$6:$B$45,$X222))","v":""},null,null,{"$f":"IF($X222=\"\",\"\",INDEX(Fertilisants!$D$6:$D$45,$X222))","v":""},"",{"$f":"IF(OR($I222=\"\",$X222=\"\"),\"\",$I222*N(INDEX(Fertilisants!$E$6:$E$45,$X222)))","v":""},{"$f":"IF(OR($I222=\"\",$X222=\"\"),\"\",$I222*N(INDEX(Fertilisants!$G$6:$G$45,$X222)))","v":""},{"$f":"IF(OR($I222=\"\",$X222=\"\"),\"\",$I222*N(INDEX(Fertilisants!$H$6:$H$45,$X222)))","v":""},{"$f":"IF(OR($I222=\"\",$X222=\"\"),\"\",$I222*N(INDEX(Fertilisants!$I$6:$I$45,$X222)))","v":""},"",{"$nulls":3},"",null,null,{"$f":"IF($C222=\"\",\"\",IFERROR(MATCH($C222,Îlots!$C$6:$C$65,0),\"\"))","v":""},{"$f":"IF($F222=\"\",\"\",IFERROR(MATCH($F222,Fertilisants!$A$6:$A$45,0),\"\"))","v":""},{"$f":"IF($W222=\"\",\"\",INDEX(Îlots!$D$6:$D$65,$W222))","v":""},{"$f":"IF($W222=\"\",\"\",INDEX(Îlots!$F$6:$F$65,$W222))","v":""},{"$f":"IF($W222=\"\",\"\",IF($E222=ApportCouvert,OccCouvert,INDEX(Îlots!$O$6:$O$65,$W222)))","v":""},{"$f":"IF(OR($AA222=\"\",$G222=\"\",$Z222=\"Non\"),\"\",IFERROR(MATCH($AA222&\" | \"&$G222,Paramètres!$I$7:$I$41,0),\"\"))","v":""},"",{"$f":"IF(OR($AB222=\"\",$AC222=\"\"),0,IF(OR(AND(INDEX(Paramètres!$J$7:$J$41,$AB222)>0,IF(INDEX(Paramètres!$J$7:$J$41,$AB222)<=INDEX(Paramètres!$K$7:$K$41,$AB222),AND($AC222>=INDEX(Paramètres!$J$7:$J$41,$AB222),$AC222<=INDEX(Paramètres!$K$7:$K$41,$AB222)),OR($AC222>=INDEX(Paramètres!$J$7:$J$41,$AB222),$AC222<=INDEX(Paramètres!$K$7:$K$41,$AB222)))),AND(INDEX(Paramètres!$L$7:$L$41,$AB222)>0,IF(INDEX(Paramètres!$L$7:$L$41,$AB222)<=INDEX(Paramètres!$M$7:$M$41,$AB222),AND($AC222>=INDEX(Paramètres!$L$7:$L$41,$AB222),$AC222<=INDEX(Paramètres!$M$7:$M$41,$AB222)),OR($AC222>=INDEX(Paramètres!$L$7:$L$41,$AB222),$AC222<=INDEX(Paramètres!$M$7:$M$41,$AB222))))),1,0))","v":0},{"$f":"IF($X222=\"\",0,IF(INDEX(Fertilisants!$C$6:$C$45,$X222)=\"Oui\",1,0))","v":0},"","","",""]
[{"$f":"IF(B223=\"\",\"\",COUNT($B$6:B223))","v":""},null,null,{"$f":"IF($W223=\"\",\"\",INDEX(Îlots!$N$6:$N$65,$W223))","v":""},null,null,{"$f":"IF($X223=\"\",\"\",INDEX(Fertilisants!$B$6:$B$45,$X223))","v":""},null,null,{"$f":"IF($X223=\"\",\"\",INDEX(Fertilisants!$D$6:$D$45,$X223))","v":""},"",{"$f":"IF(OR($I223=\"\",$X223=\"\"),\"\",$I223*N(INDEX(Fertilisants!$E$6:$E$45,$X223)))","v":""},{"$f":"IF(OR($I223=\"\",$X223=\"\"),\"\",$I223*N(INDEX(Fertilisants!$G$6:$G$45,$X223)))","v":""},{"$f":"IF(OR($I223=\"\",$X223=\"\"),\"\",$I223*N(INDEX(Fertilisants!$H$6:$H$45,$X223)))","v":""},{"$f":"IF(OR($I223=\"\",$X223=\"\"),\"\",$I223*N(INDEX(Fertilisants!$I$6:$I$45,$X223)))","v":""},"",{"$nulls":3},"",null,null,{"$f":"IF($C223=\"\",\"\",IFERROR(MATCH($C223,Îlots!$C$6:$C$65,0),\"\"))","v":""},{"$f":"IF($F223=\"\",\"\",IFERROR(MATCH($F223,Fertilisants!$A$6:$A$45,0),\"\"))","v":""},{"$f":"IF($W223=\"\",\"\",INDEX(Îlots!$D$6:$D$65,$W223))","v":""},{"$f":"IF($W223=\"\",\"\",INDEX(Îlots!$F$6:$F$65,$W223))","v":""},{"$f":"IF($W223=\"\",\"\",IF($E223=ApportCouvert,OccCouvert,INDEX(Îlots!$O$6:$O$65,$W223)))","v":""},{"$f":"IF(OR($AA223=\"\",$G223=\"\",$Z223=\"Non\"),\"\",IFERROR(MATCH($AA223&\" | \"&$G223,Paramètres!$I$7:$I$41,0),\"\"))","v":""},"",{"$f":"IF(OR($AB223=\"\",$AC223=\"\"),0,IF(OR(AND(INDEX(Paramètres!$J$7:$J$41,$AB223)>0,IF(INDEX(Paramètres!$J$7:$J$41,$AB223)<=INDEX(Paramètres!$K$7:$K$41,$AB223),AND($AC223>=INDEX(Paramètres!$J$7:$J$41,$AB223),$AC223<=INDEX(Paramètres!$K$7:$K$41,$AB223)),OR($AC223>=INDEX(Paramètres!$J$7:$J$41,$AB223),$AC223<=INDEX(Paramètres!$K$7:$K$41,$AB223)))),AND(INDEX(Paramètres!$L$7:$L$41,$AB223)>0,IF(INDEX(Paramètres!$L$7:$L$41,$AB223)<=INDEX(Paramètres!$M$7:$M$41,$AB223),AND($AC223>=INDEX(Paramètres!$L$7:$L$41,$AB223),$AC223<=INDEX(Paramètres!$M$7:$M$41,$AB223)),OR($AC223>=INDEX(Paramètres!$L$7:$L$41,$AB223),$AC223<=INDEX(Paramètres!$M$7:$M$41,$AB223))))),1,0))","v":0},{"$f":"IF($X223=\"\",0,IF(INDEX(Fertilisants!$C$6:$C$45,$X223)=\"Oui\",1,0))","v":0},"","","",""]
[{"$f":"IF(B224=\"\",\"\",COUNT($B$6:B224))","v":""},null,null,{"$f":"IF($W224=\"\",\"\",INDEX(Îlots!$N$6:$N$65,$W224))","v":""},null,null,{"$f":"IF($X224=\"\",\"\",INDEX(Fertilisants!$B$6:$B$45,$X224))","v":""},null,null,{"$f":"IF($X224=\"\",\"\",INDEX(Fertilisants!$D$6:$D$45,$X224))","v":""},"",{"$f":"IF(OR($I224=\"\",$X224=\"\"),\"\",$I224*N(INDEX(Fertilisants!$E$6:$E$45,$X224)))","v":""},{"$f":"IF(OR($I224=\"\",$X224=\"\"),\"\",$I224*N(INDEX(Fertilisants!$G$6:$G$45,$X224)))","v":""},{"$f":"IF(OR($I224=\"\",$X224=\"\"),\"\",$I224*N(INDEX(Fertilisants!$H$6:$H$45,$X224)))","v":""},{"$f":"IF(OR($I224=\"\",$X224=\"\"),\"\",$I224*N(INDEX(Fertilisants!$I$6:$I$45,$X224)))","v":""},"",{"$nulls":3},"",null,null,{"$f":"IF($C224=\"\",\"\",IFERROR(MATCH($C224,Îlots!$C$6:$C$65,0),\"\"))","v":""},{"$f":"IF($F224=\"\",\"\",IFERROR(MATCH($F224,Fertilisants!$A$6:$A$45,0),\"\"))","v":""},{"$f":"IF($W224=\"\",\"\",INDEX(Îlots!$D$6:$D$65,$W224))","v":""},{"$f":"IF($W224=\"\",\"\",INDEX(Îlots!$F$6:$F$65,$W224))","v":""},{"$f":"IF($W224=\"\",\"\",IF($E224=ApportCouvert,OccCouvert,INDEX(Îlots!$O$6:$O$65,$W224)))","v":""},{"$f":"IF(OR($AA224=\"\",$G224=\"\",$Z224=\"Non\"),\"\",IFERROR(MATCH($AA224&\" | \"&$G224,Paramètres!$I$7:$I$41,0),\"\"))","v":""},"",{"$f":"IF(OR($AB224=\"\",$AC224=\"\"),0,IF(OR(AND(INDEX(Paramètres!$J$7:$J$41,$AB224)>0,IF(INDEX(Paramètres!$J$7:$J$41,$AB224)<=INDEX(Paramètres!$K$7:$K$41,$AB224),AND($AC224>=INDEX(Paramètres!$J$7:$J$41,$AB224),$AC224<=INDEX(Paramètres!$K$7:$K$41,$AB224)),OR($AC224>=INDEX(Paramètres!$J$7:$J$41,$AB224),$AC224<=INDEX(Paramètres!$K$7:$K$41,$AB224)))),AND(INDEX(Paramètres!$L$7:$L$41,$AB224)>0,IF(INDEX(Paramètres!$L$7:$L$41,$AB224)<=INDEX(Paramètres!$M$7:$M$41,$AB224),AND($AC224>=INDEX(Paramètres!$L$7:$L$41,$AB224),$AC224<=INDEX(Paramètres!$M$7:$M$41,$AB224)),OR($AC224>=INDEX(Paramètres!$L$7:$L$41,$AB224),$AC224<=INDEX(Paramètres!$M$7:$M$41,$AB224))))),1,0))","v":0},{"$f":"IF($X224=\"\",0,IF(INDEX(Fertilisants!$C$6:$C$45,$X224)=\"Oui\",1,0))","v":0},"","","",""]
[{"$f":"IF(B225=\"\",\"\",COUNT($B$6:B225))","v":""},null,null,{"$f":"IF($W225=\"\",\"\",INDEX(Îlots!$N$6:$N$65,$W225))","v":""},null,null,{"$f":"IF($X225=\"\",\"\",INDEX(Fertilisants!$B$6:$B$45,$X225))","v":""},null,null,{"$f":"IF($X225=\"\",\"\",INDEX(Fertilisants!$D$6:$D$45,$X225))","v":""},"",{"$f":"IF(OR($I225=\"\",$X225=\"\"),\"\",$I225*N(INDEX(Fertilisants!$E$6:$E$45,$X225)))","v":""},{"$f":"IF(OR($I225=\"\",$X225=\"\"),\"\",$I225*N(INDEX(Fertilisants!$G$6:$G$45,$X225)))","v":""},{"$f":"IF(OR($I225=\"\",$X225=\"\"),\"\",$I225*N(INDEX(Fertilisants!$H$6:$H$45,$X225)))","v":""},{"$f":"IF(OR($I225=\"\",$X225=\"\"),\"\",$I225*N(INDEX(Fertilisants!$I$6:$I$45,$X225)))","v":""},"",{"$nulls":3},"",null,null,{"$f":"IF($C225=\"\",\"\",IFERROR(MATCH($C225,Îlots!$C$6:$C$65,0),\"\"))","v":""},{"$f":"IF($F225=\"\",\"\",IFERROR(MATCH($F225,Fertilisants!$A$6:$A$45,0),\"\"))","v":""},{"$f":"IF($W225=\"\",\"\",INDEX(Îlots!$D$6:$D$65,$W225))","v":""},{"$f":"IF($W225=\"\",\"\",INDEX(Îlots!$F$6:$F$65,$W225))","v":""},{"$f":"IF($W225=\"\",\"\",IF($E225=ApportCouvert,OccCouvert,INDEX(Îlots!$O$6:$O$65,$W225)))","v":""},{"$f":"IF(OR($AA225=\"\",$G225=\"\",$Z225=\"Non\"),\"\",IFERROR(MATCH($AA225&\" | \"&$G225,Paramètres!$I$7:$I$41,0),\"\"))","v":""},"",{"$f":"IF(OR($AB225=\"\",$AC225=\"\"),0,IF(OR(AND(INDEX(Paramètres!$J$7:$J$41,$AB225)>0,IF(INDEX(Paramètres!$J$7:$J$41,$AB225)<=INDEX(Paramètres!$K$7:$K$41,$AB225),AND($AC225>=INDEX(Paramètres!$J$7:$J$41,$AB225),$AC225<=INDEX(Paramètres!$K$7:$K$41,$AB225)),OR($AC225>=INDEX(Paramètres!$J$7:$J$41,$AB225),$AC225<=INDEX(Paramètres!$K$7:$K$41,$AB225)))),AND(INDEX(Paramètres!$L$7:$L$41,$AB225)>0,IF(INDEX(Paramètres!$L$7:$L$41,$AB225)<=INDEX(Paramètres!$M$7:$M$41,$AB225),AND($AC225>=INDEX(Paramètres!$L$7:$L$41,$AB225),$AC225<=INDEX(Paramètres!$M$7:$M$41,$AB225)),OR($AC225>=INDEX(Paramètres!$L$7:$L$41,$AB225),$AC225<=INDEX(Paramètres!$M$7:$M$41,$AB225))))),1,0))","v":0},{"$f":"IF($X225=\"\",0,IF(INDEX(Fertilisants!$C$6:$C$45,$X225)=\"Oui\",1,0))","v":0},"","","",""]
[{"$f":"IF(B226=\"\",\"\",COUNT($B$6:B226))","v":""},null,null,{"$f":"IF($W226=\"\",\"\",INDEX(Îlots!$N$6:$N$65,$W226))","v":""},null,null,{"$f":"IF($X226=\"\",\"\",INDEX(Fertilisants!$B$6:$B$45,$X226))","v":""},null,null,{"$f":"IF($X226=\"\",\"\",INDEX(Fertilisants!$D$6:$D$45,$X226))","v":""},"",{"$f":"IF(OR($I226=\"\",$X226=\"\"),\"\",$I226*N(INDEX(Fertilisants!$E$6:$E$45,$X226)))","v":""},{"$f":"IF(OR($I226=\"\",$X226=\"\"),\"\",$I226*N(INDEX(Fertilisants!$G$6:$G$45,$X226)))","v":""},{"$f":"IF(OR($I226=\"\",$X226=\"\"),\"\",$I226*N(INDEX(Fertilisants!$H$6:$H$45,$X226)))","v":""},{"$f":"IF(OR($I226=\"\",$X226=\"\"),\"\",$I226*N(INDEX(Fertilisants!$I$6:$I$45,$X226)))","v":""},"",{"$nulls":3},"",null,null,{"$f":"IF($C226=\"\",\"\",IFERROR(MATCH($C226,Îlots!$C$6:$C$65,0),\"\"))","v":""},{"$f":"IF($F226=\"\",\"\",IFERROR(MATCH($F226,Fertilisants!$A$6:$A$45,0),\"\"))","v":""},{"$f":"IF($W226=\"\",\"\",INDEX(Îlots!$D$6:$D$65,$W226))","v":""},{"$f":"IF($W226=\"\",\"\",INDEX(Îlots!$F$6:$F$65,$W226))","v":""},{"$f":"IF($W226=\"\",\"\",IF($E226=ApportCouvert,OccCouvert,INDEX(Îlots!$O$6:$O$65,$W226)))","v":""},{"$f":"IF(OR($AA226=\"\",$G226=\"\",$Z226=\"Non\"),\"\",IFERROR(MATCH($AA226&\" | \"&$G226,Paramètres!$I$7:$I$41,0),\"\"))","v":""},"",{"$f":"IF(OR($AB226=\"\",$AC226=\"\"),0,IF(OR(AND(INDEX(Paramètres!$J$7:$J$41,$AB226)>0,IF(INDEX(Paramètres!$J$7:$J$41,$AB226)<=INDEX(Paramètres!$K$7:$K$41,$AB226),AND($AC226>=INDEX(Paramètres!$J$7:$J$41,$AB226),$AC226<=INDEX(Paramètres!$K$7:$K$41,$AB226)),OR($AC226>=INDEX(Paramètres!$J$7:$J$41,$AB226),$AC226<=INDEX(Paramètres!$K$7:$K$41,$AB226)))),AND(INDEX(Paramètres!$L$7:$L$41,$AB226)>0,IF(INDEX(Paramètres!$L$7:$L$41,$AB226)<=INDEX(Paramètres!$M$7:$M$41,$AB226),AND($AC226>=INDEX(Paramètres!$L$7:$L$41,$AB226),$AC226<=INDEX(Paramètres!$M$7:$M$41,$AB226)),OR($AC226>=INDEX(Paramètres!$L$7:$L$41,$AB226),$AC226<=INDEX(Paramètres!$M$7:$M$41,$AB226))))),1,0))","v":0},{"$f":"IF($X226=\"\",0,IF(INDEX(Fertilisants!$C$6:$C$45,$X226)=\"Oui\",1,0))","v":0},"","","",""]
[{"$f":"IF(B227=\"\",\"\",COUNT($B$6:B227))","v":""},null,null,{"$f":"IF($W227=\"\",\"\",INDEX(Îlots!$N$6:$N$65,$W227))","v":""},null,null,{"$f":"IF($X227=\"\",\"\",INDEX(Fertilisants!$B$6:$B$45,$X227))","v":""},null,null,{"$f":"IF($X227=\"\",\"\",INDEX(Fertilisants!$D$6:$D$45,$X227))","v":""},"",{"$f":"IF(OR($I227=\"\",$X227=\"\"),\"\",$I227*N(INDEX(Fertilisants!$E$6:$E$45,$X227)))","v":""},{"$f":"IF(OR($I227=\"\",$X227=\"\"),\"\",$I227*N(INDEX(Fertilisants!$G$6:$G$45,$X227)))","v":""},{"$f":"IF(OR($I227=\"\",$X227=\"\"),\"\",$I227*N(INDEX(Fertilisants!$H$6:$H$45,$X227)))","v":""},{"$f":"IF(OR($I227=\"\",$X227=\"\"),\"\",$I227*N(INDEX(Fertilisants!$I$6:$I$45,$X227)))","v":""},"",{"$nulls":3},"",null,null,{"$f":"IF($C227=\"\",\"\",IFERROR(MATCH($C227,Îlots!$C$6:$C$65,0),\"\"))","v":""},{"$f":"IF($F227=\"\",\"\",IFERROR(MATCH($F227,Fertilisants!$A$6:$A$45,0),\"\"))","v":""},{"$f":"IF($W227=\"\",\"\",INDEX(Îlots!$D$6:$D$65,$W227))","v":""},{"$f":"IF($W227=\"\",\"\",INDEX(Îlots!$F$6:$F$65,$W227))","v":""},{"$f":"IF($W227=\"\",\"\",IF($E227=ApportCouvert,OccCouvert,INDEX(Îlots!$O$6:$O$65,$W227)))","v":""},{"$f":"IF(OR($AA227=\"\",$G227=\"\",$Z227=\"Non\"),\"\",IFERROR(MATCH($AA227&\" | \"&$G227,Paramètres!$I$7:$I$41,0),\"\"))","v":""},"",{"$f":"IF(OR($AB227=\"\",$AC227=\"\"),0,IF(OR(AND(INDEX(Paramètres!$J$7:$J$41,$AB227)>0,IF(INDEX(Paramètres!$J$7:$J$41,$AB227)<=INDEX(Paramètres!$K$7:$K$41,$AB227),AND($AC227>=INDEX(Paramètres!$J$7:$J$41,$AB227),$AC227<=INDEX(Paramètres!$K$7:$K$41,$AB227)),OR($AC227>=INDEX(Paramètres!$J$7:$J$41,$AB227),$AC227<=INDEX(Paramètres!$K$7:$K$41,$AB227)))),AND(INDEX(Paramètres!$L$7:$L$41,$AB227)>0,IF(INDEX(Paramètres!$L$7:$L$41,$AB227)<=INDEX(Paramètres!$M$7:$M$41,$AB227),AND($AC227>=INDEX(Paramètres!$L$7:$L$41,$AB227),$AC227<=INDEX(Paramètres!$M$7:$M$41,$AB227)),OR($AC227>=INDEX(Paramètres!$L$7:$L$41,$AB227),$AC227<=INDEX(Paramètres!$M$7:$M$41,$AB227))))),1,0))","v":0},{"$f":"IF($X227=\"\",0,IF(INDEX(Fertilisants!$C$6:$C$45,$X227)=\"Oui\",1,0))","v":0},"","","",""]
[{"$f":"IF(B228=\"\",\"\",COUNT($B$6:B228))","v":""},null,null,{"$f":"IF($W228=\"\",\"\",INDEX(Îlots!$N$6:$N$65,$W228))","v":""},null,null,{"$f":"IF($X228=\"\",\"\",INDEX(Fertilisants!$B$6:$B$45,$X228))","v":""},null,null,{"$f":"IF($X228=\"\",\"\",INDEX(Fertilisants!$D$6:$D$45,$X228))","v":""},"",{"$f":"IF(OR($I228=\"\",$X228=\"\"),\"\",$I228*N(INDEX(Fertilisants!$E$6:$E$45,$X228)))","v":""},{"$f":"IF(OR($I228=\"\",$X228=\"\"),\"\",$I228*N(INDEX(Fertilisants!$G$6:$G$45,$X228)))","v":""},{"$f":"IF(OR($I228=\"\",$X228=\"\"),\"\",$I228*N(INDEX(Fertilisants!$H$6:$H$45,$X228)))","v":""},{"$f":"IF(OR($I228=\"\",$X228=\"\"),\"\",$I228*N(INDEX(Fertilisants!$I$6:$I$45,$X228)))","v":""},"",{"$nulls":3},"",null,null,{"$f":"IF($C228=\"\",\"\",IFERROR(MATCH($C228,Îlots!$C$6:$C$65,0),\"\"))","v":""},{"$f":"IF($F228=\"\",\"\",IFERROR(MATCH($F228,Fertilisants!$A$6:$A$45,0),\"\"))","v":""},{"$f":"IF($W228=\"\",\"\",INDEX(Îlots!$D$6:$D$65,$W228))","v":""},{"$f":"IF($W228=\"\",\"\",INDEX(Îlots!$F$6:$F$65,$W228))","v":""},{"$f":"IF($W228=\"\",\"\",IF($E228=ApportCouvert,OccCouvert,INDEX(Îlots!$O$6:$O$65,$W228)))","v":""},{"$f":"IF(OR($AA228=\"\",$G228=\"\",$Z228=\"Non\"),\"\",IFERROR(MATCH($AA228&\" | \"&$G228,Paramètres!$I$7:$I$41,0),\"\"))","v":""},"",{"$f":"IF(OR($AB228=\"\",$AC228=\"\"),0,IF(OR(AND(INDEX(Paramètres!$J$7:$J$41,$AB228)>0,IF(INDEX(Paramètres!$J$7:$J$41,$AB228)<=INDEX(Paramètres!$K$7:$K$41,$AB228),AND($AC228>=INDEX(Paramètres!$J$7:$J$41,$AB228),$AC228<=INDEX(Paramètres!$K$7:$K$41,$AB228)),OR($AC228>=INDEX(Paramètres!$J$7:$J$41,$AB228),$AC228<=INDEX(Paramètres!$K$7:$K$41,$AB228)))),AND(INDEX(Paramètres!$L$7:$L$41,$AB228)>0,IF(INDEX(Paramètres!$L$7:$L$41,$AB228)<=INDEX(Paramètres!$M$7:$M$41,$AB228),AND($AC228>=INDEX(Paramètres!$L$7:$L$41,$AB228),$AC228<=INDEX(Paramètres!$M$7:$M$41,$AB228)),OR($AC228>=INDEX(Paramètres!$L$7:$L$41,$AB228),$AC228<=INDEX(Paramètres!$M$7:$M$41,$AB228))))),1,0))","v":0},{"$f":"IF($X228=\"\",0,IF(INDEX(Fertilisants!$C$6:$C$45,$X228)=\"Oui\",1,0))","v":0},"","","",""]
[{"$f":"IF(B229=\"\",\"\",COUNT($B$6:B229))","v":""},null,null,{"$f":"IF($W229=\"\",\"\",INDEX(Îlots!$N$6:$N$65,$W229))","v":""},null,null,{"$f":"IF($X229=\"\",\"\",INDEX(Fertilisants!$B$6:$B$45,$X229))","v":""},null,null,{"$f":"IF($X229=\"\",\"\",INDEX(Fertilisants!$D$6:$D$45,$X229))","v":""},"",{"$f":"IF(OR($I229=\"\",$X229=\"\"),\"\",$I229*N(INDEX(Fertilisants!$E$6:$E$45,$X229)))","v":""},{"$f":"IF(OR($I229=\"\",$X229=\"\"),\"\",$I229*N(INDEX(Fertilisants!$G$6:$G$45,$X229)))","v":""},{"$f":"IF(OR($I229=\"\",$X229=\"\"),\"\",$I229*N(INDEX(Fertilisants!$H$6:$H$45,$X229)))","v":""},{"$f":"IF(OR($I229=\"\",$X229=\"\"),\"\",$I229*N(INDEX(Fertilisants!$I$6:$I$45,$X229)))","v":""},"",{"$nulls":3},"",null,null,{"$f":"IF($C229=\"\",\"\",IFERROR(MATCH($C229,Îlots!$C$6:$C$65,0),\"\"))","v":""},{"$f":"IF($F229=\"\",\"\",IFERROR(MATCH($F229,Fertilisants!$A$6:$A$45,0),\"\"))","v":""},{"$f":"IF($W229=\"\",\"\",INDEX(Îlots!$D$6:$D$65,$W229))","v":""},{"$f":"IF($W229=\"\",\"\",INDEX(Îlots!$F$6:$F$65,$W229))","v":""},{"$f":"IF($W229=\"\",\"\",IF($E229=ApportCouvert,OccCouvert,INDEX(Îlots!$O$6:$O$65,$W229)))","v":""},{"$f":"IF(OR($AA229=\"\",$G229=\"\",$Z229=\"Non\"),\"\",IFERROR(MATCH($AA229&\" | \"&$G229,Paramètres!$I$7:$I$41,0),\"\"))","v":""},"",{"$f":"IF(OR($AB229=\"\",$AC229=\"\"),0,IF(OR(AND(INDEX(Paramètres!$J$7:$J$41,$AB229)>0,IF(INDEX(Paramètres!$J$7:$J$41,$AB229)<=INDEX(Paramètres!$K$7:$K$41,$AB229),AND($AC229>=INDEX(Paramètres!$J$7:$J$41,$AB229),$AC229<=INDEX(Paramètres!$K$7:$K$41,$AB229)),OR($AC229>=INDEX(Paramètres!$J$7:$J$41,$AB229),$AC229<=INDEX(Paramètres!$K$7:$K$41,$AB229)))),AND(INDEX(Paramètres!$L$7:$L$41,$AB229)>0,IF(INDEX(Paramètres!$L$7:$L$41,$AB229)<=INDEX(Paramètres!$M$7:$M$41,$AB229),AND($AC229>=INDEX(Paramètres!$L$7:$L$41,$AB229),$AC229<=INDEX(Paramètres!$M$7:$M$41,$AB229)),OR($AC229>=INDEX(Paramètres!$L$7:$L$41,$AB229),$AC229<=INDEX(Paramètres!$M$7:$M$41,$AB229))))),1,0))","v":0},{"$f":"IF($X229=\"\",0,IF(INDEX(Fertilisants!$C$6:$C$45,$X229)=\"Oui\",1,0))","v":0},"","","",""]
[{"$f":"IF(B230=\"\",\"\",COUNT($B$6:B230))","v":""},null,null,{"$f":"IF($W230=\"\",\"\",INDEX(Îlots!$N$6:$N$65,$W230))","v":""},null,null,{"$f":"IF($X230=\"\",\"\",INDEX(Fertilisants!$B$6:$B$45,$X230))","v":""},null,null,{"$f":"IF($X230=\"\",\"\",INDEX(Fertilisants!$D$6:$D$45,$X230))","v":""},"",{"$f":"IF(OR($I230=\"\",$X230=\"\"),\"\",$I230*N(INDEX(Fertilisants!$E$6:$E$45,$X230)))","v":""},{"$f":"IF(OR($I230=\"\",$X230=\"\"),\"\",$I230*N(INDEX(Fertilisants!$G$6:$G$45,$X230)))","v":""},{"$f":"IF(OR($I230=\"\",$X230=\"\"),\"\",$I230*N(INDEX(Fertilisants!$H$6:$H$45,$X230)))","v":""},{"$f":"IF(OR($I230=\"\",$X230=\"\"),\"\",$I230*N(INDEX(Fertilisants!$I$6:$I$45,$X230)))","v":""},"",{"$nulls":3},"",null,null,{"$f":"IF($C230=\"\",\"\",IFERROR(MATCH($C230,Îlots!$C$6:$C$65,0),\"\"))","v":""},{"$f":"IF($F230=\"\",\"\",IFERROR(MATCH($F230,Fertilisants!$A$6:$A$45,0),\"\"))","v":""},{"$f":"IF($W230=\"\",\"\",INDEX(Îlots!$D$6:$D$65,$W230))","v":""},{"$f":"IF($W230=\"\",\"\",INDEX(Îlots!$F$6:$F$65,$W230))","v":""},{"$f":"IF($W230=\"\",\"\",IF($E230=ApportCouvert,OccCouvert,INDEX(Îlots!$O$6:$O$65,$W230)))","v":""},{"$f":"IF(OR($AA230=\"\",$G230=\"\",$Z230=\"Non\"),\"\",IFERROR(MATCH($AA230&\" | \"&$G230,Paramètres!$I$7:$I$41,0),\"\"))","v":""},"",{"$f":"IF(OR($AB230=\"\",$AC230=\"\"),0,IF(OR(AND(INDEX(Paramètres!$J$7:$J$41,$AB230)>0,IF(INDEX(Paramètres!$J$7:$J$41,$AB230)<=INDEX(Paramètres!$K$7:$K$41,$AB230),AND($AC230>=INDEX(Paramètres!$J$7:$J$41,$AB230),$AC230<=INDEX(Paramètres!$K$7:$K$41,$AB230)),OR($AC230>=INDEX(Paramètres!$J$7:$J$41,$AB230),$AC230<=INDEX(Paramètres!$K$7:$K$41,$AB230)))),AND(INDEX(Paramètres!$L$7:$L$41,$AB230)>0,IF(INDEX(Paramètres!$L$7:$L$41,$AB230)<=INDEX(Paramètres!$M$7:$M$41,$AB230),AND($AC230>=INDEX(Paramètres!$L$7:$L$41,$AB230),$AC230<=INDEX(Paramètres!$M$7:$M$41,$AB230)),OR($AC230>=INDEX(Paramètres!$L$7:$L$41,$AB230),$AC230<=INDEX(Paramètres!$M$7:$M$41,$AB230))))),1,0))","v":0},{"$f":"IF($X230=\"\",0,IF(INDEX(Fertilisants!$C$6:$C$45,$X230)=\"Oui\",1,0))","v":0},"","","",""]
[{"$f":"IF(B231=\"\",\"\",COUNT($B$6:B231))","v":""},null,null,{"$f":"IF($W231=\"\",\"\",INDEX(Îlots!$N$6:$N$65,$W231))","v":""},null,null,{"$f":"IF($X231=\"\",\"\",INDEX(Fertilisants!$B$6:$B$45,$X231))","v":""},null,null,{"$f":"IF($X231=\"\",\"\",INDEX(Fertilisants!$D$6:$D$45,$X231))","v":""},"",{"$f":"IF(OR($I231=\"\",$X231=\"\"),\"\",$I231*N(INDEX(Fertilisants!$E$6:$E$45,$X231)))","v":""},{"$f":"IF(OR($I231=\"\",$X231=\"\"),\"\",$I231*N(INDEX(Fertilisants!$G$6:$G$45,$X231)))","v":""},{"$f":"IF(OR($I231=\"\",$X231=\"\"),\"\",$I231*N(INDEX(Fertilisants!$H$6:$H$45,$X231)))","v":""},{"$f":"IF(OR($I231=\"\",$X231=\"\"),\"\",$I231*N(INDEX(Fertilisants!$I$6:$I$45,$X231)))","v":""},"",{"$nulls":3},"",null,null,{"$f":"IF($C231=\"\",\"\",IFERROR(MATCH($C231,Îlots!$C$6:$C$65,0),\"\"))","v":""},{"$f":"IF($F231=\"\",\"\",IFERROR(MATCH($F231,Fertilisants!$A$6:$A$45,0),\"\"))","v":""},{"$f":"IF($W231=\"\",\"\",INDEX(Îlots!$D$6:$D$65,$W231))","v":""},{"$f":"IF($W231=\"\",\"\",INDEX(Îlots!$F$6:$F$65,$W231))","v":""},{"$f":"IF($W231=\"\",\"\",IF($E231=ApportCouvert,OccCouvert,INDEX(Îlots!$O$6:$O$65,$W231)))","v":""},{"$f":"IF(OR($AA231=\"\",$G231=\"\",$Z231=\"Non\"),\"\",IFERROR(MATCH($AA231&\" | \"&$G231,Paramètres!$I$7:$I$41,0),\"\"))","v":""},"",{"$f":"IF(OR($AB231=\"\",$AC231=\"\"),0,IF(OR(AND(INDEX(Paramètres!$J$7:$J$41,$AB231)>0,IF(INDEX(Paramètres!$J$7:$J$41,$AB231)<=INDEX(Paramètres!$K$7:$K$41,$AB231),AND($AC231>=INDEX(Paramètres!$J$7:$J$41,$AB231),$AC231<=INDEX(Paramètres!$K$7:$K$41,$AB231)),OR($AC231>=INDEX(Paramètres!$J$7:$J$41,$AB231),$AC231<=INDEX(Paramètres!$K$7:$K$41,$AB231)))),AND(INDEX(Paramètres!$L$7:$L$41,$AB231)>0,IF(INDEX(Paramètres!$L$7:$L$41,$AB231)<=INDEX(Paramètres!$M$7:$M$41,$AB231),AND($AC231>=INDEX(Paramètres!$L$7:$L$41,$AB231),$AC231<=INDEX(Paramètres!$M$7:$M$41,$AB231)),OR($AC231>=INDEX(Paramètres!$L$7:$L$41,$AB231),$AC231<=INDEX(Paramètres!$M$7:$M$41,$AB231))))),1,0))","v":0},{"$f":"IF($X231=\"\",0,IF(INDEX(Fertilisants!$C$6:$C$45,$X231)=\"Oui\",1,0))","v":0},"","","",""]
[{"$f":"IF(B232=\"\",\"\",COUNT($B$6:B232))","v":""},null,null,{"$f":"IF($W232=\"\",\"\",INDEX(Îlots!$N$6:$N$65,$W232))","v":""},null,null,{"$f":"IF($X232=\"\",\"\",INDEX(Fertilisants!$B$6:$B$45,$X232))","v":""},null,null,{"$f":"IF($X232=\"\",\"\",INDEX(Fertilisants!$D$6:$D$45,$X232))","v":""},"",{"$f":"IF(OR($I232=\"\",$X232=\"\"),\"\",$I232*N(INDEX(Fertilisants!$E$6:$E$45,$X232)))","v":""},{"$f":"IF(OR($I232=\"\",$X232=\"\"),\"\",$I232*N(INDEX(Fertilisants!$G$6:$G$45,$X232)))","v":""},{"$f":"IF(OR($I232=\"\",$X232=\"\"),\"\",$I232*N(INDEX(Fertilisants!$H$6:$H$45,$X232)))","v":""},{"$f":"IF(OR($I232=\"\",$X232=\"\"),\"\",$I232*N(INDEX(Fertilisants!$I$6:$I$45,$X232)))","v":""},"",{"$nulls":3},"",null,null,{"$f":"IF($C232=\"\",\"\",IFERROR(MATCH($C232,Îlots!$C$6:$C$65,0),\"\"))","v":""},{"$f":"IF($F232=\"\",\"\",IFERROR(MATCH($F232,Fertilisants!$A$6:$A$45,0),\"\"))","v":""},{"$f":"IF($W232=\"\",\"\",INDEX(Îlots!$D$6:$D$65,$W232))","v":""},{"$f":"IF($W232=\"\",\"\",INDEX(Îlots!$F$6:$F$65,$W232))","v":""},{"$f":"IF($W232=\"\",\"\",IF($E232=ApportCouvert,OccCouvert,INDEX(Îlots!$O$6:$O$65,$W232)))","v":""},{"$f":"IF(OR($AA232=\"\",$G232=\"\",$Z232=\"Non\"),\"\",IFERROR(MATCH($AA232&\" | \"&$G232,Paramètres!$I$7:$I$41,0),\"\"))","v":""},"",{"$f":"IF(OR($AB232=\"\",$AC232=\"\"),0,IF(OR(AND(INDEX(Paramètres!$J$7:$J$41,$AB232)>0,IF(INDEX(Paramètres!$J$7:$J$41,$AB232)<=INDEX(Paramètres!$K$7:$K$41,$AB232),AND($AC232>=INDEX(Paramètres!$J$7:$J$41,$AB232),$AC232<=INDEX(Paramètres!$K$7:$K$41,$AB232)),OR($AC232>=INDEX(Paramètres!$J$7:$J$41,$AB232),$AC232<=INDEX(Paramètres!$K$7:$K$41,$AB232)))),AND(INDEX(Paramètres!$L$7:$L$41,$AB232)>0,IF(INDEX(Paramètres!$L$7:$L$41,$AB232)<=INDEX(Paramètres!$M$7:$M$41,$AB232),AND($AC232>=INDEX(Paramètres!$L$7:$L$41,$AB232),$AC232<=INDEX(Paramètres!$M$7:$M$41,$AB232)),OR($AC232>=INDEX(Paramètres!$L$7:$L$41,$AB232),$AC232<=INDEX(Paramètres!$M$7:$M$41,$AB232))))),1,0))","v":0},{"$f":"IF($X232=\"\",0,IF(INDEX(Fertilisants!$C$6:$C$45,$X232)=\"Oui\",1,0))","v":0},"","","",""]
[{"$f":"IF(B233=\"\",\"\",COUNT($B$6:B233))","v":""},null,null,{"$f":"IF($W233=\"\",\"\",INDEX(Îlots!$N$6:$N$65,$W233))","v":""},null,null,{"$f":"IF($X233=\"\",\"\",INDEX(Fertilisants!$B$6:$B$45,$X233))","v":""},null,null,{"$f":"IF($X233=\"\",\"\",INDEX(Fertilisants!$D$6:$D$45,$X233))","v":""},"",{"$f":"IF(OR($I233=\"\",$X233=\"\"),\"\",$I233*N(INDEX(Fertilisants!$E$6:$E$45,$X233)))","v":""},{"$f":"IF(OR($I233=\"\",$X233=\"\"),\"\",$I233*N(INDEX(Fertilisants!$G$6:$G$45,$X233)))","v":""},{"$f":"IF(OR($I233=\"\",$X233=\"\"),\"\",$I233*N(INDEX(Fertilisants!$H$6:$H$45,$X233)))","v":""},{"$f":"IF(OR($I233=\"\",$X233=\"\"),\"\",$I233*N(INDEX(Fertilisants!$I$6:$I$45,$X233)))","v":""},"",{"$nulls":3},"",null,null,{"$f":"IF($C233=\"\",\"\",IFERROR(MATCH($C233,Îlots!$C$6:$C$65,0),\"\"))","v":""},{"$f":"IF($F233=\"\",\"\",IFERROR(MATCH($F233,Fertilisants!$A$6:$A$45,0),\"\"))","v":""},{"$f":"IF($W233=\"\",\"\",INDEX(Îlots!$D$6:$D$65,$W233))","v":""},{"$f":"IF($W233=\"\",\"\",INDEX(Îlots!$F$6:$F$65,$W233))","v":""},{"$f":"IF($W233=\"\",\"\",IF($E233=ApportCouvert,OccCouvert,INDEX(Îlots!$O$6:$O$65,$W233)))","v":""},{"$f":"IF(OR($AA233=\"\",$G233=\"\",$Z233=\"Non\"),\"\",IFERROR(MATCH($AA233&\" | \"&$G233,Paramètres!$I$7:$I$41,0),\"\"))","v":""},"",{"$f":"IF(OR($AB233=\"\",$AC233=\"\"),0,IF(OR(AND(INDEX(Paramètres!$J$7:$J$41,$AB233)>0,IF(INDEX(Paramètres!$J$7:$J$41,$AB233)<=INDEX(Paramètres!$K$7:$K$41,$AB233),AND($AC233>=INDEX(Paramètres!$J$7:$J$41,$AB233),$AC233<=INDEX(Paramètres!$K$7:$K$41,$AB233)),OR($AC233>=INDEX(Paramètres!$J$7:$J$41,$AB233),$AC233<=INDEX(Paramètres!$K$7:$K$41,$AB233)))),AND(INDEX(Paramètres!$L$7:$L$41,$AB233)>0,IF(INDEX(Paramètres!$L$7:$L$41,$AB233)<=INDEX(Paramètres!$M$7:$M$41,$AB233),AND($AC233>=INDEX(Paramètres!$L$7:$L$41,$AB233),$AC233<=INDEX(Paramètres!$M$7:$M$41,$AB233)),OR($AC233>=INDEX(Paramètres!$L$7:$L$41,$AB233),$AC233<=INDEX(Paramètres!$M$7:$M$41,$AB233))))),1,0))","v":0},{"$f":"IF($X233=\"\",0,IF(INDEX(Fertilisants!$C$6:$C$45,$X233)=\"Oui\",1,0))","v":0},"","","",""]
[{"$f":"IF(B234=\"\",\"\",COUNT($B$6:B234))","v":""},null,null,{"$f":"IF($W234=\"\",\"\",INDEX(Îlots!$N$6:$N$65,$W234))","v":""},null,null,{"$f":"IF($X234=\"\",\"\",INDEX(Fertilisants!$B$6:$B$45,$X234))","v":""},null,null,{"$f":"IF($X234=\"\",\"\",INDEX(Fertilisants!$D$6:$D$45,$X234))","v":""},"",{"$f":"IF(OR($I234=\"\",$X234=\"\"),\"\",$I234*N(INDEX(Fertilisants!$E$6:$E$45,$X234)))","v":""},{"$f":"IF(OR($I234=\"\",$X234=\"\"),\"\",$I234*N(INDEX(Fertilisants!$G$6:$G$45,$X234)))","v":""},{"$f":"IF(OR($I234=\"\",$X234=\"\"),\"\",$I234*N(INDEX(Fertilisants!$H$6:$H$45,$X234)))","v":""},{"$f":"IF(OR($I234=\"\",$X234=\"\"),\"\",$I234*N(INDEX(Fertilisants!$I$6:$I$45,$X234)))","v":""},"",{"$nulls":3},"",null,null,{"$f":"IF($C234=\"\",\"\",IFERROR(MATCH($C234,Îlots!$C$6:$C$65,0),\"\"))","v":""},{"$f":"IF($F234=\"\",\"\",IFERROR(MATCH($F234,Fertilisants!$A$6:$A$45,0),\"\"))","v":""},{"$f":"IF($W234=\"\",\"\",INDEX(Îlots!$D$6:$D$65,$W234))","v":""},{"$f":"IF($W234=\"\",\"\",INDEX(Îlots!$F$6:$F$65,$W234))","v":""},{"$f":"IF($W234=\"\",\"\",IF($E234=ApportCouvert,OccCouvert,INDEX(Îlots!$O$6:$O$65,$W234)))","v":""},{"$f":"IF(OR($AA234=\"\",$G234=\"\",$Z234=\"Non\"),\"\",IFERROR(MATCH($AA234&\" | \"&$G234,Paramètres!$I$7:$I$41,0),\"\"))","v":""},"",{"$f":"IF(OR($AB234=\"\",$AC234=\"\"),0,IF(OR(AND(INDEX(Paramètres!$J$7:$J$41,$AB234)>0,IF(INDEX(Paramètres!$J$7:$J$41,$AB234)<=INDEX(Paramètres!$K$7:$K$41,$AB234),AND($AC234>=INDEX(Paramètres!$J$7:$J$41,$AB234),$AC234<=INDEX(Paramètres!$K$7:$K$41,$AB234)),OR($AC234>=INDEX(Paramètres!$J$7:$J$41,$AB234),$AC234<=INDEX(Paramètres!$K$7:$K$41,$AB234)))),AND(INDEX(Paramètres!$L$7:$L$41,$AB234)>0,IF(INDEX(Paramètres!$L$7:$L$41,$AB234)<=INDEX(Paramètres!$M$7:$M$41,$AB234),AND($AC234>=INDEX(Paramètres!$L$7:$L$41,$AB234),$AC234<=INDEX(Paramètres!$M$7:$M$41,$AB234)),OR($AC234>=INDEX(Paramètres!$L$7:$L$41,$AB234),$AC234<=INDEX(Paramètres!$M$7:$M$41,$AB234))))),1,0))","v":0},{"$f":"IF($X234=\"\",0,IF(INDEX(Fertilisants!$C$6:$C$45,$X234)=\"Oui\",1,0))","v":0},"","","",""]
[{"$f":"IF(B235=\"\",\"\",COUNT($B$6:B235))","v":""},null,null,{"$f":"IF($W235=\"\",\"\",INDEX(Îlots!$N$6:$N$65,$W235))","v":""},null,null,{"$f":"IF($X235=\"\",\"\",INDEX(Fertilisants!$B$6:$B$45,$X235))","v":""},null,null,{"$f":"IF($X235=\"\",\"\",INDEX(Fertilisants!$D$6:$D$45,$X235))","v":""},"",{"$f":"IF(OR($I235=\"\",$X235=\"\"),\"\",$I235*N(INDEX(Fertilisants!$E$6:$E$45,$X235)))","v":""},{"$f":"IF(OR($I235=\"\",$X235=\"\"),\"\",$I235*N(INDEX(Fertilisants!$G$6:$G$45,$X235)))","v":""},{"$f":"IF(OR($I235=\"\",$X235=\"\"),\"\",$I235*N(INDEX(Fertilisants!$H$6:$H$45,$X235)))","v":""},{"$f":"IF(OR($I235=\"\",$X235=\"\"),\"\",$I235*N(INDEX(Fertilisants!$I$6:$I$45,$X235)))","v":""},"",{"$nulls":3},"",null,null,{"$f":"IF($C235=\"\",\"\",IFERROR(MATCH($C235,Îlots!$C$6:$C$65,0),\"\"))","v":""},{"$f":"IF($F235=\"\",\"\",IFERROR(MATCH($F235,Fertilisants!$A$6:$A$45,0),\"\"))","v":""},{"$f":"IF($W235=\"\",\"\",INDEX(Îlots!$D$6:$D$65,$W235))","v":""},{"$f":"IF($W235=\"\",\"\",INDEX(Îlots!$F$6:$F$65,$W235))","v":""},{"$f":"IF($W235=\"\",\"\",IF($E235=ApportCouvert,OccCouvert,INDEX(Îlots!$O$6:$O$65,$W235)))","v":""},{"$f":"IF(OR($AA235=\"\",$G235=\"\",$Z235=\"Non\"),\"\",IFERROR(MATCH($AA235&\" | \"&$G235,Paramètres!$I$7:$I$41,0),\"\"))","v":""},"",{"$f":"IF(OR($AB235=\"\",$AC235=\"\"),0,IF(OR(AND(INDEX(Paramètres!$J$7:$J$41,$AB235)>0,IF(INDEX(Paramètres!$J$7:$J$41,$AB235)<=INDEX(Paramètres!$K$7:$K$41,$AB235),AND($AC235>=INDEX(Paramètres!$J$7:$J$41,$AB235),$AC235<=INDEX(Paramètres!$K$7:$K$41,$AB235)),OR($AC235>=INDEX(Paramètres!$J$7:$J$41,$AB235),$AC235<=INDEX(Paramètres!$K$7:$K$41,$AB235)))),AND(INDEX(Paramètres!$L$7:$L$41,$AB235)>0,IF(INDEX(Paramètres!$L$7:$L$41,$AB235)<=INDEX(Paramètres!$M$7:$M$41,$AB235),AND($AC235>=INDEX(Paramètres!$L$7:$L$41,$AB235),$AC235<=INDEX(Paramètres!$M$7:$M$41,$AB235)),OR($AC235>=INDEX(Paramètres!$L$7:$L$41,$AB235),$AC235<=INDEX(Paramètres!$M$7:$M$41,$AB235))))),1,0))","v":0},{"$f":"IF($X235=\"\",0,IF(INDEX(Fertilisants!$C$6:$C$45,$X235)=\"Oui\",1,0))","v":0},"","","",""]
[{"$f":"IF(B236=\"\",\"\",COUNT($B$6:B236))","v":""},null,null,{"$f":"IF($W236=\"\",\"\",INDEX(Îlots!$N$6:$N$65,$W236))","v":""},null,null,{"$f":"IF($X236=\"\",\"\",INDEX(Fertilisants!$B$6:$B$45,$X236))","v":""},null,null,{"$f":"IF($X236=\"\",\"\",INDEX(Fertilisants!$D$6:$D$45,$X236))","v":""},"",{"$f":"IF(OR($I236=\"\",$X236=\"\"),\"\",$I236*N(INDEX(Fertilisants!$E$6:$E$45,$X236)))","v":""},{"$f":"IF(OR($I236=\"\",$X236=\"\"),\"\",$I236*N(INDEX(Fertilisants!$G$6:$G$45,$X236)))","v":""},{"$f":"IF(OR($I236=\"\",$X236=\"\"),\"\",$I236*N(INDEX(Fertilisants!$H$6:$H$45,$X236)))","v":""},{"$f":"IF(OR($I236=\"\",$X236=\"\"),\"\",$I236*N(INDEX(Fertilisants!$I$6:$I$45,$X236)))","v":""},"",{"$nulls":3},"",null,null,{"$f":"IF($C236=\"\",\"\",IFERROR(MATCH($C236,Îlots!$C$6:$C$65,0),\"\"))","v":""},{"$f":"IF($F236=\"\",\"\",IFERROR(MATCH($F236,Fertilisants!$A$6:$A$45,0),\"\"))","v":""},{"$f":"IF($W236=\"\",\"\",INDEX(Îlots!$D$6:$D$65,$W236))","v":""},{"$f":"IF($W236=\"\",\"\",INDEX(Îlots!$F$6:$F$65,$W236))","v":""},{"$f":"IF($W236=\"\",\"\",IF($E236=ApportCouvert,OccCouvert,INDEX(Îlots!$O$6:$O$65,$W236)))","v":""},{"$f":"IF(OR($AA236=\"\",$G236=\"\",$Z236=\"Non\"),\"\",IFERROR(MATCH($AA236&\" | \"&$G236,Paramètres!$I$7:$I$41,0),\"\"))","v":""},"",{"$f":"IF(OR($AB236=\"\",$AC236=\"\"),0,IF(OR(AND(INDEX(Paramètres!$J$7:$J$41,$AB236)>0,IF(INDEX(Paramètres!$J$7:$J$41,$AB236)<=INDEX(Paramètres!$K$7:$K$41,$AB236),AND($AC236>=INDEX(Paramètres!$J$7:$J$41,$AB236),$AC236<=INDEX(Paramètres!$K$7:$K$41,$AB236)),OR($AC236>=INDEX(Paramètres!$J$7:$J$41,$AB236),$AC236<=INDEX(Paramètres!$K$7:$K$41,$AB236)))),AND(INDEX(Paramètres!$L$7:$L$41,$AB236)>0,IF(INDEX(Paramètres!$L$7:$L$41,$AB236)<=INDEX(Paramètres!$M$7:$M$41,$AB236),AND($AC236>=INDEX(Paramètres!$L$7:$L$41,$AB236),$AC236<=INDEX(Paramètres!$M$7:$M$41,$AB236)),OR($AC236>=INDEX(Paramètres!$L$7:$L$41,$AB236),$AC236<=INDEX(Paramètres!$M$7:$M$41,$AB236))))),1,0))","v":0},{"$f":"IF($X236=\"\",0,IF(INDEX(Fertilisants!$C$6:$C$45,$X236)=\"Oui\",1,0))","v":0},"","","",""]
[{"$f":"IF(B237=\"\",\"\",COUNT($B$6:B237))","v":""},null,null,{"$f":"IF($W237=\"\",\"\",INDEX(Îlots!$N$6:$N$65,$W237))","v":""},null,null,{"$f":"IF($X237=\"\",\"\",INDEX(Fertilisants!$B$6:$B$45,$X237))","v":""},null,null,{"$f":"IF($X237=\"\",\"\",INDEX(Fertilisants!$D$6:$D$45,$X237))","v":""},"",{"$f":"IF(OR($I237=\"\",$X237=\"\"),\"\",$I237*N(INDEX(Fertilisants!$E$6:$E$45,$X237)))","v":""},{"$f":"IF(OR($I237=\"\",$X237=\"\"),\"\",$I237*N(INDEX(Fertilisants!$G$6:$G$45,$X237)))","v":""},{"$f":"IF(OR($I237=\"\",$X237=\"\"),\"\",$I237*N(INDEX(Fertilisants!$H$6:$H$45,$X237)))","v":""},{"$f":"IF(OR($I237=\"\",$X237=\"\"),\"\",$I237*N(INDEX(Fertilisants!$I$6:$I$45,$X237)))","v":""},"",{"$nulls":3},"",null,null,{"$f":"IF($C237=\"\",\"\",IFERROR(MATCH($C237,Îlots!$C$6:$C$65,0),\"\"))","v":""},{"$f":"IF($F237=\"\",\"\",IFERROR(MATCH($F237,Fertilisants!$A$6:$A$45,0),\"\"))","v":""},{"$f":"IF($W237=\"\",\"\",INDEX(Îlots!$D$6:$D$65,$W237))","v":""},{"$f":"IF($W237=\"\",\"\",INDEX(Îlots!$F$6:$F$65,$W237))","v":""},{"$f":"IF($W237=\"\",\"\",IF($E237=ApportCouvert,OccCouvert,INDEX(Îlots!$O$6:$O$65,$W237)))","v":""},{"$f":"IF(OR($AA237=\"\",$G237=\"\",$Z237=\"Non\"),\"\",IFERROR(MATCH($AA237&\" | \"&$G237,Paramètres!$I$7:$I$41,0),\"\"))","v":""},"",{"$f":"IF(OR($AB237=\"\",$AC237=\"\"),0,IF(OR(AND(INDEX(Paramètres!$J$7:$J$41,$AB237)>0,IF(INDEX(Paramètres!$J$7:$J$41,$AB237)<=INDEX(Paramètres!$K$7:$K$41,$AB237),AND($AC237>=INDEX(Paramètres!$J$7:$J$41,$AB237),$AC237<=INDEX(Paramètres!$K$7:$K$41,$AB237)),OR($AC237>=INDEX(Paramètres!$J$7:$J$41,$AB237),$AC237<=INDEX(Paramètres!$K$7:$K$41,$AB237)))),AND(INDEX(Paramètres!$L$7:$L$41,$AB237)>0,IF(INDEX(Paramètres!$L$7:$L$41,$AB237)<=INDEX(Paramètres!$M$7:$M$41,$AB237),AND($AC237>=INDEX(Paramètres!$L$7:$L$41,$AB237),$AC237<=INDEX(Paramètres!$M$7:$M$41,$AB237)),OR($AC237>=INDEX(Paramètres!$L$7:$L$41,$AB237),$AC237<=INDEX(Paramètres!$M$7:$M$41,$AB237))))),1,0))","v":0},{"$f":"IF($X237=\"\",0,IF(INDEX(Fertilisants!$C$6:$C$45,$X237)=\"Oui\",1,0))","v":0},"","","",""]
[{"$f":"IF(B238=\"\",\"\",COUNT($B$6:B238))","v":""},null,null,{"$f":"IF($W238=\"\",\"\",INDEX(Îlots!$N$6:$N$65,$W238))","v":""},null,null,{"$f":"IF($X238=\"\",\"\",INDEX(Fertilisants!$B$6:$B$45,$X238))","v":""},null,null,{"$f":"IF($X238=\"\",\"\",INDEX(Fertilisants!$D$6:$D$45,$X238))","v":""},"",{"$f":"IF(OR($I238=\"\",$X238=\"\"),\"\",$I238*N(INDEX(Fertilisants!$E$6:$E$45,$X238)))","v":""},{"$f":"IF(OR($I238=\"\",$X238=\"\"),\"\",$I238*N(INDEX(Fertilisants!$G$6:$G$45,$X238)))","v":""},{"$f":"IF(OR($I238=\"\",$X238=\"\"),\"\",$I238*N(INDEX(Fertilisants!$H$6:$H$45,$X238)))","v":""},{"$f":"IF(OR($I238=\"\",$X238=\"\"),\"\",$I238*N(INDEX(Fertilisants!$I$6:$I$45,$X238)))","v":""},"",{"$nulls":3},"",null,null,{"$f":"IF($C238=\"\",\"\",IFERROR(MATCH($C238,Îlots!$C$6:$C$65,0),\"\"))","v":""},{"$f":"IF($F238=\"\",\"\",IFERROR(MATCH($F238,Fertilisants!$A$6:$A$45,0),\"\"))","v":""},{"$f":"IF($W238=\"\",\"\",INDEX(Îlots!$D$6:$D$65,$W238))","v":""},{"$f":"IF($W238=\"\",\"\",INDEX(Îlots!$F$6:$F$65,$W238))","v":""},{"$f":"IF($W238=\"\",\"\",IF($E238=ApportCouvert,OccCouvert,INDEX(Îlots!$O$6:$O$65,$W238)))","v":""},{"$f":"IF(OR($AA238=\"\",$G238=\"\",$Z238=\"Non\"),\"\",IFERROR(MATCH($AA238&\" | \"&$G238,Paramètres!$I$7:$I$41,0),\"\"))","v":""},"",{"$f":"IF(OR($AB238=\"\",$AC238=\"\"),0,IF(OR(AND(INDEX(Paramètres!$J$7:$J$41,$AB238)>0,IF(INDEX(Paramètres!$J$7:$J$41,$AB238)<=INDEX(Paramètres!$K$7:$K$41,$AB238),AND($AC238>=INDEX(Paramètres!$J$7:$J$41,$AB238),$AC238<=INDEX(Paramètres!$K$7:$K$41,$AB238)),OR($AC238>=INDEX(Paramètres!$J$7:$J$41,$AB238),$AC238<=INDEX(Paramètres!$K$7:$K$41,$AB238)))),AND(INDEX(Paramètres!$L$7:$L$41,$AB238)>0,IF(INDEX(Paramètres!$L$7:$L$41,$AB238)<=INDEX(Paramètres!$M$7:$M$41,$AB238),AND($AC238>=INDEX(Paramètres!$L$7:$L$41,$AB238),$AC238<=INDEX(Paramètres!$M$7:$M$41,$AB238)),OR($AC238>=INDEX(Paramètres!$L$7:$L$41,$AB238),$AC238<=INDEX(Paramètres!$M$7:$M$41,$AB238))))),1,0))","v":0},{"$f":"IF($X238=\"\",0,IF(INDEX(Fertilisants!$C$6:$C$45,$X238)=\"Oui\",1,0))","v":0},"","","",""]
[{"$f":"IF(B239=\"\",\"\",COUNT($B$6:B239))","v":""},null,null,{"$f":"IF($W239=\"\",\"\",INDEX(Îlots!$N$6:$N$65,$W239))","v":""},null,null,{"$f":"IF($X239=\"\",\"\",INDEX(Fertilisants!$B$6:$B$45,$X239))","v":""},null,null,{"$f":"IF($X239=\"\",\"\",INDEX(Fertilisants!$D$6:$D$45,$X239))","v":""},"",{"$f":"IF(OR($I239=\"\",$X239=\"\"),\"\",$I239*N(INDEX(Fertilisants!$E$6:$E$45,$X239)))","v":""},{"$f":"IF(OR($I239=\"\",$X239=\"\"),\"\",$I239*N(INDEX(Fertilisants!$G$6:$G$45,$X239)))","v":""},{"$f":"IF(OR($I239=\"\",$X239=\"\"),\"\",$I239*N(INDEX(Fertilisants!$H$6:$H$45,$X239)))","v":""},{"$f":"IF(OR($I239=\"\",$X239=\"\"),\"\",$I239*N(INDEX(Fertilisants!$I$6:$I$45,$X239)))","v":""},"",{"$nulls":3},"",null,null,{"$f":"IF($C239=\"\",\"\",IFERROR(MATCH($C239,Îlots!$C$6:$C$65,0),\"\"))","v":""},{"$f":"IF($F239=\"\",\"\",IFERROR(MATCH($F239,Fertilisants!$A$6:$A$45,0),\"\"))","v":""},{"$f":"IF($W239=\"\",\"\",INDEX(Îlots!$D$6:$D$65,$W239))","v":""},{"$f":"IF($W239=\"\",\"\",INDEX(Îlots!$F$6:$F$65,$W239))","v":""},{"$f":"IF($W239=\"\",\"\",IF($E239=ApportCouvert,OccCouvert,INDEX(Îlots!$O$6:$O$65,$W239)))","v":""},{"$f":"IF(OR($AA239=\"\",$G239=\"\",$Z239=\"Non\"),\"\",IFERROR(MATCH($AA239&\" | \"&$G239,Paramètres!$I$7:$I$41,0),\"\"))","v":""},"",{"$f":"IF(OR($AB239=\"\",$AC239=\"\"),0,IF(OR(AND(INDEX(Paramètres!$J$7:$J$41,$AB239)>0,IF(INDEX(Paramètres!$J$7:$J$41,$AB239)<=INDEX(Paramètres!$K$7:$K$41,$AB239),AND($AC239>=INDEX(Paramètres!$J$7:$J$41,$AB239),$AC239<=INDEX(Paramètres!$K$7:$K$41,$AB239)),OR($AC239>=INDEX(Paramètres!$J$7:$J$41,$AB239),$AC239<=INDEX(Paramètres!$K$7:$K$41,$AB239)))),AND(INDEX(Paramètres!$L$7:$L$41,$AB239)>0,IF(INDEX(Paramètres!$L$7:$L$41,$AB239)<=INDEX(Paramètres!$M$7:$M$41,$AB239),AND($AC239>=INDEX(Paramètres!$L$7:$L$41,$AB239),$AC239<=INDEX(Paramètres!$M$7:$M$41,$AB239)),OR($AC239>=INDEX(Paramètres!$L$7:$L$41,$AB239),$AC239<=INDEX(Paramètres!$M$7:$M$41,$AB239))))),1,0))","v":0},{"$f":"IF($X239=\"\",0,IF(INDEX(Fertilisants!$C$6:$C$45,$X239)=\"Oui\",1,0))","v":0},"","","",""]
[{"$f":"IF(B240=\"\",\"\",COUNT($B$6:B240))","v":""},null,null,{"$f":"IF($W240=\"\",\"\",INDEX(Îlots!$N$6:$N$65,$W240))","v":""},null,null,{"$f":"IF($X240=\"\",\"\",INDEX(Fertilisants!$B$6:$B$45,$X240))","v":""},null,null,{"$f":"IF($X240=\"\",\"\",INDEX(Fertilisants!$D$6:$D$45,$X240))","v":""},"",{"$f":"IF(OR($I240=\"\",$X240=\"\"),\"\",$I240*N(INDEX(Fertilisants!$E$6:$E$45,$X240)))","v":""},{"$f":"IF(OR($I240=\"\",$X240=\"\"),\"\",$I240*N(INDEX(Fertilisants!$G$6:$G$45,$X240)))","v":""},{"$f":"IF(OR($I240=\"\",$X240=\"\"),\"\",$I240*N(INDEX(Fertilisants!$H$6:$H$45,$X240)))","v":""},{"$f":"IF(OR($I240=\"\",$X240=\"\"),\"\",$I240*N(INDEX(Fertilisants!$I$6:$I$45,$X240)))","v":""},"",{"$nulls":3},"",null,null,{"$f":"IF($C240=\"\",\"\",IFERROR(MATCH($C240,Îlots!$C$6:$C$65,0),\"\"))","v":""},{"$f":"IF($F240=\"\",\"\",IFERROR(MATCH($F240,Fertilisants!$A$6:$A$45,0),\"\"))","v":""},{"$f":"IF($W240=\"\",\"\",INDEX(Îlots!$D$6:$D$65,$W240))","v":""},{"$f":"IF($W240=\"\",\"\",INDEX(Îlots!$F$6:$F$65,$W240))","v":""},{"$f":"IF($W240=\"\",\"\",IF($E240=ApportCouvert,OccCouvert,INDEX(Îlots!$O$6:$O$65,$W240)))","v":""},{"$f":"IF(OR($AA240=\"\",$G240=\"\",$Z240=\"Non\"),\"\",IFERROR(MATCH($AA240&\" | \"&$G240,Paramètres!$I$7:$I$41,0),\"\"))","v":""},"",{"$f":"IF(OR($AB240=\"\",$AC240=\"\"),0,IF(OR(AND(INDEX(Paramètres!$J$7:$J$41,$AB240)>0,IF(INDEX(Paramètres!$J$7:$J$41,$AB240)<=INDEX(Paramètres!$K$7:$K$41,$AB240),AND($AC240>=INDEX(Paramètres!$J$7:$J$41,$AB240),$AC240<=INDEX(Paramètres!$K$7:$K$41,$AB240)),OR($AC240>=INDEX(Paramètres!$J$7:$J$41,$AB240),$AC240<=INDEX(Paramètres!$K$7:$K$41,$AB240)))),AND(INDEX(Paramètres!$L$7:$L$41,$AB240)>0,IF(INDEX(Paramètres!$L$7:$L$41,$AB240)<=INDEX(Paramètres!$M$7:$M$41,$AB240),AND($AC240>=INDEX(Paramètres!$L$7:$L$41,$AB240),$AC240<=INDEX(Paramètres!$M$7:$M$41,$AB240)),OR($AC240>=INDEX(Paramètres!$L$7:$L$41,$AB240),$AC240<=INDEX(Paramètres!$M$7:$M$41,$AB240))))),1,0))","v":0},{"$f":"IF($X240=\"\",0,IF(INDEX(Fertilisants!$C$6:$C$45,$X240)=\"Oui\",1,0))","v":0},"","","",""]
[{"$f":"IF(B241=\"\",\"\",COUNT($B$6:B241))","v":""},null,null,{"$f":"IF($W241=\"\",\"\",INDEX(Îlots!$N$6:$N$65,$W241))","v":""},null,null,{"$f":"IF($X241=\"\",\"\",INDEX(Fertilisants!$B$6:$B$45,$X241))","v":""},null,null,{"$f":"IF($X241=\"\",\"\",INDEX(Fertilisants!$D$6:$D$45,$X241))","v":""},"",{"$f":"IF(OR($I241=\"\",$X241=\"\"),\"\",$I241*N(INDEX(Fertilisants!$E$6:$E$45,$X241)))","v":""},{"$f":"IF(OR($I241=\"\",$X241=\"\"),\"\",$I241*N(INDEX(Fertilisants!$G$6:$G$45,$X241)))","v":""},{"$f":"IF(OR($I241=\"\",$X241=\"\"),\"\",$I241*N(INDEX(Fertilisants!$H$6:$H$45,$X241)))","v":""},{"$f":"IF(OR($I241=\"\",$X241=\"\"),\"\",$I241*N(INDEX(Fertilisants!$I$6:$I$45,$X241)))","v":""},"",{"$nulls":3},"",null,null,{"$f":"IF($C241=\"\",\"\",IFERROR(MATCH($C241,Îlots!$C$6:$C$65,0),\"\"))","v":""},{"$f":"IF($F241=\"\",\"\",IFERROR(MATCH($F241,Fertilisants!$A$6:$A$45,0),\"\"))","v":""},{"$f":"IF($W241=\"\",\"\",INDEX(Îlots!$D$6:$D$65,$W241))","v":""},{"$f":"IF($W241=\"\",\"\",INDEX(Îlots!$F$6:$F$65,$W241))","v":""},{"$f":"IF($W241=\"\",\"\",IF($E241=ApportCouvert,OccCouvert,INDEX(Îlots!$O$6:$O$65,$W241)))","v":""},{"$f":"IF(OR($AA241=\"\",$G241=\"\",$Z241=\"Non\"),\"\",IFERROR(MATCH($AA241&\" | \"&$G241,Paramètres!$I$7:$I$41,0),\"\"))","v":""},"",{"$f":"IF(OR($AB241=\"\",$AC241=\"\"),0,IF(OR(AND(INDEX(Paramètres!$J$7:$J$41,$AB241)>0,IF(INDEX(Paramètres!$J$7:$J$41,$AB241)<=INDEX(Paramètres!$K$7:$K$41,$AB241),AND($AC241>=INDEX(Paramètres!$J$7:$J$41,$AB241),$AC241<=INDEX(Paramètres!$K$7:$K$41,$AB241)),OR($AC241>=INDEX(Paramètres!$J$7:$J$41,$AB241),$AC241<=INDEX(Paramètres!$K$7:$K$41,$AB241)))),AND(INDEX(Paramètres!$L$7:$L$41,$AB241)>0,IF(INDEX(Paramètres!$L$7:$L$41,$AB241)<=INDEX(Paramètres!$M$7:$M$41,$AB241),AND($AC241>=INDEX(Paramètres!$L$7:$L$41,$AB241),$AC241<=INDEX(Paramètres!$M$7:$M$41,$AB241)),OR($AC241>=INDEX(Paramètres!$L$7:$L$41,$AB241),$AC241<=INDEX(Paramètres!$M$7:$M$41,$AB241))))),1,0))","v":0},{"$f":"IF($X241=\"\",0,IF(INDEX(Fertilisants!$C$6:$C$45,$X241)=\"Oui\",1,0))","v":0},"","","",""]
[{"$f":"IF(B242=\"\",\"\",COUNT($B$6:B242))","v":""},null,null,{"$f":"IF($W242=\"\",\"\",INDEX(Îlots!$N$6:$N$65,$W242))","v":""},null,null,{"$f":"IF($X242=\"\",\"\",INDEX(Fertilisants!$B$6:$B$45,$X242))","v":""},null,null,{"$f":"IF($X242=\"\",\"\",INDEX(Fertilisants!$D$6:$D$45,$X242))","v":""},"",{"$f":"IF(OR($I242=\"\",$X242=\"\"),\"\",$I242*N(INDEX(Fertilisants!$E$6:$E$45,$X242)))","v":""},{"$f":"IF(OR($I242=\"\",$X242=\"\"),\"\",$I242*N(INDEX(Fertilisants!$G$6:$G$45,$X242)))","v":""},{"$f":"IF(OR($I242=\"\",$X242=\"\"),\"\",$I242*N(INDEX(Fertilisants!$H$6:$H$45,$X242)))","v":""},{"$f":"IF(OR($I242=\"\",$X242=\"\"),\"\",$I242*N(INDEX(Fertilisants!$I$6:$I$45,$X242)))","v":""},"",{"$nulls":3},"",null,null,{"$f":"IF($C242=\"\",\"\",IFERROR(MATCH($C242,Îlots!$C$6:$C$65,0),\"\"))","v":""},{"$f":"IF($F242=\"\",\"\",IFERROR(MATCH($F242,Fertilisants!$A$6:$A$45,0),\"\"))","v":""},{"$f":"IF($W242=\"\",\"\",INDEX(Îlots!$D$6:$D$65,$W242))","v":""},{"$f":"IF($W242=\"\",\"\",INDEX(Îlots!$F$6:$F$65,$W242))","v":""},{"$f":"IF($W242=\"\",\"\",IF($E242=ApportCouvert,OccCouvert,INDEX(Îlots!$O$6:$O$65,$W242)))","v":""},{"$f":"IF(OR($AA242=\"\",$G242=\"\",$Z242=\"Non\"),\"\",IFERROR(MATCH($AA242&\" | \"&$G242,Paramètres!$I$7:$I$41,0),\"\"))","v":""},"",{"$f":"IF(OR($AB242=\"\",$AC242=\"\"),0,IF(OR(AND(INDEX(Paramètres!$J$7:$J$41,$AB242)>0,IF(INDEX(Paramètres!$J$7:$J$41,$AB242)<=INDEX(Paramètres!$K$7:$K$41,$AB242),AND($AC242>=INDEX(Paramètres!$J$7:$J$41,$AB242),$AC242<=INDEX(Paramètres!$K$7:$K$41,$AB242)),OR($AC242>=INDEX(Paramètres!$J$7:$J$41,$AB242),$AC242<=INDEX(Paramètres!$K$7:$K$41,$AB242)))),AND(INDEX(Paramètres!$L$7:$L$41,$AB242)>0,IF(INDEX(Paramètres!$L$7:$L$41,$AB242)<=INDEX(Paramètres!$M$7:$M$41,$AB242),AND($AC242>=INDEX(Paramètres!$L$7:$L$41,$AB242),$AC242<=INDEX(Paramètres!$M$7:$M$41,$AB242)),OR($AC242>=INDEX(Paramètres!$L$7:$L$41,$AB242),$AC242<=INDEX(Paramètres!$M$7:$M$41,$AB242))))),1,0))","v":0},{"$f":"IF($X242=\"\",0,IF(INDEX(Fertilisants!$C$6:$C$45,$X242)=\"Oui\",1,0))","v":0},"","","",""]
[{"$f":"IF(B243=\"\",\"\",COUNT($B$6:B243))","v":""},null,null,{"$f":"IF($W243=\"\",\"\",INDEX(Îlots!$N$6:$N$65,$W243))","v":""},null,null,{"$f":"IF($X243=\"\",\"\",INDEX(Fertilisants!$B$6:$B$45,$X243))","v":""},null,null,{"$f":"IF($X243=\"\",\"\",INDEX(Fertilisants!$D$6:$D$45,$X243))","v":""},"",{"$f":"IF(OR($I243=\"\",$X243=\"\"),\"\",$I243*N(INDEX(Fertilisants!$E$6:$E$45,$X243)))","v":""},{"$f":"IF(OR($I243=\"\",$X243=\"\"),\"\",$I243*N(INDEX(Fertilisants!$G$6:$G$45,$X243)))","v":""},{"$f":"IF(OR($I243=\"\",$X243=\"\"),\"\",$I243*N(INDEX(Fertilisants!$H$6:$H$45,$X243)))","v":""},{"$f":"IF(OR($I243=\"\",$X243=\"\"),\"\",$I243*N(INDEX(Fertilisants!$I$6:$I$45,$X243)))","v":""},"",{"$nulls":3},"",null,null,{"$f":"IF($C243=\"\",\"\",IFERROR(MATCH($C243,Îlots!$C$6:$C$65,0),\"\"))","v":""},{"$f":"IF($F243=\"\",\"\",IFERROR(MATCH($F243,Fertilisants!$A$6:$A$45,0),\"\"))","v":""},{"$f":"IF($W243=\"\",\"\",INDEX(Îlots!$D$6:$D$65,$W243))","v":""},{"$f":"IF($W243=\"\",\"\",INDEX(Îlots!$F$6:$F$65,$W243))","v":""},{"$f":"IF($W243=\"\",\"\",IF($E243=ApportCouvert,OccCouvert,INDEX(Îlots!$O$6:$O$65,$W243)))","v":""},{"$f":"IF(OR($AA243=\"\",$G243=\"\",$Z243=\"Non\"),\"\",IFERROR(MATCH($AA243&\" | \"&$G243,Paramètres!$I$7:$I$41,0),\"\"))","v":""},"",{"$f":"IF(OR($AB243=\"\",$AC243=\"\"),0,IF(OR(AND(INDEX(Paramètres!$J$7:$J$41,$AB243)>0,IF(INDEX(Paramètres!$J$7:$J$41,$AB243)<=INDEX(Paramètres!$K$7:$K$41,$AB243),AND($AC243>=INDEX(Paramètres!$J$7:$J$41,$AB243),$AC243<=INDEX(Paramètres!$K$7:$K$41,$AB243)),OR($AC243>=INDEX(Paramètres!$J$7:$J$41,$AB243),$AC243<=INDEX(Paramètres!$K$7:$K$41,$AB243)))),AND(INDEX(Paramètres!$L$7:$L$41,$AB243)>0,IF(INDEX(Paramètres!$L$7:$L$41,$AB243)<=INDEX(Paramètres!$M$7:$M$41,$AB243),AND($AC243>=INDEX(Paramètres!$L$7:$L$41,$AB243),$AC243<=INDEX(Paramètres!$M$7:$M$41,$AB243)),OR($AC243>=INDEX(Paramètres!$L$7:$L$41,$AB243),$AC243<=INDEX(Paramètres!$M$7:$M$41,$AB243))))),1,0))","v":0},{"$f":"IF($X243=\"\",0,IF(INDEX(Fertilisants!$C$6:$C$45,$X243)=\"Oui\",1,0))","v":0},"","","",""]
[{"$f":"IF(B244=\"\",\"\",COUNT($B$6:B244))","v":""},null,null,{"$f":"IF($W244=\"\",\"\",INDEX(Îlots!$N$6:$N$65,$W244))","v":""},null,null,{"$f":"IF($X244=\"\",\"\",INDEX(Fertilisants!$B$6:$B$45,$X244))","v":""},null,null,{"$f":"IF($X244=\"\",\"\",INDEX(Fertilisants!$D$6:$D$45,$X244))","v":""},"",{"$f":"IF(OR($I244=\"\",$X244=\"\"),\"\",$I244*N(INDEX(Fertilisants!$E$6:$E$45,$X244)))","v":""},{"$f":"IF(OR($I244=\"\",$X244=\"\"),\"\",$I244*N(INDEX(Fertilisants!$G$6:$G$45,$X244)))","v":""},{"$f":"IF(OR($I244=\"\",$X244=\"\"),\"\",$I244*N(INDEX(Fertilisants!$H$6:$H$45,$X244)))","v":""},{"$f":"IF(OR($I244=\"\",$X244=\"\"),\"\",$I244*N(INDEX(Fertilisants!$I$6:$I$45,$X244)))","v":""},"",{"$nulls":3},"",null,null,{"$f":"IF($C244=\"\",\"\",IFERROR(MATCH($C244,Îlots!$C$6:$C$65,0),\"\"))","v":""},{"$f":"IF($F244=\"\",\"\",IFERROR(MATCH($F244,Fertilisants!$A$6:$A$45,0),\"\"))","v":""},{"$f":"IF($W244=\"\",\"\",INDEX(Îlots!$D$6:$D$65,$W244))","v":""},{"$f":"IF($W244=\"\",\"\",INDEX(Îlots!$F$6:$F$65,$W244))","v":""},{"$f":"IF($W244=\"\",\"\",IF($E244=ApportCouvert,OccCouvert,INDEX(Îlots!$O$6:$O$65,$W244)))","v":""},{"$f":"IF(OR($AA244=\"\",$G244=\"\",$Z244=\"Non\"),\"\",IFERROR(MATCH($AA244&\" | \"&$G244,Paramètres!$I$7:$I$41,0),\"\"))","v":""},"",{"$f":"IF(OR($AB244=\"\",$AC244=\"\"),0,IF(OR(AND(INDEX(Paramètres!$J$7:$J$41,$AB244)>0,IF(INDEX(Paramètres!$J$7:$J$41,$AB244)<=INDEX(Paramètres!$K$7:$K$41,$AB244),AND($AC244>=INDEX(Paramètres!$J$7:$J$41,$AB244),$AC244<=INDEX(Paramètres!$K$7:$K$41,$AB244)),OR($AC244>=INDEX(Paramètres!$J$7:$J$41,$AB244),$AC244<=INDEX(Paramètres!$K$7:$K$41,$AB244)))),AND(INDEX(Paramètres!$L$7:$L$41,$AB244)>0,IF(INDEX(Paramètres!$L$7:$L$41,$AB244)<=INDEX(Paramètres!$M$7:$M$41,$AB244),AND($AC244>=INDEX(Paramètres!$L$7:$L$41,$AB244),$AC244<=INDEX(Paramètres!$M$7:$M$41,$AB244)),OR($AC244>=INDEX(Paramètres!$L$7:$L$41,$AB244),$AC244<=INDEX(Paramètres!$M$7:$M$41,$AB244))))),1,0))","v":0},{"$f":"IF($X244=\"\",0,IF(INDEX(Fertilisants!$C$6:$C$45,$X244)=\"Oui\",1,0))","v":0},"","","",""]
[{"$f":"IF(B245=\"\",\"\",COUNT($B$6:B245))","v":""},null,null,{"$f":"IF($W245=\"\",\"\",INDEX(Îlots!$N$6:$N$65,$W245))","v":""},null,null,{"$f":"IF($X245=\"\",\"\",INDEX(Fertilisants!$B$6:$B$45,$X245))","v":""},null,null,{"$f":"IF($X245=\"\",\"\",INDEX(Fertilisants!$D$6:$D$45,$X245))","v":""},"",{"$f":"IF(OR($I245=\"\",$X245=\"\"),\"\",$I245*N(INDEX(Fertilisants!$E$6:$E$45,$X245)))","v":""},{"$f":"IF(OR($I245=\"\",$X245=\"\"),\"\",$I245*N(INDEX(Fertilisants!$G$6:$G$45,$X245)))","v":""},{"$f":"IF(OR($I245=\"\",$X245=\"\"),\"\",$I245*N(INDEX(Fertilisants!$H$6:$H$45,$X245)))","v":""},{"$f":"IF(OR($I245=\"\",$X245=\"\"),\"\",$I245*N(INDEX(Fertilisants!$I$6:$I$45,$X245)))","v":""},"",{"$nulls":3},"",null,null,{"$f":"IF($C245=\"\",\"\",IFERROR(MATCH($C245,Îlots!$C$6:$C$65,0),\"\"))","v":""},{"$f":"IF($F245=\"\",\"\",IFERROR(MATCH($F245,Fertilisants!$A$6:$A$45,0),\"\"))","v":""},{"$f":"IF($W245=\"\",\"\",INDEX(Îlots!$D$6:$D$65,$W245))","v":""},{"$f":"IF($W245=\"\",\"\",INDEX(Îlots!$F$6:$F$65,$W245))","v":""},{"$f":"IF($W245=\"\",\"\",IF($E245=ApportCouvert,OccCouvert,INDEX(Îlots!$O$6:$O$65,$W245)))","v":""},{"$f":"IF(OR($AA245=\"\",$G245=\"\",$Z245=\"Non\"),\"\",IFERROR(MATCH($AA245&\" | \"&$G245,Paramètres!$I$7:$I$41,0),\"\"))","v":""},"",{"$f":"IF(OR($AB245=\"\",$AC245=\"\"),0,IF(OR(AND(INDEX(Paramètres!$J$7:$J$41,$AB245)>0,IF(INDEX(Paramètres!$J$7:$J$41,$AB245)<=INDEX(Paramètres!$K$7:$K$41,$AB245),AND($AC245>=INDEX(Paramètres!$J$7:$J$41,$AB245),$AC245<=INDEX(Paramètres!$K$7:$K$41,$AB245)),OR($AC245>=INDEX(Paramètres!$J$7:$J$41,$AB245),$AC245<=INDEX(Paramètres!$K$7:$K$41,$AB245)))),AND(INDEX(Paramètres!$L$7:$L$41,$AB245)>0,IF(INDEX(Paramètres!$L$7:$L$41,$AB245)<=INDEX(Paramètres!$M$7:$M$41,$AB245),AND($AC245>=INDEX(Paramètres!$L$7:$L$41,$AB245),$AC245<=INDEX(Paramètres!$M$7:$M$41,$AB245)),OR($AC245>=INDEX(Paramètres!$L$7:$L$41,$AB245),$AC245<=INDEX(Paramètres!$M$7:$M$41,$AB245))))),1,0))","v":0},{"$f":"IF($X245=\"\",0,IF(INDEX(Fertilisants!$C$6:$C$45,$X245)=\"Oui\",1,0))","v":0},"","","",""]
[{"$f":"IF(B246=\"\",\"\",COUNT($B$6:B246))","v":""},null,null,{"$f":"IF($W246=\"\",\"\",INDEX(Îlots!$N$6:$N$65,$W246))","v":""},null,null,{"$f":"IF($X246=\"\",\"\",INDEX(Fertilisants!$B$6:$B$45,$X246))","v":""},null,null,{"$f":"IF($X246=\"\",\"\",INDEX(Fertilisants!$D$6:$D$45,$X246))","v":""},"",{"$f":"IF(OR($I246=\"\",$X246=\"\"),\"\",$I246*N(INDEX(Fertilisants!$E$6:$E$45,$X246)))","v":""},{"$f":"IF(OR($I246=\"\",$X246=\"\"),\"\",$I246*N(INDEX(Fertilisants!$G$6:$G$45,$X246)))","v":""},{"$f":"IF(OR($I246=\"\",$X246=\"\"),\"\",$I246*N(INDEX(Fertilisants!$H$6:$H$45,$X246)))","v":""},{"$f":"IF(OR($I246=\"\",$X246=\"\"),\"\",$I246*N(INDEX(Fertilisants!$I$6:$I$45,$X246)))","v":""},"",{"$nulls":3},"",null,null,{"$f":"IF($C246=\"\",\"\",IFERROR(MATCH($C246,Îlots!$C$6:$C$65,0),\"\"))","v":""},{"$f":"IF($F246=\"\",\"\",IFERROR(MATCH($F246,Fertilisants!$A$6:$A$45,0),\"\"))","v":""},{"$f":"IF($W246=\"\",\"\",INDEX(Îlots!$D$6:$D$65,$W246))","v":""},{"$f":"IF($W246=\"\",\"\",INDEX(Îlots!$F$6:$F$65,$W246))","v":""},{"$f":"IF($W246=\"\",\"\",IF($E246=ApportCouvert,OccCouvert,INDEX(Îlots!$O$6:$O$65,$W246)))","v":""},{"$f":"IF(OR($AA246=\"\",$G246=\"\",$Z246=\"Non\"),\"\",IFERROR(MATCH($AA246&\" | \"&$G246,Paramètres!$I$7:$I$41,0),\"\"))","v":""},"",{"$f":"IF(OR($AB246=\"\",$AC246=\"\"),0,IF(OR(AND(INDEX(Paramètres!$J$7:$J$41,$AB246)>0,IF(INDEX(Paramètres!$J$7:$J$41,$AB246)<=INDEX(Paramètres!$K$7:$K$41,$AB246),AND($AC246>=INDEX(Paramètres!$J$7:$J$41,$AB246),$AC246<=INDEX(Paramètres!$K$7:$K$41,$AB246)),OR($AC246>=INDEX(Paramètres!$J$7:$J$41,$AB246),$AC246<=INDEX(Paramètres!$K$7:$K$41,$AB246)))),AND(INDEX(Paramètres!$L$7:$L$41,$AB246)>0,IF(INDEX(Paramètres!$L$7:$L$41,$AB246)<=INDEX(Paramètres!$M$7:$M$41,$AB246),AND($AC246>=INDEX(Paramètres!$L$7:$L$41,$AB246),$AC246<=INDEX(Paramètres!$M$7:$M$41,$AB246)),OR($AC246>=INDEX(Paramètres!$L$7:$L$41,$AB246),$AC246<=INDEX(Paramètres!$M$7:$M$41,$AB246))))),1,0))","v":0},{"$f":"IF($X246=\"\",0,IF(INDEX(Fertilisants!$C$6:$C$45,$X246)=\"Oui\",1,0))","v":0},"","","",""]
[{"$f":"IF(B247=\"\",\"\",COUNT($B$6:B247))","v":""},null,null,{"$f":"IF($W247=\"\",\"\",INDEX(Îlots!$N$6:$N$65,$W247))","v":""},null,null,{"$f":"IF($X247=\"\",\"\",INDEX(Fertilisants!$B$6:$B$45,$X247))","v":""},null,null,{"$f":"IF($X247=\"\",\"\",INDEX(Fertilisants!$D$6:$D$45,$X247))","v":""},"",{"$f":"IF(OR($I247=\"\",$X247=\"\"),\"\",$I247*N(INDEX(Fertilisants!$E$6:$E$45,$X247)))","v":""},{"$f":"IF(OR($I247=\"\",$X247=\"\"),\"\",$I247*N(INDEX(Fertilisants!$G$6:$G$45,$X247)))","v":""},{"$f":"IF(OR($I247=\"\",$X247=\"\"),\"\",$I247*N(INDEX(Fertilisants!$H$6:$H$45,$X247)))","v":""},{"$f":"IF(OR($I247=\"\",$X247=\"\"),\"\",$I247*N(INDEX(Fertilisants!$I$6:$I$45,$X247)))","v":""},"",{"$nulls":3},"",null,null,{"$f":"IF($C247=\"\",\"\",IFERROR(MATCH($C247,Îlots!$C$6:$C$65,0),\"\"))","v":""},{"$f":"IF($F247=\"\",\"\",IFERROR(MATCH($F247,Fertilisants!$A$6:$A$45,0),\"\"))","v":""},{"$f":"IF($W247=\"\",\"\",INDEX(Îlots!$D$6:$D$65,$W247))","v":""},{"$f":"IF($W247=\"\",\"\",INDEX(Îlots!$F$6:$F$65,$W247))","v":""},{"$f":"IF($W247=\"\",\"\",IF($E247=ApportCouvert,OccCouvert,INDEX(Îlots!$O$6:$O$65,$W247)))","v":""},{"$f":"IF(OR($AA247=\"\",$G247=\"\",$Z247=\"Non\"),\"\",IFERROR(MATCH($AA247&\" | \"&$G247,Paramètres!$I$7:$I$41,0),\"\"))","v":""},"",{"$f":"IF(OR($AB247=\"\",$AC247=\"\"),0,IF(OR(AND(INDEX(Paramètres!$J$7:$J$41,$AB247)>0,IF(INDEX(Paramètres!$J$7:$J$41,$AB247)<=INDEX(Paramètres!$K$7:$K$41,$AB247),AND($AC247>=INDEX(Paramètres!$J$7:$J$41,$AB247),$AC247<=INDEX(Paramètres!$K$7:$K$41,$AB247)),OR($AC247>=INDEX(Paramètres!$J$7:$J$41,$AB247),$AC247<=INDEX(Paramètres!$K$7:$K$41,$AB247)))),AND(INDEX(Paramètres!$L$7:$L$41,$AB247)>0,IF(INDEX(Paramètres!$L$7:$L$41,$AB247)<=INDEX(Paramètres!$M$7:$M$41,$AB247),AND($AC247>=INDEX(Paramètres!$L$7:$L$41,$AB247),$AC247<=INDEX(Paramètres!$M$7:$M$41,$AB247)),OR($AC247>=INDEX(Paramètres!$L$7:$L$41,$AB247),$AC247<=INDEX(Paramètres!$M$7:$M$41,$AB247))))),1,0))","v":0},{"$f":"IF($X247=\"\",0,IF(INDEX(Fertilisants!$C$6:$C$45,$X247)=\"Oui\",1,0))","v":0},"","","",""]
[{"$f":"IF(B248=\"\",\"\",COUNT($B$6:B248))","v":""},null,null,{"$f":"IF($W248=\"\",\"\",INDEX(Îlots!$N$6:$N$65,$W248))","v":""},null,null,{"$f":"IF($X248=\"\",\"\",INDEX(Fertilisants!$B$6:$B$45,$X248))","v":""},null,null,{"$f":"IF($X248=\"\",\"\",INDEX(Fertilisants!$D$6:$D$45,$X248))","v":""},"",{"$f":"IF(OR($I248=\"\",$X248=\"\"),\"\",$I248*N(INDEX(Fertilisants!$E$6:$E$45,$X248)))","v":""},{"$f":"IF(OR($I248=\"\",$X248=\"\"),\"\",$I248*N(INDEX(Fertilisants!$G$6:$G$45,$X248)))","v":""},{"$f":"IF(OR($I248=\"\",$X248=\"\"),\"\",$I248*N(INDEX(Fertilisants!$H$6:$H$45,$X248)))","v":""},{"$f":"IF(OR($I248=\"\",$X248=\"\"),\"\",$I248*N(INDEX(Fertilisants!$I$6:$I$45,$X248)))","v":""},"",{"$nulls":3},"",null,null,{"$f":"IF($C248=\"\",\"\",IFERROR(MATCH($C248,Îlots!$C$6:$C$65,0),\"\"))","v":""},{"$f":"IF($F248=\"\",\"\",IFERROR(MATCH($F248,Fertilisants!$A$6:$A$45,0),\"\"))","v":""},{"$f":"IF($W248=\"\",\"\",INDEX(Îlots!$D$6:$D$65,$W248))","v":""},{"$f":"IF($W248=\"\",\"\",INDEX(Îlots!$F$6:$F$65,$W248))","v":""},{"$f":"IF($W248=\"\",\"\",IF($E248=ApportCouvert,OccCouvert,INDEX(Îlots!$O$6:$O$65,$W248)))","v":""},{"$f":"IF(OR($AA248=\"\",$G248=\"\",$Z248=\"Non\"),\"\",IFERROR(MATCH($AA248&\" | \"&$G248,Paramètres!$I$7:$I$41,0),\"\"))","v":""},"",{"$f":"IF(OR($AB248=\"\",$AC248=\"\"),0,IF(OR(AND(INDEX(Paramètres!$J$7:$J$41,$AB248)>0,IF(INDEX(Paramètres!$J$7:$J$41,$AB248)<=INDEX(Paramètres!$K$7:$K$41,$AB248),AND($AC248>=INDEX(Paramètres!$J$7:$J$41,$AB248),$AC248<=INDEX(Paramètres!$K$7:$K$41,$AB248)),OR($AC248>=INDEX(Paramètres!$J$7:$J$41,$AB248),$AC248<=INDEX(Paramètres!$K$7:$K$41,$AB248)))),AND(INDEX(Paramètres!$L$7:$L$41,$AB248)>0,IF(INDEX(Paramètres!$L$7:$L$41,$AB248)<=INDEX(Paramètres!$M$7:$M$41,$AB248),AND($AC248>=INDEX(Paramètres!$L$7:$L$41,$AB248),$AC248<=INDEX(Paramètres!$M$7:$M$41,$AB248)),OR($AC248>=INDEX(Paramètres!$L$7:$L$41,$AB248),$AC248<=INDEX(Paramètres!$M$7:$M$41,$AB248))))),1,0))","v":0},{"$f":"IF($X248=\"\",0,IF(INDEX(Fertilisants!$C$6:$C$45,$X248)=\"Oui\",1,0))","v":0},"","","",""]
[{"$f":"IF(B249=\"\",\"\",COUNT($B$6:B249))","v":""},null,null,{"$f":"IF($W249=\"\",\"\",INDEX(Îlots!$N$6:$N$65,$W249))","v":""},null,null,{"$f":"IF($X249=\"\",\"\",INDEX(Fertilisants!$B$6:$B$45,$X249))","v":""},null,null,{"$f":"IF($X249=\"\",\"\",INDEX(Fertilisants!$D$6:$D$45,$X249))","v":""},"",{"$f":"IF(OR($I249=\"\",$X249=\"\"),\"\",$I249*N(INDEX(Fertilisants!$E$6:$E$45,$X249)))","v":""},{"$f":"IF(OR($I249=\"\",$X249=\"\"),\"\",$I249*N(INDEX(Fertilisants!$G$6:$G$45,$X249)))","v":""},{"$f":"IF(OR($I249=\"\",$X249=\"\"),\"\",$I249*N(INDEX(Fertilisants!$H$6:$H$45,$X249)))","v":""},{"$f":"IF(OR($I249=\"\",$X249=\"\"),\"\",$I249*N(INDEX(Fertilisants!$I$6:$I$45,$X249)))","v":""},"",{"$nulls":3},"",null,null,{"$f":"IF($C249=\"\",\"\",IFERROR(MATCH($C249,Îlots!$C$6:$C$65,0),\"\"))","v":""},{"$f":"IF($F249=\"\",\"\",IFERROR(MATCH($F249,Fertilisants!$A$6:$A$45,0),\"\"))","v":""},{"$f":"IF($W249=\"\",\"\",INDEX(Îlots!$D$6:$D$65,$W249))","v":""},{"$f":"IF($W249=\"\",\"\",INDEX(Îlots!$F$6:$F$65,$W249))","v":""},{"$f":"IF($W249=\"\",\"\",IF($E249=ApportCouvert,OccCouvert,INDEX(Îlots!$O$6:$O$65,$W249)))","v":""},{"$f":"IF(OR($AA249=\"\",$G249=\"\",$Z249=\"Non\"),\"\",IFERROR(MATCH($AA249&\" | \"&$G249,Paramètres!$I$7:$I$41,0),\"\"))","v":""},"",{"$f":"IF(OR($AB249=\"\",$AC249=\"\"),0,IF(OR(AND(INDEX(Paramètres!$J$7:$J$41,$AB249)>0,IF(INDEX(Paramètres!$J$7:$J$41,$AB249)<=INDEX(Paramètres!$K$7:$K$41,$AB249),AND($AC249>=INDEX(Paramètres!$J$7:$J$41,$AB249),$AC249<=INDEX(Paramètres!$K$7:$K$41,$AB249)),OR($AC249>=INDEX(Paramètres!$J$7:$J$41,$AB249),$AC249<=INDEX(Paramètres!$K$7:$K$41,$AB249)))),AND(INDEX(Paramètres!$L$7:$L$41,$AB249)>0,IF(INDEX(Paramètres!$L$7:$L$41,$AB249)<=INDEX(Paramètres!$M$7:$M$41,$AB249),AND($AC249>=INDEX(Paramètres!$L$7:$L$41,$AB249),$AC249<=INDEX(Paramètres!$M$7:$M$41,$AB249)),OR($AC249>=INDEX(Paramètres!$L$7:$L$41,$AB249),$AC249<=INDEX(Paramètres!$M$7:$M$41,$AB249))))),1,0))","v":0},{"$f":"IF($X249=\"\",0,IF(INDEX(Fertilisants!$C$6:$C$45,$X249)=\"Oui\",1,0))","v":0},"","","",""]
[{"$f":"IF(B250=\"\",\"\",COUNT($B$6:B250))","v":""},null,null,{"$f":"IF($W250=\"\",\"\",INDEX(Îlots!$N$6:$N$65,$W250))","v":""},null,null,{"$f":"IF($X250=\"\",\"\",INDEX(Fertilisants!$B$6:$B$45,$X250))","v":""},null,null,{"$f":"IF($X250=\"\",\"\",INDEX(Fertilisants!$D$6:$D$45,$X250))","v":""},"",{"$f":"IF(OR($I250=\"\",$X250=\"\"),\"\",$I250*N(INDEX(Fertilisants!$E$6:$E$45,$X250)))","v":""},{"$f":"IF(OR($I250=\"\",$X250=\"\"),\"\",$I250*N(INDEX(Fertilisants!$G$6:$G$45,$X250)))","v":""},{"$f":"IF(OR($I250=\"\",$X250=\"\"),\"\",$I250*N(INDEX(Fertilisants!$H$6:$H$45,$X250)))","v":""},{"$f":"IF(OR($I250=\"\",$X250=\"\"),\"\",$I250*N(INDEX(Fertilisants!$I$6:$I$45,$X250)))","v":""},"",{"$nulls":3},"",null,null,{"$f":"IF($C250=\"\",\"\",IFERROR(MATCH($C250,Îlots!$C$6:$C$65,0),\"\"))","v":""},{"$f":"IF($F250=\"\",\"\",IFERROR(MATCH($F250,Fertilisants!$A$6:$A$45,0),\"\"))","v":""},{"$f":"IF($W250=\"\",\"\",INDEX(Îlots!$D$6:$D$65,$W250))","v":""},{"$f":"IF($W250=\"\",\"\",INDEX(Îlots!$F$6:$F$65,$W250))","v":""},{"$f":"IF($W250=\"\",\"\",IF($E250=ApportCouvert,OccCouvert,INDEX(Îlots!$O$6:$O$65,$W250)))","v":""},{"$f":"IF(OR($AA250=\"\",$G250=\"\",$Z250=\"Non\"),\"\",IFERROR(MATCH($AA250&\" | \"&$G250,Paramètres!$I$7:$I$41,0),\"\"))","v":""},"",{"$f":"IF(OR($AB250=\"\",$AC250=\"\"),0,IF(OR(AND(INDEX(Paramètres!$J$7:$J$41,$AB250)>0,IF(INDEX(Paramètres!$J$7:$J$41,$AB250)<=INDEX(Paramètres!$K$7:$K$41,$AB250),AND($AC250>=INDEX(Paramètres!$J$7:$J$41,$AB250),$AC250<=INDEX(Paramètres!$K$7:$K$41,$AB250)),OR($AC250>=INDEX(Paramètres!$J$7:$J$41,$AB250),$AC250<=INDEX(Paramètres!$K$7:$K$41,$AB250)))),AND(INDEX(Paramètres!$L$7:$L$41,$AB250)>0,IF(INDEX(Paramètres!$L$7:$L$41,$AB250)<=INDEX(Paramètres!$M$7:$M$41,$AB250),AND($AC250>=INDEX(Paramètres!$L$7:$L$41,$AB250),$AC250<=INDEX(Paramètres!$M$7:$M$41,$AB250)),OR($AC250>=INDEX(Paramètres!$L$7:$L$41,$AB250),$AC250<=INDEX(Paramètres!$M$7:$M$41,$AB250))))),1,0))","v":0},{"$f":"IF($X250=\"\",0,IF(INDEX(Fertilisants!$C$6:$C$45,$X250)=\"Oui\",1,0))","v":0},"","","",""]
[{"$f":"IF(B251=\"\",\"\",COUNT($B$6:B251))","v":""},null,null,{"$f":"IF($W251=\"\",\"\",INDEX(Îlots!$N$6:$N$65,$W251))","v":""},null,null,{"$f":"IF($X251=\"\",\"\",INDEX(Fertilisants!$B$6:$B$45,$X251))","v":""},null,null,{"$f":"IF($X251=\"\",\"\",INDEX(Fertilisants!$D$6:$D$45,$X251))","v":""},"",{"$f":"IF(OR($I251=\"\",$X251=\"\"),\"\",$I251*N(INDEX(Fertilisants!$E$6:$E$45,$X251)))","v":""},{"$f":"IF(OR($I251=\"\",$X251=\"\"),\"\",$I251*N(INDEX(Fertilisants!$G$6:$G$45,$X251)))","v":""},{"$f":"IF(OR($I251=\"\",$X251=\"\"),\"\",$I251*N(INDEX(Fertilisants!$H$6:$H$45,$X251)))","v":""},{"$f":"IF(OR($I251=\"\",$X251=\"\"),\"\",$I251*N(INDEX(Fertilisants!$I$6:$I$45,$X251)))","v":""},"",{"$nulls":3},"",null,null,{"$f":"IF($C251=\"\",\"\",IFERROR(MATCH($C251,Îlots!$C$6:$C$65,0),\"\"))","v":""},{"$f":"IF($F251=\"\",\"\",IFERROR(MATCH($F251,Fertilisants!$A$6:$A$45,0),\"\"))","v":""},{"$f":"IF($W251=\"\",\"\",INDEX(Îlots!$D$6:$D$65,$W251))","v":""},{"$f":"IF($W251=\"\",\"\",INDEX(Îlots!$F$6:$F$65,$W251))","v":""},{"$f":"IF($W251=\"\",\"\",IF($E251=ApportCouvert,OccCouvert,INDEX(Îlots!$O$6:$O$65,$W251)))","v":""},{"$f":"IF(OR($AA251=\"\",$G251=\"\",$Z251=\"Non\"),\"\",IFERROR(MATCH($AA251&\" | \"&$G251,Paramètres!$I$7:$I$41,0),\"\"))","v":""},"",{"$f":"IF(OR($AB251=\"\",$AC251=\"\"),0,IF(OR(AND(INDEX(Paramètres!$J$7:$J$41,$AB251)>0,IF(INDEX(Paramètres!$J$7:$J$41,$AB251)<=INDEX(Paramètres!$K$7:$K$41,$AB251),AND($AC251>=INDEX(Paramètres!$J$7:$J$41,$AB251),$AC251<=INDEX(Paramètres!$K$7:$K$41,$AB251)),OR($AC251>=INDEX(Paramètres!$J$7:$J$41,$AB251),$AC251<=INDEX(Paramètres!$K$7:$K$41,$AB251)))),AND(INDEX(Paramètres!$L$7:$L$41,$AB251)>0,IF(INDEX(Paramètres!$L$7:$L$41,$AB251)<=INDEX(Paramètres!$M$7:$M$41,$AB251),AND($AC251>=INDEX(Paramètres!$L$7:$L$41,$AB251),$AC251<=INDEX(Paramètres!$M$7:$M$41,$AB251)),OR($AC251>=INDEX(Paramètres!$L$7:$L$41,$AB251),$AC251<=INDEX(Paramètres!$M$7:$M$41,$AB251))))),1,0))","v":0},{"$f":"IF($X251=\"\",0,IF(INDEX(Fertilisants!$C$6:$C$45,$X251)=\"Oui\",1,0))","v":0},"","","",""]
[{"$f":"IF(B252=\"\",\"\",COUNT($B$6:B252))","v":""},null,null,{"$f":"IF($W252=\"\",\"\",INDEX(Îlots!$N$6:$N$65,$W252))","v":""},null,null,{"$f":"IF($X252=\"\",\"\",INDEX(Fertilisants!$B$6:$B$45,$X252))","v":""},null,null,{"$f":"IF($X252=\"\",\"\",INDEX(Fertilisants!$D$6:$D$45,$X252))","v":""},"",{"$f":"IF(OR($I252=\"\",$X252=\"\"),\"\",$I252*N(INDEX(Fertilisants!$E$6:$E$45,$X252)))","v":""},{"$f":"IF(OR($I252=\"\",$X252=\"\"),\"\",$I252*N(INDEX(Fertilisants!$G$6:$G$45,$X252)))","v":""},{"$f":"IF(OR($I252=\"\",$X252=\"\"),\"\",$I252*N(INDEX(Fertilisants!$H$6:$H$45,$X252)))","v":""},{"$f":"IF(OR($I252=\"\",$X252=\"\"),\"\",$I252*N(INDEX(Fertilisants!$I$6:$I$45,$X252)))","v":""},"",{"$nulls":3},"",null,null,{"$f":"IF($C252=\"\",\"\",IFERROR(MATCH($C252,Îlots!$C$6:$C$65,0),\"\"))","v":""},{"$f":"IF($F252=\"\",\"\",IFERROR(MATCH($F252,Fertilisants!$A$6:$A$45,0),\"\"))","v":""},{"$f":"IF($W252=\"\",\"\",INDEX(Îlots!$D$6:$D$65,$W252))","v":""},{"$f":"IF($W252=\"\",\"\",INDEX(Îlots!$F$6:$F$65,$W252))","v":""},{"$f":"IF($W252=\"\",\"\",IF($E252=ApportCouvert,OccCouvert,INDEX(Îlots!$O$6:$O$65,$W252)))","v":""},{"$f":"IF(OR($AA252=\"\",$G252=\"\",$Z252=\"Non\"),\"\",IFERROR(MATCH($AA252&\" | \"&$G252,Paramètres!$I$7:$I$41,0),\"\"))","v":""},"",{"$f":"IF(OR($AB252=\"\",$AC252=\"\"),0,IF(OR(AND(INDEX(Paramètres!$J$7:$J$41,$AB252)>0,IF(INDEX(Paramètres!$J$7:$J$41,$AB252)<=INDEX(Paramètres!$K$7:$K$41,$AB252),AND($AC252>=INDEX(Paramètres!$J$7:$J$41,$AB252),$AC252<=INDEX(Paramètres!$K$7:$K$41,$AB252)),OR($AC252>=INDEX(Paramètres!$J$7:$J$41,$AB252),$AC252<=INDEX(Paramètres!$K$7:$K$41,$AB252)))),AND(INDEX(Paramètres!$L$7:$L$41,$AB252)>0,IF(INDEX(Paramètres!$L$7:$L$41,$AB252)<=INDEX(Paramètres!$M$7:$M$41,$AB252),AND($AC252>=INDEX(Paramètres!$L$7:$L$41,$AB252),$AC252<=INDEX(Paramètres!$M$7:$M$41,$AB252)),OR($AC252>=INDEX(Paramètres!$L$7:$L$41,$AB252),$AC252<=INDEX(Paramètres!$M$7:$M$41,$AB252))))),1,0))","v":0},{"$f":"IF($X252=\"\",0,IF(INDEX(Fertilisants!$C$6:$C$45,$X252)=\"Oui\",1,0))","v":0},"","","",""]
[{"$f":"IF(B253=\"\",\"\",COUNT($B$6:B253))","v":""},null,null,{"$f":"IF($W253=\"\",\"\",INDEX(Îlots!$N$6:$N$65,$W253))","v":""},null,null,{"$f":"IF($X253=\"\",\"\",INDEX(Fertilisants!$B$6:$B$45,$X253))","v":""},null,null,{"$f":"IF($X253=\"\",\"\",INDEX(Fertilisants!$D$6:$D$45,$X253))","v":""},"",{"$f":"IF(OR($I253=\"\",$X253=\"\"),\"\",$I253*N(INDEX(Fertilisants!$E$6:$E$45,$X253)))","v":""},{"$f":"IF(OR($I253=\"\",$X253=\"\"),\"\",$I253*N(INDEX(Fertilisants!$G$6:$G$45,$X253)))","v":""},{"$f":"IF(OR($I253=\"\",$X253=\"\"),\"\",$I253*N(INDEX(Fertilisants!$H$6:$H$45,$X253)))","v":""},{"$f":"IF(OR($I253=\"\",$X253=\"\"),\"\",$I253*N(INDEX(Fertilisants!$I$6:$I$45,$X253)))","v":""},"",{"$nulls":3},"",null,null,{"$f":"IF($C253=\"\",\"\",IFERROR(MATCH($C253,Îlots!$C$6:$C$65,0),\"\"))","v":""},{"$f":"IF($F253=\"\",\"\",IFERROR(MATCH($F253,Fertilisants!$A$6:$A$45,0),\"\"))","v":""},{"$f":"IF($W253=\"\",\"\",INDEX(Îlots!$D$6:$D$65,$W253))","v":""},{"$f":"IF($W253=\"\",\"\",INDEX(Îlots!$F$6:$F$65,$W253))","v":""},{"$f":"IF($W253=\"\",\"\",IF($E253=ApportCouvert,OccCouvert,INDEX(Îlots!$O$6:$O$65,$W253)))","v":""},{"$f":"IF(OR($AA253=\"\",$G253=\"\",$Z253=\"Non\"),\"\",IFERROR(MATCH($AA253&\" | \"&$G253,Paramètres!$I$7:$I$41,0),\"\"))","v":""},"",{"$f":"IF(OR($AB253=\"\",$AC253=\"\"),0,IF(OR(AND(INDEX(Paramètres!$J$7:$J$41,$AB253)>0,IF(INDEX(Paramètres!$J$7:$J$41,$AB253)<=INDEX(Paramètres!$K$7:$K$41,$AB253),AND($AC253>=INDEX(Paramètres!$J$7:$J$41,$AB253),$AC253<=INDEX(Paramètres!$K$7:$K$41,$AB253)),OR($AC253>=INDEX(Paramètres!$J$7:$J$41,$AB253),$AC253<=INDEX(Paramètres!$K$7:$K$41,$AB253)))),AND(INDEX(Paramètres!$L$7:$L$41,$AB253)>0,IF(INDEX(Paramètres!$L$7:$L$41,$AB253)<=INDEX(Paramètres!$M$7:$M$41,$AB253),AND($AC253>=INDEX(Paramètres!$L$7:$L$41,$AB253),$AC253<=INDEX(Paramètres!$M$7:$M$41,$AB253)),OR($AC253>=INDEX(Paramètres!$L$7:$L$41,$AB253),$AC253<=INDEX(Paramètres!$M$7:$M$41,$AB253))))),1,0))","v":0},{"$f":"IF($X253=\"\",0,IF(INDEX(Fertilisants!$C$6:$C$45,$X253)=\"Oui\",1,0))","v":0},"","","",""]
[{"$f":"IF(B254=\"\",\"\",COUNT($B$6:B254))","v":""},null,null,{"$f":"IF($W254=\"\",\"\",INDEX(Îlots!$N$6:$N$65,$W254))","v":""},null,null,{"$f":"IF($X254=\"\",\"\",INDEX(Fertilisants!$B$6:$B$45,$X254))","v":""},null,null,{"$f":"IF($X254=\"\",\"\",INDEX(Fertilisants!$D$6:$D$45,$X254))","v":""},"",{"$f":"IF(OR($I254=\"\",$X254=\"\"),\"\",$I254*N(INDEX(Fertilisants!$E$6:$E$45,$X254)))","v":""},{"$f":"IF(OR($I254=\"\",$X254=\"\"),\"\",$I254*N(INDEX(Fertilisants!$G$6:$G$45,$X254)))","v":""},{"$f":"IF(OR($I254=\"\",$X254=\"\"),\"\",$I254*N(INDEX(Fertilisants!$H$6:$H$45,$X254)))","v":""},{"$f":"IF(OR($I254=\"\",$X254=\"\"),\"\",$I254*N(INDEX(Fertilisants!$I$6:$I$45,$X254)))","v":""},"",{"$nulls":3},"",null,null,{"$f":"IF($C254=\"\",\"\",IFERROR(MATCH($C254,Îlots!$C$6:$C$65,0),\"\"))","v":""},{"$f":"IF($F254=\"\",\"\",IFERROR(MATCH($F254,Fertilisants!$A$6:$A$45,0),\"\"))","v":""},{"$f":"IF($W254=\"\",\"\",INDEX(Îlots!$D$6:$D$65,$W254))","v":""},{"$f":"IF($W254=\"\",\"\",INDEX(Îlots!$F$6:$F$65,$W254))","v":""},{"$f":"IF($W254=\"\",\"\",IF($E254=ApportCouvert,OccCouvert,INDEX(Îlots!$O$6:$O$65,$W254)))","v":""},{"$f":"IF(OR($AA254=\"\",$G254=\"\",$Z254=\"Non\"),\"\",IFERROR(MATCH($AA254&\" | \"&$G254,Paramètres!$I$7:$I$41,0),\"\"))","v":""},"",{"$f":"IF(OR($AB254=\"\",$AC254=\"\"),0,IF(OR(AND(INDEX(Paramètres!$J$7:$J$41,$AB254)>0,IF(INDEX(Paramètres!$J$7:$J$41,$AB254)<=INDEX(Paramètres!$K$7:$K$41,$AB254),AND($AC254>=INDEX(Paramètres!$J$7:$J$41,$AB254),$AC254<=INDEX(Paramètres!$K$7:$K$41,$AB254)),OR($AC254>=INDEX(Paramètres!$J$7:$J$41,$AB254),$AC254<=INDEX(Paramètres!$K$7:$K$41,$AB254)))),AND(INDEX(Paramètres!$L$7:$L$41,$AB254)>0,IF(INDEX(Paramètres!$L$7:$L$41,$AB254)<=INDEX(Paramètres!$M$7:$M$41,$AB254),AND($AC254>=INDEX(Paramètres!$L$7:$L$41,$AB254),$AC254<=INDEX(Paramètres!$M$7:$M$41,$AB254)),OR($AC254>=INDEX(Paramètres!$L$7:$L$41,$AB254),$AC254<=INDEX(Paramètres!$M$7:$M$41,$AB254))))),1,0))","v":0},{"$f":"IF($X254=\"\",0,IF(INDEX(Fertilisants!$C$6:$C$45,$X254)=\"Oui\",1,0))","v":0},"","","",""]
[{"$f":"IF(B255=\"\",\"\",COUNT($B$6:B255))","v":""},null,null,{"$f":"IF($W255=\"\",\"\",INDEX(Îlots!$N$6:$N$65,$W255))","v":""},null,null,{"$f":"IF($X255=\"\",\"\",INDEX(Fertilisants!$B$6:$B$45,$X255))","v":""},null,null,{"$f":"IF($X255=\"\",\"\",INDEX(Fertilisants!$D$6:$D$45,$X255))","v":""},"",{"$f":"IF(OR($I255=\"\",$X255=\"\"),\"\",$I255*N(INDEX(Fertilisants!$E$6:$E$45,$X255)))","v":""},{"$f":"IF(OR($I255=\"\",$X255=\"\"),\"\",$I255*N(INDEX(Fertilisants!$G$6:$G$45,$X255)))","v":""},{"$f":"IF(OR($I255=\"\",$X255=\"\"),\"\",$I255*N(INDEX(Fertilisants!$H$6:$H$45,$X255)))","v":""},{"$f":"IF(OR($I255=\"\",$X255=\"\"),\"\",$I255*N(INDEX(Fertilisants!$I$6:$I$45,$X255)))","v":""},"",{"$nulls":3},"",null,null,{"$f":"IF($C255=\"\",\"\",IFERROR(MATCH($C255,Îlots!$C$6:$C$65,0),\"\"))","v":""},{"$f":"IF($F255=\"\",\"\",IFERROR(MATCH($F255,Fertilisants!$A$6:$A$45,0),\"\"))","v":""},{"$f":"IF($W255=\"\",\"\",INDEX(Îlots!$D$6:$D$65,$W255))","v":""},{"$f":"IF($W255=\"\",\"\",INDEX(Îlots!$F$6:$F$65,$W255))","v":""},{"$f":"IF($W255=\"\",\"\",IF($E255=ApportCouvert,OccCouvert,INDEX(Îlots!$O$6:$O$65,$W255)))","v":""},{"$f":"IF(OR($AA255=\"\",$G255=\"\",$Z255=\"Non\"),\"\",IFERROR(MATCH($AA255&\" | \"&$G255,Paramètres!$I$7:$I$41,0),\"\"))","v":""},"",{"$f":"IF(OR($AB255=\"\",$AC255=\"\"),0,IF(OR(AND(INDEX(Paramètres!$J$7:$J$41,$AB255)>0,IF(INDEX(Paramètres!$J$7:$J$41,$AB255)<=INDEX(Paramètres!$K$7:$K$41,$AB255),AND($AC255>=INDEX(Paramètres!$J$7:$J$41,$AB255),$AC255<=INDEX(Paramètres!$K$7:$K$41,$AB255)),OR($AC255>=INDEX(Paramètres!$J$7:$J$41,$AB255),$AC255<=INDEX(Paramètres!$K$7:$K$41,$AB255)))),AND(INDEX(Paramètres!$L$7:$L$41,$AB255)>0,IF(INDEX(Paramètres!$L$7:$L$41,$AB255)<=INDEX(Paramètres!$M$7:$M$41,$AB255),AND($AC255>=INDEX(Paramètres!$L$7:$L$41,$AB255),$AC255<=INDEX(Paramètres!$M$7:$M$41,$AB255)),OR($AC255>=INDEX(Paramètres!$L$7:$L$41,$AB255),$AC255<=INDEX(Paramètres!$M$7:$M$41,$AB255))))),1,0))","v":0},{"$f":"IF($X255=\"\",0,IF(INDEX(Fertilisants!$C$6:$C$45,$X255)=\"Oui\",1,0))","v":0},"","","",""]
[{"$f":"IF(B256=\"\",\"\",COUNT($B$6:B256))","v":""},null,null,{"$f":"IF($W256=\"\",\"\",INDEX(Îlots!$N$6:$N$65,$W256))","v":""},null,null,{"$f":"IF($X256=\"\",\"\",INDEX(Fertilisants!$B$6:$B$45,$X256))","v":""},null,null,{"$f":"IF($X256=\"\",\"\",INDEX(Fertilisants!$D$6:$D$45,$X256))","v":""},"",{"$f":"IF(OR($I256=\"\",$X256=\"\"),\"\",$I256*N(INDEX(Fertilisants!$E$6:$E$45,$X256)))","v":""},{"$f":"IF(OR($I256=\"\",$X256=\"\"),\"\",$I256*N(INDEX(Fertilisants!$G$6:$G$45,$X256)))","v":""},{"$f":"IF(OR($I256=\"\",$X256=\"\"),\"\",$I256*N(INDEX(Fertilisants!$H$6:$H$45,$X256)))","v":""},{"$f":"IF(OR($I256=\"\",$X256=\"\"),\"\",$I256*N(INDEX(Fertilisants!$I$6:$I$45,$X256)))","v":""},"",{"$nulls":3},"",null,null,{"$f":"IF($C256=\"\",\"\",IFERROR(MATCH($C256,Îlots!$C$6:$C$65,0),\"\"))","v":""},{"$f":"IF($F256=\"\",\"\",IFERROR(MATCH($F256,Fertilisants!$A$6:$A$45,0),\"\"))","v":""},{"$f":"IF($W256=\"\",\"\",INDEX(Îlots!$D$6:$D$65,$W256))","v":""},{"$f":"IF($W256=\"\",\"\",INDEX(Îlots!$F$6:$F$65,$W256))","v":""},{"$f":"IF($W256=\"\",\"\",IF($E256=ApportCouvert,OccCouvert,INDEX(Îlots!$O$6:$O$65,$W256)))","v":""},{"$f":"IF(OR($AA256=\"\",$G256=\"\",$Z256=\"Non\"),\"\",IFERROR(MATCH($AA256&\" | \"&$G256,Paramètres!$I$7:$I$41,0),\"\"))","v":""},"",{"$f":"IF(OR($AB256=\"\",$AC256=\"\"),0,IF(OR(AND(INDEX(Paramètres!$J$7:$J$41,$AB256)>0,IF(INDEX(Paramètres!$J$7:$J$41,$AB256)<=INDEX(Paramètres!$K$7:$K$41,$AB256),AND($AC256>=INDEX(Paramètres!$J$7:$J$41,$AB256),$AC256<=INDEX(Paramètres!$K$7:$K$41,$AB256)),OR($AC256>=INDEX(Paramètres!$J$7:$J$41,$AB256),$AC256<=INDEX(Paramètres!$K$7:$K$41,$AB256)))),AND(INDEX(Paramètres!$L$7:$L$41,$AB256)>0,IF(INDEX(Paramètres!$L$7:$L$41,$AB256)<=INDEX(Paramètres!$M$7:$M$41,$AB256),AND($AC256>=INDEX(Paramètres!$L$7:$L$41,$AB256),$AC256<=INDEX(Paramètres!$M$7:$M$41,$AB256)),OR($AC256>=INDEX(Paramètres!$L$7:$L$41,$AB256),$AC256<=INDEX(Paramètres!$M$7:$M$41,$AB256))))),1,0))","v":0},{"$f":"IF($X256=\"\",0,IF(INDEX(Fertilisants!$C$6:$C$45,$X256)=\"Oui\",1,0))","v":0},"","","",""]
[{"$f":"IF(B257=\"\",\"\",COUNT($B$6:B257))","v":""},null,null,{"$f":"IF($W257=\"\",\"\",INDEX(Îlots!$N$6:$N$65,$W257))","v":""},null,null,{"$f":"IF($X257=\"\",\"\",INDEX(Fertilisants!$B$6:$B$45,$X257))","v":""},null,null,{"$f":"IF($X257=\"\",\"\",INDEX(Fertilisants!$D$6:$D$45,$X257))","v":""},"",{"$f":"IF(OR($I257=\"\",$X257=\"\"),\"\",$I257*N(INDEX(Fertilisants!$E$6:$E$45,$X257)))","v":""},{"$f":"IF(OR($I257=\"\",$X257=\"\"),\"\",$I257*N(INDEX(Fertilisants!$G$6:$G$45,$X257)))","v":""},{"$f":"IF(OR($I257=\"\",$X257=\"\"),\"\",$I257*N(INDEX(Fertilisants!$H$6:$H$45,$X257)))","v":""},{"$f":"IF(OR($I257=\"\",$X257=\"\"),\"\",$I257*N(INDEX(Fertilisants!$I$6:$I$45,$X257)))","v":""},"",{"$nulls":3},"",null,null,{"$f":"IF($C257=\"\",\"\",IFERROR(MATCH($C257,Îlots!$C$6:$C$65,0),\"\"))","v":""},{"$f":"IF($F257=\"\",\"\",IFERROR(MATCH($F257,Fertilisants!$A$6:$A$45,0),\"\"))","v":""},{"$f":"IF($W257=\"\",\"\",INDEX(Îlots!$D$6:$D$65,$W257))","v":""},{"$f":"IF($W257=\"\",\"\",INDEX(Îlots!$F$6:$F$65,$W257))","v":""},{"$f":"IF($W257=\"\",\"\",IF($E257=ApportCouvert,OccCouvert,INDEX(Îlots!$O$6:$O$65,$W257)))","v":""},{"$f":"IF(OR($AA257=\"\",$G257=\"\",$Z257=\"Non\"),\"\",IFERROR(MATCH($AA257&\" | \"&$G257,Paramètres!$I$7:$I$41,0),\"\"))","v":""},"",{"$f":"IF(OR($AB257=\"\",$AC257=\"\"),0,IF(OR(AND(INDEX(Paramètres!$J$7:$J$41,$AB257)>0,IF(INDEX(Paramètres!$J$7:$J$41,$AB257)<=INDEX(Paramètres!$K$7:$K$41,$AB257),AND($AC257>=INDEX(Paramètres!$J$7:$J$41,$AB257),$AC257<=INDEX(Paramètres!$K$7:$K$41,$AB257)),OR($AC257>=INDEX(Paramètres!$J$7:$J$41,$AB257),$AC257<=INDEX(Paramètres!$K$7:$K$41,$AB257)))),AND(INDEX(Paramètres!$L$7:$L$41,$AB257)>0,IF(INDEX(Paramètres!$L$7:$L$41,$AB257)<=INDEX(Paramètres!$M$7:$M$41,$AB257),AND($AC257>=INDEX(Paramètres!$L$7:$L$41,$AB257),$AC257<=INDEX(Paramètres!$M$7:$M$41,$AB257)),OR($AC257>=INDEX(Paramètres!$L$7:$L$41,$AB257),$AC257<=INDEX(Paramètres!$M$7:$M$41,$AB257))))),1,0))","v":0},{"$f":"IF($X257=\"\",0,IF(INDEX(Fertilisants!$C$6:$C$45,$X257)=\"Oui\",1,0))","v":0},"","","",""]
[{"$f":"IF(B258=\"\",\"\",COUNT($B$6:B258))","v":""},null,null,{"$f":"IF($W258=\"\",\"\",INDEX(Îlots!$N$6:$N$65,$W258))","v":""},null,null,{"$f":"IF($X258=\"\",\"\",INDEX(Fertilisants!$B$6:$B$45,$X258))","v":""},null,null,{"$f":"IF($X258=\"\",\"\",INDEX(Fertilisants!$D$6:$D$45,$X258))","v":""},"",{"$f":"IF(OR($I258=\"\",$X258=\"\"),\"\",$I258*N(INDEX(Fertilisants!$E$6:$E$45,$X258)))","v":""},{"$f":"IF(OR($I258=\"\",$X258=\"\"),\"\",$I258*N(INDEX(Fertilisants!$G$6:$G$45,$X258)))","v":""},{"$f":"IF(OR($I258=\"\",$X258=\"\"),\"\",$I258*N(INDEX(Fertilisants!$H$6:$H$45,$X258)))","v":""},{"$f":"IF(OR($I258=\"\",$X258=\"\"),\"\",$I258*N(INDEX(Fertilisants!$I$6:$I$45,$X258)))","v":""},"",{"$nulls":3},"",null,null,{"$f":"IF($C258=\"\",\"\",IFERROR(MATCH($C258,Îlots!$C$6:$C$65,0),\"\"))","v":""},{"$f":"IF($F258=\"\",\"\",IFERROR(MATCH($F258,Fertilisants!$A$6:$A$45,0),\"\"))","v":""},{"$f":"IF($W258=\"\",\"\",INDEX(Îlots!$D$6:$D$65,$W258))","v":""},{"$f":"IF($W258=\"\",\"\",INDEX(Îlots!$F$6:$F$65,$W258))","v":""},{"$f":"IF($W258=\"\",\"\",IF($E258=ApportCouvert,OccCouvert,INDEX(Îlots!$O$6:$O$65,$W258)))","v":""},{"$f":"IF(OR($AA258=\"\",$G258=\"\",$Z258=\"Non\"),\"\",IFERROR(MATCH($AA258&\" | \"&$G258,Paramètres!$I$7:$I$41,0),\"\"))","v":""},"",{"$f":"IF(OR($AB258=\"\",$AC258=\"\"),0,IF(OR(AND(INDEX(Paramètres!$J$7:$J$41,$AB258)>0,IF(INDEX(Paramètres!$J$7:$J$41,$AB258)<=INDEX(Paramètres!$K$7:$K$41,$AB258),AND($AC258>=INDEX(Paramètres!$J$7:$J$41,$AB258),$AC258<=INDEX(Paramètres!$K$7:$K$41,$AB258)),OR($AC258>=INDEX(Paramètres!$J$7:$J$41,$AB258),$AC258<=INDEX(Paramètres!$K$7:$K$41,$AB258)))),AND(INDEX(Paramètres!$L$7:$L$41,$AB258)>0,IF(INDEX(Paramètres!$L$7:$L$41,$AB258)<=INDEX(Paramètres!$M$7:$M$41,$AB258),AND($AC258>=INDEX(Paramètres!$L$7:$L$41,$AB258),$AC258<=INDEX(Paramètres!$M$7:$M$41,$AB258)),OR($AC258>=INDEX(Paramètres!$L$7:$L$41,$AB258),$AC258<=INDEX(Paramètres!$M$7:$M$41,$AB258))))),1,0))","v":0},{"$f":"IF($X258=\"\",0,IF(INDEX(Fertilisants!$C$6:$C$45,$X258)=\"Oui\",1,0))","v":0},"","","",""]
[{"$f":"IF(B259=\"\",\"\",COUNT($B$6:B259))","v":""},null,null,{"$f":"IF($W259=\"\",\"\",INDEX(Îlots!$N$6:$N$65,$W259))","v":""},null,null,{"$f":"IF($X259=\"\",\"\",INDEX(Fertilisants!$B$6:$B$45,$X259))","v":""},null,null,{"$f":"IF($X259=\"\",\"\",INDEX(Fertilisants!$D$6:$D$45,$X259))","v":""},"",{"$f":"IF(OR($I259=\"\",$X259=\"\"),\"\",$I259*N(INDEX(Fertilisants!$E$6:$E$45,$X259)))","v":""},{"$f":"IF(OR($I259=\"\",$X259=\"\"),\"\",$I259*N(INDEX(Fertilisants!$G$6:$G$45,$X259)))","v":""},{"$f":"IF(OR($I259=\"\",$X259=\"\"),\"\",$I259*N(INDEX(Fertilisants!$H$6:$H$45,$X259)))","v":""},{"$f":"IF(OR($I259=\"\",$X259=\"\"),\"\",$I259*N(INDEX(Fertilisants!$I$6:$I$45,$X259)))","v":""},"",{"$nulls":3},"",null,null,{"$f":"IF($C259=\"\",\"\",IFERROR(MATCH($C259,Îlots!$C$6:$C$65,0),\"\"))","v":""},{"$f":"IF($F259=\"\",\"\",IFERROR(MATCH($F259,Fertilisants!$A$6:$A$45,0),\"\"))","v":""},{"$f":"IF($W259=\"\",\"\",INDEX(Îlots!$D$6:$D$65,$W259))","v":""},{"$f":"IF($W259=\"\",\"\",INDEX(Îlots!$F$6:$F$65,$W259))","v":""},{"$f":"IF($W259=\"\",\"\",IF($E259=ApportCouvert,OccCouvert,INDEX(Îlots!$O$6:$O$65,$W259)))","v":""},{"$f":"IF(OR($AA259=\"\",$G259=\"\",$Z259=\"Non\"),\"\",IFERROR(MATCH($AA259&\" | \"&$G259,Paramètres!$I$7:$I$41,0),\"\"))","v":""},"",{"$f":"IF(OR($AB259=\"\",$AC259=\"\"),0,IF(OR(AND(INDEX(Paramètres!$J$7:$J$41,$AB259)>0,IF(INDEX(Paramètres!$J$7:$J$41,$AB259)<=INDEX(Paramètres!$K$7:$K$41,$AB259),AND($AC259>=INDEX(Paramètres!$J$7:$J$41,$AB259),$AC259<=INDEX(Paramètres!$K$7:$K$41,$AB259)),OR($AC259>=INDEX(Paramètres!$J$7:$J$41,$AB259),$AC259<=INDEX(Paramètres!$K$7:$K$41,$AB259)))),AND(INDEX(Paramètres!$L$7:$L$41,$AB259)>0,IF(INDEX(Paramètres!$L$7:$L$41,$AB259)<=INDEX(Paramètres!$M$7:$M$41,$AB259),AND($AC259>=INDEX(Paramètres!$L$7:$L$41,$AB259),$AC259<=INDEX(Paramètres!$M$7:$M$41,$AB259)),OR($AC259>=INDEX(Paramètres!$L$7:$L$41,$AB259),$AC259<=INDEX(Paramètres!$M$7:$M$41,$AB259))))),1,0))","v":0},{"$f":"IF($X259=\"\",0,IF(INDEX(Fertilisants!$C$6:$C$45,$X259)=\"Oui\",1,0))","v":0},"","","",""]
[{"$f":"IF(B260=\"\",\"\",COUNT($B$6:B260))","v":""},null,null,{"$f":"IF($W260=\"\",\"\",INDEX(Îlots!$N$6:$N$65,$W260))","v":""},null,null,{"$f":"IF($X260=\"\",\"\",INDEX(Fertilisants!$B$6:$B$45,$X260))","v":""},null,null,{"$f":"IF($X260=\"\",\"\",INDEX(Fertilisants!$D$6:$D$45,$X260))","v":""},"",{"$f":"IF(OR($I260=\"\",$X260=\"\"),\"\",$I260*N(INDEX(Fertilisants!$E$6:$E$45,$X260)))","v":""},{"$f":"IF(OR($I260=\"\",$X260=\"\"),\"\",$I260*N(INDEX(Fertilisants!$G$6:$G$45,$X260)))","v":""},{"$f":"IF(OR($I260=\"\",$X260=\"\"),\"\",$I260*N(INDEX(Fertilisants!$H$6:$H$45,$X260)))","v":""},{"$f":"IF(OR($I260=\"\",$X260=\"\"),\"\",$I260*N(INDEX(Fertilisants!$I$6:$I$45,$X260)))","v":""},"",{"$nulls":3},"",null,null,{"$f":"IF($C260=\"\",\"\",IFERROR(MATCH($C260,Îlots!$C$6:$C$65,0),\"\"))","v":""},{"$f":"IF($F260=\"\",\"\",IFERROR(MATCH($F260,Fertilisants!$A$6:$A$45,0),\"\"))","v":""},{"$f":"IF($W260=\"\",\"\",INDEX(Îlots!$D$6:$D$65,$W260))","v":""},{"$f":"IF($W260=\"\",\"\",INDEX(Îlots!$F$6:$F$65,$W260))","v":""},{"$f":"IF($W260=\"\",\"\",IF($E260=ApportCouvert,OccCouvert,INDEX(Îlots!$O$6:$O$65,$W260)))","v":""},{"$f":"IF(OR($AA260=\"\",$G260=\"\",$Z260=\"Non\"),\"\",IFERROR(MATCH($AA260&\" | \"&$G260,Paramètres!$I$7:$I$41,0),\"\"))","v":""},"",{"$f":"IF(OR($AB260=\"\",$AC260=\"\"),0,IF(OR(AND(INDEX(Paramètres!$J$7:$J$41,$AB260)>0,IF(INDEX(Paramètres!$J$7:$J$41,$AB260)<=INDEX(Paramètres!$K$7:$K$41,$AB260),AND($AC260>=INDEX(Paramètres!$J$7:$J$41,$AB260),$AC260<=INDEX(Paramètres!$K$7:$K$41,$AB260)),OR($AC260>=INDEX(Paramètres!$J$7:$J$41,$AB260),$AC260<=INDEX(Paramètres!$K$7:$K$41,$AB260)))),AND(INDEX(Paramètres!$L$7:$L$41,$AB260)>0,IF(INDEX(Paramètres!$L$7:$L$41,$AB260)<=INDEX(Paramètres!$M$7:$M$41,$AB260),AND($AC260>=INDEX(Paramètres!$L$7:$L$41,$AB260),$AC260<=INDEX(Paramètres!$M$7:$M$41,$AB260)),OR($AC260>=INDEX(Paramètres!$L$7:$L$41,$AB260),$AC260<=INDEX(Paramètres!$M$7:$M$41,$AB260))))),1,0))","v":0},{"$f":"IF($X260=\"\",0,IF(INDEX(Fertilisants!$C$6:$C$45,$X260)=\"Oui\",1,0))","v":0},"","","",""]
[{"$f":"IF(B261=\"\",\"\",COUNT($B$6:B261))","v":""},null,null,{"$f":"IF($W261=\"\",\"\",INDEX(Îlots!$N$6:$N$65,$W261))","v":""},null,null,{"$f":"IF($X261=\"\",\"\",INDEX(Fertilisants!$B$6:$B$45,$X261))","v":""},null,null,{"$f":"IF($X261=\"\",\"\",INDEX(Fertilisants!$D$6:$D$45,$X261))","v":""},"",{"$f":"IF(OR($I261=\"\",$X261=\"\"),\"\",$I261*N(INDEX(Fertilisants!$E$6:$E$45,$X261)))","v":""},{"$f":"IF(OR($I261=\"\",$X261=\"\"),\"\",$I261*N(INDEX(Fertilisants!$G$6:$G$45,$X261)))","v":""},{"$f":"IF(OR($I261=\"\",$X261=\"\"),\"\",$I261*N(INDEX(Fertilisants!$H$6:$H$45,$X261)))","v":""},{"$f":"IF(OR($I261=\"\",$X261=\"\"),\"\",$I261*N(INDEX(Fertilisants!$I$6:$I$45,$X261)))","v":""},"",{"$nulls":3},"",null,null,{"$f":"IF($C261=\"\",\"\",IFERROR(MATCH($C261,Îlots!$C$6:$C$65,0),\"\"))","v":""},{"$f":"IF($F261=\"\",\"\",IFERROR(MATCH($F261,Fertilisants!$A$6:$A$45,0),\"\"))","v":""},{"$f":"IF($W261=\"\",\"\",INDEX(Îlots!$D$6:$D$65,$W261))","v":""},{"$f":"IF($W261=\"\",\"\",INDEX(Îlots!$F$6:$F$65,$W261))","v":""},{"$f":"IF($W261=\"\",\"\",IF($E261=ApportCouvert,OccCouvert,INDEX(Îlots!$O$6:$O$65,$W261)))","v":""},{"$f":"IF(OR($AA261=\"\",$G261=\"\",$Z261=\"Non\"),\"\",IFERROR(MATCH($AA261&\" | \"&$G261,Paramètres!$I$7:$I$41,0),\"\"))","v":""},"",{"$f":"IF(OR($AB261=\"\",$AC261=\"\"),0,IF(OR(AND(INDEX(Paramètres!$J$7:$J$41,$AB261)>0,IF(INDEX(Paramètres!$J$7:$J$41,$AB261)<=INDEX(Paramètres!$K$7:$K$41,$AB261),AND($AC261>=INDEX(Paramètres!$J$7:$J$41,$AB261),$AC261<=INDEX(Paramètres!$K$7:$K$41,$AB261)),OR($AC261>=INDEX(Paramètres!$J$7:$J$41,$AB261),$AC261<=INDEX(Paramètres!$K$7:$K$41,$AB261)))),AND(INDEX(Paramètres!$L$7:$L$41,$AB261)>0,IF(INDEX(Paramètres!$L$7:$L$41,$AB261)<=INDEX(Paramètres!$M$7:$M$41,$AB261),AND($AC261>=INDEX(Paramètres!$L$7:$L$41,$AB261),$AC261<=INDEX(Paramètres!$M$7:$M$41,$AB261)),OR($AC261>=INDEX(Paramètres!$L$7:$L$41,$AB261),$AC261<=INDEX(Paramètres!$M$7:$M$41,$AB261))))),1,0))","v":0},{"$f":"IF($X261=\"\",0,IF(INDEX(Fertilisants!$C$6:$C$45,$X261)=\"Oui\",1,0))","v":0},"","","",""]
[{"$f":"IF(B262=\"\",\"\",COUNT($B$6:B262))","v":""},null,null,{"$f":"IF($W262=\"\",\"\",INDEX(Îlots!$N$6:$N$65,$W262))","v":""},null,null,{"$f":"IF($X262=\"\",\"\",INDEX(Fertilisants!$B$6:$B$45,$X262))","v":""},null,null,{"$f":"IF($X262=\"\",\"\",INDEX(Fertilisants!$D$6:$D$45,$X262))","v":""},{"$f":"IF(OR($H262=\"\",$I262=\"\"),\"\",$H262*$I262)","v":""},{"$f":"IF(OR($I262=\"\",$X262=\"\"),\"\",$I262*N(INDEX(Fertilisants!$E$6:$E$45,$X262)))","v":""},{"$f":"IF(OR($I262=\"\",$X262=\"\"),\"\",$I262*N(INDEX(Fertilisants!$G$6:$G$45,$X262)))","v":""},{"$f":"IF(OR($I262=\"\",$X262=\"\"),\"\",$I262*N(INDEX(Fertilisants!$H$6:$H$45,$X262)))","v":""},{"$f":"IF(OR($I262=\"\",$X262=\"\"),\"\",$I262*N(INDEX(Fertilisants!$I$6:$I$45,$X262)))","v":""},{"$f":"IF(OR($H262=\"\",$L262=\"\"),\"\",$H262*$L262)","v":""},{"$nulls":3},{"$f":"IF($B262=\"\",\"\",IF(OR($C262=\"\",$F262=\"\",$H262=\"\",$I262=\"\"),\"À compléter\",IF(OR($Q262=\"Enneigé\",$Q262=\"Détrempé\",$Q262=\"Inondé\",AND($Q262=\"Gelé\",$G262<>\"Type 0\",$G262<>\"Type Ia\")),\"Sol interdit\",IF($AD262=1,\"Période d'interdiction\",IF(AND(ISNUMBER($Y262),ISNUMBER($H262),$H262>$Y262+0.001),\"Surface > îlot\",IF(OR($B262<DebutCampagne,$B262>FinCampagne),\"Hors campagne\",\"Conforme\"))))))","v":""},null,null,{"$f":"IF($C262=\"\",\"\",IFERROR(MATCH($C262,Îlots!$C$6:$C$65,0),\"\"))","v":""},{"$f":"IF($F262=\"\",\"\",IFERROR(MATCH($F262,Fertilisants!$A$6:$A$45,0),\"\"))","v":""},{"$f":"IF($W262=\"\",\"\",INDEX(Îlots!$D$6:$D$65,$W262))","v":""},{"$f":"IF($W262=\"\",\"\",INDEX(Îlots!$F$6:$F$65,$W262))","v":""},{"$f":"IF($W262=\"\",\"\",IF($E262=ApportCouvert,OccCouvert,INDEX(Îlots!$O$6:$O$65,$W262)))","v":""},{"$f":"IF(OR($AA262=\"\",$G262=\"\",$Z262=\"Non\"),\"\",IFERROR(MATCH($AA262&\" | \"&$G262,Paramètres!$I$7:$I$41,0),\"\"))","v":""},{"$f":"IF($B262=\"\",\"\",MONTH($B262)*100+DAY($B262))","v":""},{"$f":"IF(OR($AB262=\"\",$AC262=\"\"),0,IF(OR(AND(INDEX(Paramètres!$J$7:$J$41,$AB262)>0,IF(INDEX(Paramètres!$J$7:$J$41,$AB262)<=INDEX(Paramètres!$K$7:$K$41,$AB262),AND($AC262>=INDEX(Paramètres!$J$7:$J$41,$AB262),$AC262<=INDEX(Paramètres!$K$7:$K$41,$AB262)),OR($AC262>=INDEX(Paramètres!$J$7:$J$41,$AB262),$AC262<=INDEX(Paramètres!$K$7:$K$41,$AB262)))),AND(INDEX(Paramètres!$L$7:$L$41,$AB262)>0,IF(INDEX(Paramètres!$L$7:$L$41,$AB262)<=INDEX(Paramètres!$M$7:$M$41,$AB262),AND($AC262>=INDEX(Paramètres!$L$7:$L$41,$AB262),$AC262<=INDEX(Paramètres!$M$7:$M$41,$AB262)),OR($AC262>=INDEX(Paramètres!$L$7:$L$41,$AB262),$AC262<=INDEX(Paramètres!$M$7:$M$41,$AB262))))),1,0))","v":0},{"$f":"IF($X262=\"\",0,IF(INDEX(Fertilisants!$C$6:$C$45,$X262)=\"Oui\",1,0))","v":0},{"$f":"IF($G262=\"\",\"\",IF($G262=\"Type III\",\"Minéral\",\"Organique\"))","v":""},{"$f":"IF(OR($H262=\"\",$M262=\"\"),\"\",$H262*$M262)","v":""},{"$f":"IF(OR($H262=\"\",$N262=\"\"),\"\",$H262*$N262)","v":""},{"$f":"IF(OR($H262=\"\",$O262=\"\"),\"\",$H262*$O262)","v":""}]
[{"$f":"IF(B263=\"\",\"\",COUNT($B$6:B263))","v":""},null,null,{"$f":"IF($W263=\"\",\"\",INDEX(Îlots!$N$6:$N$65,$W263))","v":""},null,null,{"$f":"IF($X263=\"\",\"\",INDEX(Fertilisants!$B$6:$B$45,$X263))","v":""},null,null,{"$f":"IF($X263=\"\",\"\",INDEX(Fertilisants!$D$6:$D$45,$X263))","v":""},"",{"$f":"IF(OR($I263=\"\",$X263=\"\"),\"\",$I263*N(INDEX(Fertilisants!$E$6:$E$45,$X263)))","v":""},{"$f":"IF(OR($I263=\"\",$X263=\"\"),\"\",$I263*N(INDEX(Fertilisants!$G$6:$G$45,$X263)))","v":""},{"$f":"IF(OR($I263=\"\",$X263=\"\"),\"\",$I263*N(INDEX(Fertilisants!$H$6:$H$45,$X263)))","v":""},{"$f":"IF(OR($I263=\"\",$X263=\"\"),\"\",$I263*N(INDEX(Fertilisants!$I$6:$I$45,$X263)))","v":""},"",{"$nulls":3},"",null,null,{"$f":"IF($C263=\"\",\"\",IFERROR(MATCH($C263,Îlots!$C$6:$C$65,0),\"\"))","v":""},{"$f":"IF($F263=\"\",\"\",IFERROR(MATCH($F263,Fertilisants!$A$6:$A$45,0),\"\"))","v":""},{"$f":"IF($W263=\"\",\"\",INDEX(Îlots!$D$6:$D$65,$W263))","v":""},{"$f":"IF($W263=\"\",\"\",INDEX(Îlots!$F$6:$F$65,$W263))","v":""},{"$f":"IF($W263=\"\",\"\",IF($E263=ApportCouvert,OccCouvert,INDEX(Îlots!$O$6:$O$65,$W263)))","v":""},{"$f":"IF(OR($AA263=\"\",$G263=\"\",$Z263=\"Non\"),\"\",IFERROR(MATCH($AA263&\" | \"&$G263,Paramètres!$I$7:$I$41,0),\"\"))","v":""},"",{"$f":"IF(OR($AB263=\"\",$AC263=\"\"),0,IF(OR(AND(INDEX(Paramètres!$J$7:$J$41,$AB263)>0,IF(INDEX(Paramètres!$J$7:$J$41,$AB263)<=INDEX(Paramètres!$K$7:$K$41,$AB263),AND($AC263>=INDEX(Paramètres!$J$7:$J$41,$AB263),$AC263<=INDEX(Paramètres!$K$7:$K$41,$AB263)),OR($AC263>=INDEX(Paramètres!$J$7:$J$41,$AB263),$AC263<=INDEX(Paramètres!$K$7:$K$41,$AB263)))),AND(INDEX(Paramètres!$L$7:$L$41,$AB263)>0,IF(INDEX(Paramètres!$L$7:$L$41,$AB263)<=INDEX(Paramètres!$M$7:$M$41,$AB263),AND($AC263>=INDEX(Paramètres!$L$7:$L$41,$AB263),$AC263<=INDEX(Paramètres!$M$7:$M$41,$AB263)),OR($AC263>=INDEX(Paramètres!$L$7:$L$41,$AB263),$AC263<=INDEX(Paramètres!$M$7:$M$41,$AB263))))),1,0))","v":0},{"$f":"IF($X263=\"\",0,IF(INDEX(Fertilisants!$C$6:$C$45,$X263)=\"Oui\",1,0))","v":0},"","","",""]
[{"$f":"IF(B264=\"\",\"\",COUNT($B$6:B264))","v":""},null,null,{"$f":"IF($W264=\"\",\"\",INDEX(Îlots!$N$6:$N$65,$W264))","v":""},null,null,{"$f":"IF($X264=\"\",\"\",INDEX(Fertilisants!$B$6:$B$45,$X264))","v":""},null,null,{"$f":"IF($X264=\"\",\"\",INDEX(Fertilisants!$D$6:$D$45,$X264))","v":""},"",{"$f":"IF(OR($I264=\"\",$X264=\"\"),\"\",$I264*N(INDEX(Fertilisants!$E$6:$E$45,$X264)))","v":""},{"$f":"IF(OR($I264=\"\",$X264=\"\"),\"\",$I264*N(INDEX(Fertilisants!$G$6:$G$45,$X264)))","v":""},{"$f":"IF(OR($I264=\"\",$X264=\"\"),\"\",$I264*N(INDEX(Fertilisants!$H$6:$H$45,$X264)))","v":""},{"$f":"IF(OR($I264=\"\",$X264=\"\"),\"\",$I264*N(INDEX(Fertilisants!$I$6:$I$45,$X264)))","v":""},"",{"$nulls":3},"",null,null,{"$f":"IF($C264=\"\",\"\",IFERROR(MATCH($C264,Îlots!$C$6:$C$65,0),\"\"))","v":""},{"$f":"IF($F264=\"\",\"\",IFERROR(MATCH($F264,Fertilisants!$A$6:$A$45,0),\"\"))","v":""},{"$f":"IF($W264=\"\",\"\",INDEX(Îlots!$D$6:$D$65,$W264))","v":""},{"$f":"IF($W264=\"\",\"\",INDEX(Îlots!$F$6:$F$65,$W264))","v":""},{"$f":"IF($W264=\"\",\"\",IF($E264=ApportCouvert,OccCouvert,INDEX(Îlots!$O$6:$O$65,$W264)))","v":""},{"$f":"IF(OR($AA264=\"\",$G264=\"\",$Z264=\"Non\"),\"\",IFERROR(MATCH($AA264&\" | \"&$G264,Paramètres!$I$7:$I$41,0),\"\"))","v":""},"",{"$f":"IF(OR($AB264=\"\",$AC264=\"\"),0,IF(OR(AND(INDEX(Paramètres!$J$7:$J$41,$AB264)>0,IF(INDEX(Paramètres!$J$7:$J$41,$AB264)<=INDEX(Paramètres!$K$7:$K$41,$AB264),AND($AC264>=INDEX(Paramètres!$J$7:$J$41,$AB264),$AC264<=INDEX(Paramètres!$K$7:$K$41,$AB264)),OR($AC264>=INDEX(Paramètres!$J$7:$J$41,$AB264),$AC264<=INDEX(Paramètres!$K$7:$K$41,$AB264)))),AND(INDEX(Paramètres!$L$7:$L$41,$AB264)>0,IF(INDEX(Paramètres!$L$7:$L$41,$AB264)<=INDEX(Paramètres!$M$7:$M$41,$AB264),AND($AC264>=INDEX(Paramètres!$L$7:$L$41,$AB264),$AC264<=INDEX(Paramètres!$M$7:$M$41,$AB264)),OR($AC264>=INDEX(Paramètres!$L$7:$L$41,$AB264),$AC264<=INDEX(Paramètres!$M$7:$M$41,$AB264))))),1,0))","v":0},{"$f":"IF($X264=\"\",0,IF(INDEX(Fertilisants!$C$6:$C$45,$X264)=\"Oui\",1,0))","v":0},"","","",""]
[{"$f":"IF(B265=\"\",\"\",COUNT($B$6:B265))","v":""},null,null,{"$f":"IF($W265=\"\",\"\",INDEX(Îlots!$N$6:$N$65,$W265))","v":""},null,null,{"$f":"IF($X265=\"\",\"\",INDEX(Fertilisants!$B$6:$B$45,$X265))","v":""},null,null,{"$f":"IF($X265=\"\",\"\",INDEX(Fertilisants!$D$6:$D$45,$X265))","v":""},"",{"$f":"IF(OR($I265=\"\",$X265=\"\"),\"\",$I265*N(INDEX(Fertilisants!$E$6:$E$45,$X265)))","v":""},{"$f":"IF(OR($I265=\"\",$X265=\"\"),\"\",$I265*N(INDEX(Fertilisants!$G$6:$G$45,$X265)))","v":""},{"$f":"IF(OR($I265=\"\",$X265=\"\"),\"\",$I265*N(INDEX(Fertilisants!$H$6:$H$45,$X265)))","v":""},{"$f":"IF(OR($I265=\"\",$X265=\"\"),\"\",$I265*N(INDEX(Fertilisants!$I$6:$I$45,$X265)))","v":""},"",{"$nulls":3},"",null,null,{"$f":"IF($C265=\"\",\"\",IFERROR(MATCH($C265,Îlots!$C$6:$C$65,0),\"\"))","v":""},{"$f":"IF($F265=\"\",\"\",IFERROR(MATCH($F265,Fertilisants!$A$6:$A$45,0),\"\"))","v":""},{"$f":"IF($W265=\"\",\"\",INDEX(Îlots!$D$6:$D$65,$W265))","v":""},{"$f":"IF($W265=\"\",\"\",INDEX(Îlots!$F$6:$F$65,$W265))","v":""},{"$f":"IF($W265=\"\",\"\",IF($E265=ApportCouvert,OccCouvert,INDEX(Îlots!$O$6:$O$65,$W265)))","v":""},{"$f":"IF(OR($AA265=\"\",$G265=\"\",$Z265=\"Non\"),\"\",IFERROR(MATCH($AA265&\" | \"&$G265,Paramètres!$I$7:$I$41,0),\"\"))","v":""},"",{"$f":"IF(OR($AB265=\"\",$AC265=\"\"),0,IF(OR(AND(INDEX(Paramètres!$J$7:$J$41,$AB265)>0,IF(INDEX(Paramètres!$J$7:$J$41,$AB265)<=INDEX(Paramètres!$K$7:$K$41,$AB265),AND($AC265>=INDEX(Paramètres!$J$7:$J$41,$AB265),$AC265<=INDEX(Paramètres!$K$7:$K$41,$AB265)),OR($AC265>=INDEX(Paramètres!$J$7:$J$41,$AB265),$AC265<=INDEX(Paramètres!$K$7:$K$41,$AB265)))),AND(INDEX(Paramètres!$L$7:$L$41,$AB265)>0,IF(INDEX(Paramètres!$L$7:$L$41,$AB265)<=INDEX(Paramètres!$M$7:$M$41,$AB265),AND($AC265>=INDEX(Paramètres!$L$7:$L$41,$AB265),$AC265<=INDEX(Paramètres!$M$7:$M$41,$AB265)),OR($AC265>=INDEX(Paramètres!$L$7:$L$41,$AB265),$AC265<=INDEX(Paramètres!$M$7:$M$41,$AB265))))),1,0))","v":0},{"$f":"IF($X265=\"\",0,IF(INDEX(Fertilisants!$C$6:$C$45,$X265)=\"Oui\",1,0))","v":0},"","","",""]
[{"$f":"IF(B266=\"\",\"\",COUNT($B$6:B266))","v":""},null,null,{"$f":"IF($W266=\"\",\"\",INDEX(Îlots!$N$6:$N$65,$W266))","v":""},null,null,{"$f":"IF($X266=\"\",\"\",INDEX(Fertilisants!$B$6:$B$45,$X266))","v":""},null,null,{"$f":"IF($X266=\"\",\"\",INDEX(Fertilisants!$D$6:$D$45,$X266))","v":""},"",{"$f":"IF(OR($I266=\"\",$X266=\"\"),\"\",$I266*N(INDEX(Fertilisants!$E$6:$E$45,$X266)))","v":""},{"$f":"IF(OR($I266=\"\",$X266=\"\"),\"\",$I266*N(INDEX(Fertilisants!$G$6:$G$45,$X266)))","v":""},{"$f":"IF(OR($I266=\"\",$X266=\"\"),\"\",$I266*N(INDEX(Fertilisants!$H$6:$H$45,$X266)))","v":""},{"$f":"IF(OR($I266=\"\",$X266=\"\"),\"\",$I266*N(INDEX(Fertilisants!$I$6:$I$45,$X266)))","v":""},"",{"$nulls":3},"",null,null,{"$f":"IF($C266=\"\",\"\",IFERROR(MATCH($C266,Îlots!$C$6:$C$65,0),\"\"))","v":""},{"$f":"IF($F266=\"\",\"\",IFERROR(MATCH($F266,Fertilisants!$A$6:$A$45,0),\"\"))","v":""},{"$f":"IF($W266=\"\",\"\",INDEX(Îlots!$D$6:$D$65,$W266))","v":""},{"$f":"IF($W266=\"\",\"\",INDEX(Îlots!$F$6:$F$65,$W266))","v":""},{"$f":"IF($W266=\"\",\"\",IF($E266=ApportCouvert,OccCouvert,INDEX(Îlots!$O$6:$O$65,$W266)))","v":""},{"$f":"IF(OR($AA266=\"\",$G266=\"\",$Z266=\"Non\"),\"\",IFERROR(MATCH($AA266&\" | \"&$G266,Paramètres!$I$7:$I$41,0),\"\"))","v":""},"",{"$f":"IF(OR($AB266=\"\",$AC266=\"\"),0,IF(OR(AND(INDEX(Paramètres!$J$7:$J$41,$AB266)>0,IF(INDEX(Paramètres!$J$7:$J$41,$AB266)<=INDEX(Paramètres!$K$7:$K$41,$AB266),AND($AC266>=INDEX(Paramètres!$J$7:$J$41,$AB266),$AC266<=INDEX(Paramètres!$K$7:$K$41,$AB266)),OR($AC266>=INDEX(Paramètres!$J$7:$J$41,$AB266),$AC266<=INDEX(Paramètres!$K$7:$K$41,$AB266)))),AND(INDEX(Paramètres!$L$7:$L$41,$AB266)>0,IF(INDEX(Paramètres!$L$7:$L$41,$AB266)<=INDEX(Paramètres!$M$7:$M$41,$AB266),AND($AC266>=INDEX(Paramètres!$L$7:$L$41,$AB266),$AC266<=INDEX(Paramètres!$M$7:$M$41,$AB266)),OR($AC266>=INDEX(Paramètres!$L$7:$L$41,$AB266),$AC266<=INDEX(Paramètres!$M$7:$M$41,$AB266))))),1,0))","v":0},{"$f":"IF($X266=\"\",0,IF(INDEX(Fertilisants!$C$6:$C$45,$X266)=\"Oui\",1,0))","v":0},"","","",""]
[{"$f":"IF(B267=\"\",\"\",COUNT($B$6:B267))","v":""},null,null,{"$f":"IF($W267=\"\",\"\",INDEX(Îlots!$N$6:$N$65,$W267))","v":""},null,null,{"$f":"IF($X267=\"\",\"\",INDEX(Fertilisants!$B$6:$B$45,$X267))","v":""},null,null,{"$f":"IF($X267=\"\",\"\",INDEX(Fertilisants!$D$6:$D$45,$X267))","v":""},"",{"$f":"IF(OR($I267=\"\",$X267=\"\"),\"\",$I267*N(INDEX(Fertilisants!$E$6:$E$45,$X267)))","v":""},{"$f":"IF(OR($I267=\"\",$X267=\"\"),\"\",$I267*N(INDEX(Fertilisants!$G$6:$G$45,$X267)))","v":""},{"$f":"IF(OR($I267=\"\",$X267=\"\"),\"\",$I267*N(INDEX(Fertilisants!$H$6:$H$45,$X267)))","v":""},{"$f":"IF(OR($I267=\"\",$X267=\"\"),\"\",$I267*N(INDEX(Fertilisants!$I$6:$I$45,$X267)))","v":""},"",{"$nulls":3},"",null,null,{"$f":"IF($C267=\"\",\"\",IFERROR(MATCH($C267,Îlots!$C$6:$C$65,0),\"\"))","v":""},{"$f":"IF($F267=\"\",\"\",IFERROR(MATCH($F267,Fertilisants!$A$6:$A$45,0),\"\"))","v":""},{"$f":"IF($W267=\"\",\"\",INDEX(Îlots!$D$6:$D$65,$W267))","v":""},{"$f":"IF($W267=\"\",\"\",INDEX(Îlots!$F$6:$F$65,$W267))","v":""},{"$f":"IF($W267=\"\",\"\",IF($E267=ApportCouvert,OccCouvert,INDEX(Îlots!$O$6:$O$65,$W267)))","v":""},{"$f":"IF(OR($AA267=\"\",$G267=\"\",$Z267=\"Non\"),\"\",IFERROR(MATCH($AA267&\" | \"&$G267,Paramètres!$I$7:$I$41,0),\"\"))","v":""},"",{"$f":"IF(OR($AB267=\"\",$AC267=\"\"),0,IF(OR(AND(INDEX(Paramètres!$J$7:$J$41,$AB267)>0,IF(INDEX(Paramètres!$J$7:$J$41,$AB267)<=INDEX(Paramètres!$K$7:$K$41,$AB267),AND($AC267>=INDEX(Paramètres!$J$7:$J$41,$AB267),$AC267<=INDEX(Paramètres!$K$7:$K$41,$AB267)),OR($AC267>=INDEX(Paramètres!$J$7:$J$41,$AB267),$AC267<=INDEX(Paramètres!$K$7:$K$41,$AB267)))),AND(INDEX(Paramètres!$L$7:$L$41,$AB267)>0,IF(INDEX(Paramètres!$L$7:$L$41,$AB267)<=INDEX(Paramètres!$M$7:$M$41,$AB267),AND($AC267>=INDEX(Paramètres!$L$7:$L$41,$AB267),$AC267<=INDEX(Paramètres!$M$7:$M$41,$AB267)),OR($AC267>=INDEX(Paramètres!$L$7:$L$41,$AB267),$AC267<=INDEX(Paramètres!$M$7:$M$41,$AB267))))),1,0))","v":0},{"$f":"IF($X267=\"\",0,IF(INDEX(Fertilisants!$C$6:$C$45,$X267)=\"Oui\",1,0))","v":0},"","","",""]
[{"$f":"IF(B268=\"\",\"\",COUNT($B$6:B268))","v":""},null,null,{"$f":"IF($W268=\"\",\"\",INDEX(Îlots!$N$6:$N$65,$W268))","v":""},null,null,{"$f":"IF($X268=\"\",\"\",INDEX(Fertilisants!$B$6:$B$45,$X268))","v":""},null,null,{"$f":"IF($X268=\"\",\"\",INDEX(Fertilisants!$D$6:$D$45,$X268))","v":""},"",{"$f":"IF(OR($I268=\"\",$X268=\"\"),\"\",$I268*N(INDEX(Fertilisants!$E$6:$E$45,$X268)))","v":""},{"$f":"IF(OR($I268=\"\",$X268=\"\"),\"\",$I268*N(INDEX(Fertilisants!$G$6:$G$45,$X268)))","v":""},{"$f":"IF(OR($I268=\"\",$X268=\"\"),\"\",$I268*N(INDEX(Fertilisants!$H$6:$H$45,$X268)))","v":""},{"$f":"IF(OR($I268=\"\",$X268=\"\"),\"\",$I268*N(INDEX(Fertilisants!$I$6:$I$45,$X268)))","v":""},"",{"$nulls":3},"",null,null,{"$f":"IF($C268=\"\",\"\",IFERROR(MATCH($C268,Îlots!$C$6:$C$65,0),\"\"))","v":""},{"$f":"IF($F268=\"\",\"\",IFERROR(MATCH($F268,Fertilisants!$A$6:$A$45,0),\"\"))","v":""},{"$f":"IF($W268=\"\",\"\",INDEX(Îlots!$D$6:$D$65,$W268))","v":""},{"$f":"IF($W268=\"\",\"\",INDEX(Îlots!$F$6:$F$65,$W268))","v":""},{"$f":"IF($W268=\"\",\"\",IF($E268=ApportCouvert,OccCouvert,INDEX(Îlots!$O$6:$O$65,$W268)))","v":""},{"$f":"IF(OR($AA268=\"\",$G268=\"\",$Z268=\"Non\"),\"\",IFERROR(MATCH($AA268&\" | \"&$G268,Paramètres!$I$7:$I$41,0),\"\"))","v":""},"",{"$f":"IF(OR($AB268=\"\",$AC268=\"\"),0,IF(OR(AND(INDEX(Paramètres!$J$7:$J$41,$AB268)>0,IF(INDEX(Paramètres!$J$7:$J$41,$AB268)<=INDEX(Paramètres!$K$7:$K$41,$AB268),AND($AC268>=INDEX(Paramètres!$J$7:$J$41,$AB268),$AC268<=INDEX(Paramètres!$K$7:$K$41,$AB268)),OR($AC268>=INDEX(Paramètres!$J$7:$J$41,$AB268),$AC268<=INDEX(Paramètres!$K$7:$K$41,$AB268)))),AND(INDEX(Paramètres!$L$7:$L$41,$AB268)>0,IF(INDEX(Paramètres!$L$7:$L$41,$AB268)<=INDEX(Paramètres!$M$7:$M$41,$AB268),AND($AC268>=INDEX(Paramètres!$L$7:$L$41,$AB268),$AC268<=INDEX(Paramètres!$M$7:$M$41,$AB268)),OR($AC268>=INDEX(Paramètres!$L$7:$L$41,$AB268),$AC268<=INDEX(Paramètres!$M$7:$M$41,$AB268))))),1,0))","v":0},{"$f":"IF($X268=\"\",0,IF(INDEX(Fertilisants!$C$6:$C$45,$X268)=\"Oui\",1,0))","v":0},"","","",""]
[{"$f":"IF(B269=\"\",\"\",COUNT($B$6:B269))","v":""},null,null,{"$f":"IF($W269=\"\",\"\",INDEX(Îlots!$N$6:$N$65,$W269))","v":""},null,null,{"$f":"IF($X269=\"\",\"\",INDEX(Fertilisants!$B$6:$B$45,$X269))","v":""},null,null,{"$f":"IF($X269=\"\",\"\",INDEX(Fertilisants!$D$6:$D$45,$X269))","v":""},"",{"$f":"IF(OR($I269=\"\",$X269=\"\"),\"\",$I269*N(INDEX(Fertilisants!$E$6:$E$45,$X269)))","v":""},{"$f":"IF(OR($I269=\"\",$X269=\"\"),\"\",$I269*N(INDEX(Fertilisants!$G$6:$G$45,$X269)))","v":""},{"$f":"IF(OR($I269=\"\",$X269=\"\"),\"\",$I269*N(INDEX(Fertilisants!$H$6:$H$45,$X269)))","v":""},{"$f":"IF(OR($I269=\"\",$X269=\"\"),\"\",$I269*N(INDEX(Fertilisants!$I$6:$I$45,$X269)))","v":""},"",{"$nulls":3},"",null,null,{"$f":"IF($C269=\"\",\"\",IFERROR(MATCH($C269,Îlots!$C$6:$C$65,0),\"\"))","v":""},{"$f":"IF($F269=\"\",\"\",IFERROR(MATCH($F269,Fertilisants!$A$6:$A$45,0),\"\"))","v":""},{"$f":"IF($W269=\"\",\"\",INDEX(Îlots!$D$6:$D$65,$W269))","v":""},{"$f":"IF($W269=\"\",\"\",INDEX(Îlots!$F$6:$F$65,$W269))","v":""},{"$f":"IF($W269=\"\",\"\",IF($E269=ApportCouvert,OccCouvert,INDEX(Îlots!$O$6:$O$65,$W269)))","v":""},{"$f":"IF(OR($AA269=\"\",$G269=\"\",$Z269=\"Non\"),\"\",IFERROR(MATCH($AA269&\" | \"&$G269,Paramètres!$I$7:$I$41,0),\"\"))","v":""},"",{"$f":"IF(OR($AB269=\"\",$AC269=\"\"),0,IF(OR(AND(INDEX(Paramètres!$J$7:$J$41,$AB269)>0,IF(INDEX(Paramètres!$J$7:$J$41,$AB269)<=INDEX(Paramètres!$K$7:$K$41,$AB269),AND($AC269>=INDEX(Paramètres!$J$7:$J$41,$AB269),$AC269<=INDEX(Paramètres!$K$7:$K$41,$AB269)),OR($AC269>=INDEX(Paramètres!$J$7:$J$41,$AB269),$AC269<=INDEX(Paramètres!$K$7:$K$41,$AB269)))),AND(INDEX(Paramètres!$L$7:$L$41,$AB269)>0,IF(INDEX(Paramètres!$L$7:$L$41,$AB269)<=INDEX(Paramètres!$M$7:$M$41,$AB269),AND($AC269>=INDEX(Paramètres!$L$7:$L$41,$AB269),$AC269<=INDEX(Paramètres!$M$7:$M$41,$AB269)),OR($AC269>=INDEX(Paramètres!$L$7:$L$41,$AB269),$AC269<=INDEX(Paramètres!$M$7:$M$41,$AB269))))),1,0))","v":0},{"$f":"IF($X269=\"\",0,IF(INDEX(Fertilisants!$C$6:$C$45,$X269)=\"Oui\",1,0))","v":0},"","","",""]
[{"$f":"IF(B270=\"\",\"\",COUNT($B$6:B270))","v":""},null,null,{"$f":"IF($W270=\"\",\"\",INDEX(Îlots!$N$6:$N$65,$W270))","v":""},null,null,{"$f":"IF($X270=\"\",\"\",INDEX(Fertilisants!$B$6:$B$45,$X270))","v":""},null,null,{"$f":"IF($X270=\"\",\"\",INDEX(Fertilisants!$D$6:$D$45,$X270))","v":""},"",{"$f":"IF(OR($I270=\"\",$X270=\"\"),\"\",$I270*N(INDEX(Fertilisants!$E$6:$E$45,$X270)))","v":""},{"$f":"IF(OR($I270=\"\",$X270=\"\"),\"\",$I270*N(INDEX(Fertilisants!$G$6:$G$45,$X270)))","v":""},{"$f":"IF(OR($I270=\"\",$X270=\"\"),\"\",$I270*N(INDEX(Fertilisants!$H$6:$H$45,$X270)))","v":""},{"$f":"IF(OR($I270=\"\",$X270=\"\"),\"\",$I270*N(INDEX(Fertilisants!$I$6:$I$45,$X270)))","v":""},"",{"$nulls":3},"",null,null,{"$f":"IF($C270=\"\",\"\",IFERROR(MATCH($C270,Îlots!$C$6:$C$65,0),\"\"))","v":""},{"$f":"IF($F270=\"\",\"\",IFERROR(MATCH($F270,Fertilisants!$A$6:$A$45,0),\"\"))","v":""},{"$f":"IF($W270=\"\",\"\",INDEX(Îlots!$D$6:$D$65,$W270))","v":""},{"$f":"IF($W270=\"\",\"\",INDEX(Îlots!$F$6:$F$65,$W270))","v":""},{"$f":"IF($W270=\"\",\"\",IF($E270=ApportCouvert,OccCouvert,INDEX(Îlots!$O$6:$O$65,$W270)))","v":""},{"$f":"IF(OR($AA270=\"\",$G270=\"\",$Z270=\"Non\"),\"\",IFERROR(MATCH($AA270&\" | \"&$G270,Paramètres!$I$7:$I$41,0),\"\"))","v":""},"",{"$f":"IF(OR($AB270=\"\",$AC270=\"\"),0,IF(OR(AND(INDEX(Paramètres!$J$7:$J$41,$AB270)>0,IF(INDEX(Paramètres!$J$7:$J$41,$AB270)<=INDEX(Paramètres!$K$7:$K$41,$AB270),AND($AC270>=INDEX(Paramètres!$J$7:$J$41,$AB270),$AC270<=INDEX(Paramètres!$K$7:$K$41,$AB270)),OR($AC270>=INDEX(Paramètres!$J$7:$J$41,$AB270),$AC270<=INDEX(Paramètres!$K$7:$K$41,$AB270)))),AND(INDEX(Paramètres!$L$7:$L$41,$AB270)>0,IF(INDEX(Paramètres!$L$7:$L$41,$AB270)<=INDEX(Paramètres!$M$7:$M$41,$AB270),AND($AC270>=INDEX(Paramètres!$L$7:$L$41,$AB270),$AC270<=INDEX(Paramètres!$M$7:$M$41,$AB270)),OR($AC270>=INDEX(Paramètres!$L$7:$L$41,$AB270),$AC270<=INDEX(Paramètres!$M$7:$M$41,$AB270))))),1,0))","v":0},{"$f":"IF($X270=\"\",0,IF(INDEX(Fertilisants!$C$6:$C$45,$X270)=\"Oui\",1,0))","v":0},"","","",""]
[{"$f":"IF(B271=\"\",\"\",COUNT($B$6:B271))","v":""},null,null,{"$f":"IF($W271=\"\",\"\",INDEX(Îlots!$N$6:$N$65,$W271))","v":""},null,null,{"$f":"IF($X271=\"\",\"\",INDEX(Fertilisants!$B$6:$B$45,$X271))","v":""},null,null,{"$f":"IF($X271=\"\",\"\",INDEX(Fertilisants!$D$6:$D$45,$X271))","v":""},"",{"$f":"IF(OR($I271=\"\",$X271=\"\"),\"\",$I271*N(INDEX(Fertilisants!$E$6:$E$45,$X271)))","v":""},{"$f":"IF(OR($I271=\"\",$X271=\"\"),\"\",$I271*N(INDEX(Fertilisants!$G$6:$G$45,$X271)))","v":""},{"$f":"IF(OR($I271=\"\",$X271=\"\"),\"\",$I271*N(INDEX(Fertilisants!$H$6:$H$45,$X271)))","v":""},{"$f":"IF(OR($I271=\"\",$X271=\"\"),\"\",$I271*N(INDEX(Fertilisants!$I$6:$I$45,$X271)))","v":""},"",{"$nulls":3},"",null,null,{"$f":"IF($C271=\"\",\"\",IFERROR(MATCH($C271,Îlots!$C$6:$C$65,0),\"\"))","v":""},{"$f":"IF($F271=\"\",\"\",IFERROR(MATCH($F271,Fertilisants!$A$6:$A$45,0),\"\"))","v":""},{"$f":"IF($W271=\"\",\"\",INDEX(Îlots!$D$6:$D$65,$W271))","v":""},{"$f":"IF($W271=\"\",\"\",INDEX(Îlots!$F$6:$F$65,$W271))","v":""},{"$f":"IF($W271=\"\",\"\",IF($E271=ApportCouvert,OccCouvert,INDEX(Îlots!$O$6:$O$65,$W271)))","v":""},{"$f":"IF(OR($AA271=\"\",$G271=\"\",$Z271=\"Non\"),\"\",IFERROR(MATCH($AA271&\" | \"&$G271,Paramètres!$I$7:$I$41,0),\"\"))","v":""},"",{"$f":"IF(OR($AB271=\"\",$AC271=\"\"),0,IF(OR(AND(INDEX(Paramètres!$J$7:$J$41,$AB271)>0,IF(INDEX(Paramètres!$J$7:$J$41,$AB271)<=INDEX(Paramètres!$K$7:$K$41,$AB271),AND($AC271>=INDEX(Paramètres!$J$7:$J$41,$AB271),$AC271<=INDEX(Paramètres!$K$7:$K$41,$AB271)),OR($AC271>=INDEX(Paramètres!$J$7:$J$41,$AB271),$AC271<=INDEX(Paramètres!$K$7:$K$41,$AB271)))),AND(INDEX(Paramètres!$L$7:$L$41,$AB271)>0,IF(INDEX(Paramètres!$L$7:$L$41,$AB271)<=INDEX(Paramètres!$M$7:$M$41,$AB271),AND($AC271>=INDEX(Paramètres!$L$7:$L$41,$AB271),$AC271<=INDEX(Paramètres!$M$7:$M$41,$AB271)),OR($AC271>=INDEX(Paramètres!$L$7:$L$41,$AB271),$AC271<=INDEX(Paramètres!$M$7:$M$41,$AB271))))),1,0))","v":0},{"$f":"IF($X271=\"\",0,IF(INDEX(Fertilisants!$C$6:$C$45,$X271)=\"Oui\",1,0))","v":0},"","","",""]
[{"$f":"IF(B272=\"\",\"\",COUNT($B$6:B272))","v":""},null,null,{"$f":"IF($W272=\"\",\"\",INDEX(Îlots!$N$6:$N$65,$W272))","v":""},null,null,{"$f":"IF($X272=\"\",\"\",INDEX(Fertilisants!$B$6:$B$45,$X272))","v":""},null,null,{"$f":"IF($X272=\"\",\"\",INDEX(Fertilisants!$D$6:$D$45,$X272))","v":""},"",{"$f":"IF(OR($I272=\"\",$X272=\"\"),\"\",$I272*N(INDEX(Fertilisants!$E$6:$E$45,$X272)))","v":""},{"$f":"IF(OR($I272=\"\",$X272=\"\"),\"\",$I272*N(INDEX(Fertilisants!$G$6:$G$45,$X272)))","v":""},{"$f":"IF(OR($I272=\"\",$X272=\"\"),\"\",$I272*N(INDEX(Fertilisants!$H$6:$H$45,$X272)))","v":""},{"$f":"IF(OR($I272=\"\",$X272=\"\"),\"\",$I272*N(INDEX(Fertilisants!$I$6:$I$45,$X272)))","v":""},"",{"$nulls":3},"",null,null,{"$f":"IF($C272=\"\",\"\",IFERROR(MATCH($C272,Îlots!$C$6:$C$65,0),\"\"))","v":""},{"$f":"IF($F272=\"\",\"\",IFERROR(MATCH($F272,Fertilisants!$A$6:$A$45,0),\"\"))","v":""},{"$f":"IF($W272=\"\",\"\",INDEX(Îlots!$D$6:$D$65,$W272))","v":""},{"$f":"IF($W272=\"\",\"\",INDEX(Îlots!$F$6:$F$65,$W272))","v":""},{"$f":"IF($W272=\"\",\"\",IF($E272=ApportCouvert,OccCouvert,INDEX(Îlots!$O$6:$O$65,$W272)))","v":""},{"$f":"IF(OR($AA272=\"\",$G272=\"\",$Z272=\"Non\"),\"\",IFERROR(MATCH($AA272&\" | \"&$G272,Paramètres!$I$7:$I$41,0),\"\"))","v":""},"",{"$f":"IF(OR($AB272=\"\",$AC272=\"\"),0,IF(OR(AND(INDEX(Paramètres!$J$7:$J$41,$AB272)>0,IF(INDEX(Paramètres!$J$7:$J$41,$AB272)<=INDEX(Paramètres!$K$7:$K$41,$AB272),AND($AC272>=INDEX(Paramètres!$J$7:$J$41,$AB272),$AC272<=INDEX(Paramètres!$K$7:$K$41,$AB272)),OR($AC272>=INDEX(Paramètres!$J$7:$J$41,$AB272),$AC272<=INDEX(Paramètres!$K$7:$K$41,$AB272)))),AND(INDEX(Paramètres!$L$7:$L$41,$AB272)>0,IF(INDEX(Paramètres!$L$7:$L$41,$AB272)<=INDEX(Paramètres!$M$7:$M$41,$AB272),AND($AC272>=INDEX(Paramètres!$L$7:$L$41,$AB272),$AC272<=INDEX(Paramètres!$M$7:$M$41,$AB272)),OR($AC272>=INDEX(Paramètres!$L$7:$L$41,$AB272),$AC272<=INDEX(Paramètres!$M$7:$M$41,$AB272))))),1,0))","v":0},{"$f":"IF($X272=\"\",0,IF(INDEX(Fertilisants!$C$6:$C$45,$X272)=\"Oui\",1,0))","v":0},"","","",""]
[{"$f":"IF(B273=\"\",\"\",COUNT($B$6:B273))","v":""},null,null,{"$f":"IF($W273=\"\",\"\",INDEX(Îlots!$N$6:$N$65,$W273))","v":""},null,null,{"$f":"IF($X273=\"\",\"\",INDEX(Fertilisants!$B$6:$B$45,$X273))","v":""},null,null,{"$f":"IF($X273=\"\",\"\",INDEX(Fertilisants!$D$6:$D$45,$X273))","v":""},"",{"$f":"IF(OR($I273=\"\",$X273=\"\"),\"\",$I273*N(INDEX(Fertilisants!$E$6:$E$45,$X273)))","v":""},{"$f":"IF(OR($I273=\"\",$X273=\"\"),\"\",$I273*N(INDEX(Fertilisants!$G$6:$G$45,$X273)))","v":""},{"$f":"IF(OR($I273=\"\",$X273=\"\"),\"\",$I273*N(INDEX(Fertilisants!$H$6:$H$45,$X273)))","v":""},{"$f":"IF(OR($I273=\"\",$X273=\"\"),\"\",$I273*N(INDEX(Fertilisants!$I$6:$I$45,$X273)))","v":""},"",{"$nulls":3},"",null,null,{"$f":"IF($C273=\"\",\"\",IFERROR(MATCH($C273,Îlots!$C$6:$C$65,0),\"\"))","v":""},{"$f":"IF($F273=\"\",\"\",IFERROR(MATCH($F273,Fertilisants!$A$6:$A$45,0),\"\"))","v":""},{"$f":"IF($W273=\"\",\"\",INDEX(Îlots!$D$6:$D$65,$W273))","v":""},{"$f":"IF($W273=\"\",\"\",INDEX(Îlots!$F$6:$F$65,$W273))","v":""},{"$f":"IF($W273=\"\",\"\",IF($E273=ApportCouvert,OccCouvert,INDEX(Îlots!$O$6:$O$65,$W273)))","v":""},{"$f":"IF(OR($AA273=\"\",$G273=\"\",$Z273=\"Non\"),\"\",IFERROR(MATCH($AA273&\" | \"&$G273,Paramètres!$I$7:$I$41,0),\"\"))","v":""},"",{"$f":"IF(OR($AB273=\"\",$AC273=\"\"),0,IF(OR(AND(INDEX(Paramètres!$J$7:$J$41,$AB273)>0,IF(INDEX(Paramètres!$J$7:$J$41,$AB273)<=INDEX(Paramètres!$K$7:$K$41,$AB273),AND($AC273>=INDEX(Paramètres!$J$7:$J$41,$AB273),$AC273<=INDEX(Paramètres!$K$7:$K$41,$AB273)),OR($AC273>=INDEX(Paramètres!$J$7:$J$41,$AB273),$AC273<=INDEX(Paramètres!$K$7:$K$41,$AB273)))),AND(INDEX(Paramètres!$L$7:$L$41,$AB273)>0,IF(INDEX(Paramètres!$L$7:$L$41,$AB273)<=INDEX(Paramètres!$M$7:$M$41,$AB273),AND($AC273>=INDEX(Paramètres!$L$7:$L$41,$AB273),$AC273<=INDEX(Paramètres!$M$7:$M$41,$AB273)),OR($AC273>=INDEX(Paramètres!$L$7:$L$41,$AB273),$AC273<=INDEX(Paramètres!$M$7:$M$41,$AB273))))),1,0))","v":0},{"$f":"IF($X273=\"\",0,IF(INDEX(Fertilisants!$C$6:$C$45,$X273)=\"Oui\",1,0))","v":0},"","","",""]
[{"$f":"IF(B274=\"\",\"\",COUNT($B$6:B274))","v":""},null,null,{"$f":"IF($W274=\"\",\"\",INDEX(Îlots!$N$6:$N$65,$W274))","v":""},null,null,{"$f":"IF($X274=\"\",\"\",INDEX(Fertilisants!$B$6:$B$45,$X274))","v":""},null,null,{"$f":"IF($X274=\"\",\"\",INDEX(Fertilisants!$D$6:$D$45,$X274))","v":""},"",{"$f":"IF(OR($I274=\"\",$X274=\"\"),\"\",$I274*N(INDEX(Fertilisants!$E$6:$E$45,$X274)))","v":""},{"$f":"IF(OR($I274=\"\",$X274=\"\"),\"\",$I274*N(INDEX(Fertilisants!$G$6:$G$45,$X274)))","v":""},{"$f":"IF(OR($I274=\"\",$X274=\"\"),\"\",$I274*N(INDEX(Fertilisants!$H$6:$H$45,$X274)))","v":""},{"$f":"IF(OR($I274=\"\",$X274=\"\"),\"\",$I274*N(INDEX(Fertilisants!$I$6:$I$45,$X274)))","v":""},"",{"$nulls":3},"",null,null,{"$f":"IF($C274=\"\",\"\",IFERROR(MATCH($C274,Îlots!$C$6:$C$65,0),\"\"))","v":""},{"$f":"IF($F274=\"\",\"\",IFERROR(MATCH($F274,Fertilisants!$A$6:$A$45,0),\"\"))","v":""},{"$f":"IF($W274=\"\",\"\",INDEX(Îlots!$D$6:$D$65,$W274))","v":""},{"$f":"IF($W274=\"\",\"\",INDEX(Îlots!$F$6:$F$65,$W274))","v":""},{"$f":"IF($W274=\"\",\"\",IF($E274=ApportCouvert,OccCouvert,INDEX(Îlots!$O$6:$O$65,$W274)))","v":""},{"$f":"IF(OR($AA274=\"\",$G274=\"\",$Z274=\"Non\"),\"\",IFERROR(MATCH($AA274&\" | \"&$G274,Paramètres!$I$7:$I$41,0),\"\"))","v":""},"",{"$f":"IF(OR($AB274=\"\",$AC274=\"\"),0,IF(OR(AND(INDEX(Paramètres!$J$7:$J$41,$AB274)>0,IF(INDEX(Paramètres!$J$7:$J$41,$AB274)<=INDEX(Paramètres!$K$7:$K$41,$AB274),AND($AC274>=INDEX(Paramètres!$J$7:$J$41,$AB274),$AC274<=INDEX(Paramètres!$K$7:$K$41,$AB274)),OR($AC274>=INDEX(Paramètres!$J$7:$J$41,$AB274),$AC274<=INDEX(Paramètres!$K$7:$K$41,$AB274)))),AND(INDEX(Paramètres!$L$7:$L$41,$AB274)>0,IF(INDEX(Paramètres!$L$7:$L$41,$AB274)<=INDEX(Paramètres!$M$7:$M$41,$AB274),AND($AC274>=INDEX(Paramètres!$L$7:$L$41,$AB274),$AC274<=INDEX(Paramètres!$M$7:$M$41,$AB274)),OR($AC274>=INDEX(Paramètres!$L$7:$L$41,$AB274),$AC274<=INDEX(Paramètres!$M$7:$M$41,$AB274))))),1,0))","v":0},{"$f":"IF($X274=\"\",0,IF(INDEX(Fertilisants!$C$6:$C$45,$X274)=\"Oui\",1,0))","v":0},"","","",""]
[{"$f":"IF(B275=\"\",\"\",COUNT($B$6:B275))","v":""},null,null,{"$f":"IF($W275=\"\",\"\",INDEX(Îlots!$N$6:$N$65,$W275))","v":""},null,null,{"$f":"IF($X275=\"\",\"\",INDEX(Fertilisants!$B$6:$B$45,$X275))","v":""},null,null,{"$f":"IF($X275=\"\",\"\",INDEX(Fertilisants!$D$6:$D$45,$X275))","v":""},"",{"$f":"IF(OR($I275=\"\",$X275=\"\"),\"\",$I275*N(INDEX(Fertilisants!$E$6:$E$45,$X275)))","v":""},{"$f":"IF(OR($I275=\"\",$X275=\"\"),\"\",$I275*N(INDEX(Fertilisants!$G$6:$G$45,$X275)))","v":""},{"$f":"IF(OR($I275=\"\",$X275=\"\"),\"\",$I275*N(INDEX(Fertilisants!$H$6:$H$45,$X275)))","v":""},{"$f":"IF(OR($I275=\"\",$X275=\"\"),\"\",$I275*N(INDEX(Fertilisants!$I$6:$I$45,$X275)))","v":""},"",{"$nulls":3},"",null,null,{"$f":"IF($C275=\"\",\"\",IFERROR(MATCH($C275,Îlots!$C$6:$C$65,0),\"\"))","v":""},{"$f":"IF($F275=\"\",\"\",IFERROR(MATCH($F275,Fertilisants!$A$6:$A$45,0),\"\"))","v":""},{"$f":"IF($W275=\"\",\"\",INDEX(Îlots!$D$6:$D$65,$W275))","v":""},{"$f":"IF($W275=\"\",\"\",INDEX(Îlots!$F$6:$F$65,$W275))","v":""},{"$f":"IF($W275=\"\",\"\",IF($E275=ApportCouvert,OccCouvert,INDEX(Îlots!$O$6:$O$65,$W275)))","v":""},{"$f":"IF(OR($AA275=\"\",$G275=\"\",$Z275=\"Non\"),\"\",IFERROR(MATCH($AA275&\" | \"&$G275,Paramètres!$I$7:$I$41,0),\"\"))","v":""},"",{"$f":"IF(OR($AB275=\"\",$AC275=\"\"),0,IF(OR(AND(INDEX(Paramètres!$J$7:$J$41,$AB275)>0,IF(INDEX(Paramètres!$J$7:$J$41,$AB275)<=INDEX(Paramètres!$K$7:$K$41,$AB275),AND($AC275>=INDEX(Paramètres!$J$7:$J$41,$AB275),$AC275<=INDEX(Paramètres!$K$7:$K$41,$AB275)),OR($AC275>=INDEX(Paramètres!$J$7:$J$41,$AB275),$AC275<=INDEX(Paramètres!$K$7:$K$41,$AB275)))),AND(INDEX(Paramètres!$L$7:$L$41,$AB275)>0,IF(INDEX(Paramètres!$L$7:$L$41,$AB275)<=INDEX(Paramètres!$M$7:$M$41,$AB275),AND($AC275>=INDEX(Paramètres!$L$7:$L$41,$AB275),$AC275<=INDEX(Paramètres!$M$7:$M$41,$AB275)),OR($AC275>=INDEX(Paramètres!$L$7:$L$41,$AB275),$AC275<=INDEX(Paramètres!$M$7:$M$41,$AB275))))),1,0))","v":0},{"$f":"IF($X275=\"\",0,IF(INDEX(Fertilisants!$C$6:$C$45,$X275)=\"Oui\",1,0))","v":0},"","","",""]
[{"$f":"IF(B276=\"\",\"\",COUNT($B$6:B276))","v":""},null,null,{"$f":"IF($W276=\"\",\"\",INDEX(Îlots!$N$6:$N$65,$W276))","v":""},null,null,{"$f":"IF($X276=\"\",\"\",INDEX(Fertilisants!$B$6:$B$45,$X276))","v":""},null,null,{"$f":"IF($X276=\"\",\"\",INDEX(Fertilisants!$D$6:$D$45,$X276))","v":""},"",{"$f":"IF(OR($I276=\"\",$X276=\"\"),\"\",$I276*N(INDEX(Fertilisants!$E$6:$E$45,$X276)))","v":""},{"$f":"IF(OR($I276=\"\",$X276=\"\"),\"\",$I276*N(INDEX(Fertilisants!$G$6:$G$45,$X276)))","v":""},{"$f":"IF(OR($I276=\"\",$X276=\"\"),\"\",$I276*N(INDEX(Fertilisants!$H$6:$H$45,$X276)))","v":""},{"$f":"IF(OR($I276=\"\",$X276=\"\"),\"\",$I276*N(INDEX(Fertilisants!$I$6:$I$45,$X276)))","v":""},"",{"$nulls":3},"",null,null,{"$f":"IF($C276=\"\",\"\",IFERROR(MATCH($C276,Îlots!$C$6:$C$65,0),\"\"))","v":""},{"$f":"IF($F276=\"\",\"\",IFERROR(MATCH($F276,Fertilisants!$A$6:$A$45,0),\"\"))","v":""},{"$f":"IF($W276=\"\",\"\",INDEX(Îlots!$D$6:$D$65,$W276))","v":""},{"$f":"IF($W276=\"\",\"\",INDEX(Îlots!$F$6:$F$65,$W276))","v":""},{"$f":"IF($W276=\"\",\"\",IF($E276=ApportCouvert,OccCouvert,INDEX(Îlots!$O$6:$O$65,$W276)))","v":""},{"$f":"IF(OR($AA276=\"\",$G276=\"\",$Z276=\"Non\"),\"\",IFERROR(MATCH($AA276&\" | \"&$G276,Paramètres!$I$7:$I$41,0),\"\"))","v":""},"",{"$f":"IF(OR($AB276=\"\",$AC276=\"\"),0,IF(OR(AND(INDEX(Paramètres!$J$7:$J$41,$AB276)>0,IF(INDEX(Paramètres!$J$7:$J$41,$AB276)<=INDEX(Paramètres!$K$7:$K$41,$AB276),AND($AC276>=INDEX(Paramètres!$J$7:$J$41,$AB276),$AC276<=INDEX(Paramètres!$K$7:$K$41,$AB276)),OR($AC276>=INDEX(Paramètres!$J$7:$J$41,$AB276),$AC276<=INDEX(Paramètres!$K$7:$K$41,$AB276)))),AND(INDEX(Paramètres!$L$7:$L$41,$AB276)>0,IF(INDEX(Paramètres!$L$7:$L$41,$AB276)<=INDEX(Paramètres!$M$7:$M$41,$AB276),AND($AC276>=INDEX(Paramètres!$L$7:$L$41,$AB276),$AC276<=INDEX(Paramètres!$M$7:$M$41,$AB276)),OR($AC276>=INDEX(Paramètres!$L$7:$L$41,$AB276),$AC276<=INDEX(Paramètres!$M$7:$M$41,$AB276))))),1,0))","v":0},{"$f":"IF($X276=\"\",0,IF(INDEX(Fertilisants!$C$6:$C$45,$X276)=\"Oui\",1,0))","v":0},"","","",""]
[{"$f":"IF(B277=\"\",\"\",COUNT($B$6:B277))","v":""},null,null,{"$f":"IF($W277=\"\",\"\",INDEX(Îlots!$N$6:$N$65,$W277))","v":""},null,null,{"$f":"IF($X277=\"\",\"\",INDEX(Fertilisants!$B$6:$B$45,$X277))","v":""},null,null,{"$f":"IF($X277=\"\",\"\",INDEX(Fertilisants!$D$6:$D$45,$X277))","v":""},"",{"$f":"IF(OR($I277=\"\",$X277=\"\"),\"\",$I277*N(INDEX(Fertilisants!$E$6:$E$45,$X277)))","v":""},{"$f":"IF(OR($I277=\"\",$X277=\"\"),\"\",$I277*N(INDEX(Fertilisants!$G$6:$G$45,$X277)))","v":""},{"$f":"IF(OR($I277=\"\",$X277=\"\"),\"\",$I277*N(INDEX(Fertilisants!$H$6:$H$45,$X277)))","v":""},{"$f":"IF(OR($I277=\"\",$X277=\"\"),\"\",$I277*N(INDEX(Fertilisants!$I$6:$I$45,$X277)))","v":""},"",{"$nulls":3},"",null,null,{"$f":"IF($C277=\"\",\"\",IFERROR(MATCH($C277,Îlots!$C$6:$C$65,0),\"\"))","v":""},{"$f":"IF($F277=\"\",\"\",IFERROR(MATCH($F277,Fertilisants!$A$6:$A$45,0),\"\"))","v":""},{"$f":"IF($W277=\"\",\"\",INDEX(Îlots!$D$6:$D$65,$W277))","v":""},{"$f":"IF($W277=\"\",\"\",INDEX(Îlots!$F$6:$F$65,$W277))","v":""},{"$f":"IF($W277=\"\",\"\",IF($E277=ApportCouvert,OccCouvert,INDEX(Îlots!$O$6:$O$65,$W277)))","v":""},{"$f":"IF(OR($AA277=\"\",$G277=\"\",$Z277=\"Non\"),\"\",IFERROR(MATCH($AA277&\" | \"&$G277,Paramètres!$I$7:$I$41,0),\"\"))","v":""},"",{"$f":"IF(OR($AB277=\"\",$AC277=\"\"),0,IF(OR(AND(INDEX(Paramètres!$J$7:$J$41,$AB277)>0,IF(INDEX(Paramètres!$J$7:$J$41,$AB277)<=INDEX(Paramètres!$K$7:$K$41,$AB277),AND($AC277>=INDEX(Paramètres!$J$7:$J$41,$AB277),$AC277<=INDEX(Paramètres!$K$7:$K$41,$AB277)),OR($AC277>=INDEX(Paramètres!$J$7:$J$41,$AB277),$AC277<=INDEX(Paramètres!$K$7:$K$41,$AB277)))),AND(INDEX(Paramètres!$L$7:$L$41,$AB277)>0,IF(INDEX(Paramètres!$L$7:$L$41,$AB277)<=INDEX(Paramètres!$M$7:$M$41,$AB277),AND($AC277>=INDEX(Paramètres!$L$7:$L$41,$AB277),$AC277<=INDEX(Paramètres!$M$7:$M$41,$AB277)),OR($AC277>=INDEX(Paramètres!$L$7:$L$41,$AB277),$AC277<=INDEX(Paramètres!$M$7:$M$41,$AB277))))),1,0))","v":0},{"$f":"IF($X277=\"\",0,IF(INDEX(Fertilisants!$C$6:$C$45,$X277)=\"Oui\",1,0))","v":0},"","","",""]
[{"$f":"IF(B278=\"\",\"\",COUNT($B$6:B278))","v":""},null,null,{"$f":"IF($W278=\"\",\"\",INDEX(Îlots!$N$6:$N$65,$W278))","v":""},null,null,{"$f":"IF($X278=\"\",\"\",INDEX(Fertilisants!$B$6:$B$45,$X278))","v":""},null,null,{"$f":"IF($X278=\"\",\"\",INDEX(Fertilisants!$D$6:$D$45,$X278))","v":""},"",{"$f":"IF(OR($I278=\"\",$X278=\"\"),\"\",$I278*N(INDEX(Fertilisants!$E$6:$E$45,$X278)))","v":""},{"$f":"IF(OR($I278=\"\",$X278=\"\"),\"\",$I278*N(INDEX(Fertilisants!$G$6:$G$45,$X278)))","v":""},{"$f":"IF(OR($I278=\"\",$X278=\"\"),\"\",$I278*N(INDEX(Fertilisants!$H$6:$H$45,$X278)))","v":""},{"$f":"IF(OR($I278=\"\",$X278=\"\"),\"\",$I278*N(INDEX(Fertilisants!$I$6:$I$45,$X278)))","v":""},"",{"$nulls":3},"",null,null,{"$f":"IF($C278=\"\",\"\",IFERROR(MATCH($C278,Îlots!$C$6:$C$65,0),\"\"))","v":""},{"$f":"IF($F278=\"\",\"\",IFERROR(MATCH($F278,Fertilisants!$A$6:$A$45,0),\"\"))","v":""},{"$f":"IF($W278=\"\",\"\",INDEX(Îlots!$D$6:$D$65,$W278))","v":""},{"$f":"IF($W278=\"\",\"\",INDEX(Îlots!$F$6:$F$65,$W278))","v":""},{"$f":"IF($W278=\"\",\"\",IF($E278=ApportCouvert,OccCouvert,INDEX(Îlots!$O$6:$O$65,$W278)))","v":""},{"$f":"IF(OR($AA278=\"\",$G278=\"\",$Z278=\"Non\"),\"\",IFERROR(MATCH($AA278&\" | \"&$G278,Paramètres!$I$7:$I$41,0),\"\"))","v":""},"",{"$f":"IF(OR($AB278=\"\",$AC278=\"\"),0,IF(OR(AND(INDEX(Paramètres!$J$7:$J$41,$AB278)>0,IF(INDEX(Paramètres!$J$7:$J$41,$AB278)<=INDEX(Paramètres!$K$7:$K$41,$AB278),AND($AC278>=INDEX(Paramètres!$J$7:$J$41,$AB278),$AC278<=INDEX(Paramètres!$K$7:$K$41,$AB278)),OR($AC278>=INDEX(Paramètres!$J$7:$J$41,$AB278),$AC278<=INDEX(Paramètres!$K$7:$K$41,$AB278)))),AND(INDEX(Paramètres!$L$7:$L$41,$AB278)>0,IF(INDEX(Paramètres!$L$7:$L$41,$AB278)<=INDEX(Paramètres!$M$7:$M$41,$AB278),AND($AC278>=INDEX(Paramètres!$L$7:$L$41,$AB278),$AC278<=INDEX(Paramètres!$M$7:$M$41,$AB278)),OR($AC278>=INDEX(Paramètres!$L$7:$L$41,$AB278),$AC278<=INDEX(Paramètres!$M$7:$M$41,$AB278))))),1,0))","v":0},{"$f":"IF($X278=\"\",0,IF(INDEX(Fertilisants!$C$6:$C$45,$X278)=\"Oui\",1,0))","v":0},"","","",""]
[{"$f":"IF(B279=\"\",\"\",COUNT($B$6:B279))","v":""},null,null,{"$f":"IF($W279=\"\",\"\",INDEX(Îlots!$N$6:$N$65,$W279))","v":""},null,null,{"$f":"IF($X279=\"\",\"\",INDEX(Fertilisants!$B$6:$B$45,$X279))","v":""},null,null,{"$f":"IF($X279=\"\",\"\",INDEX(Fertilisants!$D$6:$D$45,$X279))","v":""},"",{"$f":"IF(OR($I279=\"\",$X279=\"\"),\"\",$I279*N(INDEX(Fertilisants!$E$6:$E$45,$X279)))","v":""},{"$f":"IF(OR($I279=\"\",$X279=\"\"),\"\",$I279*N(INDEX(Fertilisants!$G$6:$G$45,$X279)))","v":""},{"$f":"IF(OR($I279=\"\",$X279=\"\"),\"\",$I279*N(INDEX(Fertilisants!$H$6:$H$45,$X279)))","v":""},{"$f":"IF(OR($I279=\"\",$X279=\"\"),\"\",$I279*N(INDEX(Fertilisants!$I$6:$I$45,$X279)))","v":""},"",{"$nulls":3},"",null,null,{"$f":"IF($C279=\"\",\"\",IFERROR(MATCH($C279,Îlots!$C$6:$C$65,0),\"\"))","v":""},{"$f":"IF($F279=\"\",\"\",IFERROR(MATCH($F279,Fertilisants!$A$6:$A$45,0),\"\"))","v":""},{"$f":"IF($W279=\"\",\"\",INDEX(Îlots!$D$6:$D$65,$W279))","v":""},{"$f":"IF($W279=\"\",\"\",INDEX(Îlots!$F$6:$F$65,$W279))","v":""},{"$f":"IF($W279=\"\",\"\",IF($E279=ApportCouvert,OccCouvert,INDEX(Îlots!$O$6:$O$65,$W279)))","v":""},{"$f":"IF(OR($AA279=\"\",$G279=\"\",$Z279=\"Non\"),\"\",IFERROR(MATCH($AA279&\" | \"&$G279,Paramètres!$I$7:$I$41,0),\"\"))","v":""},"",{"$f":"IF(OR($AB279=\"\",$AC279=\"\"),0,IF(OR(AND(INDEX(Paramètres!$J$7:$J$41,$AB279)>0,IF(INDEX(Paramètres!$J$7:$J$41,$AB279)<=INDEX(Paramètres!$K$7:$K$41,$AB279),AND($AC279>=INDEX(Paramètres!$J$7:$J$41,$AB279),$AC279<=INDEX(Paramètres!$K$7:$K$41,$AB279)),OR($AC279>=INDEX(Paramètres!$J$7:$J$41,$AB279),$AC279<=INDEX(Paramètres!$K$7:$K$41,$AB279)))),AND(INDEX(Paramètres!$L$7:$L$41,$AB279)>0,IF(INDEX(Paramètres!$L$7:$L$41,$AB279)<=INDEX(Paramètres!$M$7:$M$41,$AB279),AND($AC279>=INDEX(Paramètres!$L$7:$L$41,$AB279),$AC279<=INDEX(Paramètres!$M$7:$M$41,$AB279)),OR($AC279>=INDEX(Paramètres!$L$7:$L$41,$AB279),$AC279<=INDEX(Paramètres!$M$7:$M$41,$AB279))))),1,0))","v":0},{"$f":"IF($X279=\"\",0,IF(INDEX(Fertilisants!$C$6:$C$45,$X279)=\"Oui\",1,0))","v":0},"","","",""]
[{"$f":"IF(B280=\"\",\"\",COUNT($B$6:B280))","v":""},null,null,{"$f":"IF($W280=\"\",\"\",INDEX(Îlots!$N$6:$N$65,$W280))","v":""},null,null,{"$f":"IF($X280=\"\",\"\",INDEX(Fertilisants!$B$6:$B$45,$X280))","v":""},null,null,{"$f":"IF($X280=\"\",\"\",INDEX(Fertilisants!$D$6:$D$45,$X280))","v":""},"",{"$f":"IF(OR($I280=\"\",$X280=\"\"),\"\",$I280*N(INDEX(Fertilisants!$E$6:$E$45,$X280)))","v":""},{"$f":"IF(OR($I280=\"\",$X280=\"\"),\"\",$I280*N(INDEX(Fertilisants!$G$6:$G$45,$X280)))","v":""},{"$f":"IF(OR($I280=\"\",$X280=\"\"),\"\",$I280*N(INDEX(Fertilisants!$H$6:$H$45,$X280)))","v":""},{"$f":"IF(OR($I280=\"\",$X280=\"\"),\"\",$I280*N(INDEX(Fertilisants!$I$6:$I$45,$X280)))","v":""},"",{"$nulls":3},"",null,null,{"$f":"IF($C280=\"\",\"\",IFERROR(MATCH($C280,Îlots!$C$6:$C$65,0),\"\"))","v":""},{"$f":"IF($F280=\"\",\"\",IFERROR(MATCH($F280,Fertilisants!$A$6:$A$45,0),\"\"))","v":""},{"$f":"IF($W280=\"\",\"\",INDEX(Îlots!$D$6:$D$65,$W280))","v":""},{"$f":"IF($W280=\"\",\"\",INDEX(Îlots!$F$6:$F$65,$W280))","v":""},{"$f":"IF($W280=\"\",\"\",IF($E280=ApportCouvert,OccCouvert,INDEX(Îlots!$O$6:$O$65,$W280)))","v":""},{"$f":"IF(OR($AA280=\"\",$G280=\"\",$Z280=\"Non\"),\"\",IFERROR(MATCH($AA280&\" | \"&$G280,Paramètres!$I$7:$I$41,0),\"\"))","v":""},"",{"$f":"IF(OR($AB280=\"\",$AC280=\"\"),0,IF(OR(AND(INDEX(Paramètres!$J$7:$J$41,$AB280)>0,IF(INDEX(Paramètres!$J$7:$J$41,$AB280)<=INDEX(Paramètres!$K$7:$K$41,$AB280),AND($AC280>=INDEX(Paramètres!$J$7:$J$41,$AB280),$AC280<=INDEX(Paramètres!$K$7:$K$41,$AB280)),OR($AC280>=INDEX(Paramètres!$J$7:$J$41,$AB280),$AC280<=INDEX(Paramètres!$K$7:$K$41,$AB280)))),AND(INDEX(Paramètres!$L$7:$L$41,$AB280)>0,IF(INDEX(Paramètres!$L$7:$L$41,$AB280)<=INDEX(Paramètres!$M$7:$M$41,$AB280),AND($AC280>=INDEX(Paramètres!$L$7:$L$41,$AB280),$AC280<=INDEX(Paramètres!$M$7:$M$41,$AB280)),OR($AC280>=INDEX(Paramètres!$L$7:$L$41,$AB280),$AC280<=INDEX(Paramètres!$M$7:$M$41,$AB280))))),1,0))","v":0},{"$f":"IF($X280=\"\",0,IF(INDEX(Fertilisants!$C$6:$C$45,$X280)=\"Oui\",1,0))","v":0},"","","",""]
[{"$f":"IF(B281=\"\",\"\",COUNT($B$6:B281))","v":""},null,null,{"$f":"IF($W281=\"\",\"\",INDEX(Îlots!$N$6:$N$65,$W281))","v":""},null,null,{"$f":"IF($X281=\"\",\"\",INDEX(Fertilisants!$B$6:$B$45,$X281))","v":""},null,null,{"$f":"IF($X281=\"\",\"\",INDEX(Fertilisants!$D$6:$D$45,$X281))","v":""},"",{"$f":"IF(OR($I281=\"\",$X281=\"\"),\"\",$I281*N(INDEX(Fertilisants!$E$6:$E$45,$X281)))","v":""},{"$f":"IF(OR($I281=\"\",$X281=\"\"),\"\",$I281*N(INDEX(Fertilisants!$G$6:$G$45,$X281)))","v":""},{"$f":"IF(OR($I281=\"\",$X281=\"\"),\"\",$I281*N(INDEX(Fertilisants!$H$6:$H$45,$X281)))","v":""},{"$f":"IF(OR($I281=\"\",$X281=\"\"),\"\",$I281*N(INDEX(Fertilisants!$I$6:$I$45,$X281)))","v":""},"",{"$nulls":3},"",null,null,{"$f":"IF($C281=\"\",\"\",IFERROR(MATCH($C281,Îlots!$C$6:$C$65,0),\"\"))","v":""},{"$f":"IF($F281=\"\",\"\",IFERROR(MATCH($F281,Fertilisants!$A$6:$A$45,0),\"\"))","v":""},{"$f":"IF($W281=\"\",\"\",INDEX(Îlots!$D$6:$D$65,$W281))","v":""},{"$f":"IF($W281=\"\",\"\",INDEX(Îlots!$F$6:$F$65,$W281))","v":""},{"$f":"IF($W281=\"\",\"\",IF($E281=ApportCouvert,OccCouvert,INDEX(Îlots!$O$6:$O$65,$W281)))","v":""},{"$f":"IF(OR($AA281=\"\",$G281=\"\",$Z281=\"Non\"),\"\",IFERROR(MATCH($AA281&\" | \"&$G281,Paramètres!$I$7:$I$41,0),\"\"))","v":""},"",{"$f":"IF(OR($AB281=\"\",$AC281=\"\"),0,IF(OR(AND(INDEX(Paramètres!$J$7:$J$41,$AB281)>0,IF(INDEX(Paramètres!$J$7:$J$41,$AB281)<=INDEX(Paramètres!$K$7:$K$41,$AB281),AND($AC281>=INDEX(Paramètres!$J$7:$J$41,$AB281),$AC281<=INDEX(Paramètres!$K$7:$K$41,$AB281)),OR($AC281>=INDEX(Paramètres!$J$7:$J$41,$AB281),$AC281<=INDEX(Paramètres!$K$7:$K$41,$AB281)))),AND(INDEX(Paramètres!$L$7:$L$41,$AB281)>0,IF(INDEX(Paramètres!$L$7:$L$41,$AB281)<=INDEX(Paramètres!$M$7:$M$41,$AB281),AND($AC281>=INDEX(Paramètres!$L$7:$L$41,$AB281),$AC281<=INDEX(Paramètres!$M$7:$M$41,$AB281)),OR($AC281>=INDEX(Paramètres!$L$7:$L$41,$AB281),$AC281<=INDEX(Paramètres!$M$7:$M$41,$AB281))))),1,0))","v":0},{"$f":"IF($X281=\"\",0,IF(INDEX(Fertilisants!$C$6:$C$45,$X281)=\"Oui\",1,0))","v":0},"","","",""]
[{"$f":"IF(B282=\"\",\"\",COUNT($B$6:B282))","v":""},null,null,{"$f":"IF($W282=\"\",\"\",INDEX(Îlots!$N$6:$N$65,$W282))","v":""},null,null,{"$f":"IF($X282=\"\",\"\",INDEX(Fertilisants!$B$6:$B$45,$X282))","v":""},null,null,{"$f":"IF($X282=\"\",\"\",INDEX(Fertilisants!$D$6:$D$45,$X282))","v":""},"",{"$f":"IF(OR($I282=\"\",$X282=\"\"),\"\",$I282*N(INDEX(Fertilisants!$E$6:$E$45,$X282)))","v":""},{"$f":"IF(OR($I282=\"\",$X282=\"\"),\"\",$I282*N(INDEX(Fertilisants!$G$6:$G$45,$X282)))","v":""},{"$f":"IF(OR($I282=\"\",$X282=\"\"),\"\",$I282*N(INDEX(Fertilisants!$H$6:$H$45,$X282)))","v":""},{"$f":"IF(OR($I282=\"\",$X282=\"\"),\"\",$I282*N(INDEX(Fertilisants!$I$6:$I$45,$X282)))","v":""},"",{"$nulls":3},"",null,null,{"$f":"IF($C282=\"\",\"\",IFERROR(MATCH($C282,Îlots!$C$6:$C$65,0),\"\"))","v":""},{"$f":"IF($F282=\"\",\"\",IFERROR(MATCH($F282,Fertilisants!$A$6:$A$45,0),\"\"))","v":""},{"$f":"IF($W282=\"\",\"\",INDEX(Îlots!$D$6:$D$65,$W282))","v":""},{"$f":"IF($W282=\"\",\"\",INDEX(Îlots!$F$6:$F$65,$W282))","v":""},{"$f":"IF($W282=\"\",\"\",IF($E282=ApportCouvert,OccCouvert,INDEX(Îlots!$O$6:$O$65,$W282)))","v":""},{"$f":"IF(OR($AA282=\"\",$G282=\"\",$Z282=\"Non\"),\"\",IFERROR(MATCH($AA282&\" | \"&$G282,Paramètres!$I$7:$I$41,0),\"\"))","v":""},"",{"$f":"IF(OR($AB282=\"\",$AC282=\"\"),0,IF(OR(AND(INDEX(Paramètres!$J$7:$J$41,$AB282)>0,IF(INDEX(Paramètres!$J$7:$J$41,$AB282)<=INDEX(Paramètres!$K$7:$K$41,$AB282),AND($AC282>=INDEX(Paramètres!$J$7:$J$41,$AB282),$AC282<=INDEX(Paramètres!$K$7:$K$41,$AB282)),OR($AC282>=INDEX(Paramètres!$J$7:$J$41,$AB282),$AC282<=INDEX(Paramètres!$K$7:$K$41,$AB282)))),AND(INDEX(Paramètres!$L$7:$L$41,$AB282)>0,IF(INDEX(Paramètres!$L$7:$L$41,$AB282)<=INDEX(Paramètres!$M$7:$M$41,$AB282),AND($AC282>=INDEX(Paramètres!$L$7:$L$41,$AB282),$AC282<=INDEX(Paramètres!$M$7:$M$41,$AB282)),OR($AC282>=INDEX(Paramètres!$L$7:$L$41,$AB282),$AC282<=INDEX(Paramètres!$M$7:$M$41,$AB282))))),1,0))","v":0},{"$f":"IF($X282=\"\",0,IF(INDEX(Fertilisants!$C$6:$C$45,$X282)=\"Oui\",1,0))","v":0},"","","",""]
[{"$f":"IF(B283=\"\",\"\",COUNT($B$6:B283))","v":""},null,null,{"$f":"IF($W283=\"\",\"\",INDEX(Îlots!$N$6:$N$65,$W283))","v":""},null,null,{"$f":"IF($X283=\"\",\"\",INDEX(Fertilisants!$B$6:$B$45,$X283))","v":""},null,null,{"$f":"IF($X283=\"\",\"\",INDEX(Fertilisants!$D$6:$D$45,$X283))","v":""},"",{"$f":"IF(OR($I283=\"\",$X283=\"\"),\"\",$I283*N(INDEX(Fertilisants!$E$6:$E$45,$X283)))","v":""},{"$f":"IF(OR($I283=\"\",$X283=\"\"),\"\",$I283*N(INDEX(Fertilisants!$G$6:$G$45,$X283)))","v":""},{"$f":"IF(OR($I283=\"\",$X283=\"\"),\"\",$I283*N(INDEX(Fertilisants!$H$6:$H$45,$X283)))","v":""},{"$f":"IF(OR($I283=\"\",$X283=\"\"),\"\",$I283*N(INDEX(Fertilisants!$I$6:$I$45,$X283)))","v":""},"",{"$nulls":3},"",null,null,{"$f":"IF($C283=\"\",\"\",IFERROR(MATCH($C283,Îlots!$C$6:$C$65,0),\"\"))","v":""},{"$f":"IF($F283=\"\",\"\",IFERROR(MATCH($F283,Fertilisants!$A$6:$A$45,0),\"\"))","v":""},{"$f":"IF($W283=\"\",\"\",INDEX(Îlots!$D$6:$D$65,$W283))","v":""},{"$f":"IF($W283=\"\",\"\",INDEX(Îlots!$F$6:$F$65,$W283))","v":""},{"$f":"IF($W283=\"\",\"\",IF($E283=ApportCouvert,OccCouvert,INDEX(Îlots!$O$6:$O$65,$W283)))","v":""},{"$f":"IF(OR($AA283=\"\",$G283=\"\",$Z283=\"Non\"),\"\",IFERROR(MATCH($AA283&\" | \"&$G283,Paramètres!$I$7:$I$41,0),\"\"))","v":""},"",{"$f":"IF(OR($AB283=\"\",$AC283=\"\"),0,IF(OR(AND(INDEX(Paramètres!$J$7:$J$41,$AB283)>0,IF(INDEX(Paramètres!$J$7:$J$41,$AB283)<=INDEX(Paramètres!$K$7:$K$41,$AB283),AND($AC283>=INDEX(Paramètres!$J$7:$J$41,$AB283),$AC283<=INDEX(Paramètres!$K$7:$K$41,$AB283)),OR($AC283>=INDEX(Paramètres!$J$7:$J$41,$AB283),$AC283<=INDEX(Paramètres!$K$7:$K$41,$AB283)))),AND(INDEX(Paramètres!$L$7:$L$41,$AB283)>0,IF(INDEX(Paramètres!$L$7:$L$41,$AB283)<=INDEX(Paramètres!$M$7:$M$41,$AB283),AND($AC283>=INDEX(Paramètres!$L$7:$L$41,$AB283),$AC283<=INDEX(Paramètres!$M$7:$M$41,$AB283)),OR($AC283>=INDEX(Paramètres!$L$7:$L$41,$AB283),$AC283<=INDEX(Paramètres!$M$7:$M$41,$AB283))))),1,0))","v":0},{"$f":"IF($X283=\"\",0,IF(INDEX(Fertilisants!$C$6:$C$45,$X283)=\"Oui\",1,0))","v":0},"","","",""]
[{"$f":"IF(B284=\"\",\"\",COUNT($B$6:B284))","v":""},null,null,{"$f":"IF($W284=\"\",\"\",INDEX(Îlots!$N$6:$N$65,$W284))","v":""},null,null,{"$f":"IF($X284=\"\",\"\",INDEX(Fertilisants!$B$6:$B$45,$X284))","v":""},null,null,{"$f":"IF($X284=\"\",\"\",INDEX(Fertilisants!$D$6:$D$45,$X284))","v":""},"",{"$f":"IF(OR($I284=\"\",$X284=\"\"),\"\",$I284*N(INDEX(Fertilisants!$E$6:$E$45,$X284)))","v":""},{"$f":"IF(OR($I284=\"\",$X284=\"\"),\"\",$I284*N(INDEX(Fertilisants!$G$6:$G$45,$X284)))","v":""},{"$f":"IF(OR($I284=\"\",$X284=\"\"),\"\",$I284*N(INDEX(Fertilisants!$H$6:$H$45,$X284)))","v":""},{"$f":"IF(OR($I284=\"\",$X284=\"\"),\"\",$I284*N(INDEX(Fertilisants!$I$6:$I$45,$X284)))","v":""},"",{"$nulls":3},"",null,null,{"$f":"IF($C284=\"\",\"\",IFERROR(MATCH($C284,Îlots!$C$6:$C$65,0),\"\"))","v":""},{"$f":"IF($F284=\"\",\"\",IFERROR(MATCH($F284,Fertilisants!$A$6:$A$45,0),\"\"))","v":""},{"$f":"IF($W284=\"\",\"\",INDEX(Îlots!$D$6:$D$65,$W284))","v":""},{"$f":"IF($W284=\"\",\"\",INDEX(Îlots!$F$6:$F$65,$W284))","v":""},{"$f":"IF($W284=\"\",\"\",IF($E284=ApportCouvert,OccCouvert,INDEX(Îlots!$O$6:$O$65,$W284)))","v":""},{"$f":"IF(OR($AA284=\"\",$G284=\"\",$Z284=\"Non\"),\"\",IFERROR(MATCH($AA284&\" | \"&$G284,Paramètres!$I$7:$I$41,0),\"\"))","v":""},"",{"$f":"IF(OR($AB284=\"\",$AC284=\"\"),0,IF(OR(AND(INDEX(Paramètres!$J$7:$J$41,$AB284)>0,IF(INDEX(Paramètres!$J$7:$J$41,$AB284)<=INDEX(Paramètres!$K$7:$K$41,$AB284),AND($AC284>=INDEX(Paramètres!$J$7:$J$41,$AB284),$AC284<=INDEX(Paramètres!$K$7:$K$41,$AB284)),OR($AC284>=INDEX(Paramètres!$J$7:$J$41,$AB284),$AC284<=INDEX(Paramètres!$K$7:$K$41,$AB284)))),AND(INDEX(Paramètres!$L$7:$L$41,$AB284)>0,IF(INDEX(Paramètres!$L$7:$L$41,$AB284)<=INDEX(Paramètres!$M$7:$M$41,$AB284),AND($AC284>=INDEX(Paramètres!$L$7:$L$41,$AB284),$AC284<=INDEX(Paramètres!$M$7:$M$41,$AB284)),OR($AC284>=INDEX(Paramètres!$L$7:$L$41,$AB284),$AC284<=INDEX(Paramètres!$M$7:$M$41,$AB284))))),1,0))","v":0},{"$f":"IF($X284=\"\",0,IF(INDEX(Fertilisants!$C$6:$C$45,$X284)=\"Oui\",1,0))","v":0},"","","",""]
[{"$f":"IF(B285=\"\",\"\",COUNT($B$6:B285))","v":""},null,null,{"$f":"IF($W285=\"\",\"\",INDEX(Îlots!$N$6:$N$65,$W285))","v":""},null,null,{"$f":"IF($X285=\"\",\"\",INDEX(Fertilisants!$B$6:$B$45,$X285))","v":""},null,null,{"$f":"IF($X285=\"\",\"\",INDEX(Fertilisants!$D$6:$D$45,$X285))","v":""},"",{"$f":"IF(OR($I285=\"\",$X285=\"\"),\"\",$I285*N(INDEX(Fertilisants!$E$6:$E$45,$X285)))","v":""},{"$f":"IF(OR($I285=\"\",$X285=\"\"),\"\",$I285*N(INDEX(Fertilisants!$G$6:$G$45,$X285)))","v":""},{"$f":"IF(OR($I285=\"\",$X285=\"\"),\"\",$I285*N(INDEX(Fertilisants!$H$6:$H$45,$X285)))","v":""},{"$f":"IF(OR($I285=\"\",$X285=\"\"),\"\",$I285*N(INDEX(Fertilisants!$I$6:$I$45,$X285)))","v":""},"",{"$nulls":3},"",null,null,{"$f":"IF($C285=\"\",\"\",IFERROR(MATCH($C285,Îlots!$C$6:$C$65,0),\"\"))","v":""},{"$f":"IF($F285=\"\",\"\",IFERROR(MATCH($F285,Fertilisants!$A$6:$A$45,0),\"\"))","v":""},{"$f":"IF($W285=\"\",\"\",INDEX(Îlots!$D$6:$D$65,$W285))","v":""},{"$f":"IF($W285=\"\",\"\",INDEX(Îlots!$F$6:$F$65,$W285))","v":""},{"$f":"IF($W285=\"\",\"\",IF($E285=ApportCouvert,OccCouvert,INDEX(Îlots!$O$6:$O$65,$W285)))","v":""},{"$f":"IF(OR($AA285=\"\",$G285=\"\",$Z285=\"Non\"),\"\",IFERROR(MATCH($AA285&\" | \"&$G285,Paramètres!$I$7:$I$41,0),\"\"))","v":""},"",{"$f":"IF(OR($AB285=\"\",$AC285=\"\"),0,IF(OR(AND(INDEX(Paramètres!$J$7:$J$41,$AB285)>0,IF(INDEX(Paramètres!$J$7:$J$41,$AB285)<=INDEX(Paramètres!$K$7:$K$41,$AB285),AND($AC285>=INDEX(Paramètres!$J$7:$J$41,$AB285),$AC285<=INDEX(Paramètres!$K$7:$K$41,$AB285)),OR($AC285>=INDEX(Paramètres!$J$7:$J$41,$AB285),$AC285<=INDEX(Paramètres!$K$7:$K$41,$AB285)))),AND(INDEX(Paramètres!$L$7:$L$41,$AB285)>0,IF(INDEX(Paramètres!$L$7:$L$41,$AB285)<=INDEX(Paramètres!$M$7:$M$41,$AB285),AND($AC285>=INDEX(Paramètres!$L$7:$L$41,$AB285),$AC285<=INDEX(Paramètres!$M$7:$M$41,$AB285)),OR($AC285>=INDEX(Paramètres!$L$7:$L$41,$AB285),$AC285<=INDEX(Paramètres!$M$7:$M$41,$AB285))))),1,0))","v":0},{"$f":"IF($X285=\"\",0,IF(INDEX(Fertilisants!$C$6:$C$45,$X285)=\"Oui\",1,0))","v":0},"","","",""]
[{"$f":"IF(B286=\"\",\"\",COUNT($B$6:B286))","v":""},null,null,{"$f":"IF($W286=\"\",\"\",INDEX(Îlots!$N$6:$N$65,$W286))","v":""},null,null,{"$f":"IF($X286=\"\",\"\",INDEX(Fertilisants!$B$6:$B$45,$X286))","v":""},null,null,{"$f":"IF($X286=\"\",\"\",INDEX(Fertilisants!$D$6:$D$45,$X286))","v":""},"",{"$f":"IF(OR($I286=\"\",$X286=\"\"),\"\",$I286*N(INDEX(Fertilisants!$E$6:$E$45,$X286)))","v":""},{"$f":"IF(OR($I286=\"\",$X286=\"\"),\"\",$I286*N(INDEX(Fertilisants!$G$6:$G$45,$X286)))","v":""},{"$f":"IF(OR($I286=\"\",$X286=\"\"),\"\",$I286*N(INDEX(Fertilisants!$H$6:$H$45,$X286)))","v":""},{"$f":"IF(OR($I286=\"\",$X286=\"\"),\"\",$I286*N(INDEX(Fertilisants!$I$6:$I$45,$X286)))","v":""},"",{"$nulls":3},"",null,null,{"$f":"IF($C286=\"\",\"\",IFERROR(MATCH($C286,Îlots!$C$6:$C$65,0),\"\"))","v":""},{"$f":"IF($F286=\"\",\"\",IFERROR(MATCH($F286,Fertilisants!$A$6:$A$45,0),\"\"))","v":""},{"$f":"IF($W286=\"\",\"\",INDEX(Îlots!$D$6:$D$65,$W286))","v":""},{"$f":"IF($W286=\"\",\"\",INDEX(Îlots!$F$6:$F$65,$W286))","v":""},{"$f":"IF($W286=\"\",\"\",IF($E286=ApportCouvert,OccCouvert,INDEX(Îlots!$O$6:$O$65,$W286)))","v":""},{"$f":"IF(OR($AA286=\"\",$G286=\"\",$Z286=\"Non\"),\"\",IFERROR(MATCH($AA286&\" | \"&$G286,Paramètres!$I$7:$I$41,0),\"\"))","v":""},"",{"$f":"IF(OR($AB286=\"\",$AC286=\"\"),0,IF(OR(AND(INDEX(Paramètres!$J$7:$J$41,$AB286)>0,IF(INDEX(Paramètres!$J$7:$J$41,$AB286)<=INDEX(Paramètres!$K$7:$K$41,$AB286),AND($AC286>=INDEX(Paramètres!$J$7:$J$41,$AB286),$AC286<=INDEX(Paramètres!$K$7:$K$41,$AB286)),OR($AC286>=INDEX(Paramètres!$J$7:$J$41,$AB286),$AC286<=INDEX(Paramètres!$K$7:$K$41,$AB286)))),AND(INDEX(Paramètres!$L$7:$L$41,$AB286)>0,IF(INDEX(Paramètres!$L$7:$L$41,$AB286)<=INDEX(Paramètres!$M$7:$M$41,$AB286),AND($AC286>=INDEX(Paramètres!$L$7:$L$41,$AB286),$AC286<=INDEX(Paramètres!$M$7:$M$41,$AB286)),OR($AC286>=INDEX(Paramètres!$L$7:$L$41,$AB286),$AC286<=INDEX(Paramètres!$M$7:$M$41,$AB286))))),1,0))","v":0},{"$f":"IF($X286=\"\",0,IF(INDEX(Fertilisants!$C$6:$C$45,$X286)=\"Oui\",1,0))","v":0},"","","",""]
[{"$f":"IF(B287=\"\",\"\",COUNT($B$6:B287))","v":""},null,null,{"$f":"IF($W287=\"\",\"\",INDEX(Îlots!$N$6:$N$65,$W287))","v":""},null,null,{"$f":"IF($X287=\"\",\"\",INDEX(Fertilisants!$B$6:$B$45,$X287))","v":""},null,null,{"$f":"IF($X287=\"\",\"\",INDEX(Fertilisants!$D$6:$D$45,$X287))","v":""},"",{"$f":"IF(OR($I287=\"\",$X287=\"\"),\"\",$I287*N(INDEX(Fertilisants!$E$6:$E$45,$X287)))","v":""},{"$f":"IF(OR($I287=\"\",$X287=\"\"),\"\",$I287*N(INDEX(Fertilisants!$G$6:$G$45,$X287)))","v":""},{"$f":"IF(OR($I287=\"\",$X287=\"\"),\"\",$I287*N(INDEX(Fertilisants!$H$6:$H$45,$X287)))","v":""},{"$f":"IF(OR($I287=\"\",$X287=\"\"),\"\",$I287*N(INDEX(Fertilisants!$I$6:$I$45,$X287)))","v":""},"",{"$nulls":3},"",null,null,{"$f":"IF($C287=\"\",\"\",IFERROR(MATCH($C287,Îlots!$C$6:$C$65,0),\"\"))","v":""},{"$f":"IF($F287=\"\",\"\",IFERROR(MATCH($F287,Fertilisants!$A$6:$A$45,0),\"\"))","v":""},{"$f":"IF($W287=\"\",\"\",INDEX(Îlots!$D$6:$D$65,$W287))","v":""},{"$f":"IF($W287=\"\",\"\",INDEX(Îlots!$F$6:$F$65,$W287))","v":""},{"$f":"IF($W287=\"\",\"\",IF($E287=ApportCouvert,OccCouvert,INDEX(Îlots!$O$6:$O$65,$W287)))","v":""},{"$f":"IF(OR($AA287=\"\",$G287=\"\",$Z287=\"Non\"),\"\",IFERROR(MATCH($AA287&\" | \"&$G287,Paramètres!$I$7:$I$41,0),\"\"))","v":""},"",{"$f":"IF(OR($AB287=\"\",$AC287=\"\"),0,IF(OR(AND(INDEX(Paramètres!$J$7:$J$41,$AB287)>0,IF(INDEX(Paramètres!$J$7:$J$41,$AB287)<=INDEX(Paramètres!$K$7:$K$41,$AB287),AND($AC287>=INDEX(Paramètres!$J$7:$J$41,$AB287),$AC287<=INDEX(Paramètres!$K$7:$K$41,$AB287)),OR($AC287>=INDEX(Paramètres!$J$7:$J$41,$AB287),$AC287<=INDEX(Paramètres!$K$7:$K$41,$AB287)))),AND(INDEX(Paramètres!$L$7:$L$41,$AB287)>0,IF(INDEX(Paramètres!$L$7:$L$41,$AB287)<=INDEX(Paramètres!$M$7:$M$41,$AB287),AND($AC287>=INDEX(Paramètres!$L$7:$L$41,$AB287),$AC287<=INDEX(Paramètres!$M$7:$M$41,$AB287)),OR($AC287>=INDEX(Paramètres!$L$7:$L$41,$AB287),$AC287<=INDEX(Paramètres!$M$7:$M$41,$AB287))))),1,0))","v":0},{"$f":"IF($X287=\"\",0,IF(INDEX(Fertilisants!$C$6:$C$45,$X287)=\"Oui\",1,0))","v":0},"","","",""]
[{"$f":"IF(B288=\"\",\"\",COUNT($B$6:B288))","v":""},null,null,{"$f":"IF($W288=\"\",\"\",INDEX(Îlots!$N$6:$N$65,$W288))","v":""},null,null,{"$f":"IF($X288=\"\",\"\",INDEX(Fertilisants!$B$6:$B$45,$X288))","v":""},null,null,{"$f":"IF($X288=\"\",\"\",INDEX(Fertilisants!$D$6:$D$45,$X288))","v":""},"",{"$f":"IF(OR($I288=\"\",$X288=\"\"),\"\",$I288*N(INDEX(Fertilisants!$E$6:$E$45,$X288)))","v":""},{"$f":"IF(OR($I288=\"\",$X288=\"\"),\"\",$I288*N(INDEX(Fertilisants!$G$6:$G$45,$X288)))","v":""},{"$f":"IF(OR($I288=\"\",$X288=\"\"),\"\",$I288*N(INDEX(Fertilisants!$H$6:$H$45,$X288)))","v":""},{"$f":"IF(OR($I288=\"\",$X288=\"\"),\"\",$I288*N(INDEX(Fertilisants!$I$6:$I$45,$X288)))","v":""},"",{"$nulls":3},"",null,null,{"$f":"IF($C288=\"\",\"\",IFERROR(MATCH($C288,Îlots!$C$6:$C$65,0),\"\"))","v":""},{"$f":"IF($F288=\"\",\"\",IFERROR(MATCH($F288,Fertilisants!$A$6:$A$45,0),\"\"))","v":""},{"$f":"IF($W288=\"\",\"\",INDEX(Îlots!$D$6:$D$65,$W288))","v":""},{"$f":"IF($W288=\"\",\"\",INDEX(Îlots!$F$6:$F$65,$W288))","v":""},{"$f":"IF($W288=\"\",\"\",IF($E288=ApportCouvert,OccCouvert,INDEX(Îlots!$O$6:$O$65,$W288)))","v":""},{"$f":"IF(OR($AA288=\"\",$G288=\"\",$Z288=\"Non\"),\"\",IFERROR(MATCH($AA288&\" | \"&$G288,Paramètres!$I$7:$I$41,0),\"\"))","v":""},"",{"$f":"IF(OR($AB288=\"\",$AC288=\"\"),0,IF(OR(AND(INDEX(Paramètres!$J$7:$J$41,$AB288)>0,IF(INDEX(Paramètres!$J$7:$J$41,$AB288)<=INDEX(Paramètres!$K$7:$K$41,$AB288),AND($AC288>=INDEX(Paramètres!$J$7:$J$41,$AB288),$AC288<=INDEX(Paramètres!$K$7:$K$41,$AB288)),OR($AC288>=INDEX(Paramètres!$J$7:$J$41,$AB288),$AC288<=INDEX(Paramètres!$K$7:$K$41,$AB288)))),AND(INDEX(Paramètres!$L$7:$L$41,$AB288)>0,IF(INDEX(Paramètres!$L$7:$L$41,$AB288)<=INDEX(Paramètres!$M$7:$M$41,$AB288),AND($AC288>=INDEX(Paramètres!$L$7:$L$41,$AB288),$AC288<=INDEX(Paramètres!$M$7:$M$41,$AB288)),OR($AC288>=INDEX(Paramètres!$L$7:$L$41,$AB288),$AC288<=INDEX(Paramètres!$M$7:$M$41,$AB288))))),1,0))","v":0},{"$f":"IF($X288=\"\",0,IF(INDEX(Fertilisants!$C$6:$C$45,$X288)=\"Oui\",1,0))","v":0},"","","",""]
[{"$f":"IF(B289=\"\",\"\",COUNT($B$6:B289))","v":""},null,null,{"$f":"IF($W289=\"\",\"\",INDEX(Îlots!$N$6:$N$65,$W289))","v":""},null,null,{"$f":"IF($X289=\"\",\"\",INDEX(Fertilisants!$B$6:$B$45,$X289))","v":""},null,null,{"$f":"IF($X289=\"\",\"\",INDEX(Fertilisants!$D$6:$D$45,$X289))","v":""},"",{"$f":"IF(OR($I289=\"\",$X289=\"\"),\"\",$I289*N(INDEX(Fertilisants!$E$6:$E$45,$X289)))","v":""},{"$f":"IF(OR($I289=\"\",$X289=\"\"),\"\",$I289*N(INDEX(Fertilisants!$G$6:$G$45,$X289)))","v":""},{"$f":"IF(OR($I289=\"\",$X289=\"\"),\"\",$I289*N(INDEX(Fertilisants!$H$6:$H$45,$X289)))","v":""},{"$f":"IF(OR($I289=\"\",$X289=\"\"),\"\",$I289*N(INDEX(Fertilisants!$I$6:$I$45,$X289)))","v":""},"",{"$nulls":3},"",null,null,{"$f":"IF($C289=\"\",\"\",IFERROR(MATCH($C289,Îlots!$C$6:$C$65,0),\"\"))","v":""},{"$f":"IF($F289=\"\",\"\",IFERROR(MATCH($F289,Fertilisants!$A$6:$A$45,0),\"\"))","v":""},{"$f":"IF($W289=\"\",\"\",INDEX(Îlots!$D$6:$D$65,$W289))","v":""},{"$f":"IF($W289=\"\",\"\",INDEX(Îlots!$F$6:$F$65,$W289))","v":""},{"$f":"IF($W289=\"\",\"\",IF($E289=ApportCouvert,OccCouvert,INDEX(Îlots!$O$6:$O$65,$W289)))","v":""},{"$f":"IF(OR($AA289=\"\",$G289=\"\",$Z289=\"Non\"),\"\",IFERROR(MATCH($AA289&\" | \"&$G289,Paramètres!$I$7:$I$41,0),\"\"))","v":""},"",{"$f":"IF(OR($AB289=\"\",$AC289=\"\"),0,IF(OR(AND(INDEX(Paramètres!$J$7:$J$41,$AB289)>0,IF(INDEX(Paramètres!$J$7:$J$41,$AB289)<=INDEX(Paramètres!$K$7:$K$41,$AB289),AND($AC289>=INDEX(Paramètres!$J$7:$J$41,$AB289),$AC289<=INDEX(Paramètres!$K$7:$K$41,$AB289)),OR($AC289>=INDEX(Paramètres!$J$7:$J$41,$AB289),$AC289<=INDEX(Paramètres!$K$7:$K$41,$AB289)))),AND(INDEX(Paramètres!$L$7:$L$41,$AB289)>0,IF(INDEX(Paramètres!$L$7:$L$41,$AB289)<=INDEX(Paramètres!$M$7:$M$41,$AB289),AND($AC289>=INDEX(Paramètres!$L$7:$L$41,$AB289),$AC289<=INDEX(Paramètres!$M$7:$M$41,$AB289)),OR($AC289>=INDEX(Paramètres!$L$7:$L$41,$AB289),$AC289<=INDEX(Paramètres!$M$7:$M$41,$AB289))))),1,0))","v":0},{"$f":"IF($X289=\"\",0,IF(INDEX(Fertilisants!$C$6:$C$45,$X289)=\"Oui\",1,0))","v":0},"","","",""]
[{"$f":"IF(B290=\"\",\"\",COUNT($B$6:B290))","v":""},null,null,{"$f":"IF($W290=\"\",\"\",INDEX(Îlots!$N$6:$N$65,$W290))","v":""},null,null,{"$f":"IF($X290=\"\",\"\",INDEX(Fertilisants!$B$6:$B$45,$X290))","v":""},null,null,{"$f":"IF($X290=\"\",\"\",INDEX(Fertilisants!$D$6:$D$45,$X290))","v":""},"",{"$f":"IF(OR($I290=\"\",$X290=\"\"),\"\",$I290*N(INDEX(Fertilisants!$E$6:$E$45,$X290)))","v":""},{"$f":"IF(OR($I290=\"\",$X290=\"\"),\"\",$I290*N(INDEX(Fertilisants!$G$6:$G$45,$X290)))","v":""},{"$f":"IF(OR($I290=\"\",$X290=\"\"),\"\",$I290*N(INDEX(Fertilisants!$H$6:$H$45,$X290)))","v":""},{"$f":"IF(OR($I290=\"\",$X290=\"\"),\"\",$I290*N(INDEX(Fertilisants!$I$6:$I$45,$X290)))","v":""},"",{"$nulls":3},"",null,null,{"$f":"IF($C290=\"\",\"\",IFERROR(MATCH($C290,Îlots!$C$6:$C$65,0),\"\"))","v":""},{"$f":"IF($F290=\"\",\"\",IFERROR(MATCH($F290,Fertilisants!$A$6:$A$45,0),\"\"))","v":""},{"$f":"IF($W290=\"\",\"\",INDEX(Îlots!$D$6:$D$65,$W290))","v":""},{"$f":"IF($W290=\"\",\"\",INDEX(Îlots!$F$6:$F$65,$W290))","v":""},{"$f":"IF($W290=\"\",\"\",IF($E290=ApportCouvert,OccCouvert,INDEX(Îlots!$O$6:$O$65,$W290)))","v":""},{"$f":"IF(OR($AA290=\"\",$G290=\"\",$Z290=\"Non\"),\"\",IFERROR(MATCH($AA290&\" | \"&$G290,Paramètres!$I$7:$I$41,0),\"\"))","v":""},"",{"$f":"IF(OR($AB290=\"\",$AC290=\"\"),0,IF(OR(AND(INDEX(Paramètres!$J$7:$J$41,$AB290)>0,IF(INDEX(Paramètres!$J$7:$J$41,$AB290)<=INDEX(Paramètres!$K$7:$K$41,$AB290),AND($AC290>=INDEX(Paramètres!$J$7:$J$41,$AB290),$AC290<=INDEX(Paramètres!$K$7:$K$41,$AB290)),OR($AC290>=INDEX(Paramètres!$J$7:$J$41,$AB290),$AC290<=INDEX(Paramètres!$K$7:$K$41,$AB290)))),AND(INDEX(Paramètres!$L$7:$L$41,$AB290)>0,IF(INDEX(Paramètres!$L$7:$L$41,$AB290)<=INDEX(Paramètres!$M$7:$M$41,$AB290),AND($AC290>=INDEX(Paramètres!$L$7:$L$41,$AB290),$AC290<=INDEX(Paramètres!$M$7:$M$41,$AB290)),OR($AC290>=INDEX(Paramètres!$L$7:$L$41,$AB290),$AC290<=INDEX(Paramètres!$M$7:$M$41,$AB290))))),1,0))","v":0},{"$f":"IF($X290=\"\",0,IF(INDEX(Fertilisants!$C$6:$C$45,$X290)=\"Oui\",1,0))","v":0},"","","",""]
[{"$f":"IF(B291=\"\",\"\",COUNT($B$6:B291))","v":""},null,null,{"$f":"IF($W291=\"\",\"\",INDEX(Îlots!$N$6:$N$65,$W291))","v":""},null,null,{"$f":"IF($X291=\"\",\"\",INDEX(Fertilisants!$B$6:$B$45,$X291))","v":""},null,null,{"$f":"IF($X291=\"\",\"\",INDEX(Fertilisants!$D$6:$D$45,$X291))","v":""},"",{"$f":"IF(OR($I291=\"\",$X291=\"\"),\"\",$I291*N(INDEX(Fertilisants!$E$6:$E$45,$X291)))","v":""},{"$f":"IF(OR($I291=\"\",$X291=\"\"),\"\",$I291*N(INDEX(Fertilisants!$G$6:$G$45,$X291)))","v":""},{"$f":"IF(OR($I291=\"\",$X291=\"\"),\"\",$I291*N(INDEX(Fertilisants!$H$6:$H$45,$X291)))","v":""},{"$f":"IF(OR($I291=\"\",$X291=\"\"),\"\",$I291*N(INDEX(Fertilisants!$I$6:$I$45,$X291)))","v":""},"",{"$nulls":3},"",null,null,{"$f":"IF($C291=\"\",\"\",IFERROR(MATCH($C291,Îlots!$C$6:$C$65,0),\"\"))","v":""},{"$f":"IF($F291=\"\",\"\",IFERROR(MATCH($F291,Fertilisants!$A$6:$A$45,0),\"\"))","v":""},{"$f":"IF($W291=\"\",\"\",INDEX(Îlots!$D$6:$D$65,$W291))","v":""},{"$f":"IF($W291=\"\",\"\",INDEX(Îlots!$F$6:$F$65,$W291))","v":""},{"$f":"IF($W291=\"\",\"\",IF($E291=ApportCouvert,OccCouvert,INDEX(Îlots!$O$6:$O$65,$W291)))","v":""},{"$f":"IF(OR($AA291=\"\",$G291=\"\",$Z291=\"Non\"),\"\",IFERROR(MATCH($AA291&\" | \"&$G291,Paramètres!$I$7:$I$41,0),\"\"))","v":""},"",{"$f":"IF(OR($AB291=\"\",$AC291=\"\"),0,IF(OR(AND(INDEX(Paramètres!$J$7:$J$41,$AB291)>0,IF(INDEX(Paramètres!$J$7:$J$41,$AB291)<=INDEX(Paramètres!$K$7:$K$41,$AB291),AND($AC291>=INDEX(Paramètres!$J$7:$J$41,$AB291),$AC291<=INDEX(Paramètres!$K$7:$K$41,$AB291)),OR($AC291>=INDEX(Paramètres!$J$7:$J$41,$AB291),$AC291<=INDEX(Paramètres!$K$7:$K$41,$AB291)))),AND(INDEX(Paramètres!$L$7:$L$41,$AB291)>0,IF(INDEX(Paramètres!$L$7:$L$41,$AB291)<=INDEX(Paramètres!$M$7:$M$41,$AB291),AND($AC291>=INDEX(Paramètres!$L$7:$L$41,$AB291),$AC291<=INDEX(Paramètres!$M$7:$M$41,$AB291)),OR($AC291>=INDEX(Paramètres!$L$7:$L$41,$AB291),$AC291<=INDEX(Paramètres!$M$7:$M$41,$AB291))))),1,0))","v":0},{"$f":"IF($X291=\"\",0,IF(INDEX(Fertilisants!$C$6:$C$45,$X291)=\"Oui\",1,0))","v":0},"","","",""]
[{"$f":"IF(B292=\"\",\"\",COUNT($B$6:B292))","v":""},null,null,{"$f":"IF($W292=\"\",\"\",INDEX(Îlots!$N$6:$N$65,$W292))","v":""},null,null,{"$f":"IF($X292=\"\",\"\",INDEX(Fertilisants!$B$6:$B$45,$X292))","v":""},null,null,{"$f":"IF($X292=\"\",\"\",INDEX(Fertilisants!$D$6:$D$45,$X292))","v":""},"",{"$f":"IF(OR($I292=\"\",$X292=\"\"),\"\",$I292*N(INDEX(Fertilisants!$E$6:$E$45,$X292)))","v":""},{"$f":"IF(OR($I292=\"\",$X292=\"\"),\"\",$I292*N(INDEX(Fertilisants!$G$6:$G$45,$X292)))","v":""},{"$f":"IF(OR($I292=\"\",$X292=\"\"),\"\",$I292*N(INDEX(Fertilisants!$H$6:$H$45,$X292)))","v":""},{"$f":"IF(OR($I292=\"\",$X292=\"\"),\"\",$I292*N(INDEX(Fertilisants!$I$6:$I$45,$X292)))","v":""},"",{"$nulls":3},"",null,null,{"$f":"IF($C292=\"\",\"\",IFERROR(MATCH($C292,Îlots!$C$6:$C$65,0),\"\"))","v":""},{"$f":"IF($F292=\"\",\"\",IFERROR(MATCH($F292,Fertilisants!$A$6:$A$45,0),\"\"))","v":""},{"$f":"IF($W292=\"\",\"\",INDEX(Îlots!$D$6:$D$65,$W292))","v":""},{"$f":"IF($W292=\"\",\"\",INDEX(Îlots!$F$6:$F$65,$W292))","v":""},{"$f":"IF($W292=\"\",\"\",IF($E292=ApportCouvert,OccCouvert,INDEX(Îlots!$O$6:$O$65,$W292)))","v":""},{"$f":"IF(OR($AA292=\"\",$G292=\"\",$Z292=\"Non\"),\"\",IFERROR(MATCH($AA292&\" | \"&$G292,Paramètres!$I$7:$I$41,0),\"\"))","v":""},"",{"$f":"IF(OR($AB292=\"\",$AC292=\"\"),0,IF(OR(AND(INDEX(Paramètres!$J$7:$J$41,$AB292)>0,IF(INDEX(Paramètres!$J$7:$J$41,$AB292)<=INDEX(Paramètres!$K$7:$K$41,$AB292),AND($AC292>=INDEX(Paramètres!$J$7:$J$41,$AB292),$AC292<=INDEX(Paramètres!$K$7:$K$41,$AB292)),OR($AC292>=INDEX(Paramètres!$J$7:$J$41,$AB292),$AC292<=INDEX(Paramètres!$K$7:$K$41,$AB292)))),AND(INDEX(Paramètres!$L$7:$L$41,$AB292)>0,IF(INDEX(Paramètres!$L$7:$L$41,$AB292)<=INDEX(Paramètres!$M$7:$M$41,$AB292),AND($AC292>=INDEX(Paramètres!$L$7:$L$41,$AB292),$AC292<=INDEX(Paramètres!$M$7:$M$41,$AB292)),OR($AC292>=INDEX(Paramètres!$L$7:$L$41,$AB292),$AC292<=INDEX(Paramètres!$M$7:$M$41,$AB292))))),1,0))","v":0},{"$f":"IF($X292=\"\",0,IF(INDEX(Fertilisants!$C$6:$C$45,$X292)=\"Oui\",1,0))","v":0},"","","",""]
[{"$f":"IF(B293=\"\",\"\",COUNT($B$6:B293))","v":""},null,null,{"$f":"IF($W293=\"\",\"\",INDEX(Îlots!$N$6:$N$65,$W293))","v":""},null,null,{"$f":"IF($X293=\"\",\"\",INDEX(Fertilisants!$B$6:$B$45,$X293))","v":""},null,null,{"$f":"IF($X293=\"\",\"\",INDEX(Fertilisants!$D$6:$D$45,$X293))","v":""},"",{"$f":"IF(OR($I293=\"\",$X293=\"\"),\"\",$I293*N(INDEX(Fertilisants!$E$6:$E$45,$X293)))","v":""},{"$f":"IF(OR($I293=\"\",$X293=\"\"),\"\",$I293*N(INDEX(Fertilisants!$G$6:$G$45,$X293)))","v":""},{"$f":"IF(OR($I293=\"\",$X293=\"\"),\"\",$I293*N(INDEX(Fertilisants!$H$6:$H$45,$X293)))","v":""},{"$f":"IF(OR($I293=\"\",$X293=\"\"),\"\",$I293*N(INDEX(Fertilisants!$I$6:$I$45,$X293)))","v":""},"",{"$nulls":3},"",null,null,{"$f":"IF($C293=\"\",\"\",IFERROR(MATCH($C293,Îlots!$C$6:$C$65,0),\"\"))","v":""},{"$f":"IF($F293=\"\",\"\",IFERROR(MATCH($F293,Fertilisants!$A$6:$A$45,0),\"\"))","v":""},{"$f":"IF($W293=\"\",\"\",INDEX(Îlots!$D$6:$D$65,$W293))","v":""},{"$f":"IF($W293=\"\",\"\",INDEX(Îlots!$F$6:$F$65,$W293))","v":""},{"$f":"IF($W293=\"\",\"\",IF($E293=ApportCouvert,OccCouvert,INDEX(Îlots!$O$6:$O$65,$W293)))","v":""},{"$f":"IF(OR($AA293=\"\",$G293=\"\",$Z293=\"Non\"),\"\",IFERROR(MATCH($AA293&\" | \"&$G293,Paramètres!$I$7:$I$41,0),\"\"))","v":""},"",{"$f":"IF(OR($AB293=\"\",$AC293=\"\"),0,IF(OR(AND(INDEX(Paramètres!$J$7:$J$41,$AB293)>0,IF(INDEX(Paramètres!$J$7:$J$41,$AB293)<=INDEX(Paramètres!$K$7:$K$41,$AB293),AND($AC293>=INDEX(Paramètres!$J$7:$J$41,$AB293),$AC293<=INDEX(Paramètres!$K$7:$K$41,$AB293)),OR($AC293>=INDEX(Paramètres!$J$7:$J$41,$AB293),$AC293<=INDEX(Paramètres!$K$7:$K$41,$AB293)))),AND(INDEX(Paramètres!$L$7:$L$41,$AB293)>0,IF(INDEX(Paramètres!$L$7:$L$41,$AB293)<=INDEX(Paramètres!$M$7:$M$41,$AB293),AND($AC293>=INDEX(Paramètres!$L$7:$L$41,$AB293),$AC293<=INDEX(Paramètres!$M$7:$M$41,$AB293)),OR($AC293>=INDEX(Paramètres!$L$7:$L$41,$AB293),$AC293<=INDEX(Paramètres!$M$7:$M$41,$AB293))))),1,0))","v":0},{"$f":"IF($X293=\"\",0,IF(INDEX(Fertilisants!$C$6:$C$45,$X293)=\"Oui\",1,0))","v":0},"","","",""]
[{"$f":"IF(B294=\"\",\"\",COUNT($B$6:B294))","v":""},null,null,{"$f":"IF($W294=\"\",\"\",INDEX(Îlots!$N$6:$N$65,$W294))","v":""},null,null,{"$f":"IF($X294=\"\",\"\",INDEX(Fertilisants!$B$6:$B$45,$X294))","v":""},null,null,{"$f":"IF($X294=\"\",\"\",INDEX(Fertilisants!$D$6:$D$45,$X294))","v":""},"",{"$f":"IF(OR($I294=\"\",$X294=\"\"),\"\",$I294*N(INDEX(Fertilisants!$E$6:$E$45,$X294)))","v":""},{"$f":"IF(OR($I294=\"\",$X294=\"\"),\"\",$I294*N(INDEX(Fertilisants!$G$6:$G$45,$X294)))","v":""},{"$f":"IF(OR($I294=\"\",$X294=\"\"),\"\",$I294*N(INDEX(Fertilisants!$H$6:$H$45,$X294)))","v":""},{"$f":"IF(OR($I294=\"\",$X294=\"\"),\"\",$I294*N(INDEX(Fertilisants!$I$6:$I$45,$X294)))","v":""},"",{"$nulls":3},"",null,null,{"$f":"IF($C294=\"\",\"\",IFERROR(MATCH($C294,Îlots!$C$6:$C$65,0),\"\"))","v":""},{"$f":"IF($F294=\"\",\"\",IFERROR(MATCH($F294,Fertilisants!$A$6:$A$45,0),\"\"))","v":""},{"$f":"IF($W294=\"\",\"\",INDEX(Îlots!$D$6:$D$65,$W294))","v":""},{"$f":"IF($W294=\"\",\"\",INDEX(Îlots!$F$6:$F$65,$W294))","v":""},{"$f":"IF($W294=\"\",\"\",IF($E294=ApportCouvert,OccCouvert,INDEX(Îlots!$O$6:$O$65,$W294)))","v":""},{"$f":"IF(OR($AA294=\"\",$G294=\"\",$Z294=\"Non\"),\"\",IFERROR(MATCH($AA294&\" | \"&$G294,Paramètres!$I$7:$I$41,0),\"\"))","v":""},"",{"$f":"IF(OR($AB294=\"\",$AC294=\"\"),0,IF(OR(AND(INDEX(Paramètres!$J$7:$J$41,$AB294)>0,IF(INDEX(Paramètres!$J$7:$J$41,$AB294)<=INDEX(Paramètres!$K$7:$K$41,$AB294),AND($AC294>=INDEX(Paramètres!$J$7:$J$41,$AB294),$AC294<=INDEX(Paramètres!$K$7:$K$41,$AB294)),OR($AC294>=INDEX(Paramètres!$J$7:$J$41,$AB294),$AC294<=INDEX(Paramètres!$K$7:$K$41,$AB294)))),AND(INDEX(Paramètres!$L$7:$L$41,$AB294)>0,IF(INDEX(Paramètres!$L$7:$L$41,$AB294)<=INDEX(Paramètres!$M$7:$M$41,$AB294),AND($AC294>=INDEX(Paramètres!$L$7:$L$41,$AB294),$AC294<=INDEX(Paramètres!$M$7:$M$41,$AB294)),OR($AC294>=INDEX(Paramètres!$L$7:$L$41,$AB294),$AC294<=INDEX(Paramètres!$M$7:$M$41,$AB294))))),1,0))","v":0},{"$f":"IF($X294=\"\",0,IF(INDEX(Fertilisants!$C$6:$C$45,$X294)=\"Oui\",1,0))","v":0},"","","",""]
[{"$f":"IF(B295=\"\",\"\",COUNT($B$6:B295))","v":""},null,null,{"$f":"IF($W295=\"\",\"\",INDEX(Îlots!$N$6:$N$65,$W295))","v":""},null,null,{"$f":"IF($X295=\"\",\"\",INDEX(Fertilisants!$B$6:$B$45,$X295))","v":""},null,null,{"$f":"IF($X295=\"\",\"\",INDEX(Fertilisants!$D$6:$D$45,$X295))","v":""},"",{"$f":"IF(OR($I295=\"\",$X295=\"\"),\"\",$I295*N(INDEX(Fertilisants!$E$6:$E$45,$X295)))","v":""},{"$f":"IF(OR($I295=\"\",$X295=\"\"),\"\",$I295*N(INDEX(Fertilisants!$G$6:$G$45,$X295)))","v":""},{"$f":"IF(OR($I295=\"\",$X295=\"\"),\"\",$I295*N(INDEX(Fertilisants!$H$6:$H$45,$X295)))","v":""},{"$f":"IF(OR($I295=\"\",$X295=\"\"),\"\",$I295*N(INDEX(Fertilisants!$I$6:$I$45,$X295)))","v":""},"",{"$nulls":3},"",null,null,{"$f":"IF($C295=\"\",\"\",IFERROR(MATCH($C295,Îlots!$C$6:$C$65,0),\"\"))","v":""},{"$f":"IF($F295=\"\",\"\",IFERROR(MATCH($F295,Fertilisants!$A$6:$A$45,0),\"\"))","v":""},{"$f":"IF($W295=\"\",\"\",INDEX(Îlots!$D$6:$D$65,$W295))","v":""},{"$f":"IF($W295=\"\",\"\",INDEX(Îlots!$F$6:$F$65,$W295))","v":""},{"$f":"IF($W295=\"\",\"\",IF($E295=ApportCouvert,OccCouvert,INDEX(Îlots!$O$6:$O$65,$W295)))","v":""},{"$f":"IF(OR($AA295=\"\",$G295=\"\",$Z295=\"Non\"),\"\",IFERROR(MATCH($AA295&\" | \"&$G295,Paramètres!$I$7:$I$41,0),\"\"))","v":""},"",{"$f":"IF(OR($AB295=\"\",$AC295=\"\"),0,IF(OR(AND(INDEX(Paramètres!$J$7:$J$41,$AB295)>0,IF(INDEX(Paramètres!$J$7:$J$41,$AB295)<=INDEX(Paramètres!$K$7:$K$41,$AB295),AND($AC295>=INDEX(Paramètres!$J$7:$J$41,$AB295),$AC295<=INDEX(Paramètres!$K$7:$K$41,$AB295)),OR($AC295>=INDEX(Paramètres!$J$7:$J$41,$AB295),$AC295<=INDEX(Paramètres!$K$7:$K$41,$AB295)))),AND(INDEX(Paramètres!$L$7:$L$41,$AB295)>0,IF(INDEX(Paramètres!$L$7:$L$41,$AB295)<=INDEX(Paramètres!$M$7:$M$41,$AB295),AND($AC295>=INDEX(Paramètres!$L$7:$L$41,$AB295),$AC295<=INDEX(Paramètres!$M$7:$M$41,$AB295)),OR($AC295>=INDEX(Paramètres!$L$7:$L$41,$AB295),$AC295<=INDEX(Paramètres!$M$7:$M$41,$AB295))))),1,0))","v":0},{"$f":"IF($X295=\"\",0,IF(INDEX(Fertilisants!$C$6:$C$45,$X295)=\"Oui\",1,0))","v":0},"","","",""]
[{"$f":"IF(B296=\"\",\"\",COUNT($B$6:B296))","v":""},null,null,{"$f":"IF($W296=\"\",\"\",INDEX(Îlots!$N$6:$N$65,$W296))","v":""},null,null,{"$f":"IF($X296=\"\",\"\",INDEX(Fertilisants!$B$6:$B$45,$X296))","v":""},null,null,{"$f":"IF($X296=\"\",\"\",INDEX(Fertilisants!$D$6:$D$45,$X296))","v":""},"",{"$f":"IF(OR($I296=\"\",$X296=\"\"),\"\",$I296*N(INDEX(Fertilisants!$E$6:$E$45,$X296)))","v":""},{"$f":"IF(OR($I296=\"\",$X296=\"\"),\"\",$I296*N(INDEX(Fertilisants!$G$6:$G$45,$X296)))","v":""},{"$f":"IF(OR($I296=\"\",$X296=\"\"),\"\",$I296*N(INDEX(Fertilisants!$H$6:$H$45,$X296)))","v":""},{"$f":"IF(OR($I296=\"\",$X296=\"\"),\"\",$I296*N(INDEX(Fertilisants!$I$6:$I$45,$X296)))","v":""},"",{"$nulls":3},"",null,null,{"$f":"IF($C296=\"\",\"\",IFERROR(MATCH($C296,Îlots!$C$6:$C$65,0),\"\"))","v":""},{"$f":"IF($F296=\"\",\"\",IFERROR(MATCH($F296,Fertilisants!$A$6:$A$45,0),\"\"))","v":""},{"$f":"IF($W296=\"\",\"\",INDEX(Îlots!$D$6:$D$65,$W296))","v":""},{"$f":"IF($W296=\"\",\"\",INDEX(Îlots!$F$6:$F$65,$W296))","v":""},{"$f":"IF($W296=\"\",\"\",IF($E296=ApportCouvert,OccCouvert,INDEX(Îlots!$O$6:$O$65,$W296)))","v":""},{"$f":"IF(OR($AA296=\"\",$G296=\"\",$Z296=\"Non\"),\"\",IFERROR(MATCH($AA296&\" | \"&$G296,Paramètres!$I$7:$I$41,0),\"\"))","v":""},"",{"$f":"IF(OR($AB296=\"\",$AC296=\"\"),0,IF(OR(AND(INDEX(Paramètres!$J$7:$J$41,$AB296)>0,IF(INDEX(Paramètres!$J$7:$J$41,$AB296)<=INDEX(Paramètres!$K$7:$K$41,$AB296),AND($AC296>=INDEX(Paramètres!$J$7:$J$41,$AB296),$AC296<=INDEX(Paramètres!$K$7:$K$41,$AB296)),OR($AC296>=INDEX(Paramètres!$J$7:$J$41,$AB296),$AC296<=INDEX(Paramètres!$K$7:$K$41,$AB296)))),AND(INDEX(Paramètres!$L$7:$L$41,$AB296)>0,IF(INDEX(Paramètres!$L$7:$L$41,$AB296)<=INDEX(Paramètres!$M$7:$M$41,$AB296),AND($AC296>=INDEX(Paramètres!$L$7:$L$41,$AB296),$AC296<=INDEX(Paramètres!$M$7:$M$41,$AB296)),OR($AC296>=INDEX(Paramètres!$L$7:$L$41,$AB296),$AC296<=INDEX(Paramètres!$M$7:$M$41,$AB296))))),1,0))","v":0},{"$f":"IF($X296=\"\",0,IF(INDEX(Fertilisants!$C$6:$C$45,$X296)=\"Oui\",1,0))","v":0},"","","",""]
[{"$f":"IF(B297=\"\",\"\",COUNT($B$6:B297))","v":""},null,null,{"$f":"IF($W297=\"\",\"\",INDEX(Îlots!$N$6:$N$65,$W297))","v":""},null,null,{"$f":"IF($X297=\"\",\"\",INDEX(Fertilisants!$B$6:$B$45,$X297))","v":""},null,null,{"$f":"IF($X297=\"\",\"\",INDEX(Fertilisants!$D$6:$D$45,$X297))","v":""},"",{"$f":"IF(OR($I297=\"\",$X297=\"\"),\"\",$I297*N(INDEX(Fertilisants!$E$6:$E$45,$X297)))","v":""},{"$f":"IF(OR($I297=\"\",$X297=\"\"),\"\",$I297*N(INDEX(Fertilisants!$G$6:$G$45,$X297)))","v":""},{"$f":"IF(OR($I297=\"\",$X297=\"\"),\"\",$I297*N(INDEX(Fertilisants!$H$6:$H$45,$X297)))","v":""},{"$f":"IF(OR($I297=\"\",$X297=\"\"),\"\",$I297*N(INDEX(Fertilisants!$I$6:$I$45,$X297)))","v":""},"",{"$nulls":3},"",null,null,{"$f":"IF($C297=\"\",\"\",IFERROR(MATCH($C297,Îlots!$C$6:$C$65,0),\"\"))","v":""},{"$f":"IF($F297=\"\",\"\",IFERROR(MATCH($F297,Fertilisants!$A$6:$A$45,0),\"\"))","v":""},{"$f":"IF($W297=\"\",\"\",INDEX(Îlots!$D$6:$D$65,$W297))","v":""},{"$f":"IF($W297=\"\",\"\",INDEX(Îlots!$F$6:$F$65,$W297))","v":""},{"$f":"IF($W297=\"\",\"\",IF($E297=ApportCouvert,OccCouvert,INDEX(Îlots!$O$6:$O$65,$W297)))","v":""},{"$f":"IF(OR($AA297=\"\",$G297=\"\",$Z297=\"Non\"),\"\",IFERROR(MATCH($AA297&\" | \"&$G297,Paramètres!$I$7:$I$41,0),\"\"))","v":""},"",{"$f":"IF(OR($AB297=\"\",$AC297=\"\"),0,IF(OR(AND(INDEX(Paramètres!$J$7:$J$41,$AB297)>0,IF(INDEX(Paramètres!$J$7:$J$41,$AB297)<=INDEX(Paramètres!$K$7:$K$41,$AB297),AND($AC297>=INDEX(Paramètres!$J$7:$J$41,$AB297),$AC297<=INDEX(Paramètres!$K$7:$K$41,$AB297)),OR($AC297>=INDEX(Paramètres!$J$7:$J$41,$AB297),$AC297<=INDEX(Paramètres!$K$7:$K$41,$AB297)))),AND(INDEX(Paramètres!$L$7:$L$41,$AB297)>0,IF(INDEX(Paramètres!$L$7:$L$41,$AB297)<=INDEX(Paramètres!$M$7:$M$41,$AB297),AND($AC297>=INDEX(Paramètres!$L$7:$L$41,$AB297),$AC297<=INDEX(Paramètres!$M$7:$M$41,$AB297)),OR($AC297>=INDEX(Paramètres!$L$7:$L$41,$AB297),$AC297<=INDEX(Paramètres!$M$7:$M$41,$AB297))))),1,0))","v":0},{"$f":"IF($X297=\"\",0,IF(INDEX(Fertilisants!$C$6:$C$45,$X297)=\"Oui\",1,0))","v":0},"","","",""]
[{"$f":"IF(B298=\"\",\"\",COUNT($B$6:B298))","v":""},null,null,{"$f":"IF($W298=\"\",\"\",INDEX(Îlots!$N$6:$N$65,$W298))","v":""},null,null,{"$f":"IF($X298=\"\",\"\",INDEX(Fertilisants!$B$6:$B$45,$X298))","v":""},null,null,{"$f":"IF($X298=\"\",\"\",INDEX(Fertilisants!$D$6:$D$45,$X298))","v":""},"",{"$f":"IF(OR($I298=\"\",$X298=\"\"),\"\",$I298*N(INDEX(Fertilisants!$E$6:$E$45,$X298)))","v":""},{"$f":"IF(OR($I298=\"\",$X298=\"\"),\"\",$I298*N(INDEX(Fertilisants!$G$6:$G$45,$X298)))","v":""},{"$f":"IF(OR($I298=\"\",$X298=\"\"),\"\",$I298*N(INDEX(Fertilisants!$H$6:$H$45,$X298)))","v":""},{"$f":"IF(OR($I298=\"\",$X298=\"\"),\"\",$I298*N(INDEX(Fertilisants!$I$6:$I$45,$X298)))","v":""},"",{"$nulls":3},"",null,null,{"$f":"IF($C298=\"\",\"\",IFERROR(MATCH($C298,Îlots!$C$6:$C$65,0),\"\"))","v":""},{"$f":"IF($F298=\"\",\"\",IFERROR(MATCH($F298,Fertilisants!$A$6:$A$45,0),\"\"))","v":""},{"$f":"IF($W298=\"\",\"\",INDEX(Îlots!$D$6:$D$65,$W298))","v":""},{"$f":"IF($W298=\"\",\"\",INDEX(Îlots!$F$6:$F$65,$W298))","v":""},{"$f":"IF($W298=\"\",\"\",IF($E298=ApportCouvert,OccCouvert,INDEX(Îlots!$O$6:$O$65,$W298)))","v":""},{"$f":"IF(OR($AA298=\"\",$G298=\"\",$Z298=\"Non\"),\"\",IFERROR(MATCH($AA298&\" | \"&$G298,Paramètres!$I$7:$I$41,0),\"\"))","v":""},"",{"$f":"IF(OR($AB298=\"\",$AC298=\"\"),0,IF(OR(AND(INDEX(Paramètres!$J$7:$J$41,$AB298)>0,IF(INDEX(Paramètres!$J$7:$J$41,$AB298)<=INDEX(Paramètres!$K$7:$K$41,$AB298),AND($AC298>=INDEX(Paramètres!$J$7:$J$41,$AB298),$AC298<=INDEX(Paramètres!$K$7:$K$41,$AB298)),OR($AC298>=INDEX(Paramètres!$J$7:$J$41,$AB298),$AC298<=INDEX(Paramètres!$K$7:$K$41,$AB298)))),AND(INDEX(Paramètres!$L$7:$L$41,$AB298)>0,IF(INDEX(Paramètres!$L$7:$L$41,$AB298)<=INDEX(Paramètres!$M$7:$M$41,$AB298),AND($AC298>=INDEX(Paramètres!$L$7:$L$41,$AB298),$AC298<=INDEX(Paramètres!$M$7:$M$41,$AB298)),OR($AC298>=INDEX(Paramètres!$L$7:$L$41,$AB298),$AC298<=INDEX(Paramètres!$M$7:$M$41,$AB298))))),1,0))","v":0},{"$f":"IF($X298=\"\",0,IF(INDEX(Fertilisants!$C$6:$C$45,$X298)=\"Oui\",1,0))","v":0},"","","",""]
[{"$f":"IF(B299=\"\",\"\",COUNT($B$6:B299))","v":""},null,null,{"$f":"IF($W299=\"\",\"\",INDEX(Îlots!$N$6:$N$65,$W299))","v":""},null,null,{"$f":"IF($X299=\"\",\"\",INDEX(Fertilisants!$B$6:$B$45,$X299))","v":""},null,null,{"$f":"IF($X299=\"\",\"\",INDEX(Fertilisants!$D$6:$D$45,$X299))","v":""},"",{"$f":"IF(OR($I299=\"\",$X299=\"\"),\"\",$I299*N(INDEX(Fertilisants!$E$6:$E$45,$X299)))","v":""},{"$f":"IF(OR($I299=\"\",$X299=\"\"),\"\",$I299*N(INDEX(Fertilisants!$G$6:$G$45,$X299)))","v":""},{"$f":"IF(OR($I299=\"\",$X299=\"\"),\"\",$I299*N(INDEX(Fertilisants!$H$6:$H$45,$X299)))","v":""},{"$f":"IF(OR($I299=\"\",$X299=\"\"),\"\",$I299*N(INDEX(Fertilisants!$I$6:$I$45,$X299)))","v":""},"",{"$nulls":3},"",null,null,{"$f":"IF($C299=\"\",\"\",IFERROR(MATCH($C299,Îlots!$C$6:$C$65,0),\"\"))","v":""},{"$f":"IF($F299=\"\",\"\",IFERROR(MATCH($F299,Fertilisants!$A$6:$A$45,0),\"\"))","v":""},{"$f":"IF($W299=\"\",\"\",INDEX(Îlots!$D$6:$D$65,$W299))","v":""},{"$f":"IF($W299=\"\",\"\",INDEX(Îlots!$F$6:$F$65,$W299))","v":""},{"$f":"IF($W299=\"\",\"\",IF($E299=ApportCouvert,OccCouvert,INDEX(Îlots!$O$6:$O$65,$W299)))","v":""},{"$f":"IF(OR($AA299=\"\",$G299=\"\",$Z299=\"Non\"),\"\",IFERROR(MATCH($AA299&\" | \"&$G299,Paramètres!$I$7:$I$41,0),\"\"))","v":""},"",{"$f":"IF(OR($AB299=\"\",$AC299=\"\"),0,IF(OR(AND(INDEX(Paramètres!$J$7:$J$41,$AB299)>0,IF(INDEX(Paramètres!$J$7:$J$41,$AB299)<=INDEX(Paramètres!$K$7:$K$41,$AB299),AND($AC299>=INDEX(Paramètres!$J$7:$J$41,$AB299),$AC299<=INDEX(Paramètres!$K$7:$K$41,$AB299)),OR($AC299>=INDEX(Paramètres!$J$7:$J$41,$AB299),$AC299<=INDEX(Paramètres!$K$7:$K$41,$AB299)))),AND(INDEX(Paramètres!$L$7:$L$41,$AB299)>0,IF(INDEX(Paramètres!$L$7:$L$41,$AB299)<=INDEX(Paramètres!$M$7:$M$41,$AB299),AND($AC299>=INDEX(Paramètres!$L$7:$L$41,$AB299),$AC299<=INDEX(Paramètres!$M$7:$M$41,$AB299)),OR($AC299>=INDEX(Paramètres!$L$7:$L$41,$AB299),$AC299<=INDEX(Paramètres!$M$7:$M$41,$AB299))))),1,0))","v":0},{"$f":"IF($X299=\"\",0,IF(INDEX(Fertilisants!$C$6:$C$45,$X299)=\"Oui\",1,0))","v":0},"","","",""]
[{"$f":"IF(B300=\"\",\"\",COUNT($B$6:B300))","v":""},null,null,{"$f":"IF($W300=\"\",\"\",INDEX(Îlots!$N$6:$N$65,$W300))","v":""},null,null,{"$f":"IF($X300=\"\",\"\",INDEX(Fertilisants!$B$6:$B$45,$X300))","v":""},null,null,{"$f":"IF($X300=\"\",\"\",INDEX(Fertilisants!$D$6:$D$45,$X300))","v":""},"",{"$f":"IF(OR($I300=\"\",$X300=\"\"),\"\",$I300*N(INDEX(Fertilisants!$E$6:$E$45,$X300)))","v":""},{"$f":"IF(OR($I300=\"\",$X300=\"\"),\"\",$I300*N(INDEX(Fertilisants!$G$6:$G$45,$X300)))","v":""},{"$f":"IF(OR($I300=\"\",$X300=\"\"),\"\",$I300*N(INDEX(Fertilisants!$H$6:$H$45,$X300)))","v":""},{"$f":"IF(OR($I300=\"\",$X300=\"\"),\"\",$I300*N(INDEX(Fertilisants!$I$6:$I$45,$X300)))","v":""},"",{"$nulls":3},"",null,null,{"$f":"IF($C300=\"\",\"\",IFERROR(MATCH($C300,Îlots!$C$6:$C$65,0),\"\"))","v":""},{"$f":"IF($F300=\"\",\"\",IFERROR(MATCH($F300,Fertilisants!$A$6:$A$45,0),\"\"))","v":""},{"$f":"IF($W300=\"\",\"\",INDEX(Îlots!$D$6:$D$65,$W300))","v":""},{"$f":"IF($W300=\"\",\"\",INDEX(Îlots!$F$6:$F$65,$W300))","v":""},{"$f":"IF($W300=\"\",\"\",IF($E300=ApportCouvert,OccCouvert,INDEX(Îlots!$O$6:$O$65,$W300)))","v":""},{"$f":"IF(OR($AA300=\"\",$G300=\"\",$Z300=\"Non\"),\"\",IFERROR(MATCH($AA300&\" | \"&$G300,Paramètres!$I$7:$I$41,0),\"\"))","v":""},"",{"$f":"IF(OR($AB300=\"\",$AC300=\"\"),0,IF(OR(AND(INDEX(Paramètres!$J$7:$J$41,$AB300)>0,IF(INDEX(Paramètres!$J$7:$J$41,$AB300)<=INDEX(Paramètres!$K$7:$K$41,$AB300),AND($AC300>=INDEX(Paramètres!$J$7:$J$41,$AB300),$AC300<=INDEX(Paramètres!$K$7:$K$41,$AB300)),OR($AC300>=INDEX(Paramètres!$J$7:$J$41,$AB300),$AC300<=INDEX(Paramètres!$K$7:$K$41,$AB300)))),AND(INDEX(Paramètres!$L$7:$L$41,$AB300)>0,IF(INDEX(Paramètres!$L$7:$L$41,$AB300)<=INDEX(Paramètres!$M$7:$M$41,$AB300),AND($AC300>=INDEX(Paramètres!$L$7:$L$41,$AB300),$AC300<=INDEX(Paramètres!$M$7:$M$41,$AB300)),OR($AC300>=INDEX(Paramètres!$L$7:$L$41,$AB300),$AC300<=INDEX(Paramètres!$M$7:$M$41,$AB300))))),1,0))","v":0},{"$f":"IF($X300=\"\",0,IF(INDEX(Fertilisants!$C$6:$C$45,$X300)=\"Oui\",1,0))","v":0},"","","",""]
[{"$f":"IF(B301=\"\",\"\",COUNT($B$6:B301))","v":""},null,null,{"$f":"IF($W301=\"\",\"\",INDEX(Îlots!$N$6:$N$65,$W301))","v":""},null,null,{"$f":"IF($X301=\"\",\"\",INDEX(Fertilisants!$B$6:$B$45,$X301))","v":""},null,null,{"$f":"IF($X301=\"\",\"\",INDEX(Fertilisants!$D$6:$D$45,$X301))","v":""},"",{"$f":"IF(OR($I301=\"\",$X301=\"\"),\"\",$I301*N(INDEX(Fertilisants!$E$6:$E$45,$X301)))","v":""},{"$f":"IF(OR($I301=\"\",$X301=\"\"),\"\",$I301*N(INDEX(Fertilisants!$G$6:$G$45,$X301)))","v":""},{"$f":"IF(OR($I301=\"\",$X301=\"\"),\"\",$I301*N(INDEX(Fertilisants!$H$6:$H$45,$X301)))","v":""},{"$f":"IF(OR($I301=\"\",$X301=\"\"),\"\",$I301*N(INDEX(Fertilisants!$I$6:$I$45,$X301)))","v":""},"",{"$nulls":3},"",null,null,{"$f":"IF($C301=\"\",\"\",IFERROR(MATCH($C301,Îlots!$C$6:$C$65,0),\"\"))","v":""},{"$f":"IF($F301=\"\",\"\",IFERROR(MATCH($F301,Fertilisants!$A$6:$A$45,0),\"\"))","v":""},{"$f":"IF($W301=\"\",\"\",INDEX(Îlots!$D$6:$D$65,$W301))","v":""},{"$f":"IF($W301=\"\",\"\",INDEX(Îlots!$F$6:$F$65,$W301))","v":""},{"$f":"IF($W301=\"\",\"\",IF($E301=ApportCouvert,OccCouvert,INDEX(Îlots!$O$6:$O$65,$W301)))","v":""},{"$f":"IF(OR($AA301=\"\",$G301=\"\",$Z301=\"Non\"),\"\",IFERROR(MATCH($AA301&\" | \"&$G301,Paramètres!$I$7:$I$41,0),\"\"))","v":""},"",{"$f":"IF(OR($AB301=\"\",$AC301=\"\"),0,IF(OR(AND(INDEX(Paramètres!$J$7:$J$41,$AB301)>0,IF(INDEX(Paramètres!$J$7:$J$41,$AB301)<=INDEX(Paramètres!$K$7:$K$41,$AB301),AND($AC301>=INDEX(Paramètres!$J$7:$J$41,$AB301),$AC301<=INDEX(Paramètres!$K$7:$K$41,$AB301)),OR($AC301>=INDEX(Paramètres!$J$7:$J$41,$AB301),$AC301<=INDEX(Paramètres!$K$7:$K$41,$AB301)))),AND(INDEX(Paramètres!$L$7:$L$41,$AB301)>0,IF(INDEX(Paramètres!$L$7:$L$41,$AB301)<=INDEX(Paramètres!$M$7:$M$41,$AB301),AND($AC301>=INDEX(Paramètres!$L$7:$L$41,$AB301),$AC301<=INDEX(Paramètres!$M$7:$M$41,$AB301)),OR($AC301>=INDEX(Paramètres!$L$7:$L$41,$AB301),$AC301<=INDEX(Paramètres!$M$7:$M$41,$AB301))))),1,0))","v":0},{"$f":"IF($X301=\"\",0,IF(INDEX(Fertilisants!$C$6:$C$45,$X301)=\"Oui\",1,0))","v":0},"","","",""]
[{"$f":"IF(B302=\"\",\"\",COUNT($B$6:B302))","v":""},null,null,{"$f":"IF($W302=\"\",\"\",INDEX(Îlots!$N$6:$N$65,$W302))","v":""},null,null,{"$f":"IF($X302=\"\",\"\",INDEX(Fertilisants!$B$6:$B$45,$X302))","v":""},null,null,{"$f":"IF($X302=\"\",\"\",INDEX(Fertilisants!$D$6:$D$45,$X302))","v":""},"",{"$f":"IF(OR($I302=\"\",$X302=\"\"),\"\",$I302*N(INDEX(Fertilisants!$E$6:$E$45,$X302)))","v":""},{"$f":"IF(OR($I302=\"\",$X302=\"\"),\"\",$I302*N(INDEX(Fertilisants!$G$6:$G$45,$X302)))","v":""},{"$f":"IF(OR($I302=\"\",$X302=\"\"),\"\",$I302*N(INDEX(Fertilisants!$H$6:$H$45,$X302)))","v":""},{"$f":"IF(OR($I302=\"\",$X302=\"\"),\"\",$I302*N(INDEX(Fertilisants!$I$6:$I$45,$X302)))","v":""},"",{"$nulls":3},"",null,null,{"$f":"IF($C302=\"\",\"\",IFERROR(MATCH($C302,Îlots!$C$6:$C$65,0),\"\"))","v":""},{"$f":"IF($F302=\"\",\"\",IFERROR(MATCH($F302,Fertilisants!$A$6:$A$45,0),\"\"))","v":""},{"$f":"IF($W302=\"\",\"\",INDEX(Îlots!$D$6:$D$65,$W302))","v":""},{"$f":"IF($W302=\"\",\"\",INDEX(Îlots!$F$6:$F$65,$W302))","v":""},{"$f":"IF($W302=\"\",\"\",IF($E302=ApportCouvert,OccCouvert,INDEX(Îlots!$O$6:$O$65,$W302)))","v":""},{"$f":"IF(OR($AA302=\"\",$G302=\"\",$Z302=\"Non\"),\"\",IFERROR(MATCH($AA302&\" | \"&$G302,Paramètres!$I$7:$I$41,0),\"\"))","v":""},"",{"$f":"IF(OR($AB302=\"\",$AC302=\"\"),0,IF(OR(AND(INDEX(Paramètres!$J$7:$J$41,$AB302)>0,IF(INDEX(Paramètres!$J$7:$J$41,$AB302)<=INDEX(Paramètres!$K$7:$K$41,$AB302),AND($AC302>=INDEX(Paramètres!$J$7:$J$41,$AB302),$AC302<=INDEX(Paramètres!$K$7:$K$41,$AB302)),OR($AC302>=INDEX(Paramètres!$J$7:$J$41,$AB302),$AC302<=INDEX(Paramètres!$K$7:$K$41,$AB302)))),AND(INDEX(Paramètres!$L$7:$L$41,$AB302)>0,IF(INDEX(Paramètres!$L$7:$L$41,$AB302)<=INDEX(Paramètres!$M$7:$M$41,$AB302),AND($AC302>=INDEX(Paramètres!$L$7:$L$41,$AB302),$AC302<=INDEX(Paramètres!$M$7:$M$41,$AB302)),OR($AC302>=INDEX(Paramètres!$L$7:$L$41,$AB302),$AC302<=INDEX(Paramètres!$M$7:$M$41,$AB302))))),1,0))","v":0},{"$f":"IF($X302=\"\",0,IF(INDEX(Fertilisants!$C$6:$C$45,$X302)=\"Oui\",1,0))","v":0},"","","",""]
[{"$f":"IF(B303=\"\",\"\",COUNT($B$6:B303))","v":""},null,null,{"$f":"IF($W303=\"\",\"\",INDEX(Îlots!$N$6:$N$65,$W303))","v":""},null,null,{"$f":"IF($X303=\"\",\"\",INDEX(Fertilisants!$B$6:$B$45,$X303))","v":""},null,null,{"$f":"IF($X303=\"\",\"\",INDEX(Fertilisants!$D$6:$D$45,$X303))","v":""},"",{"$f":"IF(OR($I303=\"\",$X303=\"\"),\"\",$I303*N(INDEX(Fertilisants!$E$6:$E$45,$X303)))","v":""},{"$f":"IF(OR($I303=\"\",$X303=\"\"),\"\",$I303*N(INDEX(Fertilisants!$G$6:$G$45,$X303)))","v":""},{"$f":"IF(OR($I303=\"\",$X303=\"\"),\"\",$I303*N(INDEX(Fertilisants!$H$6:$H$45,$X303)))","v":""},{"$f":"IF(OR($I303=\"\",$X303=\"\"),\"\",$I303*N(INDEX(Fertilisants!$I$6:$I$45,$X303)))","v":""},"",{"$nulls":3},"",null,null,{"$f":"IF($C303=\"\",\"\",IFERROR(MATCH($C303,Îlots!$C$6:$C$65,0),\"\"))","v":""},{"$f":"IF($F303=\"\",\"\",IFERROR(MATCH($F303,Fertilisants!$A$6:$A$45,0),\"\"))","v":""},{"$f":"IF($W303=\"\",\"\",INDEX(Îlots!$D$6:$D$65,$W303))","v":""},{"$f":"IF($W303=\"\",\"\",INDEX(Îlots!$F$6:$F$65,$W303))","v":""},{"$f":"IF($W303=\"\",\"\",IF($E303=ApportCouvert,OccCouvert,INDEX(Îlots!$O$6:$O$65,$W303)))","v":""},{"$f":"IF(OR($AA303=\"\",$G303=\"\",$Z303=\"Non\"),\"\",IFERROR(MATCH($AA303&\" | \"&$G303,Paramètres!$I$7:$I$41,0),\"\"))","v":""},"",{"$f":"IF(OR($AB303=\"\",$AC303=\"\"),0,IF(OR(AND(INDEX(Paramètres!$J$7:$J$41,$AB303)>0,IF(INDEX(Paramètres!$J$7:$J$41,$AB303)<=INDEX(Paramètres!$K$7:$K$41,$AB303),AND($AC303>=INDEX(Paramètres!$J$7:$J$41,$AB303),$AC303<=INDEX(Paramètres!$K$7:$K$41,$AB303)),OR($AC303>=INDEX(Paramètres!$J$7:$J$41,$AB303),$AC303<=INDEX(Paramètres!$K$7:$K$41,$AB303)))),AND(INDEX(Paramètres!$L$7:$L$41,$AB303)>0,IF(INDEX(Paramètres!$L$7:$L$41,$AB303)<=INDEX(Paramètres!$M$7:$M$41,$AB303),AND($AC303>=INDEX(Paramètres!$L$7:$L$41,$AB303),$AC303<=INDEX(Paramètres!$M$7:$M$41,$AB303)),OR($AC303>=INDEX(Paramètres!$L$7:$L$41,$AB303),$AC303<=INDEX(Paramètres!$M$7:$M$41,$AB303))))),1,0))","v":0},{"$f":"IF($X303=\"\",0,IF(INDEX(Fertilisants!$C$6:$C$45,$X303)=\"Oui\",1,0))","v":0},"","","",""]
[{"$f":"IF(B304=\"\",\"\",COUNT($B$6:B304))","v":""},null,null,{"$f":"IF($W304=\"\",\"\",INDEX(Îlots!$N$6:$N$65,$W304))","v":""},null,null,{"$f":"IF($X304=\"\",\"\",INDEX(Fertilisants!$B$6:$B$45,$X304))","v":""},null,null,{"$f":"IF($X304=\"\",\"\",INDEX(Fertilisants!$D$6:$D$45,$X304))","v":""},"",{"$f":"IF(OR($I304=\"\",$X304=\"\"),\"\",$I304*N(INDEX(Fertilisants!$E$6:$E$45,$X304)))","v":""},{"$f":"IF(OR($I304=\"\",$X304=\"\"),\"\",$I304*N(INDEX(Fertilisants!$G$6:$G$45,$X304)))","v":""},{"$f":"IF(OR($I304=\"\",$X304=\"\"),\"\",$I304*N(INDEX(Fertilisants!$H$6:$H$45,$X304)))","v":""},{"$f":"IF(OR($I304=\"\",$X304=\"\"),\"\",$I304*N(INDEX(Fertilisants!$I$6:$I$45,$X304)))","v":""},"",{"$nulls":3},"",null,null,{"$f":"IF($C304=\"\",\"\",IFERROR(MATCH($C304,Îlots!$C$6:$C$65,0),\"\"))","v":""},{"$f":"IF($F304=\"\",\"\",IFERROR(MATCH($F304,Fertilisants!$A$6:$A$45,0),\"\"))","v":""},{"$f":"IF($W304=\"\",\"\",INDEX(Îlots!$D$6:$D$65,$W304))","v":""},{"$f":"IF($W304=\"\",\"\",INDEX(Îlots!$F$6:$F$65,$W304))","v":""},{"$f":"IF($W304=\"\",\"\",IF($E304=ApportCouvert,OccCouvert,INDEX(Îlots!$O$6:$O$65,$W304)))","v":""},{"$f":"IF(OR($AA304=\"\",$G304=\"\",$Z304=\"Non\"),\"\",IFERROR(MATCH($AA304&\" | \"&$G304,Paramètres!$I$7:$I$41,0),\"\"))","v":""},"",{"$f":"IF(OR($AB304=\"\",$AC304=\"\"),0,IF(OR(AND(INDEX(Paramètres!$J$7:$J$41,$AB304)>0,IF(INDEX(Paramètres!$J$7:$J$41,$AB304)<=INDEX(Paramètres!$K$7:$K$41,$AB304),AND($AC304>=INDEX(Paramètres!$J$7:$J$41,$AB304),$AC304<=INDEX(Paramètres!$K$7:$K$41,$AB304)),OR($AC304>=INDEX(Paramètres!$J$7:$J$41,$AB304),$AC304<=INDEX(Paramètres!$K$7:$K$41,$AB304)))),AND(INDEX(Paramètres!$L$7:$L$41,$AB304)>0,IF(INDEX(Paramètres!$L$7:$L$41,$AB304)<=INDEX(Paramètres!$M$7:$M$41,$AB304),AND($AC304>=INDEX(Paramètres!$L$7:$L$41,$AB304),$AC304<=INDEX(Paramètres!$M$7:$M$41,$AB304)),OR($AC304>=INDEX(Paramètres!$L$7:$L$41,$AB304),$AC304<=INDEX(Paramètres!$M$7:$M$41,$AB304))))),1,0))","v":0},{"$f":"IF($X304=\"\",0,IF(INDEX(Fertilisants!$C$6:$C$45,$X304)=\"Oui\",1,0))","v":0},"","","",""]
[{"$f":"IF(B305=\"\",\"\",COUNT($B$6:B305))","v":""},null,null,{"$f":"IF($W305=\"\",\"\",INDEX(Îlots!$N$6:$N$65,$W305))","v":""},null,null,{"$f":"IF($X305=\"\",\"\",INDEX(Fertilisants!$B$6:$B$45,$X305))","v":""},null,null,{"$f":"IF($X305=\"\",\"\",INDEX(Fertilisants!$D$6:$D$45,$X305))","v":""},"",{"$f":"IF(OR($I305=\"\",$X305=\"\"),\"\",$I305*N(INDEX(Fertilisants!$E$6:$E$45,$X305)))","v":""},{"$f":"IF(OR($I305=\"\",$X305=\"\"),\"\",$I305*N(INDEX(Fertilisants!$G$6:$G$45,$X305)))","v":""},{"$f":"IF(OR($I305=\"\",$X305=\"\"),\"\",$I305*N(INDEX(Fertilisants!$H$6:$H$45,$X305)))","v":""},{"$f":"IF(OR($I305=\"\",$X305=\"\"),\"\",$I305*N(INDEX(Fertilisants!$I$6:$I$45,$X305)))","v":""},"",{"$nulls":3},"",null,null,{"$f":"IF($C305=\"\",\"\",IFERROR(MATCH($C305,Îlots!$C$6:$C$65,0),\"\"))","v":""},{"$f":"IF($F305=\"\",\"\",IFERROR(MATCH($F305,Fertilisants!$A$6:$A$45,0),\"\"))","v":""},{"$f":"IF($W305=\"\",\"\",INDEX(Îlots!$D$6:$D$65,$W305))","v":""},{"$f":"IF($W305=\"\",\"\",INDEX(Îlots!$F$6:$F$65,$W305))","v":""},{"$f":"IF($W305=\"\",\"\",IF($E305=ApportCouvert,OccCouvert,INDEX(Îlots!$O$6:$O$65,$W305)))","v":""},{"$f":"IF(OR($AA305=\"\",$G305=\"\",$Z305=\"Non\"),\"\",IFERROR(MATCH($AA305&\" | \"&$G305,Paramètres!$I$7:$I$41,0),\"\"))","v":""},"",{"$f":"IF(OR($AB305=\"\",$AC305=\"\"),0,IF(OR(AND(INDEX(Paramètres!$J$7:$J$41,$AB305)>0,IF(INDEX(Paramètres!$J$7:$J$41,$AB305)<=INDEX(Paramètres!$K$7:$K$41,$AB305),AND($AC305>=INDEX(Paramètres!$J$7:$J$41,$AB305),$AC305<=INDEX(Paramètres!$K$7:$K$41,$AB305)),OR($AC305>=INDEX(Paramètres!$J$7:$J$41,$AB305),$AC305<=INDEX(Paramètres!$K$7:$K$41,$AB305)))),AND(INDEX(Paramètres!$L$7:$L$41,$AB305)>0,IF(INDEX(Paramètres!$L$7:$L$41,$AB305)<=INDEX(Paramètres!$M$7:$M$41,$AB305),AND($AC305>=INDEX(Paramètres!$L$7:$L$41,$AB305),$AC305<=INDEX(Paramètres!$M$7:$M$41,$AB305)),OR($AC305>=INDEX(Paramètres!$L$7:$L$41,$AB305),$AC305<=INDEX(Paramètres!$M$7:$M$41,$AB305))))),1,0))","v":0},{"$f":"IF($X305=\"\",0,IF(INDEX(Fertilisants!$C$6:$C$45,$X305)=\"Oui\",1,0))","v":0},"","","",""]
[{"$f":"IF(B306=\"\",\"\",COUNT($B$6:B306))","v":""},null,null,{"$f":"IF($W306=\"\",\"\",INDEX(Îlots!$N$6:$N$65,$W306))","v":""},null,null,{"$f":"IF($X306=\"\",\"\",INDEX(Fertilisants!$B$6:$B$45,$X306))","v":""},null,null,{"$f":"IF($X306=\"\",\"\",INDEX(Fertilisants!$D$6:$D$45,$X306))","v":""},"",{"$f":"IF(OR($I306=\"\",$X306=\"\"),\"\",$I306*N(INDEX(Fertilisants!$E$6:$E$45,$X306)))","v":""},{"$f":"IF(OR($I306=\"\",$X306=\"\"),\"\",$I306*N(INDEX(Fertilisants!$G$6:$G$45,$X306)))","v":""},{"$f":"IF(OR($I306=\"\",$X306=\"\"),\"\",$I306*N(INDEX(Fertilisants!$H$6:$H$45,$X306)))","v":""},{"$f":"IF(OR($I306=\"\",$X306=\"\"),\"\",$I306*N(INDEX(Fertilisants!$I$6:$I$45,$X306)))","v":""},"",{"$nulls":3},"",null,null,{"$f":"IF($C306=\"\",\"\",IFERROR(MATCH($C306,Îlots!$C$6:$C$65,0),\"\"))","v":""},{"$f":"IF($F306=\"\",\"\",IFERROR(MATCH($F306,Fertilisants!$A$6:$A$45,0),\"\"))","v":""},{"$f":"IF($W306=\"\",\"\",INDEX(Îlots!$D$6:$D$65,$W306))","v":""},{"$f":"IF($W306=\"\",\"\",INDEX(Îlots!$F$6:$F$65,$W306))","v":""},{"$f":"IF($W306=\"\",\"\",IF($E306=ApportCouvert,OccCouvert,INDEX(Îlots!$O$6:$O$65,$W306)))","v":""},{"$f":"IF(OR($AA306=\"\",$G306=\"\",$Z306=\"Non\"),\"\",IFERROR(MATCH($AA306&\" | \"&$G306,Paramètres!$I$7:$I$41,0),\"\"))","v":""},"",{"$f":"IF(OR($AB306=\"\",$AC306=\"\"),0,IF(OR(AND(INDEX(Paramètres!$J$7:$J$41,$AB306)>0,IF(INDEX(Paramètres!$J$7:$J$41,$AB306)<=INDEX(Paramètres!$K$7:$K$41,$AB306),AND($AC306>=INDEX(Paramètres!$J$7:$J$41,$AB306),$AC306<=INDEX(Paramètres!$K$7:$K$41,$AB306)),OR($AC306>=INDEX(Paramètres!$J$7:$J$41,$AB306),$AC306<=INDEX(Paramètres!$K$7:$K$41,$AB306)))),AND(INDEX(Paramètres!$L$7:$L$41,$AB306)>0,IF(INDEX(Paramètres!$L$7:$L$41,$AB306)<=INDEX(Paramètres!$M$7:$M$41,$AB306),AND($AC306>=INDEX(Paramètres!$L$7:$L$41,$AB306),$AC306<=INDEX(Paramètres!$M$7:$M$41,$AB306)),OR($AC306>=INDEX(Paramètres!$L$7:$L$41,$AB306),$AC306<=INDEX(Paramètres!$M$7:$M$41,$AB306))))),1,0))","v":0},{"$f":"IF($X306=\"\",0,IF(INDEX(Fertilisants!$C$6:$C$45,$X306)=\"Oui\",1,0))","v":0},"","","",""]
[{"$f":"IF(B307=\"\",\"\",COUNT($B$6:B307))","v":""},null,null,{"$f":"IF($W307=\"\",\"\",INDEX(Îlots!$N$6:$N$65,$W307))","v":""},null,null,{"$f":"IF($X307=\"\",\"\",INDEX(Fertilisants!$B$6:$B$45,$X307))","v":""},null,null,{"$f":"IF($X307=\"\",\"\",INDEX(Fertilisants!$D$6:$D$45,$X307))","v":""},"",{"$f":"IF(OR($I307=\"\",$X307=\"\"),\"\",$I307*N(INDEX(Fertilisants!$E$6:$E$45,$X307)))","v":""},{"$f":"IF(OR($I307=\"\",$X307=\"\"),\"\",$I307*N(INDEX(Fertilisants!$G$6:$G$45,$X307)))","v":""},{"$f":"IF(OR($I307=\"\",$X307=\"\"),\"\",$I307*N(INDEX(Fertilisants!$H$6:$H$45,$X307)))","v":""},{"$f":"IF(OR($I307=\"\",$X307=\"\"),\"\",$I307*N(INDEX(Fertilisants!$I$6:$I$45,$X307)))","v":""},"",{"$nulls":3},"",null,null,{"$f":"IF($C307=\"\",\"\",IFERROR(MATCH($C307,Îlots!$C$6:$C$65,0),\"\"))","v":""},{"$f":"IF($F307=\"\",\"\",IFERROR(MATCH($F307,Fertilisants!$A$6:$A$45,0),\"\"))","v":""},{"$f":"IF($W307=\"\",\"\",INDEX(Îlots!$D$6:$D$65,$W307))","v":""},{"$f":"IF($W307=\"\",\"\",INDEX(Îlots!$F$6:$F$65,$W307))","v":""},{"$f":"IF($W307=\"\",\"\",IF($E307=ApportCouvert,OccCouvert,INDEX(Îlots!$O$6:$O$65,$W307)))","v":""},{"$f":"IF(OR($AA307=\"\",$G307=\"\",$Z307=\"Non\"),\"\",IFERROR(MATCH($AA307&\" | \"&$G307,Paramètres!$I$7:$I$41,0),\"\"))","v":""},"",{"$f":"IF(OR($AB307=\"\",$AC307=\"\"),0,IF(OR(AND(INDEX(Paramètres!$J$7:$J$41,$AB307)>0,IF(INDEX(Paramètres!$J$7:$J$41,$AB307)<=INDEX(Paramètres!$K$7:$K$41,$AB307),AND($AC307>=INDEX(Paramètres!$J$7:$J$41,$AB307),$AC307<=INDEX(Paramètres!$K$7:$K$41,$AB307)),OR($AC307>=INDEX(Paramètres!$J$7:$J$41,$AB307),$AC307<=INDEX(Paramètres!$K$7:$K$41,$AB307)))),AND(INDEX(Paramètres!$L$7:$L$41,$AB307)>0,IF(INDEX(Paramètres!$L$7:$L$41,$AB307)<=INDEX(Paramètres!$M$7:$M$41,$AB307),AND($AC307>=INDEX(Paramètres!$L$7:$L$41,$AB307),$AC307<=INDEX(Paramètres!$M$7:$M$41,$AB307)),OR($AC307>=INDEX(Paramètres!$L$7:$L$41,$AB307),$AC307<=INDEX(Paramètres!$M$7:$M$41,$AB307))))),1,0))","v":0},{"$f":"IF($X307=\"\",0,IF(INDEX(Fertilisants!$C$6:$C$45,$X307)=\"Oui\",1,0))","v":0},"","","",""]
[{"$f":"IF(B308=\"\",\"\",COUNT($B$6:B308))","v":""},null,null,{"$f":"IF($W308=\"\",\"\",INDEX(Îlots!$N$6:$N$65,$W308))","v":""},null,null,{"$f":"IF($X308=\"\",\"\",INDEX(Fertilisants!$B$6:$B$45,$X308))","v":""},null,null,{"$f":"IF($X308=\"\",\"\",INDEX(Fertilisants!$D$6:$D$45,$X308))","v":""},"",{"$f":"IF(OR($I308=\"\",$X308=\"\"),\"\",$I308*N(INDEX(Fertilisants!$E$6:$E$45,$X308)))","v":""},{"$f":"IF(OR($I308=\"\",$X308=\"\"),\"\",$I308*N(INDEX(Fertilisants!$G$6:$G$45,$X308)))","v":""},{"$f":"IF(OR($I308=\"\",$X308=\"\"),\"\",$I308*N(INDEX(Fertilisants!$H$6:$H$45,$X308)))","v":""},{"$f":"IF(OR($I308=\"\",$X308=\"\"),\"\",$I308*N(INDEX(Fertilisants!$I$6:$I$45,$X308)))","v":""},"",{"$nulls":3},"",null,null,{"$f":"IF($C308=\"\",\"\",IFERROR(MATCH($C308,Îlots!$C$6:$C$65,0),\"\"))","v":""},{"$f":"IF($F308=\"\",\"\",IFERROR(MATCH($F308,Fertilisants!$A$6:$A$45,0),\"\"))","v":""},{"$f":"IF($W308=\"\",\"\",INDEX(Îlots!$D$6:$D$65,$W308))","v":""},{"$f":"IF($W308=\"\",\"\",INDEX(Îlots!$F$6:$F$65,$W308))","v":""},{"$f":"IF($W308=\"\",\"\",IF($E308=ApportCouvert,OccCouvert,INDEX(Îlots!$O$6:$O$65,$W308)))","v":""},{"$f":"IF(OR($AA308=\"\",$G308=\"\",$Z308=\"Non\"),\"\",IFERROR(MATCH($AA308&\" | \"&$G308,Paramètres!$I$7:$I$41,0),\"\"))","v":""},"",{"$f":"IF(OR($AB308=\"\",$AC308=\"\"),0,IF(OR(AND(INDEX(Paramètres!$J$7:$J$41,$AB308)>0,IF(INDEX(Paramètres!$J$7:$J$41,$AB308)<=INDEX(Paramètres!$K$7:$K$41,$AB308),AND($AC308>=INDEX(Paramètres!$J$7:$J$41,$AB308),$AC308<=INDEX(Paramètres!$K$7:$K$41,$AB308)),OR($AC308>=INDEX(Paramètres!$J$7:$J$41,$AB308),$AC308<=INDEX(Paramètres!$K$7:$K$41,$AB308)))),AND(INDEX(Paramètres!$L$7:$L$41,$AB308)>0,IF(INDEX(Paramètres!$L$7:$L$41,$AB308)<=INDEX(Paramètres!$M$7:$M$41,$AB308),AND($AC308>=INDEX(Paramètres!$L$7:$L$41,$AB308),$AC308<=INDEX(Paramètres!$M$7:$M$41,$AB308)),OR($AC308>=INDEX(Paramètres!$L$7:$L$41,$AB308),$AC308<=INDEX(Paramètres!$M$7:$M$41,$AB308))))),1,0))","v":0},{"$f":"IF($X308=\"\",0,IF(INDEX(Fertilisants!$C$6:$C$45,$X308)=\"Oui\",1,0))","v":0},"","","",""]
[{"$f":"IF(B309=\"\",\"\",COUNT($B$6:B309))","v":""},null,null,{"$f":"IF($W309=\"\",\"\",INDEX(Îlots!$N$6:$N$65,$W309))","v":""},null,null,{"$f":"IF($X309=\"\",\"\",INDEX(Fertilisants!$B$6:$B$45,$X309))","v":""},null,null,{"$f":"IF($X309=\"\",\"\",INDEX(Fertilisants!$D$6:$D$45,$X309))","v":""},"",{"$f":"IF(OR($I309=\"\",$X309=\"\"),\"\",$I309*N(INDEX(Fertilisants!$E$6:$E$45,$X309)))","v":""},{"$f":"IF(OR($I309=\"\",$X309=\"\"),\"\",$I309*N(INDEX(Fertilisants!$G$6:$G$45,$X309)))","v":""},{"$f":"IF(OR($I309=\"\",$X309=\"\"),\"\",$I309*N(INDEX(Fertilisants!$H$6:$H$45,$X309)))","v":""},{"$f":"IF(OR($I309=\"\",$X309=\"\"),\"\",$I309*N(INDEX(Fertilisants!$I$6:$I$45,$X309)))","v":""},"",{"$nulls":3},"",null,null,{"$f":"IF($C309=\"\",\"\",IFERROR(MATCH($C309,Îlots!$C$6:$C$65,0),\"\"))","v":""},{"$f":"IF($F309=\"\",\"\",IFERROR(MATCH($F309,Fertilisants!$A$6:$A$45,0),\"\"))","v":""},{"$f":"IF($W309=\"\",\"\",INDEX(Îlots!$D$6:$D$65,$W309))","v":""},{"$f":"IF($W309=\"\",\"\",INDEX(Îlots!$F$6:$F$65,$W309))","v":""},{"$f":"IF($W309=\"\",\"\",IF($E309=ApportCouvert,OccCouvert,INDEX(Îlots!$O$6:$O$65,$W309)))","v":""},{"$f":"IF(OR($AA309=\"\",$G309=\"\",$Z309=\"Non\"),\"\",IFERROR(MATCH($AA309&\" | \"&$G309,Paramètres!$I$7:$I$41,0),\"\"))","v":""},"",{"$f":"IF(OR($AB309=\"\",$AC309=\"\"),0,IF(OR(AND(INDEX(Paramètres!$J$7:$J$41,$AB309)>0,IF(INDEX(Paramètres!$J$7:$J$41,$AB309)<=INDEX(Paramètres!$K$7:$K$41,$AB309),AND($AC309>=INDEX(Paramètres!$J$7:$J$41,$AB309),$AC309<=INDEX(Paramètres!$K$7:$K$41,$AB309)),OR($AC309>=INDEX(Paramètres!$J$7:$J$41,$AB309),$AC309<=INDEX(Paramètres!$K$7:$K$41,$AB309)))),AND(INDEX(Paramètres!$L$7:$L$41,$AB309)>0,IF(INDEX(Paramètres!$L$7:$L$41,$AB309)<=INDEX(Paramètres!$M$7:$M$41,$AB309),AND($AC309>=INDEX(Paramètres!$L$7:$L$41,$AB309),$AC309<=INDEX(Paramètres!$M$7:$M$41,$AB309)),OR($AC309>=INDEX(Paramètres!$L$7:$L$41,$AB309),$AC309<=INDEX(Paramètres!$M$7:$M$41,$AB309))))),1,0))","v":0},{"$f":"IF($X309=\"\",0,IF(INDEX(Fertilisants!$C$6:$C$45,$X309)=\"Oui\",1,0))","v":0},"","","",""]
[{"$f":"IF(B310=\"\",\"\",COUNT($B$6:B310))","v":""},null,null,{"$f":"IF($W310=\"\",\"\",INDEX(Îlots!$N$6:$N$65,$W310))","v":""},null,null,{"$f":"IF($X310=\"\",\"\",INDEX(Fertilisants!$B$6:$B$45,$X310))","v":""},null,null,{"$f":"IF($X310=\"\",\"\",INDEX(Fertilisants!$D$6:$D$45,$X310))","v":""},"",{"$f":"IF(OR($I310=\"\",$X310=\"\"),\"\",$I310*N(INDEX(Fertilisants!$E$6:$E$45,$X310)))","v":""},{"$f":"IF(OR($I310=\"\",$X310=\"\"),\"\",$I310*N(INDEX(Fertilisants!$G$6:$G$45,$X310)))","v":""},{"$f":"IF(OR($I310=\"\",$X310=\"\"),\"\",$I310*N(INDEX(Fertilisants!$H$6:$H$45,$X310)))","v":""},{"$f":"IF(OR($I310=\"\",$X310=\"\"),\"\",$I310*N(INDEX(Fertilisants!$I$6:$I$45,$X310)))","v":""},"",{"$nulls":3},"",null,null,{"$f":"IF($C310=\"\",\"\",IFERROR(MATCH($C310,Îlots!$C$6:$C$65,0),\"\"))","v":""},{"$f":"IF($F310=\"\",\"\",IFERROR(MATCH($F310,Fertilisants!$A$6:$A$45,0),\"\"))","v":""},{"$f":"IF($W310=\"\",\"\",INDEX(Îlots!$D$6:$D$65,$W310))","v":""},{"$f":"IF($W310=\"\",\"\",INDEX(Îlots!$F$6:$F$65,$W310))","v":""},{"$f":"IF($W310=\"\",\"\",IF($E310=ApportCouvert,OccCouvert,INDEX(Îlots!$O$6:$O$65,$W310)))","v":""},{"$f":"IF(OR($AA310=\"\",$G310=\"\",$Z310=\"Non\"),\"\",IFERROR(MATCH($AA310&\" | \"&$G310,Paramètres!$I$7:$I$41,0),\"\"))","v":""},"",{"$f":"IF(OR($AB310=\"\",$AC310=\"\"),0,IF(OR(AND(INDEX(Paramètres!$J$7:$J$41,$AB310)>0,IF(INDEX(Paramètres!$J$7:$J$41,$AB310)<=INDEX(Paramètres!$K$7:$K$41,$AB310),AND($AC310>=INDEX(Paramètres!$J$7:$J$41,$AB310),$AC310<=INDEX(Paramètres!$K$7:$K$41,$AB310)),OR($AC310>=INDEX(Paramètres!$J$7:$J$41,$AB310),$AC310<=INDEX(Paramètres!$K$7:$K$41,$AB310)))),AND(INDEX(Paramètres!$L$7:$L$41,$AB310)>0,IF(INDEX(Paramètres!$L$7:$L$41,$AB310)<=INDEX(Paramètres!$M$7:$M$41,$AB310),AND($AC310>=INDEX(Paramètres!$L$7:$L$41,$AB310),$AC310<=INDEX(Paramètres!$M$7:$M$41,$AB310)),OR($AC310>=INDEX(Paramètres!$L$7:$L$41,$AB310),$AC310<=INDEX(Paramètres!$M$7:$M$41,$AB310))))),1,0))","v":0},{"$f":"IF($X310=\"\",0,IF(INDEX(Fertilisants!$C$6:$C$45,$X310)=\"Oui\",1,0))","v":0},"","","",""]
[{"$f":"IF(B311=\"\",\"\",COUNT($B$6:B311))","v":""},null,null,{"$f":"IF($W311=\"\",\"\",INDEX(Îlots!$N$6:$N$65,$W311))","v":""},null,null,{"$f":"IF($X311=\"\",\"\",INDEX(Fertilisants!$B$6:$B$45,$X311))","v":""},null,null,{"$f":"IF($X311=\"\",\"\",INDEX(Fertilisants!$D$6:$D$45,$X311))","v":""},"",{"$f":"IF(OR($I311=\"\",$X311=\"\"),\"\",$I311*N(INDEX(Fertilisants!$E$6:$E$45,$X311)))","v":""},{"$f":"IF(OR($I311=\"\",$X311=\"\"),\"\",$I311*N(INDEX(Fertilisants!$G$6:$G$45,$X311)))","v":""},{"$f":"IF(OR($I311=\"\",$X311=\"\"),\"\",$I311*N(INDEX(Fertilisants!$H$6:$H$45,$X311)))","v":""},{"$f":"IF(OR($I311=\"\",$X311=\"\"),\"\",$I311*N(INDEX(Fertilisants!$I$6:$I$45,$X311)))","v":""},"",{"$nulls":3},"",null,null,{"$f":"IF($C311=\"\",\"\",IFERROR(MATCH($C311,Îlots!$C$6:$C$65,0),\"\"))","v":""},{"$f":"IF($F311=\"\",\"\",IFERROR(MATCH($F311,Fertilisants!$A$6:$A$45,0),\"\"))","v":""},{"$f":"IF($W311=\"\",\"\",INDEX(Îlots!$D$6:$D$65,$W311))","v":""},{"$f":"IF($W311=\"\",\"\",INDEX(Îlots!$F$6:$F$65,$W311))","v":""},{"$f":"IF($W311=\"\",\"\",IF($E311=ApportCouvert,OccCouvert,INDEX(Îlots!$O$6:$O$65,$W311)))","v":""},{"$f":"IF(OR($AA311=\"\",$G311=\"\",$Z311=\"Non\"),\"\",IFERROR(MATCH($AA311&\" | \"&$G311,Paramètres!$I$7:$I$41,0),\"\"))","v":""},"",{"$f":"IF(OR($AB311=\"\",$AC311=\"\"),0,IF(OR(AND(INDEX(Paramètres!$J$7:$J$41,$AB311)>0,IF(INDEX(Paramètres!$J$7:$J$41,$AB311)<=INDEX(Paramètres!$K$7:$K$41,$AB311),AND($AC311>=INDEX(Paramètres!$J$7:$J$41,$AB311),$AC311<=INDEX(Paramètres!$K$7:$K$41,$AB311)),OR($AC311>=INDEX(Paramètres!$J$7:$J$41,$AB311),$AC311<=INDEX(Paramètres!$K$7:$K$41,$AB311)))),AND(INDEX(Paramètres!$L$7:$L$41,$AB311)>0,IF(INDEX(Paramètres!$L$7:$L$41,$AB311)<=INDEX(Paramètres!$M$7:$M$41,$AB311),AND($AC311>=INDEX(Paramètres!$L$7:$L$41,$AB311),$AC311<=INDEX(Paramètres!$M$7:$M$41,$AB311)),OR($AC311>=INDEX(Paramètres!$L$7:$L$41,$AB311),$AC311<=INDEX(Paramètres!$M$7:$M$41,$AB311))))),1,0))","v":0},{"$f":"IF($X311=\"\",0,IF(INDEX(Fertilisants!$C$6:$C$45,$X311)=\"Oui\",1,0))","v":0},"","","",""]
[{"$f":"IF(B312=\"\",\"\",COUNT($B$6:B312))","v":""},null,null,{"$f":"IF($W312=\"\",\"\",INDEX(Îlots!$N$6:$N$65,$W312))","v":""},null,null,{"$f":"IF($X312=\"\",\"\",INDEX(Fertilisants!$B$6:$B$45,$X312))","v":""},null,null,{"$f":"IF($X312=\"\",\"\",INDEX(Fertilisants!$D$6:$D$45,$X312))","v":""},"",{"$f":"IF(OR($I312=\"\",$X312=\"\"),\"\",$I312*N(INDEX(Fertilisants!$E$6:$E$45,$X312)))","v":""},{"$f":"IF(OR($I312=\"\",$X312=\"\"),\"\",$I312*N(INDEX(Fertilisants!$G$6:$G$45,$X312)))","v":""},{"$f":"IF(OR($I312=\"\",$X312=\"\"),\"\",$I312*N(INDEX(Fertilisants!$H$6:$H$45,$X312)))","v":""},{"$f":"IF(OR($I312=\"\",$X312=\"\"),\"\",$I312*N(INDEX(Fertilisants!$I$6:$I$45,$X312)))","v":""},"",{"$nulls":3},"",null,null,{"$f":"IF($C312=\"\",\"\",IFERROR(MATCH($C312,Îlots!$C$6:$C$65,0),\"\"))","v":""},{"$f":"IF($F312=\"\",\"\",IFERROR(MATCH($F312,Fertilisants!$A$6:$A$45,0),\"\"))","v":""},{"$f":"IF($W312=\"\",\"\",INDEX(Îlots!$D$6:$D$65,$W312))","v":""},{"$f":"IF($W312=\"\",\"\",INDEX(Îlots!$F$6:$F$65,$W312))","v":""},{"$f":"IF($W312=\"\",\"\",IF($E312=ApportCouvert,OccCouvert,INDEX(Îlots!$O$6:$O$65,$W312)))","v":""},{"$f":"IF(OR($AA312=\"\",$G312=\"\",$Z312=\"Non\"),\"\",IFERROR(MATCH($AA312&\" | \"&$G312,Paramètres!$I$7:$I$41,0),\"\"))","v":""},"",{"$f":"IF(OR($AB312=\"\",$AC312=\"\"),0,IF(OR(AND(INDEX(Paramètres!$J$7:$J$41,$AB312)>0,IF(INDEX(Paramètres!$J$7:$J$41,$AB312)<=INDEX(Paramètres!$K$7:$K$41,$AB312),AND($AC312>=INDEX(Paramètres!$J$7:$J$41,$AB312),$AC312<=INDEX(Paramètres!$K$7:$K$41,$AB312)),OR($AC312>=INDEX(Paramètres!$J$7:$J$41,$AB312),$AC312<=INDEX(Paramètres!$K$7:$K$41,$AB312)))),AND(INDEX(Paramètres!$L$7:$L$41,$AB312)>0,IF(INDEX(Paramètres!$L$7:$L$41,$AB312)<=INDEX(Paramètres!$M$7:$M$41,$AB312),AND($AC312>=INDEX(Paramètres!$L$7:$L$41,$AB312),$AC312<=INDEX(Paramètres!$M$7:$M$41,$AB312)),OR($AC312>=INDEX(Paramètres!$L$7:$L$41,$AB312),$AC312<=INDEX(Paramètres!$M$7:$M$41,$AB312))))),1,0))","v":0},{"$f":"IF($X312=\"\",0,IF(INDEX(Fertilisants!$C$6:$C$45,$X312)=\"Oui\",1,0))","v":0},"","","",""]
[{"$f":"IF(B313=\"\",\"\",COUNT($B$6:B313))","v":""},null,null,{"$f":"IF($W313=\"\",\"\",INDEX(Îlots!$N$6:$N$65,$W313))","v":""},null,null,{"$f":"IF($X313=\"\",\"\",INDEX(Fertilisants!$B$6:$B$45,$X313))","v":""},null,null,{"$f":"IF($X313=\"\",\"\",INDEX(Fertilisants!$D$6:$D$45,$X313))","v":""},"",{"$f":"IF(OR($I313=\"\",$X313=\"\"),\"\",$I313*N(INDEX(Fertilisants!$E$6:$E$45,$X313)))","v":""},{"$f":"IF(OR($I313=\"\",$X313=\"\"),\"\",$I313*N(INDEX(Fertilisants!$G$6:$G$45,$X313)))","v":""},{"$f":"IF(OR($I313=\"\",$X313=\"\"),\"\",$I313*N(INDEX(Fertilisants!$H$6:$H$45,$X313)))","v":""},{"$f":"IF(OR($I313=\"\",$X313=\"\"),\"\",$I313*N(INDEX(Fertilisants!$I$6:$I$45,$X313)))","v":""},"",{"$nulls":3},"",null,null,{"$f":"IF($C313=\"\",\"\",IFERROR(MATCH($C313,Îlots!$C$6:$C$65,0),\"\"))","v":""},{"$f":"IF($F313=\"\",\"\",IFERROR(MATCH($F313,Fertilisants!$A$6:$A$45,0),\"\"))","v":""},{"$f":"IF($W313=\"\",\"\",INDEX(Îlots!$D$6:$D$65,$W313))","v":""},{"$f":"IF($W313=\"\",\"\",INDEX(Îlots!$F$6:$F$65,$W313))","v":""},{"$f":"IF($W313=\"\",\"\",IF($E313=ApportCouvert,OccCouvert,INDEX(Îlots!$O$6:$O$65,$W313)))","v":""},{"$f":"IF(OR($AA313=\"\",$G313=\"\",$Z313=\"Non\"),\"\",IFERROR(MATCH($AA313&\" | \"&$G313,Paramètres!$I$7:$I$41,0),\"\"))","v":""},"",{"$f":"IF(OR($AB313=\"\",$AC313=\"\"),0,IF(OR(AND(INDEX(Paramètres!$J$7:$J$41,$AB313)>0,IF(INDEX(Paramètres!$J$7:$J$41,$AB313)<=INDEX(Paramètres!$K$7:$K$41,$AB313),AND($AC313>=INDEX(Paramètres!$J$7:$J$41,$AB313),$AC313<=INDEX(Paramètres!$K$7:$K$41,$AB313)),OR($AC313>=INDEX(Paramètres!$J$7:$J$41,$AB313),$AC313<=INDEX(Paramètres!$K$7:$K$41,$AB313)))),AND(INDEX(Paramètres!$L$7:$L$41,$AB313)>0,IF(INDEX(Paramètres!$L$7:$L$41,$AB313)<=INDEX(Paramètres!$M$7:$M$41,$AB313),AND($AC313>=INDEX(Paramètres!$L$7:$L$41,$AB313),$AC313<=INDEX(Paramètres!$M$7:$M$41,$AB313)),OR($AC313>=INDEX(Paramètres!$L$7:$L$41,$AB313),$AC313<=INDEX(Paramètres!$M$7:$M$41,$AB313))))),1,0))","v":0},{"$f":"IF($X313=\"\",0,IF(INDEX(Fertilisants!$C$6:$C$45,$X313)=\"Oui\",1,0))","v":0},"","","",""]
[{"$f":"IF(B314=\"\",\"\",COUNT($B$6:B314))","v":""},null,null,{"$f":"IF($W314=\"\",\"\",INDEX(Îlots!$N$6:$N$65,$W314))","v":""},null,null,{"$f":"IF($X314=\"\",\"\",INDEX(Fertilisants!$B$6:$B$45,$X314))","v":""},null,null,{"$f":"IF($X314=\"\",\"\",INDEX(Fertilisants!$D$6:$D$45,$X314))","v":""},"",{"$f":"IF(OR($I314=\"\",$X314=\"\"),\"\",$I314*N(INDEX(Fertilisants!$E$6:$E$45,$X314)))","v":""},{"$f":"IF(OR($I314=\"\",$X314=\"\"),\"\",$I314*N(INDEX(Fertilisants!$G$6:$G$45,$X314)))","v":""},{"$f":"IF(OR($I314=\"\",$X314=\"\"),\"\",$I314*N(INDEX(Fertilisants!$H$6:$H$45,$X314)))","v":""},{"$f":"IF(OR($I314=\"\",$X314=\"\"),\"\",$I314*N(INDEX(Fertilisants!$I$6:$I$45,$X314)))","v":""},"",{"$nulls":3},"",null,null,{"$f":"IF($C314=\"\",\"\",IFERROR(MATCH($C314,Îlots!$C$6:$C$65,0),\"\"))","v":""},{"$f":"IF($F314=\"\",\"\",IFERROR(MATCH($F314,Fertilisants!$A$6:$A$45,0),\"\"))","v":""},{"$f":"IF($W314=\"\",\"\",INDEX(Îlots!$D$6:$D$65,$W314))","v":""},{"$f":"IF($W314=\"\",\"\",INDEX(Îlots!$F$6:$F$65,$W314))","v":""},{"$f":"IF($W314=\"\",\"\",IF($E314=ApportCouvert,OccCouvert,INDEX(Îlots!$O$6:$O$65,$W314)))","v":""},{"$f":"IF(OR($AA314=\"\",$G314=\"\",$Z314=\"Non\"),\"\",IFERROR(MATCH($AA314&\" | \"&$G314,Paramètres!$I$7:$I$41,0),\"\"))","v":""},"",{"$f":"IF(OR($AB314=\"\",$AC314=\"\"),0,IF(OR(AND(INDEX(Paramètres!$J$7:$J$41,$AB314)>0,IF(INDEX(Paramètres!$J$7:$J$41,$AB314)<=INDEX(Paramètres!$K$7:$K$41,$AB314),AND($AC314>=INDEX(Paramètres!$J$7:$J$41,$AB314),$AC314<=INDEX(Paramètres!$K$7:$K$41,$AB314)),OR($AC314>=INDEX(Paramètres!$J$7:$J$41,$AB314),$AC314<=INDEX(Paramètres!$K$7:$K$41,$AB314)))),AND(INDEX(Paramètres!$L$7:$L$41,$AB314)>0,IF(INDEX(Paramètres!$L$7:$L$41,$AB314)<=INDEX(Paramètres!$M$7:$M$41,$AB314),AND($AC314>=INDEX(Paramètres!$L$7:$L$41,$AB314),$AC314<=INDEX(Paramètres!$M$7:$M$41,$AB314)),OR($AC314>=INDEX(Paramètres!$L$7:$L$41,$AB314),$AC314<=INDEX(Paramètres!$M$7:$M$41,$AB314))))),1,0))","v":0},{"$f":"IF($X314=\"\",0,IF(INDEX(Fertilisants!$C$6:$C$45,$X314)=\"Oui\",1,0))","v":0},"","","",""]
[{"$f":"IF(B315=\"\",\"\",COUNT($B$6:B315))","v":""},null,null,{"$f":"IF($W315=\"\",\"\",INDEX(Îlots!$N$6:$N$65,$W315))","v":""},null,null,{"$f":"IF($X315=\"\",\"\",INDEX(Fertilisants!$B$6:$B$45,$X315))","v":""},null,null,{"$f":"IF($X315=\"\",\"\",INDEX(Fertilisants!$D$6:$D$45,$X315))","v":""},"",{"$f":"IF(OR($I315=\"\",$X315=\"\"),\"\",$I315*N(INDEX(Fertilisants!$E$6:$E$45,$X315)))","v":""},{"$f":"IF(OR($I315=\"\",$X315=\"\"),\"\",$I315*N(INDEX(Fertilisants!$G$6:$G$45,$X315)))","v":""},{"$f":"IF(OR($I315=\"\",$X315=\"\"),\"\",$I315*N(INDEX(Fertilisants!$H$6:$H$45,$X315)))","v":""},{"$f":"IF(OR($I315=\"\",$X315=\"\"),\"\",$I315*N(INDEX(Fertilisants!$I$6:$I$45,$X315)))","v":""},"",{"$nulls":3},"",null,null,{"$f":"IF($C315=\"\",\"\",IFERROR(MATCH($C315,Îlots!$C$6:$C$65,0),\"\"))","v":""},{"$f":"IF($F315=\"\",\"\",IFERROR(MATCH($F315,Fertilisants!$A$6:$A$45,0),\"\"))","v":""},{"$f":"IF($W315=\"\",\"\",INDEX(Îlots!$D$6:$D$65,$W315))","v":""},{"$f":"IF($W315=\"\",\"\",INDEX(Îlots!$F$6:$F$65,$W315))","v":""},{"$f":"IF($W315=\"\",\"\",IF($E315=ApportCouvert,OccCouvert,INDEX(Îlots!$O$6:$O$65,$W315)))","v":""},{"$f":"IF(OR($AA315=\"\",$G315=\"\",$Z315=\"Non\"),\"\",IFERROR(MATCH($AA315&\" | \"&$G315,Paramètres!$I$7:$I$41,0),\"\"))","v":""},"",{"$f":"IF(OR($AB315=\"\",$AC315=\"\"),0,IF(OR(AND(INDEX(Paramètres!$J$7:$J$41,$AB315)>0,IF(INDEX(Paramètres!$J$7:$J$41,$AB315)<=INDEX(Paramètres!$K$7:$K$41,$AB315),AND($AC315>=INDEX(Paramètres!$J$7:$J$41,$AB315),$AC315<=INDEX(Paramètres!$K$7:$K$41,$AB315)),OR($AC315>=INDEX(Paramètres!$J$7:$J$41,$AB315),$AC315<=INDEX(Paramètres!$K$7:$K$41,$AB315)))),AND(INDEX(Paramètres!$L$7:$L$41,$AB315)>0,IF(INDEX(Paramètres!$L$7:$L$41,$AB315)<=INDEX(Paramètres!$M$7:$M$41,$AB315),AND($AC315>=INDEX(Paramètres!$L$7:$L$41,$AB315),$AC315<=INDEX(Paramètres!$M$7:$M$41,$AB315)),OR($AC315>=INDEX(Paramètres!$L$7:$L$41,$AB315),$AC315<=INDEX(Paramètres!$M$7:$M$41,$AB315))))),1,0))","v":0},{"$f":"IF($X315=\"\",0,IF(INDEX(Fertilisants!$C$6:$C$45,$X315)=\"Oui\",1,0))","v":0},"","","",""]
[{"$f":"IF(B316=\"\",\"\",COUNT($B$6:B316))","v":""},null,null,{"$f":"IF($W316=\"\",\"\",INDEX(Îlots!$N$6:$N$65,$W316))","v":""},null,null,{"$f":"IF($X316=\"\",\"\",INDEX(Fertilisants!$B$6:$B$45,$X316))","v":""},null,null,{"$f":"IF($X316=\"\",\"\",INDEX(Fertilisants!$D$6:$D$45,$X316))","v":""},"",{"$f":"IF(OR($I316=\"\",$X316=\"\"),\"\",$I316*N(INDEX(Fertilisants!$E$6:$E$45,$X316)))","v":""},{"$f":"IF(OR($I316=\"\",$X316=\"\"),\"\",$I316*N(INDEX(Fertilisants!$G$6:$G$45,$X316)))","v":""},{"$f":"IF(OR($I316=\"\",$X316=\"\"),\"\",$I316*N(INDEX(Fertilisants!$H$6:$H$45,$X316)))","v":""},{"$f":"IF(OR($I316=\"\",$X316=\"\"),\"\",$I316*N(INDEX(Fertilisants!$I$6:$I$45,$X316)))","v":""},"",{"$nulls":3},"",null,null,{"$f":"IF($C316=\"\",\"\",IFERROR(MATCH($C316,Îlots!$C$6:$C$65,0),\"\"))","v":""},{"$f":"IF($F316=\"\",\"\",IFERROR(MATCH($F316,Fertilisants!$A$6:$A$45,0),\"\"))","v":""},{"$f":"IF($W316=\"\",\"\",INDEX(Îlots!$D$6:$D$65,$W316))","v":""},{"$f":"IF($W316=\"\",\"\",INDEX(Îlots!$F$6:$F$65,$W316))","v":""},{"$f":"IF($W316=\"\",\"\",IF($E316=ApportCouvert,OccCouvert,INDEX(Îlots!$O$6:$O$65,$W316)))","v":""},{"$f":"IF(OR($AA316=\"\",$G316=\"\",$Z316=\"Non\"),\"\",IFERROR(MATCH($AA316&\" | \"&$G316,Paramètres!$I$7:$I$41,0),\"\"))","v":""},"",{"$f":"IF(OR($AB316=\"\",$AC316=\"\"),0,IF(OR(AND(INDEX(Paramètres!$J$7:$J$41,$AB316)>0,IF(INDEX(Paramètres!$J$7:$J$41,$AB316)<=INDEX(Paramètres!$K$7:$K$41,$AB316),AND($AC316>=INDEX(Paramètres!$J$7:$J$41,$AB316),$AC316<=INDEX(Paramètres!$K$7:$K$41,$AB316)),OR($AC316>=INDEX(Paramètres!$J$7:$J$41,$AB316),$AC316<=INDEX(Paramètres!$K$7:$K$41,$AB316)))),AND(INDEX(Paramètres!$L$7:$L$41,$AB316)>0,IF(INDEX(Paramètres!$L$7:$L$41,$AB316)<=INDEX(Paramètres!$M$7:$M$41,$AB316),AND($AC316>=INDEX(Paramètres!$L$7:$L$41,$AB316),$AC316<=INDEX(Paramètres!$M$7:$M$41,$AB316)),OR($AC316>=INDEX(Paramètres!$L$7:$L$41,$AB316),$AC316<=INDEX(Paramètres!$M$7:$M$41,$AB316))))),1,0))","v":0},{"$f":"IF($X316=\"\",0,IF(INDEX(Fertilisants!$C$6:$C$45,$X316)=\"Oui\",1,0))","v":0},"","","",""]
[{"$f":"IF(B317=\"\",\"\",COUNT($B$6:B317))","v":""},null,null,{"$f":"IF($W317=\"\",\"\",INDEX(Îlots!$N$6:$N$65,$W317))","v":""},null,null,{"$f":"IF($X317=\"\",\"\",INDEX(Fertilisants!$B$6:$B$45,$X317))","v":""},null,null,{"$f":"IF($X317=\"\",\"\",INDEX(Fertilisants!$D$6:$D$45,$X317))","v":""},"",{"$f":"IF(OR($I317=\"\",$X317=\"\"),\"\",$I317*N(INDEX(Fertilisants!$E$6:$E$45,$X317)))","v":""},{"$f":"IF(OR($I317=\"\",$X317=\"\"),\"\",$I317*N(INDEX(Fertilisants!$G$6:$G$45,$X317)))","v":""},{"$f":"IF(OR($I317=\"\",$X317=\"\"),\"\",$I317*N(INDEX(Fertilisants!$H$6:$H$45,$X317)))","v":""},{"$f":"IF(OR($I317=\"\",$X317=\"\"),\"\",$I317*N(INDEX(Fertilisants!$I$6:$I$45,$X317)))","v":""},"",{"$nulls":3},"",null,null,{"$f":"IF($C317=\"\",\"\",IFERROR(MATCH($C317,Îlots!$C$6:$C$65,0),\"\"))","v":""},{"$f":"IF($F317=\"\",\"\",IFERROR(MATCH($F317,Fertilisants!$A$6:$A$45,0),\"\"))","v":""},{"$f":"IF($W317=\"\",\"\",INDEX(Îlots!$D$6:$D$65,$W317))","v":""},{"$f":"IF($W317=\"\",\"\",INDEX(Îlots!$F$6:$F$65,$W317))","v":""},{"$f":"IF($W317=\"\",\"\",IF($E317=ApportCouvert,OccCouvert,INDEX(Îlots!$O$6:$O$65,$W317)))","v":""},{"$f":"IF(OR($AA317=\"\",$G317=\"\",$Z317=\"Non\"),\"\",IFERROR(MATCH($AA317&\" | \"&$G317,Paramètres!$I$7:$I$41,0),\"\"))","v":""},"",{"$f":"IF(OR($AB317=\"\",$AC317=\"\"),0,IF(OR(AND(INDEX(Paramètres!$J$7:$J$41,$AB317)>0,IF(INDEX(Paramètres!$J$7:$J$41,$AB317)<=INDEX(Paramètres!$K$7:$K$41,$AB317),AND($AC317>=INDEX(Paramètres!$J$7:$J$41,$AB317),$AC317<=INDEX(Paramètres!$K$7:$K$41,$AB317)),OR($AC317>=INDEX(Paramètres!$J$7:$J$41,$AB317),$AC317<=INDEX(Paramètres!$K$7:$K$41,$AB317)))),AND(INDEX(Paramètres!$L$7:$L$41,$AB317)>0,IF(INDEX(Paramètres!$L$7:$L$41,$AB317)<=INDEX(Paramètres!$M$7:$M$41,$AB317),AND($AC317>=INDEX(Paramètres!$L$7:$L$41,$AB317),$AC317<=INDEX(Paramètres!$M$7:$M$41,$AB317)),OR($AC317>=INDEX(Paramètres!$L$7:$L$41,$AB317),$AC317<=INDEX(Paramètres!$M$7:$M$41,$AB317))))),1,0))","v":0},{"$f":"IF($X317=\"\",0,IF(INDEX(Fertilisants!$C$6:$C$45,$X317)=\"Oui\",1,0))","v":0},"","","",""]
[{"$f":"IF(B318=\"\",\"\",COUNT($B$6:B318))","v":""},null,null,{"$f":"IF($W318=\"\",\"\",INDEX(Îlots!$N$6:$N$65,$W318))","v":""},null,null,{"$f":"IF($X318=\"\",\"\",INDEX(Fertilisants!$B$6:$B$45,$X318))","v":""},null,null,{"$f":"IF($X318=\"\",\"\",INDEX(Fertilisants!$D$6:$D$45,$X318))","v":""},"",{"$f":"IF(OR($I318=\"\",$X318=\"\"),\"\",$I318*N(INDEX(Fertilisants!$E$6:$E$45,$X318)))","v":""},{"$f":"IF(OR($I318=\"\",$X318=\"\"),\"\",$I318*N(INDEX(Fertilisants!$G$6:$G$45,$X318)))","v":""},{"$f":"IF(OR($I318=\"\",$X318=\"\"),\"\",$I318*N(INDEX(Fertilisants!$H$6:$H$45,$X318)))","v":""},{"$f":"IF(OR($I318=\"\",$X318=\"\"),\"\",$I318*N(INDEX(Fertilisants!$I$6:$I$45,$X318)))","v":""},"",{"$nulls":3},"",null,null,{"$f":"IF($C318=\"\",\"\",IFERROR(MATCH($C318,Îlots!$C$6:$C$65,0),\"\"))","v":""},{"$f":"IF($F318=\"\",\"\",IFERROR(MATCH($F318,Fertilisants!$A$6:$A$45,0),\"\"))","v":""},{"$f":"IF($W318=\"\",\"\",INDEX(Îlots!$D$6:$D$65,$W318))","v":""},{"$f":"IF($W318=\"\",\"\",INDEX(Îlots!$F$6:$F$65,$W318))","v":""},{"$f":"IF($W318=\"\",\"\",IF($E318=ApportCouvert,OccCouvert,INDEX(Îlots!$O$6:$O$65,$W318)))","v":""},{"$f":"IF(OR($AA318=\"\",$G318=\"\",$Z318=\"Non\"),\"\",IFERROR(MATCH($AA318&\" | \"&$G318,Paramètres!$I$7:$I$41,0),\"\"))","v":""},"",{"$f":"IF(OR($AB318=\"\",$AC318=\"\"),0,IF(OR(AND(INDEX(Paramètres!$J$7:$J$41,$AB318)>0,IF(INDEX(Paramètres!$J$7:$J$41,$AB318)<=INDEX(Paramètres!$K$7:$K$41,$AB318),AND($AC318>=INDEX(Paramètres!$J$7:$J$41,$AB318),$AC318<=INDEX(Paramètres!$K$7:$K$41,$AB318)),OR($AC318>=INDEX(Paramètres!$J$7:$J$41,$AB318),$AC318<=INDEX(Paramètres!$K$7:$K$41,$AB318)))),AND(INDEX(Paramètres!$L$7:$L$41,$AB318)>0,IF(INDEX(Paramètres!$L$7:$L$41,$AB318)<=INDEX(Paramètres!$M$7:$M$41,$AB318),AND($AC318>=INDEX(Paramètres!$L$7:$L$41,$AB318),$AC318<=INDEX(Paramètres!$M$7:$M$41,$AB318)),OR($AC318>=INDEX(Paramètres!$L$7:$L$41,$AB318),$AC318<=INDEX(Paramètres!$M$7:$M$41,$AB318))))),1,0))","v":0},{"$f":"IF($X318=\"\",0,IF(INDEX(Fertilisants!$C$6:$C$45,$X318)=\"Oui\",1,0))","v":0},"","","",""]
[{"$f":"IF(B319=\"\",\"\",COUNT($B$6:B319))","v":""},null,null,{"$f":"IF($W319=\"\",\"\",INDEX(Îlots!$N$6:$N$65,$W319))","v":""},null,null,{"$f":"IF($X319=\"\",\"\",INDEX(Fertilisants!$B$6:$B$45,$X319))","v":""},null,null,{"$f":"IF($X319=\"\",\"\",INDEX(Fertilisants!$D$6:$D$45,$X319))","v":""},"",{"$f":"IF(OR($I319=\"\",$X319=\"\"),\"\",$I319*N(INDEX(Fertilisants!$E$6:$E$45,$X319)))","v":""},{"$f":"IF(OR($I319=\"\",$X319=\"\"),\"\",$I319*N(INDEX(Fertilisants!$G$6:$G$45,$X319)))","v":""},{"$f":"IF(OR($I319=\"\",$X319=\"\"),\"\",$I319*N(INDEX(Fertilisants!$H$6:$H$45,$X319)))","v":""},{"$f":"IF(OR($I319=\"\",$X319=\"\"),\"\",$I319*N(INDEX(Fertilisants!$I$6:$I$45,$X319)))","v":""},"",{"$nulls":3},"",null,null,{"$f":"IF($C319=\"\",\"\",IFERROR(MATCH($C319,Îlots!$C$6:$C$65,0),\"\"))","v":""},{"$f":"IF($F319=\"\",\"\",IFERROR(MATCH($F319,Fertilisants!$A$6:$A$45,0),\"\"))","v":""},{"$f":"IF($W319=\"\",\"\",INDEX(Îlots!$D$6:$D$65,$W319))","v":""},{"$f":"IF($W319=\"\",\"\",INDEX(Îlots!$F$6:$F$65,$W319))","v":""},{"$f":"IF($W319=\"\",\"\",IF($E319=ApportCouvert,OccCouvert,INDEX(Îlots!$O$6:$O$65,$W319)))","v":""},{"$f":"IF(OR($AA319=\"\",$G319=\"\",$Z319=\"Non\"),\"\",IFERROR(MATCH($AA319&\" | \"&$G319,Paramètres!$I$7:$I$41,0),\"\"))","v":""},"",{"$f":"IF(OR($AB319=\"\",$AC319=\"\"),0,IF(OR(AND(INDEX(Paramètres!$J$7:$J$41,$AB319)>0,IF(INDEX(Paramètres!$J$7:$J$41,$AB319)<=INDEX(Paramètres!$K$7:$K$41,$AB319),AND($AC319>=INDEX(Paramètres!$J$7:$J$41,$AB319),$AC319<=INDEX(Paramètres!$K$7:$K$41,$AB319)),OR($AC319>=INDEX(Paramètres!$J$7:$J$41,$AB319),$AC319<=INDEX(Paramètres!$K$7:$K$41,$AB319)))),AND(INDEX(Paramètres!$L$7:$L$41,$AB319)>0,IF(INDEX(Paramètres!$L$7:$L$41,$AB319)<=INDEX(Paramètres!$M$7:$M$41,$AB319),AND($AC319>=INDEX(Paramètres!$L$7:$L$41,$AB319),$AC319<=INDEX(Paramètres!$M$7:$M$41,$AB319)),OR($AC319>=INDEX(Paramètres!$L$7:$L$41,$AB319),$AC319<=INDEX(Paramètres!$M$7:$M$41,$AB319))))),1,0))","v":0},{"$f":"IF($X319=\"\",0,IF(INDEX(Fertilisants!$C$6:$C$45,$X319)=\"Oui\",1,0))","v":0},"","","",""]
[{"$f":"IF(B320=\"\",\"\",COUNT($B$6:B320))","v":""},null,null,{"$f":"IF($W320=\"\",\"\",INDEX(Îlots!$N$6:$N$65,$W320))","v":""},null,null,{"$f":"IF($X320=\"\",\"\",INDEX(Fertilisants!$B$6:$B$45,$X320))","v":""},null,null,{"$f":"IF($X320=\"\",\"\",INDEX(Fertilisants!$D$6:$D$45,$X320))","v":""},"",{"$f":"IF(OR($I320=\"\",$X320=\"\"),\"\",$I320*N(INDEX(Fertilisants!$E$6:$E$45,$X320)))","v":""},{"$f":"IF(OR($I320=\"\",$X320=\"\"),\"\",$I320*N(INDEX(Fertilisants!$G$6:$G$45,$X320)))","v":""},{"$f":"IF(OR($I320=\"\",$X320=\"\"),\"\",$I320*N(INDEX(Fertilisants!$H$6:$H$45,$X320)))","v":""},{"$f":"IF(OR($I320=\"\",$X320=\"\"),\"\",$I320*N(INDEX(Fertilisants!$I$6:$I$45,$X320)))","v":""},"",{"$nulls":3},"",null,null,{"$f":"IF($C320=\"\",\"\",IFERROR(MATCH($C320,Îlots!$C$6:$C$65,0),\"\"))","v":""},{"$f":"IF($F320=\"\",\"\",IFERROR(MATCH($F320,Fertilisants!$A$6:$A$45,0),\"\"))","v":""},{"$f":"IF($W320=\"\",\"\",INDEX(Îlots!$D$6:$D$65,$W320))","v":""},{"$f":"IF($W320=\"\",\"\",INDEX(Îlots!$F$6:$F$65,$W320))","v":""},{"$f":"IF($W320=\"\",\"\",IF($E320=ApportCouvert,OccCouvert,INDEX(Îlots!$O$6:$O$65,$W320)))","v":""},{"$f":"IF(OR($AA320=\"\",$G320=\"\",$Z320=\"Non\"),\"\",IFERROR(MATCH($AA320&\" | \"&$G320,Paramètres!$I$7:$I$41,0),\"\"))","v":""},"",{"$f":"IF(OR($AB320=\"\",$AC320=\"\"),0,IF(OR(AND(INDEX(Paramètres!$J$7:$J$41,$AB320)>0,IF(INDEX(Paramètres!$J$7:$J$41,$AB320)<=INDEX(Paramètres!$K$7:$K$41,$AB320),AND($AC320>=INDEX(Paramètres!$J$7:$J$41,$AB320),$AC320<=INDEX(Paramètres!$K$7:$K$41,$AB320)),OR($AC320>=INDEX(Paramètres!$J$7:$J$41,$AB320),$AC320<=INDEX(Paramètres!$K$7:$K$41,$AB320)))),AND(INDEX(Paramètres!$L$7:$L$41,$AB320)>0,IF(INDEX(Paramètres!$L$7:$L$41,$AB320)<=INDEX(Paramètres!$M$7:$M$41,$AB320),AND($AC320>=INDEX(Paramètres!$L$7:$L$41,$AB320),$AC320<=INDEX(Paramètres!$M$7:$M$41,$AB320)),OR($AC320>=INDEX(Paramètres!$L$7:$L$41,$AB320),$AC320<=INDEX(Paramètres!$M$7:$M$41,$AB320))))),1,0))","v":0},{"$f":"IF($X320=\"\",0,IF(INDEX(Fertilisants!$C$6:$C$45,$X320)=\"Oui\",1,0))","v":0},"","","",""]
[{"$f":"IF(B321=\"\",\"\",COUNT($B$6:B321))","v":""},null,null,{"$f":"IF($W321=\"\",\"\",INDEX(Îlots!$N$6:$N$65,$W321))","v":""},null,null,{"$f":"IF($X321=\"\",\"\",INDEX(Fertilisants!$B$6:$B$45,$X321))","v":""},null,null,{"$f":"IF($X321=\"\",\"\",INDEX(Fertilisants!$D$6:$D$45,$X321))","v":""},"",{"$f":"IF(OR($I321=\"\",$X321=\"\"),\"\",$I321*N(INDEX(Fertilisants!$E$6:$E$45,$X321)))","v":""},{"$f":"IF(OR($I321=\"\",$X321=\"\"),\"\",$I321*N(INDEX(Fertilisants!$G$6:$G$45,$X321)))","v":""},{"$f":"IF(OR($I321=\"\",$X321=\"\"),\"\",$I321*N(INDEX(Fertilisants!$H$6:$H$45,$X321)))","v":""},{"$f":"IF(OR($I321=\"\",$X321=\"\"),\"\",$I321*N(INDEX(Fertilisants!$I$6:$I$45,$X321)))","v":""},"",{"$nulls":3},"",null,null,{"$f":"IF($C321=\"\",\"\",IFERROR(MATCH($C321,Îlots!$C$6:$C$65,0),\"\"))","v":""},{"$f":"IF($F321=\"\",\"\",IFERROR(MATCH($F321,Fertilisants!$A$6:$A$45,0),\"\"))","v":""},{"$f":"IF($W321=\"\",\"\",INDEX(Îlots!$D$6:$D$65,$W321))","v":""},{"$f":"IF($W321=\"\",\"\",INDEX(Îlots!$F$6:$F$65,$W321))","v":""},{"$f":"IF($W321=\"\",\"\",IF($E321=ApportCouvert,OccCouvert,INDEX(Îlots!$O$6:$O$65,$W321)))","v":""},{"$f":"IF(OR($AA321=\"\",$G321=\"\",$Z321=\"Non\"),\"\",IFERROR(MATCH($AA321&\" | \"&$G321,Paramètres!$I$7:$I$41,0),\"\"))","v":""},"",{"$f":"IF(OR($AB321=\"\",$AC321=\"\"),0,IF(OR(AND(INDEX(Paramètres!$J$7:$J$41,$AB321)>0,IF(INDEX(Paramètres!$J$7:$J$41,$AB321)<=INDEX(Paramètres!$K$7:$K$41,$AB321),AND($AC321>=INDEX(Paramètres!$J$7:$J$41,$AB321),$AC321<=INDEX(Paramètres!$K$7:$K$41,$AB321)),OR($AC321>=INDEX(Paramètres!$J$7:$J$41,$AB321),$AC321<=INDEX(Paramètres!$K$7:$K$41,$AB321)))),AND(INDEX(Paramètres!$L$7:$L$41,$AB321)>0,IF(INDEX(Paramètres!$L$7:$L$41,$AB321)<=INDEX(Paramètres!$M$7:$M$41,$AB321),AND($AC321>=INDEX(Paramètres!$L$7:$L$41,$AB321),$AC321<=INDEX(Paramètres!$M$7:$M$41,$AB321)),OR($AC321>=INDEX(Paramètres!$L$7:$L$41,$AB321),$AC321<=INDEX(Paramètres!$M$7:$M$41,$AB321))))),1,0))","v":0},{"$f":"IF($X321=\"\",0,IF(INDEX(Fertilisants!$C$6:$C$45,$X321)=\"Oui\",1,0))","v":0},"","","",""]
[{"$f":"IF(B322=\"\",\"\",COUNT($B$6:B322))","v":""},null,null,{"$f":"IF($W322=\"\",\"\",INDEX(Îlots!$N$6:$N$65,$W322))","v":""},null,null,{"$f":"IF($X322=\"\",\"\",INDEX(Fertilisants!$B$6:$B$45,$X322))","v":""},null,null,{"$f":"IF($X322=\"\",\"\",INDEX(Fertilisants!$D$6:$D$45,$X322))","v":""},"",{"$f":"IF(OR($I322=\"\",$X322=\"\"),\"\",$I322*N(INDEX(Fertilisants!$E$6:$E$45,$X322)))","v":""},{"$f":"IF(OR($I322=\"\",$X322=\"\"),\"\",$I322*N(INDEX(Fertilisants!$G$6:$G$45,$X322)))","v":""},{"$f":"IF(OR($I322=\"\",$X322=\"\"),\"\",$I322*N(INDEX(Fertilisants!$H$6:$H$45,$X322)))","v":""},{"$f":"IF(OR($I322=\"\",$X322=\"\"),\"\",$I322*N(INDEX(Fertilisants!$I$6:$I$45,$X322)))","v":""},"",{"$nulls":3},"",null,null,{"$f":"IF($C322=\"\",\"\",IFERROR(MATCH($C322,Îlots!$C$6:$C$65,0),\"\"))","v":""},{"$f":"IF($F322=\"\",\"\",IFERROR(MATCH($F322,Fertilisants!$A$6:$A$45,0),\"\"))","v":""},{"$f":"IF($W322=\"\",\"\",INDEX(Îlots!$D$6:$D$65,$W322))","v":""},{"$f":"IF($W322=\"\",\"\",INDEX(Îlots!$F$6:$F$65,$W322))","v":""},{"$f":"IF($W322=\"\",\"\",IF($E322=ApportCouvert,OccCouvert,INDEX(Îlots!$O$6:$O$65,$W322)))","v":""},{"$f":"IF(OR($AA322=\"\",$G322=\"\",$Z322=\"Non\"),\"\",IFERROR(MATCH($AA322&\" | \"&$G322,Paramètres!$I$7:$I$41,0),\"\"))","v":""},"",{"$f":"IF(OR($AB322=\"\",$AC322=\"\"),0,IF(OR(AND(INDEX(Paramètres!$J$7:$J$41,$AB322)>0,IF(INDEX(Paramètres!$J$7:$J$41,$AB322)<=INDEX(Paramètres!$K$7:$K$41,$AB322),AND($AC322>=INDEX(Paramètres!$J$7:$J$41,$AB322),$AC322<=INDEX(Paramètres!$K$7:$K$41,$AB322)),OR($AC322>=INDEX(Paramètres!$J$7:$J$41,$AB322),$AC322<=INDEX(Paramètres!$K$7:$K$41,$AB322)))),AND(INDEX(Paramètres!$L$7:$L$41,$AB322)>0,IF(INDEX(Paramètres!$L$7:$L$41,$AB322)<=INDEX(Paramètres!$M$7:$M$41,$AB322),AND($AC322>=INDEX(Paramètres!$L$7:$L$41,$AB322),$AC322<=INDEX(Paramètres!$M$7:$M$41,$AB322)),OR($AC322>=INDEX(Paramètres!$L$7:$L$41,$AB322),$AC322<=INDEX(Paramètres!$M$7:$M$41,$AB322))))),1,0))","v":0},{"$f":"IF($X322=\"\",0,IF(INDEX(Fertilisants!$C$6:$C$45,$X322)=\"Oui\",1,0))","v":0},"","","",""]
[{"$f":"IF(B323=\"\",\"\",COUNT($B$6:B323))","v":""},null,null,{"$f":"IF($W323=\"\",\"\",INDEX(Îlots!$N$6:$N$65,$W323))","v":""},null,null,{"$f":"IF($X323=\"\",\"\",INDEX(Fertilisants!$B$6:$B$45,$X323))","v":""},null,null,{"$f":"IF($X323=\"\",\"\",INDEX(Fertilisants!$D$6:$D$45,$X323))","v":""},"",{"$f":"IF(OR($I323=\"\",$X323=\"\"),\"\",$I323*N(INDEX(Fertilisants!$E$6:$E$45,$X323)))","v":""},{"$f":"IF(OR($I323=\"\",$X323=\"\"),\"\",$I323*N(INDEX(Fertilisants!$G$6:$G$45,$X323)))","v":""},{"$f":"IF(OR($I323=\"\",$X323=\"\"),\"\",$I323*N(INDEX(Fertilisants!$H$6:$H$45,$X323)))","v":""},{"$f":"IF(OR($I323=\"\",$X323=\"\"),\"\",$I323*N(INDEX(Fertilisants!$I$6:$I$45,$X323)))","v":""},"",{"$nulls":3},"",null,null,{"$f":"IF($C323=\"\",\"\",IFERROR(MATCH($C323,Îlots!$C$6:$C$65,0),\"\"))","v":""},{"$f":"IF($F323=\"\",\"\",IFERROR(MATCH($F323,Fertilisants!$A$6:$A$45,0),\"\"))","v":""},{"$f":"IF($W323=\"\",\"\",INDEX(Îlots!$D$6:$D$65,$W323))","v":""},{"$f":"IF($W323=\"\",\"\",INDEX(Îlots!$F$6:$F$65,$W323))","v":""},{"$f":"IF($W323=\"\",\"\",IF($E323=ApportCouvert,OccCouvert,INDEX(Îlots!$O$6:$O$65,$W323)))","v":""},{"$f":"IF(OR($AA323=\"\",$G323=\"\",$Z323=\"Non\"),\"\",IFERROR(MATCH($AA323&\" | \"&$G323,Paramètres!$I$7:$I$41,0),\"\"))","v":""},"",{"$f":"IF(OR($AB323=\"\",$AC323=\"\"),0,IF(OR(AND(INDEX(Paramètres!$J$7:$J$41,$AB323)>0,IF(INDEX(Paramètres!$J$7:$J$41,$AB323)<=INDEX(Paramètres!$K$7:$K$41,$AB323),AND($AC323>=INDEX(Paramètres!$J$7:$J$41,$AB323),$AC323<=INDEX(Paramètres!$K$7:$K$41,$AB323)),OR($AC323>=INDEX(Paramètres!$J$7:$J$41,$AB323),$AC323<=INDEX(Paramètres!$K$7:$K$41,$AB323)))),AND(INDEX(Paramètres!$L$7:$L$41,$AB323)>0,IF(INDEX(Paramètres!$L$7:$L$41,$AB323)<=INDEX(Paramètres!$M$7:$M$41,$AB323),AND($AC323>=INDEX(Paramètres!$L$7:$L$41,$AB323),$AC323<=INDEX(Paramètres!$M$7:$M$41,$AB323)),OR($AC323>=INDEX(Paramètres!$L$7:$L$41,$AB323),$AC323<=INDEX(Paramètres!$M$7:$M$41,$AB323))))),1,0))","v":0},{"$f":"IF($X323=\"\",0,IF(INDEX(Fertilisants!$C$6:$C$45,$X323)=\"Oui\",1,0))","v":0},"","","",""]
[{"$f":"IF(B324=\"\",\"\",COUNT($B$6:B324))","v":""},null,null,{"$f":"IF($W324=\"\",\"\",INDEX(Îlots!$N$6:$N$65,$W324))","v":""},null,null,{"$f":"IF($X324=\"\",\"\",INDEX(Fertilisants!$B$6:$B$45,$X324))","v":""},null,null,{"$f":"IF($X324=\"\",\"\",INDEX(Fertilisants!$D$6:$D$45,$X324))","v":""},"",{"$f":"IF(OR($I324=\"\",$X324=\"\"),\"\",$I324*N(INDEX(Fertilisants!$E$6:$E$45,$X324)))","v":""},{"$f":"IF(OR($I324=\"\",$X324=\"\"),\"\",$I324*N(INDEX(Fertilisants!$G$6:$G$45,$X324)))","v":""},{"$f":"IF(OR($I324=\"\",$X324=\"\"),\"\",$I324*N(INDEX(Fertilisants!$H$6:$H$45,$X324)))","v":""},{"$f":"IF(OR($I324=\"\",$X324=\"\"),\"\",$I324*N(INDEX(Fertilisants!$I$6:$I$45,$X324)))","v":""},"",{"$nulls":3},"",null,null,{"$f":"IF($C324=\"\",\"\",IFERROR(MATCH($C324,Îlots!$C$6:$C$65,0),\"\"))","v":""},{"$f":"IF($F324=\"\",\"\",IFERROR(MATCH($F324,Fertilisants!$A$6:$A$45,0),\"\"))","v":""},{"$f":"IF($W324=\"\",\"\",INDEX(Îlots!$D$6:$D$65,$W324))","v":""},{"$f":"IF($W324=\"\",\"\",INDEX(Îlots!$F$6:$F$65,$W324))","v":""},{"$f":"IF($W324=\"\",\"\",IF($E324=ApportCouvert,OccCouvert,INDEX(Îlots!$O$6:$O$65,$W324)))","v":""},{"$f":"IF(OR($AA324=\"\",$G324=\"\",$Z324=\"Non\"),\"\",IFERROR(MATCH($AA324&\" | \"&$G324,Paramètres!$I$7:$I$41,0),\"\"))","v":""},"",{"$f":"IF(OR($AB324=\"\",$AC324=\"\"),0,IF(OR(AND(INDEX(Paramètres!$J$7:$J$41,$AB324)>0,IF(INDEX(Paramètres!$J$7:$J$41,$AB324)<=INDEX(Paramètres!$K$7:$K$41,$AB324),AND($AC324>=INDEX(Paramètres!$J$7:$J$41,$AB324),$AC324<=INDEX(Paramètres!$K$7:$K$41,$AB324)),OR($AC324>=INDEX(Paramètres!$J$7:$J$41,$AB324),$AC324<=INDEX(Paramètres!$K$7:$K$41,$AB324)))),AND(INDEX(Paramètres!$L$7:$L$41,$AB324)>0,IF(INDEX(Paramètres!$L$7:$L$41,$AB324)<=INDEX(Paramètres!$M$7:$M$41,$AB324),AND($AC324>=INDEX(Paramètres!$L$7:$L$41,$AB324),$AC324<=INDEX(Paramètres!$M$7:$M$41,$AB324)),OR($AC324>=INDEX(Paramètres!$L$7:$L$41,$AB324),$AC324<=INDEX(Paramètres!$M$7:$M$41,$AB324))))),1,0))","v":0},{"$f":"IF($X324=\"\",0,IF(INDEX(Fertilisants!$C$6:$C$45,$X324)=\"Oui\",1,0))","v":0},"","","",""]
[{"$f":"IF(B325=\"\",\"\",COUNT($B$6:B325))","v":""},null,null,{"$f":"IF($W325=\"\",\"\",INDEX(Îlots!$N$6:$N$65,$W325))","v":""},null,null,{"$f":"IF($X325=\"\",\"\",INDEX(Fertilisants!$B$6:$B$45,$X325))","v":""},null,null,{"$f":"IF($X325=\"\",\"\",INDEX(Fertilisants!$D$6:$D$45,$X325))","v":""},"",{"$f":"IF(OR($I325=\"\",$X325=\"\"),\"\",$I325*N(INDEX(Fertilisants!$E$6:$E$45,$X325)))","v":""},{"$f":"IF(OR($I325=\"\",$X325=\"\"),\"\",$I325*N(INDEX(Fertilisants!$G$6:$G$45,$X325)))","v":""},{"$f":"IF(OR($I325=\"\",$X325=\"\"),\"\",$I325*N(INDEX(Fertilisants!$H$6:$H$45,$X325)))","v":""},{"$f":"IF(OR($I325=\"\",$X325=\"\"),\"\",$I325*N(INDEX(Fertilisants!$I$6:$I$45,$X325)))","v":""},"",{"$nulls":3},"",null,null,{"$f":"IF($C325=\"\",\"\",IFERROR(MATCH($C325,Îlots!$C$6:$C$65,0),\"\"))","v":""},{"$f":"IF($F325=\"\",\"\",IFERROR(MATCH($F325,Fertilisants!$A$6:$A$45,0),\"\"))","v":""},{"$f":"IF($W325=\"\",\"\",INDEX(Îlots!$D$6:$D$65,$W325))","v":""},{"$f":"IF($W325=\"\",\"\",INDEX(Îlots!$F$6:$F$65,$W325))","v":""},{"$f":"IF($W325=\"\",\"\",IF($E325=ApportCouvert,OccCouvert,INDEX(Îlots!$O$6:$O$65,$W325)))","v":""},{"$f":"IF(OR($AA325=\"\",$G325=\"\",$Z325=\"Non\"),\"\",IFERROR(MATCH($AA325&\" | \"&$G325,Paramètres!$I$7:$I$41,0),\"\"))","v":""},"",{"$f":"IF(OR($AB325=\"\",$AC325=\"\"),0,IF(OR(AND(INDEX(Paramètres!$J$7:$J$41,$AB325)>0,IF(INDEX(Paramètres!$J$7:$J$41,$AB325)<=INDEX(Paramètres!$K$7:$K$41,$AB325),AND($AC325>=INDEX(Paramètres!$J$7:$J$41,$AB325),$AC325<=INDEX(Paramètres!$K$7:$K$41,$AB325)),OR($AC325>=INDEX(Paramètres!$J$7:$J$41,$AB325),$AC325<=INDEX(Paramètres!$K$7:$K$41,$AB325)))),AND(INDEX(Paramètres!$L$7:$L$41,$AB325)>0,IF(INDEX(Paramètres!$L$7:$L$41,$AB325)<=INDEX(Paramètres!$M$7:$M$41,$AB325),AND($AC325>=INDEX(Paramètres!$L$7:$L$41,$AB325),$AC325<=INDEX(Paramètres!$M$7:$M$41,$AB325)),OR($AC325>=INDEX(Paramètres!$L$7:$L$41,$AB325),$AC325<=INDEX(Paramètres!$M$7:$M$41,$AB325))))),1,0))","v":0},{"$f":"IF($X325=\"\",0,IF(INDEX(Fertilisants!$C$6:$C$45,$X325)=\"Oui\",1,0))","v":0},"","","",""]
[{"$f":"IF(B326=\"\",\"\",COUNT($B$6:B326))","v":""},null,null,{"$f":"IF($W326=\"\",\"\",INDEX(Îlots!$N$6:$N$65,$W326))","v":""},null,null,{"$f":"IF($X326=\"\",\"\",INDEX(Fertilisants!$B$6:$B$45,$X326))","v":""},null,null,{"$f":"IF($X326=\"\",\"\",INDEX(Fertilisants!$D$6:$D$45,$X326))","v":""},{"$f":"IF(OR($H326=\"\",$I326=\"\"),\"\",$H326*$I326)","v":""},{"$f":"IF(OR($I326=\"\",$X326=\"\"),\"\",$I326*N(INDEX(Fertilisants!$E$6:$E$45,$X326)))","v":""},{"$f":"IF(OR($I326=\"\",$X326=\"\"),\"\",$I326*N(INDEX(Fertilisants!$G$6:$G$45,$X326)))","v":""},{"$f":"IF(OR($I326=\"\",$X326=\"\"),\"\",$I326*N(INDEX(Fertilisants!$H$6:$H$45,$X326)))","v":""},{"$f":"IF(OR($I326=\"\",$X326=\"\"),\"\",$I326*N(INDEX(Fertilisants!$I$6:$I$45,$X326)))","v":""},{"$f":"IF(OR($H326=\"\",$L326=\"\"),\"\",$H326*$L326)","v":""},{"$nulls":3},{"$f":"IF($B326=\"\",\"\",IF(OR($C326=\"\",$F326=\"\",$H326=\"\",$I326=\"\"),\"À compléter\",IF(OR($Q326=\"Enneigé\",$Q326=\"Détrempé\",$Q326=\"Inondé\",AND($Q326=\"Gelé\",$G326<>\"Type 0\",$G326<>\"Type Ia\")),\"Sol interdit\",IF($AD326=1,\"Période d'interdiction\",IF(AND(ISNUMBER($Y326),ISNUMBER($H326),$H326>$Y326+0.001),\"Surface > îlot\",IF(OR($B326<DebutCampagne,$B326>FinCampagne),\"Hors campagne\",\"Conforme\"))))))","v":""},null,null,{"$f":"IF($C326=\"\",\"\",IFERROR(MATCH($C326,Îlots!$C$6:$C$65,0),\"\"))","v":""},{"$f":"IF($F326=\"\",\"\",IFERROR(MATCH($F326,Fertilisants!$A$6:$A$45,0),\"\"))","v":""},{"$f":"IF($W326=\"\",\"\",INDEX(Îlots!$D$6:$D$65,$W326))","v":""},{"$f":"IF($W326=\"\",\"\",INDEX(Îlots!$F$6:$F$65,$W326))","v":""},{"$f":"IF($W326=\"\",\"\",IF($E326=ApportCouvert,OccCouvert,INDEX(Îlots!$O$6:$O$65,$W326)))","v":""},{"$f":"IF(OR($AA326=\"\",$G326=\"\",$Z326=\"Non\"),\"\",IFERROR(MATCH($AA326&\" | \"&$G326,Paramètres!$I$7:$I$41,0),\"\"))","v":""},{"$f":"IF($B326=\"\",\"\",MONTH($B326)*100+DAY($B326))","v":""},{"$f":"IF(OR($AB326=\"\",$AC326=\"\"),0,IF(OR(AND(INDEX(Paramètres!$J$7:$J$41,$AB326)>0,IF(INDEX(Paramètres!$J$7:$J$41,$AB326)<=INDEX(Paramètres!$K$7:$K$41,$AB326),AND($AC326>=INDEX(Paramètres!$J$7:$J$41,$AB326),$AC326<=INDEX(Paramètres!$K$7:$K$41,$AB326)),OR($AC326>=INDEX(Paramètres!$J$7:$J$41,$AB326),$AC326<=INDEX(Paramètres!$K$7:$K$41,$AB326)))),AND(INDEX(Paramètres!$L$7:$L$41,$AB326)>0,IF(INDEX(Paramètres!$L$7:$L$41,$AB326)<=INDEX(Paramètres!$M$7:$M$41,$AB326),AND($AC326>=INDEX(Paramètres!$L$7:$L$41,$AB326),$AC326<=INDEX(Paramètres!$M$7:$M$41,$AB326)),OR($AC326>=INDEX(Paramètres!$L$7:$L$41,$AB326),$AC326<=INDEX(Paramètres!$M$7:$M$41,$AB326))))),1,0))","v":0},{"$f":"IF($X326=\"\",0,IF(INDEX(Fertilisants!$C$6:$C$45,$X326)=\"Oui\",1,0))","v":0},{"$f":"IF($G326=\"\",\"\",IF($G326=\"Type III\",\"Minéral\",\"Organique\"))","v":""},{"$f":"IF(OR($H326=\"\",$M326=\"\"),\"\",$H326*$M326)","v":""},{"$f":"IF(OR($H326=\"\",$N326=\"\"),\"\",$H326*$N326)","v":""},{"$f":"IF(OR($H326=\"\",$O326=\"\"),\"\",$H326*$O326)","v":""}]
[{"$f":"IF(B327=\"\",\"\",COUNT($B$6:B327))","v":""},null,null,{"$f":"IF($W327=\"\",\"\",INDEX(Îlots!$N$6:$N$65,$W327))","v":""},null,null,{"$f":"IF($X327=\"\",\"\",INDEX(Fertilisants!$B$6:$B$45,$X327))","v":""},null,null,{"$f":"IF($X327=\"\",\"\",INDEX(Fertilisants!$D$6:$D$45,$X327))","v":""},"",{"$f":"IF(OR($I327=\"\",$X327=\"\"),\"\",$I327*N(INDEX(Fertilisants!$E$6:$E$45,$X327)))","v":""},{"$f":"IF(OR($I327=\"\",$X327=\"\"),\"\",$I327*N(INDEX(Fertilisants!$G$6:$G$45,$X327)))","v":""},{"$f":"IF(OR($I327=\"\",$X327=\"\"),\"\",$I327*N(INDEX(Fertilisants!$H$6:$H$45,$X327)))","v":""},{"$f":"IF(OR($I327=\"\",$X327=\"\"),\"\",$I327*N(INDEX(Fertilisants!$I$6:$I$45,$X327)))","v":""},"",{"$nulls":3},"",null,null,{"$f":"IF($C327=\"\",\"\",IFERROR(MATCH($C327,Îlots!$C$6:$C$65,0),\"\"))","v":""},{"$f":"IF($F327=\"\",\"\",IFERROR(MATCH($F327,Fertilisants!$A$6:$A$45,0),\"\"))","v":""},{"$f":"IF($W327=\"\",\"\",INDEX(Îlots!$D$6:$D$65,$W327))","v":""},{"$f":"IF($W327=\"\",\"\",INDEX(Îlots!$F$6:$F$65,$W327))","v":""},{"$f":"IF($W327=\"\",\"\",IF($E327=ApportCouvert,OccCouvert,INDEX(Îlots!$O$6:$O$65,$W327)))","v":""},{"$f":"IF(OR($AA327=\"\",$G327=\"\",$Z327=\"Non\"),\"\",IFERROR(MATCH($AA327&\" | \"&$G327,Paramètres!$I$7:$I$41,0),\"\"))","v":""},"",{"$f":"IF(OR($AB327=\"\",$AC327=\"\"),0,IF(OR(AND(INDEX(Paramètres!$J$7:$J$41,$AB327)>0,IF(INDEX(Paramètres!$J$7:$J$41,$AB327)<=INDEX(Paramètres!$K$7:$K$41,$AB327),AND($AC327>=INDEX(Paramètres!$J$7:$J$41,$AB327),$AC327<=INDEX(Paramètres!$K$7:$K$41,$AB327)),OR($AC327>=INDEX(Paramètres!$J$7:$J$41,$AB327),$AC327<=INDEX(Paramètres!$K$7:$K$41,$AB327)))),AND(INDEX(Paramètres!$L$7:$L$41,$AB327)>0,IF(INDEX(Paramètres!$L$7:$L$41,$AB327)<=INDEX(Paramètres!$M$7:$M$41,$AB327),AND($AC327>=INDEX(Paramètres!$L$7:$L$41,$AB327),$AC327<=INDEX(Paramètres!$M$7:$M$41,$AB327)),OR($AC327>=INDEX(Paramètres!$L$7:$L$41,$AB327),$AC327<=INDEX(Paramètres!$M$7:$M$41,$AB327))))),1,0))","v":0},{"$f":"IF($X327=\"\",0,IF(INDEX(Fertilisants!$C$6:$C$45,$X327)=\"Oui\",1,0))","v":0},"","","",""]
[{"$f":"IF(B328=\"\",\"\",COUNT($B$6:B328))","v":""},null,null,{"$f":"IF($W328=\"\",\"\",INDEX(Îlots!$N$6:$N$65,$W328))","v":""},null,null,{"$f":"IF($X328=\"\",\"\",INDEX(Fertilisants!$B$6:$B$45,$X328))","v":""},null,null,{"$f":"IF($X328=\"\",\"\",INDEX(Fertilisants!$D$6:$D$45,$X328))","v":""},"",{"$f":"IF(OR($I328=\"\",$X328=\"\"),\"\",$I328*N(INDEX(Fertilisants!$E$6:$E$45,$X328)))","v":""},{"$f":"IF(OR($I328=\"\",$X328=\"\"),\"\",$I328*N(INDEX(Fertilisants!$G$6:$G$45,$X328)))","v":""},{"$f":"IF(OR($I328=\"\",$X328=\"\"),\"\",$I328*N(INDEX(Fertilisants!$H$6:$H$45,$X328)))","v":""},{"$f":"IF(OR($I328=\"\",$X328=\"\"),\"\",$I328*N(INDEX(Fertilisants!$I$6:$I$45,$X328)))","v":""},"",{"$nulls":3},"",null,null,{"$f":"IF($C328=\"\",\"\",IFERROR(MATCH($C328,Îlots!$C$6:$C$65,0),\"\"))","v":""},{"$f":"IF($F328=\"\",\"\",IFERROR(MATCH($F328,Fertilisants!$A$6:$A$45,0),\"\"))","v":""},{"$f":"IF($W328=\"\",\"\",INDEX(Îlots!$D$6:$D$65,$W328))","v":""},{"$f":"IF($W328=\"\",\"\",INDEX(Îlots!$F$6:$F$65,$W328))","v":""},{"$f":"IF($W328=\"\",\"\",IF($E328=ApportCouvert,OccCouvert,INDEX(Îlots!$O$6:$O$65,$W328)))","v":""},{"$f":"IF(OR($AA328=\"\",$G328=\"\",$Z328=\"Non\"),\"\",IFERROR(MATCH($AA328&\" | \"&$G328,Paramètres!$I$7:$I$41,0),\"\"))","v":""},"",{"$f":"IF(OR($AB328=\"\",$AC328=\"\"),0,IF(OR(AND(INDEX(Paramètres!$J$7:$J$41,$AB328)>0,IF(INDEX(Paramètres!$J$7:$J$41,$AB328)<=INDEX(Paramètres!$K$7:$K$41,$AB328),AND($AC328>=INDEX(Paramètres!$J$7:$J$41,$AB328),$AC328<=INDEX(Paramètres!$K$7:$K$41,$AB328)),OR($AC328>=INDEX(Paramètres!$J$7:$J$41,$AB328),$AC328<=INDEX(Paramètres!$K$7:$K$41,$AB328)))),AND(INDEX(Paramètres!$L$7:$L$41,$AB328)>0,IF(INDEX(Paramètres!$L$7:$L$41,$AB328)<=INDEX(Paramètres!$M$7:$M$41,$AB328),AND($AC328>=INDEX(Paramètres!$L$7:$L$41,$AB328),$AC328<=INDEX(Paramètres!$M$7:$M$41,$AB328)),OR($AC328>=INDEX(Paramètres!$L$7:$L$41,$AB328),$AC328<=INDEX(Paramètres!$M$7:$M$41,$AB328))))),1,0))","v":0},{"$f":"IF($X328=\"\",0,IF(INDEX(Fertilisants!$C$6:$C$45,$X328)=\"Oui\",1,0))","v":0},"","","",""]
[{"$f":"IF(B329=\"\",\"\",COUNT($B$6:B329))","v":""},null,null,{"$f":"IF($W329=\"\",\"\",INDEX(Îlots!$N$6:$N$65,$W329))","v":""},null,null,{"$f":"IF($X329=\"\",\"\",INDEX(Fertilisants!$B$6:$B$45,$X329))","v":""},null,null,{"$f":"IF($X329=\"\",\"\",INDEX(Fertilisants!$D$6:$D$45,$X329))","v":""},"",{"$f":"IF(OR($I329=\"\",$X329=\"\"),\"\",$I329*N(INDEX(Fertilisants!$E$6:$E$45,$X329)))","v":""},{"$f":"IF(OR($I329=\"\",$X329=\"\"),\"\",$I329*N(INDEX(Fertilisants!$G$6:$G$45,$X329)))","v":""},{"$f":"IF(OR($I329=\"\",$X329=\"\"),\"\",$I329*N(INDEX(Fertilisants!$H$6:$H$45,$X329)))","v":""},{"$f":"IF(OR($I329=\"\",$X329=\"\"),\"\",$I329*N(INDEX(Fertilisants!$I$6:$I$45,$X329)))","v":""},"",{"$nulls":3},"",null,null,{"$f":"IF($C329=\"\",\"\",IFERROR(MATCH($C329,Îlots!$C$6:$C$65,0),\"\"))","v":""},{"$f":"IF($F329=\"\",\"\",IFERROR(MATCH($F329,Fertilisants!$A$6:$A$45,0),\"\"))","v":""},{"$f":"IF($W329=\"\",\"\",INDEX(Îlots!$D$6:$D$65,$W329))","v":""},{"$f":"IF($W329=\"\",\"\",INDEX(Îlots!$F$6:$F$65,$W329))","v":""},{"$f":"IF($W329=\"\",\"\",IF($E329=ApportCouvert,OccCouvert,INDEX(Îlots!$O$6:$O$65,$W329)))","v":""},{"$f":"IF(OR($AA329=\"\",$G329=\"\",$Z329=\"Non\"),\"\",IFERROR(MATCH($AA329&\" | \"&$G329,Paramètres!$I$7:$I$41,0),\"\"))","v":""},"",{"$f":"IF(OR($AB329=\"\",$AC329=\"\"),0,IF(OR(AND(INDEX(Paramètres!$J$7:$J$41,$AB329)>0,IF(INDEX(Paramètres!$J$7:$J$41,$AB329)<=INDEX(Paramètres!$K$7:$K$41,$AB329),AND($AC329>=INDEX(Paramètres!$J$7:$J$41,$AB329),$AC329<=INDEX(Paramètres!$K$7:$K$41,$AB329)),OR($AC329>=INDEX(Paramètres!$J$7:$J$41,$AB329),$AC329<=INDEX(Paramètres!$K$7:$K$41,$AB329)))),AND(INDEX(Paramètres!$L$7:$L$41,$AB329)>0,IF(INDEX(Paramètres!$L$7:$L$41,$AB329)<=INDEX(Paramètres!$M$7:$M$41,$AB329),AND($AC329>=INDEX(Paramètres!$L$7:$L$41,$AB329),$AC329<=INDEX(Paramètres!$M$7:$M$41,$AB329)),OR($AC329>=INDEX(Paramètres!$L$7:$L$41,$AB329),$AC329<=INDEX(Paramètres!$M$7:$M$41,$AB329))))),1,0))","v":0},{"$f":"IF($X329=\"\",0,IF(INDEX(Fertilisants!$C$6:$C$45,$X329)=\"Oui\",1,0))","v":0},"","","",""]
[{"$f":"IF(B330=\"\",\"\",COUNT($B$6:B330))","v":""},null,null,{"$f":"IF($W330=\"\",\"\",INDEX(Îlots!$N$6:$N$65,$W330))","v":""},null,null,{"$f":"IF($X330=\"\",\"\",INDEX(Fertilisants!$B$6:$B$45,$X330))","v":""},null,null,{"$f":"IF($X330=\"\",\"\",INDEX(Fertilisants!$D$6:$D$45,$X330))","v":""},"",{"$f":"IF(OR($I330=\"\",$X330=\"\"),\"\",$I330*N(INDEX(Fertilisants!$E$6:$E$45,$X330)))","v":""},{"$f":"IF(OR($I330=\"\",$X330=\"\"),\"\",$I330*N(INDEX(Fertilisants!$G$6:$G$45,$X330)))","v":""},{"$f":"IF(OR($I330=\"\",$X330=\"\"),\"\",$I330*N(INDEX(Fertilisants!$H$6:$H$45,$X330)))","v":""},{"$f":"IF(OR($I330=\"\",$X330=\"\"),\"\",$I330*N(INDEX(Fertilisants!$I$6:$I$45,$X330)))","v":""},"",{"$nulls":3},"",null,null,{"$f":"IF($C330=\"\",\"\",IFERROR(MATCH($C330,Îlots!$C$6:$C$65,0),\"\"))","v":""},{"$f":"IF($F330=\"\",\"\",IFERROR(MATCH($F330,Fertilisants!$A$6:$A$45,0),\"\"))","v":""},{"$f":"IF($W330=\"\",\"\",INDEX(Îlots!$D$6:$D$65,$W330))","v":""},{"$f":"IF($W330=\"\",\"\",INDEX(Îlots!$F$6:$F$65,$W330))","v":""},{"$f":"IF($W330=\"\",\"\",IF($E330=ApportCouvert,OccCouvert,INDEX(Îlots!$O$6:$O$65,$W330)))","v":""},{"$f":"IF(OR($AA330=\"\",$G330=\"\",$Z330=\"Non\"),\"\",IFERROR(MATCH($AA330&\" | \"&$G330,Paramètres!$I$7:$I$41,0),\"\"))","v":""},"",{"$f":"IF(OR($AB330=\"\",$AC330=\"\"),0,IF(OR(AND(INDEX(Paramètres!$J$7:$J$41,$AB330)>0,IF(INDEX(Paramètres!$J$7:$J$41,$AB330)<=INDEX(Paramètres!$K$7:$K$41,$AB330),AND($AC330>=INDEX(Paramètres!$J$7:$J$41,$AB330),$AC330<=INDEX(Paramètres!$K$7:$K$41,$AB330)),OR($AC330>=INDEX(Paramètres!$J$7:$J$41,$AB330),$AC330<=INDEX(Paramètres!$K$7:$K$41,$AB330)))),AND(INDEX(Paramètres!$L$7:$L$41,$AB330)>0,IF(INDEX(Paramètres!$L$7:$L$41,$AB330)<=INDEX(Paramètres!$M$7:$M$41,$AB330),AND($AC330>=INDEX(Paramètres!$L$7:$L$41,$AB330),$AC330<=INDEX(Paramètres!$M$7:$M$41,$AB330)),OR($AC330>=INDEX(Paramètres!$L$7:$L$41,$AB330),$AC330<=INDEX(Paramètres!$M$7:$M$41,$AB330))))),1,0))","v":0},{"$f":"IF($X330=\"\",0,IF(INDEX(Fertilisants!$C$6:$C$45,$X330)=\"Oui\",1,0))","v":0},"","","",""]
[{"$f":"IF(B331=\"\",\"\",COUNT($B$6:B331))","v":""},null,null,{"$f":"IF($W331=\"\",\"\",INDEX(Îlots!$N$6:$N$65,$W331))","v":""},null,null,{"$f":"IF($X331=\"\",\"\",INDEX(Fertilisants!$B$6:$B$45,$X331))","v":""},null,null,{"$f":"IF($X331=\"\",\"\",INDEX(Fertilisants!$D$6:$D$45,$X331))","v":""},"",{"$f":"IF(OR($I331=\"\",$X331=\"\"),\"\",$I331*N(INDEX(Fertilisants!$E$6:$E$45,$X331)))","v":""},{"$f":"IF(OR($I331=\"\",$X331=\"\"),\"\",$I331*N(INDEX(Fertilisants!$G$6:$G$45,$X331)))","v":""},{"$f":"IF(OR($I331=\"\",$X331=\"\"),\"\",$I331*N(INDEX(Fertilisants!$H$6:$H$45,$X331)))","v":""},{"$f":"IF(OR($I331=\"\",$X331=\"\"),\"\",$I331*N(INDEX(Fertilisants!$I$6:$I$45,$X331)))","v":""},"",{"$nulls":3},"",null,null,{"$f":"IF($C331=\"\",\"\",IFERROR(MATCH($C331,Îlots!$C$6:$C$65,0),\"\"))","v":""},{"$f":"IF($F331=\"\",\"\",IFERROR(MATCH($F331,Fertilisants!$A$6:$A$45,0),\"\"))","v":""},{"$f":"IF($W331=\"\",\"\",INDEX(Îlots!$D$6:$D$65,$W331))","v":""},{"$f":"IF($W331=\"\",\"\",INDEX(Îlots!$F$6:$F$65,$W331))","v":""},{"$f":"IF($W331=\"\",\"\",IF($E331=ApportCouvert,OccCouvert,INDEX(Îlots!$O$6:$O$65,$W331)))","v":""},{"$f":"IF(OR($AA331=\"\",$G331=\"\",$Z331=\"Non\"),\"\",IFERROR(MATCH($AA331&\" | \"&$G331,Paramètres!$I$7:$I$41,0),\"\"))","v":""},"",{"$f":"IF(OR($AB331=\"\",$AC331=\"\"),0,IF(OR(AND(INDEX(Paramètres!$J$7:$J$41,$AB331)>0,IF(INDEX(Paramètres!$J$7:$J$41,$AB331)<=INDEX(Paramètres!$K$7:$K$41,$AB331),AND($AC331>=INDEX(Paramètres!$J$7:$J$41,$AB331),$AC331<=INDEX(Paramètres!$K$7:$K$41,$AB331)),OR($AC331>=INDEX(Paramètres!$J$7:$J$41,$AB331),$AC331<=INDEX(Paramètres!$K$7:$K$41,$AB331)))),AND(INDEX(Paramètres!$L$7:$L$41,$AB331)>0,IF(INDEX(Paramètres!$L$7:$L$41,$AB331)<=INDEX(Paramètres!$M$7:$M$41,$AB331),AND($AC331>=INDEX(Paramètres!$L$7:$L$41,$AB331),$AC331<=INDEX(Paramètres!$M$7:$M$41,$AB331)),OR($AC331>=INDEX(Paramètres!$L$7:$L$41,$AB331),$AC331<=INDEX(Paramètres!$M$7:$M$41,$AB331))))),1,0))","v":0},{"$f":"IF($X331=\"\",0,IF(INDEX(Fertilisants!$C$6:$C$45,$X331)=\"Oui\",1,0))","v":0},"","","",""]
[{"$f":"IF(B332=\"\",\"\",COUNT($B$6:B332))","v":""},null,null,{"$f":"IF($W332=\"\",\"\",INDEX(Îlots!$N$6:$N$65,$W332))","v":""},null,null,{"$f":"IF($X332=\"\",\"\",INDEX(Fertilisants!$B$6:$B$45,$X332))","v":""},null,null,{"$f":"IF($X332=\"\",\"\",INDEX(Fertilisants!$D$6:$D$45,$X332))","v":""},"",{"$f":"IF(OR($I332=\"\",$X332=\"\"),\"\",$I332*N(INDEX(Fertilisants!$E$6:$E$45,$X332)))","v":""},{"$f":"IF(OR($I332=\"\",$X332=\"\"),\"\",$I332*N(INDEX(Fertilisants!$G$6:$G$45,$X332)))","v":""},{"$f":"IF(OR($I332=\"\",$X332=\"\"),\"\",$I332*N(INDEX(Fertilisants!$H$6:$H$45,$X332)))","v":""},{"$f":"IF(OR($I332=\"\",$X332=\"\"),\"\",$I332*N(INDEX(Fertilisants!$I$6:$I$45,$X332)))","v":""},"",{"$nulls":3},"",null,null,{"$f":"IF($C332=\"\",\"\",IFERROR(MATCH($C332,Îlots!$C$6:$C$65,0),\"\"))","v":""},{"$f":"IF($F332=\"\",\"\",IFERROR(MATCH($F332,Fertilisants!$A$6:$A$45,0),\"\"))","v":""},{"$f":"IF($W332=\"\",\"\",INDEX(Îlots!$D$6:$D$65,$W332))","v":""},{"$f":"IF($W332=\"\",\"\",INDEX(Îlots!$F$6:$F$65,$W332))","v":""},{"$f":"IF($W332=\"\",\"\",IF($E332=ApportCouvert,OccCouvert,INDEX(Îlots!$O$6:$O$65,$W332)))","v":""},{"$f":"IF(OR($AA332=\"\",$G332=\"\",$Z332=\"Non\"),\"\",IFERROR(MATCH($AA332&\" | \"&$G332,Paramètres!$I$7:$I$41,0),\"\"))","v":""},"",{"$f":"IF(OR($AB332=\"\",$AC332=\"\"),0,IF(OR(AND(INDEX(Paramètres!$J$7:$J$41,$AB332)>0,IF(INDEX(Paramètres!$J$7:$J$41,$AB332)<=INDEX(Paramètres!$K$7:$K$41,$AB332),AND($AC332>=INDEX(Paramètres!$J$7:$J$41,$AB332),$AC332<=INDEX(Paramètres!$K$7:$K$41,$AB332)),OR($AC332>=INDEX(Paramètres!$J$7:$J$41,$AB332),$AC332<=INDEX(Paramètres!$K$7:$K$41,$AB332)))),AND(INDEX(Paramètres!$L$7:$L$41,$AB332)>0,IF(INDEX(Paramètres!$L$7:$L$41,$AB332)<=INDEX(Paramètres!$M$7:$M$41,$AB332),AND($AC332>=INDEX(Paramètres!$L$7:$L$41,$AB332),$AC332<=INDEX(Paramètres!$M$7:$M$41,$AB332)),OR($AC332>=INDEX(Paramètres!$L$7:$L$41,$AB332),$AC332<=INDEX(Paramètres!$M$7:$M$41,$AB332))))),1,0))","v":0},{"$f":"IF($X332=\"\",0,IF(INDEX(Fertilisants!$C$6:$C$45,$X332)=\"Oui\",1,0))","v":0},"","","",""]
[{"$f":"IF(B333=\"\",\"\",COUNT($B$6:B333))","v":""},null,null,{"$f":"IF($W333=\"\",\"\",INDEX(Îlots!$N$6:$N$65,$W333))","v":""},null,null,{"$f":"IF($X333=\"\",\"\",INDEX(Fertilisants!$B$6:$B$45,$X333))","v":""},null,null,{"$f":"IF($X333=\"\",\"\",INDEX(Fertilisants!$D$6:$D$45,$X333))","v":""},"",{"$f":"IF(OR($I333=\"\",$X333=\"\"),\"\",$I333*N(INDEX(Fertilisants!$E$6:$E$45,$X333)))","v":""},{"$f":"IF(OR($I333=\"\",$X333=\"\"),\"\",$I333*N(INDEX(Fertilisants!$G$6:$G$45,$X333)))","v":""},{"$f":"IF(OR($I333=\"\",$X333=\"\"),\"\",$I333*N(INDEX(Fertilisants!$H$6:$H$45,$X333)))","v":""},{"$f":"IF(OR($I333=\"\",$X333=\"\"),\"\",$I333*N(INDEX(Fertilisants!$I$6:$I$45,$X333)))","v":""},"",{"$nulls":3},"",null,null,{"$f":"IF($C333=\"\",\"\",IFERROR(MATCH($C333,Îlots!$C$6:$C$65,0),\"\"))","v":""},{"$f":"IF($F333=\"\",\"\",IFERROR(MATCH($F333,Fertilisants!$A$6:$A$45,0),\"\"))","v":""},{"$f":"IF($W333=\"\",\"\",INDEX(Îlots!$D$6:$D$65,$W333))","v":""},{"$f":"IF($W333=\"\",\"\",INDEX(Îlots!$F$6:$F$65,$W333))","v":""},{"$f":"IF($W333=\"\",\"\",IF($E333=ApportCouvert,OccCouvert,INDEX(Îlots!$O$6:$O$65,$W333)))","v":""},{"$f":"IF(OR($AA333=\"\",$G333=\"\",$Z333=\"Non\"),\"\",IFERROR(MATCH($AA333&\" | \"&$G333,Paramètres!$I$7:$I$41,0),\"\"))","v":""},"",{"$f":"IF(OR($AB333=\"\",$AC333=\"\"),0,IF(OR(AND(INDEX(Paramètres!$J$7:$J$41,$AB333)>0,IF(INDEX(Paramètres!$J$7:$J$41,$AB333)<=INDEX(Paramètres!$K$7:$K$41,$AB333),AND($AC333>=INDEX(Paramètres!$J$7:$J$41,$AB333),$AC333<=INDEX(Paramètres!$K$7:$K$41,$AB333)),OR($AC333>=INDEX(Paramètres!$J$7:$J$41,$AB333),$AC333<=INDEX(Paramètres!$K$7:$K$41,$AB333)))),AND(INDEX(Paramètres!$L$7:$L$41,$AB333)>0,IF(INDEX(Paramètres!$L$7:$L$41,$AB333)<=INDEX(Paramètres!$M$7:$M$41,$AB333),AND($AC333>=INDEX(Paramètres!$L$7:$L$41,$AB333),$AC333<=INDEX(Paramètres!$M$7:$M$41,$AB333)),OR($AC333>=INDEX(Paramètres!$L$7:$L$41,$AB333),$AC333<=INDEX(Paramètres!$M$7:$M$41,$AB333))))),1,0))","v":0},{"$f":"IF($X333=\"\",0,IF(INDEX(Fertilisants!$C$6:$C$45,$X333)=\"Oui\",1,0))","v":0},"","","",""]
[{"$f":"IF(B334=\"\",\"\",COUNT($B$6:B334))","v":""},null,null,{"$f":"IF($W334=\"\",\"\",INDEX(Îlots!$N$6:$N$65,$W334))","v":""},null,null,{"$f":"IF($X334=\"\",\"\",INDEX(Fertilisants!$B$6:$B$45,$X334))","v":""},null,null,{"$f":"IF($X334=\"\",\"\",INDEX(Fertilisants!$D$6:$D$45,$X334))","v":""},"",{"$f":"IF(OR($I334=\"\",$X334=\"\"),\"\",$I334*N(INDEX(Fertilisants!$E$6:$E$45,$X334)))","v":""},{"$f":"IF(OR($I334=\"\",$X334=\"\"),\"\",$I334*N(INDEX(Fertilisants!$G$6:$G$45,$X334)))","v":""},{"$f":"IF(OR($I334=\"\",$X334=\"\"),\"\",$I334*N(INDEX(Fertilisants!$H$6:$H$45,$X334)))","v":""},{"$f":"IF(OR($I334=\"\",$X334=\"\"),\"\",$I334*N(INDEX(Fertilisants!$I$6:$I$45,$X334)))","v":""},"",{"$nulls":3},"",null,null,{"$f":"IF($C334=\"\",\"\",IFERROR(MATCH($C334,Îlots!$C$6:$C$65,0),\"\"))","v":""},{"$f":"IF($F334=\"\",\"\",IFERROR(MATCH($F334,Fertilisants!$A$6:$A$45,0),\"\"))","v":""},{"$f":"IF($W334=\"\",\"\",INDEX(Îlots!$D$6:$D$65,$W334))","v":""},{"$f":"IF($W334=\"\",\"\",INDEX(Îlots!$F$6:$F$65,$W334))","v":""},{"$f":"IF($W334=\"\",\"\",IF($E334=ApportCouvert,OccCouvert,INDEX(Îlots!$O$6:$O$65,$W334)))","v":""},{"$f":"IF(OR($AA334=\"\",$G334=\"\",$Z334=\"Non\"),\"\",IFERROR(MATCH($AA334&\" | \"&$G334,Paramètres!$I$7:$I$41,0),\"\"))","v":""},"",{"$f":"IF(OR($AB334=\"\",$AC334=\"\"),0,IF(OR(AND(INDEX(Paramètres!$J$7:$J$41,$AB334)>0,IF(INDEX(Paramètres!$J$7:$J$41,$AB334)<=INDEX(Paramètres!$K$7:$K$41,$AB334),AND($AC334>=INDEX(Paramètres!$J$7:$J$41,$AB334),$AC334<=INDEX(Paramètres!$K$7:$K$41,$AB334)),OR($AC334>=INDEX(Paramètres!$J$7:$J$41,$AB334),$AC334<=INDEX(Paramètres!$K$7:$K$41,$AB334)))),AND(INDEX(Paramètres!$L$7:$L$41,$AB334)>0,IF(INDEX(Paramètres!$L$7:$L$41,$AB334)<=INDEX(Paramètres!$M$7:$M$41,$AB334),AND($AC334>=INDEX(Paramètres!$L$7:$L$41,$AB334),$AC334<=INDEX(Paramètres!$M$7:$M$41,$AB334)),OR($AC334>=INDEX(Paramètres!$L$7:$L$41,$AB334),$AC334<=INDEX(Paramètres!$M$7:$M$41,$AB334))))),1,0))","v":0},{"$f":"IF($X334=\"\",0,IF(INDEX(Fertilisants!$C$6:$C$45,$X334)=\"Oui\",1,0))","v":0},"","","",""]
[{"$f":"IF(B335=\"\",\"\",COUNT($B$6:B335))","v":""},null,null,{"$f":"IF($W335=\"\",\"\",INDEX(Îlots!$N$6:$N$65,$W335))","v":""},null,null,{"$f":"IF($X335=\"\",\"\",INDEX(Fertilisants!$B$6:$B$45,$X335))","v":""},null,null,{"$f":"IF($X335=\"\",\"\",INDEX(Fertilisants!$D$6:$D$45,$X335))","v":""},"",{"$f":"IF(OR($I335=\"\",$X335=\"\"),\"\",$I335*N(INDEX(Fertilisants!$E$6:$E$45,$X335)))","v":""},{"$f":"IF(OR($I335=\"\",$X335=\"\"),\"\",$I335*N(INDEX(Fertilisants!$G$6:$G$45,$X335)))","v":""},{"$f":"IF(OR($I335=\"\",$X335=\"\"),\"\",$I335*N(INDEX(Fertilisants!$H$6:$H$45,$X335)))","v":""},{"$f":"IF(OR($I335=\"\",$X335=\"\"),\"\",$I335*N(INDEX(Fertilisants!$I$6:$I$45,$X335)))","v":""},"",{"$nulls":3},"",null,null,{"$f":"IF($C335=\"\",\"\",IFERROR(MATCH($C335,Îlots!$C$6:$C$65,0),\"\"))","v":""},{"$f":"IF($F335=\"\",\"\",IFERROR(MATCH($F335,Fertilisants!$A$6:$A$45,0),\"\"))","v":""},{"$f":"IF($W335=\"\",\"\",INDEX(Îlots!$D$6:$D$65,$W335))","v":""},{"$f":"IF($W335=\"\",\"\",INDEX(Îlots!$F$6:$F$65,$W335))","v":""},{"$f":"IF($W335=\"\",\"\",IF($E335=ApportCouvert,OccCouvert,INDEX(Îlots!$O$6:$O$65,$W335)))","v":""},{"$f":"IF(OR($AA335=\"\",$G335=\"\",$Z335=\"Non\"),\"\",IFERROR(MATCH($AA335&\" | \"&$G335,Paramètres!$I$7:$I$41,0),\"\"))","v":""},"",{"$f":"IF(OR($AB335=\"\",$AC335=\"\"),0,IF(OR(AND(INDEX(Paramètres!$J$7:$J$41,$AB335)>0,IF(INDEX(Paramètres!$J$7:$J$41,$AB335)<=INDEX(Paramètres!$K$7:$K$41,$AB335),AND($AC335>=INDEX(Paramètres!$J$7:$J$41,$AB335),$AC335<=INDEX(Paramètres!$K$7:$K$41,$AB335)),OR($AC335>=INDEX(Paramètres!$J$7:$J$41,$AB335),$AC335<=INDEX(Paramètres!$K$7:$K$41,$AB335)))),AND(INDEX(Paramètres!$L$7:$L$41,$AB335)>0,IF(INDEX(Paramètres!$L$7:$L$41,$AB335)<=INDEX(Paramètres!$M$7:$M$41,$AB335),AND($AC335>=INDEX(Paramètres!$L$7:$L$41,$AB335),$AC335<=INDEX(Paramètres!$M$7:$M$41,$AB335)),OR($AC335>=INDEX(Paramètres!$L$7:$L$41,$AB335),$AC335<=INDEX(Paramètres!$M$7:$M$41,$AB335))))),1,0))","v":0},{"$f":"IF($X335=\"\",0,IF(INDEX(Fertilisants!$C$6:$C$45,$X335)=\"Oui\",1,0))","v":0},"","","",""]
[{"$f":"IF(B336=\"\",\"\",COUNT($B$6:B336))","v":""},null,null,{"$f":"IF($W336=\"\",\"\",INDEX(Îlots!$N$6:$N$65,$W336))","v":""},null,null,{"$f":"IF($X336=\"\",\"\",INDEX(Fertilisants!$B$6:$B$45,$X336))","v":""},null,null,{"$f":"IF($X336=\"\",\"\",INDEX(Fertilisants!$D$6:$D$45,$X336))","v":""},"",{"$f":"IF(OR($I336=\"\",$X336=\"\"),\"\",$I336*N(INDEX(Fertilisants!$E$6:$E$45,$X336)))","v":""},{"$f":"IF(OR($I336=\"\",$X336=\"\"),\"\",$I336*N(INDEX(Fertilisants!$G$6:$G$45,$X336)))","v":""},{"$f":"IF(OR($I336=\"\",$X336=\"\"),\"\",$I336*N(INDEX(Fertilisants!$H$6:$H$45,$X336)))","v":""},{"$f":"IF(OR($I336=\"\",$X336=\"\"),\"\",$I336*N(INDEX(Fertilisants!$I$6:$I$45,$X336)))","v":""},"",{"$nulls":3},"",null,null,{"$f":"IF($C336=\"\",\"\",IFERROR(MATCH($C336,Îlots!$C$6:$C$65,0),\"\"))","v":""},{"$f":"IF($F336=\"\",\"\",IFERROR(MATCH($F336,Fertilisants!$A$6:$A$45,0),\"\"))","v":""},{"$f":"IF($W336=\"\",\"\",INDEX(Îlots!$D$6:$D$65,$W336))","v":""},{"$f":"IF($W336=\"\",\"\",INDEX(Îlots!$F$6:$F$65,$W336))","v":""},{"$f":"IF($W336=\"\",\"\",IF($E336=ApportCouvert,OccCouvert,INDEX(Îlots!$O$6:$O$65,$W336)))","v":""},{"$f":"IF(OR($AA336=\"\",$G336=\"\",$Z336=\"Non\"),\"\",IFERROR(MATCH($AA336&\" | \"&$G336,Paramètres!$I$7:$I$41,0),\"\"))","v":""},"",{"$f":"IF(OR($AB336=\"\",$AC336=\"\"),0,IF(OR(AND(INDEX(Paramètres!$J$7:$J$41,$AB336)>0,IF(INDEX(Paramètres!$J$7:$J$41,$AB336)<=INDEX(Paramètres!$K$7:$K$41,$AB336),AND($AC336>=INDEX(Paramètres!$J$7:$J$41,$AB336),$AC336<=INDEX(Paramètres!$K$7:$K$41,$AB336)),OR($AC336>=INDEX(Paramètres!$J$7:$J$41,$AB336),$AC336<=INDEX(Paramètres!$K$7:$K$41,$AB336)))),AND(INDEX(Paramètres!$L$7:$L$41,$AB336)>0,IF(INDEX(Paramètres!$L$7:$L$41,$AB336)<=INDEX(Paramètres!$M$7:$M$41,$AB336),AND($AC336>=INDEX(Paramètres!$L$7:$L$41,$AB336),$AC336<=INDEX(Paramètres!$M$7:$M$41,$AB336)),OR($AC336>=INDEX(Paramètres!$L$7:$L$41,$AB336),$AC336<=INDEX(Paramètres!$M$7:$M$41,$AB336))))),1,0))","v":0},{"$f":"IF($X336=\"\",0,IF(INDEX(Fertilisants!$C$6:$C$45,$X336)=\"Oui\",1,0))","v":0},"","","",""]
[{"$f":"IF(B337=\"\",\"\",COUNT($B$6:B337))","v":""},null,null,{"$f":"IF($W337=\"\",\"\",INDEX(Îlots!$N$6:$N$65,$W337))","v":""},null,null,{"$f":"IF($X337=\"\",\"\",INDEX(Fertilisants!$B$6:$B$45,$X337))","v":""},null,null,{"$f":"IF($X337=\"\",\"\",INDEX(Fertilisants!$D$6:$D$45,$X337))","v":""},"",{"$f":"IF(OR($I337=\"\",$X337=\"\"),\"\",$I337*N(INDEX(Fertilisants!$E$6:$E$45,$X337)))","v":""},{"$f":"IF(OR($I337=\"\",$X337=\"\"),\"\",$I337*N(INDEX(Fertilisants!$G$6:$G$45,$X337)))","v":""},{"$f":"IF(OR($I337=\"\",$X337=\"\"),\"\",$I337*N(INDEX(Fertilisants!$H$6:$H$45,$X337)))","v":""},{"$f":"IF(OR($I337=\"\",$X337=\"\"),\"\",$I337*N(INDEX(Fertilisants!$I$6:$I$45,$X337)))","v":""},"",{"$nulls":3},"",null,null,{"$f":"IF($C337=\"\",\"\",IFERROR(MATCH($C337,Îlots!$C$6:$C$65,0),\"\"))","v":""},{"$f":"IF($F337=\"\",\"\",IFERROR(MATCH($F337,Fertilisants!$A$6:$A$45,0),\"\"))","v":""},{"$f":"IF($W337=\"\",\"\",INDEX(Îlots!$D$6:$D$65,$W337))","v":""},{"$f":"IF($W337=\"\",\"\",INDEX(Îlots!$F$6:$F$65,$W337))","v":""},{"$f":"IF($W337=\"\",\"\",IF($E337=ApportCouvert,OccCouvert,INDEX(Îlots!$O$6:$O$65,$W337)))","v":""},{"$f":"IF(OR($AA337=\"\",$G337=\"\",$Z337=\"Non\"),\"\",IFERROR(MATCH($AA337&\" | \"&$G337,Paramètres!$I$7:$I$41,0),\"\"))","v":""},"",{"$f":"IF(OR($AB337=\"\",$AC337=\"\"),0,IF(OR(AND(INDEX(Paramètres!$J$7:$J$41,$AB337)>0,IF(INDEX(Paramètres!$J$7:$J$41,$AB337)<=INDEX(Paramètres!$K$7:$K$41,$AB337),AND($AC337>=INDEX(Paramètres!$J$7:$J$41,$AB337),$AC337<=INDEX(Paramètres!$K$7:$K$41,$AB337)),OR($AC337>=INDEX(Paramètres!$J$7:$J$41,$AB337),$AC337<=INDEX(Paramètres!$K$7:$K$41,$AB337)))),AND(INDEX(Paramètres!$L$7:$L$41,$AB337)>0,IF(INDEX(Paramètres!$L$7:$L$41,$AB337)<=INDEX(Paramètres!$M$7:$M$41,$AB337),AND($AC337>=INDEX(Paramètres!$L$7:$L$41,$AB337),$AC337<=INDEX(Paramètres!$M$7:$M$41,$AB337)),OR($AC337>=INDEX(Paramètres!$L$7:$L$41,$AB337),$AC337<=INDEX(Paramètres!$M$7:$M$41,$AB337))))),1,0))","v":0},{"$f":"IF($X337=\"\",0,IF(INDEX(Fertilisants!$C$6:$C$45,$X337)=\"Oui\",1,0))","v":0},"","","",""]
[{"$f":"IF(B338=\"\",\"\",COUNT($B$6:B338))","v":""},null,null,{"$f":"IF($W338=\"\",\"\",INDEX(Îlots!$N$6:$N$65,$W338))","v":""},null,null,{"$f":"IF($X338=\"\",\"\",INDEX(Fertilisants!$B$6:$B$45,$X338))","v":""},null,null,{"$f":"IF($X338=\"\",\"\",INDEX(Fertilisants!$D$6:$D$45,$X338))","v":""},"",{"$f":"IF(OR($I338=\"\",$X338=\"\"),\"\",$I338*N(INDEX(Fertilisants!$E$6:$E$45,$X338)))","v":""},{"$f":"IF(OR($I338=\"\",$X338=\"\"),\"\",$I338*N(INDEX(Fertilisants!$G$6:$G$45,$X338)))","v":""},{"$f":"IF(OR($I338=\"\",$X338=\"\"),\"\",$I338*N(INDEX(Fertilisants!$H$6:$H$45,$X338)))","v":""},{"$f":"IF(OR($I338=\"\",$X338=\"\"),\"\",$I338*N(INDEX(Fertilisants!$I$6:$I$45,$X338)))","v":""},"",{"$nulls":3},"",null,null,{"$f":"IF($C338=\"\",\"\",IFERROR(MATCH($C338,Îlots!$C$6:$C$65,0),\"\"))","v":""},{"$f":"IF($F338=\"\",\"\",IFERROR(MATCH($F338,Fertilisants!$A$6:$A$45,0),\"\"))","v":""},{"$f":"IF($W338=\"\",\"\",INDEX(Îlots!$D$6:$D$65,$W338))","v":""},{"$f":"IF($W338=\"\",\"\",INDEX(Îlots!$F$6:$F$65,$W338))","v":""},{"$f":"IF($W338=\"\",\"\",IF($E338=ApportCouvert,OccCouvert,INDEX(Îlots!$O$6:$O$65,$W338)))","v":""},{"$f":"IF(OR($AA338=\"\",$G338=\"\",$Z338=\"Non\"),\"\",IFERROR(MATCH($AA338&\" | \"&$G338,Paramètres!$I$7:$I$41,0),\"\"))","v":""},"",{"$f":"IF(OR($AB338=\"\",$AC338=\"\"),0,IF(OR(AND(INDEX(Paramètres!$J$7:$J$41,$AB338)>0,IF(INDEX(Paramètres!$J$7:$J$41,$AB338)<=INDEX(Paramètres!$K$7:$K$41,$AB338),AND($AC338>=INDEX(Paramètres!$J$7:$J$41,$AB338),$AC338<=INDEX(Paramètres!$K$7:$K$41,$AB338)),OR($AC338>=INDEX(Paramètres!$J$7:$J$41,$AB338),$AC338<=INDEX(Paramètres!$K$7:$K$41,$AB338)))),AND(INDEX(Paramètres!$L$7:$L$41,$AB338)>0,IF(INDEX(Paramètres!$L$7:$L$41,$AB338)<=INDEX(Paramètres!$M$7:$M$41,$AB338),AND($AC338>=INDEX(Paramètres!$L$7:$L$41,$AB338),$AC338<=INDEX(Paramètres!$M$7:$M$41,$AB338)),OR($AC338>=INDEX(Paramètres!$L$7:$L$41,$AB338),$AC338<=INDEX(Paramètres!$M$7:$M$41,$AB338))))),1,0))","v":0},{"$f":"IF($X338=\"\",0,IF(INDEX(Fertilisants!$C$6:$C$45,$X338)=\"Oui\",1,0))","v":0},"","","",""]
[{"$f":"IF(B339=\"\",\"\",COUNT($B$6:B339))","v":""},null,null,{"$f":"IF($W339=\"\",\"\",INDEX(Îlots!$N$6:$N$65,$W339))","v":""},null,null,{"$f":"IF($X339=\"\",\"\",INDEX(Fertilisants!$B$6:$B$45,$X339))","v":""},null,null,{"$f":"IF($X339=\"\",\"\",INDEX(Fertilisants!$D$6:$D$45,$X339))","v":""},"",{"$f":"IF(OR($I339=\"\",$X339=\"\"),\"\",$I339*N(INDEX(Fertilisants!$E$6:$E$45,$X339)))","v":""},{"$f":"IF(OR($I339=\"\",$X339=\"\"),\"\",$I339*N(INDEX(Fertilisants!$G$6:$G$45,$X339)))","v":""},{"$f":"IF(OR($I339=\"\",$X339=\"\"),\"\",$I339*N(INDEX(Fertilisants!$H$6:$H$45,$X339)))","v":""},{"$f":"IF(OR($I339=\"\",$X339=\"\"),\"\",$I339*N(INDEX(Fertilisants!$I$6:$I$45,$X339)))","v":""},"",{"$nulls":3},"",null,null,{"$f":"IF($C339=\"\",\"\",IFERROR(MATCH($C339,Îlots!$C$6:$C$65,0),\"\"))","v":""},{"$f":"IF($F339=\"\",\"\",IFERROR(MATCH($F339,Fertilisants!$A$6:$A$45,0),\"\"))","v":""},{"$f":"IF($W339=\"\",\"\",INDEX(Îlots!$D$6:$D$65,$W339))","v":""},{"$f":"IF($W339=\"\",\"\",INDEX(Îlots!$F$6:$F$65,$W339))","v":""},{"$f":"IF($W339=\"\",\"\",IF($E339=ApportCouvert,OccCouvert,INDEX(Îlots!$O$6:$O$65,$W339)))","v":""},{"$f":"IF(OR($AA339=\"\",$G339=\"\",$Z339=\"Non\"),\"\",IFERROR(MATCH($AA339&\" | \"&$G339,Paramètres!$I$7:$I$41,0),\"\"))","v":""},"",{"$f":"IF(OR($AB339=\"\",$AC339=\"\"),0,IF(OR(AND(INDEX(Paramètres!$J$7:$J$41,$AB339)>0,IF(INDEX(Paramètres!$J$7:$J$41,$AB339)<=INDEX(Paramètres!$K$7:$K$41,$AB339),AND($AC339>=INDEX(Paramètres!$J$7:$J$41,$AB339),$AC339<=INDEX(Paramètres!$K$7:$K$41,$AB339)),OR($AC339>=INDEX(Paramètres!$J$7:$J$41,$AB339),$AC339<=INDEX(Paramètres!$K$7:$K$41,$AB339)))),AND(INDEX(Paramètres!$L$7:$L$41,$AB339)>0,IF(INDEX(Paramètres!$L$7:$L$41,$AB339)<=INDEX(Paramètres!$M$7:$M$41,$AB339),AND($AC339>=INDEX(Paramètres!$L$7:$L$41,$AB339),$AC339<=INDEX(Paramètres!$M$7:$M$41,$AB339)),OR($AC339>=INDEX(Paramètres!$L$7:$L$41,$AB339),$AC339<=INDEX(Paramètres!$M$7:$M$41,$AB339))))),1,0))","v":0},{"$f":"IF($X339=\"\",0,IF(INDEX(Fertilisants!$C$6:$C$45,$X339)=\"Oui\",1,0))","v":0},"","","",""]
[{"$f":"IF(B340=\"\",\"\",COUNT($B$6:B340))","v":""},null,null,{"$f":"IF($W340=\"\",\"\",INDEX(Îlots!$N$6:$N$65,$W340))","v":""},null,null,{"$f":"IF($X340=\"\",\"\",INDEX(Fertilisants!$B$6:$B$45,$X340))","v":""},null,null,{"$f":"IF($X340=\"\",\"\",INDEX(Fertilisants!$D$6:$D$45,$X340))","v":""},"",{"$f":"IF(OR($I340=\"\",$X340=\"\"),\"\",$I340*N(INDEX(Fertilisants!$E$6:$E$45,$X340)))","v":""},{"$f":"IF(OR($I340=\"\",$X340=\"\"),\"\",$I340*N(INDEX(Fertilisants!$G$6:$G$45,$X340)))","v":""},{"$f":"IF(OR($I340=\"\",$X340=\"\"),\"\",$I340*N(INDEX(Fertilisants!$H$6:$H$45,$X340)))","v":""},{"$f":"IF(OR($I340=\"\",$X340=\"\"),\"\",$I340*N(INDEX(Fertilisants!$I$6:$I$45,$X340)))","v":""},"",{"$nulls":3},"",null,null,{"$f":"IF($C340=\"\",\"\",IFERROR(MATCH($C340,Îlots!$C$6:$C$65,0),\"\"))","v":""},{"$f":"IF($F340=\"\",\"\",IFERROR(MATCH($F340,Fertilisants!$A$6:$A$45,0),\"\"))","v":""},{"$f":"IF($W340=\"\",\"\",INDEX(Îlots!$D$6:$D$65,$W340))","v":""},{"$f":"IF($W340=\"\",\"\",INDEX(Îlots!$F$6:$F$65,$W340))","v":""},{"$f":"IF($W340=\"\",\"\",IF($E340=ApportCouvert,OccCouvert,INDEX(Îlots!$O$6:$O$65,$W340)))","v":""},{"$f":"IF(OR($AA340=\"\",$G340=\"\",$Z340=\"Non\"),\"\",IFERROR(MATCH($AA340&\" | \"&$G340,Paramètres!$I$7:$I$41,0),\"\"))","v":""},"",{"$f":"IF(OR($AB340=\"\",$AC340=\"\"),0,IF(OR(AND(INDEX(Paramètres!$J$7:$J$41,$AB340)>0,IF(INDEX(Paramètres!$J$7:$J$41,$AB340)<=INDEX(Paramètres!$K$7:$K$41,$AB340),AND($AC340>=INDEX(Paramètres!$J$7:$J$41,$AB340),$AC340<=INDEX(Paramètres!$K$7:$K$41,$AB340)),OR($AC340>=INDEX(Paramètres!$J$7:$J$41,$AB340),$AC340<=INDEX(Paramètres!$K$7:$K$41,$AB340)))),AND(INDEX(Paramètres!$L$7:$L$41,$AB340)>0,IF(INDEX(Paramètres!$L$7:$L$41,$AB340)<=INDEX(Paramètres!$M$7:$M$41,$AB340),AND($AC340>=INDEX(Paramètres!$L$7:$L$41,$AB340),$AC340<=INDEX(Paramètres!$M$7:$M$41,$AB340)),OR($AC340>=INDEX(Paramètres!$L$7:$L$41,$AB340),$AC340<=INDEX(Paramètres!$M$7:$M$41,$AB340))))),1,0))","v":0},{"$f":"IF($X340=\"\",0,IF(INDEX(Fertilisants!$C$6:$C$45,$X340)=\"Oui\",1,0))","v":0},"","","",""]
[{"$f":"IF(B341=\"\",\"\",COUNT($B$6:B341))","v":""},null,null,{"$f":"IF($W341=\"\",\"\",INDEX(Îlots!$N$6:$N$65,$W341))","v":""},null,null,{"$f":"IF($X341=\"\",\"\",INDEX(Fertilisants!$B$6:$B$45,$X341))","v":""},null,null,{"$f":"IF($X341=\"\",\"\",INDEX(Fertilisants!$D$6:$D$45,$X341))","v":""},"",{"$f":"IF(OR($I341=\"\",$X341=\"\"),\"\",$I341*N(INDEX(Fertilisants!$E$6:$E$45,$X341)))","v":""},{"$f":"IF(OR($I341=\"\",$X341=\"\"),\"\",$I341*N(INDEX(Fertilisants!$G$6:$G$45,$X341)))","v":""},{"$f":"IF(OR($I341=\"\",$X341=\"\"),\"\",$I341*N(INDEX(Fertilisants!$H$6:$H$45,$X341)))","v":""},{"$f":"IF(OR($I341=\"\",$X341=\"\"),\"\",$I341*N(INDEX(Fertilisants!$I$6:$I$45,$X341)))","v":""},"",{"$nulls":3},"",null,null,{"$f":"IF($C341=\"\",\"\",IFERROR(MATCH($C341,Îlots!$C$6:$C$65,0),\"\"))","v":""},{"$f":"IF($F341=\"\",\"\",IFERROR(MATCH($F341,Fertilisants!$A$6:$A$45,0),\"\"))","v":""},{"$f":"IF($W341=\"\",\"\",INDEX(Îlots!$D$6:$D$65,$W341))","v":""},{"$f":"IF($W341=\"\",\"\",INDEX(Îlots!$F$6:$F$65,$W341))","v":""},{"$f":"IF($W341=\"\",\"\",IF($E341=ApportCouvert,OccCouvert,INDEX(Îlots!$O$6:$O$65,$W341)))","v":""},{"$f":"IF(OR($AA341=\"\",$G341=\"\",$Z341=\"Non\"),\"\",IFERROR(MATCH($AA341&\" | \"&$G341,Paramètres!$I$7:$I$41,0),\"\"))","v":""},"",{"$f":"IF(OR($AB341=\"\",$AC341=\"\"),0,IF(OR(AND(INDEX(Paramètres!$J$7:$J$41,$AB341)>0,IF(INDEX(Paramètres!$J$7:$J$41,$AB341)<=INDEX(Paramètres!$K$7:$K$41,$AB341),AND($AC341>=INDEX(Paramètres!$J$7:$J$41,$AB341),$AC341<=INDEX(Paramètres!$K$7:$K$41,$AB341)),OR($AC341>=INDEX(Paramètres!$J$7:$J$41,$AB341),$AC341<=INDEX(Paramètres!$K$7:$K$41,$AB341)))),AND(INDEX(Paramètres!$L$7:$L$41,$AB341)>0,IF(INDEX(Paramètres!$L$7:$L$41,$AB341)<=INDEX(Paramètres!$M$7:$M$41,$AB341),AND($AC341>=INDEX(Paramètres!$L$7:$L$41,$AB341),$AC341<=INDEX(Paramètres!$M$7:$M$41,$AB341)),OR($AC341>=INDEX(Paramètres!$L$7:$L$41,$AB341),$AC341<=INDEX(Paramètres!$M$7:$M$41,$AB341))))),1,0))","v":0},{"$f":"IF($X341=\"\",0,IF(INDEX(Fertilisants!$C$6:$C$45,$X341)=\"Oui\",1,0))","v":0},"","","",""]
[{"$f":"IF(B342=\"\",\"\",COUNT($B$6:B342))","v":""},null,null,{"$f":"IF($W342=\"\",\"\",INDEX(Îlots!$N$6:$N$65,$W342))","v":""},null,null,{"$f":"IF($X342=\"\",\"\",INDEX(Fertilisants!$B$6:$B$45,$X342))","v":""},null,null,{"$f":"IF($X342=\"\",\"\",INDEX(Fertilisants!$D$6:$D$45,$X342))","v":""},"",{"$f":"IF(OR($I342=\"\",$X342=\"\"),\"\",$I342*N(INDEX(Fertilisants!$E$6:$E$45,$X342)))","v":""},{"$f":"IF(OR($I342=\"\",$X342=\"\"),\"\",$I342*N(INDEX(Fertilisants!$G$6:$G$45,$X342)))","v":""},{"$f":"IF(OR($I342=\"\",$X342=\"\"),\"\",$I342*N(INDEX(Fertilisants!$H$6:$H$45,$X342)))","v":""},{"$f":"IF(OR($I342=\"\",$X342=\"\"),\"\",$I342*N(INDEX(Fertilisants!$I$6:$I$45,$X342)))","v":""},"",{"$nulls":3},"",null,null,{"$f":"IF($C342=\"\",\"\",IFERROR(MATCH($C342,Îlots!$C$6:$C$65,0),\"\"))","v":""},{"$f":"IF($F342=\"\",\"\",IFERROR(MATCH($F342,Fertilisants!$A$6:$A$45,0),\"\"))","v":""},{"$f":"IF($W342=\"\",\"\",INDEX(Îlots!$D$6:$D$65,$W342))","v":""},{"$f":"IF($W342=\"\",\"\",INDEX(Îlots!$F$6:$F$65,$W342))","v":""},{"$f":"IF($W342=\"\",\"\",IF($E342=ApportCouvert,OccCouvert,INDEX(Îlots!$O$6:$O$65,$W342)))","v":""},{"$f":"IF(OR($AA342=\"\",$G342=\"\",$Z342=\"Non\"),\"\",IFERROR(MATCH($AA342&\" | \"&$G342,Paramètres!$I$7:$I$41,0),\"\"))","v":""},"",{"$f":"IF(OR($AB342=\"\",$AC342=\"\"),0,IF(OR(AND(INDEX(Paramètres!$J$7:$J$41,$AB342)>0,IF(INDEX(Paramètres!$J$7:$J$41,$AB342)<=INDEX(Paramètres!$K$7:$K$41,$AB342),AND($AC342>=INDEX(Paramètres!$J$7:$J$41,$AB342),$AC342<=INDEX(Paramètres!$K$7:$K$41,$AB342)),OR($AC342>=INDEX(Paramètres!$J$7:$J$41,$AB342),$AC342<=INDEX(Paramètres!$K$7:$K$41,$AB342)))),AND(INDEX(Paramètres!$L$7:$L$41,$AB342)>0,IF(INDEX(Paramètres!$L$7:$L$41,$AB342)<=INDEX(Paramètres!$M$7:$M$41,$AB342),AND($AC342>=INDEX(Paramètres!$L$7:$L$41,$AB342),$AC342<=INDEX(Paramètres!$M$7:$M$41,$AB342)),OR($AC342>=INDEX(Paramètres!$L$7:$L$41,$AB342),$AC342<=INDEX(Paramètres!$M$7:$M$41,$AB342))))),1,0))","v":0},{"$f":"IF($X342=\"\",0,IF(INDEX(Fertilisants!$C$6:$C$45,$X342)=\"Oui\",1,0))","v":0},"","","",""]
[{"$f":"IF(B343=\"\",\"\",COUNT($B$6:B343))","v":""},null,null,{"$f":"IF($W343=\"\",\"\",INDEX(Îlots!$N$6:$N$65,$W343))","v":""},null,null,{"$f":"IF($X343=\"\",\"\",INDEX(Fertilisants!$B$6:$B$45,$X343))","v":""},null,null,{"$f":"IF($X343=\"\",\"\",INDEX(Fertilisants!$D$6:$D$45,$X343))","v":""},"",{"$f":"IF(OR($I343=\"\",$X343=\"\"),\"\",$I343*N(INDEX(Fertilisants!$E$6:$E$45,$X343)))","v":""},{"$f":"IF(OR($I343=\"\",$X343=\"\"),\"\",$I343*N(INDEX(Fertilisants!$G$6:$G$45,$X343)))","v":""},{"$f":"IF(OR($I343=\"\",$X343=\"\"),\"\",$I343*N(INDEX(Fertilisants!$H$6:$H$45,$X343)))","v":""},{"$f":"IF(OR($I343=\"\",$X343=\"\"),\"\",$I343*N(INDEX(Fertilisants!$I$6:$I$45,$X343)))","v":""},"",{"$nulls":3},"",null,null,{"$f":"IF($C343=\"\",\"\",IFERROR(MATCH($C343,Îlots!$C$6:$C$65,0),\"\"))","v":""},{"$f":"IF($F343=\"\",\"\",IFERROR(MATCH($F343,Fertilisants!$A$6:$A$45,0),\"\"))","v":""},{"$f":"IF($W343=\"\",\"\",INDEX(Îlots!$D$6:$D$65,$W343))","v":""},{"$f":"IF($W343=\"\",\"\",INDEX(Îlots!$F$6:$F$65,$W343))","v":""},{"$f":"IF($W343=\"\",\"\",IF($E343=ApportCouvert,OccCouvert,INDEX(Îlots!$O$6:$O$65,$W343)))","v":""},{"$f":"IF(OR($AA343=\"\",$G343=\"\",$Z343=\"Non\"),\"\",IFERROR(MATCH($AA343&\" | \"&$G343,Paramètres!$I$7:$I$41,0),\"\"))","v":""},"",{"$f":"IF(OR($AB343=\"\",$AC343=\"\"),0,IF(OR(AND(INDEX(Paramètres!$J$7:$J$41,$AB343)>0,IF(INDEX(Paramètres!$J$7:$J$41,$AB343)<=INDEX(Paramètres!$K$7:$K$41,$AB343),AND($AC343>=INDEX(Paramètres!$J$7:$J$41,$AB343),$AC343<=INDEX(Paramètres!$K$7:$K$41,$AB343)),OR($AC343>=INDEX(Paramètres!$J$7:$J$41,$AB343),$AC343<=INDEX(Paramètres!$K$7:$K$41,$AB343)))),AND(INDEX(Paramètres!$L$7:$L$41,$AB343)>0,IF(INDEX(Paramètres!$L$7:$L$41,$AB343)<=INDEX(Paramètres!$M$7:$M$41,$AB343),AND($AC343>=INDEX(Paramètres!$L$7:$L$41,$AB343),$AC343<=INDEX(Paramètres!$M$7:$M$41,$AB343)),OR($AC343>=INDEX(Paramètres!$L$7:$L$41,$AB343),$AC343<=INDEX(Paramètres!$M$7:$M$41,$AB343))))),1,0))","v":0},{"$f":"IF($X343=\"\",0,IF(INDEX(Fertilisants!$C$6:$C$45,$X343)=\"Oui\",1,0))","v":0},"","","",""]
[{"$f":"IF(B344=\"\",\"\",COUNT($B$6:B344))","v":""},null,null,{"$f":"IF($W344=\"\",\"\",INDEX(Îlots!$N$6:$N$65,$W344))","v":""},null,null,{"$f":"IF($X344=\"\",\"\",INDEX(Fertilisants!$B$6:$B$45,$X344))","v":""},null,null,{"$f":"IF($X344=\"\",\"\",INDEX(Fertilisants!$D$6:$D$45,$X344))","v":""},"",{"$f":"IF(OR($I344=\"\",$X344=\"\"),\"\",$I344*N(INDEX(Fertilisants!$E$6:$E$45,$X344)))","v":""},{"$f":"IF(OR($I344=\"\",$X344=\"\"),\"\",$I344*N(INDEX(Fertilisants!$G$6:$G$45,$X344)))","v":""},{"$f":"IF(OR($I344=\"\",$X344=\"\"),\"\",$I344*N(INDEX(Fertilisants!$H$6:$H$45,$X344)))","v":""},{"$f":"IF(OR($I344=\"\",$X344=\"\"),\"\",$I344*N(INDEX(Fertilisants!$I$6:$I$45,$X344)))","v":""},"",{"$nulls":3},"",null,null,{"$f":"IF($C344=\"\",\"\",IFERROR(MATCH($C344,Îlots!$C$6:$C$65,0),\"\"))","v":""},{"$f":"IF($F344=\"\",\"\",IFERROR(MATCH($F344,Fertilisants!$A$6:$A$45,0),\"\"))","v":""},{"$f":"IF($W344=\"\",\"\",INDEX(Îlots!$D$6:$D$65,$W344))","v":""},{"$f":"IF($W344=\"\",\"\",INDEX(Îlots!$F$6:$F$65,$W344))","v":""},{"$f":"IF($W344=\"\",\"\",IF($E344=ApportCouvert,OccCouvert,INDEX(Îlots!$O$6:$O$65,$W344)))","v":""},{"$f":"IF(OR($AA344=\"\",$G344=\"\",$Z344=\"Non\"),\"\",IFERROR(MATCH($AA344&\" | \"&$G344,Paramètres!$I$7:$I$41,0),\"\"))","v":""},"",{"$f":"IF(OR($AB344=\"\",$AC344=\"\"),0,IF(OR(AND(INDEX(Paramètres!$J$7:$J$41,$AB344)>0,IF(INDEX(Paramètres!$J$7:$J$41,$AB344)<=INDEX(Paramètres!$K$7:$K$41,$AB344),AND($AC344>=INDEX(Paramètres!$J$7:$J$41,$AB344),$AC344<=INDEX(Paramètres!$K$7:$K$41,$AB344)),OR($AC344>=INDEX(Paramètres!$J$7:$J$41,$AB344),$AC344<=INDEX(Paramètres!$K$7:$K$41,$AB344)))),AND(INDEX(Paramètres!$L$7:$L$41,$AB344)>0,IF(INDEX(Paramètres!$L$7:$L$41,$AB344)<=INDEX(Paramètres!$M$7:$M$41,$AB344),AND($AC344>=INDEX(Paramètres!$L$7:$L$41,$AB344),$AC344<=INDEX(Paramètres!$M$7:$M$41,$AB344)),OR($AC344>=INDEX(Paramètres!$L$7:$L$41,$AB344),$AC344<=INDEX(Paramètres!$M$7:$M$41,$AB344))))),1,0))","v":0},{"$f":"IF($X344=\"\",0,IF(INDEX(Fertilisants!$C$6:$C$45,$X344)=\"Oui\",1,0))","v":0},"","","",""]
[{"$f":"IF(B345=\"\",\"\",COUNT($B$6:B345))","v":""},null,null,{"$f":"IF($W345=\"\",\"\",INDEX(Îlots!$N$6:$N$65,$W345))","v":""},null,null,{"$f":"IF($X345=\"\",\"\",INDEX(Fertilisants!$B$6:$B$45,$X345))","v":""},null,null,{"$f":"IF($X345=\"\",\"\",INDEX(Fertilisants!$D$6:$D$45,$X345))","v":""},"",{"$f":"IF(OR($I345=\"\",$X345=\"\"),\"\",$I345*N(INDEX(Fertilisants!$E$6:$E$45,$X345)))","v":""},{"$f":"IF(OR($I345=\"\",$X345=\"\"),\"\",$I345*N(INDEX(Fertilisants!$G$6:$G$45,$X345)))","v":""},{"$f":"IF(OR($I345=\"\",$X345=\"\"),\"\",$I345*N(INDEX(Fertilisants!$H$6:$H$45,$X345)))","v":""},{"$f":"IF(OR($I345=\"\",$X345=\"\"),\"\",$I345*N(INDEX(Fertilisants!$I$6:$I$45,$X345)))","v":""},"",{"$nulls":3},"",null,null,{"$f":"IF($C345=\"\",\"\",IFERROR(MATCH($C345,Îlots!$C$6:$C$65,0),\"\"))","v":""},{"$f":"IF($F345=\"\",\"\",IFERROR(MATCH($F345,Fertilisants!$A$6:$A$45,0),\"\"))","v":""},{"$f":"IF($W345=\"\",\"\",INDEX(Îlots!$D$6:$D$65,$W345))","v":""},{"$f":"IF($W345=\"\",\"\",INDEX(Îlots!$F$6:$F$65,$W345))","v":""},{"$f":"IF($W345=\"\",\"\",IF($E345=ApportCouvert,OccCouvert,INDEX(Îlots!$O$6:$O$65,$W345)))","v":""},{"$f":"IF(OR($AA345=\"\",$G345=\"\",$Z345=\"Non\"),\"\",IFERROR(MATCH($AA345&\" | \"&$G345,Paramètres!$I$7:$I$41,0),\"\"))","v":""},"",{"$f":"IF(OR($AB345=\"\",$AC345=\"\"),0,IF(OR(AND(INDEX(Paramètres!$J$7:$J$41,$AB345)>0,IF(INDEX(Paramètres!$J$7:$J$41,$AB345)<=INDEX(Paramètres!$K$7:$K$41,$AB345),AND($AC345>=INDEX(Paramètres!$J$7:$J$41,$AB345),$AC345<=INDEX(Paramètres!$K$7:$K$41,$AB345)),OR($AC345>=INDEX(Paramètres!$J$7:$J$41,$AB345),$AC345<=INDEX(Paramètres!$K$7:$K$41,$AB345)))),AND(INDEX(Paramètres!$L$7:$L$41,$AB345)>0,IF(INDEX(Paramètres!$L$7:$L$41,$AB345)<=INDEX(Paramètres!$M$7:$M$41,$AB345),AND($AC345>=INDEX(Paramètres!$L$7:$L$41,$AB345),$AC345<=INDEX(Paramètres!$M$7:$M$41,$AB345)),OR($AC345>=INDEX(Paramètres!$L$7:$L$41,$AB345),$AC345<=INDEX(Paramètres!$M$7:$M$41,$AB345))))),1,0))","v":0},{"$f":"IF($X345=\"\",0,IF(INDEX(Fertilisants!$C$6:$C$45,$X345)=\"Oui\",1,0))","v":0},"","","",""]
[{"$f":"IF(B346=\"\",\"\",COUNT($B$6:B346))","v":""},null,null,{"$f":"IF($W346=\"\",\"\",INDEX(Îlots!$N$6:$N$65,$W346))","v":""},null,null,{"$f":"IF($X346=\"\",\"\",INDEX(Fertilisants!$B$6:$B$45,$X346))","v":""},null,null,{"$f":"IF($X346=\"\",\"\",INDEX(Fertilisants!$D$6:$D$45,$X346))","v":""},"",{"$f":"IF(OR($I346=\"\",$X346=\"\"),\"\",$I346*N(INDEX(Fertilisants!$E$6:$E$45,$X346)))","v":""},{"$f":"IF(OR($I346=\"\",$X346=\"\"),\"\",$I346*N(INDEX(Fertilisants!$G$6:$G$45,$X346)))","v":""},{"$f":"IF(OR($I346=\"\",$X346=\"\"),\"\",$I346*N(INDEX(Fertilisants!$H$6:$H$45,$X346)))","v":""},{"$f":"IF(OR($I346=\"\",$X346=\"\"),\"\",$I346*N(INDEX(Fertilisants!$I$6:$I$45,$X346)))","v":""},"",{"$nulls":3},"",null,null,{"$f":"IF($C346=\"\",\"\",IFERROR(MATCH($C346,Îlots!$C$6:$C$65,0),\"\"))","v":""},{"$f":"IF($F346=\"\",\"\",IFERROR(MATCH($F346,Fertilisants!$A$6:$A$45,0),\"\"))","v":""},{"$f":"IF($W346=\"\",\"\",INDEX(Îlots!$D$6:$D$65,$W346))","v":""},{"$f":"IF($W346=\"\",\"\",INDEX(Îlots!$F$6:$F$65,$W346))","v":""},{"$f":"IF($W346=\"\",\"\",IF($E346=ApportCouvert,OccCouvert,INDEX(Îlots!$O$6:$O$65,$W346)))","v":""},{"$f":"IF(OR($AA346=\"\",$G346=\"\",$Z346=\"Non\"),\"\",IFERROR(MATCH($AA346&\" | \"&$G346,Paramètres!$I$7:$I$41,0),\"\"))","v":""},"",{"$f":"IF(OR($AB346=\"\",$AC346=\"\"),0,IF(OR(AND(INDEX(Paramètres!$J$7:$J$41,$AB346)>0,IF(INDEX(Paramètres!$J$7:$J$41,$AB346)<=INDEX(Paramètres!$K$7:$K$41,$AB346),AND($AC346>=INDEX(Paramètres!$J$7:$J$41,$AB346),$AC346<=INDEX(Paramètres!$K$7:$K$41,$AB346)),OR($AC346>=INDEX(Paramètres!$J$7:$J$41,$AB346),$AC346<=INDEX(Paramètres!$K$7:$K$41,$AB346)))),AND(INDEX(Paramètres!$L$7:$L$41,$AB346)>0,IF(INDEX(Paramètres!$L$7:$L$41,$AB346)<=INDEX(Paramètres!$M$7:$M$41,$AB346),AND($AC346>=INDEX(Paramètres!$L$7:$L$41,$AB346),$AC346<=INDEX(Paramètres!$M$7:$M$41,$AB346)),OR($AC346>=INDEX(Paramètres!$L$7:$L$41,$AB346),$AC346<=INDEX(Paramètres!$M$7:$M$41,$AB346))))),1,0))","v":0},{"$f":"IF($X346=\"\",0,IF(INDEX(Fertilisants!$C$6:$C$45,$X346)=\"Oui\",1,0))","v":0},"","","",""]
[{"$f":"IF(B347=\"\",\"\",COUNT($B$6:B347))","v":""},null,null,{"$f":"IF($W347=\"\",\"\",INDEX(Îlots!$N$6:$N$65,$W347))","v":""},null,null,{"$f":"IF($X347=\"\",\"\",INDEX(Fertilisants!$B$6:$B$45,$X347))","v":""},null,null,{"$f":"IF($X347=\"\",\"\",INDEX(Fertilisants!$D$6:$D$45,$X347))","v":""},"",{"$f":"IF(OR($I347=\"\",$X347=\"\"),\"\",$I347*N(INDEX(Fertilisants!$E$6:$E$45,$X347)))","v":""},{"$f":"IF(OR($I347=\"\",$X347=\"\"),\"\",$I347*N(INDEX(Fertilisants!$G$6:$G$45,$X347)))","v":""},{"$f":"IF(OR($I347=\"\",$X347=\"\"),\"\",$I347*N(INDEX(Fertilisants!$H$6:$H$45,$X347)))","v":""},{"$f":"IF(OR($I347=\"\",$X347=\"\"),\"\",$I347*N(INDEX(Fertilisants!$I$6:$I$45,$X347)))","v":""},"",{"$nulls":3},"",null,null,{"$f":"IF($C347=\"\",\"\",IFERROR(MATCH($C347,Îlots!$C$6:$C$65,0),\"\"))","v":""},{"$f":"IF($F347=\"\",\"\",IFERROR(MATCH($F347,Fertilisants!$A$6:$A$45,0),\"\"))","v":""},{"$f":"IF($W347=\"\",\"\",INDEX(Îlots!$D$6:$D$65,$W347))","v":""},{"$f":"IF($W347=\"\",\"\",INDEX(Îlots!$F$6:$F$65,$W347))","v":""},{"$f":"IF($W347=\"\",\"\",IF($E347=ApportCouvert,OccCouvert,INDEX(Îlots!$O$6:$O$65,$W347)))","v":""},{"$f":"IF(OR($AA347=\"\",$G347=\"\",$Z347=\"Non\"),\"\",IFERROR(MATCH($AA347&\" | \"&$G347,Paramètres!$I$7:$I$41,0),\"\"))","v":""},"",{"$f":"IF(OR($AB347=\"\",$AC347=\"\"),0,IF(OR(AND(INDEX(Paramètres!$J$7:$J$41,$AB347)>0,IF(INDEX(Paramètres!$J$7:$J$41,$AB347)<=INDEX(Paramètres!$K$7:$K$41,$AB347),AND($AC347>=INDEX(Paramètres!$J$7:$J$41,$AB347),$AC347<=INDEX(Paramètres!$K$7:$K$41,$AB347)),OR($AC347>=INDEX(Paramètres!$J$7:$J$41,$AB347),$AC347<=INDEX(Paramètres!$K$7:$K$41,$AB347)))),AND(INDEX(Paramètres!$L$7:$L$41,$AB347)>0,IF(INDEX(Paramètres!$L$7:$L$41,$AB347)<=INDEX(Paramètres!$M$7:$M$41,$AB347),AND($AC347>=INDEX(Paramètres!$L$7:$L$41,$AB347),$AC347<=INDEX(Paramètres!$M$7:$M$41,$AB347)),OR($AC347>=INDEX(Paramètres!$L$7:$L$41,$AB347),$AC347<=INDEX(Paramètres!$M$7:$M$41,$AB347))))),1,0))","v":0},{"$f":"IF($X347=\"\",0,IF(INDEX(Fertilisants!$C$6:$C$45,$X347)=\"Oui\",1,0))","v":0},"","","",""]
[{"$f":"IF(B348=\"\",\"\",COUNT($B$6:B348))","v":""},null,null,{"$f":"IF($W348=\"\",\"\",INDEX(Îlots!$N$6:$N$65,$W348))","v":""},null,null,{"$f":"IF($X348=\"\",\"\",INDEX(Fertilisants!$B$6:$B$45,$X348))","v":""},null,null,{"$f":"IF($X348=\"\",\"\",INDEX(Fertilisants!$D$6:$D$45,$X348))","v":""},"",{"$f":"IF(OR($I348=\"\",$X348=\"\"),\"\",$I348*N(INDEX(Fertilisants!$E$6:$E$45,$X348)))","v":""},{"$f":"IF(OR($I348=\"\",$X348=\"\"),\"\",$I348*N(INDEX(Fertilisants!$G$6:$G$45,$X348)))","v":""},{"$f":"IF(OR($I348=\"\",$X348=\"\"),\"\",$I348*N(INDEX(Fertilisants!$H$6:$H$45,$X348)))","v":""},{"$f":"IF(OR($I348=\"\",$X348=\"\"),\"\",$I348*N(INDEX(Fertilisants!$I$6:$I$45,$X348)))","v":""},"",{"$nulls":3},"",null,null,{"$f":"IF($C348=\"\",\"\",IFERROR(MATCH($C348,Îlots!$C$6:$C$65,0),\"\"))","v":""},{"$f":"IF($F348=\"\",\"\",IFERROR(MATCH($F348,Fertilisants!$A$6:$A$45,0),\"\"))","v":""},{"$f":"IF($W348=\"\",\"\",INDEX(Îlots!$D$6:$D$65,$W348))","v":""},{"$f":"IF($W348=\"\",\"\",INDEX(Îlots!$F$6:$F$65,$W348))","v":""},{"$f":"IF($W348=\"\",\"\",IF($E348=ApportCouvert,OccCouvert,INDEX(Îlots!$O$6:$O$65,$W348)))","v":""},{"$f":"IF(OR($AA348=\"\",$G348=\"\",$Z348=\"Non\"),\"\",IFERROR(MATCH($AA348&\" | \"&$G348,Paramètres!$I$7:$I$41,0),\"\"))","v":""},"",{"$f":"IF(OR($AB348=\"\",$AC348=\"\"),0,IF(OR(AND(INDEX(Paramètres!$J$7:$J$41,$AB348)>0,IF(INDEX(Paramètres!$J$7:$J$41,$AB348)<=INDEX(Paramètres!$K$7:$K$41,$AB348),AND($AC348>=INDEX(Paramètres!$J$7:$J$41,$AB348),$AC348<=INDEX(Paramètres!$K$7:$K$41,$AB348)),OR($AC348>=INDEX(Paramètres!$J$7:$J$41,$AB348),$AC348<=INDEX(Paramètres!$K$7:$K$41,$AB348)))),AND(INDEX(Paramètres!$L$7:$L$41,$AB348)>0,IF(INDEX(Paramètres!$L$7:$L$41,$AB348)<=INDEX(Paramètres!$M$7:$M$41,$AB348),AND($AC348>=INDEX(Paramètres!$L$7:$L$41,$AB348),$AC348<=INDEX(Paramètres!$M$7:$M$41,$AB348)),OR($AC348>=INDEX(Paramètres!$L$7:$L$41,$AB348),$AC348<=INDEX(Paramètres!$M$7:$M$41,$AB348))))),1,0))","v":0},{"$f":"IF($X348=\"\",0,IF(INDEX(Fertilisants!$C$6:$C$45,$X348)=\"Oui\",1,0))","v":0},"","","",""]
[{"$f":"IF(B349=\"\",\"\",COUNT($B$6:B349))","v":""},null,null,{"$f":"IF($W349=\"\",\"\",INDEX(Îlots!$N$6:$N$65,$W349))","v":""},null,null,{"$f":"IF($X349=\"\",\"\",INDEX(Fertilisants!$B$6:$B$45,$X349))","v":""},null,null,{"$f":"IF($X349=\"\",\"\",INDEX(Fertilisants!$D$6:$D$45,$X349))","v":""},"",{"$f":"IF(OR($I349=\"\",$X349=\"\"),\"\",$I349*N(INDEX(Fertilisants!$E$6:$E$45,$X349)))","v":""},{"$f":"IF(OR($I349=\"\",$X349=\"\"),\"\",$I349*N(INDEX(Fertilisants!$G$6:$G$45,$X349)))","v":""},{"$f":"IF(OR($I349=\"\",$X349=\"\"),\"\",$I349*N(INDEX(Fertilisants!$H$6:$H$45,$X349)))","v":""},{"$f":"IF(OR($I349=\"\",$X349=\"\"),\"\",$I349*N(INDEX(Fertilisants!$I$6:$I$45,$X349)))","v":""},"",{"$nulls":3},"",null,null,{"$f":"IF($C349=\"\",\"\",IFERROR(MATCH($C349,Îlots!$C$6:$C$65,0),\"\"))","v":""},{"$f":"IF($F349=\"\",\"\",IFERROR(MATCH($F349,Fertilisants!$A$6:$A$45,0),\"\"))","v":""},{"$f":"IF($W349=\"\",\"\",INDEX(Îlots!$D$6:$D$65,$W349))","v":""},{"$f":"IF($W349=\"\",\"\",INDEX(Îlots!$F$6:$F$65,$W349))","v":""},{"$f":"IF($W349=\"\",\"\",IF($E349=ApportCouvert,OccCouvert,INDEX(Îlots!$O$6:$O$65,$W349)))","v":""},{"$f":"IF(OR($AA349=\"\",$G349=\"\",$Z349=\"Non\"),\"\",IFERROR(MATCH($AA349&\" | \"&$G349,Paramètres!$I$7:$I$41,0),\"\"))","v":""},"",{"$f":"IF(OR($AB349=\"\",$AC349=\"\"),0,IF(OR(AND(INDEX(Paramètres!$J$7:$J$41,$AB349)>0,IF(INDEX(Paramètres!$J$7:$J$41,$AB349)<=INDEX(Paramètres!$K$7:$K$41,$AB349),AND($AC349>=INDEX(Paramètres!$J$7:$J$41,$AB349),$AC349<=INDEX(Paramètres!$K$7:$K$41,$AB349)),OR($AC349>=INDEX(Paramètres!$J$7:$J$41,$AB349),$AC349<=INDEX(Paramètres!$K$7:$K$41,$AB349)))),AND(INDEX(Paramètres!$L$7:$L$41,$AB349)>0,IF(INDEX(Paramètres!$L$7:$L$41,$AB349)<=INDEX(Paramètres!$M$7:$M$41,$AB349),AND($AC349>=INDEX(Paramètres!$L$7:$L$41,$AB349),$AC349<=INDEX(Paramètres!$M$7:$M$41,$AB349)),OR($AC349>=INDEX(Paramètres!$L$7:$L$41,$AB349),$AC349<=INDEX(Paramètres!$M$7:$M$41,$AB349))))),1,0))","v":0},{"$f":"IF($X349=\"\",0,IF(INDEX(Fertilisants!$C$6:$C$45,$X349)=\"Oui\",1,0))","v":0},"","","",""]
[{"$f":"IF(B350=\"\",\"\",COUNT($B$6:B350))","v":""},null,null,{"$f":"IF($W350=\"\",\"\",INDEX(Îlots!$N$6:$N$65,$W350))","v":""},null,null,{"$f":"IF($X350=\"\",\"\",INDEX(Fertilisants!$B$6:$B$45,$X350))","v":""},null,null,{"$f":"IF($X350=\"\",\"\",INDEX(Fertilisants!$D$6:$D$45,$X350))","v":""},"",{"$f":"IF(OR($I350=\"\",$X350=\"\"),\"\",$I350*N(INDEX(Fertilisants!$E$6:$E$45,$X350)))","v":""},{"$f":"IF(OR($I350=\"\",$X350=\"\"),\"\",$I350*N(INDEX(Fertilisants!$G$6:$G$45,$X350)))","v":""},{"$f":"IF(OR($I350=\"\",$X350=\"\"),\"\",$I350*N(INDEX(Fertilisants!$H$6:$H$45,$X350)))","v":""},{"$f":"IF(OR($I350=\"\",$X350=\"\"),\"\",$I350*N(INDEX(Fertilisants!$I$6:$I$45,$X350)))","v":""},"",{"$nulls":3},"",null,null,{"$f":"IF($C350=\"\",\"\",IFERROR(MATCH($C350,Îlots!$C$6:$C$65,0),\"\"))","v":""},{"$f":"IF($F350=\"\",\"\",IFERROR(MATCH($F350,Fertilisants!$A$6:$A$45,0),\"\"))","v":""},{"$f":"IF($W350=\"\",\"\",INDEX(Îlots!$D$6:$D$65,$W350))","v":""},{"$f":"IF($W350=\"\",\"\",INDEX(Îlots!$F$6:$F$65,$W350))","v":""},{"$f":"IF($W350=\"\",\"\",IF($E350=ApportCouvert,OccCouvert,INDEX(Îlots!$O$6:$O$65,$W350)))","v":""},{"$f":"IF(OR($AA350=\"\",$G350=\"\",$Z350=\"Non\"),\"\",IFERROR(MATCH($AA350&\" | \"&$G350,Paramètres!$I$7:$I$41,0),\"\"))","v":""},"",{"$f":"IF(OR($AB350=\"\",$AC350=\"\"),0,IF(OR(AND(INDEX(Paramètres!$J$7:$J$41,$AB350)>0,IF(INDEX(Paramètres!$J$7:$J$41,$AB350)<=INDEX(Paramètres!$K$7:$K$41,$AB350),AND($AC350>=INDEX(Paramètres!$J$7:$J$41,$AB350),$AC350<=INDEX(Paramètres!$K$7:$K$41,$AB350)),OR($AC350>=INDEX(Paramètres!$J$7:$J$41,$AB350),$AC350<=INDEX(Paramètres!$K$7:$K$41,$AB350)))),AND(INDEX(Paramètres!$L$7:$L$41,$AB350)>0,IF(INDEX(Paramètres!$L$7:$L$41,$AB350)<=INDEX(Paramètres!$M$7:$M$41,$AB350),AND($AC350>=INDEX(Paramètres!$L$7:$L$41,$AB350),$AC350<=INDEX(Paramètres!$M$7:$M$41,$AB350)),OR($AC350>=INDEX(Paramètres!$L$7:$L$41,$AB350),$AC350<=INDEX(Paramètres!$M$7:$M$41,$AB350))))),1,0))","v":0},{"$f":"IF($X350=\"\",0,IF(INDEX(Fertilisants!$C$6:$C$45,$X350)=\"Oui\",1,0))","v":0},"","","",""]
[{"$f":"IF(B351=\"\",\"\",COUNT($B$6:B351))","v":""},null,null,{"$f":"IF($W351=\"\",\"\",INDEX(Îlots!$N$6:$N$65,$W351))","v":""},null,null,{"$f":"IF($X351=\"\",\"\",INDEX(Fertilisants!$B$6:$B$45,$X351))","v":""},null,null,{"$f":"IF($X351=\"\",\"\",INDEX(Fertilisants!$D$6:$D$45,$X351))","v":""},"",{"$f":"IF(OR($I351=\"\",$X351=\"\"),\"\",$I351*N(INDEX(Fertilisants!$E$6:$E$45,$X351)))","v":""},{"$f":"IF(OR($I351=\"\",$X351=\"\"),\"\",$I351*N(INDEX(Fertilisants!$G$6:$G$45,$X351)))","v":""},{"$f":"IF(OR($I351=\"\",$X351=\"\"),\"\",$I351*N(INDEX(Fertilisants!$H$6:$H$45,$X351)))","v":""},{"$f":"IF(OR($I351=\"\",$X351=\"\"),\"\",$I351*N(INDEX(Fertilisants!$I$6:$I$45,$X351)))","v":""},"",{"$nulls":3},"",null,null,{"$f":"IF($C351=\"\",\"\",IFERROR(MATCH($C351,Îlots!$C$6:$C$65,0),\"\"))","v":""},{"$f":"IF($F351=\"\",\"\",IFERROR(MATCH($F351,Fertilisants!$A$6:$A$45,0),\"\"))","v":""},{"$f":"IF($W351=\"\",\"\",INDEX(Îlots!$D$6:$D$65,$W351))","v":""},{"$f":"IF($W351=\"\",\"\",INDEX(Îlots!$F$6:$F$65,$W351))","v":""},{"$f":"IF($W351=\"\",\"\",IF($E351=ApportCouvert,OccCouvert,INDEX(Îlots!$O$6:$O$65,$W351)))","v":""},{"$f":"IF(OR($AA351=\"\",$G351=\"\",$Z351=\"Non\"),\"\",IFERROR(MATCH($AA351&\" | \"&$G351,Paramètres!$I$7:$I$41,0),\"\"))","v":""},"",{"$f":"IF(OR($AB351=\"\",$AC351=\"\"),0,IF(OR(AND(INDEX(Paramètres!$J$7:$J$41,$AB351)>0,IF(INDEX(Paramètres!$J$7:$J$41,$AB351)<=INDEX(Paramètres!$K$7:$K$41,$AB351),AND($AC351>=INDEX(Paramètres!$J$7:$J$41,$AB351),$AC351<=INDEX(Paramètres!$K$7:$K$41,$AB351)),OR($AC351>=INDEX(Paramètres!$J$7:$J$41,$AB351),$AC351<=INDEX(Paramètres!$K$7:$K$41,$AB351)))),AND(INDEX(Paramètres!$L$7:$L$41,$AB351)>0,IF(INDEX(Paramètres!$L$7:$L$41,$AB351)<=INDEX(Paramètres!$M$7:$M$41,$AB351),AND($AC351>=INDEX(Paramètres!$L$7:$L$41,$AB351),$AC351<=INDEX(Paramètres!$M$7:$M$41,$AB351)),OR($AC351>=INDEX(Paramètres!$L$7:$L$41,$AB351),$AC351<=INDEX(Paramètres!$M$7:$M$41,$AB351))))),1,0))","v":0},{"$f":"IF($X351=\"\",0,IF(INDEX(Fertilisants!$C$6:$C$45,$X351)=\"Oui\",1,0))","v":0},"","","",""]
[{"$f":"IF(B352=\"\",\"\",COUNT($B$6:B352))","v":""},null,null,{"$f":"IF($W352=\"\",\"\",INDEX(Îlots!$N$6:$N$65,$W352))","v":""},null,null,{"$f":"IF($X352=\"\",\"\",INDEX(Fertilisants!$B$6:$B$45,$X352))","v":""},null,null,{"$f":"IF($X352=\"\",\"\",INDEX(Fertilisants!$D$6:$D$45,$X352))","v":""},"",{"$f":"IF(OR($I352=\"\",$X352=\"\"),\"\",$I352*N(INDEX(Fertilisants!$E$6:$E$45,$X352)))","v":""},{"$f":"IF(OR($I352=\"\",$X352=\"\"),\"\",$I352*N(INDEX(Fertilisants!$G$6:$G$45,$X352)))","v":""},{"$f":"IF(OR($I352=\"\",$X352=\"\"),\"\",$I352*N(INDEX(Fertilisants!$H$6:$H$45,$X352)))","v":""},{"$f":"IF(OR($I352=\"\",$X352=\"\"),\"\",$I352*N(INDEX(Fertilisants!$I$6:$I$45,$X352)))","v":""},"",{"$nulls":3},"",null,null,{"$f":"IF($C352=\"\",\"\",IFERROR(MATCH($C352,Îlots!$C$6:$C$65,0),\"\"))","v":""},{"$f":"IF($F352=\"\",\"\",IFERROR(MATCH($F352,Fertilisants!$A$6:$A$45,0),\"\"))","v":""},{"$f":"IF($W352=\"\",\"\",INDEX(Îlots!$D$6:$D$65,$W352))","v":""},{"$f":"IF($W352=\"\",\"\",INDEX(Îlots!$F$6:$F$65,$W352))","v":""},{"$f":"IF($W352=\"\",\"\",IF($E352=ApportCouvert,OccCouvert,INDEX(Îlots!$O$6:$O$65,$W352)))","v":""},{"$f":"IF(OR($AA352=\"\",$G352=\"\",$Z352=\"Non\"),\"\",IFERROR(MATCH($AA352&\" | \"&$G352,Paramètres!$I$7:$I$41,0),\"\"))","v":""},"",{"$f":"IF(OR($AB352=\"\",$AC352=\"\"),0,IF(OR(AND(INDEX(Paramètres!$J$7:$J$41,$AB352)>0,IF(INDEX(Paramètres!$J$7:$J$41,$AB352)<=INDEX(Paramètres!$K$7:$K$41,$AB352),AND($AC352>=INDEX(Paramètres!$J$7:$J$41,$AB352),$AC352<=INDEX(Paramètres!$K$7:$K$41,$AB352)),OR($AC352>=INDEX(Paramètres!$J$7:$J$41,$AB352),$AC352<=INDEX(Paramètres!$K$7:$K$41,$AB352)))),AND(INDEX(Paramètres!$L$7:$L$41,$AB352)>0,IF(INDEX(Paramètres!$L$7:$L$41,$AB352)<=INDEX(Paramètres!$M$7:$M$41,$AB352),AND($AC352>=INDEX(Paramètres!$L$7:$L$41,$AB352),$AC352<=INDEX(Paramètres!$M$7:$M$41,$AB352)),OR($AC352>=INDEX(Paramètres!$L$7:$L$41,$AB352),$AC352<=INDEX(Paramètres!$M$7:$M$41,$AB352))))),1,0))","v":0},{"$f":"IF($X352=\"\",0,IF(INDEX(Fertilisants!$C$6:$C$45,$X352)=\"Oui\",1,0))","v":0},"","","",""]
[{"$f":"IF(B353=\"\",\"\",COUNT($B$6:B353))","v":""},null,null,{"$f":"IF($W353=\"\",\"\",INDEX(Îlots!$N$6:$N$65,$W353))","v":""},null,null,{"$f":"IF($X353=\"\",\"\",INDEX(Fertilisants!$B$6:$B$45,$X353))","v":""},null,null,{"$f":"IF($X353=\"\",\"\",INDEX(Fertilisants!$D$6:$D$45,$X353))","v":""},"",{"$f":"IF(OR($I353=\"\",$X353=\"\"),\"\",$I353*N(INDEX(Fertilisants!$E$6:$E$45,$X353)))","v":""},{"$f":"IF(OR($I353=\"\",$X353=\"\"),\"\",$I353*N(INDEX(Fertilisants!$G$6:$G$45,$X353)))","v":""},{"$f":"IF(OR($I353=\"\",$X353=\"\"),\"\",$I353*N(INDEX(Fertilisants!$H$6:$H$45,$X353)))","v":""},{"$f":"IF(OR($I353=\"\",$X353=\"\"),\"\",$I353*N(INDEX(Fertilisants!$I$6:$I$45,$X353)))","v":""},"",{"$nulls":3},"",null,null,{"$f":"IF($C353=\"\",\"\",IFERROR(MATCH($C353,Îlots!$C$6:$C$65,0),\"\"))","v":""},{"$f":"IF($F353=\"\",\"\",IFERROR(MATCH($F353,Fertilisants!$A$6:$A$45,0),\"\"))","v":""},{"$f":"IF($W353=\"\",\"\",INDEX(Îlots!$D$6:$D$65,$W353))","v":""},{"$f":"IF($W353=\"\",\"\",INDEX(Îlots!$F$6:$F$65,$W353))","v":""},{"$f":"IF($W353=\"\",\"\",IF($E353=ApportCouvert,OccCouvert,INDEX(Îlots!$O$6:$O$65,$W353)))","v":""},{"$f":"IF(OR($AA353=\"\",$G353=\"\",$Z353=\"Non\"),\"\",IFERROR(MATCH($AA353&\" | \"&$G353,Paramètres!$I$7:$I$41,0),\"\"))","v":""},"",{"$f":"IF(OR($AB353=\"\",$AC353=\"\"),0,IF(OR(AND(INDEX(Paramètres!$J$7:$J$41,$AB353)>0,IF(INDEX(Paramètres!$J$7:$J$41,$AB353)<=INDEX(Paramètres!$K$7:$K$41,$AB353),AND($AC353>=INDEX(Paramètres!$J$7:$J$41,$AB353),$AC353<=INDEX(Paramètres!$K$7:$K$41,$AB353)),OR($AC353>=INDEX(Paramètres!$J$7:$J$41,$AB353),$AC353<=INDEX(Paramètres!$K$7:$K$41,$AB353)))),AND(INDEX(Paramètres!$L$7:$L$41,$AB353)>0,IF(INDEX(Paramètres!$L$7:$L$41,$AB353)<=INDEX(Paramètres!$M$7:$M$41,$AB353),AND($AC353>=INDEX(Paramètres!$L$7:$L$41,$AB353),$AC353<=INDEX(Paramètres!$M$7:$M$41,$AB353)),OR($AC353>=INDEX(Paramètres!$L$7:$L$41,$AB353),$AC353<=INDEX(Paramètres!$M$7:$M$41,$AB353))))),1,0))","v":0},{"$f":"IF($X353=\"\",0,IF(INDEX(Fertilisants!$C$6:$C$45,$X353)=\"Oui\",1,0))","v":0},"","","",""]
[{"$f":"IF(B354=\"\",\"\",COUNT($B$6:B354))","v":""},null,null,{"$f":"IF($W354=\"\",\"\",INDEX(Îlots!$N$6:$N$65,$W354))","v":""},null,null,{"$f":"IF($X354=\"\",\"\",INDEX(Fertilisants!$B$6:$B$45,$X354))","v":""},null,null,{"$f":"IF($X354=\"\",\"\",INDEX(Fertilisants!$D$6:$D$45,$X354))","v":""},"",{"$f":"IF(OR($I354=\"\",$X354=\"\"),\"\",$I354*N(INDEX(Fertilisants!$E$6:$E$45,$X354)))","v":""},{"$f":"IF(OR($I354=\"\",$X354=\"\"),\"\",$I354*N(INDEX(Fertilisants!$G$6:$G$45,$X354)))","v":""},{"$f":"IF(OR($I354=\"\",$X354=\"\"),\"\",$I354*N(INDEX(Fertilisants!$H$6:$H$45,$X354)))","v":""},{"$f":"IF(OR($I354=\"\",$X354=\"\"),\"\",$I354*N(INDEX(Fertilisants!$I$6:$I$45,$X354)))","v":""},"",{"$nulls":3},"",null,null,{"$f":"IF($C354=\"\",\"\",IFERROR(MATCH($C354,Îlots!$C$6:$C$65,0),\"\"))","v":""},{"$f":"IF($F354=\"\",\"\",IFERROR(MATCH($F354,Fertilisants!$A$6:$A$45,0),\"\"))","v":""},{"$f":"IF($W354=\"\",\"\",INDEX(Îlots!$D$6:$D$65,$W354))","v":""},{"$f":"IF($W354=\"\",\"\",INDEX(Îlots!$F$6:$F$65,$W354))","v":""},{"$f":"IF($W354=\"\",\"\",IF($E354=ApportCouvert,OccCouvert,INDEX(Îlots!$O$6:$O$65,$W354)))","v":""},{"$f":"IF(OR($AA354=\"\",$G354=\"\",$Z354=\"Non\"),\"\",IFERROR(MATCH($AA354&\" | \"&$G354,Paramètres!$I$7:$I$41,0),\"\"))","v":""},"",{"$f":"IF(OR($AB354=\"\",$AC354=\"\"),0,IF(OR(AND(INDEX(Paramètres!$J$7:$J$41,$AB354)>0,IF(INDEX(Paramètres!$J$7:$J$41,$AB354)<=INDEX(Paramètres!$K$7:$K$41,$AB354),AND($AC354>=INDEX(Paramètres!$J$7:$J$41,$AB354),$AC354<=INDEX(Paramètres!$K$7:$K$41,$AB354)),OR($AC354>=INDEX(Paramètres!$J$7:$J$41,$AB354),$AC354<=INDEX(Paramètres!$K$7:$K$41,$AB354)))),AND(INDEX(Paramètres!$L$7:$L$41,$AB354)>0,IF(INDEX(Paramètres!$L$7:$L$41,$AB354)<=INDEX(Paramètres!$M$7:$M$41,$AB354),AND($AC354>=INDEX(Paramètres!$L$7:$L$41,$AB354),$AC354<=INDEX(Paramètres!$M$7:$M$41,$AB354)),OR($AC354>=INDEX(Paramètres!$L$7:$L$41,$AB354),$AC354<=INDEX(Paramètres!$M$7:$M$41,$AB354))))),1,0))","v":0},{"$f":"IF($X354=\"\",0,IF(INDEX(Fertilisants!$C$6:$C$45,$X354)=\"Oui\",1,0))","v":0},"","","",""]
[{"$f":"IF(B355=\"\",\"\",COUNT($B$6:B355))","v":""},null,null,{"$f":"IF($W355=\"\",\"\",INDEX(Îlots!$N$6:$N$65,$W355))","v":""},null,null,{"$f":"IF($X355=\"\",\"\",INDEX(Fertilisants!$B$6:$B$45,$X355))","v":""},null,null,{"$f":"IF($X355=\"\",\"\",INDEX(Fertilisants!$D$6:$D$45,$X355))","v":""},"",{"$f":"IF(OR($I355=\"\",$X355=\"\"),\"\",$I355*N(INDEX(Fertilisants!$E$6:$E$45,$X355)))","v":""},{"$f":"IF(OR($I355=\"\",$X355=\"\"),\"\",$I355*N(INDEX(Fertilisants!$G$6:$G$45,$X355)))","v":""},{"$f":"IF(OR($I355=\"\",$X355=\"\"),\"\",$I355*N(INDEX(Fertilisants!$H$6:$H$45,$X355)))","v":""},{"$f":"IF(OR($I355=\"\",$X355=\"\"),\"\",$I355*N(INDEX(Fertilisants!$I$6:$I$45,$X355)))","v":""},"",{"$nulls":3},"",null,null,{"$f":"IF($C355=\"\",\"\",IFERROR(MATCH($C355,Îlots!$C$6:$C$65,0),\"\"))","v":""},{"$f":"IF($F355=\"\",\"\",IFERROR(MATCH($F355,Fertilisants!$A$6:$A$45,0),\"\"))","v":""},{"$f":"IF($W355=\"\",\"\",INDEX(Îlots!$D$6:$D$65,$W355))","v":""},{"$f":"IF($W355=\"\",\"\",INDEX(Îlots!$F$6:$F$65,$W355))","v":""},{"$f":"IF($W355=\"\",\"\",IF($E355=ApportCouvert,OccCouvert,INDEX(Îlots!$O$6:$O$65,$W355)))","v":""},{"$f":"IF(OR($AA355=\"\",$G355=\"\",$Z355=\"Non\"),\"\",IFERROR(MATCH($AA355&\" | \"&$G355,Paramètres!$I$7:$I$41,0),\"\"))","v":""},"",{"$f":"IF(OR($AB355=\"\",$AC355=\"\"),0,IF(OR(AND(INDEX(Paramètres!$J$7:$J$41,$AB355)>0,IF(INDEX(Paramètres!$J$7:$J$41,$AB355)<=INDEX(Paramètres!$K$7:$K$41,$AB355),AND($AC355>=INDEX(Paramètres!$J$7:$J$41,$AB355),$AC355<=INDEX(Paramètres!$K$7:$K$41,$AB355)),OR($AC355>=INDEX(Paramètres!$J$7:$J$41,$AB355),$AC355<=INDEX(Paramètres!$K$7:$K$41,$AB355)))),AND(INDEX(Paramètres!$L$7:$L$41,$AB355)>0,IF(INDEX(Paramètres!$L$7:$L$41,$AB355)<=INDEX(Paramètres!$M$7:$M$41,$AB355),AND($AC355>=INDEX(Paramètres!$L$7:$L$41,$AB355),$AC355<=INDEX(Paramètres!$M$7:$M$41,$AB355)),OR($AC355>=INDEX(Paramètres!$L$7:$L$41,$AB355),$AC355<=INDEX(Paramètres!$M$7:$M$41,$AB355))))),1,0))","v":0},{"$f":"IF($X355=\"\",0,IF(INDEX(Fertilisants!$C$6:$C$45,$X355)=\"Oui\",1,0))","v":0},"","","",""]
[{"$f":"IF(B356=\"\",\"\",COUNT($B$6:B356))","v":""},null,null,{"$f":"IF($W356=\"\",\"\",INDEX(Îlots!$N$6:$N$65,$W356))","v":""},null,null,{"$f":"IF($X356=\"\",\"\",INDEX(Fertilisants!$B$6:$B$45,$X356))","v":""},null,null,{"$f":"IF($X356=\"\",\"\",INDEX(Fertilisants!$D$6:$D$45,$X356))","v":""},"",{"$f":"IF(OR($I356=\"\",$X356=\"\"),\"\",$I356*N(INDEX(Fertilisants!$E$6:$E$45,$X356)))","v":""},{"$f":"IF(OR($I356=\"\",$X356=\"\"),\"\",$I356*N(INDEX(Fertilisants!$G$6:$G$45,$X356)))","v":""},{"$f":"IF(OR($I356=\"\",$X356=\"\"),\"\",$I356*N(INDEX(Fertilisants!$H$6:$H$45,$X356)))","v":""},{"$f":"IF(OR($I356=\"\",$X356=\"\"),\"\",$I356*N(INDEX(Fertilisants!$I$6:$I$45,$X356)))","v":""},"",{"$nulls":3},"",null,null,{"$f":"IF($C356=\"\",\"\",IFERROR(MATCH($C356,Îlots!$C$6:$C$65,0),\"\"))","v":""},{"$f":"IF($F356=\"\",\"\",IFERROR(MATCH($F356,Fertilisants!$A$6:$A$45,0),\"\"))","v":""},{"$f":"IF($W356=\"\",\"\",INDEX(Îlots!$D$6:$D$65,$W356))","v":""},{"$f":"IF($W356=\"\",\"\",INDEX(Îlots!$F$6:$F$65,$W356))","v":""},{"$f":"IF($W356=\"\",\"\",IF($E356=ApportCouvert,OccCouvert,INDEX(Îlots!$O$6:$O$65,$W356)))","v":""},{"$f":"IF(OR($AA356=\"\",$G356=\"\",$Z356=\"Non\"),\"\",IFERROR(MATCH($AA356&\" | \"&$G356,Paramètres!$I$7:$I$41,0),\"\"))","v":""},"",{"$f":"IF(OR($AB356=\"\",$AC356=\"\"),0,IF(OR(AND(INDEX(Paramètres!$J$7:$J$41,$AB356)>0,IF(INDEX(Paramètres!$J$7:$J$41,$AB356)<=INDEX(Paramètres!$K$7:$K$41,$AB356),AND($AC356>=INDEX(Paramètres!$J$7:$J$41,$AB356),$AC356<=INDEX(Paramètres!$K$7:$K$41,$AB356)),OR($AC356>=INDEX(Paramètres!$J$7:$J$41,$AB356),$AC356<=INDEX(Paramètres!$K$7:$K$41,$AB356)))),AND(INDEX(Paramètres!$L$7:$L$41,$AB356)>0,IF(INDEX(Paramètres!$L$7:$L$41,$AB356)<=INDEX(Paramètres!$M$7:$M$41,$AB356),AND($AC356>=INDEX(Paramètres!$L$7:$L$41,$AB356),$AC356<=INDEX(Paramètres!$M$7:$M$41,$AB356)),OR($AC356>=INDEX(Paramètres!$L$7:$L$41,$AB356),$AC356<=INDEX(Paramètres!$M$7:$M$41,$AB356))))),1,0))","v":0},{"$f":"IF($X356=\"\",0,IF(INDEX(Fertilisants!$C$6:$C$45,$X356)=\"Oui\",1,0))","v":0},"","","",""]
[{"$f":"IF(B357=\"\",\"\",COUNT($B$6:B357))","v":""},null,null,{"$f":"IF($W357=\"\",\"\",INDEX(Îlots!$N$6:$N$65,$W357))","v":""},null,null,{"$f":"IF($X357=\"\",\"\",INDEX(Fertilisants!$B$6:$B$45,$X357))","v":""},null,null,{"$f":"IF($X357=\"\",\"\",INDEX(Fertilisants!$D$6:$D$45,$X357))","v":""},"",{"$f":"IF(OR($I357=\"\",$X357=\"\"),\"\",$I357*N(INDEX(Fertilisants!$E$6:$E$45,$X357)))","v":""},{"$f":"IF(OR($I357=\"\",$X357=\"\"),\"\",$I357*N(INDEX(Fertilisants!$G$6:$G$45,$X357)))","v":""},{"$f":"IF(OR($I357=\"\",$X357=\"\"),\"\",$I357*N(INDEX(Fertilisants!$H$6:$H$45,$X357)))","v":""},{"$f":"IF(OR($I357=\"\",$X357=\"\"),\"\",$I357*N(INDEX(Fertilisants!$I$6:$I$45,$X357)))","v":""},"",{"$nulls":3},"",null,null,{"$f":"IF($C357=\"\",\"\",IFERROR(MATCH($C357,Îlots!$C$6:$C$65,0),\"\"))","v":""},{"$f":"IF($F357=\"\",\"\",IFERROR(MATCH($F357,Fertilisants!$A$6:$A$45,0),\"\"))","v":""},{"$f":"IF($W357=\"\",\"\",INDEX(Îlots!$D$6:$D$65,$W357))","v":""},{"$f":"IF($W357=\"\",\"\",INDEX(Îlots!$F$6:$F$65,$W357))","v":""},{"$f":"IF($W357=\"\",\"\",IF($E357=ApportCouvert,OccCouvert,INDEX(Îlots!$O$6:$O$65,$W357)))","v":""},{"$f":"IF(OR($AA357=\"\",$G357=\"\",$Z357=\"Non\"),\"\",IFERROR(MATCH($AA357&\" | \"&$G357,Paramètres!$I$7:$I$41,0),\"\"))","v":""},"",{"$f":"IF(OR($AB357=\"\",$AC357=\"\"),0,IF(OR(AND(INDEX(Paramètres!$J$7:$J$41,$AB357)>0,IF(INDEX(Paramètres!$J$7:$J$41,$AB357)<=INDEX(Paramètres!$K$7:$K$41,$AB357),AND($AC357>=INDEX(Paramètres!$J$7:$J$41,$AB357),$AC357<=INDEX(Paramètres!$K$7:$K$41,$AB357)),OR($AC357>=INDEX(Paramètres!$J$7:$J$41,$AB357),$AC357<=INDEX(Paramètres!$K$7:$K$41,$AB357)))),AND(INDEX(Paramètres!$L$7:$L$41,$AB357)>0,IF(INDEX(Paramètres!$L$7:$L$41,$AB357)<=INDEX(Paramètres!$M$7:$M$41,$AB357),AND($AC357>=INDEX(Paramètres!$L$7:$L$41,$AB357),$AC357<=INDEX(Paramètres!$M$7:$M$41,$AB357)),OR($AC357>=INDEX(Paramètres!$L$7:$L$41,$AB357),$AC357<=INDEX(Paramètres!$M$7:$M$41,$AB357))))),1,0))","v":0},{"$f":"IF($X357=\"\",0,IF(INDEX(Fertilisants!$C$6:$C$45,$X357)=\"Oui\",1,0))","v":0},"","","",""]
[{"$f":"IF(B358=\"\",\"\",COUNT($B$6:B358))","v":""},null,null,{"$f":"IF($W358=\"\",\"\",INDEX(Îlots!$N$6:$N$65,$W358))","v":""},null,null,{"$f":"IF($X358=\"\",\"\",INDEX(Fertilisants!$B$6:$B$45,$X358))","v":""},null,null,{"$f":"IF($X358=\"\",\"\",INDEX(Fertilisants!$D$6:$D$45,$X358))","v":""},"",{"$f":"IF(OR($I358=\"\",$X358=\"\"),\"\",$I358*N(INDEX(Fertilisants!$E$6:$E$45,$X358)))","v":""},{"$f":"IF(OR($I358=\"\",$X358=\"\"),\"\",$I358*N(INDEX(Fertilisants!$G$6:$G$45,$X358)))","v":""},{"$f":"IF(OR($I358=\"\",$X358=\"\"),\"\",$I358*N(INDEX(Fertilisants!$H$6:$H$45,$X358)))","v":""},{"$f":"IF(OR($I358=\"\",$X358=\"\"),\"\",$I358*N(INDEX(Fertilisants!$I$6:$I$45,$X358)))","v":""},"",{"$nulls":3},"",null,null,{"$f":"IF($C358=\"\",\"\",IFERROR(MATCH($C358,Îlots!$C$6:$C$65,0),\"\"))","v":""},{"$f":"IF($F358=\"\",\"\",IFERROR(MATCH($F358,Fertilisants!$A$6:$A$45,0),\"\"))","v":""},{"$f":"IF($W358=\"\",\"\",INDEX(Îlots!$D$6:$D$65,$W358))","v":""},{"$f":"IF($W358=\"\",\"\",INDEX(Îlots!$F$6:$F$65,$W358))","v":""},{"$f":"IF($W358=\"\",\"\",IF($E358=ApportCouvert,OccCouvert,INDEX(Îlots!$O$6:$O$65,$W358)))","v":""},{"$f":"IF(OR($AA358=\"\",$G358=\"\",$Z358=\"Non\"),\"\",IFERROR(MATCH($AA358&\" | \"&$G358,Paramètres!$I$7:$I$41,0),\"\"))","v":""},"",{"$f":"IF(OR($AB358=\"\",$AC358=\"\"),0,IF(OR(AND(INDEX(Paramètres!$J$7:$J$41,$AB358)>0,IF(INDEX(Paramètres!$J$7:$J$41,$AB358)<=INDEX(Paramètres!$K$7:$K$41,$AB358),AND($AC358>=INDEX(Paramètres!$J$7:$J$41,$AB358),$AC358<=INDEX(Paramètres!$K$7:$K$41,$AB358)),OR($AC358>=INDEX(Paramètres!$J$7:$J$41,$AB358),$AC358<=INDEX(Paramètres!$K$7:$K$41,$AB358)))),AND(INDEX(Paramètres!$L$7:$L$41,$AB358)>0,IF(INDEX(Paramètres!$L$7:$L$41,$AB358)<=INDEX(Paramètres!$M$7:$M$41,$AB358),AND($AC358>=INDEX(Paramètres!$L$7:$L$41,$AB358),$AC358<=INDEX(Paramètres!$M$7:$M$41,$AB358)),OR($AC358>=INDEX(Paramètres!$L$7:$L$41,$AB358),$AC358<=INDEX(Paramètres!$M$7:$M$41,$AB358))))),1,0))","v":0},{"$f":"IF($X358=\"\",0,IF(INDEX(Fertilisants!$C$6:$C$45,$X358)=\"Oui\",1,0))","v":0},"","","",""]
[{"$f":"IF(B359=\"\",\"\",COUNT($B$6:B359))","v":""},null,null,{"$f":"IF($W359=\"\",\"\",INDEX(Îlots!$N$6:$N$65,$W359))","v":""},null,null,{"$f":"IF($X359=\"\",\"\",INDEX(Fertilisants!$B$6:$B$45,$X359))","v":""},null,null,{"$f":"IF($X359=\"\",\"\",INDEX(Fertilisants!$D$6:$D$45,$X359))","v":""},"",{"$f":"IF(OR($I359=\"\",$X359=\"\"),\"\",$I359*N(INDEX(Fertilisants!$E$6:$E$45,$X359)))","v":""},{"$f":"IF(OR($I359=\"\",$X359=\"\"),\"\",$I359*N(INDEX(Fertilisants!$G$6:$G$45,$X359)))","v":""},{"$f":"IF(OR($I359=\"\",$X359=\"\"),\"\",$I359*N(INDEX(Fertilisants!$H$6:$H$45,$X359)))","v":""},{"$f":"IF(OR($I359=\"\",$X359=\"\"),\"\",$I359*N(INDEX(Fertilisants!$I$6:$I$45,$X359)))","v":""},"",{"$nulls":3},"",null,null,{"$f":"IF($C359=\"\",\"\",IFERROR(MATCH($C359,Îlots!$C$6:$C$65,0),\"\"))","v":""},{"$f":"IF($F359=\"\",\"\",IFERROR(MATCH($F359,Fertilisants!$A$6:$A$45,0),\"\"))","v":""},{"$f":"IF($W359=\"\",\"\",INDEX(Îlots!$D$6:$D$65,$W359))","v":""},{"$f":"IF($W359=\"\",\"\",INDEX(Îlots!$F$6:$F$65,$W359))","v":""},{"$f":"IF($W359=\"\",\"\",IF($E359=ApportCouvert,OccCouvert,INDEX(Îlots!$O$6:$O$65,$W359)))","v":""},{"$f":"IF(OR($AA359=\"\",$G359=\"\",$Z359=\"Non\"),\"\",IFERROR(MATCH($AA359&\" | \"&$G359,Paramètres!$I$7:$I$41,0),\"\"))","v":""},"",{"$f":"IF(OR($AB359=\"\",$AC359=\"\"),0,IF(OR(AND(INDEX(Paramètres!$J$7:$J$41,$AB359)>0,IF(INDEX(Paramètres!$J$7:$J$41,$AB359)<=INDEX(Paramètres!$K$7:$K$41,$AB359),AND($AC359>=INDEX(Paramètres!$J$7:$J$41,$AB359),$AC359<=INDEX(Paramètres!$K$7:$K$41,$AB359)),OR($AC359>=INDEX(Paramètres!$J$7:$J$41,$AB359),$AC359<=INDEX(Paramètres!$K$7:$K$41,$AB359)))),AND(INDEX(Paramètres!$L$7:$L$41,$AB359)>0,IF(INDEX(Paramètres!$L$7:$L$41,$AB359)<=INDEX(Paramètres!$M$7:$M$41,$AB359),AND($AC359>=INDEX(Paramètres!$L$7:$L$41,$AB359),$AC359<=INDEX(Paramètres!$M$7:$M$41,$AB359)),OR($AC359>=INDEX(Paramètres!$L$7:$L$41,$AB359),$AC359<=INDEX(Paramètres!$M$7:$M$41,$AB359))))),1,0))","v":0},{"$f":"IF($X359=\"\",0,IF(INDEX(Fertilisants!$C$6:$C$45,$X359)=\"Oui\",1,0))","v":0},"","","",""]
[{"$f":"IF(B360=\"\",\"\",COUNT($B$6:B360))","v":""},null,null,{"$f":"IF($W360=\"\",\"\",INDEX(Îlots!$N$6:$N$65,$W360))","v":""},null,null,{"$f":"IF($X360=\"\",\"\",INDEX(Fertilisants!$B$6:$B$45,$X360))","v":""},null,null,{"$f":"IF($X360=\"\",\"\",INDEX(Fertilisants!$D$6:$D$45,$X360))","v":""},"",{"$f":"IF(OR($I360=\"\",$X360=\"\"),\"\",$I360*N(INDEX(Fertilisants!$E$6:$E$45,$X360)))","v":""},{"$f":"IF(OR($I360=\"\",$X360=\"\"),\"\",$I360*N(INDEX(Fertilisants!$G$6:$G$45,$X360)))","v":""},{"$f":"IF(OR($I360=\"\",$X360=\"\"),\"\",$I360*N(INDEX(Fertilisants!$H$6:$H$45,$X360)))","v":""},{"$f":"IF(OR($I360=\"\",$X360=\"\"),\"\",$I360*N(INDEX(Fertilisants!$I$6:$I$45,$X360)))","v":""},"",{"$nulls":3},"",null,null,{"$f":"IF($C360=\"\",\"\",IFERROR(MATCH($C360,Îlots!$C$6:$C$65,0),\"\"))","v":""},{"$f":"IF($F360=\"\",\"\",IFERROR(MATCH($F360,Fertilisants!$A$6:$A$45,0),\"\"))","v":""},{"$f":"IF($W360=\"\",\"\",INDEX(Îlots!$D$6:$D$65,$W360))","v":""},{"$f":"IF($W360=\"\",\"\",INDEX(Îlots!$F$6:$F$65,$W360))","v":""},{"$f":"IF($W360=\"\",\"\",IF($E360=ApportCouvert,OccCouvert,INDEX(Îlots!$O$6:$O$65,$W360)))","v":""},{"$f":"IF(OR($AA360=\"\",$G360=\"\",$Z360=\"Non\"),\"\",IFERROR(MATCH($AA360&\" | \"&$G360,Paramètres!$I$7:$I$41,0),\"\"))","v":""},"",{"$f":"IF(OR($AB360=\"\",$AC360=\"\"),0,IF(OR(AND(INDEX(Paramètres!$J$7:$J$41,$AB360)>0,IF(INDEX(Paramètres!$J$7:$J$41,$AB360)<=INDEX(Paramètres!$K$7:$K$41,$AB360),AND($AC360>=INDEX(Paramètres!$J$7:$J$41,$AB360),$AC360<=INDEX(Paramètres!$K$7:$K$41,$AB360)),OR($AC360>=INDEX(Paramètres!$J$7:$J$41,$AB360),$AC360<=INDEX(Paramètres!$K$7:$K$41,$AB360)))),AND(INDEX(Paramètres!$L$7:$L$41,$AB360)>0,IF(INDEX(Paramètres!$L$7:$L$41,$AB360)<=INDEX(Paramètres!$M$7:$M$41,$AB360),AND($AC360>=INDEX(Paramètres!$L$7:$L$41,$AB360),$AC360<=INDEX(Paramètres!$M$7:$M$41,$AB360)),OR($AC360>=INDEX(Paramètres!$L$7:$L$41,$AB360),$AC360<=INDEX(Paramètres!$M$7:$M$41,$AB360))))),1,0))","v":0},{"$f":"IF($X360=\"\",0,IF(INDEX(Fertilisants!$C$6:$C$45,$X360)=\"Oui\",1,0))","v":0},"","","",""]
[{"$f":"IF(B361=\"\",\"\",COUNT($B$6:B361))","v":""},null,null,{"$f":"IF($W361=\"\",\"\",INDEX(Îlots!$N$6:$N$65,$W361))","v":""},null,null,{"$f":"IF($X361=\"\",\"\",INDEX(Fertilisants!$B$6:$B$45,$X361))","v":""},null,null,{"$f":"IF($X361=\"\",\"\",INDEX(Fertilisants!$D$6:$D$45,$X361))","v":""},"",{"$f":"IF(OR($I361=\"\",$X361=\"\"),\"\",$I361*N(INDEX(Fertilisants!$E$6:$E$45,$X361)))","v":""},{"$f":"IF(OR($I361=\"\",$X361=\"\"),\"\",$I361*N(INDEX(Fertilisants!$G$6:$G$45,$X361)))","v":""},{"$f":"IF(OR($I361=\"\",$X361=\"\"),\"\",$I361*N(INDEX(Fertilisants!$H$6:$H$45,$X361)))","v":""},{"$f":"IF(OR($I361=\"\",$X361=\"\"),\"\",$I361*N(INDEX(Fertilisants!$I$6:$I$45,$X361)))","v":""},"",{"$nulls":3},"",null,null,{"$f":"IF($C361=\"\",\"\",IFERROR(MATCH($C361,Îlots!$C$6:$C$65,0),\"\"))","v":""},{"$f":"IF($F361=\"\",\"\",IFERROR(MATCH($F361,Fertilisants!$A$6:$A$45,0),\"\"))","v":""},{"$f":"IF($W361=\"\",\"\",INDEX(Îlots!$D$6:$D$65,$W361))","v":""},{"$f":"IF($W361=\"\",\"\",INDEX(Îlots!$F$6:$F$65,$W361))","v":""},{"$f":"IF($W361=\"\",\"\",IF($E361=ApportCouvert,OccCouvert,INDEX(Îlots!$O$6:$O$65,$W361)))","v":""},{"$f":"IF(OR($AA361=\"\",$G361=\"\",$Z361=\"Non\"),\"\",IFERROR(MATCH($AA361&\" | \"&$G361,Paramètres!$I$7:$I$41,0),\"\"))","v":""},"",{"$f":"IF(OR($AB361=\"\",$AC361=\"\"),0,IF(OR(AND(INDEX(Paramètres!$J$7:$J$41,$AB361)>0,IF(INDEX(Paramètres!$J$7:$J$41,$AB361)<=INDEX(Paramètres!$K$7:$K$41,$AB361),AND($AC361>=INDEX(Paramètres!$J$7:$J$41,$AB361),$AC361<=INDEX(Paramètres!$K$7:$K$41,$AB361)),OR($AC361>=INDEX(Paramètres!$J$7:$J$41,$AB361),$AC361<=INDEX(Paramètres!$K$7:$K$41,$AB361)))),AND(INDEX(Paramètres!$L$7:$L$41,$AB361)>0,IF(INDEX(Paramètres!$L$7:$L$41,$AB361)<=INDEX(Paramètres!$M$7:$M$41,$AB361),AND($AC361>=INDEX(Paramètres!$L$7:$L$41,$AB361),$AC361<=INDEX(Paramètres!$M$7:$M$41,$AB361)),OR($AC361>=INDEX(Paramètres!$L$7:$L$41,$AB361),$AC361<=INDEX(Paramètres!$M$7:$M$41,$AB361))))),1,0))","v":0},{"$f":"IF($X361=\"\",0,IF(INDEX(Fertilisants!$C$6:$C$45,$X361)=\"Oui\",1,0))","v":0},"","","",""]
[{"$f":"IF(B362=\"\",\"\",COUNT($B$6:B362))","v":""},null,null,{"$f":"IF($W362=\"\",\"\",INDEX(Îlots!$N$6:$N$65,$W362))","v":""},null,null,{"$f":"IF($X362=\"\",\"\",INDEX(Fertilisants!$B$6:$B$45,$X362))","v":""},null,null,{"$f":"IF($X362=\"\",\"\",INDEX(Fertilisants!$D$6:$D$45,$X362))","v":""},"",{"$f":"IF(OR($I362=\"\",$X362=\"\"),\"\",$I362*N(INDEX(Fertilisants!$E$6:$E$45,$X362)))","v":""},{"$f":"IF(OR($I362=\"\",$X362=\"\"),\"\",$I362*N(INDEX(Fertilisants!$G$6:$G$45,$X362)))","v":""},{"$f":"IF(OR($I362=\"\",$X362=\"\"),\"\",$I362*N(INDEX(Fertilisants!$H$6:$H$45,$X362)))","v":""},{"$f":"IF(OR($I362=\"\",$X362=\"\"),\"\",$I362*N(INDEX(Fertilisants!$I$6:$I$45,$X362)))","v":""},"",{"$nulls":3},"",null,null,{"$f":"IF($C362=\"\",\"\",IFERROR(MATCH($C362,Îlots!$C$6:$C$65,0),\"\"))","v":""},{"$f":"IF($F362=\"\",\"\",IFERROR(MATCH($F362,Fertilisants!$A$6:$A$45,0),\"\"))","v":""},{"$f":"IF($W362=\"\",\"\",INDEX(Îlots!$D$6:$D$65,$W362))","v":""},{"$f":"IF($W362=\"\",\"\",INDEX(Îlots!$F$6:$F$65,$W362))","v":""},{"$f":"IF($W362=\"\",\"\",IF($E362=ApportCouvert,OccCouvert,INDEX(Îlots!$O$6:$O$65,$W362)))","v":""},{"$f":"IF(OR($AA362=\"\",$G362=\"\",$Z362=\"Non\"),\"\",IFERROR(MATCH($AA362&\" | \"&$G362,Paramètres!$I$7:$I$41,0),\"\"))","v":""},"",{"$f":"IF(OR($AB362=\"\",$AC362=\"\"),0,IF(OR(AND(INDEX(Paramètres!$J$7:$J$41,$AB362)>0,IF(INDEX(Paramètres!$J$7:$J$41,$AB362)<=INDEX(Paramètres!$K$7:$K$41,$AB362),AND($AC362>=INDEX(Paramètres!$J$7:$J$41,$AB362),$AC362<=INDEX(Paramètres!$K$7:$K$41,$AB362)),OR($AC362>=INDEX(Paramètres!$J$7:$J$41,$AB362),$AC362<=INDEX(Paramètres!$K$7:$K$41,$AB362)))),AND(INDEX(Paramètres!$L$7:$L$41,$AB362)>0,IF(INDEX(Paramètres!$L$7:$L$41,$AB362)<=INDEX(Paramètres!$M$7:$M$41,$AB362),AND($AC362>=INDEX(Paramètres!$L$7:$L$41,$AB362),$AC362<=INDEX(Paramètres!$M$7:$M$41,$AB362)),OR($AC362>=INDEX(Paramètres!$L$7:$L$41,$AB362),$AC362<=INDEX(Paramètres!$M$7:$M$41,$AB362))))),1,0))","v":0},{"$f":"IF($X362=\"\",0,IF(INDEX(Fertilisants!$C$6:$C$45,$X362)=\"Oui\",1,0))","v":0},"","","",""]
[{"$f":"IF(B363=\"\",\"\",COUNT($B$6:B363))","v":""},null,null,{"$f":"IF($W363=\"\",\"\",INDEX(Îlots!$N$6:$N$65,$W363))","v":""},null,null,{"$f":"IF($X363=\"\",\"\",INDEX(Fertilisants!$B$6:$B$45,$X363))","v":""},null,null,{"$f":"IF($X363=\"\",\"\",INDEX(Fertilisants!$D$6:$D$45,$X363))","v":""},"",{"$f":"IF(OR($I363=\"\",$X363=\"\"),\"\",$I363*N(INDEX(Fertilisants!$E$6:$E$45,$X363)))","v":""},{"$f":"IF(OR($I363=\"\",$X363=\"\"),\"\",$I363*N(INDEX(Fertilisants!$G$6:$G$45,$X363)))","v":""},{"$f":"IF(OR($I363=\"\",$X363=\"\"),\"\",$I363*N(INDEX(Fertilisants!$H$6:$H$45,$X363)))","v":""},{"$f":"IF(OR($I363=\"\",$X363=\"\"),\"\",$I363*N(INDEX(Fertilisants!$I$6:$I$45,$X363)))","v":""},"",{"$nulls":3},"",null,null,{"$f":"IF($C363=\"\",\"\",IFERROR(MATCH($C363,Îlots!$C$6:$C$65,0),\"\"))","v":""},{"$f":"IF($F363=\"\",\"\",IFERROR(MATCH($F363,Fertilisants!$A$6:$A$45,0),\"\"))","v":""},{"$f":"IF($W363=\"\",\"\",INDEX(Îlots!$D$6:$D$65,$W363))","v":""},{"$f":"IF($W363=\"\",\"\",INDEX(Îlots!$F$6:$F$65,$W363))","v":""},{"$f":"IF($W363=\"\",\"\",IF($E363=ApportCouvert,OccCouvert,INDEX(Îlots!$O$6:$O$65,$W363)))","v":""},{"$f":"IF(OR($AA363=\"\",$G363=\"\",$Z363=\"Non\"),\"\",IFERROR(MATCH($AA363&\" | \"&$G363,Paramètres!$I$7:$I$41,0),\"\"))","v":""},"",{"$f":"IF(OR($AB363=\"\",$AC363=\"\"),0,IF(OR(AND(INDEX(Paramètres!$J$7:$J$41,$AB363)>0,IF(INDEX(Paramètres!$J$7:$J$41,$AB363)<=INDEX(Paramètres!$K$7:$K$41,$AB363),AND($AC363>=INDEX(Paramètres!$J$7:$J$41,$AB363),$AC363<=INDEX(Paramètres!$K$7:$K$41,$AB363)),OR($AC363>=INDEX(Paramètres!$J$7:$J$41,$AB363),$AC363<=INDEX(Paramètres!$K$7:$K$41,$AB363)))),AND(INDEX(Paramètres!$L$7:$L$41,$AB363)>0,IF(INDEX(Paramètres!$L$7:$L$41,$AB363)<=INDEX(Paramètres!$M$7:$M$41,$AB363),AND($AC363>=INDEX(Paramètres!$L$7:$L$41,$AB363),$AC363<=INDEX(Paramètres!$M$7:$M$41,$AB363)),OR($AC363>=INDEX(Paramètres!$L$7:$L$41,$AB363),$AC363<=INDEX(Paramètres!$M$7:$M$41,$AB363))))),1,0))","v":0},{"$f":"IF($X363=\"\",0,IF(INDEX(Fertilisants!$C$6:$C$45,$X363)=\"Oui\",1,0))","v":0},"","","",""]
[{"$f":"IF(B364=\"\",\"\",COUNT($B$6:B364))","v":""},null,null,{"$f":"IF($W364=\"\",\"\",INDEX(Îlots!$N$6:$N$65,$W364))","v":""},null,null,{"$f":"IF($X364=\"\",\"\",INDEX(Fertilisants!$B$6:$B$45,$X364))","v":""},null,null,{"$f":"IF($X364=\"\",\"\",INDEX(Fertilisants!$D$6:$D$45,$X364))","v":""},"",{"$f":"IF(OR($I364=\"\",$X364=\"\"),\"\",$I364*N(INDEX(Fertilisants!$E$6:$E$45,$X364)))","v":""},{"$f":"IF(OR($I364=\"\",$X364=\"\"),\"\",$I364*N(INDEX(Fertilisants!$G$6:$G$45,$X364)))","v":""},{"$f":"IF(OR($I364=\"\",$X364=\"\"),\"\",$I364*N(INDEX(Fertilisants!$H$6:$H$45,$X364)))","v":""},{"$f":"IF(OR($I364=\"\",$X364=\"\"),\"\",$I364*N(INDEX(Fertilisants!$I$6:$I$45,$X364)))","v":""},"",{"$nulls":3},"",null,null,{"$f":"IF($C364=\"\",\"\",IFERROR(MATCH($C364,Îlots!$C$6:$C$65,0),\"\"))","v":""},{"$f":"IF($F364=\"\",\"\",IFERROR(MATCH($F364,Fertilisants!$A$6:$A$45,0),\"\"))","v":""},{"$f":"IF($W364=\"\",\"\",INDEX(Îlots!$D$6:$D$65,$W364))","v":""},{"$f":"IF($W364=\"\",\"\",INDEX(Îlots!$F$6:$F$65,$W364))","v":""},{"$f":"IF($W364=\"\",\"\",IF($E364=ApportCouvert,OccCouvert,INDEX(Îlots!$O$6:$O$65,$W364)))","v":""},{"$f":"IF(OR($AA364=\"\",$G364=\"\",$Z364=\"Non\"),\"\",IFERROR(MATCH($AA364&\" | \"&$G364,Paramètres!$I$7:$I$41,0),\"\"))","v":""},"",{"$f":"IF(OR($AB364=\"\",$AC364=\"\"),0,IF(OR(AND(INDEX(Paramètres!$J$7:$J$41,$AB364)>0,IF(INDEX(Paramètres!$J$7:$J$41,$AB364)<=INDEX(Paramètres!$K$7:$K$41,$AB364),AND($AC364>=INDEX(Paramètres!$J$7:$J$41,$AB364),$AC364<=INDEX(Paramètres!$K$7:$K$41,$AB364)),OR($AC364>=INDEX(Paramètres!$J$7:$J$41,$AB364),$AC364<=INDEX(Paramètres!$K$7:$K$41,$AB364)))),AND(INDEX(Paramètres!$L$7:$L$41,$AB364)>0,IF(INDEX(Paramètres!$L$7:$L$41,$AB364)<=INDEX(Paramètres!$M$7:$M$41,$AB364),AND($AC364>=INDEX(Paramètres!$L$7:$L$41,$AB364),$AC364<=INDEX(Paramètres!$M$7:$M$41,$AB364)),OR($AC364>=INDEX(Paramètres!$L$7:$L$41,$AB364),$AC364<=INDEX(Paramètres!$M$7:$M$41,$AB364))))),1,0))","v":0},{"$f":"IF($X364=\"\",0,IF(INDEX(Fertilisants!$C$6:$C$45,$X364)=\"Oui\",1,0))","v":0},"","","",""]
[{"$f":"IF(B365=\"\",\"\",COUNT($B$6:B365))","v":""},null,null,{"$f":"IF($W365=\"\",\"\",INDEX(Îlots!$N$6:$N$65,$W365))","v":""},null,null,{"$f":"IF($X365=\"\",\"\",INDEX(Fertilisants!$B$6:$B$45,$X365))","v":""},null,null,{"$f":"IF($X365=\"\",\"\",INDEX(Fertilisants!$D$6:$D$45,$X365))","v":""},"",{"$f":"IF(OR($I365=\"\",$X365=\"\"),\"\",$I365*N(INDEX(Fertilisants!$E$6:$E$45,$X365)))","v":""},{"$f":"IF(OR($I365=\"\",$X365=\"\"),\"\",$I365*N(INDEX(Fertilisants!$G$6:$G$45,$X365)))","v":""},{"$f":"IF(OR($I365=\"\",$X365=\"\"),\"\",$I365*N(INDEX(Fertilisants!$H$6:$H$45,$X365)))","v":""},{"$f":"IF(OR($I365=\"\",$X365=\"\"),\"\",$I365*N(INDEX(Fertilisants!$I$6:$I$45,$X365)))","v":""},"",{"$nulls":3},"",null,null,{"$f":"IF($C365=\"\",\"\",IFERROR(MATCH($C365,Îlots!$C$6:$C$65,0),\"\"))","v":""},{"$f":"IF($F365=\"\",\"\",IFERROR(MATCH($F365,Fertilisants!$A$6:$A$45,0),\"\"))","v":""},{"$f":"IF($W365=\"\",\"\",INDEX(Îlots!$D$6:$D$65,$W365))","v":""},{"$f":"IF($W365=\"\",\"\",INDEX(Îlots!$F$6:$F$65,$W365))","v":""},{"$f":"IF($W365=\"\",\"\",IF($E365=ApportCouvert,OccCouvert,INDEX(Îlots!$O$6:$O$65,$W365)))","v":""},{"$f":"IF(OR($AA365=\"\",$G365=\"\",$Z365=\"Non\"),\"\",IFERROR(MATCH($AA365&\" | \"&$G365,Paramètres!$I$7:$I$41,0),\"\"))","v":""},"",{"$f":"IF(OR($AB365=\"\",$AC365=\"\"),0,IF(OR(AND(INDEX(Paramètres!$J$7:$J$41,$AB365)>0,IF(INDEX(Paramètres!$J$7:$J$41,$AB365)<=INDEX(Paramètres!$K$7:$K$41,$AB365),AND($AC365>=INDEX(Paramètres!$J$7:$J$41,$AB365),$AC365<=INDEX(Paramètres!$K$7:$K$41,$AB365)),OR($AC365>=INDEX(Paramètres!$J$7:$J$41,$AB365),$AC365<=INDEX(Paramètres!$K$7:$K$41,$AB365)))),AND(INDEX(Paramètres!$L$7:$L$41,$AB365)>0,IF(INDEX(Paramètres!$L$7:$L$41,$AB365)<=INDEX(Paramètres!$M$7:$M$41,$AB365),AND($AC365>=INDEX(Paramètres!$L$7:$L$41,$AB365),$AC365<=INDEX(Paramètres!$M$7:$M$41,$AB365)),OR($AC365>=INDEX(Paramètres!$L$7:$L$41,$AB365),$AC365<=INDEX(Paramètres!$M$7:$M$41,$AB365))))),1,0))","v":0},{"$f":"IF($X365=\"\",0,IF(INDEX(Fertilisants!$C$6:$C$45,$X365)=\"Oui\",1,0))","v":0},"","","",""]
[{"$f":"IF(B366=\"\",\"\",COUNT($B$6:B366))","v":""},null,null,{"$f":"IF($W366=\"\",\"\",INDEX(Îlots!$N$6:$N$65,$W366))","v":""},null,null,{"$f":"IF($X366=\"\",\"\",INDEX(Fertilisants!$B$6:$B$45,$X366))","v":""},null,null,{"$f":"IF($X366=\"\",\"\",INDEX(Fertilisants!$D$6:$D$45,$X366))","v":""},"",{"$f":"IF(OR($I366=\"\",$X366=\"\"),\"\",$I366*N(INDEX(Fertilisants!$E$6:$E$45,$X366)))","v":""},{"$f":"IF(OR($I366=\"\",$X366=\"\"),\"\",$I366*N(INDEX(Fertilisants!$G$6:$G$45,$X366)))","v":""},{"$f":"IF(OR($I366=\"\",$X366=\"\"),\"\",$I366*N(INDEX(Fertilisants!$H$6:$H$45,$X366)))","v":""},{"$f":"IF(OR($I366=\"\",$X366=\"\"),\"\",$I366*N(INDEX(Fertilisants!$I$6:$I$45,$X366)))","v":""},"",{"$nulls":3},"",null,null,{"$f":"IF($C366=\"\",\"\",IFERROR(MATCH($C366,Îlots!$C$6:$C$65,0),\"\"))","v":""},{"$f":"IF($F366=\"\",\"\",IFERROR(MATCH($F366,Fertilisants!$A$6:$A$45,0),\"\"))","v":""},{"$f":"IF($W366=\"\",\"\",INDEX(Îlots!$D$6:$D$65,$W366))","v":""},{"$f":"IF($W366=\"\",\"\",INDEX(Îlots!$F$6:$F$65,$W366))","v":""},{"$f":"IF($W366=\"\",\"\",IF($E366=ApportCouvert,OccCouvert,INDEX(Îlots!$O$6:$O$65,$W366)))","v":""},{"$f":"IF(OR($AA366=\"\",$G366=\"\",$Z366=\"Non\"),\"\",IFERROR(MATCH($AA366&\" | \"&$G366,Paramètres!$I$7:$I$41,0),\"\"))","v":""},"",{"$f":"IF(OR($AB366=\"\",$AC366=\"\"),0,IF(OR(AND(INDEX(Paramètres!$J$7:$J$41,$AB366)>0,IF(INDEX(Paramètres!$J$7:$J$41,$AB366)<=INDEX(Paramètres!$K$7:$K$41,$AB366),AND($AC366>=INDEX(Paramètres!$J$7:$J$41,$AB366),$AC366<=INDEX(Paramètres!$K$7:$K$41,$AB366)),OR($AC366>=INDEX(Paramètres!$J$7:$J$41,$AB366),$AC366<=INDEX(Paramètres!$K$7:$K$41,$AB366)))),AND(INDEX(Paramètres!$L$7:$L$41,$AB366)>0,IF(INDEX(Paramètres!$L$7:$L$41,$AB366)<=INDEX(Paramètres!$M$7:$M$41,$AB366),AND($AC366>=INDEX(Paramètres!$L$7:$L$41,$AB366),$AC366<=INDEX(Paramètres!$M$7:$M$41,$AB366)),OR($AC366>=INDEX(Paramètres!$L$7:$L$41,$AB366),$AC366<=INDEX(Paramètres!$M$7:$M$41,$AB366))))),1,0))","v":0},{"$f":"IF($X366=\"\",0,IF(INDEX(Fertilisants!$C$6:$C$45,$X366)=\"Oui\",1,0))","v":0},"","","",""]
[{"$f":"IF(B367=\"\",\"\",COUNT($B$6:B367))","v":""},null,null,{"$f":"IF($W367=\"\",\"\",INDEX(Îlots!$N$6:$N$65,$W367))","v":""},null,null,{"$f":"IF($X367=\"\",\"\",INDEX(Fertilisants!$B$6:$B$45,$X367))","v":""},null,null,{"$f":"IF($X367=\"\",\"\",INDEX(Fertilisants!$D$6:$D$45,$X367))","v":""},"",{"$f":"IF(OR($I367=\"\",$X367=\"\"),\"\",$I367*N(INDEX(Fertilisants!$E$6:$E$45,$X367)))","v":""},{"$f":"IF(OR($I367=\"\",$X367=\"\"),\"\",$I367*N(INDEX(Fertilisants!$G$6:$G$45,$X367)))","v":""},{"$f":"IF(OR($I367=\"\",$X367=\"\"),\"\",$I367*N(INDEX(Fertilisants!$H$6:$H$45,$X367)))","v":""},{"$f":"IF(OR($I367=\"\",$X367=\"\"),\"\",$I367*N(INDEX(Fertilisants!$I$6:$I$45,$X367)))","v":""},"",{"$nulls":3},"",null,null,{"$f":"IF($C367=\"\",\"\",IFERROR(MATCH($C367,Îlots!$C$6:$C$65,0),\"\"))","v":""},{"$f":"IF($F367=\"\",\"\",IFERROR(MATCH($F367,Fertilisants!$A$6:$A$45,0),\"\"))","v":""},{"$f":"IF($W367=\"\",\"\",INDEX(Îlots!$D$6:$D$65,$W367))","v":""},{"$f":"IF($W367=\"\",\"\",INDEX(Îlots!$F$6:$F$65,$W367))","v":""},{"$f":"IF($W367=\"\",\"\",IF($E367=ApportCouvert,OccCouvert,INDEX(Îlots!$O$6:$O$65,$W367)))","v":""},{"$f":"IF(OR($AA367=\"\",$G367=\"\",$Z367=\"Non\"),\"\",IFERROR(MATCH($AA367&\" | \"&$G367,Paramètres!$I$7:$I$41,0),\"\"))","v":""},"",{"$f":"IF(OR($AB367=\"\",$AC367=\"\"),0,IF(OR(AND(INDEX(Paramètres!$J$7:$J$41,$AB367)>0,IF(INDEX(Paramètres!$J$7:$J$41,$AB367)<=INDEX(Paramètres!$K$7:$K$41,$AB367),AND($AC367>=INDEX(Paramètres!$J$7:$J$41,$AB367),$AC367<=INDEX(Paramètres!$K$7:$K$41,$AB367)),OR($AC367>=INDEX(Paramètres!$J$7:$J$41,$AB367),$AC367<=INDEX(Paramètres!$K$7:$K$41,$AB367)))),AND(INDEX(Paramètres!$L$7:$L$41,$AB367)>0,IF(INDEX(Paramètres!$L$7:$L$41,$AB367)<=INDEX(Paramètres!$M$7:$M$41,$AB367),AND($AC367>=INDEX(Paramètres!$L$7:$L$41,$AB367),$AC367<=INDEX(Paramètres!$M$7:$M$41,$AB367)),OR($AC367>=INDEX(Paramètres!$L$7:$L$41,$AB367),$AC367<=INDEX(Paramètres!$M$7:$M$41,$AB367))))),1,0))","v":0},{"$f":"IF($X367=\"\",0,IF(INDEX(Fertilisants!$C$6:$C$45,$X367)=\"Oui\",1,0))","v":0},"","","",""]
[{"$f":"IF(B368=\"\",\"\",COUNT($B$6:B368))","v":""},null,null,{"$f":"IF($W368=\"\",\"\",INDEX(Îlots!$N$6:$N$65,$W368))","v":""},null,null,{"$f":"IF($X368=\"\",\"\",INDEX(Fertilisants!$B$6:$B$45,$X368))","v":""},null,null,{"$f":"IF($X368=\"\",\"\",INDEX(Fertilisants!$D$6:$D$45,$X368))","v":""},"",{"$f":"IF(OR($I368=\"\",$X368=\"\"),\"\",$I368*N(INDEX(Fertilisants!$E$6:$E$45,$X368)))","v":""},{"$f":"IF(OR($I368=\"\",$X368=\"\"),\"\",$I368*N(INDEX(Fertilisants!$G$6:$G$45,$X368)))","v":""},{"$f":"IF(OR($I368=\"\",$X368=\"\"),\"\",$I368*N(INDEX(Fertilisants!$H$6:$H$45,$X368)))","v":""},{"$f":"IF(OR($I368=\"\",$X368=\"\"),\"\",$I368*N(INDEX(Fertilisants!$I$6:$I$45,$X368)))","v":""},"",{"$nulls":3},"",null,null,{"$f":"IF($C368=\"\",\"\",IFERROR(MATCH($C368,Îlots!$C$6:$C$65,0),\"\"))","v":""},{"$f":"IF($F368=\"\",\"\",IFERROR(MATCH($F368,Fertilisants!$A$6:$A$45,0),\"\"))","v":""},{"$f":"IF($W368=\"\",\"\",INDEX(Îlots!$D$6:$D$65,$W368))","v":""},{"$f":"IF($W368=\"\",\"\",INDEX(Îlots!$F$6:$F$65,$W368))","v":""},{"$f":"IF($W368=\"\",\"\",IF($E368=ApportCouvert,OccCouvert,INDEX(Îlots!$O$6:$O$65,$W368)))","v":""},{"$f":"IF(OR($AA368=\"\",$G368=\"\",$Z368=\"Non\"),\"\",IFERROR(MATCH($AA368&\" | \"&$G368,Paramètres!$I$7:$I$41,0),\"\"))","v":""},"",{"$f":"IF(OR($AB368=\"\",$AC368=\"\"),0,IF(OR(AND(INDEX(Paramètres!$J$7:$J$41,$AB368)>0,IF(INDEX(Paramètres!$J$7:$J$41,$AB368)<=INDEX(Paramètres!$K$7:$K$41,$AB368),AND($AC368>=INDEX(Paramètres!$J$7:$J$41,$AB368),$AC368<=INDEX(Paramètres!$K$7:$K$41,$AB368)),OR($AC368>=INDEX(Paramètres!$J$7:$J$41,$AB368),$AC368<=INDEX(Paramètres!$K$7:$K$41,$AB368)))),AND(INDEX(Paramètres!$L$7:$L$41,$AB368)>0,IF(INDEX(Paramètres!$L$7:$L$41,$AB368)<=INDEX(Paramètres!$M$7:$M$41,$AB368),AND($AC368>=INDEX(Paramètres!$L$7:$L$41,$AB368),$AC368<=INDEX(Paramètres!$M$7:$M$41,$AB368)),OR($AC368>=INDEX(Paramètres!$L$7:$L$41,$AB368),$AC368<=INDEX(Paramètres!$M$7:$M$41,$AB368))))),1,0))","v":0},{"$f":"IF($X368=\"\",0,IF(INDEX(Fertilisants!$C$6:$C$45,$X368)=\"Oui\",1,0))","v":0},"","","",""]
[{"$f":"IF(B369=\"\",\"\",COUNT($B$6:B369))","v":""},null,null,{"$f":"IF($W369=\"\",\"\",INDEX(Îlots!$N$6:$N$65,$W369))","v":""},null,null,{"$f":"IF($X369=\"\",\"\",INDEX(Fertilisants!$B$6:$B$45,$X369))","v":""},null,null,{"$f":"IF($X369=\"\",\"\",INDEX(Fertilisants!$D$6:$D$45,$X369))","v":""},"",{"$f":"IF(OR($I369=\"\",$X369=\"\"),\"\",$I369*N(INDEX(Fertilisants!$E$6:$E$45,$X369)))","v":""},{"$f":"IF(OR($I369=\"\",$X369=\"\"),\"\",$I369*N(INDEX(Fertilisants!$G$6:$G$45,$X369)))","v":""},{"$f":"IF(OR($I369=\"\",$X369=\"\"),\"\",$I369*N(INDEX(Fertilisants!$H$6:$H$45,$X369)))","v":""},{"$f":"IF(OR($I369=\"\",$X369=\"\"),\"\",$I369*N(INDEX(Fertilisants!$I$6:$I$45,$X369)))","v":""},"",{"$nulls":3},"",null,null,{"$f":"IF($C369=\"\",\"\",IFERROR(MATCH($C369,Îlots!$C$6:$C$65,0),\"\"))","v":""},{"$f":"IF($F369=\"\",\"\",IFERROR(MATCH($F369,Fertilisants!$A$6:$A$45,0),\"\"))","v":""},{"$f":"IF($W369=\"\",\"\",INDEX(Îlots!$D$6:$D$65,$W369))","v":""},{"$f":"IF($W369=\"\",\"\",INDEX(Îlots!$F$6:$F$65,$W369))","v":""},{"$f":"IF($W369=\"\",\"\",IF($E369=ApportCouvert,OccCouvert,INDEX(Îlots!$O$6:$O$65,$W369)))","v":""},{"$f":"IF(OR($AA369=\"\",$G369=\"\",$Z369=\"Non\"),\"\",IFERROR(MATCH($AA369&\" | \"&$G369,Paramètres!$I$7:$I$41,0),\"\"))","v":""},"",{"$f":"IF(OR($AB369=\"\",$AC369=\"\"),0,IF(OR(AND(INDEX(Paramètres!$J$7:$J$41,$AB369)>0,IF(INDEX(Paramètres!$J$7:$J$41,$AB369)<=INDEX(Paramètres!$K$7:$K$41,$AB369),AND($AC369>=INDEX(Paramètres!$J$7:$J$41,$AB369),$AC369<=INDEX(Paramètres!$K$7:$K$41,$AB369)),OR($AC369>=INDEX(Paramètres!$J$7:$J$41,$AB369),$AC369<=INDEX(Paramètres!$K$7:$K$41,$AB369)))),AND(INDEX(Paramètres!$L$7:$L$41,$AB369)>0,IF(INDEX(Paramètres!$L$7:$L$41,$AB369)<=INDEX(Paramètres!$M$7:$M$41,$AB369),AND($AC369>=INDEX(Paramètres!$L$7:$L$41,$AB369),$AC369<=INDEX(Paramètres!$M$7:$M$41,$AB369)),OR($AC369>=INDEX(Paramètres!$L$7:$L$41,$AB369),$AC369<=INDEX(Paramètres!$M$7:$M$41,$AB369))))),1,0))","v":0},{"$f":"IF($X369=\"\",0,IF(INDEX(Fertilisants!$C$6:$C$45,$X369)=\"Oui\",1,0))","v":0},"","","",""]
[{"$f":"IF(B370=\"\",\"\",COUNT($B$6:B370))","v":""},null,null,{"$f":"IF($W370=\"\",\"\",INDEX(Îlots!$N$6:$N$65,$W370))","v":""},null,null,{"$f":"IF($X370=\"\",\"\",INDEX(Fertilisants!$B$6:$B$45,$X370))","v":""},null,null,{"$f":"IF($X370=\"\",\"\",INDEX(Fertilisants!$D$6:$D$45,$X370))","v":""},"",{"$f":"IF(OR($I370=\"\",$X370=\"\"),\"\",$I370*N(INDEX(Fertilisants!$E$6:$E$45,$X370)))","v":""},{"$f":"IF(OR($I370=\"\",$X370=\"\"),\"\",$I370*N(INDEX(Fertilisants!$G$6:$G$45,$X370)))","v":""},{"$f":"IF(OR($I370=\"\",$X370=\"\"),\"\",$I370*N(INDEX(Fertilisants!$H$6:$H$45,$X370)))","v":""},{"$f":"IF(OR($I370=\"\",$X370=\"\"),\"\",$I370*N(INDEX(Fertilisants!$I$6:$I$45,$X370)))","v":""},"",{"$nulls":3},"",null,null,{"$f":"IF($C370=\"\",\"\",IFERROR(MATCH($C370,Îlots!$C$6:$C$65,0),\"\"))","v":""},{"$f":"IF($F370=\"\",\"\",IFERROR(MATCH($F370,Fertilisants!$A$6:$A$45,0),\"\"))","v":""},{"$f":"IF($W370=\"\",\"\",INDEX(Îlots!$D$6:$D$65,$W370))","v":""},{"$f":"IF($W370=\"\",\"\",INDEX(Îlots!$F$6:$F$65,$W370))","v":""},{"$f":"IF($W370=\"\",\"\",IF($E370=ApportCouvert,OccCouvert,INDEX(Îlots!$O$6:$O$65,$W370)))","v":""},{"$f":"IF(OR($AA370=\"\",$G370=\"\",$Z370=\"Non\"),\"\",IFERROR(MATCH($AA370&\" | \"&$G370,Paramètres!$I$7:$I$41,0),\"\"))","v":""},"",{"$f":"IF(OR($AB370=\"\",$AC370=\"\"),0,IF(OR(AND(INDEX(Paramètres!$J$7:$J$41,$AB370)>0,IF(INDEX(Paramètres!$J$7:$J$41,$AB370)<=INDEX(Paramètres!$K$7:$K$41,$AB370),AND($AC370>=INDEX(Paramètres!$J$7:$J$41,$AB370),$AC370<=INDEX(Paramètres!$K$7:$K$41,$AB370)),OR($AC370>=INDEX(Paramètres!$J$7:$J$41,$AB370),$AC370<=INDEX(Paramètres!$K$7:$K$41,$AB370)))),AND(INDEX(Paramètres!$L$7:$L$41,$AB370)>0,IF(INDEX(Paramètres!$L$7:$L$41,$AB370)<=INDEX(Paramètres!$M$7:$M$41,$AB370),AND($AC370>=INDEX(Paramètres!$L$7:$L$41,$AB370),$AC370<=INDEX(Paramètres!$M$7:$M$41,$AB370)),OR($AC370>=INDEX(Paramètres!$L$7:$L$41,$AB370),$AC370<=INDEX(Paramètres!$M$7:$M$41,$AB370))))),1,0))","v":0},{"$f":"IF($X370=\"\",0,IF(INDEX(Fertilisants!$C$6:$C$45,$X370)=\"Oui\",1,0))","v":0},"","","",""]
[{"$f":"IF(B371=\"\",\"\",COUNT($B$6:B371))","v":""},null,null,{"$f":"IF($W371=\"\",\"\",INDEX(Îlots!$N$6:$N$65,$W371))","v":""},null,null,{"$f":"IF($X371=\"\",\"\",INDEX(Fertilisants!$B$6:$B$45,$X371))","v":""},null,null,{"$f":"IF($X371=\"\",\"\",INDEX(Fertilisants!$D$6:$D$45,$X371))","v":""},"",{"$f":"IF(OR($I371=\"\",$X371=\"\"),\"\",$I371*N(INDEX(Fertilisants!$E$6:$E$45,$X371)))","v":""},{"$f":"IF(OR($I371=\"\",$X371=\"\"),\"\",$I371*N(INDEX(Fertilisants!$G$6:$G$45,$X371)))","v":""},{"$f":"IF(OR($I371=\"\",$X371=\"\"),\"\",$I371*N(INDEX(Fertilisants!$H$6:$H$45,$X371)))","v":""},{"$f":"IF(OR($I371=\"\",$X371=\"\"),\"\",$I371*N(INDEX(Fertilisants!$I$6:$I$45,$X371)))","v":""},"",{"$nulls":3},"",null,null,{"$f":"IF($C371=\"\",\"\",IFERROR(MATCH($C371,Îlots!$C$6:$C$65,0),\"\"))","v":""},{"$f":"IF($F371=\"\",\"\",IFERROR(MATCH($F371,Fertilisants!$A$6:$A$45,0),\"\"))","v":""},{"$f":"IF($W371=\"\",\"\",INDEX(Îlots!$D$6:$D$65,$W371))","v":""},{"$f":"IF($W371=\"\",\"\",INDEX(Îlots!$F$6:$F$65,$W371))","v":""},{"$f":"IF($W371=\"\",\"\",IF($E371=ApportCouvert,OccCouvert,INDEX(Îlots!$O$6:$O$65,$W371)))","v":""},{"$f":"IF(OR($AA371=\"\",$G371=\"\",$Z371=\"Non\"),\"\",IFERROR(MATCH($AA371&\" | \"&$G371,Paramètres!$I$7:$I$41,0),\"\"))","v":""},"",{"$f":"IF(OR($AB371=\"\",$AC371=\"\"),0,IF(OR(AND(INDEX(Paramètres!$J$7:$J$41,$AB371)>0,IF(INDEX(Paramètres!$J$7:$J$41,$AB371)<=INDEX(Paramètres!$K$7:$K$41,$AB371),AND($AC371>=INDEX(Paramètres!$J$7:$J$41,$AB371),$AC371<=INDEX(Paramètres!$K$7:$K$41,$AB371)),OR($AC371>=INDEX(Paramètres!$J$7:$J$41,$AB371),$AC371<=INDEX(Paramètres!$K$7:$K$41,$AB371)))),AND(INDEX(Paramètres!$L$7:$L$41,$AB371)>0,IF(INDEX(Paramètres!$L$7:$L$41,$AB371)<=INDEX(Paramètres!$M$7:$M$41,$AB371),AND($AC371>=INDEX(Paramètres!$L$7:$L$41,$AB371),$AC371<=INDEX(Paramètres!$M$7:$M$41,$AB371)),OR($AC371>=INDEX(Paramètres!$L$7:$L$41,$AB371),$AC371<=INDEX(Paramètres!$M$7:$M$41,$AB371))))),1,0))","v":0},{"$f":"IF($X371=\"\",0,IF(INDEX(Fertilisants!$C$6:$C$45,$X371)=\"Oui\",1,0))","v":0},"","","",""]
[{"$f":"IF(B372=\"\",\"\",COUNT($B$6:B372))","v":""},null,null,{"$f":"IF($W372=\"\",\"\",INDEX(Îlots!$N$6:$N$65,$W372))","v":""},null,null,{"$f":"IF($X372=\"\",\"\",INDEX(Fertilisants!$B$6:$B$45,$X372))","v":""},null,null,{"$f":"IF($X372=\"\",\"\",INDEX(Fertilisants!$D$6:$D$45,$X372))","v":""},"",{"$f":"IF(OR($I372=\"\",$X372=\"\"),\"\",$I372*N(INDEX(Fertilisants!$E$6:$E$45,$X372)))","v":""},{"$f":"IF(OR($I372=\"\",$X372=\"\"),\"\",$I372*N(INDEX(Fertilisants!$G$6:$G$45,$X372)))","v":""},{"$f":"IF(OR($I372=\"\",$X372=\"\"),\"\",$I372*N(INDEX(Fertilisants!$H$6:$H$45,$X372)))","v":""},{"$f":"IF(OR($I372=\"\",$X372=\"\"),\"\",$I372*N(INDEX(Fertilisants!$I$6:$I$45,$X372)))","v":""},"",{"$nulls":3},"",null,null,{"$f":"IF($C372=\"\",\"\",IFERROR(MATCH($C372,Îlots!$C$6:$C$65,0),\"\"))","v":""},{"$f":"IF($F372=\"\",\"\",IFERROR(MATCH($F372,Fertilisants!$A$6:$A$45,0),\"\"))","v":""},{"$f":"IF($W372=\"\",\"\",INDEX(Îlots!$D$6:$D$65,$W372))","v":""},{"$f":"IF($W372=\"\",\"\",INDEX(Îlots!$F$6:$F$65,$W372))","v":""},{"$f":"IF($W372=\"\",\"\",IF($E372=ApportCouvert,OccCouvert,INDEX(Îlots!$O$6:$O$65,$W372)))","v":""},{"$f":"IF(OR($AA372=\"\",$G372=\"\",$Z372=\"Non\"),\"\",IFERROR(MATCH($AA372&\" | \"&$G372,Paramètres!$I$7:$I$41,0),\"\"))","v":""},"",{"$f":"IF(OR($AB372=\"\",$AC372=\"\"),0,IF(OR(AND(INDEX(Paramètres!$J$7:$J$41,$AB372)>0,IF(INDEX(Paramètres!$J$7:$J$41,$AB372)<=INDEX(Paramètres!$K$7:$K$41,$AB372),AND($AC372>=INDEX(Paramètres!$J$7:$J$41,$AB372),$AC372<=INDEX(Paramètres!$K$7:$K$41,$AB372)),OR($AC372>=INDEX(Paramètres!$J$7:$J$41,$AB372),$AC372<=INDEX(Paramètres!$K$7:$K$41,$AB372)))),AND(INDEX(Paramètres!$L$7:$L$41,$AB372)>0,IF(INDEX(Paramètres!$L$7:$L$41,$AB372)<=INDEX(Paramètres!$M$7:$M$41,$AB372),AND($AC372>=INDEX(Paramètres!$L$7:$L$41,$AB372),$AC372<=INDEX(Paramètres!$M$7:$M$41,$AB372)),OR($AC372>=INDEX(Paramètres!$L$7:$L$41,$AB372),$AC372<=INDEX(Paramètres!$M$7:$M$41,$AB372))))),1,0))","v":0},{"$f":"IF($X372=\"\",0,IF(INDEX(Fertilisants!$C$6:$C$45,$X372)=\"Oui\",1,0))","v":0},"","","",""]
[{"$f":"IF(B373=\"\",\"\",COUNT($B$6:B373))","v":""},null,null,{"$f":"IF($W373=\"\",\"\",INDEX(Îlots!$N$6:$N$65,$W373))","v":""},null,null,{"$f":"IF($X373=\"\",\"\",INDEX(Fertilisants!$B$6:$B$45,$X373))","v":""},null,null,{"$f":"IF($X373=\"\",\"\",INDEX(Fertilisants!$D$6:$D$45,$X373))","v":""},"",{"$f":"IF(OR($I373=\"\",$X373=\"\"),\"\",$I373*N(INDEX(Fertilisants!$E$6:$E$45,$X373)))","v":""},{"$f":"IF(OR($I373=\"\",$X373=\"\"),\"\",$I373*N(INDEX(Fertilisants!$G$6:$G$45,$X373)))","v":""},{"$f":"IF(OR($I373=\"\",$X373=\"\"),\"\",$I373*N(INDEX(Fertilisants!$H$6:$H$45,$X373)))","v":""},{"$f":"IF(OR($I373=\"\",$X373=\"\"),\"\",$I373*N(INDEX(Fertilisants!$I$6:$I$45,$X373)))","v":""},"",{"$nulls":3},"",null,null,{"$f":"IF($C373=\"\",\"\",IFERROR(MATCH($C373,Îlots!$C$6:$C$65,0),\"\"))","v":""},{"$f":"IF($F373=\"\",\"\",IFERROR(MATCH($F373,Fertilisants!$A$6:$A$45,0),\"\"))","v":""},{"$f":"IF($W373=\"\",\"\",INDEX(Îlots!$D$6:$D$65,$W373))","v":""},{"$f":"IF($W373=\"\",\"\",INDEX(Îlots!$F$6:$F$65,$W373))","v":""},{"$f":"IF($W373=\"\",\"\",IF($E373=ApportCouvert,OccCouvert,INDEX(Îlots!$O$6:$O$65,$W373)))","v":""},{"$f":"IF(OR($AA373=\"\",$G373=\"\",$Z373=\"Non\"),\"\",IFERROR(MATCH($AA373&\" | \"&$G373,Paramètres!$I$7:$I$41,0),\"\"))","v":""},"",{"$f":"IF(OR($AB373=\"\",$AC373=\"\"),0,IF(OR(AND(INDEX(Paramètres!$J$7:$J$41,$AB373)>0,IF(INDEX(Paramètres!$J$7:$J$41,$AB373)<=INDEX(Paramètres!$K$7:$K$41,$AB373),AND($AC373>=INDEX(Paramètres!$J$7:$J$41,$AB373),$AC373<=INDEX(Paramètres!$K$7:$K$41,$AB373)),OR($AC373>=INDEX(Paramètres!$J$7:$J$41,$AB373),$AC373<=INDEX(Paramètres!$K$7:$K$41,$AB373)))),AND(INDEX(Paramètres!$L$7:$L$41,$AB373)>0,IF(INDEX(Paramètres!$L$7:$L$41,$AB373)<=INDEX(Paramètres!$M$7:$M$41,$AB373),AND($AC373>=INDEX(Paramètres!$L$7:$L$41,$AB373),$AC373<=INDEX(Paramètres!$M$7:$M$41,$AB373)),OR($AC373>=INDEX(Paramètres!$L$7:$L$41,$AB373),$AC373<=INDEX(Paramètres!$M$7:$M$41,$AB373))))),1,0))","v":0},{"$f":"IF($X373=\"\",0,IF(INDEX(Fertilisants!$C$6:$C$45,$X373)=\"Oui\",1,0))","v":0},"","","",""]
[{"$f":"IF(B374=\"\",\"\",COUNT($B$6:B374))","v":""},null,null,{"$f":"IF($W374=\"\",\"\",INDEX(Îlots!$N$6:$N$65,$W374))","v":""},null,null,{"$f":"IF($X374=\"\",\"\",INDEX(Fertilisants!$B$6:$B$45,$X374))","v":""},null,null,{"$f":"IF($X374=\"\",\"\",INDEX(Fertilisants!$D$6:$D$45,$X374))","v":""},"",{"$f":"IF(OR($I374=\"\",$X374=\"\"),\"\",$I374*N(INDEX(Fertilisants!$E$6:$E$45,$X374)))","v":""},{"$f":"IF(OR($I374=\"\",$X374=\"\"),\"\",$I374*N(INDEX(Fertilisants!$G$6:$G$45,$X374)))","v":""},{"$f":"IF(OR($I374=\"\",$X374=\"\"),\"\",$I374*N(INDEX(Fertilisants!$H$6:$H$45,$X374)))","v":""},{"$f":"IF(OR($I374=\"\",$X374=\"\"),\"\",$I374*N(INDEX(Fertilisants!$I$6:$I$45,$X374)))","v":""},"",{"$nulls":3},"",null,null,{"$f":"IF($C374=\"\",\"\",IFERROR(MATCH($C374,Îlots!$C$6:$C$65,0),\"\"))","v":""},{"$f":"IF($F374=\"\",\"\",IFERROR(MATCH($F374,Fertilisants!$A$6:$A$45,0),\"\"))","v":""},{"$f":"IF($W374=\"\",\"\",INDEX(Îlots!$D$6:$D$65,$W374))","v":""},{"$f":"IF($W374=\"\",\"\",INDEX(Îlots!$F$6:$F$65,$W374))","v":""},{"$f":"IF($W374=\"\",\"\",IF($E374=ApportCouvert,OccCouvert,INDEX(Îlots!$O$6:$O$65,$W374)))","v":""},{"$f":"IF(OR($AA374=\"\",$G374=\"\",$Z374=\"Non\"),\"\",IFERROR(MATCH($AA374&\" | \"&$G374,Paramètres!$I$7:$I$41,0),\"\"))","v":""},"",{"$f":"IF(OR($AB374=\"\",$AC374=\"\"),0,IF(OR(AND(INDEX(Paramètres!$J$7:$J$41,$AB374)>0,IF(INDEX(Paramètres!$J$7:$J$41,$AB374)<=INDEX(Paramètres!$K$7:$K$41,$AB374),AND($AC374>=INDEX(Paramètres!$J$7:$J$41,$AB374),$AC374<=INDEX(Paramètres!$K$7:$K$41,$AB374)),OR($AC374>=INDEX(Paramètres!$J$7:$J$41,$AB374),$AC374<=INDEX(Paramètres!$K$7:$K$41,$AB374)))),AND(INDEX(Paramètres!$L$7:$L$41,$AB374)>0,IF(INDEX(Paramètres!$L$7:$L$41,$AB374)<=INDEX(Paramètres!$M$7:$M$41,$AB374),AND($AC374>=INDEX(Paramètres!$L$7:$L$41,$AB374),$AC374<=INDEX(Paramètres!$M$7:$M$41,$AB374)),OR($AC374>=INDEX(Paramètres!$L$7:$L$41,$AB374),$AC374<=INDEX(Paramètres!$M$7:$M$41,$AB374))))),1,0))","v":0},{"$f":"IF($X374=\"\",0,IF(INDEX(Fertilisants!$C$6:$C$45,$X374)=\"Oui\",1,0))","v":0},"","","",""]
[{"$f":"IF(B375=\"\",\"\",COUNT($B$6:B375))","v":""},null,null,{"$f":"IF($W375=\"\",\"\",INDEX(Îlots!$N$6:$N$65,$W375))","v":""},null,null,{"$f":"IF($X375=\"\",\"\",INDEX(Fertilisants!$B$6:$B$45,$X375))","v":""},null,null,{"$f":"IF($X375=\"\",\"\",INDEX(Fertilisants!$D$6:$D$45,$X375))","v":""},"",{"$f":"IF(OR($I375=\"\",$X375=\"\"),\"\",$I375*N(INDEX(Fertilisants!$E$6:$E$45,$X375)))","v":""},{"$f":"IF(OR($I375=\"\",$X375=\"\"),\"\",$I375*N(INDEX(Fertilisants!$G$6:$G$45,$X375)))","v":""},{"$f":"IF(OR($I375=\"\",$X375=\"\"),\"\",$I375*N(INDEX(Fertilisants!$H$6:$H$45,$X375)))","v":""},{"$f":"IF(OR($I375=\"\",$X375=\"\"),\"\",$I375*N(INDEX(Fertilisants!$I$6:$I$45,$X375)))","v":""},"",{"$nulls":3},"",null,null,{"$f":"IF($C375=\"\",\"\",IFERROR(MATCH($C375,Îlots!$C$6:$C$65,0),\"\"))","v":""},{"$f":"IF($F375=\"\",\"\",IFERROR(MATCH($F375,Fertilisants!$A$6:$A$45,0),\"\"))","v":""},{"$f":"IF($W375=\"\",\"\",INDEX(Îlots!$D$6:$D$65,$W375))","v":""},{"$f":"IF($W375=\"\",\"\",INDEX(Îlots!$F$6:$F$65,$W375))","v":""},{"$f":"IF($W375=\"\",\"\",IF($E375=ApportCouvert,OccCouvert,INDEX(Îlots!$O$6:$O$65,$W375)))","v":""},{"$f":"IF(OR($AA375=\"\",$G375=\"\",$Z375=\"Non\"),\"\",IFERROR(MATCH($AA375&\" | \"&$G375,Paramètres!$I$7:$I$41,0),\"\"))","v":""},"",{"$f":"IF(OR($AB375=\"\",$AC375=\"\"),0,IF(OR(AND(INDEX(Paramètres!$J$7:$J$41,$AB375)>0,IF(INDEX(Paramètres!$J$7:$J$41,$AB375)<=INDEX(Paramètres!$K$7:$K$41,$AB375),AND($AC375>=INDEX(Paramètres!$J$7:$J$41,$AB375),$AC375<=INDEX(Paramètres!$K$7:$K$41,$AB375)),OR($AC375>=INDEX(Paramètres!$J$7:$J$41,$AB375),$AC375<=INDEX(Paramètres!$K$7:$K$41,$AB375)))),AND(INDEX(Paramètres!$L$7:$L$41,$AB375)>0,IF(INDEX(Paramètres!$L$7:$L$41,$AB375)<=INDEX(Paramètres!$M$7:$M$41,$AB375),AND($AC375>=INDEX(Paramètres!$L$7:$L$41,$AB375),$AC375<=INDEX(Paramètres!$M$7:$M$41,$AB375)),OR($AC375>=INDEX(Paramètres!$L$7:$L$41,$AB375),$AC375<=INDEX(Paramètres!$M$7:$M$41,$AB375))))),1,0))","v":0},{"$f":"IF($X375=\"\",0,IF(INDEX(Fertilisants!$C$6:$C$45,$X375)=\"Oui\",1,0))","v":0},"","","",""]
[{"$f":"IF(B376=\"\",\"\",COUNT($B$6:B376))","v":""},null,null,{"$f":"IF($W376=\"\",\"\",INDEX(Îlots!$N$6:$N$65,$W376))","v":""},null,null,{"$f":"IF($X376=\"\",\"\",INDEX(Fertilisants!$B$6:$B$45,$X376))","v":""},null,null,{"$f":"IF($X376=\"\",\"\",INDEX(Fertilisants!$D$6:$D$45,$X376))","v":""},"",{"$f":"IF(OR($I376=\"\",$X376=\"\"),\"\",$I376*N(INDEX(Fertilisants!$E$6:$E$45,$X376)))","v":""},{"$f":"IF(OR($I376=\"\",$X376=\"\"),\"\",$I376*N(INDEX(Fertilisants!$G$6:$G$45,$X376)))","v":""},{"$f":"IF(OR($I376=\"\",$X376=\"\"),\"\",$I376*N(INDEX(Fertilisants!$H$6:$H$45,$X376)))","v":""},{"$f":"IF(OR($I376=\"\",$X376=\"\"),\"\",$I376*N(INDEX(Fertilisants!$I$6:$I$45,$X376)))","v":""},"",{"$nulls":3},"",null,null,{"$f":"IF($C376=\"\",\"\",IFERROR(MATCH($C376,Îlots!$C$6:$C$65,0),\"\"))","v":""},{"$f":"IF($F376=\"\",\"\",IFERROR(MATCH($F376,Fertilisants!$A$6:$A$45,0),\"\"))","v":""},{"$f":"IF($W376=\"\",\"\",INDEX(Îlots!$D$6:$D$65,$W376))","v":""},{"$f":"IF($W376=\"\",\"\",INDEX(Îlots!$F$6:$F$65,$W376))","v":""},{"$f":"IF($W376=\"\",\"\",IF($E376=ApportCouvert,OccCouvert,INDEX(Îlots!$O$6:$O$65,$W376)))","v":""},{"$f":"IF(OR($AA376=\"\",$G376=\"\",$Z376=\"Non\"),\"\",IFERROR(MATCH($AA376&\" | \"&$G376,Paramètres!$I$7:$I$41,0),\"\"))","v":""},"",{"$f":"IF(OR($AB376=\"\",$AC376=\"\"),0,IF(OR(AND(INDEX(Paramètres!$J$7:$J$41,$AB376)>0,IF(INDEX(Paramètres!$J$7:$J$41,$AB376)<=INDEX(Paramètres!$K$7:$K$41,$AB376),AND($AC376>=INDEX(Paramètres!$J$7:$J$41,$AB376),$AC376<=INDEX(Paramètres!$K$7:$K$41,$AB376)),OR($AC376>=INDEX(Paramètres!$J$7:$J$41,$AB376),$AC376<=INDEX(Paramètres!$K$7:$K$41,$AB376)))),AND(INDEX(Paramètres!$L$7:$L$41,$AB376)>0,IF(INDEX(Paramètres!$L$7:$L$41,$AB376)<=INDEX(Paramètres!$M$7:$M$41,$AB376),AND($AC376>=INDEX(Paramètres!$L$7:$L$41,$AB376),$AC376<=INDEX(Paramètres!$M$7:$M$41,$AB376)),OR($AC376>=INDEX(Paramètres!$L$7:$L$41,$AB376),$AC376<=INDEX(Paramètres!$M$7:$M$41,$AB376))))),1,0))","v":0},{"$f":"IF($X376=\"\",0,IF(INDEX(Fertilisants!$C$6:$C$45,$X376)=\"Oui\",1,0))","v":0},"","","",""]
[{"$f":"IF(B377=\"\",\"\",COUNT($B$6:B377))","v":""},null,null,{"$f":"IF($W377=\"\",\"\",INDEX(Îlots!$N$6:$N$65,$W377))","v":""},null,null,{"$f":"IF($X377=\"\",\"\",INDEX(Fertilisants!$B$6:$B$45,$X377))","v":""},null,null,{"$f":"IF($X377=\"\",\"\",INDEX(Fertilisants!$D$6:$D$45,$X377))","v":""},"",{"$f":"IF(OR($I377=\"\",$X377=\"\"),\"\",$I377*N(INDEX(Fertilisants!$E$6:$E$45,$X377)))","v":""},{"$f":"IF(OR($I377=\"\",$X377=\"\"),\"\",$I377*N(INDEX(Fertilisants!$G$6:$G$45,$X377)))","v":""},{"$f":"IF(OR($I377=\"\",$X377=\"\"),\"\",$I377*N(INDEX(Fertilisants!$H$6:$H$45,$X377)))","v":""},{"$f":"IF(OR($I377=\"\",$X377=\"\"),\"\",$I377*N(INDEX(Fertilisants!$I$6:$I$45,$X377)))","v":""},"",{"$nulls":3},"",null,null,{"$f":"IF($C377=\"\",\"\",IFERROR(MATCH($C377,Îlots!$C$6:$C$65,0),\"\"))","v":""},{"$f":"IF($F377=\"\",\"\",IFERROR(MATCH($F377,Fertilisants!$A$6:$A$45,0),\"\"))","v":""},{"$f":"IF($W377=\"\",\"\",INDEX(Îlots!$D$6:$D$65,$W377))","v":""},{"$f":"IF($W377=\"\",\"\",INDEX(Îlots!$F$6:$F$65,$W377))","v":""},{"$f":"IF($W377=\"\",\"\",IF($E377=ApportCouvert,OccCouvert,INDEX(Îlots!$O$6:$O$65,$W377)))","v":""},{"$f":"IF(OR($AA377=\"\",$G377=\"\",$Z377=\"Non\"),\"\",IFERROR(MATCH($AA377&\" | \"&$G377,Paramètres!$I$7:$I$41,0),\"\"))","v":""},"",{"$f":"IF(OR($AB377=\"\",$AC377=\"\"),0,IF(OR(AND(INDEX(Paramètres!$J$7:$J$41,$AB377)>0,IF(INDEX(Paramètres!$J$7:$J$41,$AB377)<=INDEX(Paramètres!$K$7:$K$41,$AB377),AND($AC377>=INDEX(Paramètres!$J$7:$J$41,$AB377),$AC377<=INDEX(Paramètres!$K$7:$K$41,$AB377)),OR($AC377>=INDEX(Paramètres!$J$7:$J$41,$AB377),$AC377<=INDEX(Paramètres!$K$7:$K$41,$AB377)))),AND(INDEX(Paramètres!$L$7:$L$41,$AB377)>0,IF(INDEX(Paramètres!$L$7:$L$41,$AB377)<=INDEX(Paramètres!$M$7:$M$41,$AB377),AND($AC377>=INDEX(Paramètres!$L$7:$L$41,$AB377),$AC377<=INDEX(Paramètres!$M$7:$M$41,$AB377)),OR($AC377>=INDEX(Paramètres!$L$7:$L$41,$AB377),$AC377<=INDEX(Paramètres!$M$7:$M$41,$AB377))))),1,0))","v":0},{"$f":"IF($X377=\"\",0,IF(INDEX(Fertilisants!$C$6:$C$45,$X377)=\"Oui\",1,0))","v":0},"","","",""]
[{"$f":"IF(B378=\"\",\"\",COUNT($B$6:B378))","v":""},null,null,{"$f":"IF($W378=\"\",\"\",INDEX(Îlots!$N$6:$N$65,$W378))","v":""},null,null,{"$f":"IF($X378=\"\",\"\",INDEX(Fertilisants!$B$6:$B$45,$X378))","v":""},null,null,{"$f":"IF($X378=\"\",\"\",INDEX(Fertilisants!$D$6:$D$45,$X378))","v":""},"",{"$f":"IF(OR($I378=\"\",$X378=\"\"),\"\",$I378*N(INDEX(Fertilisants!$E$6:$E$45,$X378)))","v":""},{"$f":"IF(OR($I378=\"\",$X378=\"\"),\"\",$I378*N(INDEX(Fertilisants!$G$6:$G$45,$X378)))","v":""},{"$f":"IF(OR($I378=\"\",$X378=\"\"),\"\",$I378*N(INDEX(Fertilisants!$H$6:$H$45,$X378)))","v":""},{"$f":"IF(OR($I378=\"\",$X378=\"\"),\"\",$I378*N(INDEX(Fertilisants!$I$6:$I$45,$X378)))","v":""},"",{"$nulls":3},"",null,null,{"$f":"IF($C378=\"\",\"\",IFERROR(MATCH($C378,Îlots!$C$6:$C$65,0),\"\"))","v":""},{"$f":"IF($F378=\"\",\"\",IFERROR(MATCH($F378,Fertilisants!$A$6:$A$45,0),\"\"))","v":""},{"$f":"IF($W378=\"\",\"\",INDEX(Îlots!$D$6:$D$65,$W378))","v":""},{"$f":"IF($W378=\"\",\"\",INDEX(Îlots!$F$6:$F$65,$W378))","v":""},{"$f":"IF($W378=\"\",\"\",IF($E378=ApportCouvert,OccCouvert,INDEX(Îlots!$O$6:$O$65,$W378)))","v":""},{"$f":"IF(OR($AA378=\"\",$G378=\"\",$Z378=\"Non\"),\"\",IFERROR(MATCH($AA378&\" | \"&$G378,Paramètres!$I$7:$I$41,0),\"\"))","v":""},"",{"$f":"IF(OR($AB378=\"\",$AC378=\"\"),0,IF(OR(AND(INDEX(Paramètres!$J$7:$J$41,$AB378)>0,IF(INDEX(Paramètres!$J$7:$J$41,$AB378)<=INDEX(Paramètres!$K$7:$K$41,$AB378),AND($AC378>=INDEX(Paramètres!$J$7:$J$41,$AB378),$AC378<=INDEX(Paramètres!$K$7:$K$41,$AB378)),OR($AC378>=INDEX(Paramètres!$J$7:$J$41,$AB378),$AC378<=INDEX(Paramètres!$K$7:$K$41,$AB378)))),AND(INDEX(Paramètres!$L$7:$L$41,$AB378)>0,IF(INDEX(Paramètres!$L$7:$L$41,$AB378)<=INDEX(Paramètres!$M$7:$M$41,$AB378),AND($AC378>=INDEX(Paramètres!$L$7:$L$41,$AB378),$AC378<=INDEX(Paramètres!$M$7:$M$41,$AB378)),OR($AC378>=INDEX(Paramètres!$L$7:$L$41,$AB378),$AC378<=INDEX(Paramètres!$M$7:$M$41,$AB378))))),1,0))","v":0},{"$f":"IF($X378=\"\",0,IF(INDEX(Fertilisants!$C$6:$C$45,$X378)=\"Oui\",1,0))","v":0},"","","",""]
[{"$f":"IF(B379=\"\",\"\",COUNT($B$6:B379))","v":""},null,null,{"$f":"IF($W379=\"\",\"\",INDEX(Îlots!$N$6:$N$65,$W379))","v":""},null,null,{"$f":"IF($X379=\"\",\"\",INDEX(Fertilisants!$B$6:$B$45,$X379))","v":""},null,null,{"$f":"IF($X379=\"\",\"\",INDEX(Fertilisants!$D$6:$D$45,$X379))","v":""},"",{"$f":"IF(OR($I379=\"\",$X379=\"\"),\"\",$I379*N(INDEX(Fertilisants!$E$6:$E$45,$X379)))","v":""},{"$f":"IF(OR($I379=\"\",$X379=\"\"),\"\",$I379*N(INDEX(Fertilisants!$G$6:$G$45,$X379)))","v":""},{"$f":"IF(OR($I379=\"\",$X379=\"\"),\"\",$I379*N(INDEX(Fertilisants!$H$6:$H$45,$X379)))","v":""},{"$f":"IF(OR($I379=\"\",$X379=\"\"),\"\",$I379*N(INDEX(Fertilisants!$I$6:$I$45,$X379)))","v":""},"",{"$nulls":3},"",null,null,{"$f":"IF($C379=\"\",\"\",IFERROR(MATCH($C379,Îlots!$C$6:$C$65,0),\"\"))","v":""},{"$f":"IF($F379=\"\",\"\",IFERROR(MATCH($F379,Fertilisants!$A$6:$A$45,0),\"\"))","v":""},{"$f":"IF($W379=\"\",\"\",INDEX(Îlots!$D$6:$D$65,$W379))","v":""},{"$f":"IF($W379=\"\",\"\",INDEX(Îlots!$F$6:$F$65,$W379))","v":""},{"$f":"IF($W379=\"\",\"\",IF($E379=ApportCouvert,OccCouvert,INDEX(Îlots!$O$6:$O$65,$W379)))","v":""},{"$f":"IF(OR($AA379=\"\",$G379=\"\",$Z379=\"Non\"),\"\",IFERROR(MATCH($AA379&\" | \"&$G379,Paramètres!$I$7:$I$41,0),\"\"))","v":""},"",{"$f":"IF(OR($AB379=\"\",$AC379=\"\"),0,IF(OR(AND(INDEX(Paramètres!$J$7:$J$41,$AB379)>0,IF(INDEX(Paramètres!$J$7:$J$41,$AB379)<=INDEX(Paramètres!$K$7:$K$41,$AB379),AND($AC379>=INDEX(Paramètres!$J$7:$J$41,$AB379),$AC379<=INDEX(Paramètres!$K$7:$K$41,$AB379)),OR($AC379>=INDEX(Paramètres!$J$7:$J$41,$AB379),$AC379<=INDEX(Paramètres!$K$7:$K$41,$AB379)))),AND(INDEX(Paramètres!$L$7:$L$41,$AB379)>0,IF(INDEX(Paramètres!$L$7:$L$41,$AB379)<=INDEX(Paramètres!$M$7:$M$41,$AB379),AND($AC379>=INDEX(Paramètres!$L$7:$L$41,$AB379),$AC379<=INDEX(Paramètres!$M$7:$M$41,$AB379)),OR($AC379>=INDEX(Paramètres!$L$7:$L$41,$AB379),$AC379<=INDEX(Paramètres!$M$7:$M$41,$AB379))))),1,0))","v":0},{"$f":"IF($X379=\"\",0,IF(INDEX(Fertilisants!$C$6:$C$45,$X379)=\"Oui\",1,0))","v":0},"","","",""]
[{"$f":"IF(B380=\"\",\"\",COUNT($B$6:B380))","v":""},null,null,{"$f":"IF($W380=\"\",\"\",INDEX(Îlots!$N$6:$N$65,$W380))","v":""},null,null,{"$f":"IF($X380=\"\",\"\",INDEX(Fertilisants!$B$6:$B$45,$X380))","v":""},null,null,{"$f":"IF($X380=\"\",\"\",INDEX(Fertilisants!$D$6:$D$45,$X380))","v":""},"",{"$f":"IF(OR($I380=\"\",$X380=\"\"),\"\",$I380*N(INDEX(Fertilisants!$E$6:$E$45,$X380)))","v":""},{"$f":"IF(OR($I380=\"\",$X380=\"\"),\"\",$I380*N(INDEX(Fertilisants!$G$6:$G$45,$X380)))","v":""},{"$f":"IF(OR($I380=\"\",$X380=\"\"),\"\",$I380*N(INDEX(Fertilisants!$H$6:$H$45,$X380)))","v":""},{"$f":"IF(OR($I380=\"\",$X380=\"\"),\"\",$I380*N(INDEX(Fertilisants!$I$6:$I$45,$X380)))","v":""},"",{"$nulls":3},"",null,null,{"$f":"IF($C380=\"\",\"\",IFERROR(MATCH($C380,Îlots!$C$6:$C$65,0),\"\"))","v":""},{"$f":"IF($F380=\"\",\"\",IFERROR(MATCH($F380,Fertilisants!$A$6:$A$45,0),\"\"))","v":""},{"$f":"IF($W380=\"\",\"\",INDEX(Îlots!$D$6:$D$65,$W380))","v":""},{"$f":"IF($W380=\"\",\"\",INDEX(Îlots!$F$6:$F$65,$W380))","v":""},{"$f":"IF($W380=\"\",\"\",IF($E380=ApportCouvert,OccCouvert,INDEX(Îlots!$O$6:$O$65,$W380)))","v":""},{"$f":"IF(OR($AA380=\"\",$G380=\"\",$Z380=\"Non\"),\"\",IFERROR(MATCH($AA380&\" | \"&$G380,Paramètres!$I$7:$I$41,0),\"\"))","v":""},"",{"$f":"IF(OR($AB380=\"\",$AC380=\"\"),0,IF(OR(AND(INDEX(Paramètres!$J$7:$J$41,$AB380)>0,IF(INDEX(Paramètres!$J$7:$J$41,$AB380)<=INDEX(Paramètres!$K$7:$K$41,$AB380),AND($AC380>=INDEX(Paramètres!$J$7:$J$41,$AB380),$AC380<=INDEX(Paramètres!$K$7:$K$41,$AB380)),OR($AC380>=INDEX(Paramètres!$J$7:$J$41,$AB380),$AC380<=INDEX(Paramètres!$K$7:$K$41,$AB380)))),AND(INDEX(Paramètres!$L$7:$L$41,$AB380)>0,IF(INDEX(Paramètres!$L$7:$L$41,$AB380)<=INDEX(Paramètres!$M$7:$M$41,$AB380),AND($AC380>=INDEX(Paramètres!$L$7:$L$41,$AB380),$AC380<=INDEX(Paramètres!$M$7:$M$41,$AB380)),OR($AC380>=INDEX(Paramètres!$L$7:$L$41,$AB380),$AC380<=INDEX(Paramètres!$M$7:$M$41,$AB380))))),1,0))","v":0},{"$f":"IF($X380=\"\",0,IF(INDEX(Fertilisants!$C$6:$C$45,$X380)=\"Oui\",1,0))","v":0},"","","",""]
[{"$f":"IF(B381=\"\",\"\",COUNT($B$6:B381))","v":""},null,null,{"$f":"IF($W381=\"\",\"\",INDEX(Îlots!$N$6:$N$65,$W381))","v":""},null,null,{"$f":"IF($X381=\"\",\"\",INDEX(Fertilisants!$B$6:$B$45,$X381))","v":""},null,null,{"$f":"IF($X381=\"\",\"\",INDEX(Fertilisants!$D$6:$D$45,$X381))","v":""},"",{"$f":"IF(OR($I381=\"\",$X381=\"\"),\"\",$I381*N(INDEX(Fertilisants!$E$6:$E$45,$X381)))","v":""},{"$f":"IF(OR($I381=\"\",$X381=\"\"),\"\",$I381*N(INDEX(Fertilisants!$G$6:$G$45,$X381)))","v":""},{"$f":"IF(OR($I381=\"\",$X381=\"\"),\"\",$I381*N(INDEX(Fertilisants!$H$6:$H$45,$X381)))","v":""},{"$f":"IF(OR($I381=\"\",$X381=\"\"),\"\",$I381*N(INDEX(Fertilisants!$I$6:$I$45,$X381)))","v":""},"",{"$nulls":3},"",null,null,{"$f":"IF($C381=\"\",\"\",IFERROR(MATCH($C381,Îlots!$C$6:$C$65,0),\"\"))","v":""},{"$f":"IF($F381=\"\",\"\",IFERROR(MATCH($F381,Fertilisants!$A$6:$A$45,0),\"\"))","v":""},{"$f":"IF($W381=\"\",\"\",INDEX(Îlots!$D$6:$D$65,$W381))","v":""},{"$f":"IF($W381=\"\",\"\",INDEX(Îlots!$F$6:$F$65,$W381))","v":""},{"$f":"IF($W381=\"\",\"\",IF($E381=ApportCouvert,OccCouvert,INDEX(Îlots!$O$6:$O$65,$W381)))","v":""},{"$f":"IF(OR($AA381=\"\",$G381=\"\",$Z381=\"Non\"),\"\",IFERROR(MATCH($AA381&\" | \"&$G381,Paramètres!$I$7:$I$41,0),\"\"))","v":""},"",{"$f":"IF(OR($AB381=\"\",$AC381=\"\"),0,IF(OR(AND(INDEX(Paramètres!$J$7:$J$41,$AB381)>0,IF(INDEX(Paramètres!$J$7:$J$41,$AB381)<=INDEX(Paramètres!$K$7:$K$41,$AB381),AND($AC381>=INDEX(Paramètres!$J$7:$J$41,$AB381),$AC381<=INDEX(Paramètres!$K$7:$K$41,$AB381)),OR($AC381>=INDEX(Paramètres!$J$7:$J$41,$AB381),$AC381<=INDEX(Paramètres!$K$7:$K$41,$AB381)))),AND(INDEX(Paramètres!$L$7:$L$41,$AB381)>0,IF(INDEX(Paramètres!$L$7:$L$41,$AB381)<=INDEX(Paramètres!$M$7:$M$41,$AB381),AND($AC381>=INDEX(Paramètres!$L$7:$L$41,$AB381),$AC381<=INDEX(Paramètres!$M$7:$M$41,$AB381)),OR($AC381>=INDEX(Paramètres!$L$7:$L$41,$AB381),$AC381<=INDEX(Paramètres!$M$7:$M$41,$AB381))))),1,0))","v":0},{"$f":"IF($X381=\"\",0,IF(INDEX(Fertilisants!$C$6:$C$45,$X381)=\"Oui\",1,0))","v":0},"","","",""]
[{"$f":"IF(B382=\"\",\"\",COUNT($B$6:B382))","v":""},null,null,{"$f":"IF($W382=\"\",\"\",INDEX(Îlots!$N$6:$N$65,$W382))","v":""},null,null,{"$f":"IF($X382=\"\",\"\",INDEX(Fertilisants!$B$6:$B$45,$X382))","v":""},null,null,{"$f":"IF($X382=\"\",\"\",INDEX(Fertilisants!$D$6:$D$45,$X382))","v":""},"",{"$f":"IF(OR($I382=\"\",$X382=\"\"),\"\",$I382*N(INDEX(Fertilisants!$E$6:$E$45,$X382)))","v":""},{"$f":"IF(OR($I382=\"\",$X382=\"\"),\"\",$I382*N(INDEX(Fertilisants!$G$6:$G$45,$X382)))","v":""},{"$f":"IF(OR($I382=\"\",$X382=\"\"),\"\",$I382*N(INDEX(Fertilisants!$H$6:$H$45,$X382)))","v":""},{"$f":"IF(OR($I382=\"\",$X382=\"\"),\"\",$I382*N(INDEX(Fertilisants!$I$6:$I$45,$X382)))","v":""},"",{"$nulls":3},"",null,null,{"$f":"IF($C382=\"\",\"\",IFERROR(MATCH($C382,Îlots!$C$6:$C$65,0),\"\"))","v":""},{"$f":"IF($F382=\"\",\"\",IFERROR(MATCH($F382,Fertilisants!$A$6:$A$45,0),\"\"))","v":""},{"$f":"IF($W382=\"\",\"\",INDEX(Îlots!$D$6:$D$65,$W382))","v":""},{"$f":"IF($W382=\"\",\"\",INDEX(Îlots!$F$6:$F$65,$W382))","v":""},{"$f":"IF($W382=\"\",\"\",IF($E382=ApportCouvert,OccCouvert,INDEX(Îlots!$O$6:$O$65,$W382)))","v":""},{"$f":"IF(OR($AA382=\"\",$G382=\"\",$Z382=\"Non\"),\"\",IFERROR(MATCH($AA382&\" | \"&$G382,Paramètres!$I$7:$I$41,0),\"\"))","v":""},"",{"$f":"IF(OR($AB382=\"\",$AC382=\"\"),0,IF(OR(AND(INDEX(Paramètres!$J$7:$J$41,$AB382)>0,IF(INDEX(Paramètres!$J$7:$J$41,$AB382)<=INDEX(Paramètres!$K$7:$K$41,$AB382),AND($AC382>=INDEX(Paramètres!$J$7:$J$41,$AB382),$AC382<=INDEX(Paramètres!$K$7:$K$41,$AB382)),OR($AC382>=INDEX(Paramètres!$J$7:$J$41,$AB382),$AC382<=INDEX(Paramètres!$K$7:$K$41,$AB382)))),AND(INDEX(Paramètres!$L$7:$L$41,$AB382)>0,IF(INDEX(Paramètres!$L$7:$L$41,$AB382)<=INDEX(Paramètres!$M$7:$M$41,$AB382),AND($AC382>=INDEX(Paramètres!$L$7:$L$41,$AB382),$AC382<=INDEX(Paramètres!$M$7:$M$41,$AB382)),OR($AC382>=INDEX(Paramètres!$L$7:$L$41,$AB382),$AC382<=INDEX(Paramètres!$M$7:$M$41,$AB382))))),1,0))","v":0},{"$f":"IF($X382=\"\",0,IF(INDEX(Fertilisants!$C$6:$C$45,$X382)=\"Oui\",1,0))","v":0},"","","",""]
[{"$f":"IF(B383=\"\",\"\",COUNT($B$6:B383))","v":""},null,null,{"$f":"IF($W383=\"\",\"\",INDEX(Îlots!$N$6:$N$65,$W383))","v":""},null,null,{"$f":"IF($X383=\"\",\"\",INDEX(Fertilisants!$B$6:$B$45,$X383))","v":""},null,null,{"$f":"IF($X383=\"\",\"\",INDEX(Fertilisants!$D$6:$D$45,$X383))","v":""},"",{"$f":"IF(OR($I383=\"\",$X383=\"\"),\"\",$I383*N(INDEX(Fertilisants!$E$6:$E$45,$X383)))","v":""},{"$f":"IF(OR($I383=\"\",$X383=\"\"),\"\",$I383*N(INDEX(Fertilisants!$G$6:$G$45,$X383)))","v":""},{"$f":"IF(OR($I383=\"\",$X383=\"\"),\"\",$I383*N(INDEX(Fertilisants!$H$6:$H$45,$X383)))","v":""},{"$f":"IF(OR($I383=\"\",$X383=\"\"),\"\",$I383*N(INDEX(Fertilisants!$I$6:$I$45,$X383)))","v":""},"",{"$nulls":3},"",null,null,{"$f":"IF($C383=\"\",\"\",IFERROR(MATCH($C383,Îlots!$C$6:$C$65,0),\"\"))","v":""},{"$f":"IF($F383=\"\",\"\",IFERROR(MATCH($F383,Fertilisants!$A$6:$A$45,0),\"\"))","v":""},{"$f":"IF($W383=\"\",\"\",INDEX(Îlots!$D$6:$D$65,$W383))","v":""},{"$f":"IF($W383=\"\",\"\",INDEX(Îlots!$F$6:$F$65,$W383))","v":""},{"$f":"IF($W383=\"\",\"\",IF($E383=ApportCouvert,OccCouvert,INDEX(Îlots!$O$6:$O$65,$W383)))","v":""},{"$f":"IF(OR($AA383=\"\",$G383=\"\",$Z383=\"Non\"),\"\",IFERROR(MATCH($AA383&\" | \"&$G383,Paramètres!$I$7:$I$41,0),\"\"))","v":""},"",{"$f":"IF(OR($AB383=\"\",$AC383=\"\"),0,IF(OR(AND(INDEX(Paramètres!$J$7:$J$41,$AB383)>0,IF(INDEX(Paramètres!$J$7:$J$41,$AB383)<=INDEX(Paramètres!$K$7:$K$41,$AB383),AND($AC383>=INDEX(Paramètres!$J$7:$J$41,$AB383),$AC383<=INDEX(Paramètres!$K$7:$K$41,$AB383)),OR($AC383>=INDEX(Paramètres!$J$7:$J$41,$AB383),$AC383<=INDEX(Paramètres!$K$7:$K$41,$AB383)))),AND(INDEX(Paramètres!$L$7:$L$41,$AB383)>0,IF(INDEX(Paramètres!$L$7:$L$41,$AB383)<=INDEX(Paramètres!$M$7:$M$41,$AB383),AND($AC383>=INDEX(Paramètres!$L$7:$L$41,$AB383),$AC383<=INDEX(Paramètres!$M$7:$M$41,$AB383)),OR($AC383>=INDEX(Paramètres!$L$7:$L$41,$AB383),$AC383<=INDEX(Paramètres!$M$7:$M$41,$AB383))))),1,0))","v":0},{"$f":"IF($X383=\"\",0,IF(INDEX(Fertilisants!$C$6:$C$45,$X383)=\"Oui\",1,0))","v":0},"","","",""]
[{"$f":"IF(B384=\"\",\"\",COUNT($B$6:B384))","v":""},null,null,{"$f":"IF($W384=\"\",\"\",INDEX(Îlots!$N$6:$N$65,$W384))","v":""},null,null,{"$f":"IF($X384=\"\",\"\",INDEX(Fertilisants!$B$6:$B$45,$X384))","v":""},null,null,{"$f":"IF($X384=\"\",\"\",INDEX(Fertilisants!$D$6:$D$45,$X384))","v":""},"",{"$f":"IF(OR($I384=\"\",$X384=\"\"),\"\",$I384*N(INDEX(Fertilisants!$E$6:$E$45,$X384)))","v":""},{"$f":"IF(OR($I384=\"\",$X384=\"\"),\"\",$I384*N(INDEX(Fertilisants!$G$6:$G$45,$X384)))","v":""},{"$f":"IF(OR($I384=\"\",$X384=\"\"),\"\",$I384*N(INDEX(Fertilisants!$H$6:$H$45,$X384)))","v":""},{"$f":"IF(OR($I384=\"\",$X384=\"\"),\"\",$I384*N(INDEX(Fertilisants!$I$6:$I$45,$X384)))","v":""},"",{"$nulls":3},"",null,null,{"$f":"IF($C384=\"\",\"\",IFERROR(MATCH($C384,Îlots!$C$6:$C$65,0),\"\"))","v":""},{"$f":"IF($F384=\"\",\"\",IFERROR(MATCH($F384,Fertilisants!$A$6:$A$45,0),\"\"))","v":""},{"$f":"IF($W384=\"\",\"\",INDEX(Îlots!$D$6:$D$65,$W384))","v":""},{"$f":"IF($W384=\"\",\"\",INDEX(Îlots!$F$6:$F$65,$W384))","v":""},{"$f":"IF($W384=\"\",\"\",IF($E384=ApportCouvert,OccCouvert,INDEX(Îlots!$O$6:$O$65,$W384)))","v":""},{"$f":"IF(OR($AA384=\"\",$G384=\"\",$Z384=\"Non\"),\"\",IFERROR(MATCH($AA384&\" | \"&$G384,Paramètres!$I$7:$I$41,0),\"\"))","v":""},"",{"$f":"IF(OR($AB384=\"\",$AC384=\"\"),0,IF(OR(AND(INDEX(Paramètres!$J$7:$J$41,$AB384)>0,IF(INDEX(Paramètres!$J$7:$J$41,$AB384)<=INDEX(Paramètres!$K$7:$K$41,$AB384),AND($AC384>=INDEX(Paramètres!$J$7:$J$41,$AB384),$AC384<=INDEX(Paramètres!$K$7:$K$41,$AB384)),OR($AC384>=INDEX(Paramètres!$J$7:$J$41,$AB384),$AC384<=INDEX(Paramètres!$K$7:$K$41,$AB384)))),AND(INDEX(Paramètres!$L$7:$L$41,$AB384)>0,IF(INDEX(Paramètres!$L$7:$L$41,$AB384)<=INDEX(Paramètres!$M$7:$M$41,$AB384),AND($AC384>=INDEX(Paramètres!$L$7:$L$41,$AB384),$AC384<=INDEX(Paramètres!$M$7:$M$41,$AB384)),OR($AC384>=INDEX(Paramètres!$L$7:$L$41,$AB384),$AC384<=INDEX(Paramètres!$M$7:$M$41,$AB384))))),1,0))","v":0},{"$f":"IF($X384=\"\",0,IF(INDEX(Fertilisants!$C$6:$C$45,$X384)=\"Oui\",1,0))","v":0},"","","",""]
[{"$f":"IF(B385=\"\",\"\",COUNT($B$6:B385))","v":""},null,null,{"$f":"IF($W385=\"\",\"\",INDEX(Îlots!$N$6:$N$65,$W385))","v":""},null,null,{"$f":"IF($X385=\"\",\"\",INDEX(Fertilisants!$B$6:$B$45,$X385))","v":""},null,null,{"$f":"IF($X385=\"\",\"\",INDEX(Fertilisants!$D$6:$D$45,$X385))","v":""},"",{"$f":"IF(OR($I385=\"\",$X385=\"\"),\"\",$I385*N(INDEX(Fertilisants!$E$6:$E$45,$X385)))","v":""},{"$f":"IF(OR($I385=\"\",$X385=\"\"),\"\",$I385*N(INDEX(Fertilisants!$G$6:$G$45,$X385)))","v":""},{"$f":"IF(OR($I385=\"\",$X385=\"\"),\"\",$I385*N(INDEX(Fertilisants!$H$6:$H$45,$X385)))","v":""},{"$f":"IF(OR($I385=\"\",$X385=\"\"),\"\",$I385*N(INDEX(Fertilisants!$I$6:$I$45,$X385)))","v":""},"",{"$nulls":3},"",null,null,{"$f":"IF($C385=\"\",\"\",IFERROR(MATCH($C385,Îlots!$C$6:$C$65,0),\"\"))","v":""},{"$f":"IF($F385=\"\",\"\",IFERROR(MATCH($F385,Fertilisants!$A$6:$A$45,0),\"\"))","v":""},{"$f":"IF($W385=\"\",\"\",INDEX(Îlots!$D$6:$D$65,$W385))","v":""},{"$f":"IF($W385=\"\",\"\",INDEX(Îlots!$F$6:$F$65,$W385))","v":""},{"$f":"IF($W385=\"\",\"\",IF($E385=ApportCouvert,OccCouvert,INDEX(Îlots!$O$6:$O$65,$W385)))","v":""},{"$f":"IF(OR($AA385=\"\",$G385=\"\",$Z385=\"Non\"),\"\",IFERROR(MATCH($AA385&\" | \"&$G385,Paramètres!$I$7:$I$41,0),\"\"))","v":""},"",{"$f":"IF(OR($AB385=\"\",$AC385=\"\"),0,IF(OR(AND(INDEX(Paramètres!$J$7:$J$41,$AB385)>0,IF(INDEX(Paramètres!$J$7:$J$41,$AB385)<=INDEX(Paramètres!$K$7:$K$41,$AB385),AND($AC385>=INDEX(Paramètres!$J$7:$J$41,$AB385),$AC385<=INDEX(Paramètres!$K$7:$K$41,$AB385)),OR($AC385>=INDEX(Paramètres!$J$7:$J$41,$AB385),$AC385<=INDEX(Paramètres!$K$7:$K$41,$AB385)))),AND(INDEX(Paramètres!$L$7:$L$41,$AB385)>0,IF(INDEX(Paramètres!$L$7:$L$41,$AB385)<=INDEX(Paramètres!$M$7:$M$41,$AB385),AND($AC385>=INDEX(Paramètres!$L$7:$L$41,$AB385),$AC385<=INDEX(Paramètres!$M$7:$M$41,$AB385)),OR($AC385>=INDEX(Paramètres!$L$7:$L$41,$AB385),$AC385<=INDEX(Paramètres!$M$7:$M$41,$AB385))))),1,0))","v":0},{"$f":"IF($X385=\"\",0,IF(INDEX(Fertilisants!$C$6:$C$45,$X385)=\"Oui\",1,0))","v":0},"","","",""]
[{"$f":"IF(B386=\"\",\"\",COUNT($B$6:B386))","v":""},null,null,{"$f":"IF($W386=\"\",\"\",INDEX(Îlots!$N$6:$N$65,$W386))","v":""},null,null,{"$f":"IF($X386=\"\",\"\",INDEX(Fertilisants!$B$6:$B$45,$X386))","v":""},null,null,{"$f":"IF($X386=\"\",\"\",INDEX(Fertilisants!$D$6:$D$45,$X386))","v":""},"",{"$f":"IF(OR($I386=\"\",$X386=\"\"),\"\",$I386*N(INDEX(Fertilisants!$E$6:$E$45,$X386)))","v":""},{"$f":"IF(OR($I386=\"\",$X386=\"\"),\"\",$I386*N(INDEX(Fertilisants!$G$6:$G$45,$X386)))","v":""},{"$f":"IF(OR($I386=\"\",$X386=\"\"),\"\",$I386*N(INDEX(Fertilisants!$H$6:$H$45,$X386)))","v":""},{"$f":"IF(OR($I386=\"\",$X386=\"\"),\"\",$I386*N(INDEX(Fertilisants!$I$6:$I$45,$X386)))","v":""},"",{"$nulls":3},"",null,null,{"$f":"IF($C386=\"\",\"\",IFERROR(MATCH($C386,Îlots!$C$6:$C$65,0),\"\"))","v":""},{"$f":"IF($F386=\"\",\"\",IFERROR(MATCH($F386,Fertilisants!$A$6:$A$45,0),\"\"))","v":""},{"$f":"IF($W386=\"\",\"\",INDEX(Îlots!$D$6:$D$65,$W386))","v":""},{"$f":"IF($W386=\"\",\"\",INDEX(Îlots!$F$6:$F$65,$W386))","v":""},{"$f":"IF($W386=\"\",\"\",IF($E386=ApportCouvert,OccCouvert,INDEX(Îlots!$O$6:$O$65,$W386)))","v":""},{"$f":"IF(OR($AA386=\"\",$G386=\"\",$Z386=\"Non\"),\"\",IFERROR(MATCH($AA386&\" | \"&$G386,Paramètres!$I$7:$I$41,0),\"\"))","v":""},"",{"$f":"IF(OR($AB386=\"\",$AC386=\"\"),0,IF(OR(AND(INDEX(Paramètres!$J$7:$J$41,$AB386)>0,IF(INDEX(Paramètres!$J$7:$J$41,$AB386)<=INDEX(Paramètres!$K$7:$K$41,$AB386),AND($AC386>=INDEX(Paramètres!$J$7:$J$41,$AB386),$AC386<=INDEX(Paramètres!$K$7:$K$41,$AB386)),OR($AC386>=INDEX(Paramètres!$J$7:$J$41,$AB386),$AC386<=INDEX(Paramètres!$K$7:$K$41,$AB386)))),AND(INDEX(Paramètres!$L$7:$L$41,$AB386)>0,IF(INDEX(Paramètres!$L$7:$L$41,$AB386)<=INDEX(Paramètres!$M$7:$M$41,$AB386),AND($AC386>=INDEX(Paramètres!$L$7:$L$41,$AB386),$AC386<=INDEX(Paramètres!$M$7:$M$41,$AB386)),OR($AC386>=INDEX(Paramètres!$L$7:$L$41,$AB386),$AC386<=INDEX(Paramètres!$M$7:$M$41,$AB386))))),1,0))","v":0},{"$f":"IF($X386=\"\",0,IF(INDEX(Fertilisants!$C$6:$C$45,$X386)=\"Oui\",1,0))","v":0},"","","",""]
[{"$f":"IF(B387=\"\",\"\",COUNT($B$6:B387))","v":""},null,null,{"$f":"IF($W387=\"\",\"\",INDEX(Îlots!$N$6:$N$65,$W387))","v":""},null,null,{"$f":"IF($X387=\"\",\"\",INDEX(Fertilisants!$B$6:$B$45,$X387))","v":""},null,null,{"$f":"IF($X387=\"\",\"\",INDEX(Fertilisants!$D$6:$D$45,$X387))","v":""},"",{"$f":"IF(OR($I387=\"\",$X387=\"\"),\"\",$I387*N(INDEX(Fertilisants!$E$6:$E$45,$X387)))","v":""},{"$f":"IF(OR($I387=\"\",$X387=\"\"),\"\",$I387*N(INDEX(Fertilisants!$G$6:$G$45,$X387)))","v":""},{"$f":"IF(OR($I387=\"\",$X387=\"\"),\"\",$I387*N(INDEX(Fertilisants!$H$6:$H$45,$X387)))","v":""},{"$f":"IF(OR($I387=\"\",$X387=\"\"),\"\",$I387*N(INDEX(Fertilisants!$I$6:$I$45,$X387)))","v":""},"",{"$nulls":3},"",null,null,{"$f":"IF($C387=\"\",\"\",IFERROR(MATCH($C387,Îlots!$C$6:$C$65,0),\"\"))","v":""},{"$f":"IF($F387=\"\",\"\",IFERROR(MATCH($F387,Fertilisants!$A$6:$A$45,0),\"\"))","v":""},{"$f":"IF($W387=\"\",\"\",INDEX(Îlots!$D$6:$D$65,$W387))","v":""},{"$f":"IF($W387=\"\",\"\",INDEX(Îlots!$F$6:$F$65,$W387))","v":""},{"$f":"IF($W387=\"\",\"\",IF($E387=ApportCouvert,OccCouvert,INDEX(Îlots!$O$6:$O$65,$W387)))","v":""},{"$f":"IF(OR($AA387=\"\",$G387=\"\",$Z387=\"Non\"),\"\",IFERROR(MATCH($AA387&\" | \"&$G387,Paramètres!$I$7:$I$41,0),\"\"))","v":""},"",{"$f":"IF(OR($AB387=\"\",$AC387=\"\"),0,IF(OR(AND(INDEX(Paramètres!$J$7:$J$41,$AB387)>0,IF(INDEX(Paramètres!$J$7:$J$41,$AB387)<=INDEX(Paramètres!$K$7:$K$41,$AB387),AND($AC387>=INDEX(Paramètres!$J$7:$J$41,$AB387),$AC387<=INDEX(Paramètres!$K$7:$K$41,$AB387)),OR($AC387>=INDEX(Paramètres!$J$7:$J$41,$AB387),$AC387<=INDEX(Paramètres!$K$7:$K$41,$AB387)))),AND(INDEX(Paramètres!$L$7:$L$41,$AB387)>0,IF(INDEX(Paramètres!$L$7:$L$41,$AB387)<=INDEX(Paramètres!$M$7:$M$41,$AB387),AND($AC387>=INDEX(Paramètres!$L$7:$L$41,$AB387),$AC387<=INDEX(Paramètres!$M$7:$M$41,$AB387)),OR($AC387>=INDEX(Paramètres!$L$7:$L$41,$AB387),$AC387<=INDEX(Paramètres!$M$7:$M$41,$AB387))))),1,0))","v":0},{"$f":"IF($X387=\"\",0,IF(INDEX(Fertilisants!$C$6:$C$45,$X387)=\"Oui\",1,0))","v":0},"","","",""]
[{"$f":"IF(B388=\"\",\"\",COUNT($B$6:B388))","v":""},null,null,{"$f":"IF($W388=\"\",\"\",INDEX(Îlots!$N$6:$N$65,$W388))","v":""},null,null,{"$f":"IF($X388=\"\",\"\",INDEX(Fertilisants!$B$6:$B$45,$X388))","v":""},null,null,{"$f":"IF($X388=\"\",\"\",INDEX(Fertilisants!$D$6:$D$45,$X388))","v":""},"",{"$f":"IF(OR($I388=\"\",$X388=\"\"),\"\",$I388*N(INDEX(Fertilisants!$E$6:$E$45,$X388)))","v":""},{"$f":"IF(OR($I388=\"\",$X388=\"\"),\"\",$I388*N(INDEX(Fertilisants!$G$6:$G$45,$X388)))","v":""},{"$f":"IF(OR($I388=\"\",$X388=\"\"),\"\",$I388*N(INDEX(Fertilisants!$H$6:$H$45,$X388)))","v":""},{"$f":"IF(OR($I388=\"\",$X388=\"\"),\"\",$I388*N(INDEX(Fertilisants!$I$6:$I$45,$X388)))","v":""},"",{"$nulls":3},"",null,null,{"$f":"IF($C388=\"\",\"\",IFERROR(MATCH($C388,Îlots!$C$6:$C$65,0),\"\"))","v":""},{"$f":"IF($F388=\"\",\"\",IFERROR(MATCH($F388,Fertilisants!$A$6:$A$45,0),\"\"))","v":""},{"$f":"IF($W388=\"\",\"\",INDEX(Îlots!$D$6:$D$65,$W388))","v":""},{"$f":"IF($W388=\"\",\"\",INDEX(Îlots!$F$6:$F$65,$W388))","v":""},{"$f":"IF($W388=\"\",\"\",IF($E388=ApportCouvert,OccCouvert,INDEX(Îlots!$O$6:$O$65,$W388)))","v":""},{"$f":"IF(OR($AA388=\"\",$G388=\"\",$Z388=\"Non\"),\"\",IFERROR(MATCH($AA388&\" | \"&$G388,Paramètres!$I$7:$I$41,0),\"\"))","v":""},"",{"$f":"IF(OR($AB388=\"\",$AC388=\"\"),0,IF(OR(AND(INDEX(Paramètres!$J$7:$J$41,$AB388)>0,IF(INDEX(Paramètres!$J$7:$J$41,$AB388)<=INDEX(Paramètres!$K$7:$K$41,$AB388),AND($AC388>=INDEX(Paramètres!$J$7:$J$41,$AB388),$AC388<=INDEX(Paramètres!$K$7:$K$41,$AB388)),OR($AC388>=INDEX(Paramètres!$J$7:$J$41,$AB388),$AC388<=INDEX(Paramètres!$K$7:$K$41,$AB388)))),AND(INDEX(Paramètres!$L$7:$L$41,$AB388)>0,IF(INDEX(Paramètres!$L$7:$L$41,$AB388)<=INDEX(Paramètres!$M$7:$M$41,$AB388),AND($AC388>=INDEX(Paramètres!$L$7:$L$41,$AB388),$AC388<=INDEX(Paramètres!$M$7:$M$41,$AB388)),OR($AC388>=INDEX(Paramètres!$L$7:$L$41,$AB388),$AC388<=INDEX(Paramètres!$M$7:$M$41,$AB388))))),1,0))","v":0},{"$f":"IF($X388=\"\",0,IF(INDEX(Fertilisants!$C$6:$C$45,$X388)=\"Oui\",1,0))","v":0},"","","",""]
[{"$f":"IF(B389=\"\",\"\",COUNT($B$6:B389))","v":""},null,null,{"$f":"IF($W389=\"\",\"\",INDEX(Îlots!$N$6:$N$65,$W389))","v":""},null,null,{"$f":"IF($X389=\"\",\"\",INDEX(Fertilisants!$B$6:$B$45,$X389))","v":""},null,null,{"$f":"IF($X389=\"\",\"\",INDEX(Fertilisants!$D$6:$D$45,$X389))","v":""},"",{"$f":"IF(OR($I389=\"\",$X389=\"\"),\"\",$I389*N(INDEX(Fertilisants!$E$6:$E$45,$X389)))","v":""},{"$f":"IF(OR($I389=\"\",$X389=\"\"),\"\",$I389*N(INDEX(Fertilisants!$G$6:$G$45,$X389)))","v":""},{"$f":"IF(OR($I389=\"\",$X389=\"\"),\"\",$I389*N(INDEX(Fertilisants!$H$6:$H$45,$X389)))","v":""},{"$f":"IF(OR($I389=\"\",$X389=\"\"),\"\",$I389*N(INDEX(Fertilisants!$I$6:$I$45,$X389)))","v":""},"",{"$nulls":3},"",null,null,{"$f":"IF($C389=\"\",\"\",IFERROR(MATCH($C389,Îlots!$C$6:$C$65,0),\"\"))","v":""},{"$f":"IF($F389=\"\",\"\",IFERROR(MATCH($F389,Fertilisants!$A$6:$A$45,0),\"\"))","v":""},{"$f":"IF($W389=\"\",\"\",INDEX(Îlots!$D$6:$D$65,$W389))","v":""},{"$f":"IF($W389=\"\",\"\",INDEX(Îlots!$F$6:$F$65,$W389))","v":""},{"$f":"IF($W389=\"\",\"\",IF($E389=ApportCouvert,OccCouvert,INDEX(Îlots!$O$6:$O$65,$W389)))","v":""},{"$f":"IF(OR($AA389=\"\",$G389=\"\",$Z389=\"Non\"),\"\",IFERROR(MATCH($AA389&\" | \"&$G389,Paramètres!$I$7:$I$41,0),\"\"))","v":""},"",{"$f":"IF(OR($AB389=\"\",$AC389=\"\"),0,IF(OR(AND(INDEX(Paramètres!$J$7:$J$41,$AB389)>0,IF(INDEX(Paramètres!$J$7:$J$41,$AB389)<=INDEX(Paramètres!$K$7:$K$41,$AB389),AND($AC389>=INDEX(Paramètres!$J$7:$J$41,$AB389),$AC389<=INDEX(Paramètres!$K$7:$K$41,$AB389)),OR($AC389>=INDEX(Paramètres!$J$7:$J$41,$AB389),$AC389<=INDEX(Paramètres!$K$7:$K$41,$AB389)))),AND(INDEX(Paramètres!$L$7:$L$41,$AB389)>0,IF(INDEX(Paramètres!$L$7:$L$41,$AB389)<=INDEX(Paramètres!$M$7:$M$41,$AB389),AND($AC389>=INDEX(Paramètres!$L$7:$L$41,$AB389),$AC389<=INDEX(Paramètres!$M$7:$M$41,$AB389)),OR($AC389>=INDEX(Paramètres!$L$7:$L$41,$AB389),$AC389<=INDEX(Paramètres!$M$7:$M$41,$AB389))))),1,0))","v":0},{"$f":"IF($X389=\"\",0,IF(INDEX(Fertilisants!$C$6:$C$45,$X389)=\"Oui\",1,0))","v":0},"","","",""]
[{"$f":"IF(B390=\"\",\"\",COUNT($B$6:B390))","v":""},null,null,{"$f":"IF($W390=\"\",\"\",INDEX(Îlots!$N$6:$N$65,$W390))","v":""},null,null,{"$f":"IF($X390=\"\",\"\",INDEX(Fertilisants!$B$6:$B$45,$X390))","v":""},null,null,{"$f":"IF($X390=\"\",\"\",INDEX(Fertilisants!$D$6:$D$45,$X390))","v":""},{"$f":"IF(OR($H390=\"\",$I390=\"\"),\"\",$H390*$I390)","v":""},{"$f":"IF(OR($I390=\"\",$X390=\"\"),\"\",$I390*N(INDEX(Fertilisants!$E$6:$E$45,$X390)))","v":""},{"$f":"IF(OR($I390=\"\",$X390=\"\"),\"\",$I390*N(INDEX(Fertilisants!$G$6:$G$45,$X390)))","v":""},{"$f":"IF(OR($I390=\"\",$X390=\"\"),\"\",$I390*N(INDEX(Fertilisants!$H$6:$H$45,$X390)))","v":""},{"$f":"IF(OR($I390=\"\",$X390=\"\"),\"\",$I390*N(INDEX(Fertilisants!$I$6:$I$45,$X390)))","v":""},{"$f":"IF(OR($H390=\"\",$L390=\"\"),\"\",$H390*$L390)","v":""},{"$nulls":3},{"$f":"IF($B390=\"\",\"\",IF(OR($C390=\"\",$F390=\"\",$H390=\"\",$I390=\"\"),\"À compléter\",IF(OR($Q390=\"Enneigé\",$Q390=\"Détrempé\",$Q390=\"Inondé\",AND($Q390=\"Gelé\",$G390<>\"Type 0\",$G390<>\"Type Ia\")),\"Sol interdit\",IF($AD390=1,\"Période d'interdiction\",IF(AND(ISNUMBER($Y390),ISNUMBER($H390),$H390>$Y390+0.001),\"Surface > îlot\",IF(OR($B390<DebutCampagne,$B390>FinCampagne),\"Hors campagne\",\"Conforme\"))))))","v":""},null,null,{"$f":"IF($C390=\"\",\"\",IFERROR(MATCH($C390,Îlots!$C$6:$C$65,0),\"\"))","v":""},{"$f":"IF($F390=\"\",\"\",IFERROR(MATCH($F390,Fertilisants!$A$6:$A$45,0),\"\"))","v":""},{"$f":"IF($W390=\"\",\"\",INDEX(Îlots!$D$6:$D$65,$W390))","v":""},{"$f":"IF($W390=\"\",\"\",INDEX(Îlots!$F$6:$F$65,$W390))","v":""},{"$f":"IF($W390=\"\",\"\",IF($E390=ApportCouvert,OccCouvert,INDEX(Îlots!$O$6:$O$65,$W390)))","v":""},{"$f":"IF(OR($AA390=\"\",$G390=\"\",$Z390=\"Non\"),\"\",IFERROR(MATCH($AA390&\" | \"&$G390,Paramètres!$I$7:$I$41,0),\"\"))","v":""},{"$f":"IF($B390=\"\",\"\",MONTH($B390)*100+DAY($B390))","v":""},{"$f":"IF(OR($AB390=\"\",$AC390=\"\"),0,IF(OR(AND(INDEX(Paramètres!$J$7:$J$41,$AB390)>0,IF(INDEX(Paramètres!$J$7:$J$41,$AB390)<=INDEX(Paramètres!$K$7:$K$41,$AB390),AND($AC390>=INDEX(Paramètres!$J$7:$J$41,$AB390),$AC390<=INDEX(Paramètres!$K$7:$K$41,$AB390)),OR($AC390>=INDEX(Paramètres!$J$7:$J$41,$AB390),$AC390<=INDEX(Paramètres!$K$7:$K$41,$AB390)))),AND(INDEX(Paramètres!$L$7:$L$41,$AB390)>0,IF(INDEX(Paramètres!$L$7:$L$41,$AB390)<=INDEX(Paramètres!$M$7:$M$41,$AB390),AND($AC390>=INDEX(Paramètres!$L$7:$L$41,$AB390),$AC390<=INDEX(Paramètres!$M$7:$M$41,$AB390)),OR($AC390>=INDEX(Paramètres!$L$7:$L$41,$AB390),$AC390<=INDEX(Paramètres!$M$7:$M$41,$AB390))))),1,0))","v":0},{"$f":"IF($X390=\"\",0,IF(INDEX(Fertilisants!$C$6:$C$45,$X390)=\"Oui\",1,0))","v":0},{"$f":"IF($G390=\"\",\"\",IF($G390=\"Type III\",\"Minéral\",\"Organique\"))","v":""},{"$f":"IF(OR($H390=\"\",$M390=\"\"),\"\",$H390*$M390)","v":""},{"$f":"IF(OR($H390=\"\",$N390=\"\"),\"\",$H390*$N390)","v":""},{"$f":"IF(OR($H390=\"\",$O390=\"\"),\"\",$H390*$O390)","v":""}]
[{"$f":"IF(B391=\"\",\"\",COUNT($B$6:B391))","v":""},null,null,{"$f":"IF($W391=\"\",\"\",INDEX(Îlots!$N$6:$N$65,$W391))","v":""},null,null,{"$f":"IF($X391=\"\",\"\",INDEX(Fertilisants!$B$6:$B$45,$X391))","v":""},null,null,{"$f":"IF($X391=\"\",\"\",INDEX(Fertilisants!$D$6:$D$45,$X391))","v":""},"",{"$f":"IF(OR($I391=\"\",$X391=\"\"),\"\",$I391*N(INDEX(Fertilisants!$E$6:$E$45,$X391)))","v":""},{"$f":"IF(OR($I391=\"\",$X391=\"\"),\"\",$I391*N(INDEX(Fertilisants!$G$6:$G$45,$X391)))","v":""},{"$f":"IF(OR($I391=\"\",$X391=\"\"),\"\",$I391*N(INDEX(Fertilisants!$H$6:$H$45,$X391)))","v":""},{"$f":"IF(OR($I391=\"\",$X391=\"\"),\"\",$I391*N(INDEX(Fertilisants!$I$6:$I$45,$X391)))","v":""},"",{"$nulls":3},"",null,null,{"$f":"IF($C391=\"\",\"\",IFERROR(MATCH($C391,Îlots!$C$6:$C$65,0),\"\"))","v":""},{"$f":"IF($F391=\"\",\"\",IFERROR(MATCH($F391,Fertilisants!$A$6:$A$45,0),\"\"))","v":""},{"$f":"IF($W391=\"\",\"\",INDEX(Îlots!$D$6:$D$65,$W391))","v":""},{"$f":"IF($W391=\"\",\"\",INDEX(Îlots!$F$6:$F$65,$W391))","v":""},{"$f":"IF($W391=\"\",\"\",IF($E391=ApportCouvert,OccCouvert,INDEX(Îlots!$O$6:$O$65,$W391)))","v":""},{"$f":"IF(OR($AA391=\"\",$G391=\"\",$Z391=\"Non\"),\"\",IFERROR(MATCH($AA391&\" | \"&$G391,Paramètres!$I$7:$I$41,0),\"\"))","v":""},"",{"$f":"IF(OR($AB391=\"\",$AC391=\"\"),0,IF(OR(AND(INDEX(Paramètres!$J$7:$J$41,$AB391)>0,IF(INDEX(Paramètres!$J$7:$J$41,$AB391)<=INDEX(Paramètres!$K$7:$K$41,$AB391),AND($AC391>=INDEX(Paramètres!$J$7:$J$41,$AB391),$AC391<=INDEX(Paramètres!$K$7:$K$41,$AB391)),OR($AC391>=INDEX(Paramètres!$J$7:$J$41,$AB391),$AC391<=INDEX(Paramètres!$K$7:$K$41,$AB391)))),AND(INDEX(Paramètres!$L$7:$L$41,$AB391)>0,IF(INDEX(Paramètres!$L$7:$L$41,$AB391)<=INDEX(Paramètres!$M$7:$M$41,$AB391),AND($AC391>=INDEX(Paramètres!$L$7:$L$41,$AB391),$AC391<=INDEX(Paramètres!$M$7:$M$41,$AB391)),OR($AC391>=INDEX(Paramètres!$L$7:$L$41,$AB391),$AC391<=INDEX(Paramètres!$M$7:$M$41,$AB391))))),1,0))","v":0},{"$f":"IF($X391=\"\",0,IF(INDEX(Fertilisants!$C$6:$C$45,$X391)=\"Oui\",1,0))","v":0},"","","",""]
[{"$f":"IF(B392=\"\",\"\",COUNT($B$6:B392))","v":""},null,null,{"$f":"IF($W392=\"\",\"\",INDEX(Îlots!$N$6:$N$65,$W392))","v":""},null,null,{"$f":"IF($X392=\"\",\"\",INDEX(Fertilisants!$B$6:$B$45,$X392))","v":""},null,null,{"$f":"IF($X392=\"\",\"\",INDEX(Fertilisants!$D$6:$D$45,$X392))","v":""},"",{"$f":"IF(OR($I392=\"\",$X392=\"\"),\"\",$I392*N(INDEX(Fertilisants!$E$6:$E$45,$X392)))","v":""},{"$f":"IF(OR($I392=\"\",$X392=\"\"),\"\",$I392*N(INDEX(Fertilisants!$G$6:$G$45,$X392)))","v":""},{"$f":"IF(OR($I392=\"\",$X392=\"\"),\"\",$I392*N(INDEX(Fertilisants!$H$6:$H$45,$X392)))","v":""},{"$f":"IF(OR($I392=\"\",$X392=\"\"),\"\",$I392*N(INDEX(Fertilisants!$I$6:$I$45,$X392)))","v":""},"",{"$nulls":3},"",null,null,{"$f":"IF($C392=\"\",\"\",IFERROR(MATCH($C392,Îlots!$C$6:$C$65,0),\"\"))","v":""},{"$f":"IF($F392=\"\",\"\",IFERROR(MATCH($F392,Fertilisants!$A$6:$A$45,0),\"\"))","v":""},{"$f":"IF($W392=\"\",\"\",INDEX(Îlots!$D$6:$D$65,$W392))","v":""},{"$f":"IF($W392=\"\",\"\",INDEX(Îlots!$F$6:$F$65,$W392))","v":""},{"$f":"IF($W392=\"\",\"\",IF($E392=ApportCouvert,OccCouvert,INDEX(Îlots!$O$6:$O$65,$W392)))","v":""},{"$f":"IF(OR($AA392=\"\",$G392=\"\",$Z392=\"Non\"),\"\",IFERROR(MATCH($AA392&\" | \"&$G392,Paramètres!$I$7:$I$41,0),\"\"))","v":""},"",{"$f":"IF(OR($AB392=\"\",$AC392=\"\"),0,IF(OR(AND(INDEX(Paramètres!$J$7:$J$41,$AB392)>0,IF(INDEX(Paramètres!$J$7:$J$41,$AB392)<=INDEX(Paramètres!$K$7:$K$41,$AB392),AND($AC392>=INDEX(Paramètres!$J$7:$J$41,$AB392),$AC392<=INDEX(Paramètres!$K$7:$K$41,$AB392)),OR($AC392>=INDEX(Paramètres!$J$7:$J$41,$AB392),$AC392<=INDEX(Paramètres!$K$7:$K$41,$AB392)))),AND(INDEX(Paramètres!$L$7:$L$41,$AB392)>0,IF(INDEX(Paramètres!$L$7:$L$41,$AB392)<=INDEX(Paramètres!$M$7:$M$41,$AB392),AND($AC392>=INDEX(Paramètres!$L$7:$L$41,$AB392),$AC392<=INDEX(Paramètres!$M$7:$M$41,$AB392)),OR($AC392>=INDEX(Paramètres!$L$7:$L$41,$AB392),$AC392<=INDEX(Paramètres!$M$7:$M$41,$AB392))))),1,0))","v":0},{"$f":"IF($X392=\"\",0,IF(INDEX(Fertilisants!$C$6:$C$45,$X392)=\"Oui\",1,0))","v":0},"","","",""]
[{"$f":"IF(B393=\"\",\"\",COUNT($B$6:B393))","v":""},null,null,{"$f":"IF($W393=\"\",\"\",INDEX(Îlots!$N$6:$N$65,$W393))","v":""},null,null,{"$f":"IF($X393=\"\",\"\",INDEX(Fertilisants!$B$6:$B$45,$X393))","v":""},null,null,{"$f":"IF($X393=\"\",\"\",INDEX(Fertilisants!$D$6:$D$45,$X393))","v":""},"",{"$f":"IF(OR($I393=\"\",$X393=\"\"),\"\",$I393*N(INDEX(Fertilisants!$E$6:$E$45,$X393)))","v":""},{"$f":"IF(OR($I393=\"\",$X393=\"\"),\"\",$I393*N(INDEX(Fertilisants!$G$6:$G$45,$X393)))","v":""},{"$f":"IF(OR($I393=\"\",$X393=\"\"),\"\",$I393*N(INDEX(Fertilisants!$H$6:$H$45,$X393)))","v":""},{"$f":"IF(OR($I393=\"\",$X393=\"\"),\"\",$I393*N(INDEX(Fertilisants!$I$6:$I$45,$X393)))","v":""},"",{"$nulls":3},"",null,null,{"$f":"IF($C393=\"\",\"\",IFERROR(MATCH($C393,Îlots!$C$6:$C$65,0),\"\"))","v":""},{"$f":"IF($F393=\"\",\"\",IFERROR(MATCH($F393,Fertilisants!$A$6:$A$45,0),\"\"))","v":""},{"$f":"IF($W393=\"\",\"\",INDEX(Îlots!$D$6:$D$65,$W393))","v":""},{"$f":"IF($W393=\"\",\"\",INDEX(Îlots!$F$6:$F$65,$W393))","v":""},{"$f":"IF($W393=\"\",\"\",IF($E393=ApportCouvert,OccCouvert,INDEX(Îlots!$O$6:$O$65,$W393)))","v":""},{"$f":"IF(OR($AA393=\"\",$G393=\"\",$Z393=\"Non\"),\"\",IFERROR(MATCH($AA393&\" | \"&$G393,Paramètres!$I$7:$I$41,0),\"\"))","v":""},"",{"$f":"IF(OR($AB393=\"\",$AC393=\"\"),0,IF(OR(AND(INDEX(Paramètres!$J$7:$J$41,$AB393)>0,IF(INDEX(Paramètres!$J$7:$J$41,$AB393)<=INDEX(Paramètres!$K$7:$K$41,$AB393),AND($AC393>=INDEX(Paramètres!$J$7:$J$41,$AB393),$AC393<=INDEX(Paramètres!$K$7:$K$41,$AB393)),OR($AC393>=INDEX(Paramètres!$J$7:$J$41,$AB393),$AC393<=INDEX(Paramètres!$K$7:$K$41,$AB393)))),AND(INDEX(Paramètres!$L$7:$L$41,$AB393)>0,IF(INDEX(Paramètres!$L$7:$L$41,$AB393)<=INDEX(Paramètres!$M$7:$M$41,$AB393),AND($AC393>=INDEX(Paramètres!$L$7:$L$41,$AB393),$AC393<=INDEX(Paramètres!$M$7:$M$41,$AB393)),OR($AC393>=INDEX(Paramètres!$L$7:$L$41,$AB393),$AC393<=INDEX(Paramètres!$M$7:$M$41,$AB393))))),1,0))","v":0},{"$f":"IF($X393=\"\",0,IF(INDEX(Fertilisants!$C$6:$C$45,$X393)=\"Oui\",1,0))","v":0},"","","",""]
[{"$f":"IF(B394=\"\",\"\",COUNT($B$6:B394))","v":""},null,null,{"$f":"IF($W394=\"\",\"\",INDEX(Îlots!$N$6:$N$65,$W394))","v":""},null,null,{"$f":"IF($X394=\"\",\"\",INDEX(Fertilisants!$B$6:$B$45,$X394))","v":""},null,null,{"$f":"IF($X394=\"\",\"\",INDEX(Fertilisants!$D$6:$D$45,$X394))","v":""},"",{"$f":"IF(OR($I394=\"\",$X394=\"\"),\"\",$I394*N(INDEX(Fertilisants!$E$6:$E$45,$X394)))","v":""},{"$f":"IF(OR($I394=\"\",$X394=\"\"),\"\",$I394*N(INDEX(Fertilisants!$G$6:$G$45,$X394)))","v":""},{"$f":"IF(OR($I394=\"\",$X394=\"\"),\"\",$I394*N(INDEX(Fertilisants!$H$6:$H$45,$X394)))","v":""},{"$f":"IF(OR($I394=\"\",$X394=\"\"),\"\",$I394*N(INDEX(Fertilisants!$I$6:$I$45,$X394)))","v":""},"",{"$nulls":3},"",null,null,{"$f":"IF($C394=\"\",\"\",IFERROR(MATCH($C394,Îlots!$C$6:$C$65,0),\"\"))","v":""},{"$f":"IF($F394=\"\",\"\",IFERROR(MATCH($F394,Fertilisants!$A$6:$A$45,0),\"\"))","v":""},{"$f":"IF($W394=\"\",\"\",INDEX(Îlots!$D$6:$D$65,$W394))","v":""},{"$f":"IF($W394=\"\",\"\",INDEX(Îlots!$F$6:$F$65,$W394))","v":""},{"$f":"IF($W394=\"\",\"\",IF($E394=ApportCouvert,OccCouvert,INDEX(Îlots!$O$6:$O$65,$W394)))","v":""},{"$f":"IF(OR($AA394=\"\",$G394=\"\",$Z394=\"Non\"),\"\",IFERROR(MATCH($AA394&\" | \"&$G394,Paramètres!$I$7:$I$41,0),\"\"))","v":""},"",{"$f":"IF(OR($AB394=\"\",$AC394=\"\"),0,IF(OR(AND(INDEX(Paramètres!$J$7:$J$41,$AB394)>0,IF(INDEX(Paramètres!$J$7:$J$41,$AB394)<=INDEX(Paramètres!$K$7:$K$41,$AB394),AND($AC394>=INDEX(Paramètres!$J$7:$J$41,$AB394),$AC394<=INDEX(Paramètres!$K$7:$K$41,$AB394)),OR($AC394>=INDEX(Paramètres!$J$7:$J$41,$AB394),$AC394<=INDEX(Paramètres!$K$7:$K$41,$AB394)))),AND(INDEX(Paramètres!$L$7:$L$41,$AB394)>0,IF(INDEX(Paramètres!$L$7:$L$41,$AB394)<=INDEX(Paramètres!$M$7:$M$41,$AB394),AND($AC394>=INDEX(Paramètres!$L$7:$L$41,$AB394),$AC394<=INDEX(Paramètres!$M$7:$M$41,$AB394)),OR($AC394>=INDEX(Paramètres!$L$7:$L$41,$AB394),$AC394<=INDEX(Paramètres!$M$7:$M$41,$AB394))))),1,0))","v":0},{"$f":"IF($X394=\"\",0,IF(INDEX(Fertilisants!$C$6:$C$45,$X394)=\"Oui\",1,0))","v":0},"","","",""]
[{"$f":"IF(B395=\"\",\"\",COUNT($B$6:B395))","v":""},null,null,{"$f":"IF($W395=\"\",\"\",INDEX(Îlots!$N$6:$N$65,$W395))","v":""},null,null,{"$f":"IF($X395=\"\",\"\",INDEX(Fertilisants!$B$6:$B$45,$X395))","v":""},null,null,{"$f":"IF($X395=\"\",\"\",INDEX(Fertilisants!$D$6:$D$45,$X395))","v":""},"",{"$f":"IF(OR($I395=\"\",$X395=\"\"),\"\",$I395*N(INDEX(Fertilisants!$E$6:$E$45,$X395)))","v":""},{"$f":"IF(OR($I395=\"\",$X395=\"\"),\"\",$I395*N(INDEX(Fertilisants!$G$6:$G$45,$X395)))","v":""},{"$f":"IF(OR($I395=\"\",$X395=\"\"),\"\",$I395*N(INDEX(Fertilisants!$H$6:$H$45,$X395)))","v":""},{"$f":"IF(OR($I395=\"\",$X395=\"\"),\"\",$I395*N(INDEX(Fertilisants!$I$6:$I$45,$X395)))","v":""},"",{"$nulls":3},"",null,null,{"$f":"IF($C395=\"\",\"\",IFERROR(MATCH($C395,Îlots!$C$6:$C$65,0),\"\"))","v":""},{"$f":"IF($F395=\"\",\"\",IFERROR(MATCH($F395,Fertilisants!$A$6:$A$45,0),\"\"))","v":""},{"$f":"IF($W395=\"\",\"\",INDEX(Îlots!$D$6:$D$65,$W395))","v":""},{"$f":"IF($W395=\"\",\"\",INDEX(Îlots!$F$6:$F$65,$W395))","v":""},{"$f":"IF($W395=\"\",\"\",IF($E395=ApportCouvert,OccCouvert,INDEX(Îlots!$O$6:$O$65,$W395)))","v":""},{"$f":"IF(OR($AA395=\"\",$G395=\"\",$Z395=\"Non\"),\"\",IFERROR(MATCH($AA395&\" | \"&$G395,Paramètres!$I$7:$I$41,0),\"\"))","v":""},"",{"$f":"IF(OR($AB395=\"\",$AC395=\"\"),0,IF(OR(AND(INDEX(Paramètres!$J$7:$J$41,$AB395)>0,IF(INDEX(Paramètres!$J$7:$J$41,$AB395)<=INDEX(Paramètres!$K$7:$K$41,$AB395),AND($AC395>=INDEX(Paramètres!$J$7:$J$41,$AB395),$AC395<=INDEX(Paramètres!$K$7:$K$41,$AB395)),OR($AC395>=INDEX(Paramètres!$J$7:$J$41,$AB395),$AC395<=INDEX(Paramètres!$K$7:$K$41,$AB395)))),AND(INDEX(Paramètres!$L$7:$L$41,$AB395)>0,IF(INDEX(Paramètres!$L$7:$L$41,$AB395)<=INDEX(Paramètres!$M$7:$M$41,$AB395),AND($AC395>=INDEX(Paramètres!$L$7:$L$41,$AB395),$AC395<=INDEX(Paramètres!$M$7:$M$41,$AB395)),OR($AC395>=INDEX(Paramètres!$L$7:$L$41,$AB395),$AC395<=INDEX(Paramètres!$M$7:$M$41,$AB395))))),1,0))","v":0},{"$f":"IF($X395=\"\",0,IF(INDEX(Fertilisants!$C$6:$C$45,$X395)=\"Oui\",1,0))","v":0},"","","",""]
[{"$f":"IF(B396=\"\",\"\",COUNT($B$6:B396))","v":""},null,null,{"$f":"IF($W396=\"\",\"\",INDEX(Îlots!$N$6:$N$65,$W396))","v":""},null,null,{"$f":"IF($X396=\"\",\"\",INDEX(Fertilisants!$B$6:$B$45,$X396))","v":""},null,null,{"$f":"IF($X396=\"\",\"\",INDEX(Fertilisants!$D$6:$D$45,$X396))","v":""},"",{"$f":"IF(OR($I396=\"\",$X396=\"\"),\"\",$I396*N(INDEX(Fertilisants!$E$6:$E$45,$X396)))","v":""},{"$f":"IF(OR($I396=\"\",$X396=\"\"),\"\",$I396*N(INDEX(Fertilisants!$G$6:$G$45,$X396)))","v":""},{"$f":"IF(OR($I396=\"\",$X396=\"\"),\"\",$I396*N(INDEX(Fertilisants!$H$6:$H$45,$X396)))","v":""},{"$f":"IF(OR($I396=\"\",$X396=\"\"),\"\",$I396*N(INDEX(Fertilisants!$I$6:$I$45,$X396)))","v":""},"",{"$nulls":3},"",null,null,{"$f":"IF($C396=\"\",\"\",IFERROR(MATCH($C396,Îlots!$C$6:$C$65,0),\"\"))","v":""},{"$f":"IF($F396=\"\",\"\",IFERROR(MATCH($F396,Fertilisants!$A$6:$A$45,0),\"\"))","v":""},{"$f":"IF($W396=\"\",\"\",INDEX(Îlots!$D$6:$D$65,$W396))","v":""},{"$f":"IF($W396=\"\",\"\",INDEX(Îlots!$F$6:$F$65,$W396))","v":""},{"$f":"IF($W396=\"\",\"\",IF($E396=ApportCouvert,OccCouvert,INDEX(Îlots!$O$6:$O$65,$W396)))","v":""},{"$f":"IF(OR($AA396=\"\",$G396=\"\",$Z396=\"Non\"),\"\",IFERROR(MATCH($AA396&\" | \"&$G396,Paramètres!$I$7:$I$41,0),\"\"))","v":""},"",{"$f":"IF(OR($AB396=\"\",$AC396=\"\"),0,IF(OR(AND(INDEX(Paramètres!$J$7:$J$41,$AB396)>0,IF(INDEX(Paramètres!$J$7:$J$41,$AB396)<=INDEX(Paramètres!$K$7:$K$41,$AB396),AND($AC396>=INDEX(Paramètres!$J$7:$J$41,$AB396),$AC396<=INDEX(Paramètres!$K$7:$K$41,$AB396)),OR($AC396>=INDEX(Paramètres!$J$7:$J$41,$AB396),$AC396<=INDEX(Paramètres!$K$7:$K$41,$AB396)))),AND(INDEX(Paramètres!$L$7:$L$41,$AB396)>0,IF(INDEX(Paramètres!$L$7:$L$41,$AB396)<=INDEX(Paramètres!$M$7:$M$41,$AB396),AND($AC396>=INDEX(Paramètres!$L$7:$L$41,$AB396),$AC396<=INDEX(Paramètres!$M$7:$M$41,$AB396)),OR($AC396>=INDEX(Paramètres!$L$7:$L$41,$AB396),$AC396<=INDEX(Paramètres!$M$7:$M$41,$AB396))))),1,0))","v":0},{"$f":"IF($X396=\"\",0,IF(INDEX(Fertilisants!$C$6:$C$45,$X396)=\"Oui\",1,0))","v":0},"","","",""]
[{"$f":"IF(B397=\"\",\"\",COUNT($B$6:B397))","v":""},null,null,{"$f":"IF($W397=\"\",\"\",INDEX(Îlots!$N$6:$N$65,$W397))","v":""},null,null,{"$f":"IF($X397=\"\",\"\",INDEX(Fertilisants!$B$6:$B$45,$X397))","v":""},null,null,{"$f":"IF($X397=\"\",\"\",INDEX(Fertilisants!$D$6:$D$45,$X397))","v":""},"",{"$f":"IF(OR($I397=\"\",$X397=\"\"),\"\",$I397*N(INDEX(Fertilisants!$E$6:$E$45,$X397)))","v":""},{"$f":"IF(OR($I397=\"\",$X397=\"\"),\"\",$I397*N(INDEX(Fertilisants!$G$6:$G$45,$X397)))","v":""},{"$f":"IF(OR($I397=\"\",$X397=\"\"),\"\",$I397*N(INDEX(Fertilisants!$H$6:$H$45,$X397)))","v":""},{"$f":"IF(OR($I397=\"\",$X397=\"\"),\"\",$I397*N(INDEX(Fertilisants!$I$6:$I$45,$X397)))","v":""},"",{"$nulls":3},"",null,null,{"$f":"IF($C397=\"\",\"\",IFERROR(MATCH($C397,Îlots!$C$6:$C$65,0),\"\"))","v":""},{"$f":"IF($F397=\"\",\"\",IFERROR(MATCH($F397,Fertilisants!$A$6:$A$45,0),\"\"))","v":""},{"$f":"IF($W397=\"\",\"\",INDEX(Îlots!$D$6:$D$65,$W397))","v":""},{"$f":"IF($W397=\"\",\"\",INDEX(Îlots!$F$6:$F$65,$W397))","v":""},{"$f":"IF($W397=\"\",\"\",IF($E397=ApportCouvert,OccCouvert,INDEX(Îlots!$O$6:$O$65,$W397)))","v":""},{"$f":"IF(OR($AA397=\"\",$G397=\"\",$Z397=\"Non\"),\"\",IFERROR(MATCH($AA397&\" | \"&$G397,Paramètres!$I$7:$I$41,0),\"\"))","v":""},"",{"$f":"IF(OR($AB397=\"\",$AC397=\"\"),0,IF(OR(AND(INDEX(Paramètres!$J$7:$J$41,$AB397)>0,IF(INDEX(Paramètres!$J$7:$J$41,$AB397)<=INDEX(Paramètres!$K$7:$K$41,$AB397),AND($AC397>=INDEX(Paramètres!$J$7:$J$41,$AB397),$AC397<=INDEX(Paramètres!$K$7:$K$41,$AB397)),OR($AC397>=INDEX(Paramètres!$J$7:$J$41,$AB397),$AC397<=INDEX(Paramètres!$K$7:$K$41,$AB397)))),AND(INDEX(Paramètres!$L$7:$L$41,$AB397)>0,IF(INDEX(Paramètres!$L$7:$L$41,$AB397)<=INDEX(Paramètres!$M$7:$M$41,$AB397),AND($AC397>=INDEX(Paramètres!$L$7:$L$41,$AB397),$AC397<=INDEX(Paramètres!$M$7:$M$41,$AB397)),OR($AC397>=INDEX(Paramètres!$L$7:$L$41,$AB397),$AC397<=INDEX(Paramètres!$M$7:$M$41,$AB397))))),1,0))","v":0},{"$f":"IF($X397=\"\",0,IF(INDEX(Fertilisants!$C$6:$C$45,$X397)=\"Oui\",1,0))","v":0},"","","",""]
[{"$f":"IF(B398=\"\",\"\",COUNT($B$6:B398))","v":""},null,null,{"$f":"IF($W398=\"\",\"\",INDEX(Îlots!$N$6:$N$65,$W398))","v":""},null,null,{"$f":"IF($X398=\"\",\"\",INDEX(Fertilisants!$B$6:$B$45,$X398))","v":""},null,null,{"$f":"IF($X398=\"\",\"\",INDEX(Fertilisants!$D$6:$D$45,$X398))","v":""},"",{"$f":"IF(OR($I398=\"\",$X398=\"\"),\"\",$I398*N(INDEX(Fertilisants!$E$6:$E$45,$X398)))","v":""},{"$f":"IF(OR($I398=\"\",$X398=\"\"),\"\",$I398*N(INDEX(Fertilisants!$G$6:$G$45,$X398)))","v":""},{"$f":"IF(OR($I398=\"\",$X398=\"\"),\"\",$I398*N(INDEX(Fertilisants!$H$6:$H$45,$X398)))","v":""},{"$f":"IF(OR($I398=\"\",$X398=\"\"),\"\",$I398*N(INDEX(Fertilisants!$I$6:$I$45,$X398)))","v":""},"",{"$nulls":3},"",null,null,{"$f":"IF($C398=\"\",\"\",IFERROR(MATCH($C398,Îlots!$C$6:$C$65,0),\"\"))","v":""},{"$f":"IF($F398=\"\",\"\",IFERROR(MATCH($F398,Fertilisants!$A$6:$A$45,0),\"\"))","v":""},{"$f":"IF($W398=\"\",\"\",INDEX(Îlots!$D$6:$D$65,$W398))","v":""},{"$f":"IF($W398=\"\",\"\",INDEX(Îlots!$F$6:$F$65,$W398))","v":""},{"$f":"IF($W398=\"\",\"\",IF($E398=ApportCouvert,OccCouvert,INDEX(Îlots!$O$6:$O$65,$W398)))","v":""},{"$f":"IF(OR($AA398=\"\",$G398=\"\",$Z398=\"Non\"),\"\",IFERROR(MATCH($AA398&\" | \"&$G398,Paramètres!$I$7:$I$41,0),\"\"))","v":""},"",{"$f":"IF(OR($AB398=\"\",$AC398=\"\"),0,IF(OR(AND(INDEX(Paramètres!$J$7:$J$41,$AB398)>0,IF(INDEX(Paramètres!$J$7:$J$41,$AB398)<=INDEX(Paramètres!$K$7:$K$41,$AB398),AND($AC398>=INDEX(Paramètres!$J$7:$J$41,$AB398),$AC398<=INDEX(Paramètres!$K$7:$K$41,$AB398)),OR($AC398>=INDEX(Paramètres!$J$7:$J$41,$AB398),$AC398<=INDEX(Paramètres!$K$7:$K$41,$AB398)))),AND(INDEX(Paramètres!$L$7:$L$41,$AB398)>0,IF(INDEX(Paramètres!$L$7:$L$41,$AB398)<=INDEX(Paramètres!$M$7:$M$41,$AB398),AND($AC398>=INDEX(Paramètres!$L$7:$L$41,$AB398),$AC398<=INDEX(Paramètres!$M$7:$M$41,$AB398)),OR($AC398>=INDEX(Paramètres!$L$7:$L$41,$AB398),$AC398<=INDEX(Paramètres!$M$7:$M$41,$AB398))))),1,0))","v":0},{"$f":"IF($X398=\"\",0,IF(INDEX(Fertilisants!$C$6:$C$45,$X398)=\"Oui\",1,0))","v":0},"","","",""]
[{"$f":"IF(B399=\"\",\"\",COUNT($B$6:B399))","v":""},null,null,{"$f":"IF($W399=\"\",\"\",INDEX(Îlots!$N$6:$N$65,$W399))","v":""},null,null,{"$f":"IF($X399=\"\",\"\",INDEX(Fertilisants!$B$6:$B$45,$X399))","v":""},null,null,{"$f":"IF($X399=\"\",\"\",INDEX(Fertilisants!$D$6:$D$45,$X399))","v":""},"",{"$f":"IF(OR($I399=\"\",$X399=\"\"),\"\",$I399*N(INDEX(Fertilisants!$E$6:$E$45,$X399)))","v":""},{"$f":"IF(OR($I399=\"\",$X399=\"\"),\"\",$I399*N(INDEX(Fertilisants!$G$6:$G$45,$X399)))","v":""},{"$f":"IF(OR($I399=\"\",$X399=\"\"),\"\",$I399*N(INDEX(Fertilisants!$H$6:$H$45,$X399)))","v":""},{"$f":"IF(OR($I399=\"\",$X399=\"\"),\"\",$I399*N(INDEX(Fertilisants!$I$6:$I$45,$X399)))","v":""},"",{"$nulls":3},"",null,null,{"$f":"IF($C399=\"\",\"\",IFERROR(MATCH($C399,Îlots!$C$6:$C$65,0),\"\"))","v":""},{"$f":"IF($F399=\"\",\"\",IFERROR(MATCH($F399,Fertilisants!$A$6:$A$45,0),\"\"))","v":""},{"$f":"IF($W399=\"\",\"\",INDEX(Îlots!$D$6:$D$65,$W399))","v":""},{"$f":"IF($W399=\"\",\"\",INDEX(Îlots!$F$6:$F$65,$W399))","v":""},{"$f":"IF($W399=\"\",\"\",IF($E399=ApportCouvert,OccCouvert,INDEX(Îlots!$O$6:$O$65,$W399)))","v":""},{"$f":"IF(OR($AA399=\"\",$G399=\"\",$Z399=\"Non\"),\"\",IFERROR(MATCH($AA399&\" | \"&$G399,Paramètres!$I$7:$I$41,0),\"\"))","v":""},"",{"$f":"IF(OR($AB399=\"\",$AC399=\"\"),0,IF(OR(AND(INDEX(Paramètres!$J$7:$J$41,$AB399)>0,IF(INDEX(Paramètres!$J$7:$J$41,$AB399)<=INDEX(Paramètres!$K$7:$K$41,$AB399),AND($AC399>=INDEX(Paramètres!$J$7:$J$41,$AB399),$AC399<=INDEX(Paramètres!$K$7:$K$41,$AB399)),OR($AC399>=INDEX(Paramètres!$J$7:$J$41,$AB399),$AC399<=INDEX(Paramètres!$K$7:$K$41,$AB399)))),AND(INDEX(Paramètres!$L$7:$L$41,$AB399)>0,IF(INDEX(Paramètres!$L$7:$L$41,$AB399)<=INDEX(Paramètres!$M$7:$M$41,$AB399),AND($AC399>=INDEX(Paramètres!$L$7:$L$41,$AB399),$AC399<=INDEX(Paramètres!$M$7:$M$41,$AB399)),OR($AC399>=INDEX(Paramètres!$L$7:$L$41,$AB399),$AC399<=INDEX(Paramètres!$M$7:$M$41,$AB399))))),1,0))","v":0},{"$f":"IF($X399=\"\",0,IF(INDEX(Fertilisants!$C$6:$C$45,$X399)=\"Oui\",1,0))","v":0},"","","",""]
[{"$f":"IF(B400=\"\",\"\",COUNT($B$6:B400))","v":""},null,null,{"$f":"IF($W400=\"\",\"\",INDEX(Îlots!$N$6:$N$65,$W400))","v":""},null,null,{"$f":"IF($X400=\"\",\"\",INDEX(Fertilisants!$B$6:$B$45,$X400))","v":""},null,null,{"$f":"IF($X400=\"\",\"\",INDEX(Fertilisants!$D$6:$D$45,$X400))","v":""},"",{"$f":"IF(OR($I400=\"\",$X400=\"\"),\"\",$I400*N(INDEX(Fertilisants!$E$6:$E$45,$X400)))","v":""},{"$f":"IF(OR($I400=\"\",$X400=\"\"),\"\",$I400*N(INDEX(Fertilisants!$G$6:$G$45,$X400)))","v":""},{"$f":"IF(OR($I400=\"\",$X400=\"\"),\"\",$I400*N(INDEX(Fertilisants!$H$6:$H$45,$X400)))","v":""},{"$f":"IF(OR($I400=\"\",$X400=\"\"),\"\",$I400*N(INDEX(Fertilisants!$I$6:$I$45,$X400)))","v":""},"",{"$nulls":3},"",null,null,{"$f":"IF($C400=\"\",\"\",IFERROR(MATCH($C400,Îlots!$C$6:$C$65,0),\"\"))","v":""},{"$f":"IF($F400=\"\",\"\",IFERROR(MATCH($F400,Fertilisants!$A$6:$A$45,0),\"\"))","v":""},{"$f":"IF($W400=\"\",\"\",INDEX(Îlots!$D$6:$D$65,$W400))","v":""},{"$f":"IF($W400=\"\",\"\",INDEX(Îlots!$F$6:$F$65,$W400))","v":""},{"$f":"IF($W400=\"\",\"\",IF($E400=ApportCouvert,OccCouvert,INDEX(Îlots!$O$6:$O$65,$W400)))","v":""},{"$f":"IF(OR($AA400=\"\",$G400=\"\",$Z400=\"Non\"),\"\",IFERROR(MATCH($AA400&\" | \"&$G400,Paramètres!$I$7:$I$41,0),\"\"))","v":""},"",{"$f":"IF(OR($AB400=\"\",$AC400=\"\"),0,IF(OR(AND(INDEX(Paramètres!$J$7:$J$41,$AB400)>0,IF(INDEX(Paramètres!$J$7:$J$41,$AB400)<=INDEX(Paramètres!$K$7:$K$41,$AB400),AND($AC400>=INDEX(Paramètres!$J$7:$J$41,$AB400),$AC400<=INDEX(Paramètres!$K$7:$K$41,$AB400)),OR($AC400>=INDEX(Paramètres!$J$7:$J$41,$AB400),$AC400<=INDEX(Paramètres!$K$7:$K$41,$AB400)))),AND(INDEX(Paramètres!$L$7:$L$41,$AB400)>0,IF(INDEX(Paramètres!$L$7:$L$41,$AB400)<=INDEX(Paramètres!$M$7:$M$41,$AB400),AND($AC400>=INDEX(Paramètres!$L$7:$L$41,$AB400),$AC400<=INDEX(Paramètres!$M$7:$M$41,$AB400)),OR($AC400>=INDEX(Paramètres!$L$7:$L$41,$AB400),$AC400<=INDEX(Paramètres!$M$7:$M$41,$AB400))))),1,0))","v":0},{"$f":"IF($X400=\"\",0,IF(INDEX(Fertilisants!$C$6:$C$45,$X400)=\"Oui\",1,0))","v":0},"","","",""]
[{"$f":"IF(B401=\"\",\"\",COUNT($B$6:B401))","v":""},null,null,{"$f":"IF($W401=\"\",\"\",INDEX(Îlots!$N$6:$N$65,$W401))","v":""},null,null,{"$f":"IF($X401=\"\",\"\",INDEX(Fertilisants!$B$6:$B$45,$X401))","v":""},null,null,{"$f":"IF($X401=\"\",\"\",INDEX(Fertilisants!$D$6:$D$45,$X401))","v":""},"",{"$f":"IF(OR($I401=\"\",$X401=\"\"),\"\",$I401*N(INDEX(Fertilisants!$E$6:$E$45,$X401)))","v":""},{"$f":"IF(OR($I401=\"\",$X401=\"\"),\"\",$I401*N(INDEX(Fertilisants!$G$6:$G$45,$X401)))","v":""},{"$f":"IF(OR($I401=\"\",$X401=\"\"),\"\",$I401*N(INDEX(Fertilisants!$H$6:$H$45,$X401)))","v":""},{"$f":"IF(OR($I401=\"\",$X401=\"\"),\"\",$I401*N(INDEX(Fertilisants!$I$6:$I$45,$X401)))","v":""},"",{"$nulls":3},"",null,null,{"$f":"IF($C401=\"\",\"\",IFERROR(MATCH($C401,Îlots!$C$6:$C$65,0),\"\"))","v":""},{"$f":"IF($F401=\"\",\"\",IFERROR(MATCH($F401,Fertilisants!$A$6:$A$45,0),\"\"))","v":""},{"$f":"IF($W401=\"\",\"\",INDEX(Îlots!$D$6:$D$65,$W401))","v":""},{"$f":"IF($W401=\"\",\"\",INDEX(Îlots!$F$6:$F$65,$W401))","v":""},{"$f":"IF($W401=\"\",\"\",IF($E401=ApportCouvert,OccCouvert,INDEX(Îlots!$O$6:$O$65,$W401)))","v":""},{"$f":"IF(OR($AA401=\"\",$G401=\"\",$Z401=\"Non\"),\"\",IFERROR(MATCH($AA401&\" | \"&$G401,Paramètres!$I$7:$I$41,0),\"\"))","v":""},"",{"$f":"IF(OR($AB401=\"\",$AC401=\"\"),0,IF(OR(AND(INDEX(Paramètres!$J$7:$J$41,$AB401)>0,IF(INDEX(Paramètres!$J$7:$J$41,$AB401)<=INDEX(Paramètres!$K$7:$K$41,$AB401),AND($AC401>=INDEX(Paramètres!$J$7:$J$41,$AB401),$AC401<=INDEX(Paramètres!$K$7:$K$41,$AB401)),OR($AC401>=INDEX(Paramètres!$J$7:$J$41,$AB401),$AC401<=INDEX(Paramètres!$K$7:$K$41,$AB401)))),AND(INDEX(Paramètres!$L$7:$L$41,$AB401)>0,IF(INDEX(Paramètres!$L$7:$L$41,$AB401)<=INDEX(Paramètres!$M$7:$M$41,$AB401),AND($AC401>=INDEX(Paramètres!$L$7:$L$41,$AB401),$AC401<=INDEX(Paramètres!$M$7:$M$41,$AB401)),OR($AC401>=INDEX(Paramètres!$L$7:$L$41,$AB401),$AC401<=INDEX(Paramètres!$M$7:$M$41,$AB401))))),1,0))","v":0},{"$f":"IF($X401=\"\",0,IF(INDEX(Fertilisants!$C$6:$C$45,$X401)=\"Oui\",1,0))","v":0},"","","",""]
[{"$f":"IF(B402=\"\",\"\",COUNT($B$6:B402))","v":""},null,null,{"$f":"IF($W402=\"\",\"\",INDEX(Îlots!$N$6:$N$65,$W402))","v":""},null,null,{"$f":"IF($X402=\"\",\"\",INDEX(Fertilisants!$B$6:$B$45,$X402))","v":""},null,null,{"$f":"IF($X402=\"\",\"\",INDEX(Fertilisants!$D$6:$D$45,$X402))","v":""},"",{"$f":"IF(OR($I402=\"\",$X402=\"\"),\"\",$I402*N(INDEX(Fertilisants!$E$6:$E$45,$X402)))","v":""},{"$f":"IF(OR($I402=\"\",$X402=\"\"),\"\",$I402*N(INDEX(Fertilisants!$G$6:$G$45,$X402)))","v":""},{"$f":"IF(OR($I402=\"\",$X402=\"\"),\"\",$I402*N(INDEX(Fertilisants!$H$6:$H$45,$X402)))","v":""},{"$f":"IF(OR($I402=\"\",$X402=\"\"),\"\",$I402*N(INDEX(Fertilisants!$I$6:$I$45,$X402)))","v":""},"",{"$nulls":3},"",null,null,{"$f":"IF($C402=\"\",\"\",IFERROR(MATCH($C402,Îlots!$C$6:$C$65,0),\"\"))","v":""},{"$f":"IF($F402=\"\",\"\",IFERROR(MATCH($F402,Fertilisants!$A$6:$A$45,0),\"\"))","v":""},{"$f":"IF($W402=\"\",\"\",INDEX(Îlots!$D$6:$D$65,$W402))","v":""},{"$f":"IF($W402=\"\",\"\",INDEX(Îlots!$F$6:$F$65,$W402))","v":""},{"$f":"IF($W402=\"\",\"\",IF($E402=ApportCouvert,OccCouvert,INDEX(Îlots!$O$6:$O$65,$W402)))","v":""},{"$f":"IF(OR($AA402=\"\",$G402=\"\",$Z402=\"Non\"),\"\",IFERROR(MATCH($AA402&\" | \"&$G402,Paramètres!$I$7:$I$41,0),\"\"))","v":""},"",{"$f":"IF(OR($AB402=\"\",$AC402=\"\"),0,IF(OR(AND(INDEX(Paramètres!$J$7:$J$41,$AB402)>0,IF(INDEX(Paramètres!$J$7:$J$41,$AB402)<=INDEX(Paramètres!$K$7:$K$41,$AB402),AND($AC402>=INDEX(Paramètres!$J$7:$J$41,$AB402),$AC402<=INDEX(Paramètres!$K$7:$K$41,$AB402)),OR($AC402>=INDEX(Paramètres!$J$7:$J$41,$AB402),$AC402<=INDEX(Paramètres!$K$7:$K$41,$AB402)))),AND(INDEX(Paramètres!$L$7:$L$41,$AB402)>0,IF(INDEX(Paramètres!$L$7:$L$41,$AB402)<=INDEX(Paramètres!$M$7:$M$41,$AB402),AND($AC402>=INDEX(Paramètres!$L$7:$L$41,$AB402),$AC402<=INDEX(Paramètres!$M$7:$M$41,$AB402)),OR($AC402>=INDEX(Paramètres!$L$7:$L$41,$AB402),$AC402<=INDEX(Paramètres!$M$7:$M$41,$AB402))))),1,0))","v":0},{"$f":"IF($X402=\"\",0,IF(INDEX(Fertilisants!$C$6:$C$45,$X402)=\"Oui\",1,0))","v":0},"","","",""]
[{"$f":"IF(B403=\"\",\"\",COUNT($B$6:B403))","v":""},null,null,{"$f":"IF($W403=\"\",\"\",INDEX(Îlots!$N$6:$N$65,$W403))","v":""},null,null,{"$f":"IF($X403=\"\",\"\",INDEX(Fertilisants!$B$6:$B$45,$X403))","v":""},null,null,{"$f":"IF($X403=\"\",\"\",INDEX(Fertilisants!$D$6:$D$45,$X403))","v":""},"",{"$f":"IF(OR($I403=\"\",$X403=\"\"),\"\",$I403*N(INDEX(Fertilisants!$E$6:$E$45,$X403)))","v":""},{"$f":"IF(OR($I403=\"\",$X403=\"\"),\"\",$I403*N(INDEX(Fertilisants!$G$6:$G$45,$X403)))","v":""},{"$f":"IF(OR($I403=\"\",$X403=\"\"),\"\",$I403*N(INDEX(Fertilisants!$H$6:$H$45,$X403)))","v":""},{"$f":"IF(OR($I403=\"\",$X403=\"\"),\"\",$I403*N(INDEX(Fertilisants!$I$6:$I$45,$X403)))","v":""},"",{"$nulls":3},"",null,null,{"$f":"IF($C403=\"\",\"\",IFERROR(MATCH($C403,Îlots!$C$6:$C$65,0),\"\"))","v":""},{"$f":"IF($F403=\"\",\"\",IFERROR(MATCH($F403,Fertilisants!$A$6:$A$45,0),\"\"))","v":""},{"$f":"IF($W403=\"\",\"\",INDEX(Îlots!$D$6:$D$65,$W403))","v":""},{"$f":"IF($W403=\"\",\"\",INDEX(Îlots!$F$6:$F$65,$W403))","v":""},{"$f":"IF($W403=\"\",\"\",IF($E403=ApportCouvert,OccCouvert,INDEX(Îlots!$O$6:$O$65,$W403)))","v":""},{"$f":"IF(OR($AA403=\"\",$G403=\"\",$Z403=\"Non\"),\"\",IFERROR(MATCH($AA403&\" | \"&$G403,Paramètres!$I$7:$I$41,0),\"\"))","v":""},"",{"$f":"IF(OR($AB403=\"\",$AC403=\"\"),0,IF(OR(AND(INDEX(Paramètres!$J$7:$J$41,$AB403)>0,IF(INDEX(Paramètres!$J$7:$J$41,$AB403)<=INDEX(Paramètres!$K$7:$K$41,$AB403),AND($AC403>=INDEX(Paramètres!$J$7:$J$41,$AB403),$AC403<=INDEX(Paramètres!$K$7:$K$41,$AB403)),OR($AC403>=INDEX(Paramètres!$J$7:$J$41,$AB403),$AC403<=INDEX(Paramètres!$K$7:$K$41,$AB403)))),AND(INDEX(Paramètres!$L$7:$L$41,$AB403)>0,IF(INDEX(Paramètres!$L$7:$L$41,$AB403)<=INDEX(Paramètres!$M$7:$M$41,$AB403),AND($AC403>=INDEX(Paramètres!$L$7:$L$41,$AB403),$AC403<=INDEX(Paramètres!$M$7:$M$41,$AB403)),OR($AC403>=INDEX(Paramètres!$L$7:$L$41,$AB403),$AC403<=INDEX(Paramètres!$M$7:$M$41,$AB403))))),1,0))","v":0},{"$f":"IF($X403=\"\",0,IF(INDEX(Fertilisants!$C$6:$C$45,$X403)=\"Oui\",1,0))","v":0},"","","",""]
[{"$f":"IF(B404=\"\",\"\",COUNT($B$6:B404))","v":""},null,null,{"$f":"IF($W404=\"\",\"\",INDEX(Îlots!$N$6:$N$65,$W404))","v":""},null,null,{"$f":"IF($X404=\"\",\"\",INDEX(Fertilisants!$B$6:$B$45,$X404))","v":""},null,null,{"$f":"IF($X404=\"\",\"\",INDEX(Fertilisants!$D$6:$D$45,$X404))","v":""},"",{"$f":"IF(OR($I404=\"\",$X404=\"\"),\"\",$I404*N(INDEX(Fertilisants!$E$6:$E$45,$X404)))","v":""},{"$f":"IF(OR($I404=\"\",$X404=\"\"),\"\",$I404*N(INDEX(Fertilisants!$G$6:$G$45,$X404)))","v":""},{"$f":"IF(OR($I404=\"\",$X404=\"\"),\"\",$I404*N(INDEX(Fertilisants!$H$6:$H$45,$X404)))","v":""},{"$f":"IF(OR($I404=\"\",$X404=\"\"),\"\",$I404*N(INDEX(Fertilisants!$I$6:$I$45,$X404)))","v":""},"",{"$nulls":3},"",null,null,{"$f":"IF($C404=\"\",\"\",IFERROR(MATCH($C404,Îlots!$C$6:$C$65,0),\"\"))","v":""},{"$f":"IF($F404=\"\",\"\",IFERROR(MATCH($F404,Fertilisants!$A$6:$A$45,0),\"\"))","v":""},{"$f":"IF($W404=\"\",\"\",INDEX(Îlots!$D$6:$D$65,$W404))","v":""},{"$f":"IF($W404=\"\",\"\",INDEX(Îlots!$F$6:$F$65,$W404))","v":""},{"$f":"IF($W404=\"\",\"\",IF($E404=ApportCouvert,OccCouvert,INDEX(Îlots!$O$6:$O$65,$W404)))","v":""},{"$f":"IF(OR($AA404=\"\",$G404=\"\",$Z404=\"Non\"),\"\",IFERROR(MATCH($AA404&\" | \"&$G404,Paramètres!$I$7:$I$41,0),\"\"))","v":""},"",{"$f":"IF(OR($AB404=\"\",$AC404=\"\"),0,IF(OR(AND(INDEX(Paramètres!$J$7:$J$41,$AB404)>0,IF(INDEX(Paramètres!$J$7:$J$41,$AB404)<=INDEX(Paramètres!$K$7:$K$41,$AB404),AND($AC404>=INDEX(Paramètres!$J$7:$J$41,$AB404),$AC404<=INDEX(Paramètres!$K$7:$K$41,$AB404)),OR($AC404>=INDEX(Paramètres!$J$7:$J$41,$AB404),$AC404<=INDEX(Paramètres!$K$7:$K$41,$AB404)))),AND(INDEX(Paramètres!$L$7:$L$41,$AB404)>0,IF(INDEX(Paramètres!$L$7:$L$41,$AB404)<=INDEX(Paramètres!$M$7:$M$41,$AB404),AND($AC404>=INDEX(Paramètres!$L$7:$L$41,$AB404),$AC404<=INDEX(Paramètres!$M$7:$M$41,$AB404)),OR($AC404>=INDEX(Paramètres!$L$7:$L$41,$AB404),$AC404<=INDEX(Paramètres!$M$7:$M$41,$AB404))))),1,0))","v":0},{"$f":"IF($X404=\"\",0,IF(INDEX(Fertilisants!$C$6:$C$45,$X404)=\"Oui\",1,0))","v":0},"","","",""]
[{"$f":"IF(B405=\"\",\"\",COUNT($B$6:B405))","v":""},null,null,{"$f":"IF($W405=\"\",\"\",INDEX(Îlots!$N$6:$N$65,$W405))","v":""},null,null,{"$f":"IF($X405=\"\",\"\",INDEX(Fertilisants!$B$6:$B$45,$X405))","v":""},null,null,{"$f":"IF($X405=\"\",\"\",INDEX(Fertilisants!$D$6:$D$45,$X405))","v":""},"",{"$f":"IF(OR($I405=\"\",$X405=\"\"),\"\",$I405*N(INDEX(Fertilisants!$E$6:$E$45,$X405)))","v":""},{"$f":"IF(OR($I405=\"\",$X405=\"\"),\"\",$I405*N(INDEX(Fertilisants!$G$6:$G$45,$X405)))","v":""},{"$f":"IF(OR($I405=\"\",$X405=\"\"),\"\",$I405*N(INDEX(Fertilisants!$H$6:$H$45,$X405)))","v":""},{"$f":"IF(OR($I405=\"\",$X405=\"\"),\"\",$I405*N(INDEX(Fertilisants!$I$6:$I$45,$X405)))","v":""},"",{"$nulls":3},"",null,null,{"$f":"IF($C405=\"\",\"\",IFERROR(MATCH($C405,Îlots!$C$6:$C$65,0),\"\"))","v":""},{"$f":"IF($F405=\"\",\"\",IFERROR(MATCH($F405,Fertilisants!$A$6:$A$45,0),\"\"))","v":""},{"$f":"IF($W405=\"\",\"\",INDEX(Îlots!$D$6:$D$65,$W405))","v":""},{"$f":"IF($W405=\"\",\"\",INDEX(Îlots!$F$6:$F$65,$W405))","v":""},{"$f":"IF($W405=\"\",\"\",IF($E405=ApportCouvert,OccCouvert,INDEX(Îlots!$O$6:$O$65,$W405)))","v":""},{"$f":"IF(OR($AA405=\"\",$G405=\"\",$Z405=\"Non\"),\"\",IFERROR(MATCH($AA405&\" | \"&$G405,Paramètres!$I$7:$I$41,0),\"\"))","v":""},"",{"$f":"IF(OR($AB405=\"\",$AC405=\"\"),0,IF(OR(AND(INDEX(Paramètres!$J$7:$J$41,$AB405)>0,IF(INDEX(Paramètres!$J$7:$J$41,$AB405)<=INDEX(Paramètres!$K$7:$K$41,$AB405),AND($AC405>=INDEX(Paramètres!$J$7:$J$41,$AB405),$AC405<=INDEX(Paramètres!$K$7:$K$41,$AB405)),OR($AC405>=INDEX(Paramètres!$J$7:$J$41,$AB405),$AC405<=INDEX(Paramètres!$K$7:$K$41,$AB405)))),AND(INDEX(Paramètres!$L$7:$L$41,$AB405)>0,IF(INDEX(Paramètres!$L$7:$L$41,$AB405)<=INDEX(Paramètres!$M$7:$M$41,$AB405),AND($AC405>=INDEX(Paramètres!$L$7:$L$41,$AB405),$AC405<=INDEX(Paramètres!$M$7:$M$41,$AB405)),OR($AC405>=INDEX(Paramètres!$L$7:$L$41,$AB405),$AC405<=INDEX(Paramètres!$M$7:$M$41,$AB405))))),1,0))","v":0},{"$f":"IF($X405=\"\",0,IF(INDEX(Fertilisants!$C$6:$C$45,$X405)=\"Oui\",1,0))","v":0},"","","",""]

{"sheet":"Bilan","index":3,"n_rows":88,"n_cols":16,"rows_kept":88,"merged":[[3,1,3,2],[3,3,3,4],[3,5,3,7],[3,8,3,10],[3,11,3,12],[3,13,3,15],[4,1,5,2],[4,3,5,4],[4,5,5,7],[4,8,5,10],[4,11,5,12],[4,13,5,15],[6,1,6,2],[6,3,6,4],[6,5,6,7],[6,8,6,10],[6,11,6,12],[6,13,6,15],[8,1,8,5],[8,7,8,15],[9,1,9,3],[9,4,9,5],[10,1,10,3],[10,4,10,5],[11,1,11,3],[11,4,11,5],[12,1,12,3],[12,4,12,5],[13,1,13,3],[13,4,13,5],[14,1,14,3],[14,4,14,5],[15,1,15,3],[15,4,15,5],[17,1,17,3],[17,4,17,5],[18,1,18,3],[18,4,18,5],[19,1,19,3],[19,4,19,5],[20,1,20,3],[20,4,20,5],[22,1,24,5],[25,1,25,15]]}
["BILAN DE LA CAMPAGNE"]
[{"$f":"\"Synthèse automatique – campagne \"&(AnneeRecolte-1)&\"-\"&AnneeRecolte&\" (récolte \"&AnneeRecolte&\")\"","v":"Synthèse automatique – campagne 2026-2027 (récolte 2027)"}]
[]
[null,"APPORTS ENREGISTRÉS",null,"AZOTE TOTAL ÉPANDU",null,"AZOTE DES EFFLUENTS D'ÉLEVAGE",null,null,"APPORTS À VÉRIFIER",null,null,"ÎLOTS AU-DELÀ DU PPF",null,"COÛT DES FERTILISANTS"]
[null,{"$f":"COUNT(Registre!$B$6:$B$405)","v":26},null,{"$f":"SUM(Registre!$P$6:$P$405)","v":{"v":18135.07,"d":"18,135 kg"}},null,{"$f":"IFERROR(SUMIFS(Registre!$P$6:$P$405,Registre!$AE$6:$AE$405,1)/SAU,0)","v":{"v":119.12990033222592,"d":"119 kg N/ha"}},null,null,{"$f":"SUMPRODUCT((Registre!$T$6:$T$405<>\"\")*(Registre!$T$6:$T$405<>\"Conforme\"))","v":2},null,null,{"$f":"COUNTIF($P$29:$P$88,\"Au-delà du PPF\")","v":1},null,{"$f":"SUM(Fertilisants!$O$6:$O$45)","v":{"v":11634.409999999998,"d":"11,634 €"}}]
[]
[null,{"$f":"\"sur la campagne \"&(AnneeRecolte-1)&\"-\"&AnneeRecolte","v":"sur la campagne 2026-2027"},null,{"$f":"\"soit \"&ROUND(IFERROR(SUM(Registre!$P$6:$P$405)/SAU,0),0)&\" kg N/ha SAU\"","v":"soit 241 kg N/ha SAU"},null,{"$f":"\"Plafond : \"&PlafondN&\" kg N/ha SAU\"","v":"Plafond : 170 kg N/ha SAU"},null,null,{"$f":"\"signalés par la colonne Contrôle\"","v":"signalés par la colonne Contrôle"},null,null,{"$f":"\"sur \"&COUNTIF($B$29:$B$88,\"?*\")&\" îlots suivis\"","v":"sur 8 îlots suivis"},null,{"$f":"\"engrais et produits achetés\"","v":"engrais et produits achetés"}]
[]
[null,"PLAFOND DES EFFLUENTS D'ÉLEVAGE ET ÉCHANGES",{"$nulls":5},"RÉPARTITION MENSUELLE DE L'AZOTE ÉPANDU"]
[null,"SAU de l'exploitation",null,null,{"$f":"SAU","v":{"v":75.25,"d":"75.25 ha"}},null,null,"Mois","N organique (kg)","N minéral (kg)","Total (kg)"]
[null,"Azote des effluents d'élevage épandus",null,null,{"$f":"SUMIFS(Registre!$P$6:$P$405,Registre!$AE$6:$AE$405,1)","v":{"v":8964.525,"d":"8,965 kg N"}},null,null,{"$f":"CHOOSE(MONTH(DATE(AnneeRecolte-1,9,1)),\"janv.\",\"févr.\",\"mars\",\"avr.\",\"mai\",\"juin\",\"juil.\",\"août\",\"sept.\",\"oct.\",\"nov.\",\"déc.\")&\" \"&YEAR(DATE(AnneeRecolte-1,9,1))","v":"sept. 2026"},{"$f":"SUMIFS(Registre!$P$6:$P$405,Registre!$AF$6:$AF$405,\"Organique\",Registre!$B$6:$B$405,\">=\"&DATE(AnneeRecolte-1,9,1),Registre!$B$6:$B$405,\"<\"&DATE(AnneeRecolte-1,10,1))","v":{"v":2773.725,"d":"2,774"}},{"$f":"SUMIFS(Registre!$P$6:$P$405,Registre!$AF$6:$AF$405,\"Minéral\",Registre!$B$6:$B$405,\">=\"&DATE(AnneeRecolte-1,9,1),Registre!$B$6:$B$405,\"<\"&DATE(AnneeRecolte-1,10,1))","v":0},{"$f":"I11+J11","v":{"v":2773.725,"d":"2,774"}}]
[null,"Soit par hectare de SAU",null,null,{"$f":"IFERROR(E11/E10,0)","v":{"v":119.12990033222592,"d":"119.1 kg N/ha"}},null,null,{"$f":"CHOOSE(MONTH(DATE(AnneeRecolte-1,10,1)),\"janv.\",\"févr.\",\"mars\",\"avr.\",\"mai\",\"juin\",\"juil.\",\"août\",\"sept.\",\"oct.\",\"nov.\",\"déc.\")&\" \"&YEAR(DATE(AnneeRecolte-1,10,1))","v":"oct. 2026"},{"$f":"SUMIFS(Registre!$P$6:$P$405,Registre!$AF$6:$AF$405,\"Organique\",Registre!$B$6:$B$405,\">=\"&DATE(AnneeRecolte-1,10,1),Registre!$B$6:$B$405,\"<\"&DATE(AnneeRecolte-1,11,1))","v":{"v":1993.75,"d":"1,994"}},{"$f":"SUMIFS(Registre!$P$6:$P$405,Registre!$AF$6:$AF$405,\"Minéral\",Registre!$B$6:$B$405,\">=\"&DATE(AnneeRecolte-1,10,1),Registre!$B$6:$B$405,\"<\"&DATE(AnneeRecolte-1,11,1))","v":0},{"v":1993.75,"d":"1,994"}]
[null,"Plafond réglementaire",null,null,{"$f":"PlafondN","v":{"v":170,"d":"170 kg N/ha"}},null,null,{"$f":"CHOOSE(MONTH(DATE(AnneeRecolte-1,11,1)),\"janv.\",\"févr.\",\"mars\",\"avr.\",\"mai\",\"juin\",\"juil.\",\"août\",\"sept.\",\"oct.\",\"nov.\",\"déc.\")&\" \"&YEAR(DATE(AnneeRecolte-1,11,1))","v":"nov. 2026"},{"$f":"SUMIFS(Registre!$P$6:$P$405,Registre!$AF$6:$AF$405,\"Organique\",Registre!$B$6:$B$405,\">=\"&DATE(AnneeRecolte-1,11,1),Registre!$B$6:$B$405,\"<\"&DATE(AnneeRecolte-1,12,1))","v":742},{"$f":"SUMIFS(Registre!$P$6:$P$405,Registre!$AF$6:$AF$405,\"Minéral\",Registre!$B$6:$B$405,\">=\"&DATE(AnneeRecolte-1,11,1),Registre!$B$6:$B$405,\"<\"&DATE(AnneeRecolte-1,12,1))","v":0},742]
[null,"Taux d'utilisation du plafond",null,null,{"$f":"IFERROR(E12/E13,0)","v":{"v":0.7007641196013289,"d":"70%"}},null,null,{"$f":"CHOOSE(MONTH(DATE(AnneeRecolte-1,12,1)),\"janv.\",\"févr.\",\"mars\",\"avr.\",\"mai\",\"juin\",\"juil.\",\"août\",\"sept.\",\"oct.\",\"nov.\",\"déc.\")&\" \"&YEAR(DATE(AnneeRecolte-1,12,1))","v":"déc. 2026"},{"$f":"SUMIFS(Registre!$P$6:$P$405,Registre!$AF$6:$AF$405,\"Organique\",Registre!$B$6:$B$405,\">=\"&DATE(AnneeRecolte-1,12,1),Registre!$B$6:$B$405,\"<\"&DATE(AnneeRecolte-1,13,1))","v":0},{"$f":"SUMIFS(Registre!$P$6:$P$405,Registre!$AF$6:$AF$405,\"Minéral\",Registre!$B$6:$B$405,\">=\"&DATE(AnneeRecolte-1,12,1),Registre!$B$6:$B$405,\"<\"&DATE(AnneeRecolte-1,13,1))","v":0},0]
[null,"Marge encore disponible",null,null,{"$f":"MAX(0,E13*E10-E11)","v":{"v":3827.9750000000004,"d":"3,828 kg N"}},null,null,{"$f":"CHOOSE(MONTH(DATE(AnneeRecolte-1,13,1)),\"janv.\",\"févr.\",\"mars\",\"avr.\",\"mai\",\"juin\",\"juil.\",\"août\",\"sept.\",\"oct.\",\"nov.\",\"déc.\")&\" \"&YEAR(DATE(AnneeRecolte-1,13,1))","v":"janv. 2027"},{"$f":"SUMIFS(Registre!$P$6:$P$405,Registre!$AF$6:$AF$405,\"Organique\",Registre!$B$6:$B$405,\">=\"&DATE(AnneeRecolte-1,13,1),Registre!$B$6:$B$405,\"<\"&DATE(AnneeRecolte-1,14,1))","v":{"v":236.25,"d":"236"}},{"$f":"SUMIFS(Registre!$P$6:$P$405,Registre!$AF$6:$AF$405,\"Minéral\",Registre!$B$6:$B$405,\">=\"&DATE(AnneeRecolte-1,13,1),Registre!$B$6:$B$405,\"<\"&DATE(AnneeRecolte-1,14,1))","v":0},{"v":236.25,"d":"236"}]
[null,"Situation",null,null,{"$f":"IF(E10=0,\"SAU à renseigner\",IF(E12<=E13,\"Sous le plafond\",\"Plafond dépassé\"))","v":"Sous le plafond"},null,null,{"$f":"CHOOSE(MONTH(DATE(AnneeRecolte-1,14,1)),\"janv.\",\"févr.\",\"mars\",\"avr.\",\"mai\",\"juin\",\"juil.\",\"août\",\"sept.\",\"oct.\",\"nov.\",\"déc.\")&\" \"&YEAR(DATE(AnneeRecolte-1,14,1))","v":"févr. 2027"},{"$f":"SUMIFS(Registre!$P$6:$P$405,Registre!$AF$6:$AF$405,\"Organique\",Registre!$B$6:$B$405,\">=\"&DATE(AnneeRecolte-1,14,1),Registre!$B$6:$B$405,\"<\"&DATE(AnneeRecolte-1,15,1))","v":0},{"$f":"SUMIFS(Registre!$P$6:$P$405,Registre!$AF$6:$AF$405,\"Minéral\",Registre!$B$6:$B$405,\">=\"&DATE(AnneeRecolte-1,14,1),Registre!$B$6:$B$405,\"<\"&DATE(AnneeRecolte-1,15,1))","v":{"v":1527.795,"d":"1,528"}},{"v":1527.795,"d":"1,528"}]
[null,"Échanges d'effluents (onglet Échanges et stockage)",{"$nulls":5},{"$f":"CHOOSE(MONTH(DATE(AnneeRecolte-1,15,1)),\"janv.\",\"févr.\",\"mars\",\"avr.\",\"mai\",\"juin\",\"juil.\",\"août\",\"sept.\",\"oct.\",\"nov.\",\"déc.\")&\" \"&YEAR(DATE(AnneeRecolte-1,15,1))","v":"mars 2027"},{"$f":"SUMIFS(Registre!$P$6:$P$405,Registre!$AF$6:$AF$405,\"Organique\",Registre!$B$6:$B$405,\">=\"&DATE(AnneeRecolte-1,15,1),Registre!$B$6:$B$405,\"<\"&DATE(AnneeRecolte-1,16,1))","v":{"v":3727.2,"d":"3,727"}},{"$f":"SUMIFS(Registre!$P$6:$P$405,Registre!$AF$6:$AF$405,\"Minéral\",Registre!$B$6:$B$405,\">=\"&DATE(AnneeRecolte-1,15,1),Registre!$B$6:$B$405,\"<\"&DATE(AnneeRecolte-1,16,1))","v":{"v":1853.88,"d":"1,854"}},{"v":5581.08,"d":"5,581"}]
[null,"Azote reçu d'autres exploitations",null,null,{"$f":"'Échanges et stockage'!$A$5","v":{"v":1850.625,"d":"1,851 kg N"}},null,null,{"$f":"CHOOSE(MONTH(DATE(AnneeRecolte-1,16,1)),\"janv.\",\"févr.\",\"mars\",\"avr.\",\"mai\",\"juin\",\"juil.\",\"août\",\"sept.\",\"oct.\",\"nov.\",\"déc.\")&\" \"&YEAR(DATE(AnneeRecolte-1,16,1))","v":"avr. 2027"},{"$f":"SUMIFS(Registre!$P$6:$P$405,Registre!$AF$6:$AF$405,\"Organique\",Registre!$B$6:$B$405,\">=\"&DATE(AnneeRecolte-1,16,1),Registre!$B$6:$B$405,\"<\"&DATE(AnneeRecolte-1,17,1))","v":{"v":1749,"d":"1,749"}},{"$f":"SUMIFS(Registre!$P$6:$P$405,Registre!$AF$6:$AF$405,\"Minéral\",Registre!$B$6:$B$405,\">=\"&DATE(AnneeRecolte-1,16,1),Registre!$B$6:$B$405,\"<\"&DATE(AnneeRecolte-1,17,1))","v":{"v":1505.7,"d":"1,506"}},{"v":3254.7,"d":"3,255"}]
[null,"Azote cédé à d'autres exploitations",null,null,{"$f":"'Échanges et stockage'!$C$5","v":{"v":660,"d":"660 kg N"}},null,null,{"$f":"CHOOSE(MONTH(DATE(AnneeRecolte-1,17,1)),\"janv.\",\"févr.\",\"mars\",\"avr.\",\"mai\",\"juin\",\"juil.\",\"août\",\"sept.\",\"oct.\",\"nov.\",\"déc.\")&\" \"&YEAR(DATE(AnneeRecolte-1,17,1))","v":"mai 2027"},{"$f":"SUMIFS(Registre!$P$6:$P$405,Registre!$AF$6:$AF$405,\"Organique\",Registre!$B$6:$B$405,\">=\"&DATE(AnneeRecolte-1,17,1),Registre!$B$6:$B$405,\"<\"&DATE(AnneeRecolte-1,18,1))","v":0},{"$f":"SUMIFS(Registre!$P$6:$P$405,Registre!$AF$6:$AF$405,\"Minéral\",Registre!$B$6:$B$405,\">=\"&DATE(AnneeRecolte-1,17,1),Registre!$B$6:$B$405,\"<\"&DATE(AnneeRecolte-1,18,1))","v":{"v":1682.77,"d":"1,683"}},{"v":1682.77,"d":"1,683"}]
[null,"Azote épandu sur terres mises à disposition",null,null,{"$f":"'Échanges et stockage'!$D$5","v":{"v":742.5,"d":"743 kg N"}},null,null,{"$f":"CHOOSE(MONTH(DATE(AnneeRecolte-1,18,1)),\"janv.\",\"févr.\",\"mars\",\"avr.\",\"mai\",\"juin\",\"juil.\",\"août\",\"sept.\",\"oct.\",\"nov.\",\"déc.\")&\" \"&YEAR(DATE(AnneeRecolte-1,18,1))","v":"juin 2027"},{"$f":"SUMIFS(Registre!$P$6:$P$405,Registre!$AF$6:$AF$405,\"Organique\",Registre!$B$6:$B$405,\">=\"&DATE(AnneeRecolte-1,18,1),Registre!$B$6:$B$405,\"<\"&DATE(AnneeRecolte-1,19,1))","v":343},{"$f":"SUMIFS(Registre!$P$6:$P$405,Registre!$AF$6:$AF$405,\"Minéral\",Registre!$B$6:$B$405,\">=\"&DATE(AnneeRecolte-1,18,1),Registre!$B$6:$B$405,\"<\"&DATE(AnneeRecolte-1,19,1))","v":0},343]
[null,"Bordereaux non cosignés",null,null,{"$f":"'Échanges et stockage'!$F$5","v":1},null,null,{"$f":"CHOOSE(MONTH(DATE(AnneeRecolte-1,19,1)),\"janv.\",\"févr.\",\"mars\",\"avr.\",\"mai\",\"juin\",\"juil.\",\"août\",\"sept.\",\"oct.\",\"nov.\",\"déc.\")&\" \"&YEAR(DATE(AnneeRecolte-1,19,1))","v":"juil. 2027"},{"$f":"SUMIFS(Registre!$P$6:$P$405,Registre!$AF$6:$AF$405,\"Organique\",Registre!$B$6:$B$405,\">=\"&DATE(AnneeRecolte-1,19,1),Registre!$B$6:$B$405,\"<\"&DATE(AnneeRecolte-1,20,1))","v":0},{"$f":"SUMIFS(Registre!$P$6:$P$405,Registre!$AF$6:$AF$405,\"Minéral\",Registre!$B$6:$B$405,\">=\"&DATE(AnneeRecolte-1,19,1),Registre!$B$6:$B$405,\"<\"&DATE(AnneeRecolte-1,20,1))","v":0},0]
[{"$nulls":7},{"$f":"CHOOSE(MONTH(DATE(AnneeRecolte-1,20,1)),\"janv.\",\"févr.\",\"mars\",\"avr.\",\"mai\",\"juin\",\"juil.\",\"août\",\"sept.\",\"oct.\",\"nov.\",\"déc.\")&\" \"&YEAR(DATE(AnneeRecolte-1,20,1))","v":"août 2027"},{"$f":"SUMIFS(Registre!$P$6:$P$405,Registre!$AF$6:$AF$405,\"Organique\",Registre!$B$6:$B$405,\">=\"&DATE(AnneeRecolte-1,20,1),Registre!$B$6:$B$405,\"<\"&DATE(AnneeRecolte-1,21,1))","v":0},{"$f":"SUMIFS(Registre!$P$6:$P$405,Registre!$AF$6:$AF$405,\"Minéral\",Registre!$B$6:$B$405,\">=\"&DATE(AnneeRecolte-1,20,1),Registre!$B$6:$B$405,\"<\"&DATE(AnneeRecolte-1,21,1))","v":0},0]
[null,"Indicateur de suivi fondé sur les épandages enregistrés. Le calcul réglementaire du plafond repose sur l'azote produit par le cheptel (normes nationales), corrigé des échanges et des traitements.",{"$nulls":5},"Total",{"$f":"SUM(I11:I22)","v":{"v":11564.925,"d":"11,565"}},{"$f":"SUM(J11:J22)","v":{"v":6570.145,"d":"6,570"}},{"$f":"SUM(K11:K22)","v":{"v":18135.07,"d":"18,135"}}]
[]
[]
[null,"ÉQUILIBRE DE LA FERTILISATION PAR ÎLOT (VALEURS PAR HECTARE D'ÎLOT)"]
[null,"Îlot","Surface\n(ha)","Culture","Zone\nvuln.","Dose PPF\n(kg N eff./ha)","N total\norganique\n(kg/ha)","N total\nminéral\n(kg/ha)","N efficace\napporté\n(kg/ha)","Écart /\nPPF\n(kg/ha)","Réalisation\ndu PPF","P₂O₅\n(kg/ha)","K₂O\n(kg/ha)","Nombre\nd'apports","Apports\nà vérifier","Statut"]
[null,"Ensemble de l'exploitation",{"$f":"SUM(C29:C88)","v":75.25},null,null,{"$f":"IFERROR(SUMPRODUCT(C29:C88,F29:F88)/SUMIFS(C29:C88,F29:F88,\">0\"),\"\")","v":{"v":152.35548172757476,"d":"152"}},{"$f":"IFERROR(SUMPRODUCT(C29:C88,G29:G88)/C28,0)","v":{"v":153.68671096345514,"d":"154"}},{"$f":"IFERROR(SUMPRODUCT(C29:C88,H29:H88)/C28,0)","v":{"v":87.31089700996677,"d":"87"}},{"$f":"IFERROR(SUMPRODUCT(C29:C88,I29:I88)/C28,0)","v":{"v":143.70883720930232,"d":"144"}},{"$f":"IF(F28=\"\",\"\",ROUND(I28-F28,0))","v":-9},{"$f":"IF(N(F28)=0,\"\",I28/F28)","v":{"v":0.9432469090036851,"d":"94%"}},{"$f":"IFERROR(SUMPRODUCT(C29:C88,L29:L88)/C28,0)","v":{"v":79.078073089701,"d":"79"}},{"$f":"IFERROR(SUMPRODUCT(C29:C88,M29:M88)/C28,0)","v":{"v":191.20199335548173,"d":"191"}},{"$f":"SUM(N29:N88)","v":26},{"$f":"SUM(O29:O88)","v":2},{"$f":"IF(COUNTIF(P29:P88,\"Au-delà du PPF\")=0,\"Aucun dépassement\",COUNTIF(P29:P88,\"Au-delà du PPF\")&\" îlot(s) au-delà\")","v":"1 îlot(s) au-delà"}]
[null,{"$f":"IF(Îlots!$C6=\"\",\"\",Îlots!$C6)","v":"01 – Les Grandes Terres"},{"$f":"IF($B29=\"\",\"\",N(Îlots!$D6))","v":{"v":12.4,"d":"12.40"}},{"$f":"IF($B29=\"\",\"\",Îlots!$N6&\"\")","v":"Blé tendre d'hiver"},{"$f":"IF($B29=\"\",\"\",Îlots!$F6&\"\")","v":"Oui"},{"$f":"IF(OR($B29=\"\",Îlots!$S6=\"\"),\"\",Îlots!$S6)","v":180},{"$f":"IF(OR($B29=\"\",N($C29)=0),\"\",SUMIFS(Registre!$P$6:$P$405,Registre!$C$6:$C$405,$B29,Registre!$AF$6:$AF$405,\"Organique\")/$C29)","v":{"v":137.5,"d":"138"}},{"$f":"IF(OR($B29=\"\",N($C29)=0),\"\",SUMIFS(Registre!$P$6:$P$405,Registre!$C$6:$C$405,$B29,Registre!$AF$6:$AF$405,\"Minéral\")/$C29)","v":159},{"$f":"IF(OR($B29=\"\",N($C29)=0),\"\",SUMIFS(Registre!$AG$6:$AG$405,Registre!$C$6:$C$405,$B29)/$C29)","v":{"v":179.625,"d":"180"}},{"$f":"IF(OR($B29=\"\",$F29=\"\",$I29=\"\"),\"\",ROUND($I29-$F29,0))","v":0},{"$f":"IF(OR($B29=\"\",N($F29)=0,$I29=\"\"),\"\",$I29/$F29)","v":{"v":0.9979166666666667,"d":"100%"}},{"$f":"IF(OR($B29=\"\",N($C29)=0),\"\",SUMIFS(Registre!$AH$6:$AH$405,Registre!$C$6:$C$405,$B29)/$C29)","v":70},{"$f":"IF(OR($B29=\"\",N($C29)=0),\"\",SUMIFS(Registre!$AI$6:$AI$405,Registre!$C$6:$C$405,$B29)/$C29)","v":225},{"$f":"IF($B29=\"\",\"\",COUNTIF(Registre!$C$6:$C$405,$B29))","v":4},{"$f":"IF($B29=\"\",\"\",SUMPRODUCT((Registre!$C$6:$C$405=$B29)*(Registre!$T$6:$T$405<>\"\")*(Registre!$T$6:$T$405<>\"Conforme\")))","v":0},{"$f":"IF($B29=\"\",\"\",IF($N29=0,\"Aucun apport\",IF($F29=\"\",\"PPF à renseigner\",IF($I29>$F29+0.5,\"Au-delà du PPF\",IF($O29>0,\"Apports à vérifier\",\"Conforme\")))))","v":"Conforme"}]
[null,{"$f":"IF(Îlots!$C7=\"\",\"\",Îlots!$C7)","v":"02 – Le Champ du Moulin"},{"$f":"IF($B30=\"\",\"\",N(Îlots!$D7))","v":9.85},{"$f":"IF($B30=\"\",\"\",Îlots!$N7&\"\")","v":"Colza d'hiver"},{"$f":"IF($B30=\"\",\"\",Îlots!$F7&\"\")","v":"Oui"},{"$f":"IF(OR($B30=\"\",Îlots!$S7=\"\"),\"\",Îlots!$S7)","v":195},{"$f":"IF(OR($B30=\"\",N($C30)=0),\"\",SUMIFS(Registre!$P$6:$P$405,Registre!$C$6:$C$405,$B30,Registre!$AF$6:$AF$405,\"Organique\")/$C30)","v":{"v":112.5,"d":"113"}},{"$f":"IF(OR($B30=\"\",N($C30)=0),\"\",SUMIFS(Registre!$P$6:$P$405,Registre!$C$6:$C$405,$B30,Registre!$AF$6:$AF$405,\"Minéral\")/$C30)","v":{"v":124.19999999999999,"d":"124"}},{"$f":"IF(OR($B30=\"\",N($C30)=0),\"\",SUMIFS(Registre!$AG$6:$AG$405,Registre!$C$6:$C$405,$B30)/$C30)","v":{"v":191.7,"d":"192"}},-3,{"v":0.9830769230769231,"d":"98%"},{"$f":"IF(OR($B30=\"\",N($C30)=0),\"\",SUMIFS(Registre!$AH$6:$AH$405,Registre!$C$6:$C$405,$B30)/$C30)","v":{"v":62.5,"d":"63"}},{"$f":"IF(OR($B30=\"\",N($C30)=0),\"\",SUMIFS(Registre!$AI$6:$AI$405,Registre!$C$6:$C$405,$B30)/$C30)","v":75},{"$f":"IF($B30=\"\",\"\",COUNTIF(Registre!$C$6:$C$405,$B30))","v":3},{"$f":"IF($B30=\"\",\"\",SUMPRODUCT((Registre!$C$6:$C$405=$B30)*(Registre!$T$6:$T$405<>\"\")*(Registre!$T$6:$T$405<>\"Conforme\")))","v":0},"Conforme"]
[null,{"$f":"IF(Îlots!$C8=\"\",\"\",Îlots!$C8)","v":"03 – La Pièce du Bas"},{"$f":"IF($B31=\"\",\"\",N(Îlots!$D8))","v":{"v":15.2,"d":"15.20"}},{"$f":"IF($B31=\"\",\"\",Îlots!$N8&\"\")","v":"Maïs grain"},{"$f":"IF($B31=\"\",\"\",Îlots!$F8&\"\")","v":"Oui"},{"$f":"IF(OR($B31=\"\",Îlots!$S8=\"\"),\"\",Îlots!$S8)","v":170},{"$f":"IF(OR($B31=\"\",N($C31)=0),\"\",SUMIFS(Registre!$P$6:$P$405,Registre!$C$6:$C$405,$B31,Registre!$AF$6:$AF$405,\"Organique\")/$C31)","v":{"v":226.5,"d":"227"}},{"$f":"IF(OR($B31=\"\",N($C31)=0),\"\",SUMIFS(Registre!$P$6:$P$405,Registre!$C$6:$C$405,$B31,Registre!$AF$6:$AF$405,\"Minéral\")/$C31)","v":{"v":73.1,"d":"73"}},{"$f":"IF(OR($B31=\"\",N($C31)=0),\"\",SUMIFS(Registre!$AG$6:$AG$405,Registre!$C$6:$C$405,$B31)/$C31)","v":{"v":164.675,"d":"165"}},-5,{"v":0.9686764705882354,"d":"97%"},{"$f":"IF(OR($B31=\"\",N($C31)=0),\"\",SUMIFS(Registre!$AH$6:$AH$405,Registre!$C$6:$C$405,$B31)/$C31)","v":{"v":118.5,"d":"119"}},{"$f":"IF(OR($B31=\"\",N($C31)=0),\"\",SUMIFS(Registre!$AI$6:$AI$405,Registre!$C$6:$C$405,$B31)/$C31)","v":{"v":292.5,"d":"293"}},{"$f":"IF($B31=\"\",\"\",COUNTIF(Registre!$C$6:$C$405,$B31))","v":4},{"$f":"IF($B31=\"\",\"\",SUMPRODUCT((Registre!$C$6:$C$405=$B31)*(Registre!$T$6:$T$405<>\"\")*(Registre!$T$6:$T$405<>\"Conforme\")))","v":0},"Conforme"]
[null,{"$f":"IF(Îlots!$C9=\"\",\"\",Îlots!$C9)","v":"04 – Les Longues Raies"},{"$f":"IF($B32=\"\",\"\",N(Îlots!$D9))","v":{"v":7.3,"d":"7.30"}},{"$f":"IF($B32=\"\",\"\",Îlots!$N9&\"\")","v":"Orge de printemps"},{"$f":"IF($B32=\"\",\"\",Îlots!$F9&\"\")","v":"Oui"},{"$f":"IF(OR($B32=\"\",Îlots!$S9=\"\"),\"\",Îlots!$S9)","v":110},{"$f":"IF(OR($B32=\"\",N($C32)=0),\"\",SUMIFS(Registre!$P$6:$P$405,Registre!$C$6:$C$405,$B32,Registre!$AF$6:$AF$405,\"Organique\")/$C32)","v":0},{"$f":"IF(OR($B32=\"\",N($C32)=0),\"\",SUMIFS(Registre!$P$6:$P$405,Registre!$C$6:$C$405,$B32,Registre!$AF$6:$AF$405,\"Minéral\")/$C32)","v":{"v":102.60000000000001,"d":"103"}},{"$f":"IF(OR($B32=\"\",N($C32)=0),\"\",SUMIFS(Registre!$AG$6:$AG$405,Registre!$C$6:$C$405,$B32)/$C32)","v":{"v":102.60000000000001,"d":"103"}},-7,{"v":0.9327272727272728,"d":"93%"},{"$f":"IF(OR($B32=\"\",N($C32)=0),\"\",SUMIFS(Registre!$AH$6:$AH$405,Registre!$C$6:$C$405,$B32)/$C32)","v":0},{"$f":"IF(OR($B32=\"\",N($C32)=0),\"\",SUMIFS(Registre!$AI$6:$AI$405,Registre!$C$6:$C$405,$B32)/$C32)","v":0},{"$f":"IF($B32=\"\",\"\",COUNTIF(Registre!$C$6:$C$405,$B32))","v":2},{"$f":"IF($B32=\"\",\"\",SUMPRODUCT((Registre!$C$6:$C$405=$B32)*(Registre!$T$6:$T$405<>\"\")*(Registre!$T$6:$T$405<>\"Conforme\")))","v":0},"Conforme"]
[null,{"$f":"IF(Îlots!$C10=\"\",\"\",Îlots!$C10)","v":"05 – Pré de la Fontaine"},{"$f":"IF($B33=\"\",\"\",N(Îlots!$D10))","v":6.75},{"$f":"IF($B33=\"\",\"\",Îlots!$N10&\"\")","v":"Prairie permanente"},{"$f":"IF($B33=\"\",\"\",Îlots!$F10&\"\")","v":"Oui"},{"$f":"IF(OR($B33=\"\",Îlots!$S10=\"\"),\"\",Îlots!$S10)","v":90},{"$f":"IF(OR($B33=\"\",N($C33)=0),\"\",SUMIFS(Registre!$P$6:$P$405,Registre!$C$6:$C$405,$B33,Registre!$AF$6:$AF$405,\"Organique\")/$C33)","v":{"v":147.77777777777777,"d":"148"}},{"$f":"IF(OR($B33=\"\",N($C33)=0),\"\",SUMIFS(Registre!$P$6:$P$405,Registre!$C$6:$C$405,$B33,Registre!$AF$6:$AF$405,\"Minéral\")/$C33)","v":27},{"$f":"IF(OR($B33=\"\",N($C33)=0),\"\",SUMIFS(Registre!$AG$6:$AG$405,Registre!$C$6:$C$405,$B33)/$C33)","v":{"v":100.88888888888889,"d":"101"}},{"v":11,"d":"+11"},{"v":1.1209876543209876,"d":"112%"},{"$f":"IF(OR($B33=\"\",N($C33)=0),\"\",SUMIFS(Registre!$AH$6:$AH$405,Registre!$C$6:$C$405,$B33)/$C33)","v":{"v":63.333333333333336,"d":"63"}},{"$f":"IF(OR($B33=\"\",N($C33)=0),\"\",SUMIFS(Registre!$AI$6:$AI$405,Registre!$C$6:$C$405,$B33)/$C33)","v":{"v":168.88888888888889,"d":"169"}},{"$f":"IF($B33=\"\",\"\",COUNTIF(Registre!$C$6:$C$405,$B33))","v":4},{"$f":"IF($B33=\"\",\"\",SUMPRODUCT((Registre!$C$6:$C$405=$B33)*(Registre!$T$6:$T$405<>\"\")*(Registre!$T$6:$T$405<>\"Conforme\")))","v":1},"Au-delà du PPF"]
[null,{"$f":"IF(Îlots!$C11=\"\",\"\",Îlots!$C11)","v":"06 – Le Grand Clos"},{"$f":"IF($B34=\"\",\"\",N(Îlots!$D11))","v":{"v":10.6,"d":"10.60"}},{"$f":"IF($B34=\"\",\"\",Îlots!$N11&\"\")","v":"Maïs ensilage"},{"$f":"IF($B34=\"\",\"\",Îlots!$F11&\"\")","v":"Oui"},{"$f":"IF(OR($B34=\"\",Îlots!$S11=\"\"),\"\",Îlots!$S11)","v":150},{"$f":"IF(OR($B34=\"\",N($C34)=0),\"\",SUMIFS(Registre!$P$6:$P$405,Registre!$C$6:$C$405,$B34,Registre!$AF$6:$AF$405,\"Organique\")/$C34)","v":235},{"$f":"IF(OR($B34=\"\",N($C34)=0),\"\",SUMIFS(Registre!$P$6:$P$405,Registre!$C$6:$C$405,$B34,Registre!$AF$6:$AF$405,\"Minéral\")/$C34)","v":69},{"$f":"IF(OR($B34=\"\",N($C34)=0),\"\",SUMIFS(Registre!$AG$6:$AG$405,Registre!$C$6:$C$405,$B34)/$C34)","v":{"v":128.75,"d":"129"}},-21,{"v":0.8583333333333333,"d":"86%"},{"$f":"IF(OR($B34=\"\",N($C34)=0),\"\",SUMIFS(Registre!$AH$6:$AH$405,Registre!$C$6:$C$405,$B34)/$C34)","v":{"v":114.00000000000001,"d":"114"}},{"$f":"IF(OR($B34=\"\",N($C34)=0),\"\",SUMIFS(Registre!$AI$6:$AI$405,Registre!$C$6:$C$405,$B34)/$C34)","v":350},{"$f":"IF($B34=\"\",\"\",COUNTIF(Registre!$C$6:$C$405,$B34))","v":3},{"$f":"IF($B34=\"\",\"\",SUMPRODUCT((Registre!$C$6:$C$405=$B34)*(Registre!$T$6:$T$405<>\"\")*(Registre!$T$6:$T$405<>\"Conforme\")))","v":1},"Apports à vérifier"]
[null,{"$f":"IF(Îlots!$C12=\"\",\"\",Îlots!$C12)","v":"07 – La Butte"},{"$f":"IF($B35=\"\",\"\",N(Îlots!$D12))","v":{"v":4.9,"d":"4.90"}},{"$f":"IF($B35=\"\",\"\",Îlots!$N12&\"\")","v":"Prairie temporaire"},{"$f":"IF($B35=\"\",\"\",Îlots!$F12&\"\")","v":"Non"},{"$f":"IF(OR($B35=\"\",Îlots!$S12=\"\"),\"\",Îlots!$S12)","v":100},{"$f":"IF(OR($B35=\"\",N($C35)=0),\"\",SUMIFS(Registre!$P$6:$P$405,Registre!$C$6:$C$405,$B35,Registre!$AF$6:$AF$405,\"Organique\")/$C35)","v":{"v":219.99999999999997,"d":"220"}},{"$f":"IF(OR($B35=\"\",N($C35)=0),\"\",SUMIFS(Registre!$P$6:$P$405,Registre!$C$6:$C$405,$B35,Registre!$AF$6:$AF$405,\"Minéral\")/$C35)","v":0},{"$f":"IF(OR($B35=\"\",N($C35)=0),\"\",SUMIFS(Registre!$AG$6:$AG$405,Registre!$C$6:$C$405,$B35)/$C35)","v":{"v":72.2,"d":"72"}},-28,{"v":0.722,"d":"72%"},{"$f":"IF(OR($B35=\"\",N($C35)=0),\"\",SUMIFS(Registre!$AH$6:$AH$405,Registre!$C$6:$C$405,$B35)/$C35)","v":{"v":125.99999999999999,"d":"126"}},{"$f":"IF(OR($B35=\"\",N($C35)=0),\"\",SUMIFS(Registre!$AI$6:$AI$405,Registre!$C$6:$C$405,$B35)/$C35)","v":218},{"$f":"IF($B35=\"\",\"\",COUNTIF(Registre!$C$6:$C$405,$B35))","v":3},{"$f":"IF($B35=\"\",\"\",SUMPRODUCT((Registre!$C$6:$C$405=$B35)*(Registre!$T$6:$T$405<>\"\")*(Registre!$T$6:$T$405<>\"Conforme\")))","v":0},"Conforme"]
[null,{"$f":"IF(Îlots!$C13=\"\",\"\",Îlots!$C13)","v":"08 – Les Aulnes"},{"$f":"IF($B36=\"\",\"\",N(Îlots!$D13))","v":8.25},{"$f":"IF($B36=\"\",\"\",Îlots!$N13&\"\")","v":"Orge d'hiver"},{"$f":"IF($B36=\"\",\"\",Îlots!$F13&\"\")","v":"Oui"},{"$f":"IF(OR($B36=\"\",Îlots!$S13=\"\"),\"\",Îlots!$S13)","v":150},{"$f":"IF(OR($B36=\"\",N($C36)=0),\"\",SUMIFS(Registre!$P$6:$P$405,Registre!$C$6:$C$405,$B36,Registre!$AF$6:$AF$405,\"Organique\")/$C36)","v":90},{"$f":"IF(OR($B36=\"\",N($C36)=0),\"\",SUMIFS(Registre!$P$6:$P$405,Registre!$C$6:$C$405,$B36,Registre!$AF$6:$AF$405,\"Minéral\")/$C36)","v":{"v":72.9,"d":"73"}},{"$f":"IF(OR($B36=\"\",N($C36)=0),\"\",SUMIFS(Registre!$AG$6:$AG$405,Registre!$C$6:$C$405,$B36)/$C36)","v":{"v":126.90000000000002,"d":"127"}},-23,{"v":0.8460000000000001,"d":"85%"},{"$f":"IF(OR($B36=\"\",N($C36)=0),\"\",SUMIFS(Registre!$AH$6:$AH$405,Registre!$C$6:$C$405,$B36)/$C36)","v":50},{"$f":"IF(OR($B36=\"\",N($C36)=0),\"\",SUMIFS(Registre!$AI$6:$AI$405,Registre!$C$6:$C$405,$B36)/$C36)","v":60},{"$f":"IF($B36=\"\",\"\",COUNTIF(Registre!$C$6:$C$405,$B36))","v":3},{"$f":"IF($B36=\"\",\"\",SUMPRODUCT((Registre!$C$6:$C$405=$B36)*(Registre!$T$6:$T$405<>\"\")*(Registre!$T$6:$T$405<>\"Conforme\")))","v":0},"Conforme"]
[null,{"$f":"IF(Îlots!$C14=\"\",\"\",Îlots!$C14)","v":""},{"$f":"IF($B37=\"\",\"\",N(Îlots!$D14))","v":""},{"$f":"IF($B37=\"\",\"\",Îlots!$N14&\"\")","v":""},{"$f":"IF($B37=\"\",\"\",Îlots!$F14&\"\")","v":""},{"$f":"IF(OR($B37=\"\",Îlots!$S14=\"\"),\"\",Îlots!$S14)","v":""},{"$f":"IF(OR($B37=\"\",N($C37)=0),\"\",SUMIFS(Registre!$P$6:$P$405,Registre!$C$6:$C$405,$B37,Registre!$AF$6:$AF$405,\"Organique\")/$C37)","v":""},{"$f":"IF(OR($B37=\"\",N($C37)=0),\"\",SUMIFS(Registre!$P$6:$P$405,Registre!$C$6:$C$405,$B37,Registre!$AF$6:$AF$405,\"Minéral\")/$C37)","v":""},{"$f":"IF(OR($B37=\"\",N($C37)=0),\"\",SUMIFS(Registre!$AG$6:$AG$405,Registre!$C$6:$C$405,$B37)/$C37)","v":""},"","",{"$f":"IF(OR($B37=\"\",N($C37)=0),\"\",SUMIFS(Registre!$AH$6:$AH$405,Registre!$C$6:$C$405,$B37)/$C37)","v":""},{"$f":"IF(OR($B37=\"\",N($C37)=0),\"\",SUMIFS(Registre!$AI$6:$AI$405,Registre!$C$6:$C$405,$B37)/$C37)","v":""},{"$f":"IF($B37=\"\",\"\",COUNTIF(Registre!$C$6:$C$405,$B37))","v":""},{"$f":"IF($B37=\"\",\"\",SUMPRODUCT((Registre!$C$6:$C$405=$B37)*(Registre!$T$6:$T$405<>\"\")*(Registre!$T$6:$T$405<>\"Conforme\")))","v":""},""]
[null,{"$f":"IF(Îlots!$C15=\"\",\"\",Îlots!$C15)","v":""},{"$f":"IF($B38=\"\",\"\",N(Îlots!$D15))","v":""},{"$f":"IF($B38=\"\",\"\",Îlots!$N15&\"\")","v":""},{"$f":"IF($B38=\"\",\"\",Îlots!$F15&\"\")","v":""},{"$f":"IF(OR($B38=\"\",Îlots!$S15=\"\"),\"\",Îlots!$S15)","v":""},{"$f":"IF(OR($B38=\"\",N($C38)=0),\"\",SUMIFS(Registre!$P$6:$P$405,Registre!$C$6:$C$405,$B38,Registre!$AF$6:$AF$405,\"Organique\")/$C38)","v":""},{"$f":"IF(OR($B38=\"\",N($C38)=0),\"\",SUMIFS(Registre!$P$6:$P$405,Registre!$C$6:$C$405,$B38,Registre!$AF$6:$AF$405,\"Minéral\")/$C38)","v":""},{"$f":"IF(OR($B38=\"\",N($C38)=0),\"\",SUMIFS(Registre!$AG$6:$AG$405,Registre!$C$6:$C$405,$B38)/$C38)","v":""},"","",{"$f":"IF(OR($B38=\"\",N($C38)=0),\"\",SUMIFS(Registre!$AH$6:$AH$405,Registre!$C$6:$C$405,$B38)/$C38)","v":""},{"$f":"IF(OR($B38=\"\",N($C38)=0),\"\",SUMIFS(Registre!$AI$6:$AI$405,Registre!$C$6:$C$405,$B38)/$C38)","v":""},{"$f":"IF($B38=\"\",\"\",COUNTIF(Registre!$C$6:$C$405,$B38))","v":""},{"$f":"IF($B38=\"\",\"\",SUMPRODUCT((Registre!$C$6:$C$405=$B38)*(Registre!$T$6:$T$405<>\"\")*(Registre!$T$6:$T$405<>\"Conforme\")))","v":""},""]
[null,{"$f":"IF(Îlots!$C16=\"\",\"\",Îlots!$C16)","v":""},{"$f":"IF($B39=\"\",\"\",N(Îlots!$D16))","v":""},{"$f":"IF($B39=\"\",\"\",Îlots!$N16&\"\")","v":""},{"$f":"IF($B39=\"\",\"\",Îlots!$F16&\"\")","v":""},{"$f":"IF(OR($B39=\"\",Îlots!$S16=\"\"),\"\",Îlots!$S16)","v":""},{"$f":"IF(OR($B39=\"\",N($C39)=0),\"\",SUMIFS(Registre!$P$6:$P$405,Registre!$C$6:$C$405,$B39,Registre!$AF$6:$AF$405,\"Organique\")/$C39)","v":""},{"$f":"IF(OR($B39=\"\",N($C39)=0),\"\",SUMIFS(Registre!$P$6:$P$405,Registre!$C$6:$C$405,$B39,Registre!$AF$6:$AF$405,\"Minéral\")/$C39)","v":""},{"$f":"IF(OR($B39=\"\",N($C39)=0),\"\",SUMIFS(Registre!$AG$6:$AG$405,Registre!$C$6:$C$405,$B39)/$C39)","v":""},"","",{"$f":"IF(OR($B39=\"\",N($C39)=0),\"\",SUMIFS(Registre!$AH$6:$AH$405,Registre!$C$6:$C$405,$B39)/$C39)","v":""},{"$f":"IF(OR($B39=\"\",N($C39)=0),\"\",SUMIFS(Registre!$AI$6:$AI$405,Registre!$C$6:$C$405,$B39)/$C39)","v":""},{"$f":"IF($B39=\"\",\"\",COUNTIF(Registre!$C$6:$C$405,$B39))","v":""},{"$f":"IF($B39=\"\",\"\",SUMPRODUCT((Registre!$C$6:$C$405=$B39)*(Registre!$T$6:$T$405<>\"\")*(Registre!$T$6:$T$405<>\"Conforme\")))","v":""},""]
[null,{"$f":"IF(Îlots!$C17=\"\",\"\",Îlots!$C17)","v":""},{"$f":"IF($B40=\"\",\"\",N(Îlots!$D17))","v":""},{"$f":"IF($B40=\"\",\"\",Îlots!$N17&\"\")","v":""},{"$f":"IF($B40=\"\",\"\",Îlots!$F17&\"\")","v":""},{"$f":"IF(OR($B40=\"\",Îlots!$S17=\"\"),\"\",Îlots!$S17)","v":""},{"$f":"IF(OR($B40=\"\",N($C40)=0),\"\",SUMIFS(Registre!$P$6:$P$405,Registre!$C$6:$C$405,$B40,Registre!$AF$6:$AF$405,\"Organique\")/$C40)","v":""},{"$f":"IF(OR($B40=\"\",N($C40)=0),\"\",SUMIFS(Registre!$P$6:$P$405,Registre!$C$6:$C$405,$B40,Registre!$AF$6:$AF$405,\"Minéral\")/$C40)","v":""},{"$f":"IF(OR($B40=\"\",N($C40)=0),\"\",SUMIFS(Registre!$AG$6:$AG$405,Registre!$C$6:$C$405,$B40)/$C40)","v":""},"","",{"$f":"IF(OR($B40=\"\",N($C40)=0),\"\",SUMIFS(Registre!$AH$6:$AH$405,Registre!$C$6:$C$405,$B40)/$C40)","v":""},{"$f":"IF(OR($B40=\"\",N($C40)=0),\"\",SUMIFS(Registre!$AI$6:$AI$405,Registre!$C$6:$C$405,$B40)/$C40)","v":""},{"$f":"IF($B40=\"\",\"\",COUNTIF(Registre!$C$6:$C$405,$B40))","v":""},{"$f":"IF($B40=\"\",\"\",SUMPRODUCT((Registre!$C$6:$C$405=$B40)*(Registre!$T$6:$T$405<>\"\")*(Registre!$T$6:$T$405<>\"Conforme\")))","v":""},""]
[null,{"$f":"IF(Îlots!$C18=\"\",\"\",Îlots!$C18)","v":""},{"$f":"IF($B41=\"\",\"\",N(Îlots!$D18))","v":""},{"$f":"IF($B41=\"\",\"\",Îlots!$N18&\"\")","v":""},{"$f":"IF($B41=\"\",\"\",Îlots!$F18&\"\")","v":""},{"$f":"IF(OR($B41=\"\",Îlots!$S18=\"\"),\"\",Îlots!$S18)","v":""},{"$f":"IF(OR($B41=\"\",N($C41)=0),\"\",SUMIFS(Registre!$P$6:$P$405,Registre!$C$6:$C$405,$B41,Registre!$AF$6:$AF$405,\"Organique\")/$C41)","v":""},{"$f":"IF(OR($B41=\"\",N($C41)=0),\"\",SUMIFS(Registre!$P$6:$P$405,Registre!$C$6:$C$405,$B41,Registre!$AF$6:$AF$405,\"Minéral\")/$C41)","v":""},{"$f":"IF(OR($B41=\"\",N($C41)=0),\"\",SUMIFS(Registre!$AG$6:$AG$405,Registre!$C$6:$C$405,$B41)/$C41)","v":""},"","",{"$f":"IF(OR($B41=\"\",N($C41)=0),\"\",SUMIFS(Registre!$AH$6:$AH$405,Registre!$C$6:$C$405,$B41)/$C41)","v":""},{"$f":"IF(OR($B41=\"\",N($C41)=0),\"\",SUMIFS(Registre!$AI$6:$AI$405,Registre!$C$6:$C$405,$B41)/$C41)","v":""},{"$f":"IF($B41=\"\",\"\",COUNTIF(Registre!$C$6:$C$405,$B41))","v":""},{"$f":"IF($B41=\"\",\"\",SUMPRODUCT((Registre!$C$6:$C$405=$B41)*(Registre!$T$6:$T$405<>\"\")*(Registre!$T$6:$T$405<>\"Conforme\")))","v":""},""]
[null,{"$f":"IF(Îlots!$C19=\"\",\"\",Îlots!$C19)","v":""},{"$f":"IF($B42=\"\",\"\",N(Îlots!$D19))","v":""},{"$f":"IF($B42=\"\",\"\",Îlots!$N19&\"\")","v":""},{"$f":"IF($B42=\"\",\"\",Îlots!$F19&\"\")","v":""},{"$f":"IF(OR($B42=\"\",Îlots!$S19=\"\"),\"\",Îlots!$S19)","v":""},{"$f":"IF(OR($B42=\"\",N($C42)=0),\"\",SUMIFS(Registre!$P$6:$P$405,Registre!$C$6:$C$405,$B42,Registre!$AF$6:$AF$405,\"Organique\")/$C42)","v":""},{"$f":"IF(OR($B42=\"\",N($C42)=0),\"\",SUMIFS(Registre!$P$6:$P$405,Registre!$C$6:$C$405,$B42,Registre!$AF$6:$AF$405,\"Minéral\")/$C42)","v":""},{"$f":"IF(OR($B42=\"\",N($C42)=0),\"\",SUMIFS(Registre!$AG$6:$AG$405,Registre!$C$6:$C$405,$B42)/$C42)","v":""},"","",{"$f":"IF(OR($B42=\"\",N($C42)=0),\"\",SUMIFS(Registre!$AH$6:$AH$405,Registre!$C$6:$C$405,$B42)/$C42)","v":""},{"$f":"IF(OR($B42=\"\",N($C42)=0),\"\",SUMIFS(Registre!$AI$6:$AI$405,Registre!$C$6:$C$405,$B42)/$C42)","v":""},{"$f":"IF($B42=\"\",\"\",COUNTIF(Registre!$C$6:$C$405,$B42))","v":""},{"$f":"IF($B42=\"\",\"\",SUMPRODUCT((Registre!$C$6:$C$405=$B42)*(Registre!$T$6:$T$405<>\"\")*(Registre!$T$6:$T$405<>\"Conforme\")))","v":""},""]
[null,{"$f":"IF(Îlots!$C20=\"\",\"\",Îlots!$C20)","v":""},{"$f":"IF($B43=\"\",\"\",N(Îlots!$D20))","v":""},{"$f":"IF($B43=\"\",\"\",Îlots!$N20&\"\")","v":""},{"$f":"IF($B43=\"\",\"\",Îlots!$F20&\"\")","v":""},{"$f":"IF(OR($B43=\"\",Îlots!$S20=\"\"),\"\",Îlots!$S20)","v":""},{"$f":"IF(OR($B43=\"\",N($C43)=0),\"\",SUMIFS(Registre!$P$6:$P$405,Registre!$C$6:$C$405,$B43,Registre!$AF$6:$AF$405,\"Organique\")/$C43)","v":""},{"$f":"IF(OR($B43=\"\",N($C43)=0),\"\",SUMIFS(Registre!$P$6:$P$405,Registre!$C$6:$C$405,$B43,Registre!$AF$6:$AF$405,\"Minéral\")/$C43)","v":""},{"$f":"IF(OR($B43=\"\",N($C43)=0),\"\",SUMIFS(Registre!$AG$6:$AG$405,Registre!$C$6:$C$405,$B43)/$C43)","v":""},"","",{"$f":"IF(OR($B43=\"\",N($C43)=0),\"\",SUMIFS(Registre!$AH$6:$AH$405,Registre!$C$6:$C$405,$B43)/$C43)","v":""},{"$f":"IF(OR($B43=\"\",N($C43)=0),\"\",SUMIFS(Registre!$AI$6:$AI$405,Registre!$C$6:$C$405,$B43)/$C43)","v":""},{"$f":"IF($B43=\"\",\"\",COUNTIF(Registre!$C$6:$C$405,$B43))","v":""},{"$f":"IF($B43=\"\",\"\",SUMPRODUCT((Registre!$C$6:$C$405=$B43)*(Registre!$T$6:$T$405<>\"\")*(Registre!$T$6:$T$405<>\"Conforme\")))","v":""},""]
[null,{"$f":"IF(Îlots!$C21=\"\",\"\",Îlots!$C21)","v":""},{"$f":"IF($B44=\"\",\"\",N(Îlots!$D21))","v":""},{"$f":"IF($B44=\"\",\"\",Îlots!$N21&\"\")","v":""},{"$f":"IF($B44=\"\",\"\",Îlots!$F21&\"\")","v":""},{"$f":"IF(OR($B44=\"\",Îlots!$S21=\"\"),\"\",Îlots!$S21)","v":""},{"$f":"IF(OR($B44=\"\",N($C44)=0),\"\",SUMIFS(Registre!$P$6:$P$405,Registre!$C$6:$C$405,$B44,Registre!$AF$6:$AF$405,\"Organique\")/$C44)","v":""},{"$f":"IF(OR($B44=\"\",N($C44)=0),\"\",SUMIFS(Registre!$P$6:$P$405,Registre!$C$6:$C$405,$B44,Registre!$AF$6:$AF$405,\"Minéral\")/$C44)","v":""},{"$f":"IF(OR($B44=\"\",N($C44)=0),\"\",SUMIFS(Registre!$AG$6:$AG$405,Registre!$C$6:$C$405,$B44)/$C44)","v":""},"","",{"$f":"IF(OR($B44=\"\",N($C44)=0),\"\",SUMIFS(Registre!$AH$6:$AH$405,Registre!$C$6:$C$405,$B44)/$C44)","v":""},{"$f":"IF(OR($B44=\"\",N($C44)=0),\"\",SUMIFS(Registre!$AI$6:$AI$405,Registre!$C$6:$C$405,$B44)/$C44)","v":""},{"$f":"IF($B44=\"\",\"\",COUNTIF(Registre!$C$6:$C$405,$B44))","v":""},{"$f":"IF($B44=\"\",\"\",SUMPRODUCT((Registre!$C$6:$C$405=$B44)*(Registre!$T$6:$T$405<>\"\")*(Registre!$T$6:$T$405<>\"Conforme\")))","v":""},""]
[null,{"$f":"IF(Îlots!$C22=\"\",\"\",Îlots!$C22)","v":""},{"$f":"IF($B45=\"\",\"\",N(Îlots!$D22))","v":""},{"$f":"IF($B45=\"\",\"\",Îlots!$N22&\"\")","v":""},{"$f":"IF($B45=\"\",\"\",Îlots!$F22&\"\")","v":""},{"$f":"IF(OR($B45=\"\",Îlots!$S22=\"\"),\"\",Îlots!$S22)","v":""},{"$f":"IF(OR($B45=\"\",N($C45)=0),\"\",SUMIFS(Registre!$P$6:$P$405,Registre!$C$6:$C$405,$B45,Registre!$AF$6:$AF$405,\"Organique\")/$C45)","v":""},{"$f":"IF(OR($B45=\"\",N($C45)=0),\"\",SUMIFS(Registre!$P$6:$P$405,Registre!$C$6:$C$405,$B45,Registre!$AF$6:$AF$405,\"Minéral\")/$C45)","v":""},{"$f":"IF(OR($B45=\"\",N($C45)=0),\"\",SUMIFS(Registre!$AG$6:$AG$405,Registre!$C$6:$C$405,$B45)/$C45)","v":""},"","",{"$f":"IF(OR($B45=\"\",N($C45)=0),\"\",SUMIFS(Registre!$AH$6:$AH$405,Registre!$C$6:$C$405,$B45)/$C45)","v":""},{"$f":"IF(OR($B45=\"\",N($C45)=0),\"\",SUMIFS(Registre!$AI$6:$AI$405,Registre!$C$6:$C$405,$B45)/$C45)","v":""},{"$f":"IF($B45=\"\",\"\",COUNTIF(Registre!$C$6:$C$405,$B45))","v":""},{"$f":"IF($B45=\"\",\"\",SUMPRODUCT((Registre!$C$6:$C$405=$B45)*(Registre!$T$6:$T$405<>\"\")*(Registre!$T$6:$T$405<>\"Conforme\")))","v":""},""]
[null,{"$f":"IF(Îlots!$C23=\"\",\"\",Îlots!$C23)","v":""},{"$f":"IF($B46=\"\",\"\",N(Îlots!$D23))","v":""},{"$f":"IF($B46=\"\",\"\",Îlots!$N23&\"\")","v":""},{"$f":"IF($B46=\"\",\"\",Îlots!$F23&\"\")","v":""},{"$f":"IF(OR($B46=\"\",Îlots!$S23=\"\"),\"\",Îlots!$S23)","v":""},{"$f":"IF(OR($B46=\"\",N($C46)=0),\"\",SUMIFS(Registre!$P$6:$P$405,Registre!$C$6:$C$405,$B46,Registre!$AF$6:$AF$405,\"Organique\")/$C46)","v":""},{"$f":"IF(OR($B46=\"\",N($C46)=0),\"\",SUMIFS(Registre!$P$6:$P$405,Registre!$C$6:$C$405,$B46,Registre!$AF$6:$AF$405,\"Minéral\")/$C46)","v":""},{"$f":"IF(OR($B46=\"\",N($C46)=0),\"\",SUMIFS(Registre!$AG$6:$AG$405,Registre!$C$6:$C$405,$B46)/$C46)","v":""},"","",{"$f":"IF(OR($B46=\"\",N($C46)=0),\"\",SUMIFS(Registre!$AH$6:$AH$405,Registre!$C$6:$C$405,$B46)/$C46)","v":""},{"$f":"IF(OR($B46=\"\",N($C46)=0),\"\",SUMIFS(Registre!$AI$6:$AI$405,Registre!$C$6:$C$405,$B46)/$C46)","v":""},{"$f":"IF($B46=\"\",\"\",COUNTIF(Registre!$C$6:$C$405,$B46))","v":""},{"$f":"IF($B46=\"\",\"\",SUMPRODUCT((Registre!$C$6:$C$405=$B46)*(Registre!$T$6:$T$405<>\"\")*(Registre!$T$6:$T$405<>\"Conforme\")))","v":""},""]
[null,{"$f":"IF(Îlots!$C24=\"\",\"\",Îlots!$C24)","v":""},{"$f":"IF($B47=\"\",\"\",N(Îlots!$D24))","v":""},{"$f":"IF($B47=\"\",\"\",Îlots!$N24&\"\")","v":""},{"$f":"IF($B47=\"\",\"\",Îlots!$F24&\"\")","v":""},{"$f":"IF(OR($B47=\"\",Îlots!$S24=\"\"),\"\",Îlots!$S24)","v":""},{"$f":"IF(OR($B47=\"\",N($C47)=0),\"\",SUMIFS(Registre!$P$6:$P$405,Registre!$C$6:$C$405,$B47,Registre!$AF$6:$AF$405,\"Organique\")/$C47)","v":""},{"$f":"IF(OR($B47=\"\",N($C47)=0),\"\",SUMIFS(Registre!$P$6:$P$405,Registre!$C$6:$C$405,$B47,Registre!$AF$6:$AF$405,\"Minéral\")/$C47)","v":""},{"$f":"IF(OR($B47=\"\",N($C47)=0),\"\",SUMIFS(Registre!$AG$6:$AG$405,Registre!$C$6:$C$405,$B47)/$C47)","v":""},"","",{"$f":"IF(OR($B47=\"\",N($C47)=0),\"\",SUMIFS(Registre!$AH$6:$AH$405,Registre!$C$6:$C$405,$B47)/$C47)","v":""},{"$f":"IF(OR($B47=\"\",N($C47)=0),\"\",SUMIFS(Registre!$AI$6:$AI$405,Registre!$C$6:$C$405,$B47)/$C47)","v":""},{"$f":"IF($B47=\"\",\"\",COUNTIF(Registre!$C$6:$C$405,$B47))","v":""},{"$f":"IF($B47=\"\",\"\",SUMPRODUCT((Registre!$C$6:$C$405=$B47)*(Registre!$T$6:$T$405<>\"\")*(Registre!$T$6:$T$405<>\"Conforme\")))","v":""},""]
[null,{"$f":"IF(Îlots!$C25=\"\",\"\",Îlots!$C25)","v":""},{"$f":"IF($B48=\"\",\"\",N(Îlots!$D25))","v":""},{"$f":"IF($B48=\"\",\"\",Îlots!$N25&\"\")","v":""},{"$f":"IF($B48=\"\",\"\",Îlots!$F25&\"\")","v":""},{"$f":"IF(OR($B48=\"\",Îlots!$S25=\"\"),\"\",Îlots!$S25)","v":""},{"$f":"IF(OR($B48=\"\",N($C48)=0),\"\",SUMIFS(Registre!$P$6:$P$405,Registre!$C$6:$C$405,$B48,Registre!$AF$6:$AF$405,\"Organique\")/$C48)","v":""},{"$f":"IF(OR($B48=\"\",N($C48)=0),\"\",SUMIFS(Registre!$P$6:$P$405,Registre!$C$6:$C$405,$B48,Registre!$AF$6:$AF$405,\"Minéral\")/$C48)","v":""},{"$f":"IF(OR($B48=\"\",N($C48)=0),\"\",SUMIFS(Registre!$AG$6:$AG$405,Registre!$C$6:$C$405,$B48)/$C48)","v":""},"","",{"$f":"IF(OR($B48=\"\",N($C48)=0),\"\",SUMIFS(Registre!$AH$6:$AH$405,Registre!$C$6:$C$405,$B48)/$C48)","v":""},{"$f":"IF(OR($B48=\"\",N($C48)=0),\"\",SUMIFS(Registre!$AI$6:$AI$405,Registre!$C$6:$C$405,$B48)/$C48)","v":""},{"$f":"IF($B48=\"\",\"\",COUNTIF(Registre!$C$6:$C$405,$B48))","v":""},{"$f":"IF($B48=\"\",\"\",SUMPRODUCT((Registre!$C$6:$C$405=$B48)*(Registre!$T$6:$T$405<>\"\")*(Registre!$T$6:$T$405<>\"Conforme\")))","v":""},""]
[null,{"$f":"IF(Îlots!$C26=\"\",\"\",Îlots!$C26)","v":""},{"$f":"IF($B49=\"\",\"\",N(Îlots!$D26))","v":""},{"$f":"IF($B49=\"\",\"\",Îlots!$N26&\"\")","v":""},{"$f":"IF($B49=\"\",\"\",Îlots!$F26&\"\")","v":""},{"$f":"IF(OR($B49=\"\",Îlots!$S26=\"\"),\"\",Îlots!$S26)","v":""},{"$f":"IF(OR($B49=\"\",N($C49)=0),\"\",SUMIFS(Registre!$P$6:$P$405,Registre!$C$6:$C$405,$B49,Registre!$AF$6:$AF$405,\"Organique\")/$C49)","v":""},{"$f":"IF(OR($B49=\"\",N($C49)=0),\"\",SUMIFS(Registre!$P$6:$P$405,Registre!$C$6:$C$405,$B49,Registre!$AF$6:$AF$405,\"Minéral\")/$C49)","v":""},{"$f":"IF(OR($B49=\"\",N($C49)=0),\"\",SUMIFS(Registre!$AG$6:$AG$405,Registre!$C$6:$C$405,$B49)/$C49)","v":""},"","",{"$f":"IF(OR($B49=\"\",N($C49)=0),\"\",SUMIFS(Registre!$AH$6:$AH$405,Registre!$C$6:$C$405,$B49)/$C49)","v":""},{"$f":"IF(OR($B49=\"\",N($C49)=0),\"\",SUMIFS(Registre!$AI$6:$AI$405,Registre!$C$6:$C$405,$B49)/$C49)","v":""},{"$f":"IF($B49=\"\",\"\",COUNTIF(Registre!$C$6:$C$405,$B49))","v":""},{"$f":"IF($B49=\"\",\"\",SUMPRODUCT((Registre!$C$6:$C$405=$B49)*(Registre!$T$6:$T$405<>\"\")*(Registre!$T$6:$T$405<>\"Conforme\")))","v":""},""]
[null,{"$f":"IF(Îlots!$C27=\"\",\"\",Îlots!$C27)","v":""},{"$f":"IF($B50=\"\",\"\",N(Îlots!$D27))","v":""},{"$f":"IF($B50=\"\",\"\",Îlots!$N27&\"\")","v":""},{"$f":"IF($B50=\"\",\"\",Îlots!$F27&\"\")","v":""},{"$f":"IF(OR($B50=\"\",Îlots!$S27=\"\"),\"\",Îlots!$S27)","v":""},{"$f":"IF(OR($B50=\"\",N($C50)=0),\"\",SUMIFS(Registre!$P$6:$P$405,Registre!$C$6:$C$405,$B50,Registre!$AF$6:$AF$405,\"Organique\")/$C50)","v":""},{"$f":"IF(OR($B50=\"\",N($C50)=0),\"\",SUMIFS(Registre!$P$6:$P$405,Registre!$C$6:$C$405,$B50,Registre!$AF$6:$AF$405,\"Minéral\")/$C50)","v":""},{"$f":"IF(OR($B50=\"\",N($C50)=0),\"\",SUMIFS(Registre!$AG$6:$AG$405,Registre!$C$6:$C$405,$B50)/$C50)","v":""},"","",{"$f":"IF(OR($B50=\"\",N($C50)=0),\"\",SUMIFS(Registre!$AH$6:$AH$405,Registre!$C$6:$C$405,$B50)/$C50)","v":""},{"$f":"IF(OR($B50=\"\",N($C50)=0),\"\",SUMIFS(Registre!$AI$6:$AI$405,Registre!$C$6:$C$405,$B50)/$C50)","v":""},{"$f":"IF($B50=\"\",\"\",COUNTIF(Registre!$C$6:$C$405,$B50))","v":""},{"$f":"IF($B50=\"\",\"\",SUMPRODUCT((Registre!$C$6:$C$405=$B50)*(Registre!$T$6:$T$405<>\"\")*(Registre!$T$6:$T$405<>\"Conforme\")))","v":""},""]
[null,{"$f":"IF(Îlots!$C28=\"\",\"\",Îlots!$C28)","v":""},{"$f":"IF($B51=\"\",\"\",N(Îlots!$D28))","v":""},{"$f":"IF($B51=\"\",\"\",Îlots!$N28&\"\")","v":""},{"$f":"IF($B51=\"\",\"\",Îlots!$F28&\"\")","v":""},{"$f":"IF(OR($B51=\"\",Îlots!$S28=\"\"),\"\",Îlots!$S28)","v":""},{"$f":"IF(OR($B51=\"\",N($C51)=0),\"\",SUMIFS(Registre!$P$6:$P$405,Registre!$C$6:$C$405,$B51,Registre!$AF$6:$AF$405,\"Organique\")/$C51)","v":""},{"$f":"IF(OR($B51=\"\",N($C51)=0),\"\",SUMIFS(Registre!$P$6:$P$405,Registre!$C$6:$C$405,$B51,Registre!$AF$6:$AF$405,\"Minéral\")/$C51)","v":""},{"$f":"IF(OR($B51=\"\",N($C51)=0),\"\",SUMIFS(Registre!$AG$6:$AG$405,Registre!$C$6:$C$405,$B51)/$C51)","v":""},"","",{"$f":"IF(OR($B51=\"\",N($C51)=0),\"\",SUMIFS(Registre!$AH$6:$AH$405,Registre!$C$6:$C$405,$B51)/$C51)","v":""},{"$f":"IF(OR($B51=\"\",N($C51)=0),\"\",SUMIFS(Registre!$AI$6:$AI$405,Registre!$C$6:$C$405,$B51)/$C51)","v":""},{"$f":"IF($B51=\"\",\"\",COUNTIF(Registre!$C$6:$C$405,$B51))","v":""},{"$f":"IF($B51=\"\",\"\",SUMPRODUCT((Registre!$C$6:$C$405=$B51)*(Registre!$T$6:$T$405<>\"\")*(Registre!$T$6:$T$405<>\"Conforme\")))","v":""},""]
[null,{"$f":"IF(Îlots!$C29=\"\",\"\",Îlots!$C29)","v":""},{"$f":"IF($B52=\"\",\"\",N(Îlots!$D29))","v":""},{"$f":"IF($B52=\"\",\"\",Îlots!$N29&\"\")","v":""},{"$f":"IF($B52=\"\",\"\",Îlots!$F29&\"\")","v":""},{"$f":"IF(OR($B52=\"\",Îlots!$S29=\"\"),\"\",Îlots!$S29)","v":""},{"$f":"IF(OR($B52=\"\",N($C52)=0),\"\",SUMIFS(Registre!$P$6:$P$405,Registre!$C$6:$C$405,$B52,Registre!$AF$6:$AF$405,\"Organique\")/$C52)","v":""},{"$f":"IF(OR($B52=\"\",N($C52)=0),\"\",SUMIFS(Registre!$P$6:$P$405,Registre!$C$6:$C$405,$B52,Registre!$AF$6:$AF$405,\"Minéral\")/$C52)","v":""},{"$f":"IF(OR($B52=\"\",N($C52)=0),\"\",SUMIFS(Registre!$AG$6:$AG$405,Registre!$C$6:$C$405,$B52)/$C52)","v":""},"","",{"$f":"IF(OR($B52=\"\",N($C52)=0),\"\",SUMIFS(Registre!$AH$6:$AH$405,Registre!$C$6:$C$405,$B52)/$C52)","v":""},{"$f":"IF(OR($B52=\"\",N($C52)=0),\"\",SUMIFS(Registre!$AI$6:$AI$405,Registre!$C$6:$C$405,$B52)/$C52)","v":""},{"$f":"IF($B52=\"\",\"\",COUNTIF(Registre!$C$6:$C$405,$B52))","v":""},{"$f":"IF($B52=\"\",\"\",SUMPRODUCT((Registre!$C$6:$C$405=$B52)*(Registre!$T$6:$T$405<>\"\")*(Registre!$T$6:$T$405<>\"Conforme\")))","v":""},""]
[null,{"$f":"IF(Îlots!$C30=\"\",\"\",Îlots!$C30)","v":""},{"$f":"IF($B53=\"\",\"\",N(Îlots!$D30))","v":""},{"$f":"IF($B53=\"\",\"\",Îlots!$N30&\"\")","v":""},{"$f":"IF($B53=\"\",\"\",Îlots!$F30&\"\")","v":""},{"$f":"IF(OR($B53=\"\",Îlots!$S30=\"\"),\"\",Îlots!$S30)","v":""},{"$f":"IF(OR($B53=\"\",N($C53)=0),\"\",SUMIFS(Registre!$P$6:$P$405,Registre!$C$6:$C$405,$B53,Registre!$AF$6:$AF$405,\"Organique\")/$C53)","v":""},{"$f":"IF(OR($B53=\"\",N($C53)=0),\"\",SUMIFS(Registre!$P$6:$P$405,Registre!$C$6:$C$405,$B53,Registre!$AF$6:$AF$405,\"Minéral\")/$C53)","v":""},{"$f":"IF(OR($B53=\"\",N($C53)=0),\"\",SUMIFS(Registre!$AG$6:$AG$405,Registre!$C$6:$C$405,$B53)/$C53)","v":""},"","",{"$f":"IF(OR($B53=\"\",N($C53)=0),\"\",SUMIFS(Registre!$AH$6:$AH$405,Registre!$C$6:$C$405,$B53)/$C53)","v":""},{"$f":"IF(OR($B53=\"\",N($C53)=0),\"\",SUMIFS(Registre!$AI$6:$AI$405,Registre!$C$6:$C$405,$B53)/$C53)","v":""},{"$f":"IF($B53=\"\",\"\",COUNTIF(Registre!$C$6:$C$405,$B53))","v":""},{"$f":"IF($B53=\"\",\"\",SUMPRODUCT((Registre!$C$6:$C$405=$B53)*(Registre!$T$6:$T$405<>\"\")*(Registre!$T$6:$T$405<>\"Conforme\")))","v":""},""]
[null,{"$f":"IF(Îlots!$C31=\"\",\"\",Îlots!$C31)","v":""},{"$f":"IF($B54=\"\",\"\",N(Îlots!$D31))","v":""},{"$f":"IF($B54=\"\",\"\",Îlots!$N31&\"\")","v":""},{"$f":"IF($B54=\"\",\"\",Îlots!$F31&\"\")","v":""},{"$f":"IF(OR($B54=\"\",Îlots!$S31=\"\"),\"\",Îlots!$S31)","v":""},{"$f":"IF(OR($B54=\"\",N($C54)=0),\"\",SUMIFS(Registre!$P$6:$P$405,Registre!$C$6:$C$405,$B54,Registre!$AF$6:$AF$405,\"Organique\")/$C54)","v":""},{"$f":"IF(OR($B54=\"\",N($C54)=0),\"\",SUMIFS(Registre!$P$6:$P$405,Registre!$C$6:$C$405,$B54,Registre!$AF$6:$AF$405,\"Minéral\")/$C54)","v":""},{"$f":"IF(OR($B54=\"\",N($C54)=0),\"\",SUMIFS(Registre!$AG$6:$AG$405,Registre!$C$6:$C$405,$B54)/$C54)","v":""},"","",{"$f":"IF(OR($B54=\"\",N($C54)=0),\"\",SUMIFS(Registre!$AH$6:$AH$405,Registre!$C$6:$C$405,$B54)/$C54)","v":""},{"$f":"IF(OR($B54=\"\",N($C54)=0),\"\",SUMIFS(Registre!$AI$6:$AI$405,Registre!$C$6:$C$405,$B54)/$C54)","v":""},{"$f":"IF($B54=\"\",\"\",COUNTIF(Registre!$C$6:$C$405,$B54))","v":""},{"$f":"IF($B54=\"\",\"\",SUMPRODUCT((Registre!$C$6:$C$405=$B54)*(Registre!$T$6:$T$405<>\"\")*(Registre!$T$6:$T$405<>\"Conforme\")))","v":""},""]
[null,{"$f":"IF(Îlots!$C32=\"\",\"\",Îlots!$C32)","v":""},{"$f":"IF($B55=\"\",\"\",N(Îlots!$D32))","v":""},{"$f":"IF($B55=\"\",\"\",Îlots!$N32&\"\")","v":""},{"$f":"IF($B55=\"\",\"\",Îlots!$F32&\"\")","v":""},{"$f":"IF(OR($B55=\"\",Îlots!$S32=\"\"),\"\",Îlots!$S32)","v":""},{"$f":"IF(OR($B55=\"\",N($C55)=0),\"\",SUMIFS(Registre!$P$6:$P$405,Registre!$C$6:$C$405,$B55,Registre!$AF$6:$AF$405,\"Organique\")/$C55)","v":""},{"$f":"IF(OR($B55=\"\",N($C55)=0),\"\",SUMIFS(Registre!$P$6:$P$405,Registre!$C$6:$C$405,$B55,Registre!$AF$6:$AF$405,\"Minéral\")/$C55)","v":""},{"$f":"IF(OR($B55=\"\",N($C55)=0),\"\",SUMIFS(Registre!$AG$6:$AG$405,Registre!$C$6:$C$405,$B55)/$C55)","v":""},"","",{"$f":"IF(OR($B55=\"\",N($C55)=0),\"\",SUMIFS(Registre!$AH$6:$AH$405,Registre!$C$6:$C$405,$B55)/$C55)","v":""},{"$f":"IF(OR($B55=\"\",N($C55)=0),\"\",SUMIFS(Registre!$AI$6:$AI$405,Registre!$C$6:$C$405,$B55)/$C55)","v":""},{"$f":"IF($B55=\"\",\"\",COUNTIF(Registre!$C$6:$C$405,$B55))","v":""},{"$f":"IF($B55=\"\",\"\",SUMPRODUCT((Registre!$C$6:$C$405=$B55)*(Registre!$T$6:$T$405<>\"\")*(Registre!$T$6:$T$405<>\"Conforme\")))","v":""},""]
[null,{"$f":"IF(Îlots!$C33=\"\",\"\",Îlots!$C33)","v":""},{"$f":"IF($B56=\"\",\"\",N(Îlots!$D33))","v":""},{"$f":"IF($B56=\"\",\"\",Îlots!$N33&\"\")","v":""},{"$f":"IF($B56=\"\",\"\",Îlots!$F33&\"\")","v":""},{"$f":"IF(OR($B56=\"\",Îlots!$S33=\"\"),\"\",Îlots!$S33)","v":""},{"$f":"IF(OR($B56=\"\",N($C56)=0),\"\",SUMIFS(Registre!$P$6:$P$405,Registre!$C$6:$C$405,$B56,Registre!$AF$6:$AF$405,\"Organique\")/$C56)","v":""},{"$f":"IF(OR($B56=\"\",N($C56)=0),\"\",SUMIFS(Registre!$P$6:$P$405,Registre!$C$6:$C$405,$B56,Registre!$AF$6:$AF$405,\"Minéral\")/$C56)","v":""},{"$f":"IF(OR($B56=\"\",N($C56)=0),\"\",SUMIFS(Registre!$AG$6:$AG$405,Registre!$C$6:$C$405,$B56)/$C56)","v":""},"","",{"$f":"IF(OR($B56=\"\",N($C56)=0),\"\",SUMIFS(Registre!$AH$6:$AH$405,Registre!$C$6:$C$405,$B56)/$C56)","v":""},{"$f":"IF(OR($B56=\"\",N($C56)=0),\"\",SUMIFS(Registre!$AI$6:$AI$405,Registre!$C$6:$C$405,$B56)/$C56)","v":""},{"$f":"IF($B56=\"\",\"\",COUNTIF(Registre!$C$6:$C$405,$B56))","v":""},{"$f":"IF($B56=\"\",\"\",SUMPRODUCT((Registre!$C$6:$C$405=$B56)*(Registre!$T$6:$T$405<>\"\")*(Registre!$T$6:$T$405<>\"Conforme\")))","v":""},""]
[null,{"$f":"IF(Îlots!$C34=\"\",\"\",Îlots!$C34)","v":""},{"$f":"IF($B57=\"\",\"\",N(Îlots!$D34))","v":""},{"$f":"IF($B57=\"\",\"\",Îlots!$N34&\"\")","v":""},{"$f":"IF($B57=\"\",\"\",Îlots!$F34&\"\")","v":""},{"$f":"IF(OR($B57=\"\",Îlots!$S34=\"\"),\"\",Îlots!$S34)","v":""},{"$f":"IF(OR($B57=\"\",N($C57)=0),\"\",SUMIFS(Registre!$P$6:$P$405,Registre!$C$6:$C$405,$B57,Registre!$AF$6:$AF$405,\"Organique\")/$C57)","v":""},{"$f":"IF(OR($B57=\"\",N($C57)=0),\"\",SUMIFS(Registre!$P$6:$P$405,Registre!$C$6:$C$405,$B57,Registre!$AF$6:$AF$405,\"Minéral\")/$C57)","v":""},{"$f":"IF(OR($B57=\"\",N($C57)=0),\"\",SUMIFS(Registre!$AG$6:$AG$405,Registre!$C$6:$C$405,$B57)/$C57)","v":""},"","",{"$f":"IF(OR($B57=\"\",N($C57)=0),\"\",SUMIFS(Registre!$AH$6:$AH$405,Registre!$C$6:$C$405,$B57)/$C57)","v":""},{"$f":"IF(OR($B57=\"\",N($C57)=0),\"\",SUMIFS(Registre!$AI$6:$AI$405,Registre!$C$6:$C$405,$B57)/$C57)","v":""},{"$f":"IF($B57=\"\",\"\",COUNTIF(Registre!$C$6:$C$405,$B57))","v":""},{"$f":"IF($B57=\"\",\"\",SUMPRODUCT((Registre!$C$6:$C$405=$B57)*(Registre!$T$6:$T$405<>\"\")*(Registre!$T$6:$T$405<>\"Conforme\")))","v":""},""]
[null,{"$f":"IF(Îlots!$C35=\"\",\"\",Îlots!$C35)","v":""},{"$f":"IF($B58=\"\",\"\",N(Îlots!$D35))","v":""},{"$f":"IF($B58=\"\",\"\",Îlots!$N35&\"\")","v":""},{"$f":"IF($B58=\"\",\"\",Îlots!$F35&\"\")","v":""},{"$f":"IF(OR($B58=\"\",Îlots!$S35=\"\"),\"\",Îlots!$S35)","v":""},{"$f":"IF(OR($B58=\"\",N($C58)=0),\"\",SUMIFS(Registre!$P$6:$P$405,Registre!$C$6:$C$405,$B58,Registre!$AF$6:$AF$405,\"Organique\")/$C58)","v":""},{"$f":"IF(OR($B58=\"\",N($C58)=0),\"\",SUMIFS(Registre!$P$6:$P$405,Registre!$C$6:$C$405,$B58,Registre!$AF$6:$AF$405,\"Minéral\")/$C58)","v":""},{"$f":"IF(OR($B58=\"\",N($C58)=0),\"\",SUMIFS(Registre!$AG$6:$AG$405,Registre!$C$6:$C$405,$B58)/$C58)","v":""},"","",{"$f":"IF(OR($B58=\"\",N($C58)=0),\"\",SUMIFS(Registre!$AH$6:$AH$405,Registre!$C$6:$C$405,$B58)/$C58)","v":""},{"$f":"IF(OR($B58=\"\",N($C58)=0),\"\",SUMIFS(Registre!$AI$6:$AI$405,Registre!$C$6:$C$405,$B58)/$C58)","v":""},{"$f":"IF($B58=\"\",\"\",COUNTIF(Registre!$C$6:$C$405,$B58))","v":""},{"$f":"IF($B58=\"\",\"\",SUMPRODUCT((Registre!$C$6:$C$405=$B58)*(Registre!$T$6:$T$405<>\"\")*(Registre!$T$6:$T$405<>\"Conforme\")))","v":""},""]
[null,{"$f":"IF(Îlots!$C36=\"\",\"\",Îlots!$C36)","v":""},{"$f":"IF($B59=\"\",\"\",N(Îlots!$D36))","v":""},{"$f":"IF($B59=\"\",\"\",Îlots!$N36&\"\")","v":""},{"$f":"IF($B59=\"\",\"\",Îlots!$F36&\"\")","v":""},{"$f":"IF(OR($B59=\"\",Îlots!$S36=\"\"),\"\",Îlots!$S36)","v":""},{"$f":"IF(OR($B59=\"\",N($C59)=0),\"\",SUMIFS(Registre!$P$6:$P$405,Registre!$C$6:$C$405,$B59,Registre!$AF$6:$AF$405,\"Organique\")/$C59)","v":""},{"$f":"IF(OR($B59=\"\",N($C59)=0),\"\",SUMIFS(Registre!$P$6:$P$405,Registre!$C$6:$C$405,$B59,Registre!$AF$6:$AF$405,\"Minéral\")/$C59)","v":""},{"$f":"IF(OR($B59=\"\",N($C59)=0),\"\",SUMIFS(Registre!$AG$6:$AG$405,Registre!$C$6:$C$405,$B59)/$C59)","v":""},"","",{"$f":"IF(OR($B59=\"\",N($C59)=0),\"\",SUMIFS(Registre!$AH$6:$AH$405,Registre!$C$6:$C$405,$B59)/$C59)","v":""},{"$f":"IF(OR($B59=\"\",N($C59)=0),\"\",SUMIFS(Registre!$AI$6:$AI$405,Registre!$C$6:$C$405,$B59)/$C59)","v":""},{"$f":"IF($B59=\"\",\"\",COUNTIF(Registre!$C$6:$C$405,$B59))","v":""},{"$f":"IF($B59=\"\",\"\",SUMPRODUCT((Registre!$C$6:$C$405=$B59)*(Registre!$T$6:$T$405<>\"\")*(Registre!$T$6:$T$405<>\"Conforme\")))","v":""},""]
[null,{"$f":"IF(Îlots!$C37=\"\",\"\",Îlots!$C37)","v":""},{"$f":"IF($B60=\"\",\"\",N(Îlots!$D37))","v":""},{"$f":"IF($B60=\"\",\"\",Îlots!$N37&\"\")","v":""},{"$f":"IF($B60=\"\",\"\",Îlots!$F37&\"\")","v":""},{"$f":"IF(OR($B60=\"\",Îlots!$S37=\"\"),\"\",Îlots!$S37)","v":""},{"$f":"IF(OR($B60=\"\",N($C60)=0),\"\",SUMIFS(Registre!$P$6:$P$405,Registre!$C$6:$C$405,$B60,Registre!$AF$6:$AF$405,\"Organique\")/$C60)","v":""},{"$f":"IF(OR($B60=\"\",N($C60)=0),\"\",SUMIFS(Registre!$P$6:$P$405,Registre!$C$6:$C$405,$B60,Registre!$AF$6:$AF$405,\"Minéral\")/$C60)","v":""},{"$f":"IF(OR($B60=\"\",N($C60)=0),\"\",SUMIFS(Registre!$AG$6:$AG$405,Registre!$C$6:$C$405,$B60)/$C60)","v":""},"","",{"$f":"IF(OR($B60=\"\",N($C60)=0),\"\",SUMIFS(Registre!$AH$6:$AH$405,Registre!$C$6:$C$405,$B60)/$C60)","v":""},{"$f":"IF(OR($B60=\"\",N($C60)=0),\"\",SUMIFS(Registre!$AI$6:$AI$405,Registre!$C$6:$C$405,$B60)/$C60)","v":""},{"$f":"IF($B60=\"\",\"\",COUNTIF(Registre!$C$6:$C$405,$B60))","v":""},{"$f":"IF($B60=\"\",\"\",SUMPRODUCT((Registre!$C$6:$C$405=$B60)*(Registre!$T$6:$T$405<>\"\")*(Registre!$T$6:$T$405<>\"Conforme\")))","v":""},""]
[null,{"$f":"IF(Îlots!$C38=\"\",\"\",Îlots!$C38)","v":""},{"$f":"IF($B61=\"\",\"\",N(Îlots!$D38))","v":""},{"$f":"IF($B61=\"\",\"\",Îlots!$N38&\"\")","v":""},{"$f":"IF($B61=\"\",\"\",Îlots!$F38&\"\")","v":""},{"$f":"IF(OR($B61=\"\",Îlots!$S38=\"\"),\"\",Îlots!$S38)","v":""},{"$f":"IF(OR($B61=\"\",N($C61)=0),\"\",SUMIFS(Registre!$P$6:$P$405,Registre!$C$6:$C$405,$B61,Registre!$AF$6:$AF$405,\"Organique\")/$C61)","v":""},{"$f":"IF(OR($B61=\"\",N($C61)=0),\"\",SUMIFS(Registre!$P$6:$P$405,Registre!$C$6:$C$405,$B61,Registre!$AF$6:$AF$405,\"Minéral\")/$C61)","v":""},{"$f":"IF(OR($B61=\"\",N($C61)=0),\"\",SUMIFS(Registre!$AG$6:$AG$405,Registre!$C$6:$C$405,$B61)/$C61)","v":""},{"$f":"IF(OR($B61=\"\",$F61=\"\",$I61=\"\"),\"\",ROUND($I61-$F61,0))","v":""},{"$f":"IF(OR($B61=\"\",N($F61)=0,$I61=\"\"),\"\",$I61/$F61)","v":""},{"$f":"IF(OR($B61=\"\",N($C61)=0),\"\",SUMIFS(Registre!$AH$6:$AH$405,Registre!$C$6:$C$405,$B61)/$C61)","v":""},{"$f":"IF(OR($B61=\"\",N($C61)=0),\"\",SUMIFS(Registre!$AI$6:$AI$405,Registre!$C$6:$C$405,$B61)/$C61)","v":""},{"$f":"IF($B61=\"\",\"\",COUNTIF(Registre!$C$6:$C$405,$B61))","v":""},{"$f":"IF($B61=\"\",\"\",SUMPRODUCT((Registre!$C$6:$C$405=$B61)*(Registre!$T$6:$T$405<>\"\")*(Registre!$T$6:$T$405<>\"Conforme\")))","v":""},{"$f":"IF($B61=\"\",\"\",IF($N61=0,\"Aucun apport\",IF($F61=\"\",\"PPF à renseigner\",IF($I61>$F61+0.5,\"Au-delà du PPF\",IF($O61>0,\"Apports à vérifier\",\"Conforme\")))))","v":""}]
[null,{"$f":"IF(Îlots!$C39=\"\",\"\",Îlots!$C39)","v":""},{"$f":"IF($B62=\"\",\"\",N(Îlots!$D39))","v":""},{"$f":"IF($B62=\"\",\"\",Îlots!$N39&\"\")","v":""},{"$f":"IF($B62=\"\",\"\",Îlots!$F39&\"\")","v":""},{"$f":"IF(OR($B62=\"\",Îlots!$S39=\"\"),\"\",Îlots!$S39)","v":""},{"$f":"IF(OR($B62=\"\",N($C62)=0),\"\",SUMIFS(Registre!$P$6:$P$405,Registre!$C$6:$C$405,$B62,Registre!$AF$6:$AF$405,\"Organique\")/$C62)","v":""},{"$f":"IF(OR($B62=\"\",N($C62)=0),\"\",SUMIFS(Registre!$P$6:$P$405,Registre!$C$6:$C$405,$B62,Registre!$AF$6:$AF$405,\"Minéral\")/$C62)","v":""},{"$f":"IF(OR($B62=\"\",N($C62)=0),\"\",SUMIFS(Registre!$AG$6:$AG$405,Registre!$C$6:$C$405,$B62)/$C62)","v":""},"","",{"$f":"IF(OR($B62=\"\",N($C62)=0),\"\",SUMIFS(Registre!$AH$6:$AH$405,Registre!$C$6:$C$405,$B62)/$C62)","v":""},{"$f":"IF(OR($B62=\"\",N($C62)=0),\"\",SUMIFS(Registre!$AI$6:$AI$405,Registre!$C$6:$C$405,$B62)/$C62)","v":""},{"$f":"IF($B62=\"\",\"\",COUNTIF(Registre!$C$6:$C$405,$B62))","v":""},{"$f":"IF($B62=\"\",\"\",SUMPRODUCT((Registre!$C$6:$C$405=$B62)*(Registre!$T$6:$T$405<>\"\")*(Registre!$T$6:$T$405<>\"Conforme\")))","v":""},""]
[null,{"$f":"IF(Îlots!$C40=\"\",\"\",Îlots!$C40)","v":""},{"$f":"IF($B63=\"\",\"\",N(Îlots!$D40))","v":""},{"$f":"IF($B63=\"\",\"\",Îlots!$N40&\"\")","v":""},{"$f":"IF($B63=\"\",\"\",Îlots!$F40&\"\")","v":""},{"$f":"IF(OR($B63=\"\",Îlots!$S40=\"\"),\"\",Îlots!$S40)","v":""},{"$f":"IF(OR($B63=\"\",N($C63)=0),\"\",SUMIFS(Registre!$P$6:$P$405,Registre!$C$6:$C$405,$B63,Registre!$AF$6:$AF$405,\"Organique\")/$C63)","v":""},{"$f":"IF(OR($B63=\"\",N($C63)=0),\"\",SUMIFS(Registre!$P$6:$P$405,Registre!$C$6:$C$405,$B63,Registre!$AF$6:$AF$405,\"Minéral\")/$C63)","v":""},{"$f":"IF(OR($B63=\"\",N($C63)=0),\"\",SUMIFS(Registre!$AG$6:$AG$405,Registre!$C$6:$C$405,$B63)/$C63)","v":""},"","",{"$f":"IF(OR($B63=\"\",N($C63)=0),\"\",SUMIFS(Registre!$AH$6:$AH$405,Registre!$C$6:$C$405,$B63)/$C63)","v":""},{"$f":"IF(OR($B63=\"\",N($C63)=0),\"\",SUMIFS(Registre!$AI$6:$AI$405,Registre!$C$6:$C$405,$B63)/$C63)","v":""},{"$f":"IF($B63=\"\",\"\",COUNTIF(Registre!$C$6:$C$405,$B63))","v":""},{"$f":"IF($B63=\"\",\"\",SUMPRODUCT((Registre!$C$6:$C$405=$B63)*(Registre!$T$6:$T$405<>\"\")*(Registre!$T$6:$T$405<>\"Conforme\")))","v":""},""]
[null,{"$f":"IF(Îlots!$C41=\"\",\"\",Îlots!$C41)","v":""},{"$f":"IF($B64=\"\",\"\",N(Îlots!$D41))","v":""},{"$f":"IF($B64=\"\",\"\",Îlots!$N41&\"\")","v":""},{"$f":"IF($B64=\"\",\"\",Îlots!$F41&\"\")","v":""},{"$f":"IF(OR($B64=\"\",Îlots!$S41=\"\"),\"\",Îlots!$S41)","v":""},{"$f":"IF(OR($B64=\"\",N($C64)=0),\"\",SUMIFS(Registre!$P$6:$P$405,Registre!$C$6:$C$405,$B64,Registre!$AF$6:$AF$405,\"Organique\")/$C64)","v":""},{"$f":"IF(OR($B64=\"\",N($C64)=0),\"\",SUMIFS(Registre!$P$6:$P$405,Registre!$C$6:$C$405,$B64,Registre!$AF$6:$AF$405,\"Minéral\")/$C64)","v":""},{"$f":"IF(OR($B64=\"\",N($C64)=0),\"\",SUMIFS(Registre!$AG$6:$AG$405,Registre!$C$6:$C$405,$B64)/$C64)","v":""},"","",{"$f":"IF(OR($B64=\"\",N($C64)=0),\"\",SUMIFS(Registre!$AH$6:$AH$405,Registre!$C$6:$C$405,$B64)/$C64)","v":""},{"$f":"IF(OR($B64=\"\",N($C64)=0),\"\",SUMIFS(Registre!$AI$6:$AI$405,Registre!$C$6:$C$405,$B64)/$C64)","v":""},{"$f":"IF($B64=\"\",\"\",COUNTIF(Registre!$C$6:$C$405,$B64))","v":""},{"$f":"IF($B64=\"\",\"\",SUMPRODUCT((Registre!$C$6:$C$405=$B64)*(Registre!$T$6:$T$405<>\"\")*(Registre!$T$6:$T$405<>\"Conforme\")))","v":""},""]
[null,{"$f":"IF(Îlots!$C42=\"\",\"\",Îlots!$C42)","v":""},{"$f":"IF($B65=\"\",\"\",N(Îlots!$D42))","v":""},{"$f":"IF($B65=\"\",\"\",Îlots!$N42&\"\")","v":""},{"$f":"IF($B65=\"\",\"\",Îlots!$F42&\"\")","v":""},{"$f":"IF(OR($B65=\"\",Îlots!$S42=\"\"),\"\",Îlots!$S42)","v":""},{"$f":"IF(OR($B65=\"\",N($C65)=0),\"\",SUMIFS(Registre!$P$6:$P$405,Registre!$C$6:$C$405,$B65,Registre!$AF$6:$AF$405,\"Organique\")/$C65)","v":""},{"$f":"IF(OR($B65=\"\",N($C65)=0),\"\",SUMIFS(Registre!$P$6:$P$405,Registre!$C$6:$C$405,$B65,Registre!$AF$6:$AF$405,\"Minéral\")/$C65)","v":""},{"$f":"IF(OR($B65=\"\",N($C65)=0),\"\",SUMIFS(Registre!$AG$6:$AG$405,Registre!$C$6:$C$405,$B65)/$C65)","v":""},"","",{"$f":"IF(OR($B65=\"\",N($C65)=0),\"\",SUMIFS(Registre!$AH$6:$AH$405,Registre!$C$6:$C$405,$B65)/$C65)","v":""},{"$f":"IF(OR($B65=\"\",N($C65)=0),\"\",SUMIFS(Registre!$AI$6:$AI$405,Registre!$C$6:$C$405,$B65)/$C65)","v":""},{"$f":"IF($B65=\"\",\"\",COUNTIF(Registre!$C$6:$C$405,$B65))","v":""},{"$f":"IF($B65=\"\",\"\",SUMPRODUCT((Registre!$C$6:$C$405=$B65)*(Registre!$T$6:$T$405<>\"\")*(Registre!$T$6:$T$405<>\"Conforme\")))","v":""},""]
[null,{"$f":"IF(Îlots!$C43=\"\",\"\",Îlots!$C43)","v":""},{"$f":"IF($B66=\"\",\"\",N(Îlots!$D43))","v":""},{"$f":"IF($B66=\"\",\"\",Îlots!$N43&\"\")","v":""},{"$f":"IF($B66=\"\",\"\",Îlots!$F43&\"\")","v":""},{"$f":"IF(OR($B66=\"\",Îlots!$S43=\"\"),\"\",Îlots!$S43)","v":""},{"$f":"IF(OR($B66=\"\",N($C66)=0),\"\",SUMIFS(Registre!$P$6:$P$405,Registre!$C$6:$C$405,$B66,Registre!$AF$6:$AF$405,\"Organique\")/$C66)","v":""},{"$f":"IF(OR($B66=\"\",N($C66)=0),\"\",SUMIFS(Registre!$P$6:$P$405,Registre!$C$6:$C$405,$B66,Registre!$AF$6:$AF$405,\"Minéral\")/$C66)","v":""},{"$f":"IF(OR($B66=\"\",N($C66)=0),\"\",SUMIFS(Registre!$AG$6:$AG$405,Registre!$C$6:$C$405,$B66)/$C66)","v":""},"","",{"$f":"IF(OR($B66=\"\",N($C66)=0),\"\",SUMIFS(Registre!$AH$6:$AH$405,Registre!$C$6:$C$405,$B66)/$C66)","v":""},{"$f":"IF(OR($B66=\"\",N($C66)=0),\"\",SUMIFS(Registre!$AI$6:$AI$405,Registre!$C$6:$C$405,$B66)/$C66)","v":""},{"$f":"IF($B66=\"\",\"\",COUNTIF(Registre!$C$6:$C$405,$B66))","v":""},{"$f":"IF($B66=\"\",\"\",SUMPRODUCT((Registre!$C$6:$C$405=$B66)*(Registre!$T$6:$T$405<>\"\")*(Registre!$T$6:$T$405<>\"Conforme\")))","v":""},""]
[null,{"$f":"IF(Îlots!$C44=\"\",\"\",Îlots!$C44)","v":""},{"$f":"IF($B67=\"\",\"\",N(Îlots!$D44))","v":""},{"$f":"IF($B67=\"\",\"\",Îlots!$N44&\"\")","v":""},{"$f":"IF($B67=\"\",\"\",Îlots!$F44&\"\")","v":""},{"$f":"IF(OR($B67=\"\",Îlots!$S44=\"\"),\"\",Îlots!$S44)","v":""},{"$f":"IF(OR($B67=\"\",N($C67)=0),\"\",SUMIFS(Registre!$P$6:$P$405,Registre!$C$6:$C$405,$B67,Registre!$AF$6:$AF$405,\"Organique\")/$C67)","v":""},{"$f":"IF(OR($B67=\"\",N($C67)=0),\"\",SUMIFS(Registre!$P$6:$P$405,Registre!$C$6:$C$405,$B67,Registre!$AF$6:$AF$405,\"Minéral\")/$C67)","v":""},{"$f":"IF(OR($B67=\"\",N($C67)=0),\"\",SUMIFS(Registre!$AG$6:$AG$405,Registre!$C$6:$C$405,$B67)/$C67)","v":""},"","",{"$f":"IF(OR($B67=\"\",N($C67)=0),\"\",SUMIFS(Registre!$AH$6:$AH$405,Registre!$C$6:$C$405,$B67)/$C67)","v":""},{"$f":"IF(OR($B67=\"\",N($C67)=0),\"\",SUMIFS(Registre!$AI$6:$AI$405,Registre!$C$6:$C$405,$B67)/$C67)","v":""},{"$f":"IF($B67=\"\",\"\",COUNTIF(Registre!$C$6:$C$405,$B67))","v":""},{"$f":"IF($B67=\"\",\"\",SUMPRODUCT((Registre!$C$6:$C$405=$B67)*(Registre!$T$6:$T$405<>\"\")*(Registre!$T$6:$T$405<>\"Conforme\")))","v":""},""]
[null,{"$f":"IF(Îlots!$C45=\"\",\"\",Îlots!$C45)","v":""},{"$f":"IF($B68=\"\",\"\",N(Îlots!$D45))","v":""},{"$f":"IF($B68=\"\",\"\",Îlots!$N45&\"\")","v":""},{"$f":"IF($B68=\"\",\"\",Îlots!$F45&\"\")","v":""},{"$f":"IF(OR($B68=\"\",Îlots!$S45=\"\"),\"\",Îlots!$S45)","v":""},{"$f":"IF(OR($B68=\"\",N($C68)=0),\"\",SUMIFS(Registre!$P$6:$P$405,Registre!$C$6:$C$405,$B68,Registre!$AF$6:$AF$405,\"Organique\")/$C68)","v":""},{"$f":"IF(OR($B68=\"\",N($C68)=0),\"\",SUMIFS(Registre!$P$6:$P$405,Registre!$C$6:$C$405,$B68,Registre!$AF$6:$AF$405,\"Minéral\")/$C68)","v":""},{"$f":"IF(OR($B68=\"\",N($C68)=0),\"\",SUMIFS(Registre!$AG$6:$AG$405,Registre!$C$6:$C$405,$B68)/$C68)","v":""},"","",{"$f":"IF(OR($B68=\"\",N($C68)=0),\"\",SUMIFS(Registre!$AH$6:$AH$405,Registre!$C$6:$C$405,$B68)/$C68)","v":""},{"$f":"IF(OR($B68=\"\",N($C68)=0),\"\",SUMIFS(Registre!$AI$6:$AI$405,Registre!$C$6:$C$405,$B68)/$C68)","v":""},{"$f":"IF($B68=\"\",\"\",COUNTIF(Registre!$C$6:$C$405,$B68))","v":""},{"$f":"IF($B68=\"\",\"\",SUMPRODUCT((Registre!$C$6:$C$405=$B68)*(Registre!$T$6:$T$405<>\"\")*(Registre!$T$6:$T$405<>\"Conforme\")))","v":""},""]
[null,{"$f":"IF(Îlots!$C46=\"\",\"\",Îlots!$C46)","v":""},{"$f":"IF($B69=\"\",\"\",N(Îlots!$D46))","v":""},{"$f":"IF($B69=\"\",\"\",Îlots!$N46&\"\")","v":""},{"$f":"IF($B69=\"\",\"\",Îlots!$F46&\"\")","v":""},{"$f":"IF(OR($B69=\"\",Îlots!$S46=\"\"),\"\",Îlots!$S46)","v":""},{"$f":"IF(OR($B69=\"\",N($C69)=0),\"\",SUMIFS(Registre!$P$6:$P$405,Registre!$C$6:$C$405,$B69,Registre!$AF$6:$AF$405,\"Organique\")/$C69)","v":""},{"$f":"IF(OR($B69=\"\",N($C69)=0),\"\",SUMIFS(Registre!$P$6:$P$405,Registre!$C$6:$C$405,$B69,Registre!$AF$6:$AF$405,\"Minéral\")/$C69)","v":""},{"$f":"IF(OR($B69=\"\",N($C69)=0),\"\",SUMIFS(Registre!$AG$6:$AG$405,Registre!$C$6:$C$405,$B69)/$C69)","v":""},"","",{"$f":"IF(OR($B69=\"\",N($C69)=0),\"\",SUMIFS(Registre!$AH$6:$AH$405,Registre!$C$6:$C$405,$B69)/$C69)","v":""},{"$f":"IF(OR($B69=\"\",N($C69)=0),\"\",SUMIFS(Registre!$AI$6:$AI$405,Registre!$C$6:$C$405,$B69)/$C69)","v":""},{"$f":"IF($B69=\"\",\"\",COUNTIF(Registre!$C$6:$C$405,$B69))","v":""},{"$f":"IF($B69=\"\",\"\",SUMPRODUCT((Registre!$C$6:$C$405=$B69)*(Registre!$T$6:$T$405<>\"\")*(Registre!$T$6:$T$405<>\"Conforme\")))","v":""},""]
[null,{"$f":"IF(Îlots!$C47=\"\",\"\",Îlots!$C47)","v":""},{"$f":"IF($B70=\"\",\"\",N(Îlots!$D47))","v":""},{"$f":"IF($B70=\"\",\"\",Îlots!$N47&\"\")","v":""},{"$f":"IF($B70=\"\",\"\",Îlots!$F47&\"\")","v":""},{"$f":"IF(OR($B70=\"\",Îlots!$S47=\"\"),\"\",Îlots!$S47)","v":""},{"$f":"IF(OR($B70=\"\",N($C70)=0),\"\",SUMIFS(Registre!$P$6:$P$405,Registre!$C$6:$C$405,$B70,Registre!$AF$6:$AF$405,\"Organique\")/$C70)","v":""},{"$f":"IF(OR($B70=\"\",N($C70)=0),\"\",SUMIFS(Registre!$P$6:$P$405,Registre!$C$6:$C$405,$B70,Registre!$AF$6:$AF$405,\"Minéral\")/$C70)","v":""},{"$f":"IF(OR($B70=\"\",N($C70)=0),\"\",SUMIFS(Registre!$AG$6:$AG$405,Registre!$C$6:$C$405,$B70)/$C70)","v":""},"","",{"$f":"IF(OR($B70=\"\",N($C70)=0),\"\",SUMIFS(Registre!$AH$6:$AH$405,Registre!$C$6:$C$405,$B70)/$C70)","v":""},{"$f":"IF(OR($B70=\"\",N($C70)=0),\"\",SUMIFS(Registre!$AI$6:$AI$405,Registre!$C$6:$C$405,$B70)/$C70)","v":""},{"$f":"IF($B70=\"\",\"\",COUNTIF(Registre!$C$6:$C$405,$B70))","v":""},{"$f":"IF($B70=\"\",\"\",SUMPRODUCT((Registre!$C$6:$C$405=$B70)*(Registre!$T$6:$T$405<>\"\")*(Registre!$T$6:$T$405<>\"Conforme\")))","v":""},""]
[null,{"$f":"IF(Îlots!$C48=\"\",\"\",Îlots!$C48)","v":""},{"$f":"IF($B71=\"\",\"\",N(Îlots!$D48))","v":""},{"$f":"IF($B71=\"\",\"\",Îlots!$N48&\"\")","v":""},{"$f":"IF($B71=\"\",\"\",Îlots!$F48&\"\")","v":""},{"$f":"IF(OR($B71=\"\",Îlots!$S48=\"\"),\"\",Îlots!$S48)","v":""},{"$f":"IF(OR($B71=\"\",N($C71)=0),\"\",SUMIFS(Registre!$P$6:$P$405,Registre!$C$6:$C$405,$B71,Registre!$AF$6:$AF$405,\"Organique\")/$C71)","v":""},{"$f":"IF(OR($B71=\"\",N($C71)=0),\"\",SUMIFS(Registre!$P$6:$P$405,Registre!$C$6:$C$405,$B71,Registre!$AF$6:$AF$405,\"Minéral\")/$C71)","v":""},{"$f":"IF(OR($B71=\"\",N($C71)=0),\"\",SUMIFS(Registre!$AG$6:$AG$405,Registre!$C$6:$C$405,$B71)/$C71)","v":""},"","",{"$f":"IF(OR($B71=\"\",N($C71)=0),\"\",SUMIFS(Registre!$AH$6:$AH$405,Registre!$C$6:$C$405,$B71)/$C71)","v":""},{"$f":"IF(OR($B71=\"\",N($C71)=0),\"\",SUMIFS(Registre!$AI$6:$AI$405,Registre!$C$6:$C$405,$B71)/$C71)","v":""},{"$f":"IF($B71=\"\",\"\",COUNTIF(Registre!$C$6:$C$405,$B71))","v":""},{"$f":"IF($B71=\"\",\"\",SUMPRODUCT((Registre!$C$6:$C$405=$B71)*(Registre!$T$6:$T$405<>\"\")*(Registre!$T$6:$T$405<>\"Conforme\")))","v":""},""]
[null,{"$f":"IF(Îlots!$C49=\"\",\"\",Îlots!$C49)","v":""},{"$f":"IF($B72=\"\",\"\",N(Îlots!$D49))","v":""},{"$f":"IF($B72=\"\",\"\",Îlots!$N49&\"\")","v":""},{"$f":"IF($B72=\"\",\"\",Îlots!$F49&\"\")","v":""},{"$f":"IF(OR($B72=\"\",Îlots!$S49=\"\"),\"\",Îlots!$S49)","v":""},{"$f":"IF(OR($B72=\"\",N($C72)=0),\"\",SUMIFS(Registre!$P$6:$P$405,Registre!$C$6:$C$405,$B72,Registre!$AF$6:$AF$405,\"Organique\")/$C72)","v":""},{"$f":"IF(OR($B72=\"\",N($C72)=0),\"\",SUMIFS(Registre!$P$6:$P$405,Registre!$C$6:$C$405,$B72,Registre!$AF$6:$AF$405,\"Minéral\")/$C72)","v":""},{"$f":"IF(OR($B72=\"\",N($C72)=0),\"\",SUMIFS(Registre!$AG$6:$AG$405,Registre!$C$6:$C$405,$B72)/$C72)","v":""},"","",{"$f":"IF(OR($B72=\"\",N($C72)=0),\"\",SUMIFS(Registre!$AH$6:$AH$405,Registre!$C$6:$C$405,$B72)/$C72)","v":""},{"$f":"IF(OR($B72=\"\",N($C72)=0),\"\",SUMIFS(Registre!$AI$6:$AI$405,Registre!$C$6:$C$405,$B72)/$C72)","v":""},{"$f":"IF($B72=\"\",\"\",COUNTIF(Registre!$C$6:$C$405,$B72))","v":""},{"$f":"IF($B72=\"\",\"\",SUMPRODUCT((Registre!$C$6:$C$405=$B72)*(Registre!$T$6:$T$405<>\"\")*(Registre!$T$6:$T$405<>\"Conforme\")))","v":""},""]
[null,{"$f":"IF(Îlots!$C50=\"\",\"\",Îlots!$C50)","v":""},{"$f":"IF($B73=\"\",\"\",N(Îlots!$D50))","v":""},{"$f":"IF($B73=\"\",\"\",Îlots!$N50&\"\")","v":""},{"$f":"IF($B73=\"\",\"\",Îlots!$F50&\"\")","v":""},{"$f":"IF(OR($B73=\"\",Îlots!$S50=\"\"),\"\",Îlots!$S50)","v":""},{"$f":"IF(OR($B73=\"\",N($C73)=0),\"\",SUMIFS(Registre!$P$6:$P$405,Registre!$C$6:$C$405,$B73,Registre!$AF$6:$AF$405,\"Organique\")/$C73)","v":""},{"$f":"IF(OR($B73=\"\",N($C73)=0),\"\",SUMIFS(Registre!$P$6:$P$405,Registre!$C$6:$C$405,$B73,Registre!$AF$6:$AF$405,\"Minéral\")/$C73)","v":""},{"$f":"IF(OR($B73=\"\",N($C73)=0),\"\",SUMIFS(Registre!$AG$6:$AG$405,Registre!$C$6:$C$405,$B73)/$C73)","v":""},"","",{"$f":"IF(OR($B73=\"\",N($C73)=0),\"\",SUMIFS(Registre!$AH$6:$AH$405,Registre!$C$6:$C$405,$B73)/$C73)","v":""},{"$f":"IF(OR($B73=\"\",N($C73)=0),\"\",SUMIFS(Registre!$AI$6:$AI$405,Registre!$C$6:$C$405,$B73)/$C73)","v":""},{"$f":"IF($B73=\"\",\"\",COUNTIF(Registre!$C$6:$C$405,$B73))","v":""},{"$f":"IF($B73=\"\",\"\",SUMPRODUCT((Registre!$C$6:$C$405=$B73)*(Registre!$T$6:$T$405<>\"\")*(Registre!$T$6:$T$405<>\"Conforme\")))","v":""},""]
[null,{"$f":"IF(Îlots!$C51=\"\",\"\",Îlots!$C51)","v":""},{"$f":"IF($B74=\"\",\"\",N(Îlots!$D51))","v":""},{"$f":"IF($B74=\"\",\"\",Îlots!$N51&\"\")","v":""},{"$f":"IF($B74=\"\",\"\",Îlots!$F51&\"\")","v":""},{"$f":"IF(OR($B74=\"\",Îlots!$S51=\"\"),\"\",Îlots!$S51)","v":""},{"$f":"IF(OR($B74=\"\",N($C74)=0),\"\",SUMIFS(Registre!$P$6:$P$405,Registre!$C$6:$C$405,$B74,Registre!$AF$6:$AF$405,\"Organique\")/$C74)","v":""},{"$f":"IF(OR($B74=\"\",N($C74)=0),\"\",SUMIFS(Registre!$P$6:$P$405,Registre!$C$6:$C$405,$B74,Registre!$AF$6:$AF$405,\"Minéral\")/$C74)","v":""},{"$f":"IF(OR($B74=\"\",N($C74)=0),\"\",SUMIFS(Registre!$AG$6:$AG$405,Registre!$C$6:$C$405,$B74)/$C74)","v":""},"","",{"$f":"IF(OR($B74=\"\",N($C74)=0),\"\",SUMIFS(Registre!$AH$6:$AH$405,Registre!$C$6:$C$405,$B74)/$C74)","v":""},{"$f":"IF(OR($B74=\"\",N($C74)=0),\"\",SUMIFS(Registre!$AI$6:$AI$405,Registre!$C$6:$C$405,$B74)/$C74)","v":""},{"$f":"IF($B74=\"\",\"\",COUNTIF(Registre!$C$6:$C$405,$B74))","v":""},{"$f":"IF($B74=\"\",\"\",SUMPRODUCT((Registre!$C$6:$C$405=$B74)*(Registre!$T$6:$T$405<>\"\")*(Registre!$T$6:$T$405<>\"Conforme\")))","v":""},""]
[null,{"$f":"IF(Îlots!$C52=\"\",\"\",Îlots!$C52)","v":""},{"$f":"IF($B75=\"\",\"\",N(Îlots!$D52))","v":""},{"$f":"IF($B75=\"\",\"\",Îlots!$N52&\"\")","v":""},{"$f":"IF($B75=\"\",\"\",Îlots!$F52&\"\")","v":""},{"$f":"IF(OR($B75=\"\",Îlots!$S52=\"\"),\"\",Îlots!$S52)","v":""},{"$f":"IF(OR($B75=\"\",N($C75)=0),\"\",SUMIFS(Registre!$P$6:$P$405,Registre!$C$6:$C$405,$B75,Registre!$AF$6:$AF$405,\"Organique\")/$C75)","v":""},{"$f":"IF(OR($B75=\"\",N($C75)=0),\"\",SUMIFS(Registre!$P$6:$P$405,Registre!$C$6:$C$405,$B75,Registre!$AF$6:$AF$405,\"Minéral\")/$C75)","v":""},{"$f":"IF(OR($B75=\"\",N($C75)=0),\"\",SUMIFS(Registre!$AG$6:$AG$405,Registre!$C$6:$C$405,$B75)/$C75)","v":""},"","",{"$f":"IF(OR($B75=\"\",N($C75)=0),\"\",SUMIFS(Registre!$AH$6:$AH$405,Registre!$C$6:$C$405,$B75)/$C75)","v":""},{"$f":"IF(OR($B75=\"\",N($C75)=0),\"\",SUMIFS(Registre!$AI$6:$AI$405,Registre!$C$6:$C$405,$B75)/$C75)","v":""},{"$f":"IF($B75=\"\",\"\",COUNTIF(Registre!$C$6:$C$405,$B75))","v":""},{"$f":"IF($B75=\"\",\"\",SUMPRODUCT((Registre!$C$6:$C$405=$B75)*(Registre!$T$6:$T$405<>\"\")*(Registre!$T$6:$T$405<>\"Conforme\")))","v":""},""]
[null,{"$f":"IF(Îlots!$C53=\"\",\"\",Îlots!$C53)","v":""},{"$f":"IF($B76=\"\",\"\",N(Îlots!$D53))","v":""},{"$f":"IF($B76=\"\",\"\",Îlots!$N53&\"\")","v":""},{"$f":"IF($B76=\"\",\"\",Îlots!$F53&\"\")","v":""},{"$f":"IF(OR($B76=\"\",Îlots!$S53=\"\"),\"\",Îlots!$S53)","v":""},{"$f":"IF(OR($B76=\"\",N($C76)=0),\"\",SUMIFS(Registre!$P$6:$P$405,Registre!$C$6:$C$405,$B76,Registre!$AF$6:$AF$405,\"Organique\")/$C76)","v":""},{"$f":"IF(OR($B76=\"\",N($C76)=0),\"\",SUMIFS(Registre!$P$6:$P$405,Registre!$C$6:$C$405,$B76,Registre!$AF$6:$AF$405,\"Minéral\")/$C76)","v":""},{"$f":"IF(OR($B76=\"\",N($C76)=0),\"\",SUMIFS(Registre!$AG$6:$AG$405,Registre!$C$6:$C$405,$B76)/$C76)","v":""},"","",{"$f":"IF(OR($B76=\"\",N($C76)=0),\"\",SUMIFS(Registre!$AH$6:$AH$405,Registre!$C$6:$C$405,$B76)/$C76)","v":""},{"$f":"IF(OR($B76=\"\",N($C76)=0),\"\",SUMIFS(Registre!$AI$6:$AI$405,Registre!$C$6:$C$405,$B76)/$C76)","v":""},{"$f":"IF($B76=\"\",\"\",COUNTIF(Registre!$C$6:$C$405,$B76))","v":""},{"$f":"IF($B76=\"\",\"\",SUMPRODUCT((Registre!$C$6:$C$405=$B76)*(Registre!$T$6:$T$405<>\"\")*(Registre!$T$6:$T$405<>\"Conforme\")))","v":""},""]
[null,{"$f":"IF(Îlots!$C54=\"\",\"\",Îlots!$C54)","v":""},{"$f":"IF($B77=\"\",\"\",N(Îlots!$D54))","v":""},{"$f":"IF($B77=\"\",\"\",Îlots!$N54&\"\")","v":""},{"$f":"IF($B77=\"\",\"\",Îlots!$F54&\"\")","v":""},{"$f":"IF(OR($B77=\"\",Îlots!$S54=\"\"),\"\",Îlots!$S54)","v":""},{"$f":"IF(OR($B77=\"\",N($C77)=0),\"\",SUMIFS(Registre!$P$6:$P$405,Registre!$C$6:$C$405,$B77,Registre!$AF$6:$AF$405,\"Organique\")/$C77)","v":""},{"$f":"IF(OR($B77=\"\",N($C77)=0),\"\",SUMIFS(Registre!$P$6:$P$405,Registre!$C$6:$C$405,$B77,Registre!$AF$6:$AF$405,\"Minéral\")/$C77)","v":""},{"$f":"IF(OR($B77=\"\",N($C77)=0),\"\",SUMIFS(Registre!$AG$6:$AG$405,Registre!$C$6:$C$405,$B77)/$C77)","v":""},"","",{"$f":"IF(OR($B77=\"\",N($C77)=0),\"\",SUMIFS(Registre!$AH$6:$AH$405,Registre!$C$6:$C$405,$B77)/$C77)","v":""},{"$f":"IF(OR($B77=\"\",N($C77)=0),\"\",SUMIFS(Registre!$AI$6:$AI$405,Registre!$C$6:$C$405,$B77)/$C77)","v":""},{"$f":"IF($B77=\"\",\"\",COUNTIF(Registre!$C$6:$C$405,$B77))","v":""},{"$f":"IF($B77=\"\",\"\",SUMPRODUCT((Registre!$C$6:$C$405=$B77)*(Registre!$T$6:$T$405<>\"\")*(Registre!$T$6:$T$405<>\"Conforme\")))","v":""},""]
[null,{"$f":"IF(Îlots!$C55=\"\",\"\",Îlots!$C55)","v":""},{"$f":"IF($B78=\"\",\"\",N(Îlots!$D55))","v":""},{"$f":"IF($B78=\"\",\"\",Îlots!$N55&\"\")","v":""},{"$f":"IF($B78=\"\",\"\",Îlots!$F55&\"\")","v":""},{"$f":"IF(OR($B78=\"\",Îlots!$S55=\"\"),\"\",Îlots!$S55)","v":""},{"$f":"IF(OR($B78=\"\",N($C78)=0),\"\",SUMIFS(Registre!$P$6:$P$405,Registre!$C$6:$C$405,$B78,Registre!$AF$6:$AF$405,\"Organique\")/$C78)","v":""},{"$f":"IF(OR($B78=\"\",N($C78)=0),\"\",SUMIFS(Registre!$P$6:$P$405,Registre!$C$6:$C$405,$B78,Registre!$AF$6:$AF$405,\"Minéral\")/$C78)","v":""},{"$f":"IF(OR($B78=\"\",N($C78)=0),\"\",SUMIFS(Registre!$AG$6:$AG$405,Registre!$C$6:$C$405,$B78)/$C78)","v":""},"","",{"$f":"IF(OR($B78=\"\",N($C78)=0),\"\",SUMIFS(Registre!$AH$6:$AH$405,Registre!$C$6:$C$405,$B78)/$C78)","v":""},{"$f":"IF(OR($B78=\"\",N($C78)=0),\"\",SUMIFS(Registre!$AI$6:$AI$405,Registre!$C$6:$C$405,$B78)/$C78)","v":""},{"$f":"IF($B78=\"\",\"\",COUNTIF(Registre!$C$6:$C$405,$B78))","v":""},{"$f":"IF($B78=\"\",\"\",SUMPRODUCT((Registre!$C$6:$C$405=$B78)*(Registre!$T$6:$T$405<>\"\")*(Registre!$T$6:$T$405<>\"Conforme\")))","v":""},""]
[null,{"$f":"IF(Îlots!$C56=\"\",\"\",Îlots!$C56)","v":""},{"$f":"IF($B79=\"\",\"\",N(Îlots!$D56))","v":""},{"$f":"IF($B79=\"\",\"\",Îlots!$N56&\"\")","v":""},{"$f":"IF($B79=\"\",\"\",Îlots!$F56&\"\")","v":""},{"$f":"IF(OR($B79=\"\",Îlots!$S56=\"\"),\"\",Îlots!$S56)","v":""},{"$f":"IF(OR($B79=\"\",N($C79)=0),\"\",SUMIFS(Registre!$P$6:$P$405,Registre!$C$6:$C$405,$B79,Registre!$AF$6:$AF$405,\"Organique\")/$C79)","v":""},{"$f":"IF(OR($B79=\"\",N($C79)=0),\"\",SUMIFS(Registre!$P$6:$P$405,Registre!$C$6:$C$405,$B79,Registre!$AF$6:$AF$405,\"Minéral\")/$C79)","v":""},{"$f":"IF(OR($B79=\"\",N($C79)=0),\"\",SUMIFS(Registre!$AG$6:$AG$405,Registre!$C$6:$C$405,$B79)/$C79)","v":""},"","",{"$f":"IF(OR($B79=\"\",N($C79)=0),\"\",SUMIFS(Registre!$AH$6:$AH$405,Registre!$C$6:$C$405,$B79)/$C79)","v":""},{"$f":"IF(OR($B79=\"\",N($C79)=0),\"\",SUMIFS(Registre!$AI$6:$AI$405,Registre!$C$6:$C$405,$B79)/$C79)","v":""},{"$f":"IF($B79=\"\",\"\",COUNTIF(Registre!$C$6:$C$405,$B79))","v":""},{"$f":"IF($B79=\"\",\"\",SUMPRODUCT((Registre!$C$6:$C$405=$B79)*(Registre!$T$6:$T$405<>\"\")*(Registre!$T$6:$T$405<>\"Conforme\")))","v":""},""]
[null,{"$f":"IF(Îlots!$C57=\"\",\"\",Îlots!$C57)","v":""},{"$f":"IF($B80=\"\",\"\",N(Îlots!$D57))","v":""},{"$f":"IF($B80=\"\",\"\",Îlots!$N57&\"\")","v":""},{"$f":"IF($B80=\"\",\"\",Îlots!$F57&\"\")","v":""},{"$f":"IF(OR($B80=\"\",Îlots!$S57=\"\"),\"\",Îlots!$S57)","v":""},{"$f":"IF(OR($B80=\"\",N($C80)=0),\"\",SUMIFS(Registre!$P$6:$P$405,Registre!$C$6:$C$405,$B80,Registre!$AF$6:$AF$405,\"Organique\")/$C80)","v":""},{"$f":"IF(OR($B80=\"\",N($C80)=0),\"\",SUMIFS(Registre!$P$6:$P$405,Registre!$C$6:$C$405,$B80,Registre!$AF$6:$AF$405,\"Minéral\")/$C80)","v":""},{"$f":"IF(OR($B80=\"\",N($C80)=0),\"\",SUMIFS(Registre!$AG$6:$AG$405,Registre!$C$6:$C$405,$B80)/$C80)","v":""},"","",{"$f":"IF(OR($B80=\"\",N($C80)=0),\"\",SUMIFS(Registre!$AH$6:$AH$405,Registre!$C$6:$C$405,$B80)/$C80)","v":""},{"$f":"IF(OR($B80=\"\",N($C80)=0),\"\",SUMIFS(Registre!$AI$6:$AI$405,Registre!$C$6:$C$405,$B80)/$C80)","v":""},{"$f":"IF($B80=\"\",\"\",COUNTIF(Registre!$C$6:$C$405,$B80))","v":""},{"$f":"IF($B80=\"\",\"\",SUMPRODUCT((Registre!$C$6:$C$405=$B80)*(Registre!$T$6:$T$405<>\"\")*(Registre!$T$6:$T$405<>\"Conforme\")))","v":""},""]
[null,{"$f":"IF(Îlots!$C58=\"\",\"\",Îlots!$C58)","v":""},{"$f":"IF($B81=\"\",\"\",N(Îlots!$D58))","v":""},{"$f":"IF($B81=\"\",\"\",Îlots!$N58&\"\")","v":""},{"$f":"IF($B81=\"\",\"\",Îlots!$F58&\"\")","v":""},{"$f":"IF(OR($B81=\"\",Îlots!$S58=\"\"),\"\",Îlots!$S58)","v":""},{"$f":"IF(OR($B81=\"\",N($C81)=0),\"\",SUMIFS(Registre!$P$6:$P$405,Registre!$C$6:$C$405,$B81,Registre!$AF$6:$AF$405,\"Organique\")/$C81)","v":""},{"$f":"IF(OR($B81=\"\",N($C81)=0),\"\",SUMIFS(Registre!$P$6:$P$405,Registre!$C$6:$C$405,$B81,Registre!$AF$6:$AF$405,\"Minéral\")/$C81)","v":""},{"$f":"IF(OR($B81=\"\",N($C81)=0),\"\",SUMIFS(Registre!$AG$6:$AG$405,Registre!$C$6:$C$405,$B81)/$C81)","v":""},"","",{"$f":"IF(OR($B81=\"\",N($C81)=0),\"\",SUMIFS(Registre!$AH$6:$AH$405,Registre!$C$6:$C$405,$B81)/$C81)","v":""},{"$f":"IF(OR($B81=\"\",N($C81)=0),\"\",SUMIFS(Registre!$AI$6:$AI$405,Registre!$C$6:$C$405,$B81)/$C81)","v":""},{"$f":"IF($B81=\"\",\"\",COUNTIF(Registre!$C$6:$C$405,$B81))","v":""},{"$f":"IF($B81=\"\",\"\",SUMPRODUCT((Registre!$C$6:$C$405=$B81)*(Registre!$T$6:$T$405<>\"\")*(Registre!$T$6:$T$405<>\"Conforme\")))","v":""},""]
[null,{"$f":"IF(Îlots!$C59=\"\",\"\",Îlots!$C59)","v":""},{"$f":"IF($B82=\"\",\"\",N(Îlots!$D59))","v":""},{"$f":"IF($B82=\"\",\"\",Îlots!$N59&\"\")","v":""},{"$f":"IF($B82=\"\",\"\",Îlots!$F59&\"\")","v":""},{"$f":"IF(OR($B82=\"\",Îlots!$S59=\"\"),\"\",Îlots!$S59)","v":""},{"$f":"IF(OR($B82=\"\",N($C82)=0),\"\",SUMIFS(Registre!$P$6:$P$405,Registre!$C$6:$C$405,$B82,Registre!$AF$6:$AF$405,\"Organique\")/$C82)","v":""},{"$f":"IF(OR($B82=\"\",N($C82)=0),\"\",SUMIFS(Registre!$P$6:$P$405,Registre!$C$6:$C$405,$B82,Registre!$AF$6:$AF$405,\"Minéral\")/$C82)","v":""},{"$f":"IF(OR($B82=\"\",N($C82)=0),\"\",SUMIFS(Registre!$AG$6:$AG$405,Registre!$C$6:$C$405,$B82)/$C82)","v":""},"","",{"$f":"IF(OR($B82=\"\",N($C82)=0),\"\",SUMIFS(Registre!$AH$6:$AH$405,Registre!$C$6:$C$405,$B82)/$C82)","v":""},{"$f":"IF(OR($B82=\"\",N($C82)=0),\"\",SUMIFS(Registre!$AI$6:$AI$405,Registre!$C$6:$C$405,$B82)/$C82)","v":""},{"$f":"IF($B82=\"\",\"\",COUNTIF(Registre!$C$6:$C$405,$B82))","v":""},{"$f":"IF($B82=\"\",\"\",SUMPRODUCT((Registre!$C$6:$C$405=$B82)*(Registre!$T$6:$T$405<>\"\")*(Registre!$T$6:$T$405<>\"Conforme\")))","v":""},""]
[null,{"$f":"IF(Îlots!$C60=\"\",\"\",Îlots!$C60)","v":""},{"$f":"IF($B83=\"\",\"\",N(Îlots!$D60))","v":""},{"$f":"IF($B83=\"\",\"\",Îlots!$N60&\"\")","v":""},{"$f":"IF($B83=\"\",\"\",Îlots!$F60&\"\")","v":""},{"$f":"IF(OR($B83=\"\",Îlots!$S60=\"\"),\"\",Îlots!$S60)","v":""},{"$f":"IF(OR($B83=\"\",N($C83)=0),\"\",SUMIFS(Registre!$P$6:$P$405,Registre!$C$6:$C$405,$B83,Registre!$AF$6:$AF$405,\"Organique\")/$C83)","v":""},{"$f":"IF(OR($B83=\"\",N($C83)=0),\"\",SUMIFS(Registre!$P$6:$P$405,Registre!$C$6:$C$405,$B83,Registre!$AF$6:$AF$405,\"Minéral\")/$C83)","v":""},{"$f":"IF(OR($B83=\"\",N($C83)=0),\"\",SUMIFS(Registre!$AG$6:$AG$405,Registre!$C$6:$C$405,$B83)/$C83)","v":""},"","",{"$f":"IF(OR($B83=\"\",N($C83)=0),\"\",SUMIFS(Registre!$AH$6:$AH$405,Registre!$C$6:$C$405,$B83)/$C83)","v":""},{"$f":"IF(OR($B83=\"\",N($C83)=0),\"\",SUMIFS(Registre!$AI$6:$AI$405,Registre!$C$6:$C$405,$B83)/$C83)","v":""},{"$f":"IF($B83=\"\",\"\",COUNTIF(Registre!$C$6:$C$405,$B83))","v":""},{"$f":"IF($B83=\"\",\"\",SUMPRODUCT((Registre!$C$6:$C$405=$B83)*(Registre!$T$6:$T$405<>\"\")*(Registre!$T$6:$T$405<>\"Conforme\")))","v":""},""]
[null,{"$f":"IF(Îlots!$C61=\"\",\"\",Îlots!$C61)","v":""},{"$f":"IF($B84=\"\",\"\",N(Îlots!$D61))","v":""},{"$f":"IF($B84=\"\",\"\",Îlots!$N61&\"\")","v":""},{"$f":"IF($B84=\"\",\"\",Îlots!$F61&\"\")","v":""},{"$f":"IF(OR($B84=\"\",Îlots!$S61=\"\"),\"\",Îlots!$S61)","v":""},{"$f":"IF(OR($B84=\"\",N($C84)=0),\"\",SUMIFS(Registre!$P$6:$P$405,Registre!$C$6:$C$405,$B84,Registre!$AF$6:$AF$405,\"Organique\")/$C84)","v":""},{"$f":"IF(OR($B84=\"\",N($C84)=0),\"\",SUMIFS(Registre!$P$6:$P$405,Registre!$C$6:$C$405,$B84,Registre!$AF$6:$AF$405,\"Minéral\")/$C84)","v":""},{"$f":"IF(OR($B84=\"\",N($C84)=0),\"\",SUMIFS(Registre!$AG$6:$AG$405,Registre!$C$6:$C$405,$B84)/$C84)","v":""},"","",{"$f":"IF(OR($B84=\"\",N($C84)=0),\"\",SUMIFS(Registre!$AH$6:$AH$405,Registre!$C$6:$C$405,$B84)/$C84)","v":""},{"$f":"IF(OR($B84=\"\",N($C84)=0),\"\",SUMIFS(Registre!$AI$6:$AI$405,Registre!$C$6:$C$405,$B84)/$C84)","v":""},{"$f":"IF($B84=\"\",\"\",COUNTIF(Registre!$C$6:$C$405,$B84))","v":""},{"$f":"IF($B84=\"\",\"\",SUMPRODUCT((Registre!$C$6:$C$405=$B84)*(Registre!$T$6:$T$405<>\"\")*(Registre!$T$6:$T$405<>\"Conforme\")))","v":""},""]
[null,{"$f":"IF(Îlots!$C62=\"\",\"\",Îlots!$C62)","v":""},{"$f":"IF($B85=\"\",\"\",N(Îlots!$D62))","v":""},{"$f":"IF($B85=\"\",\"\",Îlots!$N62&\"\")","v":""},{"$f":"IF($B85=\"\",\"\",Îlots!$F62&\"\")","v":""},{"$f":"IF(OR($B85=\"\",Îlots!$S62=\"\"),\"\",Îlots!$S62)","v":""},{"$f":"IF(OR($B85=\"\",N($C85)=0),\"\",SUMIFS(Registre!$P$6:$P$405,Registre!$C$6:$C$405,$B85,Registre!$AF$6:$AF$405,\"Organique\")/$C85)","v":""},{"$f":"IF(OR($B85=\"\",N($C85)=0),\"\",SUMIFS(Registre!$P$6:$P$405,Registre!$C$6:$C$405,$B85,Registre!$AF$6:$AF$405,\"Minéral\")/$C85)","v":""},{"$f":"IF(OR($B85=\"\",N($C85)=0),\"\",SUMIFS(Registre!$AG$6:$AG$405,Registre!$C$6:$C$405,$B85)/$C85)","v":""},"","",{"$f":"IF(OR($B85=\"\",N($C85)=0),\"\",SUMIFS(Registre!$AH$6:$AH$405,Registre!$C$6:$C$405,$B85)/$C85)","v":""},{"$f":"IF(OR($B85=\"\",N($C85)=0),\"\",SUMIFS(Registre!$AI$6:$AI$405,Registre!$C$6:$C$405,$B85)/$C85)","v":""},{"$f":"IF($B85=\"\",\"\",COUNTIF(Registre!$C$6:$C$405,$B85))","v":""},{"$f":"IF($B85=\"\",\"\",SUMPRODUCT((Registre!$C$6:$C$405=$B85)*(Registre!$T$6:$T$405<>\"\")*(Registre!$T$6:$T$405<>\"Conforme\")))","v":""},""]
[null,{"$f":"IF(Îlots!$C63=\"\",\"\",Îlots!$C63)","v":""},{"$f":"IF($B86=\"\",\"\",N(Îlots!$D63))","v":""},{"$f":"IF($B86=\"\",\"\",Îlots!$N63&\"\")","v":""},{"$f":"IF($B86=\"\",\"\",Îlots!$F63&\"\")","v":""},{"$f":"IF(OR($B86=\"\",Îlots!$S63=\"\"),\"\",Îlots!$S63)","v":""},{"$f":"IF(OR($B86=\"\",N($C86)=0),\"\",SUMIFS(Registre!$P$6:$P$405,Registre!$C$6:$C$405,$B86,Registre!$AF$6:$AF$405,\"Organique\")/$C86)","v":""},{"$f":"IF(OR($B86=\"\",N($C86)=0),\"\",SUMIFS(Registre!$P$6:$P$405,Registre!$C$6:$C$405,$B86,Registre!$AF$6:$AF$405,\"Minéral\")/$C86)","v":""},{"$f":"IF(OR($B86=\"\",N($C86)=0),\"\",SUMIFS(Registre!$AG$6:$AG$405,Registre!$C$6:$C$405,$B86)/$C86)","v":""},"","",{"$f":"IF(OR($B86=\"\",N($C86)=0),\"\",SUMIFS(Registre!$AH$6:$AH$405,Registre!$C$6:$C$405,$B86)/$C86)","v":""},{"$f":"IF(OR($B86=\"\",N($C86)=0),\"\",SUMIFS(Registre!$AI$6:$AI$405,Registre!$C$6:$C$405,$B86)/$C86)","v":""},{"$f":"IF($B86=\"\",\"\",COUNTIF(Registre!$C$6:$C$405,$B86))","v":""},{"$f":"IF($B86=\"\",\"\",SUMPRODUCT((Registre!$C$6:$C$405=$B86)*(Registre!$T$6:$T$405<>\"\")*(Registre!$T$6:$T$405<>\"Conforme\")))","v":""},""]
[null,{"$f":"IF(Îlots!$C64=\"\",\"\",Îlots!$C64)","v":""},{"$f":"IF($B87=\"\",\"\",N(Îlots!$D64))","v":""},{"$f":"IF($B87=\"\",\"\",Îlots!$N64&\"\")","v":""},{"$f":"IF($B87=\"\",\"\",Îlots!$F64&\"\")","v":""},{"$f":"IF(OR($B87=\"\",Îlots!$S64=\"\"),\"\",Îlots!$S64)","v":""},{"$f":"IF(OR($B87=\"\",N($C87)=0),\"\",SUMIFS(Registre!$P$6:$P$405,Registre!$C$6:$C$405,$B87,Registre!$AF$6:$AF$405,\"Organique\")/$C87)","v":""},{"$f":"IF(OR($B87=\"\",N($C87)=0),\"\",SUMIFS(Registre!$P$6:$P$405,Registre!$C$6:$C$405,$B87,Registre!$AF$6:$AF$405,\"Minéral\")/$C87)","v":""},{"$f":"IF(OR($B87=\"\",N($C87)=0),\"\",SUMIFS(Registre!$AG$6:$AG$405,Registre!$C$6:$C$405,$B87)/$C87)","v":""},"","",{"$f":"IF(OR($B87=\"\",N($C87)=0),\"\",SUMIFS(Registre!$AH$6:$AH$405,Registre!$C$6:$C$405,$B87)/$C87)","v":""},{"$f":"IF(OR($B87=\"\",N($C87)=0),\"\",SUMIFS(Registre!$AI$6:$AI$405,Registre!$C$6:$C$405,$B87)/$C87)","v":""},{"$f":"IF($B87=\"\",\"\",COUNTIF(Registre!$C$6:$C$405,$B87))","v":""},{"$f":"IF($B87=\"\",\"\",SUMPRODUCT((Registre!$C$6:$C$405=$B87)*(Registre!$T$6:$T$405<>\"\")*(Registre!$T$6:$T$405<>\"Conforme\")))","v":""},""]
[null,{"$f":"IF(Îlots!$C65=\"\",\"\",Îlots!$C65)","v":""},{"$f":"IF($B88=\"\",\"\",N(Îlots!$D65))","v":""},{"$f":"IF($B88=\"\",\"\",Îlots!$N65&\"\")","v":""},{"$f":"IF($B88=\"\",\"\",Îlots!$F65&\"\")","v":""},{"$f":"IF(OR($B88=\"\",Îlots!$S65=\"\"),\"\",Îlots!$S65)","v":""},{"$f":"IF(OR($B88=\"\",N($C88)=0),\"\",SUMIFS(Registre!$P$6:$P$405,Registre!$C$6:$C$405,$B88,Registre!$AF$6:$AF$405,\"Organique\")/$C88)","v":""},{"$f":"IF(OR($B88=\"\",N($C88)=0),\"\",SUMIFS(Registre!$P$6:$P$405,Registre!$C$6:$C$405,$B88,Registre!$AF$6:$AF$405,\"Minéral\")/$C88)","v":""},{"$f":"IF(OR($B88=\"\",N($C88)=0),\"\",SUMIFS(Registre!$AG$6:$AG$405,Registre!$C$6:$C$405,$B88)/$C88)","v":""},"","",{"$f":"IF(OR($B88=\"\",N($C88)=0),\"\",SUMIFS(Registre!$AH$6:$AH$405,Registre!$C$6:$C$405,$B88)/$C88)","v":""},{"$f":"IF(OR($B88=\"\",N($C88)=0),\"\",SUMIFS(Registre!$AI$6:$AI$405,Registre!$C$6:$C$405,$B88)/$C88)","v":""},{"$f":"IF($B88=\"\",\"\",COUNTIF(Registre!$C$6:$C$405,$B88))","v":""},{"$f":"IF($B88=\"\",\"\",SUMPRODUCT((Registre!$C$6:$C$405=$B88)*(Registre!$T$6:$T$405<>\"\")*(Registre!$T$6:$T$405<>\"Conforme\")))","v":""},""]

{"sheet":"Échanges et stockage","index":4,"n_rows":59,"n_cols":12,"rows_kept":59,"merged":[[3,0,3,1],[3,3,3,4],[3,5,3,6],[4,0,4,1],[4,3,4,4],[4,5,4,6],[6,0,6,11],[40,0,40,11],[41,7,41,10],[42,7,42,10],[43,7,43,10],[44,7,44,10],[45,7,45,10],[46,7,46,10],[47,7,47,10],[48,7,48,10],[49,7,49,10],[50,7,50,10],[51,7,51,10],[52,7,52,10],[53,7,53,10],[54,7,54,10],[55,7,55,10],[56,7,56,10],[58,0,59,11]]}
["ÉCHANGES D'EFFLUENTS ET STOCKAGE AU CHAMP"]
[{"$f":"\"Bordereaux et dépôts de la campagne \"&(AnneeRecolte-1)&\"-\"&AnneeRecolte","v":"Bordereaux et dépôts de la campagne 2026-2027"}]
["Chaque échange ou épandage sur des terres mises à disposition fait l'objet d'un bordereau cosigné par les deux parties, au plus tard à la fin du chantier."]
["AZOTE REÇU (kg)",null,"AZOTE CÉDÉ (kg)","AZOTE SUR TERRES MISES À DISPOSITION (kg)",null,"BORDEREAUX NON COSIGNÉS"]
[{"$f":"SUMIFS($I$9:$I$38,$C$9:$C$38,\"Réception (import)\")","v":{"v":1850.625,"d":"1,851"}},null,{"$f":"SUMIFS($I$9:$I$38,$C$9:$C$38,\"Cession (export)\")","v":660},{"$f":"SUMIFS($I$9:$I$38,$C$9:$C$38,\"Épandage sur terres mises à disposition\")","v":{"v":742.5,"d":"743"}},null,{"$f":"COUNTIFS($A$9:$A$38,\"?*\",$K$9:$K$38,\"<>Oui\")","v":1}]
[]
["BORDEREAUX D'ÉCHANGE ET DE MISE À DISPOSITION"]
["N° de bordereau","Date","Nature de l'échange","Exploitation partenaire","Commune","Fertilisant","Quantité","Unité\n(auto)","Azote total\n(kg) (auto)","Îlots concernés","Cosigné","Observations"]
["B-2027-01","2026-09-16","Réception (import)","EARL des Peupliers","Les Hauts-Prés","Lisier porcin",{"v":246.25,"d":"246.3"},{"$f":"IF($F9=\"\",\"\",IFERROR(INDEX(Fertilisants!$D$6:$D$45,MATCH($F9,Fertilisants!$A$6:$A$45,0)),\"\"))","v":"m³"},{"$f":"IF(OR($F9=\"\",$G9=\"\"),\"\",$G9*N(IFERROR(INDEX(Fertilisants!$E$6:$E$45,MATCH($F9,Fertilisants!$A$6:$A$45,0)),0)))","v":{"v":1108.125,"d":"1,108"}},"02 – Le Champ du Moulin","Oui","Analyse jointe"]
["B-2027-02","2026-11-12","Cession (export)","GAEC de la Source","Val-Tilleul","Fumier bovin compact",{"v":120,"d":"120.0"},{"$f":"IF($F10=\"\",\"\",IFERROR(INDEX(Fertilisants!$D$6:$D$45,MATCH($F10,Fertilisants!$A$6:$A$45,0)),\"\"))","v":"t"},{"$f":"IF(OR($F10=\"\",$G10=\"\"),\"\",$G10*N(IFERROR(INDEX(Fertilisants!$E$6:$E$45,MATCH($F10,Fertilisants!$A$6:$A$45,0)),0)))","v":660},"Épandu chez le receveur","Oui"]
["B-2027-03","2027-03-02","Réception (import)","EARL des Peupliers","Les Hauts-Prés","Lisier porcin",{"v":165,"d":"165.0"},{"$f":"IF($F11=\"\",\"\",IFERROR(INDEX(Fertilisants!$D$6:$D$45,MATCH($F11,Fertilisants!$A$6:$A$45,0)),\"\"))","v":"m³"},{"$f":"IF(OR($F11=\"\",$G11=\"\"),\"\",$G11*N(IFERROR(INDEX(Fertilisants!$E$6:$E$45,MATCH($F11,Fertilisants!$A$6:$A$45,0)),0)))","v":{"v":742.5,"d":"743"}},"08 – Les Aulnes","Oui"]
["MAD-2027-01","2027-03-02","Épandage sur terres mises à disposition","SCEA du Bois Joli","Bois-Joli","Lisier porcin",{"v":165,"d":"165.0"},{"$f":"IF($F12=\"\",\"\",IFERROR(INDEX(Fertilisants!$D$6:$D$45,MATCH($F12,Fertilisants!$A$6:$A$45,0)),\"\"))","v":"m³"},{"$f":"IF(OR($F12=\"\",$G12=\"\"),\"\",$G12*N(IFERROR(INDEX(Fertilisants!$E$6:$E$45,MATCH($F12,Fertilisants!$A$6:$A$45,0)),0)))","v":{"v":742.5,"d":"743"}},"08 – Les Aulnes","Non","Signature du prêteur à obtenir"]
[{"$nulls":7},{"$f":"IF($F13=\"\",\"\",IFERROR(INDEX(Fertilisants!$D$6:$D$45,MATCH($F13,Fertilisants!$A$6:$A$45,0)),\"\"))","v":""},{"$f":"IF(OR($F13=\"\",$G13=\"\"),\"\",$G13*N(IFERROR(INDEX(Fertilisants!$E$6:$E$45,MATCH($F13,Fertilisants!$A$6:$A$45,0)),0)))","v":""}]
[{"$nulls":7},{"$f":"IF($F14=\"\",\"\",IFERROR(INDEX(Fertilisants!$D$6:$D$45,MATCH($F14,Fertilisants!$A$6:$A$45,0)),\"\"))","v":""},{"$f":"IF(OR($F14=\"\",$G14=\"\"),\"\",$G14*N(IFERROR(INDEX(Fertilisants!$E$6:$E$45,MATCH($F14,Fertilisants!$A$6:$A$45,0)),0)))","v":""}]
[{"$nulls":7},{"$f":"IF($F15=\"\",\"\",IFERROR(INDEX(Fertilisants!$D$6:$D$45,MATCH($F15,Fertilisants!$A$6:$A$45,0)),\"\"))","v":""},{"$f":"IF(OR($F15=\"\",$G15=\"\"),\"\",$G15*N(IFERROR(INDEX(Fertilisants!$E$6:$E$45,MATCH($F15,Fertilisants!$A$6:$A$45,0)),0)))","v":""}]
[{"$nulls":7},{"$f":"IF($F16=\"\",\"\",IFERROR(INDEX(Fertilisants!$D$6:$D$45,MATCH($F16,Fertilisants!$A$6:$A$45,0)),\"\"))","v":""},{"$f":"IF(OR($F16=\"\",$G16=\"\"),\"\",$G16*N(IFERROR(INDEX(Fertilisants!$E$6:$E$45,MATCH($F16,Fertilisants!$A$6:$A$45,0)),0)))","v":""}]
[{"$nulls":7},{"$f":"IF($F17=\"\",\"\",IFERROR(INDEX(Fertilisants!$D$6:$D$45,MATCH($F17,Fertilisants!$A$6:$A$45,0)),\"\"))","v":""},{"$f":"IF(OR($F17=\"\",$G17=\"\"),\"\",$G17*N(IFERROR(INDEX(Fertilisants!$E$6:$E$45,MATCH($F17,Fertilisants!$A$6:$A$45,0)),0)))","v":""}]
[{"$nulls":7},{"$f":"IF($F18=\"\",\"\",IFERROR(INDEX(Fertilisants!$D$6:$D$45,MATCH($F18,Fertilisants!$A$6:$A$45,0)),\"\"))","v":""},{"$f":"IF(OR($F18=\"\",$G18=\"\"),\"\",$G18*N(IFERROR(INDEX(Fertilisants!$E$6:$E$45,MATCH($F18,Fertilisants!$A$6:$A$45,0)),0)))","v":""}]
[{"$nulls":7},{"$f":"IF($F19=\"\",\"\",IFERROR(INDEX(Fertilisants!$D$6:$D$45,MATCH($F19,Fertilisants!$A$6:$A$45,0)),\"\"))","v":""},{"$f":"IF(OR($F19=\"\",$G19=\"\"),\"\",$G19*N(IFERROR(INDEX(Fertilisants!$E$6:$E$45,MATCH($F19,Fertilisants!$A$6:$A$45,0)),0)))","v":""}]
[{"$nulls":7},{"$f":"IF($F20=\"\",\"\",IFERROR(INDEX(Fertilisants!$D$6:$D$45,MATCH($F20,Fertilisants!$A$6:$A$45,0)),\"\"))","v":""},{"$f":"IF(OR($F20=\"\",$G20=\"\"),\"\",$G20*N(IFERROR(INDEX(Fertilisants!$E$6:$E$45,MATCH($F20,Fertilisants!$A$6:$A$45,0)),0)))","v":""}]
[{"$nulls":7},{"$f":"IF($F21=\"\",\"\",IFERROR(INDEX(Fertilisants!$D$6:$D$45,MATCH($F21,Fertilisants!$A$6:$A$45,0)),\"\"))","v":""},{"$f":"IF(OR($F21=\"\",$G21=\"\"),\"\",$G21*N(IFERROR(INDEX(Fertilisants!$E$6:$E$45,MATCH($F21,Fertilisants!$A$6:$A$45,0)),0)))","v":""}]
[{"$nulls":7},{"$f":"IF($F22=\"\",\"\",IFERROR(INDEX(Fertilisants!$D$6:$D$45,MATCH($F22,Fertilisants!$A$6:$A$45,0)),\"\"))","v":""},{"$f":"IF(OR($F22=\"\",$G22=\"\"),\"\",$G22*N(IFERROR(INDEX(Fertilisants!$E$6:$E$45,MATCH($F22,Fertilisants!$A$6:$A$45,0)),0)))","v":""}]
[{"$nulls":7},{"$f":"IF($F23=\"\",\"\",IFERROR(INDEX(Fertilisants!$D$6:$D$45,MATCH($F23,Fertilisants!$A$6:$A$45,0)),\"\"))","v":""},{"$f":"IF(OR($F23=\"\",$G23=\"\"),\"\",$G23*N(IFERROR(INDEX(Fertilisants!$E$6:$E$45,MATCH($F23,Fertilisants!$A$6:$A$45,0)),0)))","v":""}]
[{"$nulls":7},{"$f":"IF($F24=\"\",\"\",IFERROR(INDEX(Fertilisants!$D$6:$D$45,MATCH($F24,Fertilisants!$A$6:$A$45,0)),\"\"))","v":""},{"$f":"IF(OR($F24=\"\",$G24=\"\"),\"\",$G24*N(IFERROR(INDEX(Fertilisants!$E$6:$E$45,MATCH($F24,Fertilisants!$A$6:$A$45,0)),0)))","v":""}]
[{"$nulls":7},{"$f":"IF($F25=\"\",\"\",IFERROR(INDEX(Fertilisants!$D$6:$D$45,MATCH($F25,Fertilisants!$A$6:$A$45,0)),\"\"))","v":""},{"$f":"IF(OR($F25=\"\",$G25=\"\"),\"\",$G25*N(IFERROR(INDEX(Fertilisants!$E$6:$E$45,MATCH($F25,Fertilisants!$A$6:$A$45,0)),0)))","v":""}]
[{"$nulls":7},{"$f":"IF($F26=\"\",\"\",IFERROR(INDEX(Fertilisants!$D$6:$D$45,MATCH($F26,Fertilisants!$A$6:$A$45,0)),\"\"))","v":""},{"$f":"IF(OR($F26=\"\",$G26=\"\"),\"\",$G26*N(IFERROR(INDEX(Fertilisants!$E$6:$E$45,MATCH($F26,Fertilisants!$A$6:$A$45,0)),0)))","v":""}]
[{"$nulls":7},{"$f":"IF($F27=\"\",\"\",IFERROR(INDEX(Fertilisants!$D$6:$D$45,MATCH($F27,Fertilisants!$A$6:$A$45,0)),\"\"))","v":""},{"$f":"IF(OR($F27=\"\",$G27=\"\"),\"\",$G27*N(IFERROR(INDEX(Fertilisants!$E$6:$E$45,MATCH($F27,Fertilisants!$A$6:$A$45,0)),0)))","v":""}]
[{"$nulls":7},{"$f":"IF($F28=\"\",\"\",IFERROR(INDEX(Fertilisants!$D$6:$D$45,MATCH($F28,Fertilisants!$A$6:$A$45,0)),\"\"))","v":""},{"$f":"IF(OR($F28=\"\",$G28=\"\"),\"\",$G28*N(IFERROR(INDEX(Fertilisants!$E$6:$E$45,MATCH($F28,Fertilisants!$A$6:$A$45,0)),0)))","v":""}]
[{"$nulls":7},{"$f":"IF($F29=\"\",\"\",IFERROR(INDEX(Fertilisants!$D$6:$D$45,MATCH($F29,Fertilisants!$A$6:$A$45,0)),\"\"))","v":""},{"$f":"IF(OR($F29=\"\",$G29=\"\"),\"\",$G29*N(IFERROR(INDEX(Fertilisants!$E$6:$E$45,MATCH($F29,Fertilisants!$A$6:$A$45,0)),0)))","v":""}]
[{"$nulls":7},{"$f":"IF($F30=\"\",\"\",IFERROR(INDEX(Fertilisants!$D$6:$D$45,MATCH($F30,Fertilisants!$A$6:$A$45,0)),\"\"))","v":""},{"$f":"IF(OR($F30=\"\",$G30=\"\"),\"\",$G30*N(IFERROR(INDEX(Fertilisants!$E$6:$E$45,MATCH($F30,Fertilisants!$A$6:$A$45,0)),0)))","v":""}]
[{"$nulls":7},{"$f":"IF($F31=\"\",\"\",IFERROR(INDEX(Fertilisants!$D$6:$D$45,MATCH($F31,Fertilisants!$A$6:$A$45,0)),\"\"))","v":""},{"$f":"IF(OR($F31=\"\",$G31=\"\"),\"\",$G31*N(IFERROR(INDEX(Fertilisants!$E$6:$E$45,MATCH($F31,Fertilisants!$A$6:$A$45,0)),0)))","v":""}]
[{"$nulls":7},{"$f":"IF($F32=\"\",\"\",IFERROR(INDEX(Fertilisants!$D$6:$D$45,MATCH($F32,Fertilisants!$A$6:$A$45,0)),\"\"))","v":""},{"$f":"IF(OR($F32=\"\",$G32=\"\"),\"\",$G32*N(IFERROR(INDEX(Fertilisants!$E$6:$E$45,MATCH($F32,Fertilisants!$A$6:$A$45,0)),0)))","v":""}]
[{"$nulls":7},{"$f":"IF($F33=\"\",\"\",IFERROR(INDEX(Fertilisants!$D$6:$D$45,MATCH($F33,Fertilisants!$A$6:$A$45,0)),\"\"))","v":""},{"$f":"IF(OR($F33=\"\",$G33=\"\"),\"\",$G33*N(IFERROR(INDEX(Fertilisants!$E$6:$E$45,MATCH($F33,Fertilisants!$A$6:$A$45,0)),0)))","v":""}]
[{"$nulls":7},{"$f":"IF($F34=\"\",\"\",IFERROR(INDEX(Fertilisants!$D$6:$D$45,MATCH($F34,Fertilisants!$A$6:$A$45,0)),\"\"))","v":""},{"$f":"IF(OR($F34=\"\",$G34=\"\"),\"\",$G34*N(IFERROR(INDEX(Fertilisants!$E$6:$E$45,MATCH($F34,Fertilisants!$A$6:$A$45,0)),0)))","v":""}]
[{"$nulls":7},{"$f":"IF($F35=\"\",\"\",IFERROR(INDEX(Fertilisants!$D$6:$D$45,MATCH($F35,Fertilisants!$A$6:$A$45,0)),\"\"))","v":""},{"$f":"IF(OR($F35=\"\",$G35=\"\"),\"\",$G35*N(IFERROR(INDEX(Fertilisants!$E$6:$E$45,MATCH($F35,Fertilisants!$A$6:$A$45,0)),0)))","v":""}]
[{"$nulls":7},{"$f":"IF($F36=\"\",\"\",IFERROR(INDEX(Fertilisants!$D$6:$D$45,MATCH($F36,Fertilisants!$A$6:$A$45,0)),\"\"))","v":""},{"$f":"IF(OR($F36=\"\",$G36=\"\"),\"\",$G36*N(IFERROR(INDEX(Fertilisants!$E$6:$E$45,MATCH($F36,Fertilisants!$A$6:$A$45,0)),0)))","v":""}]
[{"$nulls":7},{"$f":"IF($F37=\"\",\"\",IFERROR(INDEX(Fertilisants!$D$6:$D$45,MATCH($F37,Fertilisants!$A$6:$A$45,0)),\"\"))","v":""},{"$f":"IF(OR($F37=\"\",$G37=\"\"),\"\",$G37*N(IFERROR(INDEX(Fertilisants!$E$6:$E$45,MATCH($F37,Fertilisants!$A$6:$A$45,0)),0)))","v":""}]
[{"$nulls":7},{"$f":"IF($F38=\"\",\"\",IFERROR(INDEX(Fertilisants!$D$6:$D$45,MATCH($F38,Fertilisants!$A$6:$A$45,0)),\"\"))","v":""},{"$f":"IF(OR($F38=\"\",$G38=\"\"),\"\",$G38*N(IFERROR(INDEX(Fertilisants!$E$6:$E$45,MATCH($F38,Fertilisants!$A$6:$A$45,0)),0)))","v":""}]
[]
[]
["STOCKAGE AU CHAMP DES FUMIERS ET FIENTES"]
["Îlot","Date de\ndépôt","Effluent stocké","Conditions du dépôt","Quantité\nestimée (t)","Date de reprise\npour épandage","Durée\n(auto)","Contrôle (auto)",{"$nulls":3},"Observations"]
["01 – Les Grandes Terres","2026-08-20","Fumier bovin compact","Sur chaumes, hauteur < 2,5 m",310,"2026-10-06",{"$f":"IF(AND(ISNUMBER(B43),ISNUMBER(F43)),F43-B43,\"\")","v":{"v":47,"d":"47 j"}},{"$f":"IF(NOT(ISNUMBER(B43)),\"\",IF(AND(ISNUMBER(F43),F43>EDATE(B43,9)),\"Durée supérieure à 9 mois\",IF(AND(B43<=DATE(AnneeRecolte,1,15),IF(ISNUMBER(F43),F43,FinCampagne)>=DATE(AnneeRecolte-1,11,15)),\"Présent du 15/11 au 15/01 : vérifier les conditions\",IF(ISNUMBER(F43),\"Conforme\",\"En cours\"))))","v":"Conforme"}]
["06 – Le Grand Clos","2026-12-10","Fumier bovin compact","Tas couvert d'une bâche",320,"2027-04-06",{"v":117,"d":"117 j"},"Présent du 15/11 au 15/01 : vérifier les conditions",{"$nulls":3},"Photo du tas conservée"]
[{"$nulls":6},"",""]
[{"$nulls":6},"",""]
[{"$nulls":6},"",""]
[{"$nulls":6},"",""]
[{"$nulls":6},"",""]
[{"$nulls":6},"",""]
[{"$nulls":6},"",""]
[{"$nulls":6},"",""]
[{"$nulls":6},"",""]
[{"$nulls":6},"",""]
[{"$nulls":6},"",""]
[{"$nulls":6},"",""]
[{"$nulls":6},"",""]
[]
["Rappel : dépôt limité à 9 mois, hors zones interdites à l'épandage. Entre le 15/11 et le 15/01, le tas est déposé sur prairie, sur un lit d'environ 10 cm de matériau absorbant (paille…) ou couvert. Retour au même emplacement après 3 ans minimum."]

{"sheet":"Paramètres","index":5,"n_rows":41,"n_cols":29,"rows_kept":41,"merged":[[3,1,3,7],[4,1,4,7],[4,14,4,16],[4,18,4,28]]}
["PARAMÈTRES ET LISTES DE RÉFÉRENCE"]
["Calendrier d'interdiction d'épandage, cultures et listes déroulantes"]
["Les listes alimentent les menus déroulants de tout le classeur. Vous pouvez ajouter des lignes en bas de chaque liste."]
[null,"⚠ Valeurs indicatives inspirées des périodes minimales nationales. Adaptez-les à l'arrêté du programme d'actions régional de votre département, qui peut les allonger. Laissez vides les dates d'une période inexistante."]
[null,"CALENDRIER DES PÉRIODES D'INTERDICTION D'ÉPANDAGE (ZONES VULNÉRABLES)",{"$nulls":12},"CULTURES ET CATÉGORIE DE CALENDRIER",{"$nulls":3},"LISTES DÉROULANTES"]
[null,"Occupation du sol pendant ou suivant l'épandage","Type de fertilisant","Période 1\ndu","Période 1\nau","Période 2\ndu","Période 2\nau","Remarque","Clé (calcul)","Code\nP1 début","Code\nP1 fin","Code\nP2 début","Code\nP2 fin",null,"Culture","Catégorie (calendrier)","Unité de rendement",null,"Types de fertilisant *","Unités","États du sol *","Matériel / mode d'épandage","Apport réalisé sur *","Couvert d'interculture","Statut foncier","Nature de l'échange *","Origine de la teneur","Régime des effluents","Catégories de calendrier *"]
[null,"Culture d'automne (hors colza)","Type 0","2027-12-15","2027-01-15",{"$nulls":3},{"$f":"IF(OR(B7=\"\",C7=\"\"),\"\",B7&\" | \"&C7)","v":"Culture d'automne (hors colza) | Type 0"},{"$f":"IF(D7=\"\",0,MONTH(D7)*100+DAY(D7))","v":1215},{"$f":"IF(E7=\"\",0,MONTH(E7)*100+DAY(E7))","v":115},{"$f":"IF(F7=\"\",0,MONTH(F7)*100+DAY(F7))","v":0},{"$f":"IF(G7=\"\",0,MONTH(G7)*100+DAY(G7))","v":0},null,"Blé tendre d'hiver","Culture d'automne (hors colza)","q/ha",null,"Type 0","t","Ressuyé","Épandeur à fumier (hérissons)","Culture principale","CINE (couvert non exporté)","En propre / fermage","Réception (import)","Analyse","Pas d'élevage","Culture d'automne (hors colza)"]
[null,"Culture d'automne (hors colza)","Type Ia","2027-11-15","2027-01-15",{"$nulls":3},"Culture d'automne (hors colza) | Type Ia",1115,115,0,0,null,"Blé dur d'hiver","Culture d'automne (hors colza)","q/ha",null,"Type Ia","m³","Humide","Épandeur à table d'épandage","Couvert d'interculture","CIE (dérobée, CIVE)","Mise à disposition (prêteur)","Cession (export)","Référence régionale","Règlement sanitaire départemental","Colza d'automne"]
[null,"Culture d'automne (hors colza)","Type Ib","2027-11-15","2027-01-15",{"$nulls":3},"Culture d'automne (hors colza) | Type Ib",1115,115,0,0,null,"Orge d'hiver","Culture d'automne (hors colza)","q/ha",null,"Type Ib","kg","Gelé","Tonne à lisier – buse palette","Sol nu avant implantation","Repousses de colza",null,"Épandage sur terres mises à disposition","Étiquette fabricant","ICPE – Déclaration","Culture de printemps ou d'été"]
[null,"Culture d'automne (hors colza)","Type II","2027-10-01","2027-01-31",null,null,"Digestats et effluents peu chargés : règles particulières possibles selon le PAR.","Culture d'automne (hors colza) | Type II",1001,131,0,0,null,"Triticale","Culture d'automne (hors colza)","q/ha",null,"Type II","L","Enneigé","Tonne à lisier – rampe à pendillards",null,"Repousses de céréales",{"$nulls":3},"ICPE – Enregistrement","Prairie de plus de 6 mois / luzerne"]
[null,"Culture d'automne (hors colza)","Type III","2027-09-01","2027-01-31",null,null,"Engrais NP-NPK localisé au semis toléré dans la limite de 10 kg N/ha.","Culture d'automne (hors colza) | Type III",901,131,0,0,null,"Colza d'hiver","Colza d'automne","q/ha",null,"Type III",null,"Détrempé","Tonne à lisier – injecteur / enfouisseur",null,"Cannes broyées et enfouies",{"$nulls":3},"ICPE – Autorisation","Couvert d'interculture (CINE / CIE)"]
[null,"Colza d'automne","Type 0","2027-12-15","2027-01-15",{"$nulls":3},"Colza d'automne | Type 0",1215,115,0,0,null,"Orge de printemps","Culture de printemps ou d'été","q/ha",{"$nulls":3},"Inondé","Distributeur centrifuge",null,"Aucun couvert (interculture courte)",{"$nulls":4},"Vigne, verger, maraîchage, porte-graines"]
[null,"Colza d'automne","Type Ia","2027-11-15","2027-01-15",{"$nulls":3},"Colza d'automne | Type Ia",1115,115,0,0,null,"Maïs grain","Culture de printemps ou d'été","q/ha",{"$nulls":4},"Pulvérisateur / rampe",null,"Sol nu (dérogation)",{"$nulls":4},"Sol non cultivé"]
[null,"Colza d'automne","Type Ib","2027-11-15","2027-01-15",{"$nulls":3},"Colza d'automne | Type Ib",1115,115,0,0,null,"Maïs ensilage","Culture de printemps ou d'été","t MS/ha",{"$nulls":4},"Autre",null,"Sans objet (prairie, culture pérenne)"]
[null,"Colza d'automne","Type II","2027-10-15","2027-01-31",{"$nulls":3},"Colza d'automne | Type II",1015,131,0,0,null,"Tournesol","Culture de printemps ou d'été","q/ha"]
[null,"Colza d'automne","Type III","2027-09-01","2027-01-31",null,null,"Apport limité (30 kg N/ha) possible à l'automne sous conditions agronomiques.","Colza d'automne | Type III",901,131,0,0,null,"Betterave sucrière","Culture de printemps ou d'été","t/ha"]
[null,"Culture de printemps ou d'été","Type 0","2027-12-15","2027-01-15",{"$nulls":3},"Culture de printemps ou d'été | Type 0",1215,115,0,0,null,"Pomme de terre","Culture de printemps ou d'été","t/ha"]
[null,"Culture de printemps ou d'été","Type Ia","2027-11-15","2027-01-15",{"$nulls":3},"Culture de printemps ou d'été | Type Ia",1115,115,0,0,null,"Lin fibre","Culture de printemps ou d'été","t/ha"]
[null,"Culture de printemps ou d'été","Type Ib","2027-07-01","2027-08-31","2027-11-15","2027-01-15","Deux périodes : été sur sol nu puis hiver.","Culture de printemps ou d'été | Type Ib",701,831,1115,115,null,"Prairie permanente","Prairie de plus de 6 mois / luzerne","t MS/ha"]
[null,"Culture de printemps ou d'été","Type II","2027-07-01","2027-01-15",{"$nulls":3},"Culture de printemps ou d'été | Type II",701,115,0,0,null,"Prairie temporaire","Prairie de plus de 6 mois / luzerne","t MS/ha"]
[null,"Culture de printemps ou d'été","Type III","2027-07-01","2027-02-15",null,null,"Culture irriguée : apport possible jusqu'au 15/07 (maïs : brunissement des soies).","Culture de printemps ou d'été | Type III",701,215,0,0,null,"Luzerne","Prairie de plus de 6 mois / luzerne","t MS/ha"]
[null,"Prairie de plus de 6 mois / luzerne","Type 0",{"$nulls":4},"Pas de période d'interdiction pour ce type.","Prairie de plus de 6 mois / luzerne | Type 0",0,0,0,0,null,"Vigne","Vigne, verger, maraîchage, porte-graines","hl/ha"]
[null,"Prairie de plus de 6 mois / luzerne","Type Ia","2027-12-15","2027-01-15",{"$nulls":3},"Prairie de plus de 6 mois / luzerne | Type Ia",1215,115,0,0,null,"Verger","Vigne, verger, maraîchage, porte-graines","t/ha"]
[null,"Prairie de plus de 6 mois / luzerne","Type Ib","2027-12-15","2027-01-15",{"$nulls":3},"Prairie de plus de 6 mois / luzerne | Type Ib",1215,115,0,0,null,"Légumes de plein champ","Vigne, verger, maraîchage, porte-graines","t/ha"]
[null,"Prairie de plus de 6 mois / luzerne","Type II","2027-11-15","2027-01-15",null,null,"Prairies permanentes : apports plafonnés à 70 kg N/ha APLSH dès le 1er septembre.","Prairie de plus de 6 mois / luzerne | Type II",1115,115,0,0,null,"Sol non cultivé","Sol non cultivé","–"]
[null,"Prairie de plus de 6 mois / luzerne","Type III","2027-10-01","2027-01-31",{"$nulls":3},"Prairie de plus de 6 mois / luzerne | Type III",1001,131,0,0]
[null,"Couvert d'interculture (CINE / CIE)","Type 0","2027-12-15","2027-01-15",{"$nulls":3},"Couvert d'interculture (CINE / CIE) | Type 0",1215,115,0,0]
[null,"Couvert d'interculture (CINE / CIE)","Type Ia","2027-11-15","2027-01-15",null,null,"Couverts : total des apports plafonné à 70 kg N/ha APLSH depuis la récolte du précédent.","Couvert d'interculture (CINE / CIE) | Type Ia",1115,115,0,0,{"$nulls":5},"* Libellés utilisés par les contrôles automatiques : vous pouvez compléter ces listes, mais ne renommez pas les valeurs existantes."]
[null,"Couvert d'interculture (CINE / CIE)","Type Ib","2027-11-15","2027-01-15",{"$nulls":3},"Couvert d'interculture (CINE / CIE) | Type Ib",1115,115,0,0]
[null,"Couvert d'interculture (CINE / CIE)","Type II","2027-10-15","2027-01-31",null,null,"Dérogations possibles (effluents d'élevage) avec mesure de reliquat avant épandage.","Couvert d'interculture (CINE / CIE) | Type II",1015,131,0,0]
[null,"Couvert d'interculture (CINE / CIE)","Type III","2027-01-01","2027-12-31",null,null,"Interdit sur CINE et avant son implantation ; sur CIE, apport au semis uniquement.","Couvert d'interculture (CINE / CIE) | Type III",101,1231,0,0]
[null,"Vigne, verger, maraîchage, porte-graines","Type 0","2027-12-15","2027-01-15",{"$nulls":3},"Vigne, verger, maraîchage, porte-graines | Type 0",1215,115,0,0]
[null,"Vigne, verger, maraîchage, porte-graines","Type Ia","2027-12-15","2027-01-15",{"$nulls":3},"Vigne, verger, maraîchage, porte-graines | Type Ia",1215,115,0,0]
[null,"Vigne, verger, maraîchage, porte-graines","Type Ib","2027-12-15","2027-01-15",{"$nulls":3},"Vigne, verger, maraîchage, porte-graines | Type Ib",1215,115,0,0]
[null,"Vigne, verger, maraîchage, porte-graines","Type II","2027-11-01","2027-01-15",{"$nulls":3},"Vigne, verger, maraîchage, porte-graines | Type II",1101,115,0,0]
[null,"Vigne, verger, maraîchage, porte-graines","Type III","2027-12-15","2027-01-15",{"$nulls":3},"Vigne, verger, maraîchage, porte-graines | Type III",1215,115,0,0]
[null,"Sol non cultivé","Type 0","2027-01-01","2027-12-31",null,null,"Épandage interdit toute l'année, quel que soit le fertilisant.","Sol non cultivé | Type 0",101,1231,0,0]
[null,"Sol non cultivé","Type Ia","2027-01-01","2027-12-31",{"$nulls":3},"Sol non cultivé | Type Ia",101,1231,0,0]
[null,"Sol non cultivé","Type Ib","2027-01-01","2027-12-31",{"$nulls":3},"Sol non cultivé | Type Ib",101,1231,0,0]
[null,"Sol non cultivé","Type II","2027-01-01","2027-12-31",{"$nulls":3},"Sol non cultivé | Type II",101,1231,0,0]
[null,"Sol non cultivé","Type III","2027-01-01","2027-12-31",{"$nulls":3},"Sol non cultivé | Type III",101,1231,0,0]

{"sheet":"Exploitation","index":6,"n_rows":27,"n_cols":6,"rows_kept":27,"merged":[[4,1,4,2],[4,4,4,5],[14,1,14,2],[14,4,14,5],[21,4,21,5]]}
[]
[null,"CAHIER D'ÉPANDAGE"]
[null,{"$f":"\"Cahier d'enregistrement des pratiques de fertilisation azotée – Campagne \"&(AnneeRecolte-1)&\"-\"&AnneeRecolte&\" (récolte \"&AnneeRecolte&\")\"","v":"Cahier d'enregistrement des pratiques de fertilisation azotée – Campagne 2026-2027 (récolte 2027)"}]
[]
[null,"IDENTIFICATION DE L'EXPLOITATION",null,null,"MODE D'EMPLOI"]
[null,"Raison sociale","EARL des Tilleuls",null,1,"Exploitation — Complétez l'identification et l'année de récolte : les dates de campagne (1er septembre – 31 août) se calculent seules."]
[null,"Exploitant(e) responsable","Julien Moreau",null,2,"Paramètres — Contrôlez le calendrier d'interdiction et adaptez-le à l'arrêté du programme d'actions régional de votre département."]
[null,"N° PACAGE","000 123 456",null,3,"Fertilisants — Listez vos engrais et effluents avec leur type réglementaire (0, Ia, Ib, II, III) et leurs teneurs, idéalement issues d'analyses."]
[null,"N° SIRET","999 888 777 00011",null,4,"Îlots — Déclarez chaque îlot cultural : surface, zone vulnérable, interculture, culture, dose prévisionnelle du PPF, puis le rendement réalisé."]
[null,"Adresse","4 chemin des Tilleuls",null,5,"Registre — Après chaque chantier, saisissez date, îlot, fertilisant, surface et dose : N, P₂O₅ et K₂O se calculent et la colonne « Contrôle » signale les anomalies."]
[null,"Code postal – Commune","00000 Les Hauts-Prés",null,6,"Bilan — Suivez l'équilibre avec le PPF îlot par îlot, l'azote des effluents d'élevage par hectare de SAU et la répartition mensuelle des apports."]
[null,"Téléphone","06 00 00 00 00",null,7,"Échanges et stockage — Consignez les bordereaux (réception, cession, terres mises à disposition) et les tas de fumier stockés au champ."]
[null,"Courriel","contact@earl-tilleuls.fr"]
[]
[null,"PARAMÈTRES DE LA CAMPAGNE",null,null,"LÉGENDE"]
[null,"Année de récolte",2027,null,null,"Cellule à saisir (fond blanc)"]
[null,"Début de la campagne culturale",{"$f":"DATE(C16-1,9,1)","v":"2026-09-01"},null,null,"Calcul automatique – ne pas modifier (fond grisé)"]
[null,"Fin de la campagne culturale",{"$f":"DATE(C16,8,31)","v":"2027-08-31"},null,null,"Conforme"]
[null,"SAU totale de l'exploitation (ha)",75.25,null,null,"À vérifier / information manquante"]
[null,"Surface des îlots enregistrés (ha)",{"$f":"SUM(Îlots!D6:D65)","v":75.25},null,null,"Non conforme (sol ou période interdits, dépassement)"]
[null,"Contrôle des surfaces",{"$f":"IF(C19=\"\",\"SAU à renseigner\",IF(ABS(C19-C20)<0.01,\"Cohérent avec la SAU\",\"Écart de \"&ROUND(ABS(C19-C20),2)&\" ha avec la SAU\"))","v":"Cohérent avec la SAU"}]
[null,"Exploitation en zone vulnérable","Oui",null,"RAPPELS"]
[null,"Régime des effluents d'élevage","ICPE – Déclaration",null,"•","Mettez le cahier à jour après chaque épandage (un délai de 30 jours entre l'épandage et son inscription est toléré)."]
[null,"Plafond d'azote des effluents d'élevage (kg N/ha SAU)",170,null,"•","Conservez le plan prévisionnel de fumure et le cahier d'enregistrement au moins 5 campagnes."]
[null,"Programme d'actions régional appliqué","PAR nitrates en vigueur – à préciser",null,"•","La dose d'azote enregistrée doit rester cohérente avec la dose prévisionnelle du PPF, sauf justification (outil de pilotage, accident cultural…)."]
[{"$nulls":4},"•","Tout îlot en zone vulnérable figure dans le cahier, qu'il reçoive ou non des fertilisants azotés."]
[{"$nulls":4},"•","Pour réutiliser le modèle : effacez les cellules blanches des onglets Îlots, Registre et Échanges ; les colonnes grisées se recalculent."]